{"text_format":"1","workbook":"xlsx","n_sheets":33,"sheets":["GUIDE","ARCHITECTURE","SUMMARIES >>","Plan","Budget","Sector","Detail","OPA ADMIN ONLY","BMG","PROGRAM DESIGN >>","Measures","Program Design","Budget Inputs","External Inputs","RESULTS >>","CE Results","Savings Results","Summary CE Results","ADMIN INPUT >>","ADMIN OPTIONS","CE Parameters","Rates Table","Avoided Cost Table","DEFINED INPUTS >>","Custom Measure Input","Custom Load Profile Input","Formatted Load Profiles","CALCULATION >>","Levelized Rates Table","Levelized Avoided Cost Table","Measure CE Results","VBA References","Revision History"],"not_rendered":{"charts":0,"images":6,"macros":1,"external_links":1,"defined_names":55,"comments":7,"pivot_tables":0},"unopened":[],"bounds":{"document_bytes":16777216,"sheet_cells":100000,"rows_first":2000,"rows_last":500,"rows_between":2000,"halvings":0,"cell_chars":16384,"cell_head_chars":4096},"cells_cut":0,"cells_raw":0,"read":"whole","date_system":"1900"}

{"sheet":"GUIDE","index":0,"n_rows":72,"n_cols":6,"rows_kept":72,"cut":false,"hidden":false,"merged":[[71,1,78,6],[47,3,47,5],[8,2,12,2],[42,3,42,5],[43,3,43,5],[44,3,44,5],[45,3,46,5],[29,1,30,1],[0,2,1,5],[41,3,41,5],[34,2,37,2],[34,3,37,3],[2,0,2,5],[3,0,5,5],[24,2,27,2],[24,3,27,3],[14,3,17,3],[14,2,17,2],[19,3,21,3],[19,2,21,2],[29,2,31,2],[29,3,31,3],[8,3,12,3]]}
[null,null,"CDM Energy Efficiency Cost Effectiveness Tool"]
[]
[]
["BEFORE YOU BEGIN: ENABLE MACROS WITHIN EXCEL (Option 1: Click the security warning at the top of your worksheet and click \"Enable Content\", if this warning does not appear click \"File\" > \"Options\" > \"Trust Center\" > \"Trust Center Settings\" > \"Macro Settings\" and finally select \"Enable all macros\"\n\nEach section of the tool is grouped, linked, and colour coded for easy navigation. Simply click on the hyperlink to reach the worksheet you are looking for. Module worksheet dividers (i.e., the black tabs) provide high-level instructions for that module. Some tabs are locked or hidden where standard assumptions or key calculations are housed. Instructions are embedded throughout the Tool. Detailed instructions and procedures can be found in the User Guide that accompanies this Tool."]
[]
[]
["Tool Structure: (click hyperlinks for easy navigation)"]
[null,"Module","Section","Section Description","Worksheet Name","Worksheet Permissions"]
[null,null,"Consolidated Summaries","Contains summaries of the results of a 2015-2020 portfolio from various perspectives. The summaries reflect the portfolio (programs, measures, budget) specified within the \"Program Design\" section of the Tool for input into CDM plans","Plan","Tool Output"]
[null,null,null,null,"Budget","Tool Output"]
[null,null,null,null,"Sector","Tool Output"]
[null,null,null,null,"Detail","Tool Output"]
[null,null,null,null,"BMG","Tool Output"]
[null,"PROGRAM DESIGN MODULE"]
[null,null,"Program Design (User Inputs)","Main input worksheets for the average user for program design purposes. Users create and select measures associated with programs, and input budgets","Measures","User Input"]
[null,null,null,null,"Program Design","User Input"]
[null,null,null,null,"Budget Inputs","User Input"]
[null,null,null,null,"External Inputs","User Input"]
[null,"RESULTS MODULE"]
[null,null,"Results","Contains the results of the cost effectiveness analysis for the inputs specified by the user in the Program Design module.","CE Results","Tool Output"]
[null,null,null,null,"Savings Results","Tool Output"]
[null,null,null,null,"Summary CE Results","Tool Output"]
[]
[null,"ADMIN INPUT MODULE"]
[null,null,"OPA/Admin Inputs","Administrative users input assumptions within these worksheets, the average user does not need to interact with this module","ADMIN OPTIONS","Administrative Use only"]
[null,null,null,null,"CE Parameters","Administrative Use only"]
[null,null,null,null,"Rates Table","Administrative Use only"]
[null,null,null,null,"Avoided Cost Table","Administrative Use only"]
[null,"DEFINED INPUTS MODULE"]
[null,null,"Custom Input","Users can create custom inputs to the Tool (load profiles and measures) that can be used when creating a new program/portfolio/measure. User defined load profiles available building blocks for the program design module are found here.","Custom Load Profile Input","User Input"]
[null,null,null,null,"Custom Measure Input","User Input"]
[null,null,null,null,"Formatted Load Profiles","Tool Output"]
[]
[null,"CALCULATION ENGINE"]
[null,null,"Calculation Engine","The worksheets in this module are required to calculate the cost effectiveness outputs and contain detailed calculations and reference information. Users do not need to interact with these worksheets. ","Measure CE Results","Reference Only"]
[null,null,null,null,"VBA References","Reference Only"]
[null,null,null,null,"Levelized Avoided Cost Table","Reference Only"]
[null,null,null,null,"Levelized Rates Table","Reference Only"]
[]
[]
["Legend: (cells within the Tool are formatted according to the table below)"]
[null,"Code","Code Definition","Description"]
[null,"Blue Text","User input (mandatory)","These cells or columns provide the model with key user inputs required to complete the cost effectiveness calculations. If these cells are not populated, the Tool may return an error or the results will be incomplete."]
[null,"Black Text","User input (optional)","These cells or columns provide the Tool with parameters that may be populated through a user input form. However, the user can choose to manually override the information provided from the input form within these cells or columns."]
[null,"Black Text, Italics","Description or Instructions","These cells or columns contain information for the user to better understand the procedures and/or purpose associated with a particular worksheet."]
[null,"Black Text","Calculated cell","These cells or columns contain formulas that are essential to the calculation of the tool, in most cases these cells are locked and cannot be modified by the user."]
[null,"White Text","Calculated columns"]
[null,"Red Text","Caution","These instructions indicate a step that is critical or a mistake that is common that may result in an error in the Tool. Special care should be taken when these instructions are encountered."]
[]
["Cost Effectiveness Acronyms Used in the Tool:"]
[]
[null,"CDM","Conservation And Demand Management"]
[null,"CE","Cost Effectiveness"]
[null,"DR","Demand Response"]
[null,"Dx","Distribution System"]
[null,"EE","Energy Efficiency"]
[null,"EUL","Effective Useful Life"]
[null,"kW","Kilowatt"]
[null,"kWh","Kilowatt Hour"]
[null,"LC","Levelized Delivery Cost"]
[null,"MW","Megawatt"]
[null,"MWh","Megawatt Hour"]
[null,"NPV","Net Present Value"]
[null,"O&M","Operations And Maintenance"]
[null,"PAC","Program Administrator Cost"]
[null,"PV","Present Value"]
[null,"RIM","Rate Impact Measure"]
[null,"RUL","Remaining Useful Life"]
[null,"SC","Societal Cost"]
[null,"TRC","Total Resource Cost"]
[]
[null,"Disclaimer: This Tool is provided solely for informational purposes and based on information currently available to the IESO. The Independent Electricity System Operator (“IESO”) expressly disclaims any responsibility or liability for any other use of the information in the Tool or any methods described.  In particular, the information and outputs of the Tool are not meant to be relied on to determine actual electricity or cost savings.   The IESO does not warrant the accuracy, reliability, completeness or timeliness of any of the information contained in the Tool, and undertakes no obligation to revise or update the Tool. Users of this Tool rely on the information contained therein at their own risk and remain responsible for seeking appropriate legal, technical or other professional advice with regard to their particular circumstances. The IESO and its respective officers, directors, employees, consultants, agents and subcontractors assume no liability or responsibility whatsoever to any person for damages of whatever kind and nature, which may occur or be suffered as a result of the use of this Tool or reliance on the information therein."]

{"sheet":"ARCHITECTURE","index":1,"n_rows":0,"n_cols":0,"rows_kept":0,"cut":false,"hidden":true,"merged":[]}

{"sheet":"SUMMARIES >>","index":2,"n_rows":0,"n_cols":0,"rows_kept":0,"cut":false,"hidden":false,"merged":[]}

{"sheet":"Plan","index":3,"n_rows":33,"n_cols":16,"rows_kept":33,"cut":false,"hidden":false,"merged":[[28,14,29,15],[28,12,29,13],[28,0,29,1],[17,0,24,0],[16,0,16,3],[28,10,29,11],[28,8,29,9],[28,6,29,7],[28,4,29,5],[28,2,29,3],[5,2,5,4],[5,5,5,7],[4,0,4,10],[5,8,5,10],[27,0,27,15],[5,0,13,0],[5,1,6,1]]}
[]
["CDM Portfolio Summary for Inclusion in CDM Plans"]
[]
["TABLE 1"]
["SUMMARY OF CDM PORTFOLIO COST EFFECTIVENESS"]
["Plan Cost Effectiveness\n","Program Year","TRC",null,null,"PACT",null,null,"Levelized Cost"]
[null,null,"Benefits ($)","Costs ($)","Ratio","Benefits ($)","Costs ($)","Ratio","Benefits (Energy)","Costs ($)","($/kWh)"]
[null,2015,{"$f":"SUMIFS('Program Design'!X:X,'Program Design'!$J:$J,$B8)","v":0},{"$f":"SUMIFS('Program Design'!Y:Y,'Program Design'!$J:$J,$B8)+IFERROR(SUMIFS(INDEX(OFFSET('Budget Inputs'!$A$1,6,1,2000,560),0,MATCH(CONCATENATE($B8,\" Sub-Total\"),OFFSET('Budget Inputs'!$A$1,6,1,1,560),0)),OFFSET('Budget Inputs'!$A$1,6,1,2000,1),\"Total\")*INDEX(OFFSET('Levelized Avoided Cost Table'!$A$1,7,1,900,20),MATCH(CONCATENATE($B8,\"_\",1),OFFSET('Levelized Avoided Cost Table'!$A$1,7,1,900,1),0),MATCH(\"Discount Factor\",OFFSET('Levelized Avoided Cost Table'!$A$1,7,1,1,20),0)),0)","v":0},{"$f":"IF(C8=0,\"\",C8/D8)","v":""},{"$f":"SUMIFS('Program Design'!AF:AF,'Program Design'!$J:$J,$B8)","v":0},{"$f":"SUMIFS('Program Design'!AG:AG,'Program Design'!$J:$J,$B8)+IFERROR(SUMIFS(INDEX(OFFSET('Budget Inputs'!$A$1,6,1,2000,560),0,MATCH(CONCATENATE($B8,\" Sub-Total\"),OFFSET('Budget Inputs'!$A$1,6,1,1,560),0)),OFFSET('Budget Inputs'!$A$1,6,1,2000,1),\"Total\")*INDEX(OFFSET('Levelized Avoided Cost Table'!$A$1,7,1,900,20),MATCH(CONCATENATE($B8,\"_\",1),OFFSET('Levelized Avoided Cost Table'!$A$1,7,1,900,1),0),MATCH(\"Discount Factor\",OFFSET('Levelized Avoided Cost Table'!$A$1,7,1,1,20),0)),0)","v":0},{"$f":"IF(F8=0,\"\",F8/G8)","v":""},{"$f":"SUMIFS('Program Design'!AS:AS,'Program Design'!$J:$J,$B8)","v":0},{"$f":"IFERROR(SUMIFS('Program Design'!AT:AT,'Program Design'!$J:$J,$B8)+(SUMIFS(INDEX(OFFSET('Budget Inputs'!$A$1,6,1,2000,560),0,MATCH(CONCATENATE($B8,\" Sub-Total\"),OFFSET('Budget Inputs'!$A$1,6,1,1,560),0)),OFFSET('Budget Inputs'!$A$1,6,1,2000,1),\"Total\")*INDEX(OFFSET('Levelized Avoided Cost Table'!$A$1,7,1,900,20),MATCH(CONCATENATE($B8,\"_\",1),OFFSET('Levelized Avoided Cost Table'!$A$1,7,1,900,1),0),MATCH(\"Discount Factor\",OFFSET('Levelized Avoided Cost Table'!$A$1,7,1,1,20),0))),0)","v":0},{"$f":"IF(I8=0,\"\",J8/I8)","v":""}]
[null,2016,{"$f":"SUMIFS('Program Design'!X:X,'Program Design'!$J:$J,$B9)","v":0},{"$f":"SUMIFS('Program Design'!Y:Y,'Program Design'!$J:$J,$B9)+IFERROR(SUMIFS(INDEX(OFFSET('Budget Inputs'!$A$1,6,1,2000,560),0,MATCH(CONCATENATE($B9,\" Sub-Total\"),OFFSET('Budget Inputs'!$A$1,6,1,1,560),0)),OFFSET('Budget Inputs'!$A$1,6,1,2000,1),\"Total\")*INDEX(OFFSET('Levelized Avoided Cost Table'!$A$1,7,1,900,20),MATCH(CONCATENATE($B9,\"_\",1),OFFSET('Levelized Avoided Cost Table'!$A$1,7,1,900,1),0),MATCH(\"Discount Factor\",OFFSET('Levelized Avoided Cost Table'!$A$1,7,1,1,20),0)),0)","v":0},"",{"$f":"SUMIFS('Program Design'!AF:AF,'Program Design'!$J:$J,$B9)","v":0},{"$f":"SUMIFS('Program Design'!AG:AG,'Program Design'!$J:$J,$B9)+IFERROR(SUMIFS(INDEX(OFFSET('Budget Inputs'!$A$1,6,1,2000,560),0,MATCH(CONCATENATE($B9,\" Sub-Total\"),OFFSET('Budget Inputs'!$A$1,6,1,1,560),0)),OFFSET('Budget Inputs'!$A$1,6,1,2000,1),\"Total\")*INDEX(OFFSET('Levelized Avoided Cost Table'!$A$1,7,1,900,20),MATCH(CONCATENATE($B9,\"_\",1),OFFSET('Levelized Avoided Cost Table'!$A$1,7,1,900,1),0),MATCH(\"Discount Factor\",OFFSET('Levelized Avoided Cost Table'!$A$1,7,1,1,20),0)),0)","v":0},"",{"$f":"SUMIFS('Program Design'!AS:AS,'Program Design'!$J:$J,$B9)","v":0},{"$f":"IFERROR(SUMIFS('Program Design'!AT:AT,'Program Design'!$J:$J,$B9)+(SUMIFS(INDEX(OFFSET('Budget Inputs'!$A$1,6,1,2000,560),0,MATCH(CONCATENATE($B9,\" Sub-Total\"),OFFSET('Budget Inputs'!$A$1,6,1,1,560),0)),OFFSET('Budget Inputs'!$A$1,6,1,2000,1),\"Total\")*INDEX(OFFSET('Levelized Avoided Cost Table'!$A$1,7,1,900,20),MATCH(CONCATENATE($B9,\"_\",1),OFFSET('Levelized Avoided Cost Table'!$A$1,7,1,900,1),0),MATCH(\"Discount Factor\",OFFSET('Levelized Avoided Cost Table'!$A$1,7,1,1,20),0))),0)","v":0},""]
[null,2017,{"$f":"SUMIFS('Program Design'!X:X,'Program Design'!$J:$J,$B10)","v":10801704.732720185},{"$f":"SUMIFS('Program Design'!Y:Y,'Program Design'!$J:$J,$B10)+IFERROR(SUMIFS(INDEX(OFFSET('Budget Inputs'!$A$1,6,1,2000,560),0,MATCH(CONCATENATE($B10,\" Sub-Total\"),OFFSET('Budget Inputs'!$A$1,6,1,1,560),0)),OFFSET('Budget Inputs'!$A$1,6,1,2000,1),\"Total\")*INDEX(OFFSET('Levelized Avoided Cost Table'!$A$1,7,1,900,20),MATCH(CONCATENATE($B10,\"_\",1),OFFSET('Levelized Avoided Cost Table'!$A$1,7,1,900,1),0),MATCH(\"Discount Factor\",OFFSET('Levelized Avoided Cost Table'!$A$1,7,1,1,20),0)),0)","v":10676817.089580933},1.0116970855725462,{"$f":"SUMIFS('Program Design'!AF:AF,'Program Design'!$J:$J,$B10)","v":9392786.7241045069},{"$f":"SUMIFS('Program Design'!AG:AG,'Program Design'!$J:$J,$B10)+IFERROR(SUMIFS(INDEX(OFFSET('Budget Inputs'!$A$1,6,1,2000,560),0,MATCH(CONCATENATE($B10,\" Sub-Total\"),OFFSET('Budget Inputs'!$A$1,6,1,1,560),0)),OFFSET('Budget Inputs'!$A$1,6,1,2000,1),\"Total\")*INDEX(OFFSET('Levelized Avoided Cost Table'!$A$1,7,1,900,20),MATCH(CONCATENATE($B10,\"_\",1),OFFSET('Levelized Avoided Cost Table'!$A$1,7,1,900,1),0),MATCH(\"Discount Factor\",OFFSET('Levelized Avoided Cost Table'!$A$1,7,1,1,20),0)),0)","v":7409073.4332948867},1.2677410756782639,{"$f":"SUMIFS('Program Design'!AS:AS,'Program Design'!$J:$J,$B10)","v":93326377.158778638},{"$f":"IFERROR(SUMIFS('Program Design'!AT:AT,'Program Design'!$J:$J,$B10)+(SUMIFS(INDEX(OFFSET('Budget Inputs'!$A$1,6,1,2000,560),0,MATCH(CONCATENATE($B10,\" Sub-Total\"),OFFSET('Budget Inputs'!$A$1,6,1,1,560),0)),OFFSET('Budget Inputs'!$A$1,6,1,2000,1),\"Total\")*INDEX(OFFSET('Levelized Avoided Cost Table'!$A$1,7,1,900,20),MATCH(CONCATENATE($B10,\"_\",1),OFFSET('Levelized Avoided Cost Table'!$A$1,7,1,900,1),0),MATCH(\"Discount Factor\",OFFSET('Levelized Avoided Cost Table'!$A$1,7,1,1,20),0))),0)","v":7409073.4332948867},7.9388846528239645E-2]
[null,2018,{"$f":"SUMIFS('Program Design'!X:X,'Program Design'!$J:$J,$B11)","v":0},{"$f":"SUMIFS('Program Design'!Y:Y,'Program Design'!$J:$J,$B11)+IFERROR(SUMIFS(INDEX(OFFSET('Budget Inputs'!$A$1,6,1,2000,560),0,MATCH(CONCATENATE($B11,\" Sub-Total\"),OFFSET('Budget Inputs'!$A$1,6,1,1,560),0)),OFFSET('Budget Inputs'!$A$1,6,1,2000,1),\"Total\")*INDEX(OFFSET('Levelized Avoided Cost Table'!$A$1,7,1,900,20),MATCH(CONCATENATE($B11,\"_\",1),OFFSET('Levelized Avoided Cost Table'!$A$1,7,1,900,1),0),MATCH(\"Discount Factor\",OFFSET('Levelized Avoided Cost Table'!$A$1,7,1,1,20),0)),0)","v":0},"",{"$f":"SUMIFS('Program Design'!AF:AF,'Program Design'!$J:$J,$B11)","v":0},{"$f":"SUMIFS('Program Design'!AG:AG,'Program Design'!$J:$J,$B11)+IFERROR(SUMIFS(INDEX(OFFSET('Budget Inputs'!$A$1,6,1,2000,560),0,MATCH(CONCATENATE($B11,\" Sub-Total\"),OFFSET('Budget Inputs'!$A$1,6,1,1,560),0)),OFFSET('Budget Inputs'!$A$1,6,1,2000,1),\"Total\")*INDEX(OFFSET('Levelized Avoided Cost Table'!$A$1,7,1,900,20),MATCH(CONCATENATE($B11,\"_\",1),OFFSET('Levelized Avoided Cost Table'!$A$1,7,1,900,1),0),MATCH(\"Discount Factor\",OFFSET('Levelized Avoided Cost Table'!$A$1,7,1,1,20),0)),0)","v":0},{"$f":"IF(F11=0,\"\",F11/G11)","v":""},{"$f":"SUMIFS('Program Design'!AS:AS,'Program Design'!$J:$J,$B11)","v":0},{"$f":"IFERROR(SUMIFS('Program Design'!AT:AT,'Program Design'!$J:$J,$B11)+(SUMIFS(INDEX(OFFSET('Budget Inputs'!$A$1,6,1,2000,560),0,MATCH(CONCATENATE($B11,\" Sub-Total\"),OFFSET('Budget Inputs'!$A$1,6,1,1,560),0)),OFFSET('Budget Inputs'!$A$1,6,1,2000,1),\"Total\")*INDEX(OFFSET('Levelized Avoided Cost Table'!$A$1,7,1,900,20),MATCH(CONCATENATE($B11,\"_\",1),OFFSET('Levelized Avoided Cost Table'!$A$1,7,1,900,1),0),MATCH(\"Discount Factor\",OFFSET('Levelized Avoided Cost Table'!$A$1,7,1,1,20),0))),0)","v":0},""]
[null,2019,{"$f":"SUMIFS('Program Design'!X:X,'Program Design'!$J:$J,$B12)","v":0},{"$f":"SUMIFS('Program Design'!Y:Y,'Program Design'!$J:$J,$B12)+IFERROR(SUMIFS(INDEX(OFFSET('Budget Inputs'!$A$1,6,1,2000,560),0,MATCH(CONCATENATE($B12,\" Sub-Total\"),OFFSET('Budget Inputs'!$A$1,6,1,1,560),0)),OFFSET('Budget Inputs'!$A$1,6,1,2000,1),\"Total\")*INDEX(OFFSET('Levelized Avoided Cost Table'!$A$1,7,1,900,20),MATCH(CONCATENATE($B12,\"_\",1),OFFSET('Levelized Avoided Cost Table'!$A$1,7,1,900,1),0),MATCH(\"Discount Factor\",OFFSET('Levelized Avoided Cost Table'!$A$1,7,1,1,20),0)),0)","v":0},"",{"$f":"SUMIFS('Program Design'!AF:AF,'Program Design'!$J:$J,$B12)","v":0},{"$f":"SUMIFS('Program Design'!AG:AG,'Program Design'!$J:$J,$B12)+IFERROR(SUMIFS(INDEX(OFFSET('Budget Inputs'!$A$1,6,1,2000,560),0,MATCH(CONCATENATE($B12,\" Sub-Total\"),OFFSET('Budget Inputs'!$A$1,6,1,1,560),0)),OFFSET('Budget Inputs'!$A$1,6,1,2000,1),\"Total\")*INDEX(OFFSET('Levelized Avoided Cost Table'!$A$1,7,1,900,20),MATCH(CONCATENATE($B12,\"_\",1),OFFSET('Levelized Avoided Cost Table'!$A$1,7,1,900,1),0),MATCH(\"Discount Factor\",OFFSET('Levelized Avoided Cost Table'!$A$1,7,1,1,20),0)),0)","v":0},"",{"$f":"SUMIFS('Program Design'!AS:AS,'Program Design'!$J:$J,$B12)","v":0},{"$f":"IFERROR(SUMIFS('Program Design'!AT:AT,'Program Design'!$J:$J,$B12)+(SUMIFS(INDEX(OFFSET('Budget Inputs'!$A$1,6,1,2000,560),0,MATCH(CONCATENATE($B12,\" Sub-Total\"),OFFSET('Budget Inputs'!$A$1,6,1,1,560),0)),OFFSET('Budget Inputs'!$A$1,6,1,2000,1),\"Total\")*INDEX(OFFSET('Levelized Avoided Cost Table'!$A$1,7,1,900,20),MATCH(CONCATENATE($B12,\"_\",1),OFFSET('Levelized Avoided Cost Table'!$A$1,7,1,900,1),0),MATCH(\"Discount Factor\",OFFSET('Levelized Avoided Cost Table'!$A$1,7,1,1,20),0))),0)","v":0},""]
[null,2020,{"$f":"SUMIFS('Program Design'!X:X,'Program Design'!$J:$J,$B13)","v":0},{"$f":"SUMIFS('Program Design'!Y:Y,'Program Design'!$J:$J,$B13)+IFERROR(SUMIFS(INDEX(OFFSET('Budget Inputs'!$A$1,6,1,2000,560),0,MATCH(CONCATENATE($B13,\" Sub-Total\"),OFFSET('Budget Inputs'!$A$1,6,1,1,560),0)),OFFSET('Budget Inputs'!$A$1,6,1,2000,1),\"Total\")*INDEX(OFFSET('Levelized Avoided Cost Table'!$A$1,7,1,900,20),MATCH(CONCATENATE($B13,\"_\",1),OFFSET('Levelized Avoided Cost Table'!$A$1,7,1,900,1),0),MATCH(\"Discount Factor\",OFFSET('Levelized Avoided Cost Table'!$A$1,7,1,1,20),0)),0)","v":0},"",{"$f":"SUMIFS('Program Design'!AF:AF,'Program Design'!$J:$J,$B13)","v":0},{"$f":"SUMIFS('Program Design'!AG:AG,'Program Design'!$J:$J,$B13)+IFERROR(SUMIFS(INDEX(OFFSET('Budget Inputs'!$A$1,6,1,2000,560),0,MATCH(CONCATENATE($B13,\" Sub-Total\"),OFFSET('Budget Inputs'!$A$1,6,1,1,560),0)),OFFSET('Budget Inputs'!$A$1,6,1,2000,1),\"Total\")*INDEX(OFFSET('Levelized Avoided Cost Table'!$A$1,7,1,900,20),MATCH(CONCATENATE($B13,\"_\",1),OFFSET('Levelized Avoided Cost Table'!$A$1,7,1,900,1),0),MATCH(\"Discount Factor\",OFFSET('Levelized Avoided Cost Table'!$A$1,7,1,1,20),0)),0)","v":0},"",{"$f":"SUMIFS('Program Design'!AS:AS,'Program Design'!$J:$J,$B13)","v":0},{"$f":"IFERROR(SUMIFS('Program Design'!AT:AT,'Program Design'!$J:$J,$B13)+(SUMIFS(INDEX(OFFSET('Budget Inputs'!$A$1,6,1,2000,560),0,MATCH(CONCATENATE($B13,\" Sub-Total\"),OFFSET('Budget Inputs'!$A$1,6,1,1,560),0)),OFFSET('Budget Inputs'!$A$1,6,1,2000,1),\"Total\")*INDEX(OFFSET('Levelized Avoided Cost Table'!$A$1,7,1,900,20),MATCH(CONCATENATE($B13,\"_\",1),OFFSET('Levelized Avoided Cost Table'!$A$1,7,1,900,1),0),MATCH(\"Discount Factor\",OFFSET('Levelized Avoided Cost Table'!$A$1,7,1,1,20),0))),0)","v":0},""]
[null,"Plan Total",{"$f":"SUM(C8:C13)","v":10801704.732720185},{"$f":"SUM(D8:D13)","v":10676817.089580933},{"$f":"IF(C14=\"\",\"\",C14/D14)","v":1.0116970855725462},{"$f":"SUM(F8:F13)","v":9392786.7241045069},{"$f":"SUM(G8:G13)","v":7409073.4332948867},{"$f":"IF(F14=\"\",\"\",F14/G14)","v":1.2677410756782639},{"$f":"SUM(I8:I13)","v":93326377.158778638},{"$f":"SUM(J8:J13)","v":7409073.4332948867},{"$f":"IF(I14=\"\",\"\",J14/I14)","v":7.9388846528239645E-2}]
[]
["TABLE 2"]
["SUMMARY OF PERSISTING CDM PORTFOLIO SAVINGS "]
["Plan Persisting Savings (end-user level)",null,"MW","MWh"]
[null,2015,{"$f":"SUMIFS(OFFSET('Savings Results'!$A$1,6,16+2020-MIN('Program Design'!J:J),2000),OFFSET('Savings Results'!$A$1,6,6,2000),Plan!$B19,OFFSET('Savings Results'!$A$1,6,4,2000),\"Dx\")/(1/(1-SUM('CE Parameters'!$F$10:$F$11)))/1000","v":0},{"$f":"SUMIFS(OFFSET('Savings Results'!$A$1,6,16+2020-MIN('Program Design'!J:J)+2020 -MIN('Program Design'!J:J)+ MAX('Savings Results'!J:J),2000),OFFSET('Savings Results'!$A$1,6,6,2000),Plan!$B19,OFFSET('Savings Results'!$A$1,6,4,2000),\"Dx\")/(1/(1-SUM('CE Parameters'!$F$10:$F$11)))/1000","v":0}]
[null,2016,{"$f":"SUMIFS(OFFSET('Savings Results'!$A$1,6,16+2020-MIN('Program Design'!J:J),2000),OFFSET('Savings Results'!$A$1,6,6,2000),Plan!$B20,OFFSET('Savings Results'!$A$1,6,4,2000),\"Dx\")/(1/(1-SUM('CE Parameters'!$F$10:$F$11)))/1000","v":0},{"$f":"SUMIFS(OFFSET('Savings Results'!$A$1,6,16+2020-MIN('Program Design'!J:J)+2020 -MIN('Program Design'!J:J)+ MAX('Savings Results'!J:J),2000),OFFSET('Savings Results'!$A$1,6,6,2000),Plan!$B20,OFFSET('Savings Results'!$A$1,6,4,2000),\"Dx\")/(1/(1-SUM('CE Parameters'!$F$10:$F$11)))/1000","v":0}]
[null,2017,{"$f":"SUMIFS(OFFSET('Savings Results'!$A$1,6,16+2020-MIN('Program Design'!J:J),2000),OFFSET('Savings Results'!$A$1,6,6,2000),Plan!$B21,OFFSET('Savings Results'!$A$1,6,4,2000),\"Dx\")/(1/(1-SUM('CE Parameters'!$F$10:$F$11)))/1000","v":0},{"$f":"SUMIFS(OFFSET('Savings Results'!$A$1,6,16+2020-MIN('Program Design'!J:J)+2020 -MIN('Program Design'!J:J)+ MAX('Savings Results'!J:J),2000),OFFSET('Savings Results'!$A$1,6,6,2000),Plan!$B21,OFFSET('Savings Results'!$A$1,6,4,2000),\"Dx\")/(1/(1-SUM('CE Parameters'!$F$10:$F$11)))/1000","v":0}]
[null,2018,{"$f":"SUMIFS(OFFSET('Savings Results'!$A$1,6,16+2020-MIN('Program Design'!J:J),2000),OFFSET('Savings Results'!$A$1,6,6,2000),Plan!$B22,OFFSET('Savings Results'!$A$1,6,4,2000),\"Dx\")/(1/(1-SUM('CE Parameters'!$F$10:$F$11)))/1000","v":0},{"$f":"SUMIFS(OFFSET('Savings Results'!$A$1,6,16+2020-MIN('Program Design'!J:J)+2020 -MIN('Program Design'!J:J)+ MAX('Savings Results'!J:J),2000),OFFSET('Savings Results'!$A$1,6,6,2000),Plan!$B22,OFFSET('Savings Results'!$A$1,6,4,2000),\"Dx\")/(1/(1-SUM('CE Parameters'!$F$10:$F$11)))/1000","v":0}]
[null,2019,{"$f":"SUMIFS(OFFSET('Savings Results'!$A$1,6,16+2020-MIN('Program Design'!J:J),2000),OFFSET('Savings Results'!$A$1,6,6,2000),Plan!$B23,OFFSET('Savings Results'!$A$1,6,4,2000),\"Dx\")/(1/(1-SUM('CE Parameters'!$F$10:$F$11)))/1000","v":0},{"$f":"SUMIFS(OFFSET('Savings Results'!$A$1,6,16+2020-MIN('Program Design'!J:J)+2020 -MIN('Program Design'!J:J)+ MAX('Savings Results'!J:J),2000),OFFSET('Savings Results'!$A$1,6,6,2000),Plan!$B23,OFFSET('Savings Results'!$A$1,6,4,2000),\"Dx\")/(1/(1-SUM('CE Parameters'!$F$10:$F$11)))/1000","v":0}]
[null,2020,{"$f":"SUMIFS(OFFSET('Savings Results'!$A$1,6,16+2020-MIN('Program Design'!J:J),2000),OFFSET('Savings Results'!$A$1,6,6,2000),Plan!$B24,OFFSET('Savings Results'!$A$1,6,4,2000),\"Dx\")/(1/(1-SUM('CE Parameters'!$F$10:$F$11)))/1000","v":0},{"$f":"SUMIFS(OFFSET('Savings Results'!$A$1,6,16+2020-MIN('Program Design'!J:J)+2020 -MIN('Program Design'!J:J)+ MAX('Savings Results'!J:J),2000),OFFSET('Savings Results'!$A$1,6,6,2000),Plan!$B24,OFFSET('Savings Results'!$A$1,6,4,2000),\"Dx\")/(1/(1-SUM('CE Parameters'!$F$10:$F$11)))/1000","v":0}]
[null,"Plan Total",{"$f":"SUM(C19:C24)","v":0},{"$f":"SUM(D19:D24)","v":0}]
[]
["TABLE 3"]
["PROGRAM ROLL OUT SCHEDULE (ANNUAL ANTICIPATED BUDGET & INCREMENTAL ANNUAL ENERGY SAVINGS BY PROGRAM)"]
[null,null,2015,null,2016,null,2017,null,2018,null,2019,null,2020,null,"Total 2015 - 2020"]
[]
["Sector","Program","Anticipated Annual Budget ($)","Energy Savings (MWh)","Anticipated Annual Budget ($)","Energy Savings (MWh)","Anticipated Annual Budget ($)","Energy Savings (MWh)","Anticipated Annual Budget ($)","Energy Savings (MWh)","Anticipated Annual Budget ($)","Energy Savings (MWh)","Anticipated Annual Budget ($)","Energy Savings (MWh)","Total Plan Budget ($)","Total Persisting Energy Savings in 2020 (MWh)"]
["Whole Home","Whole Home",{"$f":"IFERROR(SUMIFS('Program Design'!$U:$U,'Program Design'!$C:$C,$A32,'Program Design'!$D:$D,$B32,'Program Design'!$J:$J,C$29)+SUMIFS('Program Design'!$V:$V,'Program Design'!$C:$C,$A32,'Program Design'!$D:$D,$B32,'Program Design'!$J:$J,C$29)+SUMIFS('Program Design'!$W:$W,'Program Design'!$C:$C,$A32,'Program Design'!$D:$D,$B32,'Program Design'!$J:$J,C$29)+SUMIFS(INDEX(OFFSET('Budget Inputs'!$A$1,6,1,2000,560),0,MATCH(CONCATENATE(C$29,\" Sub-Total\"),OFFSET('Budget Inputs'!$A$1,6,1,1,560),0)),OFFSET('Budget Inputs'!$A$1,6,1,2000,1),$A32,OFFSET('Budget Inputs'!$A$1,6,2,2000,1),$B32),0)","v":0},{"$f":"(SUMIFS(OFFSET('Savings Results'!$A$1,6,16 +MAX('Savings Results'!$G:$G)-MIN('Savings Results'!$G:$G)+MAX('Savings Results'!$J:$J)+C$29-MIN('Savings Results'!$G:$G),2000),OFFSET('Savings Results'!$A$1,6,6,2000),C$29,OFFSET('Savings Results'!$A$1,6,4,2000),\"Dx\",OFFSET('Savings Results'!$A$1,6,1,2000),$A32,OFFSET('Savings Results'!$A$1,6,2,2000),$B32)/(1/(1-SUM('CE Parameters'!$F$10:$F$11))))/1000","v":0},{"$f":"IFERROR(SUMIFS('Program Design'!$U:$U,'Program Design'!$C:$C,$A32,'Program Design'!$D:$D,$B32,'Program Design'!$J:$J,E$29)+SUMIFS('Program Design'!$V:$V,'Program Design'!$C:$C,$A32,'Program Design'!$D:$D,$B32,'Program Design'!$J:$J,E$29)+SUMIFS('Program Design'!$W:$W,'Program Design'!$C:$C,$A32,'Program Design'!$D:$D,$B32,'Program Design'!$J:$J,E$29)+SUMIFS(INDEX(OFFSET('Budget Inputs'!$A$1,6,1,2000,560),0,MATCH(CONCATENATE(E$29,\" Sub-Total\"),OFFSET('Budget Inputs'!$A$1,6,1,1,560),0)),OFFSET('Budget Inputs'!$A$1,6,1,2000,1),$A32,OFFSET('Budget Inputs'!$A$1,6,2,2000,1),$B32),0)","v":0},{"$f":"(SUMIFS(OFFSET('Savings Results'!$A$1,6,16 +MAX('Savings Results'!$G:$G)-MIN('Savings Results'!$G:$G)+MAX('Savings Results'!$J:$J)+E$29-MIN('Savings Results'!$G:$G),2000),OFFSET('Savings Results'!$A$1,6,6,2000),E$29,OFFSET('Savings Results'!$A$1,6,4,2000),\"Dx\",OFFSET('Savings Results'!$A$1,6,1,2000),$A32,OFFSET('Savings Results'!$A$1,6,2,2000),$B32)/(1/(1-SUM('CE Parameters'!$F$10:$F$11))))/1000","v":0},{"$f":"IFERROR(SUMIFS('Program Design'!$U:$U,'Program Design'!$C:$C,$A32,'Program Design'!$D:$D,$B32,'Program Design'!$J:$J,G$29)+SUMIFS('Program Design'!$V:$V,'Program Design'!$C:$C,$A32,'Program Design'!$D:$D,$B32,'Program Design'!$J:$J,G$29)+SUMIFS('Program Design'!$W:$W,'Program Design'!$C:$C,$A32,'Program Design'!$D:$D,$B32,'Program Design'!$J:$J,G$29)+SUMIFS(INDEX(OFFSET('Budget Inputs'!$A$1,6,1,2000,560),0,MATCH(CONCATENATE(G$29,\" Sub-Total\"),OFFSET('Budget Inputs'!$A$1,6,1,1,560),0)),OFFSET('Budget Inputs'!$A$1,6,1,2000,1),$A32,OFFSET('Budget Inputs'!$A$1,6,2,2000,1),$B32),0)","v":7708400},{"$f":"(SUMIFS(OFFSET('Savings Results'!$A$1,6,16 +MAX('Savings Results'!$G:$G)-MIN('Savings Results'!$G:$G)+MAX('Savings Results'!$J:$J)+G$29-MIN('Savings Results'!$G:$G),2000),OFFSET('Savings Results'!$A$1,6,6,2000),G$29,OFFSET('Savings Results'!$A$1,6,4,2000),\"Dx\",OFFSET('Savings Results'!$A$1,6,1,2000),$A32,OFFSET('Savings Results'!$A$1,6,2,2000),$B32)/(1/(1-SUM('CE Parameters'!$F$10:$F$11))))/1000","v":0},{"$f":"IFERROR(SUMIFS('Program Design'!$U:$U,'Program Design'!$C:$C,$A32,'Program Design'!$D:$D,$B32,'Program Design'!$J:$J,I$29)+SUMIFS('Program Design'!$V:$V,'Program Design'!$C:$C,$A32,'Program Design'!$D:$D,$B32,'Program Design'!$J:$J,I$29)+SUMIFS('Program Design'!$W:$W,'Program Design'!$C:$C,$A32,'Program Design'!$D:$D,$B32,'Program Design'!$J:$J,I$29)+SUMIFS(INDEX(OFFSET('Budget Inputs'!$A$1,6,1,2000,560),0,MATCH(CONCATENATE(I$29,\" Sub-Total\"),OFFSET('Budget Inputs'!$A$1,6,1,1,560),0)),OFFSET('Budget Inputs'!$A$1,6,1,2000,1),$A32,OFFSET('Budget Inputs'!$A$1,6,2,2000,1),$B32),0)","v":0},{"$f":"(SUMIFS(OFFSET('Savings Results'!$A$1,6,16 +MAX('Savings Results'!$G:$G)-MIN('Savings Results'!$G:$G)+MAX('Savings Results'!$J:$J)+I$29-MIN('Savings Results'!$G:$G),2000),OFFSET('Savings Results'!$A$1,6,6,2000),I$29,OFFSET('Savings Results'!$A$1,6,4,2000),\"Dx\",OFFSET('Savings Results'!$A$1,6,1,2000),$A32,OFFSET('Savings Results'!$A$1,6,2,2000),$B32)/(1/(1-SUM('CE Parameters'!$F$10:$F$11))))/1000","v":0},{"$f":"IFERROR(SUMIFS('Program Design'!$U:$U,'Program Design'!$C:$C,$A32,'Program Design'!$D:$D,$B32,'Program Design'!$J:$J,K$29)+SUMIFS('Program Design'!$V:$V,'Program Design'!$C:$C,$A32,'Program Design'!$D:$D,$B32,'Program Design'!$J:$J,K$29)+SUMIFS('Program Design'!$W:$W,'Program Design'!$C:$C,$A32,'Program Design'!$D:$D,$B32,'Program Design'!$J:$J,K$29)+SUMIFS(INDEX(OFFSET('Budget Inputs'!$A$1,6,1,2000,560),0,MATCH(CONCATENATE(K$29,\" Sub-Total\"),OFFSET('Budget Inputs'!$A$1,6,1,1,560),0)),OFFSET('Budget Inputs'!$A$1,6,1,2000,1),$A32,OFFSET('Budget Inputs'!$A$1,6,2,2000,1),$B32),0)","v":0},{"$f":"(SUMIFS(OFFSET('Savings Results'!$A$1,6,16 +MAX('Savings Results'!$G:$G)-MIN('Savings Results'!$G:$G)+MAX('Savings Results'!$J:$J)+K$29-MIN('Savings Results'!$G:$G),2000),OFFSET('Savings Results'!$A$1,6,6,2000),K$29,OFFSET('Savings Results'!$A$1,6,4,2000),\"Dx\",OFFSET('Savings Results'!$A$1,6,1,2000),$A32,OFFSET('Savings Results'!$A$1,6,2,2000),$B32)/(1/(1-SUM('CE Parameters'!$F$10:$F$11))))/1000","v":0},{"$f":"IFERROR(SUMIFS('Program Design'!$U:$U,'Program Design'!$C:$C,$A32,'Program Design'!$D:$D,$B32,'Program Design'!$J:$J,M$29)+SUMIFS('Program Design'!$V:$V,'Program Design'!$C:$C,$A32,'Program Design'!$D:$D,$B32,'Program Design'!$J:$J,M$29)+SUMIFS('Program Design'!$W:$W,'Program Design'!$C:$C,$A32,'Program Design'!$D:$D,$B32,'Program Design'!$J:$J,M$29)+SUMIFS(INDEX(OFFSET('Budget Inputs'!$A$1,6,1,2000,560),0,MATCH(CONCATENATE(M$29,\" Sub-Total\"),OFFSET('Budget Inputs'!$A$1,6,1,1,560),0)),OFFSET('Budget Inputs'!$A$1,6,1,2000,1),$A32,OFFSET('Budget Inputs'!$A$1,6,2,2000,1),$B32),0)","v":0},{"$f":"(SUMIFS(OFFSET('Savings Results'!$A$1,6,16 +MAX('Savings Results'!$G:$G)-MIN('Savings Results'!$G:$G)+MAX('Savings Results'!$J:$J)+M$29-MIN('Savings Results'!$G:$G),2000),OFFSET('Savings Results'!$A$1,6,6,2000),M$29,OFFSET('Savings Results'!$A$1,6,4,2000),\"Dx\",OFFSET('Savings Results'!$A$1,6,1,2000),$A32,OFFSET('Savings Results'!$A$1,6,2,2000),$B32)/(1/(1-SUM('CE Parameters'!$F$10:$F$11))))/1000","v":0},{"$f":"IFERROR(SUMIFS('Program Design'!$U:$U,'Program Design'!$C:$C,$A32,'Program Design'!$D:$D,$B32)+SUMIFS('Program Design'!$V:$V,'Program Design'!$C:$C,$A32,'Program Design'!$D:$D,$B32)+SUMIFS('Program Design'!$W:$W,'Program Design'!$C:$C,$A32,'Program Design'!$D:$D,$B32)+SUMIFS(INDEX(OFFSET('Budget Inputs'!$A$1,6,1,2000,560),0,MATCH(\"Total\",OFFSET('Budget Inputs'!$A$1,6,1,1,560),0)),OFFSET('Budget Inputs'!$A$1,6,1,2000,1),$A32,OFFSET('Budget Inputs'!$A$1,6,2,2000,1),$B32),0)","v":7708400},{"$f":"(SUMIFS(OFFSET('Savings Results'!$A$1,6,16+2020-MIN('Program Design'!J:J)+2020 -MIN('Program Design'!J:J)+ MAX('Savings Results'!J:J),2000),OFFSET('Savings Results'!$A$1,6,4,2000),\"Dx\",OFFSET('Savings Results'!$A$1,6,1,2000),$A32,OFFSET('Savings Results'!$A$1,6,2,2000),$B32)/(1/(1-SUM('CE Parameters'!$F$10:$F$11))))/1000","v":0}]
["TOTAL",null,{"$f":"SUM($C32)","v":0},{"$f":"SUM($D32)","v":0},{"$f":"SUM($E32)","v":0},{"$f":"SUM($F32)","v":0},{"$f":"SUM($G32)","v":7708400},{"$f":"SUM($H32)","v":0},{"$f":"SUM($I32)","v":0},{"$f":"SUM($J32)","v":0},{"$f":"SUM($K32)","v":0},{"$f":"SUM($L32)","v":0},{"$f":"SUM($M32)","v":0},{"$f":"SUM($N32)","v":0},{"$f":"SUM($O32)","v":7708400},{"$f":"SUM($P32)","v":0}]

{"sheet":"Budget","index":4,"n_rows":9,"n_cols":9,"rows_kept":9,"cut":false,"hidden":false,"merged":[[0,2,0,3],[1,1,1,3],[4,3,4,8]]}
[]
[]
[null,"TABLE 4"]
[null,"Budget Result Summary"]
[null,null,null,"PROGRAM YEAR"]
[null,null,null,2017,2017,2017,2017,2017]
[null,"SECTOR","PROGRAM","Incentives","Program Admin","LDC Variable Costs","Central Service Costs","2017 Sub-Total","Total"]
[null,"Whole Home","Whole Home",6005200,2291000,0,0,{"$f":"SUM($D8:$G8)","v":8296200},{"$f":"SUM($D8:$H8)/2","v":8296200}]
[null,"Total",null,{"$f":"SUM(D8)","v":6005200},{"$f":"SUM(E8)","v":2291000},0,0,8296200,8296200]

{"sheet":"Sector","index":5,"n_rows":36,"n_cols":7,"rows_kept":36,"cut":false,"hidden":false,"merged":[]}
["TABLE 5: Sector Summary"]
["Metric","Residential","Non-Residential"]
["% of 2020 Annual Savings (target)",{"$f":"G9/G21","v":{"$error":"#DIV/0!"}},{"$f":"G15/G21","v":{"$error":"#DIV/0!"}},{"$f":"IFERROR(IF(SUM(B3:C3)=100%,\"\",\"FLAG: some programs are not correctly assigned to either Residential or Non-Residential Sector\"),\"\")","v":""}]
["% of Total Incentives",{"$f":"SUM(B10:G10)/SUM(B22:G22)","v":{"$error":"#DIV/0!"}},{"$f":"SUM(B16:G16)/SUM(B22:G22)","v":{"$error":"#DIV/0!"}}]
["% of Total Budget",{"$f":"SUM(B11:G11)/SUM(B23:G23)","v":{"$error":"#DIV/0!"}},{"$f":"SUM(B17:G17)/SUM(B23:G23)","v":{"$error":"#DIV/0!"}}]
[]
["TABLE 6: Residential Sector Summary"]
["Metric",2015,2016,2017,2018,2019,2020]
["Annual Savings (kWh)",{"$f":"IF(MIN('Savings Results'!$G:$G)<=B8,(SUMIFS(OFFSET('Savings Results'!$A$1,6,16+MAX('Savings Results'!$G:$G)-MIN('Savings Results'!$G:$G)+MAX('Savings Results'!$J:$J)+B$8-MIN('Savings Results'!$G:$G),2000),OFFSET('Savings Results'!$A$1,6,1,2000),\"Residential\")/(1/(1-SUM('CE Parameters'!$F$10:$F$11)))),0)/1000","v":0},{"$f":"IF(MIN('Savings Results'!$G:$G)<=C8,(SUMIFS(OFFSET('Savings Results'!$A$1,6,16+MAX('Savings Results'!$G:$G)-MIN('Savings Results'!$G:$G)+MAX('Savings Results'!$J:$J)+C$8-MIN('Savings Results'!$G:$G),2000),OFFSET('Savings Results'!$A$1,6,1,2000),\"Residential\")/(1/(1-SUM('CE Parameters'!$F$10:$F$11)))),0)/1000","v":0},{"$f":"IF(MIN('Savings Results'!$G:$G)<=D8,(SUMIFS(OFFSET('Savings Results'!$A$1,6,16+MAX('Savings Results'!$G:$G)-MIN('Savings Results'!$G:$G)+MAX('Savings Results'!$J:$J)+D$8-MIN('Savings Results'!$G:$G),2000),OFFSET('Savings Results'!$A$1,6,1,2000),\"Residential\")/(1/(1-SUM('CE Parameters'!$F$10:$F$11)))),0)/1000","v":0},{"$f":"IF(MIN('Savings Results'!$G:$G)<=E8,(SUMIFS(OFFSET('Savings Results'!$A$1,6,16+MAX('Savings Results'!$G:$G)-MIN('Savings Results'!$G:$G)+MAX('Savings Results'!$J:$J)+E$8-MIN('Savings Results'!$G:$G),2000),OFFSET('Savings Results'!$A$1,6,1,2000),\"Residential\")/(1/(1-SUM('CE Parameters'!$F$10:$F$11)))),0)/1000","v":0},{"$f":"IF(MIN('Savings Results'!$G:$G)<=F8,(SUMIFS(OFFSET('Savings Results'!$A$1,6,16+MAX('Savings Results'!$G:$G)-MIN('Savings Results'!$G:$G)+MAX('Savings Results'!$J:$J)+F$8-MIN('Savings Results'!$G:$G),2000),OFFSET('Savings Results'!$A$1,6,1,2000),\"Residential\")/(1/(1-SUM('CE Parameters'!$F$10:$F$11)))),0)/1000","v":0},{"$f":"IF(MIN('Savings Results'!$G:$G)<=G8,(SUMIFS(OFFSET('Savings Results'!$A$1,6,16+MAX('Savings Results'!$G:$G)-MIN('Savings Results'!$G:$G)+MAX('Savings Results'!$J:$J)+G$8-MIN('Savings Results'!$G:$G),2000),OFFSET('Savings Results'!$A$1,6,1,2000),\"Residential\")/(1/(1-SUM('CE Parameters'!$F$10:$F$11)))),0)/1000","v":0}]
["Incentive Costs ($)",{"$f":"SUMIFS('Program Design'!$U:$U,'Program Design'!$C:$C,Sector!$B$2,'Program Design'!$J:$J,Sector!B$8)","v":0},{"$f":"SUMIFS('Program Design'!$U:$U,'Program Design'!$C:$C,Sector!$B$2,'Program Design'!$J:$J,Sector!C$8)","v":0},{"$f":"SUMIFS('Program Design'!$U:$U,'Program Design'!$C:$C,Sector!$B$2,'Program Design'!$J:$J,Sector!D$8)","v":0},{"$f":"SUMIFS('Program Design'!$U:$U,'Program Design'!$C:$C,Sector!$B$2,'Program Design'!$J:$J,Sector!E$8)","v":0},{"$f":"SUMIFS('Program Design'!$U:$U,'Program Design'!$C:$C,Sector!$B$2,'Program Design'!$J:$J,Sector!F$8)","v":0},{"$f":"SUMIFS('Program Design'!$U:$U,'Program Design'!$C:$C,Sector!$B$2,'Program Design'!$J:$J,Sector!G$8)","v":0}]
["Total Budget ($)",{"$f":"IFERROR(SUMIF(Budget!$B:$B,Sector!$B$2,INDEX(Budget!$B:$ZP,0,MATCH(Sector!B$8&\" Sub-Total\",Budget!$B7:$ZP7,0))),0)","v":0},{"$f":"IFERROR(SUMIF(Budget!$B:$B,Sector!$B$2,INDEX(Budget!$B:$ZP,0,MATCH(Sector!C$8&\" Sub-Total\",Budget!$B7:$ZP7,0))),0)","v":0},{"$f":"IFERROR(SUMIF(Budget!$B:$B,Sector!$B$2,INDEX(Budget!$B:$ZP,0,MATCH(Sector!D$8&\" Sub-Total\",Budget!$B7:$ZP7,0))),0)","v":0},{"$f":"IFERROR(SUMIF(Budget!$B:$B,Sector!$B$2,INDEX(Budget!$B:$ZP,0,MATCH(Sector!E$8&\" Sub-Total\",Budget!$B7:$ZP7,0))),0)","v":0},{"$f":"IFERROR(SUMIF(Budget!$B:$B,Sector!$B$2,INDEX(Budget!$B:$ZP,0,MATCH(Sector!F$8&\" Sub-Total\",Budget!$B7:$ZP7,0))),0)","v":0},{"$f":"IFERROR(SUMIF(Budget!$B:$B,Sector!$B$2,INDEX(Budget!$B:$ZP,0,MATCH(Sector!G$8&\" Sub-Total\",Budget!$B7:$ZP7,0))),0)","v":0}]
[]
["TABLE 7: Non-Residential Sector Summary"]
["Metric",2015,2016,2017,2018,2019,2020]
["Annual Savings (kWh)",{"$f":"IF(MIN('Savings Results'!$G:$G)<=B14,(SUMIFS(OFFSET('Savings Results'!$A$1,6,16+MAX('Savings Results'!$G:$G)-MIN('Savings Results'!$G:$G)+MAX('Savings Results'!$J:$J)+B$14-MIN('Savings Results'!$G:$G),2000),OFFSET('Savings Results'!$A$1,6,1,2000),\"Non-Residential\")/(1/(1-SUM('CE Parameters'!$F$10:$F$11)))),0)/1000","v":0},{"$f":"IF(MIN('Savings Results'!$G:$G)<=C14,(SUMIFS(OFFSET('Savings Results'!$A$1,6,16+MAX('Savings Results'!$G:$G)-MIN('Savings Results'!$G:$G)+MAX('Savings Results'!$J:$J)+C$14-MIN('Savings Results'!$G:$G),2000),OFFSET('Savings Results'!$A$1,6,1,2000),\"Non-Residential\")/(1/(1-SUM('CE Parameters'!$F$10:$F$11)))),0)/1000","v":0},{"$f":"IF(MIN('Savings Results'!$G:$G)<=D14,(SUMIFS(OFFSET('Savings Results'!$A$1,6,16+MAX('Savings Results'!$G:$G)-MIN('Savings Results'!$G:$G)+MAX('Savings Results'!$J:$J)+D$14-MIN('Savings Results'!$G:$G),2000),OFFSET('Savings Results'!$A$1,6,1,2000),\"Non-Residential\")/(1/(1-SUM('CE Parameters'!$F$10:$F$11)))),0)/1000","v":0},{"$f":"IF(MIN('Savings Results'!$G:$G)<=E14,(SUMIFS(OFFSET('Savings Results'!$A$1,6,16+MAX('Savings Results'!$G:$G)-MIN('Savings Results'!$G:$G)+MAX('Savings Results'!$J:$J)+E$14-MIN('Savings Results'!$G:$G),2000),OFFSET('Savings Results'!$A$1,6,1,2000),\"Non-Residential\")/(1/(1-SUM('CE Parameters'!$F$10:$F$11)))),0)/1000","v":0},{"$f":"IF(MIN('Savings Results'!$G:$G)<=F14,(SUMIFS(OFFSET('Savings Results'!$A$1,6,16+MAX('Savings Results'!$G:$G)-MIN('Savings Results'!$G:$G)+MAX('Savings Results'!$J:$J)+F$14-MIN('Savings Results'!$G:$G),2000),OFFSET('Savings Results'!$A$1,6,1,2000),\"Non-Residential\")/(1/(1-SUM('CE Parameters'!$F$10:$F$11)))),0)/1000","v":0},{"$f":"IF(MIN('Savings Results'!$G:$G)<=G14,(SUMIFS(OFFSET('Savings Results'!$A$1,6,16+MAX('Savings Results'!$G:$G)-MIN('Savings Results'!$G:$G)+MAX('Savings Results'!$J:$J)+G$14-MIN('Savings Results'!$G:$G),2000),OFFSET('Savings Results'!$A$1,6,1,2000),\"Non-Residential\")/(1/(1-SUM('CE Parameters'!$F$10:$F$11)))),0)/1000","v":0}]
["Incentive Costs ($)",{"$f":"SUMIFS('Program Design'!$U:$U,'Program Design'!$C:$C,Sector!$C$2,'Program Design'!$J:$J,Sector!B$8)","v":0},{"$f":"SUMIFS('Program Design'!$U:$U,'Program Design'!$C:$C,Sector!$C$2,'Program Design'!$J:$J,Sector!C$8)","v":0},{"$f":"SUMIFS('Program Design'!$U:$U,'Program Design'!$C:$C,Sector!$C$2,'Program Design'!$J:$J,Sector!D$8)","v":0},{"$f":"SUMIFS('Program Design'!$U:$U,'Program Design'!$C:$C,Sector!$C$2,'Program Design'!$J:$J,Sector!E$8)","v":0},{"$f":"SUMIFS('Program Design'!$U:$U,'Program Design'!$C:$C,Sector!$C$2,'Program Design'!$J:$J,Sector!F$8)","v":0},{"$f":"SUMIFS('Program Design'!$U:$U,'Program Design'!$C:$C,Sector!$C$2,'Program Design'!$J:$J,Sector!G$8)","v":0}]
["Total Budget ($)",{"$f":"IFERROR(SUMIF(Budget!$B:$B,Sector!$C$2,INDEX(Budget!$B:$ZP,0,MATCH(Sector!B$8&\" Sub-Total\",Budget!$B7:$ZP7,0))),0)","v":0},{"$f":"IFERROR(SUMIF(Budget!$B:$B,Sector!$C$2,INDEX(Budget!$B:$ZP,0,MATCH(Sector!C$8&\" Sub-Total\",Budget!$B7:$ZP7,0))),0)","v":0},{"$f":"IFERROR(SUMIF(Budget!$B:$B,Sector!$C$2,INDEX(Budget!$B:$ZP,0,MATCH(Sector!D$8&\" Sub-Total\",Budget!$B7:$ZP7,0))),0)","v":0},{"$f":"IFERROR(SUMIF(Budget!$B:$B,Sector!$C$2,INDEX(Budget!$B:$ZP,0,MATCH(Sector!E$8&\" Sub-Total\",Budget!$B7:$ZP7,0))),0)","v":0},{"$f":"IFERROR(SUMIF(Budget!$B:$B,Sector!$C$2,INDEX(Budget!$B:$ZP,0,MATCH(Sector!F$8&\" Sub-Total\",Budget!$B7:$ZP7,0))),0)","v":0},{"$f":"IFERROR(SUMIF(Budget!$B:$B,Sector!$C$2,INDEX(Budget!$B:$ZP,0,MATCH(Sector!G$8&\" Sub-Total\",Budget!$B7:$ZP7,0))),0)","v":0}]
[]
["TABLE 8: Total Portfolio Summary"]
["Metric",2015,2016,2017,2018,2019,2020]
["Annual Savings (kWh)",{"$f":"B9+B15","v":0},0,0,0,0,0]
["Incentive Costs ($)",{"$f":"B10+B16","v":0},0,0,0,0,0]
["Total Budget ($)",0,0,0,0,0,0]
[]
["TABLE 9: Home Assistance Program Summary"]
["Metric","Home Assistance Program (HAP)"]
["% of 2020 Annual Savings (target)",{"$f":"G34/G21","v":{"$error":"#DIV/0!"}}]
["% of Total Incentives",{"$f":"SUM(B35:G35)/SUM(B22:G22)","v":{"$error":"#DIV/0!"}}]
["% of Total Budget",{"$f":"SUM(B36:G36)/SUM(B23:G23)","v":{"$error":"#DIV/0!"}}]
[]
["TABLE 10: Home Assistance Program by Year"]
["Metric",2015,2016,2017,2018,2019,2020]
["Number of Projects",{"$f":"SUMIFS('Program Design'!$K:$K,'Program Design'!$J:$J,Sector!B$8,'Program Design'!$D:$D,$B26)","v":0},{"$f":"SUMIFS('Program Design'!$K:$K,'Program Design'!$J:$J,Sector!C$8,'Program Design'!$D:$D,$B26)","v":0},{"$f":"SUMIFS('Program Design'!$K:$K,'Program Design'!$J:$J,Sector!D$8,'Program Design'!$D:$D,$B26)","v":0},{"$f":"SUMIFS('Program Design'!$K:$K,'Program Design'!$J:$J,Sector!E$8,'Program Design'!$D:$D,$B26)","v":0},{"$f":"SUMIFS('Program Design'!$K:$K,'Program Design'!$J:$J,Sector!F$8,'Program Design'!$D:$D,$B26)","v":0},{"$f":"SUMIFS('Program Design'!$K:$K,'Program Design'!$J:$J,Sector!G$8,'Program Design'!$D:$D,$B26)","v":0}]
["Annual Savings (kWh)",{"$f":"IF(MIN('Savings Results'!$G:$G)<=B32,(SUMIFS(OFFSET('Savings Results'!$A$1,6,16+MAX('Savings Results'!$G:$G)-MIN('Savings Results'!$G:$G)+MAX('Savings Results'!$J:$J)+B$32-MIN('Savings Results'!$G:$G),2000),OFFSET('Savings Results'!$A$1,6,2,2000),$B$26)/(1/(1-SUM('CE Parameters'!$F$10:$F$11)))),0)/1000","v":0},{"$f":"IF(MIN('Savings Results'!$G:$G)<=C32,(SUMIFS(OFFSET('Savings Results'!$A$1,6,16+MAX('Savings Results'!$G:$G)-MIN('Savings Results'!$G:$G)+MAX('Savings Results'!$J:$J)+C$32-MIN('Savings Results'!$G:$G),2000),OFFSET('Savings Results'!$A$1,6,2,2000),$B$26)/(1/(1-SUM('CE Parameters'!$F$10:$F$11)))),0)/1000","v":0},{"$f":"IF(MIN('Savings Results'!$G:$G)<=D32,(SUMIFS(OFFSET('Savings Results'!$A$1,6,16+MAX('Savings Results'!$G:$G)-MIN('Savings Results'!$G:$G)+MAX('Savings Results'!$J:$J)+D$32-MIN('Savings Results'!$G:$G),2000),OFFSET('Savings Results'!$A$1,6,2,2000),$B$26)/(1/(1-SUM('CE Parameters'!$F$10:$F$11)))),0)/1000","v":0},{"$f":"IF(MIN('Savings Results'!$G:$G)<=E32,(SUMIFS(OFFSET('Savings Results'!$A$1,6,16+MAX('Savings Results'!$G:$G)-MIN('Savings Results'!$G:$G)+MAX('Savings Results'!$J:$J)+E$32-MIN('Savings Results'!$G:$G),2000),OFFSET('Savings Results'!$A$1,6,2,2000),$B$26)/(1/(1-SUM('CE Parameters'!$F$10:$F$11)))),0)/1000","v":0},{"$f":"IF(MIN('Savings Results'!$G:$G)<=F32,(SUMIFS(OFFSET('Savings Results'!$A$1,6,16+MAX('Savings Results'!$G:$G)-MIN('Savings Results'!$G:$G)+MAX('Savings Results'!$J:$J)+F$32-MIN('Savings Results'!$G:$G),2000),OFFSET('Savings Results'!$A$1,6,2,2000),$B$26)/(1/(1-SUM('CE Parameters'!$F$10:$F$11)))),0)/1000","v":0},{"$f":"IF(MIN('Savings Results'!$G:$G)<=G32,(SUMIFS(OFFSET('Savings Results'!$A$1,6,16+MAX('Savings Results'!$G:$G)-MIN('Savings Results'!$G:$G)+MAX('Savings Results'!$J:$J)+G$32-MIN('Savings Results'!$G:$G),2000),OFFSET('Savings Results'!$A$1,6,2,2000),$B$26)/(1/(1-SUM('CE Parameters'!$F$10:$F$11)))),0)/1000","v":0}]
["Incentive Costs ($)",{"$f":"SUMIFS('Program Design'!$U:$U,'Program Design'!$D:$D,$B$26,'Program Design'!$J:$J,Sector!B$8)","v":0},{"$f":"SUMIFS('Program Design'!$U:$U,'Program Design'!$D:$D,$B$26,'Program Design'!$J:$J,Sector!C$8)","v":0},{"$f":"SUMIFS('Program Design'!$U:$U,'Program Design'!$D:$D,$B$26,'Program Design'!$J:$J,Sector!D$8)","v":0},{"$f":"SUMIFS('Program Design'!$U:$U,'Program Design'!$D:$D,$B$26,'Program Design'!$J:$J,Sector!E$8)","v":0},{"$f":"SUMIFS('Program Design'!$U:$U,'Program Design'!$D:$D,$B$26,'Program Design'!$J:$J,Sector!F$8)","v":0},{"$f":"SUMIFS('Program Design'!$U:$U,'Program Design'!$D:$D,$B$26,'Program Design'!$J:$J,Sector!G$8)","v":0}]
["Total Budget ($)",{"$f":"IFERROR(SUMIF(Budget!$C:$C,\"Home Assistance Program (HAP)\",INDEX(Budget!$B:$ZP,0,MATCH(Sector!B$8&\" Sub-Total\",Budget!$B7:$ZP7,0))),0)","v":0},{"$f":"IFERROR(SUMIF(Budget!$C:$C,\"Home Assistance Program (HAP)\",INDEX(Budget!$B:$ZP,0,MATCH(Sector!C$8&\" Sub-Total\",Budget!$B7:$ZP7,0))),0)","v":0},{"$f":"IFERROR(SUMIF(Budget!$C:$C,\"Home Assistance Program (HAP)\",INDEX(Budget!$B:$ZP,0,MATCH(Sector!D$8&\" Sub-Total\",Budget!$B7:$ZP7,0))),0)","v":0},{"$f":"IFERROR(SUMIF(Budget!$C:$C,\"Home Assistance Program (HAP)\",INDEX(Budget!$B:$ZP,0,MATCH(Sector!E$8&\" Sub-Total\",Budget!$B7:$ZP7,0))),0)","v":0},{"$f":"IFERROR(SUMIF(Budget!$C:$C,\"Home Assistance Program (HAP)\",INDEX(Budget!$B:$ZP,0,MATCH(Sector!F$8&\" Sub-Total\",Budget!$B7:$ZP7,0))),0)","v":0},{"$f":"IFERROR(SUMIF(Budget!$C:$C,\"Home Assistance Program (HAP)\",INDEX(Budget!$B:$ZP,0,MATCH(Sector!G$8&\" Sub-Total\",Budget!$B7:$ZP7,0))),0)","v":0}]

{"sheet":"Detail","index":6,"n_rows":37,"n_cols":40,"rows_kept":37,"cut":false,"hidden":false,"merged":[[16,24,16,25],[4,10,4,12],[4,7,4,9],[16,38,16,39],[27,1,27,3],[15,1,15,3],[16,10,16,11],[16,8,16,9],[16,6,16,7],[16,4,16,5],[28,1,36,1],[28,2,36,2],[16,34,16,35],[16,36,16,37],[16,26,16,27],[16,28,16,29],[16,30,16,31],[16,32,16,33],[16,14,16,15],[16,16,16,17],[16,18,16,19],[16,20,16,21],[16,2,24,2],[16,1,24,1],[16,22,16,23],[16,12,16,13],[3,1,3,3],[4,1,12,1],[4,2,12,2],[4,3,5,3],[4,4,4,6]]}
[null,"Detailed CDM Portfolio Summary"]
[]
[null,"TABLE 11:"]
[null,"SUMMARY OF CDM PORTFOLIO COST EFFECTIVENESS"]
[null,null,"Plan Cost Effectiveness\n","Implementation Year","TRC",null,null,"PACT",null,null,"Levelized Cost"]
[null,null,null,null,"Benefits ($)","Costs ($)","Ratio","Benefits ($)","Costs ($)","Ratio","PV of Lifetime Net Energy Savings (kWh)","Costs ($)","($/kWh)"]
[null,null,null,2015,{"$f":"SUMIFS('Program Design'!$X:$X,'Program Design'!$J:$J,$D7)","v":0},{"$f":"SUMIFS('Program Design'!$Y:$Y,'Program Design'!$J:$J,$D7)+IFERROR(SUMIFS(INDEX(OFFSET('Budget Inputs'!$A$1,6,1,2000,560),0,MATCH(CONCATENATE($D7,\" Sub-Total\"),OFFSET('Budget Inputs'!$A$1,6,1,1,560),0)),OFFSET('Budget Inputs'!$A$1,6,1,2000,1),\"Total\")*INDEX(OFFSET('Levelized Avoided Cost Table'!$A$1,7,1,900,20),MATCH(CONCATENATE($D7,\"_\",1),OFFSET('Levelized Avoided Cost Table'!$A$1,7,1,900,1),0),MATCH(\"Discount Factor\",OFFSET('Levelized Avoided Cost Table'!$A$1,7,1,1,20),0)),0)","v":0},{"$f":"IF(E7=0,\"\",E7/F7)","v":""},{"$f":"SUMIFS('Program Design'!$AF:$AF,'Program Design'!$J:$J,$D7)","v":0},{"$f":"SUMIFS('Program Design'!$AG:$AG,'Program Design'!$J:$J,$D7)+IFERROR(SUMIFS(INDEX(OFFSET('Budget Inputs'!$A$1,6,1,2000,560),0,MATCH(CONCATENATE($D7,\" Sub-Total\"),OFFSET('Budget Inputs'!$A$1,6,1,1,560),0)),OFFSET('Budget Inputs'!$A$1,6,1,2000,1),\"Total\")*INDEX(OFFSET('Levelized Avoided Cost Table'!$A$1,7,1,900,20),MATCH(CONCATENATE($D7,\"_\",1),OFFSET('Levelized Avoided Cost Table'!$A$1,7,1,900,1),0),MATCH(\"Discount Factor\",OFFSET('Levelized Avoided Cost Table'!$A$1,7,1,1,20),0)),0)","v":0},{"$f":"IF(H7=0,\"\",H7/I7)","v":""},{"$f":"SUMIFS('Program Design'!$AS:$AS,'Program Design'!$J:$J,$D7)","v":0},{"$f":"IFERROR(SUMIFS('Program Design'!$AT:$AT,'Program Design'!$J:$J,$D7)+(SUMIFS(INDEX(OFFSET('Budget Inputs'!$A$1,6,1,2000,560),0,MATCH(CONCATENATE($D7,\" Sub-Total\"),OFFSET('Budget Inputs'!$A$1,6,1,1,560),0)),OFFSET('Budget Inputs'!$A$1,6,1,2000,1),\"Total\")*INDEX(OFFSET('Levelized Avoided Cost Table'!$A$1,7,1,900,20),MATCH(CONCATENATE($D7,\"_\",1),OFFSET('Levelized Avoided Cost Table'!$A$1,7,1,900,1),0),MATCH(\"Discount Factor\",OFFSET('Levelized Avoided Cost Table'!$A$1,7,1,1,20),0))),0)","v":0},{"$f":"IF(K7=0,\"\",L7/K7)","v":""}]
[null,null,null,2016,{"$f":"SUMIFS('Program Design'!$X:$X,'Program Design'!$J:$J,$D8)","v":0},{"$f":"SUMIFS('Program Design'!$Y:$Y,'Program Design'!$J:$J,$D8)+IFERROR(SUMIFS(INDEX(OFFSET('Budget Inputs'!$A$1,6,1,2000,560),0,MATCH(CONCATENATE($D8,\" Sub-Total\"),OFFSET('Budget Inputs'!$A$1,6,1,1,560),0)),OFFSET('Budget Inputs'!$A$1,6,1,2000,1),\"Total\")*INDEX(OFFSET('Levelized Avoided Cost Table'!$A$1,7,1,900,20),MATCH(CONCATENATE($D8,\"_\",1),OFFSET('Levelized Avoided Cost Table'!$A$1,7,1,900,1),0),MATCH(\"Discount Factor\",OFFSET('Levelized Avoided Cost Table'!$A$1,7,1,1,20),0)),0)","v":0},"",{"$f":"SUMIFS('Program Design'!$AF:$AF,'Program Design'!$J:$J,$D8)","v":0},{"$f":"SUMIFS('Program Design'!$AG:$AG,'Program Design'!$J:$J,$D8)+IFERROR(SUMIFS(INDEX(OFFSET('Budget Inputs'!$A$1,6,1,2000,560),0,MATCH(CONCATENATE($D8,\" Sub-Total\"),OFFSET('Budget Inputs'!$A$1,6,1,1,560),0)),OFFSET('Budget Inputs'!$A$1,6,1,2000,1),\"Total\")*INDEX(OFFSET('Levelized Avoided Cost Table'!$A$1,7,1,900,20),MATCH(CONCATENATE($D8,\"_\",1),OFFSET('Levelized Avoided Cost Table'!$A$1,7,1,900,1),0),MATCH(\"Discount Factor\",OFFSET('Levelized Avoided Cost Table'!$A$1,7,1,1,20),0)),0)","v":0},"",{"$f":"SUMIFS('Program Design'!$AS:$AS,'Program Design'!$J:$J,$D8)","v":0},{"$f":"IFERROR(SUMIFS('Program Design'!$AT:$AT,'Program Design'!$J:$J,$D8)+(SUMIFS(INDEX(OFFSET('Budget Inputs'!$A$1,6,1,2000,560),0,MATCH(CONCATENATE($D8,\" Sub-Total\"),OFFSET('Budget Inputs'!$A$1,6,1,1,560),0)),OFFSET('Budget Inputs'!$A$1,6,1,2000,1),\"Total\")*INDEX(OFFSET('Levelized Avoided Cost Table'!$A$1,7,1,900,20),MATCH(CONCATENATE($D8,\"_\",1),OFFSET('Levelized Avoided Cost Table'!$A$1,7,1,900,1),0),MATCH(\"Discount Factor\",OFFSET('Levelized Avoided Cost Table'!$A$1,7,1,1,20),0))),0)","v":0},""]
[null,null,null,2017,{"$f":"SUMIFS('Program Design'!$X:$X,'Program Design'!$J:$J,$D9)","v":10801704.732720185},{"$f":"SUMIFS('Program Design'!$Y:$Y,'Program Design'!$J:$J,$D9)+IFERROR(SUMIFS(INDEX(OFFSET('Budget Inputs'!$A$1,6,1,2000,560),0,MATCH(CONCATENATE($D9,\" Sub-Total\"),OFFSET('Budget Inputs'!$A$1,6,1,1,560),0)),OFFSET('Budget Inputs'!$A$1,6,1,2000,1),\"Total\")*INDEX(OFFSET('Levelized Avoided Cost Table'!$A$1,7,1,900,20),MATCH(CONCATENATE($D9,\"_\",1),OFFSET('Levelized Avoided Cost Table'!$A$1,7,1,900,1),0),MATCH(\"Discount Factor\",OFFSET('Levelized Avoided Cost Table'!$A$1,7,1,1,20),0)),0)","v":10676817.089580933},1.0116970855725462,{"$f":"SUMIFS('Program Design'!$AF:$AF,'Program Design'!$J:$J,$D9)","v":9392786.7241045069},{"$f":"SUMIFS('Program Design'!$AG:$AG,'Program Design'!$J:$J,$D9)+IFERROR(SUMIFS(INDEX(OFFSET('Budget Inputs'!$A$1,6,1,2000,560),0,MATCH(CONCATENATE($D9,\" Sub-Total\"),OFFSET('Budget Inputs'!$A$1,6,1,1,560),0)),OFFSET('Budget Inputs'!$A$1,6,1,2000,1),\"Total\")*INDEX(OFFSET('Levelized Avoided Cost Table'!$A$1,7,1,900,20),MATCH(CONCATENATE($D9,\"_\",1),OFFSET('Levelized Avoided Cost Table'!$A$1,7,1,900,1),0),MATCH(\"Discount Factor\",OFFSET('Levelized Avoided Cost Table'!$A$1,7,1,1,20),0)),0)","v":7409073.4332948867},1.2677410756782639,{"$f":"SUMIFS('Program Design'!$AS:$AS,'Program Design'!$J:$J,$D9)","v":93326377.158778638},{"$f":"IFERROR(SUMIFS('Program Design'!$AT:$AT,'Program Design'!$J:$J,$D9)+(SUMIFS(INDEX(OFFSET('Budget Inputs'!$A$1,6,1,2000,560),0,MATCH(CONCATENATE($D9,\" Sub-Total\"),OFFSET('Budget Inputs'!$A$1,6,1,1,560),0)),OFFSET('Budget Inputs'!$A$1,6,1,2000,1),\"Total\")*INDEX(OFFSET('Levelized Avoided Cost Table'!$A$1,7,1,900,20),MATCH(CONCATENATE($D9,\"_\",1),OFFSET('Levelized Avoided Cost Table'!$A$1,7,1,900,1),0),MATCH(\"Discount Factor\",OFFSET('Levelized Avoided Cost Table'!$A$1,7,1,1,20),0))),0)","v":7409073.4332948867},7.9388846528239645E-2]
[null,null,null,2018,{"$f":"SUMIFS('Program Design'!$X:$X,'Program Design'!$J:$J,$D10)","v":0},{"$f":"SUMIFS('Program Design'!$Y:$Y,'Program Design'!$J:$J,$D10)+IFERROR(SUMIFS(INDEX(OFFSET('Budget Inputs'!$A$1,6,1,2000,560),0,MATCH(CONCATENATE($D10,\" Sub-Total\"),OFFSET('Budget Inputs'!$A$1,6,1,1,560),0)),OFFSET('Budget Inputs'!$A$1,6,1,2000,1),\"Total\")*INDEX(OFFSET('Levelized Avoided Cost Table'!$A$1,7,1,900,20),MATCH(CONCATENATE($D10,\"_\",1),OFFSET('Levelized Avoided Cost Table'!$A$1,7,1,900,1),0),MATCH(\"Discount Factor\",OFFSET('Levelized Avoided Cost Table'!$A$1,7,1,1,20),0)),0)","v":0},"",{"$f":"SUMIFS('Program Design'!$AF:$AF,'Program Design'!$J:$J,$D10)","v":0},{"$f":"SUMIFS('Program Design'!$AG:$AG,'Program Design'!$J:$J,$D10)+IFERROR(SUMIFS(INDEX(OFFSET('Budget Inputs'!$A$1,6,1,2000,560),0,MATCH(CONCATENATE($D10,\" Sub-Total\"),OFFSET('Budget Inputs'!$A$1,6,1,1,560),0)),OFFSET('Budget Inputs'!$A$1,6,1,2000,1),\"Total\")*INDEX(OFFSET('Levelized Avoided Cost Table'!$A$1,7,1,900,20),MATCH(CONCATENATE($D10,\"_\",1),OFFSET('Levelized Avoided Cost Table'!$A$1,7,1,900,1),0),MATCH(\"Discount Factor\",OFFSET('Levelized Avoided Cost Table'!$A$1,7,1,1,20),0)),0)","v":0},"",{"$f":"SUMIFS('Program Design'!$AS:$AS,'Program Design'!$J:$J,$D10)","v":0},{"$f":"IFERROR(SUMIFS('Program Design'!$AT:$AT,'Program Design'!$J:$J,$D10)+(SUMIFS(INDEX(OFFSET('Budget Inputs'!$A$1,6,1,2000,560),0,MATCH(CONCATENATE($D10,\" Sub-Total\"),OFFSET('Budget Inputs'!$A$1,6,1,1,560),0)),OFFSET('Budget Inputs'!$A$1,6,1,2000,1),\"Total\")*INDEX(OFFSET('Levelized Avoided Cost Table'!$A$1,7,1,900,20),MATCH(CONCATENATE($D10,\"_\",1),OFFSET('Levelized Avoided Cost Table'!$A$1,7,1,900,1),0),MATCH(\"Discount Factor\",OFFSET('Levelized Avoided Cost Table'!$A$1,7,1,1,20),0))),0)","v":0},""]
[null,null,null,2019,{"$f":"SUMIFS('Program Design'!$X:$X,'Program Design'!$J:$J,$D11)","v":0},{"$f":"SUMIFS('Program Design'!$Y:$Y,'Program Design'!$J:$J,$D11)+IFERROR(SUMIFS(INDEX(OFFSET('Budget Inputs'!$A$1,6,1,2000,560),0,MATCH(CONCATENATE($D11,\" Sub-Total\"),OFFSET('Budget Inputs'!$A$1,6,1,1,560),0)),OFFSET('Budget Inputs'!$A$1,6,1,2000,1),\"Total\")*INDEX(OFFSET('Levelized Avoided Cost Table'!$A$1,7,1,900,20),MATCH(CONCATENATE($D11,\"_\",1),OFFSET('Levelized Avoided Cost Table'!$A$1,7,1,900,1),0),MATCH(\"Discount Factor\",OFFSET('Levelized Avoided Cost Table'!$A$1,7,1,1,20),0)),0)","v":0},"",{"$f":"SUMIFS('Program Design'!$AF:$AF,'Program Design'!$J:$J,$D11)","v":0},{"$f":"SUMIFS('Program Design'!$AG:$AG,'Program Design'!$J:$J,$D11)+IFERROR(SUMIFS(INDEX(OFFSET('Budget Inputs'!$A$1,6,1,2000,560),0,MATCH(CONCATENATE($D11,\" Sub-Total\"),OFFSET('Budget Inputs'!$A$1,6,1,1,560),0)),OFFSET('Budget Inputs'!$A$1,6,1,2000,1),\"Total\")*INDEX(OFFSET('Levelized Avoided Cost Table'!$A$1,7,1,900,20),MATCH(CONCATENATE($D11,\"_\",1),OFFSET('Levelized Avoided Cost Table'!$A$1,7,1,900,1),0),MATCH(\"Discount Factor\",OFFSET('Levelized Avoided Cost Table'!$A$1,7,1,1,20),0)),0)","v":0},"",{"$f":"SUMIFS('Program Design'!$AS:$AS,'Program Design'!$J:$J,$D11)","v":0},{"$f":"IFERROR(SUMIFS('Program Design'!$AT:$AT,'Program Design'!$J:$J,$D11)+(SUMIFS(INDEX(OFFSET('Budget Inputs'!$A$1,6,1,2000,560),0,MATCH(CONCATENATE($D11,\" Sub-Total\"),OFFSET('Budget Inputs'!$A$1,6,1,1,560),0)),OFFSET('Budget Inputs'!$A$1,6,1,2000,1),\"Total\")*INDEX(OFFSET('Levelized Avoided Cost Table'!$A$1,7,1,900,20),MATCH(CONCATENATE($D11,\"_\",1),OFFSET('Levelized Avoided Cost Table'!$A$1,7,1,900,1),0),MATCH(\"Discount Factor\",OFFSET('Levelized Avoided Cost Table'!$A$1,7,1,1,20),0))),0)","v":0},""]
[null,null,null,2020,{"$f":"SUMIFS('Program Design'!$X:$X,'Program Design'!$J:$J,$D12)","v":0},{"$f":"SUMIFS('Program Design'!$Y:$Y,'Program Design'!$J:$J,$D12)+IFERROR(SUMIFS(INDEX(OFFSET('Budget Inputs'!$A$1,6,1,2000,560),0,MATCH(CONCATENATE($D12,\" Sub-Total\"),OFFSET('Budget Inputs'!$A$1,6,1,1,560),0)),OFFSET('Budget Inputs'!$A$1,6,1,2000,1),\"Total\")*INDEX(OFFSET('Levelized Avoided Cost Table'!$A$1,7,1,900,20),MATCH(CONCATENATE($D12,\"_\",1),OFFSET('Levelized Avoided Cost Table'!$A$1,7,1,900,1),0),MATCH(\"Discount Factor\",OFFSET('Levelized Avoided Cost Table'!$A$1,7,1,1,20),0)),0)","v":0},"",{"$f":"SUMIFS('Program Design'!$AF:$AF,'Program Design'!$J:$J,$D12)","v":0},{"$f":"SUMIFS('Program Design'!$AG:$AG,'Program Design'!$J:$J,$D12)+IFERROR(SUMIFS(INDEX(OFFSET('Budget Inputs'!$A$1,6,1,2000,560),0,MATCH(CONCATENATE($D12,\" Sub-Total\"),OFFSET('Budget Inputs'!$A$1,6,1,1,560),0)),OFFSET('Budget Inputs'!$A$1,6,1,2000,1),\"Total\")*INDEX(OFFSET('Levelized Avoided Cost Table'!$A$1,7,1,900,20),MATCH(CONCATENATE($D12,\"_\",1),OFFSET('Levelized Avoided Cost Table'!$A$1,7,1,900,1),0),MATCH(\"Discount Factor\",OFFSET('Levelized Avoided Cost Table'!$A$1,7,1,1,20),0)),0)","v":0},"",{"$f":"SUMIFS('Program Design'!$AS:$AS,'Program Design'!$J:$J,$D12)","v":0},{"$f":"IFERROR(SUMIFS('Program Design'!$AT:$AT,'Program Design'!$J:$J,$D12)+(SUMIFS(INDEX(OFFSET('Budget Inputs'!$A$1,6,1,2000,560),0,MATCH(CONCATENATE($D12,\" Sub-Total\"),OFFSET('Budget Inputs'!$A$1,6,1,1,560),0)),OFFSET('Budget Inputs'!$A$1,6,1,2000,1),\"Total\")*INDEX(OFFSET('Levelized Avoided Cost Table'!$A$1,7,1,900,20),MATCH(CONCATENATE($D12,\"_\",1),OFFSET('Levelized Avoided Cost Table'!$A$1,7,1,900,1),0),MATCH(\"Discount Factor\",OFFSET('Levelized Avoided Cost Table'!$A$1,7,1,1,20),0))),0)","v":0},""]
[null,null,null,"Plan Total",{"$f":"SUM(E7:E12)","v":10801704.732720185},{"$f":"SUM(F7:F12)","v":10676817.089580933},{"$f":"IF(E13=\"\",\"\",E13/F13)","v":1.0116970855725462},{"$f":"SUM(H7:H12)","v":9392786.7241045069},{"$f":"SUM(I7:I12)","v":7409073.4332948867},{"$f":"IF(H13=\"\",\"\",H13/I13)","v":1.2677410756782639},{"$f":"SUM(K7:K12)","v":93326377.158778638},{"$f":"SUM(L7:L12)","v":7409073.4332948867},{"$f":"IF(K13=\"\",\"\",L13/K13)","v":7.9388846528239645E-2}]
[]
[null,"TABLE 12:"]
[null,"SUMMARY OF PERSISTING CDM PORTFOLIO SAVINGS "]
[null,null,"Plan Persisting Savings (end-user level)","Implementation Year",2015,null,2016,null,2017,null,2018,null,2019,null,2020,null,2021,null,2022,null,2023,null,2024,null,2025,null,2026,null,2027,null,2028,null,2029,null,2030,null,2031,null,2032]
[null,null,null,null,"MW","MWh","MW","MWh","MW","MWh","MW","MWh","MW","MWh","MW","MWh","MW","MWh","MW","MWh","MW","MWh","MW","MWh","MW","MWh","MW","MWh","MW","MWh","MW","MWh","MW","MWh","MW","MWh","MW","MWh","MW","MWh"]
[null,null,null,2015,{"$f":"IF(OFFSET('Savings Results'!$A$1,5,16 +E$17-MIN('Savings Results'!$G:$G))=E$17,(SUMIFS(OFFSET('Savings Results'!$A$1,6,16 +E$17-MIN('Savings Results'!$G:$G),2000),OFFSET('Savings Results'!$A$1,6,4,2000),\"Dx\",OFFSET('Savings Results'!$A$1,6,6,2000),$D19)/(1/(1-SUM('CE Parameters'!$F$10:$F$11))))/1000,0)","v":0},{"$f":"IF(OFFSET('Savings Results'!$A$1,5,16 +MAX('Savings Results'!$G:$G)-MIN('Savings Results'!$G:$G)+MAX('Savings Results'!$J:$J)+E$17-MIN('Savings Results'!$G:$G))=E$17,(SUMIFS(OFFSET('Savings Results'!$A$1,6,16 +MAX('Savings Results'!$G:$G)-MIN('Savings Results'!$G:$G)+MAX('Savings Results'!$J:$J)+E$17-MIN('Savings Results'!$G:$G),2000),OFFSET('Savings Results'!$A$1,6,4,2000),\"Dx\",OFFSET('Savings Results'!$A$1,6,6,2000),$D19)/(1/(1-SUM('CE Parameters'!$F$10:$F$11))))/1000,0)","v":0},{"$f":"IF(OFFSET('Savings Results'!$A$1,5,16 +G$17-MIN('Savings Results'!$G:$G))=G$17,(SUMIFS(OFFSET('Savings Results'!$A$1,6,16 +G$17-MIN('Savings Results'!$G:$G),2000),OFFSET('Savings Results'!$A$1,6,4,2000),\"Dx\",OFFSET('Savings Results'!$A$1,6,6,2000),$D19)/(1/(1-SUM('CE Parameters'!$F$10:$F$11))))/1000,0)","v":0},{"$f":"IF(OFFSET('Savings Results'!$A$1,5,16 +MAX('Savings Results'!$G:$G)-MIN('Savings Results'!$G:$G)+MAX('Savings Results'!$J:$J)+G$17-MIN('Savings Results'!$G:$G))=G$17,(SUMIFS(OFFSET('Savings Results'!$A$1,6,16 +MAX('Savings Results'!$G:$G)-MIN('Savings Results'!$G:$G)+MAX('Savings Results'!$J:$J)+G$17-MIN('Savings Results'!$G:$G),2000),OFFSET('Savings Results'!$A$1,6,4,2000),\"Dx\",OFFSET('Savings Results'!$A$1,6,6,2000),$D19)/(1/(1-SUM('CE Parameters'!$F$10:$F$11))))/1000,0)","v":0},{"$f":"IF(OFFSET('Savings Results'!$A$1,5,16 +I$17-MIN('Savings Results'!$G:$G))=I$17,(SUMIFS(OFFSET('Savings Results'!$A$1,6,16 +I$17-MIN('Savings Results'!$G:$G),2000),OFFSET('Savings Results'!$A$1,6,4,2000),\"Dx\",OFFSET('Savings Results'!$A$1,6,6,2000),$D19)/(1/(1-SUM('CE Parameters'!$F$10:$F$11))))/1000,0)","v":0},{"$f":"IF(OFFSET('Savings Results'!$A$1,5,16 +MAX('Savings Results'!$G:$G)-MIN('Savings Results'!$G:$G)+MAX('Savings Results'!$J:$J)+I$17-MIN('Savings Results'!$G:$G))=I$17,(SUMIFS(OFFSET('Savings Results'!$A$1,6,16 +MAX('Savings Results'!$G:$G)-MIN('Savings Results'!$G:$G)+MAX('Savings Results'!$J:$J)+I$17-MIN('Savings Results'!$G:$G),2000),OFFSET('Savings Results'!$A$1,6,4,2000),\"Dx\",OFFSET('Savings Results'!$A$1,6,6,2000),$D19)/(1/(1-SUM('CE Parameters'!$F$10:$F$11))))/1000,0)","v":0},{"$f":"IF(OFFSET('Savings Results'!$A$1,5,16 +K$17-MIN('Savings Results'!$G:$G))=K$17,(SUMIFS(OFFSET('Savings Results'!$A$1,6,16 +K$17-MIN('Savings Results'!$G:$G),2000),OFFSET('Savings Results'!$A$1,6,4,2000),\"Dx\",OFFSET('Savings Results'!$A$1,6,6,2000),$D19)/(1/(1-SUM('CE Parameters'!$F$10:$F$11))))/1000,0)","v":0},{"$f":"IF(OFFSET('Savings Results'!$A$1,5,16 +MAX('Savings Results'!$G:$G)-MIN('Savings Results'!$G:$G)+MAX('Savings Results'!$J:$J)+K$17-MIN('Savings Results'!$G:$G))=K$17,(SUMIFS(OFFSET('Savings Results'!$A$1,6,16 +MAX('Savings Results'!$G:$G)-MIN('Savings Results'!$G:$G)+MAX('Savings Results'!$J:$J)+K$17-MIN('Savings Results'!$G:$G),2000),OFFSET('Savings Results'!$A$1,6,4,2000),\"Dx\",OFFSET('Savings Results'!$A$1,6,6,2000),$D19)/(1/(1-SUM('CE Parameters'!$F$10:$F$11))))/1000,0)","v":0},{"$f":"IF(OFFSET('Savings Results'!$A$1,5,16 +M$17-MIN('Savings Results'!$G:$G))=M$17,(SUMIFS(OFFSET('Savings Results'!$A$1,6,16 +M$17-MIN('Savings Results'!$G:$G),2000),OFFSET('Savings Results'!$A$1,6,4,2000),\"Dx\",OFFSET('Savings Results'!$A$1,6,6,2000),$D19)/(1/(1-SUM('CE Parameters'!$F$10:$F$11))))/1000,0)","v":0},{"$f":"IF(OFFSET('Savings Results'!$A$1,5,16 +MAX('Savings Results'!$G:$G)-MIN('Savings Results'!$G:$G)+MAX('Savings Results'!$J:$J)+M$17-MIN('Savings Results'!$G:$G))=M$17,(SUMIFS(OFFSET('Savings Results'!$A$1,6,16 +MAX('Savings Results'!$G:$G)-MIN('Savings Results'!$G:$G)+MAX('Savings Results'!$J:$J)+M$17-MIN('Savings Results'!$G:$G),2000),OFFSET('Savings Results'!$A$1,6,4,2000),\"Dx\",OFFSET('Savings Results'!$A$1,6,6,2000),$D19)/(1/(1-SUM('CE Parameters'!$F$10:$F$11))))/1000,0)","v":0},{"$f":"IF(OFFSET('Savings Results'!$A$1,5,16 +O$17-MIN('Savings Results'!$G:$G))=O$17,(SUMIFS(OFFSET('Savings Results'!$A$1,6,16 +O$17-MIN('Savings Results'!$G:$G),2000),OFFSET('Savings Results'!$A$1,6,4,2000),\"Dx\",OFFSET('Savings Results'!$A$1,6,6,2000),$D19)/(1/(1-SUM('CE Parameters'!$F$10:$F$11))))/1000,0)","v":0},{"$f":"IF(OFFSET('Savings Results'!$A$1,5,16 +MAX('Savings Results'!$G:$G)-MIN('Savings Results'!$G:$G)+MAX('Savings Results'!$J:$J)+O$17-MIN('Savings Results'!$G:$G))=O$17,(SUMIFS(OFFSET('Savings Results'!$A$1,6,16 +MAX('Savings Results'!$G:$G)-MIN('Savings Results'!$G:$G)+MAX('Savings Results'!$J:$J)+O$17-MIN('Savings Results'!$G:$G),2000),OFFSET('Savings Results'!$A$1,6,4,2000),\"Dx\",OFFSET('Savings Results'!$A$1,6,6,2000),$D19)/(1/(1-SUM('CE Parameters'!$F$10:$F$11))))/1000,0)","v":0},{"$f":"IF(OFFSET('Savings Results'!$A$1,5,16 +Q$17-MIN('Savings Results'!$G:$G))=Q$17,(SUMIFS(OFFSET('Savings Results'!$A$1,6,16 +Q$17-MIN('Savings Results'!$G:$G),2000),OFFSET('Savings Results'!$A$1,6,4,2000),\"Dx\",OFFSET('Savings Results'!$A$1,6,6,2000),$D19)/(1/(1-SUM('CE Parameters'!$F$10:$F$11))))/1000,0)","v":0},{"$f":"IF(OFFSET('Savings Results'!$A$1,5,16 +MAX('Savings Results'!$G:$G)-MIN('Savings Results'!$G:$G)+MAX('Savings Results'!$J:$J)+Q$17-MIN('Savings Results'!$G:$G))=Q$17,(SUMIFS(OFFSET('Savings Results'!$A$1,6,16 +MAX('Savings Results'!$G:$G)-MIN('Savings Results'!$G:$G)+MAX('Savings Results'!$J:$J)+Q$17-MIN('Savings Results'!$G:$G),2000),OFFSET('Savings Results'!$A$1,6,4,2000),\"Dx\",OFFSET('Savings Results'!$A$1,6,6,2000),$D19)/(1/(1-SUM('CE Parameters'!$F$10:$F$11))))/1000,0)","v":0},{"$f":"IF(OFFSET('Savings Results'!$A$1,5,16 +S$17-MIN('Savings Results'!$G:$G))=S$17,(SUMIFS(OFFSET('Savings Results'!$A$1,6,16 +S$17-MIN('Savings Results'!$G:$G),2000),OFFSET('Savings Results'!$A$1,6,4,2000),\"Dx\",OFFSET('Savings Results'!$A$1,6,6,2000),$D19)/(1/(1-SUM('CE Parameters'!$F$10:$F$11))))/1000,0)","v":0},{"$f":"IF(OFFSET('Savings Results'!$A$1,5,16 +MAX('Savings Results'!$G:$G)-MIN('Savings Results'!$G:$G)+MAX('Savings Results'!$J:$J)+S$17-MIN('Savings Results'!$G:$G))=S$17,(SUMIFS(OFFSET('Savings Results'!$A$1,6,16 +MAX('Savings Results'!$G:$G)-MIN('Savings Results'!$G:$G)+MAX('Savings Results'!$J:$J)+S$17-MIN('Savings Results'!$G:$G),2000),OFFSET('Savings Results'!$A$1,6,4,2000),\"Dx\",OFFSET('Savings Results'!$A$1,6,6,2000),$D19)/(1/(1-SUM('CE Parameters'!$F$10:$F$11))))/1000,0)","v":0},{"$f":"IF(OFFSET('Savings Results'!$A$1,5,16 +U$17-MIN('Savings Results'!$G:$G))=U$17,(SUMIFS(OFFSET('Savings Results'!$A$1,6,16 +U$17-MIN('Savings Results'!$G:$G),2000),OFFSET('Savings Results'!$A$1,6,4,2000),\"Dx\",OFFSET('Savings Results'!$A$1,6,6,2000),$D19)/(1/(1-SUM('CE Parameters'!$F$10:$F$11))))/1000,0)","v":0},{"$f":"IF(OFFSET('Savings Results'!$A$1,5,16 +MAX('Savings Results'!$G:$G)-MIN('Savings Results'!$G:$G)+MAX('Savings Results'!$J:$J)+U$17-MIN('Savings Results'!$G:$G))=U$17,(SUMIFS(OFFSET('Savings Results'!$A$1,6,16 +MAX('Savings Results'!$G:$G)-MIN('Savings Results'!$G:$G)+MAX('Savings Results'!$J:$J)+U$17-MIN('Savings Results'!$G:$G),2000),OFFSET('Savings Results'!$A$1,6,4,2000),\"Dx\",OFFSET('Savings Results'!$A$1,6,6,2000),$D19)/(1/(1-SUM('CE Parameters'!$F$10:$F$11))))/1000,0)","v":0},{"$f":"IF(OFFSET('Savings Results'!$A$1,5,16 +W$17-MIN('Savings Results'!$G:$G))=W$17,(SUMIFS(OFFSET('Savings Results'!$A$1,6,16 +W$17-MIN('Savings Results'!$G:$G),2000),OFFSET('Savings Results'!$A$1,6,4,2000),\"Dx\",OFFSET('Savings Results'!$A$1,6,6,2000),$D19)/(1/(1-SUM('CE Parameters'!$F$10:$F$11))))/1000,0)","v":0},{"$f":"IF(OFFSET('Savings Results'!$A$1,5,16 +MAX('Savings Results'!$G:$G)-MIN('Savings Results'!$G:$G)+MAX('Savings Results'!$J:$J)+W$17-MIN('Savings Results'!$G:$G))=W$17,(SUMIFS(OFFSET('Savings Results'!$A$1,6,16 +MAX('Savings Results'!$G:$G)-MIN('Savings Results'!$G:$G)+MAX('Savings Results'!$J:$J)+W$17-MIN('Savings Results'!$G:$G),2000),OFFSET('Savings Results'!$A$1,6,4,2000),\"Dx\",OFFSET('Savings Results'!$A$1,6,6,2000),$D19)/(1/(1-SUM('CE Parameters'!$F$10:$F$11))))/1000,0)","v":0},{"$f":"IF(OFFSET('Savings Results'!$A$1,5,16 +Y$17-MIN('Savings Results'!$G:$G))=Y$17,(SUMIFS(OFFSET('Savings Results'!$A$1,6,16 +Y$17-MIN('Savings Results'!$G:$G),2000),OFFSET('Savings Results'!$A$1,6,4,2000),\"Dx\",OFFSET('Savings Results'!$A$1,6,6,2000),$D19)/(1/(1-SUM('CE Parameters'!$F$10:$F$11))))/1000,0)","v":0},{"$f":"IF(OFFSET('Savings Results'!$A$1,5,16 +MAX('Savings Results'!$G:$G)-MIN('Savings Results'!$G:$G)+MAX('Savings Results'!$J:$J)+Y$17-MIN('Savings Results'!$G:$G))=Y$17,(SUMIFS(OFFSET('Savings Results'!$A$1,6,16 +MAX('Savings Results'!$G:$G)-MIN('Savings Results'!$G:$G)+MAX('Savings Results'!$J:$J)+Y$17-MIN('Savings Results'!$G:$G),2000),OFFSET('Savings Results'!$A$1,6,4,2000),\"Dx\",OFFSET('Savings Results'!$A$1,6,6,2000),$D19)/(1/(1-SUM('CE Parameters'!$F$10:$F$11))))/1000,0)","v":0},{"$f":"IF(OFFSET('Savings Results'!$A$1,5,16 +AA$17-MIN('Savings Results'!$G:$G))=AA$17,(SUMIFS(OFFSET('Savings Results'!$A$1,6,16 +AA$17-MIN('Savings Results'!$G:$G),2000),OFFSET('Savings Results'!$A$1,6,4,2000),\"Dx\",OFFSET('Savings Results'!$A$1,6,6,2000),$D19)/(1/(1-SUM('CE Parameters'!$F$10:$F$11))))/1000,0)","v":0},{"$f":"IF(OFFSET('Savings Results'!$A$1,5,16 +MAX('Savings Results'!$G:$G)-MIN('Savings Results'!$G:$G)+MAX('Savings Results'!$J:$J)+AA$17-MIN('Savings Results'!$G:$G))=AA$17,(SUMIFS(OFFSET('Savings Results'!$A$1,6,16 +MAX('Savings Results'!$G:$G)-MIN('Savings Results'!$G:$G)+MAX('Savings Results'!$J:$J)+AA$17-MIN('Savings Results'!$G:$G),2000),OFFSET('Savings Results'!$A$1,6,4,2000),\"Dx\",OFFSET('Savings Results'!$A$1,6,6,2000),$D19)/(1/(1-SUM('CE Parameters'!$F$10:$F$11))))/1000,0)","v":0},{"$f":"IF(OFFSET('Savings Results'!$A$1,5,16 +AC$17-MIN('Savings Results'!$G:$G))=AC$17,(SUMIFS(OFFSET('Savings Results'!$A$1,6,16 +AC$17-MIN('Savings Results'!$G:$G),2000),OFFSET('Savings Results'!$A$1,6,4,2000),\"Dx\",OFFSET('Savings Results'!$A$1,6,6,2000),$D19)/(1/(1-SUM('CE Parameters'!$F$10:$F$11))))/1000,0)","v":0},{"$f":"IF(OFFSET('Savings Results'!$A$1,5,16 +MAX('Savings Results'!$G:$G)-MIN('Savings Results'!$G:$G)+MAX('Savings Results'!$J:$J)+AC$17-MIN('Savings Results'!$G:$G))=AC$17,(SUMIFS(OFFSET('Savings Results'!$A$1,6,16 +MAX('Savings Results'!$G:$G)-MIN('Savings Results'!$G:$G)+MAX('Savings Results'!$J:$J)+AC$17-MIN('Savings Results'!$G:$G),2000),OFFSET('Savings Results'!$A$1,6,4,2000),\"Dx\",OFFSET('Savings Results'!$A$1,6,6,2000),$D19)/(1/(1-SUM('CE Parameters'!$F$10:$F$11))))/1000,0)","v":0},{"$f":"IF(OFFSET('Savings Results'!$A$1,5,16 +AE$17-MIN('Savings Results'!$G:$G))=AE$17,(SUMIFS(OFFSET('Savings Results'!$A$1,6,16 +AE$17-MIN('Savings Results'!$G:$G),2000),OFFSET('Savings Results'!$A$1,6,4,2000),\"Dx\",OFFSET('Savings Results'!$A$1,6,6,2000),$D19)/(1/(1-SUM('CE Parameters'!$F$10:$F$11))))/1000,0)","v":0},{"$f":"IF(OFFSET('Savings Results'!$A$1,5,16 +MAX('Savings Results'!$G:$G)-MIN('Savings Results'!$G:$G)+MAX('Savings Results'!$J:$J)+AE$17-MIN('Savings Results'!$G:$G))=AE$17,(SUMIFS(OFFSET('Savings Results'!$A$1,6,16 +MAX('Savings Results'!$G:$G)-MIN('Savings Results'!$G:$G)+MAX('Savings Results'!$J:$J)+AE$17-MIN('Savings Results'!$G:$G),2000),OFFSET('Savings Results'!$A$1,6,4,2000),\"Dx\",OFFSET('Savings Results'!$A$1,6,6,2000),$D19)/(1/(1-SUM('CE Parameters'!$F$10:$F$11))))/1000,0)","v":0},{"$f":"IF(OFFSET('Savings Results'!$A$1,5,16 +AG$17-MIN('Savings Results'!$G:$G))=AG$17,(SUMIFS(OFFSET('Savings Results'!$A$1,6,16 +AG$17-MIN('Savings Results'!$G:$G),2000),OFFSET('Savings Results'!$A$1,6,4,2000),\"Dx\",OFFSET('Savings Results'!$A$1,6,6,2000),$D19)/(1/(1-SUM('CE Parameters'!$F$10:$F$11))))/1000,0)","v":0},{"$f":"IF(OFFSET('Savings Results'!$A$1,5,16 +MAX('Savings Results'!$G:$G)-MIN('Savings Results'!$G:$G)+MAX('Savings Results'!$J:$J)+AG$17-MIN('Savings Results'!$G:$G))=AG$17,(SUMIFS(OFFSET('Savings Results'!$A$1,6,16 +MAX('Savings Results'!$G:$G)-MIN('Savings Results'!$G:$G)+MAX('Savings Results'!$J:$J)+AG$17-MIN('Savings Results'!$G:$G),2000),OFFSET('Savings Results'!$A$1,6,4,2000),\"Dx\",OFFSET('Savings Results'!$A$1,6,6,2000),$D19)/(1/(1-SUM('CE Parameters'!$F$10:$F$11))))/1000,0)","v":0},{"$f":"IF(OFFSET('Savings Results'!$A$1,5,16 +AI$17-MIN('Savings Results'!$G:$G))=AI$17,(SUMIFS(OFFSET('Savings Results'!$A$1,6,16 +AI$17-MIN('Savings Results'!$G:$G),2000),OFFSET('Savings Results'!$A$1,6,4,2000),\"Dx\",OFFSET('Savings Results'!$A$1,6,6,2000),$D19)/(1/(1-SUM('CE Parameters'!$F$10:$F$11))))/1000,0)","v":0},{"$f":"IF(OFFSET('Savings Results'!$A$1,5,16 +MAX('Savings Results'!$G:$G)-MIN('Savings Results'!$G:$G)+MAX('Savings Results'!$J:$J)+AI$17-MIN('Savings Results'!$G:$G))=AI$17,(SUMIFS(OFFSET('Savings Results'!$A$1,6,16 +MAX('Savings Results'!$G:$G)-MIN('Savings Results'!$G:$G)+MAX('Savings Results'!$J:$J)+AI$17-MIN('Savings Results'!$G:$G),2000),OFFSET('Savings Results'!$A$1,6,4,2000),\"Dx\",OFFSET('Savings Results'!$A$1,6,6,2000),$D19)/(1/(1-SUM('CE Parameters'!$F$10:$F$11))))/1000,0)","v":0},{"$f":"IF(OFFSET('Savings Results'!$A$1,5,16 +AK$17-MIN('Savings Results'!$G:$G))=AK$17,(SUMIFS(OFFSET('Savings Results'!$A$1,6,16 +AK$17-MIN('Savings Results'!$G:$G),2000),OFFSET('Savings Results'!$A$1,6,4,2000),\"Dx\",OFFSET('Savings Results'!$A$1,6,6,2000),$D19)/(1/(1-SUM('CE Parameters'!$F$10:$F$11))))/1000,0)","v":0},{"$f":"IF(OFFSET('Savings Results'!$A$1,5,16 +MAX('Savings Results'!$G:$G)-MIN('Savings Results'!$G:$G)+MAX('Savings Results'!$J:$J)+AK$17-MIN('Savings Results'!$G:$G))=AK$17,(SUMIFS(OFFSET('Savings Results'!$A$1,6,16 +MAX('Savings Results'!$G:$G)-MIN('Savings Results'!$G:$G)+MAX('Savings Results'!$J:$J)+AK$17-MIN('Savings Results'!$G:$G),2000),OFFSET('Savings Results'!$A$1,6,4,2000),\"Dx\",OFFSET('Savings Results'!$A$1,6,6,2000),$D19)/(1/(1-SUM('CE Parameters'!$F$10:$F$11))))/1000,0)","v":0},{"$f":"IF(OFFSET('Savings Results'!$A$1,5,16 +AM$17-MIN('Savings Results'!$G:$G))=AM$17,(SUMIFS(OFFSET('Savings Results'!$A$1,6,16 +AM$17-MIN('Savings Results'!$G:$G),2000),OFFSET('Savings Results'!$A$1,6,4,2000),\"Dx\",OFFSET('Savings Results'!$A$1,6,6,2000),$D19)/(1/(1-SUM('CE Parameters'!$F$10:$F$11))))/1000,0)","v":0},{"$f":"IF(OFFSET('Savings Results'!$A$1,5,16 +MAX('Savings Results'!$G:$G)-MIN('Savings Results'!$G:$G)+MAX('Savings Results'!$J:$J)+AM$17-MIN('Savings Results'!$G:$G))=AM$17,(SUMIFS(OFFSET('Savings Results'!$A$1,6,16 +MAX('Savings Results'!$G:$G)-MIN('Savings Results'!$G:$G)+MAX('Savings Results'!$J:$J)+AM$17-MIN('Savings Results'!$G:$G),2000),OFFSET('Savings Results'!$A$1,6,4,2000),\"Dx\",OFFSET('Savings Results'!$A$1,6,6,2000),$D19)/(1/(1-SUM('CE Parameters'!$F$10:$F$11))))/1000,0)","v":0}]
[null,null,null,2016,{"$f":"IF(OFFSET('Savings Results'!$A$1,5,16 +E$17-MIN('Savings Results'!$G:$G))=E$17,(SUMIFS(OFFSET('Savings Results'!$A$1,6,16 +E$17-MIN('Savings Results'!$G:$G),2000),OFFSET('Savings Results'!$A$1,6,4,2000),\"Dx\",OFFSET('Savings Results'!$A$1,6,6,2000),$D20)/(1/(1-SUM('CE Parameters'!$F$10:$F$11))))/1000,0)","v":0},{"$f":"IF(OFFSET('Savings Results'!$A$1,5,16 +MAX('Savings Results'!$G:$G)-MIN('Savings Results'!$G:$G)+MAX('Savings Results'!$J:$J)+E$17-MIN('Savings Results'!$G:$G))=E$17,(SUMIFS(OFFSET('Savings Results'!$A$1,6,16 +MAX('Savings Results'!$G:$G)-MIN('Savings Results'!$G:$G)+MAX('Savings Results'!$J:$J)+E$17-MIN('Savings Results'!$G:$G),2000),OFFSET('Savings Results'!$A$1,6,4,2000),\"Dx\",OFFSET('Savings Results'!$A$1,6,6,2000),$D20)/(1/(1-SUM('CE Parameters'!$F$10:$F$11))))/1000,0)","v":0},{"$f":"IF(OFFSET('Savings Results'!$A$1,5,16 +G$17-MIN('Savings Results'!$G:$G))=G$17,(SUMIFS(OFFSET('Savings Results'!$A$1,6,16 +G$17-MIN('Savings Results'!$G:$G),2000),OFFSET('Savings Results'!$A$1,6,4,2000),\"Dx\",OFFSET('Savings Results'!$A$1,6,6,2000),$D20)/(1/(1-SUM('CE Parameters'!$F$10:$F$11))))/1000,0)","v":0},{"$f":"IF(OFFSET('Savings Results'!$A$1,5,16 +MAX('Savings Results'!$G:$G)-MIN('Savings Results'!$G:$G)+MAX('Savings Results'!$J:$J)+G$17-MIN('Savings Results'!$G:$G))=G$17,(SUMIFS(OFFSET('Savings Results'!$A$1,6,16 +MAX('Savings Results'!$G:$G)-MIN('Savings Results'!$G:$G)+MAX('Savings Results'!$J:$J)+G$17-MIN('Savings Results'!$G:$G),2000),OFFSET('Savings Results'!$A$1,6,4,2000),\"Dx\",OFFSET('Savings Results'!$A$1,6,6,2000),$D20)/(1/(1-SUM('CE Parameters'!$F$10:$F$11))))/1000,0)","v":0},{"$f":"IF(OFFSET('Savings Results'!$A$1,5,16 +I$17-MIN('Savings Results'!$G:$G))=I$17,(SUMIFS(OFFSET('Savings Results'!$A$1,6,16 +I$17-MIN('Savings Results'!$G:$G),2000),OFFSET('Savings Results'!$A$1,6,4,2000),\"Dx\",OFFSET('Savings Results'!$A$1,6,6,2000),$D20)/(1/(1-SUM('CE Parameters'!$F$10:$F$11))))/1000,0)","v":0},{"$f":"IF(OFFSET('Savings Results'!$A$1,5,16 +MAX('Savings Results'!$G:$G)-MIN('Savings Results'!$G:$G)+MAX('Savings Results'!$J:$J)+I$17-MIN('Savings Results'!$G:$G))=I$17,(SUMIFS(OFFSET('Savings Results'!$A$1,6,16 +MAX('Savings Results'!$G:$G)-MIN('Savings Results'!$G:$G)+MAX('Savings Results'!$J:$J)+I$17-MIN('Savings Results'!$G:$G),2000),OFFSET('Savings Results'!$A$1,6,4,2000),\"Dx\",OFFSET('Savings Results'!$A$1,6,6,2000),$D20)/(1/(1-SUM('CE Parameters'!$F$10:$F$11))))/1000,0)","v":0},{"$f":"IF(OFFSET('Savings Results'!$A$1,5,16 +K$17-MIN('Savings Results'!$G:$G))=K$17,(SUMIFS(OFFSET('Savings Results'!$A$1,6,16 +K$17-MIN('Savings Results'!$G:$G),2000),OFFSET('Savings Results'!$A$1,6,4,2000),\"Dx\",OFFSET('Savings Results'!$A$1,6,6,2000),$D20)/(1/(1-SUM('CE Parameters'!$F$10:$F$11))))/1000,0)","v":0},{"$f":"IF(OFFSET('Savings Results'!$A$1,5,16 +MAX('Savings Results'!$G:$G)-MIN('Savings Results'!$G:$G)+MAX('Savings Results'!$J:$J)+K$17-MIN('Savings Results'!$G:$G))=K$17,(SUMIFS(OFFSET('Savings Results'!$A$1,6,16 +MAX('Savings Results'!$G:$G)-MIN('Savings Results'!$G:$G)+MAX('Savings Results'!$J:$J)+K$17-MIN('Savings Results'!$G:$G),2000),OFFSET('Savings Results'!$A$1,6,4,2000),\"Dx\",OFFSET('Savings Results'!$A$1,6,6,2000),$D20)/(1/(1-SUM('CE Parameters'!$F$10:$F$11))))/1000,0)","v":0},{"$f":"IF(OFFSET('Savings Results'!$A$1,5,16 +M$17-MIN('Savings Results'!$G:$G))=M$17,(SUMIFS(OFFSET('Savings Results'!$A$1,6,16 +M$17-MIN('Savings Results'!$G:$G),2000),OFFSET('Savings Results'!$A$1,6,4,2000),\"Dx\",OFFSET('Savings Results'!$A$1,6,6,2000),$D20)/(1/(1-SUM('CE Parameters'!$F$10:$F$11))))/1000,0)","v":0},{"$f":"IF(OFFSET('Savings Results'!$A$1,5,16 +MAX('Savings Results'!$G:$G)-MIN('Savings Results'!$G:$G)+MAX('Savings Results'!$J:$J)+M$17-MIN('Savings Results'!$G:$G))=M$17,(SUMIFS(OFFSET('Savings Results'!$A$1,6,16 +MAX('Savings Results'!$G:$G)-MIN('Savings Results'!$G:$G)+MAX('Savings Results'!$J:$J)+M$17-MIN('Savings Results'!$G:$G),2000),OFFSET('Savings Results'!$A$1,6,4,2000),\"Dx\",OFFSET('Savings Results'!$A$1,6,6,2000),$D20)/(1/(1-SUM('CE Parameters'!$F$10:$F$11))))/1000,0)","v":0},{"$f":"IF(OFFSET('Savings Results'!$A$1,5,16 +O$17-MIN('Savings Results'!$G:$G))=O$17,(SUMIFS(OFFSET('Savings Results'!$A$1,6,16 +O$17-MIN('Savings Results'!$G:$G),2000),OFFSET('Savings Results'!$A$1,6,4,2000),\"Dx\",OFFSET('Savings Results'!$A$1,6,6,2000),$D20)/(1/(1-SUM('CE Parameters'!$F$10:$F$11))))/1000,0)","v":0},{"$f":"IF(OFFSET('Savings Results'!$A$1,5,16 +MAX('Savings Results'!$G:$G)-MIN('Savings Results'!$G:$G)+MAX('Savings Results'!$J:$J)+O$17-MIN('Savings Results'!$G:$G))=O$17,(SUMIFS(OFFSET('Savings Results'!$A$1,6,16 +MAX('Savings Results'!$G:$G)-MIN('Savings Results'!$G:$G)+MAX('Savings Results'!$J:$J)+O$17-MIN('Savings Results'!$G:$G),2000),OFFSET('Savings Results'!$A$1,6,4,2000),\"Dx\",OFFSET('Savings Results'!$A$1,6,6,2000),$D20)/(1/(1-SUM('CE Parameters'!$F$10:$F$11))))/1000,0)","v":0},{"$f":"IF(OFFSET('Savings Results'!$A$1,5,16 +Q$17-MIN('Savings Results'!$G:$G))=Q$17,(SUMIFS(OFFSET('Savings Results'!$A$1,6,16 +Q$17-MIN('Savings Results'!$G:$G),2000),OFFSET('Savings Results'!$A$1,6,4,2000),\"Dx\",OFFSET('Savings Results'!$A$1,6,6,2000),$D20)/(1/(1-SUM('CE Parameters'!$F$10:$F$11))))/1000,0)","v":0},{"$f":"IF(OFFSET('Savings Results'!$A$1,5,16 +MAX('Savings Results'!$G:$G)-MIN('Savings Results'!$G:$G)+MAX('Savings Results'!$J:$J)+Q$17-MIN('Savings Results'!$G:$G))=Q$17,(SUMIFS(OFFSET('Savings Results'!$A$1,6,16 +MAX('Savings Results'!$G:$G)-MIN('Savings Results'!$G:$G)+MAX('Savings Results'!$J:$J)+Q$17-MIN('Savings Results'!$G:$G),2000),OFFSET('Savings Results'!$A$1,6,4,2000),\"Dx\",OFFSET('Savings Results'!$A$1,6,6,2000),$D20)/(1/(1-SUM('CE Parameters'!$F$10:$F$11))))/1000,0)","v":0},{"$f":"IF(OFFSET('Savings Results'!$A$1,5,16 +S$17-MIN('Savings Results'!$G:$G))=S$17,(SUMIFS(OFFSET('Savings Results'!$A$1,6,16 +S$17-MIN('Savings Results'!$G:$G),2000),OFFSET('Savings Results'!$A$1,6,4,2000),\"Dx\",OFFSET('Savings Results'!$A$1,6,6,2000),$D20)/(1/(1-SUM('CE Parameters'!$F$10:$F$11))))/1000,0)","v":0},{"$f":"IF(OFFSET('Savings Results'!$A$1,5,16 +MAX('Savings Results'!$G:$G)-MIN('Savings Results'!$G:$G)+MAX('Savings Results'!$J:$J)+S$17-MIN('Savings Results'!$G:$G))=S$17,(SUMIFS(OFFSET('Savings Results'!$A$1,6,16 +MAX('Savings Results'!$G:$G)-MIN('Savings Results'!$G:$G)+MAX('Savings Results'!$J:$J)+S$17-MIN('Savings Results'!$G:$G),2000),OFFSET('Savings Results'!$A$1,6,4,2000),\"Dx\",OFFSET('Savings Results'!$A$1,6,6,2000),$D20)/(1/(1-SUM('CE Parameters'!$F$10:$F$11))))/1000,0)","v":0},{"$f":"IF(OFFSET('Savings Results'!$A$1,5,16 +U$17-MIN('Savings Results'!$G:$G))=U$17,(SUMIFS(OFFSET('Savings Results'!$A$1,6,16 +U$17-MIN('Savings Results'!$G:$G),2000),OFFSET('Savings Results'!$A$1,6,4,2000),\"Dx\",OFFSET('Savings Results'!$A$1,6,6,2000),$D20)/(1/(1-SUM('CE Parameters'!$F$10:$F$11))))/1000,0)","v":0},{"$f":"IF(OFFSET('Savings Results'!$A$1,5,16 +MAX('Savings Results'!$G:$G)-MIN('Savings Results'!$G:$G)+MAX('Savings Results'!$J:$J)+U$17-MIN('Savings Results'!$G:$G))=U$17,(SUMIFS(OFFSET('Savings Results'!$A$1,6,16 +MAX('Savings Results'!$G:$G)-MIN('Savings Results'!$G:$G)+MAX('Savings Results'!$J:$J)+U$17-MIN('Savings Results'!$G:$G),2000),OFFSET('Savings Results'!$A$1,6,4,2000),\"Dx\",OFFSET('Savings Results'!$A$1,6,6,2000),$D20)/(1/(1-SUM('CE Parameters'!$F$10:$F$11))))/1000,0)","v":0},{"$f":"IF(OFFSET('Savings Results'!$A$1,5,16 +W$17-MIN('Savings Results'!$G:$G))=W$17,(SUMIFS(OFFSET('Savings Results'!$A$1,6,16 +W$17-MIN('Savings Results'!$G:$G),2000),OFFSET('Savings Results'!$A$1,6,4,2000),\"Dx\",OFFSET('Savings Results'!$A$1,6,6,2000),$D20)/(1/(1-SUM('CE Parameters'!$F$10:$F$11))))/1000,0)","v":0},{"$f":"IF(OFFSET('Savings Results'!$A$1,5,16 +MAX('Savings Results'!$G:$G)-MIN('Savings Results'!$G:$G)+MAX('Savings Results'!$J:$J)+W$17-MIN('Savings Results'!$G:$G))=W$17,(SUMIFS(OFFSET('Savings Results'!$A$1,6,16 +MAX('Savings Results'!$G:$G)-MIN('Savings Results'!$G:$G)+MAX('Savings Results'!$J:$J)+W$17-MIN('Savings Results'!$G:$G),2000),OFFSET('Savings Results'!$A$1,6,4,2000),\"Dx\",OFFSET('Savings Results'!$A$1,6,6,2000),$D20)/(1/(1-SUM('CE Parameters'!$F$10:$F$11))))/1000,0)","v":0},{"$f":"IF(OFFSET('Savings Results'!$A$1,5,16 +Y$17-MIN('Savings Results'!$G:$G))=Y$17,(SUMIFS(OFFSET('Savings Results'!$A$1,6,16 +Y$17-MIN('Savings Results'!$G:$G),2000),OFFSET('Savings Results'!$A$1,6,4,2000),\"Dx\",OFFSET('Savings Results'!$A$1,6,6,2000),$D20)/(1/(1-SUM('CE Parameters'!$F$10:$F$11))))/1000,0)","v":0},{"$f":"IF(OFFSET('Savings Results'!$A$1,5,16 +MAX('Savings Results'!$G:$G)-MIN('Savings Results'!$G:$G)+MAX('Savings Results'!$J:$J)+Y$17-MIN('Savings Results'!$G:$G))=Y$17,(SUMIFS(OFFSET('Savings Results'!$A$1,6,16 +MAX('Savings Results'!$G:$G)-MIN('Savings Results'!$G:$G)+MAX('Savings Results'!$J:$J)+Y$17-MIN('Savings Results'!$G:$G),2000),OFFSET('Savings Results'!$A$1,6,4,2000),\"Dx\",OFFSET('Savings Results'!$A$1,6,6,2000),$D20)/(1/(1-SUM('CE Parameters'!$F$10:$F$11))))/1000,0)","v":0},{"$f":"IF(OFFSET('Savings Results'!$A$1,5,16 +AA$17-MIN('Savings Results'!$G:$G))=AA$17,(SUMIFS(OFFSET('Savings Results'!$A$1,6,16 +AA$17-MIN('Savings Results'!$G:$G),2000),OFFSET('Savings Results'!$A$1,6,4,2000),\"Dx\",OFFSET('Savings Results'!$A$1,6,6,2000),$D20)/(1/(1-SUM('CE Parameters'!$F$10:$F$11))))/1000,0)","v":0},{"$f":"IF(OFFSET('Savings Results'!$A$1,5,16 +MAX('Savings Results'!$G:$G)-MIN('Savings Results'!$G:$G)+MAX('Savings Results'!$J:$J)+AA$17-MIN('Savings Results'!$G:$G))=AA$17,(SUMIFS(OFFSET('Savings Results'!$A$1,6,16 +MAX('Savings Results'!$G:$G)-MIN('Savings Results'!$G:$G)+MAX('Savings Results'!$J:$J)+AA$17-MIN('Savings Results'!$G:$G),2000),OFFSET('Savings Results'!$A$1,6,4,2000),\"Dx\",OFFSET('Savings Results'!$A$1,6,6,2000),$D20)/(1/(1-SUM('CE Parameters'!$F$10:$F$11))))/1000,0)","v":0},{"$f":"IF(OFFSET('Savings Results'!$A$1,5,16 +AC$17-MIN('Savings Results'!$G:$G))=AC$17,(SUMIFS(OFFSET('Savings Results'!$A$1,6,16 +AC$17-MIN('Savings Results'!$G:$G),2000),OFFSET('Savings Results'!$A$1,6,4,2000),\"Dx\",OFFSET('Savings Results'!$A$1,6,6,2000),$D20)/(1/(1-SUM('CE Parameters'!$F$10:$F$11))))/1000,0)","v":0},{"$f":"IF(OFFSET('Savings Results'!$A$1,5,16 +MAX('Savings Results'!$G:$G)-MIN('Savings Results'!$G:$G)+MAX('Savings Results'!$J:$J)+AC$17-MIN('Savings Results'!$G:$G))=AC$17,(SUMIFS(OFFSET('Savings Results'!$A$1,6,16 +MAX('Savings Results'!$G:$G)-MIN('Savings Results'!$G:$G)+MAX('Savings Results'!$J:$J)+AC$17-MIN('Savings Results'!$G:$G),2000),OFFSET('Savings Results'!$A$1,6,4,2000),\"Dx\",OFFSET('Savings Results'!$A$1,6,6,2000),$D20)/(1/(1-SUM('CE Parameters'!$F$10:$F$11))))/1000,0)","v":0},{"$f":"IF(OFFSET('Savings Results'!$A$1,5,16 +AE$17-MIN('Savings Results'!$G:$G))=AE$17,(SUMIFS(OFFSET('Savings Results'!$A$1,6,16 +AE$17-MIN('Savings Results'!$G:$G),2000),OFFSET('Savings Results'!$A$1,6,4,2000),\"Dx\",OFFSET('Savings Results'!$A$1,6,6,2000),$D20)/(1/(1-SUM('CE Parameters'!$F$10:$F$11))))/1000,0)","v":0},{"$f":"IF(OFFSET('Savings Results'!$A$1,5,16 +MAX('Savings Results'!$G:$G)-MIN('Savings Results'!$G:$G)+MAX('Savings Results'!$J:$J)+AE$17-MIN('Savings Results'!$G:$G))=AE$17,(SUMIFS(OFFSET('Savings Results'!$A$1,6,16 +MAX('Savings Results'!$G:$G)-MIN('Savings Results'!$G:$G)+MAX('Savings Results'!$J:$J)+AE$17-MIN('Savings Results'!$G:$G),2000),OFFSET('Savings Results'!$A$1,6,4,2000),\"Dx\",OFFSET('Savings Results'!$A$1,6,6,2000),$D20)/(1/(1-SUM('CE Parameters'!$F$10:$F$11))))/1000,0)","v":0},{"$f":"IF(OFFSET('Savings Results'!$A$1,5,16 +AG$17-MIN('Savings Results'!$G:$G))=AG$17,(SUMIFS(OFFSET('Savings Results'!$A$1,6,16 +AG$17-MIN('Savings Results'!$G:$G),2000),OFFSET('Savings Results'!$A$1,6,4,2000),\"Dx\",OFFSET('Savings Results'!$A$1,6,6,2000),$D20)/(1/(1-SUM('CE Parameters'!$F$10:$F$11))))/1000,0)","v":0},{"$f":"IF(OFFSET('Savings Results'!$A$1,5,16 +MAX('Savings Results'!$G:$G)-MIN('Savings Results'!$G:$G)+MAX('Savings Results'!$J:$J)+AG$17-MIN('Savings Results'!$G:$G))=AG$17,(SUMIFS(OFFSET('Savings Results'!$A$1,6,16 +MAX('Savings Results'!$G:$G)-MIN('Savings Results'!$G:$G)+MAX('Savings Results'!$J:$J)+AG$17-MIN('Savings Results'!$G:$G),2000),OFFSET('Savings Results'!$A$1,6,4,2000),\"Dx\",OFFSET('Savings Results'!$A$1,6,6,2000),$D20)/(1/(1-SUM('CE Parameters'!$F$10:$F$11))))/1000,0)","v":0},{"$f":"IF(OFFSET('Savings Results'!$A$1,5,16 +AI$17-MIN('Savings Results'!$G:$G))=AI$17,(SUMIFS(OFFSET('Savings Results'!$A$1,6,16 +AI$17-MIN('Savings Results'!$G:$G),2000),OFFSET('Savings Results'!$A$1,6,4,2000),\"Dx\",OFFSET('Savings Results'!$A$1,6,6,2000),$D20)/(1/(1-SUM('CE Parameters'!$F$10:$F$11))))/1000,0)","v":0},{"$f":"IF(OFFSET('Savings Results'!$A$1,5,16 +MAX('Savings Results'!$G:$G)-MIN('Savings Results'!$G:$G)+MAX('Savings Results'!$J:$J)+AI$17-MIN('Savings Results'!$G:$G))=AI$17,(SUMIFS(OFFSET('Savings Results'!$A$1,6,16 +MAX('Savings Results'!$G:$G)-MIN('Savings Results'!$G:$G)+MAX('Savings Results'!$J:$J)+AI$17-MIN('Savings Results'!$G:$G),2000),OFFSET('Savings Results'!$A$1,6,4,2000),\"Dx\",OFFSET('Savings Results'!$A$1,6,6,2000),$D20)/(1/(1-SUM('CE Parameters'!$F$10:$F$11))))/1000,0)","v":0},{"$f":"IF(OFFSET('Savings Results'!$A$1,5,16 +AK$17-MIN('Savings Results'!$G:$G))=AK$17,(SUMIFS(OFFSET('Savings Results'!$A$1,6,16 +AK$17-MIN('Savings Results'!$G:$G),2000),OFFSET('Savings Results'!$A$1,6,4,2000),\"Dx\",OFFSET('Savings Results'!$A$1,6,6,2000),$D20)/(1/(1-SUM('CE Parameters'!$F$10:$F$11))))/1000,0)","v":0},{"$f":"IF(OFFSET('Savings Results'!$A$1,5,16 +MAX('Savings Results'!$G:$G)-MIN('Savings Results'!$G:$G)+MAX('Savings Results'!$J:$J)+AK$17-MIN('Savings Results'!$G:$G))=AK$17,(SUMIFS(OFFSET('Savings Results'!$A$1,6,16 +MAX('Savings Results'!$G:$G)-MIN('Savings Results'!$G:$G)+MAX('Savings Results'!$J:$J)+AK$17-MIN('Savings Results'!$G:$G),2000),OFFSET('Savings Results'!$A$1,6,4,2000),\"Dx\",OFFSET('Savings Results'!$A$1,6,6,2000),$D20)/(1/(1-SUM('CE Parameters'!$F$10:$F$11))))/1000,0)","v":0},{"$f":"IF(OFFSET('Savings Results'!$A$1,5,16 +AM$17-MIN('Savings Results'!$G:$G))=AM$17,(SUMIFS(OFFSET('Savings Results'!$A$1,6,16 +AM$17-MIN('Savings Results'!$G:$G),2000),OFFSET('Savings Results'!$A$1,6,4,2000),\"Dx\",OFFSET('Savings Results'!$A$1,6,6,2000),$D20)/(1/(1-SUM('CE Parameters'!$F$10:$F$11))))/1000,0)","v":0},{"$f":"IF(OFFSET('Savings Results'!$A$1,5,16 +MAX('Savings Results'!$G:$G)-MIN('Savings Results'!$G:$G)+MAX('Savings Results'!$J:$J)+AM$17-MIN('Savings Results'!$G:$G))=AM$17,(SUMIFS(OFFSET('Savings Results'!$A$1,6,16 +MAX('Savings Results'!$G:$G)-MIN('Savings Results'!$G:$G)+MAX('Savings Results'!$J:$J)+AM$17-MIN('Savings Results'!$G:$G),2000),OFFSET('Savings Results'!$A$1,6,4,2000),\"Dx\",OFFSET('Savings Results'!$A$1,6,6,2000),$D20)/(1/(1-SUM('CE Parameters'!$F$10:$F$11))))/1000,0)","v":0}]
[null,null,null,2017,{"$f":"IF(OFFSET('Savings Results'!$A$1,5,16 +E$17-MIN('Savings Results'!$G:$G))=E$17,(SUMIFS(OFFSET('Savings Results'!$A$1,6,16 +E$17-MIN('Savings Results'!$G:$G),2000),OFFSET('Savings Results'!$A$1,6,4,2000),\"Dx\",OFFSET('Savings Results'!$A$1,6,6,2000),$D21)/(1/(1-SUM('CE Parameters'!$F$10:$F$11))))/1000,0)","v":0},{"$f":"IF(OFFSET('Savings Results'!$A$1,5,16 +MAX('Savings Results'!$G:$G)-MIN('Savings Results'!$G:$G)+MAX('Savings Results'!$J:$J)+E$17-MIN('Savings Results'!$G:$G))=E$17,(SUMIFS(OFFSET('Savings Results'!$A$1,6,16 +MAX('Savings Results'!$G:$G)-MIN('Savings Results'!$G:$G)+MAX('Savings Results'!$J:$J)+E$17-MIN('Savings Results'!$G:$G),2000),OFFSET('Savings Results'!$A$1,6,4,2000),\"Dx\",OFFSET('Savings Results'!$A$1,6,6,2000),$D21)/(1/(1-SUM('CE Parameters'!$F$10:$F$11))))/1000,0)","v":0},{"$f":"IF(OFFSET('Savings Results'!$A$1,5,16 +G$17-MIN('Savings Results'!$G:$G))=G$17,(SUMIFS(OFFSET('Savings Results'!$A$1,6,16 +G$17-MIN('Savings Results'!$G:$G),2000),OFFSET('Savings Results'!$A$1,6,4,2000),\"Dx\",OFFSET('Savings Results'!$A$1,6,6,2000),$D21)/(1/(1-SUM('CE Parameters'!$F$10:$F$11))))/1000,0)","v":0},{"$f":"IF(OFFSET('Savings Results'!$A$1,5,16 +MAX('Savings Results'!$G:$G)-MIN('Savings Results'!$G:$G)+MAX('Savings Results'!$J:$J)+G$17-MIN('Savings Results'!$G:$G))=G$17,(SUMIFS(OFFSET('Savings Results'!$A$1,6,16 +MAX('Savings Results'!$G:$G)-MIN('Savings Results'!$G:$G)+MAX('Savings Results'!$J:$J)+G$17-MIN('Savings Results'!$G:$G),2000),OFFSET('Savings Results'!$A$1,6,4,2000),\"Dx\",OFFSET('Savings Results'!$A$1,6,6,2000),$D21)/(1/(1-SUM('CE Parameters'!$F$10:$F$11))))/1000,0)","v":0},{"$f":"IF(OFFSET('Savings Results'!$A$1,5,16 +I$17-MIN('Savings Results'!$G:$G))=I$17,(SUMIFS(OFFSET('Savings Results'!$A$1,6,16 +I$17-MIN('Savings Results'!$G:$G),2000),OFFSET('Savings Results'!$A$1,6,4,2000),\"Dx\",OFFSET('Savings Results'!$A$1,6,6,2000),$D21)/(1/(1-SUM('CE Parameters'!$F$10:$F$11))))/1000,0)","v":0},{"$f":"IF(OFFSET('Savings Results'!$A$1,5,16 +MAX('Savings Results'!$G:$G)-MIN('Savings Results'!$G:$G)+MAX('Savings Results'!$J:$J)+I$17-MIN('Savings Results'!$G:$G))=I$17,(SUMIFS(OFFSET('Savings Results'!$A$1,6,16 +MAX('Savings Results'!$G:$G)-MIN('Savings Results'!$G:$G)+MAX('Savings Results'!$J:$J)+I$17-MIN('Savings Results'!$G:$G),2000),OFFSET('Savings Results'!$A$1,6,4,2000),\"Dx\",OFFSET('Savings Results'!$A$1,6,6,2000),$D21)/(1/(1-SUM('CE Parameters'!$F$10:$F$11))))/1000,0)","v":0},{"$f":"IF(OFFSET('Savings Results'!$A$1,5,16 +K$17-MIN('Savings Results'!$G:$G))=K$17,(SUMIFS(OFFSET('Savings Results'!$A$1,6,16 +K$17-MIN('Savings Results'!$G:$G),2000),OFFSET('Savings Results'!$A$1,6,4,2000),\"Dx\",OFFSET('Savings Results'!$A$1,6,6,2000),$D21)/(1/(1-SUM('CE Parameters'!$F$10:$F$11))))/1000,0)","v":0},{"$f":"IF(OFFSET('Savings Results'!$A$1,5,16 +MAX('Savings Results'!$G:$G)-MIN('Savings Results'!$G:$G)+MAX('Savings Results'!$J:$J)+K$17-MIN('Savings Results'!$G:$G))=K$17,(SUMIFS(OFFSET('Savings Results'!$A$1,6,16 +MAX('Savings Results'!$G:$G)-MIN('Savings Results'!$G:$G)+MAX('Savings Results'!$J:$J)+K$17-MIN('Savings Results'!$G:$G),2000),OFFSET('Savings Results'!$A$1,6,4,2000),\"Dx\",OFFSET('Savings Results'!$A$1,6,6,2000),$D21)/(1/(1-SUM('CE Parameters'!$F$10:$F$11))))/1000,0)","v":0},{"$f":"IF(OFFSET('Savings Results'!$A$1,5,16 +M$17-MIN('Savings Results'!$G:$G))=M$17,(SUMIFS(OFFSET('Savings Results'!$A$1,6,16 +M$17-MIN('Savings Results'!$G:$G),2000),OFFSET('Savings Results'!$A$1,6,4,2000),\"Dx\",OFFSET('Savings Results'!$A$1,6,6,2000),$D21)/(1/(1-SUM('CE Parameters'!$F$10:$F$11))))/1000,0)","v":0},{"$f":"IF(OFFSET('Savings Results'!$A$1,5,16 +MAX('Savings Results'!$G:$G)-MIN('Savings Results'!$G:$G)+MAX('Savings Results'!$J:$J)+M$17-MIN('Savings Results'!$G:$G))=M$17,(SUMIFS(OFFSET('Savings Results'!$A$1,6,16 +MAX('Savings Results'!$G:$G)-MIN('Savings Results'!$G:$G)+MAX('Savings Results'!$J:$J)+M$17-MIN('Savings Results'!$G:$G),2000),OFFSET('Savings Results'!$A$1,6,4,2000),\"Dx\",OFFSET('Savings Results'!$A$1,6,6,2000),$D21)/(1/(1-SUM('CE Parameters'!$F$10:$F$11))))/1000,0)","v":0},{"$f":"IF(OFFSET('Savings Results'!$A$1,5,16 +O$17-MIN('Savings Results'!$G:$G))=O$17,(SUMIFS(OFFSET('Savings Results'!$A$1,6,16 +O$17-MIN('Savings Results'!$G:$G),2000),OFFSET('Savings Results'!$A$1,6,4,2000),\"Dx\",OFFSET('Savings Results'!$A$1,6,6,2000),$D21)/(1/(1-SUM('CE Parameters'!$F$10:$F$11))))/1000,0)","v":0},{"$f":"IF(OFFSET('Savings Results'!$A$1,5,16 +MAX('Savings Results'!$G:$G)-MIN('Savings Results'!$G:$G)+MAX('Savings Results'!$J:$J)+O$17-MIN('Savings Results'!$G:$G))=O$17,(SUMIFS(OFFSET('Savings Results'!$A$1,6,16 +MAX('Savings Results'!$G:$G)-MIN('Savings Results'!$G:$G)+MAX('Savings Results'!$J:$J)+O$17-MIN('Savings Results'!$G:$G),2000),OFFSET('Savings Results'!$A$1,6,4,2000),\"Dx\",OFFSET('Savings Results'!$A$1,6,6,2000),$D21)/(1/(1-SUM('CE Parameters'!$F$10:$F$11))))/1000,0)","v":0},{"$f":"IF(OFFSET('Savings Results'!$A$1,5,16 +Q$17-MIN('Savings Results'!$G:$G))=Q$17,(SUMIFS(OFFSET('Savings Results'!$A$1,6,16 +Q$17-MIN('Savings Results'!$G:$G),2000),OFFSET('Savings Results'!$A$1,6,4,2000),\"Dx\",OFFSET('Savings Results'!$A$1,6,6,2000),$D21)/(1/(1-SUM('CE Parameters'!$F$10:$F$11))))/1000,0)","v":0},{"$f":"IF(OFFSET('Savings Results'!$A$1,5,16 +MAX('Savings Results'!$G:$G)-MIN('Savings Results'!$G:$G)+MAX('Savings Results'!$J:$J)+Q$17-MIN('Savings Results'!$G:$G))=Q$17,(SUMIFS(OFFSET('Savings Results'!$A$1,6,16 +MAX('Savings Results'!$G:$G)-MIN('Savings Results'!$G:$G)+MAX('Savings Results'!$J:$J)+Q$17-MIN('Savings Results'!$G:$G),2000),OFFSET('Savings Results'!$A$1,6,4,2000),\"Dx\",OFFSET('Savings Results'!$A$1,6,6,2000),$D21)/(1/(1-SUM('CE Parameters'!$F$10:$F$11))))/1000,0)","v":0},{"$f":"IF(OFFSET('Savings Results'!$A$1,5,16 +S$17-MIN('Savings Results'!$G:$G))=S$17,(SUMIFS(OFFSET('Savings Results'!$A$1,6,16 +S$17-MIN('Savings Results'!$G:$G),2000),OFFSET('Savings Results'!$A$1,6,4,2000),\"Dx\",OFFSET('Savings Results'!$A$1,6,6,2000),$D21)/(1/(1-SUM('CE Parameters'!$F$10:$F$11))))/1000,0)","v":0},{"$f":"IF(OFFSET('Savings Results'!$A$1,5,16 +MAX('Savings Results'!$G:$G)-MIN('Savings Results'!$G:$G)+MAX('Savings Results'!$J:$J)+S$17-MIN('Savings Results'!$G:$G))=S$17,(SUMIFS(OFFSET('Savings Results'!$A$1,6,16 +MAX('Savings Results'!$G:$G)-MIN('Savings Results'!$G:$G)+MAX('Savings Results'!$J:$J)+S$17-MIN('Savings Results'!$G:$G),2000),OFFSET('Savings Results'!$A$1,6,4,2000),\"Dx\",OFFSET('Savings Results'!$A$1,6,6,2000),$D21)/(1/(1-SUM('CE Parameters'!$F$10:$F$11))))/1000,0)","v":0},{"$f":"IF(OFFSET('Savings Results'!$A$1,5,16 +U$17-MIN('Savings Results'!$G:$G))=U$17,(SUMIFS(OFFSET('Savings Results'!$A$1,6,16 +U$17-MIN('Savings Results'!$G:$G),2000),OFFSET('Savings Results'!$A$1,6,4,2000),\"Dx\",OFFSET('Savings Results'!$A$1,6,6,2000),$D21)/(1/(1-SUM('CE Parameters'!$F$10:$F$11))))/1000,0)","v":0},{"$f":"IF(OFFSET('Savings Results'!$A$1,5,16 +MAX('Savings Results'!$G:$G)-MIN('Savings Results'!$G:$G)+MAX('Savings Results'!$J:$J)+U$17-MIN('Savings Results'!$G:$G))=U$17,(SUMIFS(OFFSET('Savings Results'!$A$1,6,16 +MAX('Savings Results'!$G:$G)-MIN('Savings Results'!$G:$G)+MAX('Savings Results'!$J:$J)+U$17-MIN('Savings Results'!$G:$G),2000),OFFSET('Savings Results'!$A$1,6,4,2000),\"Dx\",OFFSET('Savings Results'!$A$1,6,6,2000),$D21)/(1/(1-SUM('CE Parameters'!$F$10:$F$11))))/1000,0)","v":0},{"$f":"IF(OFFSET('Savings Results'!$A$1,5,16 +W$17-MIN('Savings Results'!$G:$G))=W$17,(SUMIFS(OFFSET('Savings Results'!$A$1,6,16 +W$17-MIN('Savings Results'!$G:$G),2000),OFFSET('Savings Results'!$A$1,6,4,2000),\"Dx\",OFFSET('Savings Results'!$A$1,6,6,2000),$D21)/(1/(1-SUM('CE Parameters'!$F$10:$F$11))))/1000,0)","v":0},{"$f":"IF(OFFSET('Savings Results'!$A$1,5,16 +MAX('Savings Results'!$G:$G)-MIN('Savings Results'!$G:$G)+MAX('Savings Results'!$J:$J)+W$17-MIN('Savings Results'!$G:$G))=W$17,(SUMIFS(OFFSET('Savings Results'!$A$1,6,16 +MAX('Savings Results'!$G:$G)-MIN('Savings Results'!$G:$G)+MAX('Savings Results'!$J:$J)+W$17-MIN('Savings Results'!$G:$G),2000),OFFSET('Savings Results'!$A$1,6,4,2000),\"Dx\",OFFSET('Savings Results'!$A$1,6,6,2000),$D21)/(1/(1-SUM('CE Parameters'!$F$10:$F$11))))/1000,0)","v":0},{"$f":"IF(OFFSET('Savings Results'!$A$1,5,16 +Y$17-MIN('Savings Results'!$G:$G))=Y$17,(SUMIFS(OFFSET('Savings Results'!$A$1,6,16 +Y$17-MIN('Savings Results'!$G:$G),2000),OFFSET('Savings Results'!$A$1,6,4,2000),\"Dx\",OFFSET('Savings Results'!$A$1,6,6,2000),$D21)/(1/(1-SUM('CE Parameters'!$F$10:$F$11))))/1000,0)","v":0},{"$f":"IF(OFFSET('Savings Results'!$A$1,5,16 +MAX('Savings Results'!$G:$G)-MIN('Savings Results'!$G:$G)+MAX('Savings Results'!$J:$J)+Y$17-MIN('Savings Results'!$G:$G))=Y$17,(SUMIFS(OFFSET('Savings Results'!$A$1,6,16 +MAX('Savings Results'!$G:$G)-MIN('Savings Results'!$G:$G)+MAX('Savings Results'!$J:$J)+Y$17-MIN('Savings Results'!$G:$G),2000),OFFSET('Savings Results'!$A$1,6,4,2000),\"Dx\",OFFSET('Savings Results'!$A$1,6,6,2000),$D21)/(1/(1-SUM('CE Parameters'!$F$10:$F$11))))/1000,0)","v":0},{"$f":"IF(OFFSET('Savings Results'!$A$1,5,16 +AA$17-MIN('Savings Results'!$G:$G))=AA$17,(SUMIFS(OFFSET('Savings Results'!$A$1,6,16 +AA$17-MIN('Savings Results'!$G:$G),2000),OFFSET('Savings Results'!$A$1,6,4,2000),\"Dx\",OFFSET('Savings Results'!$A$1,6,6,2000),$D21)/(1/(1-SUM('CE Parameters'!$F$10:$F$11))))/1000,0)","v":0},{"$f":"IF(OFFSET('Savings Results'!$A$1,5,16 +MAX('Savings Results'!$G:$G)-MIN('Savings Results'!$G:$G)+MAX('Savings Results'!$J:$J)+AA$17-MIN('Savings Results'!$G:$G))=AA$17,(SUMIFS(OFFSET('Savings Results'!$A$1,6,16 +MAX('Savings Results'!$G:$G)-MIN('Savings Results'!$G:$G)+MAX('Savings Results'!$J:$J)+AA$17-MIN('Savings Results'!$G:$G),2000),OFFSET('Savings Results'!$A$1,6,4,2000),\"Dx\",OFFSET('Savings Results'!$A$1,6,6,2000),$D21)/(1/(1-SUM('CE Parameters'!$F$10:$F$11))))/1000,0)","v":0},{"$f":"IF(OFFSET('Savings Results'!$A$1,5,16 +AC$17-MIN('Savings Results'!$G:$G))=AC$17,(SUMIFS(OFFSET('Savings Results'!$A$1,6,16 +AC$17-MIN('Savings Results'!$G:$G),2000),OFFSET('Savings Results'!$A$1,6,4,2000),\"Dx\",OFFSET('Savings Results'!$A$1,6,6,2000),$D21)/(1/(1-SUM('CE Parameters'!$F$10:$F$11))))/1000,0)","v":0},{"$f":"IF(OFFSET('Savings Results'!$A$1,5,16 +MAX('Savings Results'!$G:$G)-MIN('Savings Results'!$G:$G)+MAX('Savings Results'!$J:$J)+AC$17-MIN('Savings Results'!$G:$G))=AC$17,(SUMIFS(OFFSET('Savings Results'!$A$1,6,16 +MAX('Savings Results'!$G:$G)-MIN('Savings Results'!$G:$G)+MAX('Savings Results'!$J:$J)+AC$17-MIN('Savings Results'!$G:$G),2000),OFFSET('Savings Results'!$A$1,6,4,2000),\"Dx\",OFFSET('Savings Results'!$A$1,6,6,2000),$D21)/(1/(1-SUM('CE Parameters'!$F$10:$F$11))))/1000,0)","v":0},{"$f":"IF(OFFSET('Savings Results'!$A$1,5,16 +AE$17-MIN('Savings Results'!$G:$G))=AE$17,(SUMIFS(OFFSET('Savings Results'!$A$1,6,16 +AE$17-MIN('Savings Results'!$G:$G),2000),OFFSET('Savings Results'!$A$1,6,4,2000),\"Dx\",OFFSET('Savings Results'!$A$1,6,6,2000),$D21)/(1/(1-SUM('CE Parameters'!$F$10:$F$11))))/1000,0)","v":0},{"$f":"IF(OFFSET('Savings Results'!$A$1,5,16 +MAX('Savings Results'!$G:$G)-MIN('Savings Results'!$G:$G)+MAX('Savings Results'!$J:$J)+AE$17-MIN('Savings Results'!$G:$G))=AE$17,(SUMIFS(OFFSET('Savings Results'!$A$1,6,16 +MAX('Savings Results'!$G:$G)-MIN('Savings Results'!$G:$G)+MAX('Savings Results'!$J:$J)+AE$17-MIN('Savings Results'!$G:$G),2000),OFFSET('Savings Results'!$A$1,6,4,2000),\"Dx\",OFFSET('Savings Results'!$A$1,6,6,2000),$D21)/(1/(1-SUM('CE Parameters'!$F$10:$F$11))))/1000,0)","v":0},{"$f":"IF(OFFSET('Savings Results'!$A$1,5,16 +AG$17-MIN('Savings Results'!$G:$G))=AG$17,(SUMIFS(OFFSET('Savings Results'!$A$1,6,16 +AG$17-MIN('Savings Results'!$G:$G),2000),OFFSET('Savings Results'!$A$1,6,4,2000),\"Dx\",OFFSET('Savings Results'!$A$1,6,6,2000),$D21)/(1/(1-SUM('CE Parameters'!$F$10:$F$11))))/1000,0)","v":0},{"$f":"IF(OFFSET('Savings Results'!$A$1,5,16 +MAX('Savings Results'!$G:$G)-MIN('Savings Results'!$G:$G)+MAX('Savings Results'!$J:$J)+AG$17-MIN('Savings Results'!$G:$G))=AG$17,(SUMIFS(OFFSET('Savings Results'!$A$1,6,16 +MAX('Savings Results'!$G:$G)-MIN('Savings Results'!$G:$G)+MAX('Savings Results'!$J:$J)+AG$17-MIN('Savings Results'!$G:$G),2000),OFFSET('Savings Results'!$A$1,6,4,2000),\"Dx\",OFFSET('Savings Results'!$A$1,6,6,2000),$D21)/(1/(1-SUM('CE Parameters'!$F$10:$F$11))))/1000,0)","v":0},{"$f":"IF(OFFSET('Savings Results'!$A$1,5,16 +AI$17-MIN('Savings Results'!$G:$G))=AI$17,(SUMIFS(OFFSET('Savings Results'!$A$1,6,16 +AI$17-MIN('Savings Results'!$G:$G),2000),OFFSET('Savings Results'!$A$1,6,4,2000),\"Dx\",OFFSET('Savings Results'!$A$1,6,6,2000),$D21)/(1/(1-SUM('CE Parameters'!$F$10:$F$11))))/1000,0)","v":0},{"$f":"IF(OFFSET('Savings Results'!$A$1,5,16 +MAX('Savings Results'!$G:$G)-MIN('Savings Results'!$G:$G)+MAX('Savings Results'!$J:$J)+AI$17-MIN('Savings Results'!$G:$G))=AI$17,(SUMIFS(OFFSET('Savings Results'!$A$1,6,16 +MAX('Savings Results'!$G:$G)-MIN('Savings Results'!$G:$G)+MAX('Savings Results'!$J:$J)+AI$17-MIN('Savings Results'!$G:$G),2000),OFFSET('Savings Results'!$A$1,6,4,2000),\"Dx\",OFFSET('Savings Results'!$A$1,6,6,2000),$D21)/(1/(1-SUM('CE Parameters'!$F$10:$F$11))))/1000,0)","v":0},{"$f":"IF(OFFSET('Savings Results'!$A$1,5,16 +AK$17-MIN('Savings Results'!$G:$G))=AK$17,(SUMIFS(OFFSET('Savings Results'!$A$1,6,16 +AK$17-MIN('Savings Results'!$G:$G),2000),OFFSET('Savings Results'!$A$1,6,4,2000),\"Dx\",OFFSET('Savings Results'!$A$1,6,6,2000),$D21)/(1/(1-SUM('CE Parameters'!$F$10:$F$11))))/1000,0)","v":0},{"$f":"IF(OFFSET('Savings Results'!$A$1,5,16 +MAX('Savings Results'!$G:$G)-MIN('Savings Results'!$G:$G)+MAX('Savings Results'!$J:$J)+AK$17-MIN('Savings Results'!$G:$G))=AK$17,(SUMIFS(OFFSET('Savings Results'!$A$1,6,16 +MAX('Savings Results'!$G:$G)-MIN('Savings Results'!$G:$G)+MAX('Savings Results'!$J:$J)+AK$17-MIN('Savings Results'!$G:$G),2000),OFFSET('Savings Results'!$A$1,6,4,2000),\"Dx\",OFFSET('Savings Results'!$A$1,6,6,2000),$D21)/(1/(1-SUM('CE Parameters'!$F$10:$F$11))))/1000,0)","v":0},{"$f":"IF(OFFSET('Savings Results'!$A$1,5,16 +AM$17-MIN('Savings Results'!$G:$G))=AM$17,(SUMIFS(OFFSET('Savings Results'!$A$1,6,16 +AM$17-MIN('Savings Results'!$G:$G),2000),OFFSET('Savings Results'!$A$1,6,4,2000),\"Dx\",OFFSET('Savings Results'!$A$1,6,6,2000),$D21)/(1/(1-SUM('CE Parameters'!$F$10:$F$11))))/1000,0)","v":0},{"$f":"IF(OFFSET('Savings Results'!$A$1,5,16 +MAX('Savings Results'!$G:$G)-MIN('Savings Results'!$G:$G)+MAX('Savings Results'!$J:$J)+AM$17-MIN('Savings Results'!$G:$G))=AM$17,(SUMIFS(OFFSET('Savings Results'!$A$1,6,16 +MAX('Savings Results'!$G:$G)-MIN('Savings Results'!$G:$G)+MAX('Savings Results'!$J:$J)+AM$17-MIN('Savings Results'!$G:$G),2000),OFFSET('Savings Results'!$A$1,6,4,2000),\"Dx\",OFFSET('Savings Results'!$A$1,6,6,2000),$D21)/(1/(1-SUM('CE Parameters'!$F$10:$F$11))))/1000,0)","v":0}]
[null,null,null,2018,{"$f":"IF(OFFSET('Savings Results'!$A$1,5,16 +E$17-MIN('Savings Results'!$G:$G))=E$17,(SUMIFS(OFFSET('Savings Results'!$A$1,6,16 +E$17-MIN('Savings Results'!$G:$G),2000),OFFSET('Savings Results'!$A$1,6,4,2000),\"Dx\",OFFSET('Savings Results'!$A$1,6,6,2000),$D22)/(1/(1-SUM('CE Parameters'!$F$10:$F$11))))/1000,0)","v":0},{"$f":"IF(OFFSET('Savings Results'!$A$1,5,16 +MAX('Savings Results'!$G:$G)-MIN('Savings Results'!$G:$G)+MAX('Savings Results'!$J:$J)+E$17-MIN('Savings Results'!$G:$G))=E$17,(SUMIFS(OFFSET('Savings Results'!$A$1,6,16 +MAX('Savings Results'!$G:$G)-MIN('Savings Results'!$G:$G)+MAX('Savings Results'!$J:$J)+E$17-MIN('Savings Results'!$G:$G),2000),OFFSET('Savings Results'!$A$1,6,4,2000),\"Dx\",OFFSET('Savings Results'!$A$1,6,6,2000),$D22)/(1/(1-SUM('CE Parameters'!$F$10:$F$11))))/1000,0)","v":0},{"$f":"IF(OFFSET('Savings Results'!$A$1,5,16 +G$17-MIN('Savings Results'!$G:$G))=G$17,(SUMIFS(OFFSET('Savings Results'!$A$1,6,16 +G$17-MIN('Savings Results'!$G:$G),2000),OFFSET('Savings Results'!$A$1,6,4,2000),\"Dx\",OFFSET('Savings Results'!$A$1,6,6,2000),$D22)/(1/(1-SUM('CE Parameters'!$F$10:$F$11))))/1000,0)","v":0},{"$f":"IF(OFFSET('Savings Results'!$A$1,5,16 +MAX('Savings Results'!$G:$G)-MIN('Savings Results'!$G:$G)+MAX('Savings Results'!$J:$J)+G$17-MIN('Savings Results'!$G:$G))=G$17,(SUMIFS(OFFSET('Savings Results'!$A$1,6,16 +MAX('Savings Results'!$G:$G)-MIN('Savings Results'!$G:$G)+MAX('Savings Results'!$J:$J)+G$17-MIN('Savings Results'!$G:$G),2000),OFFSET('Savings Results'!$A$1,6,4,2000),\"Dx\",OFFSET('Savings Results'!$A$1,6,6,2000),$D22)/(1/(1-SUM('CE Parameters'!$F$10:$F$11))))/1000,0)","v":0},{"$f":"IF(OFFSET('Savings Results'!$A$1,5,16 +I$17-MIN('Savings Results'!$G:$G))=I$17,(SUMIFS(OFFSET('Savings Results'!$A$1,6,16 +I$17-MIN('Savings Results'!$G:$G),2000),OFFSET('Savings Results'!$A$1,6,4,2000),\"Dx\",OFFSET('Savings Results'!$A$1,6,6,2000),$D22)/(1/(1-SUM('CE Parameters'!$F$10:$F$11))))/1000,0)","v":0},{"$f":"IF(OFFSET('Savings Results'!$A$1,5,16 +MAX('Savings Results'!$G:$G)-MIN('Savings Results'!$G:$G)+MAX('Savings Results'!$J:$J)+I$17-MIN('Savings Results'!$G:$G))=I$17,(SUMIFS(OFFSET('Savings Results'!$A$1,6,16 +MAX('Savings Results'!$G:$G)-MIN('Savings Results'!$G:$G)+MAX('Savings Results'!$J:$J)+I$17-MIN('Savings Results'!$G:$G),2000),OFFSET('Savings Results'!$A$1,6,4,2000),\"Dx\",OFFSET('Savings Results'!$A$1,6,6,2000),$D22)/(1/(1-SUM('CE Parameters'!$F$10:$F$11))))/1000,0)","v":0},{"$f":"IF(OFFSET('Savings Results'!$A$1,5,16 +K$17-MIN('Savings Results'!$G:$G))=K$17,(SUMIFS(OFFSET('Savings Results'!$A$1,6,16 +K$17-MIN('Savings Results'!$G:$G),2000),OFFSET('Savings Results'!$A$1,6,4,2000),\"Dx\",OFFSET('Savings Results'!$A$1,6,6,2000),$D22)/(1/(1-SUM('CE Parameters'!$F$10:$F$11))))/1000,0)","v":0},{"$f":"IF(OFFSET('Savings Results'!$A$1,5,16 +MAX('Savings Results'!$G:$G)-MIN('Savings Results'!$G:$G)+MAX('Savings Results'!$J:$J)+K$17-MIN('Savings Results'!$G:$G))=K$17,(SUMIFS(OFFSET('Savings Results'!$A$1,6,16 +MAX('Savings Results'!$G:$G)-MIN('Savings Results'!$G:$G)+MAX('Savings Results'!$J:$J)+K$17-MIN('Savings Results'!$G:$G),2000),OFFSET('Savings Results'!$A$1,6,4,2000),\"Dx\",OFFSET('Savings Results'!$A$1,6,6,2000),$D22)/(1/(1-SUM('CE Parameters'!$F$10:$F$11))))/1000,0)","v":0},{"$f":"IF(OFFSET('Savings Results'!$A$1,5,16 +M$17-MIN('Savings Results'!$G:$G))=M$17,(SUMIFS(OFFSET('Savings Results'!$A$1,6,16 +M$17-MIN('Savings Results'!$G:$G),2000),OFFSET('Savings Results'!$A$1,6,4,2000),\"Dx\",OFFSET('Savings Results'!$A$1,6,6,2000),$D22)/(1/(1-SUM('CE Parameters'!$F$10:$F$11))))/1000,0)","v":0},{"$f":"IF(OFFSET('Savings Results'!$A$1,5,16 +MAX('Savings Results'!$G:$G)-MIN('Savings Results'!$G:$G)+MAX('Savings Results'!$J:$J)+M$17-MIN('Savings Results'!$G:$G))=M$17,(SUMIFS(OFFSET('Savings Results'!$A$1,6,16 +MAX('Savings Results'!$G:$G)-MIN('Savings Results'!$G:$G)+MAX('Savings Results'!$J:$J)+M$17-MIN('Savings Results'!$G:$G),2000),OFFSET('Savings Results'!$A$1,6,4,2000),\"Dx\",OFFSET('Savings Results'!$A$1,6,6,2000),$D22)/(1/(1-SUM('CE Parameters'!$F$10:$F$11))))/1000,0)","v":0},{"$f":"IF(OFFSET('Savings Results'!$A$1,5,16 +O$17-MIN('Savings Results'!$G:$G))=O$17,(SUMIFS(OFFSET('Savings Results'!$A$1,6,16 +O$17-MIN('Savings Results'!$G:$G),2000),OFFSET('Savings Results'!$A$1,6,4,2000),\"Dx\",OFFSET('Savings Results'!$A$1,6,6,2000),$D22)/(1/(1-SUM('CE Parameters'!$F$10:$F$11))))/1000,0)","v":0},{"$f":"IF(OFFSET('Savings Results'!$A$1,5,16 +MAX('Savings Results'!$G:$G)-MIN('Savings Results'!$G:$G)+MAX('Savings Results'!$J:$J)+O$17-MIN('Savings Results'!$G:$G))=O$17,(SUMIFS(OFFSET('Savings Results'!$A$1,6,16 +MAX('Savings Results'!$G:$G)-MIN('Savings Results'!$G:$G)+MAX('Savings Results'!$J:$J)+O$17-MIN('Savings Results'!$G:$G),2000),OFFSET('Savings Results'!$A$1,6,4,2000),\"Dx\",OFFSET('Savings Results'!$A$1,6,6,2000),$D22)/(1/(1-SUM('CE Parameters'!$F$10:$F$11))))/1000,0)","v":0},{"$f":"IF(OFFSET('Savings Results'!$A$1,5,16 +Q$17-MIN('Savings Results'!$G:$G))=Q$17,(SUMIFS(OFFSET('Savings Results'!$A$1,6,16 +Q$17-MIN('Savings Results'!$G:$G),2000),OFFSET('Savings Results'!$A$1,6,4,2000),\"Dx\",OFFSET('Savings Results'!$A$1,6,6,2000),$D22)/(1/(1-SUM('CE Parameters'!$F$10:$F$11))))/1000,0)","v":0},{"$f":"IF(OFFSET('Savings Results'!$A$1,5,16 +MAX('Savings Results'!$G:$G)-MIN('Savings Results'!$G:$G)+MAX('Savings Results'!$J:$J)+Q$17-MIN('Savings Results'!$G:$G))=Q$17,(SUMIFS(OFFSET('Savings Results'!$A$1,6,16 +MAX('Savings Results'!$G:$G)-MIN('Savings Results'!$G:$G)+MAX('Savings Results'!$J:$J)+Q$17-MIN('Savings Results'!$G:$G),2000),OFFSET('Savings Results'!$A$1,6,4,2000),\"Dx\",OFFSET('Savings Results'!$A$1,6,6,2000),$D22)/(1/(1-SUM('CE Parameters'!$F$10:$F$11))))/1000,0)","v":0},{"$f":"IF(OFFSET('Savings Results'!$A$1,5,16 +S$17-MIN('Savings Results'!$G:$G))=S$17,(SUMIFS(OFFSET('Savings Results'!$A$1,6,16 +S$17-MIN('Savings Results'!$G:$G),2000),OFFSET('Savings Results'!$A$1,6,4,2000),\"Dx\",OFFSET('Savings Results'!$A$1,6,6,2000),$D22)/(1/(1-SUM('CE Parameters'!$F$10:$F$11))))/1000,0)","v":0},{"$f":"IF(OFFSET('Savings Results'!$A$1,5,16 +MAX('Savings Results'!$G:$G)-MIN('Savings Results'!$G:$G)+MAX('Savings Results'!$J:$J)+S$17-MIN('Savings Results'!$G:$G))=S$17,(SUMIFS(OFFSET('Savings Results'!$A$1,6,16 +MAX('Savings Results'!$G:$G)-MIN('Savings Results'!$G:$G)+MAX('Savings Results'!$J:$J)+S$17-MIN('Savings Results'!$G:$G),2000),OFFSET('Savings Results'!$A$1,6,4,2000),\"Dx\",OFFSET('Savings Results'!$A$1,6,6,2000),$D22)/(1/(1-SUM('CE Parameters'!$F$10:$F$11))))/1000,0)","v":0},{"$f":"IF(OFFSET('Savings Results'!$A$1,5,16 +U$17-MIN('Savings Results'!$G:$G))=U$17,(SUMIFS(OFFSET('Savings Results'!$A$1,6,16 +U$17-MIN('Savings Results'!$G:$G),2000),OFFSET('Savings Results'!$A$1,6,4,2000),\"Dx\",OFFSET('Savings Results'!$A$1,6,6,2000),$D22)/(1/(1-SUM('CE Parameters'!$F$10:$F$11))))/1000,0)","v":0},{"$f":"IF(OFFSET('Savings Results'!$A$1,5,16 +MAX('Savings Results'!$G:$G)-MIN('Savings Results'!$G:$G)+MAX('Savings Results'!$J:$J)+U$17-MIN('Savings Results'!$G:$G))=U$17,(SUMIFS(OFFSET('Savings Results'!$A$1,6,16 +MAX('Savings Results'!$G:$G)-MIN('Savings Results'!$G:$G)+MAX('Savings Results'!$J:$J)+U$17-MIN('Savings Results'!$G:$G),2000),OFFSET('Savings Results'!$A$1,6,4,2000),\"Dx\",OFFSET('Savings Results'!$A$1,6,6,2000),$D22)/(1/(1-SUM('CE Parameters'!$F$10:$F$11))))/1000,0)","v":0},{"$f":"IF(OFFSET('Savings Results'!$A$1,5,16 +W$17-MIN('Savings Results'!$G:$G))=W$17,(SUMIFS(OFFSET('Savings Results'!$A$1,6,16 +W$17-MIN('Savings Results'!$G:$G),2000),OFFSET('Savings Results'!$A$1,6,4,2000),\"Dx\",OFFSET('Savings Results'!$A$1,6,6,2000),$D22)/(1/(1-SUM('CE Parameters'!$F$10:$F$11))))/1000,0)","v":0},{"$f":"IF(OFFSET('Savings Results'!$A$1,5,16 +MAX('Savings Results'!$G:$G)-MIN('Savings Results'!$G:$G)+MAX('Savings Results'!$J:$J)+W$17-MIN('Savings Results'!$G:$G))=W$17,(SUMIFS(OFFSET('Savings Results'!$A$1,6,16 +MAX('Savings Results'!$G:$G)-MIN('Savings Results'!$G:$G)+MAX('Savings Results'!$J:$J)+W$17-MIN('Savings Results'!$G:$G),2000),OFFSET('Savings Results'!$A$1,6,4,2000),\"Dx\",OFFSET('Savings Results'!$A$1,6,6,2000),$D22)/(1/(1-SUM('CE Parameters'!$F$10:$F$11))))/1000,0)","v":0},{"$f":"IF(OFFSET('Savings Results'!$A$1,5,16 +Y$17-MIN('Savings Results'!$G:$G))=Y$17,(SUMIFS(OFFSET('Savings Results'!$A$1,6,16 +Y$17-MIN('Savings Results'!$G:$G),2000),OFFSET('Savings Results'!$A$1,6,4,2000),\"Dx\",OFFSET('Savings Results'!$A$1,6,6,2000),$D22)/(1/(1-SUM('CE Parameters'!$F$10:$F$11))))/1000,0)","v":0},{"$f":"IF(OFFSET('Savings Results'!$A$1,5,16 +MAX('Savings Results'!$G:$G)-MIN('Savings Results'!$G:$G)+MAX('Savings Results'!$J:$J)+Y$17-MIN('Savings Results'!$G:$G))=Y$17,(SUMIFS(OFFSET('Savings Results'!$A$1,6,16 +MAX('Savings Results'!$G:$G)-MIN('Savings Results'!$G:$G)+MAX('Savings Results'!$J:$J)+Y$17-MIN('Savings Results'!$G:$G),2000),OFFSET('Savings Results'!$A$1,6,4,2000),\"Dx\",OFFSET('Savings Results'!$A$1,6,6,2000),$D22)/(1/(1-SUM('CE Parameters'!$F$10:$F$11))))/1000,0)","v":0},{"$f":"IF(OFFSET('Savings Results'!$A$1,5,16 +AA$17-MIN('Savings Results'!$G:$G))=AA$17,(SUMIFS(OFFSET('Savings Results'!$A$1,6,16 +AA$17-MIN('Savings Results'!$G:$G),2000),OFFSET('Savings Results'!$A$1,6,4,2000),\"Dx\",OFFSET('Savings Results'!$A$1,6,6,2000),$D22)/(1/(1-SUM('CE Parameters'!$F$10:$F$11))))/1000,0)","v":0},{"$f":"IF(OFFSET('Savings Results'!$A$1,5,16 +MAX('Savings Results'!$G:$G)-MIN('Savings Results'!$G:$G)+MAX('Savings Results'!$J:$J)+AA$17-MIN('Savings Results'!$G:$G))=AA$17,(SUMIFS(OFFSET('Savings Results'!$A$1,6,16 +MAX('Savings Results'!$G:$G)-MIN('Savings Results'!$G:$G)+MAX('Savings Results'!$J:$J)+AA$17-MIN('Savings Results'!$G:$G),2000),OFFSET('Savings Results'!$A$1,6,4,2000),\"Dx\",OFFSET('Savings Results'!$A$1,6,6,2000),$D22)/(1/(1-SUM('CE Parameters'!$F$10:$F$11))))/1000,0)","v":0},{"$f":"IF(OFFSET('Savings Results'!$A$1,5,16 +AC$17-MIN('Savings Results'!$G:$G))=AC$17,(SUMIFS(OFFSET('Savings Results'!$A$1,6,16 +AC$17-MIN('Savings Results'!$G:$G),2000),OFFSET('Savings Results'!$A$1,6,4,2000),\"Dx\",OFFSET('Savings Results'!$A$1,6,6,2000),$D22)/(1/(1-SUM('CE Parameters'!$F$10:$F$11))))/1000,0)","v":0},{"$f":"IF(OFFSET('Savings Results'!$A$1,5,16 +MAX('Savings Results'!$G:$G)-MIN('Savings Results'!$G:$G)+MAX('Savings Results'!$J:$J)+AC$17-MIN('Savings Results'!$G:$G))=AC$17,(SUMIFS(OFFSET('Savings Results'!$A$1,6,16 +MAX('Savings Results'!$G:$G)-MIN('Savings Results'!$G:$G)+MAX('Savings Results'!$J:$J)+AC$17-MIN('Savings Results'!$G:$G),2000),OFFSET('Savings Results'!$A$1,6,4,2000),\"Dx\",OFFSET('Savings Results'!$A$1,6,6,2000),$D22)/(1/(1-SUM('CE Parameters'!$F$10:$F$11))))/1000,0)","v":0},{"$f":"IF(OFFSET('Savings Results'!$A$1,5,16 +AE$17-MIN('Savings Results'!$G:$G))=AE$17,(SUMIFS(OFFSET('Savings Results'!$A$1,6,16 +AE$17-MIN('Savings Results'!$G:$G),2000),OFFSET('Savings Results'!$A$1,6,4,2000),\"Dx\",OFFSET('Savings Results'!$A$1,6,6,2000),$D22)/(1/(1-SUM('CE Parameters'!$F$10:$F$11))))/1000,0)","v":0},{"$f":"IF(OFFSET('Savings Results'!$A$1,5,16 +MAX('Savings Results'!$G:$G)-MIN('Savings Results'!$G:$G)+MAX('Savings Results'!$J:$J)+AE$17-MIN('Savings Results'!$G:$G))=AE$17,(SUMIFS(OFFSET('Savings Results'!$A$1,6,16 +MAX('Savings Results'!$G:$G)-MIN('Savings Results'!$G:$G)+MAX('Savings Results'!$J:$J)+AE$17-MIN('Savings Results'!$G:$G),2000),OFFSET('Savings Results'!$A$1,6,4,2000),\"Dx\",OFFSET('Savings Results'!$A$1,6,6,2000),$D22)/(1/(1-SUM('CE Parameters'!$F$10:$F$11))))/1000,0)","v":0},{"$f":"IF(OFFSET('Savings Results'!$A$1,5,16 +AG$17-MIN('Savings Results'!$G:$G))=AG$17,(SUMIFS(OFFSET('Savings Results'!$A$1,6,16 +AG$17-MIN('Savings Results'!$G:$G),2000),OFFSET('Savings Results'!$A$1,6,4,2000),\"Dx\",OFFSET('Savings Results'!$A$1,6,6,2000),$D22)/(1/(1-SUM('CE Parameters'!$F$10:$F$11))))/1000,0)","v":0},{"$f":"IF(OFFSET('Savings Results'!$A$1,5,16 +MAX('Savings Results'!$G:$G)-MIN('Savings Results'!$G:$G)+MAX('Savings Results'!$J:$J)+AG$17-MIN('Savings Results'!$G:$G))=AG$17,(SUMIFS(OFFSET('Savings Results'!$A$1,6,16 +MAX('Savings Results'!$G:$G)-MIN('Savings Results'!$G:$G)+MAX('Savings Results'!$J:$J)+AG$17-MIN('Savings Results'!$G:$G),2000),OFFSET('Savings Results'!$A$1,6,4,2000),\"Dx\",OFFSET('Savings Results'!$A$1,6,6,2000),$D22)/(1/(1-SUM('CE Parameters'!$F$10:$F$11))))/1000,0)","v":0},{"$f":"IF(OFFSET('Savings Results'!$A$1,5,16 +AI$17-MIN('Savings Results'!$G:$G))=AI$17,(SUMIFS(OFFSET('Savings Results'!$A$1,6,16 +AI$17-MIN('Savings Results'!$G:$G),2000),OFFSET('Savings Results'!$A$1,6,4,2000),\"Dx\",OFFSET('Savings Results'!$A$1,6,6,2000),$D22)/(1/(1-SUM('CE Parameters'!$F$10:$F$11))))/1000,0)","v":0},{"$f":"IF(OFFSET('Savings Results'!$A$1,5,16 +MAX('Savings Results'!$G:$G)-MIN('Savings Results'!$G:$G)+MAX('Savings Results'!$J:$J)+AI$17-MIN('Savings Results'!$G:$G))=AI$17,(SUMIFS(OFFSET('Savings Results'!$A$1,6,16 +MAX('Savings Results'!$G:$G)-MIN('Savings Results'!$G:$G)+MAX('Savings Results'!$J:$J)+AI$17-MIN('Savings Results'!$G:$G),2000),OFFSET('Savings Results'!$A$1,6,4,2000),\"Dx\",OFFSET('Savings Results'!$A$1,6,6,2000),$D22)/(1/(1-SUM('CE Parameters'!$F$10:$F$11))))/1000,0)","v":0},{"$f":"IF(OFFSET('Savings Results'!$A$1,5,16 +AK$17-MIN('Savings Results'!$G:$G))=AK$17,(SUMIFS(OFFSET('Savings Results'!$A$1,6,16 +AK$17-MIN('Savings Results'!$G:$G),2000),OFFSET('Savings Results'!$A$1,6,4,2000),\"Dx\",OFFSET('Savings Results'!$A$1,6,6,2000),$D22)/(1/(1-SUM('CE Parameters'!$F$10:$F$11))))/1000,0)","v":0},{"$f":"IF(OFFSET('Savings Results'!$A$1,5,16 +MAX('Savings Results'!$G:$G)-MIN('Savings Results'!$G:$G)+MAX('Savings Results'!$J:$J)+AK$17-MIN('Savings Results'!$G:$G))=AK$17,(SUMIFS(OFFSET('Savings Results'!$A$1,6,16 +MAX('Savings Results'!$G:$G)-MIN('Savings Results'!$G:$G)+MAX('Savings Results'!$J:$J)+AK$17-MIN('Savings Results'!$G:$G),2000),OFFSET('Savings Results'!$A$1,6,4,2000),\"Dx\",OFFSET('Savings Results'!$A$1,6,6,2000),$D22)/(1/(1-SUM('CE Parameters'!$F$10:$F$11))))/1000,0)","v":0},{"$f":"IF(OFFSET('Savings Results'!$A$1,5,16 +AM$17-MIN('Savings Results'!$G:$G))=AM$17,(SUMIFS(OFFSET('Savings Results'!$A$1,6,16 +AM$17-MIN('Savings Results'!$G:$G),2000),OFFSET('Savings Results'!$A$1,6,4,2000),\"Dx\",OFFSET('Savings Results'!$A$1,6,6,2000),$D22)/(1/(1-SUM('CE Parameters'!$F$10:$F$11))))/1000,0)","v":0},{"$f":"IF(OFFSET('Savings Results'!$A$1,5,16 +MAX('Savings Results'!$G:$G)-MIN('Savings Results'!$G:$G)+MAX('Savings Results'!$J:$J)+AM$17-MIN('Savings Results'!$G:$G))=AM$17,(SUMIFS(OFFSET('Savings Results'!$A$1,6,16 +MAX('Savings Results'!$G:$G)-MIN('Savings Results'!$G:$G)+MAX('Savings Results'!$J:$J)+AM$17-MIN('Savings Results'!$G:$G),2000),OFFSET('Savings Results'!$A$1,6,4,2000),\"Dx\",OFFSET('Savings Results'!$A$1,6,6,2000),$D22)/(1/(1-SUM('CE Parameters'!$F$10:$F$11))))/1000,0)","v":0}]
[null,null,null,2019,{"$f":"IF(OFFSET('Savings Results'!$A$1,5,16 +E$17-MIN('Savings Results'!$G:$G))=E$17,(SUMIFS(OFFSET('Savings Results'!$A$1,6,16 +E$17-MIN('Savings Results'!$G:$G),2000),OFFSET('Savings Results'!$A$1,6,4,2000),\"Dx\",OFFSET('Savings Results'!$A$1,6,6,2000),$D23)/(1/(1-SUM('CE Parameters'!$F$10:$F$11))))/1000,0)","v":0},{"$f":"IF(OFFSET('Savings Results'!$A$1,5,16 +MAX('Savings Results'!$G:$G)-MIN('Savings Results'!$G:$G)+MAX('Savings Results'!$J:$J)+E$17-MIN('Savings Results'!$G:$G))=E$17,(SUMIFS(OFFSET('Savings Results'!$A$1,6,16 +MAX('Savings Results'!$G:$G)-MIN('Savings Results'!$G:$G)+MAX('Savings Results'!$J:$J)+E$17-MIN('Savings Results'!$G:$G),2000),OFFSET('Savings Results'!$A$1,6,4,2000),\"Dx\",OFFSET('Savings Results'!$A$1,6,6,2000),$D23)/(1/(1-SUM('CE Parameters'!$F$10:$F$11))))/1000,0)","v":0},{"$f":"IF(OFFSET('Savings Results'!$A$1,5,16 +G$17-MIN('Savings Results'!$G:$G))=G$17,(SUMIFS(OFFSET('Savings Results'!$A$1,6,16 +G$17-MIN('Savings Results'!$G:$G),2000),OFFSET('Savings Results'!$A$1,6,4,2000),\"Dx\",OFFSET('Savings Results'!$A$1,6,6,2000),$D23)/(1/(1-SUM('CE Parameters'!$F$10:$F$11))))/1000,0)","v":0},{"$f":"IF(OFFSET('Savings Results'!$A$1,5,16 +MAX('Savings Results'!$G:$G)-MIN('Savings Results'!$G:$G)+MAX('Savings Results'!$J:$J)+G$17-MIN('Savings Results'!$G:$G))=G$17,(SUMIFS(OFFSET('Savings Results'!$A$1,6,16 +MAX('Savings Results'!$G:$G)-MIN('Savings Results'!$G:$G)+MAX('Savings Results'!$J:$J)+G$17-MIN('Savings Results'!$G:$G),2000),OFFSET('Savings Results'!$A$1,6,4,2000),\"Dx\",OFFSET('Savings Results'!$A$1,6,6,2000),$D23)/(1/(1-SUM('CE Parameters'!$F$10:$F$11))))/1000,0)","v":0},{"$f":"IF(OFFSET('Savings Results'!$A$1,5,16 +I$17-MIN('Savings Results'!$G:$G))=I$17,(SUMIFS(OFFSET('Savings Results'!$A$1,6,16 +I$17-MIN('Savings Results'!$G:$G),2000),OFFSET('Savings Results'!$A$1,6,4,2000),\"Dx\",OFFSET('Savings Results'!$A$1,6,6,2000),$D23)/(1/(1-SUM('CE Parameters'!$F$10:$F$11))))/1000,0)","v":0},{"$f":"IF(OFFSET('Savings Results'!$A$1,5,16 +MAX('Savings Results'!$G:$G)-MIN('Savings Results'!$G:$G)+MAX('Savings Results'!$J:$J)+I$17-MIN('Savings Results'!$G:$G))=I$17,(SUMIFS(OFFSET('Savings Results'!$A$1,6,16 +MAX('Savings Results'!$G:$G)-MIN('Savings Results'!$G:$G)+MAX('Savings Results'!$J:$J)+I$17-MIN('Savings Results'!$G:$G),2000),OFFSET('Savings Results'!$A$1,6,4,2000),\"Dx\",OFFSET('Savings Results'!$A$1,6,6,2000),$D23)/(1/(1-SUM('CE Parameters'!$F$10:$F$11))))/1000,0)","v":0},{"$f":"IF(OFFSET('Savings Results'!$A$1,5,16 +K$17-MIN('Savings Results'!$G:$G))=K$17,(SUMIFS(OFFSET('Savings Results'!$A$1,6,16 +K$17-MIN('Savings Results'!$G:$G),2000),OFFSET('Savings Results'!$A$1,6,4,2000),\"Dx\",OFFSET('Savings Results'!$A$1,6,6,2000),$D23)/(1/(1-SUM('CE Parameters'!$F$10:$F$11))))/1000,0)","v":0},{"$f":"IF(OFFSET('Savings Results'!$A$1,5,16 +MAX('Savings Results'!$G:$G)-MIN('Savings Results'!$G:$G)+MAX('Savings Results'!$J:$J)+K$17-MIN('Savings Results'!$G:$G))=K$17,(SUMIFS(OFFSET('Savings Results'!$A$1,6,16 +MAX('Savings Results'!$G:$G)-MIN('Savings Results'!$G:$G)+MAX('Savings Results'!$J:$J)+K$17-MIN('Savings Results'!$G:$G),2000),OFFSET('Savings Results'!$A$1,6,4,2000),\"Dx\",OFFSET('Savings Results'!$A$1,6,6,2000),$D23)/(1/(1-SUM('CE Parameters'!$F$10:$F$11))))/1000,0)","v":0},{"$f":"IF(OFFSET('Savings Results'!$A$1,5,16 +M$17-MIN('Savings Results'!$G:$G))=M$17,(SUMIFS(OFFSET('Savings Results'!$A$1,6,16 +M$17-MIN('Savings Results'!$G:$G),2000),OFFSET('Savings Results'!$A$1,6,4,2000),\"Dx\",OFFSET('Savings Results'!$A$1,6,6,2000),$D23)/(1/(1-SUM('CE Parameters'!$F$10:$F$11))))/1000,0)","v":0},{"$f":"IF(OFFSET('Savings Results'!$A$1,5,16 +MAX('Savings Results'!$G:$G)-MIN('Savings Results'!$G:$G)+MAX('Savings Results'!$J:$J)+M$17-MIN('Savings Results'!$G:$G))=M$17,(SUMIFS(OFFSET('Savings Results'!$A$1,6,16 +MAX('Savings Results'!$G:$G)-MIN('Savings Results'!$G:$G)+MAX('Savings Results'!$J:$J)+M$17-MIN('Savings Results'!$G:$G),2000),OFFSET('Savings Results'!$A$1,6,4,2000),\"Dx\",OFFSET('Savings Results'!$A$1,6,6,2000),$D23)/(1/(1-SUM('CE Parameters'!$F$10:$F$11))))/1000,0)","v":0},{"$f":"IF(OFFSET('Savings Results'!$A$1,5,16 +O$17-MIN('Savings Results'!$G:$G))=O$17,(SUMIFS(OFFSET('Savings Results'!$A$1,6,16 +O$17-MIN('Savings Results'!$G:$G),2000),OFFSET('Savings Results'!$A$1,6,4,2000),\"Dx\",OFFSET('Savings Results'!$A$1,6,6,2000),$D23)/(1/(1-SUM('CE Parameters'!$F$10:$F$11))))/1000,0)","v":0},{"$f":"IF(OFFSET('Savings Results'!$A$1,5,16 +MAX('Savings Results'!$G:$G)-MIN('Savings Results'!$G:$G)+MAX('Savings Results'!$J:$J)+O$17-MIN('Savings Results'!$G:$G))=O$17,(SUMIFS(OFFSET('Savings Results'!$A$1,6,16 +MAX('Savings Results'!$G:$G)-MIN('Savings Results'!$G:$G)+MAX('Savings Results'!$J:$J)+O$17-MIN('Savings Results'!$G:$G),2000),OFFSET('Savings Results'!$A$1,6,4,2000),\"Dx\",OFFSET('Savings Results'!$A$1,6,6,2000),$D23)/(1/(1-SUM('CE Parameters'!$F$10:$F$11))))/1000,0)","v":0},{"$f":"IF(OFFSET('Savings Results'!$A$1,5,16 +Q$17-MIN('Savings Results'!$G:$G))=Q$17,(SUMIFS(OFFSET('Savings Results'!$A$1,6,16 +Q$17-MIN('Savings Results'!$G:$G),2000),OFFSET('Savings Results'!$A$1,6,4,2000),\"Dx\",OFFSET('Savings Results'!$A$1,6,6,2000),$D23)/(1/(1-SUM('CE Parameters'!$F$10:$F$11))))/1000,0)","v":0},{"$f":"IF(OFFSET('Savings Results'!$A$1,5,16 +MAX('Savings Results'!$G:$G)-MIN('Savings Results'!$G:$G)+MAX('Savings Results'!$J:$J)+Q$17-MIN('Savings Results'!$G:$G))=Q$17,(SUMIFS(OFFSET('Savings Results'!$A$1,6,16 +MAX('Savings Results'!$G:$G)-MIN('Savings Results'!$G:$G)+MAX('Savings Results'!$J:$J)+Q$17-MIN('Savings Results'!$G:$G),2000),OFFSET('Savings Results'!$A$1,6,4,2000),\"Dx\",OFFSET('Savings Results'!$A$1,6,6,2000),$D23)/(1/(1-SUM('CE Parameters'!$F$10:$F$11))))/1000,0)","v":0},{"$f":"IF(OFFSET('Savings Results'!$A$1,5,16 +S$17-MIN('Savings Results'!$G:$G))=S$17,(SUMIFS(OFFSET('Savings Results'!$A$1,6,16 +S$17-MIN('Savings Results'!$G:$G),2000),OFFSET('Savings Results'!$A$1,6,4,2000),\"Dx\",OFFSET('Savings Results'!$A$1,6,6,2000),$D23)/(1/(1-SUM('CE Parameters'!$F$10:$F$11))))/1000,0)","v":0},{"$f":"IF(OFFSET('Savings Results'!$A$1,5,16 +MAX('Savings Results'!$G:$G)-MIN('Savings Results'!$G:$G)+MAX('Savings Results'!$J:$J)+S$17-MIN('Savings Results'!$G:$G))=S$17,(SUMIFS(OFFSET('Savings Results'!$A$1,6,16 +MAX('Savings Results'!$G:$G)-MIN('Savings Results'!$G:$G)+MAX('Savings Results'!$J:$J)+S$17-MIN('Savings Results'!$G:$G),2000),OFFSET('Savings Results'!$A$1,6,4,2000),\"Dx\",OFFSET('Savings Results'!$A$1,6,6,2000),$D23)/(1/(1-SUM('CE Parameters'!$F$10:$F$11))))/1000,0)","v":0},{"$f":"IF(OFFSET('Savings Results'!$A$1,5,16 +U$17-MIN('Savings Results'!$G:$G))=U$17,(SUMIFS(OFFSET('Savings Results'!$A$1,6,16 +U$17-MIN('Savings Results'!$G:$G),2000),OFFSET('Savings Results'!$A$1,6,4,2000),\"Dx\",OFFSET('Savings Results'!$A$1,6,6,2000),$D23)/(1/(1-SUM('CE Parameters'!$F$10:$F$11))))/1000,0)","v":0},{"$f":"IF(OFFSET('Savings Results'!$A$1,5,16 +MAX('Savings Results'!$G:$G)-MIN('Savings Results'!$G:$G)+MAX('Savings Results'!$J:$J)+U$17-MIN('Savings Results'!$G:$G))=U$17,(SUMIFS(OFFSET('Savings Results'!$A$1,6,16 +MAX('Savings Results'!$G:$G)-MIN('Savings Results'!$G:$G)+MAX('Savings Results'!$J:$J)+U$17-MIN('Savings Results'!$G:$G),2000),OFFSET('Savings Results'!$A$1,6,4,2000),\"Dx\",OFFSET('Savings Results'!$A$1,6,6,2000),$D23)/(1/(1-SUM('CE Parameters'!$F$10:$F$11))))/1000,0)","v":0},{"$f":"IF(OFFSET('Savings Results'!$A$1,5,16 +W$17-MIN('Savings Results'!$G:$G))=W$17,(SUMIFS(OFFSET('Savings Results'!$A$1,6,16 +W$17-MIN('Savings Results'!$G:$G),2000),OFFSET('Savings Results'!$A$1,6,4,2000),\"Dx\",OFFSET('Savings Results'!$A$1,6,6,2000),$D23)/(1/(1-SUM('CE Parameters'!$F$10:$F$11))))/1000,0)","v":0},{"$f":"IF(OFFSET('Savings Results'!$A$1,5,16 +MAX('Savings Results'!$G:$G)-MIN('Savings Results'!$G:$G)+MAX('Savings Results'!$J:$J)+W$17-MIN('Savings Results'!$G:$G))=W$17,(SUMIFS(OFFSET('Savings Results'!$A$1,6,16 +MAX('Savings Results'!$G:$G)-MIN('Savings Results'!$G:$G)+MAX('Savings Results'!$J:$J)+W$17-MIN('Savings Results'!$G:$G),2000),OFFSET('Savings Results'!$A$1,6,4,2000),\"Dx\",OFFSET('Savings Results'!$A$1,6,6,2000),$D23)/(1/(1-SUM('CE Parameters'!$F$10:$F$11))))/1000,0)","v":0},{"$f":"IF(OFFSET('Savings Results'!$A$1,5,16 +Y$17-MIN('Savings Results'!$G:$G))=Y$17,(SUMIFS(OFFSET('Savings Results'!$A$1,6,16 +Y$17-MIN('Savings Results'!$G:$G),2000),OFFSET('Savings Results'!$A$1,6,4,2000),\"Dx\",OFFSET('Savings Results'!$A$1,6,6,2000),$D23)/(1/(1-SUM('CE Parameters'!$F$10:$F$11))))/1000,0)","v":0},{"$f":"IF(OFFSET('Savings Results'!$A$1,5,16 +MAX('Savings Results'!$G:$G)-MIN('Savings Results'!$G:$G)+MAX('Savings Results'!$J:$J)+Y$17-MIN('Savings Results'!$G:$G))=Y$17,(SUMIFS(OFFSET('Savings Results'!$A$1,6,16 +MAX('Savings Results'!$G:$G)-MIN('Savings Results'!$G:$G)+MAX('Savings Results'!$J:$J)+Y$17-MIN('Savings Results'!$G:$G),2000),OFFSET('Savings Results'!$A$1,6,4,2000),\"Dx\",OFFSET('Savings Results'!$A$1,6,6,2000),$D23)/(1/(1-SUM('CE Parameters'!$F$10:$F$11))))/1000,0)","v":0},{"$f":"IF(OFFSET('Savings Results'!$A$1,5,16 +AA$17-MIN('Savings Results'!$G:$G))=AA$17,(SUMIFS(OFFSET('Savings Results'!$A$1,6,16 +AA$17-MIN('Savings Results'!$G:$G),2000),OFFSET('Savings Results'!$A$1,6,4,2000),\"Dx\",OFFSET('Savings Results'!$A$1,6,6,2000),$D23)/(1/(1-SUM('CE Parameters'!$F$10:$F$11))))/1000,0)","v":0},{"$f":"IF(OFFSET('Savings Results'!$A$1,5,16 +MAX('Savings Results'!$G:$G)-MIN('Savings Results'!$G:$G)+MAX('Savings Results'!$J:$J)+AA$17-MIN('Savings Results'!$G:$G))=AA$17,(SUMIFS(OFFSET('Savings Results'!$A$1,6,16 +MAX('Savings Results'!$G:$G)-MIN('Savings Results'!$G:$G)+MAX('Savings Results'!$J:$J)+AA$17-MIN('Savings Results'!$G:$G),2000),OFFSET('Savings Results'!$A$1,6,4,2000),\"Dx\",OFFSET('Savings Results'!$A$1,6,6,2000),$D23)/(1/(1-SUM('CE Parameters'!$F$10:$F$11))))/1000,0)","v":0},{"$f":"IF(OFFSET('Savings Results'!$A$1,5,16 +AC$17-MIN('Savings Results'!$G:$G))=AC$17,(SUMIFS(OFFSET('Savings Results'!$A$1,6,16 +AC$17-MIN('Savings Results'!$G:$G),2000),OFFSET('Savings Results'!$A$1,6,4,2000),\"Dx\",OFFSET('Savings Results'!$A$1,6,6,2000),$D23)/(1/(1-SUM('CE Parameters'!$F$10:$F$11))))/1000,0)","v":0},{"$f":"IF(OFFSET('Savings Results'!$A$1,5,16 +MAX('Savings Results'!$G:$G)-MIN('Savings Results'!$G:$G)+MAX('Savings Results'!$J:$J)+AC$17-MIN('Savings Results'!$G:$G))=AC$17,(SUMIFS(OFFSET('Savings Results'!$A$1,6,16 +MAX('Savings Results'!$G:$G)-MIN('Savings Results'!$G:$G)+MAX('Savings Results'!$J:$J)+AC$17-MIN('Savings Results'!$G:$G),2000),OFFSET('Savings Results'!$A$1,6,4,2000),\"Dx\",OFFSET('Savings Results'!$A$1,6,6,2000),$D23)/(1/(1-SUM('CE Parameters'!$F$10:$F$11))))/1000,0)","v":0},{"$f":"IF(OFFSET('Savings Results'!$A$1,5,16 +AE$17-MIN('Savings Results'!$G:$G))=AE$17,(SUMIFS(OFFSET('Savings Results'!$A$1,6,16 +AE$17-MIN('Savings Results'!$G:$G),2000),OFFSET('Savings Results'!$A$1,6,4,2000),\"Dx\",OFFSET('Savings Results'!$A$1,6,6,2000),$D23)/(1/(1-SUM('CE Parameters'!$F$10:$F$11))))/1000,0)","v":0},{"$f":"IF(OFFSET('Savings Results'!$A$1,5,16 +MAX('Savings Results'!$G:$G)-MIN('Savings Results'!$G:$G)+MAX('Savings Results'!$J:$J)+AE$17-MIN('Savings Results'!$G:$G))=AE$17,(SUMIFS(OFFSET('Savings Results'!$A$1,6,16 +MAX('Savings Results'!$G:$G)-MIN('Savings Results'!$G:$G)+MAX('Savings Results'!$J:$J)+AE$17-MIN('Savings Results'!$G:$G),2000),OFFSET('Savings Results'!$A$1,6,4,2000),\"Dx\",OFFSET('Savings Results'!$A$1,6,6,2000),$D23)/(1/(1-SUM('CE Parameters'!$F$10:$F$11))))/1000,0)","v":0},{"$f":"IF(OFFSET('Savings Results'!$A$1,5,16 +AG$17-MIN('Savings Results'!$G:$G))=AG$17,(SUMIFS(OFFSET('Savings Results'!$A$1,6,16 +AG$17-MIN('Savings Results'!$G:$G),2000),OFFSET('Savings Results'!$A$1,6,4,2000),\"Dx\",OFFSET('Savings Results'!$A$1,6,6,2000),$D23)/(1/(1-SUM('CE Parameters'!$F$10:$F$11))))/1000,0)","v":0},{"$f":"IF(OFFSET('Savings Results'!$A$1,5,16 +MAX('Savings Results'!$G:$G)-MIN('Savings Results'!$G:$G)+MAX('Savings Results'!$J:$J)+AG$17-MIN('Savings Results'!$G:$G))=AG$17,(SUMIFS(OFFSET('Savings Results'!$A$1,6,16 +MAX('Savings Results'!$G:$G)-MIN('Savings Results'!$G:$G)+MAX('Savings Results'!$J:$J)+AG$17-MIN('Savings Results'!$G:$G),2000),OFFSET('Savings Results'!$A$1,6,4,2000),\"Dx\",OFFSET('Savings Results'!$A$1,6,6,2000),$D23)/(1/(1-SUM('CE Parameters'!$F$10:$F$11))))/1000,0)","v":0},{"$f":"IF(OFFSET('Savings Results'!$A$1,5,16 +AI$17-MIN('Savings Results'!$G:$G))=AI$17,(SUMIFS(OFFSET('Savings Results'!$A$1,6,16 +AI$17-MIN('Savings Results'!$G:$G),2000),OFFSET('Savings Results'!$A$1,6,4,2000),\"Dx\",OFFSET('Savings Results'!$A$1,6,6,2000),$D23)/(1/(1-SUM('CE Parameters'!$F$10:$F$11))))/1000,0)","v":0},{"$f":"IF(OFFSET('Savings Results'!$A$1,5,16 +MAX('Savings Results'!$G:$G)-MIN('Savings Results'!$G:$G)+MAX('Savings Results'!$J:$J)+AI$17-MIN('Savings Results'!$G:$G))=AI$17,(SUMIFS(OFFSET('Savings Results'!$A$1,6,16 +MAX('Savings Results'!$G:$G)-MIN('Savings Results'!$G:$G)+MAX('Savings Results'!$J:$J)+AI$17-MIN('Savings Results'!$G:$G),2000),OFFSET('Savings Results'!$A$1,6,4,2000),\"Dx\",OFFSET('Savings Results'!$A$1,6,6,2000),$D23)/(1/(1-SUM('CE Parameters'!$F$10:$F$11))))/1000,0)","v":0},{"$f":"IF(OFFSET('Savings Results'!$A$1,5,16 +AK$17-MIN('Savings Results'!$G:$G))=AK$17,(SUMIFS(OFFSET('Savings Results'!$A$1,6,16 +AK$17-MIN('Savings Results'!$G:$G),2000),OFFSET('Savings Results'!$A$1,6,4,2000),\"Dx\",OFFSET('Savings Results'!$A$1,6,6,2000),$D23)/(1/(1-SUM('CE Parameters'!$F$10:$F$11))))/1000,0)","v":0},{"$f":"IF(OFFSET('Savings Results'!$A$1,5,16 +MAX('Savings Results'!$G:$G)-MIN('Savings Results'!$G:$G)+MAX('Savings Results'!$J:$J)+AK$17-MIN('Savings Results'!$G:$G))=AK$17,(SUMIFS(OFFSET('Savings Results'!$A$1,6,16 +MAX('Savings Results'!$G:$G)-MIN('Savings Results'!$G:$G)+MAX('Savings Results'!$J:$J)+AK$17-MIN('Savings Results'!$G:$G),2000),OFFSET('Savings Results'!$A$1,6,4,2000),\"Dx\",OFFSET('Savings Results'!$A$1,6,6,2000),$D23)/(1/(1-SUM('CE Parameters'!$F$10:$F$11))))/1000,0)","v":0},{"$f":"IF(OFFSET('Savings Results'!$A$1,5,16 +AM$17-MIN('Savings Results'!$G:$G))=AM$17,(SUMIFS(OFFSET('Savings Results'!$A$1,6,16 +AM$17-MIN('Savings Results'!$G:$G),2000),OFFSET('Savings Results'!$A$1,6,4,2000),\"Dx\",OFFSET('Savings Results'!$A$1,6,6,2000),$D23)/(1/(1-SUM('CE Parameters'!$F$10:$F$11))))/1000,0)","v":0},{"$f":"IF(OFFSET('Savings Results'!$A$1,5,16 +MAX('Savings Results'!$G:$G)-MIN('Savings Results'!$G:$G)+MAX('Savings Results'!$J:$J)+AM$17-MIN('Savings Results'!$G:$G))=AM$17,(SUMIFS(OFFSET('Savings Results'!$A$1,6,16 +MAX('Savings Results'!$G:$G)-MIN('Savings Results'!$G:$G)+MAX('Savings Results'!$J:$J)+AM$17-MIN('Savings Results'!$G:$G),2000),OFFSET('Savings Results'!$A$1,6,4,2000),\"Dx\",OFFSET('Savings Results'!$A$1,6,6,2000),$D23)/(1/(1-SUM('CE Parameters'!$F$10:$F$11))))/1000,0)","v":0}]
[null,null,null,2020,{"$f":"IF(OFFSET('Savings Results'!$A$1,5,16 +E$17-MIN('Savings Results'!$G:$G))=E$17,(SUMIFS(OFFSET('Savings Results'!$A$1,6,16 +E$17-MIN('Savings Results'!$G:$G),2000),OFFSET('Savings Results'!$A$1,6,4,2000),\"Dx\",OFFSET('Savings Results'!$A$1,6,6,2000),$D24)/(1/(1-SUM('CE Parameters'!$F$10:$F$11))))/1000,0)","v":0},{"$f":"IF(OFFSET('Savings Results'!$A$1,5,16 +MAX('Savings Results'!$G:$G)-MIN('Savings Results'!$G:$G)+MAX('Savings Results'!$J:$J)+E$17-MIN('Savings Results'!$G:$G))=E$17,(SUMIFS(OFFSET('Savings Results'!$A$1,6,16 +MAX('Savings Results'!$G:$G)-MIN('Savings Results'!$G:$G)+MAX('Savings Results'!$J:$J)+E$17-MIN('Savings Results'!$G:$G),2000),OFFSET('Savings Results'!$A$1,6,4,2000),\"Dx\",OFFSET('Savings Results'!$A$1,6,6,2000),$D24)/(1/(1-SUM('CE Parameters'!$F$10:$F$11))))/1000,0)","v":0},{"$f":"IF(OFFSET('Savings Results'!$A$1,5,16 +G$17-MIN('Savings Results'!$G:$G))=G$17,(SUMIFS(OFFSET('Savings Results'!$A$1,6,16 +G$17-MIN('Savings Results'!$G:$G),2000),OFFSET('Savings Results'!$A$1,6,4,2000),\"Dx\",OFFSET('Savings Results'!$A$1,6,6,2000),$D24)/(1/(1-SUM('CE Parameters'!$F$10:$F$11))))/1000,0)","v":0},{"$f":"IF(OFFSET('Savings Results'!$A$1,5,16 +MAX('Savings Results'!$G:$G)-MIN('Savings Results'!$G:$G)+MAX('Savings Results'!$J:$J)+G$17-MIN('Savings Results'!$G:$G))=G$17,(SUMIFS(OFFSET('Savings Results'!$A$1,6,16 +MAX('Savings Results'!$G:$G)-MIN('Savings Results'!$G:$G)+MAX('Savings Results'!$J:$J)+G$17-MIN('Savings Results'!$G:$G),2000),OFFSET('Savings Results'!$A$1,6,4,2000),\"Dx\",OFFSET('Savings Results'!$A$1,6,6,2000),$D24)/(1/(1-SUM('CE Parameters'!$F$10:$F$11))))/1000,0)","v":0},{"$f":"IF(OFFSET('Savings Results'!$A$1,5,16 +I$17-MIN('Savings Results'!$G:$G))=I$17,(SUMIFS(OFFSET('Savings Results'!$A$1,6,16 +I$17-MIN('Savings Results'!$G:$G),2000),OFFSET('Savings Results'!$A$1,6,4,2000),\"Dx\",OFFSET('Savings Results'!$A$1,6,6,2000),$D24)/(1/(1-SUM('CE Parameters'!$F$10:$F$11))))/1000,0)","v":0},{"$f":"IF(OFFSET('Savings Results'!$A$1,5,16 +MAX('Savings Results'!$G:$G)-MIN('Savings Results'!$G:$G)+MAX('Savings Results'!$J:$J)+I$17-MIN('Savings Results'!$G:$G))=I$17,(SUMIFS(OFFSET('Savings Results'!$A$1,6,16 +MAX('Savings Results'!$G:$G)-MIN('Savings Results'!$G:$G)+MAX('Savings Results'!$J:$J)+I$17-MIN('Savings Results'!$G:$G),2000),OFFSET('Savings Results'!$A$1,6,4,2000),\"Dx\",OFFSET('Savings Results'!$A$1,6,6,2000),$D24)/(1/(1-SUM('CE Parameters'!$F$10:$F$11))))/1000,0)","v":0},{"$f":"IF(OFFSET('Savings Results'!$A$1,5,16 +K$17-MIN('Savings Results'!$G:$G))=K$17,(SUMIFS(OFFSET('Savings Results'!$A$1,6,16 +K$17-MIN('Savings Results'!$G:$G),2000),OFFSET('Savings Results'!$A$1,6,4,2000),\"Dx\",OFFSET('Savings Results'!$A$1,6,6,2000),$D24)/(1/(1-SUM('CE Parameters'!$F$10:$F$11))))/1000,0)","v":0},{"$f":"IF(OFFSET('Savings Results'!$A$1,5,16 +MAX('Savings Results'!$G:$G)-MIN('Savings Results'!$G:$G)+MAX('Savings Results'!$J:$J)+K$17-MIN('Savings Results'!$G:$G))=K$17,(SUMIFS(OFFSET('Savings Results'!$A$1,6,16 +MAX('Savings Results'!$G:$G)-MIN('Savings Results'!$G:$G)+MAX('Savings Results'!$J:$J)+K$17-MIN('Savings Results'!$G:$G),2000),OFFSET('Savings Results'!$A$1,6,4,2000),\"Dx\",OFFSET('Savings Results'!$A$1,6,6,2000),$D24)/(1/(1-SUM('CE Parameters'!$F$10:$F$11))))/1000,0)","v":0},{"$f":"IF(OFFSET('Savings Results'!$A$1,5,16 +M$17-MIN('Savings Results'!$G:$G))=M$17,(SUMIFS(OFFSET('Savings Results'!$A$1,6,16 +M$17-MIN('Savings Results'!$G:$G),2000),OFFSET('Savings Results'!$A$1,6,4,2000),\"Dx\",OFFSET('Savings Results'!$A$1,6,6,2000),$D24)/(1/(1-SUM('CE Parameters'!$F$10:$F$11))))/1000,0)","v":0},{"$f":"IF(OFFSET('Savings Results'!$A$1,5,16 +MAX('Savings Results'!$G:$G)-MIN('Savings Results'!$G:$G)+MAX('Savings Results'!$J:$J)+M$17-MIN('Savings Results'!$G:$G))=M$17,(SUMIFS(OFFSET('Savings Results'!$A$1,6,16 +MAX('Savings Results'!$G:$G)-MIN('Savings Results'!$G:$G)+MAX('Savings Results'!$J:$J)+M$17-MIN('Savings Results'!$G:$G),2000),OFFSET('Savings Results'!$A$1,6,4,2000),\"Dx\",OFFSET('Savings Results'!$A$1,6,6,2000),$D24)/(1/(1-SUM('CE Parameters'!$F$10:$F$11))))/1000,0)","v":0},{"$f":"IF(OFFSET('Savings Results'!$A$1,5,16 +O$17-MIN('Savings Results'!$G:$G))=O$17,(SUMIFS(OFFSET('Savings Results'!$A$1,6,16 +O$17-MIN('Savings Results'!$G:$G),2000),OFFSET('Savings Results'!$A$1,6,4,2000),\"Dx\",OFFSET('Savings Results'!$A$1,6,6,2000),$D24)/(1/(1-SUM('CE Parameters'!$F$10:$F$11))))/1000,0)","v":0},{"$f":"IF(OFFSET('Savings Results'!$A$1,5,16 +MAX('Savings Results'!$G:$G)-MIN('Savings Results'!$G:$G)+MAX('Savings Results'!$J:$J)+O$17-MIN('Savings Results'!$G:$G))=O$17,(SUMIFS(OFFSET('Savings Results'!$A$1,6,16 +MAX('Savings Results'!$G:$G)-MIN('Savings Results'!$G:$G)+MAX('Savings Results'!$J:$J)+O$17-MIN('Savings Results'!$G:$G),2000),OFFSET('Savings Results'!$A$1,6,4,2000),\"Dx\",OFFSET('Savings Results'!$A$1,6,6,2000),$D24)/(1/(1-SUM('CE Parameters'!$F$10:$F$11))))/1000,0)","v":0},{"$f":"IF(OFFSET('Savings Results'!$A$1,5,16 +Q$17-MIN('Savings Results'!$G:$G))=Q$17,(SUMIFS(OFFSET('Savings Results'!$A$1,6,16 +Q$17-MIN('Savings Results'!$G:$G),2000),OFFSET('Savings Results'!$A$1,6,4,2000),\"Dx\",OFFSET('Savings Results'!$A$1,6,6,2000),$D24)/(1/(1-SUM('CE Parameters'!$F$10:$F$11))))/1000,0)","v":0},{"$f":"IF(OFFSET('Savings Results'!$A$1,5,16 +MAX('Savings Results'!$G:$G)-MIN('Savings Results'!$G:$G)+MAX('Savings Results'!$J:$J)+Q$17-MIN('Savings Results'!$G:$G))=Q$17,(SUMIFS(OFFSET('Savings Results'!$A$1,6,16 +MAX('Savings Results'!$G:$G)-MIN('Savings Results'!$G:$G)+MAX('Savings Results'!$J:$J)+Q$17-MIN('Savings Results'!$G:$G),2000),OFFSET('Savings Results'!$A$1,6,4,2000),\"Dx\",OFFSET('Savings Results'!$A$1,6,6,2000),$D24)/(1/(1-SUM('CE Parameters'!$F$10:$F$11))))/1000,0)","v":0},{"$f":"IF(OFFSET('Savings Results'!$A$1,5,16 +S$17-MIN('Savings Results'!$G:$G))=S$17,(SUMIFS(OFFSET('Savings Results'!$A$1,6,16 +S$17-MIN('Savings Results'!$G:$G),2000),OFFSET('Savings Results'!$A$1,6,4,2000),\"Dx\",OFFSET('Savings Results'!$A$1,6,6,2000),$D24)/(1/(1-SUM('CE Parameters'!$F$10:$F$11))))/1000,0)","v":0},{"$f":"IF(OFFSET('Savings Results'!$A$1,5,16 +MAX('Savings Results'!$G:$G)-MIN('Savings Results'!$G:$G)+MAX('Savings Results'!$J:$J)+S$17-MIN('Savings Results'!$G:$G))=S$17,(SUMIFS(OFFSET('Savings Results'!$A$1,6,16 +MAX('Savings Results'!$G:$G)-MIN('Savings Results'!$G:$G)+MAX('Savings Results'!$J:$J)+S$17-MIN('Savings Results'!$G:$G),2000),OFFSET('Savings Results'!$A$1,6,4,2000),\"Dx\",OFFSET('Savings Results'!$A$1,6,6,2000),$D24)/(1/(1-SUM('CE Parameters'!$F$10:$F$11))))/1000,0)","v":0},{"$f":"IF(OFFSET('Savings Results'!$A$1,5,16 +U$17-MIN('Savings Results'!$G:$G))=U$17,(SUMIFS(OFFSET('Savings Results'!$A$1,6,16 +U$17-MIN('Savings Results'!$G:$G),2000),OFFSET('Savings Results'!$A$1,6,4,2000),\"Dx\",OFFSET('Savings Results'!$A$1,6,6,2000),$D24)/(1/(1-SUM('CE Parameters'!$F$10:$F$11))))/1000,0)","v":0},{"$f":"IF(OFFSET('Savings Results'!$A$1,5,16 +MAX('Savings Results'!$G:$G)-MIN('Savings Results'!$G:$G)+MAX('Savings Results'!$J:$J)+U$17-MIN('Savings Results'!$G:$G))=U$17,(SUMIFS(OFFSET('Savings Results'!$A$1,6,16 +MAX('Savings Results'!$G:$G)-MIN('Savings Results'!$G:$G)+MAX('Savings Results'!$J:$J)+U$17-MIN('Savings Results'!$G:$G),2000),OFFSET('Savings Results'!$A$1,6,4,2000),\"Dx\",OFFSET('Savings Results'!$A$1,6,6,2000),$D24)/(1/(1-SUM('CE Parameters'!$F$10:$F$11))))/1000,0)","v":0},{"$f":"IF(OFFSET('Savings Results'!$A$1,5,16 +W$17-MIN('Savings Results'!$G:$G))=W$17,(SUMIFS(OFFSET('Savings Results'!$A$1,6,16 +W$17-MIN('Savings Results'!$G:$G),2000),OFFSET('Savings Results'!$A$1,6,4,2000),\"Dx\",OFFSET('Savings Results'!$A$1,6,6,2000),$D24)/(1/(1-SUM('CE Parameters'!$F$10:$F$11))))/1000,0)","v":0},{"$f":"IF(OFFSET('Savings Results'!$A$1,5,16 +MAX('Savings Results'!$G:$G)-MIN('Savings Results'!$G:$G)+MAX('Savings Results'!$J:$J)+W$17-MIN('Savings Results'!$G:$G))=W$17,(SUMIFS(OFFSET('Savings Results'!$A$1,6,16 +MAX('Savings Results'!$G:$G)-MIN('Savings Results'!$G:$G)+MAX('Savings Results'!$J:$J)+W$17-MIN('Savings Results'!$G:$G),2000),OFFSET('Savings Results'!$A$1,6,4,2000),\"Dx\",OFFSET('Savings Results'!$A$1,6,6,2000),$D24)/(1/(1-SUM('CE Parameters'!$F$10:$F$11))))/1000,0)","v":0},{"$f":"IF(OFFSET('Savings Results'!$A$1,5,16 +Y$17-MIN('Savings Results'!$G:$G))=Y$17,(SUMIFS(OFFSET('Savings Results'!$A$1,6,16 +Y$17-MIN('Savings Results'!$G:$G),2000),OFFSET('Savings Results'!$A$1,6,4,2000),\"Dx\",OFFSET('Savings Results'!$A$1,6,6,2000),$D24)/(1/(1-SUM('CE Parameters'!$F$10:$F$11))))/1000,0)","v":0},{"$f":"IF(OFFSET('Savings Results'!$A$1,5,16 +MAX('Savings Results'!$G:$G)-MIN('Savings Results'!$G:$G)+MAX('Savings Results'!$J:$J)+Y$17-MIN('Savings Results'!$G:$G))=Y$17,(SUMIFS(OFFSET('Savings Results'!$A$1,6,16 +MAX('Savings Results'!$G:$G)-MIN('Savings Results'!$G:$G)+MAX('Savings Results'!$J:$J)+Y$17-MIN('Savings Results'!$G:$G),2000),OFFSET('Savings Results'!$A$1,6,4,2000),\"Dx\",OFFSET('Savings Results'!$A$1,6,6,2000),$D24)/(1/(1-SUM('CE Parameters'!$F$10:$F$11))))/1000,0)","v":0},{"$f":"IF(OFFSET('Savings Results'!$A$1,5,16 +AA$17-MIN('Savings Results'!$G:$G))=AA$17,(SUMIFS(OFFSET('Savings Results'!$A$1,6,16 +AA$17-MIN('Savings Results'!$G:$G),2000),OFFSET('Savings Results'!$A$1,6,4,2000),\"Dx\",OFFSET('Savings Results'!$A$1,6,6,2000),$D24)/(1/(1-SUM('CE Parameters'!$F$10:$F$11))))/1000,0)","v":0},{"$f":"IF(OFFSET('Savings Results'!$A$1,5,16 +MAX('Savings Results'!$G:$G)-MIN('Savings Results'!$G:$G)+MAX('Savings Results'!$J:$J)+AA$17-MIN('Savings Results'!$G:$G))=AA$17,(SUMIFS(OFFSET('Savings Results'!$A$1,6,16 +MAX('Savings Results'!$G:$G)-MIN('Savings Results'!$G:$G)+MAX('Savings Results'!$J:$J)+AA$17-MIN('Savings Results'!$G:$G),2000),OFFSET('Savings Results'!$A$1,6,4,2000),\"Dx\",OFFSET('Savings Results'!$A$1,6,6,2000),$D24)/(1/(1-SUM('CE Parameters'!$F$10:$F$11))))/1000,0)","v":0},{"$f":"IF(OFFSET('Savings Results'!$A$1,5,16 +AC$17-MIN('Savings Results'!$G:$G))=AC$17,(SUMIFS(OFFSET('Savings Results'!$A$1,6,16 +AC$17-MIN('Savings Results'!$G:$G),2000),OFFSET('Savings Results'!$A$1,6,4,2000),\"Dx\",OFFSET('Savings Results'!$A$1,6,6,2000),$D24)/(1/(1-SUM('CE Parameters'!$F$10:$F$11))))/1000,0)","v":0},{"$f":"IF(OFFSET('Savings Results'!$A$1,5,16 +MAX('Savings Results'!$G:$G)-MIN('Savings Results'!$G:$G)+MAX('Savings Results'!$J:$J)+AC$17-MIN('Savings Results'!$G:$G))=AC$17,(SUMIFS(OFFSET('Savings Results'!$A$1,6,16 +MAX('Savings Results'!$G:$G)-MIN('Savings Results'!$G:$G)+MAX('Savings Results'!$J:$J)+AC$17-MIN('Savings Results'!$G:$G),2000),OFFSET('Savings Results'!$A$1,6,4,2000),\"Dx\",OFFSET('Savings Results'!$A$1,6,6,2000),$D24)/(1/(1-SUM('CE Parameters'!$F$10:$F$11))))/1000,0)","v":0},{"$f":"IF(OFFSET('Savings Results'!$A$1,5,16 +AE$17-MIN('Savings Results'!$G:$G))=AE$17,(SUMIFS(OFFSET('Savings Results'!$A$1,6,16 +AE$17-MIN('Savings Results'!$G:$G),2000),OFFSET('Savings Results'!$A$1,6,4,2000),\"Dx\",OFFSET('Savings Results'!$A$1,6,6,2000),$D24)/(1/(1-SUM('CE Parameters'!$F$10:$F$11))))/1000,0)","v":0},{"$f":"IF(OFFSET('Savings Results'!$A$1,5,16 +MAX('Savings Results'!$G:$G)-MIN('Savings Results'!$G:$G)+MAX('Savings Results'!$J:$J)+AE$17-MIN('Savings Results'!$G:$G))=AE$17,(SUMIFS(OFFSET('Savings Results'!$A$1,6,16 +MAX('Savings Results'!$G:$G)-MIN('Savings Results'!$G:$G)+MAX('Savings Results'!$J:$J)+AE$17-MIN('Savings Results'!$G:$G),2000),OFFSET('Savings Results'!$A$1,6,4,2000),\"Dx\",OFFSET('Savings Results'!$A$1,6,6,2000),$D24)/(1/(1-SUM('CE Parameters'!$F$10:$F$11))))/1000,0)","v":0},{"$f":"IF(OFFSET('Savings Results'!$A$1,5,16 +AG$17-MIN('Savings Results'!$G:$G))=AG$17,(SUMIFS(OFFSET('Savings Results'!$A$1,6,16 +AG$17-MIN('Savings Results'!$G:$G),2000),OFFSET('Savings Results'!$A$1,6,4,2000),\"Dx\",OFFSET('Savings Results'!$A$1,6,6,2000),$D24)/(1/(1-SUM('CE Parameters'!$F$10:$F$11))))/1000,0)","v":0},{"$f":"IF(OFFSET('Savings Results'!$A$1,5,16 +MAX('Savings Results'!$G:$G)-MIN('Savings Results'!$G:$G)+MAX('Savings Results'!$J:$J)+AG$17-MIN('Savings Results'!$G:$G))=AG$17,(SUMIFS(OFFSET('Savings Results'!$A$1,6,16 +MAX('Savings Results'!$G:$G)-MIN('Savings Results'!$G:$G)+MAX('Savings Results'!$J:$J)+AG$17-MIN('Savings Results'!$G:$G),2000),OFFSET('Savings Results'!$A$1,6,4,2000),\"Dx\",OFFSET('Savings Results'!$A$1,6,6,2000),$D24)/(1/(1-SUM('CE Parameters'!$F$10:$F$11))))/1000,0)","v":0},{"$f":"IF(OFFSET('Savings Results'!$A$1,5,16 +AI$17-MIN('Savings Results'!$G:$G))=AI$17,(SUMIFS(OFFSET('Savings Results'!$A$1,6,16 +AI$17-MIN('Savings Results'!$G:$G),2000),OFFSET('Savings Results'!$A$1,6,4,2000),\"Dx\",OFFSET('Savings Results'!$A$1,6,6,2000),$D24)/(1/(1-SUM('CE Parameters'!$F$10:$F$11))))/1000,0)","v":0},{"$f":"IF(OFFSET('Savings Results'!$A$1,5,16 +MAX('Savings Results'!$G:$G)-MIN('Savings Results'!$G:$G)+MAX('Savings Results'!$J:$J)+AI$17-MIN('Savings Results'!$G:$G))=AI$17,(SUMIFS(OFFSET('Savings Results'!$A$1,6,16 +MAX('Savings Results'!$G:$G)-MIN('Savings Results'!$G:$G)+MAX('Savings Results'!$J:$J)+AI$17-MIN('Savings Results'!$G:$G),2000),OFFSET('Savings Results'!$A$1,6,4,2000),\"Dx\",OFFSET('Savings Results'!$A$1,6,6,2000),$D24)/(1/(1-SUM('CE Parameters'!$F$10:$F$11))))/1000,0)","v":0},{"$f":"IF(OFFSET('Savings Results'!$A$1,5,16 +AK$17-MIN('Savings Results'!$G:$G))=AK$17,(SUMIFS(OFFSET('Savings Results'!$A$1,6,16 +AK$17-MIN('Savings Results'!$G:$G),2000),OFFSET('Savings Results'!$A$1,6,4,2000),\"Dx\",OFFSET('Savings Results'!$A$1,6,6,2000),$D24)/(1/(1-SUM('CE Parameters'!$F$10:$F$11))))/1000,0)","v":0},{"$f":"IF(OFFSET('Savings Results'!$A$1,5,16 +MAX('Savings Results'!$G:$G)-MIN('Savings Results'!$G:$G)+MAX('Savings Results'!$J:$J)+AK$17-MIN('Savings Results'!$G:$G))=AK$17,(SUMIFS(OFFSET('Savings Results'!$A$1,6,16 +MAX('Savings Results'!$G:$G)-MIN('Savings Results'!$G:$G)+MAX('Savings Results'!$J:$J)+AK$17-MIN('Savings Results'!$G:$G),2000),OFFSET('Savings Results'!$A$1,6,4,2000),\"Dx\",OFFSET('Savings Results'!$A$1,6,6,2000),$D24)/(1/(1-SUM('CE Parameters'!$F$10:$F$11))))/1000,0)","v":0},{"$f":"IF(OFFSET('Savings Results'!$A$1,5,16 +AM$17-MIN('Savings Results'!$G:$G))=AM$17,(SUMIFS(OFFSET('Savings Results'!$A$1,6,16 +AM$17-MIN('Savings Results'!$G:$G),2000),OFFSET('Savings Results'!$A$1,6,4,2000),\"Dx\",OFFSET('Savings Results'!$A$1,6,6,2000),$D24)/(1/(1-SUM('CE Parameters'!$F$10:$F$11))))/1000,0)","v":0},{"$f":"IF(OFFSET('Savings Results'!$A$1,5,16 +MAX('Savings Results'!$G:$G)-MIN('Savings Results'!$G:$G)+MAX('Savings Results'!$J:$J)+AM$17-MIN('Savings Results'!$G:$G))=AM$17,(SUMIFS(OFFSET('Savings Results'!$A$1,6,16 +MAX('Savings Results'!$G:$G)-MIN('Savings Results'!$G:$G)+MAX('Savings Results'!$J:$J)+AM$17-MIN('Savings Results'!$G:$G),2000),OFFSET('Savings Results'!$A$1,6,4,2000),\"Dx\",OFFSET('Savings Results'!$A$1,6,6,2000),$D24)/(1/(1-SUM('CE Parameters'!$F$10:$F$11))))/1000,0)","v":0}]
[null,null,null,"Plan Total",{"$f":"SUM(E19:E24)","v":0},0,0,0,0,0,0,0,0,0,0,0,0,0,0,0,0,0,0,0,0,0,0,0,0,0,0,0,0,0,0,0,0,0,0,0]
[]
[null,"TABLE 13"]
[null,"SUMMARY OF CDM PORTFOLIO COSTS"]
[null,null,"CDM Plan Costs","Implementation Year"]
[]
[null,null,null,2015]
[null,null,null,2016]
[null,null,null,2017]
[null,null,null,2018]
[null,null,null,2019]
[null,null,null,2020]
[null,null,null,"Plan Total"]

{"sheet":"OPA ADMIN ONLY","index":7,"n_rows":15,"n_cols":2,"rows_kept":15,"cut":false,"hidden":true,"merged":[[1,0,1,6]]}
["OPA ADMIN ONLY: LOCKING AND UNLOCKING SHEETS"]
["This sheet will become hidden when you navigate away from it. The sheet can then be unlocked using the password in cell B3. Please remember this password."]
["Admin Password","opaADMIN702"]
["Unlocks VBA code *Must be changed manually*"]
["Unhides this sheet *Using password in cell B3 (automatically locks when user navigates away from this page)"]
[]
[]
["Tool Password","opaTOOL989"]
[]
["Locks and Unlocks all sheets"]
["User input cells will remain unlocked"]
["Individual sheets can also be unlocked manually using the password above"]
[]
["To change the password: \"Unlock All Sheets,\" modify the password in cell B8 and \"Lock All Sheets\""]
["**Do not change the password without unlocking first**"]

{"sheet":"BMG","index":8,"n_rows":34,"n_cols":7,"rows_kept":34,"cut":false,"hidden":true,"merged":[]}
["Table 14: Behind-the-Meter as % of Portfolio"]
["Metric",2020]
["% of 2020 Target",{"$f":"$G$11/$G$22","v":{"$error":"#DIV/0!"}}]
["% of Total Incentives",{"$f":"SUM($B$12:$G$12)/SUM($B$23:$G$23)","v":0}]
["% of Total Budget",{"$f":"SUM($B$12:$G$14)/SUM($B$23:$G$26)","v":0}]
[]
["Table 15: Behind-the-Meter Summary"]
["Metric",2015,2016,2017,2018,2019,2020]
["Number of Projects",{"$f":"SUMIFS('Program Design'!$K:$K,'Program Design'!$J:$J,BMG!B$8,'Program Design'!$R:$R,\"TRUE\")","v":0},{"$f":"SUMIFS('Program Design'!$K:$K,'Program Design'!$J:$J,BMG!C$8,'Program Design'!$R:$R,\"TRUE\")","v":0},{"$f":"SUMIFS('Program Design'!$K:$K,'Program Design'!$J:$J,BMG!D$8,'Program Design'!$R:$R,\"TRUE\")","v":0},{"$f":"SUMIFS('Program Design'!$K:$K,'Program Design'!$J:$J,BMG!E$8,'Program Design'!$R:$R,\"TRUE\")","v":0},{"$f":"SUMIFS('Program Design'!$K:$K,'Program Design'!$J:$J,BMG!F$8,'Program Design'!$R:$R,\"TRUE\")","v":0},{"$f":"SUMIFS('Program Design'!$K:$K,'Program Design'!$J:$J,BMG!G$8,'Program Design'!$R:$R,\"TRUE\")","v":0}]
["Incremental (first year) savings (MWh)",{"$f":"IF(MIN('Savings Results'!$G:$G)<=B8,(SUMIFS(OFFSET('Savings Results'!$A$1,6,16+MAX('Savings Results'!$G:$G)-MIN('Savings Results'!$G:$G)+MAX('Savings Results'!$J:$J)+B$8-MIN('Savings Results'!$G:$G),2000),OFFSET('Savings Results'!$A$1,6,6,2000),B$8,OFFSET('Savings Results'!$A$1,6,5,2000),\"TRUE\")/(1/(1-SUM('CE Parameters'!$F$10:$F$11)))),0)/1000","v":0},{"$f":"IF(MIN('Savings Results'!$G:$G)<=C8,(SUMIFS(OFFSET('Savings Results'!$A$1,6,16+MAX('Savings Results'!$G:$G)-MIN('Savings Results'!$G:$G)+MAX('Savings Results'!$J:$J)+C$8-MIN('Savings Results'!$G:$G),2000),OFFSET('Savings Results'!$A$1,6,6,2000),C$8,OFFSET('Savings Results'!$A$1,6,5,2000),\"TRUE\")/(1/(1-SUM('CE Parameters'!$F$10:$F$11)))),0)/1000","v":0},{"$f":"IF(MIN('Savings Results'!$G:$G)<=D8,(SUMIFS(OFFSET('Savings Results'!$A$1,6,16+MAX('Savings Results'!$G:$G)-MIN('Savings Results'!$G:$G)+MAX('Savings Results'!$J:$J)+D$8-MIN('Savings Results'!$G:$G),2000),OFFSET('Savings Results'!$A$1,6,6,2000),D$8,OFFSET('Savings Results'!$A$1,6,5,2000),\"TRUE\")/(1/(1-SUM('CE Parameters'!$F$10:$F$11)))),0)/1000","v":0},{"$f":"IF(MIN('Savings Results'!$G:$G)<=E8,(SUMIFS(OFFSET('Savings Results'!$A$1,6,16+MAX('Savings Results'!$G:$G)-MIN('Savings Results'!$G:$G)+MAX('Savings Results'!$J:$J)+E$8-MIN('Savings Results'!$G:$G),2000),OFFSET('Savings Results'!$A$1,6,6,2000),E$8,OFFSET('Savings Results'!$A$1,6,5,2000),\"TRUE\")/(1/(1-SUM('CE Parameters'!$F$10:$F$11)))),0)/1000","v":0},{"$f":"IF(MIN('Savings Results'!$G:$G)<=F8,(SUMIFS(OFFSET('Savings Results'!$A$1,6,16+MAX('Savings Results'!$G:$G)-MIN('Savings Results'!$G:$G)+MAX('Savings Results'!$J:$J)+F$8-MIN('Savings Results'!$G:$G),2000),OFFSET('Savings Results'!$A$1,6,6,2000),F$8,OFFSET('Savings Results'!$A$1,6,5,2000),\"TRUE\")/(1/(1-SUM('CE Parameters'!$F$10:$F$11)))),0)/1000","v":0},{"$f":"IF(MIN('Savings Results'!$G:$G)<=G8,(SUMIFS(OFFSET('Savings Results'!$A$1,6,16+MAX('Savings Results'!$G:$G)-MIN('Savings Results'!$G:$G)+MAX('Savings Results'!$J:$J)+G$8-MIN('Savings Results'!$G:$G),2000),OFFSET('Savings Results'!$A$1,6,6,2000),G$8,OFFSET('Savings Results'!$A$1,6,5,2000),\"TRUE\")/(1/(1-SUM('CE Parameters'!$F$10:$F$11)))),0)/1000","v":0}]
["Annual savings (MWh)",{"$f":"IF(MIN('Savings Results'!$G:$G)<=B8,(SUMIFS(OFFSET('Savings Results'!$A$1,6,16+MAX('Savings Results'!$G:$G)-MIN('Savings Results'!$G:$G)+MAX('Savings Results'!$J:$J)+B$8-MIN('Savings Results'!$G:$G),2000),OFFSET('Savings Results'!$A$1,6,5,2000),\"TRUE\")/(1/(1-SUM('CE Parameters'!$F$10:$F$11)))),0)/1000","v":0},{"$f":"IF(MIN('Savings Results'!$G:$G)<=C8,(SUMIFS(OFFSET('Savings Results'!$A$1,6,16+MAX('Savings Results'!$G:$G)-MIN('Savings Results'!$G:$G)+MAX('Savings Results'!$J:$J)+C$8-MIN('Savings Results'!$G:$G),2000),OFFSET('Savings Results'!$A$1,6,5,2000),\"TRUE\")/(1/(1-SUM('CE Parameters'!$F$10:$F$11)))),0)/1000","v":0},{"$f":"IF(MIN('Savings Results'!$G:$G)<=D8,(SUMIFS(OFFSET('Savings Results'!$A$1,6,16+MAX('Savings Results'!$G:$G)-MIN('Savings Results'!$G:$G)+MAX('Savings Results'!$J:$J)+D$8-MIN('Savings Results'!$G:$G),2000),OFFSET('Savings Results'!$A$1,6,5,2000),\"TRUE\")/(1/(1-SUM('CE Parameters'!$F$10:$F$11)))),0)/1000","v":0},{"$f":"IF(MIN('Savings Results'!$G:$G)<=E8,(SUMIFS(OFFSET('Savings Results'!$A$1,6,16+MAX('Savings Results'!$G:$G)-MIN('Savings Results'!$G:$G)+MAX('Savings Results'!$J:$J)+E$8-MIN('Savings Results'!$G:$G),2000),OFFSET('Savings Results'!$A$1,6,5,2000),\"TRUE\")/(1/(1-SUM('CE Parameters'!$F$10:$F$11)))),0)/1000","v":0},{"$f":"IF(MIN('Savings Results'!$G:$G)<=F8,(SUMIFS(OFFSET('Savings Results'!$A$1,6,16+MAX('Savings Results'!$G:$G)-MIN('Savings Results'!$G:$G)+MAX('Savings Results'!$J:$J)+F$8-MIN('Savings Results'!$G:$G),2000),OFFSET('Savings Results'!$A$1,6,5,2000),\"TRUE\")/(1/(1-SUM('CE Parameters'!$F$10:$F$11)))),0)/1000","v":0},{"$f":"IF(MIN('Savings Results'!$G:$G)<=G8,(SUMIFS(OFFSET('Savings Results'!$A$1,6,16+MAX('Savings Results'!$G:$G)-MIN('Savings Results'!$G:$G)+MAX('Savings Results'!$J:$J)+G$8-MIN('Savings Results'!$G:$G),2000),OFFSET('Savings Results'!$A$1,6,5,2000),\"TRUE\")/(1/(1-SUM('CE Parameters'!$F$10:$F$11)))),0)/1000","v":0}]
["Incentive Costs ($)",{"$f":"SUMIFS('Program Design'!$U:$U,'Program Design'!$J:$J,BMG!B$8,'Program Design'!$R:$R,\"TRUE\")","v":0},{"$f":"SUMIFS('Program Design'!$U:$U,'Program Design'!$J:$J,BMG!C$8,'Program Design'!$R:$R,\"TRUE\")","v":0},{"$f":"SUMIFS('Program Design'!$U:$U,'Program Design'!$J:$J,BMG!D$8,'Program Design'!$R:$R,\"TRUE\")","v":0},{"$f":"SUMIFS('Program Design'!$U:$U,'Program Design'!$J:$J,BMG!E$8,'Program Design'!$R:$R,\"TRUE\")","v":0},{"$f":"SUMIFS('Program Design'!$U:$U,'Program Design'!$J:$J,BMG!F$8,'Program Design'!$R:$R,\"TRUE\")","v":0},{"$f":"SUMIFS('Program Design'!$U:$U,'Program Design'!$J:$J,BMG!G$8,'Program Design'!$R:$R,\"TRUE\")","v":0}]
["IESO Variable Program Costs ($)",{"$f":"SUMIFS('Program Design'!$V:$V,'Program Design'!$J:$J,BMG!B$8,'Program Design'!$R:$R,\"TRUE\")","v":0},{"$f":"SUMIFS('Program Design'!$V:$V,'Program Design'!$J:$J,BMG!C$8,'Program Design'!$R:$R,\"TRUE\")","v":0},{"$f":"SUMIFS('Program Design'!$V:$V,'Program Design'!$J:$J,BMG!D$8,'Program Design'!$R:$R,\"TRUE\")","v":0},{"$f":"SUMIFS('Program Design'!$V:$V,'Program Design'!$J:$J,BMG!E$8,'Program Design'!$R:$R,\"TRUE\")","v":0},{"$f":"SUMIFS('Program Design'!$V:$V,'Program Design'!$J:$J,BMG!F$8,'Program Design'!$R:$R,\"TRUE\")","v":0},{"$f":"SUMIFS('Program Design'!$V:$V,'Program Design'!$J:$J,BMG!G$8,'Program Design'!$R:$R,\"TRUE\")","v":0}]
["LDC Variable Program Costs ($)",{"$f":"SUMIFS('Program Design'!$W:$W,'Program Design'!$J:$J,BMG!B$8,'Program Design'!$R:$R,\"TRUE\")","v":0},{"$f":"SUMIFS('Program Design'!$W:$W,'Program Design'!$J:$J,BMG!C$8,'Program Design'!$R:$R,\"=\"&TRUE)","v":0},{"$f":"SUMIFS('Program Design'!$W:$W,'Program Design'!$J:$J,BMG!D$8,'Program Design'!$R:$R,\"TRUE\")","v":0},{"$f":"SUMIFS('Program Design'!$W:$W,'Program Design'!$J:$J,BMG!E$8,'Program Design'!$R:$R,\"TRUE\")","v":0},{"$f":"SUMIFS('Program Design'!$W:$W,'Program Design'!$J:$J,BMG!F$8,'Program Design'!$R:$R,\"TRUE\")","v":0},{"$f":"SUMIFS('Program Design'!$W:$W,'Program Design'!$J:$J,BMG!G$8,'Program Design'!$R:$R,\"TRUE\")","v":0}]
["TRC (ratio)",{"$f":"IFERROR(SUMIFS('Program Design'!$X:$X,'Program Design'!$J:$J,BMG!B$8,'Program Design'!$R:$R,\"=\"&TRUE)/SUMIFS('Program Design'!$Y:$Y,'Program Design'!$J:$J,BMG!B$8,'Program Design'!$R:$R,\"=\"&TRUE),0)","v":0},{"$f":"IFERROR(SUMIFS('Program Design'!$X:$X,'Program Design'!$J:$J,BMG!C$8,'Program Design'!$R:$R,\"=\"&TRUE)/SUMIFS('Program Design'!$Y:$Y,'Program Design'!$J:$J,BMG!C$8,'Program Design'!$R:$R,\"=\"&TRUE),0)","v":0},{"$f":"IFERROR(SUMIFS('Program Design'!$X:$X,'Program Design'!$J:$J,BMG!D$8,'Program Design'!$R:$R,\"=\"&TRUE)/SUMIFS('Program Design'!$Y:$Y,'Program Design'!$J:$J,BMG!D$8,'Program Design'!$R:$R,\"=\"&TRUE),0)","v":0},{"$f":"IFERROR(SUMIFS('Program Design'!$X:$X,'Program Design'!$J:$J,BMG!E$8,'Program Design'!$R:$R,\"=\"&TRUE)/SUMIFS('Program Design'!$Y:$Y,'Program Design'!$J:$J,BMG!E$8,'Program Design'!$R:$R,\"=\"&TRUE),0)","v":0},{"$f":"IFERROR(SUMIFS('Program Design'!$X:$X,'Program Design'!$J:$J,BMG!F$8,'Program Design'!$R:$R,\"=\"&TRUE)/SUMIFS('Program Design'!$Y:$Y,'Program Design'!$J:$J,BMG!F$8,'Program Design'!$R:$R,\"=\"&TRUE),0)","v":0},{"$f":"IFERROR(SUMIFS('Program Design'!$X:$X,'Program Design'!$J:$J,BMG!G$8,'Program Design'!$R:$R,\"=\"&TRUE)/SUMIFS('Program Design'!$Y:$Y,'Program Design'!$J:$J,BMG!G$8,'Program Design'!$R:$R,\"=\"&TRUE),0)","v":0}]
["PAC (ratio)",{"$f":"IFERROR(SUMIFS('Program Design'!$AF:$AF,'Program Design'!$J:$J,BMG!B$8,'Program Design'!$R:$R,\"=\"&TRUE)/SUMIFS('Program Design'!$AG:$AG,'Program Design'!$J:$J,BMG!B$8,'Program Design'!$R:$R,\"=\"&TRUE),0)","v":0},{"$f":"IFERROR(SUMIFS('Program Design'!$AF:$AF,'Program Design'!$J:$J,BMG!C$8,'Program Design'!$R:$R,\"=\"&TRUE)/SUMIFS('Program Design'!$AG:$AG,'Program Design'!$J:$J,BMG!C$8,'Program Design'!$R:$R,\"=\"&TRUE),0)","v":0},{"$f":"IFERROR(SUMIFS('Program Design'!$AF:$AF,'Program Design'!$J:$J,BMG!D$8,'Program Design'!$R:$R,\"=\"&TRUE)/SUMIFS('Program Design'!$AG:$AG,'Program Design'!$J:$J,BMG!D$8,'Program Design'!$R:$R,\"=\"&TRUE),0)","v":0},{"$f":"IFERROR(SUMIFS('Program Design'!$AF:$AF,'Program Design'!$J:$J,BMG!E$8,'Program Design'!$R:$R,\"=\"&TRUE)/SUMIFS('Program Design'!$AG:$AG,'Program Design'!$J:$J,BMG!E$8,'Program Design'!$R:$R,\"=\"&TRUE),0)","v":0},{"$f":"IFERROR(SUMIFS('Program Design'!$AF:$AF,'Program Design'!$J:$J,BMG!F$8,'Program Design'!$R:$R,\"=\"&TRUE)/SUMIFS('Program Design'!$AG:$AG,'Program Design'!$J:$J,BMG!F$8,'Program Design'!$R:$R,\"=\"&TRUE),0)","v":0},{"$f":"IFERROR(SUMIFS('Program Design'!$AF:$AF,'Program Design'!$J:$J,BMG!G$8,'Program Design'!$R:$R,\"=\"&TRUE)/SUMIFS('Program Design'!$AG:$AG,'Program Design'!$J:$J,BMG!G$8,'Program Design'!$R:$R,\"=\"&TRUE),0)","v":0}]
["Levelized Cost ($/kWh)",{"$f":"IFERROR(SUMIFS('Program Design'!$AT:$AT,'Program Design'!$J:$J,BMG!B$8,'Program Design'!$R:$R,\"=\"&TRUE)/SUMIFS('Program Design'!$AS:$AS,'Program Design'!$J:$J,BMG!B$8,'Program Design'!$R:$R,\"=\"&TRUE),0)","v":0},{"$f":"IFERROR(SUMIFS('Program Design'!$AT:$AT,'Program Design'!$J:$J,BMG!C$8,'Program Design'!$R:$R,\"=\"&TRUE)/SUMIFS('Program Design'!$AS:$AS,'Program Design'!$J:$J,BMG!C$8,'Program Design'!$R:$R,\"=\"&TRUE),0)","v":0},{"$f":"IFERROR(SUMIFS('Program Design'!$AT:$AT,'Program Design'!$J:$J,BMG!D$8,'Program Design'!$R:$R,\"=\"&TRUE)/SUMIFS('Program Design'!$AS:$AS,'Program Design'!$J:$J,BMG!D$8,'Program Design'!$R:$R,\"=\"&TRUE),0)","v":0},{"$f":"IFERROR(SUMIFS('Program Design'!$AT:$AT,'Program Design'!$J:$J,BMG!E$8,'Program Design'!$R:$R,\"=\"&TRUE)/SUMIFS('Program Design'!$AS:$AS,'Program Design'!$J:$J,BMG!E$8,'Program Design'!$R:$R,\"=\"&TRUE),0)","v":0},{"$f":"IFERROR(SUMIFS('Program Design'!$AT:$AT,'Program Design'!$J:$J,BMG!F$8,'Program Design'!$R:$R,\"=\"&TRUE)/SUMIFS('Program Design'!$AS:$AS,'Program Design'!$J:$J,BMG!F$8,'Program Design'!$R:$R,\"=\"&TRUE),0)","v":0},{"$f":"IFERROR(SUMIFS('Program Design'!$AT:$AT,'Program Design'!$J:$J,BMG!G$8,'Program Design'!$R:$R,\"=\"&TRUE)/SUMIFS('Program Design'!$AS:$AS,'Program Design'!$J:$J,BMG!G$8,'Program Design'!$R:$R,\"=\"&TRUE),0)","v":0}]
[]
["Table 16: Total Portfolio Summary"]
["Metric",2015,2016,2017,2018,2019,2020]
["Incremental (first year) savings (MWh)",{"$f":"IF(MIN('Savings Results'!$G:$G)<=B20,(SUMIFS(OFFSET('Savings Results'!$A$1,6,16+MAX('Savings Results'!$G:$G)-MIN('Savings Results'!$G:$G)+MAX('Savings Results'!$J:$J)+B$20-MIN('Savings Results'!$G:$G),2000),OFFSET('Savings Results'!$A$1,6,6,2000),B$20)/(1/(1-SUM('CE Parameters'!$F$10:$F$11)))),0)/1000","v":0},{"$f":"IF(MIN('Savings Results'!$G:$G)<=C20,(SUMIFS(OFFSET('Savings Results'!$A$1,6,16+MAX('Savings Results'!$G:$G)-MIN('Savings Results'!$G:$G)+MAX('Savings Results'!$J:$J)+C$20-MIN('Savings Results'!$G:$G),2000),OFFSET('Savings Results'!$A$1,6,6,2000),C$20)/(1/(1-SUM('CE Parameters'!$F$10:$F$11)))),0)/1000","v":0},{"$f":"IF(MIN('Savings Results'!$G:$G)<=D20,(SUMIFS(OFFSET('Savings Results'!$A$1,6,16+MAX('Savings Results'!$G:$G)-MIN('Savings Results'!$G:$G)+MAX('Savings Results'!$J:$J)+D$20-MIN('Savings Results'!$G:$G),2000),OFFSET('Savings Results'!$A$1,6,6,2000),D$20)/(1/(1-SUM('CE Parameters'!$F$10:$F$11)))),0)/1000","v":0},{"$f":"IF(MIN('Savings Results'!$G:$G)<=E20,(SUMIFS(OFFSET('Savings Results'!$A$1,6,16+MAX('Savings Results'!$G:$G)-MIN('Savings Results'!$G:$G)+MAX('Savings Results'!$J:$J)+E$20-MIN('Savings Results'!$G:$G),2000),OFFSET('Savings Results'!$A$1,6,6,2000),E$20)/(1/(1-SUM('CE Parameters'!$F$10:$F$11)))),0)/1000","v":0},{"$f":"IF(MIN('Savings Results'!$G:$G)<=F20,(SUMIFS(OFFSET('Savings Results'!$A$1,6,16+MAX('Savings Results'!$G:$G)-MIN('Savings Results'!$G:$G)+MAX('Savings Results'!$J:$J)+F$20-MIN('Savings Results'!$G:$G),2000),OFFSET('Savings Results'!$A$1,6,6,2000),F$20)/(1/(1-SUM('CE Parameters'!$F$10:$F$11)))),0)/1000","v":0},{"$f":"IF(MIN('Savings Results'!$G:$G)<=G20,(SUMIFS(OFFSET('Savings Results'!$A$1,6,16+MAX('Savings Results'!$G:$G)-MIN('Savings Results'!$G:$G)+MAX('Savings Results'!$J:$J)+G$20-MIN('Savings Results'!$G:$G),2000),OFFSET('Savings Results'!$A$1,6,6,2000),G$20)/(1/(1-SUM('CE Parameters'!$F$10:$F$11)))),0)/1000","v":0}]
["Annual savings (MWh)",{"$f":"IF(MIN('Savings Results'!$G:$G)<=B20,(SUM(OFFSET('Savings Results'!$A$1,6,16+MAX('Savings Results'!$G:$G)-MIN('Savings Results'!$G:$G)+MAX('Savings Results'!$J:$J)+B$20-MIN('Savings Results'!$G:$G),2000))/(1/(1-SUM('CE Parameters'!$F$10:$F$11)))),0)/1000","v":0},{"$f":"IF(MIN('Savings Results'!$G:$G)<=C20,(SUM(OFFSET('Savings Results'!$A$1,6,16+MAX('Savings Results'!$G:$G)-MIN('Savings Results'!$G:$G)+MAX('Savings Results'!$J:$J)+C$20-MIN('Savings Results'!$G:$G),2000))/(1/(1-SUM('CE Parameters'!$F$10:$F$11)))),0)/1000","v":0},{"$f":"IF(MIN('Savings Results'!$G:$G)<=D20,(SUM(OFFSET('Savings Results'!$A$1,6,16+MAX('Savings Results'!$G:$G)-MIN('Savings Results'!$G:$G)+MAX('Savings Results'!$J:$J)+D$20-MIN('Savings Results'!$G:$G),2000))/(1/(1-SUM('CE Parameters'!$F$10:$F$11)))),0)/1000","v":0},{"$f":"IF(MIN('Savings Results'!$G:$G)<=E20,(SUM(OFFSET('Savings Results'!$A$1,6,16+MAX('Savings Results'!$G:$G)-MIN('Savings Results'!$G:$G)+MAX('Savings Results'!$J:$J)+E$20-MIN('Savings Results'!$G:$G),2000))/(1/(1-SUM('CE Parameters'!$F$10:$F$11)))),0)/1000","v":0},{"$f":"IF(MIN('Savings Results'!$G:$G)<=F20,(SUM(OFFSET('Savings Results'!$A$1,6,16+MAX('Savings Results'!$G:$G)-MIN('Savings Results'!$G:$G)+MAX('Savings Results'!$J:$J)+F$20-MIN('Savings Results'!$G:$G),2000))/(1/(1-SUM('CE Parameters'!$F$10:$F$11)))),0)/1000","v":0},{"$f":"IF(MIN('Savings Results'!$G:$G)<=G20,(SUM(OFFSET('Savings Results'!$A$1,6,16+MAX('Savings Results'!$G:$G)-MIN('Savings Results'!$G:$G)+MAX('Savings Results'!$J:$J)+G$20-MIN('Savings Results'!$G:$G),2000))/(1/(1-SUM('CE Parameters'!$F$10:$F$11)))),0)/1000","v":0}]
["Incentive Costs ($)",{"$f":"SUMIFS('Program Design'!$U:$U,'Program Design'!$J:$J,BMG!B$8)","v":0},{"$f":"SUMIFS('Program Design'!$U:$U,'Program Design'!$J:$J,BMG!C$8)","v":0},{"$f":"SUMIFS('Program Design'!$U:$U,'Program Design'!$J:$J,BMG!D$8)","v":5417400},{"$f":"SUMIFS('Program Design'!$U:$U,'Program Design'!$J:$J,BMG!E$8)","v":0},{"$f":"SUMIFS('Program Design'!$U:$U,'Program Design'!$J:$J,BMG!F$8)","v":0},{"$f":"SUMIFS('Program Design'!$U:$U,'Program Design'!$J:$J,BMG!G$8)","v":0}]
["IESO Variable Program Costs ($)",{"$f":"SUMIFS('Program Design'!$V:$V,'Program Design'!$J:$J,BMG!B$8)","v":0},{"$f":"SUMIFS('Program Design'!$V:$V,'Program Design'!$J:$J,BMG!C$8)","v":0},{"$f":"SUMIFS('Program Design'!$V:$V,'Program Design'!$J:$J,BMG!D$8)","v":0},{"$f":"SUMIFS('Program Design'!$V:$V,'Program Design'!$J:$J,BMG!E$8)","v":0},{"$f":"SUMIFS('Program Design'!$V:$V,'Program Design'!$J:$J,BMG!F$8)","v":0},{"$f":"SUMIFS('Program Design'!$V:$V,'Program Design'!$J:$J,BMG!G$8)","v":0}]
["LDC Variable Program Costs ($)",{"$f":"SUMIFS('Program Design'!$W:$W,'Program Design'!$J:$J,BMG!B$8)","v":0},{"$f":"SUMIFS('Program Design'!$W:$W,'Program Design'!$J:$J,BMG!C$8)","v":0},{"$f":"SUMIFS('Program Design'!$W:$W,'Program Design'!$J:$J,BMG!D$8)","v":0},{"$f":"SUMIFS('Program Design'!$W:$W,'Program Design'!$J:$J,BMG!E$8)","v":0},{"$f":"SUMIFS('Program Design'!$W:$W,'Program Design'!$J:$J,BMG!F$8)","v":0},{"$f":"SUMIFS('Program Design'!$W:$W,'Program Design'!$J:$J,BMG!G$8)","v":0}]
["Fixed Program Costs ($)",{"$f":"IFERROR(SUM(INDIRECT(ADDRESS(8,MATCH(B20& \" Sub-Total\",Budget!7:7,0),1,,\"Budget Result\")):INDIRECT(ADDRESS(20000,MATCH(B20& \" Sub-Total\",Budget!7:7,0),1,,\"Budget Result\")))/2,0)","v":0},{"$f":"IFERROR(SUM(INDIRECT(ADDRESS(8,MATCH(C20& \" Sub-Total\",Budget!7:7,0),1,,\"Budget Result\")):INDIRECT(ADDRESS(20000,MATCH(C20& \" Sub-Total\",Budget!7:7,0),1,,\"Budget Result\")))/2,0)","v":0},{"$f":"IFERROR(SUM(INDIRECT(ADDRESS(8,MATCH(D20& \" Sub-Total\",Budget!7:7,0),1,,\"Budget Result\")):INDIRECT(ADDRESS(20000,MATCH(D20& \" Sub-Total\",Budget!7:7,0),1,,\"Budget Result\")))/2,0)","v":0},{"$f":"IFERROR(SUM(INDIRECT(ADDRESS(8,MATCH(E20& \" Sub-Total\",Budget!7:7,0),1,,\"Budget Result\")):INDIRECT(ADDRESS(20000,MATCH(E20& \" Sub-Total\",Budget!7:7,0),1,,\"Budget Result\")))/2,0)","v":0},{"$f":"IFERROR(SUM(INDIRECT(ADDRESS(8,MATCH(F20& \" Sub-Total\",Budget!7:7,0),1,,\"Budget Result\")):INDIRECT(ADDRESS(20000,MATCH(F20& \" Sub-Total\",Budget!7:7,0),1,,\"Budget Result\")))/2,0)","v":0},{"$f":"IFERROR(SUM(INDIRECT(ADDRESS(8,MATCH(G20& \" Sub-Total\",Budget!7:7,0),1,,\"Budget Result\")):INDIRECT(ADDRESS(20000,MATCH(G20& \" Sub-Total\",Budget!7:7,0),1,,\"Budget Result\")))/2,0)","v":0}]
[]
["Table 17: Behind-the-Meter as % of Total Portfolio"]
["Metric",2015,2016,2017,2018,2019,2020]
["Incremental (first year) savings (%)",{"$f":"IFERROR(B10/B21,0)","v":0},0,0,0,0,0]
["Annual savings (kWh)",{"$f":"IFERROR(B11/B22,0)","v":0},0,0,0,0,0]
["Incentive Costs (%)",0,0,0,0,0,0]
["IESO Variable Program Costs (%)",0,0,0,0,0,0]
["LDC Variable Program Costs (%)",0,0,0,0,0,0]

{"sheet":"PROGRAM DESIGN >>","index":9,"n_rows":10,"n_cols":2,"rows_kept":10,"cut":false,"hidden":false,"merged":[[0,4,0,5],[8,1,8,14],[9,1,9,14],[4,1,4,14],[3,1,3,14],[5,1,5,14],[6,1,6,14],[7,1,7,14]]}
["Program Design Module"]
["INSTRUCTIONS:"]
[]
[1,"Begin with the \"Measure\" worksheet to quickly create any new measures needed. A measure is defined as the combination of the technology (measure), program, and assumptions. For a more step-by-step measure creation approach, please refer to the \"Custom Measure Input\" worksheet."]
[{"$f":"A4+1","v":2},"Next, move to the \"Program Design\" worksheet and select the measures to be included in your program(s), specify the participation, incentive levels, variable LDC admin costs and program years for each measure. If a measure does not appear, it has not been added in Step 1. Central Services Costs (IESO variable program costs) will be automatically populated, if applicable. "]
[{"$f":"A5+1","v":3},"Next, input any program-level budgets in the \"Budget Inputs\" worksheet (this worksheet will not populate until the measures have been selected). This worksheet will populate with only the programs and program years selected in step 2. If an additional program is added, the existing budgets will remain intact. "]
[{"$f":"A6+1","v":4},"Finally, if necessary, populate the \"External Input\" worksheet with any externally calculated cost-effectiveness results (i.e. behind the meter generation). Ensure that the assumptions align with the \"CE Parameters\" worksheet (i.e., inflation rate, base year, etc.)."]
[{"$f":"A7+1","v":5},"To calculate Cost Effectiveness, activate the \"CE Results\" worksheet and click the appropriate buttons. This will populate both the \"CE Results\" cost effectiveness and \"Summary CE Results.\""]
[{"$f":"A8+1","v":6},"To view measure level savings for the life of a measure, activate the \"Measure Savings Results\" worksheet and click the appropriate buttons."]
[7,"Summary results from various perspectives can be found in the \"SUMMARIES>>>\" section. "]

{"sheet":"Measures","index":10,"n_rows":1169,"n_cols":35,"rows_kept":1169,"cut":false,"hidden":false,"merged":[[3,23,3,30],[1,1,1,6],[0,2,0,6]]}
[null,"Defined Inputs Module: \nFormatted Measure List","This tab contains all measures available for use in the \"Program Design\" worksheet. To add custom measures, select the rows of measures you wish to modify and click \"Add Custom Measure,\" the selected measures will be copied to the bottom of the sheet and the user can modify the fields of this sheet. Before moving on to program design click \"Validate Custom Measure\" to ensure no errors will occur when cost effectiveness is run. "]
[null,"Users can add measures to this worksheet through the \"Custom Measure Input\" worksheet."]
[null,"Click here to return to \"Custom Measure Input\" tab"]
[null,null,null,null,null,null,null,null,null,null,null,null,null,null,null,null,null,null,null,null,null,null,null,"DUAL BASELINE"]
["Look Up Value","SOURCE","SECTOR","PROGRAM","END-USE","CONSERVATION MEASURE","MEASURE DESCRIPTION","BASE MEASURE","ASSUMED ANNUAL OPERATING HOURS","BASE CASE KW","BASE CASE KWH","CONSERVATION CASE KW","CONSERVATION CASE KWH","FIRST YEAR DEMAND SAVINGS (KW)","FIRST YEAR ENERGY SAVINGS (KWH)","PEAK DEMAND SAVINGS (KW)","EFFECTIVE USEFUL LIFE (YEAR)","END USE LOAD PROFILE","INCREMENTAL LIFE CYCLE COST ($)","NET-TO-GROSS (ENERGY)","NET-TO-GROSS (DEMAND)","FIRST YEAR NATURAL GAS SAVINGS (MMBtu)","FIRST YEAR WATER SAVINGS (Litre)","EARLY REPLACEMENT","REMAINNG USEFUL LIFE \n(YEARS)","REMAINNG USEFUL LIFE ANNUAL DEMAND SAVINGS (KW)","REMAINNG USEFUL LIFE ANNUAL ENERGY SAVINGS (KWH)","REMAINNG USEFUL LIFE PEAK DEMAND SAVINGS (KW)","REMAINING LIFE NATURAL GAS SAVINGS (MMBtu)","REMAINING USEFUL LIFE WATER SAVINGS (Litre)","REMAINING USEFUL LIFE INCREMENTAL LIFE CYCLE COST ($)","Weather Sensitive Peak Demand","Distribution (Dx) or Transmission (Tx) Connected","Behind the Meter Project (True/False)","IESO Variable Program Costs"]
[{"$f":"CONCATENATE(TRIM(LEFT(B6,1)),TRIM(LEFT(C6,20)),TRIM(LEFT(D6,10)),TRIM(RIGHT(D6,10)),TRIM(LEFT(F6,20)),TRIM(RIGHT(F6,20)),TRIM(LEFT(G6,105)),TRIM(LEFT(H6,20)),TRIM(RIGHT(H6,20)),TRIM(LEFT(R6,1)),TRIM(RIGHT(R6,25)),TRIM(LEFT(X6,1)),TRIM(LEFT(AF6,1)),TRIM(LEFT(AG6,1)))","v":"INon-ResidentialRetrofitRetrofitPRESCRIPTIVE LIGHTINRESCRIPTIVE LIGHTINGARCHETYPE - PRESCRIPTIVE LIGHTINGHISTORICAL PERFORMANSTORICAL PERFORMANCEPLighting_Interior_GeneralNND"},"IESO - Archetype","Non-Residential","Retrofit","Lighting","PRESCRIPTIVE LIGHTING","ARCHETYPE - PRESCRIPTIVE LIGHTING","HISTORICAL PERFORMANCE",4940,11.976010430247717,59881.441441441435,1,4940,10.976010430247717,54941.441441441435,10.976010430247717,11,"PSP-Business-Commercial-Lighting_Interior_General",4986.07,0.77700000000000002,0.76700000000000002,26.4,0,"No",null,null,null,null,null,null,null,"No","Dx",false,0]
["INon-ResidentialRetrofitRetrofitPRESCRIPTIVE NON-LIGRIPTIVE NON-LIGHTINGARCHETYPE - PRESCRIPTIVE NON-LIGHTINGHISTORICAL PERFORMANSTORICAL PERFORMANCEPl-Miscellaneous_EquipmentNND","IESO - Archetype","Non-Residential","Retrofit","Non-Lighting","PRESCRIPTIVE NON-LIGHTING","ARCHETYPE - PRESCRIPTIVE NON-LIGHTING","HISTORICAL PERFORMANCE",2148,5.8563583815028899,13733.973607038122,1,2148,4.8563583815028899,11585.973607038122,4.8563583815028899,16,"PSP-Business-Commercial-Miscellaneous_Equipment",76614.92,0.68200000000000005,0.69199999999999995,0,0,"No",null,null,null,null,null,null,null,"No","Dx",false,0]
["INon-ResidentialRetrofitRetrofitENGINEERED LIGHTINGENGINEERED LIGHTINGARCHETYPE - ENGINEERED LIGHTINGHISTORICAL PERFORMANSTORICAL PERFORMANCEPLighting_Interior_GeneralNND","IESO - Archetype","Non-Residential","Retrofit","Lighting","ENGINEERED LIGHTING","ARCHETYPE - ENGINEERED LIGHTING","HISTORICAL PERFORMANCE",6037,12.998587570621469,78414.938440492479,1,6037,11.998587570621469,72377.938440492479,11.998587570621469,9,"PSP-Business-Commercial-Lighting_Interior_General",16101.4,0.73099999999999998,0.70799999999999996,30.7,0,"No",null,null,null,null,null,null,null,"No","Dx",false,0]
["INon-ResidentialRetrofitRetrofitENGINEERED NON-LIGHTINEERED NON-LIGHTINGARCHETYPE - ENGINEERED NON-LIGHTINGHISTORICAL PERFORMANSTORICAL PERFORMANCEPl-Miscellaneous_EquipmentNND","IESO - Archetype","Non-Residential","Retrofit","Non-Lighting","ENGINEERED NON-LIGHTING","ARCHETYPE - ENGINEERED NON-LIGHTING","HISTORICAL PERFORMANCE",3610,5.6920821114369504,21629.101283880173,1,3610,4.6920821114369504,18019.101283880173,4.6920821114369504,16,"PSP-Business-Commercial-Miscellaneous_Equipment",29017.77,0.70099999999999996,0.68200000000000005,0,0,"No",null,null,null,null,null,null,null,"No","Dx",false,0]
["INon-ResidentialRetrofitRetrofitCUSTOM LIGHTINGCUSTOM LIGHTINGARCHETYPE - CUSTOM LIGHTINGHISTORICAL PERFORMANSTORICAL PERFORMANCEPLighting_Interior_GeneralNND","IESO - Archetype","Non-Residential","Retrofit","Lighting","CUSTOM LIGHTING","ARCHETYPE - CUSTOM LIGHTING","HISTORICAL PERFORMANCE",8760,5.2352941176470589,52766.117647058818,1,8760,4.2352941176470589,44006.117647058818,4.2352941176470589,10,"PSP-Business-Commercial-Lighting_Interior_General",50111.14,0.68,0.73099999999999998,31.3,0,"No",null,null,null,null,null,null,null,"No","Dx",false,0]
["INon-ResidentialRetrofitRetrofitCUSTOM NON-LIGHTINGCUSTOM NON-LIGHTINGARCHETYPE - CUSTOM NON-LIGHTINGHISTORICAL PERFORMANSTORICAL PERFORMANCEPl-Miscellaneous_EquipmentNND","IESO - Archetype","Non-Residential","Retrofit","Non-Lighting","CUSTOM NON-LIGHTING","ARCHETYPE - CUSTOM NON-LIGHTING","HISTORICAL PERFORMANCE",5691,21.941999999999997,126766.15853658537,1,5691,20.941999999999997,121075.15853658537,20.941999999999997,16,"PSP-Business-Commercial-Miscellaneous_Equipment",26212.66,0.65600000000000003,0.65,0,0,"No",null,null,null,null,null,null,null,"No","Dx",false,0]
["IResidentialHeating anng ProgramCAC 14.5 SEERCAC 14.5 SEERARCHETYPE - CAC 14.5 SEERHISTORICAL PERFORMANSTORICAL PERFORMANCEPer-Residential-AC_CentralNND","IESO - Archetype","Residential","Heating and Cooling Program","Space Cooling","CAC 14.5 SEER","ARCHETYPE - CAC 14.5 SEER","HISTORICAL PERFORMANCE",895,1.1647148693402856,1041.5514203202181,1,894.25442032020305,0.16471486934028556,147.29700000001503,0.83528513065971444,18,"PSP-Consumer-Residential-AC_Central",475,0.51364279715878636,0.51364279715878636,0,0,"No",null,null,null,null,null,null,null,"No","Dx",false,13]
["IResidentialHeating anng ProgramCAC 15 SEERCAC 15 SEERARCHETYPE - CAC 15 SEERHISTORICAL PERFORMANSTORICAL PERFORMANCEPer-Residential-AC_CentralNND","IESO - Archetype","Residential","Heating and Cooling Program","Space Cooling","CAC 15 SEER","ARCHETYPE - CAC 15 SEER","HISTORICAL PERFORMANCE",895,1.2336001872098958,1103.1524203200825,1,894.25442032004332,0.23360018720989584,208.89800000003913,0.76639981279010416,18,"PSP-Consumer-Residential-AC_Central",475,0.56653086399822961,0.56653086399822961,0,0,"No",null,null,null,null,null,null,null,"No","Dx",false,13]
["IResidentialHeating anng ProgramECM FURNACEECM FURNACEARCHETYPE - ECM FURNACEHISTORICAL PERFORMANSTORICAL PERFORMANCEPResidential-Furnace_ECM_3NND","IESO - Archetype","Residential","Heating and Cooling Program","Space Cooling and Heating","ECM FURNACE","ARCHETYPE - ECM FURNACE","HISTORICAL PERFORMANCE",1942,1.5611103367665669,3031.2530120879469,1,1941.7288712381455,0.56111033676656685,1089.5241408498014,0.43888966323343315,19,"PSP-Consumer-Residential-Furnace_ECM_3",959,0.46860120183473908,0.46860120183473908,0,0,"No",null,null,null,null,null,null,null,"No","Dx",false,13]
["IResidentialApplianceRetirementAIR CONDITIONER - ROR CONDITIONER - ROOMARCHETYPE - AIR CONDITIONER ROOMHISTORICAL PERFORMANSTORICAL PERFORMANCEPsumer-Residential-AC_RoomNND","IESO - Archetype","Residential","Appliance Retirement","Space Cooling","AIR CONDITIONER - ROOM","ARCHETYPE - AIR CONDITIONER ROOM","HISTORICAL PERFORMANCE",1080,1.273428897239846,1246.2123605356301,1,978.62736053563117,0.27342889723984598,267.5849999999989,0.72657110276015402,3,"PSP-Consumer-Residential-AC_Room",116.43,0.38322222222222518,0.38322222222222518,0,0,"No",null,null,null,null,null,null,null,"No","Dx",false,0]
[{"$f":"CONCATENATE(TRIM(LEFT(B16,1)),TRIM(LEFT(C16,20)),TRIM(LEFT(D16,10)),TRIM(RIGHT(D16,10)),TRIM(LEFT(F16,20)),TRIM(RIGHT(F16,20)),TRIM(LEFT(G16,105)),TRIM(LEFT(H16,20)),TRIM(RIGHT(H16,20)),TRIM(LEFT(R16,1)),TRIM(RIGHT(R16,25)),TRIM(LEFT(X16,1)),TRIM(LEFT(AF16,1)),TRIM(LEFT(AG16,1)))","v":"IResidentialApplianceRetirementDEHUMIDIFIERDEHUMIDIFIERARCHETYPE - DEHUMIDIFIERHISTORICAL PERFORMANSTORICAL PERFORMANCEPResidential-DehumidifiersNND"},"IESO - Archetype","Residential","Appliance Retirement","Space Cooling and Heating","DEHUMIDIFIER","ARCHETYPE - DEHUMIDIFIER","HISTORICAL PERFORMANCE",2060,1.4417438305466279,2687.7052305786156,1,1864.2044263574821,0.44174383054662791,823.50080422113342,0.55825616945337209,4,"PSP-Consumer-Residential-Dehumidifiers",116.43,0.38322222222222602,0.38322222222222602,0,0,"No",null,null,null,null,null,null,null,"No","Dx",false,0]
["IResidentialApplianceRetirementFREEZERFREEZERARCHETYPE - FREEZERHISTORICAL PERFORMANSTORICAL PERFORMANCEPumer-Residential-FreezersNND","IESO - Archetype","Residential","Appliance Retirement","Household Appliances","FREEZER","ARCHETYPE - FREEZER","HISTORICAL PERFORMANCE",7821,1.1335933500266782,8207.8603753229854,1,7240.5685646707607,0.13359335002667816,967.29181065222474,0.86640664997332184,4,"PSP-Consumer-Residential-Freezers",109.43,0.48452941176478675,0.48452941176478675,0,0,"No",null,null,null,null,null,null,null,"No","Dx",false,0]
["IResidentialApplianceRetirementREFRIGERATORREFRIGERATORARCHETYPE - REFRIGERATORHISTORICAL PERFORMANSTORICAL PERFORMANCEPResidential-RefrigeratorsNND","IESO - Archetype","Residential","Appliance Retirement","Household Appliances","REFRIGERATOR","ARCHETYPE - REFRIGERATOR","HISTORICAL PERFORMANCE",7375,1.1304044172586747,7691.4584173026833,1,6804.1652172194381,0.13040441725867469,887.29320008324521,0.86959558274132531,5,"PSP-Consumer-Residential-Refrigerators",106.43,0.46536965252313928,0.46536965252313928,0,0,"No",null,null,null,null,null,null,null,"No","Dx",false,0]
["IResidentialCoupon Proon ProgramCOUPONSCOUPONSARCHETYPE - COUPONSHISTORICAL PERFORMANSTORICAL PERFORMANCEPumer-Residential-LightingNND","IESO - Archetype","Residential","Coupon Program","Miscellaneous       ","COUPONS","ARCHETYPE - COUPONS","HISTORICAL PERFORMANCE",2000,1.0019600953141021,2028.9216020520485,1,2000,1.9600953141021282E-3,28.92,1.9600953141020185E-3,10,"PSP-Consumer-Residential-Lighting",5,1,1,0,0,"No",null,null,null,null,null,null,null,"No","Dx",false,1.75]
["IResidentialCoupon Proon ProgramBI-ANNUAL COUPONSBI-ANNUAL COUPONSARCHETYPE - BI-ANNUAL COUPONSHISTORICAL PERFORMANSTORICAL PERFORMANCEPumer-Residential-LightingNND","IESO - Archetype","Residential","Coupon Program","Miscellaneous       ","BI-ANNUAL COUPONS","ARCHETYPE - BI-ANNUAL COUPONS","HISTORICAL PERFORMANCE",2000,1.0023225656233776,2033.4468384216038,1,2000,2.322565623377626E-3,33.446838421603843,2.3225656233775275E-3,10,"PSP-Consumer-Residential-Lighting",5,0.99,0.99,0,0,"No",null,null,null,null,null,null,null,"No","Dx",false,1.75]
["IResidentialNew Constron ProgramNEW HOME CONSTRUCTIOEW HOME CONSTRUCTIONARCHETYPE - NEW HOME CONSTRUCTIONHISTORICAL PERFORMANSTORICAL PERFORMANCEPResidential-Furnace_ECM_3NND","IESO - Archetype","Residential","New Construction Program","New Home","NEW HOME CONSTRUCTION","ARCHETYPE - NEW HOME CONSTRUCTION","HISTORICAL PERFORMANCE",8760,1.3259664160136868,11679.392842415731,1,8760,0.32596641601368681,2919.3928424157311,0.67403358398631319,13,"PSP-Consumer-Residential-Furnace_ECM_3",540,0.62999999999999978,0.62999999999999978,0,0,"No",null,null,null,null,null,null,null,"No","Dx",false,0]
["IResidentialHome Assisce ProgramHAP HOMEHAP HOMEARCHETYPE - HAP HOMEHISTORICAL PERFORMANSTORICAL PERFORMANCEPResidential-Furnace_ECM_3NND","IESO - Archetype","Residential","Home Assistance Program","HAP Home","HAP HOME","ARCHETYPE - HAP HOME","HISTORICAL PERFORMANCE",8760,1.088255055551282,9544.3950833308481,1,8760,8.8255055551281991E-2,784.39508333084814,0.91174494444871801,9,"PSP-Consumer-Residential-Furnace_ECM_3",484,1,1,0,0,"No",null,null,null,null,null,null,null,"No","Dx",false,0]
[{"$f":"CONCATENATE(TRIM(LEFT(B23,1)),TRIM(LEFT(C23,20)),TRIM(LEFT(D23,10)),TRIM(RIGHT(D23,10)),TRIM(LEFT(F23,20)),TRIM(RIGHT(F23,20)),TRIM(LEFT(G23,105)),TRIM(LEFT(H23,20)),TRIM(RIGHT(H23,20)),TRIM(LEFT(R23,1)),TRIM(RIGHT(R23,25)),TRIM(LEFT(X23,1)),TRIM(LEFT(AF23,1)),TRIM(LEFT(AG23,1)))","v":"INon-ResidentialHigh PerfonstructionHPNC PROJECTHPNC PROJECTARCHETYPE - HPNC PROJECTHISTORICAL PERFORMANSTORICAL PERFORMANCEPLighting_Interior_GeneralNND"},"IESO - Archetype","Non-Residential","High Performance New Construction","HPNC Project","HPNC PROJECT","ARCHETYPE - HPNC PROJECT","HISTORICAL PERFORMANCE",3130,34.723799999999997,108685.49,1,3130,33.72,105555.49,33.723799999999997,14,"PSP-Business-Commercial-Lighting_Interior_General",90639,0.54,0.54,0,0,"No",null,null,null,null,null,null,null,"No","Dx",false,0]
[{"$f":"CONCATENATE(TRIM(LEFT(B24,1)),TRIM(LEFT(C24,20)),TRIM(LEFT(D24,10)),TRIM(RIGHT(D24,10)),TRIM(LEFT(F24,20)),TRIM(RIGHT(F24,20)),TRIM(LEFT(G24,105)),TRIM(LEFT(H24,20)),TRIM(RIGHT(H24,20)),TRIM(LEFT(R24,1)),TRIM(RIGHT(R24,25)),TRIM(LEFT(X24,1)),TRIM(LEFT(AF24,1)),TRIM(LEFT(AG24,1)))","v":"INon-ResidentialSmall Busis LightingPast ParticipantPast ParticipantARCHETYPE - PAST PARTICIPANTBUSINESS CASEBUSINESS CASEPl-Lighting_Small BusinessNND"},"IESO - Archetype","Non-Residential","Small Business Lighting","Lighting","Past Participant","ARCHETYPE - PAST PARTICIPANT","BUSINESS CASE",3440,null,null,null,null,0.16,1126.5999999999999,0.16,9,"PSP-Business-Commercial-Lighting_Small Business",383.4,0.94,0.94,0,0,"No",null,null,null,null,null,null,null,"No","Dx",false,37]
[{"$f":"CONCATENATE(TRIM(LEFT(B25,1)),TRIM(LEFT(C25,20)),TRIM(LEFT(D25,10)),TRIM(RIGHT(D25,10)),TRIM(LEFT(F25,20)),TRIM(RIGHT(F25,20)),TRIM(LEFT(G25,105)),TRIM(LEFT(H25,20)),TRIM(RIGHT(H25,20)),TRIM(LEFT(R25,1)),TRIM(RIGHT(R25,25)),TRIM(LEFT(X25,1)),TRIM(LEFT(AF25,1)),TRIM(LEFT(AG25,1)))","v":"INon-ResidentialSmall Busis LightingNew Participant GS >w Participant GS >50ARCHETYPE - NEW PARTICIPANT GS >50BUSINESS CASEBUSINESS CASEPl-Lighting_Small BusinessNND"},"IESO - Archetype","Non-Residential","Small Business Lighting","Lighting","New Participant GS >50","ARCHETYPE - NEW PARTICIPANT GS >50","BUSINESS CASE",3440,null,null,null,null,0.96,6759.3,0.96,9,"PSP-Business-Commercial-Lighting_Small Business",2875.5,0.94,0.94,0,0,"No",null,null,null,null,null,null,null,"No","Dx",false,37]
[{"$f":"CONCATENATE(TRIM(LEFT(B26,1)),TRIM(LEFT(C26,20)),TRIM(LEFT(D26,10)),TRIM(RIGHT(D26,10)),TRIM(LEFT(F26,20)),TRIM(RIGHT(F26,20)),TRIM(LEFT(G26,105)),TRIM(LEFT(H26,20)),TRIM(RIGHT(H26,20)),TRIM(LEFT(R26,1)),TRIM(RIGHT(R26,25)),TRIM(LEFT(X26,1)),TRIM(LEFT(AF26,1)),TRIM(LEFT(AG26,1)))","v":"INon-ResidentialSmall Busis LightingNew Participant GS <w Participant GS <50ARCHETYPE - NEW PARTICIPANT GS <50BUSINESS CASEBUSINESS CASEPl-Lighting_Small BusinessNND"},"IESO - Archetype","Non-Residential","Small Business Lighting","Lighting","New Participant GS <50","ARCHETYPE - NEW PARTICIPANT GS <50","BUSINESS CASE",3440,null,null,null,null,0.64,4506.2,0.64,9,"PSP-Business-Commercial-Lighting_Small Business",1917,0.94,0.94,0,0,"No",null,null,null,null,null,null,null,"No","Dx",false,37]
[{"$f":"CONCATENATE(TRIM(LEFT(B27,1)),TRIM(LEFT(C27,20)),TRIM(LEFT(D27,10)),TRIM(RIGHT(D27,10)),TRIM(LEFT(F27,20)),TRIM(RIGHT(F27,20)),TRIM(LEFT(G27,105)),TRIM(LEFT(H27,20)),TRIM(RIGHT(H27,20)),TRIM(LEFT(R27,1)),TRIM(RIGHT(R27,25)),TRIM(LEFT(X27,1)),TRIM(LEFT(AF27,1)),TRIM(LEFT(AG27,1)))","v":"INon-ResidentialAudit Fundit FundingAUDIT PROJECTAUDIT PROJECTARCHETYPE - AUDIT PROJECTHISTORICAL PERFORMANSTORICAL PERFORMANCEPl-Miscellaneous_EquipmentNND"},"IESO - Archetype","Non-Residential","Audit Funding","Miscellaneous       ","AUDIT PROJECT","ARCHETYPE - AUDIT PROJECT","HISTORICAL PERFORMANCE",5740,14.2149,81593.53,1,5740,13.21,75853.53,13.21,4,"PSP-Business-Commercial-Miscellaneous_Equipment",57985.78,1,1,346.06,0,"No",null,null,null,null,null,null,null,"No","Dx",false,0]
[{"$f":"CONCATENATE(TRIM(LEFT(B28,1)),TRIM(LEFT(C28,20)),TRIM(LEFT(D28,10)),TRIM(RIGHT(D28,10)),TRIM(LEFT(F28,20)),TRIM(RIGHT(F28,20)),TRIM(LEFT(G28,105)),TRIM(LEFT(H28,20)),TRIM(RIGHT(H28,20)),TRIM(LEFT(R28,1)),TRIM(RIGHT(R28,25)),TRIM(LEFT(X28,1)),TRIM(LEFT(AF28,1)),TRIM(LEFT(AG28,1)))","v":"INon-ResidentialRetrofitRetrofitSINGLE CREEP HEAT PAINGLE CREEP HEAT PADUp to 100 Watt maximum175 W Heat Lamp175 W Heat LampPmmercial-Single_Creep_PadNND"},"IESO - Measure","Non-Residential","Retrofit","Agribusiness","SINGLE CREEP HEAT PAD","Up to 100 Watt maximum","175 W Heat Lamp",6900,0.17499999999999999,1207.5,0.08,552,9.4999999999999987E-2,655.5,4.975076923076923E-2,10,"PSP-Business-Commercial-Single_Creep_Pad",-21.002176285367312,0.68200000000000005,0.69199999999999995,0,0,"No",null,null,null,null,null,null,null,"No","Dx",false,0]
["INon-ResidentialRetrofitRetrofitDOUBLE CREEP HEAT PAOUBLE CREEP HEAT PADUp to 200 Watt maximum2 - 175 W Heat Lamps2 - 175 W Heat LampsPmmercial-Double_Creep_PadNND","IESO - Measure","Non-Residential","Retrofit","Agribusiness","DOUBLE CREEP HEAT PAD","Up to 200 Watt maximum","2 - 175 W Heat Lamps",6900,0.35,2415,0.16,1104,0.18999999999999997,1311,0.12067923076923077,10,"PSP-Business-Commercial-Double_Creep_Pad",-162.17391751956103,0.68200000000000005,0.69199999999999995,0,0,"No",null,null,null,null,null,null,null,"No","Dx",false,0]
["INon-ResidentialRetrofitRetrofitHIGH TEMPERATURE CUTRE CUTOUT THERMOSTATOperating range 24 to 40 CelsiusPoorly Controlled Crled Creep Heat LampsPcial-HT_Cutout_ThermostatNND","IESO - Measure","Non-Residential","Retrofit","Agribusiness","HIGH TEMPERATURE CUTOUT THERMOSTAT","Operating range 24 to 40 Celsius","Poorly Controlled Creep Heat Lamps",560,1.575,882,0,0,1.575,882,0.72301384615384612,10,"PSP-Business-Commercial-HT_Cutout_Thermostat",113.72,"n/a","n/a",0,0,"No",null,null,null,null,null,null,null,"No","Dx",false,0]
["INon-ResidentialRetrofitRetrofitCREEP HEAT CONTROLLEREEP HEAT CONTROLLERFor use in animal housing facilitiesPoorly Controlled Crled Creep Heat LampsPial-Creep_Heat_ControllerNND","IESO - Measure","Non-Residential","Retrofit","Agribusiness","CREEP HEAT CONTROLLER","For use in animal housing facilities","Poorly Controlled Creep Heat Lamps",6900,6.125,42262.5,4.7779999999999996,32968.199999999997,1.3470000000000004,9294.3000000000029,1.0605034615384619,15,"PSP-Business-Commercial-Creep_Heat_Controller",400,"n/a","n/a",0,0,"No",null,null,null,null,null,null,null,"No","Dx",false,0]
["INon-ResidentialRetrofitRetrofitHIGH EFFICIENCY VENTILATION EXHAUST FANS18-20\" FanMinimum fan groupingS Laboratory ratingsPcial-HE_Exhaust_Fans_≤24\"NND","IESO - Measure","Non-Residential","Retrofit","Agribusiness","HIGH EFFICIENCY VENTILATION EXHAUST FANS","18-20\" Fan","Minimum fan grouping in category from BESS Laboratory ratings",2804,0.47499999999999998,1331.8999999999999,0.38,1065.52,9.4999999999999973E-2,266.37999999999988,7.8138133333333304E-2,10,"PSP-Business-Commercial-HE_Exhaust_Fans_≤24\"",285,"n/a","n/a",0,0,"No",null,null,null,null,null,null,null,"No","Dx",false,0]
["INon-ResidentialRetrofitRetrofitHIGH EFFICIENCY VENTILATION EXHAUST FANS24\" FansMinimum fan groupingS Laboratory ratingsPcial-HE_Exhaust_Fans_≤24\"NND","IESO - Measure","Non-Residential","Retrofit","Agribusiness","HIGH EFFICIENCY VENTILATION EXHAUST FANS","24\" Fans","Minimum fan grouping in category from BESS Laboratory ratings",2804,0.68235294117647061,1913.3176470588235,0.48739495798319327,1366.6554621848738,0.19495798319327734,546.66218487394963,0.16035424089635855,10,"PSP-Business-Commercial-HE_Exhaust_Fans_≤24\"",285,"n/a","n/a",0,0,"No",null,null,null,null,null,null,null,"No","Dx",false,0]
["INon-ResidentialRetrofitRetrofitHIGH EFFICIENCY VENTILATION EXHAUST FANS36\" FansMinimum fan groupingS Laboratory ratingsPcial-HE_Exhaust_Fans_>24\"NND","IESO - Measure","Non-Residential","Retrofit","Agribusiness","HIGH EFFICIENCY VENTILATION EXHAUST FANS","36\" Fans","Minimum fan grouping in category from BESS Laboratory ratings",1342,0.9,1207.8,0.66666666666666674,894.66666666666674,0.23333333333333328,313.13333333333321,0.15552288888888885,10,"PSP-Business-Commercial-HE_Exhaust_Fans_>24\"",285,"n/a","n/a",0,0,"No",null,null,null,null,null,null,null,"No","Dx",false,0]
["INon-ResidentialRetrofitRetrofitHIGH EFFICIENCY VENTILATION EXHAUST FANS≥ 48\" FansMinimum fan groupingS Laboratory ratingsPcial-HE_Exhaust_Fans_>24\"NND","IESO - Measure","Non-Residential","Retrofit","Agribusiness","HIGH EFFICIENCY VENTILATION EXHAUST FANS","≥ 48\" Fans","Minimum fan grouping in category from BESS Laboratory ratings",1342,1.3066666666666666,1753.5466666666666,1.1136363636363635,1494.4999999999998,0.19303030303030311,259.04666666666685,0.12865984444444453,10,"PSP-Business-Commercial-HE_Exhaust_Fans_>24\"",285,"n/a","n/a",0,0,"No",null,null,null,null,null,null,null,"No","Dx",false,0]
["INon-ResidentialRetrofitRetrofitHIGH VOLUME LOW SPEEVOLUME LOW SPEED FAN≥10 ft to <11 ft, 1 hp2 units Box fan, 1 hunits Box fan, 1 hpP-Business-Commercial-HVLSNND","IESO - Measure","Non-Residential","Retrofit","Agribusiness","HIGH VOLUME LOW SPEED FAN","≥10 ft to <11 ft, 1 hp","2 units Box fan, 1 hp",2900,1.8084848484848486,5244.606060606061,0.90424242424242429,2622.3030303030305,0.90424242424242429,2622.3030303030305,0.89561734265734283,15,"PSP-Business-Commercial-HVLS",4900,"n/a","n/a",0,0,"No",null,null,null,null,null,null,null,"No","Dx",false,0]
["INon-ResidentialRetrofitRetrofitHIGH VOLUME LOW SPEEVOLUME LOW SPEED FAN≥11 ft to <19 ft, 1.5 hp4 units Box fan, 1 hunits Box fan, 1 hpP-Business-Commercial-HVLSNND","IESO - Measure","Non-Residential","Retrofit","Agribusiness","HIGH VOLUME LOW SPEED FAN","≥11 ft to <19 ft, 1.5 hp","4 units Box fan, 1 hp",2900,3.6169696969696972,10489.212121212122,1.3563636363636364,3933.4545454545455,2.2606060606060607,6555.757575757576,2.2390433566433567,15,"PSP-Business-Commercial-HVLS",2900,"n/a","n/a",0,0,"No",null,null,null,null,null,null,null,"No","Dx",false,0]
["INon-ResidentialRetrofitRetrofitHIGH VOLUME LOW SPEEVOLUME LOW SPEED FAN≥19 ft to <25 ft, 2 hp4 units Box fan, 1 hunits Box fan, 1 hpP-Business-Commercial-HVLSNND","IESO - Measure","Non-Residential","Retrofit","Agribusiness","HIGH VOLUME LOW SPEED FAN","≥19 ft to <25 ft, 2 hp","4 units Box fan, 1 hp",2900,3.6169696969696972,10489.212121212122,1.8084848484848486,5244.606060606061,1.8084848484848486,5244.606060606061,1.7912346853146857,15,"PSP-Business-Commercial-HVLS",2900,"n/a","n/a",0,0,"No",null,null,null,null,null,null,null,"No","Dx",false,0]
["INon-ResidentialRetrofitRetrofitLOW ENERGY LIVESTOCKY LIVESTOCK WATERERS300 W maximum1500 W (Max) electriric heated WaterersPmercial-Livestock_WatererNND","IESO - Measure","Non-Residential","Retrofit","Agribusiness","LOW ENERGY LIVESTOCK WATERERS","300 W maximum","1500 W (Max) electric heated Waterers ",1400,1,1400,0.3,420,0.7,980,0,10,"PSP-Business-Commercial-Livestock_Waterer",320,0.68200000000000005,0.69199999999999995,0,0,"No",null,null,null,null,null,null,null,"No","Dx",false,0]
["INon-ResidentialRetrofitRetrofitPHOTOCELL AND TIMERFOR LIGHTING CONTROL-250 W Metal Halide (Lamps per Photocell)Pommercial-Timer_PhotocellNND","IESO - Measure","Non-Residential","Retrofit","Agribusiness","PHOTOCELL AND TIMER FOR LIGHTING CONTROL","-","250 W Metal Halide (Assume 4 Lamps per Photocell)",6570,1.1000000000000001,7227.0000000000009,1.1000000000000001,3842.0032860000006,0,3384.9967140000003,0.63360194903076927,8,"PSP-Business-Commercial-Timer_Photocell",250,"n/a","n/a",0,0,"No",null,null,null,null,null,null,null,"No","Dx",false,0]
["INon-ResidentialRetrofitRetrofitDUAL AND NATURAL EXHT VENTILATION SYSTEMEgg layersFans: 400W/1000 birdans: 400W/1000 birdsP_Exhaust_Fans_(non-dairy)NND","IESO - Measure","Non-Residential","Retrofit","Agribusiness","DUAL AND NATURAL EXHAUST VENTILATION SYSTEM","Egg layers","Fans: 400W/1000 birds",7008,0.4,2803.2000000000003,0,0,0.4,2803.2000000000003,0.40394830769230777,15,"PSP-Business-Commercial-D&N_Exhaust_Fans_(non-dairy)",0,0.68200000000000005,0.69199999999999995,0,0,"No",null,null,null,null,null,null,null,"No","Dx",false,0]
["INon-ResidentialRetrofitRetrofitDUAL AND NATURAL EXHT VENTILATION SYSTEMChicken broilersFans: 340W 1000 birdans: 340W 1000 birdsP_Exhaust_Fans_(non-dairy)NND","IESO - Measure","Non-Residential","Retrofit","Agribusiness","DUAL AND NATURAL EXHAUST VENTILATION SYSTEM","Chicken broilers","Fans: 340W 1000 birds",7008,0.34,2382.7200000000003,0,0,0.34,2382.7200000000003,0.3433560615384616,15,"PSP-Business-Commercial-D&N_Exhaust_Fans_(non-dairy)",0,0.68200000000000005,0.69199999999999995,0,0,"No",null,null,null,null,null,null,null,"No","Dx",false,0]
["INon-ResidentialRetrofitRetrofitDUAL AND NATURAL EXHT VENTILATION SYSTEMTurkeysFans: 1,130W/1000 bis: 1,130W/1000 birdsP_Exhaust_Fans_(non-dairy)NND","IESO - Measure","Non-Residential","Retrofit","Agribusiness","DUAL AND NATURAL EXHAUST VENTILATION SYSTEM","Turkeys","Fans: 1,130W/1000 birds",7008,1.1299999999999999,7919.0399999999991,0,0,1.1299999999999999,7919.0399999999991,1.1411539692307691,15,"PSP-Business-Commercial-D&N_Exhaust_Fans_(non-dairy)",0,0.68200000000000005,0.69199999999999995,0,0,"No",null,null,null,null,null,null,null,"No","Dx",false,0]
["INon-ResidentialRetrofitRetrofitDUAL AND NATURAL EXHT VENTILATION SYSTEMSwine - breeding & gestationFans: 17W/sowFans: 17W/sowP_Exhaust_Fans_(non-dairy)NND","IESO - Measure","Non-Residential","Retrofit","Agribusiness","DUAL AND NATURAL EXHAUST VENTILATION SYSTEM","Swine - breeding & gestation","Fans: 17W/sow ",7008,1.4999999999999999E-2,105.11999999999999,0,0,1.4999999999999999E-2,105.11999999999999,1.5148061538461537E-2,15,"PSP-Business-Commercial-D&N_Exhaust_Fans_(non-dairy)",0,0.68200000000000005,0.69199999999999995,0,0,"No",null,null,null,null,null,null,null,"No","Dx",false,0]
["INon-ResidentialRetrofitRetrofitDUAL AND NATURAL EXHT VENTILATION SYSTEMSwine - growing & finishingFans: 5W/market-weig5W/market-weight hogP_Exhaust_Fans_(non-dairy)NND","IESO - Measure","Non-Residential","Retrofit","Agribusiness","DUAL AND NATURAL EXHAUST VENTILATION SYSTEM","Swine - growing & finishing","Fans: 5W/market-weight hog",7008,5.0000000000000001E-3,35.04,0,0,5.0000000000000001E-3,35.04,5.0493538461538461E-3,15,"PSP-Business-Commercial-D&N_Exhaust_Fans_(non-dairy)",0,0.68200000000000005,0.69199999999999995,0,0,"No",null,null,null,null,null,null,null,"No","Dx",false,0]
["INon-ResidentialRetrofitRetrofitDUAL AND NATURAL EXHT VENTILATION SYSTEMDairy -tie stall, year round housingFans: 35W/cowFans: 35W/cowP-D&N_Exhaust_Fans_(dairy)NND","IESO - Measure","Non-Residential","Retrofit","Agribusiness","DUAL AND NATURAL EXHAUST VENTILATION SYSTEM","Dairy -tie stall, year round housing","Fans: 35W/cow",7008,3.5000000000000003E-2,245.28000000000003,0,0,3.5000000000000003E-2,245.28000000000003,0,15,"PSP-Business-Commercial-D&N_Exhaust_Fans_(dairy)",0,0.68200000000000005,0.69199999999999995,0,0,"No",null,null,null,null,null,null,null,"No","Dx",false,0]
["INon-ResidentialRetrofitRetrofitDUAL AND NATURAL EXHT VENTILATION SYSTEMDairy -tie stall, outside in summer50% in barn; 50% onbarn; 50% on pastureP-D&N_Exhaust_Fans_(dairy)NND","IESO - Measure","Non-Residential","Retrofit","Agribusiness","DUAL AND NATURAL EXHAUST VENTILATION SYSTEM","Dairy -tie stall, outside in summer","50% in barn; 50% on pasture",3500,3.5000000000000003E-2,122.50000000000001,0,0,3.5000000000000003E-2,122.50000000000001,0,15,"PSP-Business-Commercial-D&N_Exhaust_Fans_(dairy)",0,"n/a","n/a",0,0,"No",null,null,null,null,null,null,null,"No","Dx",false,0]
["INon-ResidentialRetrofitRetrofitDUAL AND NATURAL EXHT VENTILATION SYSTEMGreenhouse - FlowersFans: 1260W/1000 sq.260W/1000 sq. metersP_Exhaust_Fans_(non-dairy)NND","IESO - Measure","Non-Residential","Retrofit","Agribusiness","DUAL AND NATURAL EXHAUST VENTILATION SYSTEM","Greenhouse - Flowers","Fans: 1260W/1000 sq. meters",7008,1.26,8830.08,0,0,1.26,8830.08,1.2724371692307692,15,"PSP-Business-Commercial-D&N_Exhaust_Fans_(non-dairy)",0,0.68200000000000005,0.69199999999999995,0,0,"No",null,null,null,null,null,null,null,"No","Dx",false,0]
["INon-ResidentialHigh PerfonstructionSINGLE CREEP HEAT PAINGLE CREEP HEAT PADUp to 100 Watt maximum175 W Heat Lamp175 W Heat LampPmmercial-Single_Creep_PadNND","IESO - Measure","Non-Residential","High Performance New Construction","Agribusiness","SINGLE CREEP HEAT PAD","Up to 100 Watt maximum","175 W Heat Lamp",6900,0.17499999999999999,1207.5,0.08,552,9.4999999999999987E-2,655.5,4.975076923076923E-2,10,"PSP-Business-Commercial-Single_Creep_Pad",-21.002176285367312,0.54,0.54,0,0,"No",null,null,null,null,null,null,null,"No","Dx",false,0]
["INon-ResidentialHigh PerfonstructionDOUBLE CREEP HEAT PAOUBLE CREEP HEAT PADUp to 200 Watt maximum2 - 175 W Heat Lamps2 - 175 W Heat LampsPmmercial-Double_Creep_PadNND","IESO - Measure","Non-Residential","High Performance New Construction","Agribusiness","DOUBLE CREEP HEAT PAD","Up to 200 Watt maximum","2 - 175 W Heat Lamps",6900,0.35,2415,0.16,1104,0.18999999999999997,1311,0.12067923076923077,10,"PSP-Business-Commercial-Double_Creep_Pad",-162.17391751956103,0.54,0.54,0,0,"No",null,null,null,null,null,null,null,"No","Dx",false,0]
["INon-ResidentialHigh PerfonstructionLOW ENERGY LIVESTOCKY LIVESTOCK WATERERS300 W maximum1500 W (Max) electriric heated WaterersPmercial-Livestock_WatererNND","IESO - Measure","Non-Residential","High Performance New Construction","Agribusiness","LOW ENERGY LIVESTOCK WATERERS","300 W maximum","1500 W (Max) electric heated Waterers ",1400,1,1400,0.3,420,0.7,980,0,10,"PSP-Business-Commercial-Livestock_Waterer",320,0.54,0.54,0,0,"No",null,null,null,null,null,null,null,"No","Dx",false,0]
["INon-ResidentialHigh PerfonstructionDUAL AND NATURAL EXHT VENTILATION SYSTEMEgg layersFans: 400W/1000 birdans: 400W/1000 birdsP_Exhaust_Fans_(non-dairy)NND","IESO - Measure","Non-Residential","High Performance New Construction","Agribusiness","DUAL AND NATURAL EXHAUST VENTILATION SYSTEM","Egg layers","Fans: 400W/1000 birds",7008,0.4,2803.2000000000003,0,0,0.4,2803.2000000000003,0.40394830769230777,15,"PSP-Business-Commercial-D&N_Exhaust_Fans_(non-dairy)",0,0.54,0.54,0,0,"No",null,null,null,null,null,null,null,"No","Dx",false,0]
["INon-ResidentialHigh PerfonstructionDUAL AND NATURAL EXHT VENTILATION SYSTEMChicken broilersFans: 340W 1000 birdans: 340W 1000 birdsP_Exhaust_Fans_(non-dairy)NND","IESO - Measure","Non-Residential","High Performance New Construction","Agribusiness","DUAL AND NATURAL EXHAUST VENTILATION SYSTEM","Chicken broilers","Fans: 340W 1000 birds",7008,0.34,2382.7200000000003,0,0,0.34,2382.7200000000003,0.3433560615384616,15,"PSP-Business-Commercial-D&N_Exhaust_Fans_(non-dairy)",0,0.54,0.54,0,0,"No",null,null,null,null,null,null,null,"No","Dx",false,0]
["INon-ResidentialHigh PerfonstructionDUAL AND NATURAL EXHT VENTILATION SYSTEMTurkeysFans: 1,130W/1000 bis: 1,130W/1000 birdsP_Exhaust_Fans_(non-dairy)NND","IESO - Measure","Non-Residential","High Performance New Construction","Agribusiness","DUAL AND NATURAL EXHAUST VENTILATION SYSTEM","Turkeys","Fans: 1,130W/1000 birds",7008,1.1299999999999999,7919.0399999999991,0,0,1.1299999999999999,7919.0399999999991,1.1411539692307691,15,"PSP-Business-Commercial-D&N_Exhaust_Fans_(non-dairy)",0,0.54,0.54,0,0,"No",null,null,null,null,null,null,null,"No","Dx",false,0]
["INon-ResidentialHigh PerfonstructionDUAL AND NATURAL EXHT VENTILATION SYSTEMSwine - breeding & gestationFans: 17W/sowFans: 17W/sowP_Exhaust_Fans_(non-dairy)NND","IESO - Measure","Non-Residential","High Performance New Construction","Agribusiness","DUAL AND NATURAL EXHAUST VENTILATION SYSTEM","Swine - breeding & gestation","Fans: 17W/sow ",7008,1.4999999999999999E-2,105.11999999999999,0,0,1.4999999999999999E-2,105.11999999999999,1.5148061538461537E-2,15,"PSP-Business-Commercial-D&N_Exhaust_Fans_(non-dairy)",0,0.54,0.54,0,0,"No",null,null,null,null,null,null,null,"No","Dx",false,0]
["INon-ResidentialHigh PerfonstructionDUAL AND NATURAL EXHT VENTILATION SYSTEMSwine - growing & finishingFans: 5W/market-weig5W/market-weight hogP_Exhaust_Fans_(non-dairy)NND","IESO - Measure","Non-Residential","High Performance New Construction","Agribusiness","DUAL AND NATURAL EXHAUST VENTILATION SYSTEM","Swine - growing & finishing","Fans: 5W/market-weight hog",7008,5.0000000000000001E-3,35.04,0,0,5.0000000000000001E-3,35.04,5.0493538461538461E-3,15,"PSP-Business-Commercial-D&N_Exhaust_Fans_(non-dairy)",0,0.54,0.54,0,0,"No",null,null,null,null,null,null,null,"No","Dx",false,0]
["INon-ResidentialHigh PerfonstructionDUAL AND NATURAL EXHT VENTILATION SYSTEMDairy -tie stall, year round housingFans: 35W/cowFans: 35W/cowP-D&N_Exhaust_Fans_(dairy)NND","IESO - Measure","Non-Residential","High Performance New Construction","Agribusiness","DUAL AND NATURAL EXHAUST VENTILATION SYSTEM","Dairy -tie stall, year round housing","Fans: 35W/cow",7008,3.5000000000000003E-2,245.28000000000003,0,0,3.5000000000000003E-2,245.28000000000003,0,15,"PSP-Business-Commercial-D&N_Exhaust_Fans_(dairy)",0,0.54,0.54,0,0,"No",null,null,null,null,null,null,null,"No","Dx",false,0]
["INon-ResidentialHigh PerfonstructionDUAL AND NATURAL EXHT VENTILATION SYSTEMGreenhouse - FlowersFans: 1260W/1000 sq.260W/1000 sq. metersP_Exhaust_Fans_(non-dairy)NND","IESO - Measure","Non-Residential","High Performance New Construction","Agribusiness","DUAL AND NATURAL EXHAUST VENTILATION SYSTEM","Greenhouse - Flowers","Fans: 1260W/1000 sq. meters",7008,1.26,8830.08,0,0,1.26,8830.08,1.2724371692307692,15,"PSP-Business-Commercial-D&N_Exhaust_Fans_(non-dairy)",0,0.54,0.54,0,0,"No",null,null,null,null,null,null,null,"No","Dx",false,0]
["INon-ResidentialRetrofitRetrofitREFRIGERATED DISPLAYCASE LED STRIP LIGHTPer linear foot60 W (T8 Lighting)60 W (T8 Lighting)P_Display_Case_Food RetailNND","IESO - Measure","Non-Residential","Retrofit","Lighting ","REFRIGERATED DISPLAY CASE LED STRIP LIGHT","Per linear foot","60 W (T8 Lighting)",4800,1.4999999999999999E-2,72,7.4999999999999997E-3,36,7.4999999999999997E-3,36,6.8861538461538465E-3,10,"PSP-Business-Commercial-Refrigerated_Display_Case_Food Retail",16,"n/a","n/a",0,0,"No",null,null,null,null,null,null,null,"No","Dx",false,0]
["INon-ResidentialRetrofitRetrofitLED RECESSED DOWNLIGRECESSED DOWNLIGHTSLED Downlight with Light Output > 350 and ≤600 lumensENERGY STAR® 15 or 1STAR® 15 or 18W CFLPLighting_Interior_GeneralNND","IESO - Measure","Non-Residential","Retrofit","Lighting -Food Retail","LED RECESSED DOWNLIGHTS","LED Downlight with Light Output > 350 and ≤600 lumens","ENERGY STAR® 15 or 18W CFL",6074,1.7999999999999999E-2,109.33199999999999,1.0999999999999999E-2,66.813999999999993,6.9999999999999993E-3,42.518000000000001,6.0397122413547531E-3,6,"PSP-Business-Food_Retail-Lighting_Interior_General",17.88,"n/a","n/a",0,0,"No",null,null,null,null,null,null,null,"No","Dx",false,0]
["INon-ResidentialRetrofitRetrofitLED RECESSED DOWNLIGRECESSED DOWNLIGHTSLED Downlight with Light Output > 350 and ≤600 lumensENERGY STAR® 15 or 1STAR® 15 or 18W CFLPLighting_Interior_GeneralNND","IESO - Measure","Non-Residential","Retrofit","Lighting -Hospital","LED RECESSED DOWNLIGHTS","LED Downlight with Light Output > 350 and ≤600 lumens","ENERGY STAR® 15 or 18W CFL",5182,1.7999999999999999E-2,93.275999999999996,1.0999999999999999E-2,57.001999999999995,6.9999999999999993E-3,36.274000000000001,4.8417482846018853E-3,7,"PSP-Business-Hospital-Lighting_Interior_General",17.88,"n/a","n/a",0,0,"No",null,null,null,null,null,null,null,"No","Dx",false,0]
["INon-ResidentialRetrofitRetrofitLED RECESSED DOWNLIGRECESSED DOWNLIGHTSLED Downlight with Light Output > 350 and ≤600 lumensENERGY STAR® 15 or 1STAR® 15 or 18W CFLPLighting_Interior_GeneralNND","IESO - Measure","Non-Residential","Retrofit","Lighting -Large Hotel (Corridor/Lobby)","LED RECESSED DOWNLIGHTS","LED Downlight with Light Output > 350 and ≤600 lumens","ENERGY STAR® 15 or 18W CFL",7884,1.7999999999999999E-2,141.91199999999998,1.0999999999999999E-2,86.72399999999999,6.9999999999999993E-3,55.187999999999988,6.6658616587392267E-3,5,"PSP-Business-Large_Hotel (Corridor/Lobby)-Lighting_Interior_General",17.88,"n/a","n/a",0,0,"No",null,null,null,null,null,null,null,"No","Dx",false,0]
["INon-ResidentialRetrofitRetrofitLED RECESSED DOWNLIGRECESSED DOWNLIGHTSLED Downlight with Light Output > 350 and ≤600 lumensENERGY STAR® 15 or 1STAR® 15 or 18W CFLPLighting_Interior_GeneralNND","IESO - Measure","Non-Residential","Retrofit","Lighting -Large Non-Food Retail","LED RECESSED DOWNLIGHTS","LED Downlight with Light Output > 350 and ≤600 lumens","ENERGY STAR® 15 or 18W CFL",4089,1.7999999999999999E-2,73.60199999999999,1.0999999999999999E-2,44.978999999999999,6.9999999999999993E-3,28.62299999999999,4.2448253303097863E-3,9,"PSP-Business-Large_Non_Food_Retail-Lighting_Interior_General",17.88,"n/a","n/a",0,0,"No",null,null,null,null,null,null,null,"No","Dx",false,0]
["INon-ResidentialRetrofitRetrofitLED RECESSED DOWNLIGRECESSED DOWNLIGHTSLED Downlight with Light Output > 350 and ≤600 lumensENERGY STAR® 15 or 1STAR® 15 or 18W CFLPLighting_Interior_GeneralNND","IESO - Measure","Non-Residential","Retrofit","Lighting -Large Office","LED RECESSED DOWNLIGHTS","LED Downlight with Light Output > 350 and ≤600 lumens","ENERGY STAR® 15 or 18W CFL",3610,1.7999999999999999E-2,64.97999999999999,1.0999999999999999E-2,39.71,6.9999999999999993E-3,25.269999999999989,4.2711161405268446E-3,11,"PSP-Business-Large_Office-Lighting_Interior_General",17.88,"n/a","n/a",0,0,"No",null,null,null,null,null,null,null,"No","Dx",false,0]
["INon-ResidentialRetrofitRetrofitLED RECESSED DOWNLIGRECESSED DOWNLIGHTSLED Downlight with Light Output > 350 and ≤600 lumensENERGY STAR® 15 or 1STAR® 15 or 18W CFLPLighting_Interior_GeneralNND","IESO - Measure","Non-Residential","Retrofit","Lighting -Nursing Home","LED RECESSED DOWNLIGHTS","LED Downlight with Light Output > 350 and ≤600 lumens","ENERGY STAR® 15 or 18W CFL",4308,1.7999999999999999E-2,77.543999999999997,1.0999999999999999E-2,47.387999999999998,6.9999999999999993E-3,30.155999999999999,4.5597982334095533E-3,9,"PSP-Business-Nursing_Home-Lighting_Interior_General",17.88,"n/a","n/a",0,0,"No",null,null,null,null,null,null,null,"No","Dx",false,0]
["INon-ResidentialRetrofitRetrofitLED RECESSED DOWNLIGRECESSED DOWNLIGHTSLED Downlight with Light Output > 350 and ≤600 lumensENERGY STAR® 15 or 1STAR® 15 or 18W CFLPLighting_Interior_GeneralNND","IESO - Measure","Non-Residential","Retrofit","Lighting -Other Commercial Buildings","LED RECESSED DOWNLIGHTS","LED Downlight with Light Output > 350 and ≤600 lumens","ENERGY STAR® 15 or 18W CFL",2857,1.7999999999999999E-2,51.425999999999995,1.0999999999999999E-2,31.427,6.9999999999999993E-3,19.998999999999995,3.3835191720741433E-3,13,"PSP-Business-Other_Commercial_Buildings-Lighting_Interior_General",17.88,"n/a","n/a",0,0,"No",null,null,null,null,null,null,null,"No","Dx",false,0]
["INon-ResidentialRetrofitRetrofitLED RECESSED DOWNLIGRECESSED DOWNLIGHTSLED Downlight with Light Output > 350 and ≤600 lumensENERGY STAR® 15 or 1STAR® 15 or 18W CFLPLighting_Interior_GeneralNND","IESO - Measure","Non-Residential","Retrofit","Lighting -Other Hotel Motel (Corridor/Lobby)","LED RECESSED DOWNLIGHTS","LED Downlight with Light Output > 350 and ≤600 lumens","ENERGY STAR® 15 or 18W CFL",7884,1.7999999999999999E-2,141.91199999999998,1.0999999999999999E-2,86.72399999999999,6.9999999999999993E-3,55.187999999999988,6.6658618347363195E-3,5,"PSP-Business-Other_Hotel_Motel (Corridor/Lobby)-Lighting_Interior_General",17.88,"n/a","n/a",0,0,"No",null,null,null,null,null,null,null,"No","Dx",false,0]
["INon-ResidentialRetrofitRetrofitLED RECESSED DOWNLIGRECESSED DOWNLIGHTSLED Downlight with Light Output > 350 and ≤600 lumensENERGY STAR® 15 or 1STAR® 15 or 18W CFLPLighting_Interior_GeneralNND","IESO - Measure","Non-Residential","Retrofit","Lighting -Other Non-Food Retail","LED RECESSED DOWNLIGHTS","LED Downlight with Light Output > 350 and ≤600 lumens","ENERGY STAR® 15 or 18W CFL",4089,1.7999999999999999E-2,73.60199999999999,1.0999999999999999E-2,44.978999999999999,6.9999999999999993E-3,28.62299999999999,6.2621692497850474E-3,9,"PSP-Business-Other_Non_Food_Retail-Lighting_Interior_General",17.88,"n/a","n/a",0,0,"No",null,null,null,null,null,null,null,"No","Dx",false,0]
["INon-ResidentialRetrofitRetrofitLED RECESSED DOWNLIGRECESSED DOWNLIGHTSLED Downlight with Light Output > 350 and ≤600 lumensENERGY STAR® 15 or 1STAR® 15 or 18W CFLPLighting_Interior_GeneralNND","IESO - Measure","Non-Residential","Retrofit","Lighting -Other Office","LED RECESSED DOWNLIGHTS","LED Downlight with Light Output > 350 and ≤600 lumens","ENERGY STAR® 15 or 18W CFL",3610,1.7999999999999999E-2,64.97999999999999,1.0999999999999999E-2,39.71,6.9999999999999993E-3,25.269999999999989,4.2711161405268446E-3,11,"PSP-Business-Other_Office-Lighting_Interior_General",17.88,"n/a","n/a",0,0,"No",null,null,null,null,null,null,null,"No","Dx",false,0]
["INon-ResidentialRetrofitRetrofitLED RECESSED DOWNLIGRECESSED DOWNLIGHTSLED Downlight with Light Output > 350 and ≤600 lumensENERGY STAR® 15 or 1STAR® 15 or 18W CFLPLighting_Interior_GeneralNND","IESO - Measure","Non-Residential","Retrofit","Lighting -Restaurant","LED RECESSED DOWNLIGHTS","LED Downlight with Light Output > 350 and ≤600 lumens","ENERGY STAR® 15 or 18W CFL",5110,1.7999999999999999E-2,91.97999999999999,1.0999999999999999E-2,56.209999999999994,6.9999999999999993E-3,35.769999999999996,5.8614037831766401E-3,7,"PSP-Business-Restaurant-Lighting_Interior_General",17.88,"n/a","n/a",0,0,"No",null,null,null,null,null,null,null,"No","Dx",false,0]
["INon-ResidentialRetrofitRetrofitLED RECESSED DOWNLIGRECESSED DOWNLIGHTSLED Downlight with Light Output > 350 and ≤600 lumensENERGY STAR® 15 or 1STAR® 15 or 18W CFLPLighting_Interior_GeneralNND","IESO - Measure","Non-Residential","Retrofit","Lighting -Schools","LED RECESSED DOWNLIGHTS","LED Downlight with Light Output > 350 and ≤600 lumens","ENERGY STAR® 15 or 18W CFL",2596,1.7999999999999999E-2,46.727999999999994,1.0999999999999999E-2,28.555999999999997,6.9999999999999993E-3,18.171999999999997,9.1529634875780108E-4,15,"PSP-Business-Schools-Lighting_Interior_General",17.88,"n/a","n/a",0,0,"No",null,null,null,null,null,null,null,"No","Dx",false,0]
["INon-ResidentialRetrofitRetrofitLED RECESSED DOWNLIGRECESSED DOWNLIGHTSLED Downlight with Light Output > 350 and ≤600 lumensENERGY STAR® 15 or 1STAR® 15 or 18W CFLPLighting_Interior_GeneralNND","IESO - Measure","Non-Residential","Retrofit","Lighting -University Colleges","LED RECESSED DOWNLIGHTS","LED Downlight with Light Output > 350 and ≤600 lumens","ENERGY STAR® 15 or 18W CFL",3255,1.7999999999999999E-2,58.589999999999996,1.0999999999999999E-2,35.805,6.9999999999999993E-3,22.784999999999997,3.0209200485122058E-3,12,"PSP-Business-University_Colleges-Lighting_Interior_General",17.88,"n/a","n/a",0,0,"No",null,null,null,null,null,null,null,"No","Dx",false,0]
["INon-ResidentialRetrofitRetrofitLED RECESSED DOWNLIGRECESSED DOWNLIGHTSLED Downlight with Light Output > 350 and ≤600 lumensENERGY STAR® 15 or 1STAR® 15 or 18W CFLPLighting_Interior_GeneralNND","IESO - Measure","Non-Residential","Retrofit","Lighting -Warehouse Wholesale","LED RECESSED DOWNLIGHTS","LED Downlight with Light Output > 350 and ≤600 lumens","ENERGY STAR® 15 or 18W CFL",3759,1.7999999999999999E-2,67.661999999999992,1.0999999999999999E-2,41.348999999999997,6.9999999999999993E-3,26.312999999999995,5.1209146153846138E-3,10,"PSP-Business-Warehouse_Wholesale-Lighting_Interior_General",17.88,"n/a","n/a",0,0,"No",null,null,null,null,null,null,null,"No","Dx",false,0]
["INon-ResidentialRetrofitRetrofitLED RECESSED DOWNLIGRECESSED DOWNLIGHTSLED Downlight with Light Output >600 and ≤800 lumensENERGY STAR® 20W CFLENERGY STAR® 20W CFLPLighting_Interior_GeneralNND","IESO - Measure","Non-Residential","Retrofit","Lighting -Food Retail","LED RECESSED DOWNLIGHTS","LED Downlight with Light Output >600 and ≤800 lumens","ENERGY STAR® 20W CFL",6074,0.02,121.48,1.4E-2,85.036000000000001,6.0000000000000001E-3,36.444000000000003,5.1768962068755031E-3,6,"PSP-Business-Food_Retail-Lighting_Interior_General",22.88,"n/a","n/a",0,0,"No",null,null,null,null,null,null,null,"No","Dx",false,0]
["INon-ResidentialRetrofitRetrofitLED RECESSED DOWNLIGRECESSED DOWNLIGHTSLED Downlight with Light Output >600 and ≤800 lumensENERGY STAR® 20W CFLENERGY STAR® 20W CFLPLighting_Interior_GeneralNND","IESO - Measure","Non-Residential","Retrofit","Lighting -Hospital","LED RECESSED DOWNLIGHTS","LED Downlight with Light Output >600 and ≤800 lumens","ENERGY STAR® 20W CFL",5182,0.02,103.64,1.4E-2,72.548000000000002,6.0000000000000001E-3,31.091999999999999,4.1500699582301872E-3,8,"PSP-Business-Hospital-Lighting_Interior_General",22.88,"n/a","n/a",0,0,"No",null,null,null,null,null,null,null,"No","Dx",false,0]
["INon-ResidentialRetrofitRetrofitLED RECESSED DOWNLIGRECESSED DOWNLIGHTSLED Downlight with Light Output >600 and ≤800 lumensENERGY STAR® 20W CFLENERGY STAR® 20W CFLPLighting_Interior_GeneralNND","IESO - Measure","Non-Residential","Retrofit","Lighting -Large Hotel (Corridor/Lobby)","LED RECESSED DOWNLIGHTS","LED Downlight with Light Output >600 and ≤800 lumens","ENERGY STAR® 20W CFL",7884,0.02,157.68,1.4E-2,110.376,6.0000000000000001E-3,47.304000000000002,5.7135957074907666E-3,5,"PSP-Business-Large_Hotel (Corridor/Lobby)-Lighting_Interior_General",22.88,"n/a","n/a",0,0,"No",null,null,null,null,null,null,null,"No","Dx",false,0]
["INon-ResidentialRetrofitRetrofitLED RECESSED DOWNLIGRECESSED DOWNLIGHTSLED Downlight with Light Output >600 and ≤800 lumensENERGY STAR® 20W CFLENERGY STAR® 20W CFLPLighting_Interior_GeneralNND","IESO - Measure","Non-Residential","Retrofit","Lighting -Large Non-Food Retail","LED RECESSED DOWNLIGHTS","LED Downlight with Light Output >600 and ≤800 lumens","ENERGY STAR® 20W CFL",4089,0.02,81.78,1.4E-2,57.246000000000002,6.0000000000000001E-3,24.533999999999999,3.638421711694104E-3,10,"PSP-Business-Large_Non_Food_Retail-Lighting_Interior_General",22.88,"n/a","n/a",0,0,"No",null,null,null,null,null,null,null,"No","Dx",false,0]
["INon-ResidentialRetrofitRetrofitLED RECESSED DOWNLIGRECESSED DOWNLIGHTSLED Downlight with Light Output >600 and ≤800 lumensENERGY STAR® 20W CFLENERGY STAR® 20W CFLPLighting_Interior_GeneralNND","IESO - Measure","Non-Residential","Retrofit","Lighting -Large Office","LED RECESSED DOWNLIGHTS","LED Downlight with Light Output >600 and ≤800 lumens","ENERGY STAR® 20W CFL",3610,0.02,72.2,1.4E-2,50.54,6.0000000000000001E-3,21.660000000000004,3.6609566918801551E-3,11,"PSP-Business-Large_Office-Lighting_Interior_General",22.88,"n/a","n/a",0,0,"No",null,null,null,null,null,null,null,"No","Dx",false,0]
["INon-ResidentialRetrofitRetrofitLED RECESSED DOWNLIGRECESSED DOWNLIGHTSLED Downlight with Light Output >600 and ≤800 lumensENERGY STAR® 20W CFLENERGY STAR® 20W CFLPLighting_Interior_GeneralNND","IESO - Measure","Non-Residential","Retrofit","Lighting -Nursing Home","LED RECESSED DOWNLIGHTS","LED Downlight with Light Output >600 and ≤800 lumens","ENERGY STAR® 20W CFL",4308,0.02,86.16,1.4E-2,60.312000000000005,6.0000000000000001E-3,25.847999999999992,3.9083984857796157E-3,9,"PSP-Business-Nursing_Home-Lighting_Interior_General",22.88,"n/a","n/a",0,0,"No",null,null,null,null,null,null,null,"No","Dx",false,0]
["INon-ResidentialRetrofitRetrofitLED RECESSED DOWNLIGRECESSED DOWNLIGHTSLED Downlight with Light Output >600 and ≤800 lumensENERGY STAR® 20W CFLENERGY STAR® 20W CFLPLighting_Interior_GeneralNND","IESO - Measure","Non-Residential","Retrofit","Lighting -Other Commercial Buildings","LED RECESSED DOWNLIGHTS","LED Downlight with Light Output >600 and ≤800 lumens","ENERGY STAR® 20W CFL",2857,0.02,57.14,1.4E-2,39.997999999999998,6.0000000000000001E-3,17.142000000000003,2.9001592903492666E-3,14,"PSP-Business-Other_Commercial_Buildings-Lighting_Interior_General",22.88,"n/a","n/a",0,0,"No",null,null,null,null,null,null,null,"No","Dx",false,0]
["INon-ResidentialRetrofitRetrofitLED RECESSED DOWNLIGRECESSED DOWNLIGHTSLED Downlight with Light Output >600 and ≤800 lumensENERGY STAR® 20W CFLENERGY STAR® 20W CFLPLighting_Interior_GeneralNND","IESO - Measure","Non-Residential","Retrofit","Lighting -Other Hotel Motel (Corridor/Lobby)","LED RECESSED DOWNLIGHTS","LED Downlight with Light Output >600 and ≤800 lumens","ENERGY STAR® 20W CFL",7884,0.02,157.68,1.4E-2,110.376,6.0000000000000001E-3,47.304000000000002,5.7135958583454183E-3,5,"PSP-Business-Other_Hotel_Motel (Corridor/Lobby)-Lighting_Interior_General",22.88,"n/a","n/a",0,0,"No",null,null,null,null,null,null,null,"No","Dx",false,0]
["INon-ResidentialRetrofitRetrofitLED RECESSED DOWNLIGRECESSED DOWNLIGHTSLED Downlight with Light Output >600 and ≤800 lumensENERGY STAR® 20W CFLENERGY STAR® 20W CFLPLighting_Interior_GeneralNND","IESO - Measure","Non-Residential","Retrofit","Lighting -Other Non-Food Retail","LED RECESSED DOWNLIGHTS","LED Downlight with Light Output >600 and ≤800 lumens","ENERGY STAR® 20W CFL",4089,0.02,81.78,1.4E-2,57.246000000000002,6.0000000000000001E-3,24.533999999999999,5.3675736426728989E-3,10,"PSP-Business-Other_Non_Food_Retail-Lighting_Interior_General",22.88,"n/a","n/a",0,0,"No",null,null,null,null,null,null,null,"No","Dx",false,0]
["INon-ResidentialRetrofitRetrofitLED RECESSED DOWNLIGRECESSED DOWNLIGHTSLED Downlight with Light Output >600 and ≤800 lumensENERGY STAR® 20W CFLENERGY STAR® 20W CFLPLighting_Interior_GeneralNND","IESO - Measure","Non-Residential","Retrofit","Lighting -Other Office","LED RECESSED DOWNLIGHTS","LED Downlight with Light Output >600 and ≤800 lumens","ENERGY STAR® 20W CFL",3610,0.02,72.2,1.4E-2,50.54,6.0000000000000001E-3,21.660000000000004,3.6609566918801551E-3,11,"PSP-Business-Other_Office-Lighting_Interior_General",22.88,"n/a","n/a",0,0,"No",null,null,null,null,null,null,null,"No","Dx",false,0]
["INon-ResidentialRetrofitRetrofitLED RECESSED DOWNLIGRECESSED DOWNLIGHTSLED Downlight with Light Output >600 and ≤800 lumensENERGY STAR® 20W CFLENERGY STAR® 20W CFLPLighting_Interior_GeneralNND","IESO - Measure","Non-Residential","Retrofit","Lighting -Restaurant","LED RECESSED DOWNLIGHTS","LED Downlight with Light Output >600 and ≤800 lumens","ENERGY STAR® 20W CFL",5110,0.02,102.2,1.4E-2,71.540000000000006,6.0000000000000001E-3,30.659999999999997,5.024060385579978E-3,8,"PSP-Business-Restaurant-Lighting_Interior_General",22.88,"n/a","n/a",0,0,"No",null,null,null,null,null,null,null,"No","Dx",false,0]
["INon-ResidentialRetrofitRetrofitLED RECESSED DOWNLIGRECESSED DOWNLIGHTSLED Downlight with Light Output >600 and ≤800 lumensENERGY STAR® 20W CFLENERGY STAR® 20W CFLPLighting_Interior_GeneralNND","IESO - Measure","Non-Residential","Retrofit","Lighting -Schools","LED RECESSED DOWNLIGHTS","LED Downlight with Light Output >600 and ≤800 lumens","ENERGY STAR® 20W CFL",2596,0.02,51.92,1.4E-2,36.344000000000001,6.0000000000000001E-3,15.576000000000001,7.8453972750668673E-4,15,"PSP-Business-Schools-Lighting_Interior_General",22.88,"n/a","n/a",0,0,"No",null,null,null,null,null,null,null,"No","Dx",false,0]
["INon-ResidentialRetrofitRetrofitLED RECESSED DOWNLIGRECESSED DOWNLIGHTSLED Downlight with Light Output >600 and ≤800 lumensENERGY STAR® 20W CFLENERGY STAR® 20W CFLPLighting_Interior_GeneralNND","IESO - Measure","Non-Residential","Retrofit","Lighting -University Colleges","LED RECESSED DOWNLIGHTS","LED Downlight with Light Output >600 and ≤800 lumens","ENERGY STAR® 20W CFL",3255,0.02,65.099999999999994,1.4E-2,45.57,6.0000000000000001E-3,19.529999999999994,2.5893600415818905E-3,12,"PSP-Business-University_Colleges-Lighting_Interior_General",22.88,"n/a","n/a",0,0,"No",null,null,null,null,null,null,null,"No","Dx",false,0]
["INon-ResidentialRetrofitRetrofitLED RECESSED DOWNLIGRECESSED DOWNLIGHTSLED Downlight with Light Output >600 and ≤800 lumensENERGY STAR® 20W CFLENERGY STAR® 20W CFLPLighting_Interior_GeneralNND","IESO - Measure","Non-Residential","Retrofit","Lighting -Warehouse Wholesale","LED RECESSED DOWNLIGHTS","LED Downlight with Light Output >600 and ≤800 lumens","ENERGY STAR® 20W CFL",3759,0.02,75.180000000000007,1.4E-2,52.625999999999998,6.0000000000000001E-3,22.554000000000009,4.3893553846153866E-3,10,"PSP-Business-Warehouse_Wholesale-Lighting_Interior_General",22.88,"n/a","n/a",0,0,"No",null,null,null,null,null,null,null,"No","Dx",false,0]
["INon-ResidentialRetrofitRetrofitLED RECESSED DOWNLIGRECESSED DOWNLIGHTSLED Downlight with Light Output >800 lumensENERGY STAR® 25W CFLENERGY STAR® 25W CFLPLighting_Interior_GeneralNND","IESO - Measure","Non-Residential","Retrofit","Lighting -Food Retail","LED RECESSED DOWNLIGHTS","LED Downlight with Light Output >800 lumens","ENERGY STAR® 25W CFL",6074,2.5000000000000001E-2,151.85,0.02,121.48,5.000000000000001E-3,30.36999999999999,4.3140801723962506E-3,7,"PSP-Business-Food_Retail-Lighting_Interior_General",47.88,"n/a","n/a",0,0,"No",null,null,null,null,null,null,null,"No","Dx",false,0]
["INon-ResidentialRetrofitRetrofitLED RECESSED DOWNLIGRECESSED DOWNLIGHTSLED Downlight with Light Output >800 lumensENERGY STAR® 25W CFLENERGY STAR® 25W CFLPLighting_Interior_GeneralNND","IESO - Measure","Non-Residential","Retrofit","Lighting -Hospital","LED RECESSED DOWNLIGHTS","LED Downlight with Light Output >800 lumens","ENERGY STAR® 25W CFL",5182,2.5000000000000001E-2,129.55000000000001,0.02,103.64,5.000000000000001E-3,25.910000000000011,3.4583916318584908E-3,8,"PSP-Business-Hospital-Lighting_Interior_General",47.88,"n/a","n/a",0,0,"No",null,null,null,null,null,null,null,"No","Dx",false,0]
["INon-ResidentialRetrofitRetrofitLED RECESSED DOWNLIGRECESSED DOWNLIGHTSLED Downlight with Light Output >800 lumensENERGY STAR® 25W CFLENERGY STAR® 25W CFLPLighting_Interior_GeneralNND","IESO - Measure","Non-Residential","Retrofit","Lighting -Large Hotel (Corridor/Lobby)","LED RECESSED DOWNLIGHTS","LED Downlight with Light Output >800 lumens","ENERGY STAR® 25W CFL",7884,2.5000000000000001E-2,197.10000000000002,0.02,157.68,5.000000000000001E-3,39.420000000000016,4.7613297562423074E-3,5,"PSP-Business-Large_Hotel (Corridor/Lobby)-Lighting_Interior_General",47.88,"n/a","n/a",0,0,"No",null,null,null,null,null,null,null,"No","Dx",false,0]
["INon-ResidentialRetrofitRetrofitLED RECESSED DOWNLIGRECESSED DOWNLIGHTSLED Downlight with Light Output >800 lumensENERGY STAR® 25W CFLENERGY STAR® 25W CFLPLighting_Interior_GeneralNND","IESO - Measure","Non-Residential","Retrofit","Lighting -Large Non-Food Retail","LED RECESSED DOWNLIGHTS","LED Downlight with Light Output >800 lumens","ENERGY STAR® 25W CFL",4089,2.5000000000000001E-2,102.22500000000001,0.02,81.78,5.000000000000001E-3,20.445000000000007,3.0320180930784213E-3,10,"PSP-Business-Large_Non_Food_Retail-Lighting_Interior_General",47.88,"n/a","n/a",0,0,"No",null,null,null,null,null,null,null,"No","Dx",false,0]
[{"$f":"CONCATENATE(TRIM(LEFT(B92,1)),TRIM(LEFT(C92,20)),TRIM(LEFT(D92,10)),TRIM(RIGHT(D92,10)),TRIM(LEFT(F92,20)),TRIM(RIGHT(F92,20)),TRIM(LEFT(G92,105)),TRIM(LEFT(H92,20)),TRIM(RIGHT(H92,20)),TRIM(LEFT(R92,1)),TRIM(RIGHT(R92,25)),TRIM(LEFT(X92,1)),TRIM(LEFT(AF92,1)),TRIM(LEFT(AG92,1)))","v":"INon-ResidentialRetrofitRetrofitLED RECESSED DOWNLIGRECESSED DOWNLIGHTSLED Downlight with Light Output >800 lumensENERGY STAR® 25W CFLENERGY STAR® 25W CFLPLighting_Interior_GeneralNND"},"IESO - Measure","Non-Residential","Retrofit","Lighting -Large Office","LED RECESSED DOWNLIGHTS","LED Downlight with Light Output >800 lumens","ENERGY STAR® 25W CFL",3610,2.5000000000000001E-2,90.25,0.02,72.2,5.000000000000001E-3,18.049999999999997,3.0507972432334616E-3,11,"PSP-Business-Large_Office-Lighting_Interior_General",47.88,"n/a","n/a",0,0,"No",null,null,null,null,null,null,null,"No","Dx",false,0]
["INon-ResidentialRetrofitRetrofitLED RECESSED DOWNLIGRECESSED DOWNLIGHTSLED Downlight with Light Output >800 lumensENERGY STAR® 25W CFLENERGY STAR® 25W CFLPLighting_Interior_GeneralNND","IESO - Measure","Non-Residential","Retrofit","Lighting -Nursing Home","LED RECESSED DOWNLIGHTS","LED Downlight with Light Output >800 lumens","ENERGY STAR® 25W CFL",4308,2.5000000000000001E-2,107.7,0.02,86.16,5.000000000000001E-3,21.540000000000006,3.2569987381496821E-3,10,"PSP-Business-Nursing_Home-Lighting_Interior_General",47.88,"n/a","n/a",0,0,"No",null,null,null,null,null,null,null,"No","Dx",false,0]
["INon-ResidentialRetrofitRetrofitLED RECESSED DOWNLIGRECESSED DOWNLIGHTSLED Downlight with Light Output >800 lumensENERGY STAR® 25W CFLENERGY STAR® 25W CFLPLighting_Interior_GeneralNND","IESO - Measure","Non-Residential","Retrofit","Lighting -Other Commercial Buildings","LED RECESSED DOWNLIGHTS","LED Downlight with Light Output >800 lumens","ENERGY STAR® 25W CFL",2857,2.5000000000000001E-2,71.424999999999997,0.02,57.14,5.000000000000001E-3,14.284999999999997,2.4167994086243877E-3,14,"PSP-Business-Other_Commercial_Buildings-Lighting_Interior_General",47.88,"n/a","n/a",0,0,"No",null,null,null,null,null,null,null,"No","Dx",false,0]
["INon-ResidentialRetrofitRetrofitLED RECESSED DOWNLIGRECESSED DOWNLIGHTSLED Downlight with Light Output >800 lumensENERGY STAR® 25W CFLENERGY STAR® 25W CFLPLighting_Interior_GeneralNND","IESO - Measure","Non-Residential","Retrofit","Lighting -Other Hotel Motel (Corridor/Lobby)","LED RECESSED DOWNLIGHTS","LED Downlight with Light Output >800 lumens","ENERGY STAR® 25W CFL",7884,2.5000000000000001E-2,197.10000000000002,0.02,157.68,5.000000000000001E-3,39.420000000000016,4.7613298819545171E-3,5,"PSP-Business-Other_Hotel_Motel (Corridor/Lobby)-Lighting_Interior_General",47.88,"n/a","n/a",0,0,"No",null,null,null,null,null,null,null,"No","Dx",false,0]
["INon-ResidentialRetrofitRetrofitLED RECESSED DOWNLIGRECESSED DOWNLIGHTSLED Downlight with Light Output >800 lumensENERGY STAR® 25W CFLENERGY STAR® 25W CFLPLighting_Interior_GeneralNND","IESO - Measure","Non-Residential","Retrofit","Lighting -Other Non-Food Retail","LED RECESSED DOWNLIGHTS","LED Downlight with Light Output >800 lumens","ENERGY STAR® 25W CFL",4089,2.5000000000000001E-2,102.22500000000001,0.02,81.78,5.000000000000001E-3,20.445000000000007,4.4729780355607504E-3,10,"PSP-Business-Other_Non_Food_Retail-Lighting_Interior_General",47.88,"n/a","n/a",0,0,"No",null,null,null,null,null,null,null,"No","Dx",false,0]
["INon-ResidentialRetrofitRetrofitLED RECESSED DOWNLIGRECESSED DOWNLIGHTSLED Downlight with Light Output >800 lumensENERGY STAR® 25W CFLENERGY STAR® 25W CFLPLighting_Interior_GeneralNND","IESO - Measure","Non-Residential","Retrofit","Lighting -Other Office","LED RECESSED DOWNLIGHTS","LED Downlight with Light Output >800 lumens","ENERGY STAR® 25W CFL",3610,2.5000000000000001E-2,90.25,0.02,72.2,5.000000000000001E-3,18.049999999999997,3.0507972432334616E-3,11,"PSP-Business-Other_Office-Lighting_Interior_General",47.88,"n/a","n/a",0,0,"No",null,null,null,null,null,null,null,"No","Dx",false,0]
["INon-ResidentialRetrofitRetrofitLED RECESSED DOWNLIGRECESSED DOWNLIGHTSLED Downlight with Light Output >800 lumensENERGY STAR® 25W CFLENERGY STAR® 25W CFLPLighting_Interior_GeneralNND","IESO - Measure","Non-Residential","Retrofit","Lighting -Restaurant","LED RECESSED DOWNLIGHTS","LED Downlight with Light Output >800 lumens","ENERGY STAR® 25W CFL",5110,2.5000000000000001E-2,127.75,0.02,102.2,5.000000000000001E-3,25.549999999999997,4.186716987983315E-3,8,"PSP-Business-Restaurant-Lighting_Interior_General",47.88,"n/a","n/a",0,0,"No",null,null,null,null,null,null,null,"No","Dx",false,0]
["INon-ResidentialRetrofitRetrofitLED RECESSED DOWNLIGRECESSED DOWNLIGHTSLED Downlight with Light Output >800 lumensENERGY STAR® 25W CFLENERGY STAR® 25W CFLPLighting_Interior_GeneralNND","IESO - Measure","Non-Residential","Retrofit","Lighting -Schools","LED RECESSED DOWNLIGHTS","LED Downlight with Light Output >800 lumens","ENERGY STAR® 25W CFL",2596,2.5000000000000001E-2,64.900000000000006,0.02,51.92,5.000000000000001E-3,12.980000000000004,6.5378310625557249E-4,16,"PSP-Business-Schools-Lighting_Interior_General",47.88,"n/a","n/a",0,0,"No",null,null,null,null,null,null,null,"No","Dx",false,0]
["INon-ResidentialRetrofitRetrofitLED RECESSED DOWNLIGRECESSED DOWNLIGHTSLED Downlight with Light Output >800 lumensENERGY STAR® 25W CFLENERGY STAR® 25W CFLPLighting_Interior_GeneralNND","IESO - Measure","Non-Residential","Retrofit","Lighting -University Colleges","LED RECESSED DOWNLIGHTS","LED Downlight with Light Output >800 lumens","ENERGY STAR® 25W CFL",3255,2.5000000000000001E-2,81.375,0.02,65.099999999999994,5.000000000000001E-3,16.275000000000006,2.1578000346515768E-3,13,"PSP-Business-University_Colleges-Lighting_Interior_General",47.88,"n/a","n/a",0,0,"No",null,null,null,null,null,null,null,"No","Dx",false,0]
["INon-ResidentialRetrofitRetrofitLED RECESSED DOWNLIGRECESSED DOWNLIGHTSLED Downlight with Light Output >800 lumensENERGY STAR® 25W CFLENERGY STAR® 25W CFLPLighting_Interior_GeneralNND","IESO - Measure","Non-Residential","Retrofit","Lighting -Warehouse Wholesale","LED RECESSED DOWNLIGHTS","LED Downlight with Light Output >800 lumens","ENERGY STAR® 25W CFL",3759,2.5000000000000001E-2,93.975000000000009,0.02,75.180000000000007,5.000000000000001E-3,18.795000000000002,3.6577961538461537E-3,11,"PSP-Business-Warehouse_Wholesale-Lighting_Interior_General",47.88,"n/a","n/a",0,0,"No",null,null,null,null,null,null,null,"No","Dx",false,0]
["INon-ResidentialRetrofitRetrofitLED LIGHT BULBLED LIGHT BULBLED MR16 lamp ≤6W20W Halogen MR1620W Halogen MR16PLighting_Interior_GeneralNND","IESO - Measure","Non-Residential","Retrofit","Lighting -Food Retail","LED LIGHT BULB","LED MR16 lamp ≤6W","20W Halogen MR16",6074,0.02,121.48,6.0000000000000001E-3,36.444000000000003,1.4E-2,85.036000000000001,1.2079424482709506E-2,5,"PSP-Business-Food_Retail-Lighting_Interior_General",-69.73,"n/a","n/a",0,0,"No",null,null,null,null,null,null,null,"No","Dx",false,0]
["INon-ResidentialRetrofitRetrofitLED LIGHT BULBLED LIGHT BULBLED MR16 lamp ≤6W20W Halogen MR1620W Halogen MR16PLighting_Interior_GeneralNND","IESO - Measure","Non-Residential","Retrofit","Lighting -Hospital","LED LIGHT BULB","LED MR16 lamp ≤6W","20W Halogen MR16",5182,0.02,103.64,6.0000000000000001E-3,31.092000000000002,1.4E-2,72.548000000000002,9.6834965692037707E-3,5,"PSP-Business-Hospital-Lighting_Interior_General",-69.73,"n/a","n/a",0,0,"No",null,null,null,null,null,null,null,"No","Dx",false,0]
["INon-ResidentialRetrofitRetrofitLED LIGHT BULBLED LIGHT BULBLED MR16 lamp ≤6W20W Halogen MR1620W Halogen MR16PLighting_Interior_GeneralNND","IESO - Measure","Non-Residential","Retrofit","Lighting -Large Hotel (Corridor/Lobby)","LED LIGHT BULB","LED MR16 lamp ≤6W","20W Halogen MR16",7884,0.02,157.68,6.0000000000000001E-3,47.304000000000002,1.4E-2,110.376,1.3331723317478455E-2,4,"PSP-Business-Large_Hotel (Corridor/Lobby)-Lighting_Interior_General",-69.73,"n/a","n/a",0,0,"No",null,null,null,null,null,null,null,"No","Dx",false,0]
["INon-ResidentialRetrofitRetrofitLED LIGHT BULBLED LIGHT BULBLED MR16 lamp ≤6W20W Halogen MR1620W Halogen MR16PLighting_Interior_GeneralNND","IESO - Measure","Non-Residential","Retrofit","Lighting -Large Non-Food Retail","LED LIGHT BULB","LED MR16 lamp ≤6W","20W Halogen MR16",4089,0.02,81.78,6.0000000000000001E-3,24.533999999999999,1.4E-2,57.246000000000002,8.489650660619576E-3,7,"PSP-Business-Large_Non_Food_Retail-Lighting_Interior_General",-69.73,"n/a","n/a",0,0,"No",null,null,null,null,null,null,null,"No","Dx",false,0]
["INon-ResidentialRetrofitRetrofitLED LIGHT BULBLED LIGHT BULBLED MR16 lamp ≤6W20W Halogen MR1620W Halogen MR16PLighting_Interior_GeneralNND","IESO - Measure","Non-Residential","Retrofit","Lighting -Large Office","LED LIGHT BULB","LED MR16 lamp ≤6W","20W Halogen MR16",3610,0.02,72.2,6.0000000000000001E-3,21.66,1.4E-2,50.540000000000006,8.5422322810536945E-3,8,"PSP-Business-Large_Office-Lighting_Interior_General",-69.73,"n/a","n/a",0,0,"No",null,null,null,null,null,null,null,"No","Dx",false,0]
["INon-ResidentialRetrofitRetrofitLED LIGHT BULBLED LIGHT BULBLED MR16 lamp ≤6W20W Halogen MR1620W Halogen MR16PLighting_Interior_GeneralNND","IESO - Measure","Non-Residential","Retrofit","Lighting -Nursing Home","LED LIGHT BULB","LED MR16 lamp ≤6W","20W Halogen MR16",4308,0.02,86.16,6.0000000000000001E-3,25.847999999999999,1.4E-2,60.311999999999998,9.1195964668191066E-3,6,"PSP-Business-Nursing_Home-Lighting_Interior_General",-69.73,"n/a","n/a",0,0,"No",null,null,null,null,null,null,null,"No","Dx",false,0]
["INon-ResidentialRetrofitRetrofitLED LIGHT BULBLED LIGHT BULBLED MR16 lamp ≤6W20W Halogen MR1620W Halogen MR16PLighting_Interior_GeneralNND","IESO - Measure","Non-Residential","Retrofit","Lighting -Other Commercial Buildings","LED LIGHT BULB","LED MR16 lamp ≤6W","20W Halogen MR16",2857,0.02,57.14,6.0000000000000001E-3,17.141999999999999,1.4E-2,39.998000000000005,6.7670383441482893E-3,10,"PSP-Business-Other_Commercial_Buildings-Lighting_Interior_General",-69.73,"n/a","n/a",0,0,"No",null,null,null,null,null,null,null,"No","Dx",false,0]
["INon-ResidentialRetrofitRetrofitLED LIGHT BULBLED LIGHT BULBLED MR16 lamp ≤6W20W Halogen MR1620W Halogen MR16PLighting_Interior_GeneralNND","IESO - Measure","Non-Residential","Retrofit","Lighting -Other Hotel Motel (Corridor/Lobby)","LED LIGHT BULB","LED MR16 lamp ≤6W","20W Halogen MR16",7884,0.02,157.68,6.0000000000000001E-3,47.304000000000002,1.4E-2,110.376,1.3331723669472642E-2,4,"PSP-Business-Other_Hotel_Motel (Corridor/Lobby)-Lighting_Interior_General",-69.73,"n/a","n/a",0,0,"No",null,null,null,null,null,null,null,"No","Dx",false,0]
["INon-ResidentialRetrofitRetrofitLED LIGHT BULBLED LIGHT BULBLED MR16 lamp ≤6W20W Halogen MR1620W Halogen MR16PLighting_Interior_GeneralNND","IESO - Measure","Non-Residential","Retrofit","Lighting -Other Non-Food Retail","LED LIGHT BULB","LED MR16 lamp ≤6W","20W Halogen MR16",4089,0.02,81.78,6.0000000000000001E-3,24.533999999999999,1.4E-2,57.246000000000002,1.25243384995701E-2,7,"PSP-Business-Other_Non_Food_Retail-Lighting_Interior_General",-69.73,"n/a","n/a",0,0,"No",null,null,null,null,null,null,null,"No","Dx",false,0]
["INon-ResidentialRetrofitRetrofitLED LIGHT BULBLED LIGHT BULBLED MR16 lamp ≤6W20W Halogen MR1620W Halogen MR16PLighting_Interior_GeneralNND","IESO - Measure","Non-Residential","Retrofit","Lighting -Other Office","LED LIGHT BULB","LED MR16 lamp ≤6W","20W Halogen MR16",3610,0.02,72.2,6.0000000000000001E-3,21.66,1.4E-2,50.540000000000006,8.5422322810536945E-3,8,"PSP-Business-Other_Office-Lighting_Interior_General",-69.73,"n/a","n/a",0,0,"No",null,null,null,null,null,null,null,"No","Dx",false,0]
["INon-ResidentialRetrofitRetrofitLED LIGHT BULBLED LIGHT BULBLED MR16 lamp ≤6W20W Halogen MR1620W Halogen MR16PLighting_Interior_GeneralNND","IESO - Measure","Non-Residential","Retrofit","Lighting -Restaurant","LED LIGHT BULB","LED MR16 lamp ≤6W","20W Halogen MR16",5110,0.02,102.2,6.0000000000000001E-3,30.66,1.4E-2,71.540000000000006,1.1722807566353284E-2,5,"PSP-Business-Restaurant-Lighting_Interior_General",-69.73,"n/a","n/a",0,0,"No",null,null,null,null,null,null,null,"No","Dx",false,0]
["INon-ResidentialRetrofitRetrofitLED LIGHT BULBLED LIGHT BULBLED MR16 lamp ≤6W20W Halogen MR1620W Halogen MR16PLighting_Interior_GeneralNND","IESO - Measure","Non-Residential","Retrofit","Lighting -Schools","LED LIGHT BULB","LED MR16 lamp ≤6W","20W Halogen MR16",2596,0.02,51.92,6.0000000000000001E-3,15.576000000000001,1.4E-2,36.344000000000001,1.8305926975156024E-3,11,"PSP-Business-Schools-Lighting_Interior_General",-69.73,"n/a","n/a",0,0,"No",null,null,null,null,null,null,null,"No","Dx",false,0]
["INon-ResidentialRetrofitRetrofitLED LIGHT BULBLED LIGHT BULBLED MR16 lamp ≤6W20W Halogen MR1620W Halogen MR16PLighting_Interior_GeneralNND","IESO - Measure","Non-Residential","Retrofit","Lighting -University Colleges","LED LIGHT BULB","LED MR16 lamp ≤6W","20W Halogen MR16",3255,0.02,65.099999999999994,6.0000000000000001E-3,19.53,1.4E-2,45.569999999999993,6.0418400970244117E-3,9,"PSP-Business-University_Colleges-Lighting_Interior_General",-69.73,"n/a","n/a",0,0,"No",null,null,null,null,null,null,null,"No","Dx",false,0]
["INon-ResidentialRetrofitRetrofitLED LIGHT BULBLED LIGHT BULBLED MR16 lamp ≤6W20W Halogen MR1620W Halogen MR16PLighting_Interior_GeneralNND","IESO - Measure","Non-Residential","Retrofit","Lighting -Warehouse Wholesale","LED LIGHT BULB","LED MR16 lamp ≤6W","20W Halogen MR16",3759,0.02,75.180000000000007,6.0000000000000001E-3,22.554000000000002,1.4E-2,52.626000000000005,1.0241829230769231E-2,7,"PSP-Business-Warehouse_Wholesale-Lighting_Interior_General",-69.73,"n/a","n/a",0,0,"No",null,null,null,null,null,null,null,"No","Dx",false,0]
["INon-ResidentialRetrofitRetrofitLED LIGHT BULBLED LIGHT BULBLED MR16 lamp 7W to 10 W35W Halogen MR1635W Halogen MR16PLighting_Interior_GeneralNND","IESO - Measure","Non-Residential","Retrofit","Lighting -Food Retail","LED LIGHT BULB","LED MR16 lamp 7W to 10 W ","35W Halogen MR16",6074,3.5000000000000003E-2,212.59000000000003,7.4999999999999997E-3,45.555,2.7500000000000004E-2,167.03500000000003,2.3727440948179388E-2,5,"PSP-Business-Food_Retail-Lighting_Interior_General",-69.73,"n/a","n/a",0,0,"No",null,null,null,null,null,null,null,"No","Dx",false,0]
["INon-ResidentialRetrofitRetrofitLED LIGHT BULBLED LIGHT BULBLED MR16 lamp 7W to 10 W35W Halogen MR1635W Halogen MR16PLighting_Interior_GeneralNND","IESO - Measure","Non-Residential","Retrofit","Lighting -Hospital","LED LIGHT BULB","LED MR16 lamp 7W to 10 W ","35W Halogen MR16",5182,3.5000000000000003E-2,181.37,7.4999999999999997E-3,38.865000000000002,2.7500000000000004E-2,142.505,1.9021153975221691E-2,5,"PSP-Business-Hospital-Lighting_Interior_General",-69.73,"n/a","n/a",0,0,"No",null,null,null,null,null,null,null,"No","Dx",false,0]
["INon-ResidentialRetrofitRetrofitLED LIGHT BULBLED LIGHT BULBLED MR16 lamp 7W to 10 W35W Halogen MR1635W Halogen MR16PLighting_Interior_GeneralNND","IESO - Measure","Non-Residential","Retrofit","Lighting -Large Hotel (Corridor/Lobby)","LED LIGHT BULB","LED MR16 lamp 7W to 10 W ","35W Halogen MR16",7884,3.5000000000000003E-2,275.94000000000005,7.4999999999999997E-3,59.129999999999995,2.7500000000000004E-2,216.81000000000006,2.6187313659332686E-2,4,"PSP-Business-Large_Hotel (Corridor/Lobby)-Lighting_Interior_General",-69.73,"n/a","n/a",0,0,"No",null,null,null,null,null,null,null,"No","Dx",false,0]
["INon-ResidentialRetrofitRetrofitLED LIGHT BULBLED LIGHT BULBLED MR16 lamp 7W to 10 W35W Halogen MR1635W Halogen MR16PLighting_Interior_GeneralNND","IESO - Measure","Non-Residential","Retrofit","Lighting -Large Non-Food Retail","LED LIGHT BULB","LED MR16 lamp 7W to 10 W ","35W Halogen MR16",4089,3.5000000000000003E-2,143.11500000000001,7.4999999999999997E-3,30.6675,2.7500000000000004E-2,112.44750000000001,1.6676099511931313E-2,7,"PSP-Business-Large_Non_Food_Retail-Lighting_Interior_General",-69.73,"n/a","n/a",0,0,"No",null,null,null,null,null,null,null,"No","Dx",false,0]
["INon-ResidentialRetrofitRetrofitLED LIGHT BULBLED LIGHT BULBLED MR16 lamp 7W to 10 W35W Halogen MR1635W Halogen MR16PLighting_Interior_GeneralNND","IESO - Measure","Non-Residential","Retrofit","Lighting -Large Office","LED LIGHT BULB","LED MR16 lamp 7W to 10 W ","35W Halogen MR16",3610,3.5000000000000003E-2,126.35000000000001,7.4999999999999997E-3,27.074999999999999,2.7500000000000004E-2,99.275000000000006,1.6779384837784041E-2,8,"PSP-Business-Large_Office-Lighting_Interior_General",-69.73,"n/a","n/a",0,0,"No",null,null,null,null,null,null,null,"No","Dx",false,0]
["INon-ResidentialRetrofitRetrofitLED LIGHT BULBLED LIGHT BULBLED MR16 lamp 7W to 10 W35W Halogen MR1635W Halogen MR16PLighting_Interior_GeneralNND","IESO - Measure","Non-Residential","Retrofit","Lighting -Nursing Home","LED LIGHT BULB","LED MR16 lamp 7W to 10 W ","35W Halogen MR16",4308,3.5000000000000003E-2,150.78,7.4999999999999997E-3,32.31,2.7500000000000004E-2,118.47,1.7913493059823246E-2,6,"PSP-Business-Nursing_Home-Lighting_Interior_General",-69.73,"n/a","n/a",0,0,"No",null,null,null,null,null,null,null,"No","Dx",false,0]
["INon-ResidentialRetrofitRetrofitLED LIGHT BULBLED LIGHT BULBLED MR16 lamp 7W to 10 W35W Halogen MR1635W Halogen MR16PLighting_Interior_GeneralNND","IESO - Measure","Non-Residential","Retrofit","Lighting -Other Commercial Buildings","LED LIGHT BULB","LED MR16 lamp 7W to 10 W ","35W Halogen MR16",2857,3.5000000000000003E-2,99.995000000000005,7.4999999999999997E-3,21.427499999999998,2.7500000000000004E-2,78.56750000000001,1.3292396747434139E-2,10,"PSP-Business-Other_Commercial_Buildings-Lighting_Interior_General",-69.73,"n/a","n/a",0,0,"No",null,null,null,null,null,null,null,"No","Dx",false,0]
["INon-ResidentialRetrofitRetrofitLED LIGHT BULBLED LIGHT BULBLED MR16 lamp 7W to 10 W35W Halogen MR1635W Halogen MR16PLighting_Interior_GeneralNND","IESO - Measure","Non-Residential","Retrofit","Lighting -Other Hotel Motel (Corridor/Lobby)","LED LIGHT BULB","LED MR16 lamp 7W to 10 W ","35W Halogen MR16",7884,3.5000000000000003E-2,275.94000000000005,7.4999999999999997E-3,59.129999999999995,2.7500000000000004E-2,216.81000000000006,2.6187314350749839E-2,4,"PSP-Business-Other_Hotel_Motel (Corridor/Lobby)-Lighting_Interior_General",-69.73,"n/a","n/a",0,0,"No",null,null,null,null,null,null,null,"No","Dx",false,0]
["INon-ResidentialRetrofitRetrofitLED LIGHT BULBLED LIGHT BULBLED MR16 lamp 7W to 10 W35W Halogen MR1635W Halogen MR16PLighting_Interior_GeneralNND","IESO - Measure","Non-Residential","Retrofit","Lighting -Other Non-Food Retail","LED LIGHT BULB","LED MR16 lamp 7W to 10 W ","35W Halogen MR16",4089,3.5000000000000003E-2,143.11500000000001,7.4999999999999997E-3,30.6675,2.7500000000000004E-2,112.44750000000001,2.4601379195584121E-2,7,"PSP-Business-Other_Non_Food_Retail-Lighting_Interior_General",-69.73,"n/a","n/a",0,0,"No",null,null,null,null,null,null,null,"No","Dx",false,0]
["INon-ResidentialRetrofitRetrofitLED LIGHT BULBLED LIGHT BULBLED MR16 lamp 7W to 10 W35W Halogen MR1635W Halogen MR16PLighting_Interior_GeneralNND","IESO - Measure","Non-Residential","Retrofit","Lighting -Other Office","LED LIGHT BULB","LED MR16 lamp 7W to 10 W ","35W Halogen MR16",3610,3.5000000000000003E-2,126.35000000000001,7.4999999999999997E-3,27.074999999999999,2.7500000000000004E-2,99.275000000000006,1.6779384837784041E-2,8,"PSP-Business-Other_Office-Lighting_Interior_General",-69.73,"n/a","n/a",0,0,"No",null,null,null,null,null,null,null,"No","Dx",false,0]
["INon-ResidentialRetrofitRetrofitLED LIGHT BULBLED LIGHT BULBLED MR16 lamp 7W to 10 W35W Halogen MR1635W Halogen MR16PLighting_Interior_GeneralNND","IESO - Measure","Non-Residential","Retrofit","Lighting -Restaurant","LED LIGHT BULB","LED MR16 lamp 7W to 10 W ","35W Halogen MR16",5110,3.5000000000000003E-2,178.85000000000002,7.4999999999999997E-3,38.324999999999996,2.7500000000000004E-2,140.52500000000003,2.3026943433908237E-2,5,"PSP-Business-Restaurant-Lighting_Interior_General",-69.73,"n/a","n/a",0,0,"No",null,null,null,null,null,null,null,"No","Dx",false,0]
["INon-ResidentialRetrofitRetrofitLED LIGHT BULBLED LIGHT BULBLED MR16 lamp 7W to 10 W35W Halogen MR1635W Halogen MR16PLighting_Interior_GeneralNND","IESO - Measure","Non-Residential","Retrofit","Lighting -Schools","LED LIGHT BULB","LED MR16 lamp 7W to 10 W ","35W Halogen MR16",2596,3.5000000000000003E-2,90.860000000000014,7.4999999999999997E-3,19.47,2.7500000000000004E-2,71.390000000000015,3.5958070844056482E-3,11,"PSP-Business-Schools-Lighting_Interior_General",-69.73,"n/a","n/a",0,0,"No",null,null,null,null,null,null,null,"No","Dx",false,0]
["INon-ResidentialRetrofitRetrofitLED LIGHT BULBLED LIGHT BULBLED MR16 lamp 7W to 10 W35W Halogen MR1635W Halogen MR16PLighting_Interior_GeneralNND","IESO - Measure","Non-Residential","Retrofit","Lighting -University Colleges","LED LIGHT BULB","LED MR16 lamp 7W to 10 W ","35W Halogen MR16",3255,3.5000000000000003E-2,113.92500000000001,7.4999999999999997E-3,24.412499999999998,2.7500000000000004E-2,89.512500000000017,1.1867900190583671E-2,9,"PSP-Business-University_Colleges-Lighting_Interior_General",-69.73,"n/a","n/a",0,0,"No",null,null,null,null,null,null,null,"No","Dx",false,0]
["INon-ResidentialRetrofitRetrofitLED LIGHT BULBLED LIGHT BULBLED MR16 lamp 7W to 10 W35W Halogen MR1635W Halogen MR16PLighting_Interior_GeneralNND","IESO - Measure","Non-Residential","Retrofit","Lighting -Warehouse Wholesale","LED LIGHT BULB","LED MR16 lamp 7W to 10 W ","35W Halogen MR16",3759,3.5000000000000003E-2,131.56500000000003,7.4999999999999997E-3,28.192499999999999,2.7500000000000004E-2,103.37250000000003,2.0117878846153851E-2,7,"PSP-Business-Warehouse_Wholesale-Lighting_Interior_General",-69.73,"n/a","n/a",0,0,"No",null,null,null,null,null,null,null,"No","Dx",false,0]
["INon-ResidentialRetrofitRetrofitLED LIGHT BULBLED LIGHT BULBLED PAR lamp ≤16W50 W Incandescent oror Halogen PAR LampPLighting_Interior_GeneralNND","IESO - Measure","Non-Residential","Retrofit","Lighting -Food Retail","LED LIGHT BULB","LED PAR lamp ≤16W","50 W Incandescent or Halogen PAR Lamp",6074,0.05,303.7,1.0999999999999999E-2,66.813999999999993,3.9000000000000007E-2,236.886,3.364982534469077E-2,5,"PSP-Business-Food_Retail-Lighting_Interior_General",-22.55,"n/a","n/a",0,0,"No",null,null,null,null,null,null,null,"No","Dx",false,0]
["INon-ResidentialRetrofitRetrofitLED LIGHT BULBLED LIGHT BULBLED PAR lamp ≤16W50 W Incandescent oror Halogen PAR LampPLighting_Interior_GeneralNND","IESO - Measure","Non-Residential","Retrofit","Lighting -Hospital","LED LIGHT BULB","LED PAR lamp ≤16W","50 W Incandescent or Halogen PAR Lamp",5182,0.05,259.10000000000002,1.0999999999999999E-2,57.001999999999995,3.9000000000000007E-2,202.09800000000001,2.6975454728496218E-2,6,"PSP-Business-Hospital-Lighting_Interior_General",-22.55,"n/a","n/a",0,0,"No",null,null,null,null,null,null,null,"No","Dx",false,0]
["INon-ResidentialRetrofitRetrofitLED LIGHT BULBLED LIGHT BULBLED PAR lamp ≤16W50 W Incandescent oror Halogen PAR LampPLighting_Interior_GeneralNND","IESO - Measure","Non-Residential","Retrofit","Lighting -Large Hotel (Corridor/Lobby)","LED LIGHT BULB","LED PAR lamp ≤16W","50 W Incandescent or Halogen PAR Lamp",7884,0.05,394.20000000000005,1.0999999999999999E-2,86.72399999999999,3.9000000000000007E-2,307.47600000000006,3.713837209868999E-2,4,"PSP-Business-Large_Hotel (Corridor/Lobby)-Lighting_Interior_General",-22.55,"n/a","n/a",0,0,"No",null,null,null,null,null,null,null,"No","Dx",false,0]
["INon-ResidentialRetrofitRetrofitLED LIGHT BULBLED LIGHT BULBLED PAR lamp ≤16W50 W Incandescent oror Halogen PAR LampPLighting_Interior_GeneralNND","IESO - Measure","Non-Residential","Retrofit","Lighting -Large Non-Food Retail","LED LIGHT BULB","LED PAR lamp ≤16W","50 W Incandescent or Halogen PAR Lamp",4089,0.05,204.45000000000002,1.0999999999999999E-2,44.978999999999999,3.9000000000000007E-2,159.471,2.3649741126011679E-2,8,"PSP-Business-Large_Non_Food_Retail-Lighting_Interior_General",-22.55,"n/a","n/a",0,0,"No",null,null,null,null,null,null,null,"No","Dx",false,0]
["INon-ResidentialRetrofitRetrofitLED LIGHT BULBLED LIGHT BULBLED PAR lamp ≤16W50 W Incandescent oror Halogen PAR LampPLighting_Interior_GeneralNND","IESO - Measure","Non-Residential","Retrofit","Lighting -Large Office","LED LIGHT BULB","LED PAR lamp ≤16W","50 W Incandescent or Halogen PAR Lamp",3610,0.05,180.5,1.0999999999999999E-2,39.71,3.9000000000000007E-2,140.79,2.3796218497221001E-2,9,"PSP-Business-Large_Office-Lighting_Interior_General",-22.55,"n/a","n/a",0,0,"No",null,null,null,null,null,null,null,"No","Dx",false,0]
["INon-ResidentialRetrofitRetrofitLED LIGHT BULBLED LIGHT BULBLED PAR lamp ≤16W50 W Incandescent oror Halogen PAR LampPLighting_Interior_GeneralNND","IESO - Measure","Non-Residential","Retrofit","Lighting -Nursing Home","LED LIGHT BULB","LED PAR lamp ≤16W","50 W Incandescent or Halogen PAR Lamp",4308,0.05,215.4,1.0999999999999999E-2,47.387999999999998,3.9000000000000007E-2,168.012,2.5404590157567516E-2,7,"PSP-Business-Nursing_Home-Lighting_Interior_General",-22.55,"n/a","n/a",0,0,"No",null,null,null,null,null,null,null,"No","Dx",false,0]
["INon-ResidentialRetrofitRetrofitLED LIGHT BULBLED LIGHT BULBLED PAR lamp ≤16W50 W Incandescent oror Halogen PAR LampPLighting_Interior_GeneralNND","IESO - Measure","Non-Residential","Retrofit","Lighting -Other Commercial Buildings","LED LIGHT BULB","LED PAR lamp ≤16W","50 W Incandescent or Halogen PAR Lamp",2857,0.05,142.85,1.0999999999999999E-2,31.427,3.9000000000000007E-2,111.423,1.8851035387270232E-2,11,"PSP-Business-Other_Commercial_Buildings-Lighting_Interior_General",-22.55,"n/a","n/a",0,0,"No",null,null,null,null,null,null,null,"No","Dx",false,0]
["INon-ResidentialRetrofitRetrofitLED LIGHT BULBLED LIGHT BULBLED PAR lamp ≤16W50 W Incandescent oror Halogen PAR LampPLighting_Interior_GeneralNND","IESO - Measure","Non-Residential","Retrofit","Lighting -Other Hotel Motel (Corridor/Lobby)","LED LIGHT BULB","LED PAR lamp ≤16W","50 W Incandescent or Halogen PAR Lamp",7884,0.05,394.20000000000005,1.0999999999999999E-2,86.72399999999999,3.9000000000000007E-2,307.47600000000006,3.7138373079245224E-2,4,"PSP-Business-Other_Hotel_Motel (Corridor/Lobby)-Lighting_Interior_General",-22.55,"n/a","n/a",0,0,"No",null,null,null,null,null,null,null,"No","Dx",false,0]
["INon-ResidentialRetrofitRetrofitLED LIGHT BULBLED LIGHT BULBLED PAR lamp ≤16W50 W Incandescent oror Halogen PAR LampPLighting_Interior_GeneralNND","IESO - Measure","Non-Residential","Retrofit","Lighting -Other Non-Food Retail","LED LIGHT BULB","LED PAR lamp ≤16W","50 W Incandescent or Halogen PAR Lamp",4089,0.05,204.45000000000002,1.0999999999999999E-2,44.978999999999999,3.9000000000000007E-2,159.471,3.4889228677373846E-2,8,"PSP-Business-Other_Non_Food_Retail-Lighting_Interior_General",-22.55,"n/a","n/a",0,0,"No",null,null,null,null,null,null,null,"No","Dx",false,0]
["INon-ResidentialRetrofitRetrofitLED LIGHT BULBLED LIGHT BULBLED PAR lamp ≤16W50 W Incandescent oror Halogen PAR LampPLighting_Interior_GeneralNND","IESO - Measure","Non-Residential","Retrofit","Lighting -Other Office","LED LIGHT BULB","LED PAR lamp ≤16W","50 W Incandescent or Halogen PAR Lamp",3610,0.05,180.5,1.0999999999999999E-2,39.71,3.9000000000000007E-2,140.79,2.3796218497221001E-2,9,"PSP-Business-Other_Office-Lighting_Interior_General",-22.55,"n/a","n/a",0,0,"No",null,null,null,null,null,null,null,"No","Dx",false,0]
["INon-ResidentialRetrofitRetrofitLED LIGHT BULBLED LIGHT BULBLED PAR lamp ≤16W50 W Incandescent oror Halogen PAR LampPLighting_Interior_GeneralNND","IESO - Measure","Non-Residential","Retrofit","Lighting -Restaurant","LED LIGHT BULB","LED PAR lamp ≤16W","50 W Incandescent or Halogen PAR Lamp",5110,0.05,255.5,1.0999999999999999E-2,56.209999999999994,3.9000000000000007E-2,199.29000000000002,3.2656392506269859E-2,6,"PSP-Business-Restaurant-Lighting_Interior_General",-22.55,"n/a","n/a",0,0,"No",null,null,null,null,null,null,null,"No","Dx",false,0]
["INon-ResidentialRetrofitRetrofitLED LIGHT BULBLED LIGHT BULBLED PAR lamp ≤16W50 W Incandescent oror Halogen PAR LampPLighting_Interior_GeneralNND","IESO - Measure","Non-Residential","Retrofit","Lighting -Schools","LED LIGHT BULB","LED PAR lamp ≤16W","50 W Incandescent or Halogen PAR Lamp",2596,0.05,129.80000000000001,1.0999999999999999E-2,28.555999999999997,3.9000000000000007E-2,101.24400000000001,5.0995082287934651E-3,12,"PSP-Business-Schools-Lighting_Interior_General",-22.55,"n/a","n/a",0,0,"No",null,null,null,null,null,null,null,"No","Dx",false,0]
["INon-ResidentialRetrofitRetrofitLED LIGHT BULBLED LIGHT BULBLED PAR lamp ≤16W50 W Incandescent oror Halogen PAR LampPLighting_Interior_GeneralNND","IESO - Measure","Non-Residential","Retrofit","Lighting -University Colleges","LED LIGHT BULB","LED PAR lamp ≤16W","50 W Incandescent or Halogen PAR Lamp",3255,0.05,162.75,1.0999999999999999E-2,35.805,3.9000000000000007E-2,126.94499999999999,1.6830840270282293E-2,10,"PSP-Business-University_Colleges-Lighting_Interior_General",-22.55,"n/a","n/a",0,0,"No",null,null,null,null,null,null,null,"No","Dx",false,0]
["INon-ResidentialRetrofitRetrofitLED LIGHT BULBLED LIGHT BULBLED PAR lamp ≤16W50 W Incandescent oror Halogen PAR LampPLighting_Interior_GeneralNND","IESO - Measure","Non-Residential","Retrofit","Lighting -Warehouse Wholesale","LED LIGHT BULB","LED PAR lamp ≤16W","50 W Incandescent or Halogen PAR Lamp",3759,0.05,187.95000000000002,1.0999999999999999E-2,41.348999999999997,3.9000000000000007E-2,146.60100000000003,2.8530810000000004E-2,8,"PSP-Business-Warehouse_Wholesale-Lighting_Interior_General",-22.55,"n/a","n/a",0,0,"No",null,null,null,null,null,null,null,"No","Dx",false,0]
["INon-ResidentialRetrofitRetrofitLED LIGHT BULBLED LIGHT BULBLED PAR lamp >16W to ≤25W75 W Incandescent oror Halogen Par LampPLighting_Interior_GeneralNND","IESO - Measure","Non-Residential","Retrofit","Lighting -Food Retail","LED LIGHT BULB","LED PAR lamp >16W to ≤25W","75 W Incandescent or Halogen Par Lamp",6074,7.4999999999999997E-2,455.55,1.7999999999999999E-2,109.33199999999999,5.6999999999999995E-2,346.21800000000002,4.9180513965317273E-2,5,"PSP-Business-Food_Retail-Lighting_Interior_General",-22.55,"n/a","n/a",0,0,"No",null,null,null,null,null,null,null,"No","Dx",false,0]
["INon-ResidentialRetrofitRetrofitLED LIGHT BULBLED LIGHT BULBLED PAR lamp >16W to ≤25W75 W Incandescent oror Halogen Par LampPLighting_Interior_GeneralNND","IESO - Measure","Non-Residential","Retrofit","Lighting -Hospital","LED LIGHT BULB","LED PAR lamp >16W to ≤25W","75 W Incandescent or Halogen Par Lamp",5182,7.4999999999999997E-2,388.65,1.7999999999999999E-2,93.275999999999996,5.6999999999999995E-2,295.37399999999997,3.9425664603186777E-2,6,"PSP-Business-Hospital-Lighting_Interior_General",-22.55,"n/a","n/a",0,0,"No",null,null,null,null,null,null,null,"No","Dx",false,0]
["INon-ResidentialRetrofitRetrofitLED LIGHT BULBLED LIGHT BULBLED PAR lamp >16W to ≤25W75 W Incandescent oror Halogen Par LampPLighting_Interior_GeneralNND","IESO - Measure","Non-Residential","Retrofit","Lighting -Large Hotel (Corridor/Lobby)","LED LIGHT BULB","LED PAR lamp >16W to ≤25W","75 W Incandescent or Halogen Par Lamp",7884,7.4999999999999997E-2,591.29999999999995,1.7999999999999999E-2,141.91199999999998,5.6999999999999995E-2,449.38799999999998,5.4279159221162276E-2,4,"PSP-Business-Large_Hotel (Corridor/Lobby)-Lighting_Interior_General",-22.55,"n/a","n/a",0,0,"No",null,null,null,null,null,null,null,"No","Dx",false,0]
["INon-ResidentialRetrofitRetrofitLED LIGHT BULBLED LIGHT BULBLED PAR lamp >16W to ≤25W75 W Incandescent oror Halogen Par LampPLighting_Interior_GeneralNND","IESO - Measure","Non-Residential","Retrofit","Lighting -Large Non-Food Retail","LED LIGHT BULB","LED PAR lamp >16W to ≤25W","75 W Incandescent or Halogen Par Lamp",4089,7.4999999999999997E-2,306.67500000000001,1.7999999999999999E-2,73.60199999999999,5.6999999999999995E-2,233.07300000000004,3.4565006261093996E-2,8,"PSP-Business-Large_Non_Food_Retail-Lighting_Interior_General",-22.55,"n/a","n/a",0,0,"No",null,null,null,null,null,null,null,"No","Dx",false,0]
["INon-ResidentialRetrofitRetrofitLED LIGHT BULBLED LIGHT BULBLED PAR lamp >16W to ≤25W75 W Incandescent oror Halogen Par LampPLighting_Interior_GeneralNND","IESO - Measure","Non-Residential","Retrofit","Lighting -Large Office","LED LIGHT BULB","LED PAR lamp >16W to ≤25W","75 W Incandescent or Halogen Par Lamp",3610,7.4999999999999997E-2,270.75,1.7999999999999999E-2,64.97999999999999,5.6999999999999995E-2,205.77,3.4779088572861466E-2,9,"PSP-Business-Large_Office-Lighting_Interior_General",-22.55,"n/a","n/a",0,0,"No",null,null,null,null,null,null,null,"No","Dx",false,0]
["INon-ResidentialRetrofitRetrofitLED LIGHT BULBLED LIGHT BULBLED PAR lamp >16W to ≤25W75 W Incandescent oror Halogen Par LampPLighting_Interior_GeneralNND","IESO - Measure","Non-Residential","Retrofit","Lighting -Nursing Home","LED LIGHT BULB","LED PAR lamp >16W to ≤25W","75 W Incandescent or Halogen Par Lamp",4308,7.4999999999999997E-2,323.09999999999997,1.7999999999999999E-2,77.543999999999997,5.6999999999999995E-2,245.55599999999998,3.7129785614906367E-2,7,"PSP-Business-Nursing_Home-Lighting_Interior_General",-22.55,"n/a","n/a",0,0,"No",null,null,null,null,null,null,null,"No","Dx",false,0]
["INon-ResidentialRetrofitRetrofitLED LIGHT BULBLED LIGHT BULBLED PAR lamp >16W to ≤25W75 W Incandescent oror Halogen Par LampPLighting_Interior_GeneralNND","IESO - Measure","Non-Residential","Retrofit","Lighting -Other Commercial Buildings","LED LIGHT BULB","LED PAR lamp >16W to ≤25W","75 W Incandescent or Halogen Par Lamp",2857,7.4999999999999997E-2,214.27500000000001,1.7999999999999999E-2,51.425999999999995,5.6999999999999995E-2,162.84900000000002,2.755151325831803E-2,11,"PSP-Business-Other_Commercial_Buildings-Lighting_Interior_General",-22.55,"n/a","n/a",0,0,"No",null,null,null,null,null,null,null,"No","Dx",false,0]
["INon-ResidentialRetrofitRetrofitLED LIGHT BULBLED LIGHT BULBLED PAR lamp >16W to ≤25W75 W Incandescent oror Halogen Par LampPLighting_Interior_GeneralNND","IESO - Measure","Non-Residential","Retrofit","Lighting -Other Hotel Motel (Corridor/Lobby)","LED LIGHT BULB","LED PAR lamp >16W to ≤25W","75 W Incandescent or Halogen Par Lamp",7884,7.4999999999999997E-2,591.29999999999995,1.7999999999999999E-2,141.91199999999998,5.6999999999999995E-2,449.38799999999998,5.4279160654281462E-2,4,"PSP-Business-Other_Hotel_Motel (Corridor/Lobby)-Lighting_Interior_General",-22.55,"n/a","n/a",0,0,"No",null,null,null,null,null,null,null,"No","Dx",false,0]
["INon-ResidentialRetrofitRetrofitLED LIGHT BULBLED LIGHT BULBLED PAR lamp >16W to ≤25W75 W Incandescent oror Halogen Par LampPLighting_Interior_GeneralNND","IESO - Measure","Non-Residential","Retrofit","Lighting -Other Non-Food Retail","LED LIGHT BULB","LED PAR lamp >16W to ≤25W","75 W Incandescent or Halogen Par Lamp",4089,7.4999999999999997E-2,306.67500000000001,1.7999999999999999E-2,73.60199999999999,5.6999999999999995E-2,233.07300000000004,5.099194960539255E-2,8,"PSP-Business-Other_Non_Food_Retail-Lighting_Interior_General",-22.55,"n/a","n/a",0,0,"No",null,null,null,null,null,null,null,"No","Dx",false,0]
["INon-ResidentialRetrofitRetrofitLED LIGHT BULBLED LIGHT BULBLED PAR lamp >16W to ≤25W75 W Incandescent oror Halogen Par LampPLighting_Interior_GeneralNND","IESO - Measure","Non-Residential","Retrofit","Lighting -Other Office","LED LIGHT BULB","LED PAR lamp >16W to ≤25W","75 W Incandescent or Halogen Par Lamp",3610,7.4999999999999997E-2,270.75,1.7999999999999999E-2,64.97999999999999,5.6999999999999995E-2,205.77,3.4779088572861466E-2,9,"PSP-Business-Other_Office-Lighting_Interior_General",-22.55,"n/a","n/a",0,0,"No",null,null,null,null,null,null,null,"No","Dx",false,0]
["INon-ResidentialRetrofitRetrofitLED LIGHT BULBLED LIGHT BULBLED PAR lamp >16W to ≤25W75 W Incandescent oror Halogen Par LampPLighting_Interior_GeneralNND","IESO - Measure","Non-Residential","Retrofit","Lighting -Restaurant","LED LIGHT BULB","LED PAR lamp >16W to ≤25W","75 W Incandescent or Halogen Par Lamp",5110,7.4999999999999997E-2,383.25,1.7999999999999999E-2,91.97999999999999,5.6999999999999995E-2,291.27,4.7728573663009789E-2,6,"PSP-Business-Restaurant-Lighting_Interior_General",-22.55,"n/a","n/a",0,0,"No",null,null,null,null,null,null,null,"No","Dx",false,0]
["INon-ResidentialRetrofitRetrofitLED LIGHT BULBLED LIGHT BULBLED PAR lamp >16W to ≤25W75 W Incandescent oror Halogen Par LampPLighting_Interior_GeneralNND","IESO - Measure","Non-Residential","Retrofit","Lighting -Schools","LED LIGHT BULB","LED PAR lamp >16W to ≤25W","75 W Incandescent or Halogen Par Lamp",2596,7.4999999999999997E-2,194.7,1.7999999999999999E-2,46.727999999999994,5.6999999999999995E-2,147.97199999999998,7.4531274113135227E-3,12,"PSP-Business-Schools-Lighting_Interior_General",-22.55,"n/a","n/a",0,0,"No",null,null,null,null,null,null,null,"No","Dx",false,0]
[{"$f":"CONCATENATE(TRIM(LEFT(B156,1)),TRIM(LEFT(C156,20)),TRIM(LEFT(D156,10)),TRIM(RIGHT(D156,10)),TRIM(LEFT(F156,20)),TRIM(RIGHT(F156,20)),TRIM(LEFT(G156,105)),TRIM(LEFT(H156,20)),TRIM(RIGHT(H156,20)),TRIM(LEFT(R156,1)),TRIM(RIGHT(R156,25)),TRIM(LEFT(X156,1)),TRIM(LEFT(AF156,1)),TRIM(LEFT(AG156,1)))","v":"INon-ResidentialRetrofitRetrofitLED LIGHT BULBLED LIGHT BULBLED PAR lamp >16W to ≤25W75 W Incandescent oror Halogen Par LampPLighting_Interior_GeneralNND"},"IESO - Measure","Non-Residential","Retrofit","Lighting -University Colleges","LED LIGHT BULB","LED PAR lamp >16W to ≤25W","75 W Incandescent or Halogen Par Lamp",3255,7.4999999999999997E-2,244.125,1.7999999999999999E-2,58.589999999999996,5.6999999999999995E-2,185.535,2.4598920395027968E-2,10,"PSP-Business-University_Colleges-Lighting_Interior_General",-22.55,"n/a","n/a",0,0,"No",null,null,null,null,null,null,null,"No","Dx",false,0]
["INon-ResidentialRetrofitRetrofitLED LIGHT BULBLED LIGHT BULBLED PAR lamp >16W to ≤25W75 W Incandescent oror Halogen Par LampPLighting_Interior_GeneralNND","IESO - Measure","Non-Residential","Retrofit","Lighting -Warehouse Wholesale","LED LIGHT BULB","LED PAR lamp >16W to ≤25W","75 W Incandescent or Halogen Par Lamp",3759,7.4999999999999997E-2,281.92500000000001,1.7999999999999999E-2,67.661999999999992,5.6999999999999995E-2,214.26300000000003,4.1698876153846161E-2,8,"PSP-Business-Warehouse_Wholesale-Lighting_Interior_General",-22.55,"n/a","n/a",0,0,"No",null,null,null,null,null,null,null,"No","Dx",false,0]
["INon-ResidentialRetrofitRetrofitREDUCED WATTAGE T8 FWATTAGE T8 FIXTURESSingle-lamp Reduced Watt. T8 fixtures (28W)Single-lamp Std. T8d. T8 fixtures (32W)PLighting_Interior_GeneralNND","IESO - Measure","Non-Residential","Retrofit","Lighting -Food Retail","REDUCED WATTAGE T8 FIXTURES","Single-lamp Reduced Watt. T8 fixtures (28W)","Single-lamp Std. T8 fixtures (32W)",6074,0.03,182.22,2.5000000000000001E-2,151.85,4.9999999999999975E-3,30.370000000000005,4.3140801723962532E-3,8,"PSP-Business-Food_Retail-Lighting_Interior_General",-1.1828604968652598,"n/a","n/a",0,0,"No",null,null,null,null,null,null,null,"No","Dx",false,0]
["INon-ResidentialRetrofitRetrofitREDUCED WATTAGE T8 FWATTAGE T8 FIXTURESSingle-lamp Reduced Watt. T8 fixtures (28W)Single-lamp Std. T8d. T8 fixtures (32W)PLighting_Interior_GeneralNND","IESO - Measure","Non-Residential","Retrofit","Lighting -Hospital","REDUCED WATTAGE T8 FIXTURES","Single-lamp Reduced Watt. T8 fixtures (28W)","Single-lamp Std. T8 fixtures (32W)",5182,0.03,155.46,2.5000000000000001E-2,129.55000000000001,4.9999999999999975E-3,25.909999999999997,3.458391631858489E-3,10,"PSP-Business-Hospital-Lighting_Interior_General",-1.0076433300206702,"n/a","n/a",0,0,"No",null,null,null,null,null,null,null,"No","Dx",false,0]
["INon-ResidentialRetrofitRetrofitREDUCED WATTAGE T8 FWATTAGE T8 FIXTURESSingle-lamp Reduced Watt. T8 fixtures (28W)Single-lamp Std. T8d. T8 fixtures (32W)PLighting_Interior_GeneralNND","IESO - Measure","Non-Residential","Retrofit","Lighting -Large Hotel (Corridor/Lobby)","REDUCED WATTAGE T8 FIXTURES","Single-lamp Reduced Watt. T8 fixtures (28W)","Single-lamp Std. T8 fixtures (32W)",7884,0.03,236.51999999999998,2.5000000000000001E-2,197.10000000000002,4.9999999999999975E-3,39.419999999999959,4.7613297562423005E-3,6,"PSP-Business-Large_Hotel (Corridor/Lobby)-Lighting_Interior_General",-1.0371451531563771,"n/a","n/a",0,0,"No",null,null,null,null,null,null,null,"No","Dx",false,0]
["INon-ResidentialRetrofitRetrofitREDUCED WATTAGE T8 FWATTAGE T8 FIXTURESSingle-lamp Reduced Watt. T8 fixtures (28W)Single-lamp Std. T8d. T8 fixtures (32W)PLighting_Interior_GeneralNND","IESO - Measure","Non-Residential","Retrofit","Lighting -Large Non-Food Retail","REDUCED WATTAGE T8 FIXTURES","Single-lamp Reduced Watt. T8 fixtures (28W)","Single-lamp Std. T8 fixtures (32W)",4089,0.03,122.67,2.5000000000000001E-2,102.22500000000001,4.9999999999999975E-3,20.444999999999993,3.0320180930784187E-3,12,"PSP-Business-Large_Non_Food_Retail-Lighting_Interior_General",-0.8526967551803466,"n/a","n/a",0,0,"No",null,null,null,null,null,null,null,"No","Dx",false,0]
["INon-ResidentialRetrofitRetrofitREDUCED WATTAGE T8 FWATTAGE T8 FIXTURESSingle-lamp Reduced Watt. T8 fixtures (28W)Single-lamp Std. T8d. T8 fixtures (32W)PLighting_Interior_GeneralNND","IESO - Measure","Non-Residential","Retrofit","Lighting -Large Office","REDUCED WATTAGE T8 FIXTURES","Single-lamp Reduced Watt. T8 fixtures (28W)","Single-lamp Std. T8 fixtures (32W)",3610,0.03,108.3,2.5000000000000001E-2,90.25,4.9999999999999975E-3,18.049999999999997,3.0507972432334616E-3,14,"PSP-Business-Large_Office-Lighting_Interior_General",-0.71573455318075574,"n/a","n/a",0,0,"No",null,null,null,null,null,null,null,"No","Dx",false,0]
["INon-ResidentialRetrofitRetrofitREDUCED WATTAGE T8 FWATTAGE T8 FIXTURESSingle-lamp Reduced Watt. T8 fixtures (28W)Single-lamp Std. T8d. T8 fixtures (32W)PLighting_Interior_GeneralNND","IESO - Measure","Non-Residential","Retrofit","Lighting -Nursing Home","REDUCED WATTAGE T8 FIXTURES","Single-lamp Reduced Watt. T8 fixtures (28W)","Single-lamp Std. T8 fixtures (32W)",4308,0.03,129.24,2.5000000000000001E-2,107.7,4.9999999999999975E-3,21.540000000000006,3.2569987381496821E-3,12,"PSP-Business-Nursing_Home-Lighting_Interior_General",-0.8526967551803466,"n/a","n/a",0,0,"No",null,null,null,null,null,null,null,"No","Dx",false,0]
["INon-ResidentialRetrofitRetrofitREDUCED WATTAGE T8 FWATTAGE T8 FIXTURESSingle-lamp Reduced Watt. T8 fixtures (28W)Single-lamp Std. T8d. T8 fixtures (32W)PLighting_Interior_GeneralNND","IESO - Measure","Non-Residential","Retrofit","Lighting -Other Commercial Buildings","REDUCED WATTAGE T8 FIXTURES","Single-lamp Reduced Watt. T8 fixtures (28W)","Single-lamp Std. T8 fixtures (32W)",2857,0.03,85.71,2.5000000000000001E-2,71.424999999999997,4.9999999999999975E-3,14.284999999999997,2.4167994086243877E-3,18,"PSP-Business-Other_Commercial_Buildings-Lighting_Interior_General",-0.80633573748225729,"n/a","n/a",0,0,"No",null,null,null,null,null,null,null,"No","Dx",false,0]
["INon-ResidentialRetrofitRetrofitREDUCED WATTAGE T8 FWATTAGE T8 FIXTURESSingle-lamp Reduced Watt. T8 fixtures (28W)Single-lamp Std. T8d. T8 fixtures (32W)PLighting_Interior_GeneralNND","IESO - Measure","Non-Residential","Retrofit","Lighting -Other Hotel Motel (Corridor/Lobby)","REDUCED WATTAGE T8 FIXTURES","Single-lamp Reduced Watt. T8 fixtures (28W)","Single-lamp Std. T8 fixtures (32W)",7884,0.03,236.51999999999998,2.5000000000000001E-2,197.10000000000002,4.9999999999999975E-3,39.419999999999959,4.7613298819545102E-3,6,"PSP-Business-Other_Hotel_Motel (Corridor/Lobby)-Lighting_Interior_General",-1.0371451531563771,"n/a","n/a",0,0,"No",null,null,null,null,null,null,null,"No","Dx",false,0]
["INon-ResidentialRetrofitRetrofitREDUCED WATTAGE T8 FWATTAGE T8 FIXTURESSingle-lamp Reduced Watt. T8 fixtures (28W)Single-lamp Std. T8d. T8 fixtures (32W)PLighting_Interior_GeneralNND","IESO - Measure","Non-Residential","Retrofit","Lighting -Other Non-Food Retail","REDUCED WATTAGE T8 FIXTURES","Single-lamp Reduced Watt. T8 fixtures (28W)","Single-lamp Std. T8 fixtures (32W)",4089,0.03,122.67,2.5000000000000001E-2,102.22500000000001,4.9999999999999975E-3,20.444999999999993,4.4729780355607478E-3,12,"PSP-Business-Other_Non_Food_Retail-Lighting_Interior_General",-0.8526967551803466,"n/a","n/a",0,0,"No",null,null,null,null,null,null,null,"No","Dx",false,0]
["INon-ResidentialRetrofitRetrofitREDUCED WATTAGE T8 FWATTAGE T8 FIXTURESSingle-lamp Reduced Watt. T8 fixtures (28W)Single-lamp Std. T8d. T8 fixtures (32W)PLighting_Interior_GeneralNND","IESO - Measure","Non-Residential","Retrofit","Lighting -Other Office","REDUCED WATTAGE T8 FIXTURES","Single-lamp Reduced Watt. T8 fixtures (28W)","Single-lamp Std. T8 fixtures (32W)",3610,0.03,108.3,2.5000000000000001E-2,90.25,4.9999999999999975E-3,18.049999999999997,3.0507972432334616E-3,14,"PSP-Business-Other_Office-Lighting_Interior_General",-0.71573455318075574,"n/a","n/a",0,0,"No",null,null,null,null,null,null,null,"No","Dx",false,0]
["INon-ResidentialRetrofitRetrofitREDUCED WATTAGE T8 FWATTAGE T8 FIXTURESSingle-lamp Reduced Watt. T8 fixtures (28W)Single-lamp Std. T8d. T8 fixtures (32W)PLighting_Interior_GeneralNND","IESO - Measure","Non-Residential","Retrofit","Lighting -Restaurant","REDUCED WATTAGE T8 FIXTURES","Single-lamp Reduced Watt. T8 fixtures (28W)","Single-lamp Std. T8 fixtures (32W)",5110,0.03,153.29999999999998,2.5000000000000001E-2,127.75,4.9999999999999975E-3,25.549999999999983,4.1867169879833124E-3,10,"PSP-Business-Restaurant-Lighting_Interior_General",-1.0076433300206702,"n/a","n/a",0,0,"No",null,null,null,null,null,null,null,"No","Dx",false,0]
["INon-ResidentialRetrofitRetrofitREDUCED WATTAGE T8 FWATTAGE T8 FIXTURESSingle-lamp Reduced Watt. T8 fixtures (28W)Single-lamp Std. T8d. T8 fixtures (32W)PLighting_Interior_GeneralNND","IESO - Measure","Non-Residential","Retrofit","Lighting -Schools","REDUCED WATTAGE T8 FIXTURES","Single-lamp Reduced Watt. T8 fixtures (28W)","Single-lamp Std. T8 fixtures (32W)",2596,0.03,77.88,2.5000000000000001E-2,64.900000000000006,4.9999999999999975E-3,12.97999999999999,6.5378310625557184E-4,19,"PSP-Business-Schools-Lighting_Interior_General",-0.68749620601124661,"n/a","n/a",0,0,"No",null,null,null,null,null,null,null,"No","Dx",false,0]
["INon-ResidentialRetrofitRetrofitREDUCED WATTAGE T8 FWATTAGE T8 FIXTURESSingle-lamp Reduced Watt. T8 fixtures (28W)Single-lamp Std. T8d. T8 fixtures (32W)PLighting_Interior_GeneralNND","IESO - Measure","Non-Residential","Retrofit","Lighting -University Colleges","REDUCED WATTAGE T8 FIXTURES","Single-lamp Reduced Watt. T8 fixtures (28W)","Single-lamp Std. T8 fixtures (32W)",3255,0.03,97.649999999999991,2.5000000000000001E-2,81.375,4.9999999999999975E-3,16.274999999999991,2.1578000346515747E-3,15,"PSP-Business-University_Colleges-Lighting_Interior_General",-0.83115475356911261,"n/a","n/a",0,0,"No",null,null,null,null,null,null,null,"No","Dx",false,0]
["INon-ResidentialRetrofitRetrofitREDUCED WATTAGE T8 FWATTAGE T8 FIXTURESSingle-lamp Reduced Watt. T8 fixtures (28W)Single-lamp Std. T8d. T8 fixtures (32W)PLighting_Interior_GeneralNND","IESO - Measure","Non-Residential","Retrofit","Lighting -Warehouse Wholesale","REDUCED WATTAGE T8 FIXTURES","Single-lamp Reduced Watt. T8 fixtures (28W)","Single-lamp Std. T8 fixtures (32W)",3759,0.03,112.77,2.5000000000000001E-2,93.975000000000009,4.9999999999999975E-3,18.794999999999987,3.6577961538461511E-3,13,"PSP-Business-Warehouse_Wholesale-Lighting_Interior_General",-0.97504216759200091,"n/a","n/a",0,0,"No",null,null,null,null,null,null,null,"No","Dx",false,0]
["INon-ResidentialRetrofitRetrofitREDUCED WATTAGE T8 FWATTAGE T8 FIXTURESTwo-lamp Reduced Watt. T-8 fixtures (28W)Two-lamp Std. T8 fixd. T8 fixtures (32W)PLighting_Interior_GeneralNND","IESO - Measure","Non-Residential","Retrofit","Lighting -Food Retail","REDUCED WATTAGE T8 FIXTURES","Two-lamp Reduced Watt. T-8 fixtures (28W)","Two-lamp Std. T8 fixtures (32W)",6074,5.8000000000000003E-2,352.29200000000003,4.9000000000000002E-2,297.62600000000003,9.0000000000000011E-3,54.665999999999997,7.7653443103132538E-3,8,"PSP-Business-Food_Retail-Lighting_Interior_General",-4.3657209937305197,"n/a","n/a",0,0,"No",null,null,null,null,null,null,null,"No","Dx",false,0]
["INon-ResidentialRetrofitRetrofitREDUCED WATTAGE T8 FWATTAGE T8 FIXTURESTwo-lamp Reduced Watt. T-8 fixtures (28W)Two-lamp Std. T8 fixd. T8 fixtures (32W)PLighting_Interior_GeneralNND","IESO - Measure","Non-Residential","Retrofit","Lighting -Hospital","REDUCED WATTAGE T8 FIXTURES","Two-lamp Reduced Watt. T-8 fixtures (28W)","Two-lamp Std. T8 fixtures (32W)",5182,5.8000000000000003E-2,300.55600000000004,4.9000000000000002E-2,253.91800000000001,9.0000000000000011E-3,46.638000000000034,6.2251049373452851E-3,10,"PSP-Business-Hospital-Lighting_Interior_General",-4.0152866600413368,"n/a","n/a",0,0,"No",null,null,null,null,null,null,null,"No","Dx",false,0]
["INon-ResidentialRetrofitRetrofitREDUCED WATTAGE T8 FWATTAGE T8 FIXTURESTwo-lamp Reduced Watt. T-8 fixtures (28W)Two-lamp Std. T8 fixd. T8 fixtures (32W)PLighting_Interior_GeneralNND","IESO - Measure","Non-Residential","Retrofit","Lighting -Large Hotel (Corridor/Lobby)","REDUCED WATTAGE T8 FIXTURES","Two-lamp Reduced Watt. T-8 fixtures (28W)","Two-lamp Std. T8 fixtures (32W)",7884,5.8000000000000003E-2,457.27200000000005,4.9000000000000002E-2,386.31600000000003,9.0000000000000011E-3,70.956000000000017,8.5703935612361521E-3,6,"PSP-Business-Large_Hotel (Corridor/Lobby)-Lighting_Interior_General",-4.0742903063127578,"n/a","n/a",0,0,"No",null,null,null,null,null,null,null,"No","Dx",false,0]
["INon-ResidentialRetrofitRetrofitREDUCED WATTAGE T8 FWATTAGE T8 FIXTURESTwo-lamp Reduced Watt. T-8 fixtures (28W)Two-lamp Std. T8 fixd. T8 fixtures (32W)PLighting_Interior_GeneralNND","IESO - Measure","Non-Residential","Retrofit","Lighting -Large Non-Food Retail","REDUCED WATTAGE T8 FIXTURES","Two-lamp Reduced Watt. T-8 fixtures (28W)","Two-lamp Std. T8 fixtures (32W)",4089,5.8000000000000003E-2,237.16200000000001,4.9000000000000002E-2,200.36100000000002,9.0000000000000011E-3,36.800999999999988,5.4576325675411543E-3,12,"PSP-Business-Large_Non_Food_Retail-Lighting_Interior_General",-3.7053935103606932,"n/a","n/a",0,0,"No",null,null,null,null,null,null,null,"No","Dx",false,0]
["INon-ResidentialRetrofitRetrofitREDUCED WATTAGE T8 FWATTAGE T8 FIXTURESTwo-lamp Reduced Watt. T-8 fixtures (28W)Two-lamp Std. T8 fixd. T8 fixtures (32W)PLighting_Interior_GeneralNND","IESO - Measure","Non-Residential","Retrofit","Lighting -Large Office","REDUCED WATTAGE T8 FIXTURES","Two-lamp Reduced Watt. T-8 fixtures (28W)","Two-lamp Std. T8 fixtures (32W)",3610,5.8000000000000003E-2,209.38000000000002,4.9000000000000002E-2,176.89000000000001,9.0000000000000011E-3,32.490000000000009,5.4914350378202333E-3,14,"PSP-Business-Large_Office-Lighting_Interior_General",-3.4314691063615115,"n/a","n/a",0,0,"No",null,null,null,null,null,null,null,"No","Dx",false,0]
["INon-ResidentialRetrofitRetrofitREDUCED WATTAGE T8 FWATTAGE T8 FIXTURESTwo-lamp Reduced Watt. T-8 fixtures (28W)Two-lamp Std. T8 fixd. T8 fixtures (32W)PLighting_Interior_GeneralNND","IESO - Measure","Non-Residential","Retrofit","Lighting -Nursing Home","REDUCED WATTAGE T8 FIXTURES","Two-lamp Reduced Watt. T-8 fixtures (28W)","Two-lamp Std. T8 fixtures (32W)",4308,5.8000000000000003E-2,249.864,4.9000000000000002E-2,211.09200000000001,9.0000000000000011E-3,38.771999999999991,5.8625977286694249E-3,12,"PSP-Business-Nursing_Home-Lighting_Interior_General",-3.7053935103606932,"n/a","n/a",0,0,"No",null,null,null,null,null,null,null,"No","Dx",false,0]
["INon-ResidentialRetrofitRetrofitREDUCED WATTAGE T8 FWATTAGE T8 FIXTURESTwo-lamp Reduced Watt. T-8 fixtures (28W)Two-lamp Std. T8 fixd. T8 fixtures (32W)PLighting_Interior_GeneralNND","IESO - Measure","Non-Residential","Retrofit","Lighting -Other Commercial Buildings","REDUCED WATTAGE T8 FIXTURES","Two-lamp Reduced Watt. T-8 fixtures (28W)","Two-lamp Std. T8 fixtures (32W)",2857,5.8000000000000003E-2,165.70600000000002,4.9000000000000002E-2,139.99299999999999,9.0000000000000011E-3,25.713000000000022,4.3502389355239025E-3,18,"PSP-Business-Other_Commercial_Buildings-Lighting_Interior_General",-3.612671474964511,"n/a","n/a",0,0,"No",null,null,null,null,null,null,null,"No","Dx",false,0]
["INon-ResidentialRetrofitRetrofitREDUCED WATTAGE T8 FWATTAGE T8 FIXTURESTwo-lamp Reduced Watt. T-8 fixtures (28W)Two-lamp Std. T8 fixd. T8 fixtures (32W)PLighting_Interior_GeneralNND","IESO - Measure","Non-Residential","Retrofit","Lighting -Other Hotel Motel (Corridor/Lobby)","REDUCED WATTAGE T8 FIXTURES","Two-lamp Reduced Watt. T-8 fixtures (28W)","Two-lamp Std. T8 fixtures (32W)",7884,5.8000000000000003E-2,457.27200000000005,4.9000000000000002E-2,386.31600000000003,9.0000000000000011E-3,70.956000000000017,8.5703937875181296E-3,6,"PSP-Business-Other_Hotel_Motel (Corridor/Lobby)-Lighting_Interior_General",-4.0742903063127578,"n/a","n/a",0,0,"No",null,null,null,null,null,null,null,"No","Dx",false,0]
["INon-ResidentialRetrofitRetrofitREDUCED WATTAGE T8 FWATTAGE T8 FIXTURESTwo-lamp Reduced Watt. T-8 fixtures (28W)Two-lamp Std. T8 fixd. T8 fixtures (32W)PLighting_Interior_GeneralNND","IESO - Measure","Non-Residential","Retrofit","Lighting -Other Non-Food Retail","REDUCED WATTAGE T8 FIXTURES","Two-lamp Reduced Watt. T-8 fixtures (28W)","Two-lamp Std. T8 fixtures (32W)",4089,5.8000000000000003E-2,237.16200000000001,4.9000000000000002E-2,200.36100000000002,9.0000000000000011E-3,36.800999999999988,8.051360464009347E-3,12,"PSP-Business-Other_Non_Food_Retail-Lighting_Interior_General",-3.7053935103606932,"n/a","n/a",0,0,"No",null,null,null,null,null,null,null,"No","Dx",false,0]
["INon-ResidentialRetrofitRetrofitREDUCED WATTAGE T8 FWATTAGE T8 FIXTURESTwo-lamp Reduced Watt. T-8 fixtures (28W)Two-lamp Std. T8 fixd. T8 fixtures (32W)PLighting_Interior_GeneralNND","IESO - Measure","Non-Residential","Retrofit","Lighting -Other Office","REDUCED WATTAGE T8 FIXTURES","Two-lamp Reduced Watt. T-8 fixtures (28W)","Two-lamp Std. T8 fixtures (32W)",3610,5.8000000000000003E-2,209.38000000000002,4.9000000000000002E-2,176.89000000000001,9.0000000000000011E-3,32.490000000000009,5.4914350378202333E-3,14,"PSP-Business-Other_Office-Lighting_Interior_General",-3.4314691063615115,"n/a","n/a",0,0,"No",null,null,null,null,null,null,null,"No","Dx",false,0]
["INon-ResidentialRetrofitRetrofitREDUCED WATTAGE T8 FWATTAGE T8 FIXTURESTwo-lamp Reduced Watt. T-8 fixtures (28W)Two-lamp Std. T8 fixd. T8 fixtures (32W)PLighting_Interior_GeneralNND","IESO - Measure","Non-Residential","Retrofit","Lighting -Restaurant","REDUCED WATTAGE T8 FIXTURES","Two-lamp Reduced Watt. T-8 fixtures (28W)","Two-lamp Std. T8 fixtures (32W)",5110,5.8000000000000003E-2,296.38,4.9000000000000002E-2,250.39000000000001,9.0000000000000011E-3,45.989999999999981,7.5360905783699644E-3,10,"PSP-Business-Restaurant-Lighting_Interior_General",-4.0152866600413368,"n/a","n/a",0,0,"No",null,null,null,null,null,null,null,"No","Dx",false,0]
["INon-ResidentialRetrofitRetrofitREDUCED WATTAGE T8 FWATTAGE T8 FIXTURESTwo-lamp Reduced Watt. T-8 fixtures (28W)Two-lamp Std. T8 fixd. T8 fixtures (32W)PLighting_Interior_GeneralNND","IESO - Measure","Non-Residential","Retrofit","Lighting -Schools","REDUCED WATTAGE T8 FIXTURES","Two-lamp Reduced Watt. T-8 fixtures (28W)","Two-lamp Std. T8 fixtures (32W)",2596,5.8000000000000003E-2,150.56800000000001,4.9000000000000002E-2,127.20400000000001,9.0000000000000011E-3,23.364000000000004,1.1768095912600303E-3,19,"PSP-Business-Schools-Lighting_Interior_General",-3.3749924120225003,"n/a","n/a",0,0,"No",null,null,null,null,null,null,null,"No","Dx",false,0]
["INon-ResidentialRetrofitRetrofitREDUCED WATTAGE T8 FWATTAGE T8 FIXTURESTwo-lamp Reduced Watt. T-8 fixtures (28W)Two-lamp Std. T8 fixd. T8 fixtures (32W)PLighting_Interior_GeneralNND","IESO - Measure","Non-Residential","Retrofit","Lighting -University Colleges","REDUCED WATTAGE T8 FIXTURES","Two-lamp Reduced Watt. T-8 fixtures (28W)","Two-lamp Std. T8 fixtures (32W)",3255,5.8000000000000003E-2,188.79000000000002,4.9000000000000002E-2,159.495,9.0000000000000011E-3,29.295000000000016,3.8840400623728387E-3,15,"PSP-Business-University_Colleges-Lighting_Interior_General",-3.6623095071382252,"n/a","n/a",0,0,"No",null,null,null,null,null,null,null,"No","Dx",false,0]
["INon-ResidentialRetrofitRetrofitREDUCED WATTAGE T8 FWATTAGE T8 FIXTURESTwo-lamp Reduced Watt. T-8 fixtures (28W)Two-lamp Std. T8 fixd. T8 fixtures (32W)PLighting_Interior_GeneralNND","IESO - Measure","Non-Residential","Retrofit","Lighting -Warehouse Wholesale","REDUCED WATTAGE T8 FIXTURES","Two-lamp Reduced Watt. T-8 fixtures (28W)","Two-lamp Std. T8 fixtures (32W)",3759,5.8000000000000003E-2,218.02200000000002,4.9000000000000002E-2,184.191,9.0000000000000011E-3,33.831000000000017,6.5840330769230803E-3,13,"PSP-Business-Warehouse_Wholesale-Lighting_Interior_General",-3.9500843351840018,"n/a","n/a",0,0,"No",null,null,null,null,null,null,null,"No","Dx",false,0]
["INon-ResidentialRetrofitRetrofitREDUCED WATTAGE T8 FWATTAGE T8 FIXTURESThree-lamp Reduced Watt. T-8 fixtures (28W)Three-lamp Std. T8 fd. T8 fixtures (32W)PLighting_Interior_GeneralNND","IESO - Measure","Non-Residential","Retrofit","Lighting -Food Retail","REDUCED WATTAGE T8 FIXTURES","Three-lamp Reduced Watt. T-8 fixtures (28W)","Three-lamp Std. T8 fixtures (32W)",6074,8.5000000000000006E-2,516.29000000000008,7.4999999999999997E-2,455.55,1.0000000000000009E-2,60.740000000000066,8.6281603447925133E-3,8,"PSP-Business-Food_Retail-Lighting_Interior_General",-4.0485814905957831,"n/a","n/a",0,0,"No",null,null,null,null,null,null,null,"No","Dx",false,0]
["INon-ResidentialRetrofitRetrofitREDUCED WATTAGE T8 FWATTAGE T8 FIXTURESThree-lamp Reduced Watt. T-8 fixtures (28W)Three-lamp Std. T8 fd. T8 fixtures (32W)PLighting_Interior_GeneralNND","IESO - Measure","Non-Residential","Retrofit","Lighting -Hospital","REDUCED WATTAGE T8 FIXTURES","Three-lamp Reduced Watt. T-8 fixtures (28W)","Three-lamp Std. T8 fixtures (32W)",5182,8.5000000000000006E-2,440.47,7.4999999999999997E-2,388.65,1.0000000000000009E-2,51.82000000000005,6.9167832637169859E-3,10,"PSP-Business-Hospital-Lighting_Interior_General",-3.5229299900620106,"n/a","n/a",0,0,"No",null,null,null,null,null,null,null,"No","Dx",false,0]
["INon-ResidentialRetrofitRetrofitREDUCED WATTAGE T8 FWATTAGE T8 FIXTURESThree-lamp Reduced Watt. T-8 fixtures (28W)Three-lamp Std. T8 fd. T8 fixtures (32W)PLighting_Interior_GeneralNND","IESO - Measure","Non-Residential","Retrofit","Lighting -Large Hotel (Corridor/Lobby)","REDUCED WATTAGE T8 FIXTURES","Three-lamp Reduced Watt. T-8 fixtures (28W)","Three-lamp Std. T8 fixtures (32W)",7884,8.5000000000000006E-2,670.1400000000001,7.4999999999999997E-2,591.29999999999995,1.0000000000000009E-2,78.840000000000146,9.5226595124846287E-3,6,"PSP-Business-Large_Hotel (Corridor/Lobby)-Lighting_Interior_General",-3.6114354594691385,"n/a","n/a",0,0,"No",null,null,null,null,null,null,null,"No","Dx",false,0]
["INon-ResidentialRetrofitRetrofitREDUCED WATTAGE T8 FWATTAGE T8 FIXTURESThree-lamp Reduced Watt. T-8 fixtures (28W)Three-lamp Std. T8 fd. T8 fixtures (32W)PLighting_Interior_GeneralNND","IESO - Measure","Non-Residential","Retrofit","Lighting -Large Non-Food Retail","REDUCED WATTAGE T8 FIXTURES","Three-lamp Reduced Watt. T-8 fixtures (28W)","Three-lamp Std. T8 fixtures (32W)",4089,8.5000000000000006E-2,347.565,7.4999999999999997E-2,306.67500000000001,1.0000000000000009E-2,40.889999999999986,6.0640361861568374E-3,12,"PSP-Business-Large_Non_Food_Retail-Lighting_Interior_General",-3.0580902655410327,"n/a","n/a",0,0,"No",null,null,null,null,null,null,null,"No","Dx",false,0]
["INon-ResidentialRetrofitRetrofitREDUCED WATTAGE T8 FWATTAGE T8 FIXTURESThree-lamp Reduced Watt. T-8 fixtures (28W)Three-lamp Std. T8 fd. T8 fixtures (32W)PLighting_Interior_GeneralNND","IESO - Measure","Non-Residential","Retrofit","Lighting -Large Office","REDUCED WATTAGE T8 FIXTURES","Three-lamp Reduced Watt. T-8 fixtures (28W)","Three-lamp Std. T8 fixtures (32W)",3610,8.5000000000000006E-2,306.85000000000002,7.4999999999999997E-2,270.75,1.0000000000000009E-2,36.100000000000023,6.1015944864669276E-3,14,"PSP-Business-Large_Office-Lighting_Interior_General",-2.6472036595422637,"n/a","n/a",0,0,"No",null,null,null,null,null,null,null,"No","Dx",false,0]
["INon-ResidentialRetrofitRetrofitREDUCED WATTAGE T8 FWATTAGE T8 FIXTURESThree-lamp Reduced Watt. T-8 fixtures (28W)Three-lamp Std. T8 fd. T8 fixtures (32W)PLighting_Interior_GeneralNND","IESO - Measure","Non-Residential","Retrofit","Lighting -Nursing Home","REDUCED WATTAGE T8 FIXTURES","Three-lamp Reduced Watt. T-8 fixtures (28W)","Three-lamp Std. T8 fixtures (32W)",4308,8.5000000000000006E-2,366.18,7.4999999999999997E-2,323.09999999999997,1.0000000000000009E-2,43.080000000000041,6.5139974762993694E-3,12,"PSP-Business-Nursing_Home-Lighting_Interior_General",-3.0580902655410327,"n/a","n/a",0,0,"No",null,null,null,null,null,null,null,"No","Dx",false,0]
["INon-ResidentialRetrofitRetrofitREDUCED WATTAGE T8 FWATTAGE T8 FIXTURESThree-lamp Reduced Watt. T-8 fixtures (28W)Three-lamp Std. T8 fd. T8 fixtures (32W)PLighting_Interior_GeneralNND","IESO - Measure","Non-Residential","Retrofit","Lighting -Other Commercial Buildings","REDUCED WATTAGE T8 FIXTURES","Three-lamp Reduced Watt. T-8 fixtures (28W)","Three-lamp Std. T8 fixtures (32W)",2857,8.5000000000000006E-2,242.84500000000003,7.4999999999999997E-2,214.27500000000001,1.0000000000000009E-2,28.570000000000022,4.8335988172487805E-3,18,"PSP-Business-Other_Commercial_Buildings-Lighting_Interior_General",-2.9190072124467648,"n/a","n/a",0,0,"No",null,null,null,null,null,null,null,"No","Dx",false,0]
["INon-ResidentialRetrofitRetrofitREDUCED WATTAGE T8 FWATTAGE T8 FIXTURESThree-lamp Reduced Watt. T-8 fixtures (28W)Three-lamp Std. T8 fd. T8 fixtures (32W)PLighting_Interior_GeneralNND","IESO - Measure","Non-Residential","Retrofit","Lighting -Other Hotel Motel (Corridor/Lobby)","REDUCED WATTAGE T8 FIXTURES","Three-lamp Reduced Watt. T-8 fixtures (28W)","Three-lamp Std. T8 fixtures (32W)",7884,8.5000000000000006E-2,670.1400000000001,7.4999999999999997E-2,591.29999999999995,1.0000000000000009E-2,78.840000000000146,9.5226597639090464E-3,6,"PSP-Business-Other_Hotel_Motel (Corridor/Lobby)-Lighting_Interior_General",-3.6114354594691385,"n/a","n/a",0,0,"No",null,null,null,null,null,null,null,"No","Dx",false,0]
["INon-ResidentialRetrofitRetrofitREDUCED WATTAGE T8 FWATTAGE T8 FIXTURESThree-lamp Reduced Watt. T-8 fixtures (28W)Three-lamp Std. T8 fd. T8 fixtures (32W)PLighting_Interior_GeneralNND","IESO - Measure","Non-Residential","Retrofit","Lighting -Other Non-Food Retail","REDUCED WATTAGE T8 FIXTURES","Three-lamp Reduced Watt. T-8 fixtures (28W)","Three-lamp Std. T8 fixtures (32W)",4089,8.5000000000000006E-2,347.565,7.4999999999999997E-2,306.67500000000001,1.0000000000000009E-2,40.889999999999986,8.9459560711214955E-3,12,"PSP-Business-Other_Non_Food_Retail-Lighting_Interior_General",-3.0580902655410327,"n/a","n/a",0,0,"No",null,null,null,null,null,null,null,"No","Dx",false,0]
["INon-ResidentialRetrofitRetrofitREDUCED WATTAGE T8 FWATTAGE T8 FIXTURESThree-lamp Reduced Watt. T-8 fixtures (28W)Three-lamp Std. T8 fd. T8 fixtures (32W)PLighting_Interior_GeneralNND","IESO - Measure","Non-Residential","Retrofit","Lighting -Other Office","REDUCED WATTAGE T8 FIXTURES","Three-lamp Reduced Watt. T-8 fixtures (28W)","Three-lamp Std. T8 fixtures (32W)",3610,8.5000000000000006E-2,306.85000000000002,7.4999999999999997E-2,270.75,1.0000000000000009E-2,36.100000000000023,6.1015944864669276E-3,14,"PSP-Business-Other_Office-Lighting_Interior_General",-2.6472036595422637,"n/a","n/a",0,0,"No",null,null,null,null,null,null,null,"No","Dx",false,0]
["INon-ResidentialRetrofitRetrofitREDUCED WATTAGE T8 FWATTAGE T8 FIXTURESThree-lamp Reduced Watt. T-8 fixtures (28W)Three-lamp Std. T8 fd. T8 fixtures (32W)PLighting_Interior_GeneralNND","IESO - Measure","Non-Residential","Retrofit","Lighting -Restaurant","REDUCED WATTAGE T8 FIXTURES","Three-lamp Reduced Watt. T-8 fixtures (28W)","Three-lamp Std. T8 fixtures (32W)",5110,8.5000000000000006E-2,434.35,7.4999999999999997E-2,383.25,1.0000000000000009E-2,51.100000000000023,8.3734339759666335E-3,10,"PSP-Business-Restaurant-Lighting_Interior_General",-3.5229299900620106,"n/a","n/a",0,0,"No",null,null,null,null,null,null,null,"No","Dx",false,0]
["INon-ResidentialRetrofitRetrofitREDUCED WATTAGE T8 FWATTAGE T8 FIXTURESThree-lamp Reduced Watt. T-8 fixtures (28W)Three-lamp Std. T8 fd. T8 fixtures (32W)PLighting_Interior_GeneralNND","IESO - Measure","Non-Residential","Retrofit","Lighting -Schools","REDUCED WATTAGE T8 FIXTURES","Three-lamp Reduced Watt. T-8 fixtures (28W)","Three-lamp Std. T8 fixtures (32W)",2596,8.5000000000000006E-2,220.66000000000003,7.4999999999999997E-2,194.7,1.0000000000000009E-2,25.960000000000036,1.3075662125111465E-3,19,"PSP-Business-Schools-Lighting_Interior_General",-2.5624886180337505,"n/a","n/a",0,0,"No",null,null,null,null,null,null,null,"No","Dx",false,0]
["INon-ResidentialRetrofitRetrofitREDUCED WATTAGE T8 FWATTAGE T8 FIXTURESThree-lamp Reduced Watt. T-8 fixtures (28W)Three-lamp Std. T8 fd. T8 fixtures (32W)PLighting_Interior_GeneralNND","IESO - Measure","Non-Residential","Retrofit","Lighting -University Colleges","REDUCED WATTAGE T8 FIXTURES","Three-lamp Reduced Watt. T-8 fixtures (28W)","Three-lamp Std. T8 fixtures (32W)",3255,8.5000000000000006E-2,276.67500000000001,7.4999999999999997E-2,244.125,1.0000000000000009E-2,32.550000000000011,4.3156000693031537E-3,15,"PSP-Business-University_Colleges-Lighting_Interior_General",-2.9934642607073272,"n/a","n/a",0,0,"No",null,null,null,null,null,null,null,"No","Dx",false,0]
["INon-ResidentialRetrofitRetrofitREDUCED WATTAGE T8 FWATTAGE T8 FIXTURESThree-lamp Reduced Watt. T-8 fixtures (28W)Three-lamp Std. T8 fd. T8 fixtures (32W)PLighting_Interior_GeneralNND","IESO - Measure","Non-Residential","Retrofit","Lighting -Warehouse Wholesale","REDUCED WATTAGE T8 FIXTURES","Three-lamp Reduced Watt. T-8 fixtures (28W)","Three-lamp Std. T8 fixtures (32W)",3759,8.5000000000000006E-2,319.51500000000004,7.4999999999999997E-2,281.92500000000001,1.0000000000000009E-2,37.590000000000032,7.3155923076923136E-3,13,"PSP-Business-Warehouse_Wholesale-Lighting_Interior_General",-3.4251265027760027,"n/a","n/a",0,0,"No",null,null,null,null,null,null,null,"No","Dx",false,0]
["INon-ResidentialRetrofitRetrofitREDUCED WATTAGE T8 FWATTAGE T8 FIXTURESFour-lamp Reduced Watt T-8 fixtures (28W)Four-lamp Std. T8 fid. T8 fixtures (32W)PLighting_Interior_GeneralNND","IESO - Measure","Non-Residential","Retrofit","Lighting -Food Retail","REDUCED WATTAGE T8 FIXTURES","Four-lamp Reduced Watt T-8 fixtures (28W)","Four-lamp Std. T8 fixtures (32W)",6074,0.112,680.28800000000001,9.5000000000000001E-2,577.03,1.7000000000000001E-2,103.25800000000004,1.4667872586147263E-2,8,"PSP-Business-Food_Retail-Lighting_Interior_General",-3.7314419874610394,"n/a","n/a",0,0,"No",null,null,null,null,null,null,null,"No","Dx",false,0]
["INon-ResidentialRetrofitRetrofitREDUCED WATTAGE T8 FWATTAGE T8 FIXTURESFour-lamp Reduced Watt T-8 fixtures (28W)Four-lamp Std. T8 fid. T8 fixtures (32W)PLighting_Interior_GeneralNND","IESO - Measure","Non-Residential","Retrofit","Lighting -Hospital","REDUCED WATTAGE T8 FIXTURES","Four-lamp Reduced Watt T-8 fixtures (28W)","Four-lamp Std. T8 fixtures (32W)",5182,0.112,580.38400000000001,9.5000000000000001E-2,492.29,1.7000000000000001E-2,88.093999999999994,1.1758531548318863E-2,10,"PSP-Business-Hospital-Lighting_Interior_General",-3.0305733200826737,"n/a","n/a",0,0,"No",null,null,null,null,null,null,null,"No","Dx",false,0]
["INon-ResidentialRetrofitRetrofitREDUCED WATTAGE T8 FWATTAGE T8 FIXTURESFour-lamp Reduced Watt T-8 fixtures (28W)Four-lamp Std. T8 fid. T8 fixtures (32W)PLighting_Interior_GeneralNND","IESO - Measure","Non-Residential","Retrofit","Lighting -Large Hotel (Corridor/Lobby)","REDUCED WATTAGE T8 FIXTURES","Four-lamp Reduced Watt T-8 fixtures (28W)","Four-lamp Std. T8 fixtures (32W)",7884,0.112,883.00800000000004,9.5000000000000001E-2,748.98,1.7000000000000001E-2,134.02800000000002,1.6188521171223842E-2,6,"PSP-Business-Large_Hotel (Corridor/Lobby)-Lighting_Interior_General",-3.1485806126255156,"n/a","n/a",0,0,"No",null,null,null,null,null,null,null,"No","Dx",false,0]
["INon-ResidentialRetrofitRetrofitREDUCED WATTAGE T8 FWATTAGE T8 FIXTURESFour-lamp Reduced Watt T-8 fixtures (28W)Four-lamp Std. T8 fid. T8 fixtures (32W)PLighting_Interior_GeneralNND","IESO - Measure","Non-Residential","Retrofit","Lighting -Large Non-Food Retail","REDUCED WATTAGE T8 FIXTURES","Four-lamp Reduced Watt T-8 fixtures (28W)","Four-lamp Std. T8 fixtures (32W)",4089,0.112,457.96800000000002,9.5000000000000001E-2,388.45499999999998,1.7000000000000001E-2,69.513000000000034,1.0308861516466634E-2,12,"PSP-Business-Large_Non_Food_Retail-Lighting_Interior_General",-2.4107870207213864,"n/a","n/a",0,0,"No",null,null,null,null,null,null,null,"No","Dx",false,0]
["INon-ResidentialRetrofitRetrofitREDUCED WATTAGE T8 FWATTAGE T8 FIXTURESFour-lamp Reduced Watt T-8 fixtures (28W)Four-lamp Std. T8 fid. T8 fixtures (32W)PLighting_Interior_GeneralNND","IESO - Measure","Non-Residential","Retrofit","Lighting -Large Office","REDUCED WATTAGE T8 FIXTURES","Four-lamp Reduced Watt T-8 fixtures (28W)","Four-lamp Std. T8 fixtures (32W)",3610,0.112,404.32,9.5000000000000001E-2,342.95,1.7000000000000001E-2,61.370000000000005,1.037271062699377E-2,14,"PSP-Business-Large_Office-Lighting_Interior_General",-1.862938212723023,"n/a","n/a",0,0,"No",null,null,null,null,null,null,null,"No","Dx",false,0]
["INon-ResidentialRetrofitRetrofitREDUCED WATTAGE T8 FWATTAGE T8 FIXTURESFour-lamp Reduced Watt T-8 fixtures (28W)Four-lamp Std. T8 fid. T8 fixtures (32W)PLighting_Interior_GeneralNND","IESO - Measure","Non-Residential","Retrofit","Lighting -Nursing Home","REDUCED WATTAGE T8 FIXTURES","Four-lamp Reduced Watt T-8 fixtures (28W)","Four-lamp Std. T8 fixtures (32W)",4308,0.112,482.49600000000004,9.5000000000000001E-2,409.26,1.7000000000000001E-2,73.236000000000047,1.1073795709708923E-2,12,"PSP-Business-Nursing_Home-Lighting_Interior_General",-2.4107870207213864,"n/a","n/a",0,0,"No",null,null,null,null,null,null,null,"No","Dx",false,0]
["INon-ResidentialRetrofitRetrofitREDUCED WATTAGE T8 FWATTAGE T8 FIXTURESFour-lamp Reduced Watt T-8 fixtures (28W)Four-lamp Std. T8 fid. T8 fixtures (32W)PLighting_Interior_GeneralNND","IESO - Measure","Non-Residential","Retrofit","Lighting -Other Commercial Buildings","REDUCED WATTAGE T8 FIXTURES","Four-lamp Reduced Watt T-8 fixtures (28W)","Four-lamp Std. T8 fixtures (32W)",2857,0.112,319.98399999999998,9.5000000000000001E-2,271.41500000000002,1.7000000000000001E-2,48.56899999999996,8.2171179893229147E-3,18,"PSP-Business-Other_Commercial_Buildings-Lighting_Interior_General",-2.225342949929022,"n/a","n/a",0,0,"No",null,null,null,null,null,null,null,"No","Dx",false,0]
["INon-ResidentialRetrofitRetrofitREDUCED WATTAGE T8 FWATTAGE T8 FIXTURESFour-lamp Reduced Watt T-8 fixtures (28W)Four-lamp Std. T8 fid. T8 fixtures (32W)PLighting_Interior_GeneralNND","IESO - Measure","Non-Residential","Retrofit","Lighting -Other Hotel Motel (Corridor/Lobby)","REDUCED WATTAGE T8 FIXTURES","Four-lamp Reduced Watt T-8 fixtures (28W)","Four-lamp Std. T8 fixtures (32W)",7884,0.112,883.00800000000004,9.5000000000000001E-2,748.98,1.7000000000000001E-2,134.02800000000002,1.6188521598645353E-2,6,"PSP-Business-Other_Hotel_Motel (Corridor/Lobby)-Lighting_Interior_General",-3.1485806126255156,"n/a","n/a",0,0,"No",null,null,null,null,null,null,null,"No","Dx",false,0]
["INon-ResidentialRetrofitRetrofitREDUCED WATTAGE T8 FWATTAGE T8 FIXTURESFour-lamp Reduced Watt T-8 fixtures (28W)Four-lamp Std. T8 fid. T8 fixtures (32W)PLighting_Interior_GeneralNND","IESO - Measure","Non-Residential","Retrofit","Lighting -Other Non-Food Retail","REDUCED WATTAGE T8 FIXTURES","Four-lamp Reduced Watt T-8 fixtures (28W)","Four-lamp Std. T8 fixtures (32W)",4089,0.112,457.96800000000002,9.5000000000000001E-2,388.45499999999998,1.7000000000000001E-2,69.513000000000034,1.5208125320906554E-2,12,"PSP-Business-Other_Non_Food_Retail-Lighting_Interior_General",-2.4107870207213864,"n/a","n/a",0,0,"No",null,null,null,null,null,null,null,"No","Dx",false,0]
["INon-ResidentialRetrofitRetrofitREDUCED WATTAGE T8 FWATTAGE T8 FIXTURESFour-lamp Reduced Watt T-8 fixtures (28W)Four-lamp Std. T8 fid. T8 fixtures (32W)PLighting_Interior_GeneralNND","IESO - Measure","Non-Residential","Retrofit","Lighting -Other Office","REDUCED WATTAGE T8 FIXTURES","Four-lamp Reduced Watt T-8 fixtures (28W)","Four-lamp Std. T8 fixtures (32W)",3610,0.112,404.32,9.5000000000000001E-2,342.95,1.7000000000000001E-2,61.370000000000005,1.037271062699377E-2,14,"PSP-Business-Other_Office-Lighting_Interior_General",-1.862938212723023,"n/a","n/a",0,0,"No",null,null,null,null,null,null,null,"No","Dx",false,0]
["INon-ResidentialRetrofitRetrofitREDUCED WATTAGE T8 FWATTAGE T8 FIXTURESFour-lamp Reduced Watt T-8 fixtures (28W)Four-lamp Std. T8 fid. T8 fixtures (32W)PLighting_Interior_GeneralNND","IESO - Measure","Non-Residential","Retrofit","Lighting -Restaurant","REDUCED WATTAGE T8 FIXTURES","Four-lamp Reduced Watt T-8 fixtures (28W)","Four-lamp Std. T8 fixtures (32W)",5110,0.112,572.32000000000005,9.5000000000000001E-2,485.45,1.7000000000000001E-2,86.870000000000061,1.4234837759143281E-2,10,"PSP-Business-Restaurant-Lighting_Interior_General",-3.0305733200826737,"n/a","n/a",0,0,"No",null,null,null,null,null,null,null,"No","Dx",false,0]
["INon-ResidentialRetrofitRetrofitREDUCED WATTAGE T8 FWATTAGE T8 FIXTURESFour-lamp Reduced Watt T-8 fixtures (28W)Four-lamp Std. T8 fid. T8 fixtures (32W)PLighting_Interior_GeneralNND","IESO - Measure","Non-Residential","Retrofit","Lighting -Schools","REDUCED WATTAGE T8 FIXTURES","Four-lamp Reduced Watt T-8 fixtures (28W)","Four-lamp Std. T8 fixtures (32W)",2596,0.112,290.75200000000001,9.5000000000000001E-2,246.62,1.7000000000000001E-2,44.132000000000005,2.2228625612689457E-3,19,"PSP-Business-Schools-Lighting_Interior_General",-1.7499848240450007,"n/a","n/a",0,0,"No",null,null,null,null,null,null,null,"No","Dx",false,0]
["INon-ResidentialRetrofitRetrofitREDUCED WATTAGE T8 FWATTAGE T8 FIXTURESFour-lamp Reduced Watt T-8 fixtures (28W)Four-lamp Std. T8 fid. T8 fixtures (32W)PLighting_Interior_GeneralNND","IESO - Measure","Non-Residential","Retrofit","Lighting -University Colleges","REDUCED WATTAGE T8 FIXTURES","Four-lamp Reduced Watt T-8 fixtures (28W)","Four-lamp Std. T8 fixtures (32W)",3255,0.112,364.56,9.5000000000000001E-2,309.22500000000002,1.7000000000000001E-2,55.33499999999998,7.3365201178153556E-3,15,"PSP-Business-University_Colleges-Lighting_Interior_General",-2.3246190142764505,"n/a","n/a",0,0,"No",null,null,null,null,null,null,null,"No","Dx",false,0]
["INon-ResidentialRetrofitRetrofitREDUCED WATTAGE T8 FWATTAGE T8 FIXTURESFour-lamp Reduced Watt T-8 fixtures (28W)Four-lamp Std. T8 fid. T8 fixtures (32W)PLighting_Interior_GeneralNND","IESO - Measure","Non-Residential","Retrofit","Lighting -Warehouse Wholesale","REDUCED WATTAGE T8 FIXTURES","Four-lamp Reduced Watt T-8 fixtures (28W)","Four-lamp Std. T8 fixtures (32W)",3759,0.112,421.00799999999998,9.5000000000000001E-2,357.10500000000002,1.7000000000000001E-2,63.902999999999963,1.2436506923076913E-2,13,"PSP-Business-Warehouse_Wholesale-Lighting_Interior_General",-2.9001686703680036,"n/a","n/a",0,0,"No",null,null,null,null,null,null,null,"No","Dx",false,0]
["INon-ResidentialRetrofitRetrofitREDUCED WATTAGE T8 FWATTAGE T8 FIXTURESSingle-lamp Reduced Watt. T8 fixtures (25W)Single-lamp Std. T8d. T8 fixtures (32W)PLighting_Interior_GeneralNND","IESO - Measure","Non-Residential","Retrofit","Lighting -Food Retail","REDUCED WATTAGE T8 FIXTURES","Single-lamp Reduced Watt. T8 fixtures (25W)","Single-lamp Std. T8 fixtures (32W)",6074,0.03,182.22,2.3E-2,139.702,6.9999999999999993E-3,42.518000000000001,6.0397122413547531E-3,8,"PSP-Business-Food_Retail-Lighting_Interior_General",-0.30923141043222913,"n/a","n/a",0,0,"No",null,null,null,null,null,null,null,"No","Dx",false,0]
["INon-ResidentialRetrofitRetrofitREDUCED WATTAGE T8 FWATTAGE T8 FIXTURESSingle-lamp Reduced Watt. T8 fixtures (25W)Single-lamp Std. T8d. T8 fixtures (32W)PLighting_Interior_GeneralNND","IESO - Measure","Non-Residential","Retrofit","Lighting -Hospital","REDUCED WATTAGE T8 FIXTURES","Single-lamp Reduced Watt. T8 fixtures (25W)","Single-lamp Std. T8 fixtures (32W)",5182,0.03,155.46,2.3E-2,119.18599999999999,6.9999999999999993E-3,36.274000000000015,4.8417482846018871E-3,10,"PSP-Business-Hospital-Lighting_Interior_General",-0.15516305980083089,"n/a","n/a",0,0,"No",null,null,null,null,null,null,null,"No","Dx",false,0]
["INon-ResidentialRetrofitRetrofitREDUCED WATTAGE T8 FWATTAGE T8 FIXTURESSingle-lamp Reduced Watt. T8 fixtures (25W)Single-lamp Std. T8d. T8 fixtures (32W)PLighting_Interior_GeneralNND","IESO - Measure","Non-Residential","Retrofit","Lighting -Large Hotel (Corridor/Lobby)","REDUCED WATTAGE T8 FIXTURES","Single-lamp Reduced Watt. T8 fixtures (25W)","Single-lamp Std. T8 fixtures (32W)",7884,0.03,236.51999999999998,2.3E-2,181.33199999999999,6.9999999999999993E-3,55.187999999999988,6.6658616587392267E-3,6,"PSP-Business-Large_Hotel (Corridor/Lobby)-Lighting_Interior_General",-0.1410983215373669,"n/a","n/a",0,0,"No",null,null,null,null,null,null,null,"No","Dx",false,0]
["INon-ResidentialRetrofitRetrofitREDUCED WATTAGE T8 FWATTAGE T8 FIXTURESSingle-lamp Reduced Watt. T8 fixtures (25W)Single-lamp Std. T8d. T8 fixtures (32W)PLighting_Interior_GeneralNND","IESO - Measure","Non-Residential","Retrofit","Lighting -Large Non-Food Retail","REDUCED WATTAGE T8 FIXTURES","Single-lamp Reduced Watt. T8 fixtures (25W)","Single-lamp Std. T8 fixtures (32W)",4089,0.03,122.67,2.3E-2,94.046999999999997,6.9999999999999993E-3,28.623000000000005,4.2448253303097889E-3,12,"PSP-Business-Large_Non_Food_Retail-Lighting_Interior_General",-2.0168198369177048E-2,"n/a","n/a",0,0,"No",null,null,null,null,null,null,null,"No","Dx",false,0]
["INon-ResidentialRetrofitRetrofitREDUCED WATTAGE T8 FWATTAGE T8 FIXTURESSingle-lamp Reduced Watt. T8 fixtures (25W)Single-lamp Std. T8d. T8 fixtures (32W)PLighting_Interior_GeneralNND","IESO - Measure","Non-Residential","Retrofit","Lighting -Large Office","REDUCED WATTAGE T8 FIXTURES","Single-lamp Reduced Watt. T8 fixtures (25W)","Single-lamp Std. T8 fixtures (32W)",3610,0.03,108.3,2.3E-2,83.03,6.9999999999999993E-3,25.269999999999996,4.2711161405268455E-3,14,"PSP-Business-Large_Office-Lighting_Interior_General",9.797163249015739E-2,"n/a","n/a",0,0,"No",null,null,null,null,null,null,null,"No","Dx",false,0]
["INon-ResidentialRetrofitRetrofitREDUCED WATTAGE T8 FWATTAGE T8 FIXTURESSingle-lamp Reduced Watt. T8 fixtures (25W)Single-lamp Std. T8d. T8 fixtures (32W)PLighting_Interior_GeneralNND","IESO - Measure","Non-Residential","Retrofit","Lighting -Nursing Home","REDUCED WATTAGE T8 FIXTURES","Single-lamp Reduced Watt. T8 fixtures (25W)","Single-lamp Std. T8 fixtures (32W)",4308,0.03,129.24,2.3E-2,99.084000000000003,6.9999999999999993E-3,30.156000000000006,4.5597982334095542E-3,12,"PSP-Business-Nursing_Home-Lighting_Interior_General",-2.0168198369177048E-2,"n/a","n/a",0,0,"No",null,null,null,null,null,null,null,"No","Dx",false,0]
[{"$f":"CONCATENATE(TRIM(LEFT(B220,1)),TRIM(LEFT(C220,20)),TRIM(LEFT(D220,10)),TRIM(RIGHT(D220,10)),TRIM(LEFT(F220,20)),TRIM(RIGHT(F220,20)),TRIM(LEFT(G220,105)),TRIM(LEFT(H220,20)),TRIM(RIGHT(H220,20)),TRIM(LEFT(R220,1)),TRIM(RIGHT(R220,25)),TRIM(LEFT(X220,1)),TRIM(LEFT(AF220,1)),TRIM(LEFT(AG220,1)))","v":"INon-ResidentialRetrofitRetrofitREDUCED WATTAGE T8 FWATTAGE T8 FIXTURESSingle-lamp Reduced Watt. T8 fixtures (25W)Single-lamp Std. T8d. T8 fixtures (32W)PLighting_Interior_GeneralNND"},"IESO - Measure","Non-Residential","Retrofit","Lighting -Other Commercial Buildings","REDUCED WATTAGE T8 FIXTURES","Single-lamp Reduced Watt. T8 fixtures (25W)","Single-lamp Std. T8 fixtures (32W)",2857,0.03,85.71,2.3E-2,65.710999999999999,6.9999999999999993E-3,19.998999999999995,3.3835191720741433E-3,18,"PSP-Business-Other_Commercial_Buildings-Lighting_Interior_General",-4.2941974786447901E-2,"n/a","n/a",0,0,"No",null,null,null,null,null,null,null,"No","Dx",false,0]
["INon-ResidentialRetrofitRetrofitREDUCED WATTAGE T8 FWATTAGE T8 FIXTURESSingle-lamp Reduced Watt. T8 fixtures (25W)Single-lamp Std. T8d. T8 fixtures (32W)PLighting_Interior_GeneralNND","IESO - Measure","Non-Residential","Retrofit","Lighting -Other Hotel Motel (Corridor/Lobby)","REDUCED WATTAGE T8 FIXTURES","Single-lamp Reduced Watt. T8 fixtures (25W)","Single-lamp Std. T8 fixtures (32W)",7884,0.03,236.51999999999998,2.3E-2,181.33199999999999,6.9999999999999993E-3,55.187999999999988,6.6658618347363195E-3,6,"PSP-Business-Other_Hotel_Motel (Corridor/Lobby)-Lighting_Interior_General",-0.1410983215373669,"n/a","n/a",0,0,"No",null,null,null,null,null,null,null,"No","Dx",false,0]
["INon-ResidentialRetrofitRetrofitREDUCED WATTAGE T8 FWATTAGE T8 FIXTURESSingle-lamp Reduced Watt. T8 fixtures (25W)Single-lamp Std. T8d. T8 fixtures (32W)PLighting_Interior_GeneralNND","IESO - Measure","Non-Residential","Retrofit","Lighting -Other Non-Food Retail","REDUCED WATTAGE T8 FIXTURES","Single-lamp Reduced Watt. T8 fixtures (25W)","Single-lamp Std. T8 fixtures (32W)",4089,0.03,122.67,2.3E-2,94.046999999999997,6.9999999999999993E-3,28.623000000000005,6.26216924978505E-3,12,"PSP-Business-Other_Non_Food_Retail-Lighting_Interior_General",-2.0168198369177048E-2,"n/a","n/a",0,0,"No",null,null,null,null,null,null,null,"No","Dx",false,0]
["INon-ResidentialRetrofitRetrofitREDUCED WATTAGE T8 FWATTAGE T8 FIXTURESSingle-lamp Reduced Watt. T8 fixtures (25W)Single-lamp Std. T8d. T8 fixtures (32W)PLighting_Interior_GeneralNND","IESO - Measure","Non-Residential","Retrofit","Lighting -Other Office","REDUCED WATTAGE T8 FIXTURES","Single-lamp Reduced Watt. T8 fixtures (25W)","Single-lamp Std. T8 fixtures (32W)",3610,0.03,108.3,2.3E-2,83.03,6.9999999999999993E-3,25.269999999999996,4.2711161405268455E-3,14,"PSP-Business-Other_Office-Lighting_Interior_General",9.797163249015739E-2,"n/a","n/a",0,0,"No",null,null,null,null,null,null,null,"No","Dx",false,0]
["INon-ResidentialRetrofitRetrofitREDUCED WATTAGE T8 FWATTAGE T8 FIXTURESSingle-lamp Reduced Watt. T8 fixtures (25W)Single-lamp Std. T8d. T8 fixtures (32W)PLighting_Interior_GeneralNND","IESO - Measure","Non-Residential","Retrofit","Lighting -Restaurant","REDUCED WATTAGE T8 FIXTURES","Single-lamp Reduced Watt. T8 fixtures (25W)","Single-lamp Std. T8 fixtures (32W)",5110,0.03,153.29999999999998,2.3E-2,117.53,6.9999999999999993E-3,35.769999999999982,5.8614037831766384E-3,10,"PSP-Business-Restaurant-Lighting_Interior_General",-0.15516305980083089,"n/a","n/a",0,0,"No",null,null,null,null,null,null,null,"No","Dx",false,0]
["INon-ResidentialRetrofitRetrofitREDUCED WATTAGE T8 FWATTAGE T8 FIXTURESSingle-lamp Reduced Watt. T8 fixtures (25W)Single-lamp Std. T8d. T8 fixtures (32W)PLighting_Interior_GeneralNND","IESO - Measure","Non-Residential","Retrofit","Lighting -Schools","REDUCED WATTAGE T8 FIXTURES","Single-lamp Reduced Watt. T8 fixtures (25W)","Single-lamp Std. T8 fixtures (32W)",2596,0.03,77.88,2.3E-2,59.707999999999998,6.9999999999999993E-3,18.171999999999997,9.1529634875780108E-4,19,"PSP-Business-Schools-Lighting_Interior_General",6.0988475777254081E-2,"n/a","n/a",0,0,"No",null,null,null,null,null,null,null,"No","Dx",false,0]
["INon-ResidentialRetrofitRetrofitREDUCED WATTAGE T8 FWATTAGE T8 FIXTURESSingle-lamp Reduced Watt. T8 fixtures (25W)Single-lamp Std. T8d. T8 fixtures (32W)PLighting_Interior_GeneralNND","IESO - Measure","Non-Residential","Retrofit","Lighting -University Colleges","REDUCED WATTAGE T8 FIXTURES","Single-lamp Reduced Watt. T8 fixtures (25W)","Single-lamp Std. T8 fixtures (32W)",3255,0.03,97.649999999999991,2.3E-2,74.864999999999995,6.9999999999999993E-3,22.784999999999997,3.0209200485122058E-3,15,"PSP-Business-University_Colleges-Lighting_Interior_General",-3.5205521804098083E-2,"n/a","n/a",0,0,"No",null,null,null,null,null,null,null,"No","Dx",false,0]
["INon-ResidentialRetrofitRetrofitREDUCED WATTAGE T8 FWATTAGE T8 FIXTURESSingle-lamp Reduced Watt. T8 fixtures (25W)Single-lamp Std. T8d. T8 fixtures (32W)PLighting_Interior_GeneralNND","IESO - Measure","Non-Residential","Retrofit","Lighting -Warehouse Wholesale","REDUCED WATTAGE T8 FIXTURES","Single-lamp Reduced Watt. T8 fixtures (25W)","Single-lamp Std. T8 fixtures (32W)",3759,0.03,112.77,2.3E-2,86.456999999999994,6.9999999999999993E-3,26.313000000000002,5.1209146153846155E-3,13,"PSP-Business-Warehouse_Wholesale-Lighting_Interior_General",-0.16133598192108778,"n/a","n/a",0,0,"No",null,null,null,null,null,null,null,"No","Dx",false,0]
["INon-ResidentialRetrofitRetrofitREDUCED WATTAGE T8 FWATTAGE T8 FIXTURESTwo-lamp Reduced Watt. T-8 fixtures (25W)Two-lamp Std. T8 fixd. T8 fixtures (32W)PLighting_Interior_GeneralNND","IESO - Measure","Non-Residential","Retrofit","Lighting -Food Retail","REDUCED WATTAGE T8 FIXTURES","Two-lamp Reduced Watt. T-8 fixtures (25W)","Two-lamp Std. T8 fixtures (32W)",6074,5.8000000000000003E-2,352.29200000000003,4.3999999999999997E-2,267.25599999999997,1.4000000000000005E-2,85.036000000000058,1.2079424482709515E-2,8,"PSP-Business-Food_Retail-Lighting_Interior_General",-2.6184628208644618,"n/a","n/a",0,0,"No",null,null,null,null,null,null,null,"No","Dx",false,0]
["INon-ResidentialRetrofitRetrofitREDUCED WATTAGE T8 FWATTAGE T8 FIXTURESTwo-lamp Reduced Watt. T-8 fixtures (25W)Two-lamp Std. T8 fixd. T8 fixtures (32W)PLighting_Interior_GeneralNND","IESO - Measure","Non-Residential","Retrofit","Lighting -Hospital","REDUCED WATTAGE T8 FIXTURES","Two-lamp Reduced Watt. T-8 fixtures (25W)","Two-lamp Std. T8 fixtures (32W)",5182,5.8000000000000003E-2,300.55600000000004,4.3999999999999997E-2,228.00799999999998,1.4000000000000005E-2,72.548000000000059,9.6834965692037794E-3,10,"PSP-Business-Hospital-Lighting_Interior_General",-2.3103261196016618,"n/a","n/a",0,0,"No",null,null,null,null,null,null,null,"No","Dx",false,0]
["INon-ResidentialRetrofitRetrofitREDUCED WATTAGE T8 FWATTAGE T8 FIXTURESTwo-lamp Reduced Watt. T-8 fixtures (25W)Two-lamp Std. T8 fixd. T8 fixtures (32W)PLighting_Interior_GeneralNND","IESO - Measure","Non-Residential","Retrofit","Lighting -Large Hotel (Corridor/Lobby)","REDUCED WATTAGE T8 FIXTURES","Two-lamp Reduced Watt. T-8 fixtures (25W)","Two-lamp Std. T8 fixtures (32W)",7884,5.8000000000000003E-2,457.27200000000005,4.3999999999999997E-2,346.89599999999996,1.4000000000000005E-2,110.37600000000009,1.3331723317478467E-2,6,"PSP-Business-Large_Hotel (Corridor/Lobby)-Lighting_Interior_General",-2.2821966430747374,"n/a","n/a",0,0,"No",null,null,null,null,null,null,null,"No","Dx",false,0]
["INon-ResidentialRetrofitRetrofitREDUCED WATTAGE T8 FWATTAGE T8 FIXTURESTwo-lamp Reduced Watt. T-8 fixtures (25W)Two-lamp Std. T8 fixd. T8 fixtures (32W)PLighting_Interior_GeneralNND","IESO - Measure","Non-Residential","Retrofit","Lighting -Large Non-Food Retail","REDUCED WATTAGE T8 FIXTURES","Two-lamp Reduced Watt. T-8 fixtures (25W)","Two-lamp Std. T8 fixtures (32W)",4089,5.8000000000000003E-2,237.16200000000001,4.3999999999999997E-2,179.916,1.4000000000000005E-2,57.246000000000009,8.4896506606195778E-3,12,"PSP-Business-Large_Non_Food_Retail-Lighting_Interior_General",-2.0403363967383541,"n/a","n/a",0,0,"No",null,null,null,null,null,null,null,"No","Dx",false,0]
["INon-ResidentialRetrofitRetrofitREDUCED WATTAGE T8 FWATTAGE T8 FIXTURESTwo-lamp Reduced Watt. T-8 fixtures (25W)Two-lamp Std. T8 fixd. T8 fixtures (32W)PLighting_Interior_GeneralNND","IESO - Measure","Non-Residential","Retrofit","Lighting -Large Office","REDUCED WATTAGE T8 FIXTURES","Two-lamp Reduced Watt. T-8 fixtures (25W)","Two-lamp Std. T8 fixtures (32W)",3610,5.8000000000000003E-2,209.38000000000002,4.3999999999999997E-2,158.84,1.4000000000000005E-2,50.54000000000002,8.5422322810536962E-3,14,"PSP-Business-Large_Office-Lighting_Interior_General",-1.8040567350196852,"n/a","n/a",0,0,"No",null,null,null,null,null,null,null,"No","Dx",false,0]
["INon-ResidentialRetrofitRetrofitREDUCED WATTAGE T8 FWATTAGE T8 FIXTURESTwo-lamp Reduced Watt. T-8 fixtures (25W)Two-lamp Std. T8 fixd. T8 fixtures (32W)PLighting_Interior_GeneralNND","IESO - Measure","Non-Residential","Retrofit","Lighting -Nursing Home","REDUCED WATTAGE T8 FIXTURES","Two-lamp Reduced Watt. T-8 fixtures (25W)","Two-lamp Std. T8 fixtures (32W)",4308,5.8000000000000003E-2,249.864,4.3999999999999997E-2,189.55199999999999,1.4000000000000005E-2,60.312000000000012,9.1195964668191083E-3,12,"PSP-Business-Nursing_Home-Lighting_Interior_General",-2.0403363967383541,"n/a","n/a",0,0,"No",null,null,null,null,null,null,null,"No","Dx",false,0]
["INon-ResidentialRetrofitRetrofitREDUCED WATTAGE T8 FWATTAGE T8 FIXTURESTwo-lamp Reduced Watt. T-8 fixtures (25W)Two-lamp Std. T8 fixd. T8 fixtures (32W)PLighting_Interior_GeneralNND","IESO - Measure","Non-Residential","Retrofit","Lighting -Other Commercial Buildings","REDUCED WATTAGE T8 FIXTURES","Two-lamp Reduced Watt. T-8 fixtures (25W)","Two-lamp Std. T8 fixtures (32W)",2857,5.8000000000000003E-2,165.70600000000002,4.3999999999999997E-2,125.708,1.4000000000000005E-2,39.998000000000019,6.767038344148291E-3,18,"PSP-Business-Other_Commercial_Buildings-Lighting_Interior_General",-2.0858839495728887,"n/a","n/a",0,0,"No",null,null,null,null,null,null,null,"No","Dx",false,0]
["INon-ResidentialRetrofitRetrofitREDUCED WATTAGE T8 FWATTAGE T8 FIXTURESTwo-lamp Reduced Watt. T-8 fixtures (25W)Two-lamp Std. T8 fixd. T8 fixtures (32W)PLighting_Interior_GeneralNND","IESO - Measure","Non-Residential","Retrofit","Lighting -Other Hotel Motel (Corridor/Lobby)","REDUCED WATTAGE T8 FIXTURES","Two-lamp Reduced Watt. T-8 fixtures (25W)","Two-lamp Std. T8 fixtures (32W)",7884,5.8000000000000003E-2,457.27200000000005,4.3999999999999997E-2,346.89599999999996,1.4000000000000005E-2,110.37600000000009,1.3331723669472651E-2,6,"PSP-Business-Other_Hotel_Motel (Corridor/Lobby)-Lighting_Interior_General",-2.2821966430747374,"n/a","n/a",0,0,"No",null,null,null,null,null,null,null,"No","Dx",false,0]
["INon-ResidentialRetrofitRetrofitREDUCED WATTAGE T8 FWATTAGE T8 FIXTURESTwo-lamp Reduced Watt. T-8 fixtures (25W)Two-lamp Std. T8 fixd. T8 fixtures (32W)PLighting_Interior_GeneralNND","IESO - Measure","Non-Residential","Retrofit","Lighting -Other Non-Food Retail","REDUCED WATTAGE T8 FIXTURES","Two-lamp Reduced Watt. T-8 fixtures (25W)","Two-lamp Std. T8 fixtures (32W)",4089,5.8000000000000003E-2,237.16200000000001,4.3999999999999997E-2,179.916,1.4000000000000005E-2,57.246000000000009,1.25243384995701E-2,12,"PSP-Business-Other_Non_Food_Retail-Lighting_Interior_General",-2.0403363967383541,"n/a","n/a",0,0,"No",null,null,null,null,null,null,null,"No","Dx",false,0]
["INon-ResidentialRetrofitRetrofitREDUCED WATTAGE T8 FWATTAGE T8 FIXTURESTwo-lamp Reduced Watt. T-8 fixtures (25W)Two-lamp Std. T8 fixd. T8 fixtures (32W)PLighting_Interior_GeneralNND","IESO - Measure","Non-Residential","Retrofit","Lighting -Other Office","REDUCED WATTAGE T8 FIXTURES","Two-lamp Reduced Watt. T-8 fixtures (25W)","Two-lamp Std. T8 fixtures (32W)",3610,5.8000000000000003E-2,209.38000000000002,4.3999999999999997E-2,158.84,1.4000000000000005E-2,50.54000000000002,8.5422322810536962E-3,14,"PSP-Business-Other_Office-Lighting_Interior_General",-1.8040567350196852,"n/a","n/a",0,0,"No",null,null,null,null,null,null,null,"No","Dx",false,0]
["INon-ResidentialRetrofitRetrofitREDUCED WATTAGE T8 FWATTAGE T8 FIXTURESTwo-lamp Reduced Watt. T-8 fixtures (25W)Two-lamp Std. T8 fixd. T8 fixtures (32W)PLighting_Interior_GeneralNND","IESO - Measure","Non-Residential","Retrofit","Lighting -Restaurant","REDUCED WATTAGE T8 FIXTURES","Two-lamp Reduced Watt. T-8 fixtures (25W)","Two-lamp Std. T8 fixtures (32W)",5110,5.8000000000000003E-2,296.38,4.3999999999999997E-2,224.83999999999997,1.4000000000000005E-2,71.54000000000002,1.1722807566353285E-2,10,"PSP-Business-Restaurant-Lighting_Interior_General",-2.3103261196016618,"n/a","n/a",0,0,"No",null,null,null,null,null,null,null,"No","Dx",false,0]
["INon-ResidentialRetrofitRetrofitREDUCED WATTAGE T8 FWATTAGE T8 FIXTURESTwo-lamp Reduced Watt. T-8 fixtures (25W)Two-lamp Std. T8 fixd. T8 fixtures (32W)PLighting_Interior_GeneralNND","IESO - Measure","Non-Residential","Retrofit","Lighting -Schools","REDUCED WATTAGE T8 FIXTURES","Two-lamp Reduced Watt. T-8 fixtures (25W)","Two-lamp Std. T8 fixtures (32W)",2596,5.8000000000000003E-2,150.56800000000001,4.3999999999999997E-2,114.22399999999999,1.4000000000000005E-2,36.344000000000023,1.8305926975156035E-3,19,"PSP-Business-Schools-Lighting_Interior_General",-1.8780230484454989,"n/a","n/a",0,0,"No",null,null,null,null,null,null,null,"No","Dx",false,0]
["INon-ResidentialRetrofitRetrofitREDUCED WATTAGE T8 FWATTAGE T8 FIXTURESTwo-lamp Reduced Watt. T-8 fixtures (25W)Two-lamp Std. T8 fixd. T8 fixtures (32W)PLighting_Interior_GeneralNND","IESO - Measure","Non-Residential","Retrofit","Lighting -University Colleges","REDUCED WATTAGE T8 FIXTURES","Two-lamp Reduced Watt. T-8 fixtures (25W)","Two-lamp Std. T8 fixtures (32W)",3255,5.8000000000000003E-2,188.79000000000002,4.3999999999999997E-2,143.22,1.4000000000000005E-2,45.570000000000022,6.041840097024416E-3,15,"PSP-Business-University_Colleges-Lighting_Interior_General",-2.0704110436081997,"n/a","n/a",0,0,"No",null,null,null,null,null,null,null,"No","Dx",false,0]
["INon-ResidentialRetrofitRetrofitREDUCED WATTAGE T8 FWATTAGE T8 FIXTURESTwo-lamp Reduced Watt. T-8 fixtures (25W)Two-lamp Std. T8 fixd. T8 fixtures (32W)PLighting_Interior_GeneralNND","IESO - Measure","Non-Residential","Retrofit","Lighting -Warehouse Wholesale","REDUCED WATTAGE T8 FIXTURES","Two-lamp Reduced Watt. T-8 fixtures (25W)","Two-lamp Std. T8 fixtures (32W)",3759,5.8000000000000003E-2,218.02200000000002,4.3999999999999997E-2,165.39599999999999,1.4000000000000005E-2,52.626000000000033,1.0241829230769236E-2,13,"PSP-Business-Warehouse_Wholesale-Lighting_Interior_General",-2.3226719638421756,"n/a","n/a",0,0,"No",null,null,null,null,null,null,null,"No","Dx",false,0]
["INon-ResidentialRetrofitRetrofitREDUCED WATTAGE T8 FWATTAGE T8 FIXTURESThree-lamp Reduced Watt. T-8 fixtures (25W)Three-lamp Std. T8 fd. T8 fixtures (32W)PLighting_Interior_GeneralNND","IESO - Measure","Non-Residential","Retrofit","Lighting -Food Retail","REDUCED WATTAGE T8 FIXTURES","Three-lamp Reduced Watt. T-8 fixtures (25W)","Three-lamp Std. T8 fixtures (32W)",6074,8.5000000000000006E-2,516.29000000000008,6.8000000000000005E-2,413.03200000000004,1.7000000000000001E-2,103.25800000000004,1.4667872586147263E-2,8,"PSP-Business-Food_Retail-Lighting_Interior_General",-1.427694231296698,"n/a","n/a",0,0,"No",null,null,null,null,null,null,null,"No","Dx",false,0]
["INon-ResidentialRetrofitRetrofitREDUCED WATTAGE T8 FWATTAGE T8 FIXTURESThree-lamp Reduced Watt. T-8 fixtures (25W)Three-lamp Std. T8 fd. T8 fixtures (32W)PLighting_Interior_GeneralNND","IESO - Measure","Non-Residential","Retrofit","Lighting -Hospital","REDUCED WATTAGE T8 FIXTURES","Three-lamp Reduced Watt. T-8 fixtures (25W)","Three-lamp Std. T8 fixtures (32W)",5182,8.5000000000000006E-2,440.47,6.8000000000000005E-2,352.37600000000003,1.7000000000000001E-2,88.093999999999994,1.1758531548318863E-2,10,"PSP-Business-Hospital-Lighting_Interior_General",-0.96548917940249623,"n/a","n/a",0,0,"No",null,null,null,null,null,null,null,"No","Dx",false,0]
["INon-ResidentialRetrofitRetrofitREDUCED WATTAGE T8 FWATTAGE T8 FIXTURESThree-lamp Reduced Watt. T-8 fixtures (25W)Three-lamp Std. T8 fd. T8 fixtures (32W)PLighting_Interior_GeneralNND","IESO - Measure","Non-Residential","Retrofit","Lighting -Large Hotel (Corridor/Lobby)","REDUCED WATTAGE T8 FIXTURES","Three-lamp Reduced Watt. T-8 fixtures (25W)","Three-lamp Std. T8 fixtures (32W)",7884,8.5000000000000006E-2,670.1400000000001,6.8000000000000005E-2,536.11200000000008,1.7000000000000001E-2,134.02800000000002,1.6188521171223842E-2,6,"PSP-Business-Large_Hotel (Corridor/Lobby)-Lighting_Interior_General",-0.92329496461211136,"n/a","n/a",0,0,"No",null,null,null,null,null,null,null,"No","Dx",false,0]
["INon-ResidentialRetrofitRetrofitREDUCED WATTAGE T8 FWATTAGE T8 FIXTURESThree-lamp Reduced Watt. T-8 fixtures (25W)Three-lamp Std. T8 fd. T8 fixtures (32W)PLighting_Interior_GeneralNND","IESO - Measure","Non-Residential","Retrofit","Lighting -Large Non-Food Retail","REDUCED WATTAGE T8 FIXTURES","Three-lamp Reduced Watt. T-8 fixtures (25W)","Three-lamp Std. T8 fixtures (32W)",4089,8.5000000000000006E-2,347.565,6.8000000000000005E-2,278.05200000000002,1.7000000000000001E-2,69.512999999999977,1.0308861516466625E-2,12,"PSP-Business-Large_Non_Food_Retail-Lighting_Interior_General",-0.56050459510753115,"n/a","n/a",0,0,"No",null,null,null,null,null,null,null,"No","Dx",false,0]
["INon-ResidentialRetrofitRetrofitREDUCED WATTAGE T8 FWATTAGE T8 FIXTURESThree-lamp Reduced Watt. T-8 fixtures (25W)Three-lamp Std. T8 fd. T8 fixtures (32W)PLighting_Interior_GeneralNND","IESO - Measure","Non-Residential","Retrofit","Lighting -Large Office","REDUCED WATTAGE T8 FIXTURES","Three-lamp Reduced Watt. T-8 fixtures (25W)","Three-lamp Std. T8 fixtures (32W)",3610,8.5000000000000006E-2,306.85000000000002,6.8000000000000005E-2,245.48000000000002,1.7000000000000001E-2,61.370000000000005,1.037271062699377E-2,14,"PSP-Business-Large_Office-Lighting_Interior_General",-0.20608510252952073,"n/a","n/a",0,0,"No",null,null,null,null,null,null,null,"No","Dx",false,0]
["INon-ResidentialRetrofitRetrofitREDUCED WATTAGE T8 FWATTAGE T8 FIXTURESThree-lamp Reduced Watt. T-8 fixtures (25W)Three-lamp Std. T8 fd. T8 fixtures (32W)PLighting_Interior_GeneralNND","IESO - Measure","Non-Residential","Retrofit","Lighting -Nursing Home","REDUCED WATTAGE T8 FIXTURES","Three-lamp Reduced Watt. T-8 fixtures (25W)","Three-lamp Std. T8 fixtures (32W)",4308,8.5000000000000006E-2,366.18,6.8000000000000005E-2,292.94400000000002,1.7000000000000001E-2,73.23599999999999,1.1073795709708914E-2,12,"PSP-Business-Nursing_Home-Lighting_Interior_General",-0.56050459510753115,"n/a","n/a",0,0,"No",null,null,null,null,null,null,null,"No","Dx",false,0]
["INon-ResidentialRetrofitRetrofitREDUCED WATTAGE T8 FWATTAGE T8 FIXTURESThree-lamp Reduced Watt. T-8 fixtures (25W)Three-lamp Std. T8 fd. T8 fixtures (32W)PLighting_Interior_GeneralNND","IESO - Measure","Non-Residential","Retrofit","Lighting -Other Commercial Buildings","REDUCED WATTAGE T8 FIXTURES","Three-lamp Reduced Watt. T-8 fixtures (25W)","Three-lamp Std. T8 fixtures (32W)",2857,8.5000000000000006E-2,242.84500000000003,6.8000000000000005E-2,194.27600000000001,1.7000000000000001E-2,48.569000000000017,8.2171179893229234E-3,18,"PSP-Business-Other_Commercial_Buildings-Lighting_Interior_General",-0.6288259243593366,"n/a","n/a",0,0,"No",null,null,null,null,null,null,null,"No","Dx",false,0]
["INon-ResidentialRetrofitRetrofitREDUCED WATTAGE T8 FWATTAGE T8 FIXTURESThree-lamp Reduced Watt. T-8 fixtures (25W)Three-lamp Std. T8 fd. T8 fixtures (32W)PLighting_Interior_GeneralNND","IESO - Measure","Non-Residential","Retrofit","Lighting -Other Hotel Motel (Corridor/Lobby)","REDUCED WATTAGE T8 FIXTURES","Three-lamp Reduced Watt. T-8 fixtures (25W)","Three-lamp Std. T8 fixtures (32W)",7884,8.5000000000000006E-2,670.1400000000001,6.8000000000000005E-2,536.11200000000008,1.7000000000000001E-2,134.02800000000002,1.6188521598645353E-2,6,"PSP-Business-Other_Hotel_Motel (Corridor/Lobby)-Lighting_Interior_General",-0.92329496461211136,"n/a","n/a",0,0,"No",null,null,null,null,null,null,null,"No","Dx",false,0]
["INon-ResidentialRetrofitRetrofitREDUCED WATTAGE T8 FWATTAGE T8 FIXTURESThree-lamp Reduced Watt. T-8 fixtures (25W)Three-lamp Std. T8 fd. T8 fixtures (32W)PLighting_Interior_GeneralNND","IESO - Measure","Non-Residential","Retrofit","Lighting -Other Non-Food Retail","REDUCED WATTAGE T8 FIXTURES","Three-lamp Reduced Watt. T-8 fixtures (25W)","Three-lamp Std. T8 fixtures (32W)",4089,8.5000000000000006E-2,347.565,6.8000000000000005E-2,278.05200000000002,1.7000000000000001E-2,69.512999999999977,1.5208125320906544E-2,12,"PSP-Business-Other_Non_Food_Retail-Lighting_Interior_General",-0.56050459510753115,"n/a","n/a",0,0,"No",null,null,null,null,null,null,null,"No","Dx",false,0]
["INon-ResidentialRetrofitRetrofitREDUCED WATTAGE T8 FWATTAGE T8 FIXTURESThree-lamp Reduced Watt. T-8 fixtures (25W)Three-lamp Std. T8 fd. T8 fixtures (32W)PLighting_Interior_GeneralNND","IESO - Measure","Non-Residential","Retrofit","Lighting -Other Office","REDUCED WATTAGE T8 FIXTURES","Three-lamp Reduced Watt. T-8 fixtures (25W)","Three-lamp Std. T8 fixtures (32W)",3610,8.5000000000000006E-2,306.85000000000002,6.8000000000000005E-2,245.48000000000002,1.7000000000000001E-2,61.370000000000005,1.037271062699377E-2,14,"PSP-Business-Other_Office-Lighting_Interior_General",-0.20608510252952073,"n/a","n/a",0,0,"No",null,null,null,null,null,null,null,"No","Dx",false,0]
["INon-ResidentialRetrofitRetrofitREDUCED WATTAGE T8 FWATTAGE T8 FIXTURESThree-lamp Reduced Watt. T-8 fixtures (25W)Three-lamp Std. T8 fd. T8 fixtures (32W)PLighting_Interior_GeneralNND","IESO - Measure","Non-Residential","Retrofit","Lighting -Restaurant","REDUCED WATTAGE T8 FIXTURES","Three-lamp Reduced Watt. T-8 fixtures (25W)","Three-lamp Std. T8 fixtures (32W)",5110,8.5000000000000006E-2,434.35,6.8000000000000005E-2,347.48,1.7000000000000001E-2,86.87,1.4234837759143273E-2,10,"PSP-Business-Restaurant-Lighting_Interior_General",-0.96548917940249623,"n/a","n/a",0,0,"No",null,null,null,null,null,null,null,"No","Dx",false,0]
["INon-ResidentialRetrofitRetrofitREDUCED WATTAGE T8 FWATTAGE T8 FIXTURESThree-lamp Reduced Watt. T-8 fixtures (25W)Three-lamp Std. T8 fd. T8 fixtures (32W)PLighting_Interior_GeneralNND","IESO - Measure","Non-Residential","Retrofit","Lighting -Schools","REDUCED WATTAGE T8 FIXTURES","Three-lamp Reduced Watt. T-8 fixtures (25W)","Three-lamp Std. T8 fixtures (32W)",2596,8.5000000000000006E-2,220.66000000000003,6.8000000000000005E-2,176.52800000000002,1.7000000000000001E-2,44.132000000000005,2.2228625612689457E-3,19,"PSP-Business-Schools-Lighting_Interior_General",-0.31703457266824842,"n/a","n/a",0,0,"No",null,null,null,null,null,null,null,"No","Dx",false,0]
["INon-ResidentialRetrofitRetrofitREDUCED WATTAGE T8 FWATTAGE T8 FIXTURESThree-lamp Reduced Watt. T-8 fixtures (25W)Three-lamp Std. T8 fd. T8 fixtures (32W)PLighting_Interior_GeneralNND","IESO - Measure","Non-Residential","Retrofit","Lighting -University Colleges","REDUCED WATTAGE T8 FIXTURES","Three-lamp Reduced Watt. T-8 fixtures (25W)","Three-lamp Std. T8 fixtures (32W)",3255,8.5000000000000006E-2,276.67500000000001,6.8000000000000005E-2,221.34,1.7000000000000001E-2,55.335000000000008,7.3365201178153591E-3,15,"PSP-Business-University_Colleges-Lighting_Interior_General",-0.6056165654122907,"n/a","n/a",0,0,"No",null,null,null,null,null,null,null,"No","Dx",false,0]
["INon-ResidentialRetrofitRetrofitREDUCED WATTAGE T8 FWATTAGE T8 FIXTURESThree-lamp Reduced Watt. T-8 fixtures (25W)Three-lamp Std. T8 fd. T8 fixtures (32W)PLighting_Interior_GeneralNND","IESO - Measure","Non-Residential","Retrofit","Lighting -Warehouse Wholesale","REDUCED WATTAGE T8 FIXTURES","Three-lamp Reduced Watt. T-8 fixtures (25W)","Three-lamp Std. T8 fixtures (32W)",3759,8.5000000000000006E-2,319.51500000000004,6.8000000000000005E-2,255.61200000000002,1.7000000000000001E-2,63.90300000000002,1.2436506923076926E-2,13,"PSP-Business-Warehouse_Wholesale-Lighting_Interior_General",-0.98400794576325978,"n/a","n/a",0,0,"No",null,null,null,null,null,null,null,"No","Dx",false,0]
["INon-ResidentialRetrofitRetrofitREDUCED WATTAGE T8 FWATTAGE T8 FIXTURESFour-lamp Reduced Watt T-8 fixtures (25W)Four-lamp Std. T8 fid. T8 fixtures (32W)PLighting_Interior_GeneralNND","IESO - Measure","Non-Residential","Retrofit","Lighting -Food Retail","REDUCED WATTAGE T8 FIXTURES","Four-lamp Reduced Watt T-8 fixtures (25W)","Four-lamp Std. T8 fixtures (32W)",6074,0.112,680.28800000000001,8.5999999999999993E-2,522.36399999999992,2.6000000000000009E-2,157.92400000000009,2.2433216896460523E-2,8,"PSP-Business-Food_Retail-Lighting_Interior_General",-0.23692564172892361,"n/a","n/a",0,0,"No",null,null,null,null,null,null,null,"No","Dx",false,0]
["INon-ResidentialRetrofitRetrofitREDUCED WATTAGE T8 FWATTAGE T8 FIXTURESFour-lamp Reduced Watt T-8 fixtures (25W)Four-lamp Std. T8 fid. T8 fixtures (32W)PLighting_Interior_GeneralNND","IESO - Measure","Non-Residential","Retrofit","Lighting -Hospital","REDUCED WATTAGE T8 FIXTURES","Four-lamp Reduced Watt T-8 fixtures (25W)","Four-lamp Std. T8 fixtures (32W)",5182,0.112,580.38400000000001,8.5999999999999993E-2,445.65199999999999,2.6000000000000009E-2,134.73200000000003,1.7983636485664149E-2,10,"PSP-Business-Hospital-Lighting_Interior_General",0.37934776079667643,"n/a","n/a",0,0,"No",null,null,null,null,null,null,null,"No","Dx",false,0]
["INon-ResidentialRetrofitRetrofitREDUCED WATTAGE T8 FWATTAGE T8 FIXTURESFour-lamp Reduced Watt T-8 fixtures (25W)Four-lamp Std. T8 fid. T8 fixtures (32W)PLighting_Interior_GeneralNND","IESO - Measure","Non-Residential","Retrofit","Lighting -Large Hotel (Corridor/Lobby)","REDUCED WATTAGE T8 FIXTURES","Four-lamp Reduced Watt T-8 fixtures (25W)","Four-lamp Std. T8 fixtures (32W)",7884,0.112,883.00800000000004,8.5999999999999993E-2,678.024,2.6000000000000009E-2,204.98400000000004,2.4758914732459995E-2,6,"PSP-Business-Large_Hotel (Corridor/Lobby)-Lighting_Interior_General",0.4356067138505253,"n/a","n/a",0,0,"No",null,null,null,null,null,null,null,"No","Dx",false,0]
["INon-ResidentialRetrofitRetrofitREDUCED WATTAGE T8 FWATTAGE T8 FIXTURESFour-lamp Reduced Watt T-8 fixtures (25W)Four-lamp Std. T8 fid. T8 fixtures (32W)PLighting_Interior_GeneralNND","IESO - Measure","Non-Residential","Retrofit","Lighting -Large Non-Food Retail","REDUCED WATTAGE T8 FIXTURES","Four-lamp Reduced Watt T-8 fixtures (25W)","Four-lamp Std. T8 fixtures (32W)",4089,0.112,457.96800000000002,8.5999999999999993E-2,351.654,2.6000000000000009E-2,106.31400000000002,1.5766494084007789E-2,12,"PSP-Business-Large_Non_Food_Retail-Lighting_Interior_General",0.91932720652329181,"n/a","n/a",0,0,"No",null,null,null,null,null,null,null,"No","Dx",false,0]
["INon-ResidentialRetrofitRetrofitREDUCED WATTAGE T8 FWATTAGE T8 FIXTURESFour-lamp Reduced Watt T-8 fixtures (25W)Four-lamp Std. T8 fid. T8 fixtures (32W)PLighting_Interior_GeneralNND","IESO - Measure","Non-Residential","Retrofit","Lighting -Large Office","REDUCED WATTAGE T8 FIXTURES","Four-lamp Reduced Watt T-8 fixtures (25W)","Four-lamp Std. T8 fixtures (32W)",3610,0.112,404.32,8.5999999999999993E-2,310.45999999999998,2.6000000000000009E-2,93.860000000000014,1.5864145664814006E-2,14,"PSP-Business-Large_Office-Lighting_Interior_General",1.3918865299606296,"n/a","n/a",0,0,"No",null,null,null,null,null,null,null,"No","Dx",false,0]
["INon-ResidentialRetrofitRetrofitREDUCED WATTAGE T8 FWATTAGE T8 FIXTURESFour-lamp Reduced Watt T-8 fixtures (25W)Four-lamp Std. T8 fid. T8 fixtures (32W)PLighting_Interior_GeneralNND","IESO - Measure","Non-Residential","Retrofit","Lighting -Nursing Home","REDUCED WATTAGE T8 FIXTURES","Four-lamp Reduced Watt T-8 fixtures (25W)","Four-lamp Std. T8 fixtures (32W)",4308,0.112,482.49600000000004,8.5999999999999993E-2,370.48799999999994,2.6000000000000009E-2,112.0080000000001,1.6936393438378355E-2,12,"PSP-Business-Nursing_Home-Lighting_Interior_General",0.91932720652329181,"n/a","n/a",0,0,"No",null,null,null,null,null,null,null,"No","Dx",false,0]
["INon-ResidentialRetrofitRetrofitREDUCED WATTAGE T8 FWATTAGE T8 FIXTURESFour-lamp Reduced Watt T-8 fixtures (25W)Four-lamp Std. T8 fid. T8 fixtures (32W)PLighting_Interior_GeneralNND","IESO - Measure","Non-Residential","Retrofit","Lighting -Other Commercial Buildings","REDUCED WATTAGE T8 FIXTURES","Four-lamp Reduced Watt T-8 fixtures (25W)","Four-lamp Std. T8 fixtures (32W)",2857,0.112,319.98399999999998,8.5999999999999993E-2,245.70199999999997,2.6000000000000009E-2,74.282000000000011,1.2567356924846822E-2,18,"PSP-Business-Other_Commercial_Buildings-Lighting_Interior_General",0.82823210085422261,"n/a","n/a",0,0,"No",null,null,null,null,null,null,null,"No","Dx",false,0]
["INon-ResidentialRetrofitRetrofitREDUCED WATTAGE T8 FWATTAGE T8 FIXTURESFour-lamp Reduced Watt T-8 fixtures (25W)Four-lamp Std. T8 fid. T8 fixtures (32W)PLighting_Interior_GeneralNND","IESO - Measure","Non-Residential","Retrofit","Lighting -Other Hotel Motel (Corridor/Lobby)","REDUCED WATTAGE T8 FIXTURES","Four-lamp Reduced Watt T-8 fixtures (25W)","Four-lamp Std. T8 fixtures (32W)",7884,0.112,883.00800000000004,8.5999999999999993E-2,678.024,2.6000000000000009E-2,204.98400000000004,2.4758915386163483E-2,6,"PSP-Business-Other_Hotel_Motel (Corridor/Lobby)-Lighting_Interior_General",0.4356067138505253,"n/a","n/a",0,0,"No",null,null,null,null,null,null,null,"No","Dx",false,0]
["INon-ResidentialRetrofitRetrofitREDUCED WATTAGE T8 FWATTAGE T8 FIXTURESFour-lamp Reduced Watt T-8 fixtures (25W)Four-lamp Std. T8 fid. T8 fixtures (32W)PLighting_Interior_GeneralNND","IESO - Measure","Non-Residential","Retrofit","Lighting -Other Non-Food Retail","REDUCED WATTAGE T8 FIXTURES","Four-lamp Reduced Watt T-8 fixtures (25W)","Four-lamp Std. T8 fixtures (32W)",4089,0.112,457.96800000000002,8.5999999999999993E-2,351.654,2.6000000000000009E-2,106.31400000000002,2.32594857849159E-2,12,"PSP-Business-Other_Non_Food_Retail-Lighting_Interior_General",0.91932720652329181,"n/a","n/a",0,0,"No",null,null,null,null,null,null,null,"No","Dx",false,0]
["INon-ResidentialRetrofitRetrofitREDUCED WATTAGE T8 FWATTAGE T8 FIXTURESFour-lamp Reduced Watt T-8 fixtures (25W)Four-lamp Std. T8 fid. T8 fixtures (32W)PLighting_Interior_GeneralNND","IESO - Measure","Non-Residential","Retrofit","Lighting -Other Office","REDUCED WATTAGE T8 FIXTURES","Four-lamp Reduced Watt T-8 fixtures (25W)","Four-lamp Std. T8 fixtures (32W)",3610,0.112,404.32,8.5999999999999993E-2,310.45999999999998,2.6000000000000009E-2,93.860000000000014,1.5864145664814006E-2,14,"PSP-Business-Other_Office-Lighting_Interior_General",1.3918865299606296,"n/a","n/a",0,0,"No",null,null,null,null,null,null,null,"No","Dx",false,0]
["INon-ResidentialRetrofitRetrofitREDUCED WATTAGE T8 FWATTAGE T8 FIXTURESFour-lamp Reduced Watt T-8 fixtures (25W)Four-lamp Std. T8 fid. T8 fixtures (32W)PLighting_Interior_GeneralNND","IESO - Measure","Non-Residential","Retrofit","Lighting -Restaurant","REDUCED WATTAGE T8 FIXTURES","Four-lamp Reduced Watt T-8 fixtures (25W)","Four-lamp Std. T8 fixtures (32W)",5110,0.112,572.32000000000005,8.5999999999999993E-2,439.46,2.6000000000000009E-2,132.86000000000007,2.1770928337513248E-2,10,"PSP-Business-Restaurant-Lighting_Interior_General",0.37934776079667643,"n/a","n/a",0,0,"No",null,null,null,null,null,null,null,"No","Dx",false,0]
["INon-ResidentialRetrofitRetrofitREDUCED WATTAGE T8 FWATTAGE T8 FIXTURESFour-lamp Reduced Watt T-8 fixtures (25W)Four-lamp Std. T8 fid. T8 fixtures (32W)PLighting_Interior_GeneralNND","IESO - Measure","Non-Residential","Retrofit","Lighting -Schools","REDUCED WATTAGE T8 FIXTURES","Four-lamp Reduced Watt T-8 fixtures (25W)","Four-lamp Std. T8 fixtures (32W)",2596,0.112,290.75200000000001,8.5999999999999993E-2,223.25599999999997,2.6000000000000009E-2,67.496000000000038,3.3996721525289776E-3,19,"PSP-Business-Schools-Lighting_Interior_General",1.2439539031090021,"n/a","n/a",0,0,"No",null,null,null,null,null,null,null,"No","Dx",false,0]
["INon-ResidentialRetrofitRetrofitREDUCED WATTAGE T8 FWATTAGE T8 FIXTURESFour-lamp Reduced Watt T-8 fixtures (25W)Four-lamp Std. T8 fid. T8 fixtures (32W)PLighting_Interior_GeneralNND","IESO - Measure","Non-Residential","Retrofit","Lighting -University Colleges","REDUCED WATTAGE T8 FIXTURES","Four-lamp Reduced Watt T-8 fixtures (25W)","Four-lamp Std. T8 fixtures (32W)",3255,0.112,364.56,8.5999999999999993E-2,279.92999999999995,2.6000000000000009E-2,84.630000000000052,1.1220560180188202E-2,15,"PSP-Business-University_Colleges-Lighting_Interior_General",0.85917791278360056,"n/a","n/a",0,0,"No",null,null,null,null,null,null,null,"No","Dx",false,0]
["INon-ResidentialRetrofitRetrofitREDUCED WATTAGE T8 FWATTAGE T8 FIXTURESFour-lamp Reduced Watt T-8 fixtures (25W)Four-lamp Std. T8 fid. T8 fixtures (32W)PLighting_Interior_GeneralNND","IESO - Measure","Non-Residential","Retrofit","Lighting -Warehouse Wholesale","REDUCED WATTAGE T8 FIXTURES","Four-lamp Reduced Watt T-8 fixtures (25W)","Four-lamp Std. T8 fixtures (32W)",3759,0.112,421.00799999999998,8.5999999999999993E-2,323.274,2.6000000000000009E-2,97.73399999999998,1.9020539999999996E-2,13,"PSP-Business-Warehouse_Wholesale-Lighting_Interior_General",0.35465607231564888,"n/a","n/a",0,0,"No",null,null,null,null,null,null,null,"No","Dx",false,0]
["INon-ResidentialRetrofitRetrofitHIGH PERFORMANCE T8FORMANCE T8 FIXTURESSingle-lamp High Performance T-8 fixtures (32W)Single-lamp Std. T8d. T8 fixtures (32W)PLighting_Interior_GeneralNND","IESO - Measure","Non-Residential","Retrofit","Lighting -Food Retail","HIGH PERFORMANCE T8 FIXTURES","Single-lamp High Performance T-8 fixtures (32W)","Single-lamp Std. T8 fixtures (32W)",6074,0.03,182.22,2.9000000000000001E-2,176.14600000000002,9.9999999999999742E-4,6.0739999999999839,8.628160344792481E-4,8,"PSP-Business-Food_Retail-Lighting_Interior_General",4.5039540463512537,"n/a","n/a",0,0,"No",null,null,null,null,null,null,null,"No","Dx",false,0]
["INon-ResidentialRetrofitRetrofitHIGH PERFORMANCE T8FORMANCE T8 FIXTURESSingle-lamp High Performance T-8 fixtures (32W)Single-lamp Std. T8d. T8 fixtures (32W)PLighting_Interior_GeneralNND","IESO - Measure","Non-Residential","Retrofit","Lighting -Hospital","HIGH PERFORMANCE T8 FIXTURES","Single-lamp High Performance T-8 fixtures (32W)","Single-lamp Std. T8 fixtures (32W)",5182,0.03,155.46,2.9000000000000001E-2,150.27800000000002,9.9999999999999742E-4,5.1819999999999879,6.9167832637169631E-4,10,"PSP-Business-Hospital-Lighting_Interior_General",4.8166385185815805,"n/a","n/a",0,0,"No",null,null,null,null,null,null,null,"No","Dx",false,0]
["INon-ResidentialRetrofitRetrofitHIGH PERFORMANCE T8FORMANCE T8 FIXTURESSingle-lamp High Performance T-8 fixtures (32W)Single-lamp Std. T8d. T8 fixtures (32W)PLighting_Interior_GeneralNND","IESO - Measure","Non-Residential","Retrofit","Lighting -Large Hotel (Corridor/Lobby)","HIGH PERFORMANCE T8 FIXTURES","Single-lamp High Performance T-8 fixtures (32W)","Single-lamp Std. T8 fixtures (32W)",7884,0.03,236.51999999999998,2.9000000000000001E-2,228.63600000000002,9.9999999999999742E-4,7.8839999999999577,9.5226595124845597E-4,6,"PSP-Business-Large_Hotel (Corridor/Lobby)-Lighting_Interior_General",4.660878262653128,"n/a","n/a",0,0,"No",null,null,null,null,null,null,null,"No","Dx",false,0]
["INon-ResidentialRetrofitRetrofitHIGH PERFORMANCE T8FORMANCE T8 FIXTURESSingle-lamp High Performance T-8 fixtures (32W)Single-lamp Std. T8d. T8 fixtures (32W)PLighting_Interior_GeneralNND","IESO - Measure","Non-Residential","Retrofit","Lighting -Large Non-Food Retail","HIGH PERFORMANCE T8 FIXTURES","Single-lamp High Performance T-8 fixtures (32W)","Single-lamp Std. T8 fixtures (32W)",4089,0.03,122.67,2.9000000000000001E-2,118.581,9.9999999999999742E-4,4.0889999999999986,6.0640361861568379E-4,12,"PSP-Business-Large_Non_Food_Retail-Lighting_Interior_General",4.8135675232252382,"n/a","n/a",0,0,"No",null,null,null,null,null,null,null,"No","Dx",false,0]
["INon-ResidentialRetrofitRetrofitHIGH PERFORMANCE T8FORMANCE T8 FIXTURESSingle-lamp High Performance T-8 fixtures (32W)Single-lamp Std. T8d. T8 fixtures (32W)PLighting_Interior_GeneralNND","IESO - Measure","Non-Residential","Retrofit","Lighting -Large Office","HIGH PERFORMANCE T8 FIXTURES","Single-lamp High Performance T-8 fixtures (32W)","Single-lamp Std. T8 fixtures (32W)",3610,0.03,108.3,2.9000000000000001E-2,104.69000000000001,9.9999999999999742E-4,3.6099999999999852,6.1015944864668988E-4,14,"PSP-Business-Large_Office-Lighting_Interior_General",4.941118539654699,"n/a","n/a",0,0,"No",null,null,null,null,null,null,null,"No","Dx",false,0]
["INon-ResidentialRetrofitRetrofitHIGH PERFORMANCE T8FORMANCE T8 FIXTURESSingle-lamp High Performance T-8 fixtures (32W)Single-lamp Std. T8d. T8 fixtures (32W)PLighting_Interior_GeneralNND","IESO - Measure","Non-Residential","Retrofit","Lighting -Nursing Home","HIGH PERFORMANCE T8 FIXTURES","Single-lamp High Performance T-8 fixtures (32W)","Single-lamp Std. T8 fixtures (32W)",4308,0.03,129.24,2.9000000000000001E-2,124.932,9.9999999999999742E-4,4.3080000000000069,6.5139974762993722E-4,12,"PSP-Business-Nursing_Home-Lighting_Interior_General",4.95322951708593,"n/a","n/a",0,0,"No",null,null,null,null,null,null,null,"No","Dx",false,0]
["INon-ResidentialRetrofitRetrofitHIGH PERFORMANCE T8FORMANCE T8 FIXTURESSingle-lamp High Performance T-8 fixtures (32W)Single-lamp Std. T8d. T8 fixtures (32W)PLighting_Interior_GeneralNND","IESO - Measure","Non-Residential","Retrofit","Lighting -Other Commercial Buildings","HIGH PERFORMANCE T8 FIXTURES","Single-lamp High Performance T-8 fixtures (32W)","Single-lamp Std. T8 fixtures (32W)",2857,0.03,85.71,2.9000000000000001E-2,82.853000000000009,9.9999999999999742E-4,2.8569999999999851,4.8335988172487518E-4,18,"PSP-Business-Other_Commercial_Buildings-Lighting_Interior_General",4.9359865241978902,"n/a","n/a",0,0,"No",null,null,null,null,null,null,null,"No","Dx",false,0]
["INon-ResidentialRetrofitRetrofitHIGH PERFORMANCE T8FORMANCE T8 FIXTURESSingle-lamp High Performance T-8 fixtures (32W)Single-lamp Std. T8d. T8 fixtures (32W)PLighting_Interior_GeneralNND","IESO - Measure","Non-Residential","Retrofit","Lighting -Other Hotel Motel (Corridor/Lobby)","HIGH PERFORMANCE T8 FIXTURES","Single-lamp High Performance T-8 fixtures (32W)","Single-lamp Std. T8 fixtures (32W)",7884,0.03,236.51999999999998,2.9000000000000001E-2,228.63600000000002,9.9999999999999742E-4,7.8839999999999577,9.5226597639089792E-4,6,"PSP-Business-Other_Hotel_Motel (Corridor/Lobby)-Lighting_Interior_General",4.660878262653128,"n/a","n/a",0,0,"No",null,null,null,null,null,null,null,"No","Dx",false,0]
["INon-ResidentialRetrofitRetrofitHIGH PERFORMANCE T8FORMANCE T8 FIXTURESSingle-lamp High Performance T-8 fixtures (32W)Single-lamp Std. T8d. T8 fixtures (32W)PLighting_Interior_GeneralNND","IESO - Measure","Non-Residential","Retrofit","Lighting -Other Non-Food Retail","HIGH PERFORMANCE T8 FIXTURES","Single-lamp High Performance T-8 fixtures (32W)","Single-lamp Std. T8 fixtures (32W)",4089,0.03,122.67,2.9000000000000001E-2,118.581,9.9999999999999742E-4,4.0889999999999986,8.945956071121496E-4,12,"PSP-Business-Other_Non_Food_Retail-Lighting_Interior_General",4.8135675232252382,"n/a","n/a",0,0,"No",null,null,null,null,null,null,null,"No","Dx",false,0]
["INon-ResidentialRetrofitRetrofitHIGH PERFORMANCE T8FORMANCE T8 FIXTURESSingle-lamp High Performance T-8 fixtures (32W)Single-lamp Std. T8d. T8 fixtures (32W)PLighting_Interior_GeneralNND","IESO - Measure","Non-Residential","Retrofit","Lighting -Other Office","HIGH PERFORMANCE T8 FIXTURES","Single-lamp High Performance T-8 fixtures (32W)","Single-lamp Std. T8 fixtures (32W)",3610,0.03,108.3,2.9000000000000001E-2,104.69000000000001,9.9999999999999742E-4,3.6099999999999852,6.1015944864668988E-4,14,"PSP-Business-Other_Office-Lighting_Interior_General",4.941118539654699,"n/a","n/a",0,0,"No",null,null,null,null,null,null,null,"No","Dx",false,0]
["INon-ResidentialRetrofitRetrofitHIGH PERFORMANCE T8FORMANCE T8 FIXTURESSingle-lamp High Performance T-8 fixtures (32W)Single-lamp Std. T8d. T8 fixtures (32W)PLighting_Interior_GeneralNND","IESO - Measure","Non-Residential","Retrofit","Lighting -Restaurant","HIGH PERFORMANCE T8 FIXTURES","Single-lamp High Performance T-8 fixtures (32W)","Single-lamp Std. T8 fixtures (32W)",5110,0.03,153.29999999999998,2.9000000000000001E-2,148.19,9.9999999999999742E-4,5.1099999999999852,8.3734339759666061E-4,10,"PSP-Business-Restaurant-Lighting_Interior_General",4.8166385185815805,"n/a","n/a",0,0,"No",null,null,null,null,null,null,null,"No","Dx",false,0]
["INon-ResidentialRetrofitRetrofitHIGH PERFORMANCE T8FORMANCE T8 FIXTURESSingle-lamp High Performance T-8 fixtures (32W)Single-lamp Std. T8d. T8 fixtures (32W)PLighting_Interior_GeneralNND","IESO - Measure","Non-Residential","Retrofit","Lighting -Schools","HIGH PERFORMANCE T8 FIXTURES","Single-lamp High Performance T-8 fixtures (32W)","Single-lamp Std. T8 fixtures (32W)",2596,0.03,77.88,2.9000000000000001E-2,75.284000000000006,9.9999999999999742E-4,2.5959999999999894,1.3075662125111391E-4,19,"PSP-Business-Schools-Lighting_Interior_General",5.0411097012341735,"n/a","n/a",0,0,"No",null,null,null,null,null,null,null,"No","Dx",false,0]
["INon-ResidentialRetrofitRetrofitHIGH PERFORMANCE T8FORMANCE T8 FIXTURESSingle-lamp High Performance T-8 fixtures (32W)Single-lamp Std. T8d. T8 fixtures (32W)PLighting_Interior_GeneralNND","IESO - Measure","Non-Residential","Retrofit","Lighting -University Colleges","HIGH PERFORMANCE T8 FIXTURES","Single-lamp High Performance T-8 fixtures (32W)","Single-lamp Std. T8 fixtures (32W)",3255,0.03,97.649999999999991,2.9000000000000001E-2,94.39500000000001,9.9999999999999742E-4,3.2549999999999812,4.3156000693031271E-4,15,"PSP-Business-University_Colleges-Lighting_Interior_General",4.8168198623133947,"n/a","n/a",0,0,"No",null,null,null,null,null,null,null,"No","Dx",false,0]
["INon-ResidentialRetrofitRetrofitHIGH PERFORMANCE T8FORMANCE T8 FIXTURESSingle-lamp High Performance T-8 fixtures (32W)Single-lamp Std. T8d. T8 fixtures (32W)PLighting_Interior_GeneralNND","IESO - Measure","Non-Residential","Retrofit","Lighting -Warehouse Wholesale","HIGH PERFORMANCE T8 FIXTURES","Single-lamp High Performance T-8 fixtures (32W)","Single-lamp Std. T8 fixtures (32W)",3759,0.03,112.77,2.9000000000000001E-2,109.01100000000001,9.9999999999999742E-4,3.7589999999999861,7.3155923076922806E-4,13,"PSP-Business-Warehouse_Wholesale-Lighting_Interior_General",4.8135675232252382,"n/a","n/a",0,0,"No",null,null,null,null,null,null,null,"No","Dx",false,0]
[{"$f":"CONCATENATE(TRIM(LEFT(B284,1)),TRIM(LEFT(C284,20)),TRIM(LEFT(D284,10)),TRIM(RIGHT(D284,10)),TRIM(LEFT(F284,20)),TRIM(RIGHT(F284,20)),TRIM(LEFT(G284,105)),TRIM(LEFT(H284,20)),TRIM(RIGHT(H284,20)),TRIM(LEFT(R284,1)),TRIM(RIGHT(R284,25)),TRIM(LEFT(X284,1)),TRIM(LEFT(AF284,1)),TRIM(LEFT(AG284,1)))","v":"INon-ResidentialRetrofitRetrofitHIGH PERFORMANCE T8FORMANCE T8 FIXTURESTwo-lamp High Performance T-8 fixtures (32W)Two-lamp Std. T8 fixd. T8 fixtures (32W)PLighting_Interior_GeneralNND"},"IESO - Measure","Non-Residential","Retrofit","Lighting -Food Retail","HIGH PERFORMANCE T8 FIXTURES","Two-lamp High Performance T-8 fixtures (32W)","Two-lamp Std. T8 fixtures (32W)",6074,5.8000000000000003E-2,352.29200000000003,5.6000000000000001E-2,340.14400000000001,2.0000000000000018E-3,12.148000000000025,1.7256320689585044E-3,8,"PSP-Business-Food_Retail-Lighting_Interior_General",-3.4920919072974925,"n/a","n/a",0,0,"No",null,null,null,null,null,null,null,"No","Dx",false,0]
["INon-ResidentialRetrofitRetrofitHIGH PERFORMANCE T8FORMANCE T8 FIXTURESTwo-lamp High Performance T-8 fixtures (32W)Two-lamp Std. T8 fixd. T8 fixtures (32W)PLighting_Interior_GeneralNND","IESO - Measure","Non-Residential","Retrofit","Lighting -Hospital","HIGH PERFORMANCE T8 FIXTURES","Two-lamp High Performance T-8 fixtures (32W)","Two-lamp Std. T8 fixtures (32W)",5182,5.8000000000000003E-2,300.55600000000004,5.6000000000000001E-2,290.19200000000001,2.0000000000000018E-3,10.364000000000033,1.3833566527434E-3,10,"PSP-Business-Hospital-Lighting_Interior_General",-2.8667229628368354,"n/a","n/a",0,0,"No",null,null,null,null,null,null,null,"No","Dx",false,0]
["INon-ResidentialRetrofitRetrofitHIGH PERFORMANCE T8FORMANCE T8 FIXTURESTwo-lamp High Performance T-8 fixtures (32W)Two-lamp Std. T8 fixd. T8 fixtures (32W)PLighting_Interior_GeneralNND","IESO - Measure","Non-Residential","Retrofit","Lighting -Large Hotel (Corridor/Lobby)","HIGH PERFORMANCE T8 FIXTURES","Two-lamp High Performance T-8 fixtures (32W)","Two-lamp Std. T8 fixtures (32W)",7884,5.8000000000000003E-2,457.27200000000005,5.6000000000000001E-2,441.50400000000002,2.0000000000000018E-3,15.768000000000029,1.9045319024969258E-3,6,"PSP-Business-Large_Hotel (Corridor/Lobby)-Lighting_Interior_General",-3.1782434746937476,"n/a","n/a",0,0,"No",null,null,null,null,null,null,null,"No","Dx",false,0]
["INon-ResidentialRetrofitRetrofitHIGH PERFORMANCE T8FORMANCE T8 FIXTURESTwo-lamp High Performance T-8 fixtures (32W)Two-lamp Std. T8 fixd. T8 fixtures (32W)PLighting_Interior_GeneralNND","IESO - Measure","Non-Residential","Retrofit","Lighting -Large Non-Food Retail","HIGH PERFORMANCE T8 FIXTURES","Two-lamp High Performance T-8 fixtures (32W)","Two-lamp Std. T8 fixtures (32W)",4089,5.8000000000000003E-2,237.16200000000001,5.6000000000000001E-2,228.98400000000001,2.0000000000000018E-3,8.1779999999999973,1.2128072372313676E-3,12,"PSP-Business-Large_Non_Food_Retail-Lighting_Interior_General",-2.8728649535495236,"n/a","n/a",0,0,"No",null,null,null,null,null,null,null,"No","Dx",false,0]
["INon-ResidentialRetrofitRetrofitHIGH PERFORMANCE T8FORMANCE T8 FIXTURESTwo-lamp High Performance T-8 fixtures (32W)Two-lamp Std. T8 fixd. T8 fixtures (32W)PLighting_Interior_GeneralNND","IESO - Measure","Non-Residential","Retrofit","Lighting -Large Office","HIGH PERFORMANCE T8 FIXTURES","Two-lamp High Performance T-8 fixtures (32W)","Two-lamp Std. T8 fixtures (32W)",3610,5.8000000000000003E-2,209.38000000000002,5.6000000000000001E-2,202.16,2.0000000000000018E-3,7.2200000000000273,1.2203188972933893E-3,14,"PSP-Business-Large_Office-Lighting_Interior_General",-2.6177629206906019,"n/a","n/a",0,0,"No",null,null,null,null,null,null,null,"No","Dx",false,0]
["INon-ResidentialRetrofitRetrofitHIGH PERFORMANCE T8FORMANCE T8 FIXTURESTwo-lamp High Performance T-8 fixtures (32W)Two-lamp Std. T8 fixd. T8 fixtures (32W)PLighting_Interior_GeneralNND","IESO - Measure","Non-Residential","Retrofit","Lighting -Nursing Home","HIGH PERFORMANCE T8 FIXTURES","Two-lamp High Performance T-8 fixtures (32W)","Two-lamp Std. T8 fixtures (32W)",4308,5.8000000000000003E-2,249.864,5.6000000000000001E-2,241.24800000000002,2.0000000000000018E-3,8.6159999999999854,1.3027994952598703E-3,12,"PSP-Business-Nursing_Home-Lighting_Interior_General",-2.5935409658281401,"n/a","n/a",0,0,"No",null,null,null,null,null,null,null,"No","Dx",false,0]
["INon-ResidentialRetrofitRetrofitHIGH PERFORMANCE T8FORMANCE T8 FIXTURESTwo-lamp High Performance T-8 fixtures (32W)Two-lamp Std. T8 fixd. T8 fixtures (32W)PLighting_Interior_GeneralNND","IESO - Measure","Non-Residential","Retrofit","Lighting -Other Commercial Buildings","HIGH PERFORMANCE T8 FIXTURES","Two-lamp High Performance T-8 fixtures (32W)","Two-lamp Std. T8 fixtures (32W)",2857,5.8000000000000003E-2,165.70600000000002,5.6000000000000001E-2,159.99199999999999,2.0000000000000018E-3,5.7140000000000271,9.6671976344976001E-4,18,"PSP-Business-Other_Commercial_Buildings-Lighting_Interior_General",-2.6280269516042196,"n/a","n/a",0,0,"No",null,null,null,null,null,null,null,"No","Dx",false,0]
["INon-ResidentialRetrofitRetrofitHIGH PERFORMANCE T8FORMANCE T8 FIXTURESTwo-lamp High Performance T-8 fixtures (32W)Two-lamp Std. T8 fixd. T8 fixtures (32W)PLighting_Interior_GeneralNND","IESO - Measure","Non-Residential","Retrofit","Lighting -Other Hotel Motel (Corridor/Lobby)","HIGH PERFORMANCE T8 FIXTURES","Two-lamp High Performance T-8 fixtures (32W)","Two-lamp Std. T8 fixtures (32W)",7884,5.8000000000000003E-2,457.27200000000005,5.6000000000000001E-2,441.50400000000002,2.0000000000000018E-3,15.768000000000029,1.9045319527818095E-3,6,"PSP-Business-Other_Hotel_Motel (Corridor/Lobby)-Lighting_Interior_General",-3.1782434746937476,"n/a","n/a",0,0,"No",null,null,null,null,null,null,null,"No","Dx",false,0]
["INon-ResidentialRetrofitRetrofitHIGH PERFORMANCE T8FORMANCE T8 FIXTURESTwo-lamp High Performance T-8 fixtures (32W)Two-lamp Std. T8 fixd. T8 fixtures (32W)PLighting_Interior_GeneralNND","IESO - Measure","Non-Residential","Retrofit","Lighting -Other Non-Food Retail","HIGH PERFORMANCE T8 FIXTURES","Two-lamp High Performance T-8 fixtures (32W)","Two-lamp Std. T8 fixtures (32W)",4089,5.8000000000000003E-2,237.16200000000001,5.6000000000000001E-2,228.98400000000001,2.0000000000000018E-3,8.1779999999999973,1.7891912142242992E-3,12,"PSP-Business-Other_Non_Food_Retail-Lighting_Interior_General",-2.8728649535495236,"n/a","n/a",0,0,"No",null,null,null,null,null,null,null,"No","Dx",false,0]
["INon-ResidentialRetrofitRetrofitHIGH PERFORMANCE T8FORMANCE T8 FIXTURESTwo-lamp High Performance T-8 fixtures (32W)Two-lamp Std. T8 fixd. T8 fixtures (32W)PLighting_Interior_GeneralNND","IESO - Measure","Non-Residential","Retrofit","Lighting -Other Office","HIGH PERFORMANCE T8 FIXTURES","Two-lamp High Performance T-8 fixtures (32W)","Two-lamp Std. T8 fixtures (32W)",3610,5.8000000000000003E-2,209.38000000000002,5.6000000000000001E-2,202.16,2.0000000000000018E-3,7.2200000000000273,1.2203188972933893E-3,14,"PSP-Business-Other_Office-Lighting_Interior_General",-2.6177629206906019,"n/a","n/a",0,0,"No",null,null,null,null,null,null,null,"No","Dx",false,0]
["INon-ResidentialRetrofitRetrofitHIGH PERFORMANCE T8FORMANCE T8 FIXTURESTwo-lamp High Performance T-8 fixtures (32W)Two-lamp Std. T8 fixd. T8 fixtures (32W)PLighting_Interior_GeneralNND","IESO - Measure","Non-Residential","Retrofit","Lighting -Restaurant","HIGH PERFORMANCE T8 FIXTURES","Two-lamp High Performance T-8 fixtures (32W)","Two-lamp Std. T8 fixtures (32W)",5110,5.8000000000000003E-2,296.38,5.6000000000000001E-2,286.16000000000003,2.0000000000000018E-3,10.21999999999997,1.6746867951933212E-3,10,"PSP-Business-Restaurant-Lighting_Interior_General",-2.8667229628368354,"n/a","n/a",0,0,"No",null,null,null,null,null,null,null,"No","Dx",false,0]
["INon-ResidentialRetrofitRetrofitHIGH PERFORMANCE T8FORMANCE T8 FIXTURESTwo-lamp High Performance T-8 fixtures (32W)Two-lamp Std. T8 fixd. T8 fixtures (32W)PLighting_Interior_GeneralNND","IESO - Measure","Non-Residential","Retrofit","Lighting -Schools","HIGH PERFORMANCE T8 FIXTURES","Two-lamp High Performance T-8 fixtures (32W)","Two-lamp Std. T8 fixtures (32W)",2596,5.8000000000000003E-2,150.56800000000001,5.6000000000000001E-2,145.376,2.0000000000000018E-3,5.1920000000000073,2.6151324250222929E-4,19,"PSP-Business-Schools-Lighting_Interior_General",-2.4177805975316566,"n/a","n/a",0,0,"No",null,null,null,null,null,null,null,"No","Dx",false,0]
["INon-ResidentialRetrofitRetrofitHIGH PERFORMANCE T8FORMANCE T8 FIXTURESTwo-lamp High Performance T-8 fixtures (32W)Two-lamp Std. T8 fixd. T8 fixtures (32W)PLighting_Interior_GeneralNND","IESO - Measure","Non-Residential","Retrofit","Lighting -University Colleges","HIGH PERFORMANCE T8 FIXTURES","Two-lamp High Performance T-8 fixtures (32W)","Two-lamp Std. T8 fixtures (32W)",3255,5.8000000000000003E-2,188.79000000000002,5.6000000000000001E-2,182.28,2.0000000000000018E-3,6.5100000000000193,8.6312001386063301E-4,15,"PSP-Business-University_Colleges-Lighting_Interior_General",-2.8663602753732107,"n/a","n/a",0,0,"No",null,null,null,null,null,null,null,"No","Dx",false,0]
["INon-ResidentialRetrofitRetrofitHIGH PERFORMANCE T8FORMANCE T8 FIXTURESTwo-lamp High Performance T-8 fixtures (32W)Two-lamp Std. T8 fixd. T8 fixtures (32W)PLighting_Interior_GeneralNND","IESO - Measure","Non-Residential","Retrofit","Lighting -Warehouse Wholesale","HIGH PERFORMANCE T8 FIXTURES","Two-lamp High Performance T-8 fixtures (32W)","Two-lamp Std. T8 fixtures (32W)",3759,5.8000000000000003E-2,218.02200000000002,5.6000000000000001E-2,210.50399999999999,2.0000000000000018E-3,7.5180000000000291,1.463118461538467E-3,13,"PSP-Business-Warehouse_Wholesale-Lighting_Interior_General",-2.8728649535495236,"n/a","n/a",0,0,"No",null,null,null,null,null,null,null,"No","Dx",false,0]
["INon-ResidentialRetrofitRetrofitHIGH PERFORMANCE T8FORMANCE T8 FIXTURESThree-lamp High Performance T-8 fixtures (32W)Three-lamp Std. T8 fd. T8 fixtures (32W)PLighting_Interior_GeneralNND","IESO - Measure","Non-Residential","Retrofit","Lighting -Food Retail","HIGH PERFORMANCE T8 FIXTURES","Three-lamp High Performance T-8 fixtures (32W)","Three-lamp Std. T8 fixtures (32W)",6074,8.5000000000000006E-2,516.29000000000008,8.5000000000000006E-2,516.29000000000008,0,0,0,8,"PSP-Business-Food_Retail-Lighting_Interior_General",-2.7381378609462388,"n/a","n/a",0,0,"No",null,null,null,null,null,null,null,"No","Dx",false,0]
["INon-ResidentialRetrofitRetrofitHIGH PERFORMANCE T8FORMANCE T8 FIXTURESThree-lamp High Performance T-8 fixtures (32W)Three-lamp Std. T8 fd. T8 fixtures (32W)PLighting_Interior_GeneralNND","IESO - Measure","Non-Residential","Retrofit","Lighting -Hospital","HIGH PERFORMANCE T8 FIXTURES","Three-lamp High Performance T-8 fixtures (32W)","Three-lamp Std. T8 fixtures (32W)",5182,8.5000000000000006E-2,440.47,8.5000000000000006E-2,440.47,0,0,0,10,"PSP-Business-Hospital-Lighting_Interior_General",-1.8000844442552548,"n/a","n/a",0,0,"No",null,null,null,null,null,null,null,"No","Dx",false,0]
["INon-ResidentialRetrofitRetrofitHIGH PERFORMANCE T8FORMANCE T8 FIXTURESThree-lamp High Performance T-8 fixtures (32W)Three-lamp Std. T8 fd. T8 fixtures (32W)PLighting_Interior_GeneralNND","IESO - Measure","Non-Residential","Retrofit","Lighting -Large Hotel (Corridor/Lobby)","HIGH PERFORMANCE T8 FIXTURES","Three-lamp High Performance T-8 fixtures (32W)","Three-lamp Std. T8 fixtures (32W)",7884,8.5000000000000006E-2,670.1400000000001,8.5000000000000006E-2,670.1400000000001,0,0,0,6,"PSP-Business-Large_Hotel (Corridor/Lobby)-Lighting_Interior_General",-2.2673652120406231,"n/a","n/a",0,0,"No",null,null,null,null,null,null,null,"No","Dx",false,0]
["INon-ResidentialRetrofitRetrofitHIGH PERFORMANCE T8FORMANCE T8 FIXTURESThree-lamp High Performance T-8 fixtures (32W)Three-lamp Std. T8 fd. T8 fixtures (32W)PLighting_Interior_GeneralNND","IESO - Measure","Non-Residential","Retrofit","Lighting -Large Non-Food Retail","HIGH PERFORMANCE T8 FIXTURES","Three-lamp High Performance T-8 fixtures (32W)","Three-lamp Std. T8 fixtures (32W)",4089,8.5000000000000006E-2,347.565,8.5000000000000006E-2,347.565,0,0,0,12,"PSP-Business-Large_Non_Food_Retail-Lighting_Interior_General",-1.8092974303242819,"n/a","n/a",0,0,"No",null,null,null,null,null,null,null,"No","Dx",false,0]
["INon-ResidentialRetrofitRetrofitHIGH PERFORMANCE T8FORMANCE T8 FIXTURESThree-lamp High Performance T-8 fixtures (32W)Three-lamp Std. T8 fd. T8 fixtures (32W)PLighting_Interior_GeneralNND","IESO - Measure","Non-Residential","Retrofit","Lighting -Large Office","HIGH PERFORMANCE T8 FIXTURES","Three-lamp High Performance T-8 fixtures (32W)","Three-lamp Std. T8 fixtures (32W)",3610,8.5000000000000006E-2,306.85000000000002,8.5000000000000006E-2,306.85000000000002,0,0,0,14,"PSP-Business-Large_Office-Lighting_Interior_General",-1.4266443810358922,"n/a","n/a",0,0,"No",null,null,null,null,null,null,null,"No","Dx",false,0]
["INon-ResidentialRetrofitRetrofitHIGH PERFORMANCE T8FORMANCE T8 FIXTURESThree-lamp High Performance T-8 fixtures (32W)Three-lamp Std. T8 fd. T8 fixtures (32W)PLighting_Interior_GeneralNND","IESO - Measure","Non-Residential","Retrofit","Lighting -Nursing Home","HIGH PERFORMANCE T8 FIXTURES","Three-lamp High Performance T-8 fixtures (32W)","Three-lamp Std. T8 fixtures (32W)",4308,8.5000000000000006E-2,366.18,8.5000000000000006E-2,366.18,0,0,0,12,"PSP-Business-Nursing_Home-Lighting_Interior_General",-1.3903114487422101,"n/a","n/a",0,0,"No",null,null,null,null,null,null,null,"No","Dx",false,0]
["INon-ResidentialRetrofitRetrofitHIGH PERFORMANCE T8FORMANCE T8 FIXTURESThree-lamp High Performance T-8 fixtures (32W)Three-lamp Std. T8 fd. T8 fixtures (32W)PLighting_Interior_GeneralNND","IESO - Measure","Non-Residential","Retrofit","Lighting -Other Commercial Buildings","HIGH PERFORMANCE T8 FIXTURES","Three-lamp High Performance T-8 fixtures (32W)","Three-lamp Std. T8 fixtures (32W)",2857,8.5000000000000006E-2,242.84500000000003,8.5000000000000006E-2,242.84500000000003,0,0,0,18,"PSP-Business-Other_Commercial_Buildings-Lighting_Interior_General",-1.4420404274063294,"n/a","n/a",0,0,"No",null,null,null,null,null,null,null,"No","Dx",false,0]
["INon-ResidentialRetrofitRetrofitHIGH PERFORMANCE T8FORMANCE T8 FIXTURESThree-lamp High Performance T-8 fixtures (32W)Three-lamp Std. T8 fd. T8 fixtures (32W)PLighting_Interior_GeneralNND","IESO - Measure","Non-Residential","Retrofit","Lighting -Other Hotel Motel (Corridor/Lobby)","HIGH PERFORMANCE T8 FIXTURES","Three-lamp High Performance T-8 fixtures (32W)","Three-lamp Std. T8 fixtures (32W)",7884,8.5000000000000006E-2,670.1400000000001,8.5000000000000006E-2,670.1400000000001,0,0,0,6,"PSP-Business-Other_Hotel_Motel (Corridor/Lobby)-Lighting_Interior_General",-2.2673652120406231,"n/a","n/a",0,0,"No",null,null,null,null,null,null,null,"No","Dx",false,0]
["INon-ResidentialRetrofitRetrofitHIGH PERFORMANCE T8FORMANCE T8 FIXTURESThree-lamp High Performance T-8 fixtures (32W)Three-lamp Std. T8 fd. T8 fixtures (32W)PLighting_Interior_GeneralNND","IESO - Measure","Non-Residential","Retrofit","Lighting -Other Non-Food Retail","HIGH PERFORMANCE T8 FIXTURES","Three-lamp High Performance T-8 fixtures (32W)","Three-lamp Std. T8 fixtures (32W)",4089,8.5000000000000006E-2,347.565,8.5000000000000006E-2,347.565,0,0,0,12,"PSP-Business-Other_Non_Food_Retail-Lighting_Interior_General",-1.8092974303242819,"n/a","n/a",0,0,"No",null,null,null,null,null,null,null,"No","Dx",false,0]
["INon-ResidentialRetrofitRetrofitHIGH PERFORMANCE T8FORMANCE T8 FIXTURESThree-lamp High Performance T-8 fixtures (32W)Three-lamp Std. T8 fd. T8 fixtures (32W)PLighting_Interior_GeneralNND","IESO - Measure","Non-Residential","Retrofit","Lighting -Other Office","HIGH PERFORMANCE T8 FIXTURES","Three-lamp High Performance T-8 fixtures (32W)","Three-lamp Std. T8 fixtures (32W)",3610,8.5000000000000006E-2,306.85000000000002,8.5000000000000006E-2,306.85000000000002,0,0,0,14,"PSP-Business-Other_Office-Lighting_Interior_General",-1.4266443810358922,"n/a","n/a",0,0,"No",null,null,null,null,null,null,null,"No","Dx",false,0]
["INon-ResidentialRetrofitRetrofitHIGH PERFORMANCE T8FORMANCE T8 FIXTURESThree-lamp High Performance T-8 fixtures (32W)Three-lamp Std. T8 fd. T8 fixtures (32W)PLighting_Interior_GeneralNND","IESO - Measure","Non-Residential","Retrofit","Lighting -Restaurant","HIGH PERFORMANCE T8 FIXTURES","Three-lamp High Performance T-8 fixtures (32W)","Three-lamp Std. T8 fixtures (32W)",5110,8.5000000000000006E-2,434.35,8.5000000000000006E-2,434.35,0,0,0,10,"PSP-Business-Restaurant-Lighting_Interior_General",-1.8000844442552548,"n/a","n/a",0,0,"No",null,null,null,null,null,null,null,"No","Dx",false,0]
["INon-ResidentialRetrofitRetrofitHIGH PERFORMANCE T8FORMANCE T8 FIXTURESThree-lamp High Performance T-8 fixtures (32W)Three-lamp Std. T8 fd. T8 fixtures (32W)PLighting_Interior_GeneralNND","IESO - Measure","Non-Residential","Retrofit","Lighting -Schools","HIGH PERFORMANCE T8 FIXTURES","Three-lamp High Performance T-8 fixtures (32W)","Three-lamp Std. T8 fixtures (32W)",2596,8.5000000000000006E-2,220.66000000000003,8.5000000000000006E-2,220.66000000000003,0,0,0,19,"PSP-Business-Schools-Lighting_Interior_General",-1.1266708962974903,"n/a","n/a",0,0,"No",null,null,null,null,null,null,null,"No","Dx",false,0]
["INon-ResidentialRetrofitRetrofitHIGH PERFORMANCE T8FORMANCE T8 FIXTURESThree-lamp High Performance T-8 fixtures (32W)Three-lamp Std. T8 fd. T8 fixtures (32W)PLighting_Interior_GeneralNND","IESO - Measure","Non-Residential","Retrofit","Lighting -University Colleges","HIGH PERFORMANCE T8 FIXTURES","Three-lamp High Performance T-8 fixtures (32W)","Three-lamp Std. T8 fixtures (32W)",3255,8.5000000000000006E-2,276.67500000000001,8.5000000000000006E-2,276.67500000000001,0,0,0,15,"PSP-Business-University_Colleges-Lighting_Interior_General",-1.7995404130598089,"n/a","n/a",0,0,"No",null,null,null,null,null,null,null,"No","Dx",false,0]
["INon-ResidentialRetrofitRetrofitHIGH PERFORMANCE T8FORMANCE T8 FIXTURESThree-lamp High Performance T-8 fixtures (32W)Three-lamp Std. T8 fd. T8 fixtures (32W)PLighting_Interior_GeneralNND","IESO - Measure","Non-Residential","Retrofit","Lighting -Warehouse Wholesale","HIGH PERFORMANCE T8 FIXTURES","Three-lamp High Performance T-8 fixtures (32W)","Three-lamp Std. T8 fixtures (32W)",3759,8.5000000000000006E-2,319.51500000000004,8.5000000000000006E-2,319.51500000000004,0,0,0,13,"PSP-Business-Warehouse_Wholesale-Lighting_Interior_General",-1.8092974303242819,"n/a","n/a",0,0,"No",null,null,null,null,null,null,null,"No","Dx",false,0]
["INon-ResidentialRetrofitRetrofitHIGH PERFORMANCE T8FORMANCE T8 FIXTURESFour-lamp High Performance T-8 fixtures (32W)Four-lamp Std. T8 fid. T8 fixtures (32W)PLighting_Interior_GeneralNND","IESO - Measure","Non-Residential","Retrofit","Lighting -Food Retail","HIGH PERFORMANCE T8 FIXTURES","Four-lamp High Performance T-8 fixtures (32W)","Four-lamp Std. T8 fixtures (32W)",6074,0.112,680.28800000000001,0.108,655.99199999999996,4.0000000000000036E-3,24.296000000000049,3.4512641379170089E-3,8,"PSP-Business-Food_Retail-Lighting_Interior_General",0.51581618540501495,"n/a","n/a",0,0,"No",null,null,null,null,null,null,null,"No","Dx",false,0]
["INon-ResidentialRetrofitRetrofitHIGH PERFORMANCE T8FORMANCE T8 FIXTURESFour-lamp High Performance T-8 fixtures (32W)Four-lamp Std. T8 fid. T8 fixtures (32W)PLighting_Interior_GeneralNND","IESO - Measure","Non-Residential","Retrofit","Lighting -Hospital","HIGH PERFORMANCE T8 FIXTURES","Four-lamp High Performance T-8 fixtures (32W)","Four-lamp Std. T8 fixtures (32W)",5182,0.112,580.38400000000001,0.108,559.65599999999995,4.0000000000000036E-3,20.728000000000065,2.7667133054868E-3,10,"PSP-Business-Hospital-Lighting_Interior_General",1.7665540743263293,"n/a","n/a",0,0,"No",null,null,null,null,null,null,null,"No","Dx",false,0]
["INon-ResidentialRetrofitRetrofitHIGH PERFORMANCE T8FORMANCE T8 FIXTURESFour-lamp High Performance T-8 fixtures (32W)Four-lamp Std. T8 fid. T8 fixtures (32W)PLighting_Interior_GeneralNND","IESO - Measure","Non-Residential","Retrofit","Lighting -Large Hotel (Corridor/Lobby)","HIGH PERFORMANCE T8 FIXTURES","Four-lamp High Performance T-8 fixtures (32W)","Four-lamp Std. T8 fixtures (32W)",7884,0.112,883.00800000000004,0.108,851.47199999999998,4.0000000000000036E-3,31.536000000000058,3.8090638049938516E-3,6,"PSP-Business-Large_Hotel (Corridor/Lobby)-Lighting_Interior_General",1.1435130506125049,"n/a","n/a",0,0,"No",null,null,null,null,null,null,null,"No","Dx",false,0]
["INon-ResidentialRetrofitRetrofitHIGH PERFORMANCE T8FORMANCE T8 FIXTURESFour-lamp High Performance T-8 fixtures (32W)Four-lamp Std. T8 fid. T8 fixtures (32W)PLighting_Interior_GeneralNND","IESO - Measure","Non-Residential","Retrofit","Lighting -Large Non-Food Retail","HIGH PERFORMANCE T8 FIXTURES","Four-lamp High Performance T-8 fixtures (32W)","Four-lamp Std. T8 fixtures (32W)",4089,0.112,457.96800000000002,0.108,441.61200000000002,4.0000000000000036E-3,16.355999999999995,2.4256144744627351E-3,12,"PSP-Business-Large_Non_Food_Retail-Lighting_Interior_General",1.7542700929009527,"n/a","n/a",0,0,"No",null,null,null,null,null,null,null,"No","Dx",false,0]
["INon-ResidentialRetrofitRetrofitHIGH PERFORMANCE T8FORMANCE T8 FIXTURESFour-lamp High Performance T-8 fixtures (32W)Four-lamp Std. T8 fid. T8 fixtures (32W)PLighting_Interior_GeneralNND","IESO - Measure","Non-Residential","Retrofit","Lighting -Large Office","HIGH PERFORMANCE T8 FIXTURES","Four-lamp High Performance T-8 fixtures (32W)","Four-lamp Std. T8 fixtures (32W)",3610,0.112,404.32,0.108,389.88,4.0000000000000036E-3,14.439999999999998,2.4406377945867691E-3,14,"PSP-Business-Large_Office-Lighting_Interior_General",2.2644741586187962,"n/a","n/a",0,0,"No",null,null,null,null,null,null,null,"No","Dx",false,0]
["INon-ResidentialRetrofitRetrofitHIGH PERFORMANCE T8FORMANCE T8 FIXTURESFour-lamp High Performance T-8 fixtures (32W)Four-lamp Std. T8 fid. T8 fixtures (32W)PLighting_Interior_GeneralNND","IESO - Measure","Non-Residential","Retrofit","Lighting -Nursing Home","HIGH PERFORMANCE T8 FIXTURES","Four-lamp High Performance T-8 fixtures (32W)","Four-lamp Std. T8 fixtures (32W)",4308,0.112,482.49600000000004,0.108,465.26400000000001,4.0000000000000036E-3,17.232000000000028,2.6055989905197489E-3,12,"PSP-Business-Nursing_Home-Lighting_Interior_General",2.3129180683437198,"n/a","n/a",0,0,"No",null,null,null,null,null,null,null,"No","Dx",false,0]
["INon-ResidentialRetrofitRetrofitHIGH PERFORMANCE T8FORMANCE T8 FIXTURESFour-lamp High Performance T-8 fixtures (32W)Four-lamp Std. T8 fid. T8 fixtures (32W)PLighting_Interior_GeneralNND","IESO - Measure","Non-Residential","Retrofit","Lighting -Other Commercial Buildings","HIGH PERFORMANCE T8 FIXTURES","Four-lamp High Performance T-8 fixtures (32W)","Four-lamp Std. T8 fixtures (32W)",2857,0.112,319.98399999999998,0.108,308.55599999999998,4.0000000000000036E-3,11.427999999999997,1.9334395268995105E-3,18,"PSP-Business-Other_Commercial_Buildings-Lighting_Interior_General",2.2439460967915608,"n/a","n/a",0,0,"No",null,null,null,null,null,null,null,"No","Dx",false,0]
["INon-ResidentialRetrofitRetrofitHIGH PERFORMANCE T8FORMANCE T8 FIXTURESFour-lamp High Performance T-8 fixtures (32W)Four-lamp Std. T8 fid. T8 fixtures (32W)PLighting_Interior_GeneralNND","IESO - Measure","Non-Residential","Retrofit","Lighting -Other Hotel Motel (Corridor/Lobby)","HIGH PERFORMANCE T8 FIXTURES","Four-lamp High Performance T-8 fixtures (32W)","Four-lamp Std. T8 fixtures (32W)",7884,0.112,883.00800000000004,0.108,851.47199999999998,4.0000000000000036E-3,31.536000000000058,3.809063905563619E-3,6,"PSP-Business-Other_Hotel_Motel (Corridor/Lobby)-Lighting_Interior_General",1.1435130506125049,"n/a","n/a",0,0,"No",null,null,null,null,null,null,null,"No","Dx",false,0]
["INon-ResidentialRetrofitRetrofitHIGH PERFORMANCE T8FORMANCE T8 FIXTURESFour-lamp High Performance T-8 fixtures (32W)Four-lamp Std. T8 fid. T8 fixtures (32W)PLighting_Interior_GeneralNND","IESO - Measure","Non-Residential","Retrofit","Lighting -Other Non-Food Retail","HIGH PERFORMANCE T8 FIXTURES","Four-lamp High Performance T-8 fixtures (32W)","Four-lamp Std. T8 fixtures (32W)",4089,0.112,457.96800000000002,0.108,441.61200000000002,4.0000000000000036E-3,16.355999999999995,3.5783824284485984E-3,12,"PSP-Business-Other_Non_Food_Retail-Lighting_Interior_General",1.7542700929009527,"n/a","n/a",0,0,"No",null,null,null,null,null,null,null,"No","Dx",false,0]
["INon-ResidentialRetrofitRetrofitHIGH PERFORMANCE T8FORMANCE T8 FIXTURESFour-lamp High Performance T-8 fixtures (32W)Four-lamp Std. T8 fid. T8 fixtures (32W)PLighting_Interior_GeneralNND","IESO - Measure","Non-Residential","Retrofit","Lighting -Other Office","HIGH PERFORMANCE T8 FIXTURES","Four-lamp High Performance T-8 fixtures (32W)","Four-lamp Std. T8 fixtures (32W)",3610,0.112,404.32,0.108,389.88,4.0000000000000036E-3,14.439999999999998,2.4406377945867691E-3,14,"PSP-Business-Other_Office-Lighting_Interior_General",2.2644741586187962,"n/a","n/a",0,0,"No",null,null,null,null,null,null,null,"No","Dx",false,0]
["INon-ResidentialRetrofitRetrofitHIGH PERFORMANCE T8FORMANCE T8 FIXTURESFour-lamp High Performance T-8 fixtures (32W)Four-lamp Std. T8 fid. T8 fixtures (32W)PLighting_Interior_GeneralNND","IESO - Measure","Non-Residential","Retrofit","Lighting -Restaurant","HIGH PERFORMANCE T8 FIXTURES","Four-lamp High Performance T-8 fixtures (32W)","Four-lamp Std. T8 fixtures (32W)",5110,0.112,572.32000000000005,0.108,551.88,4.0000000000000036E-3,20.440000000000055,3.3493735903866607E-3,10,"PSP-Business-Restaurant-Lighting_Interior_General",1.7665540743263293,"n/a","n/a",0,0,"No",null,null,null,null,null,null,null,"No","Dx",false,0]
["INon-ResidentialRetrofitRetrofitHIGH PERFORMANCE T8FORMANCE T8 FIXTURESFour-lamp High Performance T-8 fixtures (32W)Four-lamp Std. T8 fid. T8 fixtures (32W)PLighting_Interior_GeneralNND","IESO - Measure","Non-Residential","Retrofit","Lighting -Schools","HIGH PERFORMANCE T8 FIXTURES","Four-lamp High Performance T-8 fixtures (32W)","Four-lamp Std. T8 fixtures (32W)",2596,0.112,290.75200000000001,0.108,280.36799999999999,4.0000000000000036E-3,10.384000000000015,5.2302648500445858E-4,19,"PSP-Business-Schools-Lighting_Interior_General",2.6644388049366867,"n/a","n/a",0,0,"No",null,null,null,null,null,null,null,"No","Dx",false,0]
["INon-ResidentialRetrofitRetrofitHIGH PERFORMANCE T8FORMANCE T8 FIXTURESFour-lamp High Performance T-8 fixtures (32W)Four-lamp Std. T8 fid. T8 fixtures (32W)PLighting_Interior_GeneralNND","IESO - Measure","Non-Residential","Retrofit","Lighting -University Colleges","HIGH PERFORMANCE T8 FIXTURES","Four-lamp High Performance T-8 fixtures (32W)","Four-lamp Std. T8 fixtures (32W)",3255,0.112,364.56,0.108,351.54,4.0000000000000036E-3,13.019999999999982,1.7262400277212582E-3,15,"PSP-Business-University_Colleges-Lighting_Interior_General",1.7672794492535786,"n/a","n/a",0,0,"No",null,null,null,null,null,null,null,"No","Dx",false,0]
["INon-ResidentialRetrofitRetrofitHIGH PERFORMANCE T8FORMANCE T8 FIXTURESFour-lamp High Performance T-8 fixtures (32W)Four-lamp Std. T8 fid. T8 fixtures (32W)PLighting_Interior_GeneralNND","IESO - Measure","Non-Residential","Retrofit","Lighting -Warehouse Wholesale","HIGH PERFORMANCE T8 FIXTURES","Four-lamp High Performance T-8 fixtures (32W)","Four-lamp Std. T8 fixtures (32W)",3759,0.112,421.00799999999998,0.108,405.97199999999998,4.0000000000000036E-3,15.036000000000001,2.9262369230769231E-3,13,"PSP-Business-Warehouse_Wholesale-Lighting_Interior_General",1.7542700929009527,"n/a","n/a",0,0,"No",null,null,null,null,null,null,null,"No","Dx",false,0]
["INon-ResidentialRetrofitRetrofitHIGH PERFORMANCE MEDDIUM BAY T8 FIXTURESFour-lamp High Performance T-8 fixtures (32W)250 Watt Metal Halid50 Watt Metal HalidePighting_Interior_High_BayNND","IESO - Measure","Non-Residential","Retrofit","Lighting -Hospital","HIGH PERFORMANCE MEDIUM BAY T8 FIXTURES","Four-lamp High Performance T-8 fixtures (32W)","250 Watt Metal Halide",5182,0.29499999999999998,1528.6899999999998,0.13700000000000001,709.93400000000008,0.15799999999999997,818.75599999999974,0.10928517556672825,10,"PSP-Business-Hospital-Lighting_Interior_High_Bay",-5.8865833742456459,"n/a","n/a",0,0,"No",null,null,null,null,null,null,null,"No","Dx",false,0]
["INon-ResidentialRetrofitRetrofitHIGH PERFORMANCE MEDDIUM BAY T8 FIXTURESFour-lamp High Performance T-8 fixtures (32W)250 Watt Metal Halid50 Watt Metal HalidePighting_Interior_High_BayNND","IESO - Measure","Non-Residential","Retrofit","Lighting -Large Non-Food Retail","HIGH PERFORMANCE MEDIUM BAY T8 FIXTURES","Four-lamp High Performance T-8 fixtures (32W)","250 Watt Metal Halide",4089,0.29499999999999998,1206.2549999999999,0.13700000000000001,560.1930000000001,0.15799999999999997,646.06199999999978,9.5811771741278057E-2,12,"PSP-Business-Large_Non_Food_Retail-Lighting_Interior_High_Bay",-22.806434897701408,"n/a","n/a",0,0,"No",null,null,null,null,null,null,null,"No","Dx",false,0]
["INon-ResidentialRetrofitRetrofitHIGH PERFORMANCE MEDDIUM BAY T8 FIXTURESFour-lamp High Performance T-8 fixtures (32W)250 Watt Metal Halid50 Watt Metal HalidePighting_Interior_High_BayNND","IESO - Measure","Non-Residential","Retrofit","Lighting -Nursing Home","HIGH PERFORMANCE MEDIUM BAY T8 FIXTURES","Four-lamp High Performance T-8 fixtures (32W)","250 Watt Metal Halide",4308,0.29499999999999998,1270.8599999999999,0.13700000000000001,590.19600000000003,0.15799999999999997,680.66399999999987,0.1029211601255299,12,"PSP-Business-Nursing_Home-Lighting_Interior_High_Bay",-15.290215832180635,"n/a","n/a",0,0,"No",null,null,null,null,null,null,null,"No","Dx",false,0]
["INon-ResidentialRetrofitRetrofitHIGH PERFORMANCE MEDDIUM BAY T8 FIXTURESFour-lamp High Performance T-8 fixtures (32W)250 Watt Metal Halid50 Watt Metal HalidePighting_Interior_High_BayNND","IESO - Measure","Non-Residential","Retrofit","Lighting -Other Commercial Buildings","HIGH PERFORMANCE MEDIUM BAY T8 FIXTURES","Four-lamp High Performance T-8 fixtures (32W)","250 Watt Metal Halide",2857,0.29499999999999998,842.81499999999994,0.13700000000000001,391.40900000000005,0.15799999999999997,451.40599999999989,7.6370861312530666E-2,18,"PSP-Business-Other_Commercial_Buildings-Lighting_Interior_High_Bay",3.8555799668977215,"n/a","n/a",0,0,"No",null,null,null,null,null,null,null,"No","Dx",false,0]
["INon-ResidentialRetrofitRetrofitHIGH PERFORMANCE MEDDIUM BAY T8 FIXTURESFour-lamp High Performance T-8 fixtures (32W)250 Watt Metal Halid50 Watt Metal HalidePighting_Interior_High_BayNND","IESO - Measure","Non-Residential","Retrofit","Lighting -Other Non-Food Retail","HIGH PERFORMANCE MEDIUM BAY T8 FIXTURES","Four-lamp High Performance T-8 fixtures (32W)","250 Watt Metal Halide",4089,0.29499999999999998,1206.2549999999999,0.13700000000000001,560.1930000000001,0.15799999999999997,646.06199999999978,0.14134610592371963,12,"PSP-Business-Other_Non_Food_Retail-Lighting_Interior_High_Bay",-22.806434897701408,"n/a","n/a",0,0,"No",null,null,null,null,null,null,null,"No","Dx",false,0]
["INon-ResidentialRetrofitRetrofitHIGH PERFORMANCE MEDDIUM BAY T8 FIXTURESFour-lamp High Performance T-8 fixtures (32W)250 Watt Metal Halid50 Watt Metal HalidePighting_Interior_High_BayNND","IESO - Measure","Non-Residential","Retrofit","Lighting -Schools","HIGH PERFORMANCE MEDIUM BAY T8 FIXTURES","Four-lamp High Performance T-8 fixtures (32W)","250 Watt Metal Halide",2596,0.29499999999999998,765.81999999999994,0.13700000000000001,355.65200000000004,0.15799999999999997,410.16799999999989,2.0659546157676081E-2,19,"PSP-Business-Schools-Lighting_Interior_High_Bay",3.4130784455687575,"n/a","n/a",0,0,"No",null,null,null,null,null,null,null,"No","Dx",false,0]
["INon-ResidentialRetrofitRetrofitHIGH PERFORMANCE MEDDIUM BAY T8 FIXTURESFour-lamp High Performance T-8 fixtures (32W)250 Watt Metal Halid50 Watt Metal HalidePighting_Interior_High_BayNND","IESO - Measure","Non-Residential","Retrofit","Lighting -University Colleges","HIGH PERFORMANCE MEDIUM BAY T8 FIXTURES","Four-lamp High Performance T-8 fixtures (32W)","250 Watt Metal Halide",3255,0.29499999999999998,960.22499999999991,0.13700000000000001,445.93500000000006,0.15799999999999997,514.28999999999985,6.8186481094989787E-2,15,"PSP-Business-University_Colleges-Lighting_Interior_High_Bay",-7.5248248916123543,"n/a","n/a",0,0,"No",null,null,null,null,null,null,null,"No","Dx",false,0]
["INon-ResidentialRetrofitRetrofitHIGH PERFORMANCE MEDDIUM BAY T8 FIXTURESFour-lamp High Performance T-8 fixtures (32W)250 Watt Metal Halid50 Watt Metal HalidePighting_Interior_High_BayNND","IESO - Measure","Non-Residential","Retrofit","Lighting -Warehouse Wholesale","HIGH PERFORMANCE MEDIUM BAY T8 FIXTURES","Four-lamp High Performance T-8 fixtures (32W)","250 Watt Metal Halide",3759,0.29499999999999998,1108.905,0.13700000000000001,514.98300000000006,0.15799999999999997,593.92199999999991,0.11555435669871478,13,"PSP-Business-Warehouse_Wholesale-Lighting_Interior_High_Bay",0.17563718144864993,"n/a","n/a",0,0,"No",null,null,null,null,null,null,null,"No","Dx",false,0]
["INon-ResidentialRetrofitRetrofitHIGH PERFORMANCE MEDDIUM BAY T8 FIXTURESSix-lamp High Performance T-8 fixtures (32W)400 Watt Metal Halid00 Watt Metal HalidePighting_Interior_High_BayNND","IESO - Measure","Non-Residential","Retrofit","Lighting -Hospital","HIGH PERFORMANCE MEDIUM BAY T8 FIXTURES","Six-lamp High Performance T-8 fixtures (32W)","400 Watt Metal Halide",5182,0.45,2331.9,0.216,1119.3119999999999,0.23400000000000001,1212.5880000000002,0.16185272837097733,10,"PSP-Business-Hospital-Lighting_Interior_High_Bay",63.86760332296744,"n/a","n/a",0,0,"No",null,null,null,null,null,null,null,"No","Dx",false,0]
["INon-ResidentialRetrofitRetrofitHIGH PERFORMANCE MEDDIUM BAY T8 FIXTURESSix-lamp High Performance T-8 fixtures (32W)400 Watt Metal Halid00 Watt Metal HalidePighting_Interior_High_BayNND","IESO - Measure","Non-Residential","Retrofit","Lighting -Large Non-Food Retail","HIGH PERFORMANCE MEDIUM BAY T8 FIXTURES","Six-lamp High Performance T-8 fixtures (32W)","400 Watt Metal Halide",4089,0.45,1840.05,0.216,883.22400000000005,0.23400000000000001,956.82599999999991,0.14189844675607005,12,"PSP-Business-Large_Non_Food_Retail-Lighting_Interior_High_Bay",52.464446290007913,"n/a","n/a",0,0,"No",null,null,null,null,null,null,null,"No","Dx",false,0]
["INon-ResidentialRetrofitRetrofitHIGH PERFORMANCE MEDDIUM BAY T8 FIXTURESSix-lamp High Performance T-8 fixtures (32W)400 Watt Metal Halid00 Watt Metal HalidePighting_Interior_High_BayNND","IESO - Measure","Non-Residential","Retrofit","Lighting -Nursing Home","HIGH PERFORMANCE MEDIUM BAY T8 FIXTURES","Six-lamp High Performance T-8 fixtures (32W)","400 Watt Metal Halide",4308,0.45,1938.6000000000001,0.216,930.52800000000002,0.23400000000000001,1008.0720000000001,0.15242754094540509,12,"PSP-Business-Nursing_Home-Lighting_Interior_High_Bay",63.738774888289072,"n/a","n/a",0,0,"No",null,null,null,null,null,null,null,"No","Dx",false,0]
["INon-ResidentialRetrofitRetrofitHIGH PERFORMANCE MEDDIUM BAY T8 FIXTURESSix-lamp High Performance T-8 fixtures (32W)400 Watt Metal Halid00 Watt Metal HalidePighting_Interior_High_BayNND","IESO - Measure","Non-Residential","Retrofit","Lighting -Other Commercial Buildings","HIGH PERFORMANCE MEDIUM BAY T8 FIXTURES","Six-lamp High Performance T-8 fixtures (32W)","400 Watt Metal Halide",2857,0.45,1285.6500000000001,0.216,617.11199999999997,0.23400000000000001,668.53800000000012,0.11310621232362141,18,"PSP-Business-Other_Commercial_Buildings-Lighting_Interior_High_Bay",53.793844911181324,"n/a","n/a",0,0,"No",null,null,null,null,null,null,null,"No","Dx",false,0]
["INon-ResidentialRetrofitRetrofitHIGH PERFORMANCE MEDDIUM BAY T8 FIXTURESSix-lamp High Performance T-8 fixtures (32W)400 Watt Metal Halid00 Watt Metal HalidePighting_Interior_High_BayNND","IESO - Measure","Non-Residential","Retrofit","Lighting -Other Non-Food Retail","HIGH PERFORMANCE MEDIUM BAY T8 FIXTURES","Six-lamp High Performance T-8 fixtures (32W)","400 Watt Metal Halide",4089,0.45,1840.05,0.216,883.22400000000005,0.23400000000000001,956.82599999999991,0.20933537206424305,12,"PSP-Business-Other_Non_Food_Retail-Lighting_Interior_High_Bay",52.464446290007913,"n/a","n/a",0,0,"No",null,null,null,null,null,null,null,"No","Dx",false,0]
["INon-ResidentialRetrofitRetrofitHIGH PERFORMANCE MEDDIUM BAY T8 FIXTURESSix-lamp High Performance T-8 fixtures (32W)400 Watt Metal Halid00 Watt Metal HalidePighting_Interior_High_BayNND","IESO - Measure","Non-Residential","Retrofit","Lighting -Schools","HIGH PERFORMANCE MEDIUM BAY T8 FIXTURES","Six-lamp High Performance T-8 fixtures (32W)","400 Watt Metal Halide",2596,0.45,1168.2,0.216,560.73599999999999,0.23400000000000001,607.46400000000006,3.0597049372760789E-2,19,"PSP-Business-Schools-Lighting_Interior_High_Bay",54.683482242241212,"n/a","n/a",0,0,"No",null,null,null,null,null,null,null,"No","Dx",false,0]
["INon-ResidentialRetrofitRetrofitHIGH PERFORMANCE MEDDIUM BAY T8 FIXTURESSix-lamp High Performance T-8 fixtures (32W)400 Watt Metal Halid00 Watt Metal HalidePighting_Interior_High_BayNND","IESO - Measure","Non-Residential","Retrofit","Lighting -University Colleges","HIGH PERFORMANCE MEDIUM BAY T8 FIXTURES","Six-lamp High Performance T-8 fixtures (32W)","400 Watt Metal Halide",3255,0.45,1464.75,0.216,703.08,0.23400000000000001,761.67,0.10098504162169375,15,"PSP-Business-University_Colleges-Lighting_Interior_High_Bay",52.795129461830328,"n/a","n/a",0,0,"No",null,null,null,null,null,null,null,"No","Dx",false,0]
["INon-ResidentialRetrofitRetrofitHIGH PERFORMANCE MEDDIUM BAY T8 FIXTURESSix-lamp High Performance T-8 fixtures (32W)400 Watt Metal Halid00 Watt Metal HalidePighting_Interior_High_BayNND","IESO - Measure","Non-Residential","Retrofit","Lighting -Warehouse Wholesale","HIGH PERFORMANCE MEDIUM BAY T8 FIXTURES","Six-lamp High Performance T-8 fixtures (32W)","400 Watt Metal Halide",3759,0.45,1691.55,0.216,811.94399999999996,0.23400000000000001,879.60599999999999,0.17113746498417257,13,"PSP-Business-Warehouse_Wholesale-Lighting_Interior_High_Bay",52.464446290007913,"n/a","n/a",0,0,"No",null,null,null,null,null,null,null,"No","Dx",false,0]
["INon-ResidentialRetrofitRetrofitHIGH PERFORMANCE MEDDIUM BAY T8 FIXTURESEight-lamp High Performance T-8 fixtures (32W)2 x 250 Watt Metal H50 Watt Metal HalidePighting_Interior_High_BayNND","IESO - Measure","Non-Residential","Retrofit","Lighting -Hospital","HIGH PERFORMANCE MEDIUM BAY T8 FIXTURES","Eight-lamp High Performance T-8 fixtures (32W)","2 x 250 Watt Metal Halide",5182,0.59,3057.3799999999997,0.28799999999999998,1492.4159999999999,0.30199999999999999,1564.9639999999997,0.20888685456425271,10,"PSP-Business-Hospital-Lighting_Interior_High_Bay",-31.773166748491292,"n/a","n/a",0,0,"No",null,null,null,null,null,null,null,"No","Dx",false,0]
["INon-ResidentialRetrofitRetrofitHIGH PERFORMANCE MEDDIUM BAY T8 FIXTURESEight-lamp High Performance T-8 fixtures (32W)2 x 250 Watt Metal H50 Watt Metal HalidePighting_Interior_High_BayNND","IESO - Measure","Non-Residential","Retrofit","Lighting -Large Non-Food Retail","HIGH PERFORMANCE MEDIUM BAY T8 FIXTURES","Eight-lamp High Performance T-8 fixtures (32W)","2 x 250 Watt Metal Halide",4089,0.59,2412.5099999999998,0.28799999999999998,1177.6319999999998,0.30199999999999999,1234.8779999999999,0.18313389282193657,12,"PSP-Business-Large_Non_Food_Retail-Lighting_Interior_High_Bay",-65.612869795402815,"n/a","n/a",0,0,"No",null,null,null,null,null,null,null,"No","Dx",false,0]
["INon-ResidentialRetrofitRetrofitHIGH PERFORMANCE MEDDIUM BAY T8 FIXTURESEight-lamp High Performance T-8 fixtures (32W)2 x 250 Watt Metal H50 Watt Metal HalidePighting_Interior_High_BayNND","IESO - Measure","Non-Residential","Retrofit","Lighting -Nursing Home","HIGH PERFORMANCE MEDIUM BAY T8 FIXTURES","Eight-lamp High Performance T-8 fixtures (32W)","2 x 250 Watt Metal Halide",4308,0.59,2541.7199999999998,0.28799999999999998,1240.704,0.30199999999999999,1301.0159999999998,0.19672272378424072,12,"PSP-Business-Nursing_Home-Lighting_Interior_High_Bay",-50.580431664361271,"n/a","n/a",0,0,"No",null,null,null,null,null,null,null,"No","Dx",false,0]
["INon-ResidentialRetrofitRetrofitHIGH PERFORMANCE MEDDIUM BAY T8 FIXTURESEight-lamp High Performance T-8 fixtures (32W)2 x 250 Watt Metal H50 Watt Metal HalidePighting_Interior_High_BayNND","IESO - Measure","Non-Residential","Retrofit","Lighting -Other Commercial Buildings","HIGH PERFORMANCE MEDIUM BAY T8 FIXTURES","Eight-lamp High Performance T-8 fixtures (32W)","2 x 250 Watt Metal Halide",2857,0.59,1685.6299999999999,0.28799999999999998,822.81599999999992,0.30199999999999999,862.81399999999996,0.14597468428091306,18,"PSP-Business-Other_Commercial_Buildings-Lighting_Interior_High_Bay",-12.288840066204557,"n/a","n/a",0,0,"No",null,null,null,null,null,null,null,"No","Dx",false,0]
["INon-ResidentialRetrofitRetrofitHIGH PERFORMANCE MEDDIUM BAY T8 FIXTURESEight-lamp High Performance T-8 fixtures (32W)2 x 250 Watt Metal H50 Watt Metal HalidePighting_Interior_High_BayNND","IESO - Measure","Non-Residential","Retrofit","Lighting -Other Non-Food Retail","HIGH PERFORMANCE MEDIUM BAY T8 FIXTURES","Eight-lamp High Performance T-8 fixtures (32W)","2 x 250 Watt Metal Halide",4089,0.59,2412.5099999999998,0.28799999999999998,1177.6319999999998,0.30199999999999999,1234.8779999999999,0.27016787334786924,12,"PSP-Business-Other_Non_Food_Retail-Lighting_Interior_High_Bay",-65.612869795402815,"n/a","n/a",0,0,"No",null,null,null,null,null,null,null,"No","Dx",false,0]
["INon-ResidentialRetrofitRetrofitHIGH PERFORMANCE MEDDIUM BAY T8 FIXTURESEight-lamp High Performance T-8 fixtures (32W)2 x 250 Watt Metal H50 Watt Metal HalidePighting_Interior_High_BayNND","IESO - Measure","Non-Residential","Retrofit","Lighting -Schools","HIGH PERFORMANCE MEDIUM BAY T8 FIXTURES","Eight-lamp High Performance T-8 fixtures (32W)","2 x 250 Watt Metal Halide",2596,0.59,1531.6399999999999,0.28799999999999998,747.64799999999991,0.30199999999999999,783.99199999999996,3.9488499617836563E-2,19,"PSP-Business-Schools-Lighting_Interior_High_Bay",-13.173843108862485,"n/a","n/a",0,0,"No",null,null,null,null,null,null,null,"No","Dx",false,0]
[{"$f":"CONCATENATE(TRIM(LEFT(B348,1)),TRIM(LEFT(C348,20)),TRIM(LEFT(D348,10)),TRIM(RIGHT(D348,10)),TRIM(LEFT(F348,20)),TRIM(RIGHT(F348,20)),TRIM(LEFT(G348,105)),TRIM(LEFT(H348,20)),TRIM(RIGHT(H348,20)),TRIM(LEFT(R348,1)),TRIM(RIGHT(R348,25)),TRIM(LEFT(X348,1)),TRIM(LEFT(AF348,1)),TRIM(LEFT(AG348,1)))","v":"INon-ResidentialRetrofitRetrofitHIGH PERFORMANCE MEDDIUM BAY T8 FIXTURESEight-lamp High Performance T-8 fixtures (32W)2 x 250 Watt Metal H50 Watt Metal HalidePighting_Interior_High_BayNND"},"IESO - Measure","Non-Residential","Retrofit","Lighting -University Colleges","HIGH PERFORMANCE MEDIUM BAY T8 FIXTURES","Eight-lamp High Performance T-8 fixtures (32W)","2 x 250 Watt Metal Halide",3255,0.59,1920.4499999999998,0.28799999999999998,937.43999999999994,0.30199999999999999,983.00999999999988,0.13033112209295517,15,"PSP-Business-University_Colleges-Lighting_Interior_High_Bay",-35.049649783224709,"n/a","n/a",0,0,"No",null,null,null,null,null,null,null,"No","Dx",false,0]
["INon-ResidentialRetrofitRetrofitHIGH PERFORMANCE MEDDIUM BAY T8 FIXTURESEight-lamp High Performance T-8 fixtures (32W)2 x 250 Watt Metal H50 Watt Metal HalidePighting_Interior_High_BayNND","IESO - Measure","Non-Residential","Retrofit","Lighting -Warehouse Wholesale","HIGH PERFORMANCE MEDIUM BAY T8 FIXTURES","Eight-lamp High Performance T-8 fixtures (32W)","2 x 250 Watt Metal Halide",3759,0.59,2217.81,0.28799999999999998,1082.5919999999999,0.30199999999999999,1135.2180000000001,0.22086971976589795,13,"PSP-Business-Warehouse_Wholesale-Lighting_Interior_High_Bay",-19.6487256371027,"n/a","n/a",0,0,"No",null,null,null,null,null,null,null,"No","Dx",false,0]
["INon-ResidentialRetrofitRetrofitT5 FIXTUREST5 FIXTUREST5 fixture w 3 Lamps and 1 Electronic BallastFour-lamp Std. T8 fiamp Std. T8 fixturesPLighting_Interior_GeneralNND","IESO - Measure","Non-Residential","Retrofit","Lighting -Food Retail","T5 FIXTURES","T5 fixture w 3 Lamps and 1 Electronic Ballast","Four-lamp Std. T8 fixtures",6074,0.112,680.28800000000001,8.5999999999999993E-2,522.36399999999992,2.6000000000000009E-2,157.92400000000009,2.2433216896460523E-2,8,"PSP-Business-Food_Retail-Lighting_Interior_General",92.272289911735982,"n/a","n/a",0,0,"No",null,null,null,null,null,null,null,"No","Dx",false,0]
["INon-ResidentialRetrofitRetrofitT5 FIXTUREST5 FIXTUREST5 fixture w 3 Lamps and 1 Electronic BallastFour-lamp Std. T8 fiamp Std. T8 fixturesPLighting_Interior_GeneralNND","IESO - Measure","Non-Residential","Retrofit","Lighting -Hospital","T5 FIXTURES","T5 fixture w 3 Lamps and 1 Electronic Ballast","Four-lamp Std. T8 fixtures",5182,0.112,580.38400000000001,8.5999999999999993E-2,445.65199999999999,2.6000000000000009E-2,134.73200000000003,1.7983636485664149E-2,10,"PSP-Business-Hospital-Lighting_Interior_General",92.209753017289913,"n/a","n/a",0,0,"No",null,null,null,null,null,null,null,"No","Dx",false,0]
["INon-ResidentialRetrofitRetrofitT5 FIXTUREST5 FIXTUREST5 fixture w 3 Lamps and 1 Electronic BallastFour-lamp Std. T8 fiamp Std. T8 fixturesPLighting_Interior_GeneralNND","IESO - Measure","Non-Residential","Retrofit","Lighting -Large Hotel (Corridor/Lobby)","T5 FIXTURES","T5 fixture w 3 Lamps and 1 Electronic Ballast","Four-lamp Std. T8 fixtures",7884,0.112,883.00800000000004,8.5999999999999993E-2,678.024,2.6000000000000009E-2,204.98400000000004,2.4758914732459995E-2,6,"PSP-Business-Large_Hotel (Corridor/Lobby)-Lighting_Interior_General",92.272289911735982,"n/a","n/a",0,0,"No",null,null,null,null,null,null,null,"No","Dx",false,0]
["INon-ResidentialRetrofitRetrofitT5 FIXTUREST5 FIXTUREST5 fixture w 3 Lamps and 1 Electronic BallastFour-lamp Std. T8 fiamp Std. T8 fixturesPLighting_Interior_GeneralNND","IESO - Measure","Non-Residential","Retrofit","Lighting -Large Non-Food Retail","T5 FIXTURES","T5 fixture w 3 Lamps and 1 Electronic Ballast","Four-lamp Std. T8 fixtures",4089,0.112,457.96800000000002,8.5999999999999993E-2,351.654,2.6000000000000009E-2,106.31400000000002,1.5766494084007789E-2,12,"PSP-Business-Large_Non_Food_Retail-Lighting_Interior_General",92.152826474890574,"n/a","n/a",0,0,"No",null,null,null,null,null,null,null,"No","Dx",false,0]
["INon-ResidentialRetrofitRetrofitT5 FIXTUREST5 FIXTUREST5 fixture w 3 Lamps and 1 Electronic BallastFour-lamp Std. T8 fiamp Std. T8 fixturesPLighting_Interior_GeneralNND","IESO - Measure","Non-Residential","Retrofit","Lighting -Large Office","T5 FIXTURES","T5 fixture w 3 Lamps and 1 Electronic Ballast","Four-lamp Std. T8 fixtures",3610,0.112,404.32,8.5999999999999993E-2,310.45999999999998,2.6000000000000009E-2,93.860000000000014,1.5864145664814006E-2,14,"PSP-Business-Large_Office-Lighting_Interior_General",92.100964952008326,"n/a","n/a",0,0,"No",null,null,null,null,null,null,null,"No","Dx",false,0]
["INon-ResidentialRetrofitRetrofitT5 FIXTUREST5 FIXTUREST5 fixture w 3 Lamps and 1 Electronic BallastFour-lamp Std. T8 fiamp Std. T8 fixturesPLighting_Interior_GeneralNND","IESO - Measure","Non-Residential","Retrofit","Lighting -Nursing Home","T5 FIXTURES","T5 fixture w 3 Lamps and 1 Electronic Ballast","Four-lamp Std. T8 fixtures",4308,0.112,482.49600000000004,8.5999999999999993E-2,370.48799999999994,2.6000000000000009E-2,112.0080000000001,1.6936393438378355E-2,12,"PSP-Business-Nursing_Home-Lighting_Interior_General",92.152826474890574,"n/a","n/a",0,0,"No",null,null,null,null,null,null,null,"No","Dx",false,0]
["INon-ResidentialRetrofitRetrofitT5 FIXTUREST5 FIXTUREST5 fixture w 3 Lamps and 1 Electronic BallastFour-lamp Std. T8 fiamp Std. T8 fixturesPLighting_Interior_GeneralNND","IESO - Measure","Non-Residential","Retrofit","Lighting -Other Commercial Buildings","T5 FIXTURES","T5 fixture w 3 Lamps and 1 Electronic Ballast","Four-lamp Std. T8 fixtures",2857,0.112,319.98399999999998,8.5999999999999993E-2,245.70199999999997,2.6000000000000009E-2,74.282000000000011,1.2567356924846822E-2,18,"PSP-Business-Other_Commercial_Buildings-Lighting_Interior_General",92.053679039000997,"n/a","n/a",0,0,"No",null,null,null,null,null,null,null,"No","Dx",false,0]
["INon-ResidentialRetrofitRetrofitT5 FIXTUREST5 FIXTUREST5 fixture w 3 Lamps and 1 Electronic BallastFour-lamp Std. T8 fiamp Std. T8 fixturesPLighting_Interior_GeneralNND","IESO - Measure","Non-Residential","Retrofit","Lighting -Other Hotel Motel (Corridor/Lobby)","T5 FIXTURES","T5 fixture w 3 Lamps and 1 Electronic Ballast","Four-lamp Std. T8 fixtures",7884,0.112,883.00800000000004,8.5999999999999993E-2,678.024,2.6000000000000009E-2,204.98400000000004,2.4758915386163483E-2,6,"PSP-Business-Other_Hotel_Motel (Corridor/Lobby)-Lighting_Interior_General",92.272289911735982,"n/a","n/a",0,0,"No",null,null,null,null,null,null,null,"No","Dx",false,0]
["INon-ResidentialRetrofitRetrofitT5 FIXTUREST5 FIXTUREST5 fixture w 3 Lamps and 1 Electronic BallastFour-lamp Std. T8 fiamp Std. T8 fixturesPLighting_Interior_GeneralNND","IESO - Measure","Non-Residential","Retrofit","Lighting -Other Non-Food Retail","T5 FIXTURES","T5 fixture w 3 Lamps and 1 Electronic Ballast","Four-lamp Std. T8 fixtures",4089,0.112,457.96800000000002,8.5999999999999993E-2,351.654,2.6000000000000009E-2,106.31400000000002,2.32594857849159E-2,12,"PSP-Business-Other_Non_Food_Retail-Lighting_Interior_General",92.152826474890574,"n/a","n/a",0,0,"No",null,null,null,null,null,null,null,"No","Dx",false,0]
["INon-ResidentialRetrofitRetrofitT5 FIXTUREST5 FIXTUREST5 fixture w 3 Lamps and 1 Electronic BallastFour-lamp Std. T8 fiamp Std. T8 fixturesPLighting_Interior_GeneralNND","IESO - Measure","Non-Residential","Retrofit","Lighting -Other Office","T5 FIXTURES","T5 fixture w 3 Lamps and 1 Electronic Ballast","Four-lamp Std. T8 fixtures",3610,0.112,404.32,8.5999999999999993E-2,310.45999999999998,2.6000000000000009E-2,93.860000000000014,1.5864145664814006E-2,14,"PSP-Business-Other_Office-Lighting_Interior_General",92.100964952008326,"n/a","n/a",0,0,"No",null,null,null,null,null,null,null,"No","Dx",false,0]
["INon-ResidentialRetrofitRetrofitT5 FIXTUREST5 FIXTUREST5 fixture w 3 Lamps and 1 Electronic BallastFour-lamp Std. T8 fiamp Std. T8 fixturesPLighting_Interior_GeneralNND","IESO - Measure","Non-Residential","Retrofit","Lighting -Restaurant","T5 FIXTURES","T5 fixture w 3 Lamps and 1 Electronic Ballast","Four-lamp Std. T8 fixtures",5110,0.112,572.32000000000005,8.5999999999999993E-2,439.46,2.6000000000000009E-2,132.86000000000007,2.1770928337513248E-2,10,"PSP-Business-Restaurant-Lighting_Interior_General",92.209753017289913,"n/a","n/a",0,0,"No",null,null,null,null,null,null,null,"No","Dx",false,0]
["INon-ResidentialRetrofitRetrofitT5 FIXTUREST5 FIXTUREST5 fixture w 3 Lamps and 1 Electronic BallastFour-lamp Std. T8 fiamp Std. T8 fixturesPLighting_Interior_GeneralNND","IESO - Measure","Non-Residential","Retrofit","Lighting -Schools","T5 FIXTURES","T5 fixture w 3 Lamps and 1 Electronic Ballast","Four-lamp Std. T8 fixtures",2596,0.112,290.75200000000001,8.5999999999999993E-2,223.25599999999997,2.6000000000000009E-2,67.496000000000038,3.3996721525289776E-3,19,"PSP-Business-Schools-Lighting_Interior_General",92.010529327527308,"n/a","n/a",0,0,"No",null,null,null,null,null,null,null,"No","Dx",false,0]
["INon-ResidentialRetrofitRetrofitT5 FIXTUREST5 FIXTUREST5 fixture w 3 Lamps and 1 Electronic BallastFour-lamp Std. T8 fiamp Std. T8 fixturesPLighting_Interior_GeneralNND","IESO - Measure","Non-Residential","Retrofit","Lighting -University Colleges","T5 FIXTURES","T5 fixture w 3 Lamps and 1 Electronic Ballast","Four-lamp Std. T8 fixtures",3255,0.112,364.56,8.5999999999999993E-2,279.92999999999995,2.6000000000000009E-2,84.630000000000052,1.1220560180188202E-2,15,"PSP-Business-University_Colleges-Lighting_Interior_General",92.100964952008326,"n/a","n/a",0,0,"No",null,null,null,null,null,null,null,"No","Dx",false,0]
["INon-ResidentialRetrofitRetrofitT5 FIXTUREST5 FIXTUREST5 fixture w 3 Lamps and 1 Electronic BallastFour-lamp Std. T8 fiamp Std. T8 fixturesPLighting_Interior_GeneralNND","IESO - Measure","Non-Residential","Retrofit","Lighting -Warehouse Wholesale","T5 FIXTURES","T5 fixture w 3 Lamps and 1 Electronic Ballast","Four-lamp Std. T8 fixtures",3759,0.112,421.00799999999998,8.5999999999999993E-2,323.274,2.6000000000000009E-2,97.73399999999998,1.9020539999999996E-2,13,"PSP-Business-Warehouse_Wholesale-Lighting_Interior_General",92.152826474890574,"n/a","n/a",0,0,"No",null,null,null,null,null,null,null,"No","Dx",false,0]
["INon-ResidentialRetrofitRetrofitT5 MEDIUM AND HIGH BND HIGH BAY FIXTURES2-lamp HO T-5 fixtures (54W)250 W Probe Start Mee Start Metal HalidePighting_Interior_High_BayNND","IESO - Measure","Non-Residential","Retrofit","Lighting -Hospital","T5 MEDIUM AND HIGH BAY FIXTURES","2-lamp HO T-5 fixtures (54W)","250 W Probe Start Metal Halide",5182,0.29499999999999998,1528.6899999999998,0.11700000000000001,606.29399999999998,0.17799999999999999,922.39599999999984,0.12311874209416221,10,"PSP-Business-Hospital-Lighting_Interior_High_Bay",-11.229182429123156,"n/a","n/a",0,0,"No",null,null,null,null,null,null,null,"No","Dx",false,0]
["INon-ResidentialRetrofitRetrofitT5 MEDIUM AND HIGH BND HIGH BAY FIXTURES2-lamp HO T-5 fixtures (54W)250 W Probe Start Mee Start Metal HalidePighting_Interior_High_BayNND","IESO - Measure","Non-Residential","Retrofit","Lighting -Large Non-Food Retail","T5 MEDIUM AND HIGH BAY FIXTURES","2-lamp HO T-5 fixtures (54W)","250 W Probe Start Metal Halide",4089,0.29499999999999998,1206.2549999999999,0.11700000000000001,478.41300000000001,0.17799999999999999,727.84199999999987,0.10793984411359173,12,"PSP-Business-Large_Non_Food_Retail-Lighting_Interior_High_Bay",-19.97766383994589,"n/a","n/a",0,0,"No",null,null,null,null,null,null,null,"No","Dx",false,0]
["INon-ResidentialRetrofitRetrofitT5 MEDIUM AND HIGH BND HIGH BAY FIXTURES2-lamp HO T-5 fixtures (54W)250 W Probe Start Mee Start Metal HalidePighting_Interior_High_BayNND","IESO - Measure","Non-Residential","Retrofit","Lighting -Nursing Home","T5 MEDIUM AND HIGH BAY FIXTURES","2-lamp HO T-5 fixtures (54W)","250 W Probe Start Metal Halide",4308,0.29499999999999998,1270.8599999999999,0.11700000000000001,504.036,0.17799999999999999,766.82399999999984,0.11594915507812863,12,"PSP-Business-Nursing_Home-Lighting_Interior_High_Bay",-19.97766383994589,"n/a","n/a",0,0,"No",null,null,null,null,null,null,null,"No","Dx",false,0]
["INon-ResidentialRetrofitRetrofitT5 MEDIUM AND HIGH BND HIGH BAY FIXTURES2-lamp HO T-5 fixtures (54W)250 W Probe Start Mee Start Metal HalidePighting_Interior_High_BayNND","IESO - Measure","Non-Residential","Retrofit","Lighting -Other Commercial Buildings","T5 MEDIUM AND HIGH BAY FIXTURES","2-lamp HO T-5 fixtures (54W)","250 W Probe Start Metal Halide",2857,0.29499999999999998,842.81499999999994,0.11700000000000001,334.26900000000001,0.17799999999999999,508.54599999999994,8.603805894702822E-2,18,"PSP-Business-Other_Commercial_Buildings-Lighting_Interior_High_Bay",6.7895596361001225,"n/a","n/a",0,0,"No",null,null,null,null,null,null,null,"No","Dx",false,0]
["INon-ResidentialRetrofitRetrofitT5 MEDIUM AND HIGH BND HIGH BAY FIXTURES2-lamp HO T-5 fixtures (54W)250 W Probe Start Mee Start Metal HalidePighting_Interior_High_BayNND","IESO - Measure","Non-Residential","Retrofit","Lighting -Other Non-Food Retail","T5 MEDIUM AND HIGH BAY FIXTURES","2-lamp HO T-5 fixtures (54W)","250 W Probe Start Metal Halide",4089,0.29499999999999998,1206.2549999999999,0.11700000000000001,478.41300000000001,0.17799999999999999,727.84199999999987,0.15923801806596266,12,"PSP-Business-Other_Non_Food_Retail-Lighting_Interior_High_Bay",-19.97766383994589,"n/a","n/a",0,0,"No",null,null,null,null,null,null,null,"No","Dx",false,0]
["INon-ResidentialRetrofitRetrofitT5 MEDIUM AND HIGH BND HIGH BAY FIXTURES2-lamp HO T-5 fixtures (54W)250 W Probe Start Mee Start Metal HalidePighting_Interior_High_BayNND","IESO - Measure","Non-Residential","Retrofit","Lighting -Schools","T5 MEDIUM AND HIGH BAY FIXTURES","2-lamp HO T-5 fixtures (54W)","250 W Probe Start Metal Halide",2596,0.29499999999999998,765.81999999999994,0.11700000000000001,303.73200000000003,0.17799999999999999,462.08799999999991,2.3274678582698369E-2,19,"PSP-Business-Schools-Lighting_Interior_High_Bay",6.1854636754682701,"n/a","n/a",0,0,"No",null,null,null,null,null,null,null,"No","Dx",false,0]
["INon-ResidentialRetrofitRetrofitT5 MEDIUM AND HIGH BND HIGH BAY FIXTURES2-lamp HO T-5 fixtures (54W)250 W Probe Start Mee Start Metal HalidePighting_Interior_High_BayNND","IESO - Measure","Non-Residential","Retrofit","Lighting -University Colleges","T5 MEDIUM AND HIGH BAY FIXTURES","2-lamp HO T-5 fixtures (54W)","250 W Probe Start Metal Halide",3255,0.29499999999999998,960.22499999999991,0.11700000000000001,380.83500000000004,0.17799999999999999,579.38999999999987,7.6817681233596086E-2,15,"PSP-Business-University_Colleges-Lighting_Interior_High_Bay",-4.3978940529159729,"n/a","n/a",0,0,"No",null,null,null,null,null,null,null,"No","Dx",false,0]
["INon-ResidentialRetrofitRetrofitT5 MEDIUM AND HIGH BND HIGH BAY FIXTURES2-lamp HO T-5 fixtures (54W)250 W Probe Start Mee Start Metal HalidePighting_Interior_High_BayNND","IESO - Measure","Non-Residential","Retrofit","Lighting -Warehouse Wholesale","T5 MEDIUM AND HIGH BAY FIXTURES","2-lamp HO T-5 fixtures (54W)","250 W Probe Start Metal Halide",3759,0.29499999999999998,1108.905,0.11700000000000001,439.803,0.17799999999999999,669.10199999999998,0.13018149045804578,13,"PSP-Business-Warehouse_Wholesale-Lighting_Interior_High_Bay",3.0044082392041673,"n/a","n/a",0,0,"No",null,null,null,null,null,null,null,"No","Dx",false,0]
["INon-ResidentialRetrofitRetrofitT5 MEDIUM AND HIGH BND HIGH BAY FIXTURES4-lamp HO T-5 fixtures (54W)400 W Probe Start Mee Start Metal HalidePighting_Interior_High_BayNND","IESO - Measure","Non-Residential","Retrofit","Lighting -Hospital","T5 MEDIUM AND HIGH BAY FIXTURES","4-lamp HO T-5 fixtures (54W)","400 W Probe Start Metal Halide",5182,0.45,2331.9,0.224,1160.768,0.22600000000000001,1171.1320000000001,0.15631930176000372,10,"PSP-Business-Hospital-Lighting_Interior_High_Bay",39.321975861680627,"n/a","n/a",0,0,"No",null,null,null,null,null,null,null,"No","Dx",false,0]
["INon-ResidentialRetrofitRetrofitT5 MEDIUM AND HIGH BND HIGH BAY FIXTURES4-lamp HO T-5 fixtures (54W)400 W Probe Start Mee Start Metal HalidePighting_Interior_High_BayNND","IESO - Measure","Non-Residential","Retrofit","Lighting -Large Non-Food Retail","T5 MEDIUM AND HIGH BAY FIXTURES","4-lamp HO T-5 fixtures (54W)","400 W Probe Start Metal Halide",4089,0.45,1840.05,0.224,915.93600000000004,0.22600000000000001,924.11399999999992,0.13704721780714457,12,"PSP-Business-Large_Non_Food_Retail-Lighting_Interior_High_Bay",39.777388200875293,"n/a","n/a",0,0,"No",null,null,null,null,null,null,null,"No","Dx",false,0]
["INon-ResidentialRetrofitRetrofitT5 MEDIUM AND HIGH BND HIGH BAY FIXTURES4-lamp HO T-5 fixtures (54W)400 W Probe Start Mee Start Metal HalidePighting_Interior_High_BayNND","IESO - Measure","Non-Residential","Retrofit","Lighting -Nursing Home","T5 MEDIUM AND HIGH BAY FIXTURES","4-lamp HO T-5 fixtures (54W)","400 W Probe Start Metal Halide",4308,0.45,1938.6000000000001,0.224,964.99200000000008,0.22600000000000001,973.60800000000006,0.14721634296436559,12,"PSP-Business-Nursing_Home-Lighting_Interior_High_Bay",39.777388200875293,"n/a","n/a",0,0,"No",null,null,null,null,null,null,null,"No","Dx",false,0]
["INon-ResidentialRetrofitRetrofitT5 MEDIUM AND HIGH BND HIGH BAY FIXTURES4-lamp HO T-5 fixtures (54W)400 W Probe Start Mee Start Metal HalidePighting_Interior_High_BayNND","IESO - Measure","Non-Residential","Retrofit","Lighting -Other Commercial Buildings","T5 MEDIUM AND HIGH BAY FIXTURES","4-lamp HO T-5 fixtures (54W)","400 W Probe Start Metal Halide",2857,0.45,1285.6500000000001,0.224,639.96799999999996,0.22600000000000001,645.68200000000013,0.10923933326982239,18,"PSP-Business-Other_Commercial_Buildings-Lighting_Interior_High_Bay",40.570567687991954,"n/a","n/a",0,0,"No",null,null,null,null,null,null,null,"No","Dx",false,0]
["INon-ResidentialRetrofitRetrofitT5 MEDIUM AND HIGH BND HIGH BAY FIXTURES4-lamp HO T-5 fixtures (54W)400 W Probe Start Mee Start Metal HalidePighting_Interior_High_BayNND","IESO - Measure","Non-Residential","Retrofit","Lighting -Other Non-Food Retail","T5 MEDIUM AND HIGH BAY FIXTURES","4-lamp HO T-5 fixtures (54W)","400 W Probe Start Metal Halide",4089,0.45,1840.05,0.224,915.93600000000004,0.22600000000000001,924.11399999999992,0.20217860720734587,12,"PSP-Business-Other_Non_Food_Retail-Lighting_Interior_High_Bay",39.777388200875293,"n/a","n/a",0,0,"No",null,null,null,null,null,null,null,"No","Dx",false,0]
["INon-ResidentialRetrofitRetrofitT5 MEDIUM AND HIGH BND HIGH BAY FIXTURES4-lamp HO T-5 fixtures (54W)400 W Probe Start Mee Start Metal HalidePighting_Interior_High_BayNND","IESO - Measure","Non-Residential","Retrofit","Lighting -Schools","T5 MEDIUM AND HIGH BAY FIXTURES","4-lamp HO T-5 fixtures (54W)","400 W Probe Start Metal Halide",2596,0.45,1168.2,0.224,581.50400000000002,0.22600000000000001,586.69600000000003,2.955099640275187E-2,19,"PSP-Business-Schools-Lighting_Interior_High_Bay",40.91576537978159,"n/a","n/a",0,0,"No",null,null,null,null,null,null,null,"No","Dx",false,0]
["INon-ResidentialRetrofitRetrofitT5 MEDIUM AND HIGH BND HIGH BAY FIXTURES4-lamp HO T-5 fixtures (54W)400 W Probe Start Mee Start Metal HalidePighting_Interior_High_BayNND","IESO - Measure","Non-Residential","Retrofit","Lighting -University Colleges","T5 MEDIUM AND HIGH BAY FIXTURES","4-lamp HO T-5 fixtures (54W)","400 W Probe Start Metal Halide",3255,0.45,1464.75,0.224,729.12,0.22600000000000001,735.63,9.7532561566251244E-2,15,"PSP-Business-University_Colleges-Lighting_Interior_High_Bay",40.19228038393328,"n/a","n/a",0,0,"No",null,null,null,null,null,null,null,"No","Dx",false,0]
["INon-ResidentialRetrofitRetrofitT5 MEDIUM AND HIGH BND HIGH BAY FIXTURES4-lamp HO T-5 fixtures (54W)400 W Probe Start Mee Start Metal HalidePighting_Interior_High_BayNND","IESO - Measure","Non-Residential","Retrofit","Lighting -Warehouse Wholesale","T5 MEDIUM AND HIGH BAY FIXTURES","4-lamp HO T-5 fixtures (54W)","400 W Probe Start Metal Halide",3759,0.45,1691.55,0.224,842.01599999999996,0.22600000000000001,849.53399999999999,0.16528661148044016,13,"PSP-Business-Warehouse_Wholesale-Lighting_Interior_High_Bay",39.777388200875293,"n/a","n/a",0,0,"No",null,null,null,null,null,null,null,"No","Dx",false,0]
["INon-ResidentialRetrofitRetrofitT5 MEDIUM AND HIGH BND HIGH BAY FIXTURES6-lamp HO T-5 fixtures (54W)2 x 250 W Probe Stae Start Metal HalidePighting_Interior_High_BayNND","IESO - Measure","Non-Residential","Retrofit","Lighting -Hospital","T5 MEDIUM AND HIGH BAY FIXTURES","6-lamp HO T-5 fixtures (54W)"," 2 x 250 W Probe Start Metal Halide",5182,0.59,3057.3799999999997,0.35099999999999998,1818.8819999999998,0.23899999999999999,1238.4979999999998,0.16531112000283577,10,"PSP-Business-Hospital-Lighting_Interior_High_Bay",-55.521822616187393,"n/a","n/a",0,0,"No",null,null,null,null,null,null,null,"No","Dx",false,0]
["INon-ResidentialRetrofitRetrofitT5 MEDIUM AND HIGH BND HIGH BAY FIXTURES6-lamp HO T-5 fixtures (54W)2 x 250 W Probe Stae Start Metal HalidePighting_Interior_High_BayNND","IESO - Measure","Non-Residential","Retrofit","Lighting -Large Non-Food Retail","T5 MEDIUM AND HIGH BAY FIXTURES","6-lamp HO T-5 fixtures (54W)"," 2 x 250 W Probe Start Metal Halide",4089,0.59,2412.5099999999998,0.35099999999999998,1435.2389999999998,0.23899999999999999,977.27099999999996,0.14493046484914848,12,"PSP-Business-Large_Non_Food_Retail-Lighting_Interior_High_Bay",-73.815757031423544,"n/a","n/a",0,0,"No",null,null,null,null,null,null,null,"No","Dx",false,0]
["INon-ResidentialRetrofitRetrofitT5 MEDIUM AND HIGH BND HIGH BAY FIXTURES6-lamp HO T-5 fixtures (54W)2 x 250 W Probe Stae Start Metal HalidePighting_Interior_High_BayNND","IESO - Measure","Non-Residential","Retrofit","Lighting -Nursing Home","T5 MEDIUM AND HIGH BAY FIXTURES","6-lamp HO T-5 fixtures (54W)"," 2 x 250 W Probe Start Metal Halide",4308,0.59,2541.7199999999998,0.35099999999999998,1512.1079999999999,0.23899999999999999,1029.6119999999999,0.15568453968355472,12,"PSP-Business-Nursing_Home-Lighting_Interior_High_Bay",-73.815757031423544,"n/a","n/a",0,0,"No",null,null,null,null,null,null,null,"No","Dx",false,0]
["INon-ResidentialRetrofitRetrofitT5 MEDIUM AND HIGH BND HIGH BAY FIXTURES6-lamp HO T-5 fixtures (54W)2 x 250 W Probe Stae Start Metal HalidePighting_Interior_High_BayNND","IESO - Measure","Non-Residential","Retrofit","Lighting -Other Commercial Buildings","T5 MEDIUM AND HIGH BAY FIXTURES","6-lamp HO T-5 fixtures (54W)"," 2 x 250 W Probe Start Metal Halide",2857,0.59,1685.6299999999999,0.35099999999999998,1002.8069999999999,0.23899999999999999,682.82299999999998,0.11552301173224577,18,"PSP-Business-Other_Commercial_Buildings-Lighting_Interior_High_Bay",-21.669374181785685,"n/a","n/a",0,0,"No",null,null,null,null,null,null,null,"No","Dx",false,0]
["INon-ResidentialRetrofitRetrofitT5 MEDIUM AND HIGH BND HIGH BAY FIXTURES6-lamp HO T-5 fixtures (54W)2 x 250 W Probe Stae Start Metal HalidePighting_Interior_High_BayNND","IESO - Measure","Non-Residential","Retrofit","Lighting -Other Non-Food Retail","T5 MEDIUM AND HIGH BAY FIXTURES","6-lamp HO T-5 fixtures (54W)"," 2 x 250 W Probe Start Metal Halide",4089,0.59,2412.5099999999998,0.35099999999999998,1435.2389999999998,0.23899999999999999,977.27099999999996,0.21380835009980381,12,"PSP-Business-Other_Non_Food_Retail-Lighting_Interior_High_Bay",-73.815757031423544,"n/a","n/a",0,0,"No",null,null,null,null,null,null,null,"No","Dx",false,0]
["INon-ResidentialRetrofitRetrofitT5 MEDIUM AND HIGH BND HIGH BAY FIXTURES6-lamp HO T-5 fixtures (54W)2 x 250 W Probe Stae Start Metal HalidePighting_Interior_High_BayNND","IESO - Measure","Non-Residential","Retrofit","Lighting -Schools","T5 MEDIUM AND HIGH BAY FIXTURES","6-lamp HO T-5 fixtures (54W)"," 2 x 250 W Probe Start Metal Halide",2596,0.59,1531.6399999999999,0.35099999999999998,911.19599999999991,0.23899999999999999,620.44399999999996,3.1250832479016354E-2,19,"PSP-Business-Schools-Lighting_Interior_High_Bay",-23.481662063681256,"n/a","n/a",0,0,"No",null,null,null,null,null,null,null,"No","Dx",false,0]
["INon-ResidentialRetrofitRetrofitT5 MEDIUM AND HIGH BND HIGH BAY FIXTURES6-lamp HO T-5 fixtures (54W)2 x 250 W Probe Stae Start Metal HalidePighting_Interior_High_BayNND","IESO - Measure","Non-Residential","Retrofit","Lighting -University Colleges","T5 MEDIUM AND HIGH BAY FIXTURES","6-lamp HO T-5 fixtures (54W)"," 2 x 250 W Probe Start Metal Halide",3255,0.59,1920.4499999999998,0.35099999999999998,1142.5049999999999,0.23899999999999999,777.94499999999994,0.10314284165634534,15,"PSP-Business-University_Colleges-Lighting_Interior_High_Bay",-43.382278777715186,"n/a","n/a",0,0,"No",null,null,null,null,null,null,null,"No","Dx",false,0]
["INon-ResidentialRetrofitRetrofitT5 MEDIUM AND HIGH BND HIGH BAY FIXTURES6-lamp HO T-5 fixtures (54W)2 x 250 W Probe Stae Start Metal HalidePighting_Interior_High_BayNND","IESO - Measure","Non-Residential","Retrofit","Lighting -Warehouse Wholesale","T5 MEDIUM AND HIGH BAY FIXTURES","6-lamp HO T-5 fixtures (54W)"," 2 x 250 W Probe Start Metal Halide",3759,0.59,2217.81,0.35099999999999998,1319.4089999999999,0.23899999999999999,898.40100000000007,0.17479424842400532,13,"PSP-Business-Warehouse_Wholesale-Lighting_Interior_High_Bay",-27.851612873123429,"n/a","n/a",0,0,"No",null,null,null,null,null,null,null,"No","Dx",false,0]
["INon-ResidentialRetrofitRetrofitT5 MEDIUM AND HIGH BND HIGH BAY FIXTURES8-lamp HO T-5 fixtures (54W)3 x 250 W Probe Stae Start Metal HalidePighting_Interior_High_BayNND","IESO - Measure","Non-Residential","Retrofit","Lighting -Hospital","T5 MEDIUM AND HIGH BAY FIXTURES","8-lamp HO T-5 fixtures (54W)"," 3 x 250 W Probe Start Metal Halide",5182,0.88500000000000001,4586.07,0.44800000000000001,2321.5360000000001,0.437,2264.5339999999997,0.30226342862443195,10,"PSP-Business-Hospital-Lighting_Interior_High_Bay",-141.75100504531056,"n/a","n/a",0,0,"No",null,null,null,null,null,null,null,"No","Dx",false,0]
["INon-ResidentialRetrofitRetrofitT5 MEDIUM AND HIGH BND HIGH BAY FIXTURES8-lamp HO T-5 fixtures (54W)3 x 250 W Probe Stae Start Metal HalidePighting_Interior_High_BayNND","IESO - Measure","Non-Residential","Retrofit","Lighting -Large Non-Food Retail","T5 MEDIUM AND HIGH BAY FIXTURES","8-lamp HO T-5 fixtures (54W)"," 3 x 250 W Probe Start Metal Halide",4089,0.88500000000000001,3618.7649999999999,0.44800000000000001,1831.8720000000001,0.437,1786.8929999999998,0.26499838133505388,12,"PSP-Business-Large_Non_Food_Retail-Lighting_Interior_High_Bay",-168.79342087136939,"n/a","n/a",0,0,"No",null,null,null,null,null,null,null,"No","Dx",false,0]
["INon-ResidentialRetrofitRetrofitT5 MEDIUM AND HIGH BND HIGH BAY FIXTURES8-lamp HO T-5 fixtures (54W)3 x 250 W Probe Stae Start Metal HalidePighting_Interior_High_BayNND","IESO - Measure","Non-Residential","Retrofit","Lighting -Nursing Home","T5 MEDIUM AND HIGH BAY FIXTURES","8-lamp HO T-5 fixtures (54W)"," 3 x 250 W Probe Start Metal Halide",4308,0.88500000000000001,3812.58,0.44800000000000001,1929.9840000000002,0.437,1882.5959999999998,0.28466168971428207,12,"PSP-Business-Nursing_Home-Lighting_Interior_High_Bay",-168.79342087136939,"n/a","n/a",0,0,"No",null,null,null,null,null,null,null,"No","Dx",false,0]
["INon-ResidentialRetrofitRetrofitT5 MEDIUM AND HIGH BND HIGH BAY FIXTURES8-lamp HO T-5 fixtures (54W)3 x 250 W Probe Stae Start Metal HalidePighting_Interior_High_BayNND","IESO - Measure","Non-Residential","Retrofit","Lighting -Other Commercial Buildings","T5 MEDIUM AND HIGH BAY FIXTURES","8-lamp HO T-5 fixtures (54W)"," 3 x 250 W Probe Start Metal Halide",2857,0.88500000000000001,2528.4450000000002,0.44800000000000001,1279.9359999999999,0.437,1248.5090000000002,0.21122826831377159,18,"PSP-Business-Other_Commercial_Buildings-Lighting_Interior_High_Bay",-89.879814545685605,"n/a","n/a",0,0,"No",null,null,null,null,null,null,null,"No","Dx",false,0]
["INon-ResidentialRetrofitRetrofitT5 MEDIUM AND HIGH BND HIGH BAY FIXTURES8-lamp HO T-5 fixtures (54W)3 x 250 W Probe Stae Start Metal HalidePighting_Interior_High_BayNND","IESO - Measure","Non-Residential","Retrofit","Lighting -Other Non-Food Retail","T5 MEDIUM AND HIGH BAY FIXTURES","8-lamp HO T-5 fixtures (54W)"," 3 x 250 W Probe Start Metal Halide",4089,0.88500000000000001,3618.7649999999999,0.44800000000000001,1831.8720000000001,0.437,1786.8929999999998,0.39093828030800942,12,"PSP-Business-Other_Non_Food_Retail-Lighting_Interior_High_Bay",-168.79342087136939,"n/a","n/a",0,0,"No",null,null,null,null,null,null,null,"No","Dx",false,0]
["INon-ResidentialRetrofitRetrofitT5 MEDIUM AND HIGH BND HIGH BAY FIXTURES8-lamp HO T-5 fixtures (54W)3 x 250 W Probe Stae Start Metal HalidePighting_Interior_High_BayNND","IESO - Measure","Non-Residential","Retrofit","Lighting -Schools","T5 MEDIUM AND HIGH BAY FIXTURES","8-lamp HO T-5 fixtures (54W)"," 3 x 250 W Probe Start Metal Halide",2596,0.88500000000000001,2297.46,0.44800000000000001,1163.008,0.437,1134.452,5.7140643486737017E-2,19,"PSP-Business-Schools-Lighting_Interior_High_Bay",-92.296198388213043,"n/a","n/a",0,0,"No",null,null,null,null,null,null,null,"No","Dx",false,0]
["INon-ResidentialRetrofitRetrofitT5 MEDIUM AND HIGH BND HIGH BAY FIXTURES8-lamp HO T-5 fixtures (54W)3 x 250 W Probe Stae Start Metal HalidePighting_Interior_High_BayNND","IESO - Measure","Non-Residential","Retrofit","Lighting -University Colleges","T5 MEDIUM AND HIGH BAY FIXTURES","8-lamp HO T-5 fixtures (54W)"," 3 x 250 W Probe Start Metal Halide",3255,0.88500000000000001,2880.6750000000002,0.44800000000000001,1458.24,0.437,1422.4350000000002,0.18859172302854779,15,"PSP-Business-University_Colleges-Lighting_Interior_High_Bay",-122.78017283063113,"n/a","n/a",0,0,"No",null,null,null,null,null,null,null,"No","Dx",false,0]
["INon-ResidentialRetrofitRetrofitT5 MEDIUM AND HIGH BND HIGH BAY FIXTURES8-lamp HO T-5 fixtures (54W)3 x 250 W Probe Stae Start Metal HalidePighting_Interior_High_BayNND","IESO - Measure","Non-Residential","Retrofit","Lighting -Warehouse Wholesale","T5 MEDIUM AND HIGH BAY FIXTURES","8-lamp HO T-5 fixtures (54W)"," 3 x 250 W Probe Start Metal Halide",3759,0.88500000000000001,3326.7150000000001,0.44800000000000001,1684.0319999999999,0.437,1642.6830000000002,0.31960287264138215,13,"PSP-Business-Warehouse_Wholesale-Lighting_Interior_High_Bay",-99.847204633919262,"n/a","n/a",0,0,"No",null,null,null,null,null,null,null,"No","Dx",false,0]
["INon-ResidentialRetrofitRetrofitT5 MEDIUM AND HIGH BND HIGH BAY FIXTURES10-lamp HO T-5 fixtures (54W)1000 W Metal HalideProbe Start BallastPighting_Interior_High_BayNND","IESO - Measure","Non-Residential","Retrofit","Lighting -Hospital","T5 MEDIUM AND HIGH BAY FIXTURES","10-lamp HO T-5 fixtures (54W)","1000 W Metal Halide with Probe Start Ballast",5182,1.075,5570.65,0.56000000000000005,2901.92,0.5149999999999999,2668.7299999999996,0.35621433808142439,10,"PSP-Business-Hospital-Lighting_Interior_High_Bay",123.65269757936818,"n/a","n/a",0,0,"No",null,null,null,null,null,null,null,"No","Dx",false,0]
["INon-ResidentialRetrofitRetrofitT5 MEDIUM AND HIGH BND HIGH BAY FIXTURES10-lamp HO T-5 fixtures (54W)1000 W Metal HalideProbe Start BallastPighting_Interior_High_BayNND","IESO - Measure","Non-Residential","Retrofit","Lighting -Large Non-Food Retail","T5 MEDIUM AND HIGH BAY FIXTURES","10-lamp HO T-5 fixtures (54W)","1000 W Metal Halide with Probe Start Ballast",4089,1.075,4395.6750000000002,0.56000000000000005,2289.84,0.5149999999999999,2105.835,0.31229786358707728,12,"PSP-Business-Large_Non_Food_Retail-Lighting_Interior_High_Bay",139.39545258018205,"n/a","n/a",0,0,"No",null,null,null,null,null,null,null,"No","Dx",false,0]
["INon-ResidentialRetrofitRetrofitT5 MEDIUM AND HIGH BND HIGH BAY FIXTURES10-lamp HO T-5 fixtures (54W)1000 W Metal HalideProbe Start BallastPighting_Interior_High_BayNND","IESO - Measure","Non-Residential","Retrofit","Lighting -Nursing Home","T5 MEDIUM AND HIGH BAY FIXTURES","10-lamp HO T-5 fixtures (54W)","1000 W Metal Halide with Probe Start Ballast",4308,1.075,4631.0999999999995,0.56000000000000005,2412.48,0.5149999999999999,2218.6199999999994,0.33547087002941711,12,"PSP-Business-Nursing_Home-Lighting_Interior_High_Bay",139.39545258018205,"n/a","n/a",0,0,"No",null,null,null,null,null,null,null,"No","Dx",false,0]
["INon-ResidentialRetrofitRetrofitT5 MEDIUM AND HIGH BND HIGH BAY FIXTURES10-lamp HO T-5 fixtures (54W)1000 W Metal HalideProbe Start BallastPighting_Interior_High_BayNND","IESO - Measure","Non-Residential","Retrofit","Lighting -Other Commercial Buildings","T5 MEDIUM AND HIGH BAY FIXTURES","10-lamp HO T-5 fixtures (54W)","1000 W Metal Halide with Probe Start Ballast",2857,1.075,3071.2750000000001,0.56000000000000005,1599.92,0.5149999999999999,1471.355,0.24893033908831202,18,"PSP-Business-Other_Commercial_Buildings-Lighting_Interior_High_Bay",139.24497741080825,"n/a","n/a",0,0,"No",null,null,null,null,null,null,null,"No","Dx",false,0]
["INon-ResidentialRetrofitRetrofitT5 MEDIUM AND HIGH BND HIGH BAY FIXTURES10-lamp HO T-5 fixtures (54W)1000 W Metal HalideProbe Start BallastPighting_Interior_High_BayNND","IESO - Measure","Non-Residential","Retrofit","Lighting -Other Non-Food Retail","T5 MEDIUM AND HIGH BAY FIXTURES","10-lamp HO T-5 fixtures (54W)","1000 W Metal Halide with Probe Start Ballast",4089,1.075,4395.6750000000002,0.56000000000000005,2289.84,0.5149999999999999,2105.835,0.46071673766275717,12,"PSP-Business-Other_Non_Food_Retail-Lighting_Interior_High_Bay",139.39545258018205,"n/a","n/a",0,0,"No",null,null,null,null,null,null,null,"No","Dx",false,0]
["INon-ResidentialRetrofitRetrofitT5 MEDIUM AND HIGH BND HIGH BAY FIXTURES10-lamp HO T-5 fixtures (54W)1000 W Metal HalideProbe Start BallastPighting_Interior_High_BayNND","IESO - Measure","Non-Residential","Retrofit","Lighting -Schools","T5 MEDIUM AND HIGH BAY FIXTURES","10-lamp HO T-5 fixtures (54W)","1000 W Metal Halide with Probe Start Ballast",2596,1.075,2790.7,0.56000000000000005,1453.7600000000002,0.5149999999999999,1336.9399999999996,6.7339659944323921E-2,19,"PSP-Business-Schools-Lighting_Interior_High_Bay",148.55577470605999,"n/a","n/a",0,0,"No",null,null,null,null,null,null,null,"No","Dx",false,0]
["INon-ResidentialRetrofitRetrofitT5 MEDIUM AND HIGH BND HIGH BAY FIXTURES10-lamp HO T-5 fixtures (54W)1000 W Metal HalideProbe Start BallastPighting_Interior_High_BayNND","IESO - Measure","Non-Residential","Retrofit","Lighting -University Colleges","T5 MEDIUM AND HIGH BAY FIXTURES","10-lamp HO T-5 fixtures (54W)","1000 W Metal Halide with Probe Start Ballast",3255,1.075,3499.125,0.56000000000000005,1822.8000000000002,0.5149999999999999,1676.3249999999998,0.2222534035691123,15,"PSP-Business-University_Colleges-Lighting_Interior_High_Bay",150.82156327928993,"n/a","n/a",0,0,"No",null,null,null,null,null,null,null,"No","Dx",false,0]
["INon-ResidentialRetrofitRetrofitT5 MEDIUM AND HIGH BND HIGH BAY FIXTURES10-lamp HO T-5 fixtures (54W)1000 W Metal HalideProbe Start BallastPighting_Interior_High_BayNND","IESO - Measure","Non-Residential","Retrofit","Lighting -Warehouse Wholesale","T5 MEDIUM AND HIGH BAY FIXTURES","10-lamp HO T-5 fixtures (54W)","1000 W Metal Halide with Probe Start Ballast",3759,1.075,4040.9249999999997,0.56000000000000005,2105.0400000000004,0.5149999999999999,1935.8849999999993,0.37664869430277276,13,"PSP-Business-Warehouse_Wholesale-Lighting_Interior_High_Bay",139.39545258018205,"n/a","n/a",0,0,"No",null,null,null,null,null,null,null,"No","Dx",false,0]
["INon-ResidentialRetrofitRetrofitT5 MEDIUM AND HIGH BND HIGH BAY FIXTURES12-lamp HO T-5 fixtures (54W)3 x 400 W Probe Stare Start Metal HalidePighting_Interior_High_BayNND","IESO - Measure","Non-Residential","Retrofit","Lighting -Hospital","T5 MEDIUM AND HIGH BAY FIXTURES","12-lamp HO T-5 fixtures (54W)","3 x 400 W Probe Start Metal Halide",5182,1.35,6995.7000000000007,0.67200000000000004,3482.3040000000001,0.67800000000000005,3513.3960000000006,0.46895790528001124,10,"PSP-Business-Hospital-Lighting_Interior_High_Bay",67.965927585041811,"n/a","n/a",0,0,"No",null,null,null,null,null,null,null,"No","Dx",false,0]
["INon-ResidentialRetrofitRetrofitT5 MEDIUM AND HIGH BND HIGH BAY FIXTURES12-lamp HO T-5 fixtures (54W)3 x 400 W Probe Stare Start Metal HalidePighting_Interior_High_BayNND","IESO - Measure","Non-Residential","Retrofit","Lighting -Large Non-Food Retail","T5 MEDIUM AND HIGH BAY FIXTURES","12-lamp HO T-5 fixtures (54W)","3 x 400 W Probe Start Metal Halide",4089,1.35,5520.1500000000005,0.67200000000000004,2747.808,0.67800000000000005,2772.3420000000006,0.41114165342143383,12,"PSP-Business-Large_Non_Food_Retail-Lighting_Interior_High_Bay",69.332164602625937,"n/a","n/a",0,0,"No",null,null,null,null,null,null,null,"No","Dx",false,0]
["INon-ResidentialRetrofitRetrofitT5 MEDIUM AND HIGH BND HIGH BAY FIXTURES12-lamp HO T-5 fixtures (54W)3 x 400 W Probe Stare Start Metal HalidePighting_Interior_High_BayNND","IESO - Measure","Non-Residential","Retrofit","Lighting -Nursing Home","T5 MEDIUM AND HIGH BAY FIXTURES","12-lamp HO T-5 fixtures (54W)","3 x 400 W Probe Start Metal Halide",4308,1.35,5815.8,0.67200000000000004,2894.9760000000001,0.67800000000000005,2920.8240000000001,0.44164902889309676,12,"PSP-Business-Nursing_Home-Lighting_Interior_High_Bay",69.332164602625937,"n/a","n/a",0,0,"No",null,null,null,null,null,null,null,"No","Dx",false,0]
["INon-ResidentialRetrofitRetrofitT5 MEDIUM AND HIGH BND HIGH BAY FIXTURES12-lamp HO T-5 fixtures (54W)3 x 400 W Probe Stare Start Metal HalidePighting_Interior_High_BayNND","IESO - Measure","Non-Residential","Retrofit","Lighting -Other Commercial Buildings","T5 MEDIUM AND HIGH BAY FIXTURES","12-lamp HO T-5 fixtures (54W)","3 x 400 W Probe Start Metal Halide",2857,1.35,3856.9500000000003,0.67200000000000004,1919.9040000000002,0.67800000000000005,1937.046,0.32771799980946709,18,"PSP-Business-Other_Commercial_Buildings-Lighting_Interior_High_Bay",71.711703063975904,"n/a","n/a",0,0,"No",null,null,null,null,null,null,null,"No","Dx",false,0]
["INon-ResidentialRetrofitRetrofitT5 MEDIUM AND HIGH BND HIGH BAY FIXTURES12-lamp HO T-5 fixtures (54W)3 x 400 W Probe Stare Start Metal HalidePighting_Interior_High_BayNND","IESO - Measure","Non-Residential","Retrofit","Lighting -Other Non-Food Retail","T5 MEDIUM AND HIGH BAY FIXTURES","12-lamp HO T-5 fixtures (54W)","3 x 400 W Probe Start Metal Halide",4089,1.35,5520.1500000000005,0.67200000000000004,2747.808,0.67800000000000005,2772.3420000000006,0.60653582162203767,12,"PSP-Business-Other_Non_Food_Retail-Lighting_Interior_High_Bay",69.332164602625937,"n/a","n/a",0,0,"No",null,null,null,null,null,null,null,"No","Dx",false,0]
["INon-ResidentialRetrofitRetrofitT5 MEDIUM AND HIGH BND HIGH BAY FIXTURES12-lamp HO T-5 fixtures (54W)3 x 400 W Probe Stare Start Metal HalidePighting_Interior_High_BayNND","IESO - Measure","Non-Residential","Retrofit","Lighting -Schools","T5 MEDIUM AND HIGH BAY FIXTURES","12-lamp HO T-5 fixtures (54W)","3 x 400 W Probe Start Metal Halide",2596,1.35,3504.6000000000004,0.67200000000000004,1744.5120000000002,0.67800000000000005,1760.0880000000002,8.8652989208255609E-2,19,"PSP-Business-Schools-Lighting_Interior_High_Bay",72.747296139344769,"n/a","n/a",0,0,"No",null,null,null,null,null,null,null,"No","Dx",false,0]
["INon-ResidentialRetrofitRetrofitT5 MEDIUM AND HIGH BND HIGH BAY FIXTURES12-lamp HO T-5 fixtures (54W)3 x 400 W Probe Stare Start Metal HalidePighting_Interior_High_BayNND","IESO - Measure","Non-Residential","Retrofit","Lighting -University Colleges","T5 MEDIUM AND HIGH BAY FIXTURES","12-lamp HO T-5 fixtures (54W)","3 x 400 W Probe Start Metal Halide",3255,1.35,4394.25,0.67200000000000004,2187.36,0.67800000000000005,2206.89,0.29259768469875369,15,"PSP-Business-University_Colleges-Lighting_Interior_High_Bay",70.576841151799897,"n/a","n/a",0,0,"No",null,null,null,null,null,null,null,"No","Dx",false,0]
["INon-ResidentialRetrofitRetrofitT5 MEDIUM AND HIGH BND HIGH BAY FIXTURES12-lamp HO T-5 fixtures (54W)3 x 400 W Probe Stare Start Metal HalidePighting_Interior_High_BayNND","IESO - Measure","Non-Residential","Retrofit","Lighting -Warehouse Wholesale","T5 MEDIUM AND HIGH BAY FIXTURES","12-lamp HO T-5 fixtures (54W)","3 x 400 W Probe Start Metal Halide",3759,1.35,5074.6500000000005,0.67200000000000004,2526.0480000000002,0.67800000000000005,2548.6020000000003,0.49585983444132059,13,"PSP-Business-Warehouse_Wholesale-Lighting_Interior_High_Bay",69.332164602625937,"n/a","n/a",0,0,"No",null,null,null,null,null,null,null,"No","Dx",false,0]
[{"$f":"CONCATENATE(TRIM(LEFT(B412,1)),TRIM(LEFT(C412,20)),TRIM(LEFT(D412,10)),TRIM(RIGHT(D412,10)),TRIM(LEFT(F412,20)),TRIM(RIGHT(F412,20)),TRIM(LEFT(G412,105)),TRIM(LEFT(H412,20)),TRIM(RIGHT(H412,20)),TRIM(LEFT(R412,1)),TRIM(RIGHT(R412,25)),TRIM(LEFT(X412,1)),TRIM(LEFT(AF412,1)),TRIM(LEFT(AG412,1)))","v":"INon-ResidentialHigh PerfonstructionSELF BALLASTED CERAMIC METAL HALIDE LAMP≤ 30 Watt PAR Ceramic Metal Halide75 W Halogen or 120gen or 120 W HalogenPng_Interior_ArchitecturalNND"},"IESO - Measure","Non-Residential","High Performance New Construction","Lighting  - General","SELF BALLASTED CERAMIC METAL HALIDE LAMP","≤ 30 Watt PAR Ceramic Metal Halide","75 W Halogen or 120 W Halogen",3721,9.8000000000000004E-2,364.65800000000002,2.4E-2,89.304000000000002,7.400000000000001E-2,275.35400000000004,4.6527765641025648E-2,4,"PSP-Business-Commercial-Lighting_Interior_Architectural",40.26,0.54,0.54,0,0,"No",null,null,null,null,null,null,null,"No","Dx",false,0]
["INon-ResidentialRetrofitRetrofitLOWER WATTAGE HID LAER WATTAGE HID LAMPS150 Watt Pulse Start Metal Halide Lamp and Ballast175 Watt Probe StartMH Lamp and BallastPighting_Interior_High_BayNND","IESO - Measure","Non-Residential","Retrofit","Lighting  - General","LOWER WATTAGE HID LAMPS","150 Watt Pulse Start Metal Halide Lamp and Ballast","175 Watt Probe Start MH Lamp and Ballast",4792,0.21,1006.3199999999999,0.16,766.72,4.9999999999999989E-2,239.59999999999991,4.048625641025639E-2,2,"PSP-Business-Commercial-Lighting_Interior_High_Bay",115.5,0.73399999999999999,0.72299999999999998,0,0,"No",null,null,null,null,null,null,null,"No","Dx",false,0]
["INon-ResidentialRetrofitRetrofitLOWER WATTAGE HID LAER WATTAGE HID LAMPS200 Watt Pulse Start Metal Halide Lamp and Ballast250 Watt Probe StartMH Lamp and BallastPighting_Interior_High_BayNND","IESO - Measure","Non-Residential","Retrofit","Lighting  - General","LOWER WATTAGE HID LAMPS","200 Watt Pulse Start Metal Halide Lamp and Ballast","250 Watt Probe Start MH Lamp and Ballast",4792,0.29499999999999998,1413.6399999999999,0.215,1030.28,7.9999999999999988E-2,383.3599999999999,6.4778010256410237E-2,2,"PSP-Business-Commercial-Lighting_Interior_High_Bay",141,"n/a","n/a",0,0,"No",null,null,null,null,null,null,null,"No","Dx",false,0]
["INon-ResidentialRetrofitRetrofitLOWER WATTAGE HID LAER WATTAGE HID LAMPS320 Watt Pulse Start Metal Halide Lamp and Ballast400 Watt Probe StartMH Lamp and BallastPighting_Interior_High_BayNND","IESO - Measure","Non-Residential","Retrofit","Lighting  - General","LOWER WATTAGE HID LAMPS","320 Watt Pulse Start Metal Halide Lamp and Ballast","400 Watt Probe Start MH Lamp and Ballast",4792,0.45,2156.4,0.34499999999999997,1653.2399999999998,0.10500000000000004,503.16000000000031,8.5021138461538512E-2,4,"PSP-Business-Commercial-Lighting_Interior_High_Bay",139,"n/a","n/a",0,0,"No",null,null,null,null,null,null,null,"No","Dx",false,0]
["INon-ResidentialRetrofitRetrofitLOWER WATTAGE HID LAER WATTAGE HID LAMPS350 Watt Pulse Start Metal Halide Lamp and Ballast400 Watt Probe StartMH Lamp and BallastPighting_Interior_High_BayNND","IESO - Measure","Non-Residential","Retrofit","Lighting  - General","LOWER WATTAGE HID LAMPS","350 Watt Pulse Start Metal Halide Lamp and Ballast","400 Watt Probe Start MH Lamp and Ballast",4792,0.45,2156.4,0.375,1797,7.5000000000000011E-2,359.40000000000009,6.072938461538463E-2,4,"PSP-Business-Commercial-Lighting_Interior_High_Bay",141,"n/a","n/a",0,0,"No",null,null,null,null,null,null,null,"No","Dx",false,0]
["INon-ResidentialHigh PerfonstructionOCCUPANCY SENSORSOCCUPANCY SENSORSSwitch plate mountedNo occupancy sensorNo occupancy sensorP-Lighting_Interior_OfficeNND","IESO - Measure","Non-Residential","High Performance New Construction","Lighting Control","OCCUPANCY SENSORS","Switch plate mounted","No occupancy sensor",4000,0.2,800,0.2,800,0,0,0,10,"PSP-Business-Commercial-Lighting_Interior_Office",100,0.54,0.54,0,0,"No",null,null,null,null,null,null,null,"No","Dx",false,0]
["INon-ResidentialHigh PerfonstructionOCCUPANCY SENSORSOCCUPANCY SENSORSCeiling mountedNo occupancy sensorNo occupancy sensorP-Lighting_Interior_OfficeNND","IESO - Measure","Non-Residential","High Performance New Construction","Lighting Control","OCCUPANCY SENSORS","Ceiling mounted","No occupancy sensor",4000,0.2,800,0.2,800,0,0,0,10,"PSP-Business-Commercial-Lighting_Interior_Office",100,0.54,0.54,0,0,"No",null,null,null,null,null,null,null,"No","Dx",false,0]
["INon-ResidentialRetrofitRetrofitREDUCED WATTAGE T8 RRE-LAMPING (28W T8)One 28W Lamp for One Lamp FixtureSingle-lamp Std. T8d. T8 fixtures (32W)PLighting_Interior_GeneralNND","IESO - Measure","Non-Residential","Retrofit","Lighting -Food Retail","REDUCED WATTAGE T8 RE-LAMPING (28W T8)","One 28W Lamp for One Lamp Fixture","Single-lamp Std. T8 fixtures (32W)",6074,0.03,182.22,2.5000000000000001E-2,151.85,4.9999999999999975E-3,30.370000000000005,4.3140801723962532E-3,5,"PSP-Business-Food_Retail-Lighting_Interior_General",-1.3490482075807542,"n/a","n/a",0,0,"No",null,null,null,null,null,null,null,"No","Dx",false,0]
["INon-ResidentialRetrofitRetrofitREDUCED WATTAGE T8 RRE-LAMPING (28W T8)One 28W Lamp for One Lamp FixtureSingle-lamp Std. T8d. T8 fixtures (32W)PLighting_Interior_GeneralNND","IESO - Measure","Non-Residential","Retrofit","Lighting -Hospital","REDUCED WATTAGE T8 RE-LAMPING (28W T8)","One 28W Lamp for One Lamp Fixture","Single-lamp Std. T8 fixtures (32W)",5182,0.03,155.46,2.5000000000000001E-2,129.55000000000001,4.9999999999999975E-3,25.909999999999997,3.458391631858489E-3,6,"PSP-Business-Hospital-Lighting_Interior_General",-1.2302341580950511,"n/a","n/a",0,0,"No",null,null,null,null,null,null,null,"No","Dx",false,0]
["INon-ResidentialRetrofitRetrofitREDUCED WATTAGE T8 RRE-LAMPING (28W T8)One 28W Lamp for One Lamp FixtureSingle-lamp Std. T8d. T8 fixtures (32W)PLighting_Interior_GeneralNND","IESO - Measure","Non-Residential","Retrofit","Lighting -Large Hotel (Corridor/Lobby)","REDUCED WATTAGE T8 RE-LAMPING (28W T8)","One 28W Lamp for One Lamp Fixture","Single-lamp Std. T8 fixtures (32W)",7884,0.03,236.51999999999998,2.5000000000000001E-2,197.10000000000002,4.9999999999999975E-3,39.419999999999959,4.7613297562423005E-3,4,"PSP-Business-Large_Hotel (Corridor/Lobby)-Lighting_Interior_General",-1.3490482075807542,"n/a","n/a",0,0,"No",null,null,null,null,null,null,null,"No","Dx",false,0]
["INon-ResidentialRetrofitRetrofitREDUCED WATTAGE T8 RRE-LAMPING (28W T8)One 28W Lamp for One Lamp FixtureSingle-lamp Std. T8d. T8 fixtures (32W)PLighting_Interior_GeneralNND","IESO - Measure","Non-Residential","Retrofit","Lighting -Large Non-Food Retail","REDUCED WATTAGE T8 RE-LAMPING (28W T8)","One 28W Lamp for One Lamp Fixture","Single-lamp Std. T8 fixtures (32W)",4089,0.03,122.67,2.5000000000000001E-2,102.22500000000001,4.9999999999999975E-3,20.444999999999993,3.0320180930784187E-3,7,"PSP-Business-Large_Non_Food_Retail-Lighting_Interior_General",-1.1181454321651429,"n/a","n/a",0,0,"No",null,null,null,null,null,null,null,"No","Dx",false,0]
["INon-ResidentialRetrofitRetrofitREDUCED WATTAGE T8 RRE-LAMPING (28W T8)One 28W Lamp for One Lamp FixtureSingle-lamp Std. T8d. T8 fixtures (32W)PLighting_Interior_GeneralNND","IESO - Measure","Non-Residential","Retrofit","Lighting -Large Office","REDUCED WATTAGE T8 RE-LAMPING (28W T8)","One 28W Lamp for One Lamp Fixture","Single-lamp Std. T8 fixtures (32W)",3610,0.03,108.3,2.5000000000000001E-2,90.25,4.9999999999999975E-3,18.049999999999997,3.0507972432334616E-3,8,"PSP-Business-Large_Office-Lighting_Interior_General",-1.0124013510991912,"n/a","n/a",0,0,"No",null,null,null,null,null,null,null,"No","Dx",false,0]
["INon-ResidentialRetrofitRetrofitREDUCED WATTAGE T8 RRE-LAMPING (28W T8)One 28W Lamp for One Lamp FixtureSingle-lamp Std. T8d. T8 fixtures (32W)PLighting_Interior_GeneralNND","IESO - Measure","Non-Residential","Retrofit","Lighting -Nursing Home","REDUCED WATTAGE T8 RE-LAMPING (28W T8)","One 28W Lamp for One Lamp Fixture","Single-lamp Std. T8 fixtures (32W)",4308,0.03,129.24,2.5000000000000001E-2,107.7,4.9999999999999975E-3,21.540000000000006,3.2569987381496821E-3,7,"PSP-Business-Nursing_Home-Lighting_Interior_General",-1.1181454321651429,"n/a","n/a",0,0,"No",null,null,null,null,null,null,null,"No","Dx",false,0]
["INon-ResidentialRetrofitRetrofitREDUCED WATTAGE T8 RRE-LAMPING (28W T8)One 28W Lamp for One Lamp FixtureSingle-lamp Std. T8d. T8 fixtures (32W)PLighting_Interior_GeneralNND","IESO - Measure","Non-Residential","Retrofit","Lighting -Other Commercial Buildings","REDUCED WATTAGE T8 RE-LAMPING (28W T8)","One 28W Lamp for One Lamp Fixture","Single-lamp Std. T8 fixtures (32W)",2857,0.03,85.71,2.5000000000000001E-2,71.424999999999997,4.9999999999999975E-3,14.284999999999997,2.4167994086243877E-3,11,"PSP-Business-Other_Commercial_Buildings-Lighting_Interior_General",-0.91264278405583976,"n/a","n/a",0,0,"No",null,null,null,null,null,null,null,"No","Dx",false,0]
["INon-ResidentialRetrofitRetrofitREDUCED WATTAGE T8 RRE-LAMPING (28W T8)One 28W Lamp for One Lamp FixtureSingle-lamp Std. T8d. T8 fixtures (32W)PLighting_Interior_GeneralNND","IESO - Measure","Non-Residential","Retrofit","Lighting -Other Hotel Motel (Corridor/Lobby)","REDUCED WATTAGE T8 RE-LAMPING (28W T8)","One 28W Lamp for One Lamp Fixture","Single-lamp Std. T8 fixtures (32W)",7884,0.03,236.51999999999998,2.5000000000000001E-2,197.10000000000002,4.9999999999999975E-3,39.419999999999959,4.7613298819545102E-3,4,"PSP-Business-Other_Hotel_Motel (Corridor/Lobby)-Lighting_Interior_General",-1.3490482075807542,"n/a","n/a",0,0,"No",null,null,null,null,null,null,null,"No","Dx",false,0]
["INon-ResidentialRetrofitRetrofitREDUCED WATTAGE T8 RRE-LAMPING (28W T8)One 28W Lamp for One Lamp FixtureSingle-lamp Std. T8d. T8 fixtures (32W)PLighting_Interior_GeneralNND","IESO - Measure","Non-Residential","Retrofit","Lighting -Other Non-Food Retail","REDUCED WATTAGE T8 RE-LAMPING (28W T8)","One 28W Lamp for One Lamp Fixture","Single-lamp Std. T8 fixtures (32W)",4089,0.03,122.67,2.5000000000000001E-2,102.22500000000001,4.9999999999999975E-3,20.444999999999993,4.4729780355607478E-3,7,"PSP-Business-Other_Non_Food_Retail-Lighting_Interior_General",-1.1181454321651429,"n/a","n/a",0,0,"No",null,null,null,null,null,null,null,"No","Dx",false,0]
["INon-ResidentialRetrofitRetrofitREDUCED WATTAGE T8 RRE-LAMPING (28W T8)One 28W Lamp for One Lamp FixtureSingle-lamp Std. T8d. T8 fixtures (32W)PLighting_Interior_GeneralNND","IESO - Measure","Non-Residential","Retrofit","Lighting -Other Office","REDUCED WATTAGE T8 RE-LAMPING (28W T8)","One 28W Lamp for One Lamp Fixture","Single-lamp Std. T8 fixtures (32W)",3610,0.03,108.3,2.5000000000000001E-2,90.25,4.9999999999999975E-3,18.049999999999997,3.0507972432334616E-3,8,"PSP-Business-Other_Office-Lighting_Interior_General",-1.0124013510991912,"n/a","n/a",0,0,"No",null,null,null,null,null,null,null,"No","Dx",false,0]
["INon-ResidentialRetrofitRetrofitREDUCED WATTAGE T8 RRE-LAMPING (28W T8)One 28W Lamp for One Lamp FixtureSingle-lamp Std. T8d. T8 fixtures (32W)PLighting_Interior_GeneralNND","IESO - Measure","Non-Residential","Retrofit","Lighting -Restaurant","REDUCED WATTAGE T8 RE-LAMPING (28W T8)","One 28W Lamp for One Lamp Fixture","Single-lamp Std. T8 fixtures (32W)",5110,0.03,153.29999999999998,2.5000000000000001E-2,127.75,4.9999999999999975E-3,25.549999999999983,4.1867169879833124E-3,6,"PSP-Business-Restaurant-Lighting_Interior_General",-1.2302341580950511,"n/a","n/a",0,0,"No",null,null,null,null,null,null,null,"No","Dx",false,0]
["INon-ResidentialRetrofitRetrofitREDUCED WATTAGE T8 RRE-LAMPING (28W T8)One 28W Lamp for One Lamp FixtureSingle-lamp Std. T8d. T8 fixtures (32W)PLighting_Interior_GeneralNND","IESO - Measure","Non-Residential","Retrofit","Lighting -Schools","REDUCED WATTAGE T8 RE-LAMPING (28W T8)","One 28W Lamp for One Lamp Fixture","Single-lamp Std. T8 fixtures (32W)",2596,0.03,77.88,2.5000000000000001E-2,64.900000000000006,4.9999999999999975E-3,12.97999999999999,6.5378310625557184E-4,12,"PSP-Business-Schools-Lighting_Interior_General",-0.81853092835456653,"n/a","n/a",0,0,"No",null,null,null,null,null,null,null,"No","Dx",false,0]
["INon-ResidentialRetrofitRetrofitREDUCED WATTAGE T8 RRE-LAMPING (28W T8)One 28W Lamp for One Lamp FixtureSingle-lamp Std. T8d. T8 fixtures (32W)PLighting_Interior_GeneralNND","IESO - Measure","Non-Residential","Retrofit","Lighting -University Colleges","REDUCED WATTAGE T8 RE-LAMPING (28W T8)","One 28W Lamp for One Lamp Fixture","Single-lamp Std. T8 fixtures (32W)",3255,0.03,97.649999999999991,2.5000000000000001E-2,81.375,4.9999999999999975E-3,16.274999999999991,2.1578000346515747E-3,9,"PSP-Business-University_Colleges-Lighting_Interior_General",-1.0124013510991912,"n/a","n/a",0,0,"No",null,null,null,null,null,null,null,"No","Dx",false,0]
["INon-ResidentialRetrofitRetrofitREDUCED WATTAGE T8 RRE-LAMPING (28W T8)One 28W Lamp for One Lamp FixtureSingle-lamp Std. T8d. T8 fixtures (32W)PLighting_Interior_GeneralNND","IESO - Measure","Non-Residential","Retrofit","Lighting -Warehouse Wholesale","REDUCED WATTAGE T8 RE-LAMPING (28W T8)","One 28W Lamp for One Lamp Fixture","Single-lamp Std. T8 fixtures (32W)",3759,0.03,112.77,2.5000000000000001E-2,93.975000000000009,4.9999999999999975E-3,18.794999999999987,3.6577961538461511E-3,8,"PSP-Business-Warehouse_Wholesale-Lighting_Interior_General",-1.1181454321651429,"n/a","n/a",0,0,"No",null,null,null,null,null,null,null,"No","Dx",false,0]
["INon-ResidentialRetrofitRetrofitREDUCED WATTAGE T8 RRE-LAMPING (28W T8)Two 28W Lamps for Two Lamp FixtureTwo-lamp Std. T8 fixd. T8 fixtures (32W)PLighting_Interior_GeneralNND","IESO - Measure","Non-Residential","Retrofit","Lighting -Food Retail","REDUCED WATTAGE T8 RE-LAMPING (28W T8)","Two 28W Lamps for Two Lamp Fixture","Two-lamp Std. T8 fixtures (32W)",6074,5.8000000000000003E-2,352.29200000000003,4.8000000000000001E-2,291.55200000000002,1.0000000000000002E-2,60.740000000000009,8.6281603447925063E-3,5,"PSP-Business-Food_Retail-Lighting_Interior_General",-2.6980964151615083,"n/a","n/a",0,0,"No",null,null,null,null,null,null,null,"No","Dx",false,0]
["INon-ResidentialRetrofitRetrofitREDUCED WATTAGE T8 RRE-LAMPING (28W T8)Two 28W Lamps for Two Lamp FixtureTwo-lamp Std. T8 fixd. T8 fixtures (32W)PLighting_Interior_GeneralNND","IESO - Measure","Non-Residential","Retrofit","Lighting -Hospital","REDUCED WATTAGE T8 RE-LAMPING (28W T8)","Two 28W Lamps for Two Lamp Fixture","Two-lamp Std. T8 fixtures (32W)",5182,5.8000000000000003E-2,300.55600000000004,4.8000000000000001E-2,248.73600000000002,1.0000000000000002E-2,51.820000000000022,6.9167832637169815E-3,6,"PSP-Business-Hospital-Lighting_Interior_General",-2.4604683161901022,"n/a","n/a",0,0,"No",null,null,null,null,null,null,null,"No","Dx",false,0]
["INon-ResidentialRetrofitRetrofitREDUCED WATTAGE T8 RRE-LAMPING (28W T8)Two 28W Lamps for Two Lamp FixtureTwo-lamp Std. T8 fixd. T8 fixtures (32W)PLighting_Interior_GeneralNND","IESO - Measure","Non-Residential","Retrofit","Lighting -Large Hotel (Corridor/Lobby)","REDUCED WATTAGE T8 RE-LAMPING (28W T8)","Two 28W Lamps for Two Lamp Fixture","Two-lamp Std. T8 fixtures (32W)",7884,5.8000000000000003E-2,457.27200000000005,4.8000000000000001E-2,378.43200000000002,1.0000000000000002E-2,78.840000000000032,9.5226595124846148E-3,4,"PSP-Business-Large_Hotel (Corridor/Lobby)-Lighting_Interior_General",-2.6980964151615083,"n/a","n/a",0,0,"No",null,null,null,null,null,null,null,"No","Dx",false,0]
["INon-ResidentialRetrofitRetrofitREDUCED WATTAGE T8 RRE-LAMPING (28W T8)Two 28W Lamps for Two Lamp FixtureTwo-lamp Std. T8 fixd. T8 fixtures (32W)PLighting_Interior_GeneralNND","IESO - Measure","Non-Residential","Retrofit","Lighting -Large Non-Food Retail","REDUCED WATTAGE T8 RE-LAMPING (28W T8)","Two 28W Lamps for Two Lamp Fixture","Two-lamp Std. T8 fixtures (32W)",4089,5.8000000000000003E-2,237.16200000000001,4.8000000000000001E-2,196.27199999999999,1.0000000000000002E-2,40.890000000000015,6.0640361861568426E-3,7,"PSP-Business-Large_Non_Food_Retail-Lighting_Interior_General",-2.2362908643302859,"n/a","n/a",0,0,"No",null,null,null,null,null,null,null,"No","Dx",false,0]
["INon-ResidentialRetrofitRetrofitREDUCED WATTAGE T8 RRE-LAMPING (28W T8)Two 28W Lamps for Two Lamp FixtureTwo-lamp Std. T8 fixd. T8 fixtures (32W)PLighting_Interior_GeneralNND","IESO - Measure","Non-Residential","Retrofit","Lighting -Large Office","REDUCED WATTAGE T8 RE-LAMPING (28W T8)","Two 28W Lamps for Two Lamp Fixture","Two-lamp Std. T8 fixtures (32W)",3610,5.8000000000000003E-2,209.38000000000002,4.8000000000000001E-2,173.28,1.0000000000000002E-2,36.100000000000023,6.1015944864669276E-3,8,"PSP-Business-Large_Office-Lighting_Interior_General",-2.0248027021983823,"n/a","n/a",0,0,"No",null,null,null,null,null,null,null,"No","Dx",false,0]
["INon-ResidentialRetrofitRetrofitREDUCED WATTAGE T8 RRE-LAMPING (28W T8)Two 28W Lamps for Two Lamp FixtureTwo-lamp Std. T8 fixd. T8 fixtures (32W)PLighting_Interior_GeneralNND","IESO - Measure","Non-Residential","Retrofit","Lighting -Nursing Home","REDUCED WATTAGE T8 RE-LAMPING (28W T8)","Two 28W Lamps for Two Lamp Fixture","Two-lamp Std. T8 fixtures (32W)",4308,5.8000000000000003E-2,249.864,4.8000000000000001E-2,206.78399999999999,1.0000000000000002E-2,43.080000000000013,6.5139974762993642E-3,7,"PSP-Business-Nursing_Home-Lighting_Interior_General",-2.2362908643302859,"n/a","n/a",0,0,"No",null,null,null,null,null,null,null,"No","Dx",false,0]
["INon-ResidentialRetrofitRetrofitREDUCED WATTAGE T8 RRE-LAMPING (28W T8)Two 28W Lamps for Two Lamp FixtureTwo-lamp Std. T8 fixd. T8 fixtures (32W)PLighting_Interior_GeneralNND","IESO - Measure","Non-Residential","Retrofit","Lighting -Other Commercial Buildings","REDUCED WATTAGE T8 RE-LAMPING (28W T8)","Two 28W Lamps for Two Lamp Fixture","Two-lamp Std. T8 fixtures (32W)",2857,5.8000000000000003E-2,165.70600000000002,4.8000000000000001E-2,137.136,1.0000000000000002E-2,28.570000000000022,4.8335988172487805E-3,11,"PSP-Business-Other_Commercial_Buildings-Lighting_Interior_General",-1.8252855681116795,"n/a","n/a",0,0,"No",null,null,null,null,null,null,null,"No","Dx",false,0]
["INon-ResidentialRetrofitRetrofitREDUCED WATTAGE T8 RRE-LAMPING (28W T8)Two 28W Lamps for Two Lamp FixtureTwo-lamp Std. T8 fixd. T8 fixtures (32W)PLighting_Interior_GeneralNND","IESO - Measure","Non-Residential","Retrofit","Lighting -Other Hotel Motel (Corridor/Lobby)","REDUCED WATTAGE T8 RE-LAMPING (28W T8)","Two 28W Lamps for Two Lamp Fixture","Two-lamp Std. T8 fixtures (32W)",7884,5.8000000000000003E-2,457.27200000000005,4.8000000000000001E-2,378.43200000000002,1.0000000000000002E-2,78.840000000000032,9.5226597639090343E-3,4,"PSP-Business-Other_Hotel_Motel (Corridor/Lobby)-Lighting_Interior_General",-2.6980964151615083,"n/a","n/a",0,0,"No",null,null,null,null,null,null,null,"No","Dx",false,0]
["INon-ResidentialRetrofitRetrofitREDUCED WATTAGE T8 RRE-LAMPING (28W T8)Two 28W Lamps for Two Lamp FixtureTwo-lamp Std. T8 fixd. T8 fixtures (32W)PLighting_Interior_GeneralNND","IESO - Measure","Non-Residential","Retrofit","Lighting -Other Non-Food Retail","REDUCED WATTAGE T8 RE-LAMPING (28W T8)","Two 28W Lamps for Two Lamp Fixture","Two-lamp Std. T8 fixtures (32W)",4089,5.8000000000000003E-2,237.16200000000001,4.8000000000000001E-2,196.27199999999999,1.0000000000000002E-2,40.890000000000015,8.9459560711215007E-3,7,"PSP-Business-Other_Non_Food_Retail-Lighting_Interior_General",-2.2362908643302859,"n/a","n/a",0,0,"No",null,null,null,null,null,null,null,"No","Dx",false,0]
["INon-ResidentialRetrofitRetrofitREDUCED WATTAGE T8 RRE-LAMPING (28W T8)Two 28W Lamps for Two Lamp FixtureTwo-lamp Std. T8 fixd. T8 fixtures (32W)PLighting_Interior_GeneralNND","IESO - Measure","Non-Residential","Retrofit","Lighting -Other Office","REDUCED WATTAGE T8 RE-LAMPING (28W T8)","Two 28W Lamps for Two Lamp Fixture","Two-lamp Std. T8 fixtures (32W)",3610,5.8000000000000003E-2,209.38000000000002,4.8000000000000001E-2,173.28,1.0000000000000002E-2,36.100000000000023,6.1015944864669276E-3,8,"PSP-Business-Other_Office-Lighting_Interior_General",-2.0248027021983823,"n/a","n/a",0,0,"No",null,null,null,null,null,null,null,"No","Dx",false,0]
["INon-ResidentialRetrofitRetrofitREDUCED WATTAGE T8 RRE-LAMPING (28W T8)Two 28W Lamps for Two Lamp FixtureTwo-lamp Std. T8 fixd. T8 fixtures (32W)PLighting_Interior_GeneralNND","IESO - Measure","Non-Residential","Retrofit","Lighting -Restaurant","REDUCED WATTAGE T8 RE-LAMPING (28W T8)","Two 28W Lamps for Two Lamp Fixture","Two-lamp Std. T8 fixtures (32W)",5110,5.8000000000000003E-2,296.38,4.8000000000000001E-2,245.28,1.0000000000000002E-2,51.099999999999994,8.37343397596663E-3,6,"PSP-Business-Restaurant-Lighting_Interior_General",-2.4604683161901022,"n/a","n/a",0,0,"No",null,null,null,null,null,null,null,"No","Dx",false,0]
["INon-ResidentialRetrofitRetrofitREDUCED WATTAGE T8 RRE-LAMPING (28W T8)Two 28W Lamps for Two Lamp FixtureTwo-lamp Std. T8 fixd. T8 fixtures (32W)PLighting_Interior_GeneralNND","IESO - Measure","Non-Residential","Retrofit","Lighting -Schools","REDUCED WATTAGE T8 RE-LAMPING (28W T8)","Two 28W Lamps for Two Lamp Fixture","Two-lamp Std. T8 fixtures (32W)",2596,5.8000000000000003E-2,150.56800000000001,4.8000000000000001E-2,124.608,1.0000000000000002E-2,25.960000000000008,1.307566212511145E-3,12,"PSP-Business-Schools-Lighting_Interior_General",-1.6370618567091331,"n/a","n/a",0,0,"No",null,null,null,null,null,null,null,"No","Dx",false,0]
["INon-ResidentialRetrofitRetrofitREDUCED WATTAGE T8 RRE-LAMPING (28W T8)Two 28W Lamps for Two Lamp FixtureTwo-lamp Std. T8 fixd. T8 fixtures (32W)PLighting_Interior_GeneralNND","IESO - Measure","Non-Residential","Retrofit","Lighting -University Colleges","REDUCED WATTAGE T8 RE-LAMPING (28W T8)","Two 28W Lamps for Two Lamp Fixture","Two-lamp Std. T8 fixtures (32W)",3255,5.8000000000000003E-2,188.79000000000002,4.8000000000000001E-2,156.24,1.0000000000000002E-2,32.550000000000011,4.3156000693031537E-3,9,"PSP-Business-University_Colleges-Lighting_Interior_General",-2.0248027021983823,"n/a","n/a",0,0,"No",null,null,null,null,null,null,null,"No","Dx",false,0]
["INon-ResidentialRetrofitRetrofitREDUCED WATTAGE T8 RRE-LAMPING (28W T8)Two 28W Lamps for Two Lamp FixtureTwo-lamp Std. T8 fixd. T8 fixtures (32W)PLighting_Interior_GeneralNND","IESO - Measure","Non-Residential","Retrofit","Lighting -Warehouse Wholesale","REDUCED WATTAGE T8 RE-LAMPING (28W T8)","Two 28W Lamps for Two Lamp Fixture","Two-lamp Std. T8 fixtures (32W)",3759,5.8000000000000003E-2,218.02200000000002,4.8000000000000001E-2,180.43200000000002,1.0000000000000002E-2,37.590000000000003,7.3155923076923075E-3,8,"PSP-Business-Warehouse_Wholesale-Lighting_Interior_General",-2.2362908643302859,"n/a","n/a",0,0,"No",null,null,null,null,null,null,null,"No","Dx",false,0]
["INon-ResidentialRetrofitRetrofitREDUCED WATTAGE T8 RRE-LAMPING (28W T8)Three 28W Lamps for Three Lamp FixtureThree-lamp Std. T8 fd. T8 fixtures (32W)PLighting_Interior_GeneralNND","IESO - Measure","Non-Residential","Retrofit","Lighting -Food Retail","REDUCED WATTAGE T8 RE-LAMPING (28W T8)","Three 28W Lamps for Three Lamp Fixture","Three-lamp Std. T8 fixtures (32W)",6074,8.5000000000000006E-2,516.29000000000008,6.5000000000000002E-2,394.81,2.0000000000000004E-2,121.48000000000008,1.725632068958502E-2,5,"PSP-Business-Food_Retail-Lighting_Interior_General",-4.0471446227422607,"n/a","n/a",0,0,"No",null,null,null,null,null,null,null,"No","Dx",false,0]
["INon-ResidentialRetrofitRetrofitREDUCED WATTAGE T8 RRE-LAMPING (28W T8)Three 28W Lamps for Three Lamp FixtureThree-lamp Std. T8 fd. T8 fixtures (32W)PLighting_Interior_GeneralNND","IESO - Measure","Non-Residential","Retrofit","Lighting -Hospital","REDUCED WATTAGE T8 RE-LAMPING (28W T8)","Three 28W Lamps for Three Lamp Fixture","Three-lamp Std. T8 fixtures (32W)",5182,8.5000000000000006E-2,440.47,6.5000000000000002E-2,336.83,2.0000000000000004E-2,103.64000000000004,1.3833566527433963E-2,6,"PSP-Business-Hospital-Lighting_Interior_General",-3.6907024742851533,"n/a","n/a",0,0,"No",null,null,null,null,null,null,null,"No","Dx",false,0]
["INon-ResidentialRetrofitRetrofitREDUCED WATTAGE T8 RRE-LAMPING (28W T8)Three 28W Lamps for Three Lamp FixtureThree-lamp Std. T8 fd. T8 fixtures (32W)PLighting_Interior_GeneralNND","IESO - Measure","Non-Residential","Retrofit","Lighting -Large Hotel (Corridor/Lobby)","REDUCED WATTAGE T8 RE-LAMPING (28W T8)","Three 28W Lamps for Three Lamp Fixture","Three-lamp Std. T8 fixtures (32W)",7884,8.5000000000000006E-2,670.1400000000001,6.5000000000000002E-2,512.46,2.0000000000000004E-2,157.68000000000006,1.904531902496923E-2,4,"PSP-Business-Large_Hotel (Corridor/Lobby)-Lighting_Interior_General",-4.0471446227422607,"n/a","n/a",0,0,"No",null,null,null,null,null,null,null,"No","Dx",false,0]
["INon-ResidentialRetrofitRetrofitREDUCED WATTAGE T8 RRE-LAMPING (28W T8)Three 28W Lamps for Three Lamp FixtureThree-lamp Std. T8 fd. T8 fixtures (32W)PLighting_Interior_GeneralNND","IESO - Measure","Non-Residential","Retrofit","Lighting -Large Non-Food Retail","REDUCED WATTAGE T8 RE-LAMPING (28W T8)","Three 28W Lamps for Three Lamp Fixture","Three-lamp Std. T8 fixtures (32W)",4089,8.5000000000000006E-2,347.565,6.5000000000000002E-2,265.78500000000003,2.0000000000000004E-2,81.779999999999973,1.2128072372313675E-2,7,"PSP-Business-Large_Non_Food_Retail-Lighting_Interior_General",-3.3544362964954271,"n/a","n/a",0,0,"No",null,null,null,null,null,null,null,"No","Dx",false,0]
["INon-ResidentialRetrofitRetrofitREDUCED WATTAGE T8 RRE-LAMPING (28W T8)Three 28W Lamps for Three Lamp FixtureThree-lamp Std. T8 fd. T8 fixtures (32W)PLighting_Interior_GeneralNND","IESO - Measure","Non-Residential","Retrofit","Lighting -Large Office","REDUCED WATTAGE T8 RE-LAMPING (28W T8)","Three 28W Lamps for Three Lamp Fixture","Three-lamp Std. T8 fixtures (32W)",3610,8.5000000000000006E-2,306.85000000000002,6.5000000000000002E-2,234.65,2.0000000000000004E-2,72.200000000000017,1.220318897293385E-2,8,"PSP-Business-Large_Office-Lighting_Interior_General",-3.0372040532975735,"n/a","n/a",0,0,"No",null,null,null,null,null,null,null,"No","Dx",false,0]
["INon-ResidentialRetrofitRetrofitREDUCED WATTAGE T8 RRE-LAMPING (28W T8)Three 28W Lamps for Three Lamp FixtureThree-lamp Std. T8 fd. T8 fixtures (32W)PLighting_Interior_GeneralNND","IESO - Measure","Non-Residential","Retrofit","Lighting -Nursing Home","REDUCED WATTAGE T8 RE-LAMPING (28W T8)","Three 28W Lamps for Three Lamp Fixture","Three-lamp Std. T8 fixtures (32W)",4308,8.5000000000000006E-2,366.18,6.5000000000000002E-2,280.02,2.0000000000000004E-2,86.160000000000025,1.3027994952598728E-2,7,"PSP-Business-Nursing_Home-Lighting_Interior_General",-3.3544362964954271,"n/a","n/a",0,0,"No",null,null,null,null,null,null,null,"No","Dx",false,0]
["INon-ResidentialRetrofitRetrofitREDUCED WATTAGE T8 RRE-LAMPING (28W T8)Three 28W Lamps for Three Lamp FixtureThree-lamp Std. T8 fd. T8 fixtures (32W)PLighting_Interior_GeneralNND","IESO - Measure","Non-Residential","Retrofit","Lighting -Other Commercial Buildings","REDUCED WATTAGE T8 RE-LAMPING (28W T8)","Three 28W Lamps for Three Lamp Fixture","Three-lamp Std. T8 fixtures (32W)",2857,8.5000000000000006E-2,242.84500000000003,6.5000000000000002E-2,185.70500000000001,2.0000000000000004E-2,57.140000000000015,9.6671976344975576E-3,11,"PSP-Business-Other_Commercial_Buildings-Lighting_Interior_General",-2.7379283521675202,"n/a","n/a",0,0,"No",null,null,null,null,null,null,null,"No","Dx",false,0]
["INon-ResidentialRetrofitRetrofitREDUCED WATTAGE T8 RRE-LAMPING (28W T8)Three 28W Lamps for Three Lamp FixtureThree-lamp Std. T8 fd. T8 fixtures (32W)PLighting_Interior_GeneralNND","IESO - Measure","Non-Residential","Retrofit","Lighting -Other Hotel Motel (Corridor/Lobby)","REDUCED WATTAGE T8 RE-LAMPING (28W T8)","Three 28W Lamps for Three Lamp Fixture","Three-lamp Std. T8 fixtures (32W)",7884,8.5000000000000006E-2,670.1400000000001,6.5000000000000002E-2,512.46,2.0000000000000004E-2,157.68000000000006,1.9045319527818069E-2,4,"PSP-Business-Other_Hotel_Motel (Corridor/Lobby)-Lighting_Interior_General",-4.0471446227422607,"n/a","n/a",0,0,"No",null,null,null,null,null,null,null,"No","Dx",false,0]
["INon-ResidentialRetrofitRetrofitREDUCED WATTAGE T8 RRE-LAMPING (28W T8)Three 28W Lamps for Three Lamp FixtureThree-lamp Std. T8 fd. T8 fixtures (32W)PLighting_Interior_GeneralNND","IESO - Measure","Non-Residential","Retrofit","Lighting -Other Non-Food Retail","REDUCED WATTAGE T8 RE-LAMPING (28W T8)","Three 28W Lamps for Three Lamp Fixture","Three-lamp Std. T8 fixtures (32W)",4089,8.5000000000000006E-2,347.565,6.5000000000000002E-2,265.78500000000003,2.0000000000000004E-2,81.779999999999973,1.7891912142242991E-2,7,"PSP-Business-Other_Non_Food_Retail-Lighting_Interior_General",-3.3544362964954271,"n/a","n/a",0,0,"No",null,null,null,null,null,null,null,"No","Dx",false,0]
["INon-ResidentialRetrofitRetrofitREDUCED WATTAGE T8 RRE-LAMPING (28W T8)Three 28W Lamps for Three Lamp FixtureThree-lamp Std. T8 fd. T8 fixtures (32W)PLighting_Interior_GeneralNND","IESO - Measure","Non-Residential","Retrofit","Lighting -Other Office","REDUCED WATTAGE T8 RE-LAMPING (28W T8)","Three 28W Lamps for Three Lamp Fixture","Three-lamp Std. T8 fixtures (32W)",3610,8.5000000000000006E-2,306.85000000000002,6.5000000000000002E-2,234.65,2.0000000000000004E-2,72.200000000000017,1.220318897293385E-2,8,"PSP-Business-Other_Office-Lighting_Interior_General",-3.0372040532975735,"n/a","n/a",0,0,"No",null,null,null,null,null,null,null,"No","Dx",false,0]
["INon-ResidentialRetrofitRetrofitREDUCED WATTAGE T8 RRE-LAMPING (28W T8)Three 28W Lamps for Three Lamp FixtureThree-lamp Std. T8 fd. T8 fixtures (32W)PLighting_Interior_GeneralNND","IESO - Measure","Non-Residential","Retrofit","Lighting -Restaurant","REDUCED WATTAGE T8 RE-LAMPING (28W T8)","Three 28W Lamps for Three Lamp Fixture","Three-lamp Std. T8 fixtures (32W)",5110,8.5000000000000006E-2,434.35,6.5000000000000002E-2,332.15000000000003,2.0000000000000004E-2,102.19999999999999,1.674686795193326E-2,6,"PSP-Business-Restaurant-Lighting_Interior_General",-3.6907024742851533,"n/a","n/a",0,0,"No",null,null,null,null,null,null,null,"No","Dx",false,0]
["INon-ResidentialRetrofitRetrofitREDUCED WATTAGE T8 RRE-LAMPING (28W T8)Three 28W Lamps for Three Lamp FixtureThree-lamp Std. T8 fd. T8 fixtures (32W)PLighting_Interior_GeneralNND","IESO - Measure","Non-Residential","Retrofit","Lighting -Schools","REDUCED WATTAGE T8 RE-LAMPING (28W T8)","Three 28W Lamps for Three Lamp Fixture","Three-lamp Std. T8 fixtures (32W)",2596,8.5000000000000006E-2,220.66000000000003,6.5000000000000002E-2,168.74,2.0000000000000004E-2,51.920000000000016,2.61513242502229E-3,12,"PSP-Business-Schools-Lighting_Interior_General",-2.4555927850636987,"n/a","n/a",0,0,"No",null,null,null,null,null,null,null,"No","Dx",false,0]
["INon-ResidentialRetrofitRetrofitREDUCED WATTAGE T8 RRE-LAMPING (28W T8)Three 28W Lamps for Three Lamp FixtureThree-lamp Std. T8 fd. T8 fixtures (32W)PLighting_Interior_GeneralNND","IESO - Measure","Non-Residential","Retrofit","Lighting -University Colleges","REDUCED WATTAGE T8 RE-LAMPING (28W T8)","Three 28W Lamps for Three Lamp Fixture","Three-lamp Std. T8 fixtures (32W)",3255,8.5000000000000006E-2,276.67500000000001,6.5000000000000002E-2,211.57500000000002,2.0000000000000004E-2,65.099999999999994,8.6312001386063038E-3,9,"PSP-Business-University_Colleges-Lighting_Interior_General",-3.0372040532975735,"n/a","n/a",0,0,"No",null,null,null,null,null,null,null,"No","Dx",false,0]
["INon-ResidentialRetrofitRetrofitREDUCED WATTAGE T8 RRE-LAMPING (28W T8)Three 28W Lamps for Three Lamp FixtureThree-lamp Std. T8 fd. T8 fixtures (32W)PLighting_Interior_GeneralNND","IESO - Measure","Non-Residential","Retrofit","Lighting -Warehouse Wholesale","REDUCED WATTAGE T8 RE-LAMPING (28W T8)","Three 28W Lamps for Three Lamp Fixture","Three-lamp Std. T8 fixtures (32W)",3759,8.5000000000000006E-2,319.51500000000004,6.5000000000000002E-2,244.33500000000001,2.0000000000000004E-2,75.180000000000035,1.4631184615384622E-2,8,"PSP-Business-Warehouse_Wholesale-Lighting_Interior_General",-3.3544362964954271,"n/a","n/a",0,0,"No",null,null,null,null,null,null,null,"No","Dx",false,0]
["INon-ResidentialRetrofitRetrofitREDUCED WATTAGE T8 RRE-LAMPING (28W T8)Four 28W Lamps for Four Lamp FixtureFour-lamp Std. T8 fid. T8 fixtures (32W)PLighting_Interior_GeneralNND","IESO - Measure","Non-Residential","Retrofit","Lighting -Food Retail","REDUCED WATTAGE T8 RE-LAMPING (28W T8)","Four 28W Lamps for Four Lamp Fixture","Four-lamp Std. T8 fixtures (32W)",6074,0.112,680.28800000000001,8.5999999999999993E-2,522.36399999999992,2.6000000000000009E-2,157.92400000000009,2.2433216896460523E-2,5,"PSP-Business-Food_Retail-Lighting_Interior_General",-5.3961928303230167,"n/a","n/a",0,0,"No",null,null,null,null,null,null,null,"No","Dx",false,0]
["INon-ResidentialRetrofitRetrofitREDUCED WATTAGE T8 RRE-LAMPING (28W T8)Four 28W Lamps for Four Lamp FixtureFour-lamp Std. T8 fid. T8 fixtures (32W)PLighting_Interior_GeneralNND","IESO - Measure","Non-Residential","Retrofit","Lighting -Hospital","REDUCED WATTAGE T8 RE-LAMPING (28W T8)","Four 28W Lamps for Four Lamp Fixture","Four-lamp Std. T8 fixtures (32W)",5182,0.112,580.38400000000001,8.5999999999999993E-2,445.65199999999999,2.6000000000000009E-2,134.73200000000003,1.7983636485664149E-2,6,"PSP-Business-Hospital-Lighting_Interior_General",-4.9209366323802044,"n/a","n/a",0,0,"No",null,null,null,null,null,null,null,"No","Dx",false,0]
["INon-ResidentialRetrofitRetrofitREDUCED WATTAGE T8 RRE-LAMPING (28W T8)Four 28W Lamps for Four Lamp FixtureFour-lamp Std. T8 fid. T8 fixtures (32W)PLighting_Interior_GeneralNND","IESO - Measure","Non-Residential","Retrofit","Lighting -Large Hotel (Corridor/Lobby)","REDUCED WATTAGE T8 RE-LAMPING (28W T8)","Four 28W Lamps for Four Lamp Fixture","Four-lamp Std. T8 fixtures (32W)",7884,0.112,883.00800000000004,8.5999999999999993E-2,678.024,2.6000000000000009E-2,204.98400000000004,2.4758914732459995E-2,4,"PSP-Business-Large_Hotel (Corridor/Lobby)-Lighting_Interior_General",-5.3961928303230167,"n/a","n/a",0,0,"No",null,null,null,null,null,null,null,"No","Dx",false,0]
["INon-ResidentialRetrofitRetrofitREDUCED WATTAGE T8 RRE-LAMPING (28W T8)Four 28W Lamps for Four Lamp FixtureFour-lamp Std. T8 fid. T8 fixtures (32W)PLighting_Interior_GeneralNND","IESO - Measure","Non-Residential","Retrofit","Lighting -Large Non-Food Retail","REDUCED WATTAGE T8 RE-LAMPING (28W T8)","Four 28W Lamps for Four Lamp Fixture","Four-lamp Std. T8 fixtures (32W)",4089,0.112,457.96800000000002,8.5999999999999993E-2,351.654,2.6000000000000009E-2,106.31400000000002,1.5766494084007789E-2,7,"PSP-Business-Large_Non_Food_Retail-Lighting_Interior_General",-4.4725817286605718,"n/a","n/a",0,0,"No",null,null,null,null,null,null,null,"No","Dx",false,0]
["INon-ResidentialRetrofitRetrofitREDUCED WATTAGE T8 RRE-LAMPING (28W T8)Four 28W Lamps for Four Lamp FixtureFour-lamp Std. T8 fid. T8 fixtures (32W)PLighting_Interior_GeneralNND","IESO - Measure","Non-Residential","Retrofit","Lighting -Large Office","REDUCED WATTAGE T8 RE-LAMPING (28W T8)","Four 28W Lamps for Four Lamp Fixture","Four-lamp Std. T8 fixtures (32W)",3610,0.112,404.32,8.5999999999999993E-2,310.45999999999998,2.6000000000000009E-2,93.860000000000014,1.5864145664814006E-2,8,"PSP-Business-Large_Office-Lighting_Interior_General",-4.0496054043967646,"n/a","n/a",0,0,"No",null,null,null,null,null,null,null,"No","Dx",false,0]
["INon-ResidentialRetrofitRetrofitREDUCED WATTAGE T8 RRE-LAMPING (28W T8)Four 28W Lamps for Four Lamp FixtureFour-lamp Std. T8 fid. T8 fixtures (32W)PLighting_Interior_GeneralNND","IESO - Measure","Non-Residential","Retrofit","Lighting -Nursing Home","REDUCED WATTAGE T8 RE-LAMPING (28W T8)","Four 28W Lamps for Four Lamp Fixture","Four-lamp Std. T8 fixtures (32W)",4308,0.112,482.49600000000004,8.5999999999999993E-2,370.48799999999994,2.6000000000000009E-2,112.0080000000001,1.6936393438378355E-2,7,"PSP-Business-Nursing_Home-Lighting_Interior_General",-4.4725817286605718,"n/a","n/a",0,0,"No",null,null,null,null,null,null,null,"No","Dx",false,0]
["INon-ResidentialRetrofitRetrofitREDUCED WATTAGE T8 RRE-LAMPING (28W T8)Four 28W Lamps for Four Lamp FixtureFour-lamp Std. T8 fid. T8 fixtures (32W)PLighting_Interior_GeneralNND","IESO - Measure","Non-Residential","Retrofit","Lighting -Other Commercial Buildings","REDUCED WATTAGE T8 RE-LAMPING (28W T8)","Four 28W Lamps for Four Lamp Fixture","Four-lamp Std. T8 fixtures (32W)",2857,0.112,319.98399999999998,8.5999999999999993E-2,245.70199999999997,2.6000000000000009E-2,74.282000000000011,1.2567356924846822E-2,11,"PSP-Business-Other_Commercial_Buildings-Lighting_Interior_General",-3.650571136223359,"n/a","n/a",0,0,"No",null,null,null,null,null,null,null,"No","Dx",false,0]
["INon-ResidentialRetrofitRetrofitREDUCED WATTAGE T8 RRE-LAMPING (28W T8)Four 28W Lamps for Four Lamp FixtureFour-lamp Std. T8 fid. T8 fixtures (32W)PLighting_Interior_GeneralNND","IESO - Measure","Non-Residential","Retrofit","Lighting -Other Hotel Motel (Corridor/Lobby)","REDUCED WATTAGE T8 RE-LAMPING (28W T8)","Four 28W Lamps for Four Lamp Fixture","Four-lamp Std. T8 fixtures (32W)",7884,0.112,883.00800000000004,8.5999999999999993E-2,678.024,2.6000000000000009E-2,204.98400000000004,2.4758915386163483E-2,4,"PSP-Business-Other_Hotel_Motel (Corridor/Lobby)-Lighting_Interior_General",-5.3961928303230167,"n/a","n/a",0,0,"No",null,null,null,null,null,null,null,"No","Dx",false,0]
["INon-ResidentialRetrofitRetrofitREDUCED WATTAGE T8 RRE-LAMPING (28W T8)Four 28W Lamps for Four Lamp FixtureFour-lamp Std. T8 fid. T8 fixtures (32W)PLighting_Interior_GeneralNND","IESO - Measure","Non-Residential","Retrofit","Lighting -Other Non-Food Retail","REDUCED WATTAGE T8 RE-LAMPING (28W T8)","Four 28W Lamps for Four Lamp Fixture","Four-lamp Std. T8 fixtures (32W)",4089,0.112,457.96800000000002,8.5999999999999993E-2,351.654,2.6000000000000009E-2,106.31400000000002,2.32594857849159E-2,7,"PSP-Business-Other_Non_Food_Retail-Lighting_Interior_General",-4.4725817286605718,"n/a","n/a",0,0,"No",null,null,null,null,null,null,null,"No","Dx",false,0]
["INon-ResidentialRetrofitRetrofitREDUCED WATTAGE T8 RRE-LAMPING (28W T8)Four 28W Lamps for Four Lamp FixtureFour-lamp Std. T8 fid. T8 fixtures (32W)PLighting_Interior_GeneralNND","IESO - Measure","Non-Residential","Retrofit","Lighting -Other Office","REDUCED WATTAGE T8 RE-LAMPING (28W T8)","Four 28W Lamps for Four Lamp Fixture","Four-lamp Std. T8 fixtures (32W)",3610,0.112,404.32,8.5999999999999993E-2,310.45999999999998,2.6000000000000009E-2,93.860000000000014,1.5864145664814006E-2,8,"PSP-Business-Other_Office-Lighting_Interior_General",-4.0496054043967646,"n/a","n/a",0,0,"No",null,null,null,null,null,null,null,"No","Dx",false,0]
["INon-ResidentialRetrofitRetrofitREDUCED WATTAGE T8 RRE-LAMPING (28W T8)Four 28W Lamps for Four Lamp FixtureFour-lamp Std. T8 fid. T8 fixtures (32W)PLighting_Interior_GeneralNND","IESO - Measure","Non-Residential","Retrofit","Lighting -Restaurant","REDUCED WATTAGE T8 RE-LAMPING (28W T8)","Four 28W Lamps for Four Lamp Fixture","Four-lamp Std. T8 fixtures (32W)",5110,0.112,572.32000000000005,8.5999999999999993E-2,439.46,2.6000000000000009E-2,132.86000000000007,2.1770928337513248E-2,6,"PSP-Business-Restaurant-Lighting_Interior_General",-4.9209366323802044,"n/a","n/a",0,0,"No",null,null,null,null,null,null,null,"No","Dx",false,0]
["INon-ResidentialRetrofitRetrofitREDUCED WATTAGE T8 RRE-LAMPING (28W T8)Four 28W Lamps for Four Lamp FixtureFour-lamp Std. T8 fid. T8 fixtures (32W)PLighting_Interior_GeneralNND","IESO - Measure","Non-Residential","Retrofit","Lighting -Schools","REDUCED WATTAGE T8 RE-LAMPING (28W T8)","Four 28W Lamps for Four Lamp Fixture","Four-lamp Std. T8 fixtures (32W)",2596,0.112,290.75200000000001,8.5999999999999993E-2,223.25599999999997,2.6000000000000009E-2,67.496000000000038,3.3996721525289776E-3,12,"PSP-Business-Schools-Lighting_Interior_General",-3.2741237134182661,"n/a","n/a",0,0,"No",null,null,null,null,null,null,null,"No","Dx",false,0]
["INon-ResidentialRetrofitRetrofitREDUCED WATTAGE T8 RRE-LAMPING (28W T8)Four 28W Lamps for Four Lamp FixtureFour-lamp Std. T8 fid. T8 fixtures (32W)PLighting_Interior_GeneralNND","IESO - Measure","Non-Residential","Retrofit","Lighting -University Colleges","REDUCED WATTAGE T8 RE-LAMPING (28W T8)","Four 28W Lamps for Four Lamp Fixture","Four-lamp Std. T8 fixtures (32W)",3255,0.112,364.56,8.5999999999999993E-2,279.92999999999995,2.6000000000000009E-2,84.630000000000052,1.1220560180188202E-2,9,"PSP-Business-University_Colleges-Lighting_Interior_General",-4.0496054043967646,"n/a","n/a",0,0,"No",null,null,null,null,null,null,null,"No","Dx",false,0]
["INon-ResidentialRetrofitRetrofitREDUCED WATTAGE T8 RRE-LAMPING (28W T8)Four 28W Lamps for Four Lamp FixtureFour-lamp Std. T8 fid. T8 fixtures (32W)PLighting_Interior_GeneralNND","IESO - Measure","Non-Residential","Retrofit","Lighting -Warehouse Wholesale","REDUCED WATTAGE T8 RE-LAMPING (28W T8)","Four 28W Lamps for Four Lamp Fixture","Four-lamp Std. T8 fixtures (32W)",3759,0.112,421.00799999999998,8.5999999999999993E-2,323.274,2.6000000000000009E-2,97.73399999999998,1.9020539999999996E-2,8,"PSP-Business-Warehouse_Wholesale-Lighting_Interior_General",-4.4725817286605718,"n/a","n/a",0,0,"No",null,null,null,null,null,null,null,"No","Dx",false,0]
["INon-ResidentialRetrofitRetrofitREDUCED WATTAGE T8 RRE-LAMPING (25W T8)One 25W Lamp for One Lamp FixtureSingle-lamp Std. T8d. T8 fixtures (32W)PLighting_Interior_GeneralNND","IESO - Measure","Non-Residential","Retrofit","Lighting -Food Retail","REDUCED WATTAGE T8 RE-LAMPING (25W T8)","One 25W Lamp for One Lamp Fixture","Single-lamp Std. T8 fixtures (32W)",6074,0.03,182.22,2.3E-2,139.702,6.9999999999999993E-3,42.518000000000001,6.0397122413547531E-3,5,"PSP-Business-Food_Retail-Lighting_Interior_General",-0.84904820758075417,"n/a","n/a",0,0,"No",null,null,null,null,null,null,null,"No","Dx",false,0]
[{"$f":"CONCATENATE(TRIM(LEFT(B476,1)),TRIM(LEFT(C476,20)),TRIM(LEFT(D476,10)),TRIM(RIGHT(D476,10)),TRIM(LEFT(F476,20)),TRIM(RIGHT(F476,20)),TRIM(LEFT(G476,105)),TRIM(LEFT(H476,20)),TRIM(RIGHT(H476,20)),TRIM(LEFT(R476,1)),TRIM(RIGHT(R476,25)),TRIM(LEFT(X476,1)),TRIM(LEFT(AF476,1)),TRIM(LEFT(AG476,1)))","v":"INon-ResidentialRetrofitRetrofitREDUCED WATTAGE T8 RRE-LAMPING (25W T8)One 25W Lamp for One Lamp FixtureSingle-lamp Std. T8d. T8 fixtures (32W)PLighting_Interior_GeneralNND"},"IESO - Measure","Non-Residential","Retrofit","Lighting -Hospital","REDUCED WATTAGE T8 RE-LAMPING (25W T8)","One 25W Lamp for One Lamp Fixture","Single-lamp Std. T8 fixtures (32W)",5182,0.03,155.46,2.3E-2,119.18599999999999,6.9999999999999993E-3,36.274000000000015,4.8417482846018871E-3,6,"PSP-Business-Hospital-Lighting_Interior_General",-0.7302341580950511,"n/a","n/a",0,0,"No",null,null,null,null,null,null,null,"No","Dx",false,0]
["INon-ResidentialRetrofitRetrofitREDUCED WATTAGE T8 RRE-LAMPING (25W T8)One 25W Lamp for One Lamp FixtureSingle-lamp Std. T8d. T8 fixtures (32W)PLighting_Interior_GeneralNND","IESO - Measure","Non-Residential","Retrofit","Lighting -Large Hotel (Corridor/Lobby)","REDUCED WATTAGE T8 RE-LAMPING (25W T8)","One 25W Lamp for One Lamp Fixture","Single-lamp Std. T8 fixtures (32W)",7884,0.03,236.51999999999998,2.3E-2,181.33199999999999,6.9999999999999993E-3,55.187999999999988,6.6658616587392267E-3,4,"PSP-Business-Large_Hotel (Corridor/Lobby)-Lighting_Interior_General",-0.84904820758075417,"n/a","n/a",0,0,"No",null,null,null,null,null,null,null,"No","Dx",false,0]
["INon-ResidentialRetrofitRetrofitREDUCED WATTAGE T8 RRE-LAMPING (25W T8)One 25W Lamp for One Lamp FixtureSingle-lamp Std. T8d. T8 fixtures (32W)PLighting_Interior_GeneralNND","IESO - Measure","Non-Residential","Retrofit","Lighting -Large Non-Food Retail","REDUCED WATTAGE T8 RE-LAMPING (25W T8)","One 25W Lamp for One Lamp Fixture","Single-lamp Std. T8 fixtures (32W)",4089,0.03,122.67,2.3E-2,94.046999999999997,6.9999999999999993E-3,28.623000000000005,4.2448253303097889E-3,7,"PSP-Business-Large_Non_Food_Retail-Lighting_Interior_General",-0.61814543216514295,"n/a","n/a",0,0,"No",null,null,null,null,null,null,null,"No","Dx",false,0]
["INon-ResidentialRetrofitRetrofitREDUCED WATTAGE T8 RRE-LAMPING (25W T8)One 25W Lamp for One Lamp FixtureSingle-lamp Std. T8d. T8 fixtures (32W)PLighting_Interior_GeneralNND","IESO - Measure","Non-Residential","Retrofit","Lighting -Large Office","REDUCED WATTAGE T8 RE-LAMPING (25W T8)","One 25W Lamp for One Lamp Fixture","Single-lamp Std. T8 fixtures (32W)",3610,0.03,108.3,2.3E-2,83.03,6.9999999999999993E-3,25.269999999999996,4.2711161405268455E-3,8,"PSP-Business-Large_Office-Lighting_Interior_General",-0.51240135109919116,"n/a","n/a",0,0,"No",null,null,null,null,null,null,null,"No","Dx",false,0]
["INon-ResidentialRetrofitRetrofitREDUCED WATTAGE T8 RRE-LAMPING (25W T8)One 25W Lamp for One Lamp FixtureSingle-lamp Std. T8d. T8 fixtures (32W)PLighting_Interior_GeneralNND","IESO - Measure","Non-Residential","Retrofit","Lighting -Nursing Home","REDUCED WATTAGE T8 RE-LAMPING (25W T8)","One 25W Lamp for One Lamp Fixture","Single-lamp Std. T8 fixtures (32W)",4308,0.03,129.24,2.3E-2,99.084000000000003,6.9999999999999993E-3,30.156000000000006,4.5597982334095542E-3,7,"PSP-Business-Nursing_Home-Lighting_Interior_General",-0.61814543216514295,"n/a","n/a",0,0,"No",null,null,null,null,null,null,null,"No","Dx",false,0]
["INon-ResidentialRetrofitRetrofitREDUCED WATTAGE T8 RRE-LAMPING (25W T8)One 25W Lamp for One Lamp FixtureSingle-lamp Std. T8d. T8 fixtures (32W)PLighting_Interior_GeneralNND","IESO - Measure","Non-Residential","Retrofit","Lighting -Other Commercial Buildings","REDUCED WATTAGE T8 RE-LAMPING (25W T8)","One 25W Lamp for One Lamp Fixture","Single-lamp Std. T8 fixtures (32W)",2857,0.03,85.71,2.3E-2,65.710999999999999,6.9999999999999993E-3,19.998999999999995,3.3835191720741433E-3,11,"PSP-Business-Other_Commercial_Buildings-Lighting_Interior_General",-0.41264278405583976,"n/a","n/a",0,0,"No",null,null,null,null,null,null,null,"No","Dx",false,0]
["INon-ResidentialRetrofitRetrofitREDUCED WATTAGE T8 RRE-LAMPING (25W T8)One 25W Lamp for One Lamp FixtureSingle-lamp Std. T8d. T8 fixtures (32W)PLighting_Interior_GeneralNND","IESO - Measure","Non-Residential","Retrofit","Lighting -Other Hotel Motel (Corridor/Lobby)","REDUCED WATTAGE T8 RE-LAMPING (25W T8)","One 25W Lamp for One Lamp Fixture","Single-lamp Std. T8 fixtures (32W)",7884,0.03,236.51999999999998,2.3E-2,181.33199999999999,6.9999999999999993E-3,55.187999999999988,6.6658618347363195E-3,4,"PSP-Business-Other_Hotel_Motel (Corridor/Lobby)-Lighting_Interior_General",-0.84904820758075417,"n/a","n/a",0,0,"No",null,null,null,null,null,null,null,"No","Dx",false,0]
["INon-ResidentialRetrofitRetrofitREDUCED WATTAGE T8 RRE-LAMPING (25W T8)One 25W Lamp for One Lamp FixtureSingle-lamp Std. T8d. T8 fixtures (32W)PLighting_Interior_GeneralNND","IESO - Measure","Non-Residential","Retrofit","Lighting -Other Non-Food Retail","REDUCED WATTAGE T8 RE-LAMPING (25W T8)","One 25W Lamp for One Lamp Fixture","Single-lamp Std. T8 fixtures (32W)",4089,0.03,122.67,2.3E-2,94.046999999999997,6.9999999999999993E-3,28.623000000000005,6.26216924978505E-3,7,"PSP-Business-Other_Non_Food_Retail-Lighting_Interior_General",-0.61814543216514295,"n/a","n/a",0,0,"No",null,null,null,null,null,null,null,"No","Dx",false,0]
["INon-ResidentialRetrofitRetrofitREDUCED WATTAGE T8 RRE-LAMPING (25W T8)One 25W Lamp for One Lamp FixtureSingle-lamp Std. T8d. T8 fixtures (32W)PLighting_Interior_GeneralNND","IESO - Measure","Non-Residential","Retrofit","Lighting -Other Office","REDUCED WATTAGE T8 RE-LAMPING (25W T8)","One 25W Lamp for One Lamp Fixture","Single-lamp Std. T8 fixtures (32W)",3610,0.03,108.3,2.3E-2,83.03,6.9999999999999993E-3,25.269999999999996,4.2711161405268455E-3,8,"PSP-Business-Other_Office-Lighting_Interior_General",-0.51240135109919116,"n/a","n/a",0,0,"No",null,null,null,null,null,null,null,"No","Dx",false,0]
["INon-ResidentialRetrofitRetrofitREDUCED WATTAGE T8 RRE-LAMPING (25W T8)One 25W Lamp for One Lamp FixtureSingle-lamp Std. T8d. T8 fixtures (32W)PLighting_Interior_GeneralNND","IESO - Measure","Non-Residential","Retrofit","Lighting -Restaurant","REDUCED WATTAGE T8 RE-LAMPING (25W T8)","One 25W Lamp for One Lamp Fixture","Single-lamp Std. T8 fixtures (32W)",5110,0.03,153.29999999999998,2.3E-2,117.53,6.9999999999999993E-3,35.769999999999982,5.8614037831766384E-3,6,"PSP-Business-Restaurant-Lighting_Interior_General",-0.7302341580950511,"n/a","n/a",0,0,"No",null,null,null,null,null,null,null,"No","Dx",false,0]
["INon-ResidentialRetrofitRetrofitREDUCED WATTAGE T8 RRE-LAMPING (25W T8)One 25W Lamp for One Lamp FixtureSingle-lamp Std. T8d. T8 fixtures (32W)PLighting_Interior_GeneralNND","IESO - Measure","Non-Residential","Retrofit","Lighting -Schools","REDUCED WATTAGE T8 RE-LAMPING (25W T8)","One 25W Lamp for One Lamp Fixture","Single-lamp Std. T8 fixtures (32W)",2596,0.03,77.88,2.3E-2,59.707999999999998,6.9999999999999993E-3,18.171999999999997,9.1529634875780108E-4,12,"PSP-Business-Schools-Lighting_Interior_General",-0.31853092835456653,"n/a","n/a",0,0,"No",null,null,null,null,null,null,null,"No","Dx",false,0]
["INon-ResidentialRetrofitRetrofitREDUCED WATTAGE T8 RRE-LAMPING (25W T8)One 25W Lamp for One Lamp FixtureSingle-lamp Std. T8d. T8 fixtures (32W)PLighting_Interior_GeneralNND","IESO - Measure","Non-Residential","Retrofit","Lighting -University Colleges","REDUCED WATTAGE T8 RE-LAMPING (25W T8)","One 25W Lamp for One Lamp Fixture","Single-lamp Std. T8 fixtures (32W)",3255,0.03,97.649999999999991,2.3E-2,74.864999999999995,6.9999999999999993E-3,22.784999999999997,3.0209200485122058E-3,9,"PSP-Business-University_Colleges-Lighting_Interior_General",-0.51240135109919116,"n/a","n/a",0,0,"No",null,null,null,null,null,null,null,"No","Dx",false,0]
["INon-ResidentialRetrofitRetrofitREDUCED WATTAGE T8 RRE-LAMPING (25W T8)One 25W Lamp for One Lamp FixtureSingle-lamp Std. T8d. T8 fixtures (32W)PLighting_Interior_GeneralNND","IESO - Measure","Non-Residential","Retrofit","Lighting -Warehouse Wholesale","REDUCED WATTAGE T8 RE-LAMPING (25W T8)","One 25W Lamp for One Lamp Fixture","Single-lamp Std. T8 fixtures (32W)",3759,0.03,112.77,2.3E-2,86.456999999999994,6.9999999999999993E-3,26.313000000000002,5.1209146153846155E-3,8,"PSP-Business-Warehouse_Wholesale-Lighting_Interior_General",-0.61814543216514295,"n/a","n/a",0,0,"No",null,null,null,null,null,null,null,"No","Dx",false,0]
["INon-ResidentialRetrofitRetrofitREDUCED WATTAGE T8 RRE-LAMPING (25W T8)Two 25W Lamps for Two Lamp FixtureTwo-lamp Std. T8 fixd. T8 fixtures (32W)PLighting_Interior_GeneralNND","IESO - Measure","Non-Residential","Retrofit","Lighting -Food Retail","REDUCED WATTAGE T8 RE-LAMPING (25W T8)","Two 25W Lamps for Two Lamp Fixture","Two-lamp Std. T8 fixtures (32W)",6074,5.8000000000000003E-2,352.29200000000003,4.3999999999999997E-2,267.25599999999997,1.4000000000000005E-2,85.036000000000058,1.2079424482709515E-2,5,"PSP-Business-Food_Retail-Lighting_Interior_General",-1.6980964151615083,"n/a","n/a",0,0,"No",null,null,null,null,null,null,null,"No","Dx",false,0]
["INon-ResidentialRetrofitRetrofitREDUCED WATTAGE T8 RRE-LAMPING (25W T8)Two 25W Lamps for Two Lamp FixtureTwo-lamp Std. T8 fixd. T8 fixtures (32W)PLighting_Interior_GeneralNND","IESO - Measure","Non-Residential","Retrofit","Lighting -Hospital","REDUCED WATTAGE T8 RE-LAMPING (25W T8)","Two 25W Lamps for Two Lamp Fixture","Two-lamp Std. T8 fixtures (32W)",5182,5.8000000000000003E-2,300.55600000000004,4.3999999999999997E-2,228.00799999999998,1.4000000000000005E-2,72.548000000000059,9.6834965692037794E-3,6,"PSP-Business-Hospital-Lighting_Interior_General",-1.4604683161901022,"n/a","n/a",0,0,"No",null,null,null,null,null,null,null,"No","Dx",false,0]
["INon-ResidentialRetrofitRetrofitREDUCED WATTAGE T8 RRE-LAMPING (25W T8)Two 25W Lamps for Two Lamp FixtureTwo-lamp Std. T8 fixd. T8 fixtures (32W)PLighting_Interior_GeneralNND","IESO - Measure","Non-Residential","Retrofit","Lighting -Large Hotel (Corridor/Lobby)","REDUCED WATTAGE T8 RE-LAMPING (25W T8)","Two 25W Lamps for Two Lamp Fixture","Two-lamp Std. T8 fixtures (32W)",7884,5.8000000000000003E-2,457.27200000000005,4.3999999999999997E-2,346.89599999999996,1.4000000000000005E-2,110.37600000000009,1.3331723317478467E-2,4,"PSP-Business-Large_Hotel (Corridor/Lobby)-Lighting_Interior_General",-1.6980964151615083,"n/a","n/a",0,0,"No",null,null,null,null,null,null,null,"No","Dx",false,0]
["INon-ResidentialRetrofitRetrofitREDUCED WATTAGE T8 RRE-LAMPING (25W T8)Two 25W Lamps for Two Lamp FixtureTwo-lamp Std. T8 fixd. T8 fixtures (32W)PLighting_Interior_GeneralNND","IESO - Measure","Non-Residential","Retrofit","Lighting -Large Non-Food Retail","REDUCED WATTAGE T8 RE-LAMPING (25W T8)","Two 25W Lamps for Two Lamp Fixture","Two-lamp Std. T8 fixtures (32W)",4089,5.8000000000000003E-2,237.16200000000001,4.3999999999999997E-2,179.916,1.4000000000000005E-2,57.246000000000009,8.4896506606195778E-3,7,"PSP-Business-Large_Non_Food_Retail-Lighting_Interior_General",-1.2362908643302859,"n/a","n/a",0,0,"No",null,null,null,null,null,null,null,"No","Dx",false,0]
["INon-ResidentialRetrofitRetrofitREDUCED WATTAGE T8 RRE-LAMPING (25W T8)Two 25W Lamps for Two Lamp FixtureTwo-lamp Std. T8 fixd. T8 fixtures (32W)PLighting_Interior_GeneralNND","IESO - Measure","Non-Residential","Retrofit","Lighting -Large Office","REDUCED WATTAGE T8 RE-LAMPING (25W T8)","Two 25W Lamps for Two Lamp Fixture","Two-lamp Std. T8 fixtures (32W)",3610,5.8000000000000003E-2,209.38000000000002,4.3999999999999997E-2,158.84,1.4000000000000005E-2,50.54000000000002,8.5422322810536962E-3,8,"PSP-Business-Large_Office-Lighting_Interior_General",-1.0248027021983823,"n/a","n/a",0,0,"No",null,null,null,null,null,null,null,"No","Dx",false,0]
["INon-ResidentialRetrofitRetrofitREDUCED WATTAGE T8 RRE-LAMPING (25W T8)Two 25W Lamps for Two Lamp FixtureTwo-lamp Std. T8 fixd. T8 fixtures (32W)PLighting_Interior_GeneralNND","IESO - Measure","Non-Residential","Retrofit","Lighting -Nursing Home","REDUCED WATTAGE T8 RE-LAMPING (25W T8)","Two 25W Lamps for Two Lamp Fixture","Two-lamp Std. T8 fixtures (32W)",4308,5.8000000000000003E-2,249.864,4.3999999999999997E-2,189.55199999999999,1.4000000000000005E-2,60.312000000000012,9.1195964668191083E-3,7,"PSP-Business-Nursing_Home-Lighting_Interior_General",-1.2362908643302859,"n/a","n/a",0,0,"No",null,null,null,null,null,null,null,"No","Dx",false,0]
["INon-ResidentialRetrofitRetrofitREDUCED WATTAGE T8 RRE-LAMPING (25W T8)Two 25W Lamps for Two Lamp FixtureTwo-lamp Std. T8 fixd. T8 fixtures (32W)PLighting_Interior_GeneralNND","IESO - Measure","Non-Residential","Retrofit","Lighting -Other Commercial Buildings","REDUCED WATTAGE T8 RE-LAMPING (25W T8)","Two 25W Lamps for Two Lamp Fixture","Two-lamp Std. T8 fixtures (32W)",2857,5.8000000000000003E-2,165.70600000000002,4.3999999999999997E-2,125.708,1.4000000000000005E-2,39.998000000000019,6.767038344148291E-3,11,"PSP-Business-Other_Commercial_Buildings-Lighting_Interior_General",-0.82528556811167952,"n/a","n/a",0,0,"No",null,null,null,null,null,null,null,"No","Dx",false,0]
["INon-ResidentialRetrofitRetrofitREDUCED WATTAGE T8 RRE-LAMPING (25W T8)Two 25W Lamps for Two Lamp FixtureTwo-lamp Std. T8 fixd. T8 fixtures (32W)PLighting_Interior_GeneralNND","IESO - Measure","Non-Residential","Retrofit","Lighting -Other Hotel Motel (Corridor/Lobby)","REDUCED WATTAGE T8 RE-LAMPING (25W T8)","Two 25W Lamps for Two Lamp Fixture","Two-lamp Std. T8 fixtures (32W)",7884,5.8000000000000003E-2,457.27200000000005,4.3999999999999997E-2,346.89599999999996,1.4000000000000005E-2,110.37600000000009,1.3331723669472651E-2,4,"PSP-Business-Other_Hotel_Motel (Corridor/Lobby)-Lighting_Interior_General",-1.6980964151615083,"n/a","n/a",0,0,"No",null,null,null,null,null,null,null,"No","Dx",false,0]
["INon-ResidentialRetrofitRetrofitREDUCED WATTAGE T8 RRE-LAMPING (25W T8)Two 25W Lamps for Two Lamp FixtureTwo-lamp Std. T8 fixd. T8 fixtures (32W)PLighting_Interior_GeneralNND","IESO - Measure","Non-Residential","Retrofit","Lighting -Other Non-Food Retail","REDUCED WATTAGE T8 RE-LAMPING (25W T8)","Two 25W Lamps for Two Lamp Fixture","Two-lamp Std. T8 fixtures (32W)",4089,5.8000000000000003E-2,237.16200000000001,4.3999999999999997E-2,179.916,1.4000000000000005E-2,57.246000000000009,1.25243384995701E-2,7,"PSP-Business-Other_Non_Food_Retail-Lighting_Interior_General",-1.2362908643302859,"n/a","n/a",0,0,"No",null,null,null,null,null,null,null,"No","Dx",false,0]
["INon-ResidentialRetrofitRetrofitREDUCED WATTAGE T8 RRE-LAMPING (25W T8)Two 25W Lamps for Two Lamp FixtureTwo-lamp Std. T8 fixd. T8 fixtures (32W)PLighting_Interior_GeneralNND","IESO - Measure","Non-Residential","Retrofit","Lighting -Other Office","REDUCED WATTAGE T8 RE-LAMPING (25W T8)","Two 25W Lamps for Two Lamp Fixture","Two-lamp Std. T8 fixtures (32W)",3610,5.8000000000000003E-2,209.38000000000002,4.3999999999999997E-2,158.84,1.4000000000000005E-2,50.54000000000002,8.5422322810536962E-3,8,"PSP-Business-Other_Office-Lighting_Interior_General",-1.0248027021983823,"n/a","n/a",0,0,"No",null,null,null,null,null,null,null,"No","Dx",false,0]
["INon-ResidentialRetrofitRetrofitREDUCED WATTAGE T8 RRE-LAMPING (25W T8)Two 25W Lamps for Two Lamp FixtureTwo-lamp Std. T8 fixd. T8 fixtures (32W)PLighting_Interior_GeneralNND","IESO - Measure","Non-Residential","Retrofit","Lighting -Restaurant","REDUCED WATTAGE T8 RE-LAMPING (25W T8)","Two 25W Lamps for Two Lamp Fixture","Two-lamp Std. T8 fixtures (32W)",5110,5.8000000000000003E-2,296.38,4.3999999999999997E-2,224.83999999999997,1.4000000000000005E-2,71.54000000000002,1.1722807566353285E-2,6,"PSP-Business-Restaurant-Lighting_Interior_General",-1.4604683161901022,"n/a","n/a",0,0,"No",null,null,null,null,null,null,null,"No","Dx",false,0]
["INon-ResidentialRetrofitRetrofitREDUCED WATTAGE T8 RRE-LAMPING (25W T8)Two 25W Lamps for Two Lamp FixtureTwo-lamp Std. T8 fixd. T8 fixtures (32W)PLighting_Interior_GeneralNND","IESO - Measure","Non-Residential","Retrofit","Lighting -Schools","REDUCED WATTAGE T8 RE-LAMPING (25W T8)","Two 25W Lamps for Two Lamp Fixture","Two-lamp Std. T8 fixtures (32W)",2596,5.8000000000000003E-2,150.56800000000001,4.3999999999999997E-2,114.22399999999999,1.4000000000000005E-2,36.344000000000023,1.8305926975156035E-3,12,"PSP-Business-Schools-Lighting_Interior_General",-0.63706185670913307,"n/a","n/a",0,0,"No",null,null,null,null,null,null,null,"No","Dx",false,0]
["INon-ResidentialRetrofitRetrofitREDUCED WATTAGE T8 RRE-LAMPING (25W T8)Two 25W Lamps for Two Lamp FixtureTwo-lamp Std. T8 fixd. T8 fixtures (32W)PLighting_Interior_GeneralNND","IESO - Measure","Non-Residential","Retrofit","Lighting -University Colleges","REDUCED WATTAGE T8 RE-LAMPING (25W T8)","Two 25W Lamps for Two Lamp Fixture","Two-lamp Std. T8 fixtures (32W)",3255,5.8000000000000003E-2,188.79000000000002,4.3999999999999997E-2,143.22,1.4000000000000005E-2,45.570000000000022,6.041840097024416E-3,9,"PSP-Business-University_Colleges-Lighting_Interior_General",-1.0248027021983823,"n/a","n/a",0,0,"No",null,null,null,null,null,null,null,"No","Dx",false,0]
["INon-ResidentialRetrofitRetrofitREDUCED WATTAGE T8 RRE-LAMPING (25W T8)Two 25W Lamps for Two Lamp FixtureTwo-lamp Std. T8 fixd. T8 fixtures (32W)PLighting_Interior_GeneralNND","IESO - Measure","Non-Residential","Retrofit","Lighting -Warehouse Wholesale","REDUCED WATTAGE T8 RE-LAMPING (25W T8)","Two 25W Lamps for Two Lamp Fixture","Two-lamp Std. T8 fixtures (32W)",3759,5.8000000000000003E-2,218.02200000000002,4.3999999999999997E-2,165.39599999999999,1.4000000000000005E-2,52.626000000000033,1.0241829230769236E-2,8,"PSP-Business-Warehouse_Wholesale-Lighting_Interior_General",-1.2362908643302859,"n/a","n/a",0,0,"No",null,null,null,null,null,null,null,"No","Dx",false,0]
["INon-ResidentialRetrofitRetrofitREDUCED WATTAGE T8 RRE-LAMPING (25W T8)Three 25W Lamps for Three Lamp FixtureThree-lamp Std. T8 fd. T8 fixtures (32W)PLighting_Interior_GeneralNND","IESO - Measure","Non-Residential","Retrofit","Lighting -Food Retail","REDUCED WATTAGE T8 RE-LAMPING (25W T8)","Three 25W Lamps for Three Lamp Fixture","Three-lamp Std. T8 fixtures (32W)",6074,8.5000000000000006E-2,516.29000000000008,6.2E-2,376.58800000000002,2.3000000000000007E-2,139.70200000000006,1.9844768793022768E-2,5,"PSP-Business-Food_Retail-Lighting_Interior_General",-2.5471446227422607,"n/a","n/a",0,0,"No",null,null,null,null,null,null,null,"No","Dx",false,0]
["INon-ResidentialRetrofitRetrofitREDUCED WATTAGE T8 RRE-LAMPING (25W T8)Three 25W Lamps for Three Lamp FixtureThree-lamp Std. T8 fd. T8 fixtures (32W)PLighting_Interior_GeneralNND","IESO - Measure","Non-Residential","Retrofit","Lighting -Hospital","REDUCED WATTAGE T8 RE-LAMPING (25W T8)","Three 25W Lamps for Three Lamp Fixture","Three-lamp Std. T8 fixtures (32W)",5182,8.5000000000000006E-2,440.47,6.2E-2,321.28399999999999,2.3000000000000007E-2,119.18600000000004,1.5908601506549058E-2,6,"PSP-Business-Hospital-Lighting_Interior_General",-2.1907024742851533,"n/a","n/a",0,0,"No",null,null,null,null,null,null,null,"No","Dx",false,0]
["INon-ResidentialRetrofitRetrofitREDUCED WATTAGE T8 RRE-LAMPING (25W T8)Three 25W Lamps for Three Lamp FixtureThree-lamp Std. T8 fd. T8 fixtures (32W)PLighting_Interior_GeneralNND","IESO - Measure","Non-Residential","Retrofit","Lighting -Large Hotel (Corridor/Lobby)","REDUCED WATTAGE T8 RE-LAMPING (25W T8)","Three 25W Lamps for Three Lamp Fixture","Three-lamp Std. T8 fixtures (32W)",7884,8.5000000000000006E-2,670.1400000000001,6.2E-2,488.80799999999999,2.3000000000000007E-2,181.33200000000011,2.1902116878714618E-2,4,"PSP-Business-Large_Hotel (Corridor/Lobby)-Lighting_Interior_General",-2.5471446227422607,"n/a","n/a",0,0,"No",null,null,null,null,null,null,null,"No","Dx",false,0]
["INon-ResidentialRetrofitRetrofitREDUCED WATTAGE T8 RRE-LAMPING (25W T8)Three 25W Lamps for Three Lamp FixtureThree-lamp Std. T8 fd. T8 fixtures (32W)PLighting_Interior_GeneralNND","IESO - Measure","Non-Residential","Retrofit","Lighting -Large Non-Food Retail","REDUCED WATTAGE T8 RE-LAMPING (25W T8)","Three 25W Lamps for Three Lamp Fixture","Three-lamp Std. T8 fixtures (32W)",4089,8.5000000000000006E-2,347.565,6.2E-2,253.518,2.3000000000000007E-2,94.046999999999997,1.3947283228160733E-2,7,"PSP-Business-Large_Non_Food_Retail-Lighting_Interior_General",-1.8544362964954271,"n/a","n/a",0,0,"No",null,null,null,null,null,null,null,"No","Dx",false,0]
["INon-ResidentialRetrofitRetrofitREDUCED WATTAGE T8 RRE-LAMPING (25W T8)Three 25W Lamps for Three Lamp FixtureThree-lamp Std. T8 fd. T8 fixtures (32W)PLighting_Interior_GeneralNND","IESO - Measure","Non-Residential","Retrofit","Lighting -Large Office","REDUCED WATTAGE T8 RE-LAMPING (25W T8)","Three 25W Lamps for Three Lamp Fixture","Three-lamp Std. T8 fixtures (32W)",3610,8.5000000000000006E-2,306.85000000000002,6.2E-2,223.82,2.3000000000000007E-2,83.03000000000003,1.4033667318873929E-2,8,"PSP-Business-Large_Office-Lighting_Interior_General",-1.5372040532975735,"n/a","n/a",0,0,"No",null,null,null,null,null,null,null,"No","Dx",false,0]
["INon-ResidentialRetrofitRetrofitREDUCED WATTAGE T8 RRE-LAMPING (25W T8)Three 25W Lamps for Three Lamp FixtureThree-lamp Std. T8 fd. T8 fixtures (32W)PLighting_Interior_GeneralNND","IESO - Measure","Non-Residential","Retrofit","Lighting -Nursing Home","REDUCED WATTAGE T8 RE-LAMPING (25W T8)","Three 25W Lamps for Three Lamp Fixture","Three-lamp Std. T8 fixtures (32W)",4308,8.5000000000000006E-2,366.18,6.2E-2,267.096,2.3000000000000007E-2,99.084000000000003,1.4982194195488536E-2,7,"PSP-Business-Nursing_Home-Lighting_Interior_General",-1.8544362964954271,"n/a","n/a",0,0,"No",null,null,null,null,null,null,null,"No","Dx",false,0]
["INon-ResidentialRetrofitRetrofitREDUCED WATTAGE T8 RRE-LAMPING (25W T8)Three 25W Lamps for Three Lamp FixtureThree-lamp Std. T8 fd. T8 fixtures (32W)PLighting_Interior_GeneralNND","IESO - Measure","Non-Residential","Retrofit","Lighting -Other Commercial Buildings","REDUCED WATTAGE T8 RE-LAMPING (25W T8)","Three 25W Lamps for Three Lamp Fixture","Three-lamp Std. T8 fixtures (32W)",2857,8.5000000000000006E-2,242.84500000000003,6.2E-2,177.13399999999999,2.3000000000000007E-2,65.711000000000041,1.1117277279672193E-2,11,"PSP-Business-Other_Commercial_Buildings-Lighting_Interior_General",-1.2379283521675202,"n/a","n/a",0,0,"No",null,null,null,null,null,null,null,"No","Dx",false,0]
["INon-ResidentialRetrofitRetrofitREDUCED WATTAGE T8 RRE-LAMPING (25W T8)Three 25W Lamps for Three Lamp FixtureThree-lamp Std. T8 fd. T8 fixtures (32W)PLighting_Interior_GeneralNND","IESO - Measure","Non-Residential","Retrofit","Lighting -Other Hotel Motel (Corridor/Lobby)","REDUCED WATTAGE T8 RE-LAMPING (25W T8)","Three 25W Lamps for Three Lamp Fixture","Three-lamp Std. T8 fixtures (32W)",7884,8.5000000000000006E-2,670.1400000000001,6.2E-2,488.80799999999999,2.3000000000000007E-2,181.33200000000011,2.1902117456990781E-2,4,"PSP-Business-Other_Hotel_Motel (Corridor/Lobby)-Lighting_Interior_General",-2.5471446227422607,"n/a","n/a",0,0,"No",null,null,null,null,null,null,null,"No","Dx",false,0]
["INon-ResidentialRetrofitRetrofitREDUCED WATTAGE T8 RRE-LAMPING (25W T8)Three 25W Lamps for Three Lamp FixtureThree-lamp Std. T8 fd. T8 fixtures (32W)PLighting_Interior_GeneralNND","IESO - Measure","Non-Residential","Retrofit","Lighting -Other Non-Food Retail","REDUCED WATTAGE T8 RE-LAMPING (25W T8)","Three 25W Lamps for Three Lamp Fixture","Three-lamp Std. T8 fixtures (32W)",4089,8.5000000000000006E-2,347.565,6.2E-2,253.518,2.3000000000000007E-2,94.046999999999997,2.0575698963579445E-2,7,"PSP-Business-Other_Non_Food_Retail-Lighting_Interior_General",-1.8544362964954271,"n/a","n/a",0,0,"No",null,null,null,null,null,null,null,"No","Dx",false,0]
["INon-ResidentialRetrofitRetrofitREDUCED WATTAGE T8 RRE-LAMPING (25W T8)Three 25W Lamps for Three Lamp FixtureThree-lamp Std. T8 fd. T8 fixtures (32W)PLighting_Interior_GeneralNND","IESO - Measure","Non-Residential","Retrofit","Lighting -Other Office","REDUCED WATTAGE T8 RE-LAMPING (25W T8)","Three 25W Lamps for Three Lamp Fixture","Three-lamp Std. T8 fixtures (32W)",3610,8.5000000000000006E-2,306.85000000000002,6.2E-2,223.82,2.3000000000000007E-2,83.03000000000003,1.4033667318873929E-2,8,"PSP-Business-Other_Office-Lighting_Interior_General",-1.5372040532975735,"n/a","n/a",0,0,"No",null,null,null,null,null,null,null,"No","Dx",false,0]
["INon-ResidentialRetrofitRetrofitREDUCED WATTAGE T8 RRE-LAMPING (25W T8)Three 25W Lamps for Three Lamp FixtureThree-lamp Std. T8 fd. T8 fixtures (32W)PLighting_Interior_GeneralNND","IESO - Measure","Non-Residential","Retrofit","Lighting -Restaurant","REDUCED WATTAGE T8 RE-LAMPING (25W T8)","Three 25W Lamps for Three Lamp Fixture","Three-lamp Std. T8 fixtures (32W)",5110,8.5000000000000006E-2,434.35,6.2E-2,316.82,2.3000000000000007E-2,117.53000000000003,1.9258898144723254E-2,6,"PSP-Business-Restaurant-Lighting_Interior_General",-2.1907024742851533,"n/a","n/a",0,0,"No",null,null,null,null,null,null,null,"No","Dx",false,0]
["INon-ResidentialRetrofitRetrofitREDUCED WATTAGE T8 RRE-LAMPING (25W T8)Three 25W Lamps for Three Lamp FixtureThree-lamp Std. T8 fd. T8 fixtures (32W)PLighting_Interior_GeneralNND","IESO - Measure","Non-Residential","Retrofit","Lighting -Schools","REDUCED WATTAGE T8 RE-LAMPING (25W T8)","Three 25W Lamps for Three Lamp Fixture","Three-lamp Std. T8 fixtures (32W)",2596,8.5000000000000006E-2,220.66000000000003,6.2E-2,160.952,2.3000000000000007E-2,59.708000000000027,3.0074022887756338E-3,12,"PSP-Business-Schools-Lighting_Interior_General",-0.95559278506369871,"n/a","n/a",0,0,"No",null,null,null,null,null,null,null,"No","Dx",false,0]
["INon-ResidentialRetrofitRetrofitREDUCED WATTAGE T8 RRE-LAMPING (25W T8)Three 25W Lamps for Three Lamp FixtureThree-lamp Std. T8 fd. T8 fixtures (32W)PLighting_Interior_GeneralNND","IESO - Measure","Non-Residential","Retrofit","Lighting -University Colleges","REDUCED WATTAGE T8 RE-LAMPING (25W T8)","Three 25W Lamps for Three Lamp Fixture","Three-lamp Std. T8 fixtures (32W)",3255,8.5000000000000006E-2,276.67500000000001,6.2E-2,201.81,2.3000000000000007E-2,74.865000000000009,9.9258801593972521E-3,9,"PSP-Business-University_Colleges-Lighting_Interior_General",-1.5372040532975735,"n/a","n/a",0,0,"No",null,null,null,null,null,null,null,"No","Dx",false,0]
["INon-ResidentialRetrofitRetrofitREDUCED WATTAGE T8 RRE-LAMPING (25W T8)Three 25W Lamps for Three Lamp FixtureThree-lamp Std. T8 fd. T8 fixtures (32W)PLighting_Interior_GeneralNND","IESO - Measure","Non-Residential","Retrofit","Lighting -Warehouse Wholesale","REDUCED WATTAGE T8 RE-LAMPING (25W T8)","Three 25W Lamps for Three Lamp Fixture","Three-lamp Std. T8 fixtures (32W)",3759,8.5000000000000006E-2,319.51500000000004,6.2E-2,233.05799999999999,2.3000000000000007E-2,86.45700000000005,1.6825862307692317E-2,8,"PSP-Business-Warehouse_Wholesale-Lighting_Interior_General",-1.8544362964954271,"n/a","n/a",0,0,"No",null,null,null,null,null,null,null,"No","Dx",false,0]
["INon-ResidentialRetrofitRetrofitREDUCED WATTAGE T8 RRE-LAMPING (25W T8)Four 25W Lamps for Four Lamp FixtureFour-lamp Std. T8 fid. T8 fixtures (32W)PLighting_Interior_GeneralNND","IESO - Measure","Non-Residential","Retrofit","Lighting -Food Retail","REDUCED WATTAGE T8 RE-LAMPING (25W T8)","Four 25W Lamps for Four Lamp Fixture","Four-lamp Std. T8 fixtures (32W)",6074,0.112,680.28800000000001,8.2000000000000003E-2,498.06800000000004,0.03,182.21999999999997,2.5884481034377505E-2,5,"PSP-Business-Food_Retail-Lighting_Interior_General",-3.3961928303230167,"n/a","n/a",0,0,"No",null,null,null,null,null,null,null,"No","Dx",false,0]
["INon-ResidentialRetrofitRetrofitREDUCED WATTAGE T8 RRE-LAMPING (25W T8)Four 25W Lamps for Four Lamp FixtureFour-lamp Std. T8 fid. T8 fixtures (32W)PLighting_Interior_GeneralNND","IESO - Measure","Non-Residential","Retrofit","Lighting -Hospital","REDUCED WATTAGE T8 RE-LAMPING (25W T8)","Four 25W Lamps for Four Lamp Fixture","Four-lamp Std. T8 fixtures (32W)",5182,0.112,580.38400000000001,8.2000000000000003E-2,424.92400000000004,0.03,155.45999999999998,2.0750349791150934E-2,6,"PSP-Business-Hospital-Lighting_Interior_General",-2.9209366323802044,"n/a","n/a",0,0,"No",null,null,null,null,null,null,null,"No","Dx",false,0]
["INon-ResidentialRetrofitRetrofitREDUCED WATTAGE T8 RRE-LAMPING (25W T8)Four 25W Lamps for Four Lamp FixtureFour-lamp Std. T8 fid. T8 fixtures (32W)PLighting_Interior_GeneralNND","IESO - Measure","Non-Residential","Retrofit","Lighting -Large Hotel (Corridor/Lobby)","REDUCED WATTAGE T8 RE-LAMPING (25W T8)","Four 25W Lamps for Four Lamp Fixture","Four-lamp Std. T8 fixtures (32W)",7884,0.112,883.00800000000004,8.2000000000000003E-2,646.48800000000006,0.03,236.51999999999998,2.8567978537453829E-2,4,"PSP-Business-Large_Hotel (Corridor/Lobby)-Lighting_Interior_General",-3.3961928303230167,"n/a","n/a",0,0,"No",null,null,null,null,null,null,null,"No","Dx",false,0]
["INon-ResidentialRetrofitRetrofitREDUCED WATTAGE T8 RRE-LAMPING (25W T8)Four 25W Lamps for Four Lamp FixtureFour-lamp Std. T8 fid. T8 fixtures (32W)PLighting_Interior_GeneralNND","IESO - Measure","Non-Residential","Retrofit","Lighting -Large Non-Food Retail","REDUCED WATTAGE T8 RE-LAMPING (25W T8)","Four 25W Lamps for Four Lamp Fixture","Four-lamp Std. T8 fixtures (32W)",4089,0.112,457.96800000000002,8.2000000000000003E-2,335.298,0.03,122.67000000000002,1.8192108558470522E-2,7,"PSP-Business-Large_Non_Food_Retail-Lighting_Interior_General",-2.4725817286605718,"n/a","n/a",0,0,"No",null,null,null,null,null,null,null,"No","Dx",false,0]
["INon-ResidentialRetrofitRetrofitREDUCED WATTAGE T8 RRE-LAMPING (25W T8)Four 25W Lamps for Four Lamp FixtureFour-lamp Std. T8 fid. T8 fixtures (32W)PLighting_Interior_GeneralNND","IESO - Measure","Non-Residential","Retrofit","Lighting -Large Office","REDUCED WATTAGE T8 RE-LAMPING (25W T8)","Four 25W Lamps for Four Lamp Fixture","Four-lamp Std. T8 fixtures (32W)",3610,0.112,404.32,8.2000000000000003E-2,296.02000000000004,0.03,108.29999999999995,1.8304783459400762E-2,8,"PSP-Business-Large_Office-Lighting_Interior_General",-2.0496054043967646,"n/a","n/a",0,0,"No",null,null,null,null,null,null,null,"No","Dx",false,0]
["INon-ResidentialRetrofitRetrofitREDUCED WATTAGE T8 RRE-LAMPING (25W T8)Four 25W Lamps for Four Lamp FixtureFour-lamp Std. T8 fid. T8 fixtures (32W)PLighting_Interior_GeneralNND","IESO - Measure","Non-Residential","Retrofit","Lighting -Nursing Home","REDUCED WATTAGE T8 RE-LAMPING (25W T8)","Four 25W Lamps for Four Lamp Fixture","Four-lamp Std. T8 fixtures (32W)",4308,0.112,482.49600000000004,8.2000000000000003E-2,353.25600000000003,0.03,129.24,1.9541992428898088E-2,7,"PSP-Business-Nursing_Home-Lighting_Interior_General",-2.4725817286605718,"n/a","n/a",0,0,"No",null,null,null,null,null,null,null,"No","Dx",false,0]
["INon-ResidentialRetrofitRetrofitREDUCED WATTAGE T8 RRE-LAMPING (25W T8)Four 25W Lamps for Four Lamp FixtureFour-lamp Std. T8 fid. T8 fixtures (32W)PLighting_Interior_GeneralNND","IESO - Measure","Non-Residential","Retrofit","Lighting -Other Commercial Buildings","REDUCED WATTAGE T8 RE-LAMPING (25W T8)","Four 25W Lamps for Four Lamp Fixture","Four-lamp Std. T8 fixtures (32W)",2857,0.112,319.98399999999998,8.2000000000000003E-2,234.274,0.03,85.70999999999998,1.4500796451746328E-2,11,"PSP-Business-Other_Commercial_Buildings-Lighting_Interior_General",-1.650571136223359,"n/a","n/a",0,0,"No",null,null,null,null,null,null,null,"No","Dx",false,0]
["INon-ResidentialRetrofitRetrofitREDUCED WATTAGE T8 RRE-LAMPING (25W T8)Four 25W Lamps for Four Lamp FixtureFour-lamp Std. T8 fid. T8 fixtures (32W)PLighting_Interior_GeneralNND","IESO - Measure","Non-Residential","Retrofit","Lighting -Other Hotel Motel (Corridor/Lobby)","REDUCED WATTAGE T8 RE-LAMPING (25W T8)","Four 25W Lamps for Four Lamp Fixture","Four-lamp Std. T8 fixtures (32W)",7884,0.112,883.00800000000004,8.2000000000000003E-2,646.48800000000006,0.03,236.51999999999998,2.8567979291727087E-2,4,"PSP-Business-Other_Hotel_Motel (Corridor/Lobby)-Lighting_Interior_General",-3.3961928303230167,"n/a","n/a",0,0,"No",null,null,null,null,null,null,null,"No","Dx",false,0]
["INon-ResidentialRetrofitRetrofitREDUCED WATTAGE T8 RRE-LAMPING (25W T8)Four 25W Lamps for Four Lamp FixtureFour-lamp Std. T8 fid. T8 fixtures (32W)PLighting_Interior_GeneralNND","IESO - Measure","Non-Residential","Retrofit","Lighting -Other Non-Food Retail","REDUCED WATTAGE T8 RE-LAMPING (25W T8)","Four 25W Lamps for Four Lamp Fixture","Four-lamp Std. T8 fixtures (32W)",4089,0.112,457.96800000000002,8.2000000000000003E-2,335.298,0.03,122.67000000000002,2.6837868213364497E-2,7,"PSP-Business-Other_Non_Food_Retail-Lighting_Interior_General",-2.4725817286605718,"n/a","n/a",0,0,"No",null,null,null,null,null,null,null,"No","Dx",false,0]
["INon-ResidentialRetrofitRetrofitREDUCED WATTAGE T8 RRE-LAMPING (25W T8)Four 25W Lamps for Four Lamp FixtureFour-lamp Std. T8 fid. T8 fixtures (32W)PLighting_Interior_GeneralNND","IESO - Measure","Non-Residential","Retrofit","Lighting -Other Office","REDUCED WATTAGE T8 RE-LAMPING (25W T8)","Four 25W Lamps for Four Lamp Fixture","Four-lamp Std. T8 fixtures (32W)",3610,0.112,404.32,8.2000000000000003E-2,296.02000000000004,0.03,108.29999999999995,1.8304783459400762E-2,8,"PSP-Business-Other_Office-Lighting_Interior_General",-2.0496054043967646,"n/a","n/a",0,0,"No",null,null,null,null,null,null,null,"No","Dx",false,0]
["INon-ResidentialRetrofitRetrofitREDUCED WATTAGE T8 RRE-LAMPING (25W T8)Four 25W Lamps for Four Lamp FixtureFour-lamp Std. T8 fid. T8 fixtures (32W)PLighting_Interior_GeneralNND","IESO - Measure","Non-Residential","Retrofit","Lighting -Restaurant","REDUCED WATTAGE T8 RE-LAMPING (25W T8)","Four 25W Lamps for Four Lamp Fixture","Four-lamp Std. T8 fixtures (32W)",5110,0.112,572.32000000000005,8.2000000000000003E-2,419.02000000000004,0.03,153.30000000000001,2.5120301927899893E-2,6,"PSP-Business-Restaurant-Lighting_Interior_General",-2.9209366323802044,"n/a","n/a",0,0,"No",null,null,null,null,null,null,null,"No","Dx",false,0]
["INon-ResidentialRetrofitRetrofitREDUCED WATTAGE T8 RRE-LAMPING (25W T8)Four 25W Lamps for Four Lamp FixtureFour-lamp Std. T8 fid. T8 fixtures (32W)PLighting_Interior_GeneralNND","IESO - Measure","Non-Residential","Retrofit","Lighting -Schools","REDUCED WATTAGE T8 RE-LAMPING (25W T8)","Four 25W Lamps for Four Lamp Fixture","Four-lamp Std. T8 fixtures (32W)",2596,0.112,290.75200000000001,8.2000000000000003E-2,212.87200000000001,0.03,77.88,3.9226986375334337E-3,12,"PSP-Business-Schools-Lighting_Interior_General",-1.2741237134182661,"n/a","n/a",0,0,"No",null,null,null,null,null,null,null,"No","Dx",false,0]
["INon-ResidentialRetrofitRetrofitREDUCED WATTAGE T8 RRE-LAMPING (25W T8)Four 25W Lamps for Four Lamp FixtureFour-lamp Std. T8 fid. T8 fixtures (32W)PLighting_Interior_GeneralNND","IESO - Measure","Non-Residential","Retrofit","Lighting -University Colleges","REDUCED WATTAGE T8 RE-LAMPING (25W T8)","Four 25W Lamps for Four Lamp Fixture","Four-lamp Std. T8 fixtures (32W)",3255,0.112,364.56,8.2000000000000003E-2,266.91000000000003,0.03,97.649999999999977,1.2946800207909453E-2,9,"PSP-Business-University_Colleges-Lighting_Interior_General",-2.0496054043967646,"n/a","n/a",0,0,"No",null,null,null,null,null,null,null,"No","Dx",false,0]
["INon-ResidentialRetrofitRetrofitREDUCED WATTAGE T8 RRE-LAMPING (25W T8)Four 25W Lamps for Four Lamp FixtureFour-lamp Std. T8 fid. T8 fixtures (32W)PLighting_Interior_GeneralNND","IESO - Measure","Non-Residential","Retrofit","Lighting -Warehouse Wholesale","REDUCED WATTAGE T8 RE-LAMPING (25W T8)","Four 25W Lamps for Four Lamp Fixture","Four-lamp Std. T8 fixtures (32W)",3759,0.112,421.00799999999998,8.2000000000000003E-2,308.238,0.03,112.76999999999998,2.1946776923076918E-2,8,"PSP-Business-Warehouse_Wholesale-Lighting_Interior_General",-2.4725817286605718,"n/a","n/a",0,0,"No",null,null,null,null,null,null,null,"No","Dx",false,0]
["INon-ResidentialRetrofitRetrofitINTEGRAL LED TROFFERNTEGRAL LED TROFFERS2' x 2' LED trofferTwo-lamp Std. T8 fixT8 fixtures (2' 32W)PLighting_Interior_GeneralNND","IESO - Measure","Non-Residential","Retrofit","Lighting -Food Retail","INTEGRAL LED TROFFERS","2' x 2' LED troffer","Two-lamp Std. T8 fixtures (2' 32W)",6074,5.8000000000000003E-2,352.29200000000003,4.3999999999999997E-2,267.25599999999997,1.4000000000000005E-2,85.036000000000058,1.2079424482709515E-2,8,"PSP-Business-Food_Retail-Lighting_Interior_General",158.7771008826401,"n/a","n/a",0,0,"No",null,null,null,null,null,null,null,"No","Dx",false,0]
["INon-ResidentialRetrofitRetrofitINTEGRAL LED TROFFERNTEGRAL LED TROFFERS2' x 2' LED trofferTwo-lamp Std. T8 fixT8 fixtures (2' 32W)PLighting_Interior_GeneralNND","IESO - Measure","Non-Residential","Retrofit","Lighting -Hospital","INTEGRAL LED TROFFERS","2' x 2' LED troffer","Two-lamp Std. T8 fixtures (2' 32W)",5182,5.8000000000000003E-2,300.55600000000004,4.3999999999999997E-2,228.00799999999998,1.4000000000000005E-2,72.548000000000059,9.6834965692037794E-3,10,"PSP-Business-Hospital-Lighting_Interior_General",159.40246982710076,"n/a","n/a",0,0,"No",null,null,null,null,null,null,null,"No","Dx",false,0]
["INon-ResidentialRetrofitRetrofitINTEGRAL LED TROFFERNTEGRAL LED TROFFERS2' x 2' LED trofferTwo-lamp Std. T8 fixT8 fixtures (2' 32W)PLighting_Interior_GeneralNND","IESO - Measure","Non-Residential","Retrofit","Lighting -Large Hotel (Corridor/Lobby)","INTEGRAL LED TROFFERS","2' x 2' LED troffer","Two-lamp Std. T8 fixtures (2' 32W)",7884,5.8000000000000003E-2,457.27200000000005,4.3999999999999997E-2,346.89599999999996,1.4000000000000005E-2,110.37600000000009,1.3331723317478467E-2,6,"PSP-Business-Large_Hotel (Corridor/Lobby)-Lighting_Interior_General",158.7771008826401,"n/a","n/a",0,0,"No",null,null,null,null,null,null,null,"No","Dx",false,0]
["INon-ResidentialRetrofitRetrofitINTEGRAL LED TROFFERNTEGRAL LED TROFFERS2' x 2' LED trofferTwo-lamp Std. T8 fixT8 fixtures (2' 32W)PLighting_Interior_GeneralNND","IESO - Measure","Non-Residential","Retrofit","Lighting -Large Non-Food Retail","INTEGRAL LED TROFFERS","2' x 2' LED troffer","Two-lamp Std. T8 fixtures (2' 32W)",4089,5.8000000000000003E-2,237.16200000000001,4.3999999999999997E-2,179.916,1.4000000000000005E-2,57.246000000000009,8.4896506606195778E-3,12,"PSP-Business-Large_Non_Food_Retail-Lighting_Interior_General",159.97173525109412,"n/a","n/a",0,0,"No",null,null,null,null,null,null,null,"No","Dx",false,0]
["INon-ResidentialRetrofitRetrofitINTEGRAL LED TROFFERNTEGRAL LED TROFFERS2' x 2' LED trofferTwo-lamp Std. T8 fixT8 fixtures (2' 32W)PLighting_Interior_GeneralNND","IESO - Measure","Non-Residential","Retrofit","Lighting -Large Office","INTEGRAL LED TROFFERS","2' x 2' LED troffer","Two-lamp Std. T8 fixtures (2' 32W)",3610,5.8000000000000003E-2,209.38000000000002,4.3999999999999997E-2,158.84,1.4000000000000005E-2,50.54000000000002,8.5422322810536962E-3,14,"PSP-Business-Large_Office-Lighting_Interior_General",160.49035047991663,"n/a","n/a",0,0,"No",null,null,null,null,null,null,null,"No","Dx",false,0]
["INon-ResidentialRetrofitRetrofitINTEGRAL LED TROFFERNTEGRAL LED TROFFERS2' x 2' LED trofferTwo-lamp Std. T8 fixT8 fixtures (2' 32W)PLighting_Interior_GeneralNND","IESO - Measure","Non-Residential","Retrofit","Lighting -Nursing Home","INTEGRAL LED TROFFERS","2' x 2' LED troffer","Two-lamp Std. T8 fixtures (2' 32W)",4308,5.8000000000000003E-2,249.864,4.3999999999999997E-2,189.55199999999999,1.4000000000000005E-2,60.312000000000012,9.1195964668191083E-3,12,"PSP-Business-Nursing_Home-Lighting_Interior_General",159.97173525109412,"n/a","n/a",0,0,"No",null,null,null,null,null,null,null,"No","Dx",false,0]
["INon-ResidentialRetrofitRetrofitINTEGRAL LED TROFFERNTEGRAL LED TROFFERS2' x 2' LED trofferTwo-lamp Std. T8 fixT8 fixtures (2' 32W)PLighting_Interior_GeneralNND","IESO - Measure","Non-Residential","Retrofit","Lighting -Other Commercial Buildings","INTEGRAL LED TROFFERS","2' x 2' LED troffer","Two-lamp Std. T8 fixtures (2' 32W)",2857,5.8000000000000003E-2,165.70600000000002,4.3999999999999997E-2,125.708,1.4000000000000005E-2,39.998000000000019,6.767038344148291E-3,18,"PSP-Business-Other_Commercial_Buildings-Lighting_Interior_General",160.96320960998995,"n/a","n/a",0,0,"No",null,null,null,null,null,null,null,"No","Dx",false,0]
["INon-ResidentialRetrofitRetrofitINTEGRAL LED TROFFERNTEGRAL LED TROFFERS2' x 2' LED trofferTwo-lamp Std. T8 fixT8 fixtures (2' 32W)PLighting_Interior_GeneralNND","IESO - Measure","Non-Residential","Retrofit","Lighting -Other Hotel Motel (Corridor/Lobby)","INTEGRAL LED TROFFERS","2' x 2' LED troffer","Two-lamp Std. T8 fixtures (2' 32W)",7884,5.8000000000000003E-2,457.27200000000005,4.3999999999999997E-2,346.89599999999996,1.4000000000000005E-2,110.37600000000009,1.3331723669472651E-2,6,"PSP-Business-Other_Hotel_Motel (Corridor/Lobby)-Lighting_Interior_General",158.7771008826401,"n/a","n/a",0,0,"No",null,null,null,null,null,null,null,"No","Dx",false,0]
["INon-ResidentialRetrofitRetrofitINTEGRAL LED TROFFERNTEGRAL LED TROFFERS2' x 2' LED trofferTwo-lamp Std. T8 fixT8 fixtures (2' 32W)PLighting_Interior_GeneralNND","IESO - Measure","Non-Residential","Retrofit","Lighting -Other Non-Food Retail","INTEGRAL LED TROFFERS","2' x 2' LED troffer","Two-lamp Std. T8 fixtures (2' 32W)",4089,5.8000000000000003E-2,237.16200000000001,4.3999999999999997E-2,179.916,1.4000000000000005E-2,57.246000000000009,1.25243384995701E-2,12,"PSP-Business-Other_Non_Food_Retail-Lighting_Interior_General",159.97173525109412,"n/a","n/a",0,0,"No",null,null,null,null,null,null,null,"No","Dx",false,0]
[{"$f":"CONCATENATE(TRIM(LEFT(B540,1)),TRIM(LEFT(C540,20)),TRIM(LEFT(D540,10)),TRIM(RIGHT(D540,10)),TRIM(LEFT(F540,20)),TRIM(RIGHT(F540,20)),TRIM(LEFT(G540,105)),TRIM(LEFT(H540,20)),TRIM(RIGHT(H540,20)),TRIM(LEFT(R540,1)),TRIM(RIGHT(R540,25)),TRIM(LEFT(X540,1)),TRIM(LEFT(AF540,1)),TRIM(LEFT(AG540,1)))","v":"INon-ResidentialRetrofitRetrofitINTEGRAL LED TROFFERNTEGRAL LED TROFFERS2' x 2' LED trofferTwo-lamp Std. T8 fixT8 fixtures (2' 32W)PLighting_Interior_GeneralNND"},"IESO - Measure","Non-Residential","Retrofit","Lighting -Other Office","INTEGRAL LED TROFFERS","2' x 2' LED troffer","Two-lamp Std. T8 fixtures (2' 32W)",3610,5.8000000000000003E-2,209.38000000000002,4.3999999999999997E-2,158.84,1.4000000000000005E-2,50.54000000000002,8.5422322810536962E-3,14,"PSP-Business-Other_Office-Lighting_Interior_General",160.49035047991663,"n/a","n/a",0,0,"No",null,null,null,null,null,null,null,"No","Dx",false,0]
["INon-ResidentialRetrofitRetrofitINTEGRAL LED TROFFERNTEGRAL LED TROFFERS2' x 2' LED trofferTwo-lamp Std. T8 fixT8 fixtures (2' 32W)PLighting_Interior_GeneralNND","IESO - Measure","Non-Residential","Retrofit","Lighting -Restaurant","INTEGRAL LED TROFFERS","2' x 2' LED troffer","Two-lamp Std. T8 fixtures (2' 32W)",5110,5.8000000000000003E-2,296.38,4.3999999999999997E-2,224.83999999999997,1.4000000000000005E-2,71.54000000000002,1.1722807566353285E-2,10,"PSP-Business-Restaurant-Lighting_Interior_General",159.40246982710076,"n/a","n/a",0,0,"No",null,null,null,null,null,null,null,"No","Dx",false,0]
["INon-ResidentialRetrofitRetrofitINTEGRAL LED TROFFERNTEGRAL LED TROFFERS2' x 2' LED trofferTwo-lamp Std. T8 fixT8 fixtures (2' 32W)PLighting_Interior_GeneralNND","IESO - Measure","Non-Residential","Retrofit","Lighting -Schools","INTEGRAL LED TROFFERS","2' x 2' LED troffer","Two-lamp Std. T8 fixtures (2' 32W)",2596,5.8000000000000003E-2,150.56800000000001,4.3999999999999997E-2,114.22399999999999,1.4000000000000005E-2,36.344000000000023,1.8305926975156035E-3,19,"PSP-Business-Schools-Lighting_Interior_General",161.394706724727,"n/a","n/a",0,0,"No",null,null,null,null,null,null,null,"No","Dx",false,0]
["INon-ResidentialRetrofitRetrofitINTEGRAL LED TROFFERNTEGRAL LED TROFFERS2' x 2' LED trofferTwo-lamp Std. T8 fixT8 fixtures (2' 32W)PLighting_Interior_GeneralNND","IESO - Measure","Non-Residential","Retrofit","Lighting -University Colleges","INTEGRAL LED TROFFERS","2' x 2' LED troffer","Two-lamp Std. T8 fixtures (2' 32W)",3255,5.8000000000000003E-2,188.79000000000002,4.3999999999999997E-2,143.22,1.4000000000000005E-2,45.570000000000022,6.041840097024416E-3,15,"PSP-Business-University_Colleges-Lighting_Interior_General",160.49035047991663,"n/a","n/a",0,0,"No",null,null,null,null,null,null,null,"No","Dx",false,0]
["INon-ResidentialRetrofitRetrofitINTEGRAL LED TROFFERNTEGRAL LED TROFFERS2' x 2' LED trofferTwo-lamp Std. T8 fixT8 fixtures (2' 32W)PLighting_Interior_GeneralNND","IESO - Measure","Non-Residential","Retrofit","Lighting -Warehouse Wholesale","INTEGRAL LED TROFFERS","2' x 2' LED troffer","Two-lamp Std. T8 fixtures (2' 32W)",3759,5.8000000000000003E-2,218.02200000000002,4.3999999999999997E-2,165.39599999999999,1.4000000000000005E-2,52.626000000000033,1.0241829230769236E-2,13,"PSP-Business-Warehouse_Wholesale-Lighting_Interior_General",159.97173525109412,"n/a","n/a",0,0,"No",null,null,null,null,null,null,null,"No","Dx",false,0]
["INon-ResidentialRetrofitRetrofitINTEGRAL LED TROFFERNTEGRAL LED TROFFERS1' x 4' LED trofferTwo-lamp Std. T8 fixT8 fixtures (4' 32W)PLighting_Interior_GeneralNND","IESO - Measure","Non-Residential","Retrofit","Lighting -Food Retail","INTEGRAL LED TROFFERS","1' x 4' LED troffer","Two-lamp Std. T8 fixtures (4' 32W)",6074,5.8000000000000003E-2,352.29200000000003,0.04,242.96,1.8000000000000002E-2,109.33200000000002,1.5530688620626511E-2,8,"PSP-Business-Food_Retail-Lighting_Interior_General",171.2771008826401,"n/a","n/a",0,0,"No",null,null,null,null,null,null,null,"No","Dx",false,0]
["INon-ResidentialRetrofitRetrofitINTEGRAL LED TROFFERNTEGRAL LED TROFFERS1' x 4' LED trofferTwo-lamp Std. T8 fixT8 fixtures (4' 32W)PLighting_Interior_GeneralNND","IESO - Measure","Non-Residential","Retrofit","Lighting -Hospital","INTEGRAL LED TROFFERS","1' x 4' LED troffer","Two-lamp Std. T8 fixtures (4' 32W)",5182,5.8000000000000003E-2,300.55600000000004,0.04,207.28,1.8000000000000002E-2,93.276000000000039,1.2450209874690569E-2,10,"PSP-Business-Hospital-Lighting_Interior_General",171.90246982710076,"n/a","n/a",0,0,"No",null,null,null,null,null,null,null,"No","Dx",false,0]
["INon-ResidentialRetrofitRetrofitINTEGRAL LED TROFFERNTEGRAL LED TROFFERS1' x 4' LED trofferTwo-lamp Std. T8 fixT8 fixtures (4' 32W)PLighting_Interior_GeneralNND","IESO - Measure","Non-Residential","Retrofit","Lighting -Large Hotel (Corridor/Lobby)","INTEGRAL LED TROFFERS","1' x 4' LED troffer","Two-lamp Std. T8 fixtures (4' 32W)",7884,5.8000000000000003E-2,457.27200000000005,0.04,315.36,1.8000000000000002E-2,141.91200000000003,1.7140787122472304E-2,6,"PSP-Business-Large_Hotel (Corridor/Lobby)-Lighting_Interior_General",171.2771008826401,"n/a","n/a",0,0,"No",null,null,null,null,null,null,null,"No","Dx",false,0]
["INon-ResidentialRetrofitRetrofitINTEGRAL LED TROFFERNTEGRAL LED TROFFERS1' x 4' LED trofferTwo-lamp Std. T8 fixT8 fixtures (4' 32W)PLighting_Interior_GeneralNND","IESO - Measure","Non-Residential","Retrofit","Lighting -Large Non-Food Retail","INTEGRAL LED TROFFERS","1' x 4' LED troffer","Two-lamp Std. T8 fixtures (4' 32W)",4089,5.8000000000000003E-2,237.16200000000001,0.04,163.56,1.8000000000000002E-2,73.602000000000004,1.0915265135082314E-2,12,"PSP-Business-Large_Non_Food_Retail-Lighting_Interior_General",172.47173525109412,"n/a","n/a",0,0,"No",null,null,null,null,null,null,null,"No","Dx",false,0]
["INon-ResidentialRetrofitRetrofitINTEGRAL LED TROFFERNTEGRAL LED TROFFERS1' x 4' LED trofferTwo-lamp Std. T8 fixT8 fixtures (4' 32W)PLighting_Interior_GeneralNND","IESO - Measure","Non-Residential","Retrofit","Lighting -Large Office","INTEGRAL LED TROFFERS","1' x 4' LED troffer","Two-lamp Std. T8 fixtures (4' 32W)",3610,5.8000000000000003E-2,209.38000000000002,0.04,144.4,1.8000000000000002E-2,64.980000000000018,1.0982870075640467E-2,14,"PSP-Business-Large_Office-Lighting_Interior_General",172.99035047991663,"n/a","n/a",0,0,"No",null,null,null,null,null,null,null,"No","Dx",false,0]
["INon-ResidentialRetrofitRetrofitINTEGRAL LED TROFFERNTEGRAL LED TROFFERS1' x 4' LED trofferTwo-lamp Std. T8 fixT8 fixtures (4' 32W)PLighting_Interior_GeneralNND","IESO - Measure","Non-Residential","Retrofit","Lighting -Nursing Home","INTEGRAL LED TROFFERS","1' x 4' LED troffer","Two-lamp Std. T8 fixtures (4' 32W)",4308,5.8000000000000003E-2,249.864,0.04,172.32,1.8000000000000002E-2,77.544000000000011,1.1725195457338855E-2,12,"PSP-Business-Nursing_Home-Lighting_Interior_General",172.47173525109412,"n/a","n/a",0,0,"No",null,null,null,null,null,null,null,"No","Dx",false,0]
["INon-ResidentialRetrofitRetrofitINTEGRAL LED TROFFERNTEGRAL LED TROFFERS1' x 4' LED trofferTwo-lamp Std. T8 fixT8 fixtures (4' 32W)PLighting_Interior_GeneralNND","IESO - Measure","Non-Residential","Retrofit","Lighting -Other Commercial Buildings","INTEGRAL LED TROFFERS","1' x 4' LED troffer","Two-lamp Std. T8 fixtures (4' 32W)",2857,5.8000000000000003E-2,165.70600000000002,0.04,114.28,1.8000000000000002E-2,51.426000000000016,8.7004778710478015E-3,18,"PSP-Business-Other_Commercial_Buildings-Lighting_Interior_General",173.46320960998995,"n/a","n/a",0,0,"No",null,null,null,null,null,null,null,"No","Dx",false,0]
["INon-ResidentialRetrofitRetrofitINTEGRAL LED TROFFERNTEGRAL LED TROFFERS1' x 4' LED trofferTwo-lamp Std. T8 fixT8 fixtures (4' 32W)PLighting_Interior_GeneralNND","IESO - Measure","Non-Residential","Retrofit","Lighting -Other Hotel Motel (Corridor/Lobby)","INTEGRAL LED TROFFERS","1' x 4' LED troffer","Two-lamp Std. T8 fixtures (4' 32W)",7884,5.8000000000000003E-2,457.27200000000005,0.04,315.36,1.8000000000000002E-2,141.91200000000003,1.7140787575036259E-2,6,"PSP-Business-Other_Hotel_Motel (Corridor/Lobby)-Lighting_Interior_General",171.2771008826401,"n/a","n/a",0,0,"No",null,null,null,null,null,null,null,"No","Dx",false,0]
["INon-ResidentialRetrofitRetrofitINTEGRAL LED TROFFERNTEGRAL LED TROFFERS1' x 4' LED trofferTwo-lamp Std. T8 fixT8 fixtures (4' 32W)PLighting_Interior_GeneralNND","IESO - Measure","Non-Residential","Retrofit","Lighting -Other Non-Food Retail","INTEGRAL LED TROFFERS","1' x 4' LED troffer","Two-lamp Std. T8 fixtures (4' 32W)",4089,5.8000000000000003E-2,237.16200000000001,0.04,163.56,1.8000000000000002E-2,73.602000000000004,1.6102720928018701E-2,12,"PSP-Business-Other_Non_Food_Retail-Lighting_Interior_General",172.47173525109412,"n/a","n/a",0,0,"No",null,null,null,null,null,null,null,"No","Dx",false,0]
["INon-ResidentialRetrofitRetrofitINTEGRAL LED TROFFERNTEGRAL LED TROFFERS1' x 4' LED trofferTwo-lamp Std. T8 fixT8 fixtures (4' 32W)PLighting_Interior_GeneralNND","IESO - Measure","Non-Residential","Retrofit","Lighting -Other Office","INTEGRAL LED TROFFERS","1' x 4' LED troffer","Two-lamp Std. T8 fixtures (4' 32W)",3610,5.8000000000000003E-2,209.38000000000002,0.04,144.4,1.8000000000000002E-2,64.980000000000018,1.0982870075640467E-2,14,"PSP-Business-Other_Office-Lighting_Interior_General",172.99035047991663,"n/a","n/a",0,0,"No",null,null,null,null,null,null,null,"No","Dx",false,0]
["INon-ResidentialRetrofitRetrofitINTEGRAL LED TROFFERNTEGRAL LED TROFFERS1' x 4' LED trofferTwo-lamp Std. T8 fixT8 fixtures (4' 32W)PLighting_Interior_GeneralNND","IESO - Measure","Non-Residential","Retrofit","Lighting -Restaurant","INTEGRAL LED TROFFERS","1' x 4' LED troffer","Two-lamp Std. T8 fixtures (4' 32W)",5110,5.8000000000000003E-2,296.38,0.04,204.4,1.8000000000000002E-2,91.97999999999999,1.5072181156739934E-2,10,"PSP-Business-Restaurant-Lighting_Interior_General",171.90246982710076,"n/a","n/a",0,0,"No",null,null,null,null,null,null,null,"No","Dx",false,0]
["INon-ResidentialRetrofitRetrofitINTEGRAL LED TROFFERNTEGRAL LED TROFFERS1' x 4' LED trofferTwo-lamp Std. T8 fixT8 fixtures (4' 32W)PLighting_Interior_GeneralNND","IESO - Measure","Non-Residential","Retrofit","Lighting -Schools","INTEGRAL LED TROFFERS","1' x 4' LED troffer","Two-lamp Std. T8 fixtures (4' 32W)",2596,5.8000000000000003E-2,150.56800000000001,0.04,103.84,1.8000000000000002E-2,46.728000000000009,2.3536191825200606E-3,19,"PSP-Business-Schools-Lighting_Interior_General",173.894706724727,"n/a","n/a",0,0,"No",null,null,null,null,null,null,null,"No","Dx",false,0]
["INon-ResidentialRetrofitRetrofitINTEGRAL LED TROFFERNTEGRAL LED TROFFERS1' x 4' LED trofferTwo-lamp Std. T8 fixT8 fixtures (4' 32W)PLighting_Interior_GeneralNND","IESO - Measure","Non-Residential","Retrofit","Lighting -University Colleges","INTEGRAL LED TROFFERS","1' x 4' LED troffer","Two-lamp Std. T8 fixtures (4' 32W)",3255,5.8000000000000003E-2,188.79000000000002,0.04,130.19999999999999,1.8000000000000002E-2,58.590000000000032,7.7680801247456775E-3,15,"PSP-Business-University_Colleges-Lighting_Interior_General",172.99035047991663,"n/a","n/a",0,0,"No",null,null,null,null,null,null,null,"No","Dx",false,0]
["INon-ResidentialRetrofitRetrofitINTEGRAL LED TROFFERNTEGRAL LED TROFFERS1' x 4' LED trofferTwo-lamp Std. T8 fixT8 fixtures (4' 32W)PLighting_Interior_GeneralNND","IESO - Measure","Non-Residential","Retrofit","Lighting -Warehouse Wholesale","INTEGRAL LED TROFFERS","1' x 4' LED troffer","Two-lamp Std. T8 fixtures (4' 32W)",3759,5.8000000000000003E-2,218.02200000000002,0.04,150.36000000000001,1.8000000000000002E-2,67.662000000000006,1.3168066153846154E-2,13,"PSP-Business-Warehouse_Wholesale-Lighting_Interior_General",172.47173525109412,"n/a","n/a",0,0,"No",null,null,null,null,null,null,null,"No","Dx",false,0]
["INon-ResidentialRetrofitRetrofitINTEGRAL LED TROFFERNTEGRAL LED TROFFERS2' x 4' LED trofferThree-lamp Std. T8 fT8 fixtures (4' 32W)PLighting_Interior_GeneralNND","IESO - Measure","Non-Residential","Retrofit","Lighting -Food Retail","INTEGRAL LED TROFFERS","2' x 4' LED troffer","Three-lamp Std. T8 fixtures (4' 32W)",6074,8.5000000000000006E-2,516.29000000000008,5.5E-2,334.07,3.0000000000000006E-2,182.22000000000008,2.5884481034377526E-2,8,"PSP-Business-Food_Retail-Lighting_Interior_General",189.41565132396016,"n/a","n/a",0,0,"No",null,null,null,null,null,null,null,"No","Dx",false,0]
["INon-ResidentialRetrofitRetrofitINTEGRAL LED TROFFERNTEGRAL LED TROFFERS2' x 4' LED trofferThree-lamp Std. T8 fT8 fixtures (4' 32W)PLighting_Interior_GeneralNND","IESO - Measure","Non-Residential","Retrofit","Lighting -Hospital","INTEGRAL LED TROFFERS","2' x 4' LED troffer","Three-lamp Std. T8 fixtures (4' 32W)",5182,8.5000000000000006E-2,440.47,5.5E-2,285.01,3.0000000000000006E-2,155.46000000000004,2.0750349791150941E-2,10,"PSP-Business-Hospital-Lighting_Interior_General",190.35370474065115,"n/a","n/a",0,0,"No",null,null,null,null,null,null,null,"No","Dx",false,0]
["INon-ResidentialRetrofitRetrofitINTEGRAL LED TROFFERNTEGRAL LED TROFFERS2' x 4' LED trofferThree-lamp Std. T8 fT8 fixtures (4' 32W)PLighting_Interior_GeneralNND","IESO - Measure","Non-Residential","Retrofit","Lighting -Large Hotel (Corridor/Lobby)","INTEGRAL LED TROFFERS","2' x 4' LED troffer","Three-lamp Std. T8 fixtures (4' 32W)",7884,8.5000000000000006E-2,670.1400000000001,5.5E-2,433.62,3.0000000000000006E-2,236.5200000000001,2.8567978537453843E-2,6,"PSP-Business-Large_Hotel (Corridor/Lobby)-Lighting_Interior_General",189.41565132396016,"n/a","n/a",0,0,"No",null,null,null,null,null,null,null,"No","Dx",false,0]
["INon-ResidentialRetrofitRetrofitINTEGRAL LED TROFFERNTEGRAL LED TROFFERS2' x 4' LED trofferThree-lamp Std. T8 fT8 fixtures (4' 32W)PLighting_Interior_GeneralNND","IESO - Measure","Non-Residential","Retrofit","Lighting -Large Non-Food Retail","INTEGRAL LED TROFFERS","2' x 4' LED troffer","Three-lamp Std. T8 fixtures (4' 32W)",4089,8.5000000000000006E-2,347.565,5.5E-2,224.89500000000001,3.0000000000000006E-2,122.66999999999999,1.8192108558470518E-2,12,"PSP-Business-Large_Non_Food_Retail-Lighting_Interior_General",191.2076028766412,"n/a","n/a",0,0,"No",null,null,null,null,null,null,null,"No","Dx",false,0]
["INon-ResidentialRetrofitRetrofitINTEGRAL LED TROFFERNTEGRAL LED TROFFERS2' x 4' LED trofferThree-lamp Std. T8 fT8 fixtures (4' 32W)PLighting_Interior_GeneralNND","IESO - Measure","Non-Residential","Retrofit","Lighting -Large Office","INTEGRAL LED TROFFERS","2' x 4' LED troffer","Three-lamp Std. T8 fixtures (4' 32W)",3610,8.5000000000000006E-2,306.85000000000002,5.5E-2,198.55,3.0000000000000006E-2,108.30000000000001,1.8304783459400772E-2,14,"PSP-Business-Large_Office-Lighting_Interior_General",191.98552571987494,"n/a","n/a",0,0,"No",null,null,null,null,null,null,null,"No","Dx",false,0]
["INon-ResidentialRetrofitRetrofitINTEGRAL LED TROFFERNTEGRAL LED TROFFERS2' x 4' LED trofferThree-lamp Std. T8 fT8 fixtures (4' 32W)PLighting_Interior_GeneralNND","IESO - Measure","Non-Residential","Retrofit","Lighting -Nursing Home","INTEGRAL LED TROFFERS","2' x 4' LED troffer","Three-lamp Std. T8 fixtures (4' 32W)",4308,8.5000000000000006E-2,366.18,5.5E-2,236.94,3.0000000000000006E-2,129.24,1.9541992428898088E-2,12,"PSP-Business-Nursing_Home-Lighting_Interior_General",191.2076028766412,"n/a","n/a",0,0,"No",null,null,null,null,null,null,null,"No","Dx",false,0]
["INon-ResidentialRetrofitRetrofitINTEGRAL LED TROFFERNTEGRAL LED TROFFERS2' x 4' LED trofferThree-lamp Std. T8 fT8 fixtures (4' 32W)PLighting_Interior_GeneralNND","IESO - Measure","Non-Residential","Retrofit","Lighting -Other Commercial Buildings","INTEGRAL LED TROFFERS","2' x 4' LED troffer","Three-lamp Std. T8 fixtures (4' 32W)",2857,8.5000000000000006E-2,242.84500000000003,5.5E-2,157.13499999999999,3.0000000000000006E-2,85.710000000000036,1.4500796451746338E-2,18,"PSP-Business-Other_Commercial_Buildings-Lighting_Interior_General",192.69481441498493,"n/a","n/a",0,0,"No",null,null,null,null,null,null,null,"No","Dx",false,0]
["INon-ResidentialRetrofitRetrofitINTEGRAL LED TROFFERNTEGRAL LED TROFFERS2' x 4' LED trofferThree-lamp Std. T8 fT8 fixtures (4' 32W)PLighting_Interior_GeneralNND","IESO - Measure","Non-Residential","Retrofit","Lighting -Other Hotel Motel (Corridor/Lobby)","INTEGRAL LED TROFFERS","2' x 4' LED troffer","Three-lamp Std. T8 fixtures (4' 32W)",7884,8.5000000000000006E-2,670.1400000000001,5.5E-2,433.62,3.0000000000000006E-2,236.5200000000001,2.8567979291727101E-2,6,"PSP-Business-Other_Hotel_Motel (Corridor/Lobby)-Lighting_Interior_General",189.41565132396016,"n/a","n/a",0,0,"No",null,null,null,null,null,null,null,"No","Dx",false,0]
["INon-ResidentialRetrofitRetrofitINTEGRAL LED TROFFERNTEGRAL LED TROFFERS2' x 4' LED trofferThree-lamp Std. T8 fT8 fixtures (4' 32W)PLighting_Interior_GeneralNND","IESO - Measure","Non-Residential","Retrofit","Lighting -Other Non-Food Retail","INTEGRAL LED TROFFERS","2' x 4' LED troffer","Three-lamp Std. T8 fixtures (4' 32W)",4089,8.5000000000000006E-2,347.565,5.5E-2,224.89500000000001,3.0000000000000006E-2,122.66999999999999,2.6837868213364494E-2,12,"PSP-Business-Other_Non_Food_Retail-Lighting_Interior_General",191.2076028766412,"n/a","n/a",0,0,"No",null,null,null,null,null,null,null,"No","Dx",false,0]
["INon-ResidentialRetrofitRetrofitINTEGRAL LED TROFFERNTEGRAL LED TROFFERS2' x 4' LED trofferThree-lamp Std. T8 fT8 fixtures (4' 32W)PLighting_Interior_GeneralNND","IESO - Measure","Non-Residential","Retrofit","Lighting -Other Office","INTEGRAL LED TROFFERS","2' x 4' LED troffer","Three-lamp Std. T8 fixtures (4' 32W)",3610,8.5000000000000006E-2,306.85000000000002,5.5E-2,198.55,3.0000000000000006E-2,108.30000000000001,1.8304783459400772E-2,14,"PSP-Business-Other_Office-Lighting_Interior_General",191.98552571987494,"n/a","n/a",0,0,"No",null,null,null,null,null,null,null,"No","Dx",false,0]
["INon-ResidentialRetrofitRetrofitINTEGRAL LED TROFFERNTEGRAL LED TROFFERS2' x 4' LED trofferThree-lamp Std. T8 fT8 fixtures (4' 32W)PLighting_Interior_GeneralNND","IESO - Measure","Non-Residential","Retrofit","Lighting -Restaurant","INTEGRAL LED TROFFERS","2' x 4' LED troffer","Three-lamp Std. T8 fixtures (4' 32W)",5110,8.5000000000000006E-2,434.35,5.5E-2,281.05,3.0000000000000006E-2,153.30000000000001,2.5120301927899893E-2,10,"PSP-Business-Restaurant-Lighting_Interior_General",190.35370474065115,"n/a","n/a",0,0,"No",null,null,null,null,null,null,null,"No","Dx",false,0]
["INon-ResidentialRetrofitRetrofitINTEGRAL LED TROFFERNTEGRAL LED TROFFERS2' x 4' LED trofferThree-lamp Std. T8 fT8 fixtures (4' 32W)PLighting_Interior_GeneralNND","IESO - Measure","Non-Residential","Retrofit","Lighting -Schools","INTEGRAL LED TROFFERS","2' x 4' LED troffer","Three-lamp Std. T8 fixtures (4' 32W)",2596,8.5000000000000006E-2,220.66000000000003,5.5E-2,142.78,3.0000000000000006E-2,77.880000000000024,3.9226986375334354E-3,19,"PSP-Business-Schools-Lighting_Interior_General",193.34206008709049,"n/a","n/a",0,0,"No",null,null,null,null,null,null,null,"No","Dx",false,0]
["INon-ResidentialRetrofitRetrofitINTEGRAL LED TROFFERNTEGRAL LED TROFFERS2' x 4' LED trofferThree-lamp Std. T8 fT8 fixtures (4' 32W)PLighting_Interior_GeneralNND","IESO - Measure","Non-Residential","Retrofit","Lighting -University Colleges","INTEGRAL LED TROFFERS","2' x 4' LED troffer","Three-lamp Std. T8 fixtures (4' 32W)",3255,8.5000000000000006E-2,276.67500000000001,5.5E-2,179.02500000000001,3.0000000000000006E-2,97.65,1.2946800207909457E-2,15,"PSP-Business-University_Colleges-Lighting_Interior_General",191.98552571987494,"n/a","n/a",0,0,"No",null,null,null,null,null,null,null,"No","Dx",false,0]
["INon-ResidentialRetrofitRetrofitINTEGRAL LED TROFFERNTEGRAL LED TROFFERS2' x 4' LED trofferThree-lamp Std. T8 fT8 fixtures (4' 32W)PLighting_Interior_GeneralNND","IESO - Measure","Non-Residential","Retrofit","Lighting -Warehouse Wholesale","INTEGRAL LED TROFFERS","2' x 4' LED troffer","Three-lamp Std. T8 fixtures (4' 32W)",3759,8.5000000000000006E-2,319.51500000000004,5.5E-2,206.745,3.0000000000000006E-2,112.77000000000004,2.1946776923076929E-2,13,"PSP-Business-Warehouse_Wholesale-Lighting_Interior_General",191.2076028766412,"n/a","n/a",0,0,"No",null,null,null,null,null,null,null,"No","Dx",false,0]
["INon-ResidentialRetrofitRetrofitLED EXTERIOR AREA LIEXTERIOR AREA LIGHTSLED fixture (30W to ≤50W)120W Metal Halide120W Metal HalidePmercial-Lighting_ExteriorNND","IESO - Measure","Non-Residential","Retrofit","Lighting  - General","LED EXTERIOR AREA LIGHTS","LED fixture (30W to ≤50W)","120W Metal Halide",4200,0.12,504,0.05,210,6.9999999999999993E-2,294,3.2415384615384615E-3,12,"PSP-Business-Commercial-Lighting_Exterior",23.292030946699242,"n/a","n/a",0,0,"No",null,null,null,null,null,null,null,"No","Dx",false,0]
["INon-ResidentialRetrofitRetrofitLED EXTERIOR AREA LIEXTERIOR AREA LIGHTSLED fixture (>50W to ≤100W)175W Metal Halide175W Metal HalidePmercial-Lighting_ExteriorNND","IESO - Measure","Non-Residential","Retrofit","Lighting  - General","LED EXTERIOR AREA LIGHTS","LED fixture (>50W to ≤100W)","175W Metal Halide",4200,0.17499999999999999,735,0.09,378,8.4999999999999992E-2,357,3.9361538461538462E-3,12,"PSP-Business-Commercial-Lighting_Exterior",237.9745502883863,"n/a","n/a",0,0,"No",null,null,null,null,null,null,null,"No","Dx",false,0]
["INon-ResidentialRetrofitRetrofitLED EXTERIOR AREA LIEXTERIOR AREA LIGHTSLED fixture (>100W to ≤250W)454W Metal Halide454W Metal HalidePmercial-Lighting_ExteriorNND","IESO - Measure","Non-Residential","Retrofit","Lighting  - General","LED EXTERIOR AREA LIGHTS","LED fixture (>100W to ≤250W)","454W Metal Halide",4200,0.45400000000000001,1906.8,0.21099999999999999,886.19999999999993,0.24300000000000002,1020.6,1.1252769230769231E-2,12,"PSP-Business-Commercial-Lighting_Exterior",6.828534815036619,"n/a","n/a",0,0,"No",null,null,null,null,null,null,null,"No","Dx",false,0]
["INon-ResidentialRetrofitRetrofitLED EXTERIOR AREA LIEXTERIOR AREA LIGHTSLED fixture (>250W)1080W Metal Halide1080W Metal HalidePmercial-Lighting_ExteriorNND","IESO - Measure","Non-Residential","Retrofit","Lighting  - General","LED EXTERIOR AREA LIGHTS","LED fixture (>250W)","1080W Metal Halide",4200,1.08,4536,0.42199999999999999,1772.3999999999999,0.65800000000000014,2763.6000000000004,3.0470461538461543E-2,12,"PSP-Business-Commercial-Lighting_Exterior",126.76491053600239,"n/a","n/a",0,0,"No",null,null,null,null,null,null,null,"No","Dx",false,0]
["INon-ResidentialRetrofitRetrofitT8/T5 REPLACEMENT -R/DUST PROOF FIXTURE4 – 4’ 32W HBF Vapour/Dust Proof Fixture (minimum of 3100 lumens per lamp)250W Metal Halide250W Metal HalidePLighting_Interior_GeneralNND","IESO - Measure","Non-Residential","Retrofit","Lighting  - General","T8/T5 REPLACEMENT - VAPOUR/DUST PROOF FIXTURE","4 – 4’ 32W HBF Vapour/Dust Proof Fixture (minimum of 3100 lumens per lamp)","250W Metal Halide",4792,0.29499999999999998,1413.6399999999999,0.14199999999999999,680.46399999999994,0.153,733.17599999999993,0.14268732923076921,10,"PSP-Business-Warehouse_Wholesale-Lighting_Interior_General",119.56609147148318,"n/a","n/a",0,0,"No",null,null,null,null,null,null,null,"No","Dx",false,0]
["INon-ResidentialRetrofitRetrofitT8/T5 REPLACEMENT -R/DUST PROOF FIXTURE3 - 4' 54W T5HOVapour/Dust Proof Fixture250W Metal Halide250W Metal HalidePLighting_Interior_GeneralNND","IESO - Measure","Non-Residential","Retrofit","Lighting  - General","T8/T5 REPLACEMENT - VAPOUR/DUST PROOF FIXTURE","3 - 4' 54W T5HOVapour/Dust Proof Fixture","250W Metal Halide",4792,0.29499999999999998,1413.6399999999999,0.17899999999999999,857.76799999999992,0.11599999999999999,555.87199999999996,0.10818124307692306,10,"PSP-Business-Warehouse_Wholesale-Lighting_Interior_General",133.56609147148316,"n/a","n/a",0,0,"No",null,null,null,null,null,null,null,"No","Dx",false,0]
["INon-ResidentialRetrofitRetrofitT8/T5 REPLACEMENT -R/DUST PROOF FIXTURE4 - 4' 54W T5HOVapour/Dust Proof Fixture250W Metal Halide250W Metal HalidePLighting_Interior_GeneralNND","IESO - Measure","Non-Residential","Retrofit","Lighting  - General","T8/T5 REPLACEMENT - VAPOUR/DUST PROOF FIXTURE","4 - 4' 54W T5HOVapour/Dust Proof Fixture","250W Metal Halide",4792,0.29499999999999998,1413.6399999999999,0.23599999999999999,1130.912,5.8999999999999997E-2,282.72799999999984,5.5023218461538431E-2,10,"PSP-Business-Warehouse_Wholesale-Lighting_Interior_General",158.56609147148316,"n/a","n/a",0,0,"No",null,null,null,null,null,null,null,"No","Dx",false,0]
["INon-ResidentialRetrofitRetrofitT8/T5 REPLACEMENT -R/DUST PROOF FIXTURE6 – 4’ 32W HBF Vapour/Dust Proof Fixture (minimum of 3100 lumens per lamp)400W Metal Halide400W Metal HalidePLighting_Interior_GeneralNND","IESO - Measure","Non-Residential","Retrofit","Lighting  - General","T8/T5 REPLACEMENT - VAPOUR/DUST PROOF FIXTURE","6 – 4’ 32W HBF Vapour/Dust Proof Fixture (minimum of 3100 lumens per lamp)","400W Metal Halide",4792,0.45800000000000002,2194.7359999999999,0.222,1063.8240000000001,0.23600000000000002,1130.9119999999998,0.22009287384615378,10,"PSP-Business-Warehouse_Wholesale-Lighting_Interior_General",165,"n/a","n/a",0,0,"No",null,null,null,null,null,null,null,"No","Dx",false,0]
["INon-ResidentialRetrofitRetrofitT8/T5 REPLACEMENT -R/DUST PROOF FIXTURE4 - 4' 54W T5HOVapour/Dust Proof Fixture400W Metal Halide400W Metal HalidePLighting_Interior_GeneralNND","IESO - Measure","Non-Residential","Retrofit","Lighting  - General","T8/T5 REPLACEMENT - VAPOUR/DUST PROOF FIXTURE","4 - 4' 54W T5HOVapour/Dust Proof Fixture","400W Metal Halide",4792,0.45800000000000002,2194.7359999999999,0.23400000000000001,1121.328,0.224,1073.4079999999999,0.20890171076923073,10,"PSP-Business-Warehouse_Wholesale-Lighting_Interior_General",169,"n/a","n/a",0,0,"No",null,null,null,null,null,null,null,"No","Dx",false,0]
["INon-ResidentialRetrofitRetrofitT8/T5 REPLACEMENT -R/DUST PROOF FIXTURE6 - 4' 54W T5HO Fixture Vapour/Dust Proof Fixture400W Metal Halide400W Metal HalidePLighting_Interior_GeneralNND","IESO - Measure","Non-Residential","Retrofit","Lighting  - General","T8/T5 REPLACEMENT - VAPOUR/DUST PROOF FIXTURE","6 - 4' 54W T5HO Fixture Vapour/Dust Proof Fixture","400W Metal Halide",4792,0.45800000000000002,2194.7359999999999,0.34200000000000003,1638.864,0.11599999999999999,555.87199999999984,0.10818124307692303,10,"PSP-Business-Warehouse_Wholesale-Lighting_Interior_General",199,"n/a","n/a",0,0,"No",null,null,null,null,null,null,null,"No","Dx",false,0]
["INon-ResidentialRetrofitRetrofitENERGY STAR® QUALIFIT LOCATION RATED PAR7W – 11W ENERGY STAR® Qualified LED A ShapeENERGY STAR® 11-13WRGY STAR® 11-13W CFLPLighting_Interior_GeneralNND","IESO - Measure","Non-Residential","Retrofit","Lighting -Food Retail","ENERGY STAR® QUALIFIED LED LAMPS - OMNIDIRECTIONAL A SHAPE OR WET LOCATION RATED PAR","7W – 11W ENERGY STAR® Qualified LED A Shape","ENERGY STAR® 11-13W CFL",6074,1.2E-2,72.888000000000005,8.9999999999999993E-3,54.665999999999997,3.0000000000000009E-3,18.222000000000008,2.5884481034377524E-3,11,"PSP-Business-Food_Retail-Lighting_Interior_General",-10.195018845767422,"n/a","n/a",0,0,"No",null,null,null,null,null,null,null,"No","Dx",false,0]
["INon-ResidentialRetrofitRetrofitENERGY STAR® QUALIFIT LOCATION RATED PAR7W – 11W ENERGY STAR® Qualified LED A ShapeENERGY STAR® 11-13WRGY STAR® 11-13W CFLPLighting_Interior_GeneralNND","IESO - Measure","Non-Residential","Retrofit","Lighting -Hospital","ENERGY STAR® QUALIFIED LED LAMPS - OMNIDIRECTIONAL A SHAPE OR WET LOCATION RATED PAR","7W – 11W ENERGY STAR® Qualified LED A Shape","ENERGY STAR® 11-13W CFL",5182,1.2E-2,62.184000000000005,8.9999999999999993E-3,46.637999999999998,3.0000000000000009E-3,15.546000000000006,2.0750349791150945E-3,11,"PSP-Business-Hospital-Lighting_Interior_General",1.0646990405274419,"n/a","n/a",0,0,"No",null,null,null,null,null,null,null,"No","Dx",false,0]
["INon-ResidentialRetrofitRetrofitENERGY STAR® QUALIFIT LOCATION RATED PAR7W – 11W ENERGY STAR® Qualified LED A ShapeENERGY STAR® 11-13WRGY STAR® 11-13W CFLPLighting_Interior_GeneralNND","IESO - Measure","Non-Residential","Retrofit","Lighting -Large Hotel (Corridor/Lobby)","ENERGY STAR® QUALIFIED LED LAMPS - OMNIDIRECTIONAL A SHAPE OR WET LOCATION RATED PAR","7W – 11W ENERGY STAR® Qualified LED A Shape","ENERGY STAR® 11-13W CFL",7884,1.2E-2,94.608000000000004,8.9999999999999993E-3,70.955999999999989,3.0000000000000009E-3,23.652000000000015,2.856797853745385E-3,11,"PSP-Business-Large_Hotel (Corridor/Lobby)-Lighting_Interior_General",-6.8697199765134727,"n/a","n/a",0,0,"No",null,null,null,null,null,null,null,"No","Dx",false,0]
["INon-ResidentialRetrofitRetrofitENERGY STAR® QUALIFIT LOCATION RATED PAR7W – 11W ENERGY STAR® Qualified LED A ShapeENERGY STAR® 11-13WRGY STAR® 11-13W CFLPLighting_Interior_GeneralNND","IESO - Measure","Non-Residential","Retrofit","Lighting -Large Non-Food Retail","ENERGY STAR® QUALIFIED LED LAMPS - OMNIDIRECTIONAL A SHAPE OR WET LOCATION RATED PAR","7W – 11W ENERGY STAR® Qualified LED A Shape","ENERGY STAR® 11-13W CFL",4089,1.2E-2,49.067999999999998,8.9999999999999993E-3,36.800999999999995,3.0000000000000009E-3,12.267000000000003,1.8192108558470527E-3,11,"PSP-Business-Large_Non_Food_Retail-Lighting_Interior_General",-2.0723753644291172,"n/a","n/a",0,0,"No",null,null,null,null,null,null,null,"No","Dx",false,0]
["INon-ResidentialRetrofitRetrofitENERGY STAR® QUALIFIT LOCATION RATED PAR7W – 11W ENERGY STAR® Qualified LED A ShapeENERGY STAR® 11-13WRGY STAR® 11-13W CFLPLighting_Interior_GeneralNND","IESO - Measure","Non-Residential","Retrofit","Lighting -Large Office","ENERGY STAR® QUALIFIED LED LAMPS - OMNIDIRECTIONAL A SHAPE OR WET LOCATION RATED PAR","7W – 11W ENERGY STAR® Qualified LED A Shape","ENERGY STAR® 11-13W CFL",3610,1.2E-2,43.32,8.9999999999999993E-3,32.489999999999995,3.0000000000000009E-3,10.830000000000005,1.830478345940078E-3,11,"PSP-Business-Large_Office-Lighting_Interior_General",-4.8643604169002437,"n/a","n/a",0,0,"No",null,null,null,null,null,null,null,"No","Dx",false,0]
["INon-ResidentialRetrofitRetrofitENERGY STAR® QUALIFIT LOCATION RATED PAR7W – 11W ENERGY STAR® Qualified LED A ShapeENERGY STAR® 11-13WRGY STAR® 11-13W CFLPLighting_Interior_GeneralNND","IESO - Measure","Non-Residential","Retrofit","Lighting -Nursing Home","ENERGY STAR® QUALIFIED LED LAMPS - OMNIDIRECTIONAL A SHAPE OR WET LOCATION RATED PAR","7W – 11W ENERGY STAR® Qualified LED A Shape","ENERGY STAR® 11-13W CFL",4308,1.2E-2,51.695999999999998,8.9999999999999993E-3,38.771999999999998,3.0000000000000009E-3,12.923999999999999,1.9541992428898087E-3,11,"PSP-Business-Nursing_Home-Lighting_Interior_General",-2.0723753644291172,"n/a","n/a",0,0,"No",null,null,null,null,null,null,null,"No","Dx",false,0]
["INon-ResidentialRetrofitRetrofitENERGY STAR® QUALIFIT LOCATION RATED PAR7W – 11W ENERGY STAR® Qualified LED A ShapeENERGY STAR® 11-13WRGY STAR® 11-13W CFLPLighting_Interior_GeneralNND","IESO - Measure","Non-Residential","Retrofit","Lighting -Other Commercial Buildings","ENERGY STAR® QUALIFIED LED LAMPS - OMNIDIRECTIONAL A SHAPE OR WET LOCATION RATED PAR","7W – 11W ENERGY STAR® Qualified LED A Shape","ENERGY STAR® 11-13W CFL",2857,1.2E-2,34.283999999999999,8.9999999999999993E-3,25.712999999999997,3.0000000000000009E-3,8.5710000000000015,1.4500796451746333E-3,11,"PSP-Business-Other_Commercial_Buildings-Lighting_Interior_General",-0.9573283771589125,"n/a","n/a",0,0,"No",null,null,null,null,null,null,null,"No","Dx",false,0]
["INon-ResidentialRetrofitRetrofitENERGY STAR® QUALIFIT LOCATION RATED PAR7W – 11W ENERGY STAR® Qualified LED A ShapeENERGY STAR® 11-13WRGY STAR® 11-13W CFLPLighting_Interior_GeneralNND","IESO - Measure","Non-Residential","Retrofit","Lighting -Other Hotel Motel (Corridor/Lobby)","ENERGY STAR® QUALIFIED LED LAMPS - OMNIDIRECTIONAL A SHAPE OR WET LOCATION RATED PAR","7W – 11W ENERGY STAR® Qualified LED A Shape","ENERGY STAR® 11-13W CFL",7884,1.2E-2,94.608000000000004,8.9999999999999993E-3,70.955999999999989,3.0000000000000009E-3,23.652000000000015,2.8567979291727109E-3,11,"PSP-Business-Other_Hotel_Motel (Corridor/Lobby)-Lighting_Interior_General",-6.8697199765134727,"n/a","n/a",0,0,"No",null,null,null,null,null,null,null,"No","Dx",false,0]
["INon-ResidentialRetrofitRetrofitENERGY STAR® QUALIFIT LOCATION RATED PAR7W – 11W ENERGY STAR® Qualified LED A ShapeENERGY STAR® 11-13WRGY STAR® 11-13W CFLPLighting_Interior_GeneralNND","IESO - Measure","Non-Residential","Retrofit","Lighting -Other Non-Food Retail","ENERGY STAR® QUALIFIED LED LAMPS - OMNIDIRECTIONAL A SHAPE OR WET LOCATION RATED PAR","7W – 11W ENERGY STAR® Qualified LED A Shape","ENERGY STAR® 11-13W CFL",4089,1.2E-2,49.067999999999998,8.9999999999999993E-3,36.800999999999995,3.0000000000000009E-3,12.267000000000003,2.6837868213364503E-3,11,"PSP-Business-Other_Non_Food_Retail-Lighting_Interior_General",-2.0723753644291172,"n/a","n/a",0,0,"No",null,null,null,null,null,null,null,"No","Dx",false,0]
["INon-ResidentialRetrofitRetrofitENERGY STAR® QUALIFIT LOCATION RATED PAR7W – 11W ENERGY STAR® Qualified LED A ShapeENERGY STAR® 11-13WRGY STAR® 11-13W CFLPLighting_Interior_GeneralNND","IESO - Measure","Non-Residential","Retrofit","Lighting -Other Office","ENERGY STAR® QUALIFIED LED LAMPS - OMNIDIRECTIONAL A SHAPE OR WET LOCATION RATED PAR","7W – 11W ENERGY STAR® Qualified LED A Shape","ENERGY STAR® 11-13W CFL",3610,1.2E-2,43.32,8.9999999999999993E-3,32.489999999999995,3.0000000000000009E-3,10.830000000000005,1.830478345940078E-3,11,"PSP-Business-Other_Office-Lighting_Interior_General",-4.8643604169002437,"n/a","n/a",0,0,"No",null,null,null,null,null,null,null,"No","Dx",false,0]
["INon-ResidentialRetrofitRetrofitENERGY STAR® QUALIFIT LOCATION RATED PAR7W – 11W ENERGY STAR® Qualified LED A ShapeENERGY STAR® 11-13WRGY STAR® 11-13W CFLPLighting_Interior_GeneralNND","IESO - Measure","Non-Residential","Retrofit","Lighting -Restaurant","ENERGY STAR® QUALIFIED LED LAMPS - OMNIDIRECTIONAL A SHAPE OR WET LOCATION RATED PAR","7W – 11W ENERGY STAR® Qualified LED A Shape","ENERGY STAR® 11-13W CFL",5110,1.2E-2,61.32,8.9999999999999993E-3,45.989999999999995,3.0000000000000009E-3,15.330000000000005,2.5120301927899903E-3,11,"PSP-Business-Restaurant-Lighting_Interior_General",1.0646990405274419,"n/a","n/a",0,0,"No",null,null,null,null,null,null,null,"No","Dx",false,0]
["INon-ResidentialRetrofitRetrofitENERGY STAR® QUALIFIT LOCATION RATED PAR7W – 11W ENERGY STAR® Qualified LED A ShapeENERGY STAR® 11-13WRGY STAR® 11-13W CFLPLighting_Interior_GeneralNND","IESO - Measure","Non-Residential","Retrofit","Lighting -Schools","ENERGY STAR® QUALIFIED LED LAMPS - OMNIDIRECTIONAL A SHAPE OR WET LOCATION RATED PAR","7W – 11W ENERGY STAR® Qualified LED A Shape","ENERGY STAR® 11-13W CFL",2596,1.2E-2,31.152000000000001,8.9999999999999993E-3,23.363999999999997,3.0000000000000009E-3,7.7880000000000038,3.9226986375334358E-4,11,"PSP-Business-Schools-Lighting_Interior_General",-0.9573283771589125,"n/a","n/a",0,0,"No",null,null,null,null,null,null,null,"No","Dx",false,0]
["INon-ResidentialRetrofitRetrofitENERGY STAR® QUALIFIT LOCATION RATED PAR7W – 11W ENERGY STAR® Qualified LED A ShapeENERGY STAR® 11-13WRGY STAR® 11-13W CFLPLighting_Interior_GeneralNND","IESO - Measure","Non-Residential","Retrofit","Lighting -University Colleges","ENERGY STAR® QUALIFIED LED LAMPS - OMNIDIRECTIONAL A SHAPE OR WET LOCATION RATED PAR","7W – 11W ENERGY STAR® Qualified LED A Shape","ENERGY STAR® 11-13W CFL",3255,1.2E-2,39.06,8.9999999999999993E-3,29.294999999999998,3.0000000000000009E-3,9.7650000000000041,1.2946800207909461E-3,11,"PSP-Business-University_Colleges-Lighting_Interior_General",-4.8643604169002437,"n/a","n/a",0,0,"No",null,null,null,null,null,null,null,"No","Dx",false,0]
["INon-ResidentialRetrofitRetrofitENERGY STAR® QUALIFIT LOCATION RATED PAR7W – 11W ENERGY STAR® Qualified LED A ShapeENERGY STAR® 11-13WRGY STAR® 11-13W CFLPLighting_Interior_GeneralNND","IESO - Measure","Non-Residential","Retrofit","Lighting -Warehouse Wholesale","ENERGY STAR® QUALIFIED LED LAMPS - OMNIDIRECTIONAL A SHAPE OR WET LOCATION RATED PAR","7W – 11W ENERGY STAR® Qualified LED A Shape","ENERGY STAR® 11-13W CFL",3759,1.2E-2,45.108000000000004,8.9999999999999993E-3,33.830999999999996,3.0000000000000009E-3,11.277000000000008,2.1946776923076937E-3,11,"PSP-Business-Warehouse_Wholesale-Lighting_Interior_General",-2.0723753644291172,"n/a","n/a",0,0,"No",null,null,null,null,null,null,null,"No","Dx",false,0]
["INon-ResidentialRetrofitRetrofitENERGY STAR® QUALIFIT LOCATION RATED PAR10W – 14W ENERGY STAR® Qualified LED A ShapeENERGY STAR® 15-20WRGY STAR® 15-20W CFLPLighting_Interior_GeneralNND","IESO - Measure","Non-Residential","Retrofit","Lighting -Food Retail","ENERGY STAR® QUALIFIED LED LAMPS - OMNIDIRECTIONAL A SHAPE OR WET LOCATION RATED PAR","10W – 14W ENERGY STAR® Qualified LED A Shape","ENERGY STAR® 15-20W CFL",6074,1.6E-2,97.183999999999997,1.0999999999999999E-2,66.813999999999993,5.000000000000001E-3,30.370000000000005,4.3140801723962532E-3,11,"PSP-Business-Food_Retail-Lighting_Interior_General",-10.758727981437136,"n/a","n/a",0,0,"No",null,null,null,null,null,null,null,"No","Dx",false,0]
["INon-ResidentialRetrofitRetrofitENERGY STAR® QUALIFIT LOCATION RATED PAR10W – 14W ENERGY STAR® Qualified LED A ShapeENERGY STAR® 15-20WRGY STAR® 15-20W CFLPLighting_Interior_GeneralNND","IESO - Measure","Non-Residential","Retrofit","Lighting -Hospital","ENERGY STAR® QUALIFIED LED LAMPS - OMNIDIRECTIONAL A SHAPE OR WET LOCATION RATED PAR","10W – 14W ENERGY STAR® Qualified LED A Shape","ENERGY STAR® 15-20W CFL",5182,1.6E-2,82.912000000000006,1.0999999999999999E-2,57.001999999999995,5.000000000000001E-3,25.910000000000011,3.4583916318584908E-3,11,"PSP-Business-Hospital-Lighting_Interior_General",1.260072009551763,"n/a","n/a",0,0,"No",null,null,null,null,null,null,null,"No","Dx",false,0]
["INon-ResidentialRetrofitRetrofitENERGY STAR® QUALIFIT LOCATION RATED PAR10W – 14W ENERGY STAR® Qualified LED A ShapeENERGY STAR® 15-20WRGY STAR® 15-20W CFLPLighting_Interior_GeneralNND","IESO - Measure","Non-Residential","Retrofit","Lighting -Large Hotel (Corridor/Lobby)","ENERGY STAR® QUALIFIED LED LAMPS - OMNIDIRECTIONAL A SHAPE OR WET LOCATION RATED PAR","10W – 14W ENERGY STAR® Qualified LED A Shape","ENERGY STAR® 15-20W CFL",7884,1.6E-2,126.14400000000001,1.0999999999999999E-2,86.72399999999999,5.000000000000001E-3,39.420000000000016,4.7613297562423074E-3,11,"PSP-Business-Large_Hotel (Corridor/Lobby)-Lighting_Interior_General",-7.2092516603233676,"n/a","n/a",0,0,"No",null,null,null,null,null,null,null,"No","Dx",false,0]
["INon-ResidentialRetrofitRetrofitENERGY STAR® QUALIFIT LOCATION RATED PAR10W – 14W ENERGY STAR® Qualified LED A ShapeENERGY STAR® 15-20WRGY STAR® 15-20W CFLPLighting_Interior_GeneralNND","IESO - Measure","Non-Residential","Retrofit","Lighting -Large Non-Food Retail","ENERGY STAR® QUALIFIED LED LAMPS - OMNIDIRECTIONAL A SHAPE OR WET LOCATION RATED PAR","10W – 14W ENERGY STAR® Qualified LED A Shape","ENERGY STAR® 15-20W CFL",4089,1.6E-2,65.424000000000007,1.0999999999999999E-2,44.978999999999999,5.000000000000001E-3,20.445000000000007,3.0320180930784213E-3,11,"PSP-Business-Large_Non_Food_Retail-Lighting_Interior_General",-2.0884905575366979,"n/a","n/a",0,0,"No",null,null,null,null,null,null,null,"No","Dx",false,0]
["INon-ResidentialRetrofitRetrofitENERGY STAR® QUALIFIT LOCATION RATED PAR10W – 14W ENERGY STAR® Qualified LED A ShapeENERGY STAR® 15-20WRGY STAR® 15-20W CFLPLighting_Interior_GeneralNND","IESO - Measure","Non-Residential","Retrofit","Lighting -Large Office","ENERGY STAR® QUALIFIED LED LAMPS - OMNIDIRECTIONAL A SHAPE OR WET LOCATION RATED PAR","10W – 14W ENERGY STAR® Qualified LED A Shape","ENERGY STAR® 15-20W CFL",3610,1.6E-2,57.76,1.0999999999999999E-2,39.71,5.000000000000001E-3,18.049999999999997,3.0507972432334616E-3,11,"PSP-Business-Large_Office-Lighting_Interior_General",-5.0686993214103708,"n/a","n/a",0,0,"No",null,null,null,null,null,null,null,"No","Dx",false,0]
["INon-ResidentialRetrofitRetrofitENERGY STAR® QUALIFIT LOCATION RATED PAR10W – 14W ENERGY STAR® Qualified LED A ShapeENERGY STAR® 15-20WRGY STAR® 15-20W CFLPLighting_Interior_GeneralNND","IESO - Measure","Non-Residential","Retrofit","Lighting -Nursing Home","ENERGY STAR® QUALIFIED LED LAMPS - OMNIDIRECTIONAL A SHAPE OR WET LOCATION RATED PAR","10W – 14W ENERGY STAR® Qualified LED A Shape","ENERGY STAR® 15-20W CFL",4308,1.6E-2,68.927999999999997,1.0999999999999999E-2,47.387999999999998,5.000000000000001E-3,21.54,3.2569987381496812E-3,11,"PSP-Business-Nursing_Home-Lighting_Interior_General",-2.0884905575366979,"n/a","n/a",0,0,"No",null,null,null,null,null,null,null,"No","Dx",false,0]
["INon-ResidentialRetrofitRetrofitENERGY STAR® QUALIFIT LOCATION RATED PAR10W – 14W ENERGY STAR® Qualified LED A ShapeENERGY STAR® 15-20WRGY STAR® 15-20W CFLPLighting_Interior_GeneralNND","IESO - Measure","Non-Residential","Retrofit","Lighting -Other Commercial Buildings","ENERGY STAR® QUALIFIED LED LAMPS - OMNIDIRECTIONAL A SHAPE OR WET LOCATION RATED PAR","10W – 14W ENERGY STAR® Qualified LED A Shape","ENERGY STAR® 15-20W CFL",2857,1.6E-2,45.712000000000003,1.0999999999999999E-2,31.427,5.000000000000001E-3,14.285000000000004,2.4167994086243894E-3,11,"PSP-Business-Other_Commercial_Buildings-Lighting_Interior_General",-0.89827186325951303,"n/a","n/a",0,0,"No",null,null,null,null,null,null,null,"No","Dx",false,0]
[{"$f":"CONCATENATE(TRIM(LEFT(B604,1)),TRIM(LEFT(C604,20)),TRIM(LEFT(D604,10)),TRIM(RIGHT(D604,10)),TRIM(LEFT(F604,20)),TRIM(RIGHT(F604,20)),TRIM(LEFT(G604,105)),TRIM(LEFT(H604,20)),TRIM(RIGHT(H604,20)),TRIM(LEFT(R604,1)),TRIM(RIGHT(R604,25)),TRIM(LEFT(X604,1)),TRIM(LEFT(AF604,1)),TRIM(LEFT(AG604,1)))","v":"INon-ResidentialRetrofitRetrofitENERGY STAR® QUALIFIT LOCATION RATED PAR10W – 14W ENERGY STAR® Qualified LED A ShapeENERGY STAR® 15-20WRGY STAR® 15-20W CFLPLighting_Interior_GeneralNND"},"IESO - Measure","Non-Residential","Retrofit","Lighting -Other Hotel Motel (Corridor/Lobby)","ENERGY STAR® QUALIFIED LED LAMPS - OMNIDIRECTIONAL A SHAPE OR WET LOCATION RATED PAR","10W – 14W ENERGY STAR® Qualified LED A Shape","ENERGY STAR® 15-20W CFL",7884,1.6E-2,126.14400000000001,1.0999999999999999E-2,86.72399999999999,5.000000000000001E-3,39.420000000000016,4.7613298819545171E-3,11,"PSP-Business-Other_Hotel_Motel (Corridor/Lobby)-Lighting_Interior_General",-7.2092516603233676,"n/a","n/a",0,0,"No",null,null,null,null,null,null,null,"No","Dx",false,0]
["INon-ResidentialRetrofitRetrofitENERGY STAR® QUALIFIT LOCATION RATED PAR10W – 14W ENERGY STAR® Qualified LED A ShapeENERGY STAR® 15-20WRGY STAR® 15-20W CFLPLighting_Interior_GeneralNND","IESO - Measure","Non-Residential","Retrofit","Lighting -Other Non-Food Retail","ENERGY STAR® QUALIFIED LED LAMPS - OMNIDIRECTIONAL A SHAPE OR WET LOCATION RATED PAR","10W – 14W ENERGY STAR® Qualified LED A Shape","ENERGY STAR® 15-20W CFL",4089,1.6E-2,65.424000000000007,1.0999999999999999E-2,44.978999999999999,5.000000000000001E-3,20.445000000000007,4.4729780355607504E-3,11,"PSP-Business-Other_Non_Food_Retail-Lighting_Interior_General",-2.0884905575366979,"n/a","n/a",0,0,"No",null,null,null,null,null,null,null,"No","Dx",false,0]
["INon-ResidentialRetrofitRetrofitENERGY STAR® QUALIFIT LOCATION RATED PAR10W – 14W ENERGY STAR® Qualified LED A ShapeENERGY STAR® 15-20WRGY STAR® 15-20W CFLPLighting_Interior_GeneralNND","IESO - Measure","Non-Residential","Retrofit","Lighting -Other Office","ENERGY STAR® QUALIFIED LED LAMPS - OMNIDIRECTIONAL A SHAPE OR WET LOCATION RATED PAR","10W – 14W ENERGY STAR® Qualified LED A Shape","ENERGY STAR® 15-20W CFL",3610,1.6E-2,57.76,1.0999999999999999E-2,39.71,5.000000000000001E-3,18.049999999999997,3.0507972432334616E-3,11,"PSP-Business-Other_Office-Lighting_Interior_General",-5.0686993214103708,"n/a","n/a",0,0,"No",null,null,null,null,null,null,null,"No","Dx",false,0]
["INon-ResidentialRetrofitRetrofitENERGY STAR® QUALIFIT LOCATION RATED PAR10W – 14W ENERGY STAR® Qualified LED A ShapeENERGY STAR® 15-20WRGY STAR® 15-20W CFLPLighting_Interior_GeneralNND","IESO - Measure","Non-Residential","Retrofit","Lighting -Restaurant","ENERGY STAR® QUALIFIED LED LAMPS - OMNIDIRECTIONAL A SHAPE OR WET LOCATION RATED PAR","10W – 14W ENERGY STAR® Qualified LED A Shape","ENERGY STAR® 15-20W CFL",5110,1.6E-2,81.760000000000005,1.0999999999999999E-2,56.209999999999994,5.000000000000001E-3,25.550000000000011,4.1867169879833167E-3,11,"PSP-Business-Restaurant-Lighting_Interior_General",1.260072009551763,"n/a","n/a",0,0,"No",null,null,null,null,null,null,null,"No","Dx",false,0]
["INon-ResidentialRetrofitRetrofitENERGY STAR® QUALIFIT LOCATION RATED PAR10W – 14W ENERGY STAR® Qualified LED A ShapeENERGY STAR® 15-20WRGY STAR® 15-20W CFLPLighting_Interior_GeneralNND","IESO - Measure","Non-Residential","Retrofit","Lighting -Schools","ENERGY STAR® QUALIFIED LED LAMPS - OMNIDIRECTIONAL A SHAPE OR WET LOCATION RATED PAR","10W – 14W ENERGY STAR® Qualified LED A Shape","ENERGY STAR® 15-20W CFL",2596,1.6E-2,41.536000000000001,1.0999999999999999E-2,28.555999999999997,5.000000000000001E-3,12.980000000000004,6.5378310625557249E-4,11,"PSP-Business-Schools-Lighting_Interior_General",-0.89827186325951303,"n/a","n/a",0,0,"No",null,null,null,null,null,null,null,"No","Dx",false,0]
["INon-ResidentialRetrofitRetrofitENERGY STAR® QUALIFIT LOCATION RATED PAR10W – 14W ENERGY STAR® Qualified LED A ShapeENERGY STAR® 15-20WRGY STAR® 15-20W CFLPLighting_Interior_GeneralNND","IESO - Measure","Non-Residential","Retrofit","Lighting -University Colleges","ENERGY STAR® QUALIFIED LED LAMPS - OMNIDIRECTIONAL A SHAPE OR WET LOCATION RATED PAR","10W – 14W ENERGY STAR® Qualified LED A Shape","ENERGY STAR® 15-20W CFL",3255,1.6E-2,52.08,1.0999999999999999E-2,35.805,5.000000000000001E-3,16.274999999999999,2.157800034651576E-3,11,"PSP-Business-University_Colleges-Lighting_Interior_General",-5.0686993214103708,"n/a","n/a",0,0,"No",null,null,null,null,null,null,null,"No","Dx",false,0]
["INon-ResidentialRetrofitRetrofitENERGY STAR® QUALIFIT LOCATION RATED PAR10W – 14W ENERGY STAR® Qualified LED A ShapeENERGY STAR® 15-20WRGY STAR® 15-20W CFLPLighting_Interior_GeneralNND","IESO - Measure","Non-Residential","Retrofit","Lighting -Warehouse Wholesale","ENERGY STAR® QUALIFIED LED LAMPS - OMNIDIRECTIONAL A SHAPE OR WET LOCATION RATED PAR","10W – 14W ENERGY STAR® Qualified LED A Shape","ENERGY STAR® 15-20W CFL",3759,1.6E-2,60.143999999999998,1.0999999999999999E-2,41.348999999999997,5.000000000000001E-3,18.795000000000002,3.6577961538461537E-3,11,"PSP-Business-Warehouse_Wholesale-Lighting_Interior_General",-2.0884905575366979,"n/a","n/a",0,0,"No",null,null,null,null,null,null,null,"No","Dx",false,0]
["INon-ResidentialRetrofitRetrofitOPEN DRIP-PROOF (ODPP-PROOF (ODP) MOTORSODP 1200 RPM, 1.5 HP, 87.5%EffODP 1200 RPM, 1.5 HPPM, 1.5 HP, 86.5%EffPercial-Electric_AuxiliaryNND","IESO - Measure","Non-Residential","Retrofit","Electric Auxiliary","OPEN DRIP-PROOF (ODP) MOTORS","ODP 1200 RPM, 1.5 HP, 87.5%Eff","ODP 1200 RPM, 1.5 HP, 86.5%Eff",4942,0.9702312138728324,4794.8826589595374,0.95914285714285719,4740.0839999999998,1.1088356729975213E-2,54.798658959537534,6.6601447043130226E-3,15,"PSP-Business-Commercial-Electric_Auxiliary",99,0.68200000000000005,0.69199999999999995,0,0,"No",null,null,null,null,null,null,null,"No","Dx",false,0]
["INon-ResidentialRetrofitRetrofitOPEN DRIP-PROOF (ODPP-PROOF (ODP) MOTORSODP 1200 RPM, 2 HP, 88.5%EffODP 1200 RPM, 2 HP,RPM, 2 HP, 87.5%EffPercial-Electric_AuxiliaryNND","IESO - Measure","Non-Residential","Retrofit","Electric Auxiliary","OPEN DRIP-PROOF (ODP) MOTORS","ODP 1200 RPM, 2 HP, 88.5%Eff","ODP 1200 RPM, 2 HP, 87.5%Eff",4942,1.2788571428571429,6320.1120000000001,1.264406779661017,6248.6983050847457,1.4450363196125915E-2,71.413694915254382,8.6795106127770718E-3,15,"PSP-Business-Commercial-Electric_Auxiliary",133,0.68200000000000005,0.69199999999999995,0,0,"No",null,null,null,null,null,null,null,"No","Dx",false,0]
["INon-ResidentialRetrofitRetrofitOPEN DRIP-PROOF (ODPP-PROOF (ODP) MOTORSODP 1200 RPM, 3 HP, 90%EffODP 1200 RPM, 3 HP,RPM, 3 HP, 88.5%EffPercial-Electric_AuxiliaryNND","IESO - Measure","Non-Residential","Retrofit","Electric Auxiliary","OPEN DRIP-PROOF (ODP) MOTORS","ODP 1200 RPM, 3 HP, 90%Eff","ODP 1200 RPM, 3 HP, 88.5%Eff",4942,1.8966101694915256,9373.047457627119,1.865,9216.83,3.1610169491525619E-2,156.21745762711907,1.8986429465449855E-2,15,"PSP-Business-Commercial-Electric_Auxiliary",149,0.68200000000000005,0.69199999999999995,0,0,"No",null,null,null,null,null,null,null,"No","Dx",false,0]
["INon-ResidentialRetrofitRetrofitOPEN DRIP-PROOF (ODPP-PROOF (ODP) MOTORSODP 1200 RPM, 5 HP, 90.3%EffODP 1200 RPM, 5 HP,RPM, 5 HP, 89.5%EffPercial-Electric_AuxiliaryNND","IESO - Measure","Non-Residential","Retrofit","Electric Auxiliary","OPEN DRIP-PROOF (ODP) MOTORS","ODP 1200 RPM, 5 HP, 90.3%Eff","ODP 1200 RPM, 5 HP, 89.5%Eff",4942,3.1256983240223462,15447.201117318435,3.0980066445182723,15310.348837209302,2.7691679504073807E-2,136.85228010913306,1.6632815582494631E-2,15,"PSP-Business-Commercial-Electric_Auxiliary",221,0.68200000000000005,0.69199999999999995,0,0,"No",null,null,null,null,null,null,null,"No","Dx",false,0]
["INon-ResidentialRetrofitRetrofitOPEN DRIP-PROOF (ODPP-PROOF (ODP) MOTORSODP 1200 RPM, 7.5 HP, 91.7%EffODP 1200 RPM, 7.5 HPPM, 7.5 HP, 90.2%EffPercial-Electric_AuxiliaryNND","IESO - Measure","Non-Residential","Retrofit","Electric Auxiliary","OPEN DRIP-PROOF (ODP) MOTORS","ODP 1200 RPM, 7.5 HP, 91.7%Eff","ODP 1200 RPM, 7.5 HP, 90.2%Eff",4942,4.6521618625277164,22990.983924611974,4.5760632497273717,22614.90458015267,7.6098612800344689E-2,376.07934445930368,4.5708104941976906E-2,15,"PSP-Business-Commercial-Electric_Auxiliary",449,0.68200000000000005,0.69199999999999995,0,0,"No",null,null,null,null,null,null,null,"No","Dx",false,0]
["INon-ResidentialRetrofitRetrofitOPEN DRIP-PROOF (ODPP-PROOF (ODP) MOTORSODP 1200 RPM, 10 HP, 92.4%EffODP 1200 RPM, 10 HP,RPM, 10 HP, 91.7%EffPercial-Electric_AuxiliaryNND","IESO - Measure","Non-Residential","Retrofit","Electric Auxiliary","OPEN DRIP-PROOF (ODP) MOTORS","ODP 1200 RPM, 10 HP, 92.4%Eff","ODP 1200 RPM, 10 HP, 91.7%Eff",4942,6.1014176663031616,30153.206106870224,6.0551948051948044,29924.772727272724,4.6222861108357272E-2,228.43337959749988,2.7763441520311523E-2,15,"PSP-Business-Commercial-Electric_Auxiliary",522,0.68200000000000005,0.69199999999999995,0,0,"No",null,null,null,null,null,null,null,"No","Dx",false,0]
["INon-ResidentialRetrofitRetrofitOPEN DRIP-PROOF (ODPP-PROOF (ODP) MOTORSODP 1200 RPM, 15 HP, 92.4%EffODP 1200 RPM, 15 HP,RPM, 15 HP, 91.7%EffPercial-Electric_AuxiliaryNND","IESO - Measure","Non-Residential","Retrofit","Electric Auxiliary","OPEN DRIP-PROOF (ODP) MOTORS","ODP 1200 RPM, 15 HP, 92.4%Eff","ODP 1200 RPM, 15 HP, 91.7%Eff",4942,9.1521264994547433,45229.80916030534,9.0827922077922079,44887.159090909088,6.9334291662535463E-2,342.65006939625164,4.1645162280467503E-2,15,"PSP-Business-Commercial-Electric_Auxiliary",1044,0.68200000000000005,0.69199999999999995,0,0,"No",null,null,null,null,null,null,null,"No","Dx",false,0]
["INon-ResidentialRetrofitRetrofitOPEN DRIP-PROOF (ODPP-PROOF (ODP) MOTORSODP 1200 RPM, 20 HP, 93%EffODP 1200 RPM, 20 HP,RPM, 20 HP, 92.4%EffPercial-Electric_AuxiliaryNND","IESO - Measure","Non-Residential","Retrofit","Electric Auxiliary","OPEN DRIP-PROOF (ODP) MOTORS","ODP 1200 RPM, 20 HP, 93%Eff","ODP 1200 RPM, 20 HP, 92.4%Eff",4942,12.110389610389609,59849.545454545449,12.032258064516128,59463.419354838705,7.813154587348059E-2,386.12609970674384,4.692917211820425E-2,15,"PSP-Business-Commercial-Electric_Auxiliary",1211,0.68200000000000005,0.69199999999999995,0,0,"No",null,null,null,null,null,null,null,"No","Dx",false,0]
["INon-ResidentialRetrofitRetrofitOPEN DRIP-PROOF (ODPP-PROOF (ODP) MOTORSODP 1200 RPM, 25 HP, 93.6%EffODP 1200 RPM, 25 HP,0 RPM, 25 HP, 93%EffPercial-Electric_AuxiliaryNND","IESO - Measure","Non-Residential","Retrofit","Electric Auxiliary","OPEN DRIP-PROOF (ODP) MOTORS","ODP 1200 RPM, 25 HP, 93.6%Eff","ODP 1200 RPM, 25 HP, 93%Eff",4942,15.04032258064516,74329.274193548379,14.943910256410254,73852.80448717947,9.6412324234906421E-2,476.4697063689091,5.7909395081759719E-2,15,"PSP-Business-Commercial-Electric_Auxiliary",1670,0.68200000000000005,0.69199999999999995,0,0,"No",null,null,null,null,null,null,null,"No","Dx",false,0]
["INon-ResidentialRetrofitRetrofitOPEN DRIP-PROOF (ODPP-PROOF (ODP) MOTORSODP 1200 RPM, 30 HP, 94.1%EffODP 1200 RPM, 30 HP,RPM, 30 HP, 93.6%EffPercial-Electric_AuxiliaryNND","IESO - Measure","Non-Residential","Retrofit","Electric Auxiliary","OPEN DRIP-PROOF (ODP) MOTORS","ODP 1200 RPM, 30 HP, 94.1%Eff","ODP 1200 RPM, 30 HP, 93.6%Eff",4942,17.932692307692307,88623.365384615376,17.837407013815092,88152.46546227418,9.5285293877214627E-2,470.89992234119563,5.7232452099929935E-2,15,"PSP-Business-Commercial-Electric_Auxiliary",1567,0.68200000000000005,0.69199999999999995,0,0,"No",null,null,null,null,null,null,null,"No","Dx",false,0]
["INon-ResidentialRetrofitRetrofitOPEN DRIP-PROOF (ODPP-PROOF (ODP) MOTORSODP 1200 RPM, 40 HP, 94.5%EffODP 1200 RPM, 40 HP,RPM, 40 HP, 94.1%EffPercial-Electric_AuxiliaryNND","IESO - Measure","Non-Residential","Retrofit","Electric Auxiliary","OPEN DRIP-PROOF (ODP) MOTORS","ODP 1200 RPM, 40 HP, 94.5%Eff","ODP 1200 RPM, 40 HP, 94.1%Eff",4942,23.783209351753452,117536.62061636556,23.682539682539684,117039.11111111111,0.10066966921376874,497.50950525444932,6.0466539869386909E-2,15,"PSP-Business-Commercial-Electric_Auxiliary",1962,0.68200000000000005,0.69199999999999995,0,0,"No",null,null,null,null,null,null,null,"No","Dx",false,0]
["INon-ResidentialRetrofitRetrofitOPEN DRIP-PROOF (ODPP-PROOF (ODP) MOTORSODP 1200 RPM, 50 HP, 94.5%EffODP 1200 RPM, 50 HP,RPM, 50 HP, 94.1%EffPercial-Electric_AuxiliaryNND","IESO - Measure","Non-Residential","Retrofit","Electric Auxiliary","OPEN DRIP-PROOF (ODP) MOTORS","ODP 1200 RPM, 50 HP, 94.5%Eff","ODP 1200 RPM, 50 HP, 94.1%Eff",4942,29.729011689691816,146920.77577045697,29.603174603174601,146298.88888888888,0.12583708651721537,621.88688156809076,7.5583174836737183E-2,15,"PSP-Business-Commercial-Electric_Auxiliary",1365,0.68200000000000005,0.69199999999999995,0,0,"No",null,null,null,null,null,null,null,"No","Dx",false,0]
["INon-ResidentialRetrofitRetrofitOPEN DRIP-PROOF (ODPP-PROOF (ODP) MOTORSODP 1200 RPM, 60 HP, 95%EffODP 1200 RPM, 60 HP,RPM, 60 HP, 94.5%EffPercial-Electric_AuxiliaryNND","IESO - Measure","Non-Residential","Retrofit","Electric Auxiliary","OPEN DRIP-PROOF (ODP) MOTORS","ODP 1200 RPM, 60 HP, 95%Eff","ODP 1200 RPM, 60 HP, 94.5%Eff",4942,35.523809523809526,175558.66666666669,35.336842105263159,174634.67368421055,0.18696741854636656,923.99298245614045,0.11230068556005399,15,"PSP-Business-Commercial-Electric_Auxiliary",2514,0.68200000000000005,0.69199999999999995,0,0,"No",null,null,null,null,null,null,null,"No","Dx",false,0]
["INon-ResidentialRetrofitRetrofitOPEN DRIP-PROOF (ODPP-PROOF (ODP) MOTORSODP 1200 RPM, 75 HP, 95.3%EffODP 1200 RPM, 75 HP,RPM, 75 HP, 94.5%EffPercial-Electric_AuxiliaryNND","IESO - Measure","Non-Residential","Retrofit","Electric Auxiliary","OPEN DRIP-PROOF (ODP) MOTORS","ODP 1200 RPM, 75 HP, 95.3%Eff","ODP 1200 RPM, 75 HP, 94.5%Eff",4942,44.404761904761912,219448.33333333337,44.032004197271782,217606.16474291714,0.37275770749013049,1842.1685904162296,0.22389433637366482,15,"PSP-Business-Commercial-Electric_Auxiliary",3133,0.68200000000000005,0.69199999999999995,0,0,"No",null,null,null,null,null,null,null,"No","Dx",false,0]
["INon-ResidentialRetrofitRetrofitOPEN DRIP-PROOF (ODPP-PROOF (ODP) MOTORSODP 1200 RPM, 100 HP, 95.4%EffODP 1200 RPM, 100 HPRPM, 100 HP, 95%EffPercial-Electric_AuxiliaryNND","IESO - Measure","Non-Residential","Retrofit","Electric Auxiliary","OPEN DRIP-PROOF (ODP) MOTORS","ODP 1200 RPM, 100 HP, 95.4%Eff","ODP 1200 RPM, 100 HP, 95%Eff",4942,58.89473684210526,291057.78947368421,58.647798742138363,289837.42138364777,0.24693809996689708,1220.3680900364416,0.1483216601736598,15,"PSP-Business-Commercial-Electric_Auxiliary",3296,0.68200000000000005,0.69199999999999995,0,0,"No",null,null,null,null,null,null,null,"No","Dx",false,0]
["INon-ResidentialRetrofitRetrofitOPEN DRIP-PROOF (ODPP-PROOF (ODP) MOTORSODP 1200 RPM, 125 HP, 95.6%EffODP 1200 RPM, 125 HPRPM, 125 HP, 95%EffPercial-Electric_AuxiliaryNND","IESO - Measure","Non-Residential","Retrofit","Electric Auxiliary","OPEN DRIP-PROOF (ODP) MOTORS","ODP 1200 RPM, 125 HP, 95.6%Eff","ODP 1200 RPM, 125 HP, 95%Eff",4942,73.618421052631589,363822.23684210534,73.15638075313808,361538.83368200838,0.46204029949350911,2283.4031600969611,0.27752130715024603,15,"PSP-Business-Commercial-Electric_Auxiliary",3741,0.68200000000000005,0.69199999999999995,0,0,"No",null,null,null,null,null,null,null,"No","Dx",false,0]
["INon-ResidentialRetrofitRetrofitOPEN DRIP-PROOF (ODPP-PROOF (ODP) MOTORSODP 1200 RPM, 150 HP, 95.8%EffODP 1200 RPM, 150 HPPM, 150 HP, 95.4%EffPercial-Electric_AuxiliaryNND","IESO - Measure","Non-Residential","Retrofit","Electric Auxiliary","OPEN DRIP-PROOF (ODP) MOTORS","ODP 1200 RPM, 150 HP, 95.8%Eff","ODP 1200 RPM, 150 HP, 95.4%Eff",4942,87.971698113207566,434756.1320754718,87.604384133611703,432940.86638830905,0.36731397959586332,1815.2656871627551,0.22062459890131947,15,"PSP-Business-Commercial-Electric_Auxiliary",2607,0.68200000000000005,0.69199999999999995,0,0,"No",null,null,null,null,null,null,null,"No","Dx",false,0]
["INon-ResidentialRetrofitRetrofitOPEN DRIP-PROOF (ODPP-PROOF (ODP) MOTORSODP 1200 RPM, 200 HP, 95.9%EffODP 1200 RPM, 200 HPPM, 200 HP, 95.4%EffPercial-Electric_AuxiliaryNND","IESO - Measure","Non-Residential","Retrofit","Electric Auxiliary","OPEN DRIP-PROOF (ODP) MOTORS","ODP 1200 RPM, 200 HP, 95.9%Eff","ODP 1200 RPM, 200 HP, 95.4%Eff",4942,117.29559748427673,579674.84276729554,116.68404588112615,576652.55474452546,0.61155160315057344,3022.2880227700807,0.36732423661359437,15,"PSP-Business-Commercial-Electric_Auxiliary",4213,0.68200000000000005,0.69199999999999995,0,0,"No",null,null,null,null,null,null,null,"No","Dx",false,0]
["INon-ResidentialRetrofitRetrofitOPEN DRIP-PROOF (ODPP-PROOF (ODP) MOTORSODP 1800 RPM, 3 HP, 90.2%EffODP 1800 RPM, 3 HP,RPM, 3 HP, 89.5%EffPercial-Electric_AuxiliaryNND","IESO - Measure","Non-Residential","Retrofit","Electric Auxiliary","OPEN DRIP-PROOF (ODP) MOTORS","ODP 1800 RPM, 3 HP, 90.2%Eff","ODP 1800 RPM, 3 HP, 89.5%Eff",4942,1.8754189944134079,9268.3206703910619,1.8608647450110865,9196.3935698447895,1.4554249402321418E-2,71.927100546272413,8.7419091433161844E-3,15,"PSP-Business-Commercial-Electric_Auxiliary",200,0.68200000000000005,0.69199999999999995,0,0,"No",null,null,null,null,null,null,null,"No","Dx",false,0]
["INon-ResidentialRetrofitRetrofitOPEN DRIP-PROOF (ODPP-PROOF (ODP) MOTORSODP 1800 RPM, 20 HP, 93.6%EffODP 1800 RPM, 20 HP,0 RPM, 20 HP, 93%EffPercial-Electric_AuxiliaryNND","IESO - Measure","Non-Residential","Retrofit","Electric Auxiliary","OPEN DRIP-PROOF (ODP) MOTORS","ODP 1800 RPM, 20 HP, 93.6%Eff","ODP 1800 RPM, 20 HP, 93%Eff",4942,12.032258064516128,59463.419354838705,11.955128205128204,59082.243589743586,7.7129859387923716E-2,381.17576509511855,4.6327516065406714E-2,15,"PSP-Business-Commercial-Electric_Auxiliary",444,0.68200000000000005,0.69199999999999995,0,0,"No",null,null,null,null,null,null,null,"No","Dx",false,0]
["INon-ResidentialRetrofitRetrofitOPEN DRIP-PROOF (ODPP-PROOF (ODP) MOTORSODP 1800 RPM, 25 HP, 94.1%EffODP 1800 RPM, 25 HP,RPM, 25 HP, 93.6%EffPercial-Electric_AuxiliaryNND","IESO - Measure","Non-Residential","Retrofit","Electric Auxiliary","OPEN DRIP-PROOF (ODP) MOTORS","ODP 1800 RPM, 25 HP, 94.1%Eff","ODP 1800 RPM, 25 HP, 93.6%Eff",4942,14.943910256410254,73852.80448717947,14.864505844845908,73460.387885228483,7.9404411564345523E-2,392.41660195098666,4.7693710083273763E-2,15,"PSP-Business-Commercial-Electric_Auxiliary",847,0.68200000000000005,0.69199999999999995,0,0,"No",null,null,null,null,null,null,null,"No","Dx",false,0]
["INon-ResidentialRetrofitRetrofitOPEN DRIP-PROOF (ODPP-PROOF (ODP) MOTORSODP 1800 RPM, 40 HP, 94.5%EffODP 1800 RPM, 40 HP,RPM, 40 HP, 94.1%EffPercial-Electric_AuxiliaryNND","IESO - Measure","Non-Residential","Retrofit","Electric Auxiliary","OPEN DRIP-PROOF (ODP) MOTORS","ODP 1800 RPM, 40 HP, 94.5%Eff","ODP 1800 RPM, 40 HP, 94.1%Eff",4942,23.783209351753452,117536.62061636556,23.682539682539684,117039.11111111111,0.10066966921376874,497.50950525444932,6.0466539869386909E-2,15,"PSP-Business-Commercial-Electric_Auxiliary",1267,0.68200000000000005,0.69199999999999995,0,0,"No",null,null,null,null,null,null,null,"No","Dx",false,0]
["INon-ResidentialRetrofitRetrofitOPEN DRIP-PROOF (ODPP-PROOF (ODP) MOTORSODP 1800 RPM, 50 HP, 95%EffODP 1800 RPM, 50 HP,RPM, 50 HP, 94.5%EffPercial-Electric_AuxiliaryNND","IESO - Measure","Non-Residential","Retrofit","Electric Auxiliary","OPEN DRIP-PROOF (ODP) MOTORS","ODP 1800 RPM, 50 HP, 95%Eff","ODP 1800 RPM, 50 HP, 94.5%Eff",4942,29.603174603174601,146298.88888888888,29.44736842105263,145528.89473684211,0.15580618212197095,769.99415204676916,9.3583904633376555E-2,15,"PSP-Business-Commercial-Electric_Auxiliary",1918,0.68200000000000005,0.69199999999999995,0,0,"No",null,null,null,null,null,null,null,"No","Dx",false,0]
["INon-ResidentialRetrofitRetrofitOPEN DRIP-PROOF (ODPP-PROOF (ODP) MOTORSODP 1800 RPM, 60 HP, 95.5%EffODP 1800 RPM, 60 HP,0 RPM, 60 HP, 95%EffPercial-Electric_AuxiliaryNND","IESO - Measure","Non-Residential","Retrofit","Electric Auxiliary","OPEN DRIP-PROOF (ODP) MOTORS","ODP 1800 RPM, 60 HP, 95.5%Eff","ODP 1800 RPM, 60 HP, 95%Eff",4942,35.336842105263159,174634.67368421055,35.151832460732983,173720.35602094239,0.18500964453017588,914.31766326815705,0.11112476215105292,15,"PSP-Business-Commercial-Electric_Auxiliary",2437,0.68200000000000005,0.69199999999999995,0,0,"No",null,null,null,null,null,null,null,"No","Dx",false,0]
["INon-ResidentialRetrofitRetrofitOPEN DRIP-PROOF (ODPP-PROOF (ODP) MOTORSODP 1800 RPM, 75 HP, 95.4%EffODP 1800 RPM, 75 HP,0 RPM, 75 HP, 95%EffPercial-Electric_AuxiliaryNND","IESO - Measure","Non-Residential","Retrofit","Electric Auxiliary","OPEN DRIP-PROOF (ODP) MOTORS","ODP 1800 RPM, 75 HP, 95.4%Eff","ODP 1800 RPM, 75 HP, 95%Eff",4942,44.171052631578952,218293.34210526317,43.985849056603783,217378.0660377359,0.18520357497516926,915.27606752727297,0.11124124513023778,15,"PSP-Business-Commercial-Electric_Auxiliary",2569,0.68200000000000005,0.69199999999999995,0,0,"No",null,null,null,null,null,null,null,"No","Dx",false,0]
["INon-ResidentialRetrofitRetrofitOPEN DRIP-PROOF (ODPP-PROOF (ODP) MOTORSODP 1800 RPM, 125 HP, 95.8%EffODP 1800 RPM, 125 HPPM, 125 HP, 95.4%EffPercial-Electric_AuxiliaryNND","IESO - Measure","Non-Residential","Retrofit","Electric Auxiliary","OPEN DRIP-PROOF (ODP) MOTORS","ODP 1800 RPM, 125 HP, 95.8%Eff","ODP 1800 RPM, 125 HP, 95.4%Eff",4942,73.309748427672957,362296.77672955976,73.003653444676402,360784.05532359076,0.30609498299655513,1512.7214059690014,0.18385383241777092,15,"PSP-Business-Commercial-Electric_Auxiliary",3089,0.68200000000000005,0.69199999999999995,0,0,"No",null,null,null,null,null,null,null,"No","Dx",false,0]
["INon-ResidentialRetrofitRetrofitOPEN DRIP-PROOF (ODPP-PROOF (ODP) MOTORSODP 1800 RPM, 150 HP, 96.2%EffODP 1800 RPM, 150 HPPM, 150 HP, 95.8%EffPercial-Electric_AuxiliaryNND","IESO - Measure","Non-Residential","Retrofit","Electric Auxiliary","OPEN DRIP-PROOF (ODP) MOTORS","ODP 1800 RPM, 150 HP, 96.2%Eff","ODP 1800 RPM, 150 HP, 95.8%Eff",4942,87.604384133611703,432940.86638830905,87.240124740124756,431140.69646569656,0.36425939348694669,1800.1699226124911,0.21878988290213353,15,"PSP-Business-Commercial-Electric_Auxiliary",4321,0.68200000000000005,0.69199999999999995,0,0,"No",null,null,null,null,null,null,null,"No","Dx",false,0]
["INon-ResidentialRetrofitRetrofitOPEN DRIP-PROOF (ODPP-PROOF (ODP) MOTORSODP 1800 RPM, 200 HP, 96.2%EffODP 1800 RPM, 200 HPPM, 200 HP, 95.8%EffPercial-Electric_AuxiliaryNND","IESO - Measure","Non-Residential","Retrofit","Electric Auxiliary","OPEN DRIP-PROOF (ODP) MOTORS","ODP 1800 RPM, 200 HP, 96.2%Eff","ODP 1800 RPM, 200 HP, 95.8%Eff",4942,116.80584551148225,577254.48851774528,116.32016632016632,574854.26195426192,0.48567919131592419,2400.2265634833602,0.2917198438695161,15,"PSP-Business-Commercial-Electric_Auxiliary",3118,0.68200000000000005,0.69199999999999995,0,0,"No",null,null,null,null,null,null,null,"No","Dx",false,0]
["INon-ResidentialRetrofitRetrofitOPEN DRIP-PROOF (ODPP-PROOF (ODP) MOTORSODP 3600 RPM, 1 HP, 84%EffODP 3600 RPM, 1 HP,00 RPM, 1 HP, 77%EffPercial-Electric_AuxiliaryNND","IESO - Measure","Non-Residential","Retrofit","Electric Auxiliary","OPEN DRIP-PROOF (ODP) MOTORS","ODP 3600 RPM, 1 HP, 84%Eff","ODP 3600 RPM, 1 HP, 77%Eff",4942,0.72662337662337662,3590.9727272727273,0.66607142857142854,3291.7249999999999,6.0551948051948079E-2,299.24772727272739,3.6370108391608404E-2,15,"PSP-Business-Commercial-Electric_Auxiliary",11,0.68200000000000005,0.69199999999999995,0,0,"No",null,null,null,null,null,null,null,"No","Dx",false,0]
["INon-ResidentialRetrofitRetrofitOPEN DRIP-PROOF (ODPP-PROOF (ODP) MOTORSODP 3600 RPM, 1.5 HP, 86%EffODP 3600 RPM, 1.5 HPRPM, 1.5 HP, 84%EffPercial-Electric_AuxiliaryNND","IESO - Measure","Non-Residential","Retrofit","Electric Auxiliary","OPEN DRIP-PROOF (ODP) MOTORS","ODP 3600 RPM, 1.5 HP, 86%Eff","ODP 3600 RPM, 1.5 HP, 84%Eff",4942,0.99910714285714297,4937.5875000000005,0.97587209302325584,4822.7598837209307,2.3235049833887134E-2,114.82761627906984,1.3955971824686948E-2,15,"PSP-Business-Commercial-Electric_Auxiliary",123,0.68200000000000005,0.69199999999999995,0,0,"No",null,null,null,null,null,null,null,"No","Dx",false,0]
["INon-ResidentialRetrofitRetrofitOPEN DRIP-PROOF (ODPP-PROOF (ODP) MOTORSODP 3600 RPM, 2 HP, 86.5%EffODP 3600 RPM, 2 HP,RPM, 2 HP, 85.5%EffPercial-Electric_AuxiliaryNND","IESO - Measure","Non-Residential","Retrofit","Electric Auxiliary","OPEN DRIP-PROOF (ODP) MOTORS","ODP 3600 RPM, 2 HP, 86.5%Eff","ODP 3600 RPM, 2 HP, 85.5%Eff",4942,1.3087719298245615,6467.9508771929832,1.2936416184971098,6393.1768786127168,1.5130311327451684E-2,74.77399858026638,9.0879167505246838E-3,15,"PSP-Business-Commercial-Electric_Auxiliary",143,0.68200000000000005,0.69199999999999995,0,0,"No",null,null,null,null,null,null,null,"No","Dx",false,0]
["INon-ResidentialRetrofitRetrofitOPEN DRIP-PROOF (ODPP-PROOF (ODP) MOTORSODP 3600 RPM, 3 HP, 87.5%EffODP 3600 RPM, 3 HP,RPM, 3 HP, 85.5%EffPercial-Electric_AuxiliaryNND","IESO - Measure","Non-Residential","Retrofit","Electric Auxiliary","OPEN DRIP-PROOF (ODP) MOTORS","ODP 3600 RPM, 3 HP, 87.5%Eff","ODP 3600 RPM, 3 HP, 85.5%Eff",4942,1.9631578947368422,9701.9263157894748,1.9182857142857144,9480.1679999999997,4.4872180451127841E-2,221.75831578947509,2.6952164534413122E-2,15,"PSP-Business-Commercial-Electric_Auxiliary",64,0.68200000000000005,0.69199999999999995,0,0,"No",null,null,null,null,null,null,null,"No","Dx",false,0]
["INon-ResidentialRetrofitRetrofitOPEN DRIP-PROOF (ODPP-PROOF (ODP) MOTORSODP 3600 RPM, 5 HP, 89.7%EffODP 3600 RPM, 5 HP,RPM, 5 HP, 86.5%EffPercial-Electric_AuxiliaryNND","IESO - Measure","Non-Residential","Retrofit","Electric Auxiliary","OPEN DRIP-PROOF (ODP) MOTORS","ODP 3600 RPM, 5 HP, 89.7%Eff","ODP 3600 RPM, 5 HP, 86.5%Eff",4942,3.2341040462427744,15982.942196531791,3.1187290969899664,15412.759197324414,0.115374949252808,570.18299920737627,6.9299164519050341E-2,15,"PSP-Business-Commercial-Electric_Auxiliary",130,0.68200000000000005,0.69199999999999995,0,0,"No",null,null,null,null,null,null,null,"No","Dx",false,0]
["INon-ResidentialRetrofitRetrofitOPEN DRIP-PROOF (ODPP-PROOF (ODP) MOTORSODP 3600 RPM, 7.5 HP, 90%EffODP 3600 RPM, 7.5 HPPM, 7.5 HP, 88.5%EffPercial-Electric_AuxiliaryNND","IESO - Measure","Non-Residential","Retrofit","Electric Auxiliary","OPEN DRIP-PROOF (ODP) MOTORS","ODP 3600 RPM, 7.5 HP, 90%Eff","ODP 3600 RPM, 7.5 HP, 88.5%Eff",4942,4.7415254237288131,23432.618644067796,4.6624999999999996,23042.074999999997,7.9025423728813493E-2,390.5436440677986,4.746607366362475E-2,15,"PSP-Business-Commercial-Electric_Auxiliary",48,0.68200000000000005,0.69199999999999995,0,0,"No",null,null,null,null,null,null,null,"No","Dx",false,0]
["INon-ResidentialRetrofitRetrofitOPEN DRIP-PROOF (ODPP-PROOF (ODP) MOTORSODP 3600 RPM, 10 HP, 90.5%EffODP 3600 RPM, 10 HP,RPM, 10 HP, 89.5%EffPercial-Electric_AuxiliaryNND","IESO - Measure","Non-Residential","Retrofit","Electric Auxiliary","OPEN DRIP-PROOF (ODP) MOTORS","ODP 3600 RPM, 10 HP, 90.5%Eff","ODP 3600 RPM, 10 HP, 89.5%Eff",4942,6.2513966480446923,30894.402234636869,6.1823204419889501,30553.02762430939,6.9076206055742162E-2,341.37461032747888,4.1490144947493583E-2,15,"PSP-Business-Commercial-Electric_Auxiliary",145,0.68200000000000005,0.69199999999999995,0,0,"No",null,null,null,null,null,null,null,"No","Dx",false,0]
["INon-ResidentialRetrofitRetrofitOPEN DRIP-PROOF (ODPP-PROOF (ODP) MOTORSODP 3600 RPM, 15 HP, 91.4%EffODP 3600 RPM, 15 HP,RPM, 15 HP, 90.2%EffPercial-Electric_AuxiliaryNND","IESO - Measure","Non-Residential","Retrofit","Electric Auxiliary","OPEN DRIP-PROOF (ODP) MOTORS","ODP 3600 RPM, 15 HP, 91.4%Eff","ODP 3600 RPM, 15 HP, 90.2%Eff",4942,9.3043237250554327,45981.967849223947,9.1821663019693656,45378.265864332607,0.12215742308606714,603.70198489134054,7.3373010471409081E-2,15,"PSP-Business-Commercial-Electric_Auxiliary",330,0.68200000000000005,0.69199999999999995,0,0,"No",null,null,null,null,null,null,null,"No","Dx",false,0]
["INon-ResidentialRetrofitRetrofitOPEN DRIP-PROOF (ODPP-PROOF (ODP) MOTORSODP 3600 RPM, 20 HP, 92.3%EffODP 3600 RPM, 20 HP,0 RPM, 20 HP, 91%EffPercial-Electric_AuxiliaryNND","IESO - Measure","Non-Residential","Retrofit","Electric Auxiliary","OPEN DRIP-PROOF (ODP) MOTORS","ODP 3600 RPM, 20 HP, 92.3%Eff","ODP 3600 RPM, 20 HP, 91%Eff",4942,12.296703296703296,60770.307692307688,12.123510292524376,59914.387865655466,0.17319300417891981,855.91982665222167,0.1040271789315777,15,"PSP-Business-Commercial-Electric_Auxiliary",466,0.68200000000000005,0.69199999999999995,0,0,"No",null,null,null,null,null,null,null,"No","Dx",false,0]
["INon-ResidentialRetrofitRetrofitOPEN DRIP-PROOF (ODPP-PROOF (ODP) MOTORSODP 3600 RPM, 25 HP, 93%EffODP 3600 RPM, 25 HP,RPM, 25 HP, 91.7%EffPercial-Electric_AuxiliaryNND","IESO - Measure","Non-Residential","Retrofit","Electric Auxiliary","OPEN DRIP-PROOF (ODP) MOTORS","ODP 3600 RPM, 25 HP, 93%Eff","ODP 3600 RPM, 25 HP, 91.7%Eff",4942,15.253544165757905,75383.015267175564,15.04032258064516,74329.274193548379,0.2132215851127448,1053.741073627185,0.12807006894853476,15,"PSP-Business-Commercial-Electric_Auxiliary",767,0.68200000000000005,0.69199999999999995,0,0,"No",null,null,null,null,null,null,null,"No","Dx",false,0]
["INon-ResidentialRetrofitRetrofitOPEN DRIP-PROOF (ODPP-PROOF (ODP) MOTORSODP 3600 RPM, 30 HP, 93.7%EffODP 3600 RPM, 30 HP,RPM, 30 HP, 91.7%EffPercial-Electric_AuxiliaryNND","IESO - Measure","Non-Residential","Retrofit","Electric Auxiliary","OPEN DRIP-PROOF (ODP) MOTORS","ODP 3600 RPM, 30 HP, 93.7%Eff","ODP 3600 RPM, 30 HP, 91.7%Eff",4942,18.304252998909487,90459.61832061068,17.913553895410885,88528.783351120597,0.39069910349860137,1930.8349694900826,0.23467071167648695,15,"PSP-Business-Commercial-Electric_Auxiliary",1126,0.68200000000000005,0.69199999999999995,0,0,"No",null,null,null,null,null,null,null,"No","Dx",false,0]
["INon-ResidentialRetrofitRetrofitOPEN DRIP-PROOF (ODPP-PROOF (ODP) MOTORSODP 3600 RPM, 40 HP, 93.8%EffODP 3600 RPM, 40 HP,RPM, 40 HP, 92.4%EffPercial-Electric_AuxiliaryNND","IESO - Measure","Non-Residential","Retrofit","Electric Auxiliary","OPEN DRIP-PROOF (ODP) MOTORS","ODP 3600 RPM, 40 HP, 93.8%Eff","ODP 3600 RPM, 40 HP, 92.4%Eff",4942,24.220779220779217,119699.0909090909,23.859275053304902,117912.53731343283,0.36150416747431535,1786.5535956580716,0.21713497547228869,15,"PSP-Business-Commercial-Electric_Auxiliary",1580,0.68200000000000005,0.69199999999999995,0,0,"No",null,null,null,null,null,null,null,"No","Dx",false,0]
["INon-ResidentialRetrofitRetrofitOPEN DRIP-PROOF (ODPP-PROOF (ODP) MOTORSODP 3600 RPM, 50 HP, 93.9%EffODP 3600 RPM, 50 HP,0 RPM, 50 HP, 93%EffPercial-Electric_AuxiliaryNND","IESO - Measure","Non-Residential","Retrofit","Electric Auxiliary","OPEN DRIP-PROOF (ODP) MOTORS","ODP 3600 RPM, 50 HP, 93.9%Eff","ODP 3600 RPM, 50 HP, 93%Eff",4942,30.08064516129032,148658.54838709676,29.792332268370604,147233.70607028753,0.28831289291971629,1424.8423168092268,0.17317314311989065,15,"PSP-Business-Commercial-Electric_Auxiliary",1913,0.68200000000000005,0.69199999999999995,0,0,"No",null,null,null,null,null,null,null,"No","Dx",false,0]
["INon-ResidentialRetrofitRetrofitOPEN DRIP-PROOF (ODPP-PROOF (ODP) MOTORSODP 3600 RPM, 60 HP, 94.2%EffODP 3600 RPM, 60 HP,RPM, 60 HP, 93.6%EffPercial-Electric_AuxiliaryNND","IESO - Measure","Non-Residential","Retrofit","Electric Auxiliary","OPEN DRIP-PROOF (ODP) MOTORS","ODP 3600 RPM, 60 HP, 94.2%Eff","ODP 3600 RPM, 60 HP, 93.6%Eff",4942,35.865384615384613,177246.73076923075,35.63694267515924,176117.77070063696,0.22844194022537323,1128.9600685937912,0.1372120698752454,15,"PSP-Business-Commercial-Electric_Auxiliary",1755,0.68200000000000005,0.69199999999999995,0,0,"No",null,null,null,null,null,null,null,"No","Dx",false,0]
["INon-ResidentialRetrofitRetrofitOPEN DRIP-PROOF (ODPP-PROOF (ODP) MOTORSODP 3600 RPM, 75 HP, 94.3%EffODP 3600 RPM, 75 HP,RPM, 75 HP, 93.6%EffPercial-Electric_AuxiliaryNND","IESO - Measure","Non-Residential","Retrofit","Electric Auxiliary","OPEN DRIP-PROOF (ODP) MOTORS","ODP 3600 RPM, 75 HP, 94.3%Eff","ODP 3600 RPM, 75 HP, 93.6%Eff",4942,44.831730769230774,221558.4134615385,44.498939554612946,219913.75927889717,0.33279121461782779,1644.6541826413304,0.1998887391210232,15,"PSP-Business-Commercial-Electric_Auxiliary",2498,0.68200000000000005,0.69199999999999995,0,0,"No",null,null,null,null,null,null,null,"No","Dx",false,0]
["INon-ResidentialRetrofitRetrofitOPEN DRIP-PROOF (ODPP-PROOF (ODP) MOTORSODP 3600 RPM, 100 HP, 94.8%EffODP 3600 RPM, 100 HPPM, 100 HP, 93.6%EffPercial-Electric_AuxiliaryNND","IESO - Measure","Non-Residential","Retrofit","Electric Auxiliary","OPEN DRIP-PROOF (ODP) MOTORS","ODP 3600 RPM, 100 HP, 94.8%Eff","ODP 3600 RPM, 100 HP, 93.6%Eff",4942,59.775641025641015,295411.21794871788,59.018987341772153,291671.83544303797,0.756653683868862,3739.3825056799105,0.45447879684417375,15,"PSP-Business-Commercial-Electric_Auxiliary",3878,0.68200000000000005,0.69199999999999995,0,0,"No",null,null,null,null,null,null,null,"No","Dx",false,0]
["INon-ResidentialRetrofitRetrofitOPEN DRIP-PROOF (ODPP-PROOF (ODP) MOTORSODP 3600 RPM, 125 HP, 95%EffODP 3600 RPM, 125 HPPM, 125 HP, 94.1%EffPercial-Electric_AuxiliaryNND","IESO - Measure","Non-Residential","Retrofit","Electric Auxiliary","OPEN DRIP-PROOF (ODP) MOTORS","ODP 3600 RPM, 125 HP, 95%Eff","ODP 3600 RPM, 125 HP, 94.1%Eff",4942,74.322529224229541,367301.93942614237,73.618421052631589,363822.23684210534,0.70410817159795158,3479.7025840370334,0.42291769867527018,15,"PSP-Business-Commercial-Electric_Auxiliary",4237,0.68200000000000005,0.69199999999999995,0,0,"No",null,null,null,null,null,null,null,"No","Dx",false,0]
["INon-ResidentialRetrofitRetrofitOPEN DRIP-PROOF (ODPP-PROOF (ODP) MOTORSODP 3600 RPM, 150 HP, 95.3%EffODP 3600 RPM, 150 HPPM, 150 HP, 94.1%EffPercial-Electric_AuxiliaryNND","IESO - Measure","Non-Residential","Retrofit","Electric Auxiliary","OPEN DRIP-PROOF (ODP) MOTORS","ODP 3600 RPM, 150 HP, 95.3%Eff","ODP 3600 RPM, 150 HP, 94.1%Eff",4942,89.187035069075463,440762.32731137093,88.064008394543563,435212.32948583429,1.1230266745319,5549.9978255366441,0.67453819725753061,15,"PSP-Business-Commercial-Electric_Auxiliary",5852,0.68200000000000005,0.69199999999999995,0,0,"No",null,null,null,null,null,null,null,"No","Dx",false,0]
["INon-ResidentialRetrofitRetrofitOPEN DRIP-PROOF (ODPP-PROOF (ODP) MOTORSODP 3600 RPM, 200 HP, 95.7%EffODP 3600 RPM, 200 HPRPM, 200 HP, 95%EffPercial-Electric_AuxiliaryNND","IESO - Measure","Non-Residential","Retrofit","Electric Auxiliary","OPEN DRIP-PROOF (ODP) MOTORS","ODP 3600 RPM, 200 HP, 95.7%Eff","ODP 3600 RPM, 200 HP, 95%Eff",4942,117.78947368421052,582115.57894736843,116.92789968652038,577857.68025078368,0.86157399769014376,4257.8986965847434,0.51749845696953034,15,"PSP-Business-Commercial-Electric_Auxiliary",5715,0.68200000000000005,0.69199999999999995,0,0,"No",null,null,null,null,null,null,null,"No","Dx",false,0]
["INon-ResidentialRetrofitRetrofitTOTALLY ENCLOSED FANCOOLED (TEFC) MOTORSTEFC 1200 RPM, 1 HP, 84%EffTEFC 1200 RPM, 1 HP,RPM, 1 HP, 82.5%EffPercial-Electric_AuxiliaryNND","IESO - Measure","Non-Residential","Retrofit","Electric Auxiliary","TOTALLY ENCLOSED FAN-COOLED (TEFC) MOTORS","TEFC 1200 RPM, 1 HP, 84%Eff","TEFC 1200 RPM, 1 HP, 82.5%Eff",4942,0.67818181818181822,3351.5745454545458,0.66607142857142865,3291.7250000000004,1.2110389610389571E-2,59.849545454545478,7.2740216783216804E-3,15,"PSP-Business-Commercial-Electric_Auxiliary",192,0.68200000000000005,0.69199999999999995,0,0,"No",null,null,null,null,null,null,null,"No","Dx",false,0]
["INon-ResidentialRetrofitRetrofitTOTALLY ENCLOSED FANCOOLED (TEFC) MOTORSTEFC 1200 RPM, 3 HP, 90.2%EffTEFC 1200 RPM, 3 HP,RPM, 3 HP, 89.5%EffPercial-Electric_AuxiliaryNND","IESO - Measure","Non-Residential","Retrofit","Electric Auxiliary","TOTALLY ENCLOSED FAN-COOLED (TEFC) MOTORS","TEFC 1200 RPM, 3 HP, 90.2%Eff","TEFC 1200 RPM, 3 HP, 89.5%Eff",4942,1.8754189944134079,9268.3206703910619,1.8608647450110865,9196.3935698447895,1.4554249402321418E-2,71.927100546272413,8.7419091433161844E-3,15,"PSP-Business-Commercial-Electric_Auxiliary",149,0.68200000000000005,0.69199999999999995,0,0,"No",null,null,null,null,null,null,null,"No","Dx",false,0]
["INon-ResidentialRetrofitRetrofitTOTALLY ENCLOSED FANCOOLED (TEFC) MOTORSTEFC 1200 RPM, 5 HP, 90.3%EffTEFC 1200 RPM, 5 HP,RPM, 5 HP, 89.5%EffPercial-Electric_AuxiliaryNND","IESO - Measure","Non-Residential","Retrofit","Electric Auxiliary","TOTALLY ENCLOSED FAN-COOLED (TEFC) MOTORS","TEFC 1200 RPM, 5 HP, 90.3%Eff","TEFC 1200 RPM, 5 HP, 89.5%Eff",4942,3.1256983240223462,15447.201117318435,3.0980066445182723,15310.348837209302,2.7691679504073807E-2,136.85228010913306,1.6632815582494631E-2,15,"PSP-Business-Commercial-Electric_Auxiliary",221,0.68200000000000005,0.69199999999999995,0,0,"No",null,null,null,null,null,null,null,"No","Dx",false,0]
["INon-ResidentialRetrofitRetrofitTOTALLY ENCLOSED FANCOOLED (TEFC) MOTORSTEFC 1200 RPM, 7.5 HP, 91.9%EffTEFC 1200 RPM, 7.5 HRPM, 7.5 HP, 91%EffPercial-Electric_AuxiliaryNND","IESO - Measure","Non-Residential","Retrofit","Electric Auxiliary","TOTALLY ENCLOSED FAN-COOLED (TEFC) MOTORS","TEFC 1200 RPM, 7.5 HP, 91.9%Eff","TEFC 1200 RPM, 7.5 HP, 91%Eff",4942,4.6112637362637363,22788.865384615387,4.5661044613710553,22565.688248095754,4.5159274892681012E-2,223.17713651963277,2.7124605823155366E-2,15,"PSP-Business-Commercial-Electric_Auxiliary",449,0.68200000000000005,0.69199999999999995,0,0,"No",null,null,null,null,null,null,null,"No","Dx",false,0]
["INon-ResidentialRetrofitRetrofitTOTALLY ENCLOSED FANCOOLED (TEFC) MOTORSTEFC 1200 RPM, 10 HP, 92.2%EffTEFC 1200 RPM, 10 HP0 RPM, 10 HP, 91%EffPercial-Electric_AuxiliaryNND","IESO - Measure","Non-Residential","Retrofit","Electric Auxiliary","TOTALLY ENCLOSED FAN-COOLED (TEFC) MOTORS","TEFC 1200 RPM, 10 HP, 92.2%Eff","TEFC 1200 RPM, 10 HP, 91%Eff",4942,6.1483516483516478,30385.153846153844,6.0683297180043381,29989.685466377439,8.0021930347309755E-2,395.46837977640462,4.8064618465132249E-2,15,"PSP-Business-Commercial-Electric_Auxiliary",522,0.68200000000000005,0.69199999999999995,0,0,"No",null,null,null,null,null,null,null,"No","Dx",false,0]
["INon-ResidentialRetrofitRetrofitTOTALLY ENCLOSED FANCOOLED (TEFC) MOTORSTEFC 1200 RPM, 15 HP, 93.2%EffTEFC 1200 RPM, 15 HPRPM, 15 HP, 91.7%EffPercial-Electric_AuxiliaryNND","IESO - Measure","Non-Residential","Retrofit","Electric Auxiliary","TOTALLY ENCLOSED FAN-COOLED (TEFC) MOTORS","TEFC 1200 RPM, 15 HP, 93.2%Eff","TEFC 1200 RPM, 15 HP, 91.7%Eff",4942,9.1521264994547433,45229.80916030534,9.0048283261802577,44501.861587982836,0.14729817327448558,727.94757232250413,8.8473628020735107E-2,15,"PSP-Business-Commercial-Electric_Auxiliary",1044,0.68200000000000005,0.69199999999999995,0,0,"No",null,null,null,null,null,null,null,"No","Dx",false,0]
["INon-ResidentialRetrofitRetrofitTOTALLY ENCLOSED FANCOOLED (TEFC) MOTORSTEFC 1200 RPM, 20 HP, 92.5%EffTEFC 1200 RPM, 20 HPRPM, 20 HP, 91.7%EffPercial-Electric_AuxiliaryNND","IESO - Measure","Non-Residential","Retrofit","Electric Auxiliary","TOTALLY ENCLOSED FAN-COOLED (TEFC) MOTORS","TEFC 1200 RPM, 20 HP, 92.5%Eff","TEFC 1200 RPM, 20 HP, 91.7%Eff",4942,12.202835332606323,60306.412213740448,12.097297297297295,59784.843243243231,0.10553803530902783,521.56897049721738,6.3390690260431037E-2,15,"PSP-Business-Commercial-Electric_Auxiliary",1211,0.68200000000000005,0.69199999999999995,0,0,"No",null,null,null,null,null,null,null,"No","Dx",false,0]
["INon-ResidentialRetrofitRetrofitTOTALLY ENCLOSED FANCOOLED (TEFC) MOTORSTEFC 1200 RPM, 30 HP, 93.6%EffTEFC 1200 RPM, 30 HP0 RPM, 30 HP, 93%EffPercial-Electric_AuxiliaryNND","IESO - Measure","Non-Residential","Retrofit","Electric Auxiliary","TOTALLY ENCLOSED FAN-COOLED (TEFC) MOTORS","TEFC 1200 RPM, 30 HP, 93.6%Eff","TEFC 1200 RPM, 30 HP, 93%Eff",4942,18.048387096774192,89195.129032258061,17.932692307692307,88623.365384615376,0.11569478908188557,571.7636476426851,6.9491274098110956E-2,15,"PSP-Business-Commercial-Electric_Auxiliary",1567,0.68200000000000005,0.69199999999999995,0,0,"No",null,null,null,null,null,null,null,"No","Dx",false,0]
["INon-ResidentialRetrofitRetrofitTOTALLY ENCLOSED FANCOOLED (TEFC) MOTORSTEFC 1200 RPM, 40 HP, 94.5%EffTEFC 1200 RPM, 40 HPRPM, 40 HP, 94.1%EffPercial-Electric_AuxiliaryNND","IESO - Measure","Non-Residential","Retrofit","Electric Auxiliary","TOTALLY ENCLOSED FAN-COOLED (TEFC) MOTORS","TEFC 1200 RPM, 40 HP, 94.5%Eff","TEFC 1200 RPM, 40 HP, 94.1%Eff",4942,23.783209351753452,117536.62061636556,23.682539682539684,117039.11111111111,0.10066966921376874,497.50950525444932,6.0466539869386909E-2,15,"PSP-Business-Commercial-Electric_Auxiliary",1962,0.68200000000000005,0.69199999999999995,0,0,"No",null,null,null,null,null,null,null,"No","Dx",false,0]
["INon-ResidentialRetrofitRetrofitTOTALLY ENCLOSED FANCOOLED (TEFC) MOTORSTEFC 1200 RPM, 50 HP, 94.5%EffTEFC 1200 RPM, 50 HPRPM, 50 HP, 94.1%EffPercial-Electric_AuxiliaryNND","IESO - Measure","Non-Residential","Retrofit","Electric Auxiliary","TOTALLY ENCLOSED FAN-COOLED (TEFC) MOTORS","TEFC 1200 RPM, 50 HP, 94.5%Eff","TEFC 1200 RPM, 50 HP, 94.1%Eff",4942,29.729011689691816,146920.77577045697,29.603174603174601,146298.88888888888,0.12583708651721537,621.88688156809076,7.5583174836737183E-2,15,"PSP-Business-Commercial-Electric_Auxiliary",1365,0.68200000000000005,0.69199999999999995,0,0,"No",null,null,null,null,null,null,null,"No","Dx",false,0]
[{"$f":"CONCATENATE(TRIM(LEFT(B668,1)),TRIM(LEFT(C668,20)),TRIM(LEFT(D668,10)),TRIM(RIGHT(D668,10)),TRIM(LEFT(F668,20)),TRIM(RIGHT(F668,20)),TRIM(LEFT(G668,105)),TRIM(LEFT(H668,20)),TRIM(RIGHT(H668,20)),TRIM(LEFT(R668,1)),TRIM(RIGHT(R668,25)),TRIM(LEFT(X668,1)),TRIM(LEFT(AF668,1)),TRIM(LEFT(AG668,1)))","v":"INon-ResidentialRetrofitRetrofitTOTALLY ENCLOSED FANCOOLED (TEFC) MOTORSTEFC 1200 RPM, 60 HP, 95%EffTEFC 1200 RPM, 60 HPRPM, 60 HP, 94.5%EffPercial-Electric_AuxiliaryNND"},"IESO - Measure","Non-Residential","Retrofit","Electric Auxiliary","TOTALLY ENCLOSED FAN-COOLED (TEFC) MOTORS","TEFC 1200 RPM, 60 HP, 95%Eff","TEFC 1200 RPM, 60 HP, 94.5%Eff",4942,35.523809523809526,175558.66666666669,35.336842105263159,174634.67368421055,0.18696741854636656,923.99298245614045,0.11230068556005399,15,"PSP-Business-Commercial-Electric_Auxiliary",2514,0.68200000000000005,0.69199999999999995,0,0,"No",null,null,null,null,null,null,null,"No","Dx",false,0]
["INon-ResidentialRetrofitRetrofitTOTALLY ENCLOSED FANCOOLED (TEFC) MOTORSTEFC 1200 RPM, 75 HP, 95%EffTEFC 1200 RPM, 75 HPRPM, 75 HP, 94.5%EffPercial-Electric_AuxiliaryNND","IESO - Measure","Non-Residential","Retrofit","Electric Auxiliary","TOTALLY ENCLOSED FAN-COOLED (TEFC) MOTORS","TEFC 1200 RPM, 75 HP, 95%Eff","TEFC 1200 RPM, 75 HP, 94.5%Eff",4942,44.404761904761912,219448.33333333337,44.171052631578952,218293.34210526317,0.23370927318295998,1154.9912280701974,0.14037585695007013,15,"PSP-Business-Commercial-Electric_Auxiliary",3133,0.68200000000000005,0.69199999999999995,0,0,"No",null,null,null,null,null,null,null,"No","Dx",false,0]
["INon-ResidentialRetrofitRetrofitTOTALLY ENCLOSED FANCOOLED (TEFC) MOTORSTEFC 1200 RPM, 100 HP, 95.4%EffTEFC 1200 RPM, 100 HRPM, 100 HP, 95%EffPercial-Electric_AuxiliaryNND","IESO - Measure","Non-Residential","Retrofit","Electric Auxiliary","TOTALLY ENCLOSED FAN-COOLED (TEFC) MOTORS","TEFC 1200 RPM, 100 HP, 95.4%Eff","TEFC 1200 RPM, 100 HP, 95%Eff",4942,58.89473684210526,291057.78947368421,58.647798742138363,289837.42138364777,0.24693809996689708,1220.3680900364416,0.1483216601736598,15,"PSP-Business-Commercial-Electric_Auxiliary",3296,0.68200000000000005,0.69199999999999995,0,0,"No",null,null,null,null,null,null,null,"No","Dx",false,0]
["INon-ResidentialRetrofitRetrofitTOTALLY ENCLOSED FANCOOLED (TEFC) MOTORSTEFC 1200 RPM, 125 HP, 95.5%EffTEFC 1200 RPM, 125 HRPM, 125 HP, 95%EffPercial-Electric_AuxiliaryNND","IESO - Measure","Non-Residential","Retrofit","Electric Auxiliary","TOTALLY ENCLOSED FAN-COOLED (TEFC) MOTORS","TEFC 1200 RPM, 125 HP, 95.5%Eff","TEFC 1200 RPM, 125 HP, 95%Eff",4942,73.618421052631589,363822.23684210534,73.232984293193724,361917.4083769634,0.38543675943786582,1904.8284651419381,0.23150992114802016,15,"PSP-Business-Commercial-Electric_Auxiliary",3741,0.68200000000000005,0.69199999999999995,0,0,"No",null,null,null,null,null,null,null,"No","Dx",false,0]
["INon-ResidentialRetrofitRetrofitTOTALLY ENCLOSED FANCOOLED (TEFC) MOTORSTEFC 1200 RPM, 150 HP, 96.2%EffTEFC 1200 RPM, 150 HPM, 150 HP, 95.8%EffPercial-Electric_AuxiliaryNND","IESO - Measure","Non-Residential","Retrofit","Electric Auxiliary","TOTALLY ENCLOSED FAN-COOLED (TEFC) MOTORS","TEFC 1200 RPM, 150 HP, 96.2%Eff","TEFC 1200 RPM, 150 HP, 95.8%Eff",4942,87.604384133611703,432940.86638830905,87.240124740124756,431140.69646569656,0.36425939348694669,1800.1699226124911,0.21878988290213353,15,"PSP-Business-Commercial-Electric_Auxiliary",2607,0.68200000000000005,0.69199999999999995,0,0,"No",null,null,null,null,null,null,null,"No","Dx",false,0]
["INon-ResidentialRetrofitRetrofitTOTALLY ENCLOSED FANCOOLED (TEFC) MOTORSTEFC 1800 RPM, 1 HP, 86.5%EffTEFC 1800 RPM, 1 HP,RPM, 1 HP, 85.5%EffPercial-Electric_AuxiliaryNND","IESO - Measure","Non-Residential","Retrofit","Electric Auxiliary","TOTALLY ENCLOSED FAN-COOLED (TEFC) MOTORS","TEFC 1800 RPM, 1 HP, 86.5%Eff","TEFC 1800 RPM, 1 HP, 85.5%Eff",4942,0.65438596491228074,3233.9754385964916,0.6468208092485549,3196.5884393063584,7.5651556637258421E-3,37.38699929013319,4.5439583752623419E-3,15,"PSP-Business-Commercial-Electric_Auxiliary",165,0.68200000000000005,0.69199999999999995,0,0,"No",null,null,null,null,null,null,null,"No","Dx",false,0]
["INon-ResidentialRetrofitRetrofitTOTALLY ENCLOSED FANCOOLED (TEFC) MOTORSTEFC 1800 RPM, 1.5 HP, 87.8%EffTEFC 1800 RPM, 1.5 HPM, 1.5 HP, 86.5%EffPercial-Electric_AuxiliaryNND","IESO - Measure","Non-Residential","Retrofit","Electric Auxiliary","TOTALLY ENCLOSED FAN-COOLED (TEFC) MOTORS","TEFC 1800 RPM, 1.5 HP, 87.8%Eff","TEFC 1800 RPM, 1.5 HP, 86.5%Eff",4942,0.9702312138728324,4794.8826589595374,0.95586560364464701,4723.8878132118452,1.4365610228185388E-2,70.994845747692125,8.628604329334889E-3,15,"PSP-Business-Commercial-Electric_Auxiliary",179,0.68200000000000005,0.69199999999999995,0,0,"No",null,null,null,null,null,null,null,"No","Dx",false,0]
["INon-ResidentialRetrofitRetrofitTOTALLY ENCLOSED FANCOOLED (TEFC) MOTORSTEFC 1800 RPM, 2 HP, 87.5%EffTEFC 1800 RPM, 2 HP,RPM, 2 HP, 86.5%EffPercial-Electric_AuxiliaryNND","IESO - Measure","Non-Residential","Retrofit","Electric Auxiliary","TOTALLY ENCLOSED FAN-COOLED (TEFC) MOTORS","TEFC 1800 RPM, 2 HP, 87.5%Eff","TEFC 1800 RPM, 2 HP, 86.5%Eff",4942,1.2936416184971098,6393.1768786127168,1.2788571428571429,6320.1120000000001,1.4784475639966876E-2,73.064878612716711,8.8801929390840296E-3,15,"PSP-Business-Commercial-Electric_Auxiliary",183,0.68200000000000005,0.69199999999999995,0,0,"No",null,null,null,null,null,null,null,"No","Dx",false,0]
["INon-ResidentialRetrofitRetrofitTOTALLY ENCLOSED FANCOOLED (TEFC) MOTORSTEFC 1800 RPM, 3 HP, 90.2%EffTEFC 1800 RPM, 3 HP,RPM, 3 HP, 89.5%EffPercial-Electric_AuxiliaryNND","IESO - Measure","Non-Residential","Retrofit","Electric Auxiliary","TOTALLY ENCLOSED FAN-COOLED (TEFC) MOTORS","TEFC 1800 RPM, 3 HP, 90.2%Eff","TEFC 1800 RPM, 3 HP, 89.5%Eff",4942,1.8754189944134079,9268.3206703910619,1.8608647450110865,9196.3935698447895,1.4554249402321418E-2,71.927100546272413,8.7419091433161844E-3,15,"PSP-Business-Commercial-Electric_Auxiliary",200,0.68200000000000005,0.69199999999999995,0,0,"No",null,null,null,null,null,null,null,"No","Dx",false,0]
["INon-ResidentialRetrofitRetrofitTOTALLY ENCLOSED FANCOOLED (TEFC) MOTORSTEFC 1800 RPM, 5 HP, 90.2%EffTEFC 1800 RPM, 5 HP,RPM, 5 HP, 89.5%EffPercial-Electric_AuxiliaryNND","IESO - Measure","Non-Residential","Retrofit","Electric Auxiliary","TOTALLY ENCLOSED FAN-COOLED (TEFC) MOTORS","TEFC 1800 RPM, 5 HP, 90.2%Eff","TEFC 1800 RPM, 5 HP, 89.5%Eff",4942,3.1256983240223462,15447.201117318435,3.1014412416851438,15327.322616407981,2.4257082337202363E-2,119.87850091045402,1.4569848572193641E-2,15,"PSP-Business-Commercial-Electric_Auxiliary",221,0.68200000000000005,0.69199999999999995,0,0,"No",null,null,null,null,null,null,null,"No","Dx",false,0]
["INon-ResidentialRetrofitRetrofitTOTALLY ENCLOSED FANCOOLED (TEFC) MOTORSTEFC 1800 RPM, 7.5 HP, 92.4%EffTEFC 1800 RPM, 7.5 HPM, 7.5 HP, 91.7%EffPercial-Electric_AuxiliaryNND","IESO - Measure","Non-Residential","Retrofit","Electric Auxiliary","TOTALLY ENCLOSED FAN-COOLED (TEFC) MOTORS","TEFC 1800 RPM, 7.5 HP, 92.4%Eff","TEFC 1800 RPM, 7.5 HP, 91.7%Eff",4942,4.5760632497273717,22614.90458015267,4.5413961038961039,22443.579545454544,3.4667145831267732E-2,171.32503469812582,2.0822581140233751E-2,15,"PSP-Business-Commercial-Electric_Auxiliary",325,0.68200000000000005,0.69199999999999995,0,0,"No",null,null,null,null,null,null,null,"No","Dx",false,0]
["INon-ResidentialRetrofitRetrofitTOTALLY ENCLOSED FANCOOLED (TEFC) MOTORSTEFC 1800 RPM, 10 HP, 92.4%EffTEFC 1800 RPM, 10 HPRPM, 10 HP, 91.7%EffPercial-Electric_AuxiliaryNND","IESO - Measure","Non-Residential","Retrofit","Electric Auxiliary","TOTALLY ENCLOSED FAN-COOLED (TEFC) MOTORS","TEFC 1800 RPM, 10 HP, 92.4%Eff","TEFC 1800 RPM, 10 HP, 91.7%Eff",4942,6.1014176663031616,30153.206106870224,6.0551948051948044,29924.772727272724,4.6222861108357272E-2,228.43337959749988,2.7763441520311523E-2,15,"PSP-Business-Commercial-Electric_Auxiliary",352,0.68200000000000005,0.69199999999999995,0,0,"No",null,null,null,null,null,null,null,"No","Dx",false,0]
["INon-ResidentialRetrofitRetrofitTOTALLY ENCLOSED FANCOOLED (TEFC) MOTORSTEFC 1800 RPM, 15 HP, 93%EffTEFC 1800 RPM, 15 HPRPM, 15 HP, 92.4%EffPercial-Electric_AuxiliaryNND","IESO - Measure","Non-Residential","Retrofit","Electric Auxiliary","TOTALLY ENCLOSED FAN-COOLED (TEFC) MOTORS","TEFC 1800 RPM, 15 HP, 93%Eff","TEFC 1800 RPM, 15 HP, 92.4%Eff",4942,9.0827922077922079,44887.159090909088,9.0241935483870961,44597.56451612903,5.8598659405111775E-2,289.59457478005788,3.5196879088653189E-2,15,"PSP-Business-Commercial-Electric_Auxiliary",433,0.68200000000000005,0.69199999999999995,0,0,"No",null,null,null,null,null,null,null,"No","Dx",false,0]
["INon-ResidentialRetrofitRetrofitTOTALLY ENCLOSED FANCOOLED (TEFC) MOTORSTEFC 1800 RPM, 20 HP, 93.6%EffTEFC 1800 RPM, 20 HP0 RPM, 20 HP, 93%EffPercial-Electric_AuxiliaryNND","IESO - Measure","Non-Residential","Retrofit","Electric Auxiliary","TOTALLY ENCLOSED FAN-COOLED (TEFC) MOTORS","TEFC 1800 RPM, 20 HP, 93.6%Eff","TEFC 1800 RPM, 20 HP, 93%Eff",4942,12.032258064516128,59463.419354838705,11.955128205128204,59082.243589743586,7.7129859387923716E-2,381.17576509511855,4.6327516065406714E-2,15,"PSP-Business-Commercial-Electric_Auxiliary",444,0.68200000000000005,0.69199999999999995,0,0,"No",null,null,null,null,null,null,null,"No","Dx",false,0]
["INon-ResidentialRetrofitRetrofitTOTALLY ENCLOSED FANCOOLED (TEFC) MOTORSTEFC 1800 RPM, 30 HP, 94.1%EffTEFC 1800 RPM, 30 HPRPM, 30 HP, 93.6%EffPercial-Electric_AuxiliaryNND","IESO - Measure","Non-Residential","Retrofit","Electric Auxiliary","TOTALLY ENCLOSED FAN-COOLED (TEFC) MOTORS","TEFC 1800 RPM, 30 HP, 94.1%Eff","TEFC 1800 RPM, 30 HP, 93.6%Eff",4942,17.932692307692307,88623.365384615376,17.837407013815092,88152.46546227418,9.5285293877214627E-2,470.89992234119563,5.7232452099929935E-2,15,"PSP-Business-Commercial-Electric_Auxiliary",976,0.68200000000000005,0.69199999999999995,0,0,"No",null,null,null,null,null,null,null,"No","Dx",false,0]
["INon-ResidentialRetrofitRetrofitTOTALLY ENCLOSED FANCOOLED (TEFC) MOTORSTEFC 1800 RPM, 40 HP, 94.6%EffTEFC 1800 RPM, 40 HPRPM, 40 HP, 94.1%EffPercial-Electric_AuxiliaryNND","IESO - Measure","Non-Residential","Retrofit","Electric Auxiliary","TOTALLY ENCLOSED FAN-COOLED (TEFC) MOTORS","TEFC 1800 RPM, 40 HP, 94.6%Eff","TEFC 1800 RPM, 40 HP, 94.1%Eff",4942,23.783209351753452,117536.62061636556,23.657505285412263,116915.39112050741,0.12570406634118925,621.22949585814786,7.5503277188913351E-2,15,"PSP-Business-Commercial-Electric_Auxiliary",1267,0.68200000000000005,0.69199999999999995,0,0,"No",null,null,null,null,null,null,null,"No","Dx",false,0]
["INon-ResidentialRetrofitRetrofitTOTALLY ENCLOSED FANCOOLED (TEFC) MOTORSTEFC 1800 RPM, 50 HP, 95%EffTEFC 1800 RPM, 50 HPRPM, 50 HP, 94.5%EffPercial-Electric_AuxiliaryNND","IESO - Measure","Non-Residential","Retrofit","Electric Auxiliary","TOTALLY ENCLOSED FAN-COOLED (TEFC) MOTORS","TEFC 1800 RPM, 50 HP, 95%Eff","TEFC 1800 RPM, 50 HP, 94.5%Eff",4942,29.603174603174601,146298.88888888888,29.44736842105263,145528.89473684211,0.15580618212197095,769.99415204676916,9.3583904633376555E-2,15,"PSP-Business-Commercial-Electric_Auxiliary",1918,0.68200000000000005,0.69199999999999995,0,0,"No",null,null,null,null,null,null,null,"No","Dx",false,0]
["INon-ResidentialRetrofitRetrofitTOTALLY ENCLOSED FANCOOLED (TEFC) MOTORSTEFC 1800 RPM, 100 HP, 95.8%EffTEFC 1800 RPM, 100 HPM, 100 HP, 95.4%EffPercial-Electric_AuxiliaryNND","IESO - Measure","Non-Residential","Retrofit","Electric Auxiliary","TOTALLY ENCLOSED FAN-COOLED (TEFC) MOTORS","TEFC 1800 RPM, 100 HP, 95.8%Eff","TEFC 1800 RPM, 100 HP, 95.4%Eff",4942,58.647798742138363,289837.42138364777,58.402922755741116,288627.24425887258,0.24487598639724695,1210.1771247751894,0.14708306593421533,15,"PSP-Business-Commercial-Electric_Auxiliary",2862,0.68200000000000005,0.69199999999999995,0,0,"No",null,null,null,null,null,null,null,"No","Dx",false,0]
["INon-ResidentialRetrofitRetrofitTOTALLY ENCLOSED FANCOOLED (TEFC) MOTORSTEFC 1800 RPM, 125 HP, 95.8%EffTEFC 1800 RPM, 125 HPM, 125 HP, 95.4%EffPercial-Electric_AuxiliaryNND","IESO - Measure","Non-Residential","Retrofit","Electric Auxiliary","TOTALLY ENCLOSED FAN-COOLED (TEFC) MOTORS","TEFC 1800 RPM, 125 HP, 95.8%Eff","TEFC 1800 RPM, 125 HP, 95.4%Eff",4942,73.309748427672957,362296.77672955976,73.003653444676402,360784.05532359076,0.30609498299655513,1512.7214059690014,0.18385383241777092,15,"PSP-Business-Commercial-Electric_Auxiliary",3089,0.68200000000000005,0.69199999999999995,0,0,"No",null,null,null,null,null,null,null,"No","Dx",false,0]
["INon-ResidentialRetrofitRetrofitTOTALLY ENCLOSED FANCOOLED (TEFC) MOTORSTEFC 1800 RPM, 150 HP, 96.2%EffTEFC 1800 RPM, 150 HPM, 150 HP, 95.8%EffPercial-Electric_AuxiliaryNND","IESO - Measure","Non-Residential","Retrofit","Electric Auxiliary","TOTALLY ENCLOSED FAN-COOLED (TEFC) MOTORS","TEFC 1800 RPM, 150 HP, 96.2%Eff","TEFC 1800 RPM, 150 HP, 95.8%Eff",4942,87.604384133611703,432940.86638830905,87.240124740124756,431140.69646569656,0.36425939348694669,1800.1699226124911,0.21878988290213353,15,"PSP-Business-Commercial-Electric_Auxiliary",4321,0.68200000000000005,0.69199999999999995,0,0,"No",null,null,null,null,null,null,null,"No","Dx",false,0]
["INon-ResidentialRetrofitRetrofitTOTALLY ENCLOSED FANCOOLED (TEFC) MOTORSTEFC 1800 RPM, 200 HP, 96.5%EffTEFC 1800 RPM, 200 HPM, 200 HP, 96.2%EffPercial-Electric_AuxiliaryNND","IESO - Measure","Non-Residential","Retrofit","Electric Auxiliary","TOTALLY ENCLOSED FAN-COOLED (TEFC) MOTORS","TEFC 1800 RPM, 200 HP, 96.5%Eff","TEFC 1800 RPM, 200 HP, 96.2%Eff",4942,116.32016632016632,574854.26195426192,115.95854922279791,573067.1502590673,0.36161709736840919,1787.1116951946169,0.21720280603134573,15,"PSP-Business-Commercial-Electric_Auxiliary",3118,0.68200000000000005,0.69199999999999995,0,0,"No",null,null,null,null,null,null,null,"No","Dx",false,0]
["INon-ResidentialRetrofitRetrofitTOTALLY ENCLOSED FANCOOLED (TEFC) MOTORSTEFC 3600 RPM, 1 HP, 86.3%EffTEFC 3600 RPM, 1 HP,00 RPM, 1 HP, 77%EffPercial-Electric_AuxiliaryNND","IESO - Measure","Non-Residential","Retrofit","Electric Auxiliary","TOTALLY ENCLOSED FAN-COOLED (TEFC) MOTORS","TEFC 3600 RPM, 1 HP, 86.3%Eff","TEFC 3600 RPM, 1 HP, 77%Eff",4942,0.72662337662337662,3590.9727272727273,0.6483198146002318,3203.9965237543456,7.8303562023144813E-2,386.97620351838168,4.7032492427618693E-2,15,"PSP-Business-Commercial-Electric_Auxiliary",11,0.68200000000000005,0.69199999999999995,0,0,"No",null,null,null,null,null,null,null,"No","Dx",false,0]
["INon-ResidentialRetrofitRetrofitTOTALLY ENCLOSED FANCOOLED (TEFC) MOTORSTEFC 3600 RPM, 1.5 HP, 86.6%EffTEFC 3600 RPM, 1.5 HRPM, 1.5 HP, 84%EffPercial-Electric_AuxiliaryNND","IESO - Measure","Non-Residential","Retrofit","Electric Auxiliary","TOTALLY ENCLOSED FAN-COOLED (TEFC) MOTORS","TEFC 3600 RPM, 1.5 HP, 86.6%Eff","TEFC 3600 RPM, 1.5 HP, 84%Eff",4942,0.99910714285714297,4937.5875000000005,0.96911085450346424,4789.3458429561206,2.9996288353678735E-2,148.24165704387997,1.8017062933025411E-2,15,"PSP-Business-Commercial-Electric_Auxiliary",123,0.68200000000000005,0.69199999999999995,0,0,"No",null,null,null,null,null,null,null,"No","Dx",false,0]
["INon-ResidentialRetrofitRetrofitTOTALLY ENCLOSED FANCOOLED (TEFC) MOTORSTEFC 3600 RPM, 2 HP, 86.9%EffTEFC 3600 RPM, 2 HP,RPM, 2 HP, 85.5%EffPercial-Electric_AuxiliaryNND","IESO - Measure","Non-Residential","Retrofit","Electric Auxiliary","TOTALLY ENCLOSED FAN-COOLED (TEFC) MOTORS","TEFC 3600 RPM, 2 HP, 86.9%Eff","TEFC 3600 RPM, 2 HP, 85.5%Eff",4942,1.3087719298245615,6467.9508771929832,1.287686996547756,6363.74913693901,2.1084933276805495E-2,104.20174025397318,1.2664519200098277E-2,15,"PSP-Business-Commercial-Electric_Auxiliary",143,0.68200000000000005,0.69199999999999995,0,0,"No",null,null,null,null,null,null,null,"No","Dx",false,0]
["INon-ResidentialRetrofitRetrofitTOTALLY ENCLOSED FANCOOLED (TEFC) MOTORSTEFC 3600 RPM, 3 HP, 88.9%EffTEFC 3600 RPM, 3 HP,RPM, 3 HP, 86.5%EffPercial-Electric_AuxiliaryNND","IESO - Measure","Non-Residential","Retrofit","Electric Auxiliary","TOTALLY ENCLOSED FAN-COOLED (TEFC) MOTORS","TEFC 3600 RPM, 3 HP, 88.9%Eff","TEFC 3600 RPM, 3 HP, 86.5%Eff",4942,1.9404624277456648,9589.7653179190747,1.8880764904386953,9330.8740157480315,5.2385937306969499E-2,258.89130217104321,3.1465250571557558E-2,15,"PSP-Business-Commercial-Electric_Auxiliary",64,0.68200000000000005,0.69199999999999995,0,0,"No",null,null,null,null,null,null,null,"No","Dx",false,0]
["INon-ResidentialRetrofitRetrofitTOTALLY ENCLOSED FANCOOLED (TEFC) MOTORSTEFC 3600 RPM, 5 HP, 90%EffTEFC 3600 RPM, 5 HP,RPM, 5 HP, 88.5%EffPercial-Electric_AuxiliaryNND","IESO - Measure","Non-Residential","Retrofit","Electric Auxiliary","TOTALLY ENCLOSED FAN-COOLED (TEFC) MOTORS","TEFC 3600 RPM, 5 HP, 90%Eff","TEFC 3600 RPM, 5 HP, 88.5%Eff",4942,3.1610169491525424,15621.745762711864,3.1083333333333329,15361.383333333331,5.2683615819209439E-2,260.3624293785324,3.1644049109083167E-2,15,"PSP-Business-Commercial-Electric_Auxiliary",130,0.68200000000000005,0.69199999999999995,0,0,"No",null,null,null,null,null,null,null,"No","Dx",false,0]
["INon-ResidentialRetrofitRetrofitTOTALLY ENCLOSED FANCOOLED (TEFC) MOTORSTEFC 3600 RPM, 7.5 HP, 91.1%EffTEFC 3600 RPM, 7.5 HPM, 7.5 HP, 89.5%EffPercial-Electric_AuxiliaryNND","IESO - Measure","Non-Residential","Retrofit","Electric Auxiliary","TOTALLY ENCLOSED FAN-COOLED (TEFC) MOTORS","TEFC 3600 RPM, 7.5 HP, 91.1%Eff","TEFC 3600 RPM, 7.5 HP, 89.5%Eff",4942,4.6885474860335199,23170.801675977655,4.6062019758507136,22763.850164654228,8.2345510182806336E-2,406.95151132342653,4.9460260607001073E-2,15,"PSP-Business-Commercial-Electric_Auxiliary",48,0.68200000000000005,0.69199999999999995,0,0,"No",null,null,null,null,null,null,null,"No","Dx",false,0]
["INon-ResidentialRetrofitRetrofitTOTALLY ENCLOSED FANCOOLED (TEFC) MOTORSTEFC 3600 RPM, 10 HP, 91.4%EffTEFC 3600 RPM, 10 HPRPM, 10 HP, 90.2%EffPercial-Electric_AuxiliaryNND","IESO - Measure","Non-Residential","Retrofit","Electric Auxiliary","TOTALLY ENCLOSED FAN-COOLED (TEFC) MOTORS","TEFC 3600 RPM, 10 HP, 91.4%Eff","TEFC 3600 RPM, 10 HP, 90.2%Eff",4942,6.2028824833702876,30654.645232815961,6.1214442013129098,30252.1772428884,8.1438282057377798E-2,402.46798992756158,4.8915340314272866E-2,15,"PSP-Business-Commercial-Electric_Auxiliary",145,0.68200000000000005,0.69199999999999995,0,0,"No",null,null,null,null,null,null,null,"No","Dx",false,0]
["INon-ResidentialRetrofitRetrofitTOTALLY ENCLOSED FANCOOLED (TEFC) MOTORSTEFC 3600 RPM, 15 HP, 92%EffTEFC 3600 RPM, 15 HP0 RPM, 15 HP, 91%EffPercial-Electric_AuxiliaryNND","IESO - Measure","Non-Residential","Retrofit","Electric Auxiliary","TOTALLY ENCLOSED FAN-COOLED (TEFC) MOTORS","TEFC 3600 RPM, 15 HP, 92%Eff","TEFC 3600 RPM, 15 HP, 91%Eff",4942,9.2225274725274726,45577.730769230773,9.1222826086956523,45082.320652173912,0.1002448638318203,495.41011705686105,6.0211383457680026E-2,15,"PSP-Business-Commercial-Electric_Auxiliary",330,0.68200000000000005,0.69199999999999995,0,0,"No",null,null,null,null,null,null,null,"No","Dx",false,0]
["INon-ResidentialRetrofitRetrofitTOTALLY ENCLOSED FANCOOLED (TEFC) MOTORSTEFC 3600 RPM, 20 HP, 93.1%EffTEFC 3600 RPM, 20 HPRPM, 20 HP, 91.7%EffPercial-Electric_AuxiliaryNND","IESO - Measure","Non-Residential","Retrofit","Electric Auxiliary","TOTALLY ENCLOSED FAN-COOLED (TEFC) MOTORS","TEFC 3600 RPM, 20 HP, 93.1%Eff","TEFC 3600 RPM, 20 HP, 91.7%Eff",4942,12.202835332606323,60306.412213740448,12.019334049409236,59399.548872180443,0.18350128319708681,906.86334156000521,0.1102187753588314,15,"PSP-Business-Commercial-Electric_Auxiliary",466,0.68200000000000005,0.69199999999999995,0,0,"No",null,null,null,null,null,null,null,"No","Dx",false,0]
["INon-ResidentialRetrofitRetrofitTOTALLY ENCLOSED FANCOOLED (TEFC) MOTORSTEFC 3600 RPM, 25 HP, 92.7%EffTEFC 3600 RPM, 25 HPRPM, 25 HP, 91.7%EffPercial-Electric_AuxiliaryNND","IESO - Measure","Non-Residential","Retrofit","Electric Auxiliary","TOTALLY ENCLOSED FAN-COOLED (TEFC) MOTORS","TEFC 3600 RPM, 25 HP, 92.7%Eff","TEFC 3600 RPM, 25 HP, 91.7%Eff",4942,15.253544165757905,75383.015267175564,15.088996763754043,74569.822006472474,0.16454740200386198,813.19326070309035,9.8834257839298667E-2,15,"PSP-Business-Commercial-Electric_Auxiliary",767,0.68200000000000005,0.69199999999999995,0,0,"No",null,null,null,null,null,null,null,"No","Dx",false,0]
["INon-ResidentialRetrofitRetrofitTOTALLY ENCLOSED FANCOOLED (TEFC) MOTORSTEFC 3600 RPM, 30 HP, 92.8%EffTEFC 3600 RPM, 30 HPRPM, 30 HP, 91.7%EffPercial-Electric_AuxiliaryNND","IESO - Measure","Non-Residential","Retrofit","Electric Auxiliary","TOTALLY ENCLOSED FAN-COOLED (TEFC) MOTORS","TEFC 3600 RPM, 30 HP, 92.8%Eff","TEFC 3600 RPM, 30 HP, 91.7%Eff",4942,18.304252998909487,90459.61832061068,18.087284482758619,89387.359913793101,0.21696851615086743,1072.2584068175784,0.13032063713629027,15,"PSP-Business-Commercial-Electric_Auxiliary",1126,0.68200000000000005,0.69199999999999995,0,0,"No",null,null,null,null,null,null,null,"No","Dx",false,0]
["INon-ResidentialRetrofitRetrofitTOTALLY ENCLOSED FANCOOLED (TEFC) MOTORSTEFC 3600 RPM, 40 HP, 93.7%EffTEFC 3600 RPM, 40 HPRPM, 40 HP, 92.4%EffPercial-Electric_AuxiliaryNND","IESO - Measure","Non-Residential","Retrofit","Electric Auxiliary","TOTALLY ENCLOSED FAN-COOLED (TEFC) MOTORS","TEFC 3600 RPM, 40 HP, 93.7%Eff","TEFC 3600 RPM, 40 HP, 92.4%Eff",4942,24.220779220779217,119699.0909090909,23.884738527214513,118038.37780149412,0.3360406935647049,1660.7131075967773,0.20184051615406987,15,"PSP-Business-Commercial-Electric_Auxiliary",1580,0.68200000000000005,0.69199999999999995,0,0,"No",null,null,null,null,null,null,null,"No","Dx",false,0]
["INon-ResidentialRetrofitRetrofitTOTALLY ENCLOSED FANCOOLED (TEFC) MOTORSTEFC 3600 RPM, 50 HP, 94.2%EffTEFC 3600 RPM, 50 HP0 RPM, 50 HP, 93%EffPercial-Electric_AuxiliaryNND","IESO - Measure","Non-Residential","Retrofit","Electric Auxiliary","TOTALLY ENCLOSED FAN-COOLED (TEFC) MOTORS","TEFC 3600 RPM, 50 HP, 94.2%Eff","TEFC 3600 RPM, 50 HP, 93%Eff",4942,30.08064516129032,148658.54838709676,29.697452229299358,146764.80891719743,0.38319293199096194,1893.7394698993303,0.23016218172622627,15,"PSP-Business-Commercial-Electric_Auxiliary",1913,0.68200000000000005,0.69199999999999995,0,0,"No",null,null,null,null,null,null,null,"No","Dx",false,0]
["INon-ResidentialRetrofitRetrofitTOTALLY ENCLOSED FANCOOLED (TEFC) MOTORSTEFC 3600 RPM, 60 HP, 94.5%EffTEFC 3600 RPM, 60 HPRPM, 60 HP, 93.6%EffPercial-Electric_AuxiliaryNND","IESO - Measure","Non-Residential","Retrofit","Electric Auxiliary","TOTALLY ENCLOSED FAN-COOLED (TEFC) MOTORS","TEFC 3600 RPM, 60 HP, 94.5%Eff","TEFC 3600 RPM, 60 HP, 93.6%Eff",4942,35.865384615384613,177246.73076923075,35.523809523809526,175558.66666666669,0.3415750915750877,1688.0641025640653,0.20516471400394024,15,"PSP-Business-Commercial-Electric_Auxiliary",1755,0.68200000000000005,0.69199999999999995,0,0,"No",null,null,null,null,null,null,null,"No","Dx",false,0]
["INon-ResidentialRetrofitRetrofitTOTALLY ENCLOSED FANCOOLED (TEFC) MOTORSTEFC 3600 RPM, 75 HP, 95.1%EffTEFC 3600 RPM, 75 HPRPM, 75 HP, 93.6%EffPercial-Electric_AuxiliaryNND","IESO - Measure","Non-Residential","Retrofit","Electric Auxiliary","TOTALLY ENCLOSED FAN-COOLED (TEFC) MOTORS","TEFC 3600 RPM, 75 HP, 95.1%Eff","TEFC 3600 RPM, 75 HP, 93.6%Eff",4942,44.831730769230774,221558.4134615385,44.124605678233443,218063.80126182968,0.70712509099733012,3494.6121997088194,0.42472979042614878,15,"PSP-Business-Commercial-Electric_Auxiliary",2498,0.68200000000000005,0.69199999999999995,0,0,"No",null,null,null,null,null,null,null,"No","Dx",false,0]
["INon-ResidentialRetrofitRetrofitTOTALLY ENCLOSED FANCOOLED (TEFC) MOTORSTEFC 3600 RPM, 100 HP, 95.2%EffTEFC 3600 RPM, 100 HPM, 100 HP, 94.1%EffPercial-Electric_AuxiliaryNND","IESO - Measure","Non-Residential","Retrofit","Electric Auxiliary","TOTALLY ENCLOSED FAN-COOLED (TEFC) MOTORS","TEFC 3600 RPM, 100 HP, 95.2%Eff","TEFC 3600 RPM, 100 HP, 94.1%Eff",4942,59.458023379383633,293841.55154091393,58.771008403361343,290446.32352941175,0.68701497602229011,3395.2280115021858,0.41265078909026565,15,"PSP-Business-Commercial-Electric_Auxiliary",3878,0.68200000000000005,0.69199999999999995,0,0,"No",null,null,null,null,null,null,null,"No","Dx",false,0]
["INon-ResidentialRetrofitRetrofitTOTALLY ENCLOSED FANCOOLED (TEFC) MOTORSTEFC 3600 RPM, 125 HP, 95.4%EffTEFC 3600 RPM, 125 HRPM, 125 HP, 95%EffPercial-Electric_AuxiliaryNND","IESO - Measure","Non-Residential","Retrofit","Electric Auxiliary","TOTALLY ENCLOSED FAN-COOLED (TEFC) MOTORS","TEFC 3600 RPM, 125 HP, 95.4%Eff","TEFC 3600 RPM, 125 HP, 95%Eff",4942,73.618421052631589,363822.23684210534,73.309748427672957,362296.77672955976,0.30867262495863201,1525.4601125455811,0.18540207521707833,15,"PSP-Business-Commercial-Electric_Auxiliary",4237,0.68200000000000005,0.69199999999999995,0,0,"No",null,null,null,null,null,null,null,"No","Dx",false,0]
["INon-ResidentialRetrofitRetrofitTOTALLY ENCLOSED FANCOOLED (TEFC) MOTORSTEFC 3600 RPM, 150 HP, 95.8%EffTEFC 3600 RPM, 150 HRPM, 150 HP, 95%EffPercial-Electric_AuxiliaryNND","IESO - Measure","Non-Residential","Retrofit","Electric Auxiliary","TOTALLY ENCLOSED FAN-COOLED (TEFC) MOTORS","TEFC 3600 RPM, 150 HP, 95.8%Eff","TEFC 3600 RPM, 150 HP, 95%Eff",4942,88.342105263157904,436586.68421052635,87.604384133611703,432940.86638830905,0.73772112954620184,3645.817822217301,0.44310708916179503,15,"PSP-Business-Commercial-Electric_Auxiliary",5852,0.68200000000000005,0.69199999999999995,0,0,"No",null,null,null,null,null,null,null,"No","Dx",false,0]
["INon-ResidentialRetrofitRetrofitTOTALLY ENCLOSED FANCOOLED (TEFC) MOTORSTEFC 3600 RPM, 200 HP, 95.9%EffTEFC 3600 RPM, 200 HPM, 200 HP, 95.4%EffPercial-Electric_AuxiliaryNND","IESO - Measure","Non-Residential","Retrofit","Electric Auxiliary","TOTALLY ENCLOSED FAN-COOLED (TEFC) MOTORS","TEFC 3600 RPM, 200 HP, 95.9%Eff","TEFC 3600 RPM, 200 HP, 95.4%Eff",4942,117.29559748427673,579674.84276729554,116.68404588112615,576652.55474452546,0.61155160315057344,3022.2880227700807,0.36732423661359437,15,"PSP-Business-Commercial-Electric_Auxiliary",5715,0.68200000000000005,0.69199999999999995,0,0,"No",null,null,null,null,null,null,null,"No","Dx",false,0]
["INon-ResidentialRetrofitRetrofitSYNCHRONOUS BELTSYNCHRONOUS BELTMotor Size: 1 HP, 73.5% Load FactorV-Belt with Motor SiHP, 75% Load FactorPercial-Electric_AuxiliaryNND","IESO - Measure","Non-Residential","Retrofit","Electric Auxiliary","SYNCHRONOUS BELT","Motor Size: 1 HP, 73.5% Load Factor","V-Belt with Motor Size: 1 HP, 75% Load Factor",4000,0.5625,2250,0.55125000000000002,2205,1.1249999999999982E-2,45,5.4692307692307696E-3,6,"PSP-Business-Commercial-Electric_Auxiliary",120,0.68200000000000005,0.69199999999999995,0,0,"No",null,null,null,null,null,null,null,"No","Dx",false,0]
["INon-ResidentialRetrofitRetrofitSYNCHRONOUS BELTSYNCHRONOUS BELTMotor Size: 1.5 HP, 73.5% Load FactorV-Belt with Motor SiHP, 75% Load FactorPercial-Electric_AuxiliaryNND","IESO - Measure","Non-Residential","Retrofit","Electric Auxiliary","SYNCHRONOUS BELT","Motor Size: 1.5 HP, 73.5% Load Factor","V-Belt with Motor Size: 1.5 HP, 75% Load Factor",4000,0.84000000000000008,3360.0000000000005,0.82320000000000004,3292.8,1.6800000000000037E-2,67.200000000000273,8.1673846153846492E-3,6,"PSP-Business-Commercial-Electric_Auxiliary",120,0.68200000000000005,0.69199999999999995,0,0,"No",null,null,null,null,null,null,null,"No","Dx",false,0]
["INon-ResidentialRetrofitRetrofitSYNCHRONOUS BELTSYNCHRONOUS BELTMotor Size: 2 HP, 73.5% Load FactorV-Belt with Motor SiHP, 75% Load FactorPercial-Electric_AuxiliaryNND","IESO - Measure","Non-Residential","Retrofit","Electric Auxiliary","SYNCHRONOUS BELT","Motor Size: 2 HP, 73.5% Load Factor","V-Belt with Motor Size: 2 HP, 75% Load Factor",4000,1.1174999999999999,4470,1.0951500000000001,4380.6000000000004,2.234999999999987E-2,89.399999999999636,1.0865538461538416E-2,6,"PSP-Business-Commercial-Electric_Auxiliary",120,0.68200000000000005,0.69199999999999995,0,0,"No",null,null,null,null,null,null,null,"No","Dx",false,0]
["INon-ResidentialRetrofitRetrofitSYNCHRONOUS BELTSYNCHRONOUS BELTMotor Size: 3 HP, 73.5% Load FactorV-Belt with Motor SiHP, 75% Load FactorPercial-Electric_AuxiliaryNND","IESO - Measure","Non-Residential","Retrofit","Electric Auxiliary","SYNCHRONOUS BELT","Motor Size: 3 HP, 73.5% Load Factor","V-Belt with Motor Size: 3 HP, 75% Load Factor",4000,1.6800000000000002,6720.0000000000009,1.6464000000000001,6585.6,3.3600000000000074E-2,134.40000000000055,1.6334769230769298E-2,6,"PSP-Business-Commercial-Electric_Auxiliary",126,0.68200000000000005,0.69199999999999995,0,0,"No",null,null,null,null,null,null,null,"No","Dx",false,0]
["INon-ResidentialRetrofitRetrofitSYNCHRONOUS BELTSYNCHRONOUS BELTMotor Size: 5 HP, 73.5% Load FactorV-Belt with Motor SiHP, 75% Load FactorPercial-Electric_AuxiliaryNND","IESO - Measure","Non-Residential","Retrofit","Electric Auxiliary","SYNCHRONOUS BELT","Motor Size: 5 HP, 73.5% Load Factor","V-Belt with Motor Size: 5 HP, 75% Load Factor",4000,2.7974999999999999,11190,2.7415500000000002,10966.2,5.5949999999999722E-2,223.79999999999927,2.7200307692307604E-2,6,"PSP-Business-Commercial-Electric_Auxiliary",200,0.68200000000000005,0.69199999999999995,0,0,"No",null,null,null,null,null,null,null,"No","Dx",false,0]
["INon-ResidentialRetrofitRetrofitSYNCHRONOUS BELTSYNCHRONOUS BELTMotor Size: 7.5 HP, 73.5% Load FactorV-Belt with Motor SiHP, 75% Load FactorPercial-Electric_AuxiliaryNND","IESO - Measure","Non-Residential","Retrofit","Electric Auxiliary","SYNCHRONOUS BELT","Motor Size: 7.5 HP, 73.5% Load Factor","V-Belt with Motor Size: 7.5 HP, 75% Load Factor",4000,4.1999999999999993,16799.999999999996,4.1159999999999997,16464,8.3999999999999631E-2,335.99999999999636,4.0836923076922632E-2,6,"PSP-Business-Commercial-Electric_Auxiliary",210,0.68200000000000005,0.69199999999999995,0,0,"No",null,null,null,null,null,null,null,"No","Dx",false,0]
["INon-ResidentialRetrofitRetrofitSYNCHRONOUS BELTSYNCHRONOUS BELTMotor Size: 10 HP, 73.5% Load FactorV-Belt with Motor SiHP, 75% Load FactorPercial-Electric_AuxiliaryNND","IESO - Measure","Non-Residential","Retrofit","Electric Auxiliary","SYNCHRONOUS BELT","Motor Size: 10 HP, 73.5% Load Factor","V-Belt with Motor Size: 10 HP, 75% Load Factor",4000,5.5949999999999998,22380,5.4831000000000003,21932.400000000001,0.11189999999999944,447.59999999999854,5.4400615384615207E-2,6,"PSP-Business-Commercial-Electric_Auxiliary",240,0.68200000000000005,0.69199999999999995,0,0,"No",null,null,null,null,null,null,null,"No","Dx",false,0]
["INon-ResidentialRetrofitRetrofitSYNCHRONOUS BELTSYNCHRONOUS BELTMotor Size: 15 HP, 73.5% Load FactorV-Belt with Motor SiHP, 75% Load FactorPercial-Electric_AuxiliaryNND","IESO - Measure","Non-Residential","Retrofit","Electric Auxiliary","SYNCHRONOUS BELT","Motor Size: 15 HP, 73.5% Load Factor","V-Belt with Motor Size: 15 HP, 75% Load Factor",4000,8.3925000000000001,33570,8.2246499999999987,32898.599999999991,0.16785000000000139,671.40000000000873,8.1600923076924126E-2,6,"PSP-Business-Commercial-Electric_Auxiliary",375,0.68200000000000005,0.69199999999999995,0,0,"No",null,null,null,null,null,null,null,"No","Dx",false,0]
["INon-ResidentialRetrofitRetrofitSYNCHRONOUS BELTSYNCHRONOUS BELTMotor Size: 20 HP, 73.5% Load FactorV-Belt with Motor SiHP, 75% Load FactorPercial-Electric_AuxiliaryNND","IESO - Measure","Non-Residential","Retrofit","Electric Auxiliary","SYNCHRONOUS BELT","Motor Size: 20 HP, 73.5% Load Factor","V-Belt with Motor Size: 20 HP, 75% Load Factor",4000,11.19,44760,10.966200000000001,43864.800000000003,0.22379999999999889,895.19999999999709,0.10880123076923041,6,"PSP-Business-Commercial-Electric_Auxiliary",380,0.68200000000000005,0.69199999999999995,0,0,"No",null,null,null,null,null,null,null,"No","Dx",false,0]
["INon-ResidentialRetrofitRetrofitSYNCHRONOUS BELTSYNCHRONOUS BELTMotor Size: 25 HP, 73.5% Load FactorV-Belt with Motor SiHP, 75% Load FactorPercial-Electric_AuxiliaryNND","IESO - Measure","Non-Residential","Retrofit","Electric Auxiliary","SYNCHRONOUS BELT","Motor Size: 25 HP, 73.5% Load Factor","V-Belt with Motor Size: 25 HP, 75% Load Factor",4000,13.987499999999999,55949.999999999993,13.707749999999999,54830.999999999993,0.27974999999999994,1119,0.13600153846153845,6,"PSP-Business-Commercial-Electric_Auxiliary",300,0.68200000000000005,0.69199999999999995,0,0,"No",null,null,null,null,null,null,null,"No","Dx",false,0]
["INon-ResidentialRetrofitRetrofitSYNCHRONOUS BELTSYNCHRONOUS BELTMotor Size: 30 HP, 73.5% Load FactorV-Belt with Motor SiHP, 75% Load FactorPercial-Electric_AuxiliaryNND","IESO - Measure","Non-Residential","Retrofit","Electric Auxiliary","SYNCHRONOUS BELT","Motor Size: 30 HP, 73.5% Load Factor","V-Belt with Motor Size: 30 HP, 75% Load Factor",4000,16.785,67140,16.449299999999997,65797.199999999983,0.33570000000000277,1342.8000000000175,0.16320184615384825,6,"PSP-Business-Commercial-Electric_Auxiliary",420,0.68200000000000005,0.69199999999999995,0,0,"No",null,null,null,null,null,null,null,"No","Dx",false,0]
["INon-ResidentialRetrofitRetrofitSYNCHRONOUS BELTSYNCHRONOUS BELTMotor Size: 40 HP, 73.5% Load FactorV-Belt with Motor SiHP, 75% Load FactorPercial-Electric_AuxiliaryNND","IESO - Measure","Non-Residential","Retrofit","Electric Auxiliary","SYNCHRONOUS BELT","Motor Size: 40 HP, 73.5% Load Factor","V-Belt with Motor Size: 40 HP, 75% Load Factor",4000,22.38,89520,21.932400000000001,87729.600000000006,0.44759999999999778,1790.3999999999942,0.21760246153846083,6,"PSP-Business-Commercial-Electric_Auxiliary",560,0.68200000000000005,0.69199999999999995,0,0,"No",null,null,null,null,null,null,null,"No","Dx",false,0]
["INon-ResidentialRetrofitRetrofitSYNCHRONOUS BELTSYNCHRONOUS BELTMotor Size: 50 HP, 73.5% Load FactorV-Belt with Motor SiHP, 75% Load FactorPercial-Electric_AuxiliaryNND","IESO - Measure","Non-Residential","Retrofit","Electric Auxiliary","SYNCHRONOUS BELT","Motor Size: 50 HP, 73.5% Load Factor","V-Belt with Motor Size: 50 HP, 75% Load Factor",4000,27.974999999999998,111899.99999999999,27.415499999999998,109661.99999999999,0.55949999999999989,2238,0.2720030769230769,6,"PSP-Business-Commercial-Electric_Auxiliary",600,0.68200000000000005,0.69199999999999995,0,0,"No",null,null,null,null,null,null,null,"No","Dx",false,0]
["INon-ResidentialRetrofitRetrofitSYNCHRONOUS BELTSYNCHRONOUS BELTMotor Size: 60 HP, 73.5% Load FactorV-Belt with Motor SiHP, 75% Load FactorPercial-Electric_AuxiliaryNND","IESO - Measure","Non-Residential","Retrofit","Electric Auxiliary","SYNCHRONOUS BELT","Motor Size: 60 HP, 73.5% Load Factor","V-Belt with Motor Size: 60 HP, 75% Load Factor",4000,33.57,134280,32.898599999999995,131594.39999999997,0.67140000000000555,2685.6000000000349,0.3264036923076965,6,"PSP-Business-Commercial-Electric_Auxiliary",660,0.68200000000000005,0.69199999999999995,0,0,"No",null,null,null,null,null,null,null,"No","Dx",false,0]
["INon-ResidentialRetrofitRetrofitSYNCHRONOUS BELTSYNCHRONOUS BELTMotor Size: 75 HP, 73.5% Load FactorV-Belt with Motor SiHP, 75% Load FactorPercial-Electric_AuxiliaryNND","IESO - Measure","Non-Residential","Retrofit","Electric Auxiliary","SYNCHRONOUS BELT","Motor Size: 75 HP, 73.5% Load Factor","V-Belt with Motor Size: 75 HP, 75% Load Factor",4000,41.962500000000006,167850.00000000003,41.123249999999999,164493,0.83925000000000693,3357.0000000000291,0.40800461538461891,6,"PSP-Business-Commercial-Electric_Auxiliary",900,0.68200000000000005,0.69199999999999995,0,0,"No",null,null,null,null,null,null,null,"No","Dx",false,0]
["INon-ResidentialRetrofitRetrofitSYNCHRONOUS BELTSYNCHRONOUS BELTMotor Size: 100 HP, 73.5% Load FactorV-Belt with Motor SiHP, 75% Load FactorPercial-Electric_AuxiliaryNND","IESO - Measure","Non-Residential","Retrofit","Electric Auxiliary","SYNCHRONOUS BELT","Motor Size: 100 HP, 73.5% Load Factor","V-Belt with Motor Size: 100 HP, 75% Load Factor",4000,55.949999999999996,223799.99999999997,54.830999999999996,219323.99999999997,1.1189999999999998,4476,0.54400615384615381,6,"PSP-Business-Commercial-Electric_Auxiliary",1100,0.68200000000000005,0.69199999999999995,0,0,"No",null,null,null,null,null,null,null,"No","Dx",false,0]
["INon-ResidentialRetrofitRetrofitVARIABLE FREQUENCY DREQUENCY DRIVE (VFD)Motor Size: 1 HP, 66% Load FactorNo VFD installed, Mos at 75% Load FactorPercial-Electric_AuxiliaryNND","IESO - Measure","Non-Residential","Retrofit","Electric Auxiliary","VARIABLE FREQUENCY DRIVE (VFD)","Motor Size: 1 HP, 66% Load Factor","No VFD installed, Motor is at 75% Load Factor",4000,0.5625,2250,0.495,1980,6.7500000000000004E-2,270,3.2815384615384614E-2,15,"PSP-Business-Commercial-Electric_Auxiliary",240,0.68200000000000005,0.69199999999999995,0,0,"No",null,null,null,null,null,null,null,"No","Dx",false,0]
["INon-ResidentialRetrofitRetrofitVARIABLE FREQUENCY DREQUENCY DRIVE (VFD)Motor Size: 1.5 HP, 66% Load FactorNo VFD installed, Mos at 75% Load FactorPercial-Electric_AuxiliaryNND","IESO - Measure","Non-Residential","Retrofit","Electric Auxiliary","VARIABLE FREQUENCY DRIVE (VFD)","Motor Size: 1.5 HP, 66% Load Factor","No VFD installed, Motor is at 75% Load Factor",4000,0.84000000000000008,3360.0000000000005,0.73920000000000008,2956.8,0.1008,403.20000000000027,4.9004307692307722E-2,15,"PSP-Business-Commercial-Electric_Auxiliary",290,0.68200000000000005,0.69199999999999995,0,0,"No",null,null,null,null,null,null,null,"No","Dx",false,0]
["INon-ResidentialRetrofitRetrofitVARIABLE FREQUENCY DREQUENCY DRIVE (VFD)Motor Size: 2 HP, 66% Load FactorNo VFD installed, Mos at 75% Load FactorPercial-Electric_AuxiliaryNND","IESO - Measure","Non-Residential","Retrofit","Electric Auxiliary","VARIABLE FREQUENCY DRIVE (VFD)","Motor Size: 2 HP, 66% Load Factor","No VFD installed, Motor is at 75% Load Factor",4000,1.1174999999999999,4470,0.98340000000000005,3933.6000000000004,0.13409999999999989,536.39999999999964,6.5193230769230712E-2,15,"PSP-Business-Commercial-Electric_Auxiliary",300,0.68200000000000005,0.69199999999999995,0,0,"No",null,null,null,null,null,null,null,"No","Dx",false,0]
["INon-ResidentialRetrofitRetrofitVARIABLE FREQUENCY DREQUENCY DRIVE (VFD)Motor Size: 3 HP, 66% Load FactorNo VFD installed, Mos at 75% Load FactorPercial-Electric_AuxiliaryNND","IESO - Measure","Non-Residential","Retrofit","Electric Auxiliary","VARIABLE FREQUENCY DRIVE (VFD)","Motor Size: 3 HP, 66% Load Factor","No VFD installed, Motor is at 75% Load Factor",4000,1.6800000000000002,6720.0000000000009,1.4784000000000002,5913.6,0.2016,806.40000000000055,9.8008615384615444E-2,15,"PSP-Business-Commercial-Electric_Auxiliary",350,0.68200000000000005,0.69199999999999995,0,0,"No",null,null,null,null,null,null,null,"No","Dx",false,0]
["INon-ResidentialRetrofitRetrofitVARIABLE FREQUENCY DREQUENCY DRIVE (VFD)Motor Size: 5 HP, 66% Load FactorNo VFD installed, Mos at 75% Load FactorPercial-Electric_AuxiliaryNND","IESO - Measure","Non-Residential","Retrofit","Electric Auxiliary","VARIABLE FREQUENCY DRIVE (VFD)","Motor Size: 5 HP, 66% Load Factor","No VFD installed, Motor is at 75% Load Factor",4000,2.7974999999999999,11190,2.4618000000000002,9847.2000000000007,0.33569999999999967,1342.7999999999993,0.16320184615384606,15,"PSP-Business-Commercial-Electric_Auxiliary",400,0.68200000000000005,0.69199999999999995,0,0,"No",null,null,null,null,null,null,null,"No","Dx",false,0]
["INon-ResidentialRetrofitRetrofitVARIABLE FREQUENCY DREQUENCY DRIVE (VFD)Motor Size: 7.5 HP, 66% Load FactorNo VFD installed, Mos at 75% Load FactorPercial-Electric_AuxiliaryNND","IESO - Measure","Non-Residential","Retrofit","Electric Auxiliary","VARIABLE FREQUENCY DRIVE (VFD)","Motor Size: 7.5 HP, 66% Load Factor","No VFD installed, Motor is at 75% Load Factor",4000,4.1999999999999993,16799.999999999996,3.6959999999999997,14783.999999999998,0.50399999999999956,2015.9999999999982,0.24502153846153824,15,"PSP-Business-Commercial-Electric_Auxiliary",550,0.68200000000000005,0.69199999999999995,0,0,"No",null,null,null,null,null,null,null,"No","Dx",false,0]
["INon-ResidentialRetrofitRetrofitVARIABLE FREQUENCY DREQUENCY DRIVE (VFD)Motor Size: 10 HP, 66% Load FactorNo VFD installed, Mos at 75% Load FactorPercial-Electric_AuxiliaryNND","IESO - Measure","Non-Residential","Retrofit","Electric Auxiliary","VARIABLE FREQUENCY DRIVE (VFD)","Motor Size: 10 HP, 66% Load Factor","No VFD installed, Motor is at 75% Load Factor",4000,5.5949999999999998,22380,4.9236000000000004,19694.400000000001,0.67139999999999933,2685.5999999999985,0.32640369230769212,15,"PSP-Business-Commercial-Electric_Auxiliary",700,0.68200000000000005,0.69199999999999995,0,0,"No",null,null,null,null,null,null,null,"No","Dx",false,0]
["INon-ResidentialRetrofitRetrofitVARIABLE FREQUENCY DREQUENCY DRIVE (VFD)Motor Size: 15 HP, 66% Load FactorNo VFD installed, Mos at 75% Load FactorPercial-Electric_AuxiliaryNND","IESO - Measure","Non-Residential","Retrofit","Electric Auxiliary","VARIABLE FREQUENCY DRIVE (VFD)","Motor Size: 15 HP, 66% Load Factor","No VFD installed, Motor is at 75% Load Factor",4000,8.3925000000000001,33570,7.3853999999999997,29541.599999999999,1.0071000000000003,4028.4000000000015,0.48960553846153859,15,"PSP-Business-Commercial-Electric_Auxiliary",890,0.68200000000000005,0.69199999999999995,0,0,"No",null,null,null,null,null,null,null,"No","Dx",false,0]
[{"$f":"CONCATENATE(TRIM(LEFT(B732,1)),TRIM(LEFT(C732,20)),TRIM(LEFT(D732,10)),TRIM(RIGHT(D732,10)),TRIM(LEFT(F732,20)),TRIM(RIGHT(F732,20)),TRIM(LEFT(G732,105)),TRIM(LEFT(H732,20)),TRIM(RIGHT(H732,20)),TRIM(LEFT(R732,1)),TRIM(RIGHT(R732,25)),TRIM(LEFT(X732,1)),TRIM(LEFT(AF732,1)),TRIM(LEFT(AG732,1)))","v":"INon-ResidentialRetrofitRetrofitVARIABLE FREQUENCY DREQUENCY DRIVE (VFD)Motor Size: 20 HP, 66% Load FactorNo VFD installed, Mos at 75% Load FactorPercial-Electric_AuxiliaryNND"},"IESO - Measure","Non-Residential","Retrofit","Electric Auxiliary","VARIABLE FREQUENCY DRIVE (VFD)","Motor Size: 20 HP, 66% Load Factor","No VFD installed, Motor is at 75% Load Factor",4000,11.19,44760,9.8472000000000008,39388.800000000003,1.3427999999999987,5371.1999999999971,0.65280738461538423,15,"PSP-Business-Commercial-Electric_Auxiliary",1100,0.68200000000000005,0.69199999999999995,0,0,"No",null,null,null,null,null,null,null,"No","Dx",false,0]
["INon-ResidentialRetrofitRetrofitVARIABLE FREQUENCY DREQUENCY DRIVE (VFD)Motor Size: 25 HP, 66% Load FactorNo VFD installed, Mos at 75% Load FactorPercial-Electric_AuxiliaryNND","IESO - Measure","Non-Residential","Retrofit","Electric Auxiliary","VARIABLE FREQUENCY DRIVE (VFD)","Motor Size: 25 HP, 66% Load Factor","No VFD installed, Motor is at 75% Load Factor",4000,13.987499999999999,55949.999999999993,12.308999999999999,49236,1.6784999999999997,6713.9999999999927,0.81600923076922982,15,"PSP-Business-Commercial-Electric_Auxiliary",1300,0.68200000000000005,0.69199999999999995,0,0,"No",null,null,null,null,null,null,null,"No","Dx",false,0]
["INon-ResidentialRetrofitRetrofitVARIABLE FREQUENCY DREQUENCY DRIVE (VFD)Motor Size: 30 HP, 66% Load FactorNo VFD installed, Mos at 75% Load FactorPercial-Electric_AuxiliaryNND","IESO - Measure","Non-Residential","Retrofit","Electric Auxiliary","VARIABLE FREQUENCY DRIVE (VFD)","Motor Size: 30 HP, 66% Load Factor","No VFD installed, Motor is at 75% Load Factor",4000,16.785,67140,14.770799999999999,59083.199999999997,2.0142000000000007,8056.8000000000029,0.97921107692307718,15,"PSP-Business-Commercial-Electric_Auxiliary",1500,0.68200000000000005,0.69199999999999995,0,0,"No",null,null,null,null,null,null,null,"No","Dx",false,0]
["INon-ResidentialRetrofitRetrofitVARIABLE FREQUENCY DREQUENCY DRIVE (VFD)Motor Size: 40 HP, 66% Load FactorNo VFD installed, Mos at 75% Load FactorPercial-Electric_AuxiliaryNND","IESO - Measure","Non-Residential","Retrofit","Electric Auxiliary","VARIABLE FREQUENCY DRIVE (VFD)","Motor Size: 40 HP, 66% Load Factor","No VFD installed, Motor is at 75% Load Factor",4000,22.38,89520,19.694400000000002,78777.600000000006,2.6855999999999973,10742.399999999994,1.3056147692307685,15,"PSP-Business-Commercial-Electric_Auxiliary",2200,0.68200000000000005,0.69199999999999995,0,0,"No",null,null,null,null,null,null,null,"No","Dx",false,0]
["INon-ResidentialRetrofitRetrofitVARIABLE FREQUENCY DREQUENCY DRIVE (VFD)Motor Size: 50 HP, 66% Load FactorNo VFD installed, Mos at 75% Load FactorPercial-Electric_AuxiliaryNND","IESO - Measure","Non-Residential","Retrofit","Electric Auxiliary","VARIABLE FREQUENCY DRIVE (VFD)","Motor Size: 50 HP, 66% Load Factor","No VFD installed, Motor is at 75% Load Factor",4000,27.974999999999998,111899.99999999999,24.617999999999999,98472,3.3569999999999993,13427.999999999985,1.6320184615384596,15,"PSP-Business-Commercial-Electric_Auxiliary",2600,0.68200000000000005,0.69199999999999995,0,0,"No",null,null,null,null,null,null,null,"No","Dx",false,0]
["INon-ResidentialRetrofitRetrofitVARIABLE FREQUENCY DREQUENCY DRIVE (VFD)Motor Size: 60 HP, 66% Load FactorNo VFD installed, Mos at 75% Load FactorPercial-Electric_AuxiliaryNND","IESO - Measure","Non-Residential","Retrofit","Electric Auxiliary","VARIABLE FREQUENCY DRIVE (VFD)","Motor Size: 60 HP, 66% Load Factor","No VFD installed, Motor is at 75% Load Factor",4000,33.57,134280,29.541599999999999,118166.39999999999,4.0284000000000013,16113.600000000006,1.9584221538461544,15,"PSP-Business-Commercial-Electric_Auxiliary",2800,0.68200000000000005,0.69199999999999995,0,0,"No",null,null,null,null,null,null,null,"No","Dx",false,0]
["INon-ResidentialRetrofitRetrofitVARIABLE FREQUENCY DREQUENCY DRIVE (VFD)Motor Size: 75 HP, 66% Load FactorNo VFD installed, Mos at 75% Load FactorPercial-Electric_AuxiliaryNND","IESO - Measure","Non-Residential","Retrofit","Electric Auxiliary","VARIABLE FREQUENCY DRIVE (VFD)","Motor Size: 75 HP, 66% Load Factor","No VFD installed, Motor is at 75% Load Factor",4000,41.962500000000006,167850.00000000003,36.927000000000007,147708.00000000003,5.035499999999999,20142,2.4480276923076922,15,"PSP-Business-Commercial-Electric_Auxiliary",3200,0.68200000000000005,0.69199999999999995,0,0,"No",null,null,null,null,null,null,null,"No","Dx",false,0]
["INon-ResidentialRetrofitRetrofitVARIABLE FREQUENCY DREQUENCY DRIVE (VFD)Motor Size: 100 HP, 66% Load FactorNo VFD installed, Mos at 75% Load FactorPercial-Electric_AuxiliaryNND","IESO - Measure","Non-Residential","Retrofit","Electric Auxiliary","VARIABLE FREQUENCY DRIVE (VFD)","Motor Size: 100 HP, 66% Load Factor","No VFD installed, Motor is at 75% Load Factor",4000,55.949999999999996,223799.99999999997,49.235999999999997,196944,6.7139999999999986,26855.999999999971,3.2640369230769193,15,"PSP-Business-Commercial-Electric_Auxiliary",3500,0.68200000000000005,0.69199999999999995,0,0,"No",null,null,null,null,null,null,null,"No","Dx",false,0]
["INon-ResidentialHigh PerfonstructionOPEN DRIP-PROOF (ODPP-PROOF (ODP) MOTORSODP 1200 RPM, 1.5 HP, 87.5%EffODP 1200 RPM, 1.5 HPPM, 1.5 HP, 86.5%EffPercial-Electric_AuxiliaryNND","IESO - Measure","Non-Residential","High Performance New Construction","Electric Auxiliary","OPEN DRIP-PROOF (ODP) MOTORS","ODP 1200 RPM, 1.5 HP, 87.5%Eff","ODP 1200 RPM, 1.5 HP, 86.5%Eff",4942,0.9702312138728324,4794.8826589595374,0.95914285714285719,4740.0839999999998,1.1088356729975213E-2,54.798658959537534,6.6601447043130226E-3,15,"PSP-Business-Commercial-Electric_Auxiliary",99,0.54,0.54,0,0,"No",null,null,null,null,null,null,null,"No","Dx",false,0]
["INon-ResidentialHigh PerfonstructionOPEN DRIP-PROOF (ODPP-PROOF (ODP) MOTORSODP 1200 RPM, 2 HP, 88.5%EffODP 1200 RPM, 2 HP,RPM, 2 HP, 87.5%EffPercial-Electric_AuxiliaryNND","IESO - Measure","Non-Residential","High Performance New Construction","Electric Auxiliary","OPEN DRIP-PROOF (ODP) MOTORS","ODP 1200 RPM, 2 HP, 88.5%Eff","ODP 1200 RPM, 2 HP, 87.5%Eff",4942,1.2788571428571429,6320.1120000000001,1.264406779661017,6248.6983050847457,1.4450363196125915E-2,71.413694915254382,8.6795106127770718E-3,15,"PSP-Business-Commercial-Electric_Auxiliary",133,0.54,0.54,0,0,"No",null,null,null,null,null,null,null,"No","Dx",false,0]
["INon-ResidentialHigh PerfonstructionOPEN DRIP-PROOF (ODPP-PROOF (ODP) MOTORSODP 1200 RPM, 3 HP, 90%EffODP 1200 RPM, 3 HP,RPM, 3 HP, 88.5%EffPercial-Electric_AuxiliaryNND","IESO - Measure","Non-Residential","High Performance New Construction","Electric Auxiliary","OPEN DRIP-PROOF (ODP) MOTORS","ODP 1200 RPM, 3 HP, 90%Eff","ODP 1200 RPM, 3 HP, 88.5%Eff",4942,1.8966101694915256,9373.047457627119,1.865,9216.83,3.1610169491525619E-2,156.21745762711907,1.8986429465449855E-2,15,"PSP-Business-Commercial-Electric_Auxiliary",149,0.54,0.54,0,0,"No",null,null,null,null,null,null,null,"No","Dx",false,0]
["INon-ResidentialHigh PerfonstructionOPEN DRIP-PROOF (ODPP-PROOF (ODP) MOTORSODP 1200 RPM, 5 HP, 90.3%EffODP 1200 RPM, 5 HP,RPM, 5 HP, 89.5%EffPercial-Electric_AuxiliaryNND","IESO - Measure","Non-Residential","High Performance New Construction","Electric Auxiliary","OPEN DRIP-PROOF (ODP) MOTORS","ODP 1200 RPM, 5 HP, 90.3%Eff","ODP 1200 RPM, 5 HP, 89.5%Eff",4942,3.1256983240223462,15447.201117318435,3.0980066445182723,15310.348837209302,2.7691679504073807E-2,136.85228010913306,1.6632815582494631E-2,15,"PSP-Business-Commercial-Electric_Auxiliary",221,0.54,0.54,0,0,"No",null,null,null,null,null,null,null,"No","Dx",false,0]
["INon-ResidentialHigh PerfonstructionOPEN DRIP-PROOF (ODPP-PROOF (ODP) MOTORSODP 1200 RPM, 7.5 HP, 91.7%EffODP 1200 RPM, 7.5 HPPM, 7.5 HP, 90.2%EffPercial-Electric_AuxiliaryNND","IESO - Measure","Non-Residential","High Performance New Construction","Electric Auxiliary","OPEN DRIP-PROOF (ODP) MOTORS","ODP 1200 RPM, 7.5 HP, 91.7%Eff","ODP 1200 RPM, 7.5 HP, 90.2%Eff",4942,4.6521618625277164,22990.983924611974,4.5760632497273717,22614.90458015267,7.6098612800344689E-2,376.07934445930368,4.5708104941976906E-2,15,"PSP-Business-Commercial-Electric_Auxiliary",449,0.54,0.54,0,0,"No",null,null,null,null,null,null,null,"No","Dx",false,0]
["INon-ResidentialHigh PerfonstructionOPEN DRIP-PROOF (ODPP-PROOF (ODP) MOTORSODP 1200 RPM, 10 HP, 92.4%EffODP 1200 RPM, 10 HP,RPM, 10 HP, 91.7%EffPercial-Electric_AuxiliaryNND","IESO - Measure","Non-Residential","High Performance New Construction","Electric Auxiliary","OPEN DRIP-PROOF (ODP) MOTORS","ODP 1200 RPM, 10 HP, 92.4%Eff","ODP 1200 RPM, 10 HP, 91.7%Eff",4942,6.1014176663031616,30153.206106870224,6.0551948051948044,29924.772727272724,4.6222861108357272E-2,228.43337959749988,2.7763441520311523E-2,15,"PSP-Business-Commercial-Electric_Auxiliary",522,0.54,0.54,0,0,"No",null,null,null,null,null,null,null,"No","Dx",false,0]
["INon-ResidentialHigh PerfonstructionOPEN DRIP-PROOF (ODPP-PROOF (ODP) MOTORSODP 1200 RPM, 15 HP, 92.4%EffODP 1200 RPM, 15 HP,RPM, 15 HP, 91.7%EffPercial-Electric_AuxiliaryNND","IESO - Measure","Non-Residential","High Performance New Construction","Electric Auxiliary","OPEN DRIP-PROOF (ODP) MOTORS","ODP 1200 RPM, 15 HP, 92.4%Eff","ODP 1200 RPM, 15 HP, 91.7%Eff",4942,9.1521264994547433,45229.80916030534,9.0827922077922079,44887.159090909088,6.9334291662535463E-2,342.65006939625164,4.1645162280467503E-2,15,"PSP-Business-Commercial-Electric_Auxiliary",1044,0.54,0.54,0,0,"No",null,null,null,null,null,null,null,"No","Dx",false,0]
["INon-ResidentialHigh PerfonstructionOPEN DRIP-PROOF (ODPP-PROOF (ODP) MOTORSODP 1200 RPM, 20 HP, 93%EffODP 1200 RPM, 20 HP,RPM, 20 HP, 92.4%EffPercial-Electric_AuxiliaryNND","IESO - Measure","Non-Residential","High Performance New Construction","Electric Auxiliary","OPEN DRIP-PROOF (ODP) MOTORS","ODP 1200 RPM, 20 HP, 93%Eff","ODP 1200 RPM, 20 HP, 92.4%Eff",4942,12.110389610389609,59849.545454545449,12.032258064516128,59463.419354838705,7.813154587348059E-2,386.12609970674384,4.692917211820425E-2,15,"PSP-Business-Commercial-Electric_Auxiliary",1211,0.54,0.54,0,0,"No",null,null,null,null,null,null,null,"No","Dx",false,0]
["INon-ResidentialHigh PerfonstructionOPEN DRIP-PROOF (ODPP-PROOF (ODP) MOTORSODP 1200 RPM, 25 HP, 93.6%EffODP 1200 RPM, 25 HP,0 RPM, 25 HP, 93%EffPercial-Electric_AuxiliaryNND","IESO - Measure","Non-Residential","High Performance New Construction","Electric Auxiliary","OPEN DRIP-PROOF (ODP) MOTORS","ODP 1200 RPM, 25 HP, 93.6%Eff","ODP 1200 RPM, 25 HP, 93%Eff",4942,15.04032258064516,74329.274193548379,14.943910256410254,73852.80448717947,9.6412324234906421E-2,476.4697063689091,5.7909395081759719E-2,15,"PSP-Business-Commercial-Electric_Auxiliary",1670,0.54,0.54,0,0,"No",null,null,null,null,null,null,null,"No","Dx",false,0]
["INon-ResidentialHigh PerfonstructionOPEN DRIP-PROOF (ODPP-PROOF (ODP) MOTORSODP 1200 RPM, 30 HP, 94.1%EffODP 1200 RPM, 30 HP,RPM, 30 HP, 93.6%EffPercial-Electric_AuxiliaryNND","IESO - Measure","Non-Residential","High Performance New Construction","Electric Auxiliary","OPEN DRIP-PROOF (ODP) MOTORS","ODP 1200 RPM, 30 HP, 94.1%Eff","ODP 1200 RPM, 30 HP, 93.6%Eff",4942,17.932692307692307,88623.365384615376,17.837407013815092,88152.46546227418,9.5285293877214627E-2,470.89992234119563,5.7232452099929935E-2,15,"PSP-Business-Commercial-Electric_Auxiliary",1567,0.54,0.54,0,0,"No",null,null,null,null,null,null,null,"No","Dx",false,0]
["INon-ResidentialHigh PerfonstructionOPEN DRIP-PROOF (ODPP-PROOF (ODP) MOTORSODP 1200 RPM, 40 HP, 94.5%EffODP 1200 RPM, 40 HP,RPM, 40 HP, 94.1%EffPercial-Electric_AuxiliaryNND","IESO - Measure","Non-Residential","High Performance New Construction","Electric Auxiliary","OPEN DRIP-PROOF (ODP) MOTORS","ODP 1200 RPM, 40 HP, 94.5%Eff","ODP 1200 RPM, 40 HP, 94.1%Eff",4942,23.783209351753452,117536.62061636556,23.682539682539684,117039.11111111111,0.10066966921376874,497.50950525444932,6.0466539869386909E-2,15,"PSP-Business-Commercial-Electric_Auxiliary",1962,0.54,0.54,0,0,"No",null,null,null,null,null,null,null,"No","Dx",false,0]
["INon-ResidentialHigh PerfonstructionOPEN DRIP-PROOF (ODPP-PROOF (ODP) MOTORSODP 1200 RPM, 50 HP, 94.5%EffODP 1200 RPM, 50 HP,RPM, 50 HP, 94.1%EffPercial-Electric_AuxiliaryNND","IESO - Measure","Non-Residential","High Performance New Construction","Electric Auxiliary","OPEN DRIP-PROOF (ODP) MOTORS","ODP 1200 RPM, 50 HP, 94.5%Eff","ODP 1200 RPM, 50 HP, 94.1%Eff",4942,29.729011689691816,146920.77577045697,29.603174603174601,146298.88888888888,0.12583708651721537,621.88688156809076,7.5583174836737183E-2,15,"PSP-Business-Commercial-Electric_Auxiliary",1365,0.54,0.54,0,0,"No",null,null,null,null,null,null,null,"No","Dx",false,0]
["INon-ResidentialHigh PerfonstructionOPEN DRIP-PROOF (ODPP-PROOF (ODP) MOTORSODP 1200 RPM, 60 HP, 95%EffODP 1200 RPM, 60 HP,RPM, 60 HP, 94.5%EffPercial-Electric_AuxiliaryNND","IESO - Measure","Non-Residential","High Performance New Construction","Electric Auxiliary","OPEN DRIP-PROOF (ODP) MOTORS","ODP 1200 RPM, 60 HP, 95%Eff","ODP 1200 RPM, 60 HP, 94.5%Eff",4942,35.523809523809526,175558.66666666669,35.336842105263159,174634.67368421055,0.18696741854636656,923.99298245614045,0.11230068556005399,15,"PSP-Business-Commercial-Electric_Auxiliary",2514,0.54,0.54,0,0,"No",null,null,null,null,null,null,null,"No","Dx",false,0]
["INon-ResidentialHigh PerfonstructionOPEN DRIP-PROOF (ODPP-PROOF (ODP) MOTORSODP 1200 RPM, 75 HP, 95.3%EffODP 1200 RPM, 75 HP,RPM, 75 HP, 94.5%EffPercial-Electric_AuxiliaryNND","IESO - Measure","Non-Residential","High Performance New Construction","Electric Auxiliary","OPEN DRIP-PROOF (ODP) MOTORS","ODP 1200 RPM, 75 HP, 95.3%Eff","ODP 1200 RPM, 75 HP, 94.5%Eff",4942,44.404761904761912,219448.33333333337,44.032004197271782,217606.16474291714,0.37275770749013049,1842.1685904162296,0.22389433637366482,15,"PSP-Business-Commercial-Electric_Auxiliary",3133,0.54,0.54,0,0,"No",null,null,null,null,null,null,null,"No","Dx",false,0]
["INon-ResidentialHigh PerfonstructionOPEN DRIP-PROOF (ODPP-PROOF (ODP) MOTORSODP 1200 RPM, 100 HP, 95.4%EffODP 1200 RPM, 100 HPRPM, 100 HP, 95%EffPercial-Electric_AuxiliaryNND","IESO - Measure","Non-Residential","High Performance New Construction","Electric Auxiliary","OPEN DRIP-PROOF (ODP) MOTORS","ODP 1200 RPM, 100 HP, 95.4%Eff","ODP 1200 RPM, 100 HP, 95%Eff",4942,58.89473684210526,291057.78947368421,58.647798742138363,289837.42138364777,0.24693809996689708,1220.3680900364416,0.1483216601736598,15,"PSP-Business-Commercial-Electric_Auxiliary",3296,0.54,0.54,0,0,"No",null,null,null,null,null,null,null,"No","Dx",false,0]
["INon-ResidentialHigh PerfonstructionOPEN DRIP-PROOF (ODPP-PROOF (ODP) MOTORSODP 1200 RPM, 125 HP, 95.6%EffODP 1200 RPM, 125 HPRPM, 125 HP, 95%EffPercial-Electric_AuxiliaryNND","IESO - Measure","Non-Residential","High Performance New Construction","Electric Auxiliary","OPEN DRIP-PROOF (ODP) MOTORS","ODP 1200 RPM, 125 HP, 95.6%Eff","ODP 1200 RPM, 125 HP, 95%Eff",4942,73.618421052631589,363822.23684210534,73.15638075313808,361538.83368200838,0.46204029949350911,2283.4031600969611,0.27752130715024603,15,"PSP-Business-Commercial-Electric_Auxiliary",3741,0.54,0.54,0,0,"No",null,null,null,null,null,null,null,"No","Dx",false,0]
["INon-ResidentialHigh PerfonstructionOPEN DRIP-PROOF (ODPP-PROOF (ODP) MOTORSODP 1200 RPM, 150 HP, 95.8%EffODP 1200 RPM, 150 HPPM, 150 HP, 95.4%EffPercial-Electric_AuxiliaryNND","IESO - Measure","Non-Residential","High Performance New Construction","Electric Auxiliary","OPEN DRIP-PROOF (ODP) MOTORS","ODP 1200 RPM, 150 HP, 95.8%Eff","ODP 1200 RPM, 150 HP, 95.4%Eff",4942,87.971698113207566,434756.1320754718,87.604384133611703,432940.86638830905,0.36731397959586332,1815.2656871627551,0.22062459890131947,15,"PSP-Business-Commercial-Electric_Auxiliary",2607,0.54,0.54,0,0,"No",null,null,null,null,null,null,null,"No","Dx",false,0]
["INon-ResidentialHigh PerfonstructionOPEN DRIP-PROOF (ODPP-PROOF (ODP) MOTORSODP 1200 RPM, 200 HP, 95.9%EffODP 1200 RPM, 200 HPPM, 200 HP, 95.4%EffPercial-Electric_AuxiliaryNND","IESO - Measure","Non-Residential","High Performance New Construction","Electric Auxiliary","OPEN DRIP-PROOF (ODP) MOTORS","ODP 1200 RPM, 200 HP, 95.9%Eff","ODP 1200 RPM, 200 HP, 95.4%Eff",4942,117.29559748427673,579674.84276729554,116.68404588112615,576652.55474452546,0.61155160315057344,3022.2880227700807,0.36732423661359437,15,"PSP-Business-Commercial-Electric_Auxiliary",4213,0.54,0.54,0,0,"No",null,null,null,null,null,null,null,"No","Dx",false,0]
["INon-ResidentialHigh PerfonstructionOPEN DRIP-PROOF (ODPP-PROOF (ODP) MOTORSODP 1800 RPM, 3 HP, 90.2%EffODP 1800 RPM, 3 HP,RPM, 3 HP, 89.5%EffPercial-Electric_AuxiliaryNND","IESO - Measure","Non-Residential","High Performance New Construction","Electric Auxiliary","OPEN DRIP-PROOF (ODP) MOTORS","ODP 1800 RPM, 3 HP, 90.2%Eff","ODP 1800 RPM, 3 HP, 89.5%Eff",4942,1.8754189944134079,9268.3206703910619,1.8608647450110865,9196.3935698447895,1.4554249402321418E-2,71.927100546272413,8.7419091433161844E-3,15,"PSP-Business-Commercial-Electric_Auxiliary",200,0.54,0.54,0,0,"No",null,null,null,null,null,null,null,"No","Dx",false,0]
["INon-ResidentialHigh PerfonstructionOPEN DRIP-PROOF (ODPP-PROOF (ODP) MOTORSODP 1800 RPM, 20 HP, 93.6%EffODP 1800 RPM, 20 HP,0 RPM, 20 HP, 93%EffPercial-Electric_AuxiliaryNND","IESO - Measure","Non-Residential","High Performance New Construction","Electric Auxiliary","OPEN DRIP-PROOF (ODP) MOTORS","ODP 1800 RPM, 20 HP, 93.6%Eff","ODP 1800 RPM, 20 HP, 93%Eff",4942,12.032258064516128,59463.419354838705,11.955128205128204,59082.243589743586,7.7129859387923716E-2,381.17576509511855,4.6327516065406714E-2,15,"PSP-Business-Commercial-Electric_Auxiliary",444,0.54,0.54,0,0,"No",null,null,null,null,null,null,null,"No","Dx",false,0]
["INon-ResidentialHigh PerfonstructionOPEN DRIP-PROOF (ODPP-PROOF (ODP) MOTORSODP 1800 RPM, 25 HP, 94.1%EffODP 1800 RPM, 25 HP,RPM, 25 HP, 93.6%EffPercial-Electric_AuxiliaryNND","IESO - Measure","Non-Residential","High Performance New Construction","Electric Auxiliary","OPEN DRIP-PROOF (ODP) MOTORS","ODP 1800 RPM, 25 HP, 94.1%Eff","ODP 1800 RPM, 25 HP, 93.6%Eff",4942,14.943910256410254,73852.80448717947,14.864505844845908,73460.387885228483,7.9404411564345523E-2,392.41660195098666,4.7693710083273763E-2,15,"PSP-Business-Commercial-Electric_Auxiliary",847,0.54,0.54,0,0,"No",null,null,null,null,null,null,null,"No","Dx",false,0]
["INon-ResidentialHigh PerfonstructionOPEN DRIP-PROOF (ODPP-PROOF (ODP) MOTORSODP 1800 RPM, 40 HP, 94.5%EffODP 1800 RPM, 40 HP,RPM, 40 HP, 94.1%EffPercial-Electric_AuxiliaryNND","IESO - Measure","Non-Residential","High Performance New Construction","Electric Auxiliary","OPEN DRIP-PROOF (ODP) MOTORS","ODP 1800 RPM, 40 HP, 94.5%Eff","ODP 1800 RPM, 40 HP, 94.1%Eff",4942,23.783209351753452,117536.62061636556,23.682539682539684,117039.11111111111,0.10066966921376874,497.50950525444932,6.0466539869386909E-2,15,"PSP-Business-Commercial-Electric_Auxiliary",1267,0.54,0.54,0,0,"No",null,null,null,null,null,null,null,"No","Dx",false,0]
["INon-ResidentialHigh PerfonstructionOPEN DRIP-PROOF (ODPP-PROOF (ODP) MOTORSODP 1800 RPM, 50 HP, 95%EffODP 1800 RPM, 50 HP,RPM, 50 HP, 94.5%EffPercial-Electric_AuxiliaryNND","IESO - Measure","Non-Residential","High Performance New Construction","Electric Auxiliary","OPEN DRIP-PROOF (ODP) MOTORS","ODP 1800 RPM, 50 HP, 95%Eff","ODP 1800 RPM, 50 HP, 94.5%Eff",4942,29.603174603174601,146298.88888888888,29.44736842105263,145528.89473684211,0.15580618212197095,769.99415204676916,9.3583904633376555E-2,15,"PSP-Business-Commercial-Electric_Auxiliary",1918,0.54,0.54,0,0,"No",null,null,null,null,null,null,null,"No","Dx",false,0]
["INon-ResidentialHigh PerfonstructionOPEN DRIP-PROOF (ODPP-PROOF (ODP) MOTORSODP 1800 RPM, 60 HP, 95.5%EffODP 1800 RPM, 60 HP,0 RPM, 60 HP, 95%EffPercial-Electric_AuxiliaryNND","IESO - Measure","Non-Residential","High Performance New Construction","Electric Auxiliary","OPEN DRIP-PROOF (ODP) MOTORS","ODP 1800 RPM, 60 HP, 95.5%Eff","ODP 1800 RPM, 60 HP, 95%Eff",4942,35.336842105263159,174634.67368421055,35.151832460732983,173720.35602094239,0.18500964453017588,914.31766326815705,0.11112476215105292,15,"PSP-Business-Commercial-Electric_Auxiliary",2437,0.54,0.54,0,0,"No",null,null,null,null,null,null,null,"No","Dx",false,0]
["INon-ResidentialHigh PerfonstructionOPEN DRIP-PROOF (ODPP-PROOF (ODP) MOTORSODP 1800 RPM, 75 HP, 95.4%EffODP 1800 RPM, 75 HP,0 RPM, 75 HP, 95%EffPercial-Electric_AuxiliaryNND","IESO - Measure","Non-Residential","High Performance New Construction","Electric Auxiliary","OPEN DRIP-PROOF (ODP) MOTORS","ODP 1800 RPM, 75 HP, 95.4%Eff","ODP 1800 RPM, 75 HP, 95%Eff",4942,44.171052631578952,218293.34210526317,43.985849056603783,217378.0660377359,0.18520357497516926,915.27606752727297,0.11124124513023778,15,"PSP-Business-Commercial-Electric_Auxiliary",2569,0.54,0.54,0,0,"No",null,null,null,null,null,null,null,"No","Dx",false,0]
["INon-ResidentialHigh PerfonstructionOPEN DRIP-PROOF (ODPP-PROOF (ODP) MOTORSODP 1800 RPM, 125 HP, 95.8%EffODP 1800 RPM, 125 HPPM, 125 HP, 95.4%EffPercial-Electric_AuxiliaryNND","IESO - Measure","Non-Residential","High Performance New Construction","Electric Auxiliary","OPEN DRIP-PROOF (ODP) MOTORS","ODP 1800 RPM, 125 HP, 95.8%Eff","ODP 1800 RPM, 125 HP, 95.4%Eff",4942,73.309748427672957,362296.77672955976,73.003653444676402,360784.05532359076,0.30609498299655513,1512.7214059690014,0.18385383241777092,15,"PSP-Business-Commercial-Electric_Auxiliary",3089,0.54,0.54,0,0,"No",null,null,null,null,null,null,null,"No","Dx",false,0]
["INon-ResidentialHigh PerfonstructionOPEN DRIP-PROOF (ODPP-PROOF (ODP) MOTORSODP 1800 RPM, 150 HP, 96.2%EffODP 1800 RPM, 150 HPPM, 150 HP, 95.8%EffPercial-Electric_AuxiliaryNND","IESO - Measure","Non-Residential","High Performance New Construction","Electric Auxiliary","OPEN DRIP-PROOF (ODP) MOTORS","ODP 1800 RPM, 150 HP, 96.2%Eff","ODP 1800 RPM, 150 HP, 95.8%Eff",4942,87.604384133611703,432940.86638830905,87.240124740124756,431140.69646569656,0.36425939348694669,1800.1699226124911,0.21878988290213353,15,"PSP-Business-Commercial-Electric_Auxiliary",4321,0.54,0.54,0,0,"No",null,null,null,null,null,null,null,"No","Dx",false,0]
["INon-ResidentialHigh PerfonstructionOPEN DRIP-PROOF (ODPP-PROOF (ODP) MOTORSODP 1800 RPM, 200 HP, 96.2%EffODP 1800 RPM, 200 HPPM, 200 HP, 95.8%EffPercial-Electric_AuxiliaryNND","IESO - Measure","Non-Residential","High Performance New Construction","Electric Auxiliary","OPEN DRIP-PROOF (ODP) MOTORS","ODP 1800 RPM, 200 HP, 96.2%Eff","ODP 1800 RPM, 200 HP, 95.8%Eff",4942,116.80584551148225,577254.48851774528,116.32016632016632,574854.26195426192,0.48567919131592419,2400.2265634833602,0.2917198438695161,15,"PSP-Business-Commercial-Electric_Auxiliary",3118,0.54,0.54,0,0,"No",null,null,null,null,null,null,null,"No","Dx",false,0]
["INon-ResidentialHigh PerfonstructionOPEN DRIP-PROOF (ODPP-PROOF (ODP) MOTORSODP 3600 RPM, 1 HP, 84%EffODP 3600 RPM, 1 HP,00 RPM, 1 HP, 77%EffPercial-Electric_AuxiliaryNND","IESO - Measure","Non-Residential","High Performance New Construction","Electric Auxiliary","OPEN DRIP-PROOF (ODP) MOTORS","ODP 3600 RPM, 1 HP, 84%Eff","ODP 3600 RPM, 1 HP, 77%Eff",4942,0.72662337662337662,3590.9727272727273,0.66607142857142854,3291.7249999999999,6.0551948051948079E-2,299.24772727272739,3.6370108391608404E-2,15,"PSP-Business-Commercial-Electric_Auxiliary",11,0.54,0.54,0,0,"No",null,null,null,null,null,null,null,"No","Dx",false,0]
["INon-ResidentialHigh PerfonstructionOPEN DRIP-PROOF (ODPP-PROOF (ODP) MOTORSODP 3600 RPM, 1.5 HP, 86%EffODP 3600 RPM, 1.5 HPRPM, 1.5 HP, 84%EffPercial-Electric_AuxiliaryNND","IESO - Measure","Non-Residential","High Performance New Construction","Electric Auxiliary","OPEN DRIP-PROOF (ODP) MOTORS","ODP 3600 RPM, 1.5 HP, 86%Eff","ODP 3600 RPM, 1.5 HP, 84%Eff",4942,0.99910714285714297,4937.5875000000005,0.97587209302325584,4822.7598837209307,2.3235049833887134E-2,114.82761627906984,1.3955971824686948E-2,15,"PSP-Business-Commercial-Electric_Auxiliary",123,0.54,0.54,0,0,"No",null,null,null,null,null,null,null,"No","Dx",false,0]
["INon-ResidentialHigh PerfonstructionOPEN DRIP-PROOF (ODPP-PROOF (ODP) MOTORSODP 3600 RPM, 2 HP, 86.5%EffODP 3600 RPM, 2 HP,RPM, 2 HP, 85.5%EffPercial-Electric_AuxiliaryNND","IESO - Measure","Non-Residential","High Performance New Construction","Electric Auxiliary","OPEN DRIP-PROOF (ODP) MOTORS","ODP 3600 RPM, 2 HP, 86.5%Eff","ODP 3600 RPM, 2 HP, 85.5%Eff",4942,1.3087719298245615,6467.9508771929832,1.2936416184971098,6393.1768786127168,1.5130311327451684E-2,74.77399858026638,9.0879167505246838E-3,15,"PSP-Business-Commercial-Electric_Auxiliary",143,0.54,0.54,0,0,"No",null,null,null,null,null,null,null,"No","Dx",false,0]
["INon-ResidentialHigh PerfonstructionOPEN DRIP-PROOF (ODPP-PROOF (ODP) MOTORSODP 3600 RPM, 3 HP, 87.5%EffODP 3600 RPM, 3 HP,RPM, 3 HP, 85.5%EffPercial-Electric_AuxiliaryNND","IESO - Measure","Non-Residential","High Performance New Construction","Electric Auxiliary","OPEN DRIP-PROOF (ODP) MOTORS","ODP 3600 RPM, 3 HP, 87.5%Eff","ODP 3600 RPM, 3 HP, 85.5%Eff",4942,1.9631578947368422,9701.9263157894748,1.9182857142857144,9480.1679999999997,4.4872180451127841E-2,221.75831578947509,2.6952164534413122E-2,15,"PSP-Business-Commercial-Electric_Auxiliary",64,0.54,0.54,0,0,"No",null,null,null,null,null,null,null,"No","Dx",false,0]
["INon-ResidentialHigh PerfonstructionOPEN DRIP-PROOF (ODPP-PROOF (ODP) MOTORSODP 3600 RPM, 5 HP, 89.7%EffODP 3600 RPM, 5 HP,RPM, 5 HP, 86.5%EffPercial-Electric_AuxiliaryNND","IESO - Measure","Non-Residential","High Performance New Construction","Electric Auxiliary","OPEN DRIP-PROOF (ODP) MOTORS","ODP 3600 RPM, 5 HP, 89.7%Eff","ODP 3600 RPM, 5 HP, 86.5%Eff",4942,3.2341040462427744,15982.942196531791,3.1187290969899664,15412.759197324414,0.115374949252808,570.18299920737627,6.9299164519050341E-2,15,"PSP-Business-Commercial-Electric_Auxiliary",130,0.54,0.54,0,0,"No",null,null,null,null,null,null,null,"No","Dx",false,0]
["INon-ResidentialHigh PerfonstructionOPEN DRIP-PROOF (ODPP-PROOF (ODP) MOTORSODP 3600 RPM, 7.5 HP, 90%EffODP 3600 RPM, 7.5 HPPM, 7.5 HP, 88.5%EffPercial-Electric_AuxiliaryNND","IESO - Measure","Non-Residential","High Performance New Construction","Electric Auxiliary","OPEN DRIP-PROOF (ODP) MOTORS","ODP 3600 RPM, 7.5 HP, 90%Eff","ODP 3600 RPM, 7.5 HP, 88.5%Eff",4942,4.7415254237288131,23432.618644067796,4.6624999999999996,23042.074999999997,7.9025423728813493E-2,390.5436440677986,4.746607366362475E-2,15,"PSP-Business-Commercial-Electric_Auxiliary",48,0.54,0.54,0,0,"No",null,null,null,null,null,null,null,"No","Dx",false,0]
["INon-ResidentialHigh PerfonstructionOPEN DRIP-PROOF (ODPP-PROOF (ODP) MOTORSODP 3600 RPM, 10 HP, 90.5%EffODP 3600 RPM, 10 HP,RPM, 10 HP, 89.5%EffPercial-Electric_AuxiliaryNND","IESO - Measure","Non-Residential","High Performance New Construction","Electric Auxiliary","OPEN DRIP-PROOF (ODP) MOTORS","ODP 3600 RPM, 10 HP, 90.5%Eff","ODP 3600 RPM, 10 HP, 89.5%Eff",4942,6.2513966480446923,30894.402234636869,6.1823204419889501,30553.02762430939,6.9076206055742162E-2,341.37461032747888,4.1490144947493583E-2,15,"PSP-Business-Commercial-Electric_Auxiliary",145,0.54,0.54,0,0,"No",null,null,null,null,null,null,null,"No","Dx",false,0]
["INon-ResidentialHigh PerfonstructionOPEN DRIP-PROOF (ODPP-PROOF (ODP) MOTORSODP 3600 RPM, 15 HP, 91.4%EffODP 3600 RPM, 15 HP,RPM, 15 HP, 90.2%EffPercial-Electric_AuxiliaryNND","IESO - Measure","Non-Residential","High Performance New Construction","Electric Auxiliary","OPEN DRIP-PROOF (ODP) MOTORS","ODP 3600 RPM, 15 HP, 91.4%Eff","ODP 3600 RPM, 15 HP, 90.2%Eff",4942,9.3043237250554327,45981.967849223947,9.1821663019693656,45378.265864332607,0.12215742308606714,603.70198489134054,7.3373010471409081E-2,15,"PSP-Business-Commercial-Electric_Auxiliary",330,0.54,0.54,0,0,"No",null,null,null,null,null,null,null,"No","Dx",false,0]
["INon-ResidentialHigh PerfonstructionOPEN DRIP-PROOF (ODPP-PROOF (ODP) MOTORSODP 3600 RPM, 20 HP, 92.3%EffODP 3600 RPM, 20 HP,0 RPM, 20 HP, 91%EffPercial-Electric_AuxiliaryNND","IESO - Measure","Non-Residential","High Performance New Construction","Electric Auxiliary","OPEN DRIP-PROOF (ODP) MOTORS","ODP 3600 RPM, 20 HP, 92.3%Eff","ODP 3600 RPM, 20 HP, 91%Eff",4942,12.296703296703296,60770.307692307688,12.123510292524376,59914.387865655466,0.17319300417891981,855.91982665222167,0.1040271789315777,15,"PSP-Business-Commercial-Electric_Auxiliary",466,0.54,0.54,0,0,"No",null,null,null,null,null,null,null,"No","Dx",false,0]
["INon-ResidentialHigh PerfonstructionOPEN DRIP-PROOF (ODPP-PROOF (ODP) MOTORSODP 3600 RPM, 25 HP, 93%EffODP 3600 RPM, 25 HP,RPM, 25 HP, 91.7%EffPercial-Electric_AuxiliaryNND","IESO - Measure","Non-Residential","High Performance New Construction","Electric Auxiliary","OPEN DRIP-PROOF (ODP) MOTORS","ODP 3600 RPM, 25 HP, 93%Eff","ODP 3600 RPM, 25 HP, 91.7%Eff",4942,15.253544165757905,75383.015267175564,15.04032258064516,74329.274193548379,0.2132215851127448,1053.741073627185,0.12807006894853476,15,"PSP-Business-Commercial-Electric_Auxiliary",767,0.54,0.54,0,0,"No",null,null,null,null,null,null,null,"No","Dx",false,0]
["INon-ResidentialHigh PerfonstructionOPEN DRIP-PROOF (ODPP-PROOF (ODP) MOTORSODP 3600 RPM, 30 HP, 93.7%EffODP 3600 RPM, 30 HP,RPM, 30 HP, 91.7%EffPercial-Electric_AuxiliaryNND","IESO - Measure","Non-Residential","High Performance New Construction","Electric Auxiliary","OPEN DRIP-PROOF (ODP) MOTORS","ODP 3600 RPM, 30 HP, 93.7%Eff","ODP 3600 RPM, 30 HP, 91.7%Eff",4942,18.304252998909487,90459.61832061068,17.913553895410885,88528.783351120597,0.39069910349860137,1930.8349694900826,0.23467071167648695,15,"PSP-Business-Commercial-Electric_Auxiliary",1126,0.54,0.54,0,0,"No",null,null,null,null,null,null,null,"No","Dx",false,0]
["INon-ResidentialHigh PerfonstructionOPEN DRIP-PROOF (ODPP-PROOF (ODP) MOTORSODP 3600 RPM, 40 HP, 93.8%EffODP 3600 RPM, 40 HP,RPM, 40 HP, 92.4%EffPercial-Electric_AuxiliaryNND","IESO - Measure","Non-Residential","High Performance New Construction","Electric Auxiliary","OPEN DRIP-PROOF (ODP) MOTORS","ODP 3600 RPM, 40 HP, 93.8%Eff","ODP 3600 RPM, 40 HP, 92.4%Eff",4942,24.220779220779217,119699.0909090909,23.859275053304902,117912.53731343283,0.36150416747431535,1786.5535956580716,0.21713497547228869,15,"PSP-Business-Commercial-Electric_Auxiliary",1580,0.54,0.54,0,0,"No",null,null,null,null,null,null,null,"No","Dx",false,0]
["INon-ResidentialHigh PerfonstructionOPEN DRIP-PROOF (ODPP-PROOF (ODP) MOTORSODP 3600 RPM, 50 HP, 93.9%EffODP 3600 RPM, 50 HP,0 RPM, 50 HP, 93%EffPercial-Electric_AuxiliaryNND","IESO - Measure","Non-Residential","High Performance New Construction","Electric Auxiliary","OPEN DRIP-PROOF (ODP) MOTORS","ODP 3600 RPM, 50 HP, 93.9%Eff","ODP 3600 RPM, 50 HP, 93%Eff",4942,30.08064516129032,148658.54838709676,29.792332268370604,147233.70607028753,0.28831289291971629,1424.8423168092268,0.17317314311989065,15,"PSP-Business-Commercial-Electric_Auxiliary",1913,0.54,0.54,0,0,"No",null,null,null,null,null,null,null,"No","Dx",false,0]
["INon-ResidentialHigh PerfonstructionOPEN DRIP-PROOF (ODPP-PROOF (ODP) MOTORSODP 3600 RPM, 60 HP, 94.2%EffODP 3600 RPM, 60 HP,RPM, 60 HP, 93.6%EffPercial-Electric_AuxiliaryNND","IESO - Measure","Non-Residential","High Performance New Construction","Electric Auxiliary","OPEN DRIP-PROOF (ODP) MOTORS","ODP 3600 RPM, 60 HP, 94.2%Eff","ODP 3600 RPM, 60 HP, 93.6%Eff",4942,35.865384615384613,177246.73076923075,35.63694267515924,176117.77070063696,0.22844194022537323,1128.9600685937912,0.1372120698752454,15,"PSP-Business-Commercial-Electric_Auxiliary",1755,0.54,0.54,0,0,"No",null,null,null,null,null,null,null,"No","Dx",false,0]
["INon-ResidentialHigh PerfonstructionOPEN DRIP-PROOF (ODPP-PROOF (ODP) MOTORSODP 3600 RPM, 75 HP, 94.3%EffODP 3600 RPM, 75 HP,RPM, 75 HP, 93.6%EffPercial-Electric_AuxiliaryNND","IESO - Measure","Non-Residential","High Performance New Construction","Electric Auxiliary","OPEN DRIP-PROOF (ODP) MOTORS","ODP 3600 RPM, 75 HP, 94.3%Eff","ODP 3600 RPM, 75 HP, 93.6%Eff",4942,44.831730769230774,221558.4134615385,44.498939554612946,219913.75927889717,0.33279121461782779,1644.6541826413304,0.1998887391210232,15,"PSP-Business-Commercial-Electric_Auxiliary",2498,0.54,0.54,0,0,"No",null,null,null,null,null,null,null,"No","Dx",false,0]
["INon-ResidentialHigh PerfonstructionOPEN DRIP-PROOF (ODPP-PROOF (ODP) MOTORSODP 3600 RPM, 100 HP, 94.8%EffODP 3600 RPM, 100 HPPM, 100 HP, 93.6%EffPercial-Electric_AuxiliaryNND","IESO - Measure","Non-Residential","High Performance New Construction","Electric Auxiliary","OPEN DRIP-PROOF (ODP) MOTORS","ODP 3600 RPM, 100 HP, 94.8%Eff","ODP 3600 RPM, 100 HP, 93.6%Eff",4942,59.775641025641015,295411.21794871788,59.018987341772153,291671.83544303797,0.756653683868862,3739.3825056799105,0.45447879684417375,15,"PSP-Business-Commercial-Electric_Auxiliary",3878,0.54,0.54,0,0,"No",null,null,null,null,null,null,null,"No","Dx",false,0]
["INon-ResidentialHigh PerfonstructionOPEN DRIP-PROOF (ODPP-PROOF (ODP) MOTORSODP 3600 RPM, 125 HP, 95%EffODP 3600 RPM, 125 HPPM, 125 HP, 94.1%EffPercial-Electric_AuxiliaryNND","IESO - Measure","Non-Residential","High Performance New Construction","Electric Auxiliary","OPEN DRIP-PROOF (ODP) MOTORS","ODP 3600 RPM, 125 HP, 95%Eff","ODP 3600 RPM, 125 HP, 94.1%Eff",4942,74.322529224229541,367301.93942614237,73.618421052631589,363822.23684210534,0.70410817159795158,3479.7025840370334,0.42291769867527018,15,"PSP-Business-Commercial-Electric_Auxiliary",4237,0.54,0.54,0,0,"No",null,null,null,null,null,null,null,"No","Dx",false,0]
["INon-ResidentialHigh PerfonstructionOPEN DRIP-PROOF (ODPP-PROOF (ODP) MOTORSODP 3600 RPM, 150 HP, 95.3%EffODP 3600 RPM, 150 HPPM, 150 HP, 94.1%EffPercial-Electric_AuxiliaryNND","IESO - Measure","Non-Residential","High Performance New Construction","Electric Auxiliary","OPEN DRIP-PROOF (ODP) MOTORS","ODP 3600 RPM, 150 HP, 95.3%Eff","ODP 3600 RPM, 150 HP, 94.1%Eff",4942,89.187035069075463,440762.32731137093,88.064008394543563,435212.32948583429,1.1230266745319,5549.9978255366441,0.67453819725753061,15,"PSP-Business-Commercial-Electric_Auxiliary",5852,0.54,0.54,0,0,"No",null,null,null,null,null,null,null,"No","Dx",false,0]
["INon-ResidentialHigh PerfonstructionOPEN DRIP-PROOF (ODPP-PROOF (ODP) MOTORSODP 3600 RPM, 200 HP, 95.7%EffODP 3600 RPM, 200 HPRPM, 200 HP, 95%EffPercial-Electric_AuxiliaryNND","IESO - Measure","Non-Residential","High Performance New Construction","Electric Auxiliary","OPEN DRIP-PROOF (ODP) MOTORS","ODP 3600 RPM, 200 HP, 95.7%Eff","ODP 3600 RPM, 200 HP, 95%Eff",4942,117.78947368421052,582115.57894736843,116.92789968652038,577857.68025078368,0.86157399769014376,4257.8986965847434,0.51749845696953034,15,"PSP-Business-Commercial-Electric_Auxiliary",5715,0.54,0.54,0,0,"No",null,null,null,null,null,null,null,"No","Dx",false,0]
["INon-ResidentialHigh PerfonstructionTOTALLY ENCLOSED FANCOOLED (TEFC) MOTORSTEFC 1200 RPM, 1 HP, 84%EffTEFC 1200 RPM, 1 HP,RPM, 1 HP, 82.5%EffPercial-Electric_AuxiliaryNND","IESO - Measure","Non-Residential","High Performance New Construction","Electric Auxiliary","TOTALLY ENCLOSED FAN-COOLED (TEFC) MOTORS","TEFC 1200 RPM, 1 HP, 84%Eff","TEFC 1200 RPM, 1 HP, 82.5%Eff",4942,0.67818181818181822,3351.5745454545458,0.66607142857142865,3291.7250000000004,1.2110389610389571E-2,59.849545454545478,7.2740216783216804E-3,15,"PSP-Business-Commercial-Electric_Auxiliary",192,0.54,0.54,0,0,"No",null,null,null,null,null,null,null,"No","Dx",false,0]
["INon-ResidentialHigh PerfonstructionTOTALLY ENCLOSED FANCOOLED (TEFC) MOTORSTEFC 1200 RPM, 3 HP, 90.2%EffTEFC 1200 RPM, 3 HP,RPM, 3 HP, 89.5%EffPercial-Electric_AuxiliaryNND","IESO - Measure","Non-Residential","High Performance New Construction","Electric Auxiliary","TOTALLY ENCLOSED FAN-COOLED (TEFC) MOTORS","TEFC 1200 RPM, 3 HP, 90.2%Eff","TEFC 1200 RPM, 3 HP, 89.5%Eff",4942,1.8754189944134079,9268.3206703910619,1.8608647450110865,9196.3935698447895,1.4554249402321418E-2,71.927100546272413,8.7419091433161844E-3,15,"PSP-Business-Commercial-Electric_Auxiliary",149,0.54,0.54,0,0,"No",null,null,null,null,null,null,null,"No","Dx",false,0]
["INon-ResidentialHigh PerfonstructionTOTALLY ENCLOSED FANCOOLED (TEFC) MOTORSTEFC 1200 RPM, 5 HP, 90.3%EffTEFC 1200 RPM, 5 HP,RPM, 5 HP, 89.5%EffPercial-Electric_AuxiliaryNND","IESO - Measure","Non-Residential","High Performance New Construction","Electric Auxiliary","TOTALLY ENCLOSED FAN-COOLED (TEFC) MOTORS","TEFC 1200 RPM, 5 HP, 90.3%Eff","TEFC 1200 RPM, 5 HP, 89.5%Eff",4942,3.1256983240223462,15447.201117318435,3.0980066445182723,15310.348837209302,2.7691679504073807E-2,136.85228010913306,1.6632815582494631E-2,15,"PSP-Business-Commercial-Electric_Auxiliary",221,0.54,0.54,0,0,"No",null,null,null,null,null,null,null,"No","Dx",false,0]
["INon-ResidentialHigh PerfonstructionTOTALLY ENCLOSED FANCOOLED (TEFC) MOTORSTEFC 1200 RPM, 7.5 HP, 91.9%EffTEFC 1200 RPM, 7.5 HRPM, 7.5 HP, 91%EffPercial-Electric_AuxiliaryNND","IESO - Measure","Non-Residential","High Performance New Construction","Electric Auxiliary","TOTALLY ENCLOSED FAN-COOLED (TEFC) MOTORS","TEFC 1200 RPM, 7.5 HP, 91.9%Eff","TEFC 1200 RPM, 7.5 HP, 91%Eff",4942,4.6112637362637363,22788.865384615387,4.5661044613710553,22565.688248095754,4.5159274892681012E-2,223.17713651963277,2.7124605823155366E-2,15,"PSP-Business-Commercial-Electric_Auxiliary",449,0.54,0.54,0,0,"No",null,null,null,null,null,null,null,"No","Dx",false,0]
["INon-ResidentialHigh PerfonstructionTOTALLY ENCLOSED FANCOOLED (TEFC) MOTORSTEFC 1200 RPM, 10 HP, 92.2%EffTEFC 1200 RPM, 10 HP0 RPM, 10 HP, 91%EffPercial-Electric_AuxiliaryNND","IESO - Measure","Non-Residential","High Performance New Construction","Electric Auxiliary","TOTALLY ENCLOSED FAN-COOLED (TEFC) MOTORS","TEFC 1200 RPM, 10 HP, 92.2%Eff","TEFC 1200 RPM, 10 HP, 91%Eff",4942,6.1483516483516478,30385.153846153844,6.0683297180043381,29989.685466377439,8.0021930347309755E-2,395.46837977640462,4.8064618465132249E-2,15,"PSP-Business-Commercial-Electric_Auxiliary",522,0.54,0.54,0,0,"No",null,null,null,null,null,null,null,"No","Dx",false,0]
["INon-ResidentialHigh PerfonstructionTOTALLY ENCLOSED FANCOOLED (TEFC) MOTORSTEFC 1200 RPM, 15 HP, 93.2%EffTEFC 1200 RPM, 15 HPRPM, 15 HP, 91.7%EffPercial-Electric_AuxiliaryNND","IESO - Measure","Non-Residential","High Performance New Construction","Electric Auxiliary","TOTALLY ENCLOSED FAN-COOLED (TEFC) MOTORS","TEFC 1200 RPM, 15 HP, 93.2%Eff","TEFC 1200 RPM, 15 HP, 91.7%Eff",4942,9.1521264994547433,45229.80916030534,9.0048283261802577,44501.861587982836,0.14729817327448558,727.94757232250413,8.8473628020735107E-2,15,"PSP-Business-Commercial-Electric_Auxiliary",1044,0.54,0.54,0,0,"No",null,null,null,null,null,null,null,"No","Dx",false,0]
["INon-ResidentialHigh PerfonstructionTOTALLY ENCLOSED FANCOOLED (TEFC) MOTORSTEFC 1200 RPM, 20 HP, 92.5%EffTEFC 1200 RPM, 20 HPRPM, 20 HP, 91.7%EffPercial-Electric_AuxiliaryNND","IESO - Measure","Non-Residential","High Performance New Construction","Electric Auxiliary","TOTALLY ENCLOSED FAN-COOLED (TEFC) MOTORS","TEFC 1200 RPM, 20 HP, 92.5%Eff","TEFC 1200 RPM, 20 HP, 91.7%Eff",4942,12.202835332606323,60306.412213740448,12.097297297297295,59784.843243243231,0.10553803530902783,521.56897049721738,6.3390690260431037E-2,15,"PSP-Business-Commercial-Electric_Auxiliary",1211,0.54,0.54,0,0,"No",null,null,null,null,null,null,null,"No","Dx",false,0]
["INon-ResidentialHigh PerfonstructionTOTALLY ENCLOSED FANCOOLED (TEFC) MOTORSTEFC 1200 RPM, 30 HP, 93.6%EffTEFC 1200 RPM, 30 HP0 RPM, 30 HP, 93%EffPercial-Electric_AuxiliaryNND","IESO - Measure","Non-Residential","High Performance New Construction","Electric Auxiliary","TOTALLY ENCLOSED FAN-COOLED (TEFC) MOTORS","TEFC 1200 RPM, 30 HP, 93.6%Eff","TEFC 1200 RPM, 30 HP, 93%Eff",4942,18.048387096774192,89195.129032258061,17.932692307692307,88623.365384615376,0.11569478908188557,571.7636476426851,6.9491274098110956E-2,15,"PSP-Business-Commercial-Electric_Auxiliary",1567,0.54,0.54,0,0,"No",null,null,null,null,null,null,null,"No","Dx",false,0]
["INon-ResidentialHigh PerfonstructionTOTALLY ENCLOSED FANCOOLED (TEFC) MOTORSTEFC 1200 RPM, 40 HP, 94.5%EffTEFC 1200 RPM, 40 HPRPM, 40 HP, 94.1%EffPercial-Electric_AuxiliaryNND","IESO - Measure","Non-Residential","High Performance New Construction","Electric Auxiliary","TOTALLY ENCLOSED FAN-COOLED (TEFC) MOTORS","TEFC 1200 RPM, 40 HP, 94.5%Eff","TEFC 1200 RPM, 40 HP, 94.1%Eff",4942,23.783209351753452,117536.62061636556,23.682539682539684,117039.11111111111,0.10066966921376874,497.50950525444932,6.0466539869386909E-2,15,"PSP-Business-Commercial-Electric_Auxiliary",1962,0.54,0.54,0,0,"No",null,null,null,null,null,null,null,"No","Dx",false,0]
[{"$f":"CONCATENATE(TRIM(LEFT(B796,1)),TRIM(LEFT(C796,20)),TRIM(LEFT(D796,10)),TRIM(RIGHT(D796,10)),TRIM(LEFT(F796,20)),TRIM(RIGHT(F796,20)),TRIM(LEFT(G796,105)),TRIM(LEFT(H796,20)),TRIM(RIGHT(H796,20)),TRIM(LEFT(R796,1)),TRIM(RIGHT(R796,25)),TRIM(LEFT(X796,1)),TRIM(LEFT(AF796,1)),TRIM(LEFT(AG796,1)))","v":"INon-ResidentialHigh PerfonstructionTOTALLY ENCLOSED FANCOOLED (TEFC) MOTORSTEFC 1200 RPM, 50 HP, 94.5%EffTEFC 1200 RPM, 50 HPRPM, 50 HP, 94.1%EffPercial-Electric_AuxiliaryNND"},"IESO - Measure","Non-Residential","High Performance New Construction","Electric Auxiliary","TOTALLY ENCLOSED FAN-COOLED (TEFC) MOTORS","TEFC 1200 RPM, 50 HP, 94.5%Eff","TEFC 1200 RPM, 50 HP, 94.1%Eff",4942,29.729011689691816,146920.77577045697,29.603174603174601,146298.88888888888,0.12583708651721537,621.88688156809076,7.5583174836737183E-2,15,"PSP-Business-Commercial-Electric_Auxiliary",1365,0.54,0.54,0,0,"No",null,null,null,null,null,null,null,"No","Dx",false,0]
["INon-ResidentialHigh PerfonstructionTOTALLY ENCLOSED FANCOOLED (TEFC) MOTORSTEFC 1200 RPM, 60 HP, 95%EffTEFC 1200 RPM, 60 HPRPM, 60 HP, 94.5%EffPercial-Electric_AuxiliaryNND","IESO - Measure","Non-Residential","High Performance New Construction","Electric Auxiliary","TOTALLY ENCLOSED FAN-COOLED (TEFC) MOTORS","TEFC 1200 RPM, 60 HP, 95%Eff","TEFC 1200 RPM, 60 HP, 94.5%Eff",4942,35.523809523809526,175558.66666666669,35.336842105263159,174634.67368421055,0.18696741854636656,923.99298245614045,0.11230068556005399,15,"PSP-Business-Commercial-Electric_Auxiliary",2514,0.54,0.54,0,0,"No",null,null,null,null,null,null,null,"No","Dx",false,0]
["INon-ResidentialHigh PerfonstructionTOTALLY ENCLOSED FANCOOLED (TEFC) MOTORSTEFC 1200 RPM, 75 HP, 95%EffTEFC 1200 RPM, 75 HPRPM, 75 HP, 94.5%EffPercial-Electric_AuxiliaryNND","IESO - Measure","Non-Residential","High Performance New Construction","Electric Auxiliary","TOTALLY ENCLOSED FAN-COOLED (TEFC) MOTORS","TEFC 1200 RPM, 75 HP, 95%Eff","TEFC 1200 RPM, 75 HP, 94.5%Eff",4942,44.404761904761912,219448.33333333337,44.171052631578952,218293.34210526317,0.23370927318295998,1154.9912280701974,0.14037585695007013,15,"PSP-Business-Commercial-Electric_Auxiliary",3133,0.54,0.54,0,0,"No",null,null,null,null,null,null,null,"No","Dx",false,0]
["INon-ResidentialHigh PerfonstructionTOTALLY ENCLOSED FANCOOLED (TEFC) MOTORSTEFC 1200 RPM, 100 HP, 95.4%EffTEFC 1200 RPM, 100 HRPM, 100 HP, 95%EffPercial-Electric_AuxiliaryNND","IESO - Measure","Non-Residential","High Performance New Construction","Electric Auxiliary","TOTALLY ENCLOSED FAN-COOLED (TEFC) MOTORS","TEFC 1200 RPM, 100 HP, 95.4%Eff","TEFC 1200 RPM, 100 HP, 95%Eff",4942,58.89473684210526,291057.78947368421,58.647798742138363,289837.42138364777,0.24693809996689708,1220.3680900364416,0.1483216601736598,15,"PSP-Business-Commercial-Electric_Auxiliary",3296,0.54,0.54,0,0,"No",null,null,null,null,null,null,null,"No","Dx",false,0]
["INon-ResidentialHigh PerfonstructionTOTALLY ENCLOSED FANCOOLED (TEFC) MOTORSTEFC 1200 RPM, 125 HP, 95.5%EffTEFC 1200 RPM, 125 HRPM, 125 HP, 95%EffPercial-Electric_AuxiliaryNND","IESO - Measure","Non-Residential","High Performance New Construction","Electric Auxiliary","TOTALLY ENCLOSED FAN-COOLED (TEFC) MOTORS","TEFC 1200 RPM, 125 HP, 95.5%Eff","TEFC 1200 RPM, 125 HP, 95%Eff",4942,73.618421052631589,363822.23684210534,73.232984293193724,361917.4083769634,0.38543675943786582,1904.8284651419381,0.23150992114802016,15,"PSP-Business-Commercial-Electric_Auxiliary",3741,0.54,0.54,0,0,"No",null,null,null,null,null,null,null,"No","Dx",false,0]
["INon-ResidentialHigh PerfonstructionTOTALLY ENCLOSED FANCOOLED (TEFC) MOTORSTEFC 1200 RPM, 150 HP, 96.2%EffTEFC 1200 RPM, 150 HPM, 150 HP, 95.8%EffPercial-Electric_AuxiliaryNND","IESO - Measure","Non-Residential","High Performance New Construction","Electric Auxiliary","TOTALLY ENCLOSED FAN-COOLED (TEFC) MOTORS","TEFC 1200 RPM, 150 HP, 96.2%Eff","TEFC 1200 RPM, 150 HP, 95.8%Eff",4942,87.604384133611703,432940.86638830905,87.240124740124756,431140.69646569656,0.36425939348694669,1800.1699226124911,0.21878988290213353,15,"PSP-Business-Commercial-Electric_Auxiliary",2607,0.54,0.54,0,0,"No",null,null,null,null,null,null,null,"No","Dx",false,0]
["INon-ResidentialHigh PerfonstructionTOTALLY ENCLOSED FANCOOLED (TEFC) MOTORSTEFC 1800 RPM, 1 HP, 86.5%EffTEFC 1800 RPM, 1 HP,RPM, 1 HP, 85.5%EffPercial-Electric_AuxiliaryNND","IESO - Measure","Non-Residential","High Performance New Construction","Electric Auxiliary","TOTALLY ENCLOSED FAN-COOLED (TEFC) MOTORS","TEFC 1800 RPM, 1 HP, 86.5%Eff","TEFC 1800 RPM, 1 HP, 85.5%Eff",4942,0.65438596491228074,3233.9754385964916,0.6468208092485549,3196.5884393063584,7.5651556637258421E-3,37.38699929013319,4.5439583752623419E-3,15,"PSP-Business-Commercial-Electric_Auxiliary",165,0.54,0.54,0,0,"No",null,null,null,null,null,null,null,"No","Dx",false,0]
["INon-ResidentialHigh PerfonstructionTOTALLY ENCLOSED FANCOOLED (TEFC) MOTORSTEFC 1800 RPM, 1.5 HP, 87.8%EffTEFC 1800 RPM, 1.5 HPM, 1.5 HP, 86.5%EffPercial-Electric_AuxiliaryNND","IESO - Measure","Non-Residential","High Performance New Construction","Electric Auxiliary","TOTALLY ENCLOSED FAN-COOLED (TEFC) MOTORS","TEFC 1800 RPM, 1.5 HP, 87.8%Eff","TEFC 1800 RPM, 1.5 HP, 86.5%Eff",4942,0.9702312138728324,4794.8826589595374,0.95586560364464701,4723.8878132118452,1.4365610228185388E-2,70.994845747692125,8.628604329334889E-3,15,"PSP-Business-Commercial-Electric_Auxiliary",179,0.54,0.54,0,0,"No",null,null,null,null,null,null,null,"No","Dx",false,0]
["INon-ResidentialHigh PerfonstructionTOTALLY ENCLOSED FANCOOLED (TEFC) MOTORSTEFC 1800 RPM, 2 HP, 87.5%EffTEFC 1800 RPM, 2 HP,RPM, 2 HP, 86.5%EffPercial-Electric_AuxiliaryNND","IESO - Measure","Non-Residential","High Performance New Construction","Electric Auxiliary","TOTALLY ENCLOSED FAN-COOLED (TEFC) MOTORS","TEFC 1800 RPM, 2 HP, 87.5%Eff","TEFC 1800 RPM, 2 HP, 86.5%Eff",4942,1.2936416184971098,6393.1768786127168,1.2788571428571429,6320.1120000000001,1.4784475639966876E-2,73.064878612716711,8.8801929390840296E-3,15,"PSP-Business-Commercial-Electric_Auxiliary",183,0.54,0.54,0,0,"No",null,null,null,null,null,null,null,"No","Dx",false,0]
["INon-ResidentialHigh PerfonstructionTOTALLY ENCLOSED FANCOOLED (TEFC) MOTORSTEFC 1800 RPM, 3 HP, 90.2%EffTEFC 1800 RPM, 3 HP,RPM, 3 HP, 89.5%EffPercial-Electric_AuxiliaryNND","IESO - Measure","Non-Residential","High Performance New Construction","Electric Auxiliary","TOTALLY ENCLOSED FAN-COOLED (TEFC) MOTORS","TEFC 1800 RPM, 3 HP, 90.2%Eff","TEFC 1800 RPM, 3 HP, 89.5%Eff",4942,1.8754189944134079,9268.3206703910619,1.8608647450110865,9196.3935698447895,1.4554249402321418E-2,71.927100546272413,8.7419091433161844E-3,15,"PSP-Business-Commercial-Electric_Auxiliary",200,0.54,0.54,0,0,"No",null,null,null,null,null,null,null,"No","Dx",false,0]
["INon-ResidentialHigh PerfonstructionTOTALLY ENCLOSED FANCOOLED (TEFC) MOTORSTEFC 1800 RPM, 5 HP, 90.2%EffTEFC 1800 RPM, 5 HP,RPM, 5 HP, 89.5%EffPercial-Electric_AuxiliaryNND","IESO - Measure","Non-Residential","High Performance New Construction","Electric Auxiliary","TOTALLY ENCLOSED FAN-COOLED (TEFC) MOTORS","TEFC 1800 RPM, 5 HP, 90.2%Eff","TEFC 1800 RPM, 5 HP, 89.5%Eff",4942,3.1256983240223462,15447.201117318435,3.1014412416851438,15327.322616407981,2.4257082337202363E-2,119.87850091045402,1.4569848572193641E-2,15,"PSP-Business-Commercial-Electric_Auxiliary",221,0.54,0.54,0,0,"No",null,null,null,null,null,null,null,"No","Dx",false,0]
["INon-ResidentialHigh PerfonstructionTOTALLY ENCLOSED FANCOOLED (TEFC) MOTORSTEFC 1800 RPM, 7.5 HP, 92.4%EffTEFC 1800 RPM, 7.5 HPM, 7.5 HP, 91.7%EffPercial-Electric_AuxiliaryNND","IESO - Measure","Non-Residential","High Performance New Construction","Electric Auxiliary","TOTALLY ENCLOSED FAN-COOLED (TEFC) MOTORS","TEFC 1800 RPM, 7.5 HP, 92.4%Eff","TEFC 1800 RPM, 7.5 HP, 91.7%Eff",4942,4.5760632497273717,22614.90458015267,4.5413961038961039,22443.579545454544,3.4667145831267732E-2,171.32503469812582,2.0822581140233751E-2,15,"PSP-Business-Commercial-Electric_Auxiliary",325,0.54,0.54,0,0,"No",null,null,null,null,null,null,null,"No","Dx",false,0]
["INon-ResidentialHigh PerfonstructionTOTALLY ENCLOSED FANCOOLED (TEFC) MOTORSTEFC 1800 RPM, 10 HP, 92.4%EffTEFC 1800 RPM, 10 HPRPM, 10 HP, 91.7%EffPercial-Electric_AuxiliaryNND","IESO - Measure","Non-Residential","High Performance New Construction","Electric Auxiliary","TOTALLY ENCLOSED FAN-COOLED (TEFC) MOTORS","TEFC 1800 RPM, 10 HP, 92.4%Eff","TEFC 1800 RPM, 10 HP, 91.7%Eff",4942,6.1014176663031616,30153.206106870224,6.0551948051948044,29924.772727272724,4.6222861108357272E-2,228.43337959749988,2.7763441520311523E-2,15,"PSP-Business-Commercial-Electric_Auxiliary",352,0.54,0.54,0,0,"No",null,null,null,null,null,null,null,"No","Dx",false,0]
["INon-ResidentialHigh PerfonstructionTOTALLY ENCLOSED FANCOOLED (TEFC) MOTORSTEFC 1800 RPM, 15 HP, 93%EffTEFC 1800 RPM, 15 HPRPM, 15 HP, 92.4%EffPercial-Electric_AuxiliaryNND","IESO - Measure","Non-Residential","High Performance New Construction","Electric Auxiliary","TOTALLY ENCLOSED FAN-COOLED (TEFC) MOTORS","TEFC 1800 RPM, 15 HP, 93%Eff","TEFC 1800 RPM, 15 HP, 92.4%Eff",4942,9.0827922077922079,44887.159090909088,9.0241935483870961,44597.56451612903,5.8598659405111775E-2,289.59457478005788,3.5196879088653189E-2,15,"PSP-Business-Commercial-Electric_Auxiliary",433,0.54,0.54,0,0,"No",null,null,null,null,null,null,null,"No","Dx",false,0]
["INon-ResidentialHigh PerfonstructionTOTALLY ENCLOSED FANCOOLED (TEFC) MOTORSTEFC 1800 RPM, 20 HP, 93.6%EffTEFC 1800 RPM, 20 HP0 RPM, 20 HP, 93%EffPercial-Electric_AuxiliaryNND","IESO - Measure","Non-Residential","High Performance New Construction","Electric Auxiliary","TOTALLY ENCLOSED FAN-COOLED (TEFC) MOTORS","TEFC 1800 RPM, 20 HP, 93.6%Eff","TEFC 1800 RPM, 20 HP, 93%Eff",4942,12.032258064516128,59463.419354838705,11.955128205128204,59082.243589743586,7.7129859387923716E-2,381.17576509511855,4.6327516065406714E-2,15,"PSP-Business-Commercial-Electric_Auxiliary",444,0.54,0.54,0,0,"No",null,null,null,null,null,null,null,"No","Dx",false,0]
["INon-ResidentialHigh PerfonstructionTOTALLY ENCLOSED FANCOOLED (TEFC) MOTORSTEFC 1800 RPM, 30 HP, 94.1%EffTEFC 1800 RPM, 30 HPRPM, 30 HP, 93.6%EffPercial-Electric_AuxiliaryNND","IESO - Measure","Non-Residential","High Performance New Construction","Electric Auxiliary","TOTALLY ENCLOSED FAN-COOLED (TEFC) MOTORS","TEFC 1800 RPM, 30 HP, 94.1%Eff","TEFC 1800 RPM, 30 HP, 93.6%Eff",4942,17.932692307692307,88623.365384615376,17.837407013815092,88152.46546227418,9.5285293877214627E-2,470.89992234119563,5.7232452099929935E-2,15,"PSP-Business-Commercial-Electric_Auxiliary",976,0.54,0.54,0,0,"No",null,null,null,null,null,null,null,"No","Dx",false,0]
["INon-ResidentialHigh PerfonstructionTOTALLY ENCLOSED FANCOOLED (TEFC) MOTORSTEFC 1800 RPM, 40 HP, 94.6%EffTEFC 1800 RPM, 40 HPRPM, 40 HP, 94.1%EffPercial-Electric_AuxiliaryNND","IESO - Measure","Non-Residential","High Performance New Construction","Electric Auxiliary","TOTALLY ENCLOSED FAN-COOLED (TEFC) MOTORS","TEFC 1800 RPM, 40 HP, 94.6%Eff","TEFC 1800 RPM, 40 HP, 94.1%Eff",4942,23.783209351753452,117536.62061636556,23.657505285412263,116915.39112050741,0.12570406634118925,621.22949585814786,7.5503277188913351E-2,15,"PSP-Business-Commercial-Electric_Auxiliary",1267,0.54,0.54,0,0,"No",null,null,null,null,null,null,null,"No","Dx",false,0]
["INon-ResidentialHigh PerfonstructionTOTALLY ENCLOSED FANCOOLED (TEFC) MOTORSTEFC 1800 RPM, 50 HP, 95%EffTEFC 1800 RPM, 50 HPRPM, 50 HP, 94.5%EffPercial-Electric_AuxiliaryNND","IESO - Measure","Non-Residential","High Performance New Construction","Electric Auxiliary","TOTALLY ENCLOSED FAN-COOLED (TEFC) MOTORS","TEFC 1800 RPM, 50 HP, 95%Eff","TEFC 1800 RPM, 50 HP, 94.5%Eff",4942,29.603174603174601,146298.88888888888,29.44736842105263,145528.89473684211,0.15580618212197095,769.99415204676916,9.3583904633376555E-2,15,"PSP-Business-Commercial-Electric_Auxiliary",1918,0.54,0.54,0,0,"No",null,null,null,null,null,null,null,"No","Dx",false,0]
["INon-ResidentialHigh PerfonstructionTOTALLY ENCLOSED FANCOOLED (TEFC) MOTORSTEFC 1800 RPM, 100 HP, 95.8%EffTEFC 1800 RPM, 100 HPM, 100 HP, 95.4%EffPercial-Electric_AuxiliaryNND","IESO - Measure","Non-Residential","High Performance New Construction","Electric Auxiliary","TOTALLY ENCLOSED FAN-COOLED (TEFC) MOTORS","TEFC 1800 RPM, 100 HP, 95.8%Eff","TEFC 1800 RPM, 100 HP, 95.4%Eff",4942,58.647798742138363,289837.42138364777,58.402922755741116,288627.24425887258,0.24487598639724695,1210.1771247751894,0.14708306593421533,15,"PSP-Business-Commercial-Electric_Auxiliary",2862,0.54,0.54,0,0,"No",null,null,null,null,null,null,null,"No","Dx",false,0]
["INon-ResidentialHigh PerfonstructionTOTALLY ENCLOSED FANCOOLED (TEFC) MOTORSTEFC 1800 RPM, 125 HP, 95.8%EffTEFC 1800 RPM, 125 HPM, 125 HP, 95.4%EffPercial-Electric_AuxiliaryNND","IESO - Measure","Non-Residential","High Performance New Construction","Electric Auxiliary","TOTALLY ENCLOSED FAN-COOLED (TEFC) MOTORS","TEFC 1800 RPM, 125 HP, 95.8%Eff","TEFC 1800 RPM, 125 HP, 95.4%Eff",4942,73.309748427672957,362296.77672955976,73.003653444676402,360784.05532359076,0.30609498299655513,1512.7214059690014,0.18385383241777092,15,"PSP-Business-Commercial-Electric_Auxiliary",3089,0.54,0.54,0,0,"No",null,null,null,null,null,null,null,"No","Dx",false,0]
["INon-ResidentialHigh PerfonstructionTOTALLY ENCLOSED FANCOOLED (TEFC) MOTORSTEFC 1800 RPM, 150 HP, 96.2%EffTEFC 1800 RPM, 150 HPM, 150 HP, 95.8%EffPercial-Electric_AuxiliaryNND","IESO - Measure","Non-Residential","High Performance New Construction","Electric Auxiliary","TOTALLY ENCLOSED FAN-COOLED (TEFC) MOTORS","TEFC 1800 RPM, 150 HP, 96.2%Eff","TEFC 1800 RPM, 150 HP, 95.8%Eff",4942,87.604384133611703,432940.86638830905,87.240124740124756,431140.69646569656,0.36425939348694669,1800.1699226124911,0.21878988290213353,15,"PSP-Business-Commercial-Electric_Auxiliary",4321,0.54,0.54,0,0,"No",null,null,null,null,null,null,null,"No","Dx",false,0]
["INon-ResidentialHigh PerfonstructionTOTALLY ENCLOSED FANCOOLED (TEFC) MOTORSTEFC 1800 RPM, 200 HP, 96.5%EffTEFC 1800 RPM, 200 HPM, 200 HP, 96.2%EffPercial-Electric_AuxiliaryNND","IESO - Measure","Non-Residential","High Performance New Construction","Electric Auxiliary","TOTALLY ENCLOSED FAN-COOLED (TEFC) MOTORS","TEFC 1800 RPM, 200 HP, 96.5%Eff","TEFC 1800 RPM, 200 HP, 96.2%Eff",4942,116.32016632016632,574854.26195426192,115.95854922279791,573067.1502590673,0.36161709736840919,1787.1116951946169,0.21720280603134573,15,"PSP-Business-Commercial-Electric_Auxiliary",3118,0.54,0.54,0,0,"No",null,null,null,null,null,null,null,"No","Dx",false,0]
["INon-ResidentialHigh PerfonstructionTOTALLY ENCLOSED FANCOOLED (TEFC) MOTORSTEFC 3600 RPM, 1 HP, 86.3%EffTEFC 3600 RPM, 1 HP,00 RPM, 1 HP, 77%EffPercial-Electric_AuxiliaryNND","IESO - Measure","Non-Residential","High Performance New Construction","Electric Auxiliary","TOTALLY ENCLOSED FAN-COOLED (TEFC) MOTORS","TEFC 3600 RPM, 1 HP, 86.3%Eff","TEFC 3600 RPM, 1 HP, 77%Eff",4942,0.72662337662337662,3590.9727272727273,0.6483198146002318,3203.9965237543456,7.8303562023144813E-2,386.97620351838168,4.7032492427618693E-2,15,"PSP-Business-Commercial-Electric_Auxiliary",11,0.54,0.54,0,0,"No",null,null,null,null,null,null,null,"No","Dx",false,0]
["INon-ResidentialHigh PerfonstructionTOTALLY ENCLOSED FANCOOLED (TEFC) MOTORSTEFC 3600 RPM, 1.5 HP, 86.6%EffTEFC 3600 RPM, 1.5 HRPM, 1.5 HP, 84%EffPercial-Electric_AuxiliaryNND","IESO - Measure","Non-Residential","High Performance New Construction","Electric Auxiliary","TOTALLY ENCLOSED FAN-COOLED (TEFC) MOTORS","TEFC 3600 RPM, 1.5 HP, 86.6%Eff","TEFC 3600 RPM, 1.5 HP, 84%Eff",4942,0.99910714285714297,4937.5875000000005,0.96911085450346424,4789.3458429561206,2.9996288353678735E-2,148.24165704387997,1.8017062933025411E-2,15,"PSP-Business-Commercial-Electric_Auxiliary",123,0.54,0.54,0,0,"No",null,null,null,null,null,null,null,"No","Dx",false,0]
["INon-ResidentialHigh PerfonstructionTOTALLY ENCLOSED FANCOOLED (TEFC) MOTORSTEFC 3600 RPM, 2 HP, 86.9%EffTEFC 3600 RPM, 2 HP,RPM, 2 HP, 85.5%EffPercial-Electric_AuxiliaryNND","IESO - Measure","Non-Residential","High Performance New Construction","Electric Auxiliary","TOTALLY ENCLOSED FAN-COOLED (TEFC) MOTORS","TEFC 3600 RPM, 2 HP, 86.9%Eff","TEFC 3600 RPM, 2 HP, 85.5%Eff",4942,1.3087719298245615,6467.9508771929832,1.287686996547756,6363.74913693901,2.1084933276805495E-2,104.20174025397318,1.2664519200098277E-2,15,"PSP-Business-Commercial-Electric_Auxiliary",143,0.54,0.54,0,0,"No",null,null,null,null,null,null,null,"No","Dx",false,0]
["INon-ResidentialHigh PerfonstructionTOTALLY ENCLOSED FANCOOLED (TEFC) MOTORSTEFC 3600 RPM, 3 HP, 88.9%EffTEFC 3600 RPM, 3 HP,RPM, 3 HP, 86.5%EffPercial-Electric_AuxiliaryNND","IESO - Measure","Non-Residential","High Performance New Construction","Electric Auxiliary","TOTALLY ENCLOSED FAN-COOLED (TEFC) MOTORS","TEFC 3600 RPM, 3 HP, 88.9%Eff","TEFC 3600 RPM, 3 HP, 86.5%Eff",4942,1.9404624277456648,9589.7653179190747,1.8880764904386953,9330.8740157480315,5.2385937306969499E-2,258.89130217104321,3.1465250571557558E-2,15,"PSP-Business-Commercial-Electric_Auxiliary",64,0.54,0.54,0,0,"No",null,null,null,null,null,null,null,"No","Dx",false,0]
["INon-ResidentialHigh PerfonstructionTOTALLY ENCLOSED FANCOOLED (TEFC) MOTORSTEFC 3600 RPM, 5 HP, 90%EffTEFC 3600 RPM, 5 HP,RPM, 5 HP, 88.5%EffPercial-Electric_AuxiliaryNND","IESO - Measure","Non-Residential","High Performance New Construction","Electric Auxiliary","TOTALLY ENCLOSED FAN-COOLED (TEFC) MOTORS","TEFC 3600 RPM, 5 HP, 90%Eff","TEFC 3600 RPM, 5 HP, 88.5%Eff",4942,3.1610169491525424,15621.745762711864,3.1083333333333329,15361.383333333331,5.2683615819209439E-2,260.3624293785324,3.1644049109083167E-2,15,"PSP-Business-Commercial-Electric_Auxiliary",130,0.54,0.54,0,0,"No",null,null,null,null,null,null,null,"No","Dx",false,0]
["INon-ResidentialHigh PerfonstructionTOTALLY ENCLOSED FANCOOLED (TEFC) MOTORSTEFC 3600 RPM, 7.5 HP, 91.1%EffTEFC 3600 RPM, 7.5 HPM, 7.5 HP, 89.5%EffPercial-Electric_AuxiliaryNND","IESO - Measure","Non-Residential","High Performance New Construction","Electric Auxiliary","TOTALLY ENCLOSED FAN-COOLED (TEFC) MOTORS","TEFC 3600 RPM, 7.5 HP, 91.1%Eff","TEFC 3600 RPM, 7.5 HP, 89.5%Eff",4942,4.6885474860335199,23170.801675977655,4.6062019758507136,22763.850164654228,8.2345510182806336E-2,406.95151132342653,4.9460260607001073E-2,15,"PSP-Business-Commercial-Electric_Auxiliary",48,0.54,0.54,0,0,"No",null,null,null,null,null,null,null,"No","Dx",false,0]
["INon-ResidentialHigh PerfonstructionTOTALLY ENCLOSED FANCOOLED (TEFC) MOTORSTEFC 3600 RPM, 10 HP, 91.4%EffTEFC 3600 RPM, 10 HPRPM, 10 HP, 90.2%EffPercial-Electric_AuxiliaryNND","IESO - Measure","Non-Residential","High Performance New Construction","Electric Auxiliary","TOTALLY ENCLOSED FAN-COOLED (TEFC) MOTORS","TEFC 3600 RPM, 10 HP, 91.4%Eff","TEFC 3600 RPM, 10 HP, 90.2%Eff",4942,6.2028824833702876,30654.645232815961,6.1214442013129098,30252.1772428884,8.1438282057377798E-2,402.46798992756158,4.8915340314272866E-2,15,"PSP-Business-Commercial-Electric_Auxiliary",145,0.54,0.54,0,0,"No",null,null,null,null,null,null,null,"No","Dx",false,0]
["INon-ResidentialHigh PerfonstructionTOTALLY ENCLOSED FANCOOLED (TEFC) MOTORSTEFC 3600 RPM, 15 HP, 92%EffTEFC 3600 RPM, 15 HP0 RPM, 15 HP, 91%EffPercial-Electric_AuxiliaryNND","IESO - Measure","Non-Residential","High Performance New Construction","Electric Auxiliary","TOTALLY ENCLOSED FAN-COOLED (TEFC) MOTORS","TEFC 3600 RPM, 15 HP, 92%Eff","TEFC 3600 RPM, 15 HP, 91%Eff",4942,9.2225274725274726,45577.730769230773,9.1222826086956523,45082.320652173912,0.1002448638318203,495.41011705686105,6.0211383457680026E-2,15,"PSP-Business-Commercial-Electric_Auxiliary",330,0.54,0.54,0,0,"No",null,null,null,null,null,null,null,"No","Dx",false,0]
["INon-ResidentialHigh PerfonstructionTOTALLY ENCLOSED FANCOOLED (TEFC) MOTORSTEFC 3600 RPM, 20 HP, 93.1%EffTEFC 3600 RPM, 20 HPRPM, 20 HP, 91.7%EffPercial-Electric_AuxiliaryNND","IESO - Measure","Non-Residential","High Performance New Construction","Electric Auxiliary","TOTALLY ENCLOSED FAN-COOLED (TEFC) MOTORS","TEFC 3600 RPM, 20 HP, 93.1%Eff","TEFC 3600 RPM, 20 HP, 91.7%Eff",4942,12.202835332606323,60306.412213740448,12.019334049409236,59399.548872180443,0.18350128319708681,906.86334156000521,0.1102187753588314,15,"PSP-Business-Commercial-Electric_Auxiliary",466,0.54,0.54,0,0,"No",null,null,null,null,null,null,null,"No","Dx",false,0]
["INon-ResidentialHigh PerfonstructionTOTALLY ENCLOSED FANCOOLED (TEFC) MOTORSTEFC 3600 RPM, 25 HP, 92.7%EffTEFC 3600 RPM, 25 HPRPM, 25 HP, 91.7%EffPercial-Electric_AuxiliaryNND","IESO - Measure","Non-Residential","High Performance New Construction","Electric Auxiliary","TOTALLY ENCLOSED FAN-COOLED (TEFC) MOTORS","TEFC 3600 RPM, 25 HP, 92.7%Eff","TEFC 3600 RPM, 25 HP, 91.7%Eff",4942,15.253544165757905,75383.015267175564,15.088996763754043,74569.822006472474,0.16454740200386198,813.19326070309035,9.8834257839298667E-2,15,"PSP-Business-Commercial-Electric_Auxiliary",767,0.54,0.54,0,0,"No",null,null,null,null,null,null,null,"No","Dx",false,0]
["INon-ResidentialHigh PerfonstructionTOTALLY ENCLOSED FANCOOLED (TEFC) MOTORSTEFC 3600 RPM, 30 HP, 92.8%EffTEFC 3600 RPM, 30 HPRPM, 30 HP, 91.7%EffPercial-Electric_AuxiliaryNND","IESO - Measure","Non-Residential","High Performance New Construction","Electric Auxiliary","TOTALLY ENCLOSED FAN-COOLED (TEFC) MOTORS","TEFC 3600 RPM, 30 HP, 92.8%Eff","TEFC 3600 RPM, 30 HP, 91.7%Eff",4942,18.304252998909487,90459.61832061068,18.087284482758619,89387.359913793101,0.21696851615086743,1072.2584068175784,0.13032063713629027,15,"PSP-Business-Commercial-Electric_Auxiliary",1126,0.54,0.54,0,0,"No",null,null,null,null,null,null,null,"No","Dx",false,0]
["INon-ResidentialHigh PerfonstructionTOTALLY ENCLOSED FANCOOLED (TEFC) MOTORSTEFC 3600 RPM, 40 HP, 93.7%EffTEFC 3600 RPM, 40 HPRPM, 40 HP, 92.4%EffPercial-Electric_AuxiliaryNND","IESO - Measure","Non-Residential","High Performance New Construction","Electric Auxiliary","TOTALLY ENCLOSED FAN-COOLED (TEFC) MOTORS","TEFC 3600 RPM, 40 HP, 93.7%Eff","TEFC 3600 RPM, 40 HP, 92.4%Eff",4942,24.220779220779217,119699.0909090909,23.884738527214513,118038.37780149412,0.3360406935647049,1660.7131075967773,0.20184051615406987,15,"PSP-Business-Commercial-Electric_Auxiliary",1580,0.54,0.54,0,0,"No",null,null,null,null,null,null,null,"No","Dx",false,0]
["INon-ResidentialHigh PerfonstructionTOTALLY ENCLOSED FANCOOLED (TEFC) MOTORSTEFC 3600 RPM, 50 HP, 94.2%EffTEFC 3600 RPM, 50 HP0 RPM, 50 HP, 93%EffPercial-Electric_AuxiliaryNND","IESO - Measure","Non-Residential","High Performance New Construction","Electric Auxiliary","TOTALLY ENCLOSED FAN-COOLED (TEFC) MOTORS","TEFC 3600 RPM, 50 HP, 94.2%Eff","TEFC 3600 RPM, 50 HP, 93%Eff",4942,30.08064516129032,148658.54838709676,29.697452229299358,146764.80891719743,0.38319293199096194,1893.7394698993303,0.23016218172622627,15,"PSP-Business-Commercial-Electric_Auxiliary",1913,0.54,0.54,0,0,"No",null,null,null,null,null,null,null,"No","Dx",false,0]
["INon-ResidentialHigh PerfonstructionTOTALLY ENCLOSED FANCOOLED (TEFC) MOTORSTEFC 3600 RPM, 60 HP, 94.5%EffTEFC 3600 RPM, 60 HPRPM, 60 HP, 93.6%EffPercial-Electric_AuxiliaryNND","IESO - Measure","Non-Residential","High Performance New Construction","Electric Auxiliary","TOTALLY ENCLOSED FAN-COOLED (TEFC) MOTORS","TEFC 3600 RPM, 60 HP, 94.5%Eff","TEFC 3600 RPM, 60 HP, 93.6%Eff",4942,35.865384615384613,177246.73076923075,35.523809523809526,175558.66666666669,0.3415750915750877,1688.0641025640653,0.20516471400394024,15,"PSP-Business-Commercial-Electric_Auxiliary",1755,0.54,0.54,0,0,"No",null,null,null,null,null,null,null,"No","Dx",false,0]
["INon-ResidentialHigh PerfonstructionTOTALLY ENCLOSED FANCOOLED (TEFC) MOTORSTEFC 3600 RPM, 75 HP, 95.1%EffTEFC 3600 RPM, 75 HPRPM, 75 HP, 93.6%EffPercial-Electric_AuxiliaryNND","IESO - Measure","Non-Residential","High Performance New Construction","Electric Auxiliary","TOTALLY ENCLOSED FAN-COOLED (TEFC) MOTORS","TEFC 3600 RPM, 75 HP, 95.1%Eff","TEFC 3600 RPM, 75 HP, 93.6%Eff",4942,44.831730769230774,221558.4134615385,44.124605678233443,218063.80126182968,0.70712509099733012,3494.6121997088194,0.42472979042614878,15,"PSP-Business-Commercial-Electric_Auxiliary",2498,0.54,0.54,0,0,"No",null,null,null,null,null,null,null,"No","Dx",false,0]
["INon-ResidentialHigh PerfonstructionTOTALLY ENCLOSED FANCOOLED (TEFC) MOTORSTEFC 3600 RPM, 100 HP, 95.2%EffTEFC 3600 RPM, 100 HPM, 100 HP, 94.1%EffPercial-Electric_AuxiliaryNND","IESO - Measure","Non-Residential","High Performance New Construction","Electric Auxiliary","TOTALLY ENCLOSED FAN-COOLED (TEFC) MOTORS","TEFC 3600 RPM, 100 HP, 95.2%Eff","TEFC 3600 RPM, 100 HP, 94.1%Eff",4942,59.458023379383633,293841.55154091393,58.771008403361343,290446.32352941175,0.68701497602229011,3395.2280115021858,0.41265078909026565,15,"PSP-Business-Commercial-Electric_Auxiliary",3878,0.54,0.54,0,0,"No",null,null,null,null,null,null,null,"No","Dx",false,0]
["INon-ResidentialHigh PerfonstructionTOTALLY ENCLOSED FANCOOLED (TEFC) MOTORSTEFC 3600 RPM, 125 HP, 95.4%EffTEFC 3600 RPM, 125 HRPM, 125 HP, 95%EffPercial-Electric_AuxiliaryNND","IESO - Measure","Non-Residential","High Performance New Construction","Electric Auxiliary","TOTALLY ENCLOSED FAN-COOLED (TEFC) MOTORS","TEFC 3600 RPM, 125 HP, 95.4%Eff","TEFC 3600 RPM, 125 HP, 95%Eff",4942,73.618421052631589,363822.23684210534,73.309748427672957,362296.77672955976,0.30867262495863201,1525.4601125455811,0.18540207521707833,15,"PSP-Business-Commercial-Electric_Auxiliary",4237,0.54,0.54,0,0,"No",null,null,null,null,null,null,null,"No","Dx",false,0]
["INon-ResidentialHigh PerfonstructionTOTALLY ENCLOSED FANCOOLED (TEFC) MOTORSTEFC 3600 RPM, 150 HP, 95.8%EffTEFC 3600 RPM, 150 HRPM, 150 HP, 95%EffPercial-Electric_AuxiliaryNND","IESO - Measure","Non-Residential","High Performance New Construction","Electric Auxiliary","TOTALLY ENCLOSED FAN-COOLED (TEFC) MOTORS","TEFC 3600 RPM, 150 HP, 95.8%Eff","TEFC 3600 RPM, 150 HP, 95%Eff",4942,88.342105263157904,436586.68421052635,87.604384133611703,432940.86638830905,0.73772112954620184,3645.817822217301,0.44310708916179503,15,"PSP-Business-Commercial-Electric_Auxiliary",5852,0.54,0.54,0,0,"No",null,null,null,null,null,null,null,"No","Dx",false,0]
["INon-ResidentialHigh PerfonstructionTOTALLY ENCLOSED FANCOOLED (TEFC) MOTORSTEFC 3600 RPM, 200 HP, 95.9%EffTEFC 3600 RPM, 200 HPM, 200 HP, 95.4%EffPercial-Electric_AuxiliaryNND","IESO - Measure","Non-Residential","High Performance New Construction","Electric Auxiliary","TOTALLY ENCLOSED FAN-COOLED (TEFC) MOTORS","TEFC 3600 RPM, 200 HP, 95.9%Eff","TEFC 3600 RPM, 200 HP, 95.4%Eff",4942,117.29559748427673,579674.84276729554,116.68404588112615,576652.55474452546,0.61155160315057344,3022.2880227700807,0.36732423661359437,15,"PSP-Business-Commercial-Electric_Auxiliary",5715,0.54,0.54,0,0,"No",null,null,null,null,null,null,null,"No","Dx",false,0]
["INon-ResidentialHigh PerfonstructionSYNCHRONOUS BELTSYNCHRONOUS BELTMotor Size: 1 HP, 73.5% Load FactorV-Belt with Motor SiHP, 75% Load FactorPercial-Electric_AuxiliaryNND","IESO - Measure","Non-Residential","High Performance New Construction","Electric Auxiliary","SYNCHRONOUS BELT","Motor Size: 1 HP, 73.5% Load Factor","V-Belt with Motor Size: 1 HP, 75% Load Factor",4000,0.5625,2250,0.55125000000000002,2205,1.1249999999999982E-2,45,5.4692307692307696E-3,6,"PSP-Business-Commercial-Electric_Auxiliary",120,0.54,0.54,0,0,"No",null,null,null,null,null,null,null,"No","Dx",false,0]
["INon-ResidentialHigh PerfonstructionSYNCHRONOUS BELTSYNCHRONOUS BELTMotor Size: 1.5 HP, 73.5% Load FactorV-Belt with Motor SiHP, 75% Load FactorPercial-Electric_AuxiliaryNND","IESO - Measure","Non-Residential","High Performance New Construction","Electric Auxiliary","SYNCHRONOUS BELT","Motor Size: 1.5 HP, 73.5% Load Factor","V-Belt with Motor Size: 1.5 HP, 75% Load Factor",4000,0.84000000000000008,3360.0000000000005,0.82320000000000004,3292.8,1.6800000000000037E-2,67.200000000000273,8.1673846153846492E-3,6,"PSP-Business-Commercial-Electric_Auxiliary",120,0.54,0.54,0,0,"No",null,null,null,null,null,null,null,"No","Dx",false,0]
["INon-ResidentialHigh PerfonstructionSYNCHRONOUS BELTSYNCHRONOUS BELTMotor Size: 2 HP, 73.5% Load FactorV-Belt with Motor SiHP, 75% Load FactorPercial-Electric_AuxiliaryNND","IESO - Measure","Non-Residential","High Performance New Construction","Electric Auxiliary","SYNCHRONOUS BELT","Motor Size: 2 HP, 73.5% Load Factor","V-Belt with Motor Size: 2 HP, 75% Load Factor",4000,1.1174999999999999,4470,1.0951500000000001,4380.6000000000004,2.234999999999987E-2,89.399999999999636,1.0865538461538416E-2,6,"PSP-Business-Commercial-Electric_Auxiliary",120,0.54,0.54,0,0,"No",null,null,null,null,null,null,null,"No","Dx",false,0]
["INon-ResidentialHigh PerfonstructionSYNCHRONOUS BELTSYNCHRONOUS BELTMotor Size: 3 HP, 73.5% Load FactorV-Belt with Motor SiHP, 75% Load FactorPercial-Electric_AuxiliaryNND","IESO - Measure","Non-Residential","High Performance New Construction","Electric Auxiliary","SYNCHRONOUS BELT","Motor Size: 3 HP, 73.5% Load Factor","V-Belt with Motor Size: 3 HP, 75% Load Factor",4000,1.6800000000000002,6720.0000000000009,1.6464000000000001,6585.6,3.3600000000000074E-2,134.40000000000055,1.6334769230769298E-2,6,"PSP-Business-Commercial-Electric_Auxiliary",126,0.54,0.54,0,0,"No",null,null,null,null,null,null,null,"No","Dx",false,0]
["INon-ResidentialHigh PerfonstructionSYNCHRONOUS BELTSYNCHRONOUS BELTMotor Size: 5 HP, 73.5% Load FactorV-Belt with Motor SiHP, 75% Load FactorPercial-Electric_AuxiliaryNND","IESO - Measure","Non-Residential","High Performance New Construction","Electric Auxiliary","SYNCHRONOUS BELT","Motor Size: 5 HP, 73.5% Load Factor","V-Belt with Motor Size: 5 HP, 75% Load Factor",4000,2.7974999999999999,11190,2.7415500000000002,10966.2,5.5949999999999722E-2,223.79999999999927,2.7200307692307604E-2,6,"PSP-Business-Commercial-Electric_Auxiliary",200,0.54,0.54,0,0,"No",null,null,null,null,null,null,null,"No","Dx",false,0]
["INon-ResidentialHigh PerfonstructionSYNCHRONOUS BELTSYNCHRONOUS BELTMotor Size: 7.5 HP, 73.5% Load FactorV-Belt with Motor SiHP, 75% Load FactorPercial-Electric_AuxiliaryNND","IESO - Measure","Non-Residential","High Performance New Construction","Electric Auxiliary","SYNCHRONOUS BELT","Motor Size: 7.5 HP, 73.5% Load Factor","V-Belt with Motor Size: 7.5 HP, 75% Load Factor",4000,4.1999999999999993,16799.999999999996,4.1159999999999997,16464,8.3999999999999631E-2,335.99999999999636,4.0836923076922632E-2,6,"PSP-Business-Commercial-Electric_Auxiliary",210,0.54,0.54,0,0,"No",null,null,null,null,null,null,null,"No","Dx",false,0]
["INon-ResidentialHigh PerfonstructionSYNCHRONOUS BELTSYNCHRONOUS BELTMotor Size: 10 HP, 73.5% Load FactorV-Belt with Motor SiHP, 75% Load FactorPercial-Electric_AuxiliaryNND","IESO - Measure","Non-Residential","High Performance New Construction","Electric Auxiliary","SYNCHRONOUS BELT","Motor Size: 10 HP, 73.5% Load Factor","V-Belt with Motor Size: 10 HP, 75% Load Factor",4000,5.5949999999999998,22380,5.4831000000000003,21932.400000000001,0.11189999999999944,447.59999999999854,5.4400615384615207E-2,6,"PSP-Business-Commercial-Electric_Auxiliary",240,0.54,0.54,0,0,"No",null,null,null,null,null,null,null,"No","Dx",false,0]
["INon-ResidentialHigh PerfonstructionSYNCHRONOUS BELTSYNCHRONOUS BELTMotor Size: 15 HP, 73.5% Load FactorV-Belt with Motor SiHP, 75% Load FactorPercial-Electric_AuxiliaryNND","IESO - Measure","Non-Residential","High Performance New Construction","Electric Auxiliary","SYNCHRONOUS BELT","Motor Size: 15 HP, 73.5% Load Factor","V-Belt with Motor Size: 15 HP, 75% Load Factor",4000,8.3925000000000001,33570,8.2246499999999987,32898.599999999991,0.16785000000000139,671.40000000000873,8.1600923076924126E-2,6,"PSP-Business-Commercial-Electric_Auxiliary",375,0.54,0.54,0,0,"No",null,null,null,null,null,null,null,"No","Dx",false,0]
["INon-ResidentialHigh PerfonstructionSYNCHRONOUS BELTSYNCHRONOUS BELTMotor Size: 20 HP, 73.5% Load FactorV-Belt with Motor SiHP, 75% Load FactorPercial-Electric_AuxiliaryNND","IESO - Measure","Non-Residential","High Performance New Construction","Electric Auxiliary","SYNCHRONOUS BELT","Motor Size: 20 HP, 73.5% Load Factor","V-Belt with Motor Size: 20 HP, 75% Load Factor",4000,11.19,44760,10.966200000000001,43864.800000000003,0.22379999999999889,895.19999999999709,0.10880123076923041,6,"PSP-Business-Commercial-Electric_Auxiliary",380,0.54,0.54,0,0,"No",null,null,null,null,null,null,null,"No","Dx",false,0]
["INon-ResidentialHigh PerfonstructionSYNCHRONOUS BELTSYNCHRONOUS BELTMotor Size: 25 HP, 73.5% Load FactorV-Belt with Motor SiHP, 75% Load FactorPercial-Electric_AuxiliaryNND","IESO - Measure","Non-Residential","High Performance New Construction","Electric Auxiliary","SYNCHRONOUS BELT","Motor Size: 25 HP, 73.5% Load Factor","V-Belt with Motor Size: 25 HP, 75% Load Factor",4000,13.987499999999999,55949.999999999993,13.707749999999999,54830.999999999993,0.27974999999999994,1119,0.13600153846153845,6,"PSP-Business-Commercial-Electric_Auxiliary",300,0.54,0.54,0,0,"No",null,null,null,null,null,null,null,"No","Dx",false,0]
["INon-ResidentialHigh PerfonstructionSYNCHRONOUS BELTSYNCHRONOUS BELTMotor Size: 30 HP, 73.5% Load FactorV-Belt with Motor SiHP, 75% Load FactorPercial-Electric_AuxiliaryNND","IESO - Measure","Non-Residential","High Performance New Construction","Electric Auxiliary","SYNCHRONOUS BELT","Motor Size: 30 HP, 73.5% Load Factor","V-Belt with Motor Size: 30 HP, 75% Load Factor",4000,16.785,67140,16.449299999999997,65797.199999999983,0.33570000000000277,1342.8000000000175,0.16320184615384825,6,"PSP-Business-Commercial-Electric_Auxiliary",420,0.54,0.54,0,0,"No",null,null,null,null,null,null,null,"No","Dx",false,0]
["INon-ResidentialHigh PerfonstructionSYNCHRONOUS BELTSYNCHRONOUS BELTMotor Size: 40 HP, 73.5% Load FactorV-Belt with Motor SiHP, 75% Load FactorPercial-Electric_AuxiliaryNND","IESO - Measure","Non-Residential","High Performance New Construction","Electric Auxiliary","SYNCHRONOUS BELT","Motor Size: 40 HP, 73.5% Load Factor","V-Belt with Motor Size: 40 HP, 75% Load Factor",4000,22.38,89520,21.932400000000001,87729.600000000006,0.44759999999999778,1790.3999999999942,0.21760246153846083,6,"PSP-Business-Commercial-Electric_Auxiliary",560,0.54,0.54,0,0,"No",null,null,null,null,null,null,null,"No","Dx",false,0]
["INon-ResidentialHigh PerfonstructionSYNCHRONOUS BELTSYNCHRONOUS BELTMotor Size: 50 HP, 73.5% Load FactorV-Belt with Motor SiHP, 75% Load FactorPercial-Electric_AuxiliaryNND","IESO - Measure","Non-Residential","High Performance New Construction","Electric Auxiliary","SYNCHRONOUS BELT","Motor Size: 50 HP, 73.5% Load Factor","V-Belt with Motor Size: 50 HP, 75% Load Factor",4000,27.974999999999998,111899.99999999999,27.415499999999998,109661.99999999999,0.55949999999999989,2238,0.2720030769230769,6,"PSP-Business-Commercial-Electric_Auxiliary",600,0.54,0.54,0,0,"No",null,null,null,null,null,null,null,"No","Dx",false,0]
["INon-ResidentialHigh PerfonstructionSYNCHRONOUS BELTSYNCHRONOUS BELTMotor Size: 60 HP, 73.5% Load FactorV-Belt with Motor SiHP, 75% Load FactorPercial-Electric_AuxiliaryNND","IESO - Measure","Non-Residential","High Performance New Construction","Electric Auxiliary","SYNCHRONOUS BELT","Motor Size: 60 HP, 73.5% Load Factor","V-Belt with Motor Size: 60 HP, 75% Load Factor",4000,33.57,134280,32.898599999999995,131594.39999999997,0.67140000000000555,2685.6000000000349,0.3264036923076965,6,"PSP-Business-Commercial-Electric_Auxiliary",660,0.54,0.54,0,0,"No",null,null,null,null,null,null,null,"No","Dx",false,0]
["INon-ResidentialHigh PerfonstructionSYNCHRONOUS BELTSYNCHRONOUS BELTMotor Size: 75 HP, 73.5% Load FactorV-Belt with Motor SiHP, 75% Load FactorPercial-Electric_AuxiliaryNND","IESO - Measure","Non-Residential","High Performance New Construction","Electric Auxiliary","SYNCHRONOUS BELT","Motor Size: 75 HP, 73.5% Load Factor","V-Belt with Motor Size: 75 HP, 75% Load Factor",4000,41.962500000000006,167850.00000000003,41.123249999999999,164493,0.83925000000000693,3357.0000000000291,0.40800461538461891,6,"PSP-Business-Commercial-Electric_Auxiliary",900,0.54,0.54,0,0,"No",null,null,null,null,null,null,null,"No","Dx",false,0]
["INon-ResidentialHigh PerfonstructionSYNCHRONOUS BELTSYNCHRONOUS BELTMotor Size: 100 HP, 73.5% Load FactorV-Belt with Motor SiHP, 75% Load FactorPercial-Electric_AuxiliaryNND","IESO - Measure","Non-Residential","High Performance New Construction","Electric Auxiliary","SYNCHRONOUS BELT","Motor Size: 100 HP, 73.5% Load Factor","V-Belt with Motor Size: 100 HP, 75% Load Factor",4000,55.949999999999996,223799.99999999997,54.830999999999996,219323.99999999997,1.1189999999999998,4476,0.54400615384615381,6,"PSP-Business-Commercial-Electric_Auxiliary",1100,0.54,0.54,0,0,"No",null,null,null,null,null,null,null,"No","Dx",false,0]
["INon-ResidentialHigh PerfonstructionVARIABLE FREQUENCY DREQUENCY DRIVE (VFD)Motor Size: 1 HP, 66% Load FactorNo VFD installed, Mos at 75% Load FactorPercial-Electric_AuxiliaryNND","IESO - Measure","Non-Residential","High Performance New Construction","Electric Auxiliary","VARIABLE FREQUENCY DRIVE (VFD)","Motor Size: 1 HP, 66% Load Factor","No VFD installed, Motor is at 75% Load Factor",4000,0.5625,2250,0.495,1980,6.7500000000000004E-2,270,3.2815384615384614E-2,15,"PSP-Business-Commercial-Electric_Auxiliary",240,0.54,0.54,0,0,"No",null,null,null,null,null,null,null,"No","Dx",false,0]
["INon-ResidentialHigh PerfonstructionVARIABLE FREQUENCY DREQUENCY DRIVE (VFD)Motor Size: 1.5 HP, 66% Load FactorNo VFD installed, Mos at 75% Load FactorPercial-Electric_AuxiliaryNND","IESO - Measure","Non-Residential","High Performance New Construction","Electric Auxiliary","VARIABLE FREQUENCY DRIVE (VFD)","Motor Size: 1.5 HP, 66% Load Factor","No VFD installed, Motor is at 75% Load Factor",4000,0.84000000000000008,3360.0000000000005,0.73920000000000008,2956.8,0.1008,403.20000000000027,4.9004307692307722E-2,15,"PSP-Business-Commercial-Electric_Auxiliary",290,0.54,0.54,0,0,"No",null,null,null,null,null,null,null,"No","Dx",false,0]
["INon-ResidentialHigh PerfonstructionVARIABLE FREQUENCY DREQUENCY DRIVE (VFD)Motor Size: 2 HP, 66% Load FactorNo VFD installed, Mos at 75% Load FactorPercial-Electric_AuxiliaryNND","IESO - Measure","Non-Residential","High Performance New Construction","Electric Auxiliary","VARIABLE FREQUENCY DRIVE (VFD)","Motor Size: 2 HP, 66% Load Factor","No VFD installed, Motor is at 75% Load Factor",4000,1.1174999999999999,4470,0.98340000000000005,3933.6000000000004,0.13409999999999989,536.39999999999964,6.5193230769230712E-2,15,"PSP-Business-Commercial-Electric_Auxiliary",300,0.54,0.54,0,0,"No",null,null,null,null,null,null,null,"No","Dx",false,0]
["INon-ResidentialHigh PerfonstructionVARIABLE FREQUENCY DREQUENCY DRIVE (VFD)Motor Size: 3 HP, 66% Load FactorNo VFD installed, Mos at 75% Load FactorPercial-Electric_AuxiliaryNND","IESO - Measure","Non-Residential","High Performance New Construction","Electric Auxiliary","VARIABLE FREQUENCY DRIVE (VFD)","Motor Size: 3 HP, 66% Load Factor","No VFD installed, Motor is at 75% Load Factor",4000,1.6800000000000002,6720.0000000000009,1.4784000000000002,5913.6,0.2016,806.40000000000055,9.8008615384615444E-2,15,"PSP-Business-Commercial-Electric_Auxiliary",350,0.54,0.54,0,0,"No",null,null,null,null,null,null,null,"No","Dx",false,0]
["INon-ResidentialHigh PerfonstructionVARIABLE FREQUENCY DREQUENCY DRIVE (VFD)Motor Size: 5 HP, 66% Load FactorNo VFD installed, Mos at 75% Load FactorPercial-Electric_AuxiliaryNND","IESO - Measure","Non-Residential","High Performance New Construction","Electric Auxiliary","VARIABLE FREQUENCY DRIVE (VFD)","Motor Size: 5 HP, 66% Load Factor","No VFD installed, Motor is at 75% Load Factor",4000,2.7974999999999999,11190,2.4618000000000002,9847.2000000000007,0.33569999999999967,1342.7999999999993,0.16320184615384606,15,"PSP-Business-Commercial-Electric_Auxiliary",400,0.54,0.54,0,0,"No",null,null,null,null,null,null,null,"No","Dx",false,0]
["INon-ResidentialHigh PerfonstructionVARIABLE FREQUENCY DREQUENCY DRIVE (VFD)Motor Size: 7.5 HP, 66% Load FactorNo VFD installed, Mos at 75% Load FactorPercial-Electric_AuxiliaryNND","IESO - Measure","Non-Residential","High Performance New Construction","Electric Auxiliary","VARIABLE FREQUENCY DRIVE (VFD)","Motor Size: 7.5 HP, 66% Load Factor","No VFD installed, Motor is at 75% Load Factor",4000,4.1999999999999993,16799.999999999996,3.6959999999999997,14783.999999999998,0.50399999999999956,2015.9999999999982,0.24502153846153824,15,"PSP-Business-Commercial-Electric_Auxiliary",550,0.54,0.54,0,0,"No",null,null,null,null,null,null,null,"No","Dx",false,0]
["INon-ResidentialHigh PerfonstructionVARIABLE FREQUENCY DREQUENCY DRIVE (VFD)Motor Size: 10 HP, 66% Load FactorNo VFD installed, Mos at 75% Load FactorPercial-Electric_AuxiliaryNND","IESO - Measure","Non-Residential","High Performance New Construction","Electric Auxiliary","VARIABLE FREQUENCY DRIVE (VFD)","Motor Size: 10 HP, 66% Load Factor","No VFD installed, Motor is at 75% Load Factor",4000,5.5949999999999998,22380,4.9236000000000004,19694.400000000001,0.67139999999999933,2685.5999999999985,0.32640369230769212,15,"PSP-Business-Commercial-Electric_Auxiliary",700,0.54,0.54,0,0,"No",null,null,null,null,null,null,null,"No","Dx",false,0]
[{"$f":"CONCATENATE(TRIM(LEFT(B860,1)),TRIM(LEFT(C860,20)),TRIM(LEFT(D860,10)),TRIM(RIGHT(D860,10)),TRIM(LEFT(F860,20)),TRIM(RIGHT(F860,20)),TRIM(LEFT(G860,105)),TRIM(LEFT(H860,20)),TRIM(RIGHT(H860,20)),TRIM(LEFT(R860,1)),TRIM(RIGHT(R860,25)),TRIM(LEFT(X860,1)),TRIM(LEFT(AF860,1)),TRIM(LEFT(AG860,1)))","v":"INon-ResidentialHigh PerfonstructionVARIABLE FREQUENCY DREQUENCY DRIVE (VFD)Motor Size: 15 HP, 66% Load FactorNo VFD installed, Mos at 75% Load FactorPercial-Electric_AuxiliaryNND"},"IESO - Measure","Non-Residential","High Performance New Construction","Electric Auxiliary","VARIABLE FREQUENCY DRIVE (VFD)","Motor Size: 15 HP, 66% Load Factor","No VFD installed, Motor is at 75% Load Factor",4000,8.3925000000000001,33570,7.3853999999999997,29541.599999999999,1.0071000000000003,4028.4000000000015,0.48960553846153859,15,"PSP-Business-Commercial-Electric_Auxiliary",890,0.54,0.54,0,0,"No",null,null,null,null,null,null,null,"No","Dx",false,0]
["INon-ResidentialHigh PerfonstructionVARIABLE FREQUENCY DREQUENCY DRIVE (VFD)Motor Size: 20 HP, 66% Load FactorNo VFD installed, Mos at 75% Load FactorPercial-Electric_AuxiliaryNND","IESO - Measure","Non-Residential","High Performance New Construction","Electric Auxiliary","VARIABLE FREQUENCY DRIVE (VFD)","Motor Size: 20 HP, 66% Load Factor","No VFD installed, Motor is at 75% Load Factor",4000,11.19,44760,9.8472000000000008,39388.800000000003,1.3427999999999987,5371.1999999999971,0.65280738461538423,15,"PSP-Business-Commercial-Electric_Auxiliary",1100,0.54,0.54,0,0,"No",null,null,null,null,null,null,null,"No","Dx",false,0]
["INon-ResidentialHigh PerfonstructionVARIABLE FREQUENCY DREQUENCY DRIVE (VFD)Motor Size: 25 HP, 66% Load FactorNo VFD installed, Mos at 75% Load FactorPercial-Electric_AuxiliaryNND","IESO - Measure","Non-Residential","High Performance New Construction","Electric Auxiliary","VARIABLE FREQUENCY DRIVE (VFD)","Motor Size: 25 HP, 66% Load Factor","No VFD installed, Motor is at 75% Load Factor",4000,13.987499999999999,55949.999999999993,12.308999999999999,49236,1.6784999999999997,6713.9999999999927,0.81600923076922982,15,"PSP-Business-Commercial-Electric_Auxiliary",1300,0.54,0.54,0,0,"No",null,null,null,null,null,null,null,"No","Dx",false,0]
["INon-ResidentialHigh PerfonstructionVARIABLE FREQUENCY DREQUENCY DRIVE (VFD)Motor Size: 30 HP, 66% Load FactorNo VFD installed, Mos at 75% Load FactorPercial-Electric_AuxiliaryNND","IESO - Measure","Non-Residential","High Performance New Construction","Electric Auxiliary","VARIABLE FREQUENCY DRIVE (VFD)","Motor Size: 30 HP, 66% Load Factor","No VFD installed, Motor is at 75% Load Factor",4000,16.785,67140,14.770799999999999,59083.199999999997,2.0142000000000007,8056.8000000000029,0.97921107692307718,15,"PSP-Business-Commercial-Electric_Auxiliary",1500,0.54,0.54,0,0,"No",null,null,null,null,null,null,null,"No","Dx",false,0]
["INon-ResidentialHigh PerfonstructionVARIABLE FREQUENCY DREQUENCY DRIVE (VFD)Motor Size: 40 HP, 66% Load FactorNo VFD installed, Mos at 75% Load FactorPercial-Electric_AuxiliaryNND","IESO - Measure","Non-Residential","High Performance New Construction","Electric Auxiliary","VARIABLE FREQUENCY DRIVE (VFD)","Motor Size: 40 HP, 66% Load Factor","No VFD installed, Motor is at 75% Load Factor",4000,22.38,89520,19.694400000000002,78777.600000000006,2.6855999999999973,10742.399999999994,1.3056147692307685,15,"PSP-Business-Commercial-Electric_Auxiliary",2200,0.54,0.54,0,0,"No",null,null,null,null,null,null,null,"No","Dx",false,0]
["INon-ResidentialHigh PerfonstructionVARIABLE FREQUENCY DREQUENCY DRIVE (VFD)Motor Size: 50 HP, 66% Load FactorNo VFD installed, Mos at 75% Load FactorPercial-Electric_AuxiliaryNND","IESO - Measure","Non-Residential","High Performance New Construction","Electric Auxiliary","VARIABLE FREQUENCY DRIVE (VFD)","Motor Size: 50 HP, 66% Load Factor","No VFD installed, Motor is at 75% Load Factor",4000,27.974999999999998,111899.99999999999,24.617999999999999,98472,3.3569999999999993,13427.999999999985,1.6320184615384596,15,"PSP-Business-Commercial-Electric_Auxiliary",2600,0.54,0.54,0,0,"No",null,null,null,null,null,null,null,"No","Dx",false,0]
["INon-ResidentialHigh PerfonstructionVARIABLE FREQUENCY DREQUENCY DRIVE (VFD)Motor Size: 60 HP, 66% Load FactorNo VFD installed, Mos at 75% Load FactorPercial-Electric_AuxiliaryNND","IESO - Measure","Non-Residential","High Performance New Construction","Electric Auxiliary","VARIABLE FREQUENCY DRIVE (VFD)","Motor Size: 60 HP, 66% Load Factor","No VFD installed, Motor is at 75% Load Factor",4000,33.57,134280,29.541599999999999,118166.39999999999,4.0284000000000013,16113.600000000006,1.9584221538461544,15,"PSP-Business-Commercial-Electric_Auxiliary",2800,0.54,0.54,0,0,"No",null,null,null,null,null,null,null,"No","Dx",false,0]
["INon-ResidentialHigh PerfonstructionVARIABLE FREQUENCY DREQUENCY DRIVE (VFD)Motor Size: 75 HP, 66% Load FactorNo VFD installed, Mos at 75% Load FactorPercial-Electric_AuxiliaryNND","IESO - Measure","Non-Residential","High Performance New Construction","Electric Auxiliary","VARIABLE FREQUENCY DRIVE (VFD)","Motor Size: 75 HP, 66% Load Factor","No VFD installed, Motor is at 75% Load Factor",4000,41.962500000000006,167850.00000000003,36.927000000000007,147708.00000000003,5.035499999999999,20142,2.4480276923076922,15,"PSP-Business-Commercial-Electric_Auxiliary",3200,0.54,0.54,0,0,"No",null,null,null,null,null,null,null,"No","Dx",false,0]
["INon-ResidentialHigh PerfonstructionVARIABLE FREQUENCY DREQUENCY DRIVE (VFD)Motor Size: 100 HP, 66% Load FactorNo VFD installed, Mos at 75% Load FactorPercial-Electric_AuxiliaryNND","IESO - Measure","Non-Residential","High Performance New Construction","Electric Auxiliary","VARIABLE FREQUENCY DRIVE (VFD)","Motor Size: 100 HP, 66% Load Factor","No VFD installed, Motor is at 75% Load Factor",4000,55.949999999999996,223799.99999999997,49.235999999999997,196944,6.7139999999999986,26855.999999999971,3.2640369230769193,15,"PSP-Business-Commercial-Electric_Auxiliary",3500,0.54,0.54,0,0,"No",null,null,null,null,null,null,null,"No","Dx",false,0]
["INon-ResidentialRetrofitRetrofitENERGY STAR® CLOTHESSTAR® CLOTHES WASHERElectric Water HeatingStandard Clothes Wasndard Clothes WasherPsidential-Clothes_WashersNND","IESO - Measure","Non-Residential","Retrofit","Multi-Residential In Suite Appliance","ENERGY STAR® CLOTHES WASHER","Electric Water Heating","Standard Clothes Washer","-","-",743,"-",469,"-",274,3.0421025641025643E-2,11,"PSP-Consumer-Residential-Clothes_Washers",150,"n/a","n/a",0,0,"No",null,null,null,null,null,null,null,"No","Dx",false,0]
["INon-ResidentialRetrofitRetrofitENERGY STAR® DISHWASRGY STAR® DISHWASHERElectric Water HeatingStandard DishwasherStandard DishwasherPr-Residential-DishwashersNND","IESO - Measure","Non-Residential","Retrofit","Multi-Residential In Suite Appliance","ENERGY STAR® DISHWASHER","Electric Water Heating","Standard Dishwasher","-","-",355,"-",295,"-",60,7.046153846153847E-3,11,"PSP-Consumer-Residential-Dishwashers",12,"n/a","n/a",0,0,"No",null,null,null,null,null,null,null,"No","Dx",false,0]
["INon-ResidentialRetrofitRetrofitENERGY STAR® REFRIGEY STAR® REFRIGERATOR-Standard Refrigeratotandard RefrigeratorPResidential-RefrigeratorsNND","IESO - Measure","Non-Residential","Retrofit","Multi-Residential In Suite Appliance","ENERGY STAR® REFRIGERATOR","-","Standard Refrigerator","-","-",553,"-",442,"-",111,1.4344615384615384E-2,13,"PSP-Consumer-Residential-Refrigerators",30,"n/a","n/a",0,0,"No",null,null,null,null,null,null,null,"No","Dx",false,0]
["INon-ResidentialRetrofitRetrofitIN-SUITE TEMPERATUREECTRIC SPACE HEATING-No In-suite temperatectric space heatingPential-Space_Heating_RoomNND","IESO - Measure","Non-Residential","Retrofit","Multi-Residential In Suite Appliance","IN-SUITE TEMPERATURE CONTROLS FOR ELECTRIC SPACE HEATING","-","No In-suite temperature controls for electric space heating","-","-","-","-","-",0.05,170,2.5039978750320552E-5,15,"PSP-Consumer-Residential-Space_Heating_Room",25,0.68200000000000005,0.69199999999999995,0,0,"No",null,null,null,null,null,null,null,"No","Dx",false,0]
["INon-ResidentialRetrofitRetrofitIN-SUITE TEMPERATUREECTRIC SPACE COOLING-No In-suite temperatectric space coolingPsumer-Residential-AC_RoomNND","IESO - Measure","Non-Residential","Retrofit","Multi-Residential In Suite Appliance","IN-SUITE TEMPERATURE CONTROLS FOR ELECTRIC SPACE COOLING","-","No In-suite temperature controls for electric space cooling","-","-","-","-","-",7.5999999999999998E-2,69,3.8781538461538465E-2,15,"PSP-Consumer-Residential-AC_Room",25,0.68200000000000005,0.69199999999999995,0,0,"No",null,null,null,null,null,null,null,"No","Dx",false,0]
["INon-ResidentialRetrofitRetrofitIN-SUITE TEMPERATURECE HEATING & COOLING-No In-suite temperatce heating & coolingPl-Space_Cooling_&_HeatingNND","IESO - Measure","Non-Residential","Retrofit","Multi-Residential In Suite Appliance","IN-SUITE TEMPERATURE CONTROLS FOR ELECTRIC SPACE HEATING & COOLING","-","No In-suite temperature controls for electric space heating & cooling","-","-","-","-","-",7.5999999999999998E-2,239,6.7165128205128211E-2,15,"PSP-Business-Commercial-Space_Cooling_&_Heating",25,0.68200000000000005,0.69199999999999995,0,0,"No",null,null,null,null,null,null,null,"No","Dx",false,0]
["INon-ResidentialRetrofitRetrofitENERGY STAR® CLOTHESSTAR® CLOTHES WASHERElectric Water HeatingStandard Clothes Wasndard Clothes WasherPsidential-Clothes_WashersNND","IESO - Measure","Non-Residential","Retrofit","Multi-Residential In Suite Appliance","ENERGY STAR® CLOTHES WASHER","Electric Water Heating","Standard Clothes Washer","-","-",743,"-",469,"-",274,3.0421025641025643E-2,11,"PSP-Consumer-Residential-Clothes_Washers",150,"n/a","n/a",0,0,"No",null,null,null,null,null,null,null,"No","Dx",false,0]
["INon-ResidentialRetrofitRetrofitENERGY STAR® DISHWASRGY STAR® DISHWASHERElectric Water HeatingStandard DishwasherStandard DishwasherPr-Residential-DishwashersNND","IESO - Measure","Non-Residential","Retrofit","Multi-Residential In Suite Appliance","ENERGY STAR® DISHWASHER","Electric Water Heating","Standard Dishwasher","-","-",355,"-",295,"-",60,7.046153846153847E-3,11,"PSP-Consumer-Residential-Dishwashers",12,"n/a","n/a",0,0,"No",null,null,null,null,null,null,null,"No","Dx",false,0]
["INon-ResidentialRetrofitRetrofitENERGY STAR® REFRIGEY STAR® REFRIGERATOR-Standard Refrigeratotandard RefrigeratorPResidential-RefrigeratorsNND","IESO - Measure","Non-Residential","Retrofit","Multi-Residential In Suite Appliance","ENERGY STAR® REFRIGERATOR","-","Standard Refrigerator","-","-",553,"-",442,"-",111,1.4344615384615384E-2,13,"PSP-Consumer-Residential-Refrigerators",30,"n/a","n/a",0,0,"No",null,null,null,null,null,null,null,"No","Dx",false,0]
["INon-ResidentialHigh PerfonstructionIN-SUITE TEMPERATUREECTRIC SPACE HEATING-No In-suite temperatectric space heatingPential-Space_Heating_RoomNND","IESO - Measure","Non-Residential","High Performance New Construction","Multi-Residential In Suite Appliance","IN-SUITE TEMPERATURE CONTROLS FOR ELECTRIC SPACE HEATING","-","No In-suite temperature controls for electric space heating","-","-","-","-","-",0.05,170,2.5039978750320552E-5,15,"PSP-Consumer-Residential-Space_Heating_Room",25,0.54,0.54,0,0,"No",null,null,null,null,null,null,null,"No","Dx",false,0]
["INon-ResidentialHigh PerfonstructionIN-SUITE TEMPERATUREECTRIC SPACE COOLING-No In-suite temperatectric space coolingPsumer-Residential-AC_RoomNND","IESO - Measure","Non-Residential","High Performance New Construction","Multi-Residential In Suite Appliance","IN-SUITE TEMPERATURE CONTROLS FOR ELECTRIC SPACE COOLING","-","No In-suite temperature controls for electric space cooling","-","-","-","-","-",7.5999999999999998E-2,69,3.8781538461538465E-2,15,"PSP-Consumer-Residential-AC_Room",25,0.54,0.54,0,0,"No",null,null,null,null,null,null,null,"No","Dx",false,0]
["INon-ResidentialHigh PerfonstructionIN-SUITE TEMPERATURECE HEATING & COOLING-No In-suite temperatce heating & coolingPl-Space_Cooling_&_HeatingNND","IESO - Measure","Non-Residential","High Performance New Construction","Multi-Residential In Suite Appliance","IN-SUITE TEMPERATURE CONTROLS FOR ELECTRIC SPACE HEATING & COOLING","-","No In-suite temperature controls for electric space heating & cooling","-","-","-","-","-",7.5999999999999998E-2,239,6.7165128205128211E-2,15,"PSP-Business-Commercial-Space_Cooling_&_Heating",25,0.54,0.54,0,0,"No",null,null,null,null,null,null,null,"No","Dx",false,0]
["INon-ResidentialRetrofitRetrofitUNITARY AIR-CONDITIOIR-CONDITIONING UNITSplit system < 5.4 tons, Electric Resistance, 12.5 EER (per ton)Split system < 5.4 tce, 13SEER (per ton)Pess-Commercial-Cooling_DXNND","IESO - Measure","Non-Residential","Retrofit","Space Cooling","UNITARY AIR-CONDITIONING UNIT","Split system < 5.4 tons, Electric Resistance, 12.5 EER (per ton)","Split system < 5.4 tons, Electric Resistance, 13SEER (per ton)",600,1.0771992818671454,646.31956912028727,0.96,576,0.11719928186714546,70.319569120287269,3.9487142659853619E-2,15,"PSP-Business-Commercial-Cooling_DX",1620,0.68200000000000005,0.69199999999999995,0,0,"No",null,null,null,null,null,null,null,"No","Dx",false,0]
["INon-ResidentialRetrofitRetrofitUNITARY AIR-CONDITIOIR-CONDITIONING UNITSplit system < 5.4 tons, All Other, 12.5 EER (per ton)Split system < 5.4 ter, 13SEER (per ton)Pess-Commercial-Cooling_DXNND","IESO - Measure","Non-Residential","Retrofit","Space Cooling","UNITARY AIR-CONDITIONING UNIT","Split system < 5.4 tons, All Other, 12.5 EER (per ton)","Split system < 5.4 tons, All Other, 13SEER (per ton)",600,1.0771992818671454,646.31956912028727,0.96,576,0.11719928186714546,70.319569120287269,3.9487142659853619E-2,15,"PSP-Business-Commercial-Cooling_DX",1620,0.68200000000000005,0.69199999999999995,0,0,"No",null,null,null,null,null,null,null,"No","Dx",false,0]
["INon-ResidentialRetrofitRetrofitUNITARY AIR-CONDITIOIR-CONDITIONING UNITSingle package < 5.4 tons, Electric Resistance, 12.0 EER (per ton)Single package < 5.4ce, 13SEER (per ton)Pess-Commercial-Cooling_DXNND","IESO - Measure","Non-Residential","Retrofit","Space Cooling","UNITARY AIR-CONDITIONING UNIT","Single package < 5.4 tons, Electric Resistance, 12.0 EER (per ton)","Single package < 5.4 tons, Electric Resistance, 13SEER (per ton)",600,1.0771992818671454,646.31956912028727,1,600,7.719928186714542E-2,46.319569120287269,2.6010219582930542E-2,15,"PSP-Business-Commercial-Cooling_DX",1620,0.68200000000000005,0.69199999999999995,0,0,"No",null,null,null,null,null,null,null,"No","Dx",false,0]
["INon-ResidentialRetrofitRetrofitUNITARY AIR-CONDITIOIR-CONDITIONING UNITSingle package < 5.4 tons, All Other, 12.0 EER (per ton)Single package < 5.4er, 13SEER (per ton)Pess-Commercial-Cooling_DXNND","IESO - Measure","Non-Residential","Retrofit","Space Cooling","UNITARY AIR-CONDITIONING UNIT","Single package < 5.4 tons, All Other, 12.0 EER (per ton)","Single package < 5.4 tons, All Other, 13SEER (per ton)",600,1.0771992818671454,646.31956912028727,1,600,7.719928186714542E-2,46.319569120287269,2.6010219582930542E-2,15,"PSP-Business-Commercial-Cooling_DX",1620,0.68200000000000005,0.69199999999999995,0,0,"No",null,null,null,null,null,null,null,"No","Dx",false,0]
["INon-ResidentialRetrofitRetrofitUNITARY AIR-CONDITIOIR-CONDITIONING UNITSplit system/Single package ≥ 5.4 to < 11.25 tons, Electric Resistance, 12.2 EER (per ton)Split system/Single, 11.2 EER (per ton)Pess-Commercial-Cooling_DXNND","IESO - Measure","Non-Residential","Retrofit","Space Cooling","UNITARY AIR-CONDITIONING UNIT","Split system/Single package ≥ 5.4 to < 11.25 tons, Electric Resistance, 12.2 EER (per ton)","Split system/Single package ≥ 5.4 to < 11.25 tons, Electric Resistance, 11.2 EER (per ton)",600,1.0714285714285714,642.85714285714289,0.98360655737704927,590.16393442622962,8.7822014051522124E-2,52.693208430913273,2.9589263195820531E-2,15,"PSP-Business-Commercial-Cooling_DX",1690,0.68200000000000005,0.69199999999999995,0,0,"No",null,null,null,null,null,null,null,"No","Dx",false,0]
["INon-ResidentialRetrofitRetrofitUNITARY AIR-CONDITIOIR-CONDITIONING UNITSplit system/Single package ≥ 5.4 to < 11.25 tons, All Other, 12.0 EER (per ton)Split system/Single, 11.0 EER (per ton)Pess-Commercial-Cooling_DXNND","IESO - Measure","Non-Residential","Retrofit","Space Cooling","UNITARY AIR-CONDITIONING UNIT","Split system/Single package ≥ 5.4 to < 11.25 tons, All Other, 12.0 EER (per ton)","Split system/Single package ≥ 5.4 to < 11.25 tons, All Other, 11.0 EER (per ton)",600,1.0909090909090908,654.5454545454545,1,600,9.0909090909090828E-2,54.545454545454504,3.0629370629370607E-2,15,"PSP-Business-Commercial-Cooling_DX",1690,0.68200000000000005,0.69199999999999995,0,0,"No",null,null,null,null,null,null,null,"No","Dx",false,0]
["INon-ResidentialRetrofitRetrofitUNITARY AIR-CONDITIOIR-CONDITIONING UNITSplit system/Single package ≥ 11.25 to < 20 tons, Electric Resistance, 12.2 EER (per ton)Split system/Single, 11.0 EER (per ton)Pess-Commercial-Cooling_DXNND","IESO - Measure","Non-Residential","Retrofit","Space Cooling","UNITARY AIR-CONDITIONING UNIT","Split system/Single package ≥ 11.25 to < 20 tons, Electric Resistance, 12.2 EER (per ton)","Split system/Single package ≥ 11.25 to < 20 tons, Electric Resistance, 11.0 EER (per ton)",600,1.0909090909090908,654.5454545454545,0.98360655737704927,590.16393442622962,0.10730253353204156,64.381520119224888,3.6152699759257056E-2,15,"PSP-Business-Commercial-Cooling_DX",1890,0.68200000000000005,0.69199999999999995,0,0,"No",null,null,null,null,null,null,null,"No","Dx",false,0]
["INon-ResidentialRetrofitRetrofitUNITARY AIR-CONDITIOIR-CONDITIONING UNITSplit system/Single package ≥ 11.25 to < 20 tons, All Other, 12.0 EER (per ton)Split system/Single, 10.8 EER (per ton)Pess-Commercial-Cooling_DXNND","IESO - Measure","Non-Residential","Retrofit","Space Cooling","UNITARY AIR-CONDITIONING UNIT","Split system/Single package ≥ 11.25 to < 20 tons, All Other, 12.0 EER (per ton)","Split system/Single package ≥ 11.25 to < 20 tons, All Other, 10.8 EER (per ton)",600,1.1111111111111109,666.66666666666652,1,600,0.11111111111111094,66.666666666666515,3.7435897435897356E-2,15,"PSP-Business-Commercial-Cooling_DX",1890,0.68200000000000005,0.69199999999999995,0,0,"No",null,null,null,null,null,null,null,"No","Dx",false,0]
["INon-ResidentialRetrofitRetrofitUNITARY AIR-CONDITIOIR-CONDITIONING UNITSplit system/Single package ≥ 20 to < 63 tons, Electric Resistance, 10.8 EER (per ton)Split system/Singlece, 10 EER (per ton)Pess-Commercial-Cooling_DXNND","IESO - Measure","Non-Residential","Retrofit","Space Cooling","UNITARY AIR-CONDITIONING UNIT","Split system/Single package ≥ 20 to < 63 tons, Electric Resistance, 10.8 EER (per ton)","Split system/Single package ≥ 20 to < 63 tons, Electric Resistance, 10 EER (per ton)",600,1.2,720,1.1111111111111109,666.66666666666652,8.8888888888889017E-2,53.333333333333485,2.9948717948718034E-2,15,"PSP-Business-Commercial-Cooling_DX",2100,0.68200000000000005,0.69199999999999995,0,0,"No",null,null,null,null,null,null,null,"No","Dx",false,0]
["INon-ResidentialRetrofitRetrofitUNITARY AIR-CONDITIOIR-CONDITIONING UNITSplit system/Single package ≥ 20 to < 63 tons, All Other, 10.6 EER (per ton)Split system/Singler, 9.8 EER (per ton)Pess-Commercial-Cooling_DXNND","IESO - Measure","Non-Residential","Retrofit","Space Cooling","UNITARY AIR-CONDITIONING UNIT","Split system/Single package ≥ 20 to < 63 tons, All Other, 10.6 EER (per ton)","Split system/Single package ≥ 20 to < 63 tons, All Other, 9.8 EER (per ton)",600,1.2244897959183672,734.69387755102025,1.1320754716981132,679.24528301886789,9.2414324220253974E-2,55.448594532152356,3.1136518468054784E-2,15,"PSP-Business-Commercial-Cooling_DX",2100,0.68200000000000005,0.69199999999999995,0,0,"No",null,null,null,null,null,null,null,"No","Dx",false,0]
["INon-ResidentialRetrofitRetrofitUNITARY AIR-CONDITIOIR-CONDITIONING UNITSplit system/Single package > 63 tons, Electric Resistance, 10.4 EER (per ton)Split system/Singlee, 9.7 EER (per ton)Pess-Commercial-Cooling_DXNND","IESO - Measure","Non-Residential","Retrofit","Space Cooling","UNITARY AIR-CONDITIONING UNIT","Split system/Single package > 63 tons, Electric Resistance, 10.4 EER (per ton)","Split system/Single package > 63 tons, Electric Resistance, 9.7 EER (per ton)",600,1.2371134020618557,742.26804123711338,1.1538461538461537,692.30769230769226,8.3267248215701972E-2,49.960348929421116,2.8054657475751858E-2,15,"PSP-Business-Commercial-Cooling_DX",1920,0.68200000000000005,0.69199999999999995,0,0,"No",null,null,null,null,null,null,null,"No","Dx",false,0]
["INon-ResidentialRetrofitRetrofitUNITARY AIR-CONDITIOIR-CONDITIONING UNITSplit system/Single package > 63 tons, All Other, 10.2 EER (per ton)Split system/Singler, 9.5 EER (per ton)Pess-Commercial-Cooling_DXNND","IESO - Measure","Non-Residential","Retrofit","Space Cooling","UNITARY AIR-CONDITIONING UNIT","Split system/Single package > 63 tons, All Other, 10.2 EER (per ton)","Split system/Single package > 63 tons, All Other, 9.5 EER (per ton)",600,1.263157894736842,757.8947368421052,1.1764705882352942,705.88235294117646,8.6687306501547878E-2,52.012383900928739,2.9206954036675371E-2,15,"PSP-Business-Commercial-Cooling_DX",1920,0.68200000000000005,0.69199999999999995,0,0,"No",null,null,null,null,null,null,null,"No","Dx",false,0]
["INon-ResidentialHigh PerfonstructionUNITARY AIR-CONDITIOIR-CONDITIONING UNITSplit system < 5.4 tons, Electric Resistance, 12.5 EER (per ton)Split system < 5.4 tce, 13SEER (per ton)Pess-Commercial-Cooling_DXNND","IESO - Measure","Non-Residential","High Performance New Construction","Space Cooling","UNITARY AIR-CONDITIONING UNIT","Split system < 5.4 tons, Electric Resistance, 12.5 EER (per ton)","Split system < 5.4 tons, Electric Resistance, 13SEER (per ton)",600,1.0771992818671454,646.31956912028727,0.96,576,0.11719928186714546,70.319569120287269,3.9487142659853619E-2,15,"PSP-Business-Commercial-Cooling_DX",1620,0.54,0.54,0,0,"No",null,null,null,null,null,null,null,"No","Dx",false,0]
["INon-ResidentialHigh PerfonstructionUNITARY AIR-CONDITIOIR-CONDITIONING UNITSplit system < 5.4 tons, All Other, 12.5 EER (per ton)Split system < 5.4 ter, 13SEER (per ton)Pess-Commercial-Cooling_DXNND","IESO - Measure","Non-Residential","High Performance New Construction","Space Cooling","UNITARY AIR-CONDITIONING UNIT","Split system < 5.4 tons, All Other, 12.5 EER (per ton)","Split system < 5.4 tons, All Other, 13SEER (per ton)",600,1.0771992818671454,646.31956912028727,0.96,576,0.11719928186714546,70.319569120287269,3.9487142659853619E-2,15,"PSP-Business-Commercial-Cooling_DX",1620,0.54,0.54,0,0,"No",null,null,null,null,null,null,null,"No","Dx",false,0]
["INon-ResidentialHigh PerfonstructionUNITARY AIR-CONDITIOIR-CONDITIONING UNITSingle package < 5.4 tons, Electric Resistance, 12.0 EER (per ton)Single package < 5.4ce, 13SEER (per ton)Pess-Commercial-Cooling_DXNND","IESO - Measure","Non-Residential","High Performance New Construction","Space Cooling","UNITARY AIR-CONDITIONING UNIT","Single package < 5.4 tons, Electric Resistance, 12.0 EER (per ton)","Single package < 5.4 tons, Electric Resistance, 13SEER (per ton)",600,1.0771992818671454,646.31956912028727,1,600,7.719928186714542E-2,46.319569120287269,2.6010219582930542E-2,15,"PSP-Business-Commercial-Cooling_DX",1620,0.54,0.54,0,0,"No",null,null,null,null,null,null,null,"No","Dx",false,0]
["INon-ResidentialHigh PerfonstructionUNITARY AIR-CONDITIOIR-CONDITIONING UNITSingle package < 5.4 tons, All Other, 12.0 EER (per ton)Single package < 5.4er, 13SEER (per ton)Pess-Commercial-Cooling_DXNND","IESO - Measure","Non-Residential","High Performance New Construction","Space Cooling","UNITARY AIR-CONDITIONING UNIT","Single package < 5.4 tons, All Other, 12.0 EER (per ton)","Single package < 5.4 tons, All Other, 13SEER (per ton)",600,1.0771992818671454,646.31956912028727,1,600,7.719928186714542E-2,46.319569120287269,2.6010219582930542E-2,15,"PSP-Business-Commercial-Cooling_DX",1620,0.54,0.54,0,0,"No",null,null,null,null,null,null,null,"No","Dx",false,0]
["INon-ResidentialHigh PerfonstructionUNITARY AIR-CONDITIOIR-CONDITIONING UNITSplit system/Single package ≥ 5.4 to < 11.25 tons, Electric Resistance, 12.2 EER (per ton)Split system/Single, 11.2 EER (per ton)Pess-Commercial-Cooling_DXNND","IESO - Measure","Non-Residential","High Performance New Construction","Space Cooling","UNITARY AIR-CONDITIONING UNIT","Split system/Single package ≥ 5.4 to < 11.25 tons, Electric Resistance, 12.2 EER (per ton)","Split system/Single package ≥ 5.4 to < 11.25 tons, Electric Resistance, 11.2 EER (per ton)",600,1.0714285714285714,642.85714285714289,0.98360655737704927,590.16393442622962,8.7822014051522124E-2,52.693208430913273,2.9589263195820531E-2,15,"PSP-Business-Commercial-Cooling_DX",1690,0.54,0.54,0,0,"No",null,null,null,null,null,null,null,"No","Dx",false,0]
["INon-ResidentialHigh PerfonstructionUNITARY AIR-CONDITIOIR-CONDITIONING UNITSplit system/Single package ≥ 5.4 to < 11.25 tons, All Other, 12.0 EER (per ton)Split system/Single, 11.0 EER (per ton)Pess-Commercial-Cooling_DXNND","IESO - Measure","Non-Residential","High Performance New Construction","Space Cooling","UNITARY AIR-CONDITIONING UNIT","Split system/Single package ≥ 5.4 to < 11.25 tons, All Other, 12.0 EER (per ton)","Split system/Single package ≥ 5.4 to < 11.25 tons, All Other, 11.0 EER (per ton)",600,1.0909090909090908,654.5454545454545,1,600,9.0909090909090828E-2,54.545454545454504,3.0629370629370607E-2,15,"PSP-Business-Commercial-Cooling_DX",1690,0.54,0.54,0,0,"No",null,null,null,null,null,null,null,"No","Dx",false,0]
["INon-ResidentialHigh PerfonstructionUNITARY AIR-CONDITIOIR-CONDITIONING UNITSplit system/Single package ≥ 11.25 to < 20 tons, Electric Resistance, 12.2 EER (per ton)Split system/Single, 11.0 EER (per ton)Pess-Commercial-Cooling_DXNND","IESO - Measure","Non-Residential","High Performance New Construction","Space Cooling","UNITARY AIR-CONDITIONING UNIT","Split system/Single package ≥ 11.25 to < 20 tons, Electric Resistance, 12.2 EER (per ton)","Split system/Single package ≥ 11.25 to < 20 tons, Electric Resistance, 11.0 EER (per ton)",600,1.0909090909090908,654.5454545454545,0.98360655737704927,590.16393442622962,0.10730253353204156,64.381520119224888,3.6152699759257056E-2,15,"PSP-Business-Commercial-Cooling_DX",1890,0.54,0.54,0,0,"No",null,null,null,null,null,null,null,"No","Dx",false,0]
["INon-ResidentialHigh PerfonstructionUNITARY AIR-CONDITIOIR-CONDITIONING UNITSplit system/Single package ≥ 11.25 to < 20 tons, All Other, 12.0 EER (per ton)Split system/Single, 10.8 EER (per ton)Pess-Commercial-Cooling_DXNND","IESO - Measure","Non-Residential","High Performance New Construction","Space Cooling","UNITARY AIR-CONDITIONING UNIT","Split system/Single package ≥ 11.25 to < 20 tons, All Other, 12.0 EER (per ton)","Split system/Single package ≥ 11.25 to < 20 tons, All Other, 10.8 EER (per ton)",600,1.1111111111111109,666.66666666666652,1,600,0.11111111111111094,66.666666666666515,3.7435897435897356E-2,15,"PSP-Business-Commercial-Cooling_DX",1890,0.54,0.54,0,0,"No",null,null,null,null,null,null,null,"No","Dx",false,0]
["INon-ResidentialHigh PerfonstructionUNITARY AIR-CONDITIOIR-CONDITIONING UNITSplit system/Single package ≥ 20 to < 63 tons, Electric Resistance, 10.8 EER (per ton)Split system/Singlece, 10 EER (per ton)Pess-Commercial-Cooling_DXNND","IESO - Measure","Non-Residential","High Performance New Construction","Space Cooling","UNITARY AIR-CONDITIONING UNIT","Split system/Single package ≥ 20 to < 63 tons, Electric Resistance, 10.8 EER (per ton)","Split system/Single package ≥ 20 to < 63 tons, Electric Resistance, 10 EER (per ton)",600,1.2,720,1.1111111111111109,666.66666666666652,8.8888888888889017E-2,53.333333333333485,2.9948717948718034E-2,15,"PSP-Business-Commercial-Cooling_DX",2100,0.54,0.54,0,0,"No",null,null,null,null,null,null,null,"No","Dx",false,0]
["INon-ResidentialHigh PerfonstructionUNITARY AIR-CONDITIOIR-CONDITIONING UNITSplit system/Single package ≥ 20 to < 63 tons, All Other, 10.6 EER (per ton)Split system/Singler, 9.8 EER (per ton)Pess-Commercial-Cooling_DXNND","IESO - Measure","Non-Residential","High Performance New Construction","Space Cooling","UNITARY AIR-CONDITIONING UNIT","Split system/Single package ≥ 20 to < 63 tons, All Other, 10.6 EER (per ton)","Split system/Single package ≥ 20 to < 63 tons, All Other, 9.8 EER (per ton)",600,1.2244897959183672,734.69387755102025,1.1320754716981132,679.24528301886789,9.2414324220253974E-2,55.448594532152356,3.1136518468054784E-2,15,"PSP-Business-Commercial-Cooling_DX",2100,0.54,0.54,0,0,"No",null,null,null,null,null,null,null,"No","Dx",false,0]
["INon-ResidentialHigh PerfonstructionUNITARY AIR-CONDITIOIR-CONDITIONING UNITSplit system/Single package > 63 tons, Electric Resistance, 10.4 EER (per ton)Split system/Singlee, 9.7 EER (per ton)Pess-Commercial-Cooling_DXNND","IESO - Measure","Non-Residential","High Performance New Construction","Space Cooling","UNITARY AIR-CONDITIONING UNIT","Split system/Single package > 63 tons, Electric Resistance, 10.4 EER (per ton)","Split system/Single package > 63 tons, Electric Resistance, 9.7 EER (per ton)",600,1.2371134020618557,742.26804123711338,1.1538461538461537,692.30769230769226,8.3267248215701972E-2,49.960348929421116,2.8054657475751858E-2,15,"PSP-Business-Commercial-Cooling_DX",1920,0.54,0.54,0,0,"No",null,null,null,null,null,null,null,"No","Dx",false,0]
["INon-ResidentialHigh PerfonstructionUNITARY AIR-CONDITIOIR-CONDITIONING UNITSplit system/Single package > 63 tons, All Other, 10.2 EER (per ton)Split system/Singler, 9.5 EER (per ton)Pess-Commercial-Cooling_DXNND","IESO - Measure","Non-Residential","High Performance New Construction","Space Cooling","UNITARY AIR-CONDITIONING UNIT","Split system/Single package > 63 tons, All Other, 10.2 EER (per ton)","Split system/Single package > 63 tons, All Other, 9.5 EER (per ton)",600,1.263157894736842,757.8947368421052,1.1764705882352942,705.88235294117646,8.6687306501547878E-2,52.012383900928739,2.9206954036675371E-2,15,"PSP-Business-Commercial-Cooling_DX",1920,0.54,0.54,0,0,"No",null,null,null,null,null,null,null,"No","Dx",false,0]
["INon-ResidentialRetrofitRetrofitUNITARY AIR-CONDITIOUNIT WITH ECONOMIZERSplit system, < 5.4 tons, All Heating Type, 12.5 EER (per ton)Split system, < 5.4e, 13 SEER (per ton)Pess-Commercial-Cooling_DXNND","IESO - Measure","Non-Residential","Retrofit","Space Cooling","UNITARY AIR-CONDITIONING UNIT WITH ECONOMIZER","Split system, < 5.4 tons, All Heating Type, 12.5 EER (per ton)","Split system, < 5.4 tons, All Heating Type, 13 SEER (per ton)",600,1.0771992818671454,646.31956912028727,0.90239999999999998,541.43999999999994,0.17479928186714544,104.87956912028733,5.8893911890622881E-2,15,"PSP-Business-Commercial-Cooling_DX",2080,0.68200000000000005,0.69199999999999995,0,0,"No",null,null,null,null,null,null,null,"No","Dx",false,0]
["INon-ResidentialRetrofitRetrofitUNITARY AIR-CONDITIOUNIT WITH ECONOMIZERSingle package, < 5.4 tons, All Heating Type, 12 EER (per ton)Single package, < 5.e, 13 SEER (per ton)Pess-Commercial-Cooling_DXNND","IESO - Measure","Non-Residential","Retrofit","Space Cooling","UNITARY AIR-CONDITIONING UNIT WITH ECONOMIZER","Single package, < 5.4 tons, All Heating Type, 12 EER (per ton)","Single package, < 5.4 tons, All Heating Type, 13 SEER (per ton)",600,1.0771992818671454,646.31956912028727,0.94,564,0.13719928186714547,82.319569120287269,4.6225604198315159E-2,15,"PSP-Business-Commercial-Cooling_DX",2080,0.68200000000000005,0.69199999999999995,0,0,"No",null,null,null,null,null,null,null,"No","Dx",false,0]
["INon-ResidentialRetrofitRetrofitUNITARY AIR-CONDITIOUNIT WITH ECONOMIZERSplit system/single package, ≥ 5.4 to < 7.0 tons, Electric Resistance, 12.2 EER (per ton)Split system/single, 11.2 EER (per ton)Pess-Commercial-Cooling_DXNND","IESO - Measure","Non-Residential","Retrofit","Space Cooling","UNITARY AIR-CONDITIONING UNIT WITH ECONOMIZER","Split system/single package, ≥ 5.4 to < 7.0 tons, Electric Resistance, 12.2 EER (per ton)","Split system/single package, ≥ 5.4 to < 7.0 tons, Electric Resistance, 11.2 EER (per ton)",600,1.0714285714285714,642.85714285714289,0.92459016393442628,554.7540983606558,0.14683840749414512,88.103044496487087,4.9473248063411981E-2,15,"PSP-Business-Commercial-Cooling_DX",2190,0.68200000000000005,0.69199999999999995,0,0,"No",null,null,null,null,null,null,null,"No","Dx",false,0]
["INon-ResidentialRetrofitRetrofitUNITARY AIR-CONDITIOUNIT WITH ECONOMIZERSplit system/single package, ≥ 5.4 to < 7.0 tons, All Other, 12 EER (per ton)Split system/single, 11.0 EER (per ton)Pess-Commercial-Cooling_DXNND","IESO - Measure","Non-Residential","Retrofit","Space Cooling","UNITARY AIR-CONDITIONING UNIT WITH ECONOMIZER","Split system/single package, ≥ 5.4 to < 7.0 tons, All Other, 12 EER (per ton)","Split system/single package, ≥ 5.4 to < 7.0 tons, All Other, 11.0 EER (per ton)",600,1.0909090909090908,654.5454545454545,0.94,564,0.15090909090909088,90.545454545454504,5.0844755244755215E-2,15,"PSP-Business-Commercial-Cooling_DX",2190,0.68200000000000005,0.69199999999999995,0,0,"No",null,null,null,null,null,null,null,"No","Dx",false,0]
["INon-ResidentialRetrofitRetrofitENERGY STAR® FREEZERENERGY STAR® FREEZERGlass Door (< 15 cu.ft.)Standard FreezerStandard FreezerP-Commercial-RefrigerationNND","IESO - Measure","Non-Residential","Retrofit","Refrigeration","ENERGY STAR® FREEZER","Glass Door (< 15 cu.ft.)","Standard Freezer",8760,0.45833333333333331,4015,0.26989166666666664,2364.2509999999997,0.18844166666666667,1650.7490000000003,0.20443891461538466,12,"PSP-Business-Commercial-Refrigeration",142,0.68200000000000005,0.69199999999999995,0,0,"No",null,null,null,null,null,null,null,"No","Dx",false,0]
["INon-ResidentialRetrofitRetrofitENERGY STAR® FREEZERENERGY STAR® FREEZERGlass Door (≥ 15 cu.ft. to < 30 cu.ft.)Standard FreezerStandard FreezerP-Commercial-RefrigerationNND","IESO - Measure","Non-Residential","Retrofit","Refrigeration","ENERGY STAR® FREEZER","Glass Door (≥ 15 cu.ft. to < 30 cu.ft.)","Standard Freezer",8760,0.86458333333333337,7573.75,0.63635833333333336,5574.4989999999998,0.22822500000000001,1999.2510000000002,0.24759954692307695,12,"PSP-Business-Commercial-Refrigeration",166,0.68200000000000005,0.69199999999999995,0,0,"No",null,null,null,null,null,null,null,"No","Dx",false,0]
["INon-ResidentialRetrofitRetrofitENERGY STAR® FREEZERENERGY STAR® FREEZERGlass Door (≥ 30 cu.ft. to < 50 cu.ft.)Standard FreezerStandard FreezerP-Commercial-RefrigerationNND","IESO - Measure","Non-Residential","Retrofit","Refrigeration","ENERGY STAR® FREEZER","Glass Door (≥ 30 cu.ft. to < 50 cu.ft.)","Standard Freezer",8760,1.4864583333333334,13021.375,1.0010416666666666,8769.125,0.48541666666666683,4252.25,0.52662480769230768,12,"PSP-Business-Commercial-Refrigeration",166,0.68200000000000005,0.69199999999999995,0,0,"No",null,null,null,null,null,null,null,"No","Dx",false,0]
["INon-ResidentialRetrofitRetrofitENERGY STAR® FREEZERENERGY STAR® FREEZERGlass Door (≥ 50 cu.ft.)Standard FreezerStandard FreezerP-Commercial-RefrigerationNND","IESO - Measure","Non-Residential","Retrofit","Refrigeration","ENERGY STAR® FREEZER","Glass Door (≥ 50 cu.ft.)","Standard Freezer",8760,2.0270833333333331,17757.25,1.2595833333333335,11033.95,0.76749999999999963,6723.2999999999993,0.83265484615384611,12,"PSP-Business-Commercial-Refrigeration",407,0.68200000000000005,0.69199999999999995,0,0,"No",null,null,null,null,null,null,null,"No","Dx",false,0]
["INon-ResidentialRetrofitRetrofitENERGY STAR® FREEZERENERGY STAR® FREEZERSolid Door (< 15 cu.ft.)Standard FreezerStandard FreezerP-Commercial-RefrigerationNND","IESO - Measure","Non-Residential","Retrofit","Refrigeration","ENERGY STAR® FREEZER","Solid Door (< 15 cu.ft.)","Standard Freezer",8760,0.21083333333333332,1846.8999999999999,0.14791666666666667,1295.75,6.2916666666666649E-2,551.14999999999986,6.8257807692307687E-2,12,"PSP-Business-Commercial-Refrigeration",142,0.68200000000000005,0.69199999999999995,0,0,"No",null,null,null,null,null,null,null,"No","Dx",false,0]
["INon-ResidentialRetrofitRetrofitENERGY STAR® FREEZERENERGY STAR® FREEZERSolid Door (≥ 15 cu.ft. to < 30 cu.ft.)Standard FreezerStandard FreezerP-Commercial-RefrigerationNND","IESO - Measure","Non-Residential","Retrofit","Refrigeration","ENERGY STAR® FREEZER","Solid Door (≥ 15 cu.ft. to < 30 cu.ft.)","Standard Freezer",8760,0.42750000000000005,3744.9000000000005,0.32833333333333337,2876.2000000000003,9.9166666666666681E-2,868.70000000000027,0.10758515384615389,12,"PSP-Business-Commercial-Refrigeration",166,0.68200000000000005,0.69199999999999995,0,0,"No",null,null,null,null,null,null,null,"No","Dx",false,0]
["INon-ResidentialRetrofitRetrofitENERGY STAR® FREEZERENERGY STAR® FREEZERSolid Door (≥ 30 cu.ft. to < 50 cu.ft.)Standard FreezerStandard FreezerP-Commercial-RefrigerationNND","IESO - Measure","Non-Residential","Retrofit","Refrigeration","ENERGY STAR® FREEZER","Solid Door (≥ 30 cu.ft. to < 50 cu.ft.)","Standard Freezer",8760,0.75916666666666655,6650.2999999999993,0.54113750000000005,4740.3645000000006,0.2180291666666665,1909.9354999999987,0.23653816576923062,12,"PSP-Business-Commercial-Refrigeration",166,0.68200000000000005,0.69199999999999995,0,0,"No",null,null,null,null,null,null,null,"No","Dx",false,0]
["INon-ResidentialRetrofitRetrofitENERGY STAR® FREEZERENERGY STAR® FREEZERSolid Door (≥ 50 cu.ft.)Standard FreezerStandard FreezerP-Commercial-RefrigerationNND","IESO - Measure","Non-Residential","Retrofit","Refrigeration","ENERGY STAR® FREEZER","Solid Door (≥ 50 cu.ft.)","Standard Freezer",8760,1.0475000000000001,9176.1,0.65492499999999998,5737.143,0.39257500000000012,3438.9570000000003,0.42590159769230773,12,"PSP-Business-Commercial-Refrigeration",407,0.68200000000000005,0.69199999999999995,0,0,"No",null,null,null,null,null,null,null,"No","Dx",false,0]
["INon-ResidentialRetrofitRetrofitENERGY STAR® REFRIGEY STAR® REFRIGERATORGlass Door (< 15 cu.ft.)Standard FreezerStandard FreezerP-Commercial-RefrigerationNND","IESO - Measure","Non-Residential","Retrofit","Refrigeration","ENERGY STAR® REFRIGERATOR","Glass Door (< 15 cu.ft.)","Standard Freezer",8760,0.18066666666666667,1582.64,9.8391666666666655E-2,861.91099999999994,8.2275000000000015E-2,720.72900000000016,8.9259514615384644E-2,12,"PSP-Business-Commercial-Refrigeration",143,0.68200000000000005,0.69199999999999995,0,0,"No",null,null,null,null,null,null,null,"No","Dx",false,0]
["INon-ResidentialRetrofitRetrofitENERGY STAR® REFRIGEY STAR® REFRIGERATORGlass Door (≥ 15 cu.ft. to < 30 cu.ft.)Standard FreezerStandard FreezerP-Commercial-RefrigerationNND","IESO - Measure","Non-Residential","Retrofit","Refrigeration","ENERGY STAR® REFRIGERATOR","Glass Door (≥ 15 cu.ft. to < 30 cu.ft.)","Standard Freezer",8760,0.2451666666666667,2147.6600000000003,0.16741666666666666,1466.57,7.7750000000000041E-2,681.09000000000037,8.4350376923076981E-2,12,"PSP-Business-Commercial-Refrigeration",164,0.68200000000000005,0.69199999999999995,0,0,"No",null,null,null,null,null,null,null,"No","Dx",false,0]
["INon-ResidentialRetrofitRetrofitENERGY STAR® REFRIGEY STAR® REFRIGERATORGlass Door (≥ 30 cu.ft. to < 50 cu.ft.)Standard FreezerStandard FreezerP-Commercial-RefrigerationNND","IESO - Measure","Non-Residential","Retrofit","Refrigeration","ENERGY STAR® REFRIGERATOR","Glass Door (≥ 30 cu.ft. to < 50 cu.ft.)","Standard Freezer",8760,0.34916666666666663,3058.7,0.26337499999999997,2307.165,8.5791666666666655E-2,751.53499999999985,9.3074719230769209E-2,12,"PSP-Business-Commercial-Refrigeration",164,0.68200000000000005,0.69199999999999995,0,0,"No",null,null,null,null,null,null,null,"No","Dx",false,0]
["INon-ResidentialRetrofitRetrofitENERGY STAR® REFRIGEY STAR® REFRIGERATORGlass Door (≥ 50 cu.ft.)Standard FreezerStandard FreezerP-Commercial-RefrigerationNND","IESO - Measure","Non-Residential","Retrofit","Refrigeration","ENERGY STAR® REFRIGERATOR","Glass Door (≥ 50 cu.ft.)","Standard Freezer",8760,0.47416666666666663,4153.7,0.36958333333333337,3237.55,0.10458333333333325,916.14999999999964,0.11346165384615381,12,"PSP-Business-Commercial-Refrigeration",249,0.68200000000000005,0.69199999999999995,0,0,"No",null,null,null,null,null,null,null,"No","Dx",false,0]
["INon-ResidentialRetrofitRetrofitENERGY STAR® REFRIGEY STAR® REFRIGERATORSolid Door (< 15 cu.ft.)Standard FreezerStandard FreezerP-Commercial-RefrigerationNND","IESO - Measure","Non-Residential","Retrofit","Refrigeration","ENERGY STAR® REFRIGERATOR","Solid Door (< 15 cu.ft.)","Standard Freezer",8760,0.11958333333333333,1047.55,8.957083333333335E-2,784.64050000000009,3.0012499999999984E-2,262.90949999999987,3.2560330384615366E-2,12,"PSP-Business-Commercial-Refrigeration",143,0.68200000000000005,0.69199999999999995,0,0,"No",null,null,null,null,null,null,null,"No","Dx",false,0]
["INon-ResidentialRetrofitRetrofitENERGY STAR® REFRIGEY STAR® REFRIGERATORSolid Door (≥ 15 cu.ft. to < 30 cu.ft.)Standard FreezerStandard FreezerP-Commercial-RefrigerationNND","IESO - Measure","Non-Residential","Retrofit","Refrigeration","ENERGY STAR® REFRIGERATOR","Solid Door (≥ 15 cu.ft. to < 30 cu.ft.)","Standard Freezer",8760,0.17333333333333334,1518.4,0.12435,1089.306,4.8983333333333337E-2,429.09400000000005,5.314164153846155E-2,12,"PSP-Business-Commercial-Refrigeration",164,0.68200000000000005,0.69199999999999995,0,0,"No",null,null,null,null,null,null,null,"No","Dx",false,0]
["INon-ResidentialRetrofitRetrofitENERGY STAR® REFRIGEY STAR® REFRIGERATORSolid Door (≥ 30 cu.ft. to < 50 cu.ft.)Standard FreezerStandard FreezerP-Commercial-RefrigerationNND","IESO - Measure","Non-Residential","Retrofit","Refrigeration","ENERGY STAR® REFRIGERATOR","Solid Door (≥ 30 cu.ft. to < 50 cu.ft.)","Standard Freezer",8760,0.26,2277.6,0.16612500000000002,1455.2550000000001,9.3874999999999986E-2,822.3449999999998,0.10184426538461536,12,"PSP-Business-Commercial-Refrigeration",164,0.68200000000000005,0.69199999999999995,0,0,"No",null,null,null,null,null,null,null,"No","Dx",false,0]
[{"$f":"CONCATENATE(TRIM(LEFT(B924,1)),TRIM(LEFT(C924,20)),TRIM(LEFT(D924,10)),TRIM(RIGHT(D924,10)),TRIM(LEFT(F924,20)),TRIM(RIGHT(F924,20)),TRIM(LEFT(G924,105)),TRIM(LEFT(H924,20)),TRIM(RIGHT(H924,20)),TRIM(LEFT(R924,1)),TRIM(RIGHT(R924,25)),TRIM(LEFT(X924,1)),TRIM(LEFT(AF924,1)),TRIM(LEFT(AG924,1)))","v":"INon-ResidentialRetrofitRetrofitENERGY STAR® REFRIGEY STAR® REFRIGERATORSolid Door (≥ 50 cu.ft.)Standard FreezerStandard FreezerP-Commercial-RefrigerationNND"},"IESO - Measure","Non-Residential","Retrofit","Refrigeration","ENERGY STAR® REFRIGERATOR","Solid Door (≥ 50 cu.ft.)","Standard Freezer",8760,0.36416666666666664,3190.1,0.22649999999999998,1984.1399999999999,0.13766666666666666,1205.96,0.14935350769230771,12,"PSP-Business-Commercial-Refrigeration",249,0.68200000000000005,0.69199999999999995,0,0,"No",null,null,null,null,null,null,null,"No","Dx",false,0]
["INon-ResidentialRetrofitRetrofitECM MOTORS FOR EVAPOEFRIGERATOR WALK-IN)Motor Size ≥ 1/20 hp to < 1/10 hpShaded Pole Motor (Saded Pole Motor (SP)P-Commercial-RefrigerationNND","IESO - Measure","Non-Residential","Retrofit","Refrigeration","ECM MOTORS FOR EVAPORATOR FANS (REFRIGERATOR WALK-IN)","Motor Size ≥ 1/20 hp to < 1/10 hp","Shaded Pole Motor (SP)",8760,0.15681797647058823,1373.7254738823528,4.9005617647058825E-2,429.28921058823528,0.10781235882352941,944.43626329411757,0.11696479876180994,15,"PSP-Business-Commercial-Refrigeration",135,0.68200000000000005,0.69199999999999995,0,0,"No",null,null,null,null,null,null,null,"No","Dx",false,0]
["INon-ResidentialRetrofitRetrofitECM MOTORS FOR EVAPOEFRIGERATOR WALK-IN)Motor Size ≥ 1/20 hp to < 1/10 hpPermanent Split Capaplit Capacitor (PSC)P-Commercial-RefrigerationNND","IESO - Measure","Non-Residential","Retrofit","Refrigeration","ECM MOTORS FOR EVAPORATOR FANS (REFRIGERATOR WALK-IN)","Motor Size ≥ 1/20 hp to < 1/10 hp","Permanent Split Capacitor (PSC)",8760,6.5340823529411771E-2,572.38561411764715,4.9005617647058825E-2,429.28921058823528,1.6335205882352946E-2,143.09640352941187,1.7721939206334858E-2,15,"PSP-Business-Commercial-Refrigeration",135,0.68200000000000005,0.69199999999999995,0,0,"No",null,null,null,null,null,null,null,"No","Dx",false,0]
["INon-ResidentialRetrofitRetrofitECM MOTORS FOR EVAPOEFRIGERATOR WALK-IN)Motor Size ≥ 1/10 hp to ≤ 1 hpShaded Pole Motor (Saded Pole Motor (SP)P-Commercial-RefrigerationNND","IESO - Measure","Non-Residential","Retrofit","Refrigeration","ECM MOTORS FOR EVAPORATOR FANS (REFRIGERATOR WALK-IN)","Motor Size ≥ 1/10 hp to ≤ 1 hp","Shaded Pole Motor (SP)",8760,1.5681797647058824,13737.254738823529,0.49005617647058819,4292.8921058823526,1.0781235882352942,9444.3626329411763,1.1696479876180996,15,"PSP-Business-Commercial-Refrigeration",388,0.68200000000000005,0.69199999999999995,0,0,"No",null,null,null,null,null,null,null,"No","Dx",false,0]
["INon-ResidentialRetrofitRetrofitECM MOTORS FOR EVAPOEFRIGERATOR WALK-IN)Motor Size ≥ 1/10 hp to ≤ 1 hpPermanent Split Capaplit Capacitor (PSC)P-Commercial-RefrigerationNND","IESO - Measure","Non-Residential","Retrofit","Refrigeration","ECM MOTORS FOR EVAPORATOR FANS (REFRIGERATOR WALK-IN)","Motor Size ≥ 1/10 hp to ≤ 1 hp","Permanent Split Capacitor (PSC)",8760,0.65340823529411762,5723.8561411764704,0.49005617647058819,4292.8921058823526,0.16335205882352943,1430.9640352941178,0.17721939206334844,15,"PSP-Business-Commercial-Refrigeration",388,0.68200000000000005,0.69199999999999995,0,0,"No",null,null,null,null,null,null,null,"No","Dx",false,0]
["INon-ResidentialRetrofitRetrofitECM MOTORS FOR EVAPOEFRIGERATOR WALK-IN)Motor Size > 1 hp (per hp)Permanent Split Capaplit Capacitor (PSC)P-Commercial-RefrigerationNND","IESO - Measure","Non-Residential","Retrofit","Refrigeration","ECM MOTORS FOR EVAPORATOR FANS (REFRIGERATOR WALK-IN)","Motor Size > 1 hp (per hp)","Permanent Split Capacitor (PSC)",8760,1.3068164705882352,11447.712282352941,0.98011235294117638,8585.7842117647051,0.32670411764705887,2861.9280705882356,0.35443878412669688,15,"PSP-Business-Commercial-Refrigeration",475,0.68200000000000005,0.69199999999999995,0,0,"No",null,null,null,null,null,null,null,"No","Dx",false,0]
["INon-ResidentialRetrofitRetrofitECM MOTORS FOR EVAPONS (FREEZER WALK-IN)Motor Size ≥ 1/20 hp to < 1/10 hpShaded Pole Motor (Saded Pole Motor (SP)P-Commercial-RefrigerationNND","IESO - Measure","Non-Residential","Retrofit","Refrigeration","ECM MOTORS FOR EVAPORATOR FANS (FREEZER WALK-IN)","Motor Size ≥ 1/20 hp to < 1/10 hp","Shaded Pole Motor (SP)",8273,0.19867336363636362,1643.6247373636363,6.2085426136363635E-2,513.63273042613639,0.13658793749999998,1129.9920069374998,0.13994516393610576,15,"PSP-Business-Commercial-Refrigeration",135,0.68200000000000005,0.69199999999999995,0,0,"No",null,null,null,null,null,null,null,"No","Dx",false,0]
["INon-ResidentialRetrofitRetrofitECM MOTORS FOR EVAPONS (FREEZER WALK-IN)Motor Size ≥ 1/20 hp to < 1/10 hpPermanent Split Capaplit Capacitor (PSC)P-Commercial-RefrigerationNND","IESO - Measure","Non-Residential","Retrofit","Refrigeration","ECM MOTORS FOR EVAPORATOR FANS (FREEZER WALK-IN)","Motor Size ≥ 1/20 hp to < 1/10 hp","Permanent Split Capacitor (PSC)",8273,8.2780568181818184E-2,684.84364056818185,6.2085426136363635E-2,513.63273042613639,2.069514204545455E-2,171.21091014204546,2.1203812717591784E-2,15,"PSP-Business-Commercial-Refrigeration",135,0.68200000000000005,0.69199999999999995,0,0,"No",null,null,null,null,null,null,null,"No","Dx",false,0]
["INon-ResidentialRetrofitRetrofitECM MOTORS FOR EVAPONS (FREEZER WALK-IN)Motor Size ≥ 1/10 hp to ≤ 1 hpShaded Pole Motor (Saded Pole Motor (SP)P-Commercial-RefrigerationNND","IESO - Measure","Non-Residential","Retrofit","Refrigeration","ECM MOTORS FOR EVAPORATOR FANS (FREEZER WALK-IN)","Motor Size ≥ 1/10 hp to ≤ 1 hp","Shaded Pole Motor (SP)",8273,1.9867336363636363,16436.247373636365,0.62085426136363631,5136.3273042613628,1.365879375,11299.920069375003,1.3994516393610581,15,"PSP-Business-Commercial-Refrigeration",388,0.68200000000000005,0.69199999999999995,0,0,"No",null,null,null,null,null,null,null,"No","Dx",false,0]
["INon-ResidentialRetrofitRetrofitECM MOTORS FOR EVAPONS (FREEZER WALK-IN)Motor Size ≥ 1/10 hp to ≤ 1 hpPermanent Split Capaplit Capacitor (PSC)P-Commercial-RefrigerationNND","IESO - Measure","Non-Residential","Retrofit","Refrigeration","ECM MOTORS FOR EVAPORATOR FANS (FREEZER WALK-IN)","Motor Size ≥ 1/10 hp to ≤ 1 hp","Permanent Split Capacitor (PSC)",8273,0.82780568181818182,6848.4364056818185,0.62085426136363631,5136.3273042613628,0.20695142045454551,1712.1091014204558,0.212038127175918,15,"PSP-Business-Commercial-Refrigeration",388,0.68200000000000005,0.69199999999999995,0,0,"No",null,null,null,null,null,null,null,"No","Dx",false,0]
["INon-ResidentialRetrofitRetrofitECM MOTORS FOR EVAPONS (FREEZER WALK-IN)Motor Size > 1 hpPermanent Split Capaplit Capacitor (PSC)P-Commercial-RefrigerationNND","IESO - Measure","Non-Residential","Retrofit","Refrigeration","ECM MOTORS FOR EVAPORATOR FANS (FREEZER WALK-IN)","Motor Size > 1 hp","Permanent Split Capacitor (PSC)",8273,1.6556113636363636,13696.872811363637,1.2417085227272726,10272.654608522726,0.41390284090909102,3424.2182028409115,0.42407625435183599,15,"PSP-Business-Commercial-Refrigeration",475,0.68200000000000005,0.69199999999999995,0,0,"No",null,null,null,null,null,null,null,"No","Dx",false,0]
["INon-ResidentialRetrofitRetrofitECM MOTORS FOR EVAPOREF OR FREEZER CASE)Motor Size < 1/20 hpShaded Pole Motor (Split Capacitor (PSC)P-Commercial-RefrigerationNND","IESO - Measure","Non-Residential","Retrofit","Refrigeration","ECM MOTORS FOR EVAPORATOR FANS (REF OR FREEZER CASE)","Motor Size < 1/20 hp","Shaded Pole Motor (SP) or Permanent Split Capacitor (PSC)","-","-","-","-","-",0.1,900,0.11146153846153846,15,"PSP-Business-Commercial-Refrigeration",60,0.68200000000000005,0.69199999999999995,0,0,"No",null,null,null,null,null,null,null,"No","Dx",false,0]
["INon-ResidentialRetrofitRetrofitHIGH EFFICIENCY REFRGERATION COMPRESSORSDiscus (per hp); COP ≥ 2.4Standard CompressorStandard CompressorP-Commercial-RefrigerationNND","IESO - Measure","Non-Residential","Retrofit","Refrigeration","HIGH EFFICIENCY REFRIGERATION COMPRESSORS","Discus (per hp); COP ≥ 2.4","Standard Compressor",5858,0.41399999999999998,2425.212,0.311,1821.838,0.10299999999999998,603.37400000000002,7.4725549230769239E-2,13,"PSP-Business-Commercial-Refrigeration",200,0.68200000000000005,0.69199999999999995,0,0,"No",null,null,null,null,null,null,null,"No","Dx",false,0]
["INon-ResidentialRetrofitRetrofitHIGH EFFICIENCY REFRGERATION COMPRESSORSScroll (per hp); COP ≥ 2.2Standard CompressorStandard CompressorP-Commercial-RefrigerationNND","IESO - Measure","Non-Residential","Retrofit","Refrigeration","HIGH EFFICIENCY REFRIGERATION COMPRESSORS","Scroll (per hp); COP ≥ 2.2","Standard Compressor",5858,0.41399999999999998,2425.212,0.33900000000000002,1985.8620000000001,7.4999999999999956E-2,439.34999999999991,5.4411807692307683E-2,13,"PSP-Business-Commercial-Refrigeration",200,0.68200000000000005,0.69199999999999995,0,0,"No",null,null,null,null,null,null,null,"No","Dx",false,0]
["INon-ResidentialRetrofitRetrofitHOTEL OCCUPANCY CONTLS (HVAC + LIGHTING)Electrically heated facilityNo controls installeo controls installedPess-Commercial-Cooling_DXNND","IESO - Measure","Non-Residential","Retrofit","Space Cooling","HOTEL OCCUPANCY CONTROLS (HVAC + LIGHTING)","Electrically heated facility","No controls installed","-","-","-","-","-","-",507,0.28470000000000001,10,"PSP-Business-Commercial-Cooling_DX",321,0.68200000000000005,0.69199999999999995,0,0,"No",null,null,null,null,null,null,null,"No","Dx",false,0]
["INon-ResidentialRetrofitRetrofitHOTEL OCCUPANCY CONTLS (HVAC + LIGHTING)Gas heated facilityNo controls installeo controls installedPess-Commercial-Cooling_DXNND","IESO - Measure","Non-Residential","Retrofit","Space Cooling","HOTEL OCCUPANCY CONTROLS (HVAC + LIGHTING)","Gas heated facility","No controls installed","-","-","-","-","-","-",254,0.14263076923076923,10,"PSP-Business-Commercial-Cooling_DX",321,0.68200000000000005,0.69199999999999995,0,0,"No",null,null,null,null,null,null,null,"No","Dx",false,0]
["INon-ResidentialRetrofitRetrofitECM MOTORS FOR HVACFAN-POWERED VAV BOX)VAV Units < 1000 CFM (per CFM)VAV Box with PSC motBox with PSC motorsPess-Commercial-Cooling_DXNND","IESO - Measure","Non-Residential","Retrofit","Space Cooling","ECM MOTORS FOR HVAC APPLICATION (FAN-POWERED VAV BOX)","VAV Units < 1000 CFM (per CFM)","VAV Box with PSC motors",3000,"-","-","-","-","-",0.5,2.8076923076923076E-4,15,"PSP-Business-Commercial-Cooling_DX",0.16,0.68200000000000005,0.69199999999999995,0,0,"No",null,null,null,null,null,null,null,"No","Dx",false,0]
["INon-ResidentialRetrofitRetrofitECM MOTORS FOR HVACFAN-POWERED VAV BOX)VAV Units > 1000 CFM (per CFM)VAV Box with PSC motBox with PSC motorsPess-Commercial-Cooling_DXNND","IESO - Measure","Non-Residential","Retrofit","Space Cooling","ECM MOTORS FOR HVAC APPLICATION (FAN-POWERED VAV BOX)","VAV Units > 1000 CFM (per CFM)","VAV Box with PSC motors",3000,"-","-","-","-","-",0.35,1.9653846153846154E-4,15,"PSP-Business-Commercial-Cooling_DX",0.55000000000000004,0.68200000000000005,0.69199999999999995,0,0,"No",null,null,null,null,null,null,null,"No","Dx",false,0]
["INon-ResidentialRetrofitRetrofitECM MOTORS FOR HVACAN MOTOR REPLACEMENTMotor < 1 hp (per hp)VAV Box with PSC motBox with PSC motorsPess-Commercial-Cooling_DXNND","IESO - Measure","Non-Residential","Retrofit","Space Cooling","ECM MOTORS FOR HVAC APPLICATION (FAN MOTOR REPLACEMENT","Motor < 1 hp (per hp)","VAV Box with PSC motors",3000,"-","-","-","-","-",465,0.26111538461538458,15,"PSP-Business-Commercial-Cooling_DX",160,0.68200000000000005,0.69199999999999995,0,0,"No",null,null,null,null,null,null,null,"No","Dx",false,0]
["INon-ResidentialRetrofitRetrofitECM MOTORS FOR HVACAN MOTOR REPLACEMENTMotor ≥ 1 hp (per hp)VAV Box with PSC motBox with PSC motorsPess-Commercial-Cooling_DXNND","IESO - Measure","Non-Residential","Retrofit","Space Cooling","ECM MOTORS FOR HVAC APPLICATION (FAN MOTOR REPLACEMENT","Motor ≥ 1 hp (per hp)","VAV Box with PSC motors",3000,"-","-","-","-","-",593,0.33299230769230764,15,"PSP-Business-Commercial-Cooling_DX",475,0.68200000000000005,0.69199999999999995,0,0,"No",null,null,null,null,null,null,null,"No","Dx",false,0]
["INon-ResidentialRetrofitRetrofitENERGY STAR® ICE MACY STAR® ICE MACHINESIce Making Head <204 kg/day iceStandard ice machinetandard ice machinesPmmercial-Other_Plug_LoadsNND","IESO - Measure","Non-Residential","Retrofit","Building Plug Load","ENERGY STAR® ICE MACHINES","Ice Making Head <204 kg/day ice","Standard ice machines",8760,0.57792848888888881,5062.6535626666664,0.52156741666666662,4568.9305699999995,5.6361072222222197E-2,493.72299266666687,5.722122889367523E-2,8,"PSP-Business-Commercial-Other_Plug_Loads",559,0.68200000000000005,0.69199999999999995,0,0,"No",null,null,null,null,null,null,null,"No","Dx",false,0]
["INon-ResidentialRetrofitRetrofitENERGY STAR® ICE MACY STAR® ICE MACHINESIce Making Head ≥204 kg/day iceStandard ice machinetandard ice machinesPmmercial-Other_Plug_LoadsNND","IESO - Measure","Non-Residential","Retrofit","Building Plug Load","ENERGY STAR® ICE MACHINES","Ice Making Head ≥204 kg/day ice","Standard ice machines",8760,1.3245012944444443,11602.631339333333,1.1873674881944445,10401.339196583334,0.13713380624999982,1201.2921427499987,0.13922667910846137,8,"PSP-Business-Commercial-Other_Plug_Loads",1485,0.68200000000000005,0.69199999999999995,0,0,"No",null,null,null,null,null,null,null,"No","Dx",false,0]
["INon-ResidentialRetrofitRetrofitENERGY STAR® ICE MACY STAR® ICE MACHINESRemote Condensing Unit (w/o Remote Compressor) <454 kg/day iceStandard ice machinetandard ice machinesPmmercial-Other_Plug_LoadsNND","IESO - Measure","Non-Residential","Retrofit","Building Plug Load","ENERGY STAR® ICE MACHINES","Remote Condensing Unit (w/o Remote Compressor) <454 kg/day ice","Standard ice machines",8760,1.0322303902777774,9042.3382188333308,0.93211024652777752,8165.2857595833311,0.10012014374999989,877.05245924999963,0.10164813117461534,8,"PSP-Business-Commercial-Other_Plug_Loads",1485,0.68200000000000005,0.69199999999999995,0,0,"No",null,null,null,null,null,null,null,"No","Dx",false,0]
["INon-ResidentialRetrofitRetrofitENERGY STAR® ICE MACY STAR® ICE MACHINESRemote Condensing Unit (w/o Remote Compressor) ≥454 kg/day iceStandard ice machinetandard ice machinesPmmercial-Other_Plug_LoadsNND","IESO - Measure","Non-Residential","Retrofit","Building Plug Load","ENERGY STAR® ICE MACHINES","Remote Condensing Unit (w/o Remote Compressor) ≥454 kg/day ice","Standard ice machines",8760,2.3361588541666665,20464.751562499998,2.1214192708333335,18583.6328125,0.21473958333333298,1881.1187499999978,0.21801683974358949,8,"PSP-Business-Commercial-Other_Plug_Loads",2194,0.68200000000000005,0.69199999999999995,0,0,"No",null,null,null,null,null,null,null,"No","Dx",false,0]
["INon-ResidentialRetrofitRetrofitENERGY STAR® ICE MACY STAR® ICE MACHINESRemote Condensing Unit (with Remote Compressor) <423 kg/day iceStandard ice machinetandard ice machinesPmmercial-Other_Plug_LoadsNND","IESO - Measure","Non-Residential","Retrofit","Building Plug Load","ENERGY STAR® ICE MACHINES","Remote Condensing Unit (with Remote Compressor) <423 kg/day ice","Standard ice machines",8760,1.0016940124999998,8774.8395494999986,0.87397856562499976,7656.0522348749982,0.12771544687500003,1118.7873146250004,0.12966458107961543,8,"PSP-Business-Commercial-Other_Plug_Loads",1485,0.68200000000000005,0.69199999999999995,0,0,"No",null,null,null,null,null,null,null,"No","Dx",false,0]
["INon-ResidentialRetrofitRetrofitENERGY STAR® ICE MACY STAR® ICE MACHINESRemote Condensing Unit (with Remote Compressor) ≥423 kg/day iceStandard ice machinetandard ice machinesPmmercial-Other_Plug_LoadsNND","IESO - Measure","Non-Residential","Retrofit","Building Plug Load","ENERGY STAR® ICE MACHINES","Remote Condensing Unit (with Remote Compressor) ≥423 kg/day ice","Standard ice machines",8760,1.7370195833333333,15216.29155,1.5763679861111106,13808.98355833333,0.16065159722222266,1407.3079916666702,0.16310338775213715,8,"PSP-Business-Commercial-Other_Plug_Loads",1821,0.68200000000000005,0.69199999999999995,0,0,"No",null,null,null,null,null,null,null,"No","Dx",false,0]
["INon-ResidentialRetrofitRetrofitENERGY STAR® ICE MACY STAR® ICE MACHINESSelf Contained Unit <79 kg/day iceStandard ice machinetandard ice machinesPmmercial-Other_Plug_LoadsNND","IESO - Measure","Non-Residential","Retrofit","Building Plug Load","ENERGY STAR® ICE MACHINES","Self Contained Unit <79 kg/day ice","Standard ice machines",8760,0.29542763541666661,2587.9460862499996,0.27346145833333335,2395.522375,2.196617708333326E-2,192.42371124999954,2.2301414739743536E-2,8,"PSP-Business-Commercial-Other_Plug_Loads",296,0.68200000000000005,0.69199999999999995,0,0,"No",null,null,null,null,null,null,null,"No","Dx",false,0]
["INon-ResidentialRetrofitRetrofitENERGY STAR® ICE MACY STAR® ICE MACHINESSelf Contained Unit ≥79 kg/day iceStandard ice machinetandard ice machinesPmmercial-Other_Plug_LoadsNND","IESO - Measure","Non-Residential","Retrofit","Building Plug Load","ENERGY STAR® ICE MACHINES","Self Contained Unit ≥79 kg/day ice","Standard ice machines",8760,0.53358861111111111,4674.2362333333331,0.49502916666666669,4336.4555,3.8559444444444424E-2,337.78073333333305,3.9147920888888854E-2,8,"PSP-Business-Commercial-Other_Plug_Loads",312,0.68200000000000005,0.69199999999999995,0,0,"No",null,null,null,null,null,null,null,"No","Dx",false,0]
["INon-ResidentialRetrofitRetrofitBEVERAGE VENDING MACING MACHINE CONTROLSVending Machine Capacity <500 cansStandard beverage veage vending machinesPmmercial-Other_Plug_LoadsNND","IESO - Measure","Non-Residential","Retrofit","Building Plug Load","BEVERAGE VENDING MACHINE CONTROLS","Vending Machine Capacity <500 cans","Standard beverage vending machines",8760,"-","-","-","-","-",1432,0.16596512820512821,5,"PSP-Business-Commercial-Other_Plug_Loads",190,0.68200000000000005,0.69199999999999995,0,0,"No",null,null,null,null,null,null,null,"No","Dx",false,0]
["INon-ResidentialRetrofitRetrofitBEVERAGE VENDING MACING MACHINE CONTROLSVending Machine Capacity ≥500 to <600 cansStandard beverage veage vending machinesPmmercial-Other_Plug_LoadsNND","IESO - Measure","Non-Residential","Retrofit","Building Plug Load","BEVERAGE VENDING MACHINE CONTROLS","Vending Machine Capacity ≥500 to <600 cans","Standard beverage vending machines",8760,"-","-","-","-","-",1801,0.20873128205128202,5,"PSP-Business-Commercial-Other_Plug_Loads",190,0.68200000000000005,0.69199999999999995,0,0,"No",null,null,null,null,null,null,null,"No","Dx",false,0]
["INon-ResidentialRetrofitRetrofitBEVERAGE VENDING MACING MACHINE CONTROLSVending Machine Capacity ≥600 to <700 cansStandard beverage veage vending machinesPmmercial-Other_Plug_LoadsNND","IESO - Measure","Non-Residential","Retrofit","Building Plug Load","BEVERAGE VENDING MACHINE CONTROLS","Vending Machine Capacity ≥600 to <700 cans","Standard beverage vending machines",8760,"-","-","-","-","-",1633,0.18926051282051282,5,"PSP-Business-Commercial-Other_Plug_Loads",190,0.68200000000000005,0.69199999999999995,0,0,"No",null,null,null,null,null,null,null,"No","Dx",false,0]
["INon-ResidentialRetrofitRetrofitBEVERAGE VENDING MACING MACHINE CONTROLSVending Machine Capacity ≥700 to <800 cansStandard beverage veage vending machinesPmmercial-Other_Plug_LoadsNND","IESO - Measure","Non-Residential","Retrofit","Building Plug Load","BEVERAGE VENDING MACHINE CONTROLS","Vending Machine Capacity ≥700 to <800 cans","Standard beverage vending machines",8760,"-","-","-","-","-",1931,0.22379794871794872,5,"PSP-Business-Commercial-Other_Plug_Loads",190,0.68200000000000005,0.69199999999999995,0,0,"No",null,null,null,null,null,null,null,"No","Dx",false,0]
["INon-ResidentialRetrofitRetrofitBEVERAGE VENDING MACING MACHINE CONTROLSVending Machine Capacity ≥800 cansStandard beverage veage vending machinesPmmercial-Other_Plug_LoadsNND","IESO - Measure","Non-Residential","Retrofit","Building Plug Load","BEVERAGE VENDING MACHINE CONTROLS","Vending Machine Capacity ≥800 cans","Standard beverage vending machines",8760,"-","-","-","-","-",1526,0.17685948717948718,5,"PSP-Business-Commercial-Other_Plug_Loads",190,0.68200000000000005,0.69199999999999995,0,0,"No",null,null,null,null,null,null,null,"No","Dx",false,0]
["INon-ResidentialRetrofitRetrofitNETWORK PC POWER MANMANAGEMENT SOFTWARECentrally controlled desktop PCNo software installeo software installedPercial-Computer_EquipmentNND","IESO - Measure","Non-Residential","Retrofit","Computer","NETWORK PC POWER MANAGEMENT SOFTWARE","Centrally controlled desktop PC","No software installed",8760,4.2599999999999999E-2,373.17599999999999,7.9000000000000008E-3,69.204000000000008,3.4699999999999995E-2,303.97199999999998,3.8113412307692301E-2,6,"PSP-Business-Commercial-Computer_Equipment",15,0.68200000000000005,0.69199999999999995,0,0,"No",null,null,null,null,null,null,null,"No","Dx",false,0]
["INon-ResidentialRetrofitRetrofitT8 LAMPS & ELECTRONIELECTRONIC BALLAST1 – 4’ 32W LBF4' -T8-32W-Electroniic Ballasts - 1 LampPl-Lighting_Small BusinessNND","IESO - Measure","Non-Residential","Retrofit","Lighting ","T8 LAMPS & ELECTRONIC BALLAST ","1 – 4’ 32W LBF","4' -T8-32W-Electronic Ballasts - 1 Lamp",3911,4.8000000000000001E-2,187.72800000000001,0.03,117.33,1.8000000000000002E-2,70.39800000000001,1.2148167692307695E-2,13,"PSP-Business-Commercial-Lighting_Small Business",-0.76240135109919116,"n/a","n/a",0,0,"No",null,null,null,null,null,null,null,"No","Dx",false,0]
["INon-ResidentialRetrofitRetrofitT8 LAMPS & ELECTRONIELECTRONIC BALLAST1 – 4’ 25W NBF4' -T8-32W-Electroniic Ballasts - 1 LampPl-Lighting_Small BusinessNND","IESO - Measure","Non-Residential","Retrofit","Lighting ","T8 LAMPS & ELECTRONIC BALLAST ","1 – 4’ 25W NBF","4' -T8-32W-Electronic Ballasts - 1 Lamp",3911,4.8000000000000001E-2,187.72800000000001,0.03,117.33,1.8000000000000002E-2,70.39800000000001,1.2148167692307695E-2,13,"PSP-Business-Commercial-Lighting_Small Business",-0.51240135109919116,"n/a","n/a",0,0,"No",null,null,null,null,null,null,null,"No","Dx",false,0]
["INon-ResidentialRetrofitRetrofitT8 LAMPS & ELECTRONIELECTRONIC BALLAST1 – 4’ 28W LBF4' -T8-32W-Electroniic Ballasts - 1 LampPl-Lighting_Small BusinessNND","IESO - Measure","Non-Residential","Retrofit","Lighting ","T8 LAMPS & ELECTRONIC BALLAST ","1 – 4’ 28W LBF","4' -T8-32W-Electronic Ballasts - 1 Lamp",3911,4.8000000000000001E-2,187.72800000000001,0.03,117.33,1.8000000000000002E-2,70.39800000000001,1.2148167692307695E-2,13,"PSP-Business-Commercial-Lighting_Small Business",-1.0124013510991912,"n/a","n/a",0,0,"No",null,null,null,null,null,null,null,"No","Dx",false,0]
["INon-ResidentialRetrofitRetrofitT8 LAMPS & ELECTRONIELECTRONIC BALLAST1 – 4’ 32W BF > 1.1 + Reflector4' -T8-32W-Electroniic Ballasts - 1 LampPl-Lighting_Small BusinessNND","IESO - Measure","Non-Residential","Retrofit","Lighting ","T8 LAMPS & ELECTRONIC BALLAST ","1 – 4’ 32W BF > 1.1 + Reflector","4' -T8-32W-Electronic Ballasts - 1 Lamp",3911,8.2000000000000003E-2,320.702,0.03,117.33,5.2000000000000005E-2,203.37200000000001,3.509470666666667E-2,13,"PSP-Business-Commercial-Lighting_Small Business",-0.76240135109919116,"n/a","n/a",0,0,"No",null,null,null,null,null,null,null,"No","Dx",false,0]
["INon-ResidentialRetrofitRetrofitT8 LAMPS & ELECTRONIELECTRONIC BALLAST2 – 4’ 32W LBF4' -T8-32W-Electronic Ballasts - 2 LampsPl-Lighting_Small BusinessNND","IESO - Measure","Non-Residential","Retrofit","Lighting ","T8 LAMPS & ELECTRONIC BALLAST ","2 – 4’ 32W LBF","4' -T8-32W-Electronic Ballasts - 2 Lamps",3911,8.2000000000000003E-2,320.702,5.8000000000000003E-2,226.83800000000002,2.4E-2,93.863999999999976,1.6197556923076919E-2,13,"PSP-Business-Commercial-Lighting_Small Business",-1.5248027021983823,"n/a","n/a",0,0,"No",null,null,null,null,null,null,null,"No","Dx",false,0]
["INon-ResidentialRetrofitRetrofitT8 LAMPS & ELECTRONIELECTRONIC BALLAST2 – 4’ 25W NBF4' -T8-32W-Electronic Ballasts - 2 LampsPl-Lighting_Small BusinessNND","IESO - Measure","Non-Residential","Retrofit","Lighting ","T8 LAMPS & ELECTRONIC BALLAST ","2 – 4’ 25W NBF","4' -T8-32W-Electronic Ballasts - 2 Lamps",3911,8.2000000000000003E-2,320.702,5.8000000000000003E-2,226.83800000000002,2.4E-2,93.863999999999976,1.6197556923076919E-2,13,"PSP-Business-Commercial-Lighting_Small Business",-1.0248027021983823,"n/a","n/a",0,0,"No",null,null,null,null,null,null,null,"No","Dx",false,0]
["INon-ResidentialRetrofitRetrofitT8 LAMPS & ELECTRONIELECTRONIC BALLAST2 – 4’ 28W LBF4' -T8-32W-Electronic Ballasts - 2 LampsPl-Lighting_Small BusinessNND","IESO - Measure","Non-Residential","Retrofit","Lighting ","T8 LAMPS & ELECTRONIC BALLAST ","2 – 4’ 28W LBF","4' -T8-32W-Electronic Ballasts - 2 Lamps",3911,8.2000000000000003E-2,320.702,5.8000000000000003E-2,226.83800000000002,2.4E-2,93.863999999999976,1.6197556923076919E-2,13,"PSP-Business-Commercial-Lighting_Small Business",-2.0248027021983823,"n/a","n/a",0,0,"No",null,null,null,null,null,null,null,"No","Dx",false,0]
["INon-ResidentialRetrofitRetrofitT8 LAMPS & ELECTRONIELECTRONIC BALLAST2 – 4’ 32W BF > 1.1 + Reflector4' -T8-32W-Electronic Ballasts - 2 LampsPl-Lighting_Small BusinessNND","IESO - Measure","Non-Residential","Retrofit","Lighting ","T8 LAMPS & ELECTRONIC BALLAST ","2 – 4’ 32W BF > 1.1 + Reflector","4' -T8-32W-Electronic Ballasts - 2 Lamps",3911,0.14399999999999999,563.18399999999997,5.8000000000000003E-2,226.83800000000002,8.5999999999999993E-2,336.34599999999995,5.8041245641025634E-2,13,"PSP-Business-Commercial-Lighting_Small Business",-1.5248027021983823,"n/a","n/a",0,0,"No",null,null,null,null,null,null,null,"No","Dx",false,0]
["INon-ResidentialRetrofitRetrofitT8 LAMPS & ELECTRONIELECTRONIC BALLAST4 – 4’ 32W LBF4' -T8-32W-Electronic Ballasts - 4 LampsPl-Lighting_Small BusinessNND","IESO - Measure","Non-Residential","Retrofit","Lighting ","T8 LAMPS & ELECTRONIC BALLAST ","4 – 4’ 32W LBF","4' -T8-32W-Electronic Ballasts - 4 Lamps",3911,0.14399999999999999,563.18399999999997,0.112,438.03199999999998,3.1999999999999987E-2,125.15199999999999,2.1596742564102562E-2,13,"PSP-Business-Commercial-Lighting_Small Business",-3.0496054043967646,"n/a","n/a",0,0,"No",null,null,null,null,null,null,null,"No","Dx",false,0]
["INon-ResidentialRetrofitRetrofitT8 LAMPS & ELECTRONIELECTRONIC BALLAST4 – 4’ 25W NBF4' -T8-32W-Electronic Ballasts - 4 LampsPl-Lighting_Small BusinessNND","IESO - Measure","Non-Residential","Retrofit","Lighting ","T8 LAMPS & ELECTRONIC BALLAST ","4 – 4’ 25W NBF","4' -T8-32W-Electronic Ballasts - 4 Lamps",3911,0.14399999999999999,563.18399999999997,0.112,438.03199999999998,3.1999999999999987E-2,125.15199999999999,2.1596742564102562E-2,13,"PSP-Business-Commercial-Lighting_Small Business",-2.0496054043967646,"n/a","n/a",0,0,"No",null,null,null,null,null,null,null,"No","Dx",false,0]
["INon-ResidentialRetrofitRetrofitT8 LAMPS & ELECTRONIELECTRONIC BALLAST4 – 4’ 28W LBF4' -T8-32W-Electronic Ballasts - 4 LampsPl-Lighting_Small BusinessNND","IESO - Measure","Non-Residential","Retrofit","Lighting ","T8 LAMPS & ELECTRONIC BALLAST ","4 – 4’ 28W LBF","4' -T8-32W-Electronic Ballasts - 4 Lamps",3911,0.14399999999999999,563.18399999999997,0.112,438.03199999999998,3.1999999999999987E-2,125.15199999999999,2.1596742564102562E-2,13,"PSP-Business-Commercial-Lighting_Small Business",-4.0496054043967646,"n/a","n/a",0,0,"No",null,null,null,null,null,null,null,"No","Dx",false,0]
["INon-ResidentialRetrofitRetrofitT8 LAMPS & ELECTRONIELECTRONIC BALLAST2 – 4’ 28W LBF4’ –T8 32W-Magneticc Ballasts - 2 LampsPl-Lighting_Small BusinessNND","IESO - Measure","Non-Residential","Retrofit","Lighting ","T8 LAMPS & ELECTRONIC BALLAST ","2 – 4’ 28W LBF","4’ –T8 32W-Magnetic Ballasts - 2 Lamps",3911,7.0999999999999994E-2,277.68099999999998,4.2999999999999997E-2,168.17299999999997,2.7999999999999997E-2,109.50800000000001,1.8897149743589744E-2,13,"PSP-Business-Commercial-Lighting_Small Business",-16.304171349233201,"n/a","n/a",0,0,"No",null,null,null,null,null,null,null,"No","Dx",false,0]
["INon-ResidentialRetrofitRetrofitT8 LAMPS & ELECTRONIELECTRONIC BALLAST4 – 4’ 28W LBF4’ –T8 32W-Magneticc Ballasts - 4 LampsPl-Lighting_Small BusinessNND","IESO - Measure","Non-Residential","Retrofit","Lighting ","T8 LAMPS & ELECTRONIC BALLAST ","4 – 4’ 28W LBF","4’ –T8 32W-Magnetic Ballasts - 4 Lamps",3911,0.14199999999999999,555.36199999999997,8.4000000000000005E-2,328.524,5.7999999999999982E-2,226.83799999999997,3.9144095897435893E-2,13,"PSP-Business-Commercial-Lighting_Small Business",-14.919052970552229,"n/a","n/a",0,0,"No",null,null,null,null,null,null,null,"No","Dx",false,0]
["INon-ResidentialSmall Busis LightingMETAL HALIDE DIRECTECT LAMP REPLACEMENT1 – 150W Metal Halide Direct Lamp Replacement ANSI#M152/O175W Metal Halide175W Metal HalidePl-Lighting_Small BusinessNND","IESO - Measure","Non-Residential","Small Business Lighting","Lighting ","METAL HALIDE DIRECT LAMP REPLACEMENT","1 – 150W Metal Halide Direct Lamp Replacement ANSI#M152/O","175W Metal Halide",3870,0.17499999999999999,677.25,0.15,580.5,2.4999999999999994E-2,96.75,1.6695576923076921E-2,3,"PSP-Business-Commercial-Lighting_Small Business",0,0.94399999999999995,0.94499999999999995,0,0,"No",null,null,null,null,null,null,null,"No","Dx",false,0]
["INon-ResidentialSmall Busis LightingMETAL HALIDE DIRECTECT LAMP REPLACEMENT1 – 360W Metal Halide Direct Lamp Replacement400W Metal Halide400W Metal HalidePl-Lighting_Small BusinessNND","IESO - Measure","Non-Residential","Small Business Lighting","Lighting ","METAL HALIDE DIRECT LAMP REPLACEMENT","1 – 360W Metal Halide Direct Lamp Replacement","400W Metal Halide",3870,0.4,1548,0.36,1393.2,4.0000000000000036E-2,154.79999999999995,2.6712923076923068E-2,5,"PSP-Business-Commercial-Lighting_Small Business",0,0.94399999999999995,0.94499999999999995,0,0,"No",null,null,null,null,null,null,null,"No","Dx",false,0]
["INon-ResidentialSmall Busis LightingT8 / T5 REPLACEMENTT8 / T5 REPLACEMENT4 – 4’ 32W HBF Fixture (Minimum of 3,100 Lumens Per Lamp)250W Metal Halide250W Metal HalidePl-Lighting_Small BusinessNND","IESO - Measure","Non-Residential","Small Business Lighting","Lighting ","T8 / T5 REPLACEMENT","4 – 4’ 32W HBF Fixture (Minimum of 3,100 Lumens Per Lamp)","250W Metal Halide",3870,0.29499999999999998,1141.6499999999999,0.14199999999999999,549.54,0.153,592.1099999999999,0.10217693076923075,13,"PSP-Business-Commercial-Lighting_Small Business",-132.67195127278353,0.94399999999999995,0.94499999999999995,0,0,"No",null,null,null,null,null,null,null,"No","Dx",false,0]
["INon-ResidentialSmall Busis LightingT8 / T5 REPLACEMENTT8 / T5 REPLACEMENT3 – 4' 54W T5 High Output Fixture250W Metal Halide250W Metal HalidePl-Lighting_Small BusinessNND","IESO - Measure","Non-Residential","Small Business Lighting","Lighting ","T8 / T5 REPLACEMENT","3 – 4' 54W T5 High Output Fixture","250W Metal Halide",3870,0.29499999999999998,1141.6499999999999,0.17899999999999999,692.73,0.11599999999999999,448.91999999999985,7.74674769230769E-2,13,"PSP-Business-Commercial-Lighting_Small Business",-16.278181773709349,0.94399999999999995,0.94499999999999995,0,0,"No",null,null,null,null,null,null,null,"No","Dx",false,0]
["INon-ResidentialSmall Busis LightingT8 / T5 REPLACEMENTT8 / T5 REPLACEMENT4 – 4' 54W T5 High Output Fixture250W Metal Halide250W Metal HalidePl-Lighting_Small BusinessNND","IESO - Measure","Non-Residential","Small Business Lighting","Lighting ","T8 / T5 REPLACEMENT","4 – 4' 54W T5 High Output Fixture","250W Metal Halide",3870,0.29499999999999998,1141.6499999999999,0.23400000000000001,905.58,6.0999999999999971E-2,236.06999999999982,4.073720769230766E-2,13,"PSP-Business-Commercial-Lighting_Small Business",-4.278181773709349,0.94399999999999995,0.94499999999999995,0,0,"No",null,null,null,null,null,null,null,"No","Dx",false,0]
["INon-ResidentialSmall Busis LightingT8 / T5 REPLACEMENTT8 / T5 REPLACEMENT6 – 4’ 32W HBF Fixture (Minimum of 3,100 Lumens Per Lamp)400W Metal Halide400W Metal HalidePl-Lighting_Small BusinessNND","IESO - Measure","Non-Residential","Small Business Lighting","Lighting ","T8 / T5 REPLACEMENT","6 – 4’ 32W HBF Fixture (Minimum of 3,100 Lumens Per Lamp)","400W Metal Halide",3870,0.45800000000000002,1772.46,0.222,859.14,0.23600000000000002,913.32,0.15760624615384616,13,"PSP-Business-Commercial-Lighting_Small Business",-82.142277290337674,0.94399999999999995,0.94499999999999995,0,0,"No",null,null,null,null,null,null,null,"No","Dx",false,0]
["INon-ResidentialSmall Busis LightingT8 / T5 REPLACEMENTT8 / T5 REPLACEMENT4 – 4' 54W T5 High Output Fixture400W Metal Halide400W Metal HalidePl-Lighting_Small BusinessNND","IESO - Measure","Non-Residential","Small Business Lighting","Lighting ","T8 / T5 REPLACEMENT","4 – 4' 54W T5 High Output Fixture","400W Metal Halide",3870,0.45800000000000002,1772.46,0.23400000000000001,905.58,0.224,866.88,0.14959236923076921,13,"PSP-Business-Commercial-Lighting_Small Business",33,0.94399999999999995,0.94499999999999995,0,0,"No",null,null,null,null,null,null,null,"No","Dx",false,0]
["INon-ResidentialSmall Busis LightingT8 / T5 REPLACEMENTT8 / T5 REPLACEMENT6 – 4' 54W T5 High Output Fixture400W Metal Halide400W Metal HalidePl-Lighting_Small BusinessNND","IESO - Measure","Non-Residential","Small Business Lighting","Lighting ","T8 / T5 REPLACEMENT","6 – 4' 54W T5 High Output Fixture","400W Metal Halide",3870,0.45800000000000002,1772.46,0.34200000000000003,1323.5400000000002,0.11599999999999999,448.91999999999985,7.74674769230769E-2,13,"PSP-Business-Commercial-Lighting_Small Business",45,0.94399999999999995,0.94499999999999995,0,0,"No",null,null,null,null,null,null,null,"No","Dx",false,0]
["INon-ResidentialSmall Busis LightingT8 / T5 REPLACEMENTR/DUST PROOF FIXTURE4 – 4’ 32W HBF Vapour / Dust Proof Fixture (Minimum of 3,100 Lumens Per Lamp)250W Metal Halide250W Metal HalidePl-Lighting_Small BusinessNND","IESO - Measure","Non-Residential","Small Business Lighting","Lighting ","T8 / T5 REPLACEMENT – VAPOUR/DUST PROOF FIXTURE","4 – 4’ 32W HBF Vapour / Dust Proof Fixture (Minimum of 3,100 Lumens Per Lamp)","250W Metal Halide",3870,0.29499999999999998,1141.6499999999999,0.14199999999999999,549.54,0.153,592.1099999999999,0.10217693076923075,13,"PSP-Business-Commercial-Lighting_Small Business",-128.24695127278352,0.94399999999999995,0.94499999999999995,0,0,"No",null,null,null,null,null,null,null,"No","Dx",false,0]
["INon-ResidentialSmall Busis LightingT8 / T5 REPLACEMENTR/DUST PROOF FIXTURE3 – 4' 54W T5 High Output Vapour / Dust Proof Fixture250W Metal Halide250W Metal HalidePl-Lighting_Small BusinessNND","IESO - Measure","Non-Residential","Small Business Lighting","Lighting ","T8 / T5 REPLACEMENT – VAPOUR/DUST PROOF FIXTURE","3 – 4' 54W T5 High Output Vapour / Dust Proof Fixture","250W Metal Halide",3870,0.29499999999999998,1141.6499999999999,0.17899999999999999,692.73,0.11599999999999999,448.91999999999985,7.74674769230769E-2,13,"PSP-Business-Commercial-Lighting_Small Business",-0.97818177370935189,0.94399999999999995,0.94499999999999995,0,0,"No",null,null,null,null,null,null,null,"No","Dx",false,0]
["INon-ResidentialSmall Busis LightingT8 / T5 REPLACEMENTR/DUST PROOF FIXTURE4 – 4' 54W T5 High Output Vapour / Dust Proof Fixture250W Metal Halide250W Metal HalidePl-Lighting_Small BusinessNND","IESO - Measure","Non-Residential","Small Business Lighting","Lighting ","T8 / T5 REPLACEMENT – VAPOUR/DUST PROOF FIXTURE","4 – 4' 54W T5 High Output Vapour / Dust Proof Fixture","250W Metal Halide",3870,0.29499999999999998,1141.6499999999999,0.23400000000000001,905.58,6.0999999999999971E-2,236.06999999999982,4.073720769230766E-2,13,"PSP-Business-Commercial-Lighting_Small Business",12.821818226290645,0.94399999999999995,0.94499999999999995,0,0,"No",null,null,null,null,null,null,null,"No","Dx",false,0]
["INon-ResidentialSmall Busis LightingT8 / T5 REPLACEMENTR/DUST PROOF FIXTURE6 – 4’ 32W HBF Vapour / Dust Proof Fixture (Minimum of 3,100 Lumens Per Lamp)400W Metal Halide400W Metal HalidePl-Lighting_Small BusinessNND","IESO - Measure","Non-Residential","Small Business Lighting","Lighting ","T8 / T5 REPLACEMENT – VAPOUR/DUST PROOF FIXTURE","6 – 4’ 32W HBF Vapour / Dust Proof Fixture (Minimum of 3,100 Lumens Per Lamp)","400W Metal Halide",3870,0.45800000000000002,1772.46,0.222,859.14,0.23600000000000002,913.32,0.15760624615384616,13,"PSP-Business-Commercial-Lighting_Small Business",-76.817277290337671,0.94399999999999995,0.94499999999999995,0,0,"No",null,null,null,null,null,null,null,"No","Dx",false,0]
["INon-ResidentialSmall Busis LightingT8 / T5 REPLACEMENTR/DUST PROOF FIXTURE4 – 4' 54W T5 High Output Vapour / Dust Proof Fixture400W Metal Halide400W Metal HalidePl-Lighting_Small BusinessNND","IESO - Measure","Non-Residential","Small Business Lighting","Lighting ","T8 / T5 REPLACEMENT – VAPOUR/DUST PROOF FIXTURE","4 – 4' 54W T5 High Output Vapour / Dust Proof Fixture","400W Metal Halide",3870,0.45800000000000002,1772.46,0.23400000000000001,905.58,0.224,866.88,0.14959236923076921,13,"PSP-Business-Commercial-Lighting_Small Business",48.3,0.94399999999999995,0.94499999999999995,0,0,"No",null,null,null,null,null,null,null,"No","Dx",false,0]
["INon-ResidentialSmall Busis LightingT8 / T5 REPLACEMENTR/DUST PROOF FIXTURE6 – 4' 54W T5 High Output Vapour / Dust Proof Fixture400W Metal Halide400W Metal HalidePl-Lighting_Small BusinessNND","IESO - Measure","Non-Residential","Small Business Lighting","Lighting ","T8 / T5 REPLACEMENT – VAPOUR/DUST PROOF FIXTURE","6 – 4' 54W T5 High Output Vapour / Dust Proof Fixture","400W Metal Halide",3870,0.45800000000000002,1772.46,0.34200000000000003,1323.5400000000002,0.11599999999999999,448.91999999999985,7.74674769230769E-2,13,"PSP-Business-Commercial-Lighting_Small Business",62.099999999999994,0.94399999999999995,0.94499999999999995,0,0,"No",null,null,null,null,null,null,null,"No","Dx",false,0]
["INon-ResidentialRetrofitRetrofitENERGY STAR® LED LAMT LOCATION RATED PAR7W – 11W ENERGY STAR® Qualified LED A Shape11-13W Compact Fluoract Fluorescent LampPl-Lighting_Small BusinessNND","IESO - Measure","Non-Residential","Retrofit","Lighting ","ENERGY STAR® LED LAMPS - OMNIDIRECTIONAL A SHAPE OR WET LOCATION RATED PAR","7W – 11W ENERGY STAR® Qualified LED A Shape","11-13W Compact Fluorescent Lamp",3911,1.2E-2,46.932000000000002,8.9999999999999993E-3,35.198999999999998,3.0000000000000009E-3,11.733000000000004,2.0246946153846162E-3,7,"PSP-Business-Commercial-Lighting_Small Business",2.0656790429714142,"n/a","n/a",0,0,"No",null,null,null,null,null,null,null,"No","Dx",false,0]
["INon-ResidentialRetrofitRetrofitENERGY STAR® LED LAMT LOCATION RATED PAR10W – 14W ENERGY STAR® Qualified LED A Shape15-23W Compact Fluoract Fluorescent LampPl-Lighting_Small BusinessNND","IESO - Measure","Non-Residential","Retrofit","Lighting ","ENERGY STAR® LED LAMPS - OMNIDIRECTIONAL A SHAPE OR WET LOCATION RATED PAR","10W – 14W ENERGY STAR® Qualified LED A Shape","15-23W Compact Fluorescent Lamp",3911,1.9E-2,74.308999999999997,1.2E-2,46.932000000000002,6.9999999999999993E-3,27.376999999999995,4.7242874358974351E-3,7,"PSP-Business-Commercial-Lighting_Small Business",2.3285338099133064,"n/a","n/a",0,0,"No",null,null,null,null,null,null,null,"No","Dx",false,0]
["INon-ResidentialRetrofitRetrofitENERGY STAR® LED LAMT LOCATION RATED PAR17W – 23W ENERGY STAR® Qualified LED A Shape25+W Compact Fluoresact Fluorescent LampPl-Lighting_Small BusinessNND","IESO - Measure","Non-Residential","Retrofit","Lighting ","ENERGY STAR® LED LAMPS - OMNIDIRECTIONAL A SHAPE OR WET LOCATION RATED PAR","17W – 23W ENERGY STAR® Qualified LED A Shape","25+W Compact Fluorescent Lamp",3911,2.7E-2,105.59699999999999,0.02,78.22,6.9999999999999993E-3,27.376999999999995,4.7242874358974351E-3,7,"PSP-Business-Commercial-Lighting_Small Business",2.3285338099133064,"n/a","n/a",0,0,"No",null,null,null,null,null,null,null,"No","Dx",false,0]
[{"$f":"CONCATENATE(TRIM(LEFT(B988,1)),TRIM(LEFT(C988,20)),TRIM(LEFT(D988,10)),TRIM(RIGHT(D988,10)),TRIM(LEFT(F988,20)),TRIM(RIGHT(F988,20)),TRIM(LEFT(G988,105)),TRIM(LEFT(H988,20)),TRIM(RIGHT(H988,20)),TRIM(LEFT(R988,1)),TRIM(RIGHT(R988,25)),TRIM(LEFT(X988,1)),TRIM(LEFT(AF988,1)),TRIM(LEFT(AG988,1)))","v":"INon-ResidentialRetrofitRetrofitENERGY STAR® LED LAMT LOCATION RATED PAR17W – 23W ENERGY STAR® Qualified LED Wet Location Rated PAR25+W Compact Fluoresnt Lamp WeatherproofPl-Lighting_Small BusinessNND"},"IESO - Measure","Non-Residential","Retrofit","Lighting ","ENERGY STAR® LED LAMPS - OMNIDIRECTIONAL A SHAPE OR WET LOCATION RATED PAR","17W – 23W ENERGY STAR® Qualified LED Wet Location Rated PAR","25+W Compact Fluorescent Lamp Weatherproof",3911,2.7E-2,105.59699999999999,0.02,78.22,6.9999999999999993E-3,27.376999999999995,4.7242874358974351E-3,7,"PSP-Business-Commercial-Lighting_Small Business",3.7142461156982183,"n/a","n/a",0,0,"No",null,null,null,null,null,null,null,"No","Dx",false,0]
["INon-ResidentialSmall Busis LightingENERGY STAR® LED PAR0/38 LAMPS E26 BASE5W – 7W ENERGY STAR® Qualified LED PAR 1620-35W IncandescentW Incandescent PAR16Pl-Lighting_Small BusinessNND","IESO - Measure","Non-Residential","Small Business Lighting","Lighting ","ENERGY STAR® LED PAR16/20/30/38 LAMPS E26 BASE ","5W – 7W ENERGY STAR® Qualified LED PAR 16","20-35W Incandescent PAR16",3911,2.75E-2,107.55249999999999,6.0000000000000001E-3,23.466000000000001,2.1499999999999998E-2,84.086500000000001,1.451031141025641E-2,8,"PSP-Business-Commercial-Lighting_Small Business",-140.24,0.94399999999999995,0.94499999999999995,0,0,"No",null,null,null,null,null,null,null,"No","Dx",false,0]
["INon-ResidentialSmall Busis LightingENERGY STAR® LED PAR0/38 LAMPS E26 BASE8W – 12W ENERGY STAR® Qualified LED PAR 1635-50W IncandescentW Incandescent PAR16Pl-Lighting_Small BusinessNND","IESO - Measure","Non-Residential","Small Business Lighting","Lighting ","ENERGY STAR® LED PAR16/20/30/38 LAMPS E26 BASE ","8W – 12W ENERGY STAR® Qualified LED PAR 16","35-50W Incandescent PAR16",3911,4.2500000000000003E-2,166.2175,0.01,39.11,3.2500000000000001E-2,127.1075,2.1934191666666669E-2,8,"PSP-Business-Commercial-Lighting_Small Business",-140.24,0.94399999999999995,0.94499999999999995,0,0,"No",null,null,null,null,null,null,null,"No","Dx",false,0]
["INon-ResidentialSmall Busis LightingENERGY STAR® LED PAR0/38 LAMPS E26 BASE8W – 12W ENERGY STAR® Qualified LED PAR 2050-75W IncandescentW Incandescent PAR20Pl-Lighting_Small BusinessNND","IESO - Measure","Non-Residential","Small Business Lighting","Lighting ","ENERGY STAR® LED PAR16/20/30/38 LAMPS E26 BASE ","8W – 12W ENERGY STAR® Qualified LED PAR 20","50-75W Incandescent PAR20",3911,6.25E-2,244.4375,0.01,39.11,5.2499999999999998E-2,205.32749999999999,3.5432155769230762E-2,8,"PSP-Business-Commercial-Lighting_Small Business",-140.24,0.94399999999999995,0.94499999999999995,0,0,"No",null,null,null,null,null,null,null,"No","Dx",false,0]
["INon-ResidentialSmall Busis LightingENERGY STAR® LED PAR0/38 LAMPS E26 BASE8W – 12W ENERGY STAR® Qualified LED PAR 3035-50W IncandescentW Incandescent PAR30Pl-Lighting_Small BusinessNND","IESO - Measure","Non-Residential","Small Business Lighting","Lighting ","ENERGY STAR® LED PAR16/20/30/38 LAMPS E26 BASE ","8W – 12W ENERGY STAR® Qualified LED PAR 30","35-50W Incandescent PAR30",3911,4.2500000000000003E-2,166.2175,0.01,39.11,3.2500000000000001E-2,127.1075,2.1934191666666669E-2,8,"PSP-Business-Commercial-Lighting_Small Business",-140.24,0.94399999999999995,0.94499999999999995,0,0,"No",null,null,null,null,null,null,null,"No","Dx",false,0]
["INon-ResidentialSmall Busis LightingENERGY STAR® LED PAR0/38 LAMPS E26 BASE14W – 18W ENERGY STAR® Qualified LED PAR 3075-100W IncandescentW Incandescent PAR30Pl-Lighting_Small BusinessNND","IESO - Measure","Non-Residential","Small Business Lighting","Lighting ","ENERGY STAR® LED PAR16/20/30/38 LAMPS E26 BASE ","14W – 18W ENERGY STAR® Qualified LED PAR 30","75-100W Incandescent PAR30",3911,8.7499999999999994E-2,342.21249999999998,1.6E-2,62.576000000000001,7.1499999999999994E-2,279.63649999999996,4.825522166666666E-2,8,"PSP-Business-Commercial-Lighting_Small Business",-140.24,0.94399999999999995,0.94499999999999995,0,0,"No",null,null,null,null,null,null,null,"No","Dx",false,0]
["INon-ResidentialSmall Busis LightingENERGY STAR® LED PAR0/38 LAMPS E26 BASE14W – 18W ENERGY STAR® Qualified LED PAR 3860-75W IncandescentW Incandescent PAR38Pl-Lighting_Small BusinessNND","IESO - Measure","Non-Residential","Small Business Lighting","Lighting ","ENERGY STAR® LED PAR16/20/30/38 LAMPS E26 BASE ","14W – 18W ENERGY STAR® Qualified LED PAR 38","60-75W Incandescent PAR38",3911,6.7500000000000004E-2,263.99250000000001,1.6E-2,62.576000000000001,5.1500000000000004E-2,201.41650000000001,3.475725756410257E-2,8,"PSP-Business-Commercial-Lighting_Small Business",-140.24,0.94399999999999995,0.94499999999999995,0,0,"No",null,null,null,null,null,null,null,"No","Dx",false,0]
["INon-ResidentialSmall Busis LightingENERGY STAR® LED PAR0/38 LAMPS E26 BASE19W – 25W ENERGY STAR® Qualified LED PAR 3875-100W IncandescentW Incandescent PAR38Pl-Lighting_Small BusinessNND","IESO - Measure","Non-Residential","Small Business Lighting","Lighting ","ENERGY STAR® LED PAR16/20/30/38 LAMPS E26 BASE ","19W – 25W ENERGY STAR® Qualified LED PAR 38","75-100W Incandescent PAR38",3911,8.7499999999999994E-2,342.21249999999998,2.1999999999999999E-2,86.042000000000002,6.5500000000000003E-2,256.17049999999995,4.420583243589743E-2,8,"PSP-Business-Commercial-Lighting_Small Business",-140.24,0.94399999999999995,0.94499999999999995,0,0,"No",null,null,null,null,null,null,null,"No","Dx",false,0]
["INon-ResidentialSmall Busis LightingENERGY STAR® LED LAM16 OR MR16 GU10 BASE5W – 7W ENERGY STAR® Qualified LED MR 16 / PAR 1620-35W Halogen or Inogen or IncandescentPl-Lighting_Small BusinessNND","IESO - Measure","Non-Residential","Small Business Lighting","Lighting ","ENERGY STAR® LED LAMPS - PAR16 OR MR16 GU10 BASE","5W – 7W ENERGY STAR® Qualified LED MR 16 / PAR 16","20-35W Halogen or Incandescent",3911,2.75E-2,107.55249999999999,6.0000000000000001E-3,23.466000000000001,2.1499999999999998E-2,84.086500000000001,1.451031141025641E-2,7,"PSP-Business-Commercial-Lighting_Small Business",-50.12,0.94399999999999995,0.94499999999999995,0,0,"No",null,null,null,null,null,null,null,"No","Dx",false,0]
["INon-ResidentialSmall Busis LightingENERGY STAR® LED LAM16 OR MR16 GU10 BASE7W – 10W ENERGY STAR® Qualified LED MR 16 / PAR 1635-50W Halogen or Inogen or IncandescentPl-Lighting_Small BusinessNND","IESO - Measure","Non-Residential","Small Business Lighting","Lighting ","ENERGY STAR® LED LAMPS - PAR16 OR MR16 GU10 BASE","7W – 10W ENERGY STAR® Qualified LED MR 16 / PAR 16","35-50W Halogen or Incandescent",3911,4.2500000000000003E-2,166.2175,8.5000000000000006E-3,33.243500000000004,3.4000000000000002E-2,132.97399999999999,2.2946538974358971E-2,7,"PSP-Business-Commercial-Lighting_Small Business",-50.12,0.94399999999999995,0.94499999999999995,0,0,"No",null,null,null,null,null,null,null,"No","Dx",false,0]
["INon-ResidentialSmall Busis LightingENERGY STAR® LED LAMPS - MR16 GU5.3 BASE5W – 7W ENERGY STAR® Qualified LED MR 1620-35W Halogen or Inogen or IncandescentPl-Lighting_Small BusinessNND","IESO - Measure","Non-Residential","Small Business Lighting","Lighting ","ENERGY STAR® LED LAMPS - MR16 GU5.3 BASE","5W – 7W ENERGY STAR® Qualified LED MR 16","20-35W Halogen or Incandescent",3911,2.75E-2,107.55249999999999,6.0000000000000001E-3,23.466000000000001,2.1499999999999998E-2,84.086500000000001,1.451031141025641E-2,7,"PSP-Business-Commercial-Lighting_Small Business",-50.12,0.94399999999999995,0.94499999999999995,0,0,"No",null,null,null,null,null,null,null,"No","Dx",false,0]
["INon-ResidentialSmall Busis LightingENERGY STAR® LED LAMPS - MR16 GU5.3 BASE7W – 12W ENERGY STAR® Qualified LED MR 1650-60W Halogen or Inogen or IncandescentPl-Lighting_Small BusinessNND","IESO - Measure","Non-Residential","Small Business Lighting","Lighting ","ENERGY STAR® LED LAMPS - MR16 GU5.3 BASE","7W – 12W ENERGY STAR® Qualified LED MR 16","50-60W Halogen or Incandescent",3911,5.5E-2,215.10499999999999,9.4999999999999998E-3,37.154499999999999,4.5499999999999999E-2,177.95049999999998,3.0707868333333329E-2,7,"PSP-Business-Commercial-Lighting_Small Business",-50.12,0.94399999999999995,0.94499999999999995,0,0,"No",null,null,null,null,null,null,null,"No","Dx",false,0]
["IResidentialCoupon Proon ProgramDIMMER SWITCH (HARD-SWITCH (HARD-WIRED)Hard-Wired Dimmer2 x 60W Incandescentor a ceiling fixturePumer-Residential-LightingNND","IESO - Measure","Residential","Coupon Program","Controls for Lighting ","DIMMER SWITCH (HARD-WIRED)","Hard-Wired Dimmer","2 x 60W Incandescent bulbs with a conventional On/Off switch for a ceiling fixture",985.5,0.12,118.25999999999999,9.6000000000000002E-2,94.608000000000004,2.3999999999999994E-2,23.651999999999987,1.4858307692307685E-3,10,"PSP-Consumer-Residential-Lighting",28.84,1.03,1.03,0,0,"No",null,null,null,null,null,null,null,"No","Dx",false,1.75]
["IResidentialCoupon Proon ProgramHEAVY DUTY PLUG-IN TS (HOLIDAY LIGHTING)Holiday Lighting TimersNo holiday lightingliday lighting timerPal-Holiday_Lighting_TimerNND","IESO - Measure","Residential","Coupon Program","Controls for Lighting ","HEAVY DUTY PLUG-IN TIMERS (HOLIDAY LIGHTING)","Holiday Lighting Timers","No holiday lighting timer","-","-",40.6,"-",37,"-",3.6000000000000014,0,10,"PSP-Consumer-Residential-Holiday_Lighting_Timer",24.12,0.98,0.98,0,0,"No",null,null,null,null,null,null,null,"No","Dx",false,1.75]
["IResidentialCoupon Proon ProgramHEAVY DUTY PLUG-IN TS (OUTDOOR LIGHTING)Outdoor Lighting TimersNo outdoor lightingtdoor lighting timerPal-Outdoor_Lighting_TimerNND","IESO - Measure","Residential","Coupon Program","Controls for Lighting ","HEAVY DUTY PLUG-IN TIMERS (OUTDOOR LIGHTING)","Outdoor Lighting Timers","No outdoor lighting timer","-","-",295.10000000000002,"-",268,"-",27.100000000000023,1.1534871794871805E-3,10,"PSP-Consumer-Residential-Outdoor_Lighting_Timer",24.12,0.98,0.98,0,0,"No",null,null,null,null,null,null,null,"No","Dx",false,1.75]
["IResidentialCoupon Proon ProgramLIGHTING TIMERS (HAR(HARD-WIRED, INDOOR)Hard-Wired Indoor TimersConventional light fh no control devicesPumer-Residential-LightingNND","IESO - Measure","Residential","Coupon Program","Controls for Lighting ","LIGHTING TIMERS (HARD-WIRED, INDOOR)","Hard-Wired Indoor Timers","Conventional light fixtures with no control devices","-",0.12,107.30999999999999,0.12,42.923999999999999,0,64.385999999999996,4.0447615384615384E-3,10,"PSP-Consumer-Residential-Lighting",25.37,1.03,1.03,0,0,"No",null,null,null,null,null,null,null,"No","Dx",false,1.75]
["IResidentialCoupon Proon ProgramMOTION SENSORS (HARD(HARD-WIRED, INDOOR)Hard-Wired Indoor Motion SensorConventional light fh no control devicesPumer-Residential-LightingNND","IESO - Measure","Residential","Coupon Program","Controls for Lighting ","MOTION SENSORS (HARD-WIRED, INDOOR)","Hard-Wired Indoor Motion Sensor","Conventional light fixtures with no control devices","-",0.12,77.745000000000005,0.12,35.762700000000002,0,41.982300000000002,2.6373496153846159E-3,10,"PSP-Consumer-Residential-Lighting",30.97,1.03,1.03,0,0,"No",null,null,null,null,null,null,null,"No","Dx",false,1.75]
["IResidentialCoupon Proon ProgramPROGRAMMABLE THERMOSERMOSTAT (BASEBOARD)Programmable Thermostat for Baseboard HeatersNon-programmable theon baseboard heatersPential-Space_Heating_RoomNND","IESO - Measure","Residential","Coupon Program","Controls for Space Cooling and Heating - Residential      ","PROGRAMMABLE THERMOSTAT (BASEBOARD)","Programmable Thermostat for Baseboard Heaters","Non-programmable thermostats installed on baseboard heaters","-","-",2486.34,"-",2423.19,"-",63.150000000000091,9.3016156357808535E-6,11,"PSP-Consumer-Residential-Space_Heating_Room",29.27,0.96,0.96,0,0,"No",null,null,null,null,null,null,null,"No","Dx",false,1.75]
["IResidentialCoupon Proon ProgramENERGY STAR® QUALIFIQUALIFIED LED BULBSGeneral Pupose LEDsBaseline mix (incandt/halogen, CFL, LED)Pumer-Residential-LightingNND","IESO - Measure","Residential","Coupon Program","Lighting","ENERGY STAR® QUALIFIED LED BULBS","General Pupose LEDs","Baseline mix (incandescent/halogen, CFL, LED)",1277,3.1E-2,39.586999999999996,1.4999999999999999E-2,19.154999999999998,1.6E-2,20.431999999999999,1.2835487179487181E-3,20,"PSP-Consumer-Residential-Lighting",1.46,1.17,1.17,0,0,"No",null,null,null,null,null,null,null,"No","Dx",false,1.75]
["IResidentialCoupon Proon ProgramENERGY STAR® QUALIFIQUALIFIED LED BULBSSpecialty LEDs (Flood/Reflector)Baseline mix (incandt/halogen, CFL, LED)Pumer-Residential-LightingNND","IESO - Measure","Residential","Coupon Program","Lighting","ENERGY STAR® QUALIFIED LED BULBS","Specialty LEDs (Flood/Reflector)","Baseline mix (incandescent/halogen, CFL, LED)",1736,2.8000000000000001E-2,48.608000000000004,1.2E-2,20.832000000000001,1.6E-2,27.776000000000003,1.7449025641025644E-3,17,"PSP-Consumer-Residential-Lighting",-22.79,1.1200000000000001,1.1200000000000001,0,0,"No",null,null,null,null,null,null,null,"No","Dx",false,1.75]
["IResidentialCoupon Proon ProgramENERGY STAR® QUALIFIQUALIFIED LED BULBSSpecialty LEDs (Globe)Baseline mix (incandt/halogen, CFL, LED)Pumer-Residential-LightingNND","IESO - Measure","Residential","Coupon Program","Lighting","ENERGY STAR® QUALIFIED LED BULBS","Specialty LEDs (Globe)","Baseline mix (incandescent/halogen, CFL, LED)",1213,2.01E-2,24.3813,6.7000000000000002E-3,8.1271000000000004,1.3399999999999999E-2,16.254199999999997,1.0210971794871793E-3,21,"PSP-Consumer-Residential-Lighting",-1.64,1.1200000000000001,1.1200000000000001,0,0,"No",null,null,null,null,null,null,null,"No","Dx",false,1.75]
["IResidentialCoupon Proon ProgramENERGY STAR® QUALIFIQUALIFIED LED BULBSSpecialty LEDs (Candle)Baseline mix (incandt/halogen, CFL, LED)Pumer-Residential-LightingNND","IESO - Measure","Residential","Coupon Program","Lighting","ENERGY STAR® QUALIFIED LED BULBS","Specialty LEDs (Candle)","Baseline mix (incandescent/halogen, CFL, LED)",1710,8.9999999999999993E-3,15.389999999999999,4.7999999999999996E-3,8.2079999999999984,4.1999999999999997E-3,7.1820000000000004,4.5117692307692308E-4,13,"PSP-Consumer-Residential-Lighting",0.66,1.1200000000000001,1.1200000000000001,0,0,"No",null,null,null,null,null,null,null,"No","Dx",false,1.75]
["IResidentialCoupon Proon ProgramENERGY STAR® CEILINGGY STAR® CEILING FAN-Existing Ceiling FanExisting Ceiling FanPumer-Residential-LightingNND","IESO - Measure","Residential","Coupon Program","Lighting ","ENERGY STAR® CEILING FAN","-","Existing Ceiling Fan","-","-",139.1,"-",68.900000000000006,"-",70.199999999999989,4.409999999999999E-3,10,"PSP-Consumer-Residential-Lighting",45,0.94,0.94,0,0,"No",null,null,null,null,null,null,null,"No","Dx",false,1.75]
["IResidentialCoupon Proon ProgramENERGY STAR® CEILINGGY STAR® CEILING FAN-Existing Light Fixtuisting Light FixturePumer-Residential-LightingNND","IESO - Measure","Residential","Coupon Program","Lighting ","ENERGY STAR® CEILING FAN","-","Existing Light Fixture","-","-",104.3,"-",68.900000000000006,"-",35.399999999999991,2.2238461538461535E-3,10,"PSP-Consumer-Residential-Lighting",45,0.94,0.94,0,0,"No",null,null,null,null,null,null,null,"No","Dx",false,1.75]
["IResidentialCoupon Proon ProgramENERGY STAR® QUALIFIINDOOR LIGHT FIXTUREHard Wired (per socket)Baseline mix (incandnt and fluorescents)Pumer-Residential-LightingNND","IESO - Measure","Residential","Coupon Program","Lighting ","ENERGY STAR® QUALIFIED INDOOR LIGHT FIXTURE","Hard Wired (per socket)","Baseline mix (incandescent and fluorescents)",1330,4.2999999999999997E-2,57.19,1.6E-2,21.28,2.6999999999999996E-2,35.909999999999997,2.2558846153846153E-3,16,"PSP-Consumer-Residential-Lighting",15.37,1.02,1.02,0,0,"No",null,null,null,null,null,null,null,"No","Dx",false,1.75]
["IResidentialCoupon Proon ProgramENERGY STAR® QUALIFIRESCENT LAMPS (CFLS)19W Dimmable CFLBaseline mix (incandandescent, CFL, LED)Pumer-Residential-LightingNND","IESO - Measure","Residential","Coupon Program","Lighting ","ENERGY STAR® QUALIFIED SPECIALTY COMPACT FLUORESCENT LAMPS (CFLS)","19W Dimmable CFL","Baseline mix (incandescent, CFL, LED)",758.36148648648634,3.7900000000000003E-2,28.741900337837833,1.9E-2,14.408868243243241,1.8900000000000004E-2,14.333032094594593,9.0040842645530141E-4,15,"PSP-Consumer-Residential-Lighting",-5.37,1.1200000000000001,1.1200000000000001,0,0,"No",null,null,null,null,null,null,null,"No","Dx",false,1.75]
["IResidentialCoupon Proon ProgramENERGY STAR® QUALIFIRESCENT LAMPS (CFLS)Chandelier CFLsBaseline mix (incandandescent, CFL, LED)Pumer-Residential-LightingNND","IESO - Measure","Residential","Coupon Program","Lighting ","ENERGY STAR® QUALIFIED SPECIALTY COMPACT FLUORESCENT LAMPS (CFLS)","Chandelier CFLs","Baseline mix (incandescent, CFL, LED)",1163.890949177634,1.15E-2,13.384745915542791,5.0000000000000001E-3,5.8194547458881702,6.4999999999999997E-3,7.5652911696546203,4.7525547091420049E-4,7,"PSP-Consumer-Residential-Lighting",-4.95,1.1200000000000001,1.1200000000000001,0,0,"No",null,null,null,null,null,null,null,"No","Dx",false,1.75]
["IResidentialCoupon Proon ProgramENERGY STAR® QUALIFIRESCENT LAMPS (CFLS)Covered CFLsBaseline mix (incandandescent, CFL, LED)Pumer-Residential-LightingNND","IESO - Measure","Residential","Coupon Program","Lighting ","ENERGY STAR® QUALIFIED SPECIALTY COMPACT FLUORESCENT LAMPS (CFLS)","Covered CFLs","Baseline mix (incandescent, CFL, LED)",1210.0439118505853,1.3299999999999999E-2,16.093584027612785,7.0000000000000001E-3,8.4703073829540969,6.2999999999999992E-3,7.6232766446586879,4.7889814819009703E-4,7,"PSP-Consumer-Residential-Lighting",-1.67,1.1200000000000001,1.1200000000000001,0,0,"No",null,null,null,null,null,null,null,"No","Dx",false,1.75]
["IResidentialCoupon Proon ProgramENERGY STAR® QUALIFIRESCENT LAMPS (CFLS)Globe CFLsBaseline mix (incandandescent, CFL, LED)Pumer-Residential-LightingNND","IESO - Measure","Residential","Coupon Program","Lighting ","ENERGY STAR® QUALIFIED SPECIALTY COMPACT FLUORESCENT LAMPS (CFLS)","Globe CFLs","Baseline mix (incandescent, CFL, LED)",1038.7523206462213,1.3299999999999999E-2,13.815405864594743,7.0000000000000001E-3,7.2712662445235487,6.2999999999999992E-3,6.5441396200711939,4.1110620690190832E-4,8,"PSP-Consumer-Residential-Lighting",-1.67,1.1200000000000001,1.1200000000000001,0,0,"No",null,null,null,null,null,null,null,"No","Dx",false,1.75]
["IResidentialCoupon Proon ProgramENERGY STAR® QUALIFIRESCENT LAMPS (CFLS)26W, IndoorBaseline mix (incandandescent, CFL, LED)Pumer-Residential-LightingNND","IESO - Measure","Residential","Coupon Program","Lighting ","ENERGY STAR® QUALIFIED SPECIALTY COMPACT FLUORESCENT LAMPS (CFLS)","26W, Indoor","Baseline mix (incandescent, CFL, LED)",1201.6375427614141,5.8299999999999998E-2,70.055468742990442,2.5999999999999999E-2,31.242576111796765,3.2299999999999995E-2,38.812892631193677,2.4382458191390902E-3,7,"PSP-Consumer-Residential-Lighting",-7.98,1.1200000000000001,1.1200000000000001,0,0,"No",null,null,null,null,null,null,null,"No","Dx",false,1.75]
["IResidentialCoupon Proon ProgramENERGY STAR® QUALIFIRESCENT LAMPS (CFLS)26W, OutdoorBaseline mix (incandandescent, CFL, LED)Pumer-Residential-LightingNND","IESO - Measure","Residential","Coupon Program","Lighting ","ENERGY STAR® QUALIFIED SPECIALTY COMPACT FLUORESCENT LAMPS (CFLS)","26W, Outdoor","Baseline mix (incandescent, CFL, LED)",1423.5,5.8299999999999998E-2,82.990049999999997,2.5999999999999999E-2,37.010999999999996,3.2299999999999995E-2,45.979050000000001,2.8884275000000004E-3,7,"PSP-Consumer-Residential-Lighting",-6.98,1.1200000000000001,1.1200000000000001,0,0,"No",null,null,null,null,null,null,null,"No","Dx",false,1.75]
["IResidentialCoupon Proon ProgramENERGY STAR® QUALIFIRESCENT LAMPS (CFLS)High Wattage 3-Way CFLBaseline mix (incandandescent, CFL, LED)Pumer-Residential-LightingNND","IESO - Measure","Residential","Coupon Program","Lighting ","ENERGY STAR® QUALIFIED SPECIALTY COMPACT FLUORESCENT LAMPS (CFLS)","High Wattage 3-Way CFL","Baseline mix (incandescent, CFL, LED)",1606.0000000000002,4.8899999999999999E-2,78.533400000000015,2.1999999999999999E-2,35.332000000000001,2.69E-2,43.201400000000014,2.7139341025641034E-3,6,"PSP-Consumer-Residential-Lighting",-10.58,1.1200000000000001,1.1200000000000001,0,0,"No",null,null,null,null,null,null,null,"No","Dx",false,1.75]
["IResidentialCoupon Proon ProgramENERGY STAR® QUALIFIRESCENT LAMPS (CFLS)Low Wattage 3-Way CFLBaseline mix (incandandescent, CFL, LED)Pumer-Residential-LightingNND","IESO - Measure","Residential","Coupon Program","Lighting ","ENERGY STAR® QUALIFIED SPECIALTY COMPACT FLUORESCENT LAMPS (CFLS)","Low Wattage 3-Way CFL","Baseline mix (incandescent, CFL, LED)",1606.0000000000002,3.7900000000000003E-2,60.867400000000011,1.9E-2,30.514000000000003,1.8900000000000004E-2,30.353400000000008,1.9068161538461543E-3,6,"PSP-Consumer-Residential-Lighting",-7.72,1.1200000000000001,1.1200000000000001,0,0,"No",null,null,null,null,null,null,null,"No","Dx",false,1.75]
["IResidentialCoupon Proon ProgramCLOTHESLINESCLOTHESLINESOutdoor clothesline umbrella stands or clothesline kitsClothes Dryer (141 lDryer (141 loads/yr)Pr-Residential-ClotheslineNND","IESO - Measure","Residential","Coupon Program","Miscellaneous       ","CLOTHESLINES","Outdoor clothesline umbrella stands or clothesline kits","Clothes Dryer (141 loads/yr)","-","-",217.4,"-",0,"-",217.4,0.14850092307692309,10,"PSP-Consumer-Residential-Clothesline",76.75,0.89,0.89,0,0,"No",null,null,null,null,null,null,null,"No","Dx",false,1.75]
["IResidentialCoupon Proon ProgramHEAVY DUTY PLUG-IN TDUTY PLUG-IN TIMERSSpa Pump TimerNo timer on the spaimer on the spa pumpPming_Pool_And_Spa_HeatersNND","IESO - Measure","Residential","Coupon Program","Miscellaneous       ","HEAVY DUTY PLUG-IN TIMERS","Spa Pump Timer","No timer on the spa pump","-","-",808,"-",505,"-",303,5.5083846153846157E-2,10,"PSP-Consumer-Residential-Swimming_Pool_And_Spa_Heaters",24.12,0.98,0.98,0,0,"No",null,null,null,null,null,null,null,"No","Dx",false,1.75]
["IResidentialCoupon Proon ProgramHEAVY DUTY PLUG-IN TDUTY PLUG-IN TIMERSCar Block Heater TimerNo timer on the carthe car block heaterPidential-Car_Block_HeaterNND","IESO - Measure","Residential","Coupon Program","Miscellaneous       ","HEAVY DUTY PLUG-IN TIMERS","Car Block Heater Timer","No timer on the car block heater","-","-",637.79999999999995,"-",465,"-",172.79999999999995,0,10,"PSP-Consumer-Residential-Car_Block_Heater",24.12,0.98,0.98,0,0,"No",null,null,null,null,null,null,null,"No","Dx",false,1.75]
["IResidentialCoupon Proon ProgramHEAVY DUTY PLUG-IN TDUTY PLUG-IN TIMERSPool Pump TimerNo timer on the pooler on the pool pumpsPntial-Swimming_Pool_PumpsNND","IESO - Measure","Residential","Coupon Program","Miscellaneous       ","HEAVY DUTY PLUG-IN TIMERS","Pool Pump Timer","No timer on the pool pumps","-","-",1955,"-",1106,"-",849,0.15434384615384616,10,"PSP-Consumer-Residential-Swimming_Pool_Pumps",24.12,0.98,0.98,0,0,"No",null,null,null,null,null,null,null,"No","Dx",false,1.75]
["IResidentialCoupon Proon ProgramPOWER BAR WITH INTEGITH INTEGRATED TIMER-No Power BarNo Power BarPmer-Residential-Power_BarNND","IESO - Measure","Residential","Coupon Program","Miscellaneous       ","POWER BAR WITH INTEGRATED TIMER","-","No Power Bar","-","-",54.37,"-",32.58,"-",21.79,6.2576410256410251E-4,10,"PSP-Consumer-Residential-Power_Bar",44.99,1.07,1.07,0,0,"No",null,null,null,null,null,null,null,"No","Dx",false,1.75]
["IResidentialCoupon Proon ProgramPOWER BAR, SMART (WI(WITH AUTO SHUT-OFF)-No Power BarNo Power BarPmer-Residential-Power_BarNND","IESO - Measure","Residential","Coupon Program","Miscellaneous       ","POWER BAR, SMART (WITH AUTO SHUT-OFF)","-","No Power Bar","-","-",32.14,"-",18.48,"-",13.66,3.9228717948717947E-4,10,"PSP-Consumer-Residential-Power_Bar",24.99,1.07,1.07,0,0,"No",null,null,null,null,null,null,null,"No","Dx",false,1.75]
["IResidentialCoupon Proon ProgramWEATHERSTRIPPING (DORIPPING (DOOR FRAME)New Weatherstripping (Electric Heat)No Weatherstrippingping (Electric Heat)Pidential-WeatherstrippingNND","IESO - Measure","Residential","Coupon Program","Thermal Envelope","WEATHERSTRIPPING (DOOR FRAME)","New Weatherstripping (Electric Heat)","No Weatherstripping (Electric Heat)","-","-",3860.8581199999999,"-",3822.573515305276,"-",38.284604694723839,4.4174543878527499E-4,13,"PSP-Consumer-Residential-Weatherstripping",17.96,0.85,0.85,0,0,"No",null,null,null,null,null,null,null,"No","Dx",false,1.75]
["IResidentialCoupon Proon ProgramWEATHERSTRIPPING (DORIPPING (DOOR FRAME)Replaced Existing Weatherstripping (Electric Heat)With Existing Weatheping (Electric Heat)Pidential-WeatherstrippingNND","IESO - Measure","Residential","Coupon Program","Thermal Envelope","WEATHERSTRIPPING (DOOR FRAME)","Replaced Existing Weatherstripping (Electric Heat)","With Existing Weatherstripping (Electric Heat)","-","-",3860.8581199999999,"-",3832.1446673714058,"-",28.713452628594041,3.3130906879146965E-4,13,"PSP-Consumer-Residential-Weatherstripping",17.96,0.85,0.85,0,0,"No",null,null,null,null,null,null,null,"No","Dx",false,1.75]
["IResidentialCoupon Proon ProgramWEATHERSTRIPPING (DORIPPING (DOOR FRAME)Added to Existing Weatherstripping (Electric Heat)With Existing Weatheping (Electric Heat)Pidential-WeatherstrippingNND","IESO - Measure","Residential","Coupon Program","Thermal Envelope","WEATHERSTRIPPING (DOOR FRAME)","Added to Existing Weatherstripping (Electric Heat)","With Existing Weatherstripping (Electric Heat)","-","-",3860.8581199999999,"-",3841.7158194375402,"-",19.142300562459695,2.2087269879761187E-4,13,"PSP-Consumer-Residential-Weatherstripping",17.96,0.85,0.85,0,0,"No",null,null,null,null,null,null,null,"No","Dx",false,1.75]
["IResidentialCoupon Proon ProgramWEATHERSTRIPPING (FONG (FOAM OR V-STRIP)New Weatherstripping (Electric Heat)No Weatherstrippingping (Electric Heat)Pidential-WeatherstrippingNND","IESO - Measure","Residential","Coupon Program","Thermal Envelope","WEATHERSTRIPPING (FOAM OR V-STRIP)","New Weatherstripping (Electric Heat)","No Weatherstripping (Electric Heat)","-","-",3860.9,"-",3836.7,"-",24.200000000000273,2.7923076923077234E-4,13,"PSP-Consumer-Residential-Weatherstripping",11.5,0.85,0.85,0,0,"No",null,null,null,null,null,null,null,"No","Dx",false,1.75]
["IResidentialCoupon Proon ProgramWEATHERSTRIPPING (FONG (FOAM OR V-STRIP)Replaced Existing Weatherstripping (Electric Heat)With Existing Weatheping (Electric Heat)Pidential-WeatherstrippingNND","IESO - Measure","Residential","Coupon Program","Thermal Envelope","WEATHERSTRIPPING (FOAM OR V-STRIP)","Replaced Existing Weatherstripping (Electric Heat)","With Existing Weatherstripping (Electric Heat)","-","-",3860.9,"-",3842.8,"-",18.099999999999909,2.0884615384615278E-4,13,"PSP-Consumer-Residential-Weatherstripping",11.5,0.85,0.85,0,0,"No",null,null,null,null,null,null,null,"No","Dx",false,1.75]
["IResidentialCoupon Proon ProgramWEATHERSTRIPPING (FONG (FOAM OR V-STRIP)Added to Existing Weatherstripping (Electric Heat)With Existing Weatheping (Electric Heat)Pidential-WeatherstrippingNND","IESO - Measure","Residential","Coupon Program","Thermal Envelope","WEATHERSTRIPPING (FOAM OR V-STRIP)","Added to Existing Weatherstripping (Electric Heat)","With Existing Weatherstripping (Electric Heat)","-","-",3860.9,"-",3848.8,"-",12.099999999999909,1.3961538461538357E-4,13,"PSP-Consumer-Residential-Weatherstripping",11.5,0.85,0.85,0,0,"No",null,null,null,null,null,null,null,"No","Dx",false,1.75]
["IResidentialCoupon Proon ProgramHOT WATER PIPE WRAPHOT WATER PIPE WRAPPer 3' Pipe Wrap (3/4\" Pipe)No pipe insulationNo pipe insulationPential-Domestic_Hot_WaterNND","IESO - Measure","Residential","Coupon Program","Water Heating - Residential","HOT WATER PIPE WRAP","Per 3' Pipe Wrap (3/4\" Pipe)","No pipe insulation","-","-","-","-","-","-",4.7,4.254102564102564E-4,15,"PSP-Consumer-Residential-Domestic_Hot_Water",0.7,0.8,0.8,0,0,"No",null,null,null,null,null,null,null,"No","Dx",false,1.75]
["IResidentialCoupon Proon ProgramWATER HEATER BLANKETWATER HEATER BLANKETNew Electric Water Heater BlanketNo Water Heater BlanWater Heater BlanketPtial-Water_Heater_BlanketNND","IESO - Measure","Residential","Coupon Program","Water Heating - Residential","WATER HEATER BLANKET","New Electric Water Heater Blanket","No Water Heater Blanket",8760,"-",802,"-",532,"-",270,3.1223076923076923E-2,7,"PSP-Consumer-Residential-Water_Heater_Blanket",44.49,1,1,0,0,"No",null,null,null,null,null,null,null,"No","Dx",false,1.75]
["IResidentialCoupon Proon ProgramWATER HEATER BLANKETR BLANKET (REPLACED)New Electric Water Heater BlanketOld Water Heater BlaWater Heater BlanketPtial-Water_Heater_BlanketNND","IESO - Measure","Residential","Coupon Program","Water Heating - Residential","WATER HEATER BLANKET (REPLACED)","New Electric Water Heater Blanket","Old Water Heater Blanket","-","-",802,"-",734,"-",68,7.8635897435897443E-3,7,"PSP-Consumer-Residential-Water_Heater_Blanket",44.49,1,1,0,0,"No",null,null,null,null,null,null,null,"No","Dx",false,1.75]
[{"$f":"CONCATENATE(TRIM(LEFT(B1036,1)),TRIM(LEFT(C1036,20)),TRIM(LEFT(D1036,10)),TRIM(RIGHT(D1036,10)),TRIM(LEFT(F1036,20)),TRIM(RIGHT(F1036,20)),TRIM(LEFT(G1036,105)),TRIM(LEFT(H1036,20)),TRIM(RIGHT(H1036,20)),TRIM(LEFT(R1036,1)),TRIM(RIGHT(R1036,25)),TRIM(LEFT(X1036,1)),TRIM(LEFT(AF1036,1)),TRIM(LEFT(AG1036,1)))","v":"IResidentialCoupon Proon ProgramENERGY STAR® QUALIFIRESCENT LAMPS (CFLS)9 W General Service Lamp, Screw-InBaseline mix (incandandescent, CFL, LED)Pumer-Residential-LightingNND"},"IESO - Measure","Residential","Coupon Program","Lighting ","ENERGY STAR® QUALIFIED STANDARD SPIRAL COMPACT FLUORESCENT LAMPS (CFLS)","9 W General Service Lamp, Screw-In","Baseline mix (incandescent, CFL, LED)",985.5,1.7999999999999999E-2,17.738999999999997,8.9999999999999993E-3,8.8694999999999986,8.9999999999999993E-3,8.8694999999999986,5.5718653846153837E-4,11,"PSP-Consumer-Residential-Lighting",-3.81,0.95,0.95,0,0,"No",null,null,null,null,null,null,null,"No","Dx",false,1.75]
["IResidentialCoupon Proon ProgramENERGY STAR® QUALIFIRESCENT LAMPS (CFLS)11 W General Service Lamp, Screw-InBaseline mix (incandandescent, CFL, LED)Pumer-Residential-LightingNND","IESO - Measure","Residential","Coupon Program","Lighting ","ENERGY STAR® QUALIFIED STANDARD SPIRAL COMPACT FLUORESCENT LAMPS (CFLS)","11 W General Service Lamp, Screw-In","Baseline mix (incandescent, CFL, LED)",985.5,0.02,19.71,1.0999999999999999E-2,10.840499999999999,9.0000000000000011E-3,8.8695000000000022,5.5718653846153869E-4,11,"PSP-Consumer-Residential-Lighting",-2.39,0.95,0.95,0,0,"No",null,null,null,null,null,null,null,"No","Dx",false,1.75]
["IResidentialCoupon Proon ProgramENERGY STAR® QUALIFIRESCENT LAMPS (CFLS)13 W General Service Lamp, Screw-InBaseline mix (incandandescent, CFL, LED)Pumer-Residential-LightingNND","IESO - Measure","Residential","Coupon Program","Lighting ","ENERGY STAR® QUALIFIED STANDARD SPIRAL COMPACT FLUORESCENT LAMPS (CFLS)","13 W General Service Lamp, Screw-In","Baseline mix (incandescent, CFL, LED)",985.5,2.7E-2,26.608499999999999,1.2999999999999999E-2,12.811499999999999,1.4E-2,13.797000000000001,8.6673461538461542E-4,11,"PSP-Consumer-Residential-Lighting",-1.38,0.95,0.95,0,0,"No",null,null,null,null,null,null,null,"No","Dx",false,1.75]
["IResidentialCoupon Proon ProgramENERGY STAR® QUALIFIRESCENT LAMPS (CFLS)15 W General Service Lamp, Screw-InBaseline mix (incandandescent, CFL, LED)Pumer-Residential-LightingNND","IESO - Measure","Residential","Coupon Program","Lighting ","ENERGY STAR® QUALIFIED STANDARD SPIRAL COMPACT FLUORESCENT LAMPS (CFLS)","15 W General Service Lamp, Screw-In","Baseline mix (incandescent, CFL, LED)",985.5,2.8000000000000001E-2,27.594000000000001,1.4999999999999999E-2,14.782499999999999,1.3000000000000001E-2,12.811500000000002,8.0482500000000022E-4,11,"PSP-Consumer-Residential-Lighting",-0.49,0.95,0.95,0,0,"No",null,null,null,null,null,null,null,"No","Dx",false,1.75]
["IResidentialCoupon Proon ProgramENERGY STAR® QUALIFIRESCENT LAMPS (CFLS)18 W General Service Lamp, Screw-InBaseline mix (incandandescent, CFL, LED)Pumer-Residential-LightingNND","IESO - Measure","Residential","Coupon Program","Lighting ","ENERGY STAR® QUALIFIED STANDARD SPIRAL COMPACT FLUORESCENT LAMPS (CFLS)","18 W General Service Lamp, Screw-In","Baseline mix (incandescent, CFL, LED)",985.5,3.5000000000000003E-2,34.492500000000007,1.7999999999999999E-2,17.738999999999997,1.7000000000000005E-2,16.75350000000001,1.0524634615384622E-3,11,"PSP-Consumer-Residential-Lighting",-0.09,0.95,0.95,0,0,"No",null,null,null,null,null,null,null,"No","Dx",false,1.75]
["IResidentialCoupon Proon ProgramENERGY STAR® QUALIFIRESCENT LAMPS (CFLS)20 W General Service Lamp, Screw-InBaseline mix (incandandescent, CFL, LED)Pumer-Residential-LightingNND","IESO - Measure","Residential","Coupon Program","Lighting ","ENERGY STAR® QUALIFIED STANDARD SPIRAL COMPACT FLUORESCENT LAMPS (CFLS)","20 W General Service Lamp, Screw-In","Baseline mix (incandescent, CFL, LED)",985.5,3.6999999999999998E-2,36.463499999999996,0.02,19.71,1.6999999999999998E-2,16.753499999999995,1.0524634615384613E-3,11,"PSP-Consumer-Residential-Lighting",-0.77,0.95,0.95,0,0,"No",null,null,null,null,null,null,null,"No","Dx",false,1.75]
["IResidentialCoupon Proon ProgramENERGY STAR® QUALIFIRESCENT LAMPS (CFLS)23 W General Service Lamp, Screw-InBaseline mix (incandandescent, CFL, LED)Pumer-Residential-LightingNND","IESO - Measure","Residential","Coupon Program","Lighting ","ENERGY STAR® QUALIFIED STANDARD SPIRAL COMPACT FLUORESCENT LAMPS (CFLS)","23 W General Service Lamp, Screw-In","Baseline mix (incandescent, CFL, LED)",985.5,4.7E-2,46.3185,2.3E-2,22.666499999999999,2.4E-2,23.652000000000001,1.4858307692307694E-3,11,"PSP-Consumer-Residential-Lighting",-1.1200000000000001,0.95,0.95,0,0,"No",null,null,null,null,null,null,null,"No","Dx",false,1.75]
["IResidentialCoupon Proon ProgramENERGY STAR® QUALIFIRESCENT LAMPS (CFLS)25 W General Service Lamp, Screw-InBaseline mix (incandandescent, CFL, LED)Pumer-Residential-LightingNND","IESO - Measure","Residential","Coupon Program","Lighting ","ENERGY STAR® QUALIFIED STANDARD SPIRAL COMPACT FLUORESCENT LAMPS (CFLS)","25 W General Service Lamp, Screw-In","Baseline mix (incandescent, CFL, LED)",985.5,4.8000000000000001E-2,47.304000000000002,2.5000000000000001E-2,24.637500000000003,2.3E-2,22.666499999999999,1.4239211538461538E-3,11,"PSP-Consumer-Residential-Lighting",-2.04,0.95,0.95,0,0,"No",null,null,null,null,null,null,null,"No","Dx",false,1.75]
["IResidentialCoupon Proon ProgramENERGY STAR® QUALIFIRESCENT LAMPS (CFLS)27 W General Service Lamp, Screw-InBaseline mix (incandandescent, CFL, LED)Pumer-Residential-LightingNND","IESO - Measure","Residential","Coupon Program","Lighting ","ENERGY STAR® QUALIFIED STANDARD SPIRAL COMPACT FLUORESCENT LAMPS (CFLS)","27 W General Service Lamp, Screw-In","Baseline mix (incandescent, CFL, LED)",985.5,4.9000000000000002E-2,48.289500000000004,2.7E-2,26.608499999999999,2.2000000000000002E-2,21.681000000000004,1.3620115384615388E-3,11,"PSP-Consumer-Residential-Lighting",-1.44,0.95,0.95,0,0,"No",null,null,null,null,null,null,null,"No","Dx",false,1.75]
["IResidentialApplianceRetirementENERGY STAR® FREEZERReplace With NewStandard FreezerStandard FreezerPumer-Residential-FreezersNND","IESO - Measure","Residential","Appliance Retirement","Household Appliances","ENERGY STAR® FREEZER                                                                                ","Replace With New","Standard Freezer",8760,"-",1302.1479999999999,"-",405.62,"-",896.52799999999991,0.1218358564102564,11,"PSP-Consumer-Residential-Freezers",33,0.43,0.43,0,0,"No",null,null,null,null,null,null,null,"No","Dx",false,0]
["IResidentialApplianceRetirementENERGY STAR® FREEZERNo ReplacementStandard FreezerStandard FreezerPumer-Residential-FreezersNND","IESO - Measure","Residential","Appliance Retirement","Household Appliances","ENERGY STAR® FREEZER                                                                                ","No Replacement","Standard Freezer",8760,"-",1183.5,"-",41,"-",1142.5,0.1552628205128205,11,"PSP-Consumer-Residential-Freezers",0,0.43,0.43,0,0,"No",null,null,null,null,null,null,null,"No","Dx",false,0]
["IResidentialApplianceRetirementENERGY STAR® REFRIGEReplace With NewStandard Refrigeratotandard RefrigeratorPResidential-RefrigeratorsNND","IESO - Measure","Residential","Appliance Retirement","Household Appliances","ENERGY STAR® REFRIGERATOR                                                                           ","Replace With New","Standard Refrigerator",8760,"-",1214,"-",459.8,"-",754.2,9.7465846153846167E-2,14,"PSP-Consumer-Residential-Refrigerators",30,0.45,0.45,0,0,"No",null,null,null,null,null,null,null,"No","Dx",false,0]
["IResidentialApplianceRetirementENERGY STAR® REFRIGENo ReplacementStandard Refrigeratotandard RefrigeratorPResidential-RefrigeratorsNND","IESO - Measure","Residential","Appliance Retirement","Household Appliances","ENERGY STAR® REFRIGERATOR                                                                           ","No Replacement","Standard Refrigerator",8760,"-",1125.3779999999999,"-",155.05000000000001,"-",970.32799999999997,0.12539623384615384,14,"PSP-Consumer-Residential-Refrigerators",0,0.45,0.45,0,0,"No",null,null,null,null,null,null,null,"No","Dx",false,0]
["IResidentialApplianceRetirementENERGY STAR® DEHUMIDY STAR® DEHUMIDIFIERReplace With NewNon-Energy Star® Dehy Star® DehumidifierPResidential-DehumidifiersNND","IESO - Measure","Residential","Appliance Retirement","Space Cooling and Heating","ENERGY STAR® DEHUMIDIFIER","Replace With New","Non-Energy Star® Dehumidifier",4032,0.24424999999999999,984.81600000000003,8.8800000000000004E-2,358.04160000000002,0.15544999999999998,626.77440000000001,0.1910858363076923,12,"PSP-Consumer-Residential-Dehumidifiers",40,0.35,0.35,0,0,"No",null,null,null,null,null,null,null,"No","Dx",false,0]
["IResidentialApplianceRetirementENERGY STAR® DEHUMIDY STAR® DEHUMIDIFIERNo ReplacementNon-Energy Star® Dehy Star® DehumidifierPResidential-DehumidifiersNND","IESO - Measure","Residential","Appliance Retirement","Space Cooling and Heating","ENERGY STAR® DEHUMIDIFIER","No Replacement","Non-Energy Star® Dehumidifier",4032,0.24424999999999999,984.81600000000003,0,0,0.24424999999999999,984.81600000000003,0.30024262153846154,12,"PSP-Consumer-Residential-Dehumidifiers",0,0.35,0.35,0,0,"No",null,null,null,null,null,null,null,"No","Dx",false,0]
["IResidentialApplianceRetirementENERGY STAR® ROOM AIROOM AIR CONDITIONERReplace With NewNon-Energy Star® RooRoom Air ConditionerPsumer-Residential-AC_RoomNND","IESO - Measure","Residential","Appliance Retirement","Space Cooling and Heating","ENERGY STAR® ROOM AIR CONDITIONER","Replace With New","Non-Energy Star® Room Air Conditioner",310.60000000000002,1.1958,371.41548,0.74280000000000002,230.71368000000001,0.45299999999999996,140.70179999999999,7.9081627076923081E-2,9,"PSP-Consumer-Residential-AC_Room",40,0.35,0.35,0,0,"No",null,null,null,null,null,null,null,"No","Dx",false,0]
["IResidentialApplianceRetirementENERGY STAR® ROOM AIROOM AIR CONDITIONERNo ReplacementNon-Energy Star® RooRoom Air ConditionerPsumer-Residential-AC_RoomNND","IESO - Measure","Residential","Appliance Retirement","Space Cooling and Heating","ENERGY STAR® ROOM AIR CONDITIONER","No Replacement","Non-Energy Star® Room Air Conditioner",310.60000000000002,1.1958,371.41548,0,0,1.1958,371.41548,0.20875454670769231,9,"PSP-Consumer-Residential-AC_Room",0,0.35,0.35,0,0,"No",null,null,null,null,null,null,null,"No","Dx",false,0]
["IResidentialAppliancee ExchangeENERGY STAR® DEHUMIDY STAR® DEHUMIDIFIERReplace With NewNon-Energy Star® Dehy Star® DehumidifierPResidential-DehumidifiersNND","IESO - Measure","Residential","Appliance Exchange","Space Cooling and Heating","ENERGY STAR® DEHUMIDIFIER","Replace With New","Non-Energy Star® Dehumidifier",4032,0.24424999999999999,984.81600000000003,8.6999999999999994E-2,350.78399999999999,0.15725,634.03200000000004,0.19329847384615387,12,"PSP-Consumer-Residential-Dehumidifiers",40,0.53,0.53,0,0,"No",null,null,null,null,null,null,null,"No","Dx",false,0]
["IResidentialAppliancee ExchangeENERGY STAR® DEHUMIDY STAR® DEHUMIDIFIERNo ReplacementNon-Energy Star® Dehy Star® DehumidifierPResidential-DehumidifiersNND","IESO - Measure","Residential","Appliance Exchange","Space Cooling and Heating","ENERGY STAR® DEHUMIDIFIER","No Replacement","Non-Energy Star® Dehumidifier",4032,0.24424999999999999,984.81600000000003,0,0,0.24424999999999999,984.81600000000003,0.30024262153846154,12,"PSP-Consumer-Residential-Dehumidifiers",0,0.53,0.53,0,0,"No",null,null,null,null,null,null,null,"No","Dx",false,0]
["IResidentialHeating anng ProgramELECTRIC FURNACE WITONTINUOUS FAN USAGE)Space heating and cooling, existing homeElec furnace with PScool - existing homePResidential-Furnace_ECM_3NND","IESO - Measure","Residential","Heating and Cooling Program","Space Cooling and Heating","ELECTRIC FURNACE WITH ECM (CONTINUOUS FAN USAGE)","Space heating and cooling, existing home","Elec furnace with PSC motor continuous - heat/cool - existing home","-","-",33473,"-",32515,"-",958,0.26922256410256412,19,"PSP-Consumer-Residential-Furnace_ECM_3",960,0.48399999999999999,0.42599999999999999,0,0,"No",null,null,null,null,null,null,null,"No","Dx",false,13]
["IResidentialHeating anng ProgramELECTRIC FURNACE WITONTINUOUS FAN USAGE)Space heating and cooling, new homeElec furnace with PSheat/cool - new homePResidential-Furnace_ECM_3NND","IESO - Measure","Residential","Heating and Cooling Program","Space Cooling and Heating","ELECTRIC FURNACE WITH ECM (CONTINUOUS FAN USAGE)","Space heating and cooling, new home","Elec furnace with PSC motor continuous - heat/cool - new home","-","-",23182,"-",21964,"-",1218,0.34228923076923079,19,"PSP-Consumer-Residential-Furnace_ECM_3",960,0.48399999999999999,0.42599999999999999,0,0,"No",null,null,null,null,null,null,null,"No","Dx",false,13]
["IResidentialHeating anng ProgramELECTRIC FURNACE WITONTINUOUS FAN USAGE)Space heating only, existing homeElec furnace with PSonly - existing homePResidential-Furnace_ECM_1NND","IESO - Measure","Residential","Heating and Cooling Program","Space Cooling and Heating","ELECTRIC FURNACE WITH ECM (CONTINUOUS FAN USAGE)","Space heating only, existing home","Elec furnace with PSC motor continous - heat only - existing home","-","-",30792,"-",31121,"-",-329,-1.8812051282051285E-2,19,"PSP-Consumer-Residential-Furnace_ECM_1",960,0.48399999999999999,0.42599999999999999,0,0,"No",null,null,null,null,null,null,null,"No","Dx",false,13]
["IResidentialHeating anng ProgramELECTRIC FURNACE WITONTINUOUS FAN USAGE)Space heating only, new homeElec furnace with PSheat only - new homePResidential-Furnace_ECM_1NND","IESO - Measure","Residential","Heating and Cooling Program","Space Cooling and Heating","ELECTRIC FURNACE WITH ECM (CONTINUOUS FAN USAGE)","Space heating only, new home","Elec furnace with PSC motor continuous - heat only - new home","-","-",20050,"-",20188,"-",-138,-7.8907692307692307E-3,19,"PSP-Consumer-Residential-Furnace_ECM_1",960,0.48399999999999999,0.42599999999999999,0,0,"No",null,null,null,null,null,null,null,"No","Dx",false,13]
["IResidentialHeating anng ProgramELECTRIC FURNACE WITONTINUOUS FAN USAGE)Space heating and cooling, existing homeElec furnace with PScool - existing homePResidential-Furnace_ECM_3NND","IESO - Measure","Residential","Heating and Cooling Program","Space Cooling and Heating","ELECTRIC FURNACE WITH ECM (CONTINUOUS TO NON-CONTINUOUS FAN USAGE)","Space heating and cooling, existing home","Elec furnace with PSC motor continuous - heat/cool - existing home","-","-",33473,"-",32582,"-",891,0.25039384615384613,19,"PSP-Consumer-Residential-Furnace_ECM_3",960,0.48399999999999999,0.42599999999999999,0,0,"No",null,null,null,null,null,null,null,"No","Dx",false,13]
["IResidentialHeating anng ProgramELECTRIC FURNACE WITONTINUOUS FAN USAGE)Space heating and cooling, new homeElec furnace with PSheat/cool - new homePResidential-Furnace_ECM_3NND","IESO - Measure","Residential","Heating and Cooling Program","Space Cooling and Heating","ELECTRIC FURNACE WITH ECM (CONTINUOUS TO NON-CONTINUOUS FAN USAGE)","Space heating and cooling, new home","Elec furnace with PSC motor continuous - heat/cool - new home","-","-",23182,"-",21874,"-",1308,0.36758153846153846,19,"PSP-Consumer-Residential-Furnace_ECM_3",960,0.48399999999999999,0.42599999999999999,0,0,"No",null,null,null,null,null,null,null,"No","Dx",false,13]
["IResidentialHeating anng ProgramELECTRIC FURNACE WITONTINUOUS FAN USAGE)Space heating only, existing homeElec furnace with PSonly - existing homePResidential-Furnace_ECM_1NND","IESO - Measure","Residential","Heating and Cooling Program","Space Cooling and Heating","ELECTRIC FURNACE WITH ECM (CONTINUOUS TO NON-CONTINUOUS FAN USAGE)","Space heating only, existing home","Elec furnace with PSC motor continous - heat only - existing home","-","-",30792,"-",31289,"-",-497,-2.8418205128205129E-2,19,"PSP-Consumer-Residential-Furnace_ECM_1",960,0.48399999999999999,0.42599999999999999,0,0,"No",null,null,null,null,null,null,null,"No","Dx",false,13]
["IResidentialHeating anng ProgramELECTRIC FURNACE WITONTINUOUS FAN USAGE)Space heating only, new homeElec furnace with PSheat only - new homePResidential-Furnace_ECM_1NND","IESO - Measure","Residential","Heating and Cooling Program","Space Cooling and Heating","ELECTRIC FURNACE WITH ECM (CONTINUOUS TO NON-CONTINUOUS FAN USAGE)","Space heating only, new home","Elec furnace with PSC motor continuous - heat only - new home","-","-",20050,"-",20223,"-",-173,-9.8920512820512823E-3,19,"PSP-Consumer-Residential-Furnace_ECM_1",960,0.48399999999999999,0.42599999999999999,0,0,"No",null,null,null,null,null,null,null,"No","Dx",false,13]
["IResidentialHeating anng ProgramELECTRIC FURNACE WITONTINUOUS FAN USAGE)Space heating and cooling, new homeElec furnace with PSheat/cool - new homePResidential-Furnace_ECM_3NND","IESO - Measure","Residential","Heating and Cooling Program","Space Cooling and Heating","ELECTRIC FURNACE WITH ECM (NON-CONTINUOUS FAN USAGE)","Space heating and cooling, new home","Elec furnace with PSC motor non-continuous - heat/cool - new home","-","-",21955,"-",21874,"-",81,2.2763076923076924E-2,19,"PSP-Consumer-Residential-Furnace_ECM_3",960,0.48399999999999999,0.42599999999999999,0,0,"No",null,null,null,null,null,null,null,"No","Dx",false,13]
["IResidentialHeating anng ProgramELECTRIC FURNACE WITONTINUOUS FAN USAGE)Space heating only, existing homeElec furnace with PSnly - existing homesPResidential-Furnace_ECM_2NND","IESO - Measure","Residential","Heating and Cooling Program","Space Cooling and Heating","ELECTRIC FURNACE WITH ECM (NON-CONTINUOUS FAN USAGE)","Space heating only, existing home","Elec furnace with PSC motor non-continuous - heat only - existing homes","-","-",31354,"-",31289,"-",65,1.6666666666666667E-5,19,"PSP-Consumer-Residential-Furnace_ECM_2",960,0.48399999999999999,0.42599999999999999,0,0,"No",null,null,null,null,null,null,null,"No","Dx",false,13]
["IResidentialHeating anng ProgramELECTRIC FURNACE WITONTINUOUS FAN USAGE)Space heating only, new homeElec Furnace with PSheat only - new homePResidential-Furnace_ECM_2NND","IESO - Measure","Residential","Heating and Cooling Program","Space Cooling and Heating","ELECTRIC FURNACE WITH ECM (NON-CONTINUOUS FAN USAGE)","Space heating only, new home","Elec Furnace with PSC motor non-continous - heat only - new home","-","-",20244,"-",20223,"-",21,5.3846153846153855E-6,19,"PSP-Consumer-Residential-Furnace_ECM_2",960,0.48399999999999999,0.42599999999999999,0,0,"No",null,null,null,null,null,null,null,"No","Dx",false,13]
["IResidentialHeating anng ProgramELECTRIC FURNACE WITON-CONTINUOUS USAGE)Space heating and cooling, existing homeElec furnace with PScool - existing homePResidential-Furnace_ECM_3NND","IESO - Measure","Residential","Heating and Cooling Program","Space Cooling and Heating","ELECTRIC FURNACE WITH ECM (NON-CONTINUOUS USAGE)","Space heating and cooling, existing home","Elec furnace with PSC motor non-continuous - heat/cool - existing home","-","-",32696,"-",32582,"-",114,3.2036923076923081E-2,19,"PSP-Consumer-Residential-Furnace_ECM_3",960,0.48399999999999999,0.42599999999999999,0,0,"No",null,null,null,null,null,null,null,"No","Dx",false,13]
["IResidentialHeating anng ProgramENERGY STAR® CENTRALTRAL AIR CONDITIONERSEER 14.5SEER 13 Central Airtral Air ConditionerPsumer-Residential-AC_RoomNND","IESO - Measure","Residential","Heating and Cooling Program","Space Cooling and Heating","ENERGY STAR® CENTRAL AIR CONDITIONER","SEER 14.5","SEER 13 Central Air Conditioner",500,2,1000,1.7931034482758621,896.55172413793105,0.2068965517241379,103.44827586206895,5.8143236074270549E-2,18,"PSP-Consumer-Residential-AC_Room",475,0.48399999999999999,0.42599999999999999,0,0,"No",null,null,null,null,null,null,null,"No","Dx",false,13]
["IResidentialHeating anng ProgramENERGY STAR® CENTRALTRAL AIR CONDITIONERSEER 14.5, With High TemperatureSEER 13 Central Airtral Air ConditionerPsumer-Residential-AC_RoomNND","IESO - Measure","Residential","Heating and Cooling Program","Space Cooling and Heating","ENERGY STAR® CENTRAL AIR CONDITIONER","SEER 14.5, With High Temperature","SEER 13 Central Air Conditioner",500,2,1000,1.7931034482758621,690.34482758620697,0.2068965517241379,309.65517241379303,0.17404208664898319,18,"PSP-Consumer-Residential-AC_Room",475,0.48399999999999999,0.42599999999999999,0,0,"No",null,null,null,null,null,null,null,"No","Dx",false,13]
["IResidentialHeating anng ProgramENERGY STAR® CENTRALTRAL AIR CONDITIONERSEER 15SEER 13 Central Airtral Air ConditionerPsumer-Residential-AC_RoomNND","IESO - Measure","Residential","Heating and Cooling Program","Space Cooling and Heating","ENERGY STAR® CENTRAL AIR CONDITIONER","SEER 15","SEER 13 Central Air Conditioner",500,2,1000,1.7333333333333334,866.66666666666674,0.26666666666666661,133.33333333333326,7.49401709401709E-2,18,"PSP-Consumer-Residential-AC_Room",475,0.48399999999999999,0.42599999999999999,0,0,"No",null,null,null,null,null,null,null,"No","Dx",false,13]
["IResidentialHeating anng ProgramENERGY STAR® CENTRALTRAL AIR CONDITIONERSEER 15, With High TemperatureSEER 13 Central Airtral Air ConditionerPsumer-Residential-AC_RoomNND","IESO - Measure","Residential","Heating and Cooling Program","Space Cooling and Heating","ENERGY STAR® CENTRAL AIR CONDITIONER","SEER 15, With High Temperature","SEER 13 Central Air Conditioner",500,2,1000,1.7333333333333334,667.33333333333337,0.26666666666666661,332.66666666666663,0.18697572649572647,18,"PSP-Consumer-Residential-AC_Room",475,0.48399999999999999,0.42599999999999999,0,0,"No",null,null,null,null,null,null,null,"No","Dx",false,13]
["IResidentialHeating anng ProgramGAS FURNACE WITH ECMONTINUOUS FAN USAGE)Space heating and cooling, existing homeGas furnace with PSCcool - existing homePResidential-Furnace_ECM_3NND","IESO - Measure","Residential","Heating and Cooling Program","Space Cooling and Heating","GAS FURNACE WITH ECM (CONTINUOUS FAN USAGE)","Space heating and cooling, existing home","Gas furnace with PSC motor continuous - heat/cool - existing home","-","-",4827,"-",2006,"-",2821,0.79277333333333333,19,"PSP-Consumer-Residential-Furnace_ECM_3",960,0.48399999999999999,0.42599999999999999,0,0,"No",null,null,null,null,null,null,null,"No","Dx",false,13]
["IResidentialHeating anng ProgramGAS FURNACE WITH ECMONTINUOUS FAN USAGE)Space heating and cooling, new homeGas furnace with PSCheat/cool - new homePResidential-Furnace_ECM_3NND","IESO - Measure","Residential","Heating and Cooling Program","Space Cooling and Heating","GAS FURNACE WITH ECM (CONTINUOUS FAN USAGE)","Space heating and cooling, new home","Gas furnace with PSC continuous - heat/cool - new home","-","-",5140,"-",2215,"-",2925,0.82199999999999995,19,"PSP-Consumer-Residential-Furnace_ECM_3",960,0.48399999999999999,0.42599999999999999,0,0,"No",null,null,null,null,null,null,null,"No","Dx",false,13]
["IResidentialHeating anng ProgramGAS FURNACE WITH ECMONTINUOUS FAN USAGE)Space heating only, existing homeGas furnace with PSConly - existing homePResidential-Furnace_ECM_1NND","IESO - Measure","Residential","Heating and Cooling Program","Space Cooling and Heating","GAS FURNACE WITH ECM (CONTINUOUS FAN USAGE)","Space heating only, existing home","Gas furnace with PSC motor continuous - heat only - existing home","-","-",2146,"-",612,"-",1534,8.7713333333333324E-2,19,"PSP-Consumer-Residential-Furnace_ECM_1",960,0.48399999999999999,0.42599999999999999,0,0,"No",null,null,null,null,null,null,null,"No","Dx",false,13]
["IResidentialHeating anng ProgramGAS FURNACE WITH ECMONTINUOUS FAN USAGE)Space heating only, new homeGas furnace with PSCheat only - new homePResidential-Furnace_ECM_1NND","IESO - Measure","Residential","Heating and Cooling Program","Space Cooling and Heating","GAS FURNACE WITH ECM (CONTINUOUS FAN USAGE)","Space heating only, new home","Gas furnace with PSC motor continuous - heat only - new home","-","-",2008,"-",439,"-",1569,8.9714615384615393E-2,19,"PSP-Consumer-Residential-Furnace_ECM_1",960,0.48399999999999999,0.42599999999999999,0,0,"No",null,null,null,null,null,null,null,"No","Dx",false,13]
["IResidentialHeating anng ProgramGAS FURNACE WITH ECMONTINUOUS FAN USAGE)Space heating and cooling, existing homeElectric furnace witool - existing homesPResidential-Furnace_ECM_3NND","IESO - Measure","Residential","Heating and Cooling Program","Space Cooling and Heating","GAS FURNACE WITH ECM (CONTINUOUS FAN USAGE)","Space heating and cooling, existing home","Electric furnace with PSC motor continuous - heat/cool - existing homes","-","-",13384,"-",2006,"-",11378,3.1975097435897437,19,"PSP-Consumer-Residential-Furnace_ECM_3",960,0.48399999999999999,0.42599999999999999,0,0,"No",null,null,null,null,null,null,null,"No","Dx",false,13]
["IResidentialHeating anng ProgramGAS FURNACE WITH ECMONTINUOUS FAN USAGE)Space heating and cooling, new homeElectric furnace witeat/cool - new homesPResidential-Furnace_ECM_3NND","IESO - Measure","Residential","Heating and Cooling Program","Space Cooling and Heating","GAS FURNACE WITH ECM (CONTINUOUS FAN USAGE)","Space heating and cooling, new home","Electric furnace with PSC motor continuous - heat/cool - new homes","-","-",13697,"-",2215,"-",11482,3.2267364102564104,19,"PSP-Consumer-Residential-Furnace_ECM_3",960,0.48399999999999999,0.42599999999999999,0,0,"No",null,null,null,null,null,null,null,"No","Dx",false,13]
["IResidentialHeating anng ProgramGAS FURNACE WITH ECMONTINUOUS FAN USAGE)Space heating only, existing homeElectric furnace witnly - existing homesPResidential-Furnace_ECM_1NND","IESO - Measure","Residential","Heating and Cooling Program","Space Cooling and Heating","GAS FURNACE WITH ECM (CONTINUOUS FAN USAGE)","Space heating only, existing home","Electric furnace with PSC motor continuous - heat only - existing homes","-","-",10703,"-",612,"-",10091,0.5769982051282051,19,"PSP-Consumer-Residential-Furnace_ECM_1",960,0.48399999999999999,0.42599999999999999,0,0,"No",null,null,null,null,null,null,null,"No","Dx",false,13]
["IResidentialHeating anng ProgramGAS FURNACE WITH ECMONTINUOUS FAN USAGE)Space heating only, new homeElectric furnace witheat only - new homePResidential-Furnace_ECM_1NND","IESO - Measure","Residential","Heating and Cooling Program","Space Cooling and Heating","GAS FURNACE WITH ECM (CONTINUOUS FAN USAGE)","Space heating only, new home","Electric furnace with PSC motor continuous - heat only - new home","-","-",10565,"-",439,"-",10126,0.57899948717948713,19,"PSP-Consumer-Residential-Furnace_ECM_1",960,0.48399999999999999,0.42599999999999999,0,0,"No",null,null,null,null,null,null,null,"No","Dx",false,13]
["IResidentialHeating anng ProgramGAS FURNACE WITH ECMONTINUOUS FAN USAGE)Space heating and cooling, existing homeGas furnace with PSCool - existing homesPResidential-Furnace_ECM_3NND","IESO - Measure","Residential","Heating and Cooling Program","Space Cooling and Heating","GAS FURNACE WITH ECM (CONTINUOUS TO NON-CONTINUOUS FAN USAGE)","Space heating and cooling, existing home","Gas furnace with PSC motor continuous - heat/cool - existing homes","-","-",4827,"-",1773,"-",3054,0.85825230769230776,19,"PSP-Consumer-Residential-Furnace_ECM_3",960,0.48399999999999999,0.42599999999999999,0,0,"No",null,null,null,null,null,null,null,"No","Dx",false,13]
[{"$f":"CONCATENATE(TRIM(LEFT(B1080,1)),TRIM(LEFT(C1080,20)),TRIM(LEFT(D1080,10)),TRIM(RIGHT(D1080,10)),TRIM(LEFT(F1080,20)),TRIM(RIGHT(F1080,20)),TRIM(LEFT(G1080,105)),TRIM(LEFT(H1080,20)),TRIM(RIGHT(H1080,20)),TRIM(LEFT(R1080,1)),TRIM(RIGHT(R1080,25)),TRIM(LEFT(X1080,1)),TRIM(LEFT(AF1080,1)),TRIM(LEFT(AG1080,1)))","v":"IResidentialHeating anng ProgramGAS FURNACE WITH ECMONTINUOUS FAN USAGE)Space heating and cooling, new homeGas furnace with PSCeat/cool - new homesPResidential-Furnace_ECM_3NND"},"IESO - Measure","Residential","Heating and Cooling Program","Space Cooling and Heating","GAS FURNACE WITH ECM (CONTINUOUS TO NON-CONTINUOUS FAN USAGE)","Space heating and cooling, new home","Gas furnace with PSC motor continuous - heat/cool - new homes","-","-",5140,"-",1959,"-",3181,0.89394256410256412,19,"PSP-Consumer-Residential-Furnace_ECM_3",960,0.48399999999999999,0.42599999999999999,0,0,"No",null,null,null,null,null,null,null,"No","Dx",false,13]
["IResidentialHeating anng ProgramGAS FURNACE WITH ECMONTINUOUS FAN USAGE)Space heating only, existing homeGas furnace with PSCnly - existing homesPResidential-Furnace_ECM_1NND","IESO - Measure","Residential","Heating and Cooling Program","Space Cooling and Heating","GAS FURNACE WITH ECM (CONTINUOUS TO NON-CONTINUOUS FAN USAGE)","Space heating only, existing home","Gas furnace with PSC motor continuous - heat only - existing homes","-","-",2146,"-",480,"-",1666,9.5261025641025648E-2,19,"PSP-Consumer-Residential-Furnace_ECM_1",960,0.48399999999999999,0.42599999999999999,0,0,"No",null,null,null,null,null,null,null,"No","Dx",false,13]
["IResidentialHeating anng ProgramGAS FURNACE WITH ECMONTINUOUS FAN USAGE)Space heating only, new homeGas furnace with PSCheat only - new homePResidential-Furnace_ECM_1NND","IESO - Measure","Residential","Heating and Cooling Program","Space Cooling and Heating","GAS FURNACE WITH ECM (CONTINUOUS TO NON-CONTINUOUS FAN USAGE)","Space heating only, new home","Gas furnace with PSC motor continuous - heat only - new home","-","-",2008,"-",308,"-",1700,9.7205128205128208E-2,19,"PSP-Consumer-Residential-Furnace_ECM_1",960,0.48399999999999999,0.42599999999999999,0,0,"No",null,null,null,null,null,null,null,"No","Dx",false,13]
["IResidentialHeating anng ProgramGAS FURNACE WITH ECMONTINUOUS FAN USAGE)Space heating and cooling, existing homeElectric furnace witool - existing homesPResidential-Furnace_ECM_3NND","IESO - Measure","Residential","Heating and Cooling Program","Space Cooling and Heating","GAS FURNACE WITH ECM (CONTINUOUS TO NON-CONTINUOUS FAN USAGE)","Space heating and cooling, existing home","Electric furnace with PSC motor continuous - heat/cool - existing homes","-","-",13384,"-",1773,"-",11611,3.2629887179487183,19,"PSP-Consumer-Residential-Furnace_ECM_3",960,0.48399999999999999,0.42599999999999999,0,0,"No",null,null,null,null,null,null,null,"No","Dx",false,13]
["IResidentialHeating anng ProgramGAS FURNACE WITH ECMONTINUOUS FAN USAGE)Space heating and cooling, new homeElectric furnace witeat/cool - new homesPResidential-Furnace_ECM_3NND","IESO - Measure","Residential","Heating and Cooling Program","Space Cooling and Heating","GAS FURNACE WITH ECM (CONTINUOUS TO NON-CONTINUOUS FAN USAGE)","Space heating and cooling, new home","Electric furnace with PSC motor continuous - heat/cool - new homes","-","-",13697,"-",1959,"-",11738,3.2986789743589742,19,"PSP-Consumer-Residential-Furnace_ECM_3",960,0.48399999999999999,0.42599999999999999,0,0,"No",null,null,null,null,null,null,null,"No","Dx",false,13]
["IResidentialHeating anng ProgramGAS FURNACE WITH ECMONTINUOUS FAN USAGE)Space heating only, existing homeElectric furnace witnly - existing homesPResidential-Furnace_ECM_1NND","IESO - Measure","Residential","Heating and Cooling Program","Space Cooling and Heating","GAS FURNACE WITH ECM (CONTINUOUS TO NON-CONTINUOUS FAN USAGE)","Space heating only, existing home","Electric furnace with PSC motor continuous - heat only - existing homes","-","-",10703,"-",480,"-",10223,0.58454589743589747,19,"PSP-Consumer-Residential-Furnace_ECM_1",960,0.48399999999999999,0.42599999999999999,0,0,"No",null,null,null,null,null,null,null,"No","Dx",false,13]
["IResidentialHeating anng ProgramGAS FURNACE WITH ECMONTINUOUS FAN USAGE)Space heating only, new homeElectric furnace witheat only - new homePResidential-Furnace_ECM_1NND","IESO - Measure","Residential","Heating and Cooling Program","Space Cooling and Heating","GAS FURNACE WITH ECM (CONTINUOUS TO NON-CONTINUOUS FAN USAGE)","Space heating only, new home","Electric furnace with PSC motor continuous - heat only - new home","-","-",10565,"-",308,"-",10257,0.58648999999999996,19,"PSP-Consumer-Residential-Furnace_ECM_1",960,0.48399999999999999,0.42599999999999999,0,0,"No",null,null,null,null,null,null,null,"No","Dx",false,13]
["IResidentialHeating anng ProgramGAS FURNACE WITH ECMONTINUOUS FAN USAGE)Space heating and cooling, existing homeGas furnace with PSCool - existing homesPResidential-Furnace_ECM_3NND","IESO - Measure","Residential","Heating and Cooling Program","Space Cooling and Heating","GAS FURNACE WITH ECM (NON-CONTINUOUS FAN USAGE)","Space heating and cooling, existing home","Gas furnace with PSC motor non-continuous - heat/cool - existing homes","-","-",2146,"-",1773,"-",373,0.1048225641025641,19,"PSP-Consumer-Residential-Furnace_ECM_3",960,0.48399999999999999,0.42599999999999999,0,0,"No",null,null,null,null,null,null,null,"No","Dx",false,13]
["IResidentialHeating anng ProgramGAS FURNACE WITH ECMONTINUOUS FAN USAGE)Space heating and cooling, new homeGas Furnace with PSCheat/cool - new homePResidential-Furnace_ECM_3NND","IESO - Measure","Residential","Heating and Cooling Program","Space Cooling and Heating","GAS FURNACE WITH ECM (NON-CONTINUOUS FAN USAGE)","Space heating and cooling, new home","Gas Furnace with PSC motor non-continuous - heat/cool - new home","-","-",2226,"-",1959,"-",267,7.5033846153846159E-2,19,"PSP-Consumer-Residential-Furnace_ECM_3",960,0.48399999999999999,0.42599999999999999,0,0,"No",null,null,null,null,null,null,null,"No","Dx",false,13]
["IResidentialHeating anng ProgramGAS FURNACE WITH ECMONTINUOUS FAN USAGE)Space heating only, existing homeGas furnace with PSCnly - existing homesPResidential-Furnace_ECM_2NND","IESO - Measure","Residential","Heating and Cooling Program","Space Cooling and Heating","GAS FURNACE WITH ECM (NON-CONTINUOUS FAN USAGE)","Space heating only, existing home","Gas furnace with PSC motor non-continuous - heat only - existing homes","-","-",804,"-",480,"-",324,8.3076923076923074E-5,19,"PSP-Consumer-Residential-Furnace_ECM_2",960,0.48399999999999999,0.42599999999999999,0,0,"No",null,null,null,null,null,null,null,"No","Dx",false,13]
["IResidentialHeating anng ProgramGAS FURNACE WITH ECMONTINUOUS FAN USAGE)Space heating only, new homeGas furnace with PSCheat only - new homePResidential-Furnace_ECM_2NND","IESO - Measure","Residential","Heating and Cooling Program","Space Cooling and Heating","GAS FURNACE WITH ECM (NON-CONTINUOUS FAN USAGE)","Space heating only, new home","Gas furnace with PSC motor non-continuous - heat only - new home","-","-",515,"-",308,"-",207,5.3076923076923076E-5,19,"PSP-Consumer-Residential-Furnace_ECM_2",960,0.48399999999999999,0.42599999999999999,0,0,"No",null,null,null,null,null,null,null,"No","Dx",false,13]
["IResidentialHeating anng ProgramGAS FURNACE WITH ECMONTINUOUS FAN USAGE)Space heating and cooling, existing homeElectric furnace witool - existing homesPResidential-Furnace_ECM_3NND","IESO - Measure","Residential","Heating and Cooling Program","Space Cooling and Heating","GAS FURNACE WITH ECM (NON-CONTINUOUS FAN USAGE)","Space heating and cooling, existing home","Electric furnace with PSC motor non-continuous - heat/cool - existing homes","-","-",10703,"-",1773,"-",8930,2.5095589743589746,19,"PSP-Consumer-Residential-Furnace_ECM_3",960,0.48399999999999999,0.42599999999999999,0,0,"No",null,null,null,null,null,null,null,"No","Dx",false,13]
["IResidentialHeating anng ProgramGAS FURNACE WITH ECMONTINUOUS FAN USAGE)Space heating and cooling, new homeElectric furnace witeat/cool - new homesPResidential-Furnace_ECM_3NND","IESO - Measure","Residential","Heating and Cooling Program","Space Cooling and Heating","GAS FURNACE WITH ECM (NON-CONTINUOUS FAN USAGE)","Space heating and cooling, new home","Electric furnace with PSC motor non-continuous - heat/cool - new homes","-","-",10783,"-",1959,"-",8824,2.4797702564102564,19,"PSP-Consumer-Residential-Furnace_ECM_3",960,0.48399999999999999,0.42599999999999999,0,0,"No",null,null,null,null,null,null,null,"No","Dx",false,13]
["IResidentialHeating anng ProgramGAS FURNACE WITH ECMONTINUOUS FAN USAGE)Space heating only, existing homeElectric furnace witnly - existing homesPResidential-Furnace_ECM_2NND","IESO - Measure","Residential","Heating and Cooling Program","Space Cooling and Heating","GAS FURNACE WITH ECM (NON-CONTINUOUS FAN USAGE)","Space heating only, existing home","Electric furnace with PSC motor non-continuous - heat only - existing homes","-","-",9361,"-",480,"-",8881,2.2771794871794871E-3,19,"PSP-Consumer-Residential-Furnace_ECM_2",960,0.48399999999999999,0.42599999999999999,0,0,"No",null,null,null,null,null,null,null,"No","Dx",false,13]
["IResidentialHeating anng ProgramGAS FURNACE WITH ECMONTINUOUS FAN USAGE)Space heating only, new homeElectric furnace witheat only - new homePResidential-Furnace_ECM_2NND","IESO - Measure","Residential","Heating and Cooling Program","Space Cooling and Heating","GAS FURNACE WITH ECM (NON-CONTINUOUS FAN USAGE)","Space heating only, new home","Electric furnace with PSC motor non-continuous - heat only - new home","-","-",9072,"-",308,"-",8764,2.2471794871794875E-3,19,"PSP-Consumer-Residential-Furnace_ECM_2",960,0.48399999999999999,0.42599999999999999,0,0,"No",null,null,null,null,null,null,null,"No","Dx",false,13]
["IResidentialHome Assisce ProgramPROGRAMMABLE THERMOSGRAMMABLE THERMOSTATBaseboard HeatersNon-programmable theon baseboard heatersPential-Space_Heating_RoomNND","IESO - Measure","Residential","Home Assistance Program","Controls for Space Cooling and Heating - Residential      ","PROGRAMMABLE THERMOSTAT","Baseboard Heaters","Non-programmable thermostats installed on baseboard heaters","-","-","-","-","-","-",38.701999999999998,5.7005721034994473E-6,11,"PSP-Consumer-Residential-Space_Heating_Room",85,1,1,0,0,"No",null,null,null,null,null,null,null,"No","Dx",false,0]
["IResidentialHome Assisce ProgramPROGRAMMABLE THERMOSGRAMMABLE THERMOSTATElectric Forced-Air HeatingNon-programmable thegrammable thermostatPorced_Air_Central_HeatingNND","IESO - Measure","Residential","Home Assistance Program","Controls for Space Cooling and Heating - Residential      ","PROGRAMMABLE THERMOSTAT","Electric Forced-Air Heating","Non-programmable thermostat","-","-","-","-","-","-",1321.4,1.9463428188631519E-4,11,"PSP-Consumer-Residential-Forced_Air_Central_Heating",85,1,1,0,0,"No",null,null,null,null,null,null,null,"No","Dx",false,0]
["IResidentialHome Assisce ProgramENERGY STAR® FREEZERFreezer Replacement (ENERGY STAR Qualified 12-14.4 cu ft)Standard FreezerStandard FreezerPResidential-RefrigeratorsNND","IESO - Measure","Residential","Home Assistance Program","Household Appliances","ENERGY STAR® FREEZER                                                                                ","Freezer Replacement (ENERGY STAR Qualified 12-14.4 cu ft)","Standard Freezer","-","-","-","-","-","-",631.37599999999998,8.1593206153846159E-2,21,"PSP-Consumer-Residential-Refrigerators",500,1,1,0,0,"No",null,null,null,null,null,null,null,"No","Dx",false,0]
["IResidentialHome Assisce ProgramENERGY STAR® FREEZERFreezer Replacement (ENERGY STAR Qualified 14.5 - 16.0 cu ft)Standard FreezerStandard FreezerPResidential-RefrigeratorsNND","IESO - Measure","Residential","Home Assistance Program","Household Appliances","ENERGY STAR® FREEZER                                                                                ","Freezer Replacement (ENERGY STAR Qualified 14.5 - 16.0 cu ft)","Standard Freezer","-","-","-","-","-","-",631.37599999999998,8.1593206153846159E-2,21,"PSP-Consumer-Residential-Refrigerators",550,1,1,0,0,"No",null,null,null,null,null,null,null,"No","Dx",false,0]
["IResidentialHome Assisce ProgramENERGY STAR® REFRIGERefrigerator Replacement (ENERGY STAR Qualified 15.5 - 16.9 cu ft)Standard Refrigeratotandard RefrigeratorPResidential-RefrigeratorsNND","IESO - Measure","Residential","Home Assistance Program","Household Appliances","ENERGY STAR® REFRIGERATOR                                                                           ","Refrigerator Replacement (ENERGY STAR Qualified 15.5 - 16.9 cu ft)","Standard Refrigerator","-","-","-","-","-","-",673.26880000000006,8.7007044923076926E-2,14,"PSP-Consumer-Residential-Refrigerators",650,1,1,0,0,"No",null,null,null,null,null,null,null,"No","Dx",false,0]
["IResidentialHome Assisce ProgramENERGY STAR® REFRIGERefrigerator Replacement (ENERGY STAR Qualified 17.0 - 18.4 cu ft)Standard Refrigeratotandard RefrigeratorPResidential-RefrigeratorsNND","IESO - Measure","Residential","Home Assistance Program","Household Appliances","ENERGY STAR® REFRIGERATOR                                                                           ","Refrigerator Replacement (ENERGY STAR Qualified 17.0 - 18.4 cu ft)","Standard Refrigerator","-","-","-","-","-","-",673.26880000000006,8.7007044923076926E-2,14,"PSP-Consumer-Residential-Refrigerators",650,1,1,0,0,"No",null,null,null,null,null,null,null,"No","Dx",false,0]
["IResidentialHome Assisce ProgramREFRIGERATOR REPLACERefrigerator Replacement (10.0 - 12.5 cu ft)Standard Refrigeratotandard RefrigeratorPResidential-RefrigeratorsNND","IESO - Measure","Residential","Home Assistance Program","Household Appliances","REFRIGERATOR REPLACEMENT                                                              ","Refrigerator Replacement (10.0 - 12.5 cu ft)","Standard Refrigerator","-","-","-","-","-","-",673.26880000000006,8.7007044923076926E-2,14,"PSP-Consumer-Residential-Refrigerators",650,1,1,0,0,"No",null,null,null,null,null,null,null,"No","Dx",false,0]
["IResidentialHome Assisce ProgramENERGY STAR® QUALIFIMPS (CFLS) TRI-LIGHT3-Way CFL60-75-100W Incandesc75-100W IncandescentPumer-Residential-LightingNND","IESO - Measure","Residential","Home Assistance Program","Lighting","ENERGY STAR® QUALIFIED COMPACT FLUORESCENT LAMPS (CFLS) TRI-LIGHT","3-Way CFL","60-75-100W Incandescent","-","-","-","-","-","-",80.2,5.0382051282051284E-3,6,"PSP-Consumer-Residential-Lighting",8,1,1,0,0,"No",null,null,null,null,null,null,null,"No","Dx",false,0]
["IResidentialHome Assisce ProgramENERGY STAR® QUALIFILAMPS (CFLS) TWISTER13 W CFL Twister60W Incandescent Bul0W Incandescent BulbPumer-Residential-LightingNND","IESO - Measure","Residential","Home Assistance Program","Lighting","ENERGY STAR® QUALIFIED COMPACT FLUORESCENT LAMPS (CFLS) TWISTER","13 W CFL Twister","60W Incandescent Bulb","-","-","-","-","-","-",39.054000000000002,2.4533923076923078E-3,8,"PSP-Consumer-Residential-Lighting",2,1,1,0,0,"No",null,null,null,null,null,null,null,"No","Dx",false,0]
["IResidentialHome Assisce ProgramENERGY STAR® QUALIFILAMPS (CFLS) TWISTER20 W CFL Twister75W Incandescent Bul5W Incandescent BulbPumer-Residential-LightingNND","IESO - Measure","Residential","Home Assistance Program","Lighting","ENERGY STAR® QUALIFIED COMPACT FLUORESCENT LAMPS (CFLS) TWISTER","20 W CFL Twister","75W Incandescent Bulb","-","-","-","-","-","-",45.847000000000001,2.8801320512820516E-3,8,"PSP-Consumer-Residential-Lighting",2.5,1,1,0,0,"No",null,null,null,null,null,null,null,"No","Dx",false,0]
["IResidentialHome Assisce ProgramENERGY STAR® QUALIFILAMPS (CFLS) TWISTER25 W CFL Twister100W Incandescent Bu0W Incandescent BulbPumer-Residential-LightingNND","IESO - Measure","Residential","Home Assistance Program","Lighting","ENERGY STAR® QUALIFIED COMPACT FLUORESCENT LAMPS (CFLS) TWISTER","25 W CFL Twister","100W Incandescent Bulb","-","-","-","-","-","-",62.826999999999998,3.9468243589743587E-3,8,"PSP-Consumer-Residential-Lighting",7,1,1,0,0,"No",null,null,null,null,null,null,null,"No","Dx",false,0]
["IResidentialHome Assisce ProgramENERGY STAR® QUALIFIS (CFLS)-COVERED A19Covered A19 CFLs60W Incandescent Bul0W Incandescent BulbPumer-Residential-LightingNND","IESO - Measure","Residential","Home Assistance Program","Lighting","ENERGY STAR® QUALIFIED COMPACT FLUORESCENT LAMPS (CFLS)-COVERED A19","Covered A19 CFLs","60W Incandescent Bulb","-","-","-","-","-","-",37.356999999999999,2.3467858974358978E-3,8,"PSP-Consumer-Residential-Lighting",8,1,1,0,0,"No",null,null,null,null,null,null,null,"No","Dx",false,0]
["IResidentialHome Assisce ProgramENERGY STAR® QUALIFIT LAMPS (CFLS)-PAR3023 W CFL PAR 3075W Incandescent Bul5W Incandescent BulbPal-Outdoor Solar LightingNND","IESO - Measure","Residential","Home Assistance Program","Lighting","ENERGY STAR® QUALIFIED COMPACT FLUORESCENT LAMPS (CFLS)-PAR30","23 W CFL PAR 30","75W Incandescent Bulb","-","-","-","-","-","-",62.845999999999997,0,7,"PSP-Consumer-Residential-Outdoor Solar Lighting",12,1,1,0,0,"No",null,null,null,null,null,null,null,"No","Dx",false,0]
["IResidentialHome Assisce ProgramENERGY STAR® QUALIFIT LAMPS (CFLS)-PAR3826W CFL PAR 38, Indoor100W Incandescent Bu0W Incandescent BulbPumer-Residential-LightingNND","IESO - Measure","Residential","Home Assistance Program","Lighting","ENERGY STAR® QUALIFIED COMPACT FLUORESCENT LAMPS (CFLS)-PAR38","26W CFL PAR 38, Indoor","100W Incandescent Bulb","-","-","-","-","-","-",101,6.3448717948717944E-3,4,"PSP-Consumer-Residential-Lighting",9,1,1,0,0,"No",null,null,null,null,null,null,null,"No","Dx",false,0]
["IResidentialHome Assisce ProgramENERGY STAR® QUALIFIT LAMPS (CFLS)-PAR3826W CFL PAR 38, Outdoor100W Incandescent Bu0W Incandescent BulbPal-Outdoor Solar LightingNND","IESO - Measure","Residential","Home Assistance Program","Lighting","ENERGY STAR® QUALIFIED COMPACT FLUORESCENT LAMPS (CFLS)-PAR38","26W CFL PAR 38, Outdoor","100W Incandescent Bulb","-","-","-","-","-","-",89.147000000000006,0,4,"PSP-Consumer-Residential-Outdoor Solar Lighting",12,1,1,0,0,"No",null,null,null,null,null,null,null,"No","Dx",false,0]
["IResidentialHome Assisce ProgramEFFICIENT AERATORSEFFICIENT AERATORSKitchen - Flow Rate < 5.7 L/minAerator with Flow Ralow Rate = 8.3 L/minPential-Domestic_Hot_WaterNND","IESO - Measure","Residential","Home Assistance Program","Miscellaneous       ","EFFICIENT AERATORS","Kitchen - Flow Rate < 5.7 L/min","Aerator with Flow Rate = 8.3 L/min","-","-","-","-","-","-",122.61799999999999,1.1098501025641026E-2,10,"PSP-Consumer-Residential-Domestic_Hot_Water",15,1,1,0,0,"No",null,null,null,null,null,null,null,"No","Dx",false,0]
["IResidentialHome Assisce ProgramEFFICIENT AERATORSEFFICIENT AERATORSBathroom - Flow Rate < 3.8 L/minAerator with Flow Ralow Rate = 8.3 L/minPential-Domestic_Hot_WaterNND","IESO - Measure","Residential","Home Assistance Program","Miscellaneous       ","EFFICIENT AERATORS","Bathroom - Flow Rate < 3.8 L/min","Aerator with Flow Rate = 8.3 L/min","-","-","-","-","-","-",70.067400000000006,6.3419979999999997E-3,10,"PSP-Consumer-Residential-Domestic_Hot_Water",11,1,1,0,0,"No",null,null,null,null,null,null,null,"No","Dx",false,0]
["IResidentialHome Assisce ProgramEFFICIENT SHOWERHEADHOWERHEAD (HANDHELD)Flow Rate < 4.8 L/minShowerhead with Flowow Rate = 7.57 L/minPential-Domestic_Hot_WaterNND","IESO - Measure","Residential","Home Assistance Program","Miscellaneous       ","EFFICIENT SHOWERHEAD (HANDHELD)","Flow Rate < 4.8 L/min","Showerhead with Flow Rate = 7.57 L/min","-","-","-","-","-","-",330.43779999999998,2.9908857282051279E-2,10,"PSP-Consumer-Residential-Domestic_Hot_Water",15,1,1,0,0,"No",null,null,null,null,null,null,null,"No","Dx",false,0]
["IResidentialHome Assisce ProgramEFFICIENT SHOWERHEADHOWERHEAD (STANDARD)Flow Rate < 4.8 L/minShowerhead with Flowow Rate = 7.57 L/minPential-Domestic_Hot_WaterNND","IESO - Measure","Residential","Home Assistance Program","Miscellaneous       ","EFFICIENT SHOWERHEAD (STANDARD)","Flow Rate < 4.8 L/min","Showerhead with Flow Rate = 7.57 L/min","-","-","-","-","-","-",330.43779999999998,2.9908857282051279E-2,10,"PSP-Consumer-Residential-Domestic_Hot_Water",15,1,1,0,0,"No",null,null,null,null,null,null,null,"No","Dx",false,0]
["IResidentialHome Assisce ProgramHEAVY DUTY PLUG-IN TDUTY PLUG-IN TIMERSCar Block Heater TimerNo timer on the carthe car block heaterPidential-Car_Block_HeaterNND","IESO - Measure","Residential","Home Assistance Program","Miscellaneous       ","HEAVY DUTY PLUG-IN TIMERS","Car Block Heater Timer","No timer on the car block heater","-","-","-","-","-","-",652.5,0,10,"PSP-Consumer-Residential-Car_Block_Heater",22,1,1,0,0,"No",null,null,null,null,null,null,null,"No","Dx",false,0]
["IResidentialHome Assisce ProgramPOWER BAR WITH INTEGITH INTEGRATED TIMERSmart Power BarNo Power BarNo Power BarPmer-Residential-Power_BarNND","IESO - Measure","Residential","Home Assistance Program","Miscellaneous       ","POWER BAR WITH INTEGRATED TIMER","Smart Power Bar","No Power Bar","-","-","-","-","-","-",40.360700000000001,1.1590765128205128E-3,10,"PSP-Consumer-Residential-Power_Bar",45,1,1,0,0,"No",null,null,null,null,null,null,null,"No","Dx",false,0]
["IResidentialHome Assisce ProgramENERGY STAR® DEHUMIDY STAR® DEHUMIDIFIERDehumidifier Replacement (ENERGY STAR Qualified 14.2 - 21.2 l/day)Non-Energy Star® Dehy Star® DehumidifierPResidential-DehumidifiersNND","IESO - Measure","Residential","Home Assistance Program","Space Cooling and Heating","ENERGY STAR® DEHUMIDIFIER","Dehumidifier Replacement (ENERGY STAR Qualified 14.2 - 21.2 l/day)","Non-Energy Star® Dehumidifier","-","-","-","-","-","-",459.8,0.14018005128205127,12,"PSP-Consumer-Residential-Dehumidifiers",240,1,1,0,0,"No",null,null,null,null,null,null,null,"No","Dx",false,0]
["IResidentialHome Assisce ProgramENERGY STAR® DEHUMIDY STAR® DEHUMIDIFIERDehumidifier Replacement (ENERGY STAR Qualified 21.3 - 25.4 l/day)Non-Energy Star® Dehy Star® DehumidifierPResidential-DehumidifiersNND","IESO - Measure","Residential","Home Assistance Program","Space Cooling and Heating","ENERGY STAR® DEHUMIDIFIER","Dehumidifier Replacement (ENERGY STAR Qualified 21.3 - 25.4 l/day)","Non-Energy Star® Dehumidifier","-","-","-","-","-","-",629,0.19176435897435898,12,"PSP-Consumer-Residential-Dehumidifiers",265,1,1,0,0,"No",null,null,null,null,null,null,null,"No","Dx",false,0]
["IResidentialHome Assisce ProgramENERGY STAR® DEHUMIDY STAR® DEHUMIDIFIERDehumidifier Replacement (ENERGY STAR Qualified 25.5 - 35.5 l/day)Non-Energy Star® Dehy Star® DehumidifierPResidential-DehumidifiersNND","IESO - Measure","Residential","Home Assistance Program","Space Cooling and Heating","ENERGY STAR® DEHUMIDIFIER","Dehumidifier Replacement (ENERGY STAR Qualified 25.5 - 35.5 l/day)","Non-Energy Star® Dehumidifier","-","-","-","-","-","-",886,0.27011641025641031,12,"PSP-Consumer-Residential-Dehumidifiers",315,1,1,0,0,"No",null,null,null,null,null,null,null,"No","Dx",false,0]
["IResidentialHome Assisce ProgramENERGY STAR® ROOM AIROOM AIR CONDITIONERRoom Air Conditioner Replacement (ENERGY STAR Qualified 6,000 – 7,999 BTU/hr)Non-Energy Star® RooRoom Air ConditionerPsumer-Residential-AC_RoomNND","IESO - Measure","Residential","Home Assistance Program","Space Cooling and Heating","ENERGY STAR® ROOM AIR CONDITIONER","Room Air Conditioner Replacement (ENERGY STAR Qualified 6,000 – 7,999 BTU/hr)","Non-Energy Star® Room Air Conditioner","-","-","-","-","-","-",115.675,6.5015282051282056E-2,9,"PSP-Consumer-Residential-AC_Room",195,1,1,0,0,"No",null,null,null,null,null,null,null,"No","Dx",false,0]
["IResidentialHome Assisce ProgramENERGY STAR® ROOM AIROOM AIR CONDITIONERRoom Air Conditioner Replacement (ENERGY STAR Qualified 8,000 – 9,999 BTU/hr)Non-Energy Star® RooRoom Air ConditionerPsumer-Residential-AC_RoomNND","IESO - Measure","Residential","Home Assistance Program","Space Cooling and Heating","ENERGY STAR® ROOM AIR CONDITIONER","Room Air Conditioner Replacement (ENERGY STAR Qualified 8,000 – 9,999 BTU/hr)","Non-Energy Star® Room Air Conditioner","-","-","-","-","-","-",146.01599999999999,8.2068479999999999E-2,9,"PSP-Consumer-Residential-AC_Room",245,1,1,0,0,"No",null,null,null,null,null,null,null,"No","Dx",false,0]
["IResidentialHome Assisce ProgramENERGY STAR® ROOM AIROOM AIR CONDITIONERRoom Air Conditioner Replacement (ENERGY STAR Qualified 10,000 – 12,000 BTU/hr)Non-Energy Star® RooRoom Air ConditionerPsumer-Residential-AC_RoomNND","IESO - Measure","Residential","Home Assistance Program","Space Cooling and Heating","ENERGY STAR® ROOM AIR CONDITIONER","Room Air Conditioner Replacement (ENERGY STAR Qualified 10,000 – 12,000 BTU/hr)","Non-Energy Star® Room Air Conditioner","-","-","-","-","-","-",184.89,0.10391766153846153,9,"PSP-Consumer-Residential-AC_Room",320,1,1,0,0,"No",null,null,null,null,null,null,null,"No","Dx",false,0]
["IResidentialHome Assisce ProgramHOT WATER PIPE WRAPHOT WATER PIPE WRAPPer 3' Pipe Wrap (3/4\" Pipe)No pipe insulationNo pipe insulationPential-Domestic_Hot_WaterNND","IESO - Measure","Residential","Home Assistance Program","Water Heating - Residential","HOT WATER PIPE WRAP","Per 3' Pipe Wrap (3/4\" Pipe)","No pipe insulation","-","-","-","-","-","-",33.306699999999999,3.0146833589743587E-3,15,"PSP-Consumer-Residential-Domestic_Hot_Water",0.2,1,1,0,0,"No",null,null,null,null,null,null,null,"No","Dx",false,0]
["IResidentialHome Assisce ProgramHOT WATER PIPE WRAPHOT WATER PIPE WRAPPer 3' Pipe Wrap (1/2\" Pipe)No pipe insulationNo pipe insulationPential-Domestic_Hot_WaterNND","IESO - Measure","Residential","Home Assistance Program","Water Heating - Residential","HOT WATER PIPE WRAP","Per 3' Pipe Wrap (1/2\" Pipe)","No pipe insulation","-","-","-","-","-","-",33.306699999999999,3.0146833589743587E-3,15,"PSP-Consumer-Residential-Domestic_Hot_Water",0.2,1,1,0,0,"No",null,null,null,null,null,null,null,"No","Dx",false,0]
["IResidentialHome Assisce ProgramWATER HEATER BLANKETWATER HEATER BLANKETFibreglass R10No Water Heater BlanWater Heater BlanketPtial-Water_Heater_BlanketNND","IESO - Measure","Residential","Home Assistance Program","Water Heating - Residential","WATER HEATER BLANKET","Fibreglass R10","No Water Heater Blanket","-","-","-","-","-","-",236.65299999999999,2.7366795641025642E-2,15,"PSP-Consumer-Residential-Water_Heater_Blanket",20,1,1,0,0,"No",null,null,null,null,null,null,null,"No","Dx",false,0]
["CResidentialHome Assisce ProgramHAP HOMEHAP HOMEARCHETYPE - HAP HOMEHISTORICAL PERFORMANSTORICAL PERFORMANCEPResidential-Furnace_ECM_3NND","CUSTOM - Archetype","Residential","Home Assistance Program","HAP Home","HAP HOME","ARCHETYPE - HAP HOME","HISTORICAL PERFORMANCE",8760,1.088255055551282,9544.3950833308481,1,8760,8.8255055551281991E-2,784.39508333084814,0.91174494444871801,9,"PSP-Consumer-Residential-Furnace_ECM_3",484,1,1,0,0,"No",null,null,null,null,null,null,null,"No","Dx",false,0]
["IResidentialNew Constron ProgramOUTDOOR MOTION SENSOUTDOOR MOTION SENSOROutdoor Motion SensorWall-mounted 2 sockeporch light fixturePal-Outdoor_Lighting_TimerNND","IESO - Measure","Residential","New Construction Program","Controls for Lighting ","OUTDOOR MOTION SENSOR","Outdoor Motion Sensor","Wall-mounted 2 socket security/spotlight / typical one socket porch light fixture","-","-",420.58,"-",261.2,"-",159.38,6.7838666666666667E-3,10,"PSP-Consumer-Residential-Outdoor_Lighting_Timer",34,0.63,0.63,0,0,"No",null,null,null,null,null,null,null,"No","Dx",false,0]
["IResidentialNew Constron ProgramENERGY STAR QUALIFIEY STAR QUALIFIED LED-Compact Fluorescentct Fluorescent LampsPumer-Residential-LightingNND","IESO - Measure","Residential","New Construction Program","Lighting","ENERGY STAR QUALIFIED LED","-","Compact Fluorescent Lamps","-","-","-","-","-","-",32,2.0102564102564102E-3,20,"PSP-Consumer-Residential-Lighting","n/a",0.63,0.63,0,0,"No",null,null,null,null,null,null,null,"No","Dx",false,0]
["IResidentialNew Constron ProgramENERGY STAR QUALIFIEURE - 1 OR 2 SOCKETS-Incandescent LampsIncandescent LampsPumer-Residential-LightingNND","IESO - Measure","Residential","New Construction Program","Lighting","ENERGY STAR QUALIFIED LIGHT FIXTURE - 1 OR 2 SOCKETS","-","Incandescent Lamps","-","-","-","-","-","-",125,7.8525641025641024E-3,16,"PSP-Consumer-Residential-Lighting","n/a",0.63,0.63,0,0,"No",null,null,null,null,null,null,null,"No","Dx",false,0]
["IResidentialNew Constron ProgramENERGY STAR QUALIFIE- 3 OR MORE SOCKETS-Incandescent LampsIncandescent LampsPumer-Residential-LightingNND","IESO - Measure","Residential","New Construction Program","Lighting","ENERGY STAR QUALIFIED LIGHT FIXTURE - 3 OR MORE SOCKETS","-","Incandescent Lamps","-","-","-","-","-","-",251,1.5767948717948718E-2,16,"PSP-Consumer-Residential-Lighting","n/a",0.63,0.63,0,0,"No",null,null,null,null,null,null,null,"No","Dx",false,0]
["IResidentialNew Constron ProgramENERGY STAR QUALIFIECESSED LIGHTING- LED-Compact Fluorescentct Fluorescent LampsPumer-Residential-LightingNND","IESO - Measure","Residential","New Construction Program","Lighting","ENERGY STAR QUALIFIED RECESSED LIGHTING- LED","-","Compact Fluorescent Lamps","-","-","-","-","-","-",32,2.0102564102564102E-3,20,"PSP-Consumer-Residential-Lighting","n/a",0.63,0.63,0,0,"No",null,null,null,null,null,null,null,"No","Dx",false,0]
["IResidentialNew Constron ProgramENERGY STAR QUALIFIETHE COUNTER LIGHTING-Incandescent LampsIncandescent LampsPumer-Residential-LightingNND","IESO - Measure","Residential","New Construction Program","Lighting","ENERGY STAR QUALIFIED UNDER THE COUNTER LIGHTING","-","Incandescent Lamps","-","-","-","-","-","-",32,2.0102564102564102E-3,"n/a","PSP-Consumer-Residential-Lighting","n/a",0.63,0.63,0,0,"No",null,null,null,null,null,null,null,"No","Dx",false,0]
["IResidentialNew Constron ProgramALL OFF SWITCHALL OFF SWITCH-No controls installeo controls installedPumer-Residential-LightingNND","IESO - Measure","Residential","New Construction Program","Miscellaneous       ","ALL OFF SWITCH","-","No controls installed","-","-","-","-","-","-",430.33,2.7033551282051281E-2,13,"PSP-Consumer-Residential-Lighting","n/a",0.63,0.63,0,0,"No",null,null,null,null,null,null,null,"No","Dx",false,0]
["CNon-ResidentialProcess anes ProgramCUSTOM NON-LIGHTINGCUSTOM NON-LIGHTINGBTM 1NO BTMNO BTMPl-Miscellaneous_EquipmentNND","CUSTOM - Archetype","Non-Residential","Process and Systems Upgrades Program","Non-Lighting","CUSTOM NON-LIGHTING","BTM 1","NO BTM",8760,null,null,null,null,500,{"$f":"N1133*I1133","v":4380000},0.52856765326808397,20,"PSP-Business-Commercial-Miscellaneous_Equipment",250000,0.9,0.9,0,0,"No",null,null,null,null,null,null,null,"No","Dx",true,0]
["CNon-ResidentialProcess anes ProgramCUSTOM NON-LIGHTINGCUSTOM NON-LIGHTINGBTM 2NO BTMNO BTMPl-Miscellaneous_EquipmentNND","CUSTOM - Archetype","Non-Residential","Process and Systems Upgrades Program","Non-Lighting","CUSTOM NON-LIGHTING","BTM 2","NO BTM",8760,null,null,null,null,500,{"$f":"N1134*I1134","v":4380000},0.52856765326808397,20,"PSP-Business-Commercial-Miscellaneous_Equipment",250000,0.9,0.9,0,0,"No",null,null,null,null,null,null,null,"No","Dx",true,0]
["CNon-ResidentialProcess anes ProgramCUSTOM NON-LIGHTINGCUSTOM NON-LIGHTINGBTM 3NO BTMNO BTMPl-Miscellaneous_EquipmentNND","CUSTOM - Archetype","Non-Residential","Process and Systems Upgrades Program","Non-Lighting","CUSTOM NON-LIGHTING","BTM 3","NO BTM",6000,null,null,null,null,500,{"$f":"N1135*I1135","v":3000000},0.36203263922471501,20,"PSP-Business-Commercial-Miscellaneous_Equipment",250000,0.9,0.9,0,0,"No",null,null,null,null,null,null,null,"No","Dx",true,0]
["CNon-ResidentialProcess anes ProgramCUSTOM NON-LIGHTINGCUSTOM NON-LIGHTINGBTM 4NO BTMNO BTMPl-Miscellaneous_EquipmentNND","CUSTOM - Archetype","Non-Residential","Process and Systems Upgrades Program","Non-Lighting","CUSTOM NON-LIGHTING","BTM 4","NO BTM",6000,null,null,null,null,500,{"$f":"N1136*I1136","v":3000000},0.36203263922471501,20,"PSP-Business-Commercial-Miscellaneous_Equipment",250000,0.9,0.9,0,0,"No",null,null,null,null,null,null,null,"No","Dx",true,0]
["CNon-ResidentialProcess anes ProgramCUSTOM NON-LIGHTINGCUSTOM NON-LIGHTINGBTM 5NO BTMNO BTMPl-Miscellaneous_EquipmentNND","CUSTOM - Archetype","Non-Residential","Process and Systems Upgrades Program","Non-Lighting","CUSTOM NON-LIGHTING","BTM 5","NO BTM",4000,null,null,null,null,500,{"$f":"N1137*I1137","v":2000000},0.24135509281647669,20,"PSP-Business-Commercial-Miscellaneous_Equipment",250000,0.9,0.9,0,0,"No",null,null,null,null,null,null,null,"No","Dx",true,0]
["CNon-ResidentialProcess anes ProgramCUSTOM NON-LIGHTINGCUSTOM NON-LIGHTINGBTM 6NO BTMNO BTMPl-Miscellaneous_EquipmentNND","CUSTOM - Archetype","Non-Residential","Process and Systems Upgrades Program","Non-Lighting","CUSTOM NON-LIGHTING","BTM 6","NO BTM",4000,null,null,null,null,500,2000000,0.24135509281647669,20,"PSP-Business-Commercial-Miscellaneous_Equipment",250000,0.9,0.9,0,0,"No",null,null,null,null,null,null,null,"No","Dx",true,0]
["CResidentialHeating anng ProgramCAC 14.5 SEERCAC 14.5 SEERARCHETYPE - CAC 14.5 SEERHISTORICAL PERFORMANSTORICAL PERFORMANCEPer-Residential-AC_CentralNND","CUSTOM - Archetype","Residential","Heating and Cooling Program","Space Cooling","CAC 14.5 SEER","ARCHETYPE - CAC 14.5 SEER","HISTORICAL PERFORMANCE",895,1.1647148693402856,1041.5514203202181,1,894.25442032020305,0.16471486934028556,147.29700000001503,0.83528513065971444,18,"PSP-Consumer-Residential-AC_Central",475,0.51364279715878636,0.51364279715878636,0,0,"No",null,null,null,null,null,null,null,"No","Dx",false,13]
["CResidentialHeating anng ProgramCAC 15 SEERCAC 15 SEERARCHETYPE - CAC 15 SEERHISTORICAL PERFORMANSTORICAL PERFORMANCEPer-Residential-AC_CentralNND","CUSTOM - Archetype","Residential","Heating and Cooling Program","Space Cooling","CAC 15 SEER","ARCHETYPE - CAC 15 SEER","HISTORICAL PERFORMANCE",895,1.2336001872098958,1103.1524203200825,1,894.25442032004332,0.23360018720989584,208.89800000003913,0.76639981279010416,18,"PSP-Consumer-Residential-AC_Central",475,0.56653086399822961,0.56653086399822961,0,0,"No",null,null,null,null,null,null,null,"No","Dx",false,13]
[{"$f":"CONCATENATE(TRIM(LEFT(B1141,1)),TRIM(LEFT(C1141,20)),TRIM(LEFT(D1141,10)),TRIM(RIGHT(D1141,10)),TRIM(LEFT(F1141,20)),TRIM(RIGHT(F1141,20)),TRIM(LEFT(G1141,105)),TRIM(LEFT(H1141,20)),TRIM(RIGHT(H1141,20)),TRIM(LEFT(R1141,1)),TRIM(RIGHT(R1141,25)),TRIM(LEFT(X1141,1)),TRIM(LEFT(AF1141,1)),TRIM(LEFT(AG1141,1)))","v":"CResidentialHeating anng ProgramECM FURNACEECM FURNACEARCHETYPE - ECM FURNACEHISTORICAL PERFORMANSTORICAL PERFORMANCEPResidential-Furnace_ECM_3NND"},"CUSTOM - Archetype","Residential","Heating and Cooling Program","Space Cooling and Heating","ECM FURNACE","ARCHETYPE - ECM FURNACE","HISTORICAL PERFORMANCE",1942,1.5611103367665669,3031.2530120879469,1,1941.7288712381455,0.56111033676656685,1089.5241408498014,0.43888966323343315,19,"PSP-Consumer-Residential-Furnace_ECM_3",959,0.46860120183473908,0.46860120183473908,0,0,"No",null,null,null,null,null,null,null,"No","Dx",false,13]
["CWhole HomeWhole HomeWhole HomeNew RefrigeratorNew RefrigeratorNew RefrigeratorOld RefrigeratorOld RefrigeratorPResidential-RefrigeratorsNND","CUSTOM - Measure","Whole Home","Whole Home","Whole Home","New Refrigerator","New Refrigerator","Old Refrigerator",8000,2,16000,1.9212499999999999,15370,0.08,630,8.2832000000000003E-2,5,"PSP-Consumer-Residential-Refrigerators",972,0.9,0.9,0,0,"No",null,null,null,null,null,null,null,"No","Dx",false]
["CWhole HomeWhole HomeWhole HomeNew DehumidifierNew DehumidifierNew DehumidifierOld DehumidifierOld DehumidifierPResidential-DehumidifiersNND","CUSTOM - Measure","Whole Home","Whole Home","Whole Home","New Dehumidifier","New Dehumidifier","Old Dehumidifier",8000,2,16000,1.9212499999999999,15370,0.08,630,0.20185900000000001,4,"PSP-Consumer-Residential-Dehumidifiers",235,0.9,0.9,0,0,"No",null,null,null,null,null,null,null,"No","Dx",false]
["CWhole HomeWhole HomeWhole HomeNew WACNew WACNew WACOld WACOld WACPsumer-Residential-AC_RoomNND","CUSTOM - Measure","Whole Home","Whole Home","Whole Home","New WAC","New WAC","Old WAC",8000,2,16000,1.982375,15859,0.02,141,8.4036E-2,4,"PSP-Consumer-Residential-AC_Room",332,0.9,0.9,0,0,"No",null,null,null,null,null,null,null,"No","Dx",false]
["CWhole HomeWhole HomeWhole HomeSmart Thermostat - Gmostat - Gas HeatingSmart Thermostat - Gas HeatingProgrammable Conventventional ThermostatPResidential-Furnace_ECM_3NND","CUSTOM - Measure","Whole Home","Whole Home","Whole Home","Smart Thermostat - Gas Heating","Smart Thermostat - Gas Heating","Programmable Conventional Thermostat",8000,2,16000,1.9708749999999999,15767,0.03,233,6.9450999999999999E-2,5,"PSP-Consumer-Residential-Furnace_ECM_3",150,0.9,0.9,0,0,"No",null,null,null,null,null,null,null,"No","Dx",false]
["CWhole HomeWhole HomeWhole HomeNew FreezerNew FreezerNew FreezerOld FreezerOld FreezerPumer-Residential-FreezersNND","CUSTOM - Measure","Whole Home","Whole Home","Whole Home","New Freezer","New Freezer","Old Freezer",8000,2,16000,1.9012500000000001,15210,0.1,790,0.107265,4,"PSP-Consumer-Residential-Freezers",496,0.9,0.9,0,0,"No",null,null,null,null,null,null,null,"No","Dx",false]
["CWhole HomeWhole HomeWhole HomeSmart Thermostat - Et - Electric HeatingSmart Thermostat - Electric HeatingProgrammable Conventventional ThermostatPResidential-Furnace_ECM_3NND","CUSTOM - Measure","Whole Home","Whole Home","Whole Home","Smart Thermostat - Electric Heating","Smart Thermostat - Electric Heating","Programmable Conventional Thermostat",8000,2,16000,1.9708749999999999,15767,0.03,233,6.9450999999999999E-2,5,"PSP-Consumer-Residential-Furnace_ECM_3",150,0.9,0.9,0,0,"No",null,null,null,null,null,null,null,"No","Dx",false]
["CWhole HomeWhole HomeWhole HomeAttic InsulationAttic InsulationAttic InsulationLimited Attic Insulated Attic InsulationPResidential-Furnace_ECM_3NND","CUSTOM - Measure","Whole Home","Whole Home","Whole Home","Attic Insulation","Attic Insulation","Limited Attic Insulation",8000,2,16000,1.825,14600,0.18,1400,0.41730400000000001,20,"PSP-Consumer-Residential-Furnace_ECM_3",1082,0.9,0.9,0,0,"No",null,null,null,null,null,null,null,"No","Dx",false]
["CWhole HomeWhole HomeWhole HomeBasement InsulationBasement InsulationBasement InsulationLimited Basement InsBasement InsulationPResidential-Furnace_ECM_3NND","CUSTOM - Measure","Whole Home","Whole Home","Whole Home","Basement Insulation","Basement Insulation","Limited Basement Insulation",8000,2,16000,1.5662499999999999,12530,0.43,3470,1.0343169999999999,20,"PSP-Consumer-Residential-Furnace_ECM_3",1517,0.9,0.9,0,0,"No",null,null,null,null,null,null,null,"No","Dx",false]
["CWhole HomeWhole HomeWhole HomeExterior Wall Insularior Wall InsulationExterior Wall InsulationLimited Exterior Walrior Wall InsulationPResidential-Furnace_ECM_3NND","CUSTOM - Measure","Whole Home","Whole Home","Whole Home","Exterior Wall Insulation","Exterior Wall Insulation","Limited Exterior Wall Insulation",8000,2,16000,1.25,10000,0.75,6000,1.7884450000000001,20,"PSP-Consumer-Residential-Furnace_ECM_3",2376,0.9,0.9,0,0,"No",null,null,null,null,null,null,null,"No","Dx",false]
["CWhole HomeWhole HomeWhole HomeAir SealingAir SealingAir SealingNo Air SealingNo Air SealingPResidential-Furnace_ECM_3NND","CUSTOM - Measure","Whole Home","Whole Home","Whole Home","Air Sealing","Air Sealing","No Air Sealing",8000,2,16000,1.870625,14965,0.13,1035,0.30850699999999998,20,"PSP-Consumer-Residential-Furnace_ECM_3",153,0.9,0.9,0,0,"No",null,null,null,null,null,null,null,"No","Dx",false]
["CWhole HomeWhole HomeWhole HomeNew WindowsNew WindowsNew WindowsOld WindowsOld WindowsPResidential-Furnace_ECM_3NND","CUSTOM - Measure","Whole Home","Whole Home","Whole Home","New Windows","New Windows","Old Windows",8000,2,16000,1.8051250000000001,14441,0.19,1559,0.464698,20,"PSP-Consumer-Residential-Furnace_ECM_3",1500,0.9,0.9,0,0,"No",null,null,null,null,null,null,null,"No","Dx",false]
["CWhole HomeWhole HomeWhole HomeDuctless ASHP - SH,SHP - SH, EBB, No ACDuctless ASHP - SH, EBB, No ACEBB, No ACEBB, No ACPResidential-Furnace_ECM_1NND","CUSTOM - Measure","Whole Home","Whole Home","Whole Home","Ductless ASHP - SH, EBB, No AC","Ductless ASHP - SH, EBB, No AC","EBB, No AC",8000,2,16000,1.5625,12500,0.44,3500,0.20002600000000001,15,"PSP-Consumer-Residential-Furnace_ECM_1",5000,0.9,0.9,0,0,"No",null,null,null,null,null,null,null,"No","Dx",false]
["CWhole HomeWhole HomeWhole HomeDuctless ASHP - SH,P - SH, EBB, With ACDuctless ASHP - SH, EBB, With ACEBB, With ACEBB, With ACPResidential-Furnace_ECM_1NND","CUSTOM - Measure","Whole Home","Whole Home","Whole Home","Ductless ASHP - SH, EBB, With AC","Ductless ASHP - SH, EBB, With AC","EBB, With AC",8000,2,16000,1.5,12000,0.5,4000,0.228601,15,"PSP-Consumer-Residential-Furnace_ECM_1",4750,0.9,0.9,0,0,"No",null,null,null,null,null,null,null,"No","Dx",false]
["CWhole HomeWhole HomeWhole HomeDuctless ASHP - MH,SHP - MH, EBB, No ACDuctless ASHP - SH, EBB, No ACEBB, No ACEBB, No ACPResidential-Furnace_ECM_1NND","CUSTOM - Measure","Whole Home","Whole Home","Whole Home","Ductless ASHP - MH, EBB, No AC","Ductless ASHP - SH, EBB, No AC","EBB, No AC",8000,2,16000,1.25,10000,0.75,6000,0.34290100000000001,15,"PSP-Consumer-Residential-Furnace_ECM_1",8000,0.9,0.9,0,0,"No",null,null,null,null,null,null,null,"No","Dx",false]
["CWhole HomeWhole HomeWhole HomeDuctless ASHP - MH,P - MH, EBB, With ACDuctless ASHP - SH, EBB, With ACEBB, With ACEBB, With ACPResidential-Furnace_ECM_1NND","CUSTOM - Measure","Whole Home","Whole Home","Whole Home","Ductless ASHP - MH, EBB, With AC","Ductless ASHP - SH, EBB, With AC","EBB, With AC",8000,2,16000,1.1625000000000001,9300,0.84,6700,0.38290600000000002,15,"PSP-Consumer-Residential-Furnace_ECM_1",7625,0.9,0.9,0,0,"No",null,null,null,null,null,null,null,"No","Dx",false]
["CWhole HomeWhole HomeWhole HomeCental ASHP, Electrictric Furnace, No ACCental ASHP, Electric Furnace, No ACElectric Furnace, Noctric Furnace, No ACPResidential-Furnace_ECM_1NND","CUSTOM - Measure","Whole Home","Whole Home","Whole Home","Cental ASHP, Electric Furnace, No AC","Cental ASHP, Electric Furnace, No AC","Electric Furnace, No AC",8000,2,16000,1.25,10000,0.75,6000,0.34290100000000001,15,"PSP-Consumer-Residential-Furnace_ECM_1",11000,0.9,0.9,0,0,"No",null,null,null,null,null,null,null,"No","Dx",false]
["CWhole HomeWhole HomeWhole HomeCental ASHP, Electriric Furnace, With ACCental ASHP, Electric Furnace, With ACElectric Furnace, Wiric Furnace, With ACPResidential-Furnace_ECM_1NND","CUSTOM - Measure","Whole Home","Whole Home","Whole Home","Cental ASHP, Electric Furnace, With AC","Cental ASHP, Electric Furnace, With AC","Electric Furnace, With AC",8000,2,16000,1.125,9000,0.88,7000,0.40005099999999999,15,"PSP-Consumer-Residential-Furnace_ECM_1",9000,0.9,0.9,0,0,"No",null,null,null,null,null,null,null,"No","Dx",false]
["CWhole HomeWhole HomeWhole HomeCental ASHP w Desupeperheater, No AC, WHCental ASHP w Desuperheater, No AC, WHElectric Furnace, Noc Furnace, No AC, WHPResidential-Furnace_ECM_1NND","CUSTOM - Measure","Whole Home","Whole Home","Whole Home","Cental ASHP w Desuperheater, No AC, WH","Cental ASHP w Desuperheater, No AC, WH","Electric Furnace, No AC, WH",8000,2,16000,1.125,9000,0.88,7000,0.40005099999999999,15,"PSP-Consumer-Residential-Furnace_ECM_1",11500,0.9,0.9,0,0,"No",null,null,null,null,null,null,null,"No","Dx",false]
["CWhole HomeWhole HomeWhole HomeCental ASHP w Desupeesuperheater, AC, WHCental ASHP w Desuperheater, AC, WHElectric Furnace, ACtric Furnace, AC, WHPResidential-Furnace_ECM_1NND","CUSTOM - Measure","Whole Home","Whole Home","Whole Home","Cental ASHP w Desuperheater, AC, WH","Cental ASHP w Desuperheater, AC, WH","Electric Furnace, AC, WH",8000,2,16000,0.97499999999999998,7800,1.03,8200,0.46863100000000002,15,"PSP-Consumer-Residential-Furnace_ECM_1",9500,0.9,0.9,0,0,"No",null,null,null,null,null,null,null,"No","Dx",false]
[{"$f":"CONCATENATE(TRIM(LEFT(B1161,1)),TRIM(LEFT(C1161,20)),TRIM(LEFT(D1161,10)),TRIM(RIGHT(D1161,10)),TRIM(LEFT(F1161,20)),TRIM(RIGHT(F1161,20)),TRIM(LEFT(G1161,105)),TRIM(LEFT(H1161,20)),TRIM(RIGHT(H1161,20)),TRIM(LEFT(R1161,1)),TRIM(RIGHT(R1161,25)),TRIM(LEFT(X1161,1)),TRIM(LEFT(AF1161,1)),TRIM(LEFT(AG1161,1)))","v":"CWhole HomeWhole HomeWhole HomeNew Clothes WasherNew Clothes WasherNew Clothes WasherOld Clothes WasherOld Clothes WasherPsidential-Clothes_WashersNND"},"CUSTOM - Measure","Whole Home","Whole Home","Whole Home","New Clothes Washer","New Clothes Washer","Old Clothes Washer",1000,1,1000,0.90600000000000003,906,0.09,91,1.1821999999999999E-2,4,"PSP-Consumer-Residential-Clothes_Washers",900,0.9,0.9,0,0,"No",null,null,null,null,null,null,null,"No","Dx",false]
["CWhole HomeWhole HomeWhole HomeTier 1 CACTier 1 CACTier 1 CACOld CACOld CACPer-Residential-AC_CentralNND","CUSTOM - Measure","Whole Home","Whole Home","Whole Home","Tier 1 CAC","Tier 1 CAC","Old CAC",1000,1,1000,1,1000,0,0,0,18,"PSP-Consumer-Residential-AC_Central",475,0.54,0.54,0,0,"No",null,null,null,null,null,null,null,"No","Dx",false]
["CWhole HomeWhole HomeWhole HomeTier 2 CACTier 2 CACTier 2 CACOld CACOld CACPer-Residential-AC_CentralNND","CUSTOM - Measure","Whole Home","Whole Home","Whole Home","Tier 2 CAC","Tier 2 CAC","Old CAC",1000,1,1000,0.98299999999999998,983,0.02,17,1.0132E-2,18,"PSP-Consumer-Residential-AC_Central",475,0.54,0.54,0,0,"No",null,null,null,null,null,null,null,"No","Dx",false]
["CWhole HomeWhole HomeWhole HomeFurnace with ECM - Gwith ECM - Gas HeatFurnace with ECM - Gas HeatFurnace with PSC - Gwith PSC - Gas HeatPResidential-Furnace_ECM_3NND","CUSTOM - Measure","Whole Home","Whole Home","Whole Home","Furnace with ECM - Gas Heat","Furnace with ECM - Gas Heat","Furnace with PSC - Gas Heat",1000,1,1000,0.47599999999999998,277,0.52,733,0.156191,19,"PSP-Consumer-Residential-Furnace_ECM_3",960,0.54,0.54,0,0,"No",null,null,null,null,null,null,null,"No","Dx",false]
["CWhole HomeWhole HomeWhole HomeFurnace with ECM - EElectrically HeatedFurnace with ECM - Electrically HeatedFurnace with PSC - EElectrically HeatedPResidential-Furnace_ECM_3NND","CUSTOM - Measure","Whole Home","Whole Home","Whole Home","Furnace with ECM - Electrically Heated","Furnace with ECM - Electrically Heated","Furnace with PSC - Electrically Heated",1000,1,1000,0.95399999999999996,954,0.05,46,1.3710999999999999E-2,19,"PSP-Consumer-Residential-Furnace_ECM_3",960,0.54,0.54,0,0,"No",null,null,null,null,null,null,null,"No","Dx",false]
["CWhole HomeWhole HomeWhole HomeSavings from Gas Measures - Furnace ExcSavings from Gas Measures - Furnace ExcNo Gas MeasuresNo Gas MeasuresPResidential-Furnace_ECM_3NND","CUSTOM - Measure","Whole Home","Whole Home","Whole Home","Savings from Gas Measures  - Furnace Exc","Savings from Gas Measures  - Furnace Exc","No Gas Measures",8000,2,16000,1.9490000000000001,15592,0.05,408,0.121614,15,"PSP-Consumer-Residential-Furnace_ECM_3",0,0.7,0.7,0,0,"No",null,null,null,null,null,null,null,"No","Dx",false]
["CWhole HomeWhole HomeWhole HomeSavings from Gas Measures - Furnace IncSavings from Gas Measures - Furnace IncNo Gas MeasuresNo Gas MeasuresPResidential-Furnace_ECM_3NND","CUSTOM - Measure","Whole Home","Whole Home","Whole Home","Savings from Gas Measures  - Furnace Inc","Savings from Gas Measures  - Furnace Inc","No Gas Measures",8000,2,16000,1.980375,15843,0.02,157,4.6797999999999999E-2,15,"PSP-Consumer-Residential-Furnace_ECM_3",0,0.7,0.7,0,0,"No",null,null,null,null,null,null,null,"No","Dx",false]
[{"$f":"CONCATENATE(TRIM(LEFT(B1168,1)),TRIM(LEFT(C1168,20)),TRIM(LEFT(D1168,10)),TRIM(RIGHT(D1168,10)),TRIM(LEFT(F1168,20)),TRIM(RIGHT(F1168,20)),TRIM(LEFT(G1168,105)),TRIM(LEFT(H1168,20)),TRIM(RIGHT(H1168,20)),TRIM(LEFT(R1168,1)),TRIM(RIGHT(R1168,25)),TRIM(LEFT(X1168,1)),TRIM(LEFT(AF1168,1)),TRIM(LEFT(AG1168,1)))","v":"CWhole HomeWhole HomeWhole HomeTier 2 CAC savings ffrom weatherizationTier 2 CAC savings from weatherizationWeatherization No CAeatherization No CACPResidential-Furnace_ECM_3NND"},"CUSTOM - Measure","Whole Home","Whole Home","Whole Home","Tier 2 CAC savings from weatherization","Tier 2 CAC savings from weatherization","Weatherization No CAC",8000,2,16000,1.9750000000000001,15800,0.02,200,5.9615000000000001E-2,15,"PSP-Consumer-Residential-Furnace_ECM_3",0,0.7,0.7,0,0,"No",null,null,null,null,null,null,null,"No","Dx",false]
[{"$f":"CONCATENATE(TRIM(LEFT(B1169,1)),TRIM(LEFT(C1169,20)),TRIM(LEFT(D1169,10)),TRIM(RIGHT(D1169,10)),TRIM(LEFT(F1169,20)),TRIM(RIGHT(F1169,20)),TRIM(LEFT(G1169,105)),TRIM(LEFT(H1169,20)),TRIM(RIGHT(H1169,20)),TRIM(LEFT(R1169,1)),TRIM(RIGHT(R1169,25)),TRIM(LEFT(X1169,1)),TRIM(LEFT(AF1169,1)),TRIM(LEFT(AG1169,1)))","v":"CWhole HomeWhole HomeWhole HomeNet CAC savings fromfrom weatherizationNet CAC savings from weatherizationWeatherization No CAeatherization No CACPResidential-Furnace_ECM_3NND"},"CUSTOM - Measure","Whole Home","Whole Home","Whole Home","Net CAC savings from weatherization","Net CAC savings from weatherization","Weatherization No CAC",8000,2,16000,1.9905999999999999,15924.8,0.01,75.2,2.2415000000000001E-2,15,"PSP-Consumer-Residential-Furnace_ECM_3",0,0.7,0.7,0,0,"No",null,null,null,null,null,null,null,"No","Dx",false]

{"sheet":"Program Design","index":11,"n_rows":34,"n_cols":48,"rows_kept":34,"cut":false,"hidden":false,"merged":[[1,1,1,5],[0,2,0,4],[4,43,4,47],[4,23,4,26],[4,35,4,38],[4,31,4,34],[4,27,4,30],[4,39,4,42]]}
[null,"Program Design Module: \nMeasure Selection","Users select the measures to model for program design, tracking and evaluation purposes. The program year, quantity of measures, incentive and variable program costs are selected at this stage, these three components can be modified either within the User Input form or directly in the spreadsheet. Users can input single measures or all measures within a program. "]
[null,"Use buttons to add and remove measures and calculate cost effectiveness at the measure level.\n\"Single Measure Selection\": Activates the measure selection form (users quantity, program year, variable program costs and incentive costs) for one measure. \n\"Bulk Measure Selection\": Activates the bulk measure selection and specification form for all measures within a program (users specify placeholder values for the program year, quantity, incentive and variable program costs, but can modify these values after the table below is populated)\n\"Delete Measure\": Select any cell within the rows containing the measure(s) you would like to remove and click the button\n\"Clear All Measures\": Click the button to clear the sheet and re-start your measure selection"]
[null,"Click here to see detailed cost effectiveness calculations by measure"]
[]
[null,null,null,null,null,null,null,null,null,null,null,null,null,null,null,null,null,null,null,null,null,null,null,"Total Resource Cost (TRC) Test",null,null,null,"Societal Cost (SC) Test",null,null,null,"Program Administrator Cost (PAC) Test",null,null,null,"Participant Cost (PC) Test",null,null,null,"Rate Impact Measure (RIM) Test",null,null,null,"Levelized Cost (LC) Metric ($/kW or $/kWh)"]
[null,"SOURCE","SECTOR","PROGRAM","END-USE","CONSERVATION MEASURE","MEASURE DESCRIPTION","BASE MEASURE","END USE LOAD PROFILE","PROGRAM YEAR","QUANTITY","PER UNIT INCENTIVE","IESO Variable Program Costs","LDC Variable Program Costs","EARLY REPLACEMENT","WEATHER SENSITIVE PEAK DEMAND","Distribution (Dx) or Transmission (Tx) Connected","Behind the Meter Project (True/False)","NET-TO-GROSS (ENERGY)","NET-TO-GROSS (DEMAND)","TOTAL INCENTIVE","TOTAL IESO VARIABLE PROGRAM COSTS","TOTAL LDC VARIABLE PROGRAM COSTS","TRC BENEFITS","TRC COSTS","TRC RATIO","TRC NET BENEFITS","SC BENEFITS","SC COSTS","SC RATIO","SC NET BENEFITS","PAC BENEFITS","PAC COSTS","PAC RATIO","PAC NET BENEFITS","PC BENEFITS","PC COSTS","PC RATIO","PC NET BENEFITS","RIM BENEFITS","RIM COSTS","RIM RATIO","RIM NET BENEFITS","LC BENEFITS (DEMAND)","LC BENEFITS (ENERGY)","LC COSTS","LC METRIC (DEMAND)","LC METRIC (ENERGY)"]
[{"$f":"CONCATENATE(TRIM(LEFT(B7,1)),TRIM(LEFT(C7,20)),TRIM(LEFT(D7,10)),TRIM(RIGHT(D7,10)),TRIM(LEFT(F7,20)),TRIM(RIGHT(F7,20)),TRIM(LEFT(G7,105)),TRIM(LEFT(H7,20)),TRIM(RIGHT(H7,20)),TRIM(LEFT(I7,1)),TRIM(RIGHT(I7,25)),TRIM(LEFT(O7,1)),TRIM(LEFT(P7,1)),TRIM(LEFT(Q7,1)))","v":"CWhole HomeWhole HomeWhole HomeNew RefrigeratorNew RefrigeratorNew RefrigeratorOld RefrigeratorOld RefrigeratorPResidential-RefrigeratorsNND"},"CUSTOM - Measure","Whole Home","Whole Home","Whole Home","New Refrigerator","New Refrigerator","Old Refrigerator","PSP-Consumer-Residential-Refrigerators",2017,500,75,null,0,"No","No","Dx",{"$f":"VLOOKUP($A7,OFFSET(Measures!$A$1,4,0,10000,34),MATCH($R$6,OFFSET(Measures!$A$1,4,0,1,34),0),FALSE)","v":false},{"$f":"VLOOKUP($A7,OFFSET(Measures!$A$1,4,0,10000,33),MATCH($S$6,OFFSET(Measures!$A$1,4,0,1,33),0),FALSE)","v":0.9},{"$f":"VLOOKUP($A7,OFFSET(Measures!$A$1,4,0,10000,33),MATCH($T$6,OFFSET(Measures!$A$1,4,0,1,33),0),FALSE)","v":0.9},{"$f":"$K7*$L7","v":37500},{"$f":"$K7*$M7","v":0},{"$f":"$K7*$N7","v":0},{"$f":"$K7*'Measure CE Results'!$DX8","v":92457.908326074074},{"$f":"$K7*'Measure CE Results'!$DY8","v":420415.22491349484},{"$f":"$X7/$Y7","v":0.21992045684144368},{"$f":"$X7-$Y7","v":-327957.31658742076},{"$f":"$K7*'Measure CE Results'!$DZ8","v":92457.908326074074},{"$f":"$K7*'Measure CE Results'!$EA8","v":420415.22491349484},{"$f":"$AB7/$AC7","v":0.21992045684144368},{"$f":"$AB7-$AC7","v":-327957.31658742076},{"$f":"$K7*'Measure CE Results'!$EB8","v":80398.1811531079},{"$f":"$K7*'Measure CE Results'!$EC8","v":36043.829296424454},{"$f":"$AF7/$AG7","v":2.2305671379118253},{"$f":"$AF7-$AG7","v":44354.351856683446},{"$f":"$K7*'Measure CE Results'!$ED8","v":230445.73352188035},{"$f":"$K7*'Measure CE Results'!$EE8","v":467128.0276816609},{"$f":"$AJ7/$AK7","v":0.49332457028017351},{"$f":"$AJ7-$AK7","v":-236682.29415978055},{"$f":"$K7*'Measure CE Results'!$EF8","v":80398.1811531079},{"$f":"$K7*'Measure CE Results'!$EG8","v":211005.54309933478},{"$f":"$AN7/$AO7","v":0.38102402416631759},{"$f":"$AN7-$AO7","v":-130607.36194622688},{"$f":"$K7*'Measure CE Results'!$EH8","v":164.63044499116597},{"$f":"$K7*'Measure CE Results'!$EJ8","v":1252139.0325530539},{"$f":"$K7*'Measure CE Results'!$EI8","v":36043.829296424454},{"$f":"$AR7/$AT7","v":4.5675070658349089E-3},{"$f":"$AT7/$AS7","v":2.8785804418965156E-2}]
["CWhole HomeWhole HomeWhole HomeNew DehumidifierNew DehumidifierNew DehumidifierOld DehumidifierOld DehumidifierPResidential-DehumidifiersNND","CUSTOM - Measure","Whole Home","Whole Home","Whole Home","New Dehumidifier","New Dehumidifier","Old Dehumidifier","PSP-Consumer-Residential-Dehumidifiers",2017,500,30,null,0,"No","No","Dx",{"$f":"VLOOKUP($A8,OFFSET(Measures!$A$1,4,0,10000,34),MATCH($R$6,OFFSET(Measures!$A$1,4,0,1,34),0),FALSE)","v":false},{"$f":"VLOOKUP($A8,OFFSET(Measures!$A$1,4,0,10000,33),MATCH($S$6,OFFSET(Measures!$A$1,4,0,1,33),0),FALSE)","v":0.9},{"$f":"VLOOKUP($A8,OFFSET(Measures!$A$1,4,0,10000,33),MATCH($T$6,OFFSET(Measures!$A$1,4,0,1,33),0),FALSE)","v":0.9},{"$f":"$K8*$L8","v":15000},{"$f":"$K8*$M8","v":0},{"$f":"$K8*$N8","v":0},{"$f":"$K8*'Measure CE Results'!$DX9","v":115260.56697983915},{"$f":"$K8*'Measure CE Results'!$DY9","v":101643.59861591697},{"$f":"$X8/$Y8","v":1.1339677908825023},{"$f":"$X8-$Y8","v":13616.968363922177},{"$f":"$K8*'Measure CE Results'!$DZ9","v":115260.56697983915},{"$f":"$K8*'Measure CE Results'!$EA9","v":101643.59861591697},{"$f":"$AB8/$AC8","v":1.1339677908825023},{"$f":"$AB8-$AC8","v":13616.968363922177},{"$f":"$K8*'Measure CE Results'!$EB9","v":100226.57998246881},{"$f":"$K8*'Measure CE Results'!$EC9","v":14417.531718569782},{"$f":"$AF8/$AG8","v":6.9517155875840366},{"$f":"$AF8-$AG8","v":85809.048263899036},{"$f":"$K8*'Measure CE Results'!$ED9","v":173688.61012439916},{"$f":"$K8*'Measure CE Results'!$EE9","v":112937.33179546329},{"$f":"$AJ8/$AK8","v":1.5379202550929776},{"$f":"$AJ8-$AK8","v":60751.278328935863},{"$f":"$K8*'Measure CE Results'!$EF9","v":100226.57998246881},{"$f":"$K8*'Measure CE Results'!$EG9","v":157761.50228381625},{"$f":"$AN8/$AO8","v":0.63530442174770296},{"$f":"$AN8-$AO8","v":-57534.92230134744},{"$f":"$K8*'Measure CE Results'!$EH9","v":330.14153998436177},{"$f":"$K8*'Measure CE Results'!$EJ9","v":1030368.5750456898},{"$f":"$K8*'Measure CE Results'!$EI9","v":14417.531718569782},{"$f":"$AR8/$AT8","v":2.289861721331533E-2},{"$f":"$AT8/$AS8","v":1.3992596501626093E-2}]
["CWhole HomeWhole HomeWhole HomeNew WACNew WACNew WACOld WACOld WACPsumer-Residential-AC_RoomNND","CUSTOM - Measure","Whole Home","Whole Home","Whole Home","New WAC","New WAC","Old WAC","PSP-Consumer-Residential-AC_Room",2017,250,25,null,0,"No","No","Dx",{"$f":"VLOOKUP($A9,OFFSET(Measures!$A$1,4,0,10000,34),MATCH($R$6,OFFSET(Measures!$A$1,4,0,1,34),0),FALSE)","v":false},{"$f":"VLOOKUP($A9,OFFSET(Measures!$A$1,4,0,10000,33),MATCH($S$6,OFFSET(Measures!$A$1,4,0,1,33),0),FALSE)","v":0.9},{"$f":"VLOOKUP($A9,OFFSET(Measures!$A$1,4,0,10000,33),MATCH($T$6,OFFSET(Measures!$A$1,4,0,1,33),0),FALSE)","v":0.9},6250,0,0,{"$f":"$K9*'Measure CE Results'!$DX10","v":19718.149035566265},{"$f":"$K9*'Measure CE Results'!$DY10","v":71799.307958477511},0.27462867813391084,-52081.158922911243,{"$f":"$K9*'Measure CE Results'!$DZ10","v":19718.149035566265},{"$f":"$K9*'Measure CE Results'!$EA10","v":71799.307958477511},0.27462867813391084,-52081.158922911243,{"$f":"$K9*'Measure CE Results'!$EB10","v":17146.216552666316},{"$f":"$K9*'Measure CE Results'!$EC10","v":6007.3048827374087},2.8542277922230457,11138.911669928908,{"$f":"$K9*'Measure CE Results'!$ED10","v":23830.49699005641},{"$f":"$K9*'Measure CE Results'!$EE10","v":79777.008842752795},0.29871384419824926,-55946.511852696385,{"$f":"$K9*'Measure CE Results'!$EF10","v":17146.216552666316},{"$f":"$K9*'Measure CE Results'!$EG10","v":22048.177779324513},0.77767045985745953,-4901.9612266581971,{"$f":"$K9*'Measure CE Results'!$EH10","v":68.720677438523481},{"$f":"$K9*'Measure CE Results'!$EJ10","v":115303.15006463668},{"$f":"$K9*'Measure CE Results'!$EI10","v":6007.3048827374087},1.1439518849126373E-2,5.2100093357118446E-2]
["CWhole HomeWhole HomeWhole HomeSmart Thermostat - Gmostat - Gas HeatingSmart Thermostat - Gas HeatingProgrammable Conventventional ThermostatPResidential-Furnace_ECM_3NND","CUSTOM - Measure","Whole Home","Whole Home","Whole Home","Smart Thermostat - Gas Heating","Smart Thermostat - Gas Heating","Programmable Conventional Thermostat","PSP-Consumer-Residential-Furnace_ECM_3",2017,2820,50,null,0,"No","No","Dx",{"$f":"VLOOKUP($A10,OFFSET(Measures!$A$1,4,0,10000,34),MATCH($R$6,OFFSET(Measures!$A$1,4,0,1,34),0),FALSE)","v":false},{"$f":"VLOOKUP($A10,OFFSET(Measures!$A$1,4,0,10000,33),MATCH($S$6,OFFSET(Measures!$A$1,4,0,1,33),0),FALSE)","v":0.9},{"$f":"VLOOKUP($A10,OFFSET(Measures!$A$1,4,0,10000,33),MATCH($T$6,OFFSET(Measures!$A$1,4,0,1,33),0),FALSE)","v":0.9},141000,0,0,{"$f":"$K10*'Measure CE Results'!$DX11","v":289074.26862081356},{"$f":"$K10*'Measure CE Results'!$DY11","v":365916.95501730102},0.78999965608903189,-76842.686396487465,{"$f":"$K10*'Measure CE Results'!$DZ11","v":289074.26862081356},{"$f":"$K10*'Measure CE Results'!$EA11","v":365916.95501730102},0.78999965608903189,-76842.686396487465,{"$f":"$K10*'Measure CE Results'!$EB11","v":251368.9292354901},{"$f":"$K10*'Measure CE Results'!$EC11","v":135524.79815455596},1.8547818012525097,115844.13108093414,{"$f":"$K10*'Measure CE Results'!$ED11","v":541028.6559017878},{"$f":"$K10*'Measure CE Results'!$EE11","v":406574.39446366788},1.3307002685584397,134454.26143811992,{"$f":"$K10*'Measure CE Results'!$EF11","v":251368.9292354901},{"$f":"$K10*'Measure CE Results'!$EG11","v":500478.27012706461},0.50225742902218506,-249109.34089157451,{"$f":"$K10*'Measure CE Results'!$EH11","v":778.5197092652536},{"$f":"$K10*'Measure CE Results'!$EJ11","v":2611842.7705692369},{"$f":"$K10*'Measure CE Results'!$EI11","v":135524.79815455596},5.7444815994295729E-3,5.1888574489121743E-2]
["CWhole HomeWhole HomeWhole HomeNew FreezerNew FreezerNew FreezerOld FreezerOld FreezerPumer-Residential-FreezersNND","CUSTOM - Measure","Whole Home","Whole Home","Whole Home","New Freezer","New Freezer","Old Freezer","PSP-Consumer-Residential-Freezers",2017,250,75,null,0,"No","No","Dx",{"$f":"VLOOKUP($A11,OFFSET(Measures!$A$1,4,0,10000,34),MATCH($R$6,OFFSET(Measures!$A$1,4,0,1,34),0),FALSE)","v":false},{"$f":"VLOOKUP($A11,OFFSET(Measures!$A$1,4,0,10000,33),MATCH($S$6,OFFSET(Measures!$A$1,4,0,1,33),0),FALSE)","v":0.9},{"$f":"VLOOKUP($A11,OFFSET(Measures!$A$1,4,0,10000,33),MATCH($T$6,OFFSET(Measures!$A$1,4,0,1,33),0),FALSE)","v":0.9},18750,0,0,{"$f":"$K11*'Measure CE Results'!$DX12","v":46429.335861221618},{"$f":"$K11*'Measure CE Results'!$DY12","v":107266.43598615917},0.43284122786751766,-60837.100124937548,{"$f":"$K11*'Measure CE Results'!$DZ12","v":46429.335861221618},{"$f":"$K11*'Measure CE Results'!$EA12","v":107266.43598615917},0.43284122786751766,-60837.100124937548,{"$f":"$K11*'Measure CE Results'!$EB12","v":40373.335531497061},{"$f":"$K11*'Measure CE Results'!$EC12","v":18021.914648212227},2.2402356419717089,22351.420883284834,{"$f":"$K11*'Measure CE Results'!$ED12","v":117882.35269631157},{"$f":"$K11*'Measure CE Results'!$EE12","v":119184.92887351019},0.98907096568744002,-1302.5761771986145,{"$f":"$K11*'Measure CE Results'!$EF12","v":40373.335531497061},{"$f":"$K11*'Measure CE Results'!$EG12","v":107896.30889150163},0.37418643831547271,-67522.973360004573,{"$f":"$K11*'Measure CE Results'!$EH12","v":87.716258097044346},{"$f":"$K11*'Measure CE Results'!$EJ12","v":646024.74149690068},{"$f":"$K11*'Measure CE Results'!$EI12","v":18021.914648212227},4.867199729288796E-3,2.7896632265900126E-2]
["CWhole HomeWhole HomeWhole HomeSmart Thermostat - Et - Electric HeatingSmart Thermostat - Electric HeatingProgrammable Conventventional ThermostatPResidential-Furnace_ECM_3NND","CUSTOM - Measure","Whole Home","Whole Home","Whole Home","Smart Thermostat - Electric Heating","Smart Thermostat - Electric Heating","Programmable Conventional Thermostat","PSP-Consumer-Residential-Furnace_ECM_3",2017,180,100,null,0,"No","No","Dx",{"$f":"VLOOKUP($A12,OFFSET(Measures!$A$1,4,0,10000,34),MATCH($R$6,OFFSET(Measures!$A$1,4,0,1,34),0),FALSE)","v":false},{"$f":"VLOOKUP($A12,OFFSET(Measures!$A$1,4,0,10000,33),MATCH($S$6,OFFSET(Measures!$A$1,4,0,1,33),0),FALSE)","v":0.9},{"$f":"VLOOKUP($A12,OFFSET(Measures!$A$1,4,0,10000,33),MATCH($T$6,OFFSET(Measures!$A$1,4,0,1,33),0),FALSE)","v":0.9},18000,0,0,{"$f":"$K12*'Measure CE Results'!$DX13","v":18451.549060902995},{"$f":"$K12*'Measure CE Results'!$DY13","v":23356.401384083045},0.78999965608903189,-4904.85232318005,{"$f":"$K12*'Measure CE Results'!$DZ13","v":18451.549060902995},{"$f":"$K12*'Measure CE Results'!$EA13","v":23356.401384083045},0.78999965608903189,-4904.85232318005,{"$f":"$K12*'Measure CE Results'!$EB13","v":16044.825270350431},{"$f":"$K12*'Measure CE Results'!$EC13","v":17301.038062283737},0.92739090062625495,-1256.2127919333052,{"$f":"$K12*'Measure CE Results'!$ED13","v":43184.263024873006},{"$f":"$K12*'Measure CE Results'!$EE13","v":25951.557093425607},1.6640336018917732,17232.705931447399,{"$f":"$K12*'Measure CE Results'!$EF13","v":16044.825270350431},{"$f":"$K12*'Measure CE Results'!$EG13","v":40595.940528614075},0.39523225872895407,-24551.115258263642,{"$f":"$K12*'Measure CE Results'!$EH13","v":49.692747399909805},{"$f":"$K12*'Measure CE Results'!$EJ13","v":166713.36833420664},{"$f":"$K12*'Measure CE Results'!$EI13","v":17301.038062283737},2.8722407997147869E-3,0.10377714897824346]
["CWhole HomeWhole HomeWhole HomeAttic InsulationAttic InsulationAttic InsulationLimited Attic Insulated Attic InsulationPResidential-Furnace_ECM_3NND","CUSTOM - Measure","Whole Home","Whole Home","Whole Home","Attic Insulation","Attic Insulation","Limited Attic Insulation","PSP-Consumer-Residential-Furnace_ECM_3",2017,240,500,null,0,"No","No","Dx",{"$f":"VLOOKUP($A13,OFFSET(Measures!$A$1,4,0,10000,34),MATCH($R$6,OFFSET(Measures!$A$1,4,0,1,34),0),FALSE)","v":false},{"$f":"VLOOKUP($A13,OFFSET(Measures!$A$1,4,0,10000,33),MATCH($S$6,OFFSET(Measures!$A$1,4,0,1,33),0),FALSE)","v":0.9},{"$f":"VLOOKUP($A13,OFFSET(Measures!$A$1,4,0,10000,33),MATCH($T$6,OFFSET(Measures!$A$1,4,0,1,33),0),FALSE)","v":0.9},120000,0,0,{"$f":"$K13*'Measure CE Results'!$DX14","v":466890.63380793243},{"$f":"$K13*'Measure CE Results'!$DY14","v":224636.67820069208},2.0784256495762854,242253.95560724035,{"$f":"$K13*'Measure CE Results'!$DZ14","v":466890.63380793243},{"$f":"$K13*'Measure CE Results'!$EA14","v":224636.67820069208},2.0784256495762854,242253.95560724035,{"$f":"$K13*'Measure CE Results'!$EB14","v":405991.85548515862},{"$f":"$K13*'Measure CE Results'!$EC14","v":115340.25374855824},3.5199493870563252,290651.60173660039,{"$f":"$K13*'Measure CE Results'!$ED14","v":735770.09780835174},{"$f":"$K13*'Measure CE Results'!$EE14","v":249596.30911188008},2.9478404565611869,486173.78869647166,{"$f":"$K13*'Measure CE Results'!$EF14","v":405991.85548515862},{"$f":"$K13*'Measure CE Results'!$EG14","v":673727.11340237246},0.60260578416514854,-267735.25791721384,{"$f":"$K13*'Measure CE Results'!$EH14","v":1079.3674563579932},{"$f":"$K13*'Measure CE Results'!$EJ14","v":3621135.764098092},{"$f":"$K13*'Measure CE Results'!$EI14","v":115340.25374855824},9.3581158466238008E-3,3.1851955094339239E-2]
["CWhole HomeWhole HomeWhole HomeBasement InsulationBasement InsulationBasement InsulationLimited Basement InsBasement InsulationPResidential-Furnace_ECM_3NND","CUSTOM - Measure","Whole Home","Whole Home","Whole Home","Basement Insulation","Basement Insulation","Limited Basement Insulation","PSP-Consumer-Residential-Furnace_ECM_3",2017,240,1000,null,0,"No","No","Dx",{"$f":"VLOOKUP($A14,OFFSET(Measures!$A$1,4,0,10000,34),MATCH($R$6,OFFSET(Measures!$A$1,4,0,1,34),0),FALSE)","v":false},{"$f":"VLOOKUP($A14,OFFSET(Measures!$A$1,4,0,10000,33),MATCH($S$6,OFFSET(Measures!$A$1,4,0,1,33),0),FALSE)","v":0.9},{"$f":"VLOOKUP($A14,OFFSET(Measures!$A$1,4,0,10000,33),MATCH($T$6,OFFSET(Measures!$A$1,4,0,1,33),0),FALSE)","v":0.9},240000,0,0,{"$f":"$K14*'Measure CE Results'!$DX15","v":1157221.299223467},{"$f":"$K14*'Measure CE Results'!$DY15","v":314948.09688581317},3.6743238351525154,842273.20233765384,{"$f":"$K14*'Measure CE Results'!$DZ15","v":1157221.299223467},{"$f":"$K14*'Measure CE Results'!$EA15","v":314948.09688581317},3.6743238351525154,842273.20233765384,{"$f":"$K14*'Measure CE Results'!$EB15","v":1006279.3906291017},{"$f":"$K14*'Measure CE Results'!$EC15","v":230680.50749711649},4.3622211583771557,775598.8831319852,{"$f":"$K14*'Measure CE Results'!$ED15","v":1768460.1924167476},{"$f":"$K14*'Measure CE Results'!$EE15","v":349942.32987312571},5.053576093689256,1418517.8625436218,{"$f":"$K14*'Measure CE Results'!$EF15","v":1006279.3906291017},{"$f":"$K14*'Measure CE Results'!$EG15","v":1614682.2239247847},0.62320583934042018,-608402.83329568303,{"$f":"$K14*'Measure CE Results'!$EH15","v":2675.2873429390324},{"$f":"$K14*'Measure CE Results'!$EJ15","v":8975243.6438716985},{"$f":"$K14*'Measure CE Results'!$EI15","v":230680.50749711649},1.1597370631640706E-2,2.5701865782175759E-2]
["CWhole HomeWhole HomeWhole HomeExterior Wall Insularior Wall InsulationExterior Wall InsulationLimited Exterior Walrior Wall InsulationPResidential-Furnace_ECM_3NND","CUSTOM - Measure","Whole Home","Whole Home","Whole Home","Exterior Wall Insulation","Exterior Wall Insulation","Limited Exterior Wall Insulation","PSP-Consumer-Residential-Furnace_ECM_3",2017,150,1500,null,0,"No","No","Dx",{"$f":"VLOOKUP($A15,OFFSET(Measures!$A$1,4,0,10000,34),MATCH($R$6,OFFSET(Measures!$A$1,4,0,1,34),0),FALSE)","v":false},{"$f":"VLOOKUP($A15,OFFSET(Measures!$A$1,4,0,10000,33),MATCH($S$6,OFFSET(Measures!$A$1,4,0,1,33),0),FALSE)","v":0.9},{"$f":"VLOOKUP($A15,OFFSET(Measures!$A$1,4,0,10000,33),MATCH($T$6,OFFSET(Measures!$A$1,4,0,1,33),0),FALSE)","v":0.9},225000,0,0,{"$f":"$K15*'Measure CE Results'!$DX16","v":1250599.6307352555},{"$f":"$K15*'Measure CE Results'!$DY16","v":308304.4982698962},4.0563781513186177,942295.13246535929,{"$f":"$K15*'Measure CE Results'!$DZ16","v":1250599.6307352555},{"$f":"$K15*'Measure CE Results'!$EA16","v":308304.4982698962},4.0563781513186177,942295.13246535929,{"$f":"$K15*'Measure CE Results'!$EB16","v":1087477.9397697875},{"$f":"$K15*'Measure CE Results'!$EC16","v":216262.97577854671},5.0284979934954972,871214.96399124083,{"$f":"$K15*'Measure CE Results'!$ED16","v":1878128.6295101366},{"$f":"$K15*'Measure CE Results'!$EE16","v":342560.55363321799},5.4826179184689847,1535568.0758769186,{"$f":"$K15*'Measure CE Results'!$EF16","v":1087477.9397697875},{"$f":"$K15*'Measure CE Results'!$EG16","v":1711942.064136978},0.63523057383253534,-624464.12436719052,{"$f":"$K15*'Measure CE Results'!$EH16","v":2891.1616748314336},{"$f":"$K15*'Measure CE Results'!$EJ16","v":9699470.7966913171},{"$f":"$K15*'Measure CE Results'!$EI16","v":216262.97577854671},1.336873158442055E-2,2.2296368566037471E-2]
["CWhole HomeWhole HomeWhole HomeAir SealingAir SealingAir SealingNo Air SealingNo Air SealingPResidential-Furnace_ECM_3NND","CUSTOM - Measure","Whole Home","Whole Home","Whole Home","Air Sealing","Air Sealing","No Air Sealing","PSP-Consumer-Residential-Furnace_ECM_3",2017,480,150,null,0,"No","No","Dx",{"$f":"VLOOKUP($A16,OFFSET(Measures!$A$1,4,0,10000,34),MATCH($R$6,OFFSET(Measures!$A$1,4,0,1,34),0),FALSE)","v":false},{"$f":"VLOOKUP($A16,OFFSET(Measures!$A$1,4,0,10000,33),MATCH($S$6,OFFSET(Measures!$A$1,4,0,1,33),0),FALSE)","v":0.9},{"$f":"VLOOKUP($A16,OFFSET(Measures!$A$1,4,0,10000,33),MATCH($T$6,OFFSET(Measures!$A$1,4,0,1,33),0),FALSE)","v":0.9},72000,0,0,{"$f":"$K16*'Measure CE Results'!$DX17","v":690331.2954161563},{"$f":"$K16*'Measure CE Results'!$DY17","v":63529.411764705888},10.866325946365421,626801.88365145039,{"$f":"$K16*'Measure CE Results'!$DZ17","v":690331.2954161563},{"$f":"$K16*'Measure CE Results'!$EA17","v":63529.411764705888},10.866325946365421,626801.88365145039,{"$f":"$K16*'Measure CE Results'!$EB17","v":600288.08297057066},{"$f":"$K16*'Measure CE Results'!$EC17","v":69204.152249134961},8.6741627989247441,531083.9307214357,{"$f":"$K16*'Measure CE Results'!$ED17","v":986553.99310897256},{"$f":"$K16*'Measure CE Results'!$EE17","v":70588.23529411765},13.976181569043778,915965.75781485485,{"$f":"$K16*'Measure CE Results'!$EF17","v":600288.08297057066},{"$f":"$K16*'Measure CE Results'!$EG17","v":894819.00902298884},0.67084860392717538,-294530.92605241819,{"$f":"$K16*'Measure CE Results'!$EH17","v":1595.9224731065851},{"$f":"$K16*'Measure CE Results'!$EJ17","v":5354107.8797736056},{"$f":"$K16*'Measure CE Results'!$EI17","v":69204.152249134961},2.3061079736390152E-2,1.2925431052775351E-2]
["CWhole HomeWhole HomeWhole HomeNew WindowsNew WindowsNew WindowsOld WindowsOld WindowsPResidential-Furnace_ECM_3NND","CUSTOM - Measure","Whole Home","Whole Home","Whole Home","New Windows","New Windows","Old Windows","PSP-Consumer-Residential-Furnace_ECM_3",2017,180,800,null,0,"No","No","Dx",{"$f":"VLOOKUP($A17,OFFSET(Measures!$A$1,4,0,10000,34),MATCH($R$6,OFFSET(Measures!$A$1,4,0,1,34),0),FALSE)","v":false},{"$f":"VLOOKUP($A17,OFFSET(Measures!$A$1,4,0,10000,33),MATCH($S$6,OFFSET(Measures!$A$1,4,0,1,33),0),FALSE)","v":0.9},{"$f":"VLOOKUP($A17,OFFSET(Measures!$A$1,4,0,10000,33),MATCH($T$6,OFFSET(Measures!$A$1,4,0,1,33),0),FALSE)","v":0.9},144000,0,0,{"$f":"$K17*'Measure CE Results'!$DX18","v":389937.14165717713},{"$f":"$K17*'Measure CE Results'!$DY18","v":233564.01384083045},1.6695086509470249,156373.12781634668,{"$f":"$K17*'Measure CE Results'!$DZ18","v":389937.14165717713},{"$f":"$K17*'Measure CE Results'!$EA18","v":233564.01384083045},1.6695086509470249,156373.12781634668,{"$f":"$K17*'Measure CE Results'!$EB18","v":339075.7753540671},{"$f":"$K17*'Measure CE Results'!$EC18","v":138408.30449826989},2.4498224769331349,200667.4708557972,{"$f":"$K17*'Measure CE Results'!$ED18","v":656578.01533177961},{"$f":"$K17*'Measure CE Results'!$EE18","v":259515.57093425604},2.5300139524117911,397062.44439752353,{"$f":"$K17*'Measure CE Results'!$EF18","v":339075.7753540671},{"$f":"$K17*'Measure CE Results'!$EG18","v":604761.04424842866},0.56067727671754397,-265685.26889436156,{"$f":"$K17*'Measure CE Results'!$EH18","v":901.46493605617229},{"$f":"$K17*'Measure CE Results'!$EJ18","v":3024294.9944083523},{"$f":"$K17*'Measure CE Results'!$EI18","v":138408.30449826989},6.5130841630058446E-3,4.5765477492828679E-2]
["CWhole HomeWhole HomeWhole HomeDuctless ASHP - SH,SHP - SH, EBB, No ACDuctless ASHP - SH, EBB, No ACEBB, No ACEBB, No ACPResidential-Furnace_ECM_1NND","CUSTOM - Measure","Whole Home","Whole Home","Whole Home","Ductless ASHP - SH, EBB, No AC","Ductless ASHP - SH, EBB, No AC","EBB, No AC","PSP-Consumer-Residential-Furnace_ECM_1",2017,11,1900,null,0,"No","No","Dx",{"$f":"VLOOKUP($A18,OFFSET(Measures!$A$1,4,0,10000,34),MATCH($R$6,OFFSET(Measures!$A$1,4,0,1,34),0),FALSE)","v":false},{"$f":"VLOOKUP($A18,OFFSET(Measures!$A$1,4,0,10000,33),MATCH($S$6,OFFSET(Measures!$A$1,4,0,1,33),0),FALSE)","v":0.9},{"$f":"VLOOKUP($A18,OFFSET(Measures!$A$1,4,0,10000,33),MATCH($T$6,OFFSET(Measures!$A$1,4,0,1,33),0),FALSE)","v":0.9},20900,0,0,{"$f":"$K18*'Measure CE Results'!$DX19","v":23516.306874695369},{"$f":"$K18*'Measure CE Results'!$DY19","v":47577.854671280278},0.49427001358450628,-24061.54779658491,{"$f":"$K18*'Measure CE Results'!$DZ19","v":23516.306874695369},{"$f":"$K18*'Measure CE Results'!$EA19","v":47577.854671280278},0.49427001358450628,-24061.54779658491,{"$f":"$K18*'Measure CE Results'!$EB19","v":20448.962499735102},{"$f":"$K18*'Measure CE Results'!$EC19","v":20088.427527873897},1.0179473963982966,360.53497186120512,{"$f":"$K18*'Measure CE Results'!$ED19","v":78307.706786442097},{"$f":"$K18*'Measure CE Results'!$EE19","v":52864.282968089195},1.4812970571020792,25443.423818352901,{"$f":"$K18*'Measure CE Results'!$EF19","v":20448.962499735102},{"$f":"$K18*'Measure CE Results'!$EG19","v":72485.778860585284},0.2821099920725883,-52036.816360850178,{"$f":"$K18*'Measure CE Results'!$EH19","v":20.104468243885329},{"$f":"$K18*'Measure CE Results'!$EJ19","v":351782.46254786209},{"$f":"$K18*'Measure CE Results'!$EI19","v":20088.427527873897},1.0007985053080524E-3,5.7104687318347336E-2]
["CWhole HomeWhole HomeWhole HomeDuctless ASHP - SH,P - SH, EBB, With ACDuctless ASHP - SH, EBB, With ACEBB, With ACEBB, With ACPResidential-Furnace_ECM_1NND","CUSTOM - Measure","Whole Home","Whole Home","Whole Home","Ductless ASHP - SH, EBB, With AC","Ductless ASHP - SH, EBB, With AC","EBB, With AC","PSP-Consumer-Residential-Furnace_ECM_1",2017,11,1900,null,0,"No","No","Dx",{"$f":"VLOOKUP($A19,OFFSET(Measures!$A$1,4,0,10000,34),MATCH($R$6,OFFSET(Measures!$A$1,4,0,1,34),0),FALSE)","v":false},{"$f":"VLOOKUP($A19,OFFSET(Measures!$A$1,4,0,10000,33),MATCH($S$6,OFFSET(Measures!$A$1,4,0,1,33),0),FALSE)","v":0.9},{"$f":"VLOOKUP($A19,OFFSET(Measures!$A$1,4,0,10000,33),MATCH($T$6,OFFSET(Measures!$A$1,4,0,1,33),0),FALSE)","v":0.9},20900,0,0,{"$f":"$K19*'Measure CE Results'!$DX20","v":26875.775910657369},{"$f":"$K19*'Measure CE Results'!$DY20","v":45198.961937716267},0.59461046799463957,-18323.186027058899,{"$f":"$K19*'Measure CE Results'!$DZ20","v":26875.775910657369},{"$f":"$K19*'Measure CE Results'!$EA20","v":45198.961937716267},0.59461046799463957,-18323.186027058899,{"$f":"$K19*'Measure CE Results'!$EB20","v":23370.239922310757},{"$f":"$K19*'Measure CE Results'!$EC20","v":20088.427527873897},1.1633683069460339,3281.8123944368599,{"$f":"$K19*'Measure CE Results'!$ED20","v":86624.746680523269},{"$f":"$K19*'Measure CE Results'!$EE20","v":50221.068819684733},1.7248686401228022,36403.677860838536,{"$f":"$K19*'Measure CE Results'!$EF20","v":23370.239922310757},{"$f":"$K19*'Measure CE Results'!$EG20","v":79971.114765258331},0.29223351444968776,-56600.874842947575,{"$f":"$K19*'Measure CE Results'!$EH20","v":22.976520777401088},{"$f":"$K19*'Measure CE Results'!$EJ20","v":402037.10005469952},{"$f":"$K19*'Measure CE Results'!$EI20","v":20088.427527873897},1.1437690055889039E-3,4.9966601403553919E-2]
["CWhole HomeWhole HomeWhole HomeDuctless ASHP - MH,SHP - MH, EBB, No ACDuctless ASHP - SH, EBB, No ACEBB, No ACEBB, No ACPResidential-Furnace_ECM_1NND","CUSTOM - Measure","Whole Home","Whole Home","Whole Home","Ductless ASHP - MH, EBB, No AC","Ductless ASHP - SH, EBB, No AC","EBB, No AC","PSP-Consumer-Residential-Furnace_ECM_1",2017,11,3400,null,0,"No","No","Dx",{"$f":"VLOOKUP($A20,OFFSET(Measures!$A$1,4,0,10000,34),MATCH($R$6,OFFSET(Measures!$A$1,4,0,1,34),0),FALSE)","v":false},{"$f":"VLOOKUP($A20,OFFSET(Measures!$A$1,4,0,10000,33),MATCH($S$6,OFFSET(Measures!$A$1,4,0,1,33),0),FALSE)","v":0.9},{"$f":"VLOOKUP($A20,OFFSET(Measures!$A$1,4,0,10000,33),MATCH($T$6,OFFSET(Measures!$A$1,4,0,1,33),0),FALSE)","v":0.9},37400,0,0,{"$f":"$K20*'Measure CE Results'!$DX21","v":40313.652054505379},{"$f":"$K20*'Measure CE Results'!$DY21","v":76124.567474048439},0.52957479289782072,-35810.91541954306,{"$f":"$K20*'Measure CE Results'!$DZ21","v":40313.652054505379},{"$f":"$K20*'Measure CE Results'!$EA21","v":76124.567474048439},0.52957479289782072,-35810.91541954306,{"$f":"$K20*'Measure CE Results'!$EB21","v":35055.349612613376},{"$f":"$K20*'Measure CE Results'!$EC21","v":35947.71241830066},0.97517608922360832,-892.36280568728398,{"$f":"$K20*'Measure CE Results'!$ED21","v":135752.19114727472},{"$f":"$K20*'Measure CE Results'!$EE21","v":84582.852748942722},1.6049611326093705,51169.338398331995,{"$f":"$K20*'Measure CE Results'!$EF21","v":35055.349612613376},{"$f":"$K20*'Measure CE Results'!$EG21","v":125771.74327437732},0.27872198237833423,-90716.393661763956,{"$f":"$K20*'Measure CE Results'!$EH21","v":34.464730911464123},{"$f":"$K20*'Measure CE Results'!$EJ21","v":603055.65008204908},{"$f":"$K20*'Measure CE Results'!$EI21","v":35947.71241830066},9.5874615080981994E-4,5.9609278867397683E-2]
["CWhole HomeWhole HomeWhole HomeDuctless ASHP - MH,P - MH, EBB, With ACDuctless ASHP - SH, EBB, With ACEBB, With ACEBB, With ACPResidential-Furnace_ECM_1NND","CUSTOM - Measure","Whole Home","Whole Home","Whole Home","Ductless ASHP - MH, EBB, With AC","Ductless ASHP - SH, EBB, With AC","EBB, With AC","PSP-Consumer-Residential-Furnace_ECM_1",2017,11,3400,null,0,"No","No","Dx",{"$f":"VLOOKUP($A21,OFFSET(Measures!$A$1,4,0,10000,34),MATCH($R$6,OFFSET(Measures!$A$1,4,0,1,34),0),FALSE)","v":false},{"$f":"VLOOKUP($A21,OFFSET(Measures!$A$1,4,0,10000,33),MATCH($S$6,OFFSET(Measures!$A$1,4,0,1,33),0),FALSE)","v":0.9},{"$f":"VLOOKUP($A21,OFFSET(Measures!$A$1,4,0,10000,33),MATCH($T$6,OFFSET(Measures!$A$1,4,0,1,33),0),FALSE)","v":0.9},37400,0,0,{"$f":"$K21*'Measure CE Results'!$DX22","v":45016.908704852183},{"$f":"$K21*'Measure CE Results'!$DY22","v":72556.228373702426},0.62044168659086885,-27539.319668850243,{"$f":"$K21*'Measure CE Results'!$DZ22","v":45016.908704852183},{"$f":"$K21*'Measure CE Results'!$EA22","v":72556.228373702426},0.62044168659086885,-27539.319668850243,{"$f":"$K21*'Measure CE Results'!$EB22","v":39145.13800421929},{"$f":"$K21*'Measure CE Results'!$EC22","v":35947.71241830066},1.0889465662991911,3197.4255859186305,{"$f":"$K21*'Measure CE Results'!$ED22","v":147396.04699898837},{"$f":"$K21*'Measure CE Results'!$EE22","v":80618.031526336024},1.8283260482592847,66778.015472652347,{"$f":"$K21*'Measure CE Results'!$EF22","v":39145.13800421929},{"$f":"$K21*'Measure CE Results'!$EG22","v":136251.21354091959},0.28730120625650823,-97106.0755367003,{"$f":"$K21*'Measure CE Results'!$EH22","v":38.485604458386184},{"$f":"$K21*'Measure CE Results'!$EJ22","v":673412.14259162161},{"$f":"$K21*'Measure CE Results'!$EI22","v":35947.71241830066},1.0705995422060155E-3,5.3381443761848661E-2]
["CWhole HomeWhole HomeWhole HomeCental ASHP, Electrictric Furnace, No ACCental ASHP, Electric Furnace, No ACElectric Furnace, Noctric Furnace, No ACPResidential-Furnace_ECM_1NND","CUSTOM - Measure","Whole Home","Whole Home","Whole Home","Cental ASHP, Electric Furnace, No AC","Cental ASHP, Electric Furnace, No AC","Electric Furnace, No AC","PSP-Consumer-Residential-Furnace_ECM_1",2017,4,4900,null,0,"No","No","Dx",{"$f":"VLOOKUP($A22,OFFSET(Measures!$A$1,4,0,10000,34),MATCH($R$6,OFFSET(Measures!$A$1,4,0,1,34),0),FALSE)","v":false},{"$f":"VLOOKUP($A22,OFFSET(Measures!$A$1,4,0,10000,33),MATCH($S$6,OFFSET(Measures!$A$1,4,0,1,33),0),FALSE)","v":0.9},{"$f":"VLOOKUP($A22,OFFSET(Measures!$A$1,4,0,10000,33),MATCH($T$6,OFFSET(Measures!$A$1,4,0,1,33),0),FALSE)","v":0.9},19600,0,0,{"$f":"$K22*'Measure CE Results'!$DX23","v":14659.509838001955},{"$f":"$K22*'Measure CE Results'!$DY23","v":38062.283737024227},0.38514530392568769,-23402.773899022272,{"$f":"$K22*'Measure CE Results'!$DZ23","v":14659.509838001955},{"$f":"$K22*'Measure CE Results'!$EA23","v":38062.283737024227},0.38514530392568769,-23402.773899022272,{"$f":"$K22*'Measure CE Results'!$EB23","v":12747.399859132136},{"$f":"$K22*'Measure CE Results'!$EC23","v":18838.908112264515},0.67665279660413635,-6091.5082531323787,{"$f":"$K22*'Measure CE Results'!$ED23","v":55131.445831891448},{"$f":"$K22*'Measure CE Results'!$EE23","v":42291.426374471361},1.3036080964431787,12840.019457420087,{"$f":"$K22*'Measure CE Results'!$EF23","v":12747.399859132136},{"$f":"$K22*'Measure CE Results'!$EG23","v":51502.192059928755},0.24751179220292338,-38754.792200796619,{"$f":"$K22*'Measure CE Results'!$EH23","v":12.53262942235059},{"$f":"$K22*'Measure CE Results'!$EJ23","v":219292.96366619968},{"$f":"$K22*'Measure CE Results'!$EI23","v":18838.908112264515},6.652524311741609E-4,8.5907490132426059E-2]
["CWhole HomeWhole HomeWhole HomeCental ASHP, Electriric Furnace, With ACCental ASHP, Electric Furnace, With ACElectric Furnace, Wiric Furnace, With ACPResidential-Furnace_ECM_1NND","CUSTOM - Measure","Whole Home","Whole Home","Whole Home","Cental ASHP, Electric Furnace, With AC","Cental ASHP, Electric Furnace, With AC","Electric Furnace, With AC","PSP-Consumer-Residential-Furnace_ECM_1",2017,4,4900,null,0,"No","No","Dx",{"$f":"VLOOKUP($A23,OFFSET(Measures!$A$1,4,0,10000,34),MATCH($R$6,OFFSET(Measures!$A$1,4,0,1,34),0),FALSE)","v":false},{"$f":"VLOOKUP($A23,OFFSET(Measures!$A$1,4,0,10000,33),MATCH($S$6,OFFSET(Measures!$A$1,4,0,1,33),0),FALSE)","v":0.9},{"$f":"VLOOKUP($A23,OFFSET(Measures!$A$1,4,0,10000,33),MATCH($T$6,OFFSET(Measures!$A$1,4,0,1,33),0),FALSE)","v":0.9},19600,0,0,{"$f":"$K23*'Measure CE Results'!$DX24","v":17102.760045974323},{"$f":"$K23*'Measure CE Results'!$DY24","v":31141.868512110726},0.54918862814295322,-14039.108466136404,{"$f":"$K23*'Measure CE Results'!$DZ24","v":17102.760045974323},{"$f":"$K23*'Measure CE Results'!$EA24","v":31141.868512110726},0.54918862814295322,-14039.108466136404,{"$f":"$K23*'Measure CE Results'!$EB24","v":14871.965257368976},{"$f":"$K23*'Measure CE Results'!$EC24","v":18838.908112264515},0.78942819662074903,-3966.9428548955384,{"$f":"$K23*'Measure CE Results'!$ED24","v":61180.20211849593},{"$f":"$K23*'Measure CE Results'!$EE24","v":34602.076124567473},1.7681078412245324,26578.125993928457,{"$f":"$K23*'Measure CE Results'!$EF24","v":14871.965257368976},{"$f":"$K23*'Measure CE Results'!$EG24","v":56946.07271787279},0.26115875156218349,-42074.107460503816,{"$f":"$K23*'Measure CE Results'!$EH24","v":14.621394901271145},{"$f":"$K23*'Measure CE Results'!$EJ24","v":255841.79094389969},{"$f":"$K23*'Measure CE Results'!$EI24","v":18838.908112264515},7.761275130246173E-4,7.3634991542079462E-2]
["CWhole HomeWhole HomeWhole HomeCental ASHP w Desupeperheater, No AC, WHCental ASHP w Desuperheater, No AC, WHElectric Furnace, Noc Furnace, No AC, WHPResidential-Furnace_ECM_1NND","CUSTOM - Measure","Whole Home","Whole Home","Whole Home","Cental ASHP w Desuperheater, No AC, WH","Cental ASHP w Desuperheater, No AC, WH","Electric Furnace, No AC, WH","PSP-Consumer-Residential-Furnace_ECM_1",2017,4,5150,null,0,"No","No","Dx",{"$f":"VLOOKUP($A24,OFFSET(Measures!$A$1,4,0,10000,34),MATCH($R$6,OFFSET(Measures!$A$1,4,0,1,34),0),FALSE)","v":false},{"$f":"VLOOKUP($A24,OFFSET(Measures!$A$1,4,0,10000,33),MATCH($S$6,OFFSET(Measures!$A$1,4,0,1,33),0),FALSE)","v":0.9},{"$f":"VLOOKUP($A24,OFFSET(Measures!$A$1,4,0,10000,33),MATCH($T$6,OFFSET(Measures!$A$1,4,0,1,33),0),FALSE)","v":0.9},20600,0,0,{"$f":"$K24*'Measure CE Results'!$DX25","v":17102.760045974323},{"$f":"$K24*'Measure CE Results'!$DY25","v":39792.387543252604},0.4297997959379633,-22689.627497278281,{"$f":"$K24*'Measure CE Results'!$DZ25","v":17102.760045974323},{"$f":"$K24*'Measure CE Results'!$EA25","v":39792.387543252604},0.4297997959379633,-22689.627497278281,{"$f":"$K24*'Measure CE Results'!$EB25","v":14871.965257368976},{"$f":"$K24*'Measure CE Results'!$EC25","v":19800.076893502501},0.75110643950323697,-4928.1116361335244,{"$f":"$K24*'Measure CE Results'!$ED25","v":62141.370899733913},{"$f":"$K24*'Measure CE Results'!$EE25","v":44213.763936947333},1.4054757018278947,17927.60696278658,{"$f":"$K24*'Measure CE Results'!$EF25","v":14871.965257368976},{"$f":"$K24*'Measure CE Results'!$EG25","v":57907.24149911078},0.25682392862034964,-43035.276241741805,{"$f":"$K24*'Measure CE Results'!$EH25","v":14.621394901271145},{"$f":"$K24*'Measure CE Results'!$EJ25","v":255841.79094389969},{"$f":"$K24*'Measure CE Results'!$EI25","v":19800.076893502501},7.3845142015934459E-4,7.7391878865654948E-2]
["CWhole HomeWhole HomeWhole HomeCental ASHP w Desupeesuperheater, AC, WHCental ASHP w Desuperheater, AC, WHElectric Furnace, ACtric Furnace, AC, WHPResidential-Furnace_ECM_1NND","CUSTOM - Measure","Whole Home","Whole Home","Whole Home","Cental ASHP w Desuperheater, AC, WH","Cental ASHP w Desuperheater, AC, WH","Electric Furnace, AC, WH","PSP-Consumer-Residential-Furnace_ECM_1",2017,4,5150,null,0,"No","No","Dx",{"$f":"VLOOKUP($A25,OFFSET(Measures!$A$1,4,0,10000,34),MATCH($R$6,OFFSET(Measures!$A$1,4,0,1,34),0),FALSE)","v":false},{"$f":"VLOOKUP($A25,OFFSET(Measures!$A$1,4,0,10000,33),MATCH($S$6,OFFSET(Measures!$A$1,4,0,1,33),0),FALSE)","v":0.9},{"$f":"VLOOKUP($A25,OFFSET(Measures!$A$1,4,0,10000,33),MATCH($T$6,OFFSET(Measures!$A$1,4,0,1,33),0),FALSE)","v":0.9},20600,0,0,{"$f":"$K25*'Measure CE Results'!$DX26","v":20034.660295541158},{"$f":"$K25*'Measure CE Results'!$DY26","v":32871.972318339103},0.60947545530646252,-12837.312022797945,{"$f":"$K25*'Measure CE Results'!$DZ26","v":20034.660295541158},{"$f":"$K25*'Measure CE Results'!$EA26","v":32871.972318339103},0.60947545530646252,-12837.312022797945,{"$f":"$K25*'Measure CE Results'!$EB26","v":17421.443735253182},{"$f":"$K25*'Measure CE Results'!$EC26","v":19800.076893502501},0.8798674787455053,-2378.6331582493185,{"$f":"$K25*'Measure CE Results'!$ED26","v":69399.878443659312},{"$f":"$K25*'Measure CE Results'!$EE26","v":36524.413687043445},1.900095619283767,32875.464756615867,{"$f":"$K25*'Measure CE Results'!$EF26","v":17421.443735253182},{"$f":"$K25*'Measure CE Results'!$EG26","v":64439.898288643628},0.27035181925982954,-47018.454553390446,{"$f":"$K25*'Measure CE Results'!$EH26","v":17.127913475975802},{"$f":"$K25*'Measure CE Results'!$EJ26","v":299700.38367713959},{"$f":"$K25*'Measure CE Results'!$EI26","v":19800.076893502501},8.6504277574782633E-4,6.6066238056046916E-2]
[{"$f":"CONCATENATE(TRIM(LEFT(B26,1)),TRIM(LEFT(C26,20)),TRIM(LEFT(D26,10)),TRIM(RIGHT(D26,10)),TRIM(LEFT(F26,20)),TRIM(RIGHT(F26,20)),TRIM(LEFT(G26,105)),TRIM(LEFT(H26,20)),TRIM(RIGHT(H26,20)),TRIM(LEFT(I26,1)),TRIM(RIGHT(I26,25)),TRIM(LEFT(O26,1)),TRIM(LEFT(P26,1)),TRIM(LEFT(Q26,1)))","v":"CWhole HomeWhole HomeWhole HomeNew Clothes WasherNew Clothes WasherNew Clothes WasherOld Clothes WasherOld Clothes WasherPsidential-Clothes_WashersNND"},"CUSTOM - Measure","Whole Home","Whole Home","Whole Home","New Clothes Washer","New Clothes Washer","Old Clothes Washer","PSP-Consumer-Residential-Clothes_Washers",2017,500,75,0,null,"No","No","Dx",{"$f":"VLOOKUP($A26,OFFSET(Measures!$A$1,4,0,10000,34),MATCH($R$6,OFFSET(Measures!$A$1,4,0,1,34),0),FALSE)","v":false},{"$f":"VLOOKUP($A26,OFFSET(Measures!$A$1,4,0,10000,33),MATCH($S$6,OFFSET(Measures!$A$1,4,0,1,33),0),FALSE)","v":0.9},{"$f":"VLOOKUP($A26,OFFSET(Measures!$A$1,4,0,10000,33),MATCH($T$6,OFFSET(Measures!$A$1,4,0,1,33),0),FALSE)","v":0.9},37500,0,0,{"$f":"$K26*'Measure CE Results'!$DX27","v":10654.547291867197},{"$f":"$K26*'Measure CE Results'!$DY27","v":389273.35640138411},2.7370348154218842E-2,-378618.80910951691,{"$f":"$K26*'Measure CE Results'!$DZ27","v":10654.547291867197},{"$f":"$K26*'Measure CE Results'!$EA27","v":389273.35640138411},2.7370348154218842E-2,-378618.80910951691,{"$f":"$K26*'Measure CE Results'!$EB27","v":9264.8237320584321},{"$f":"$K26*'Measure CE Results'!$EC27","v":36043.829296424454},0.25704326962222912,-26779.005564366023,{"$f":"$K26*'Measure CE Results'!$ED27","v":59049.651732822029},{"$f":"$K26*'Measure CE Results'!$EE27","v":432525.95155709342},0.13652279480628454,-373476.29982427141,{"$f":"$K26*'Measure CE Results'!$EF27","v":9264.8237320584321},{"$f":"$K26*'Measure CE Results'!$EG27","v":56749.069489182279},0.16325948276252403,-47484.245757123848,{"$f":"$K26*'Measure CE Results'!$EH27","v":19.334948086016102},{"$f":"$K26*'Measure CE Results'!$EJ27","v":148831.01639548852},{"$f":"$K26*'Measure CE Results'!$EI27","v":36043.829296424454},5.3642879969843067E-4,0.24217955483583622]
["CWhole HomeWhole HomeWhole HomeTier 1 CACTier 1 CACTier 1 CACOld CACOld CACPer-Residential-AC_CentralNND","CUSTOM - Measure","Whole Home","Whole Home","Whole Home","Tier 1 CAC","Tier 1 CAC","Old CAC","PSP-Consumer-Residential-AC_Central",2017,0,250,0,null,"No","No","Dx",{"$f":"VLOOKUP($A27,OFFSET(Measures!$A$1,4,0,10000,34),MATCH($R$6,OFFSET(Measures!$A$1,4,0,1,34),0),FALSE)","v":false},{"$f":"VLOOKUP($A27,OFFSET(Measures!$A$1,4,0,10000,33),MATCH($S$6,OFFSET(Measures!$A$1,4,0,1,33),0),FALSE)","v":0.54},{"$f":"VLOOKUP($A27,OFFSET(Measures!$A$1,4,0,10000,33),MATCH($T$6,OFFSET(Measures!$A$1,4,0,1,33),0),FALSE)","v":0.54},0,0,0,{"$f":"$K27*'Measure CE Results'!$DX28","v":0},{"$f":"$K27*'Measure CE Results'!$DY28","v":0},{"$error":"#DIV/0!"},0,{"$f":"$K27*'Measure CE Results'!$DZ28","v":0},{"$f":"$K27*'Measure CE Results'!$EA28","v":0},{"$error":"#DIV/0!"},0,{"$f":"$K27*'Measure CE Results'!$EB28","v":0},{"$f":"$K27*'Measure CE Results'!$EC28","v":0},{"$error":"#DIV/0!"},0,{"$f":"$K27*'Measure CE Results'!$ED28","v":0},{"$f":"$K27*'Measure CE Results'!$EE28","v":0},{"$error":"#DIV/0!"},0,{"$f":"$K27*'Measure CE Results'!$EF28","v":0},{"$f":"$K27*'Measure CE Results'!$EG28","v":0},{"$error":"#DIV/0!"},0,{"$f":"$K27*'Measure CE Results'!$EH28","v":0},{"$f":"$K27*'Measure CE Results'!$EJ28","v":0},{"$f":"$K27*'Measure CE Results'!$EI28","v":0},{"$error":"#DIV/0!"},{"$error":"#DIV/0!"}]
["CWhole HomeWhole HomeWhole HomeTier 2 CACTier 2 CACTier 2 CACOld CACOld CACPer-Residential-AC_CentralNND","CUSTOM - Measure","Whole Home","Whole Home","Whole Home","Tier 2 CAC","Tier 2 CAC","Old CAC","PSP-Consumer-Residential-AC_Central",2017,{"$f":"8460*0.6","v":5076},400,0,null,"No","No","Dx",{"$f":"VLOOKUP($A28,OFFSET(Measures!$A$1,4,0,10000,34),MATCH($R$6,OFFSET(Measures!$A$1,4,0,1,34),0),FALSE)","v":false},{"$f":"VLOOKUP($A28,OFFSET(Measures!$A$1,4,0,10000,33),MATCH($S$6,OFFSET(Measures!$A$1,4,0,1,33),0),FALSE)","v":0.54},{"$f":"VLOOKUP($A28,OFFSET(Measures!$A$1,4,0,10000,33),MATCH($T$6,OFFSET(Measures!$A$1,4,0,1,33),0),FALSE)","v":0.54},2030400,0,0,{"$f":"$K28*'Measure CE Results'!$DX29","v":105035.40968988914},{"$f":"$K28*'Measure CE Results'!$DY29","v":1251435.9861591698},8.3931907705688841E-2,-1146400.5764692808,{"$f":"$K28*'Measure CE Results'!$DZ29","v":105035.40968988914},{"$f":"$K28*'Measure CE Results'!$EA29","v":1251435.9861591698},8.3931907705688841E-2,-1146400.5764692808,{"$f":"$K28*'Measure CE Results'!$EB29","v":91335.138860773164},{"$f":"$K28*'Measure CE Results'!$EC29","v":1951557.0934256057},4.6801161579367805E-2,-1860221.9545648326,{"$f":"$K28*'Measure CE Results'!$ED29","v":2100030.7810823554},{"$f":"$K28*'Measure CE Results'!$EE29","v":2317474.0484429067},0.90617229672683941,-217443.26736055128,{"$f":"$K28*'Measure CE Results'!$EF29","v":91335.138860773164},{"$f":"$K28*'Measure CE Results'!$EG29","v":2031732.8847602506},4.4954304547544365E-2,-1940397.7458994775,{"$f":"$K28*'Measure CE Results'!$EH29","v":314.09156075976108},{"$f":"$K28*'Measure CE Results'!$EJ29","v":526999.26301973313},{"$f":"$K28*'Measure CE Results'!$EI29","v":1951557.0934256057},1.609440798928563E-4,3.7031495684511628]
["CWhole HomeWhole HomeWhole HomeFurnace with ECM - Gwith ECM - Gas HeatFurnace with ECM - Gas HeatFurnace with PSC - Gwith PSC - Gas HeatPResidential-Furnace_ECM_3NND","CUSTOM - Measure","Whole Home","Whole Home","Whole Home","Furnace with ECM - Gas Heat","Furnace with ECM - Gas Heat","Furnace with PSC - Gas Heat","PSP-Consumer-Residential-Furnace_ECM_3",2017,{"$f":"0.9*9400","v":8460},250,0,null,"No","No","Dx",{"$f":"VLOOKUP($A29,OFFSET(Measures!$A$1,4,0,10000,34),MATCH($R$6,OFFSET(Measures!$A$1,4,0,1,34),0),FALSE)","v":false},{"$f":"VLOOKUP($A29,OFFSET(Measures!$A$1,4,0,10000,33),MATCH($S$6,OFFSET(Measures!$A$1,4,0,1,33),0),FALSE)","v":0.54},{"$f":"VLOOKUP($A29,OFFSET(Measures!$A$1,4,0,10000,33),MATCH($T$6,OFFSET(Measures!$A$1,4,0,1,33),0),FALSE)","v":0.54},2115000,0,0,{"$f":"$K29*'Measure CE Results'!$DX30","v":4194171.9775192305},{"$f":"$K29*'Measure CE Results'!$DY30","v":4215363.3217993081},0.99497283088969135,-21191.34428007761,{"$f":"$K29*'Measure CE Results'!$DZ30","v":4194171.9775192305},{"$f":"$K29*'Measure CE Results'!$EA30","v":4215363.3217993081},0.99497283088969135,-21191.34428007761,{"$f":"$K29*'Measure CE Results'!$EB30","v":3647106.0674080267},{"$f":"$K29*'Measure CE Results'!$EC30","v":2032871.9723183392},1.7940657931590123,1614234.0950896875,{"$f":"$K29*'Measure CE Results'!$ED30","v":13100684.210689886},{"$f":"$K29*'Measure CE Results'!$EE30","v":7806228.3737024227},1.6782348124509647,5294455.8369874628,{"$f":"$K29*'Measure CE Results'!$EF30","v":3647106.0674080267},{"$f":"$K29*'Measure CE Results'!$EG30","v":8009490.5810389752},0.45534806870762701,-4362384.513630949,{"$f":"$K29*'Measure CE Results'!$EH30","v":8314.144749227431},{"$f":"$K29*'Measure CE Results'!$EJ30","v":39018049.062901884},{"$f":"$K29*'Measure CE Results'!$EI30","v":2032871.9723183392},4.0898516298327279E-3,5.2100810295284114E-2]
["CWhole HomeWhole HomeWhole HomeFurnace with ECM - EElectrically HeatedFurnace with ECM - Electrically HeatedFurnace with PSC - EElectrically HeatedPResidential-Furnace_ECM_3NND","CUSTOM - Measure","Whole Home","Whole Home","Whole Home","Furnace with ECM - Electrically Heated","Furnace with ECM - Electrically Heated","Furnace with PSC - Electrically Heated","PSP-Consumer-Residential-Furnace_ECM_3",2017,0,250,0,null,"No","No","Dx",{"$f":"VLOOKUP($A30,OFFSET(Measures!$A$1,4,0,10000,34),MATCH($R$6,OFFSET(Measures!$A$1,4,0,1,34),0),FALSE)","v":false},{"$f":"VLOOKUP($A30,OFFSET(Measures!$A$1,4,0,10000,33),MATCH($S$6,OFFSET(Measures!$A$1,4,0,1,33),0),FALSE)","v":0.54},{"$f":"VLOOKUP($A30,OFFSET(Measures!$A$1,4,0,10000,33),MATCH($T$6,OFFSET(Measures!$A$1,4,0,1,33),0),FALSE)","v":0.54},0,0,0,{"$f":"$K30*'Measure CE Results'!$DX31","v":0},{"$f":"$K30*'Measure CE Results'!$DY31","v":0},{"$error":"#DIV/0!"},0,{"$f":"$K30*'Measure CE Results'!$DZ31","v":0},{"$f":"$K30*'Measure CE Results'!$EA31","v":0},{"$error":"#DIV/0!"},0,{"$f":"$K30*'Measure CE Results'!$EB31","v":0},{"$f":"$K30*'Measure CE Results'!$EC31","v":0},{"$error":"#DIV/0!"},0,{"$f":"$K30*'Measure CE Results'!$ED31","v":0},{"$f":"$K30*'Measure CE Results'!$EE31","v":0},{"$error":"#DIV/0!"},0,{"$f":"$K30*'Measure CE Results'!$EF31","v":0},{"$f":"$K30*'Measure CE Results'!$EG31","v":0},{"$error":"#DIV/0!"},0,{"$f":"$K30*'Measure CE Results'!$EH31","v":0},{"$f":"$K30*'Measure CE Results'!$EJ31","v":0},{"$f":"$K30*'Measure CE Results'!$EI31","v":0},{"$error":"#DIV/0!"},{"$error":"#DIV/0!"}]
["CWhole HomeWhole HomeWhole HomeSavings from Gas Measures - Furnace ExcSavings from Gas Measures - Furnace ExcNo Gas MeasuresNo Gas MeasuresPResidential-Furnace_ECM_3NND","CUSTOM - Measure","Whole Home","Whole Home","Whole Home","Savings from Gas Measures  - Furnace Exc","Savings from Gas Measures  - Furnace Exc","No Gas Measures","PSP-Consumer-Residential-Furnace_ECM_3",2017,490,0,0,0,"No","No","Dx",{"$f":"VLOOKUP($A31,OFFSET(Measures!$A$1,4,0,10000,34),MATCH($R$6,OFFSET(Measures!$A$1,4,0,1,34),0),FALSE)","v":false},{"$f":"VLOOKUP($A31,OFFSET(Measures!$A$1,4,0,10000,33),MATCH($S$6,OFFSET(Measures!$A$1,4,0,1,33),0),FALSE)","v":0.7},{"$f":"VLOOKUP($A31,OFFSET(Measures!$A$1,4,0,10000,33),MATCH($T$6,OFFSET(Measures!$A$1,4,0,1,33),0),FALSE)","v":0.7},0,0,0,{"$f":"$K31*'Measure CE Results'!$DX32","v":176736.9922673156},{"$f":"$K31*'Measure CE Results'!$DY32","v":0},{"$error":"#DIV/0!"},176736.9922673156,{"$f":"$K31*'Measure CE Results'!$DZ32","v":176736.9922673156},{"$f":"$K31*'Measure CE Results'!$EA32","v":0},{"$error":"#DIV/0!"},176736.9922673156,{"$f":"$K31*'Measure CE Results'!$EB32","v":153684.34110201357},{"$f":"$K31*'Measure CE Results'!$EC32","v":0},{"$error":"#DIV/0!"},153684.34110201357,{"$f":"$K31*'Measure CE Results'!$ED32","v":302316.83920449234},{"$f":"$K31*'Measure CE Results'!$EE32","v":0},{"$error":"#DIV/0!"},302316.83920449234,{"$f":"$K31*'Measure CE Results'!$EF32","v":153684.34110201357},{"$f":"$K31*'Measure CE Results'!$EG32","v":211621.78744314463},0.72622173245419341,-57937.446341131057,{"$f":"$K31*'Measure CE Results'!$EH32","v":423.49534295242194},{"$f":"$K31*'Measure CE Results'!$EJ32","v":1420774.7457084558},{"$f":"$K31*'Measure CE Results'!$EI32","v":0},{"$error":"#DIV/0!"},0]
["CWhole HomeWhole HomeWhole HomeSavings from Gas Measures - Furnace IncSavings from Gas Measures - Furnace IncNo Gas MeasuresNo Gas MeasuresPResidential-Furnace_ECM_3NND","CUSTOM - Measure","Whole Home","Whole Home","Whole Home","Savings from Gas Measures  - Furnace Inc","Savings from Gas Measures  - Furnace Inc","No Gas Measures","PSP-Consumer-Residential-Furnace_ECM_3",2017,8910,0,0,0,"No","No","Dx",{"$f":"VLOOKUP($A32,OFFSET(Measures!$A$1,4,0,10000,34),MATCH($R$6,OFFSET(Measures!$A$1,4,0,1,34),0),FALSE)","v":false},{"$f":"VLOOKUP($A32,OFFSET(Measures!$A$1,4,0,10000,33),MATCH($S$6,OFFSET(Measures!$A$1,4,0,1,33),0),FALSE)","v":0.7},{"$f":"VLOOKUP($A32,OFFSET(Measures!$A$1,4,0,10000,33),MATCH($T$6,OFFSET(Measures!$A$1,4,0,1,33),0),FALSE)","v":0.7},0,0,0,{"$f":"$K32*'Measure CE Results'!$DX33","v":1236661.8285359091},{"$f":"$K32*'Measure CE Results'!$DY33","v":0},{"$error":"#DIV/0!"},1236661.8285359091,{"$f":"$K32*'Measure CE Results'!$DZ33","v":1236661.8285359091},{"$f":"$K32*'Measure CE Results'!$EA33","v":0},{"$error":"#DIV/0!"},1236661.8285359091,{"$f":"$K32*'Measure CE Results'!$EB33","v":1075358.1117703558},{"$f":"$K32*'Measure CE Results'!$EC33","v":0},{"$error":"#DIV/0!"},1075358.1117703558,{"$f":"$K32*'Measure CE Results'!$ED33","v":2115355.9266606057},{"$f":"$K32*'Measure CE Results'!$EE33","v":0},{"$error":"#DIV/0!"},2115355.9266606057,{"$f":"$K32*'Measure CE Results'!$EF33","v":1075358.1117703558},{"$f":"$K32*'Measure CE Results'!$EG33","v":1480749.1486624237},0.72622571672030889,-405391.03689206787,{"$f":"$K32*'Measure CE Results'!$EH33","v":2963.2888228166717},{"$f":"$K32*'Measure CE Results'!$EJ33","v":9941372.3916025795},{"$f":"$K32*'Measure CE Results'!$EI33","v":0},{"$error":"#DIV/0!"},0]
[{"$f":"CONCATENATE(TRIM(LEFT(B33,1)),TRIM(LEFT(C33,20)),TRIM(LEFT(D33,10)),TRIM(RIGHT(D33,10)),TRIM(LEFT(F33,20)),TRIM(RIGHT(F33,20)),TRIM(LEFT(G33,105)),TRIM(LEFT(H33,20)),TRIM(RIGHT(H33,20)),TRIM(LEFT(I33,1)),TRIM(RIGHT(I33,25)),TRIM(LEFT(O33,1)),TRIM(LEFT(P33,1)),TRIM(LEFT(Q33,1)))","v":"CWhole HomeWhole HomeWhole HomeTier 2 CAC savings ffrom weatherizationTier 2 CAC savings from weatherizationWeatherization No CAeatherization No CACPResidential-Furnace_ECM_3NND"},"CUSTOM - Measure","Whole Home","Whole Home","Whole Home","Tier 2 CAC savings from weatherization","Tier 2 CAC savings from weatherization","Weatherization No CAC","PSP-Consumer-Residential-Furnace_ECM_3",2017,0,0,0,0,"No","No","Dx",{"$f":"VLOOKUP($A33,OFFSET(Measures!$A$1,4,0,10000,34),MATCH($R$6,OFFSET(Measures!$A$1,4,0,1,34),0),FALSE)","v":false},{"$f":"VLOOKUP($A33,OFFSET(Measures!$A$1,4,0,10000,33),MATCH($S$6,OFFSET(Measures!$A$1,4,0,1,33),0),FALSE)","v":0.7},{"$f":"VLOOKUP($A33,OFFSET(Measures!$A$1,4,0,10000,33),MATCH($T$6,OFFSET(Measures!$A$1,4,0,1,33),0),FALSE)","v":0.7},0,0,0,{"$f":"$K33*'Measure CE Results'!$DX34","v":0},{"$f":"$K33*'Measure CE Results'!$DY34","v":0},{"$error":"#DIV/0!"},0,{"$f":"$K33*'Measure CE Results'!$DZ34","v":0},{"$f":"$K33*'Measure CE Results'!$EA34","v":0},{"$error":"#DIV/0!"},0,{"$f":"$K33*'Measure CE Results'!$EB34","v":0},{"$f":"$K33*'Measure CE Results'!$EC34","v":0},{"$error":"#DIV/0!"},0,{"$f":"$K33*'Measure CE Results'!$ED34","v":0},{"$f":"$K33*'Measure CE Results'!$EE34","v":0},{"$error":"#DIV/0!"},0,{"$f":"$K33*'Measure CE Results'!$EF34","v":0},{"$f":"$K33*'Measure CE Results'!$EG34","v":0},{"$error":"#DIV/0!"},0,{"$f":"$K33*'Measure CE Results'!$EH34","v":0},{"$f":"$K33*'Measure CE Results'!$EJ34","v":0},{"$f":"$K33*'Measure CE Results'!$EI34","v":0},{"$error":"#DIV/0!"},{"$error":"#DIV/0!"}]
[{"$f":"CONCATENATE(TRIM(LEFT(B34,1)),TRIM(LEFT(C34,20)),TRIM(LEFT(D34,10)),TRIM(RIGHT(D34,10)),TRIM(LEFT(F34,20)),TRIM(RIGHT(F34,20)),TRIM(LEFT(G34,105)),TRIM(LEFT(H34,20)),TRIM(RIGHT(H34,20)),TRIM(LEFT(I34,1)),TRIM(RIGHT(I34,25)),TRIM(LEFT(O34,1)),TRIM(LEFT(P34,1)),TRIM(LEFT(Q34,1)))","v":"CWhole HomeWhole HomeWhole HomeNet CAC savings fromfrom weatherizationNet CAC savings from weatherizationWeatherization No CAeatherization No CACPResidential-Furnace_ECM_3NND"},"CUSTOM - Measure","Whole Home","Whole Home","Whole Home","Net CAC savings from weatherization","Net CAC savings from weatherization","Weatherization No CAC","PSP-Consumer-Residential-Furnace_ECM_3",2017,5076,0,0,0,"No","No","Dx",{"$f":"VLOOKUP($A34,OFFSET(Measures!$A$1,4,0,10000,34),MATCH($R$6,OFFSET(Measures!$A$1,4,0,1,34),0),FALSE)","v":false},{"$f":"VLOOKUP($A34,OFFSET(Measures!$A$1,4,0,10000,33),MATCH($S$6,OFFSET(Measures!$A$1,4,0,1,33),0),FALSE)","v":0.7},{"$f":"VLOOKUP($A34,OFFSET(Measures!$A$1,4,0,10000,33),MATCH($T$6,OFFSET(Measures!$A$1,4,0,1,33),0),FALSE)","v":0.7},0,0,0,{"$f":"$K34*'Measure CE Results'!$DX35","v":337449.86492136418},{"$f":"$K34*'Measure CE Results'!$DY35","v":0},{"$error":"#DIV/0!"},337449.86492136418,{"$f":"$K34*'Measure CE Results'!$DZ35","v":337449.86492136418},{"$f":"$K34*'Measure CE Results'!$EA35","v":0},{"$error":"#DIV/0!"},337449.86492136418,{"$f":"$K34*'Measure CE Results'!$EB35","v":293434.66514901241},{"$f":"$K34*'Measure CE Results'!$EC35","v":0},{"$error":"#DIV/0!"},293434.66514901241,{"$f":"$K34*'Measure CE Results'!$ED35","v":577225.55392312247},{"$f":"$K34*'Measure CE Results'!$EE35","v":0},{"$error":"#DIV/0!"},577225.55392312247,{"$f":"$K34*'Measure CE Results'!$EF35","v":293434.66514901241},{"$f":"$K34*'Measure CE Results'!$EG35","v":404057.8877461857},0.7262193711544056,-110623.2225971733,{"$f":"$K34*'Measure CE Results'!$EH35","v":808.59181790505875},{"$f":"$K34*'Measure CE Results'!$EJ35","v":2712741.6777363564},{"$f":"$K34*'Measure CE Results'!$EI35","v":0},{"$error":"#DIV/0!"},0]

{"sheet":"Budget Inputs","index":12,"n_rows":9,"n_cols":9,"rows_kept":9,"cut":false,"hidden":false,"merged":[[1,1,1,3],[0,2,0,3]]}
[null,"Program Design Module: \nProgram Budget","Users can input program budgets by sector, program or portfolio by year, where applicable. The table below will dynamically populate based on the programs selected in the previous step. Costs should be in nominal dollars and should account for costs associated with the program year, even if those costs are incurred in another calendar year. "]
[null,"\"Update Program Budget\": will populate the table below with the selected programs. Once this button is clicked, input the program-level budgets.\n\"Delete Budget\": will clear the table below\nCAUTION! To ensure the cost effectiveness calculations are properly completed, click \"Update Program Budget\" even if there are no program-level costs. Please enter budgets ONLY in years that a program is active (i.e., there is a line item in \"Measure Selection & CE Results\")"]
[]
[]
[null,null,null,"PROGRAM YEAR"]
[null,null,null,2017,2017,2017,2017,2017]
[null,"SECTOR","PROGRAM","LDC Labour","Third Party Costs","Marketing Spend","Other Program Costs","2017 Sub-Total","Total"]
[null,"Whole Home","Whole Home",null,2291000,null,null,{"$f":"SUM($D8:$G8)","v":2291000},{"$f":"SUM($D8:$H8)/2","v":2291000}]
[null,"Total",null,{"$f":"SUM(D8)","v":0},{"$f":"SUM(E8)","v":2291000},0,0,2291000,2291000]

{"sheet":"External Inputs","index":13,"n_rows":7,"n_cols":21,"rows_kept":7,"cut":false,"hidden":false,"merged":[[0,2,0,5],[5,17,5,18],[5,19,5,20],[5,4,5,6],[5,7,5,8],[5,9,5,10],[5,11,5,12],[5,13,5,14],[5,15,5,16],[1,1,1,8]]}
[null,"Program Design Module: \nExternal Inputs","Users can input the results of the external cost effectiveness calculations in this tab. Complete this worksheet before calculating portfolio level cost effectiveness. "]
[null,"CAUTION! Ensure that the assumptions used in external cost effectiveness calculations align with the \"CE Parameters\" tab in this tool (i.e., inflation rate, base year, etc.). "]
[]
[]
[]
[null,null,null,null,"Savings (Generator Level)",null,null,"Total Resource Cost (TRC) Test",null,"Societal Cost (SC) Test",null,"Program Administrator Cost (PAC) Test",null,"Participant Cost (PC) Test",null,"Rate Impact Measure (RIM) Test",null,"Levelized Cost (LC) Metric ($/kWh)",null,"Levelized Cost (LC) Metric ($/kW)"]
[null,"SECTOR","PROGRAM","PROGRAM YEAR","PEAK DEMAND SAVINGS (KW)","FIRST YEAR ENERGY SAVINGS (KWH)","Effective Useful Life (EUL)","Benefits","Costs","Benefits","Costs","Benefits","Costs","Benefits","Costs","Benefits","Costs","Benefits","Costs","Benefits","Costs"]

{"sheet":"RESULTS >>","index":14,"n_rows":5,"n_cols":2,"rows_kept":5,"cut":false,"hidden":false,"merged":[[2,1,2,14],[3,1,3,14],[4,1,4,14],[0,0,0,3],[0,4,0,5]]}
["Results Module"]
["INSTRUCTIONS: "]
[1,"To calculate Cost Effectiveness, activate the \"CE Results\" worksheet and click the appropriate buttons."]
[{"$f":"A3+1","v":2},"To view measure level savings for the life of a measure, activate the \"Measure Savings Results\" worksheet and click the appropriate buttons."]
[{"$f":"A4+1","v":3},"To view summary cost effectiveeness results, activate the \"Summary CE Results\" worksheet."]

{"sheet":"CE Results","index":15,"n_rows":14,"n_cols":29,"rows_kept":14,"cut":false,"hidden":false,"merged":[[0,2,0,5],[4,16,4,19],[4,24,4,28],[4,20,4,23],[4,4,4,7],[4,8,4,11],[4,12,4,15],[0,6,0,7],[1,1,1,7]]}
[null,"Results Module: \nInitiative Portfolio Results","This worksheet will calculate all cost-effectiveness parameters include benefits, costs, Benefit Cost (BC) ratios, net benefits, levelized costs, and aggregate savings, costs, and incentives at the program/portfolio-level. \nPlease be patient, this process takes a moment."]
[null,"CAUTION! Please ensure that all inputs have been populated including the \"Program Budget Input\" and \"DR Input\" worksheets. If the button on \"Program Budget Input\" is not run, a #N/A error will appear (to fix this, click the button on the \"Program Budget Input\" tab).\nClicking the \"Calculate Portfolio Cost Effectiveness\" button will also populate the \"Summary CE Results\" tab"]
[null,"Click here to view the Summary Cost Effectiveness Results",null,null,"Click here to update the Program Budget Input worksheet"]
[]
[null,null,null,null,"Total Resource Cost (TRC) Test",null,null,null,"Societal Cost (SC) Test",null,null,null,"Program Administrator Cost (PAC) Test",null,null,null,"Participant Cost (PC) Test",null,null,null,"Rate Impact Measure (RIM) Test",null,null,null,"Levelized Cost (LC) Metric"]
[null,"SECTOR","PROGRAM","PROGRAM YEAR","Benefits","Costs","BC Ratio","Net Benefits","Benefits","Costs","BC Ratio","Net Benefits","Benefits","Costs","BC Ratio","Net Benefits","Benefits","Costs","BC Ratio","Net Benefits","Benefits","Costs","BC Ratio","Net Benefits","Benefits (Demand)","Benefits (Energy)","Costs","LC $/kW","LC $/kWh"]
[null,"Whole Home","Whole Home",2017,{"$f":"SUMIFS('Program Design'!X:X,'Program Design'!$C:$C,$B7,'Program Design'!$D:$D,$C7,'Program Design'!$J:$J,$D7)","v":10801704.732720185},{"$f":"SUMIFS('Program Design'!Y:Y,'Program Design'!$C:$C,$B7,'Program Design'!$D:$D,$C7,'Program Design'!$J:$J,$D7)+SUMIFS(INDEX(OFFSET('Budget Inputs'!$A$1,6,1,2000,560),0,MATCH(CONCATENATE($D7,\" Sub-Total\"),OFFSET('Budget Inputs'!$A$1,6,1,1,560),0)),OFFSET('Budget Inputs'!$A$1,6,1,2000,1),$B7,OFFSET('Budget Inputs'!$A$1,6,2,2000,1),$C7)*INDEX(OFFSET('Levelized Avoided Cost Table'!$A$1,7,1,900,20),MATCH(CONCATENATE($D7,\"_\",1),OFFSET('Levelized Avoided Cost Table'!$A$1,7,1,900,1),0),MATCH(\"Discount Factor\",OFFSET('Levelized Avoided Cost Table'!$A$1,7,1,1,20),0))","v":10676817.089580933},{"$f":"E7/F7","v":1.0116970855725462},{"$f":"E7-F7","v":124887.64313925244},{"$f":"SUMIFS('Program Design'!AB:AB,'Program Design'!$C:$C,$B7,'Program Design'!$D:$D,$C7,'Program Design'!$J:$J,$D7)","v":10801704.732720185},{"$f":"SUMIFS('Program Design'!AC:AC,'Program Design'!$C:$C,$B7,'Program Design'!$D:$D,$C7,'Program Design'!$J:$J,$D7)+SUMIFS(INDEX(OFFSET('Budget Inputs'!$A$1,6,1,2000,560),0,MATCH(CONCATENATE($D7,\" Sub-Total\"),OFFSET('Budget Inputs'!$A$1,6,1,1,560),0)),OFFSET('Budget Inputs'!$A$1,6,1,2000,1),$B7,OFFSET('Budget Inputs'!$A$1,6,2,2000,1),$C7)*INDEX(OFFSET('Levelized Avoided Cost Table'!$A$1,7,1,900,20),MATCH(CONCATENATE($D7,\"_\",1),OFFSET('Levelized Avoided Cost Table'!$A$1,7,1,900,1),0),MATCH(\"Discount Factor\",OFFSET('Levelized Avoided Cost Table'!$A$1,7,1,1,20),0))","v":10676817.089580933},{"$f":"I7/J7","v":1.0116970855725462},{"$f":"I7-J7","v":124887.64313925244},{"$f":"SUMIFS('Program Design'!AF:AF,'Program Design'!$C:$C,$B7,'Program Design'!$D:$D,$C7,'Program Design'!$J:$J,$D7)","v":9392786.7241045069},{"$f":"SUMIFS('Program Design'!AG:AG,'Program Design'!$C:$C,$B7,'Program Design'!$D:$D,$C7,'Program Design'!$J:$J,$D7)+SUMIFS(INDEX(OFFSET('Budget Inputs'!$A$1,6,1,2000,560),0,MATCH(CONCATENATE($D7,\" Sub-Total\"),OFFSET('Budget Inputs'!$A$1,6,1,1,560),0)),OFFSET('Budget Inputs'!$A$1,6,1,2000,1),$B7,OFFSET('Budget Inputs'!$A$1,6,2,2000,1),$C7)*INDEX(OFFSET('Levelized Avoided Cost Table'!$A$1,7,1,900,20),MATCH(CONCATENATE($D7,\"_\",1),OFFSET('Levelized Avoided Cost Table'!$A$1,7,1,900,1),0),MATCH(\"Discount Factor\",OFFSET('Levelized Avoided Cost Table'!$A$1,7,1,1,20),0))","v":7409073.4332948867},{"$f":"M7/N7","v":1.2677410756782639},{"$f":"M7-N7","v":1983713.2908096202},{"$f":"SUMIFS('Program Design'!AJ:AJ,'Program Design'!$C:$C,$B7,'Program Design'!$D:$D,$C7,'Program Design'!$J:$J,$D7)","v":26106147.592635591},{"$f":"SUMIFS('Program Design'!$AK:$AK,'Program Design'!$C:$C,$B7,'Program Design'!$D:$D,$C7,'Program Design'!$J:$J,$D7)","v":13465902.537485585},{"$f":"Q7/R7","v":1.938685321682883},{"$f":"Q7-R7","v":12640245.055150006},{"$f":"SUMIFS('Program Design'!AN:AN,'Program Design'!$C:$C,$B7,'Program Design'!$D:$D,$C7,'Program Design'!$J:$J,$D7)","v":9392786.7241045069},{"$f":"SUMIFS('Program Design'!AO:AO,'Program Design'!$C:$C,$B7,'Program Design'!$D:$D,$C7,'Program Design'!$J:$J,$D7)+SUMIFS(INDEX(OFFSET('Budget Inputs'!$A$1,6,1,2000,560),0,MATCH(CONCATENATE($D7,\" Sub-Total\"),OFFSET('Budget Inputs'!$A$1,6,1,1,560),0)),OFFSET('Budget Inputs'!$A$1,6,1,2000,1),$B7,OFFSET('Budget Inputs'!$A$1,6,2,2000,1),$C7)*INDEX(OFFSET('Levelized Avoided Cost Table'!$A$1,7,1,900,20),MATCH(CONCATENATE($D7,\"_\",1),OFFSET('Levelized Avoided Cost Table'!$A$1,7,1,900,1),0),MATCH(\"Discount Factor\",OFFSET('Levelized Avoided Cost Table'!$A$1,7,1,1,20),0))","v":21581431.489408288},{"$f":"U7/V7","v":0.43522538014747952},{"$f":"U7-V7","v":-12188644.765303781},{"$f":"SUMIFS('Program Design'!AR:AR,'Program Design'!$C:$C,$B7,'Program Design'!$D:$D,$C7,'Program Design'!$J:$J,$D7)","v":23640.507159306842},{"$f":"SUMIFS('Program Design'!AS:AS,'Program Design'!$C:$C,$B7,'Program Design'!$D:$D,$C7,'Program Design'!$J:$J,$D7)","v":93326377.158778638},{"$f":"SUMIFS('Program Design'!AT:AT,'Program Design'!$C:$C,$B7,'Program Design'!$D:$D,$C7,'Program Design'!$J:$J,$D7)+SUMIFS(INDEX(OFFSET('Budget Inputs'!$A$1,6,1,2000,560),0,MATCH(CONCATENATE($D7,\" Sub-Total\"),OFFSET('Budget Inputs'!$A$1,6,1,1,560),0)),OFFSET('Budget Inputs'!$A$1,6,1,2000,1),$B7,OFFSET('Budget Inputs'!$A$1,6,2,2000,1),$C7)*INDEX(OFFSET('Levelized Avoided Cost Table'!$A$1,7,1,900,20),MATCH(CONCATENATE($D7,\"_\",1),OFFSET('Levelized Avoided Cost Table'!$A$1,7,1,900,1),0),MATCH(\"Discount Factor\",OFFSET('Levelized Avoided Cost Table'!$A$1,7,1,1,20),0))","v":7409073.4332948867},{"$f":"AA7/Y7","v":313.40585814708578},{"$f":"AA7/Z7","v":7.9388846528239645E-2}]
[]
[]
[null,"Whole Home","Whole Home","All Program Years",{"$f":"SUMIFS(E$7:E$7,$B$7:$B$7,$B10,$C$7:$C$7,$C10)","v":10801704.732720185},{"$f":"SUMIFS(F$7:F$7,$B$7:$B$7,$B10,$C$7:$C$7,$C10)","v":10676817.089580933},{"$f":"E10/F10","v":1.0116970855725462},{"$f":"E10-F10","v":124887.64313925244},{"$f":"SUMIFS(I$7:I$7,$B$7:$B$7,$B10,$C$7:$C$7,$C10)","v":10801704.732720185},{"$f":"SUMIFS(J$7:J$7,$B$7:$B$7,$B10,$C$7:$C$7,$C10)","v":10676817.089580933},{"$f":"I10/J10","v":1.0116970855725462},{"$f":"I10-J10","v":124887.64313925244},{"$f":"SUMIFS(M$7:M$7,$B$7:$B$7,$B10,$C$7:$C$7,$C10)","v":9392786.7241045069},{"$f":"SUMIFS(N$7:N$7,$B$7:$B$7,$B10,$C$7:$C$7,$C10)","v":7409073.4332948867},{"$f":"M10/N10","v":1.2677410756782639},{"$f":"M10-N10","v":1983713.2908096202},{"$f":"SUMIFS(Q$7:Q$7,$B$7:$B$7,$B10,$C$7:$C$7,$C10)","v":26106147.592635591},{"$f":"SUMIFS(R$7:R$7,$B$7:$B$7,$B10,$C$7:$C$7,$C10)","v":13465902.537485585},{"$f":"Q10/R10","v":1.938685321682883},{"$f":"Q10-R10","v":12640245.055150006},{"$f":"SUMIFS(U$7:U$7,$B$7:$B$7,$B10,$C$7:$C$7,$C10)","v":9392786.7241045069},{"$f":"SUMIFS(V$7:V$7,$B$7:$B$7,$B10,$C$7:$C$7,$C10)","v":21581431.489408288},{"$f":"U10/V10","v":0.43522538014747952},{"$f":"U10-V10","v":-12188644.765303781},{"$f":"SUMIFS(Y$7:Y$7,$B$7:$B$7,$B10,$C$7:$C$7,$C10)","v":23640.507159306842},{"$f":"SUMIFS(Z$7:Z$7,$B$7:$B$7,$B10,$C$7:$C$7,$C10)","v":93326377.158778638},{"$f":"SUMIFS(AA$7:AA$7,$B$7:$B$7,$B10,$C$7:$C$7,$C10)","v":7409073.4332948867},{"$f":"AA10/Y10","v":313.40585814708578},{"$f":"AA10/Z10","v":7.9388846528239645E-2}]
[]
[]
[null,"Whole Home","All Programs","All Program Years",{"$f":"SUMIFS(E$7:E$7,$B$7:$B$7,$B13)","v":10801704.732720185},{"$f":"SUMIFS(F$7:F$7,$B$7:$B$7,$B13)","v":10676817.089580933},{"$f":"E13/F13","v":1.0116970855725462},{"$f":"E13-F13","v":124887.64313925244},{"$f":"SUMIFS(I$7:I$7,$B$7:$B$7,$B13)","v":10801704.732720185},{"$f":"SUMIFS(J$7:J$7,$B$7:$B$7,$B13)","v":10676817.089580933},{"$f":"I13/J13","v":1.0116970855725462},{"$f":"I13-J13","v":124887.64313925244},{"$f":"SUMIFS(M$7:M$7,$B$7:$B$7,$B13)","v":9392786.7241045069},{"$f":"SUMIFS(N$7:N$7,$B$7:$B$7,$B13)","v":7409073.4332948867},{"$f":"M13/N13","v":1.2677410756782639},{"$f":"M13-N13","v":1983713.2908096202},{"$f":"SUMIFS(Q$7:Q$7,$B$7:$B$7,$B13)","v":26106147.592635591},{"$f":"SUMIFS(R$7:R$7,$B$7:$B$7,$B13)","v":13465902.537485585},{"$f":"Q13/R13","v":1.938685321682883},{"$f":"Q13-R13","v":12640245.055150006},{"$f":"SUMIFS(U$7:U$7,$B$7:$B$7,$B13)","v":9392786.7241045069},{"$f":"SUMIFS(V$7:V$7,$B$7:$B$7,$B13)","v":21581431.489408288},{"$f":"U13/V13","v":0.43522538014747952},{"$f":"U13-V13","v":-12188644.765303781},{"$f":"SUMIFS(Y$7:Y$7,$B$7:$B$7,$B13)","v":23640.507159306842},{"$f":"SUMIFS(Z$7:Z$7,$B$7:$B$7,$B13)","v":93326377.158778638},{"$f":"SUMIFS(AA$7:AA$7,$B$7:$B$7,$B13)","v":7409073.4332948867},{"$f":"AA13/Y13","v":313.40585814708578},{"$f":"AA13/Z13","v":7.9388846528239645E-2}]
[null,"Total","All Programs","All Program Years",{"$f":"SUM(E$7:E$7)","v":10801704.732720185},{"$f":"SUM(F$7:F$7)","v":10676817.089580933},{"$f":"E14/F14","v":1.0116970855725462},{"$f":"E14-F14","v":124887.64313925244},{"$f":"SUM(I$7:I$7)","v":10801704.732720185},{"$f":"SUM(J$7:J$7)","v":10676817.089580933},{"$f":"I14/J14","v":1.0116970855725462},{"$f":"I14-J14","v":124887.64313925244},{"$f":"SUM(M$7:M$7)","v":9392786.7241045069},{"$f":"SUM(N$7:N$7)","v":7409073.4332948867},{"$f":"M14/N14","v":1.2677410756782639},{"$f":"M14-N14","v":1983713.2908096202},{"$f":"SUM(Q$7:Q$7)","v":26106147.592635591},{"$f":"SUM(R$7:R$7)","v":13465902.537485585},{"$f":"Q14/R14","v":1.938685321682883},{"$f":"Q14-R14","v":12640245.055150006},{"$f":"SUM(U$7:U$7)","v":9392786.7241045069},{"$f":"SUM(V$7:V$7)","v":21581431.489408288},{"$f":"U14/V14","v":0.43522538014747952},{"$f":"U14-V14","v":-12188644.765303781},{"$f":"SUM(Y$7:Y$7)","v":23640.507159306842},{"$f":"SUM(Z$7:Z$7)","v":93326377.158778638},{"$f":"SUM(AA$7:AA$7)","v":7409073.4332948867},{"$f":"AA14/Y14","v":313.40585814708578},{"$f":"AA14/Z14","v":7.9388846528239645E-2}]

{"sheet":"Savings Results","index":16,"n_rows":6,"n_cols":16,"rows_kept":6,"cut":false,"hidden":false,"merged":[[0,2,0,3],[1,1,1,3]]}
[null,"Results Module: \nMeasure Savings","This tab will calculate the lifetime savings at the measure-level. Ensure that the worksheet is cleared (or re-run) when measures have been added or removed from the program design module."]
[null,"Click the buttons to populate or clear the table below."]
[]
[]
[]
[{"$f":"'Measure CE Results'!B7","v":"ID"},"SECTOR","PROGRAM","MEASURE DESCRIPTION","Distribution (Dx) or Transmission (Tx) Connected","Behind the Meter Project (True/False)","PROGRAM YEAR","PEAK DEMAND SAVINGS (KW)","FIRST YEAR ENERGY SAVINGS (KWH)","EFFECTIVE USEFUL LIFE (YEAR)","NET-TO-GROSS (ENERGY)","NET-TO-GROSS (DEMAND)","REMAINNG USEFUL LIFE \n(YEARS)","REMAINNG USEFUL LIFE ANNUAL ENERGY SAVINGS (KWH)","REMAINNG USEFUL LIFE PEAK DEMAND SAVINGS (KW)","QUANTITY"]

{"sheet":"Summary CE Results","index":17,"n_rows":14,"n_cols":8,"rows_kept":14,"cut":false,"hidden":false,"merged":[[0,2,0,5],[1,1,1,6]]}
[null,"Results Module: \nsummary results","This worksheet provides a summary of the cost-effectiveness ratios for the TRC and PAC test and the levelized costs in terms of both peak demand ($/KW) and energy ($/kWh) savings."]
[null,"The table below is populated from the \"Program Portfolio CE Results\" worksheet."]
[]
[]
[]
[null,"SECTOR","PROGRAM","PROGRAM YEAR","Total Resource Cost (TRC) Ratio","Program Administrator Cost (PAC) Ratio","Levelized Cost (LC) ($/kWh)","Levelized Cost (LC) ($/kW)"]
[null,"Whole Home","Whole Home",2017,{"$f":"'CE Results'!$G7","v":1.0116970855725462},{"$f":"'CE Results'!$O7","v":1.2677410756782639},{"$f":"'CE Results'!$AC7","v":7.9388846528239645E-2},{"$f":"'CE Results'!$AB7","v":313.40585814708578}]
[]
[]
[null,"Whole Home","Whole Home","All Program Years",{"$f":"'CE Results'!$G10","v":1.0116970855725462},{"$f":"'CE Results'!$O10","v":1.2677410756782639},{"$f":"'CE Results'!$AC10","v":7.9388846528239645E-2},{"$f":"'CE Results'!$AB10","v":313.40585814708578}]
[]
[]
[null,"Whole Home","All Programs","All Program Years",{"$f":"'CE Results'!$G13","v":1.0116970855725462},{"$f":"'CE Results'!$O13","v":1.2677410756782639},{"$f":"'CE Results'!$AC13","v":7.9388846528239645E-2},{"$f":"'CE Results'!$AB13","v":313.40585814708578}]
[null,"Total","All Programs","All Program Years",{"$f":"'CE Results'!$G14","v":1.0116970855725462},{"$f":"'CE Results'!$O14","v":1.2677410756782639},{"$f":"'CE Results'!$AC14","v":7.9388846528239645E-2},{"$f":"'CE Results'!$AB14","v":313.40585814708578}]

{"sheet":"ADMIN INPUT >>","index":18,"n_rows":8,"n_cols":2,"rows_kept":8,"cut":false,"hidden":false,"merged":[[0,0,0,3]]}
["Admin Input Module"]
["INSTRUCTIONS:"]
["This module is intended for administrative use only."]
[]
[1,"Using the drop-down in the \"ADMIN OPTIONS\" worksheet, select the peak demand definition"]
[2,"Input the modeling assumption in the \"CE Parameters\" worksheet (e.g., inflation rate, discount rates, base year, etc.)"]
[3,"Input the current avoided ratepayer cost table in the \"Rates Table\" worksheet"]
[4,"Input the current avoided cost table in the \"Avoided Cost Table\" worksheet, keep in mind the peak definition used and the dollar year of the table when inputting the table"]

{"sheet":"ADMIN OPTIONS","index":19,"n_rows":11,"n_cols":4,"rows_kept":11,"cut":false,"hidden":false,"merged":[[0,2,0,3],[1,1,1,6]]}
[null,"Admin Input Module: \nAdministrative Options","OPA/admin users can modify the definition of peak demand (summer or winter) and the display format (depending on screen resolution)"]
[null,"Select the peak demand definition from the drop-down in cell B5. Select the display format from the drop-down in cell B11."]
[]
[null,"Peak Demand Savings Definition",null,"CAUTION: if modifying peak demand to winter from summer, the avoided cost assumptions may also need to be modified"]
[null,"Summer Peak Demand",null,"Click here to go to the avoided cost assumptions worksheet"]
[]
[]
[]
[]
[null,"Display Format",null,"Note: \"Small Format\" is recommended for displays with a resolution of 1024x768 or lower"]
[null,"Small Format"]

{"sheet":"CE Parameters","index":20,"n_rows":12,"n_cols":6,"rows_kept":12,"cut":false,"hidden":false,"merged":[[11,1,11,4],[0,2,0,3],[0,4,0,6],[1,1,1,6],[9,1,9,4],[10,1,10,4],[4,1,4,5],[5,1,5,4],[6,1,6,4],[7,1,7,4],[8,1,8,4]]}
[null,"Admin Input Module: \nCost Effectiveness Parameters","OPA/admin users can modify the assumptions used in the calculation of lifetime benefits and costs for each measure, initiative, and program. "]
[null,"Input the assumptions in the yellow cells in column F."]
[]
[]
[null,"Cost Effectiveness Parameters"]
[null,"Base Year of Projections:",null,null,null,2015]
[null,"Discount Rate (real): ",null,null,null,0.04]
[null,"Societal Discount Rate (real): ",null,null,null,0.04]
[null,"Inflation Rate:",null,null,null,0.02]
[null,"Transmission System Losses: ",null,null,null,2.5000000000000001E-2]
[null,"Distribution System Losses: ",null,null,null,4.2000000000000003E-2]
[null,"Non-Energy Benefits Adder",null,null,null,0.15]

{"sheet":"Rates Table","index":21,"n_rows":50,"n_cols":10,"rows_kept":50,"cut":false,"hidden":false,"merged":[[5,1,6,1],[5,2,6,2],[5,3,5,5],[0,5,0,6],[0,2,0,4],[1,1,1,6]]}
[null,"Admin Input Module: \nRates Table","OPA/Admin users input the ratepayer cost assumptions provided by OPA."]
[null,"Input ratepayer assumptions by year in column D. The value in cell F4 should reflect the dollar year of the ratepayer assumptions provided, the values used in the model are automatically converted from the year specified in this cell to the base year specified in the \"CE Parameters\" worksheet. If needed, the user can modify the ratepayer cost analysis years in column C."]
[]
[null,"Inflation Rate:",{"$f":"inflationRate","v":0.02},"Adjusted for inflation",null,2007]
[]
[null,"Year #","Year","Electricity",null,null,"Natural Gas","Water","Propane","Heating Oil"]
[null,null,null,{"$f":"$F$4&\" $/MWh\"","v":"2007 $/MWh"},{"$f":"$F$4&\" $/kWh\"","v":"2007 $/kWh"},{"$f":"firstYear &\" $/kWh\"","v":"2015 $/kWh"},{"$f":"firstYear &\" $/MMBtu\"","v":"2015 $/MMBtu"},"$/L",{"$f":"firstYear &\" $/L\"","v":"2015 $/L"},{"$f":"firstYear &\" $/L\"","v":"2015 $/L"}]
[null,1,2015,108.76,{"$f":"D8/1000","v":0.10876000000000001},{"$f":"E8*(1+inflationRate)^(firstYear-$F$4)","v":0.12742967427780641},{"$f":"'Avoided Cost Table'!O57/1000+0.14*(1+inflationRate)^(firstYear-$F$4)","v":0.17248811334031716},{"$f":"'Avoided Cost Table'!R57","v":3.7842000000000001E-6},{"$f":"'Avoided Cost Table'!O57*'Avoided Cost Table'!$U$48*0.024","v":0.34743191039999999},{"$f":"'Avoided Cost Table'!P57*'Avoided Cost Table'!$U$49*0.0366","v":0.41068298555999999}]
[null,2,2016,108.86,{"$f":"D9/1000","v":0.10886},0.12754684021590662,{"$f":"'Avoided Cost Table'!O58/1000+0.14*(1+inflationRate)^(firstYear-$F$4)","v":0.17248811334031716},{"$f":"'Avoided Cost Table'!R58","v":3.7842000000000001E-6},{"$f":"'Avoided Cost Table'!O58*'Avoided Cost Table'!$U$48*0.024","v":0.34743191039999999},{"$f":"'Avoided Cost Table'!P58*'Avoided Cost Table'!$U$49*0.0366","v":0.41068298555999999}]
[null,3,2017,109.44,0.10944,0.12822640265688792,{"$f":"'Avoided Cost Table'!O59/1000+0.14*(1+inflationRate)^(firstYear-$F$4)","v":0.17248811334031716},{"$f":"'Avoided Cost Table'!R59","v":3.7842000000000001E-6},{"$f":"'Avoided Cost Table'!O59*'Avoided Cost Table'!$U$48*0.024","v":0.34743191039999999},{"$f":"'Avoided Cost Table'!P59*'Avoided Cost Table'!$U$49*0.0366","v":0.41068298555999999}]
[null,4,2018,109.99,0.10998999999999999,0.12887081531643918,{"$f":"'Avoided Cost Table'!O60/1000+0.14*(1+inflationRate)^(firstYear-$F$4)","v":0.17248811334031716},{"$f":"'Avoided Cost Table'!R60","v":3.7842000000000001E-6},{"$f":"'Avoided Cost Table'!O60*'Avoided Cost Table'!$U$48*0.024","v":0.34743191039999999},{"$f":"'Avoided Cost Table'!P60*'Avoided Cost Table'!$U$49*0.0366","v":0.41068298555999999}]
[null,5,2019,111.76,0.11176,0.13094465242081318,{"$f":"'Avoided Cost Table'!O61/1000+0.14*(1+inflationRate)^(firstYear-$F$4)","v":0.17248811334031716},{"$f":"'Avoided Cost Table'!R61","v":3.7842000000000001E-6},{"$f":"'Avoided Cost Table'!O61*'Avoided Cost Table'!$U$48*0.024","v":0.34743191039999999},{"$f":"'Avoided Cost Table'!P61*'Avoided Cost Table'!$U$49*0.0366","v":0.41068298555999999}]
[null,6,2020,112.72,0.11272,0.13206944542657537,{"$f":"'Avoided Cost Table'!O62/1000+0.14*(1+inflationRate)^(firstYear-$F$4)","v":0.17248811334031716},{"$f":"'Avoided Cost Table'!R62","v":3.7842000000000001E-6},{"$f":"'Avoided Cost Table'!O62*'Avoided Cost Table'!$U$48*0.024","v":0.34743191039999999},{"$f":"'Avoided Cost Table'!P62*'Avoided Cost Table'!$U$49*0.0366","v":0.41068298555999999}]
[null,7,2021,108.05,0.10804999999999999,0.12659779611729477,{"$f":"'Avoided Cost Table'!O63/1000+0.14*(1+inflationRate)^(firstYear-$F$4)","v":0.17248811334031716},{"$f":"'Avoided Cost Table'!R63","v":3.7842000000000001E-6},{"$f":"'Avoided Cost Table'!O63*'Avoided Cost Table'!$U$48*0.024","v":0.34743191039999999},{"$f":"'Avoided Cost Table'!P63*'Avoided Cost Table'!$U$49*0.0366","v":0.41068298555999999}]
[null,8,2022,106.69,0.10668999999999999,0.12500433935913169,{"$f":"'Avoided Cost Table'!O64/1000+0.14*(1+inflationRate)^(firstYear-$F$4)","v":0.17248811334031716},{"$f":"'Avoided Cost Table'!R64","v":3.7842000000000001E-6},{"$f":"'Avoided Cost Table'!O64*'Avoided Cost Table'!$U$48*0.024","v":0.34743191039999999},{"$f":"'Avoided Cost Table'!P64*'Avoided Cost Table'!$U$49*0.0366","v":0.41068298555999999}]
[null,9,2023,105.78,0.10578,0.12393812932241964,{"$f":"'Avoided Cost Table'!O65/1000+0.14*(1+inflationRate)^(firstYear-$F$4)","v":0.17248811334031716},{"$f":"'Avoided Cost Table'!R65","v":3.7842000000000001E-6},{"$f":"'Avoided Cost Table'!O65*'Avoided Cost Table'!$U$48*0.024","v":0.34743191039999999},{"$f":"'Avoided Cost Table'!P65*'Avoided Cost Table'!$U$49*0.0366","v":0.41068298555999999}]
[null,10,2024,105.92,0.10592,0.12410216163575996,{"$f":"'Avoided Cost Table'!O66/1000+0.14*(1+inflationRate)^(firstYear-$F$4)","v":0.17248811334031716},{"$f":"'Avoided Cost Table'!R66","v":3.7842000000000001E-6},{"$f":"'Avoided Cost Table'!O66*'Avoided Cost Table'!$U$48*0.024","v":0.34743191039999999},{"$f":"'Avoided Cost Table'!P66*'Avoided Cost Table'!$U$49*0.0366","v":0.41068298555999999}]
[null,11,2025,105.86,0.10586,0.12403186207289982,{"$f":"'Avoided Cost Table'!O67/1000+0.14*(1+inflationRate)^(firstYear-$F$4)","v":0.17248811334031716},{"$f":"'Avoided Cost Table'!R67","v":3.7842000000000001E-6},{"$f":"'Avoided Cost Table'!O67*'Avoided Cost Table'!$U$48*0.024","v":0.34743191039999999},{"$f":"'Avoided Cost Table'!P67*'Avoided Cost Table'!$U$49*0.0366","v":0.41068298555999999}]
[null,12,2026,107.09,0.10709,0.12547300311153262,{"$f":"'Avoided Cost Table'!O68/1000+0.14*(1+inflationRate)^(firstYear-$F$4)","v":0.17248811334031716},{"$f":"'Avoided Cost Table'!R68","v":3.7842000000000001E-6},{"$f":"'Avoided Cost Table'!O68*'Avoided Cost Table'!$U$48*0.024","v":0.34743191039999999},{"$f":"'Avoided Cost Table'!P68*'Avoided Cost Table'!$U$49*0.0366","v":0.41068298555999999}]
[null,13,2027,107.7,0.1077,0.12618771533394399,{"$f":"'Avoided Cost Table'!O69/1000+0.14*(1+inflationRate)^(firstYear-$F$4)","v":0.17248811334031716},{"$f":"'Avoided Cost Table'!R69","v":3.7842000000000001E-6},{"$f":"'Avoided Cost Table'!O69*'Avoided Cost Table'!$U$48*0.024","v":0.34743191039999999},{"$f":"'Avoided Cost Table'!P69*'Avoided Cost Table'!$U$49*0.0366","v":0.41068298555999999}]
[null,14,2028,107.7,0.1077,0.12618771533394399,{"$f":"'Avoided Cost Table'!O70/1000+0.14*(1+inflationRate)^(firstYear-$F$4)","v":0.17248811334031716},{"$f":"'Avoided Cost Table'!R70","v":3.7842000000000001E-6},{"$f":"'Avoided Cost Table'!O70*'Avoided Cost Table'!$U$48*0.024","v":0.34743191039999999},{"$f":"'Avoided Cost Table'!P70*'Avoided Cost Table'!$U$49*0.0366","v":0.41068298555999999}]
[null,15,2029,107.7,0.1077,0.12618771533394399,{"$f":"'Avoided Cost Table'!O71/1000+0.14*(1+inflationRate)^(firstYear-$F$4)","v":0.17248811334031716},{"$f":"'Avoided Cost Table'!R71","v":3.7842000000000001E-6},{"$f":"'Avoided Cost Table'!O71*'Avoided Cost Table'!$U$48*0.024","v":0.34743191039999999},{"$f":"'Avoided Cost Table'!P71*'Avoided Cost Table'!$U$49*0.0366","v":0.41068298555999999}]
[null,16,2030,107.7,0.1077,0.12618771533394399,{"$f":"'Avoided Cost Table'!O72/1000+0.14*(1+inflationRate)^(firstYear-$F$4)","v":0.17248811334031716},{"$f":"'Avoided Cost Table'!R72","v":3.7842000000000001E-6},{"$f":"'Avoided Cost Table'!O72*'Avoided Cost Table'!$U$48*0.024","v":0.34743191039999999},{"$f":"'Avoided Cost Table'!P72*'Avoided Cost Table'!$U$49*0.0366","v":0.41068298555999999}]
[null,17,2031,107.7,0.1077,0.12618771533394399,{"$f":"'Avoided Cost Table'!O73/1000+0.14*(1+inflationRate)^(firstYear-$F$4)","v":0.17248811334031716},{"$f":"'Avoided Cost Table'!R73","v":3.7842000000000001E-6},{"$f":"'Avoided Cost Table'!O73*'Avoided Cost Table'!$U$48*0.024","v":0.34743191039999999},{"$f":"'Avoided Cost Table'!P73*'Avoided Cost Table'!$U$49*0.0366","v":0.41068298555999999}]
[null,18,2032,107.7,0.1077,0.12618771533394399,{"$f":"'Avoided Cost Table'!O74/1000+0.14*(1+inflationRate)^(firstYear-$F$4)","v":0.17248811334031716},{"$f":"'Avoided Cost Table'!R74","v":3.7842000000000001E-6},{"$f":"'Avoided Cost Table'!O74*'Avoided Cost Table'!$U$48*0.024","v":0.34743191039999999},{"$f":"'Avoided Cost Table'!P74*'Avoided Cost Table'!$U$49*0.0366","v":0.41068298555999999}]
[null,19,2033,107.7,0.1077,0.12618771533394399,{"$f":"'Avoided Cost Table'!O75/1000+0.14*(1+inflationRate)^(firstYear-$F$4)","v":0.17248811334031716},{"$f":"'Avoided Cost Table'!R75","v":3.7842000000000001E-6},{"$f":"'Avoided Cost Table'!O75*'Avoided Cost Table'!$U$48*0.024","v":0.34743191039999999},{"$f":"'Avoided Cost Table'!P75*'Avoided Cost Table'!$U$49*0.0366","v":0.41068298555999999}]
[null,20,2034,107.7,0.1077,0.12618771533394399,{"$f":"'Avoided Cost Table'!O76/1000+0.14*(1+inflationRate)^(firstYear-$F$4)","v":0.17248811334031716},{"$f":"'Avoided Cost Table'!R76","v":3.7842000000000001E-6},{"$f":"'Avoided Cost Table'!O76*'Avoided Cost Table'!$U$48*0.024","v":0.34743191039999999},{"$f":"'Avoided Cost Table'!P76*'Avoided Cost Table'!$U$49*0.0366","v":0.41068298555999999}]
[null,21,2035,107.7,0.1077,0.12618771533394399,{"$f":"'Avoided Cost Table'!O77/1000+0.14*(1+inflationRate)^(firstYear-$F$4)","v":0.17248811334031716},{"$f":"'Avoided Cost Table'!R77","v":3.7842000000000001E-6},{"$f":"'Avoided Cost Table'!O77*'Avoided Cost Table'!$U$48*0.024","v":0.34743191039999999},{"$f":"'Avoided Cost Table'!P77*'Avoided Cost Table'!$U$49*0.0366","v":0.41068298555999999}]
[null,22,2036,107.7,0.1077,0.12618771533394399,{"$f":"'Avoided Cost Table'!O78/1000+0.14*(1+inflationRate)^(firstYear-$F$4)","v":0.17248811334031716},{"$f":"'Avoided Cost Table'!R78","v":3.7842000000000001E-6},{"$f":"'Avoided Cost Table'!O78*'Avoided Cost Table'!$U$48*0.024","v":0.34743191039999999},{"$f":"'Avoided Cost Table'!P78*'Avoided Cost Table'!$U$49*0.0366","v":0.41068298555999999}]
[null,23,2037,107.7,0.1077,0.12618771533394399,{"$f":"'Avoided Cost Table'!O79/1000+0.14*(1+inflationRate)^(firstYear-$F$4)","v":0.17248811334031716},{"$f":"'Avoided Cost Table'!R79","v":3.7842000000000001E-6},{"$f":"'Avoided Cost Table'!O79*'Avoided Cost Table'!$U$48*0.024","v":0.34743191039999999},{"$f":"'Avoided Cost Table'!P79*'Avoided Cost Table'!$U$49*0.0366","v":0.41068298555999999}]
[null,24,2038,107.7,0.1077,0.12618771533394399,{"$f":"'Avoided Cost Table'!O80/1000+0.14*(1+inflationRate)^(firstYear-$F$4)","v":0.17248811334031716},{"$f":"'Avoided Cost Table'!R80","v":3.7842000000000001E-6},{"$f":"'Avoided Cost Table'!O80*'Avoided Cost Table'!$U$48*0.024","v":0.34743191039999999},{"$f":"'Avoided Cost Table'!P80*'Avoided Cost Table'!$U$49*0.0366","v":0.41068298555999999}]
[null,25,2039,107.7,0.1077,0.12618771533394399,{"$f":"'Avoided Cost Table'!O81/1000+0.14*(1+inflationRate)^(firstYear-$F$4)","v":0.17248811334031716},{"$f":"'Avoided Cost Table'!R81","v":3.7842000000000001E-6},{"$f":"'Avoided Cost Table'!O81*'Avoided Cost Table'!$U$48*0.024","v":0.34743191039999999},{"$f":"'Avoided Cost Table'!P81*'Avoided Cost Table'!$U$49*0.0366","v":0.41068298555999999}]
[null,26,2040,107.7,0.1077,0.12618771533394399,{"$f":"'Avoided Cost Table'!O82/1000+0.14*(1+inflationRate)^(firstYear-$F$4)","v":0.17248811334031716},{"$f":"'Avoided Cost Table'!R82","v":3.7842000000000001E-6},{"$f":"'Avoided Cost Table'!O82*'Avoided Cost Table'!$U$48*0.024","v":0.34743191039999999},{"$f":"'Avoided Cost Table'!P82*'Avoided Cost Table'!$U$49*0.0366","v":0.41068298555999999}]
[null,27,2041,107.7,0.1077,0.12618771533394399,{"$f":"'Avoided Cost Table'!O83/1000+0.14*(1+inflationRate)^(firstYear-$F$4)","v":0.17248811334031716},{"$f":"'Avoided Cost Table'!R83","v":3.7842000000000001E-6},{"$f":"'Avoided Cost Table'!O83*'Avoided Cost Table'!$U$48*0.024","v":0.34743191039999999},{"$f":"'Avoided Cost Table'!P83*'Avoided Cost Table'!$U$49*0.0366","v":0.41068298555999999}]
[null,28,2042,107.7,0.1077,0.12618771533394399,{"$f":"'Avoided Cost Table'!O84/1000+0.14*(1+inflationRate)^(firstYear-$F$4)","v":0.17248811334031716},{"$f":"'Avoided Cost Table'!R84","v":3.7842000000000001E-6},{"$f":"'Avoided Cost Table'!O84*'Avoided Cost Table'!$U$48*0.024","v":0.34743191039999999},{"$f":"'Avoided Cost Table'!P84*'Avoided Cost Table'!$U$49*0.0366","v":0.41068298555999999}]
[null,29,2043,107.7,0.1077,0.12618771533394399,{"$f":"'Avoided Cost Table'!O85/1000+0.14*(1+inflationRate)^(firstYear-$F$4)","v":0.17248811334031716},{"$f":"'Avoided Cost Table'!R85","v":3.7842000000000001E-6},{"$f":"'Avoided Cost Table'!O85*'Avoided Cost Table'!$U$48*0.024","v":0.34743191039999999},{"$f":"'Avoided Cost Table'!P85*'Avoided Cost Table'!$U$49*0.0366","v":0.41068298555999999}]
[null,30,2044,107.7,0.1077,0.12618771533394399,{"$f":"'Avoided Cost Table'!O86/1000+0.14*(1+inflationRate)^(firstYear-$F$4)","v":0.17248811334031716},{"$f":"'Avoided Cost Table'!R86","v":3.7842000000000001E-6},{"$f":"'Avoided Cost Table'!O86*'Avoided Cost Table'!$U$48*0.024","v":0.34743191039999999},{"$f":"'Avoided Cost Table'!P86*'Avoided Cost Table'!$U$49*0.0366","v":0.41068298555999999}]
[null,31,2045,107.7,0.1077,0.12618771533394399,{"$f":"'Avoided Cost Table'!O87/1000+0.14*(1+inflationRate)^(firstYear-$F$4)","v":0.17248811334031716},{"$f":"'Avoided Cost Table'!R87","v":3.7842000000000001E-6},{"$f":"'Avoided Cost Table'!O87*'Avoided Cost Table'!$U$48*0.024","v":0.34743191039999999},{"$f":"'Avoided Cost Table'!P87*'Avoided Cost Table'!$U$49*0.0366","v":0.41068298555999999}]
[null,32,2046,107.7,0.1077,0.12618771533394399,{"$f":"'Avoided Cost Table'!O88/1000+0.14*(1+inflationRate)^(firstYear-$F$4)","v":0.17248811334031716},{"$f":"'Avoided Cost Table'!R88","v":3.7842000000000001E-6},{"$f":"'Avoided Cost Table'!O88*'Avoided Cost Table'!$U$48*0.024","v":0.34743191039999999},{"$f":"'Avoided Cost Table'!P88*'Avoided Cost Table'!$U$49*0.0366","v":0.41068298555999999}]
[null,33,2047,107.7,0.1077,0.12618771533394399,{"$f":"'Avoided Cost Table'!O89/1000+0.14*(1+inflationRate)^(firstYear-$F$4)","v":0.17248811334031716},{"$f":"'Avoided Cost Table'!R89","v":3.7842000000000001E-6},{"$f":"'Avoided Cost Table'!O89*'Avoided Cost Table'!$U$48*0.024","v":0.34743191039999999},{"$f":"'Avoided Cost Table'!P89*'Avoided Cost Table'!$U$49*0.0366","v":0.41068298555999999}]
[null,34,2048,107.7,0.1077,0.12618771533394399,{"$f":"'Avoided Cost Table'!O90/1000+0.14*(1+inflationRate)^(firstYear-$F$4)","v":0.17248811334031716},{"$f":"'Avoided Cost Table'!R90","v":3.7842000000000001E-6},{"$f":"'Avoided Cost Table'!O90*'Avoided Cost Table'!$U$48*0.024","v":0.34743191039999999},{"$f":"'Avoided Cost Table'!P90*'Avoided Cost Table'!$U$49*0.0366","v":0.41068298555999999}]
[null,35,2049,107.7,0.1077,0.12618771533394399,{"$f":"'Avoided Cost Table'!O91/1000+0.14*(1+inflationRate)^(firstYear-$F$4)","v":0.17248811334031716},{"$f":"'Avoided Cost Table'!R91","v":3.7842000000000001E-6},{"$f":"'Avoided Cost Table'!O91*'Avoided Cost Table'!$U$48*0.024","v":0.34743191039999999},{"$f":"'Avoided Cost Table'!P91*'Avoided Cost Table'!$U$49*0.0366","v":0.41068298555999999}]
[null,36,2050,107.7,0.1077,0.12618771533394399,{"$f":"'Avoided Cost Table'!O92/1000+0.14*(1+inflationRate)^(firstYear-$F$4)","v":0.17248811334031716},{"$f":"'Avoided Cost Table'!R92","v":3.7842000000000001E-6},{"$f":"'Avoided Cost Table'!O92*'Avoided Cost Table'!$U$48*0.024","v":0.34743191039999999},{"$f":"'Avoided Cost Table'!P92*'Avoided Cost Table'!$U$49*0.0366","v":0.41068298555999999}]
[null,37,2051,107.7,0.1077,0.12618771533394399,{"$f":"'Avoided Cost Table'!O93/1000+0.14*(1+inflationRate)^(firstYear-$F$4)","v":0.17248811334031716},{"$f":"'Avoided Cost Table'!R93","v":3.7842000000000001E-6},{"$f":"'Avoided Cost Table'!O93*'Avoided Cost Table'!$U$48*0.024","v":0.34743191039999999},{"$f":"'Avoided Cost Table'!P93*'Avoided Cost Table'!$U$49*0.0366","v":0.41068298555999999}]
[null,38,2052,107.7,0.1077,0.12618771533394399,{"$f":"'Avoided Cost Table'!O94/1000+0.14*(1+inflationRate)^(firstYear-$F$4)","v":0.17248811334031716},{"$f":"'Avoided Cost Table'!R94","v":3.7842000000000001E-6},{"$f":"'Avoided Cost Table'!O94*'Avoided Cost Table'!$U$48*0.024","v":0.34743191039999999},{"$f":"'Avoided Cost Table'!P94*'Avoided Cost Table'!$U$49*0.0366","v":0.41068298555999999}]
[null,39,2053,107.7,0.1077,0.12618771533394399,{"$f":"'Avoided Cost Table'!O95/1000+0.14*(1+inflationRate)^(firstYear-$F$4)","v":0.17248811334031716},{"$f":"'Avoided Cost Table'!R95","v":3.7842000000000001E-6},{"$f":"'Avoided Cost Table'!O95*'Avoided Cost Table'!$U$48*0.024","v":0.34743191039999999},{"$f":"'Avoided Cost Table'!P95*'Avoided Cost Table'!$U$49*0.0366","v":0.41068298555999999}]
[null,40,2054,107.7,0.1077,0.12618771533394399,{"$f":"'Avoided Cost Table'!O96/1000+0.14*(1+inflationRate)^(firstYear-$F$4)","v":0.17248811334031716},{"$f":"'Avoided Cost Table'!R96","v":3.7842000000000001E-6},{"$f":"'Avoided Cost Table'!O96*'Avoided Cost Table'!$U$48*0.024","v":0.34743191039999999},{"$f":"'Avoided Cost Table'!P96*'Avoided Cost Table'!$U$49*0.0366","v":0.41068298555999999}]
[null,41,2055,107.7,0.1077,0.12618771533394399,{"$f":"'Avoided Cost Table'!O97/1000+0.14*(1+inflationRate)^(firstYear-$F$4)","v":0.17248811334031716},{"$f":"'Avoided Cost Table'!R97","v":3.7842000000000001E-6},{"$f":"'Avoided Cost Table'!O97*'Avoided Cost Table'!$U$48*0.024","v":0.34743191039999999},{"$f":"'Avoided Cost Table'!P97*'Avoided Cost Table'!$U$49*0.0366","v":0.41068298555999999}]
[null,42,2056,107.7,0.1077,0.12618771533394399,{"$f":"'Avoided Cost Table'!O98/1000+0.14*(1+inflationRate)^(firstYear-$F$4)","v":0.17248811334031716},{"$f":"'Avoided Cost Table'!R98","v":3.7842000000000001E-6},{"$f":"'Avoided Cost Table'!O98*'Avoided Cost Table'!$U$48*0.024","v":0.34743191039999999},{"$f":"'Avoided Cost Table'!P98*'Avoided Cost Table'!$U$49*0.0366","v":0.41068298555999999}]
[null,43,2057,107.7,0.1077,0.12618771533394399,{"$f":"'Avoided Cost Table'!O99/1000+0.14*(1+inflationRate)^(firstYear-$F$4)","v":0.17248811334031716},{"$f":"'Avoided Cost Table'!R99","v":3.7842000000000001E-6},{"$f":"'Avoided Cost Table'!O99*'Avoided Cost Table'!$U$48*0.024","v":0.34743191039999999},{"$f":"'Avoided Cost Table'!P99*'Avoided Cost Table'!$U$49*0.0366","v":0.41068298555999999}]

{"sheet":"Avoided Cost Table","index":22,"n_rows":99,"n_cols":25,"rows_kept":99,"cut":false,"hidden":false,"merged":[[54,24,55,24],[54,19,55,19],[54,20,55,20],[54,21,55,21],[54,22,55,22],[54,23,55,23],[49,19,49,22],[54,3,54,5],[54,6,54,8],[54,9,54,10],[54,11,55,11],[53,3,53,10],[53,11,53,13],[53,14,53,16],[53,17,54,17],[54,12,55,12],[54,13,55,13],[54,14,55,14],[54,15,55,15],[54,16,55,16],[53,19,53,21],[53,22,53,24],[49,2,49,13],[49,14,49,16],[4,13,5,13],[4,14,5,14],[4,15,5,15],[4,16,5,16],[4,11,5,11],[4,12,5,12],[3,17,5,17],[4,21,5,21],[4,22,5,22],[4,23,5,23],[4,24,5,24],[4,19,5,19],[4,20,5,20],[3,11,3,13],[3,3,4,10],[1,1,1,6],[0,2,0,4],[3,14,3,16]]}
[null,"Admin Input Module: \nAvoided Cost Table","OPA/Admin users input the avoided cost assumptions provided by OPA."]
[null,"Input the avoided cost values in the yellow cells. The value in cell C4 should reflect the dollar year of the avoided cost assumptions provided, the values used in the model are automatically converted from the year specified in this cell to the base year specified in the \"CE Parameters\" worksheet. Sources of the original data are provided at the bottom of the input table. "]
[]
[null,null,2014,{"$f":"\"Avoided Energy Cost by Season and Time-of-Use Period (\"&$C$4 &\"$/MWh)\"","v":"Avoided Energy Cost by Season and Time-of-Use Period (2014$/MWh)"},null,null,null,null,null,null,null,{"$f":"\"Avoided Capacity Costs (\"&$C$4 &\"$/kW-yr)\"","v":"Avoided Capacity Costs (2014$/kW-yr)"},null,null,{"$f":"\"Avoided Natural Gas Cost (\"&$C$4 &\"$/MMBtu)\"","v":"Avoided Natural Gas Cost (2014$/MMBtu)"},null,null,{"$f":"\"Avoided Water Cost (\"&$C$4 &\"$/Litre)\"","v":"Avoided Water Cost (2014$/Litre)"}]
[null,null,null,null,null,null,null,null,null,null,null,"Generation","Transmission","Distribution","Residential/ Commercial Space Heating","Residential/ Commercial Water Heating","Industrial Process"]
[null,"Year #","Year","Winter On Peak","Winter Mid-Peak","Winter Off-Peak","Summer On Peak","Summer Mid-Peak","Summer Off-Peak","Shoulder Mid-Peak","Shoulder Off Peak"]
[null,1,2015,46.53326466260355,43.383415882303915,37.762324157495392,33.645373936883715,38.828615645209652,31.873291996204443,47.551308555573158,40.765587112648696,0,3.8276008158760395,4.7282127725527552,8.2899999999999991,8.2899999999999991,8.2899999999999991,3.7100000000000001E-6]
[null,2,2016,36.076443227943663,31.879221694604166,31.806327296918223,31.39190026324076,36.649975257975171,29.549002746869146,42.243038812689669,35.940486439788685,0,3.8276008158760395,4.7282127725527552,8.2899999999999991,8.2899999999999991,8.2899999999999991,3.7100000000000001E-6]
[null,3,2017,40.966880334709415,34.95990222631707,28.724867857244153,27.982789247443431,38.384985227902554,30.744083854357271,38.385973267711968,33.512579609130533,162.14711538816007,3.8276008158760395,4.7282127725527552,8.2899999999999991,8.2899999999999991,8.2899999999999991,3.7100000000000001E-6]
[null,4,2018,41.965628646919072,35.819276336937214,32.689943912477432,25.137638809563654,36.663605980903114,29.745527359341526,31.774668461453455,26.975685005403143,162.14711538816007,3.8276008158760395,4.7282127725527552,8.2899999999999991,8.2899999999999991,8.2899999999999991,3.7100000000000001E-6]
[null,5,2019,40.71066448578442,38.566558107842056,34.372579059376164,37.431978313227248,43.060904222002243,34.672175904315097,36.718285840768665,32.895456351424848,162.14711538816007,3.8276008158760395,4.7282127725527552,8.2899999999999991,8.2899999999999991,8.2899999999999991,3.7100000000000001E-6]
[null,6,2020,39.880426353446978,36.860378869626331,34.930808361217316,36.751602697224612,41.056057454580007,33.800370756903931,33.890176119700449,31.228416788392071,162.14711538816007,3.8276008158760395,4.7282127725527552,8.2899999999999991,8.2899999999999991,8.2899999999999991,3.7100000000000001E-6]
[null,7,2021,47.27705338845098,45.155688621359801,44.495934977708878,43.912919991369662,48.410031400161699,44.824832840350268,40.188329796676079,38.992957697551724,162.14711538816007,3.8276008158760395,4.7282127725527552,8.2899999999999991,8.2899999999999991,8.2899999999999991,3.7100000000000001E-6]
[null,8,2022,48.32941067326837,47.472545681767031,45.757429762668352,42.476658588115988,46.391663594590945,43.934672365874015,40.970797136748189,39.273126796753687,162.14711538816007,3.8276008158760395,4.7282127725527552,8.2899999999999991,8.2899999999999991,8.2899999999999991,3.7100000000000001E-6]
[null,9,2023,42.937679278450872,42.844025345300182,42.411049121572944,41.861448236506114,46.179058359739628,42.577661599158766,35.848960749894914,33.642845622813681,162.14711538816007,3.8276008158760395,4.7282127725527552,8.2899999999999991,8.2899999999999991,8.2899999999999991,3.7100000000000001E-6]
[null,10,2024,43.28486454461224,42.022868339990062,40.725617193684357,41.901162689518422,46.167611263005305,41.613636315599464,34.450280947312294,32.840977647697386,162.14711538816007,3.8276008158760395,4.7282127725527552,8.2899999999999991,8.2899999999999991,8.2899999999999991,3.7100000000000001E-6]
[null,11,2025,44.371394429023503,43.423928859696915,42.153598878095302,40.281128503357095,43.891183888946223,39.212677753384426,36.285159221747882,36.054383770918356,162.14711538816007,3.8276008158760395,4.7282127725527552,8.2899999999999991,8.2899999999999991,8.2899999999999991,3.7100000000000001E-6]
[null,12,2026,41.260012438516078,40.084919215911981,39.692942351766384,39.768519401757715,44.014491293650622,38.818492943595807,34.524842692518085,32.619581216439705,162.14711538816007,3.8276008158760395,4.7282127725527552,8.2899999999999991,8.2899999999999991,8.2899999999999991,3.7100000000000001E-6]
[null,13,2027,44.005398499037376,41.720470742632074,41.893542574006503,39.315406820905942,42.885242955551639,38.964630271958967,41.17465725820211,39.095869797955956,162.14711538816007,3.8276008158760395,4.7282127725527552,8.2899999999999991,8.2899999999999991,8.2899999999999991,3.7100000000000001E-6]
[null,14,2028,43.816790517878637,42.88009441301201,40.201896408900154,41.558729542707994,45.566160508574477,40.745592726502906,36.943704395469638,33.861684725936499,162.14711538816007,3.8276008158760395,4.7282127725527552,8.2899999999999991,8.2899999999999991,8.2899999999999991,3.7100000000000001E-6]
[null,15,2029,45.321269237320529,43.694784503174951,41.064360929590663,40.95710795706168,44.425777566287373,40.302760531616201,39.973223560551702,39.187357974905808,162.14711538816007,3.8276008158760395,4.7282127725527552,8.2899999999999991,8.2899999999999991,8.2899999999999991,3.7100000000000001E-6]
[null,16,2030,44.178979075605874,43.167286582119885,41.250430595285778,42.100434706851203,45.831913731722288,39.884388117003944,36.327851195602818,34.495697809929332,162.14711538816007,3.8276008158760395,4.7282127725527552,8.2899999999999991,8.2899999999999991,8.2899999999999991,3.7100000000000001E-6]
[null,17,2031,43.525311423764919,42.39563007561911,40.0418747483155,40.947949570990019,43.954192500246137,38.568566115080579,38.453964866592941,37.292702749889848,162.14711538816007,3.8276008158760395,4.7282127725527552,8.2899999999999991,8.2899999999999991,8.2899999999999991,3.7100000000000001E-6]
[null,18,2032,41.956996643774865,40.898912489637482,39.23724352860166,40.564540314444592,43.375503625372922,38.15425511036586,36.42310849125429,33.609781795323812,162.14711538816007,3.8276008158760395,4.7282127725527552,8.2899999999999991,8.2899999999999991,8.2899999999999991,3.7100000000000001E-6]
[null,19,2033,41.956996643774865,40.898912489637482,39.23724352860166,40.564540314444592,43.375503625372922,38.15425511036586,36.42310849125429,33.609781795323812,162.14711538816007,3.8276008158760395,4.7282127725527552,8.2899999999999991,8.2899999999999991,8.2899999999999991,3.7100000000000001E-6]
[null,20,2034,41.956996643774865,40.898912489637482,39.23724352860166,40.564540314444592,43.375503625372922,38.15425511036586,36.42310849125429,33.609781795323812,162.14711538816007,3.8276008158760395,4.7282127725527552,8.2899999999999991,8.2899999999999991,8.2899999999999991,3.7100000000000001E-6]
[null,21,2035,41.956996643774865,40.898912489637482,39.23724352860166,40.564540314444592,43.375503625372922,38.15425511036586,36.42310849125429,33.609781795323812,162.14711538816007,3.8276008158760395,4.7282127725527552,8.2899999999999991,8.2899999999999991,8.2899999999999991,3.7100000000000001E-6]
[null,22,2036,41.956996643774865,40.898912489637482,39.23724352860166,40.564540314444592,43.375503625372922,38.15425511036586,36.42310849125429,33.609781795323812,162.14711538816007,3.8276008158760395,4.7282127725527552,8.2899999999999991,8.2899999999999991,8.2899999999999991,3.7100000000000001E-6]
[null,23,2037,41.956996643774865,40.898912489637482,39.23724352860166,40.564540314444592,43.375503625372922,38.15425511036586,36.42310849125429,33.609781795323812,162.14711538816007,3.8276008158760395,4.7282127725527552,8.2899999999999991,8.2899999999999991,8.2899999999999991,3.7100000000000001E-6]
[null,24,2038,41.956996643774865,40.898912489637482,39.23724352860166,40.564540314444592,43.375503625372922,38.15425511036586,36.42310849125429,33.609781795323812,162.14711538816007,3.8276008158760395,4.7282127725527552,8.2899999999999991,8.2899999999999991,8.2899999999999991,3.7100000000000001E-6]
[null,25,2039,41.956996643774865,40.898912489637482,39.23724352860166,40.564540314444592,43.375503625372922,38.15425511036586,36.42310849125429,33.609781795323812,162.14711538816007,3.8276008158760395,4.7282127725527552,8.2899999999999991,8.2899999999999991,8.2899999999999991,3.7100000000000001E-6]
[null,26,2040,41.956996643774865,40.898912489637482,39.23724352860166,40.564540314444592,43.375503625372922,38.15425511036586,36.42310849125429,33.609781795323812,162.14711538816007,3.8276008158760395,4.7282127725527552,8.2899999999999991,8.2899999999999991,8.2899999999999991,3.7100000000000001E-6]
[null,27,2041,41.956996643774865,40.898912489637482,39.23724352860166,40.564540314444592,43.375503625372922,38.15425511036586,36.42310849125429,33.609781795323812,162.14711538816007,3.8276008158760395,4.7282127725527552,8.2899999999999991,8.2899999999999991,8.2899999999999991,3.7100000000000001E-6]
[null,28,2042,41.956996643774865,40.898912489637482,39.23724352860166,40.564540314444592,43.375503625372922,38.15425511036586,36.42310849125429,33.609781795323812,162.14711538816007,3.8276008158760395,4.7282127725527552,8.2899999999999991,8.2899999999999991,8.2899999999999991,3.7100000000000001E-6]
[null,29,2043,41.956996643774865,40.898912489637482,39.23724352860166,40.564540314444592,43.375503625372922,38.15425511036586,36.42310849125429,33.609781795323812,162.14711538816007,3.8276008158760395,4.7282127725527552,8.2899999999999991,8.2899999999999991,8.2899999999999991,3.7100000000000001E-6]
[null,30,2044,41.956996643774865,40.898912489637482,39.23724352860166,40.564540314444592,43.375503625372922,38.15425511036586,36.42310849125429,33.609781795323812,162.14711538816007,3.8276008158760395,4.7282127725527552,8.2899999999999991,8.2899999999999991,8.2899999999999991,3.7100000000000001E-6]
[null,31,2045,41.956996643774865,40.898912489637482,39.23724352860166,40.564540314444592,43.375503625372922,38.15425511036586,36.42310849125429,33.609781795323812,162.14711538816007,3.8276008158760395,4.7282127725527552,8.2899999999999991,8.2899999999999991,8.2899999999999991,3.7100000000000001E-6]
[null,32,2046,41.956996643774865,40.898912489637482,39.23724352860166,40.564540314444592,43.375503625372922,38.15425511036586,36.42310849125429,33.609781795323812,162.14711538816007,3.8276008158760395,4.7282127725527552,8.2899999999999991,8.2899999999999991,8.2899999999999991,3.7100000000000001E-6]
[null,33,2047,41.956996643774865,40.898912489637482,39.23724352860166,40.564540314444592,43.375503625372922,38.15425511036586,36.42310849125429,33.609781795323812,162.14711538816007,3.8276008158760395,4.7282127725527552,8.2899999999999991,8.2899999999999991,8.2899999999999991,3.7100000000000001E-6]
[null,34,2048,41.956996643774865,40.898912489637482,39.23724352860166,40.564540314444592,43.375503625372922,38.15425511036586,36.42310849125429,33.609781795323812,162.14711538816007,3.8276008158760395,4.7282127725527552,8.2899999999999991,8.2899999999999991,8.2899999999999991,3.7100000000000001E-6]
[null,35,2049,41.956996643774865,40.898912489637482,39.23724352860166,40.564540314444592,43.375503625372922,38.15425511036586,36.42310849125429,33.609781795323812,162.14711538816007,3.8276008158760395,4.7282127725527552,8.2899999999999991,8.2899999999999991,8.2899999999999991,3.7100000000000001E-6]
[null,36,2050,41.956996643774865,40.898912489637482,39.23724352860166,40.564540314444592,43.375503625372922,38.15425511036586,36.42310849125429,33.609781795323812,162.14711538816007,3.8276008158760395,4.7282127725527552,8.2899999999999991,8.2899999999999991,8.2899999999999991,3.7100000000000001E-6]
[null,37,2051,41.956996643774865,40.898912489637482,39.23724352860166,40.564540314444592,43.375503625372922,38.15425511036586,36.42310849125429,33.609781795323812,162.14711538816007,3.4024201351957979,4.3,8.2899999999999991,8.2899999999999991,8.2899999999999991,3.7100000000000001E-6]
[null,38,2052,41.956996643774865,40.898912489637482,39.23724352860166,40.564540314444592,43.375503625372922,38.15425511036586,36.42310849125429,33.609781795323812,162.14711538816007,3.4024201351957979,4.3,8.2899999999999991,8.2899999999999991,8.2899999999999991,3.7100000000000001E-6]
[null,39,2053,41.956996643774865,40.898912489637482,39.23724352860166,40.564540314444592,43.375503625372922,38.15425511036586,36.42310849125429,33.609781795323812,162.14711538816007,3.4024201351957979,4.3,8.2899999999999991,8.2899999999999991,8.2899999999999991,3.7100000000000001E-6]
[null,40,2054,41.956996643774865,40.898912489637482,39.23724352860166,40.564540314444592,43.375503625372922,38.15425511036586,36.42310849125429,33.609781795323812,162.14711538816007,3.4024201351957979,4.3,8.2899999999999991,8.2899999999999991,8.2899999999999991,3.7100000000000001E-6]
[null,41,2055,41.956996643774865,40.898912489637482,39.23724352860166,40.564540314444592,43.375503625372922,38.15425511036586,36.42310849125429,33.609781795323812,162.14711538816007,3.4024201351957979,4.3,8.2899999999999991,8.2899999999999991,8.2899999999999991,3.7100000000000001E-6]
[null,42,2056,41.956996643774865,40.898912489637482,39.23724352860166,40.564540314444592,43.375503625372922,38.15425511036586,36.42310849125429,33.609781795323812,162.14711538816007,3.4024201351957979,4.3,8.2899999999999991,8.2899999999999991,8.2899999999999991,3.7100000000000001E-6,null,"Propane Adjustment Factor",1.712,"Assumed MMBtu/L ",2.4E-2]
[null,43,2057,41.956996643774865,40.898912489637482,39.23724352860166,40.564540314444592,43.375503625372922,38.15425511036586,36.42310849125429,33.609781795323812,162.14711538816007,3.4024201351957979,4.3,8.2899999999999991,8.2899999999999991,8.2899999999999991,3.7100000000000001E-6,null,"Heating Oil Adjustment Factor",1.327,"Assumed MMBtu/L",3.6999999999999998E-2]
[null,null,"Source: IPSP Revised Table 3, D-4-1 Attachment 3 contained in GEC IR 28 (I-22-28, p.3) except for subsequent OPA modification to avoided capacity costs, values beyond 2027 are equal to the 2027 values",null,null,null,null,null,null,null,null,null,null,null,"Source: IPSP D-3-1 Attachment 4, p.6",null,null,"Source: Ontario Regulation 450/07",null,"Source: Derived from historic relationship with natural gas and National Propane Gas Association"]
[]
[null,"Inflation Rate:",{"$f":"inflationRate","v":0.02},null,"Adjusted for inflation"]
[]
[null,null,null,{"$f":"\"Avoided Energy Cost by Season and Time-of-Use Period (\"&firstYear&\" $/kWh)\"","v":"Avoided Energy Cost by Season and Time-of-Use Period (2015 $/kWh)"},null,null,null,null,null,null,null,{"$f":"\"Avoided Capacity Costs (\"&firstYear&\" $/kW-yr)\"","v":"Avoided Capacity Costs (2015 $/kW-yr)"},null,null,{"$f":"\"Avoided Natural Gas Cost (\"&firstYear&\" $/MMBtu)\"","v":"Avoided Natural Gas Cost (2015 $/MMBtu)"},null,null,"Avoided Water Cost",null,{"$f":"\"Avoided Propane (\"&firstYear&\" $/L)\"","v":"Avoided Propane (2015 $/L)"},null,null,{"$f":"\"Avoided Heating Oil Cost (\"&firstYear&\" $/L)\"","v":"Avoided Heating Oil Cost (2015 $/L)"}]
[null,null,null,"Winter",null,null,"Summer",null,null,"Shoulder",null,"Generation","Transmission","Distribution","Residential/ Commercial Space Heating","Residential/ Commercial Water Heating","Industrial Process",null,null,"Residential/ Commercial Space Heating","Residential/ Commercial Water Heating","Industrial Process","Residential/ Commercial Space Heating","Residential/ Commercial Water Heating","Industrial Process"]
["Discount Factor","Year #","Year","On Peak","Mid-Peak","Off-Peak","On Peak","Mid-Peak","Off-Peak","Mid-Peak","Off Peak",null,null,null,null,null,null,"$/Litre"]
[{"$f":"1*(1+inflationRate)^(firstYear-$C57)","v":1},1,{"$f":"$C$7","v":2015},{"$f":"D7*(1+inflationRate)^(firstYear-$C$4)/1000","v":4.7463929955855619E-2},4.425108419994999E-2,3.8517570640645302E-2,3.4318281415621391E-2,3.9605187958113845E-2,3.2510757836128536E-2,4.8502334726684623E-2,4.1580898854901668E-2,{"$f":"L7*(1+inflationRate)^(firstYear-$C$4)","v":0},3.9041528321935606,4.8227770280038103,8.4558,8.4558,8.4558,3.7842000000000001E-6,null,{"$f":"(O57*$U$48*$W$48)","v":0.34743191039999999},{"$f":"(P57*$U$48*$W$48)","v":0.34743191039999999},{"$f":"(Q57*$U$48*$W$48)","v":0.34743191039999999},{"$f":"(O57*$U$49*$W$49)","v":0.41517132419999997},{"$f":"(P57*$U$49*$W$49)","v":0.41517132419999997},{"$f":"(Q57*$U$49*$W$49)","v":0.41517132419999997}]
[0.98039215686274506,{"$f":"B57+1","v":2},{"$f":"C57+1","v":2016},3.6797972092502539E-2,3.2516806128496251E-2,3.2442453842856586E-2,3.2019738268505578E-2,3.7382974763134673E-2,3.013998280180653E-2,4.3087899588943462E-2,3.665929616858446E-2,{"$f":"L8*(1+inflationRate)^(firstYear-$C$4)","v":0},3.9041528321935606,4.8227770280038103,8.4558,8.4558,8.4558,3.7842000000000001E-6,null,0.34743191039999999,0.34743191039999999,0.34743191039999999,0.41517132419999997,0.41517132419999997,0.41517132419999997]
[0.96116878123798544,{"$f":"B58+1","v":3},{"$f":"C58+1","v":2017},4.1786217941403608E-2,3.5659100270843409E-2,2.9299365214389039E-2,2.85424450323923E-2,3.9152684932460609E-2,3.1358965531444419E-2,3.9153692733066209E-2,3.4182831201313144E-2,{"$f":"L9*(1+inflationRate)^(firstYear-$C$4)","v":165.39005769592328},3.9041528321935606,4.8227770280038103,8.4558,8.4558,8.4558,3.7842000000000001E-6,null,0.34743191039999999,0.34743191039999999,0.34743191039999999,0.41517132419999997,0.41517132419999997,0.41517132419999997]
[0.94232233454704462,4,2018,4.2804941219857458E-2,3.6535661863675961E-2,3.334374279072698E-2,2.5640391585754926E-2,3.7396878100521176E-2,3.0340437906528357E-2,3.2410161830682523E-2,2.7515198705511206E-2,{"$f":"L10*(1+inflationRate)^(firstYear-$C$4)","v":165.39005769592328},3.9041528321935606,4.8227770280038103,8.4558,8.4558,8.4558,3.7842000000000001E-6,null,0.34743191039999999,0.34743191039999999,0.34743191039999999,0.41517132419999997,0.41517132419999997,0.41517132419999997]
[0.9238454260265142,5,2019,4.152487777550011E-2,3.9337889269998899E-2,3.5060030640563691E-2,3.8180617879491792E-2,4.3922122306442289E-2,3.5365619422401399E-2,3.7452651557584038E-2,3.3553365478453341E-2,{"$f":"L11*(1+inflationRate)^(firstYear-$C$4)","v":165.39005769592328},3.9041528321935606,4.8227770280038103,8.4558,8.4558,8.4558,3.7842000000000001E-6,null,0.34743191039999999,0.34743191039999999,0.34743191039999999,0.41517132419999997,0.41517132419999997,0.41517132419999997]
[0.90573080982991594,6,2020,4.0678034880515919E-2,3.7597586447018855E-2,3.5629424528441658E-2,3.7486634751169104E-2,4.1877178603671607E-2,3.4476378172042015E-2,3.456797964209446E-2,3.1852985124159912E-2,{"$f":"L12*(1+inflationRate)^(firstYear-$C$4)","v":165.39005769592328},3.9041528321935606,4.8227770280038103,8.4558,8.4558,8.4558,3.7842000000000001E-6,null,0.34743191039999999,0.34743191039999999,0.34743191039999999,0.41517132419999997,0.41517132419999997,0.41517132419999997]
[0.88797138218619198,7,2021,4.822259445622E-2,4.6058802393786999E-2,4.5385853677263055E-2,4.4791178391197055E-2,4.9378232028164937E-2,4.5721329497157279E-2,4.0992096392609603E-2,3.977281685150276E-2,{"$f":"L13*(1+inflationRate)^(firstYear-$C$4)","v":165.39005769592328},3.9041528321935606,4.8227770280038103,8.4558,8.4558,8.4558,3.7842000000000001E-6,null,0.34743191039999999,0.34743191039999999,0.34743191039999999,0.41517132419999997,0.41517132419999997,0.41517132419999997]
[0.87056017861391388,8,2022,4.9295998886733743E-2,4.8421996595402368E-2,4.6672578357921719E-2,4.3326191759878306E-2,4.7319496866482763E-2,4.4813365813191494E-2,4.1790213079483149E-2,4.0058589332688764E-2,{"$f":"L14*(1+inflationRate)^(firstYear-$C$4)","v":165.39005769592328},3.9041528321935606,4.8227770280038103,8.4558,8.4558,8.4558,3.7842000000000001E-6,null,0.34743191039999999,0.34743191039999999,0.34743191039999999,0.41517132419999997,0.41517132419999997,0.41517132419999997]
[0.85349037119011162,9,2023,4.3796432864019894E-2,4.3700905852206186E-2,4.3259270104004398E-2,4.2698677201236233E-2,4.7102639526934414E-2,4.3429214831141941E-2,3.656593996489281E-2,3.4315702535269957E-2,{"$f":"L15*(1+inflationRate)^(firstYear-$C$4)","v":165.39005769592328},3.9041528321935606,4.8227770280038103,8.4558,8.4558,8.4558,3.7842000000000001E-6,null,0.34743191039999999,0.34743191039999999,0.34743191039999999,0.41517132419999997,0.41517132419999997,0.41517132419999997]
[0.83675526587265847,10,2024,4.4150561835504483E-2,4.2863325706789863E-2,4.1540129537558042E-2,4.2739185943308791E-2,4.7090963488265407E-2,4.2445909041911457E-2,3.5139286566258539E-2,3.3497797200651332E-2,{"$f":"L16*(1+inflationRate)^(firstYear-$C$4)","v":165.39005769592328},3.9041528321935606,4.8227770280038103,8.4558,8.4558,8.4558,3.7842000000000001E-6,null,0.34743191039999999,0.34743191039999999,0.34743191039999999,0.41517132419999997,0.41517132419999997,0.41517132419999997]
[0.82034829987515534,11,2025,{"$f":"D17*(1+inflationRate)^(firstYear-$C$4)/1000","v":4.5258822317603975E-2},4.4292407436890856E-2,4.2996670855657206E-2,4.1086751073424237E-2,4.4769007566725152E-2,3.9996931308452111E-2,3.7010862406182836E-2,3.6775471446336722E-2,{"$f":"L17*(1+inflationRate)^(firstYear-$C$4)","v":165.39005769592328},3.9041528321935606,4.8227770280038103,8.4558,8.4558,8.4558,3.7842000000000001E-6,null,0.34743191039999999,0.34743191039999999,0.34743191039999999,0.41517132419999997,0.41517132419999997,0.41517132419999997]
[0.80426303909328967,12,2026,4.2085212687286398E-2,4.0886617600230227E-2,4.0486801198801714E-2,4.0563889789792869E-2,4.4894781119523636E-2,3.9594862802467726E-2,3.5215339546368449E-2,3.32719728407685E-2,{"$f":"L18*(1+inflationRate)^(firstYear-$C$4)","v":165.39005769592328},3.9041528321935606,4.8227770280038103,8.4558,8.4558,8.4558,3.7842000000000001E-6,null,0.34743191039999999,0.34743191039999999,0.34743191039999999,0.41517132419999997,0.41517132419999997,0.41517132419999997]
[0.78849317558165644,13,2027,4.4885506469018129E-2,4.2554880157484716E-2,4.2731413425486635E-2,4.0101714957324064E-2,4.3742947814662668E-2,3.9743922877398148E-2,4.1998150403366151E-2,3.9877787193915076E-2,{"$f":"L19*(1+inflationRate)^(firstYear-$C$4)","v":165.39005769592328},3.9041528321935606,4.8227770280038103,8.4558,8.4558,8.4558,3.7842000000000001E-6,null,0.34743191039999999,0.34743191039999999,0.34743191039999999,0.41517132419999997,0.41517132419999997,0.41517132419999997]
[0.77303252508005538,14,2028,4.4693126328236209E-2,4.373769630127225E-2,4.1005934337078158E-2,4.2389904133562153E-2,4.6477483718745966E-2,4.1560504581032963E-2,3.7682578483379033E-2,3.4538918420455235E-2,{"$f":"L20*(1+inflationRate)^(firstYear-$C$4)","v":165.39005769592328},3.9041528321935606,4.8227770280038103,8.4558,8.4558,8.4558,3.7842000000000001E-6,null,0.34743191039999999,0.34743191039999999,0.34743191039999999,0.41517132419999997,0.41517132419999997,0.41517132419999997]
[0.75787502458828948,15,2029,4.6227694622066939E-2,4.4568680193238452E-2,4.1885648148182478E-2,4.1776250116202916E-2,4.5314293117613119E-2,4.1108815742248526E-2,4.0772688031762733E-2,3.9971105134403925E-2,{"$f":"L21*(1+inflationRate)^(firstYear-$C$4)","v":165.39005769592328},3.9041528321935606,4.8227770280038103,8.4558,8.4558,8.4558,3.7842000000000001E-6,null,0.34743191039999999,0.34743191039999999,0.34743191039999999,0.41517132419999997,0.41517132419999997,0.41517132419999997]
[0.74301472998851925,16,2030,4.5062558657117988E-2,4.403063231376228E-2,4.2075439207191492E-2,4.2942443400988226E-2,4.6748552006356733E-2,4.0682075879344026E-2,3.7054408219514876E-2,3.5185611766127917E-2,{"$f":"L22*(1+inflationRate)^(firstYear-$C$4)","v":165.39005769592328},3.9041528321935606,4.8227770280038103,8.4558,8.4558,8.4558,3.7842000000000001E-6,null,0.34743191039999999,0.34743191039999999,0.34743191039999999,0.41517132419999997,0.41517132419999997,0.41517132419999997]
[0.72844581371423445,17,2031,4.4395817652240217E-2,4.3243542677131493E-2,4.0842712243281808E-2,4.1766908562409819E-2,4.4833276350251063E-2,3.9339937437382191E-2,3.9223044163924796E-2,3.8038556804887651E-2,{"$f":"L23*(1+inflationRate)^(firstYear-$C$4)","v":165.39005769592328},3.9041528321935606,4.8227770280038103,8.4558,8.4558,8.4558,3.7842000000000001E-6,null,0.34743191039999999,0.34743191039999999,0.34743191039999999,0.41517132419999997,0.41517132419999997,0.41517132419999997]
[0.7141625624649357,18,2032,4.2796136576650365E-2,4.1716890739430232E-2,4.0021988399173695E-2,4.1375831120733488E-2,4.4243013697880376E-2,3.8917340212573183E-2,3.7151570661079374E-2,3.4281977431230286E-2,{"$f":"L24*(1+inflationRate)^(firstYear-$C$4)","v":165.39005769592328},3.9041528321935606,4.8227770280038103,8.4558,8.4558,8.4558,3.7842000000000001E-6,null,0.34743191039999999,0.34743191039999999,0.34743191039999999,0.41517132419999997,0.41517132419999997,0.41517132419999997]
[0.7001593749656233,19,2033,4.2796136576650365E-2,4.1716890739430232E-2,4.0021988399173695E-2,4.1375831120733488E-2,4.4243013697880376E-2,3.8917340212573183E-2,3.7151570661079374E-2,3.4281977431230286E-2,{"$f":"L25*(1+inflationRate)^(firstYear-$C$4)","v":165.39005769592328},3.9041528321935606,4.8227770280038103,8.4558,8.4558,8.4558,3.7842000000000001E-6,null,0.34743191039999999,0.34743191039999999,0.34743191039999999,0.41517132419999997,0.41517132419999997,0.41517132419999997]
[0.68643075977021895,20,2034,4.2796136576650365E-2,4.1716890739430232E-2,4.0021988399173695E-2,4.1375831120733488E-2,4.4243013697880376E-2,3.8917340212573183E-2,3.7151570661079374E-2,3.4281977431230286E-2,{"$f":"L26*(1+inflationRate)^(firstYear-$C$4)","v":165.39005769592328},3.9041528321935606,4.8227770280038103,8.4558,8.4558,8.4558,3.7842000000000001E-6,null,0.34743191039999999,0.34743191039999999,0.34743191039999999,0.41517132419999997,0.41517132419999997,0.41517132419999997]
[0.67297133310805779,21,2035,{"$f":"D27*(1+inflationRate)^(firstYear-$C$4)/1000","v":4.2796136576650365E-2},4.1716890739430232E-2,4.0021988399173695E-2,4.1375831120733488E-2,4.4243013697880376E-2,3.8917340212573183E-2,3.7151570661079374E-2,3.4281977431230286E-2,{"$f":"L27*(1+inflationRate)^(firstYear-$C$4)","v":165.39005769592328},3.9041528321935606,4.8227770280038103,8.4558,8.4558,8.4558,3.7842000000000001E-6,null,0.34743191039999999,0.34743191039999999,0.34743191039999999,0.41517132419999997,0.41517132419999997,0.41517132419999997]
[0.65977581677260566,22,2036,4.2796136576650365E-2,4.1716890739430232E-2,4.0021988399173695E-2,4.1375831120733488E-2,4.4243013697880376E-2,3.8917340212573183E-2,3.7151570661079374E-2,3.4281977431230286E-2,{"$f":"L28*(1+inflationRate)^(firstYear-$C$4)","v":165.39005769592328},3.9041528321935606,4.8227770280038103,8.4558,8.4558,8.4558,3.7842000000000001E-6,null,0.34743191039999999,0.34743191039999999,0.34743191039999999,0.41517132419999997,0.41517132419999997,0.41517132419999997]
[0.64683903605157411,23,2037,4.2796136576650365E-2,4.1716890739430232E-2,4.0021988399173695E-2,4.1375831120733488E-2,4.4243013697880376E-2,3.8917340212573183E-2,3.7151570661079374E-2,3.4281977431230286E-2,{"$f":"L29*(1+inflationRate)^(firstYear-$C$4)","v":165.39005769592328},3.9041528321935606,4.8227770280038103,8.4558,8.4558,8.4558,3.7842000000000001E-6,null,0.34743191039999999,0.34743191039999999,0.34743191039999999,0.41517132419999997,0.41517132419999997,0.41517132419999997]
[0.63415591769762181,24,2038,4.2796136576650365E-2,4.1716890739430232E-2,4.0021988399173695E-2,4.1375831120733488E-2,4.4243013697880376E-2,3.8917340212573183E-2,3.7151570661079374E-2,3.4281977431230286E-2,{"$f":"L30*(1+inflationRate)^(firstYear-$C$4)","v":165.39005769592328},3.9041528321935606,4.8227770280038103,8.4558,8.4558,8.4558,3.7842000000000001E-6,null,0.34743191039999999,0.34743191039999999,0.34743191039999999,0.41517132419999997,0.41517132419999997,0.41517132419999997]
[0.62172148793884485,25,2039,4.2796136576650365E-2,4.1716890739430232E-2,4.0021988399173695E-2,4.1375831120733488E-2,4.4243013697880376E-2,3.8917340212573183E-2,3.7151570661079374E-2,3.4281977431230286E-2,{"$f":"L31*(1+inflationRate)^(firstYear-$C$4)","v":165.39005769592328},3.9041528321935606,4.8227770280038103,8.4558,8.4558,8.4558,3.7842000000000001E-6,null,0.34743191039999999,0.34743191039999999,0.34743191039999999,0.41517132419999997,0.41517132419999997,0.41517132419999997]
[0.60953087052827937,26,2040,4.2796136576650365E-2,4.1716890739430232E-2,4.0021988399173695E-2,4.1375831120733488E-2,4.4243013697880376E-2,3.8917340212573183E-2,3.7151570661079374E-2,3.4281977431230286E-2,{"$f":"L32*(1+inflationRate)^(firstYear-$C$4)","v":165.39005769592328},3.9041528321935606,4.8227770280038103,8.4558,8.4558,8.4558,3.7842000000000001E-6,null,0.34743191039999999,0.34743191039999999,0.34743191039999999,0.41517132419999997,0.41517132419999997,0.41517132419999997]
[0.59757928483164635,27,2041,4.2796136576650365E-2,4.1716890739430232E-2,4.0021988399173695E-2,4.1375831120733488E-2,4.4243013697880376E-2,3.8917340212573183E-2,3.7151570661079374E-2,3.4281977431230286E-2,{"$f":"L33*(1+inflationRate)^(firstYear-$C$4)","v":165.39005769592328},3.9041528321935606,4.8227770280038103,8.4558,8.4558,8.4558,3.7842000000000001E-6,null,0.34743191039999999,0.34743191039999999,0.34743191039999999,0.41517132419999997,0.41517132419999997,0.41517132419999997]
[0.58586204395259456,28,2042,4.2796136576650365E-2,4.1716890739430232E-2,4.0021988399173695E-2,4.1375831120733488E-2,4.4243013697880376E-2,3.8917340212573183E-2,3.7151570661079374E-2,3.4281977431230286E-2,{"$f":"L34*(1+inflationRate)^(firstYear-$C$4)","v":165.39005769592328},3.9041528321935606,4.8227770280038103,8.4558,8.4558,8.4558,3.7842000000000001E-6,null,0.34743191039999999,0.34743191039999999,0.34743191039999999,0.41517132419999997,0.41517132419999997,0.41517132419999997]
[0.57437455289470041,29,2043,4.2796136576650365E-2,4.1716890739430232E-2,4.0021988399173695E-2,4.1375831120733488E-2,4.4243013697880376E-2,3.8917340212573183E-2,3.7151570661079374E-2,3.4281977431230286E-2,{"$f":"L35*(1+inflationRate)^(firstYear-$C$4)","v":165.39005769592328},3.9041528321935606,4.8227770280038103,8.4558,8.4558,8.4558,3.7842000000000001E-6,null,0.34743191039999999,0.34743191039999999,0.34743191039999999,0.41517132419999997,0.41517132419999997,0.41517132419999997]
[0.56311230675951029,30,2044,4.2796136576650365E-2,4.1716890739430232E-2,4.0021988399173695E-2,4.1375831120733488E-2,4.4243013697880376E-2,3.8917340212573183E-2,3.7151570661079374E-2,3.4281977431230286E-2,{"$f":"L36*(1+inflationRate)^(firstYear-$C$4)","v":165.39005769592328},3.9041528321935606,4.8227770280038103,8.4558,8.4558,8.4558,3.7842000000000001E-6,null,0.34743191039999999,0.34743191039999999,0.34743191039999999,0.41517132419999997,0.41517132419999997,0.41517132419999997]
[0.55207088897991197,31,2045,{"$f":"D37*(1+inflationRate)^(firstYear-$C$4)/1000","v":4.2796136576650365E-2},4.1716890739430232E-2,4.0021988399173695E-2,4.1375831120733488E-2,4.4243013697880376E-2,3.8917340212573183E-2,3.7151570661079374E-2,3.4281977431230286E-2,{"$f":"L37*(1+inflationRate)^(firstYear-$C$4)","v":165.39005769592328},3.9041528321935606,4.8227770280038103,8.4558,8.4558,8.4558,3.7842000000000001E-6,null,0.34743191039999999,0.34743191039999999,0.34743191039999999,0.41517132419999997,0.41517132419999997,0.41517132419999997]
[0.54124596958814919,32,2046,4.2796136576650365E-2,4.1716890739430232E-2,4.0021988399173695E-2,4.1375831120733488E-2,4.4243013697880376E-2,3.8917340212573183E-2,3.7151570661079374E-2,3.4281977431230286E-2,{"$f":"L38*(1+inflationRate)^(firstYear-$C$4)","v":165.39005769592328},3.9041528321935606,4.8227770280038103,8.4558,8.4558,8.4558,3.7842000000000001E-6,null,0.34743191039999999,0.34743191039999999,0.34743191039999999,0.41517132419999997,0.41517132419999997,0.41517132419999997]
[0.53063330351779314,33,2047,4.2796136576650365E-2,4.1716890739430232E-2,4.0021988399173695E-2,4.1375831120733488E-2,4.4243013697880376E-2,3.8917340212573183E-2,3.7151570661079374E-2,3.4281977431230286E-2,{"$f":"L39*(1+inflationRate)^(firstYear-$C$4)","v":165.39005769592328},3.9041528321935606,4.8227770280038103,8.4558,8.4558,8.4558,3.7842000000000001E-6,null,0.34743191039999999,0.34743191039999999,0.34743191039999999,0.41517132419999997,0.41517132419999997,0.41517132419999997]
[0.52022872893901284,34,2048,4.2796136576650365E-2,4.1716890739430232E-2,4.0021988399173695E-2,4.1375831120733488E-2,4.4243013697880376E-2,3.8917340212573183E-2,3.7151570661079374E-2,3.4281977431230286E-2,{"$f":"L40*(1+inflationRate)^(firstYear-$C$4)","v":165.39005769592328},3.9041528321935606,4.8227770280038103,8.4558,8.4558,8.4558,3.7842000000000001E-6,null,0.34743191039999999,0.34743191039999999,0.34743191039999999,0.41517132419999997,0.41517132419999997,0.41517132419999997]
[0.51002816562648323,35,2049,4.2796136576650365E-2,4.1716890739430232E-2,4.0021988399173695E-2,4.1375831120733488E-2,4.4243013697880376E-2,3.8917340212573183E-2,3.7151570661079374E-2,3.4281977431230286E-2,{"$f":"L41*(1+inflationRate)^(firstYear-$C$4)","v":165.39005769592328},3.9041528321935606,4.8227770280038103,8.4558,8.4558,8.4558,3.7842000000000001E-6,null,0.34743191039999999,0.34743191039999999,0.34743191039999999,0.41517132419999997,0.41517132419999997,0.41517132419999997]
[0.50002761335929735,36,2050,4.2796136576650365E-2,4.1716890739430232E-2,4.0021988399173695E-2,4.1375831120733488E-2,4.4243013697880376E-2,3.8917340212573183E-2,3.7151570661079374E-2,3.4281977431230286E-2,{"$f":"L42*(1+inflationRate)^(firstYear-$C$4)","v":165.39005769592328},3.9041528321935606,4.8227770280038103,8.4558,8.4558,8.4558,3.7842000000000001E-6,null,0.34743191039999999,0.34743191039999999,0.34743191039999999,0.41517132419999997,0.41517132419999997,0.41517132419999997]
[0.49022315035225233,37,2051,4.2796136576650365E-2,4.1716890739430232E-2,4.0021988399173695E-2,4.1375831120733488E-2,4.4243013697880376E-2,3.8917340212573183E-2,3.7151570661079374E-2,3.4281977431230286E-2,{"$f":"L43*(1+inflationRate)^(firstYear-$C$4)","v":165.39005769592328},3.470468537899714,4.3860000000000001,8.4558,8.4558,8.4558,3.7842000000000001E-6,null,0.34743191039999999,0.34743191039999999,0.34743191039999999,0.41517132419999997,0.41517132419999997,0.41517132419999997]
[0.48061093171789437,38,2052,4.2796136576650365E-2,4.1716890739430232E-2,4.0021988399173695E-2,4.1375831120733488E-2,4.4243013697880376E-2,3.8917340212573183E-2,3.7151570661079374E-2,3.4281977431230286E-2,{"$f":"L44*(1+inflationRate)^(firstYear-$C$4)","v":165.39005769592328},3.470468537899714,4.3860000000000001,8.4558,8.4558,8.4558,3.7842000000000001E-6,null,0.34743191039999999,0.34743191039999999,0.34743191039999999,0.41517132419999997,0.41517132419999997,0.41517132419999997]
[0.47118718795871989,39,2053,4.2796136576650365E-2,4.1716890739430232E-2,4.0021988399173695E-2,4.1375831120733488E-2,4.4243013697880376E-2,3.8917340212573183E-2,3.7151570661079374E-2,3.4281977431230286E-2,{"$f":"L45*(1+inflationRate)^(firstYear-$C$4)","v":165.39005769592328},3.470468537899714,4.3860000000000001,8.4558,8.4558,8.4558,3.7842000000000001E-6,null,0.34743191039999999,0.34743191039999999,0.34743191039999999,0.41517132419999997,0.41517132419999997,0.41517132419999997]
[0.46194822348894127,40,2054,4.2796136576650365E-2,4.1716890739430232E-2,4.0021988399173695E-2,4.1375831120733488E-2,4.4243013697880376E-2,3.8917340212573183E-2,3.7151570661079374E-2,3.4281977431230286E-2,{"$f":"L46*(1+inflationRate)^(firstYear-$C$4)","v":165.39005769592328},3.470468537899714,4.3860000000000001,8.4558,8.4558,8.4558,3.7842000000000001E-6,null,0.34743191039999999,0.34743191039999999,0.34743191039999999,0.41517132419999997,0.41517132419999997,0.41517132419999997]
[0.45289041518523643,41,2055,{"$f":"D47*(1+inflationRate)^(firstYear-$C$4)/1000","v":4.2796136576650365E-2},4.1716890739430232E-2,4.0021988399173695E-2,4.1375831120733488E-2,4.4243013697880376E-2,3.8917340212573183E-2,3.7151570661079374E-2,3.4281977431230286E-2,{"$f":"L47*(1+inflationRate)^(firstYear-$C$4)","v":165.39005769592328},3.470468537899714,4.3860000000000001,8.4558,8.4558,8.4558,3.7842000000000001E-6,null,0.34743191039999999,0.34743191039999999,0.34743191039999999,0.41517132419999997,0.41517132419999997,0.41517132419999997]
[0.44401021096591808,42,2056,4.2796136576650365E-2,4.1716890739430232E-2,4.0021988399173695E-2,4.1375831120733488E-2,4.4243013697880376E-2,3.8917340212573183E-2,3.7151570661079374E-2,3.4281977431230286E-2,{"$f":"L48*(1+inflationRate)^(firstYear-$C$4)","v":165.39005769592328},3.470468537899714,4.3860000000000001,8.4558,8.4558,8.4558,3.7842000000000001E-6,null,0.34743191039999999,0.34743191039999999,0.34743191039999999,0.41517132419999997,0.41517132419999997,0.41517132419999997]
[0.4353041283979589,43,2057,4.2796136576650365E-2,4.1716890739430232E-2,4.0021988399173695E-2,4.1375831120733488E-2,4.4243013697880376E-2,3.8917340212573183E-2,3.7151570661079374E-2,3.4281977431230286E-2,{"$f":"L49*(1+inflationRate)^(firstYear-$C$4)","v":165.39005769592328},3.470468537899714,4.3860000000000001,8.4558,8.4558,8.4558,3.7842000000000001E-6,null,0.34743191039999999,0.34743191039999999,0.34743191039999999,0.41517132419999997,0.41517132419999997,0.41517132419999997]

{"sheet":"DEFINED INPUTS >>","index":23,"n_rows":8,"n_cols":2,"rows_kept":8,"cut":false,"hidden":false,"merged":[[0,0,0,3]]}
["Defined Inputs Module"]
["INSTRUCTIONS: "]
[]
[1,"To create a custom load profile, select the \"Custom Load Profiles\" worksheet and follow the instructions within the worksheet"]
[2,"To view existing load, select the \"Formatted Load Profiles\" worksheet. "]
[3,"To view existing measures, select the \"Formatted Measure List\" worksheet. "]
[]
["In this Tool, measures are considered a combination of the technology, program, and assumptions. Keep this in mind when adding measures and working with the Program Design Module."]

{"sheet":"Custom Measure Input","index":24,"n_rows":6,"n_cols":34,"rows_kept":6,"cut":false,"hidden":false,"merged":[[4,23,4,30],[1,1,1,6],[0,2,0,5]]}
[null,"Program Design Module: \nCustom Measure Input","Users can create custom measures to add to the repository (\"Formatted Measure List\"). If the measure is not in the repository, it cannot be used in the next step in the program design module.\nCAUTION: If the measure name is already in the repository, the measure cannot be added (a measure name consists of all headings in the table below marked with \"*\")"]
[null,"Use the buttons to add and remove custom measures.\n\"Define Custom Measure\": Activates the form to input custom measure information and add it to the table below (if the entire form is not visible select \"small format\" in the drop down in the \"ADMIN OPTIONS\" tab)\n\"Delete Custom Measure(s)\": To delete measures in the table below, click or highlight any cell in the row of the measures you wish to delete and click the button\n\"Clear All Custom Measures\": Clears all measures\n\"Add Custom Measures to Formatted Measure List\": Once all custom measures are added, click this button to add them to the repository (\"Formatted Measure List\")."]
[null,"Click here to see existing measures in the \"Formatted Measure List\""]
[null,null,null,null,null,null,null,null,null,null,null,null,null,null,null,null,null,null,null,null,null,null,null,"*"]
[null,"*","*","*",null,"*","*","*",null,null,null,null,null,null,null,null,null,"*",null,null,null,null,null,"DUAL BASELINE",null,null,null,null,null,null,null,"*","*"]
[null,"SOURCE","SECTOR","PROGRAM","END-USE","CONSERVATION MEASURE","MEASURE DESCRIPTION","BASE MEASURE","ASSUMED ANNUAL OPERATING HOURS","BASE CASE KW","BASE CASE KWH","CONSERVATION CASE KW","CONSERVATION CASE KWH","FIRST YEAR DEMAND SAVINGS (KW)","FIRST YEAR ENERGY SAVINGS (KWH)","PEAK DEMAND (KW)","EFFECTIVE USEFUL LIFE (YEAR)","END USE LOAD PROFILE","INCREMENTAL LIFE CYCLE COST ($)","2012 NET-TO-GROSS (ENERGY)","2012 NET-TO-GROSS (DEMAND)","FIRST YEAR NATURAL GAS SAVINGS (MMBtu)","FIRST YEAR WATER SAVINGS ($/Litre)","EARLY REPLACEMENT","REMAINNG USEFUL LIFE \n(YEAR)","REMAINING LIFE ANNUAL DEMAND SAVINGS (KW)","REMAINNG LIFE ANNUAL ENERGY SAVINGS (KWH)","REMAINING LIFE PEAK DEMAND SAVINGS (KW)","REMAINING LIFE NATURAL GAS SAVINGS (MMBtu)","REMAINING LIFE WATER SAVINGS ($/Litre)","REMAINING INCREMENTAL LIFE CYCLE COST ($)","Weather Sensitive Peak Demand","Distribution (Dx) or Transmission (Tx) Connected","Behind the Meter Project (True/False)"]

{"sheet":"Custom Load Profile Input","index":25,"n_rows":8792,"n_cols":98,"rows_kept":1125,"cut":true,"hidden":false,"merged":[[5,20,5,21],[6,20,6,21],[5,19,7,19],[5,18,7,18],[0,2,0,6],[1,1,1,7]],"bounds":{"rows_first":500,"rows_last":125,"rows_between":500,"halvings":2}}
[null,"Defined Inputs Module: \nCustom Load Profiles","Users can create new load profiles to add to the repository. If the load profile is not in the repository, it cannot be used in new measure design.\nCAUTION: If the load profile name is already in the repository, the load profile cannot be added (a load profile name consists of all headings in the table below marked with \"*\")"]
[null,"Use the buttons to add and remove custom load profiles.\n\"Add Custom Load Profile: Seasonal Method\": if 8760 data is not available, click the button to open the form and add the information, note: energy load profile must sum to 100%\n\"Add Custom Load Profile: Hourly Method\": if 8760 data is available input the information on the right hand side of this worksheet according to the instructions, once this is complete click the button\n\"Add Custom Load Profiles to Formatted Load Profile List\": Once all desired custom load profiles have been added, click this button to import them to the lookup/reference tab.\n\"Delete Selected Custom Load Profile\": To delete a load profile from the table below, select any cell in the row of the measure you would like to delete and click the button\n\"Clear All Custom Load Profiles\": Click this button to completely clear the table below.",null,null,null,null,null,null,null,null,null,null,null,null,null,null,null,null,"Sector:"]
[null,"Click here to see existing load profiles in the \"Formatted Load Profiles\" list",null,null,null,null,null,null,null,null,null,null,null,null,null,null,null,null,"Segment:"]
[null,null,null,null,null,null,null,null,null,null,null,null,null,null,null,null,null,null,"Load Profile Name:",null,null,null,null,null,null,null,null,null,null,null,null,null,null,null,null,null,null,null,null,null,null,null,null,null,null,null,null,null,null,null,null,null,null,null,null,null,null,null,null,null,null,null,null,null,null,null,null,null,null,null,null,null,null,null,null,null,null,null,null,null,null,null,null,null,null,null,null,null,null,null,null,null,null,null,"Sector Lookup","Segment Lookup","Sector Lookup","Segment Lookup"]
[null,"*","*","*","*",null,null,null,null,null,null,null,null,null,null,null,null,null,"Year:",null,null,null,null,null,null,null,null,null,null,null,null,null,null,null,null,null,null,null,null,null,null,null,null,null,null,null,null,null,null,null,null,null,null,null,null,null,null,null,null,null,null,null,null,null,null,null,null,null,null,null,null,null,null,null,null,null,null,null,null,null,null,null,null,null,null,null,null,null,null,null,null,null,null,null,{"$f":"SUM(CQ6:CQ55)","v":2},{"$f":"SUM(CR6:CR55)","v":16}]
[null,"Load Profile Source","Sector","Segment","Load Profile Name","Winter Peak","Winter Mid-Peak","Winter Off Peak","Summer Peak","Summer Mid-Peak","Summer Off Peak","Shoulder Mid-Peak","Shoulder Off Peak","Summer Peak Demand","WX Summer Peak Demand","Winter Peak Demand","WX Winter Peak Demand",null,"Hour Index","Date (MM/DD/YYYY)","Load (kWh)",null,{"$f":"SUM(W9:W8792)","v":0},{"$f":"SUM(X9:X8792)","v":0},0,0,0,0,0,0,{"$f":"AVERAGE(AE9:AE8792)","v":{"$error":"#DIV/0!"}},{"$f":"AVERAGE(AF9:AF8792)","v":{"$error":"#DIV/0!"}},{"$f":"0.3*MAX(IF($AY$9:$AY$8792=0.3,1,0)*($V$9:$V$8792))+0.39*MAX(IF($AY$9:$AY$8792=0.39,1,0)*($V$9:$V$8792))+0.31*MAX(IF($AY$9:$AY$8792=0.31,1,0)*($V$9:$V$8792))","v":0},{"$f":"0.65*MAX(IF($AZ$9:$AZ$8792=0.65,1,0)*($V$9:$V$8792))+0.16*MAX(IF($AZ$9:$AZ$8792=0.16,1,0)*($V$9:$V$8792))+0.19*MAX(IF($AZ$9:$AZ$8792=0.19,1,0)*($V$9:$V$8792))","v":0},null,null,null,null,null,null,null,null,null,null,null,null,null,null,null,null,null,null,null,null,null,null,null,null,null,null,null,null,null,null,null,null,null,null,null,null,null,null,null,null,null,null,null,null,null,null,null,null,null,null,null,null,null,null,null,null,null,null,null,null,{"$f":"IF(CS6=\"\",0,1)","v":1},{"$f":"IF(CT6=\"\",0,1)","v":1},{"$f":"IF(INDEX('Formatted Load Profiles'!$D$6:$D$1992, MATCH(0, COUNTIF($CS$5:CS5,'Formatted Load Profiles'!$D$6:$D$1992), 0))=0,\"\",INDEX('Formatted Load Profiles'!$D$6:$D$1992, MATCH(0, COUNTIF($CS$5:CS5, 'Formatted Load Profiles'!$D$6:$D$1992), 0)))","v":"Business"},{"$f":"IF(INDEX('Formatted Load Profiles'!$E$6:$E$1992, MATCH(0, COUNTIF($CT$5:CT5,'Formatted Load Profiles'!$E$6:$E$1992), 0))=0,\"\",INDEX('Formatted Load Profiles'!$E$6:$E$1992, MATCH(0, COUNTIF($CT$5:CT5, 'Formatted Load Profiles'!$E$6:$E$1992), 0)))","v":"Commercial"}]
[null,null,null,null,null,null,null,null,null,null,null,null,null,null,null,null,null,null,null,null,"Load Profile (%)",null,{"$f":"W6/SUM($V$9:$V$8768)","v":{"$error":"#DIV/0!"}},{"$f":"X6/SUM($V$9:$V$8768)","v":{"$error":"#DIV/0!"}},{"$error":"#DIV/0!"},{"$error":"#DIV/0!"},{"$error":"#DIV/0!"},{"$error":"#DIV/0!"},{"$error":"#DIV/0!"},{"$error":"#DIV/0!"},{"$f":"AE6/SUM($V$9:$V$8792)","v":{"$error":"#DIV/0!"}},{"$f":"AF6/SUM($V$9:$V$8792)","v":{"$error":"#DIV/0!"}},{"$f":"AG6/SUM($V$9:$V$8792)","v":{"$error":"#DIV/0!"}},{"$f":"AH6/SUM($V$9:$V$8792)","v":{"$error":"#DIV/0!"}},null,null,null,null,null,null,null,null,null,null,null,null,null,null,null,null,null,null,null,null,null,null,null,null,null,null,null,null,null,null,null,null,null,null,null,null,null,null,null,null,null,null,null,null,null,null,null,null,null,null,null,null,null,null,null,null,null,null,null,null,{"$f":"IF(CS7=\"\",0,1)","v":1},{"$f":"IF(CT7=\"\",0,1)","v":1},{"$f":"IF(INDEX('Formatted Load Profiles'!$D$6:$D$1992, MATCH(0, COUNTIF($CS$5:CS6,'Formatted Load Profiles'!$D$6:$D$1992), 0))=0,\"\",INDEX('Formatted Load Profiles'!$D$6:$D$1992, MATCH(0, COUNTIF($CS$5:CS6, 'Formatted Load Profiles'!$D$6:$D$1992), 0)))","v":"Consumer"},{"$f":"IF(INDEX('Formatted Load Profiles'!$E$6:$E$1992, MATCH(0, COUNTIF($CT$5:CT6,'Formatted Load Profiles'!$E$6:$E$1992), 0))=0,\"\",INDEX('Formatted Load Profiles'!$E$6:$E$1992, MATCH(0, COUNTIF($CT$5:CT6, 'Formatted Load Profiles'!$E$6:$E$1992), 0)))","v":"Food_Retail"}]
[null,null,null,null,null,null,null,null,null,null,null,null,null,null,null,null,null,null,null,null,"Hour Ending","kWh","Winter Peak","Winter Mid-Peak","Winter Off Peak","Summer Peak","Summer Mid-Peak","Summer Off Peak","Shoulder Mid-Peak","Shoulder Off Peak","Standard Summer Peak Demand","Standard Winter Peak Demand","Alternative Summer Peak Demand","Alternative Winter Peak Demand",null,"Holiday Flag","Weekend Flag","Month","Winter","Summer","Shoulder","0000 - 0700","0700 - 1100","1100 - 1700","1700 - 2000","2000 - 2200","1700 - 2200","2200 - 2400","Standard Summer Peak Hours","Standard Winter Peak Hours","Alternative Summer Peak Hours","Alternative Winter Peak Hours",null,null,null,null,{"$f":"IF($T$5=BE9,1,0)","v":0},0,0,0,0,0,0,0,0,0,0,0,0,{"$f":"IF($T$5=BR9,1,0)","v":0},{"$f":"IF($T$5=BS9,1,0)","v":0},0,0,0,0,0,0,0,0,0,0,0,0,0,0,0,0,0,0,0,0,0,null,null,0,1,{"$f":"IF(INDEX('Formatted Load Profiles'!$D$6:$D$1992, MATCH(0, COUNTIF($CS$5:CS7,'Formatted Load Profiles'!$D$6:$D$1992), 0))=0,\"\",INDEX('Formatted Load Profiles'!$D$6:$D$1992, MATCH(0, COUNTIF($CS$5:CS7, 'Formatted Load Profiles'!$D$6:$D$1992), 0)))","v":""},{"$f":"IF(INDEX('Formatted Load Profiles'!$E$6:$E$1992, MATCH(0, COUNTIF($CT$5:CT7,'Formatted Load Profiles'!$E$6:$E$1992), 0))=0,\"\",INDEX('Formatted Load Profiles'!$E$6:$E$1992, MATCH(0, COUNTIF($CT$5:CT7, 'Formatted Load Profiles'!$E$6:$E$1992), 0)))","v":"Hospital"}]
[null,null,null,null,null,null,null,null,null,null,null,null,null,null,null,null,null,null,1,{"$f":"DATE(T5,1,1)","v":"1900-01-01"},1,null,{"$f":"IFERROR(V9*IF(AND(AJ9=0,AK9=0,AM9=1,OR(AQ9=1,AS9=1)),1,\"\"),\"-\")","v":"-"},{"$f":"IFERROR(V9*IF(AND(AJ9=0,AK9=0,AM9=1,OR(AR9=1,AT9=1)),1,\"\"),\"-\")","v":"-"},{"$f":"IFERROR(V9*IF(OR(AND(AM9=1,AJ9=1),AND(AM9=1,AK9=1),AND(AJ9=0,AK9=0,AM9=1,OR(AP9=1,AV9=1))),1,\"\"),\"-\")","v":0},{"$f":"IFERROR(V9*IF(AND(AJ9=0,AK9=0,AN9=1,AR9=1),1,\"\"),\"-\")","v":"-"},{"$f":"IFERROR(V9*IF(AND(AJ9=0,AK9=0,AN9=1,OR(AQ9=1,AU9=1)),1,\"\"),\"-\")","v":"-"},{"$f":"IFERROR(V9*IF(OR(AND(AN9=1,AJ9=1),AND(AN9=1,AK9=1),AND(AJ9=0,AK9=0,AN9=1,OR(AP9=1,AV9=1))),1,\"\"),\"-\")","v":"-"},{"$f":"IFERROR(V9*IF(AND(AJ9=0,AK9=0,AO9=1,OR(AQ9=1,AR9=1,AU9=1)),1,\"\"),\"-\")","v":"-"},{"$f":"IFERROR(V9*IF(OR(AND(AO9=1,OR(AJ9=1,AK9=1)),AND(AJ9=0,AK9=0,AO9=1,OR(AP9=1,AV9=1))),1,\"\"),\"-\")","v":"-"},{"$f":"IF($V9*AW9>0,$V9*AW9,\"-\")","v":"-"},{"$f":"IF($V9*AX9>0,$V9*AX9,\"-\")","v":"-"},{"$f":"IF($V9*AY9>0,$V9*AY9,\"-\")","v":"-"},{"$f":"IF($V9*AZ9>0,$V9*AZ9,\"-\")","v":"-"},null,{"$f":"COUNTIF($BB$10:$BB$21,T9)","v":0},{"$f":"IF(OR(WEEKDAY(T9)=1,WEEKDAY(T9)=7),1,0)","v":1},{"$f":"MONTH(T9)","v":1},{"$f":"IF(OR(MONTH(T9)=12,MONTH(T9)=1,MONTH(T9)=2,MONTH(T9)=3),1,0)","v":1},{"$f":"IF(OR(MONTH(T9)=6,MONTH(T9)=7,MONTH(T9)=8,MONTH(T9)=9),1,0)","v":0},{"$f":"IF(OR(MONTH(T9)=4,MONTH(T9)=5,MONTH(T9)=10,MONTH(T9)=11),1,0)","v":0},{"$f":"IF(AND(U9>0,U9<8),1,0)","v":1},{"$f":"IF(AND(U9>7,U9<12),1,0)","v":0},{"$f":"IF(AND(U9>11,U9<18),1,0)","v":0},{"$f":"IF(AND(U9>17,U9<21),1,0)","v":0},{"$f":"IF(AND(U9>20,U9<23),1,0)","v":0},{"$f":"IF(AND(U9>17,U9<23),1,0)","v":0},{"$f":"IF(AND(U9>22,U9<25),1,0)","v":0},{"$f":"IF(AND(AK9=0,OR(MONTH(T9)=6, MONTH(T9)=7,MONTH(T9)=8),U9>13,U9<20),1,0)","v":0},{"$f":"IF(AND(AK9=0,OR(MONTH(T9)=1, MONTH(T9)=2,MONTH(T9)=12),U9>18,U9<21),1,0)","v":0},{"$f":"IF(AND(AK9=0,MONTH(T9)=6,U9>13,U9<20),0.3,IF(AND(AK9=0,MONTH(T9)=7,U9>13,U9<20),0.39,IF(AND(AK9=0,MONTH(T9)=8,U9>13,U9<20),0.31,0)))","v":0},{"$f":"IF(AND(AK9=0,MONTH(T9)=1,U9>18,U9<21),0.65,IF(AND(AK9=0,MONTH(T9)=2,U9>18,U9<21),0.16,IF(AND(AK9=0,MONTH(T9)=12,U9>18,U9<21),0.19,0)))","v":0},null,"Baseline Holidays",null,null,2000,2001,2002,2003,2004,2005,2006,2007,2008,2009,2010,2011,2012,2013,2014,{"$f":"BS9+1","v":2015},2016,2017,2018,2019,2020,2021,{"$f":"BZ9+1","v":2022},{"$f":"CA9+1","v":2023},2024,2025,2026,2027,2028,2029,2030,2031,2032,2033,2034,2035,null,null,0,1,{"$f":"IF(INDEX('Formatted Load Profiles'!$D$6:$D$1992, MATCH(0, COUNTIF($CS$5:CS8,'Formatted Load Profiles'!$D$6:$D$1992), 0))=0,\"\",INDEX('Formatted Load Profiles'!$D$6:$D$1992, MATCH(0, COUNTIF($CS$5:CS8, 'Formatted Load Profiles'!$D$6:$D$1992), 0)))","v":""},{"$f":"IF(INDEX('Formatted Load Profiles'!$E$6:$E$1992, MATCH(0, COUNTIF($CT$5:CT8,'Formatted Load Profiles'!$E$6:$E$1992), 0))=0,\"\",INDEX('Formatted Load Profiles'!$E$6:$E$1992, MATCH(0, COUNTIF($CT$5:CT8, 'Formatted Load Profiles'!$E$6:$E$1992), 0)))","v":"Large_Hotel"}]
[null,null,null,null,null,null,null,null,null,null,null,null,null,null,null,null,null,null,2,{"$f":"IF(T9=\"-\",T9,IF(U10=1,T9+1,T9))","v":"1900-01-01"},{"$f":"IF(U9+1>24,1,U9+1)","v":2},null,{"$f":"IFERROR(V10*IF(AND(AJ10=0,AK10=0,AM10=1,OR(AQ10=1,AS10=1)),1,\"\"),\"-\")","v":"-"},{"$f":"IFERROR(V10*IF(AND(AJ10=0,AK10=0,AM10=1,OR(AR10=1,AT10=1)),1,\"\"),\"-\")","v":"-"},{"$f":"IFERROR(V10*IF(OR(AND(AM10=1,AJ10=1),AND(AM10=1,AK10=1),AND(AJ10=0,AK10=0,AM10=1,OR(AP10=1,AV10=1))),1,\"\"),\"-\")","v":0},"-",{"$f":"IFERROR(V10*IF(AND(AJ10=0,AK10=0,AN10=1,OR(AQ10=1,AU10=1)),1,\"\"),\"-\")","v":"-"},{"$f":"IFERROR(V10*IF(OR(AND(AN10=1,AJ10=1),AND(AN10=1,AK10=1),AND(AJ10=0,AK10=0,AN10=1,OR(AP10=1,AV10=1))),1,\"\"),\"-\")","v":"-"},{"$f":"IFERROR(V10*IF(AND(AJ10=0,AK10=0,AO10=1,OR(AQ10=1,AR10=1,AU10=1)),1,\"\"),\"-\")","v":"-"},{"$f":"IFERROR(V10*IF(OR(AND(AO10=1,OR(AJ10=1,AK10=1)),AND(AJ10=0,AK10=0,AO10=1,OR(AP10=1,AV10=1))),1,\"\"),\"-\")","v":"-"},"-","-","-","-",null,0,1,1,1,0,0,{"$f":"IF(AND(U10>0,U10<8),1,0)","v":1},{"$f":"IF(AND(U10>7,U10<12),1,0)","v":0},{"$f":"IF(AND(U10>11,U10<18),1,0)","v":0},{"$f":"IF(AND(U10>17,U10<21),1,0)","v":0},{"$f":"IF(AND(U10>20,U10<23),1,0)","v":0},{"$f":"IF(AND(U10>17,U10<23),1,0)","v":0},{"$f":"IF(AND(U10>22,U10<25),1,0)","v":0},{"$f":"IF(AND(AK10=0,OR(MONTH(T10)=6, MONTH(T10)=7,MONTH(T10)=8),U10>13,U10<20),1,0)","v":0},{"$f":"IF(AND(AK10=0,OR(MONTH(T10)=1, MONTH(T10)=2,MONTH(T10)=12),U10>18,U10<21),1,0)","v":0},{"$f":"IF(AND(AK10=0,MONTH(T10)=6,U10>13,U10<20),0.3,IF(AND(AK10=0,MONTH(T10)=7,U10>13,U10<20),0.39,IF(AND(AK10=0,MONTH(T10)=8,U10>13,U10<20),0.31,0)))","v":0},{"$f":"IF(AND(AK10=0,MONTH(T10)=1,U10>18,U10<21),0.65,IF(AND(AK10=0,MONTH(T10)=2,U10>18,U10<21),0.16,IF(AND(AK10=0,MONTH(T10)=12,U10>18,U10<21),0.19,0)))","v":0},null,{"$f":"SUMPRODUCT($BE$8:$CN$8,BE10:CN10)","v":"00:00:00"},null,"New Years Day","2000-01-01",{"$f":"IF(WEEKDAY(DATE(BF9,1,1))=1,DATE(BF9,1,2),IF(WEEKDAY(DATE(BF9,1,1))=7,DATE(BF9,1,3),DATE(BF9,1,1)))","v":"2001-01-01"},{"$f":"IF(WEEKDAY(DATE(BG9,1,1))=1,DATE(BG9,1,2),IF(WEEKDAY(DATE(BG9,1,1))=7,DATE(BG9,1,3),DATE(BG9,1,1)))","v":"2002-01-01"},"2003-01-01","2004-01-01","2005-01-03","2006-01-02","2007-01-01","2008-01-01","2009-01-01","2010-01-01","2011-01-03","2012-01-02","2013-01-01","2014-01-01","2015-01-01","2016-01-01","2017-01-02","2018-01-01","2019-01-01","2020-01-01","2021-01-01","2022-01-03","2023-01-02","2024-01-01","2025-01-01","2026-01-01","2027-01-01","2028-01-03","2029-01-01","2030-01-01","2031-01-01","2032-01-01","2033-01-03","2034-01-02","2035-01-01",null,null,0,1,{"$f":"IF(INDEX('Formatted Load Profiles'!$D$6:$D$1992, MATCH(0, COUNTIF($CS$5:CS9,'Formatted Load Profiles'!$D$6:$D$1992), 0))=0,\"\",INDEX('Formatted Load Profiles'!$D$6:$D$1992, MATCH(0, COUNTIF($CS$5:CS9, 'Formatted Load Profiles'!$D$6:$D$1992), 0)))","v":""},{"$f":"IF(INDEX('Formatted Load Profiles'!$E$6:$E$1992, MATCH(0, COUNTIF($CT$5:CT9,'Formatted Load Profiles'!$E$6:$E$1992), 0))=0,\"\",INDEX('Formatted Load Profiles'!$E$6:$E$1992, MATCH(0, COUNTIF($CT$5:CT9, 'Formatted Load Profiles'!$E$6:$E$1992), 0)))","v":"Large_Non_Food_Retail"}]
[null,null,null,null,null,null,null,null,null,null,null,null,null,null,null,null,null,null,3,{"$f":"IF(T10=\"-\",T10,IF(U11=1,T10+1,T10))","v":"1900-01-01"},{"$f":"IF(U10+1>24,1,U10+1)","v":3},null,"-","-",0,"-","-","-","-","-","-","-","-","-",null,0,1,1,1,0,0,1,0,0,0,0,0,0,0,0,0,0,null,{"$f":"SUMPRODUCT($BE$8:$CN$8,BE11:CN11)","v":"00:00:00"},null,"Family Day",null,null,null,null,null,null,null,null,"2008-02-18",{"$f":"CHOOSE(WEEKDAY(DATE(BN9,MONTH($BM$11),15),2),DATE(BN9,MONTH($BM$11),15),DATE(BN9,MONTH($BM$11),15)+6,DATE(BN9,MONTH($BM$11),15)+5,DATE(BN9,MONTH($BM$11),15)+4,DATE(BN9,MONTH($BM$11),15)+3,DATE(BN9,MONTH($BM$11),15)+2,DATE(BN9,MONTH($BM$11),15)+1)","v":"2009-02-16"},{"$f":"CHOOSE(WEEKDAY(DATE(BO9,MONTH($BM$11),15),2),DATE(BO9,MONTH($BM$11),15),DATE(BO9,MONTH($BM$11),15)+6,DATE(BO9,MONTH($BM$11),15)+5,DATE(BO9,MONTH($BM$11),15)+4,DATE(BO9,MONTH($BM$11),15)+3,DATE(BO9,MONTH($BM$11),15)+2,DATE(BO9,MONTH($BM$11),15)+1)","v":"2010-02-15"},"2011-02-21","2012-02-20","2013-02-18","2014-02-17","2015-02-16","2016-02-15","2017-02-20","2018-02-19","2019-02-18","2020-02-17","2021-02-15","2022-02-21","2023-02-20","2024-02-19","2025-02-17","2026-02-16","2027-02-15","2028-02-21","2029-02-19","2030-02-18","2031-02-17","2032-02-16","2033-02-21","2034-02-20","2035-02-19",null,null,0,1,{"$f":"IF(INDEX('Formatted Load Profiles'!$D$6:$D$1992, MATCH(0, COUNTIF($CS$5:CS10,'Formatted Load Profiles'!$D$6:$D$1992), 0))=0,\"\",INDEX('Formatted Load Profiles'!$D$6:$D$1992, MATCH(0, COUNTIF($CS$5:CS10, 'Formatted Load Profiles'!$D$6:$D$1992), 0)))","v":""},{"$f":"IF(INDEX('Formatted Load Profiles'!$E$6:$E$1992, MATCH(0, COUNTIF($CT$5:CT10,'Formatted Load Profiles'!$E$6:$E$1992), 0))=0,\"\",INDEX('Formatted Load Profiles'!$E$6:$E$1992, MATCH(0, COUNTIF($CT$5:CT10, 'Formatted Load Profiles'!$E$6:$E$1992), 0)))","v":"Large_Office"}]
[null,null,null,null,null,null,null,null,null,null,null,null,null,null,null,null,null,null,4,"1900-01-01",4,null,"-","-",0,"-","-","-","-","-","-","-","-","-",null,0,1,1,1,0,0,1,0,0,0,0,0,0,0,0,0,0,null,{"$f":"SUMPRODUCT($BE$8:$CN$8,BE12:CN12)","v":"00:00:00"},null,"Good Friday","2000-04-21","2001-04-13","2002-03-29","2003-04-18","2004-04-09","2005-03-25","2006-04-14","2007-04-06","2008-03-21","2009-04-10","2010-04-02","2011-04-22","2012-04-06","2013-03-29","2014-04-18","2015-04-03","2016-03-25","2017-04-14","2018-03-30","2019-04-19","2020-04-10","2021-04-02","2022-04-15","2023-04-07","2024-03-29","2025-04-18","2026-03-04","2027-03-26","2028-04-14","2029-03-30","2030-04-19","2031-04-11","2032-03-26","2033-04-15","2034-04-07","2035-03-23",null,null,0,1,{"$f":"IF(INDEX('Formatted Load Profiles'!$D$6:$D$1992, MATCH(0, COUNTIF($CS$5:CS11,'Formatted Load Profiles'!$D$6:$D$1992), 0))=0,\"\",INDEX('Formatted Load Profiles'!$D$6:$D$1992, MATCH(0, COUNTIF($CS$5:CS11, 'Formatted Load Profiles'!$D$6:$D$1992), 0)))","v":""},{"$f":"IF(INDEX('Formatted Load Profiles'!$E$6:$E$1992, MATCH(0, COUNTIF($CT$5:CT11,'Formatted Load Profiles'!$E$6:$E$1992), 0))=0,\"\",INDEX('Formatted Load Profiles'!$E$6:$E$1992, MATCH(0, COUNTIF($CT$5:CT11, 'Formatted Load Profiles'!$E$6:$E$1992), 0)))","v":"Nursing_Home"}]
[null,null,null,null,null,null,null,null,null,null,null,null,null,null,null,null,null,null,5,"1900-01-01",5,null,"-","-",0,"-","-","-","-","-","-","-","-","-",null,0,1,1,1,0,0,1,0,0,0,0,0,0,0,0,0,0,null,{"$f":"SUMPRODUCT($BE$8:$CN$8,BE13:CN13)","v":"00:00:00"},null,"Easter Monday",{"$f":"BE12+3","v":"2000-04-24"},{"$f":"BF12+3","v":"2001-04-16"},"2002-04-01","2003-04-21","2004-04-12","2005-03-28","2006-04-17","2007-04-09","2008-03-24","2009-04-13","2010-04-05","2011-04-25","2012-04-09","2013-04-01","2014-04-21","2015-04-06","2016-03-28","2017-04-17","2018-04-02","2019-04-22","2020-04-13","2021-04-05","2022-04-18","2023-04-10","2024-04-01","2025-04-21","2026-03-07","2027-03-29","2028-04-17","2029-04-02","2030-04-22","2031-04-14","2032-03-29","2033-04-18","2034-04-10",{"$f":"CN12+3","v":"2035-03-26"},null,null,0,1,{"$f":"IF(INDEX('Formatted Load Profiles'!$D$6:$D$1992, MATCH(0, COUNTIF($CS$5:CS12,'Formatted Load Profiles'!$D$6:$D$1992), 0))=0,\"\",INDEX('Formatted Load Profiles'!$D$6:$D$1992, MATCH(0, COUNTIF($CS$5:CS12, 'Formatted Load Profiles'!$D$6:$D$1992), 0)))","v":""},{"$f":"IF(INDEX('Formatted Load Profiles'!$E$6:$E$1992, MATCH(0, COUNTIF($CT$5:CT12,'Formatted Load Profiles'!$E$6:$E$1992), 0))=0,\"\",INDEX('Formatted Load Profiles'!$E$6:$E$1992, MATCH(0, COUNTIF($CT$5:CT12, 'Formatted Load Profiles'!$E$6:$E$1992), 0)))","v":"Other_Commercial_Buildings"}]
[null,null,null,null,null,null,null,null,null,null,null,null,null,null,null,null,null,null,6,"1900-01-01",6,null,"-","-",0,"-","-","-","-","-","-","-","-","-",null,0,1,1,1,0,0,1,0,0,0,0,0,0,0,0,0,0,null,{"$f":"SUMPRODUCT($BE$8:$CN$8,BE14:CN14)","v":"00:00:00"},null,"Victoria Day","2000-05-22",{"$f":"CHOOSE(WEEKDAY(DATE(BF9,MONTH($BE$14),18),2),DATE(BF9,MONTH($BE$14),18),DATE(BF9,MONTH($BE$14),18)+6,DATE(BF9,MONTH($BE$14),18)+5,DATE(BF9,MONTH($BE$14),18)+4,DATE(BF9,MONTH($BE$14),18)+3,DATE(BF9,MONTH($BE$14),18)+2,DATE(BF9,MONTH($BE$14),18)+1)","v":"2001-05-21"},"2002-05-20","2003-05-19","2004-05-24","2005-05-23","2006-05-22","2007-05-21","2008-05-19","2009-05-18","2010-05-24","2011-05-23","2012-05-21","2013-05-20","2014-05-19","2015-05-18","2016-05-23","2017-05-22","2018-05-21","2019-05-20","2020-05-18","2021-05-24","2022-05-23","2023-05-22","2024-05-20","2025-05-19","2026-05-18","2027-05-24","2028-05-22","2029-05-21","2030-05-20","2031-05-19","2032-05-24","2033-05-23","2034-05-22","2035-05-21",null,null,0,1,{"$f":"IF(INDEX('Formatted Load Profiles'!$D$6:$D$1992, MATCH(0, COUNTIF($CS$5:CS13,'Formatted Load Profiles'!$D$6:$D$1992), 0))=0,\"\",INDEX('Formatted Load Profiles'!$D$6:$D$1992, MATCH(0, COUNTIF($CS$5:CS13, 'Formatted Load Profiles'!$D$6:$D$1992), 0)))","v":""},{"$f":"IF(INDEX('Formatted Load Profiles'!$E$6:$E$1992, MATCH(0, COUNTIF($CT$5:CT13,'Formatted Load Profiles'!$E$6:$E$1992), 0))=0,\"\",INDEX('Formatted Load Profiles'!$E$6:$E$1992, MATCH(0, COUNTIF($CT$5:CT13, 'Formatted Load Profiles'!$E$6:$E$1992), 0)))","v":"Other_Hotel_Motel"}]
[null,null,null,null,null,null,null,null,null,null,null,null,null,null,null,null,null,null,7,"1900-01-01",7,null,"-","-",0,"-","-","-","-","-","-","-","-","-",null,0,1,1,1,0,0,1,0,0,0,0,0,0,0,0,0,0,null,"00:00:00",null,"Canada Day","2000-07-01",{"$f":"DATE(BF9,7,1)","v":"2001-07-01"},"2002-07-01","2003-07-01","2004-07-01","2005-07-01","2006-07-01","2007-07-01","2008-07-01","2009-07-01","2010-07-01","2011-07-01","2012-07-01","2013-07-01","2014-07-01","2015-07-01","2016-07-01","2017-07-01","2018-07-01","2019-07-01","2020-07-01","2021-07-01","2022-07-01","2023-07-01","2024-07-01","2025-07-01","2026-07-01","2027-07-01","2028-07-01","2029-07-01","2030-07-01","2031-07-01","2032-07-01","2033-07-01","2034-07-01","2035-07-01",null,null,0,1,{"$f":"IF(INDEX('Formatted Load Profiles'!$D$6:$D$1992, MATCH(0, COUNTIF($CS$5:CS14,'Formatted Load Profiles'!$D$6:$D$1992), 0))=0,\"\",INDEX('Formatted Load Profiles'!$D$6:$D$1992, MATCH(0, COUNTIF($CS$5:CS14, 'Formatted Load Profiles'!$D$6:$D$1992), 0)))","v":""},{"$f":"IF(INDEX('Formatted Load Profiles'!$E$6:$E$1992, MATCH(0, COUNTIF($CT$5:CT14,'Formatted Load Profiles'!$E$6:$E$1992), 0))=0,\"\",INDEX('Formatted Load Profiles'!$E$6:$E$1992, MATCH(0, COUNTIF($CT$5:CT14, 'Formatted Load Profiles'!$E$6:$E$1992), 0)))","v":"Other_Non_Food_Retail"}]
[null,null,null,null,null,null,null,null,null,null,null,null,null,null,null,null,null,null,8,"1900-01-01",8,null,"-","-",0,"-","-","-","-","-","-","-","-","-",null,0,1,1,1,0,0,0,1,0,0,0,0,0,0,0,0,0,null,"00:00:00",null,"August Civic Holiday","2000-08-07",{"$f":"CHOOSE(WEEKDAY(DATE(BF9,MONTH($BE$16),1),2),DATE(BF9,MONTH($BE$16),1),DATE(BF9,MONTH($BE$16),1)+6,DATE(BF9,MONTH($BE$16),1)+5,DATE(BF9,MONTH($BE$16),1)+4,DATE(BF9,MONTH($BE$16),1)+3,DATE(BF9,MONTH($BE$16),1)+2,DATE(BF9,MONTH($BE$16),1)+1)","v":"2001-08-06"},"2002-08-05","2003-08-04","2004-08-02","2005-08-01","2006-08-07","2007-08-06","2008-08-04","2009-08-03","2010-08-02","2011-08-01","2012-08-06","2013-08-05","2014-08-04","2015-08-03","2016-08-01","2017-08-07","2018-08-06","2019-08-05","2020-08-03","2021-08-02","2022-08-01","2023-08-07","2024-08-05","2025-08-04","2026-08-03","2027-08-02","2028-08-07","2029-08-06","2030-08-05","2031-08-04","2032-08-02","2033-08-01","2034-08-07","2035-08-06",null,null,0,1,{"$f":"IF(INDEX('Formatted Load Profiles'!$D$6:$D$1992, MATCH(0, COUNTIF($CS$5:CS15,'Formatted Load Profiles'!$D$6:$D$1992), 0))=0,\"\",INDEX('Formatted Load Profiles'!$D$6:$D$1992, MATCH(0, COUNTIF($CS$5:CS15, 'Formatted Load Profiles'!$D$6:$D$1992), 0)))","v":""},{"$f":"IF(INDEX('Formatted Load Profiles'!$E$6:$E$1992, MATCH(0, COUNTIF($CT$5:CT15,'Formatted Load Profiles'!$E$6:$E$1992), 0))=0,\"\",INDEX('Formatted Load Profiles'!$E$6:$E$1992, MATCH(0, COUNTIF($CT$5:CT15, 'Formatted Load Profiles'!$E$6:$E$1992), 0)))","v":"Other_Office"}]
[null,null,null,null,null,null,null,null,null,null,null,null,null,null,null,null,null,null,9,"1900-01-01",9,null,"-","-",0,"-","-","-","-","-","-","-","-","-",null,0,1,1,1,0,0,0,1,0,0,0,0,0,0,0,0,0,null,"00:00:00",null,"Labour Day","2000-09-04",{"$f":"CHOOSE(WEEKDAY(DATE(BF9,MONTH($BE$17),1),2),DATE(BF9,MONTH($BE$17),1),DATE(BF9,MONTH($BE$17),1)+6,DATE(BF9,MONTH($BE$17),1)+5,DATE(BF9,MONTH($BE$17),1)+4,DATE(BF9,MONTH($BE$17),1)+3,DATE(BF9,MONTH($BE$17),1)+2,DATE(BF9,MONTH($BE$17),1)+1)","v":"2001-09-03"},"2002-09-02","2003-09-01","2004-09-06","2005-09-05","2006-09-04","2007-09-03","2008-09-01","2009-09-07","2010-09-06","2011-09-05","2012-09-03","2013-09-02","2014-09-01","2015-09-07","2016-09-05","2017-09-04","2018-09-03","2019-09-02","2020-09-07","2021-09-06","2022-09-05","2023-09-04","2024-09-02","2025-09-01","2026-09-07","2027-09-06","2028-09-04","2029-09-03","2030-09-02","2031-09-01","2032-09-06","2033-09-05","2034-09-04","2035-09-03",null,null,0,1,{"$f":"IF(INDEX('Formatted Load Profiles'!$D$6:$D$1992, MATCH(0, COUNTIF($CS$5:CS16,'Formatted Load Profiles'!$D$6:$D$1992), 0))=0,\"\",INDEX('Formatted Load Profiles'!$D$6:$D$1992, MATCH(0, COUNTIF($CS$5:CS16, 'Formatted Load Profiles'!$D$6:$D$1992), 0)))","v":""},{"$f":"IF(INDEX('Formatted Load Profiles'!$E$6:$E$1992, MATCH(0, COUNTIF($CT$5:CT16,'Formatted Load Profiles'!$E$6:$E$1992), 0))=0,\"\",INDEX('Formatted Load Profiles'!$E$6:$E$1992, MATCH(0, COUNTIF($CT$5:CT16, 'Formatted Load Profiles'!$E$6:$E$1992), 0)))","v":"Restaurant"}]
[null,null,null,null,null,null,null,null,null,null,null,null,null,null,null,null,null,null,10,"1900-01-01",10,null,"-","-",0,"-","-","-","-","-","-","-","-","-",null,0,1,1,1,0,0,0,1,0,0,0,0,0,0,0,0,0,null,"00:00:00",null,"Thanksgiving Day","2000-10-09",{"$f":"CHOOSE(WEEKDAY(DATE(BF9,MONTH($BE$18),8),2),DATE(BF9,MONTH($BE$18),8),DATE(BF9,MONTH($BE$18),8)+6,DATE(BF9,MONTH($BE$18),8)+5,DATE(BF9,MONTH($BE$18),8)+4,DATE(BF9,MONTH($BE$18),8)+3,DATE(BF9,MONTH($BE$18),8)+2,DATE(BF9,MONTH($BE$18),8)+1)","v":"2001-10-08"},"2002-10-14","2003-10-13","2004-10-11","2005-10-10","2006-10-09","2007-10-08","2008-10-13","2009-10-12","2010-10-11","2011-10-10","2012-10-08","2013-10-14","2014-10-13","2015-10-12","2016-10-10","2017-10-09","2018-10-08","2019-10-14","2020-10-12","2021-10-11","2022-10-10","2023-10-09","2024-10-14","2025-10-13","2026-10-12","2027-10-11","2028-10-09","2029-10-08","2030-10-14","2031-10-13","2032-10-11","2033-10-10","2034-10-09","2035-10-08",null,null,0,1,{"$f":"IF(INDEX('Formatted Load Profiles'!$D$6:$D$1992, MATCH(0, COUNTIF($CS$5:CS17,'Formatted Load Profiles'!$D$6:$D$1992), 0))=0,\"\",INDEX('Formatted Load Profiles'!$D$6:$D$1992, MATCH(0, COUNTIF($CS$5:CS17, 'Formatted Load Profiles'!$D$6:$D$1992), 0)))","v":""},{"$f":"IF(INDEX('Formatted Load Profiles'!$E$6:$E$1992, MATCH(0, COUNTIF($CT$5:CT17,'Formatted Load Profiles'!$E$6:$E$1992), 0))=0,\"\",INDEX('Formatted Load Profiles'!$E$6:$E$1992, MATCH(0, COUNTIF($CT$5:CT17, 'Formatted Load Profiles'!$E$6:$E$1992), 0)))","v":"Schools"}]
[null,null,null,null,null,null,null,null,null,null,null,null,null,null,null,null,null,null,11,"1900-01-01",11,null,"-","-",0,"-","-","-","-","-","-","-","-","-",null,0,1,1,1,0,0,0,1,0,0,0,0,0,0,0,0,0,null,"00:00:00",null,"Remembrance Day","2000-11-11",{"$f":"DATE(BF9,11,11)","v":"2001-11-11"},{"$f":"DATE(BG9,11,11)","v":"2002-11-11"},"2003-11-11","2004-11-11","2005-11-11","2006-11-11","2007-11-11","2008-11-11","2009-11-11","2010-11-11","2011-11-11","2012-11-11","2013-11-11","2014-11-11","2015-11-11","2016-11-11","2017-11-11","2018-11-11","2019-11-11","2020-11-11","2021-11-11","2022-11-11","2023-11-11","2024-11-11","2025-11-11","2026-11-11","2027-11-11","2028-11-11","2029-11-11","2030-11-11","2031-11-11","2032-11-11","2033-11-11","2034-11-11","2035-11-11",null,null,0,1,{"$f":"IF(INDEX('Formatted Load Profiles'!$D$6:$D$1992, MATCH(0, COUNTIF($CS$5:CS18,'Formatted Load Profiles'!$D$6:$D$1992), 0))=0,\"\",INDEX('Formatted Load Profiles'!$D$6:$D$1992, MATCH(0, COUNTIF($CS$5:CS18, 'Formatted Load Profiles'!$D$6:$D$1992), 0)))","v":""},{"$f":"IF(INDEX('Formatted Load Profiles'!$E$6:$E$1992, MATCH(0, COUNTIF($CT$5:CT18,'Formatted Load Profiles'!$E$6:$E$1992), 0))=0,\"\",INDEX('Formatted Load Profiles'!$E$6:$E$1992, MATCH(0, COUNTIF($CT$5:CT18, 'Formatted Load Profiles'!$E$6:$E$1992), 0)))","v":"University_Colleges"}]
[null,null,null,null,null,null,null,null,null,null,null,null,null,null,null,null,null,null,12,"1900-01-01",12,null,"-","-",0,"-","-","-","-","-","-","-","-","-",null,0,1,1,1,0,0,0,0,1,0,0,0,0,0,0,0,0,null,"00:00:00",null,"Christmas Day","2000-12-25",{"$f":"IF(WEEKDAY(DATE(BF9,12,25))=1,DATE(BF9,12,27),IF(WEEKDAY(DATE(BF9,12,25))=7,DATE(BF9,12,28),DATE(BF9,12,25)))","v":"2001-12-25"},{"$f":"IF(WEEKDAY(DATE(BG9,12,25))=1,DATE(BG9,12,27),IF(WEEKDAY(DATE(BG9,12,25))=7,DATE(BG9,12,28),DATE(BG9,12,25)))","v":"2002-12-25"},"2003-12-25","2004-12-28","2005-12-27","2006-12-25","2007-12-25","2008-12-25","2009-12-25","2010-12-28","2011-12-27","2012-12-25","2013-12-25","2014-12-25","2015-12-25","2016-12-27","2017-12-25","2018-12-25","2019-12-25","2020-12-25","2021-12-28","2022-12-27","2023-12-25","2024-12-25","2025-12-25","2026-12-25","2027-12-28","2028-12-25","2029-12-25","2030-12-25","2031-12-25","2032-12-28","2033-12-27","2034-12-25","2035-12-25",null,null,0,1,{"$f":"IF(INDEX('Formatted Load Profiles'!$D$6:$D$1992, MATCH(0, COUNTIF($CS$5:CS19,'Formatted Load Profiles'!$D$6:$D$1992), 0))=0,\"\",INDEX('Formatted Load Profiles'!$D$6:$D$1992, MATCH(0, COUNTIF($CS$5:CS19, 'Formatted Load Profiles'!$D$6:$D$1992), 0)))","v":""},{"$f":"IF(INDEX('Formatted Load Profiles'!$E$6:$E$1992, MATCH(0, COUNTIF($CT$5:CT19,'Formatted Load Profiles'!$E$6:$E$1992), 0))=0,\"\",INDEX('Formatted Load Profiles'!$E$6:$E$1992, MATCH(0, COUNTIF($CT$5:CT19, 'Formatted Load Profiles'!$E$6:$E$1992), 0)))","v":"Warehouse_Wholesale"}]
[null,null,null,null,null,null,null,null,null,null,null,null,null,null,null,null,null,null,13,"1900-01-01",13,null,"-","-",0,"-","-","-","-","-","-","-","-","-",null,0,1,1,1,0,0,0,0,1,0,0,0,0,0,0,0,0,null,"00:00:00",null,"Boxing Day","2000-12-26",{"$f":"IF(OR(WEEKDAY(DATE(BF9,12,26))=1,WEEKDAY(DATE(BF9,12,26))=7),DATE(BF9,12,27),DATE(BF9,12,26))","v":"2001-12-26"},{"$f":"IF(OR(WEEKDAY(DATE(BG9,12,26))=1,WEEKDAY(DATE(BG9,12,26))=7),DATE(BG9,12,27),DATE(BG9,12,26))","v":"2002-12-26"},"2003-12-26","2004-12-27","2005-12-26","2006-12-26","2007-12-26","2008-12-26","2009-12-27","2010-12-27","2011-12-26","2012-12-26","2013-12-26","2014-12-26","2015-12-27","2016-12-26","2017-12-26","2018-12-26","2019-12-26","2020-12-27","2021-12-27","2022-12-26","2023-12-26","2024-12-26","2025-12-26","2026-12-27","2027-12-27","2028-12-26","2029-12-26","2030-12-26","2031-12-26","2032-12-27","2033-12-26","2034-12-26","2035-12-26",null,null,0,1,{"$f":"IF(INDEX('Formatted Load Profiles'!$D$6:$D$1992, MATCH(0, COUNTIF($CS$5:CS20,'Formatted Load Profiles'!$D$6:$D$1992), 0))=0,\"\",INDEX('Formatted Load Profiles'!$D$6:$D$1992, MATCH(0, COUNTIF($CS$5:CS20, 'Formatted Load Profiles'!$D$6:$D$1992), 0)))","v":""},{"$f":"IF(INDEX('Formatted Load Profiles'!$E$6:$E$1992, MATCH(0, COUNTIF($CT$5:CT20,'Formatted Load Profiles'!$E$6:$E$1992), 0))=0,\"\",INDEX('Formatted Load Profiles'!$E$6:$E$1992, MATCH(0, COUNTIF($CT$5:CT20, 'Formatted Load Profiles'!$E$6:$E$1992), 0)))","v":"Residential"}]
[null,null,null,null,null,null,null,null,null,null,null,null,null,null,null,null,null,null,14,"1900-01-01",14,null,"-","-",0,"-","-","-","-","-","-","-","-","-",null,0,1,1,1,0,0,0,0,1,0,0,0,0,0,0,0,0,null,null,null,null,null,null,null,null,null,null,null,null,null,null,null,null,null,null,null,null,null,null,null,null,null,null,null,null,null,null,null,null,null,null,null,null,null,null,null,null,null,null,0,0,{"$f":"IF(INDEX('Formatted Load Profiles'!$D$6:$D$1992, MATCH(0, COUNTIF($CS$5:CS21,'Formatted Load Profiles'!$D$6:$D$1992), 0))=0,\"\",INDEX('Formatted Load Profiles'!$D$6:$D$1992, MATCH(0, COUNTIF($CS$5:CS21, 'Formatted Load Profiles'!$D$6:$D$1992), 0)))","v":""},{"$f":"IF(INDEX('Formatted Load Profiles'!$E$6:$E$1992, MATCH(0, COUNTIF($CT$5:CT21,'Formatted Load Profiles'!$E$6:$E$1992), 0))=0,\"\",INDEX('Formatted Load Profiles'!$E$6:$E$1992, MATCH(0, COUNTIF($CT$5:CT21, 'Formatted Load Profiles'!$E$6:$E$1992), 0)))","v":""}]
[null,null,null,null,null,null,null,null,null,null,null,null,null,null,null,null,null,null,15,"1900-01-01",15,null,"-","-",0,"-","-","-","-","-","-","-","-","-",null,0,1,1,1,0,0,0,0,1,0,0,0,0,0,0,0,0,null,null,null,null,null,null,null,null,null,null,null,null,null,null,null,null,null,null,null,null,null,null,null,null,null,null,null,null,null,null,null,null,null,null,null,null,null,null,null,null,null,null,0,0,{"$f":"IF(INDEX('Formatted Load Profiles'!$D$6:$D$1992, MATCH(0, COUNTIF($CS$5:CS22,'Formatted Load Profiles'!$D$6:$D$1992), 0))=0,\"\",INDEX('Formatted Load Profiles'!$D$6:$D$1992, MATCH(0, COUNTIF($CS$5:CS22, 'Formatted Load Profiles'!$D$6:$D$1992), 0)))","v":""},{"$f":"IF(INDEX('Formatted Load Profiles'!$E$6:$E$1992, MATCH(0, COUNTIF($CT$5:CT22,'Formatted Load Profiles'!$E$6:$E$1992), 0))=0,\"\",INDEX('Formatted Load Profiles'!$E$6:$E$1992, MATCH(0, COUNTIF($CT$5:CT22, 'Formatted Load Profiles'!$E$6:$E$1992), 0)))","v":""}]
[null,null,null,null,null,null,null,null,null,null,null,null,null,null,null,null,null,null,16,"1900-01-01",16,null,"-","-",0,"-","-","-","-","-","-","-","-","-",null,0,1,1,1,0,0,0,0,1,0,0,0,0,0,0,0,0,null,null,null,null,null,null,null,null,null,null,null,null,null,null,null,null,null,null,null,null,null,null,null,null,null,null,null,null,null,null,null,null,null,null,null,null,null,null,null,null,null,null,0,0,{"$f":"IF(INDEX('Formatted Load Profiles'!$D$6:$D$1992, MATCH(0, COUNTIF($CS$5:CS23,'Formatted Load Profiles'!$D$6:$D$1992), 0))=0,\"\",INDEX('Formatted Load Profiles'!$D$6:$D$1992, MATCH(0, COUNTIF($CS$5:CS23, 'Formatted Load Profiles'!$D$6:$D$1992), 0)))","v":""},{"$f":"IF(INDEX('Formatted Load Profiles'!$E$6:$E$1992, MATCH(0, COUNTIF($CT$5:CT23,'Formatted Load Profiles'!$E$6:$E$1992), 0))=0,\"\",INDEX('Formatted Load Profiles'!$E$6:$E$1992, MATCH(0, COUNTIF($CT$5:CT23, 'Formatted Load Profiles'!$E$6:$E$1992), 0)))","v":""}]
[null,null,null,null,null,null,null,null,null,null,null,null,null,null,null,null,null,null,17,"1900-01-01",17,null,"-","-",0,"-","-","-","-","-","-","-","-","-",null,0,1,1,1,0,0,0,0,1,0,0,0,0,0,0,0,0,null,null,null,null,null,null,null,null,null,null,null,null,null,null,null,null,null,null,null,null,null,null,null,null,null,null,null,null,null,null,null,null,null,null,null,null,null,null,null,null,null,null,0,0,{"$f":"IF(INDEX('Formatted Load Profiles'!$D$6:$D$1992, MATCH(0, COUNTIF($CS$5:CS24,'Formatted Load Profiles'!$D$6:$D$1992), 0))=0,\"\",INDEX('Formatted Load Profiles'!$D$6:$D$1992, MATCH(0, COUNTIF($CS$5:CS24, 'Formatted Load Profiles'!$D$6:$D$1992), 0)))","v":""},{"$f":"IF(INDEX('Formatted Load Profiles'!$E$6:$E$1992, MATCH(0, COUNTIF($CT$5:CT24,'Formatted Load Profiles'!$E$6:$E$1992), 0))=0,\"\",INDEX('Formatted Load Profiles'!$E$6:$E$1992, MATCH(0, COUNTIF($CT$5:CT24, 'Formatted Load Profiles'!$E$6:$E$1992), 0)))","v":""}]
[null,null,null,null,null,null,null,null,null,null,null,null,null,null,null,null,null,null,18,"1900-01-01",18,null,"-","-",0,"-","-","-","-","-","-","-","-","-",null,0,1,1,1,0,0,0,0,0,1,0,1,0,0,0,0,0,null,null,null,null,null,null,null,null,null,null,null,null,null,null,null,null,null,null,null,null,null,null,null,null,null,null,null,null,null,null,null,null,null,null,null,null,null,null,null,null,null,null,0,0,{"$f":"IF(INDEX('Formatted Load Profiles'!$D$6:$D$1992, MATCH(0, COUNTIF($CS$5:CS25,'Formatted Load Profiles'!$D$6:$D$1992), 0))=0,\"\",INDEX('Formatted Load Profiles'!$D$6:$D$1992, MATCH(0, COUNTIF($CS$5:CS25, 'Formatted Load Profiles'!$D$6:$D$1992), 0)))","v":""},{"$f":"IF(INDEX('Formatted Load Profiles'!$E$6:$E$1992, MATCH(0, COUNTIF($CT$5:CT25,'Formatted Load Profiles'!$E$6:$E$1992), 0))=0,\"\",INDEX('Formatted Load Profiles'!$E$6:$E$1992, MATCH(0, COUNTIF($CT$5:CT25, 'Formatted Load Profiles'!$E$6:$E$1992), 0)))","v":""}]
[null,null,null,null,null,null,null,null,null,null,null,null,null,null,null,null,null,null,19,"1900-01-01",19,null,"-","-",0,"-","-","-","-","-","-","-","-","-",null,0,1,1,1,0,0,0,0,0,1,0,1,0,0,0,0,0,null,null,null,null,null,null,null,null,null,null,null,null,null,null,null,null,null,null,null,null,null,null,null,null,null,null,null,null,null,null,null,null,null,null,null,null,null,null,null,null,null,null,{"$f":"IF(CS27=\"\",0,1)","v":0},{"$f":"IF(CT27=\"\",0,1)","v":0},{"$f":"IF(INDEX('Formatted Load Profiles'!$D$6:$D$1992, MATCH(0, COUNTIF($CS$5:CS26,'Formatted Load Profiles'!$D$6:$D$1992), 0))=0,\"\",INDEX('Formatted Load Profiles'!$D$6:$D$1992, MATCH(0, COUNTIF($CS$5:CS26, 'Formatted Load Profiles'!$D$6:$D$1992), 0)))","v":""},{"$f":"IF(INDEX('Formatted Load Profiles'!$E$6:$E$1992, MATCH(0, COUNTIF($CT$5:CT26,'Formatted Load Profiles'!$E$6:$E$1992), 0))=0,\"\",INDEX('Formatted Load Profiles'!$E$6:$E$1992, MATCH(0, COUNTIF($CT$5:CT26, 'Formatted Load Profiles'!$E$6:$E$1992), 0)))","v":""}]
[null,null,null,null,null,null,null,null,null,null,null,null,null,null,null,null,null,null,20,"1900-01-01",20,null,"-","-",0,"-","-","-","-","-","-","-","-","-",null,0,1,1,1,0,0,0,0,0,1,0,1,0,0,0,0,0,null,null,null,null,null,null,null,null,null,null,null,null,null,null,null,null,null,null,null,null,null,null,null,null,null,null,null,null,null,null,null,null,null,null,null,null,null,null,null,null,null,null,0,0,{"$f":"IF(INDEX('Formatted Load Profiles'!$D$6:$D$1992, MATCH(0, COUNTIF($CS$5:CS27,'Formatted Load Profiles'!$D$6:$D$1992), 0))=0,\"\",INDEX('Formatted Load Profiles'!$D$6:$D$1992, MATCH(0, COUNTIF($CS$5:CS27, 'Formatted Load Profiles'!$D$6:$D$1992), 0)))","v":""},{"$f":"IF(INDEX('Formatted Load Profiles'!$E$6:$E$1992, MATCH(0, COUNTIF($CT$5:CT27,'Formatted Load Profiles'!$E$6:$E$1992), 0))=0,\"\",INDEX('Formatted Load Profiles'!$E$6:$E$1992, MATCH(0, COUNTIF($CT$5:CT27, 'Formatted Load Profiles'!$E$6:$E$1992), 0)))","v":""}]
[null,null,null,null,null,null,null,null,null,null,null,null,null,null,null,null,null,null,21,"1900-01-01",21,null,"-","-",0,"-","-","-","-","-","-","-","-","-",null,0,1,1,1,0,0,0,0,0,0,1,1,0,0,0,0,0,null,null,null,null,null,null,null,null,null,null,null,null,null,null,null,null,null,null,null,null,null,null,null,null,null,null,null,null,null,null,null,null,null,null,null,null,null,null,null,null,null,null,0,0,{"$f":"IF(INDEX('Formatted Load Profiles'!$D$6:$D$1992, MATCH(0, COUNTIF($CS$5:CS28,'Formatted Load Profiles'!$D$6:$D$1992), 0))=0,\"\",INDEX('Formatted Load Profiles'!$D$6:$D$1992, MATCH(0, COUNTIF($CS$5:CS28, 'Formatted Load Profiles'!$D$6:$D$1992), 0)))","v":""},{"$f":"IF(INDEX('Formatted Load Profiles'!$E$6:$E$1992, MATCH(0, COUNTIF($CT$5:CT28,'Formatted Load Profiles'!$E$6:$E$1992), 0))=0,\"\",INDEX('Formatted Load Profiles'!$E$6:$E$1992, MATCH(0, COUNTIF($CT$5:CT28, 'Formatted Load Profiles'!$E$6:$E$1992), 0)))","v":""}]
[null,null,null,null,null,null,null,null,null,null,null,null,null,null,null,null,null,null,22,"1900-01-01",22,null,"-","-",0,"-","-","-","-","-","-","-","-","-",null,0,1,1,1,0,0,0,0,0,0,1,1,0,0,0,0,0,null,null,null,null,null,null,null,null,null,null,null,null,null,null,null,null,null,null,null,null,null,null,null,null,null,null,null,null,null,null,null,null,null,null,null,null,null,null,null,null,null,null,0,0,{"$f":"IF(INDEX('Formatted Load Profiles'!$D$6:$D$1992, MATCH(0, COUNTIF($CS$5:CS29,'Formatted Load Profiles'!$D$6:$D$1992), 0))=0,\"\",INDEX('Formatted Load Profiles'!$D$6:$D$1992, MATCH(0, COUNTIF($CS$5:CS29, 'Formatted Load Profiles'!$D$6:$D$1992), 0)))","v":""},{"$f":"IF(INDEX('Formatted Load Profiles'!$E$6:$E$1992, MATCH(0, COUNTIF($CT$5:CT29,'Formatted Load Profiles'!$E$6:$E$1992), 0))=0,\"\",INDEX('Formatted Load Profiles'!$E$6:$E$1992, MATCH(0, COUNTIF($CT$5:CT29, 'Formatted Load Profiles'!$E$6:$E$1992), 0)))","v":""}]
[null,null,null,null,null,null,null,null,null,null,null,null,null,null,null,null,null,null,23,"1900-01-01",23,null,"-","-",0,"-","-","-","-","-","-","-","-","-",null,0,1,1,1,0,0,0,0,0,0,0,0,1,0,0,0,0,null,null,null,null,null,null,null,null,null,null,null,null,null,null,null,null,null,null,null,null,null,null,null,null,null,null,null,null,null,null,null,null,null,null,null,null,null,null,null,null,null,null,0,0,{"$f":"IF(INDEX('Formatted Load Profiles'!$D$6:$D$1992, MATCH(0, COUNTIF($CS$5:CS30,'Formatted Load Profiles'!$D$6:$D$1992), 0))=0,\"\",INDEX('Formatted Load Profiles'!$D$6:$D$1992, MATCH(0, COUNTIF($CS$5:CS30, 'Formatted Load Profiles'!$D$6:$D$1992), 0)))","v":""},{"$f":"IF(INDEX('Formatted Load Profiles'!$E$6:$E$1992, MATCH(0, COUNTIF($CT$5:CT30,'Formatted Load Profiles'!$E$6:$E$1992), 0))=0,\"\",INDEX('Formatted Load Profiles'!$E$6:$E$1992, MATCH(0, COUNTIF($CT$5:CT30, 'Formatted Load Profiles'!$E$6:$E$1992), 0)))","v":""}]
[null,null,null,null,null,null,null,null,null,null,null,null,null,null,null,null,null,null,24,"1900-01-01",24,null,"-","-",0,"-","-","-","-","-","-","-","-","-",null,0,1,1,1,0,0,0,0,0,0,0,0,1,0,0,0,0,null,null,null,null,null,null,null,null,null,null,null,null,null,null,null,null,null,null,null,null,null,null,null,null,null,null,null,null,null,null,null,null,null,null,null,null,null,null,null,null,null,null,0,0,{"$f":"IF(INDEX('Formatted Load Profiles'!$D$6:$D$1992, MATCH(0, COUNTIF($CS$5:CS31,'Formatted Load Profiles'!$D$6:$D$1992), 0))=0,\"\",INDEX('Formatted Load Profiles'!$D$6:$D$1992, MATCH(0, COUNTIF($CS$5:CS31, 'Formatted Load Profiles'!$D$6:$D$1992), 0)))","v":""},{"$f":"IF(INDEX('Formatted Load Profiles'!$E$6:$E$1992, MATCH(0, COUNTIF($CT$5:CT31,'Formatted Load Profiles'!$E$6:$E$1992), 0))=0,\"\",INDEX('Formatted Load Profiles'!$E$6:$E$1992, MATCH(0, COUNTIF($CT$5:CT31, 'Formatted Load Profiles'!$E$6:$E$1992), 0)))","v":""}]
[null,null,null,null,null,null,null,null,null,null,null,null,null,null,null,null,null,null,25,"1900-01-02",1,null,"-","-",0,"-","-","-","-","-","-","-","-","-",null,0,0,1,1,0,0,1,0,0,0,0,0,0,0,0,0,0,null,null,null,null,null,null,null,null,null,null,null,null,null,null,null,null,null,null,null,null,null,null,null,null,null,null,null,null,null,null,null,null,null,null,null,null,null,null,null,null,null,null,0,0,{"$f":"IF(INDEX('Formatted Load Profiles'!$D$6:$D$1992, MATCH(0, COUNTIF($CS$5:CS32,'Formatted Load Profiles'!$D$6:$D$1992), 0))=0,\"\",INDEX('Formatted Load Profiles'!$D$6:$D$1992, MATCH(0, COUNTIF($CS$5:CS32, 'Formatted Load Profiles'!$D$6:$D$1992), 0)))","v":""},{"$f":"IF(INDEX('Formatted Load Profiles'!$E$6:$E$1992, MATCH(0, COUNTIF($CT$5:CT32,'Formatted Load Profiles'!$E$6:$E$1992), 0))=0,\"\",INDEX('Formatted Load Profiles'!$E$6:$E$1992, MATCH(0, COUNTIF($CT$5:CT32, 'Formatted Load Profiles'!$E$6:$E$1992), 0)))","v":""}]
[null,null,null,null,null,null,null,null,null,null,null,null,null,null,null,null,null,null,26,"1900-01-02",2,null,"-","-",0,"-","-","-","-","-","-","-","-","-",null,0,0,1,1,0,0,1,0,0,0,0,0,0,0,0,0,0,null,null,null,null,null,null,null,null,null,null,null,null,null,null,null,null,null,null,null,null,null,null,null,null,null,null,null,null,null,null,null,null,null,null,null,null,null,null,null,null,null,null,0,0,{"$f":"IF(INDEX('Formatted Load Profiles'!$D$6:$D$1992, MATCH(0, COUNTIF($CS$5:CS33,'Formatted Load Profiles'!$D$6:$D$1992), 0))=0,\"\",INDEX('Formatted Load Profiles'!$D$6:$D$1992, MATCH(0, COUNTIF($CS$5:CS33, 'Formatted Load Profiles'!$D$6:$D$1992), 0)))","v":""},{"$f":"IF(INDEX('Formatted Load Profiles'!$E$6:$E$1992, MATCH(0, COUNTIF($CT$5:CT33,'Formatted Load Profiles'!$E$6:$E$1992), 0))=0,\"\",INDEX('Formatted Load Profiles'!$E$6:$E$1992, MATCH(0, COUNTIF($CT$5:CT33, 'Formatted Load Profiles'!$E$6:$E$1992), 0)))","v":""}]
[null,null,null,null,null,null,null,null,null,null,null,null,null,null,null,null,null,null,27,"1900-01-02",3,null,"-","-",0,"-","-","-","-","-","-","-","-","-",null,0,0,1,1,0,0,1,0,0,0,0,0,0,0,0,0,0,null,null,null,null,null,null,null,null,null,null,null,null,null,null,null,null,null,null,null,null,null,null,null,null,null,null,null,null,null,null,null,null,null,null,null,null,null,null,null,null,null,null,0,0,{"$f":"IF(INDEX('Formatted Load Profiles'!$D$6:$D$1992, MATCH(0, COUNTIF($CS$5:CS34,'Formatted Load Profiles'!$D$6:$D$1992), 0))=0,\"\",INDEX('Formatted Load Profiles'!$D$6:$D$1992, MATCH(0, COUNTIF($CS$5:CS34, 'Formatted Load Profiles'!$D$6:$D$1992), 0)))","v":""},{"$f":"IF(INDEX('Formatted Load Profiles'!$E$6:$E$1992, MATCH(0, COUNTIF($CT$5:CT34,'Formatted Load Profiles'!$E$6:$E$1992), 0))=0,\"\",INDEX('Formatted Load Profiles'!$E$6:$E$1992, MATCH(0, COUNTIF($CT$5:CT34, 'Formatted Load Profiles'!$E$6:$E$1992), 0)))","v":""}]
[null,null,null,null,null,null,null,null,null,null,null,null,null,null,null,null,null,null,28,"1900-01-02",4,null,"-","-",0,"-","-","-","-","-","-","-","-","-",null,0,0,1,1,0,0,1,0,0,0,0,0,0,0,0,0,0,null,null,null,null,null,null,null,null,null,null,null,null,null,null,null,null,null,null,null,null,null,null,null,null,null,null,null,null,null,null,null,null,null,null,null,null,null,null,null,null,null,null,0,0,{"$f":"IF(INDEX('Formatted Load Profiles'!$D$6:$D$1992, MATCH(0, COUNTIF($CS$5:CS35,'Formatted Load Profiles'!$D$6:$D$1992), 0))=0,\"\",INDEX('Formatted Load Profiles'!$D$6:$D$1992, MATCH(0, COUNTIF($CS$5:CS35, 'Formatted Load Profiles'!$D$6:$D$1992), 0)))","v":""},{"$f":"IF(INDEX('Formatted Load Profiles'!$E$6:$E$1992, MATCH(0, COUNTIF($CT$5:CT35,'Formatted Load Profiles'!$E$6:$E$1992), 0))=0,\"\",INDEX('Formatted Load Profiles'!$E$6:$E$1992, MATCH(0, COUNTIF($CT$5:CT35, 'Formatted Load Profiles'!$E$6:$E$1992), 0)))","v":""}]
[null,null,null,null,null,null,null,null,null,null,null,null,null,null,null,null,null,null,29,"1900-01-02",5,null,"-","-",0,"-","-","-","-","-","-","-","-","-",null,0,0,1,1,0,0,1,0,0,0,0,0,0,0,0,0,0,null,null,null,null,null,null,null,null,null,null,null,null,null,null,null,null,null,null,null,null,null,null,null,null,null,null,null,null,null,null,null,null,null,null,null,null,null,null,null,null,null,null,0,0,{"$f":"IF(INDEX('Formatted Load Profiles'!$D$6:$D$1992, MATCH(0, COUNTIF($CS$5:CS36,'Formatted Load Profiles'!$D$6:$D$1992), 0))=0,\"\",INDEX('Formatted Load Profiles'!$D$6:$D$1992, MATCH(0, COUNTIF($CS$5:CS36, 'Formatted Load Profiles'!$D$6:$D$1992), 0)))","v":""},{"$f":"IF(INDEX('Formatted Load Profiles'!$E$6:$E$1992, MATCH(0, COUNTIF($CT$5:CT36,'Formatted Load Profiles'!$E$6:$E$1992), 0))=0,\"\",INDEX('Formatted Load Profiles'!$E$6:$E$1992, MATCH(0, COUNTIF($CT$5:CT36, 'Formatted Load Profiles'!$E$6:$E$1992), 0)))","v":""}]
[null,null,null,null,null,null,null,null,null,null,null,null,null,null,null,null,null,null,30,"1900-01-02",6,null,"-","-",0,"-","-","-","-","-","-","-","-","-",null,0,0,1,1,0,0,1,0,0,0,0,0,0,0,0,0,0,null,null,null,null,null,null,null,null,null,null,null,null,null,null,null,null,null,null,null,null,null,null,null,null,null,null,null,null,null,null,null,null,null,null,null,null,null,null,null,null,null,null,0,0,{"$f":"IF(INDEX('Formatted Load Profiles'!$D$6:$D$1992, MATCH(0, COUNTIF($CS$5:CS37,'Formatted Load Profiles'!$D$6:$D$1992), 0))=0,\"\",INDEX('Formatted Load Profiles'!$D$6:$D$1992, MATCH(0, COUNTIF($CS$5:CS37, 'Formatted Load Profiles'!$D$6:$D$1992), 0)))","v":""},{"$f":"IF(INDEX('Formatted Load Profiles'!$E$6:$E$1992, MATCH(0, COUNTIF($CT$5:CT37,'Formatted Load Profiles'!$E$6:$E$1992), 0))=0,\"\",INDEX('Formatted Load Profiles'!$E$6:$E$1992, MATCH(0, COUNTIF($CT$5:CT37, 'Formatted Load Profiles'!$E$6:$E$1992), 0)))","v":""}]
[null,null,null,null,null,null,null,null,null,null,null,null,null,null,null,null,null,null,31,"1900-01-02",7,null,"-","-",0,"-","-","-","-","-","-","-","-","-",null,0,0,1,1,0,0,1,0,0,0,0,0,0,0,0,0,0,null,null,null,null,null,null,null,null,null,null,null,null,null,null,null,null,null,null,null,null,null,null,null,null,null,null,null,null,null,null,null,null,null,null,null,null,null,null,null,null,null,null,0,0,{"$f":"IF(INDEX('Formatted Load Profiles'!$D$6:$D$1992, MATCH(0, COUNTIF($CS$5:CS38,'Formatted Load Profiles'!$D$6:$D$1992), 0))=0,\"\",INDEX('Formatted Load Profiles'!$D$6:$D$1992, MATCH(0, COUNTIF($CS$5:CS38, 'Formatted Load Profiles'!$D$6:$D$1992), 0)))","v":""},{"$f":"IF(INDEX('Formatted Load Profiles'!$E$6:$E$1992, MATCH(0, COUNTIF($CT$5:CT38,'Formatted Load Profiles'!$E$6:$E$1992), 0))=0,\"\",INDEX('Formatted Load Profiles'!$E$6:$E$1992, MATCH(0, COUNTIF($CT$5:CT38, 'Formatted Load Profiles'!$E$6:$E$1992), 0)))","v":""}]
[null,null,null,null,null,null,null,null,null,null,null,null,null,null,null,null,null,null,32,"1900-01-02",8,null,0,"-","-","-","-","-","-","-","-","-","-","-",null,0,0,1,1,0,0,0,1,0,0,0,0,0,0,0,0,0,null,null,null,null,null,null,null,null,null,null,null,null,null,null,null,null,null,null,null,null,null,null,null,null,null,null,null,null,null,null,null,null,null,null,null,null,null,null,null,null,null,null,0,0,{"$f":"IF(INDEX('Formatted Load Profiles'!$D$6:$D$1992, MATCH(0, COUNTIF($CS$5:CS39,'Formatted Load Profiles'!$D$6:$D$1992), 0))=0,\"\",INDEX('Formatted Load Profiles'!$D$6:$D$1992, MATCH(0, COUNTIF($CS$5:CS39, 'Formatted Load Profiles'!$D$6:$D$1992), 0)))","v":""},{"$f":"IF(INDEX('Formatted Load Profiles'!$E$6:$E$1992, MATCH(0, COUNTIF($CT$5:CT39,'Formatted Load Profiles'!$E$6:$E$1992), 0))=0,\"\",INDEX('Formatted Load Profiles'!$E$6:$E$1992, MATCH(0, COUNTIF($CT$5:CT39, 'Formatted Load Profiles'!$E$6:$E$1992), 0)))","v":""}]
[null,null,null,null,null,null,null,null,null,null,null,null,null,null,null,null,null,null,33,"1900-01-02",9,null,0,"-","-","-","-","-","-","-","-","-","-","-",null,0,0,1,1,0,0,0,1,0,0,0,0,0,0,0,0,0,null,null,null,null,null,null,null,null,null,null,null,null,null,null,null,null,null,null,null,null,null,null,null,null,null,null,null,null,null,null,null,null,null,null,null,null,null,null,null,null,null,null,0,0,{"$f":"IF(INDEX('Formatted Load Profiles'!$D$6:$D$1992, MATCH(0, COUNTIF($CS$5:CS40,'Formatted Load Profiles'!$D$6:$D$1992), 0))=0,\"\",INDEX('Formatted Load Profiles'!$D$6:$D$1992, MATCH(0, COUNTIF($CS$5:CS40, 'Formatted Load Profiles'!$D$6:$D$1992), 0)))","v":""},{"$f":"IF(INDEX('Formatted Load Profiles'!$E$6:$E$1992, MATCH(0, COUNTIF($CT$5:CT40,'Formatted Load Profiles'!$E$6:$E$1992), 0))=0,\"\",INDEX('Formatted Load Profiles'!$E$6:$E$1992, MATCH(0, COUNTIF($CT$5:CT40, 'Formatted Load Profiles'!$E$6:$E$1992), 0)))","v":""}]
[null,null,null,null,null,null,null,null,null,null,null,null,null,null,null,null,null,null,34,"1900-01-02",10,null,0,"-","-","-","-","-","-","-","-","-","-","-",null,0,0,1,1,0,0,0,1,0,0,0,0,0,0,0,0,0,null,null,null,null,null,null,null,null,null,null,null,null,null,null,null,null,null,null,null,null,null,null,null,null,null,null,null,null,null,null,null,null,null,null,null,null,null,null,null,null,null,null,0,0,{"$f":"IF(INDEX('Formatted Load Profiles'!$D$6:$D$1992, MATCH(0, COUNTIF($CS$5:CS41,'Formatted Load Profiles'!$D$6:$D$1992), 0))=0,\"\",INDEX('Formatted Load Profiles'!$D$6:$D$1992, MATCH(0, COUNTIF($CS$5:CS41, 'Formatted Load Profiles'!$D$6:$D$1992), 0)))","v":""},{"$f":"IF(INDEX('Formatted Load Profiles'!$E$6:$E$1992, MATCH(0, COUNTIF($CT$5:CT41,'Formatted Load Profiles'!$E$6:$E$1992), 0))=0,\"\",INDEX('Formatted Load Profiles'!$E$6:$E$1992, MATCH(0, COUNTIF($CT$5:CT41, 'Formatted Load Profiles'!$E$6:$E$1992), 0)))","v":""}]
[null,null,null,null,null,null,null,null,null,null,null,null,null,null,null,null,null,null,35,"1900-01-02",11,null,0,"-","-","-","-","-","-","-","-","-","-","-",null,0,0,1,1,0,0,0,1,0,0,0,0,0,0,0,0,0,null,null,null,null,null,null,null,null,null,null,null,null,null,null,null,null,null,null,null,null,null,null,null,null,null,null,null,null,null,null,null,null,null,null,null,null,null,null,null,null,null,null,0,0,{"$f":"IF(INDEX('Formatted Load Profiles'!$D$6:$D$1992, MATCH(0, COUNTIF($CS$5:CS42,'Formatted Load Profiles'!$D$6:$D$1992), 0))=0,\"\",INDEX('Formatted Load Profiles'!$D$6:$D$1992, MATCH(0, COUNTIF($CS$5:CS42, 'Formatted Load Profiles'!$D$6:$D$1992), 0)))","v":""},{"$f":"IF(INDEX('Formatted Load Profiles'!$E$6:$E$1992, MATCH(0, COUNTIF($CT$5:CT42,'Formatted Load Profiles'!$E$6:$E$1992), 0))=0,\"\",INDEX('Formatted Load Profiles'!$E$6:$E$1992, MATCH(0, COUNTIF($CT$5:CT42, 'Formatted Load Profiles'!$E$6:$E$1992), 0)))","v":""}]
[null,null,null,null,null,null,null,null,null,null,null,null,null,null,null,null,null,null,36,"1900-01-02",12,null,"-",0,"-","-","-","-","-","-","-","-","-","-",null,0,0,1,1,0,0,0,0,1,0,0,0,0,0,0,0,0,null,null,null,null,null,null,null,null,null,null,null,null,null,null,null,null,null,null,null,null,null,null,null,null,null,null,null,null,null,null,null,null,null,null,null,null,null,null,null,null,null,null,0,0,{"$f":"IF(INDEX('Formatted Load Profiles'!$D$6:$D$1992, MATCH(0, COUNTIF($CS$5:CS43,'Formatted Load Profiles'!$D$6:$D$1992), 0))=0,\"\",INDEX('Formatted Load Profiles'!$D$6:$D$1992, MATCH(0, COUNTIF($CS$5:CS43, 'Formatted Load Profiles'!$D$6:$D$1992), 0)))","v":""},{"$f":"IF(INDEX('Formatted Load Profiles'!$E$6:$E$1992, MATCH(0, COUNTIF($CT$5:CT43,'Formatted Load Profiles'!$E$6:$E$1992), 0))=0,\"\",INDEX('Formatted Load Profiles'!$E$6:$E$1992, MATCH(0, COUNTIF($CT$5:CT43, 'Formatted Load Profiles'!$E$6:$E$1992), 0)))","v":""}]
[null,null,null,null,null,null,null,null,null,null,null,null,null,null,null,null,null,null,37,"1900-01-02",13,null,"-",0,"-","-","-","-","-","-","-","-","-","-",null,0,0,1,1,0,0,0,0,1,0,0,0,0,0,0,0,0,null,null,null,null,null,null,null,null,null,null,null,null,null,null,null,null,null,null,null,null,null,null,null,null,null,null,null,null,null,null,null,null,null,null,null,null,null,null,null,null,null,null,0,0,{"$f":"IF(INDEX('Formatted Load Profiles'!$D$6:$D$1992, MATCH(0, COUNTIF($CS$5:CS44,'Formatted Load Profiles'!$D$6:$D$1992), 0))=0,\"\",INDEX('Formatted Load Profiles'!$D$6:$D$1992, MATCH(0, COUNTIF($CS$5:CS44, 'Formatted Load Profiles'!$D$6:$D$1992), 0)))","v":""},{"$f":"IF(INDEX('Formatted Load Profiles'!$E$6:$E$1992, MATCH(0, COUNTIF($CT$5:CT44,'Formatted Load Profiles'!$E$6:$E$1992), 0))=0,\"\",INDEX('Formatted Load Profiles'!$E$6:$E$1992, MATCH(0, COUNTIF($CT$5:CT44, 'Formatted Load Profiles'!$E$6:$E$1992), 0)))","v":""}]
[null,null,null,null,null,null,null,null,null,null,null,null,null,null,null,null,null,null,38,"1900-01-02",14,null,"-",0,"-","-","-","-","-","-","-","-","-","-",null,0,0,1,1,0,0,0,0,1,0,0,0,0,0,0,0,0,null,null,null,null,null,null,null,null,null,null,null,null,null,null,null,null,null,null,null,null,null,null,null,null,null,null,null,null,null,null,null,null,null,null,null,null,null,null,null,null,null,null,0,0,{"$f":"IF(INDEX('Formatted Load Profiles'!$D$6:$D$1992, MATCH(0, COUNTIF($CS$5:CS45,'Formatted Load Profiles'!$D$6:$D$1992), 0))=0,\"\",INDEX('Formatted Load Profiles'!$D$6:$D$1992, MATCH(0, COUNTIF($CS$5:CS45, 'Formatted Load Profiles'!$D$6:$D$1992), 0)))","v":""},{"$f":"IF(INDEX('Formatted Load Profiles'!$E$6:$E$1992, MATCH(0, COUNTIF($CT$5:CT45,'Formatted Load Profiles'!$E$6:$E$1992), 0))=0,\"\",INDEX('Formatted Load Profiles'!$E$6:$E$1992, MATCH(0, COUNTIF($CT$5:CT45, 'Formatted Load Profiles'!$E$6:$E$1992), 0)))","v":""}]
[null,null,null,null,null,null,null,null,null,null,null,null,null,null,null,null,null,null,39,"1900-01-02",15,null,"-",0,"-","-","-","-","-","-","-","-","-","-",null,0,0,1,1,0,0,0,0,1,0,0,0,0,0,0,0,0,null,null,null,null,null,null,null,null,null,null,null,null,null,null,null,null,null,null,null,null,null,null,null,null,null,null,null,null,null,null,null,null,null,null,null,null,null,null,null,null,null,null,0,0,{"$f":"IF(INDEX('Formatted Load Profiles'!$D$6:$D$1992, MATCH(0, COUNTIF($CS$5:CS46,'Formatted Load Profiles'!$D$6:$D$1992), 0))=0,\"\",INDEX('Formatted Load Profiles'!$D$6:$D$1992, MATCH(0, COUNTIF($CS$5:CS46, 'Formatted Load Profiles'!$D$6:$D$1992), 0)))","v":""},{"$f":"IF(INDEX('Formatted Load Profiles'!$E$6:$E$1992, MATCH(0, COUNTIF($CT$5:CT46,'Formatted Load Profiles'!$E$6:$E$1992), 0))=0,\"\",INDEX('Formatted Load Profiles'!$E$6:$E$1992, MATCH(0, COUNTIF($CT$5:CT46, 'Formatted Load Profiles'!$E$6:$E$1992), 0)))","v":""}]
[null,null,null,null,null,null,null,null,null,null,null,null,null,null,null,null,null,null,40,"1900-01-02",16,null,"-",0,"-","-","-","-","-","-","-","-","-","-",null,0,0,1,1,0,0,0,0,1,0,0,0,0,0,0,0,0,null,null,null,null,null,null,null,null,null,null,null,null,null,null,null,null,null,null,null,null,null,null,null,null,null,null,null,null,null,null,null,null,null,null,null,null,null,null,null,null,null,null,0,0,{"$f":"IF(INDEX('Formatted Load Profiles'!$D$6:$D$1992, MATCH(0, COUNTIF($CS$5:CS47,'Formatted Load Profiles'!$D$6:$D$1992), 0))=0,\"\",INDEX('Formatted Load Profiles'!$D$6:$D$1992, MATCH(0, COUNTIF($CS$5:CS47, 'Formatted Load Profiles'!$D$6:$D$1992), 0)))","v":""},{"$f":"IF(INDEX('Formatted Load Profiles'!$E$6:$E$1992, MATCH(0, COUNTIF($CT$5:CT47,'Formatted Load Profiles'!$E$6:$E$1992), 0))=0,\"\",INDEX('Formatted Load Profiles'!$E$6:$E$1992, MATCH(0, COUNTIF($CT$5:CT47, 'Formatted Load Profiles'!$E$6:$E$1992), 0)))","v":""}]
[null,null,null,null,null,null,null,null,null,null,null,null,null,null,null,null,null,null,41,"1900-01-02",17,null,"-",0,"-","-","-","-","-","-","-","-","-","-",null,0,0,1,1,0,0,0,0,1,0,0,0,0,0,0,0,0,null,null,null,null,null,null,null,null,null,null,null,null,null,null,null,null,null,null,null,null,null,null,null,null,null,null,null,null,null,null,null,null,null,null,null,null,null,null,null,null,null,null,0,0,{"$f":"IF(INDEX('Formatted Load Profiles'!$D$6:$D$1992, MATCH(0, COUNTIF($CS$5:CS48,'Formatted Load Profiles'!$D$6:$D$1992), 0))=0,\"\",INDEX('Formatted Load Profiles'!$D$6:$D$1992, MATCH(0, COUNTIF($CS$5:CS48, 'Formatted Load Profiles'!$D$6:$D$1992), 0)))","v":""},{"$f":"IF(INDEX('Formatted Load Profiles'!$E$6:$E$1992, MATCH(0, COUNTIF($CT$5:CT48,'Formatted Load Profiles'!$E$6:$E$1992), 0))=0,\"\",INDEX('Formatted Load Profiles'!$E$6:$E$1992, MATCH(0, COUNTIF($CT$5:CT48, 'Formatted Load Profiles'!$E$6:$E$1992), 0)))","v":""}]
[null,null,null,null,null,null,null,null,null,null,null,null,null,null,null,null,null,null,42,"1900-01-02",18,null,0,"-","-","-","-","-","-","-","-","-","-","-",null,0,0,1,1,0,0,0,0,0,1,0,1,0,0,0,0,0,null,null,null,null,null,null,null,null,null,null,null,null,null,null,null,null,null,null,null,null,null,null,null,null,null,null,null,null,null,null,null,null,null,null,null,null,null,null,null,null,null,null,0,0,{"$f":"IF(INDEX('Formatted Load Profiles'!$D$6:$D$1992, MATCH(0, COUNTIF($CS$5:CS49,'Formatted Load Profiles'!$D$6:$D$1992), 0))=0,\"\",INDEX('Formatted Load Profiles'!$D$6:$D$1992, MATCH(0, COUNTIF($CS$5:CS49, 'Formatted Load Profiles'!$D$6:$D$1992), 0)))","v":""},{"$f":"IF(INDEX('Formatted Load Profiles'!$E$6:$E$1992, MATCH(0, COUNTIF($CT$5:CT49,'Formatted Load Profiles'!$E$6:$E$1992), 0))=0,\"\",INDEX('Formatted Load Profiles'!$E$6:$E$1992, MATCH(0, COUNTIF($CT$5:CT49, 'Formatted Load Profiles'!$E$6:$E$1992), 0)))","v":""}]
[null,null,null,null,null,null,null,null,null,null,null,null,null,null,null,null,null,null,43,"1900-01-02",19,null,0,"-","-","-","-","-","-","-","-","-","-","-",null,0,0,1,1,0,0,0,0,0,1,0,1,0,0,1,0,0.65,null,null,null,null,null,null,null,null,null,null,null,null,null,null,null,null,null,null,null,null,null,null,null,null,null,null,null,null,null,null,null,null,null,null,null,null,null,null,null,null,null,null,0,0,{"$f":"IF(INDEX('Formatted Load Profiles'!$D$6:$D$1992, MATCH(0, COUNTIF($CS$5:CS50,'Formatted Load Profiles'!$D$6:$D$1992), 0))=0,\"\",INDEX('Formatted Load Profiles'!$D$6:$D$1992, MATCH(0, COUNTIF($CS$5:CS50, 'Formatted Load Profiles'!$D$6:$D$1992), 0)))","v":""},{"$f":"IF(INDEX('Formatted Load Profiles'!$E$6:$E$1992, MATCH(0, COUNTIF($CT$5:CT50,'Formatted Load Profiles'!$E$6:$E$1992), 0))=0,\"\",INDEX('Formatted Load Profiles'!$E$6:$E$1992, MATCH(0, COUNTIF($CT$5:CT50, 'Formatted Load Profiles'!$E$6:$E$1992), 0)))","v":""}]
[null,null,null,null,null,null,null,null,null,null,null,null,null,null,null,null,null,null,44,"1900-01-02",20,null,0,"-","-","-","-","-","-","-","-","-","-","-",null,0,0,1,1,0,0,0,0,0,1,0,1,0,0,1,0,0.65,null,null,null,null,null,null,null,null,null,null,null,null,null,null,null,null,null,null,null,null,null,null,null,null,null,null,null,null,null,null,null,null,null,null,null,null,null,null,null,null,null,null,0,0,{"$f":"IF(INDEX('Formatted Load Profiles'!$D$6:$D$1992, MATCH(0, COUNTIF($CS$5:CS51,'Formatted Load Profiles'!$D$6:$D$1992), 0))=0,\"\",INDEX('Formatted Load Profiles'!$D$6:$D$1992, MATCH(0, COUNTIF($CS$5:CS51, 'Formatted Load Profiles'!$D$6:$D$1992), 0)))","v":""},{"$f":"IF(INDEX('Formatted Load Profiles'!$E$6:$E$1992, MATCH(0, COUNTIF($CT$5:CT51,'Formatted Load Profiles'!$E$6:$E$1992), 0))=0,\"\",INDEX('Formatted Load Profiles'!$E$6:$E$1992, MATCH(0, COUNTIF($CT$5:CT51, 'Formatted Load Profiles'!$E$6:$E$1992), 0)))","v":""}]
[null,null,null,null,null,null,null,null,null,null,null,null,null,null,null,null,null,null,45,"1900-01-02",21,null,"-",0,"-","-","-","-","-","-","-","-","-","-",null,0,0,1,1,0,0,0,0,0,0,1,1,0,0,0,0,0,null,null,null,null,null,null,null,null,null,null,null,null,null,null,null,null,null,null,null,null,null,null,null,null,null,null,null,null,null,null,null,null,null,null,null,null,null,null,null,null,null,null,0,0,{"$f":"IF(INDEX('Formatted Load Profiles'!$D$6:$D$1992, MATCH(0, COUNTIF($CS$5:CS52,'Formatted Load Profiles'!$D$6:$D$1992), 0))=0,\"\",INDEX('Formatted Load Profiles'!$D$6:$D$1992, MATCH(0, COUNTIF($CS$5:CS52, 'Formatted Load Profiles'!$D$6:$D$1992), 0)))","v":""},{"$f":"IF(INDEX('Formatted Load Profiles'!$E$6:$E$1992, MATCH(0, COUNTIF($CT$5:CT52,'Formatted Load Profiles'!$E$6:$E$1992), 0))=0,\"\",INDEX('Formatted Load Profiles'!$E$6:$E$1992, MATCH(0, COUNTIF($CT$5:CT52, 'Formatted Load Profiles'!$E$6:$E$1992), 0)))","v":""}]
[null,null,null,null,null,null,null,null,null,null,null,null,null,null,null,null,null,null,46,"1900-01-02",22,null,"-",0,"-","-","-","-","-","-","-","-","-","-",null,0,0,1,1,0,0,0,0,0,0,1,1,0,0,0,0,0,null,null,null,null,null,null,null,null,null,null,null,null,null,null,null,null,null,null,null,null,null,null,null,null,null,null,null,null,null,null,null,null,null,null,null,null,null,null,null,null,null,null,0,0,{"$f":"IF(INDEX('Formatted Load Profiles'!$D$6:$D$1992, MATCH(0, COUNTIF($CS$5:CS53,'Formatted Load Profiles'!$D$6:$D$1992), 0))=0,\"\",INDEX('Formatted Load Profiles'!$D$6:$D$1992, MATCH(0, COUNTIF($CS$5:CS53, 'Formatted Load Profiles'!$D$6:$D$1992), 0)))","v":""},{"$f":"IF(INDEX('Formatted Load Profiles'!$E$6:$E$1992, MATCH(0, COUNTIF($CT$5:CT53,'Formatted Load Profiles'!$E$6:$E$1992), 0))=0,\"\",INDEX('Formatted Load Profiles'!$E$6:$E$1992, MATCH(0, COUNTIF($CT$5:CT53, 'Formatted Load Profiles'!$E$6:$E$1992), 0)))","v":""}]
[null,null,null,null,null,null,null,null,null,null,null,null,null,null,null,null,null,null,47,"1900-01-02",23,null,"-","-",0,"-","-","-","-","-","-","-","-","-",null,0,0,1,1,0,0,0,0,0,0,0,0,1,0,0,0,0,null,null,null,null,null,null,null,null,null,null,null,null,null,null,null,null,null,null,null,null,null,null,null,null,null,null,null,null,null,null,null,null,null,null,null,null,null,null,null,null,null,null,0,0,{"$f":"IF(INDEX('Formatted Load Profiles'!$D$6:$D$1992, MATCH(0, COUNTIF($CS$5:CS54,'Formatted Load Profiles'!$D$6:$D$1992), 0))=0,\"\",INDEX('Formatted Load Profiles'!$D$6:$D$1992, MATCH(0, COUNTIF($CS$5:CS54, 'Formatted Load Profiles'!$D$6:$D$1992), 0)))","v":""},{"$f":"IF(INDEX('Formatted Load Profiles'!$E$6:$E$1992, MATCH(0, COUNTIF($CT$5:CT54,'Formatted Load Profiles'!$E$6:$E$1992), 0))=0,\"\",INDEX('Formatted Load Profiles'!$E$6:$E$1992, MATCH(0, COUNTIF($CT$5:CT54, 'Formatted Load Profiles'!$E$6:$E$1992), 0)))","v":""}]
[null,null,null,null,null,null,null,null,null,null,null,null,null,null,null,null,null,null,48,"1900-01-02",24,null,"-","-",0,"-","-","-","-","-","-","-","-","-",null,0,0,1,1,0,0,0,0,0,0,0,0,1,0,0,0,0,null,null,null,null,null,null,null,null,null,null,null,null,null,null,null,null,null,null,null,null,null,null,null,null,null,null,null,null,null,null,null,null,null,null,null,null,null,null,null,null,null,null,{"$f":"IF(CS56=\"\",0,1)","v":0},{"$f":"IF(CT56=\"\",0,1)","v":0},{"$f":"IF(INDEX('Formatted Load Profiles'!$D$6:$D$1992, MATCH(0, COUNTIF($CS$5:CS55,'Formatted Load Profiles'!$D$6:$D$1992), 0))=0,\"\",INDEX('Formatted Load Profiles'!$D$6:$D$1992, MATCH(0, COUNTIF($CS$5:CS55, 'Formatted Load Profiles'!$D$6:$D$1992), 0)))","v":""},{"$f":"IF(INDEX('Formatted Load Profiles'!$E$6:$E$1992, MATCH(0, COUNTIF($CT$5:CT55,'Formatted Load Profiles'!$E$6:$E$1992), 0))=0,\"\",INDEX('Formatted Load Profiles'!$E$6:$E$1992, MATCH(0, COUNTIF($CT$5:CT55, 'Formatted Load Profiles'!$E$6:$E$1992), 0)))","v":""}]
[null,null,null,null,null,null,null,null,null,null,null,null,null,null,null,null,null,null,49,"1900-01-03",1,null,"-","-",0,"-","-","-","-","-","-","-","-","-",null,0,0,1,1,0,0,1,0,0,0,0,0,0,0,0,0,0,null,null,null,null,null,null,null,null,null,null,null,null,null,null,null,null,null,null,null,null,null,null,null,null,null,null,null,null,null,null,null,null,null,null,null,null,null,null,null,null,null,null,0,0,{"$f":"IF(INDEX('Formatted Load Profiles'!$D$6:$D$1992, MATCH(0, COUNTIF($CS$5:CS56,'Formatted Load Profiles'!$D$6:$D$1992), 0))=0,\"\",INDEX('Formatted Load Profiles'!$D$6:$D$1992, MATCH(0, COUNTIF($CS$5:CS56, 'Formatted Load Profiles'!$D$6:$D$1992), 0)))","v":""},{"$f":"IF(INDEX('Formatted Load Profiles'!$E$6:$E$1992, MATCH(0, COUNTIF($CT$5:CT56,'Formatted Load Profiles'!$E$6:$E$1992), 0))=0,\"\",INDEX('Formatted Load Profiles'!$E$6:$E$1992, MATCH(0, COUNTIF($CT$5:CT56, 'Formatted Load Profiles'!$E$6:$E$1992), 0)))","v":""}]
[null,null,null,null,null,null,null,null,null,null,null,null,null,null,null,null,null,null,50,"1900-01-03",2,null,"-","-",0,"-","-","-","-","-","-","-","-","-",null,0,0,1,1,0,0,1,0,0,0,0,0,0,0,0,0,0,null,null,null,null,null,null,null,null,null,null,null,null,null,null,null,null,null,null,null,null,null,null,null,null,null,null,null,null,null,null,null,null,null,null,null,null,null,null,null,null,null,null,0,0,{"$f":"IF(INDEX('Formatted Load Profiles'!$D$6:$D$1992, MATCH(0, COUNTIF($CS$5:CS57,'Formatted Load Profiles'!$D$6:$D$1992), 0))=0,\"\",INDEX('Formatted Load Profiles'!$D$6:$D$1992, MATCH(0, COUNTIF($CS$5:CS57, 'Formatted Load Profiles'!$D$6:$D$1992), 0)))","v":""},{"$f":"IF(INDEX('Formatted Load Profiles'!$E$6:$E$1992, MATCH(0, COUNTIF($CT$5:CT57,'Formatted Load Profiles'!$E$6:$E$1992), 0))=0,\"\",INDEX('Formatted Load Profiles'!$E$6:$E$1992, MATCH(0, COUNTIF($CT$5:CT57, 'Formatted Load Profiles'!$E$6:$E$1992), 0)))","v":""}]
[null,null,null,null,null,null,null,null,null,null,null,null,null,null,null,null,null,null,51,"1900-01-03",3,null,"-","-",0,"-","-","-","-","-","-","-","-","-",null,0,0,1,1,0,0,1,0,0,0,0,0,0,0,0,0,0,null,null,null,null,null,null,null,null,null,null,null,null,null,null,null,null,null,null,null,null,null,null,null,null,null,null,null,null,null,null,null,null,null,null,null,null,null,null,null,null,null,null,0,0,{"$f":"IF(INDEX('Formatted Load Profiles'!$D$6:$D$1992, MATCH(0, COUNTIF($CS$5:CS58,'Formatted Load Profiles'!$D$6:$D$1992), 0))=0,\"\",INDEX('Formatted Load Profiles'!$D$6:$D$1992, MATCH(0, COUNTIF($CS$5:CS58, 'Formatted Load Profiles'!$D$6:$D$1992), 0)))","v":""},{"$f":"IF(INDEX('Formatted Load Profiles'!$E$6:$E$1992, MATCH(0, COUNTIF($CT$5:CT58,'Formatted Load Profiles'!$E$6:$E$1992), 0))=0,\"\",INDEX('Formatted Load Profiles'!$E$6:$E$1992, MATCH(0, COUNTIF($CT$5:CT58, 'Formatted Load Profiles'!$E$6:$E$1992), 0)))","v":""}]
[null,null,null,null,null,null,null,null,null,null,null,null,null,null,null,null,null,null,52,"1900-01-03",4,null,"-","-",0,"-","-","-","-","-","-","-","-","-",null,0,0,1,1,0,0,1,0,0,0,0,0,0,0,0,0,0,null,null,null,null,null,null,null,null,null,null,null,null,null,null,null,null,null,null,null,null,null,null,null,null,null,null,null,null,null,null,null,null,null,null,null,null,null,null,null,null,null,null,0,0,{"$f":"IF(INDEX('Formatted Load Profiles'!$D$6:$D$1992, MATCH(0, COUNTIF($CS$5:CS59,'Formatted Load Profiles'!$D$6:$D$1992), 0))=0,\"\",INDEX('Formatted Load Profiles'!$D$6:$D$1992, MATCH(0, COUNTIF($CS$5:CS59, 'Formatted Load Profiles'!$D$6:$D$1992), 0)))","v":""},{"$f":"IF(INDEX('Formatted Load Profiles'!$E$6:$E$1992, MATCH(0, COUNTIF($CT$5:CT59,'Formatted Load Profiles'!$E$6:$E$1992), 0))=0,\"\",INDEX('Formatted Load Profiles'!$E$6:$E$1992, MATCH(0, COUNTIF($CT$5:CT59, 'Formatted Load Profiles'!$E$6:$E$1992), 0)))","v":""}]
[null,null,null,null,null,null,null,null,null,null,null,null,null,null,null,null,null,null,53,"1900-01-03",5,null,"-","-",0,"-","-","-","-","-","-","-","-","-",null,0,0,1,1,0,0,1,0,0,0,0,0,0,0,0,0,0,null,null,null,null,null,null,null,null,null,null,null,null,null,null,null,null,null,null,null,null,null,null,null,null,null,null,null,null,null,null,null,null,null,null,null,null,null,null,null,null,null,null,0,0,{"$f":"IF(INDEX('Formatted Load Profiles'!$D$6:$D$1992, MATCH(0, COUNTIF($CS$5:CS60,'Formatted Load Profiles'!$D$6:$D$1992), 0))=0,\"\",INDEX('Formatted Load Profiles'!$D$6:$D$1992, MATCH(0, COUNTIF($CS$5:CS60, 'Formatted Load Profiles'!$D$6:$D$1992), 0)))","v":""},{"$f":"IF(INDEX('Formatted Load Profiles'!$E$6:$E$1992, MATCH(0, COUNTIF($CT$5:CT60,'Formatted Load Profiles'!$E$6:$E$1992), 0))=0,\"\",INDEX('Formatted Load Profiles'!$E$6:$E$1992, MATCH(0, COUNTIF($CT$5:CT60, 'Formatted Load Profiles'!$E$6:$E$1992), 0)))","v":""}]
[null,null,null,null,null,null,null,null,null,null,null,null,null,null,null,null,null,null,54,"1900-01-03",6,null,"-","-",0,"-","-","-","-","-","-","-","-","-",null,0,0,1,1,0,0,1,0,0,0,0,0,0,0,0,0,0,null,null,null,null,null,null,null,null,null,null,null,null,null,null,null,null,null,null,null,null,null,null,null,null,null,null,null,null,null,null,null,null,null,null,null,null,null,null,null,null,null,null,0,0,{"$f":"IF(INDEX('Formatted Load Profiles'!$D$6:$D$1992, MATCH(0, COUNTIF($CS$5:CS61,'Formatted Load Profiles'!$D$6:$D$1992), 0))=0,\"\",INDEX('Formatted Load Profiles'!$D$6:$D$1992, MATCH(0, COUNTIF($CS$5:CS61, 'Formatted Load Profiles'!$D$6:$D$1992), 0)))","v":""},{"$f":"IF(INDEX('Formatted Load Profiles'!$E$6:$E$1992, MATCH(0, COUNTIF($CT$5:CT61,'Formatted Load Profiles'!$E$6:$E$1992), 0))=0,\"\",INDEX('Formatted Load Profiles'!$E$6:$E$1992, MATCH(0, COUNTIF($CT$5:CT61, 'Formatted Load Profiles'!$E$6:$E$1992), 0)))","v":""}]
[null,null,null,null,null,null,null,null,null,null,null,null,null,null,null,null,null,null,55,"1900-01-03",7,null,"-","-",0,"-","-","-","-","-","-","-","-","-",null,0,0,1,1,0,0,1,0,0,0,0,0,0,0,0,0,0,null,null,null,null,null,null,null,null,null,null,null,null,null,null,null,null,null,null,null,null,null,null,null,null,null,null,null,null,null,null,null,null,null,null,null,null,null,null,null,null,null,null,0,0,{"$f":"IF(INDEX('Formatted Load Profiles'!$D$6:$D$1992, MATCH(0, COUNTIF($CS$5:CS62,'Formatted Load Profiles'!$D$6:$D$1992), 0))=0,\"\",INDEX('Formatted Load Profiles'!$D$6:$D$1992, MATCH(0, COUNTIF($CS$5:CS62, 'Formatted Load Profiles'!$D$6:$D$1992), 0)))","v":""},{"$f":"IF(INDEX('Formatted Load Profiles'!$E$6:$E$1992, MATCH(0, COUNTIF($CT$5:CT62,'Formatted Load Profiles'!$E$6:$E$1992), 0))=0,\"\",INDEX('Formatted Load Profiles'!$E$6:$E$1992, MATCH(0, COUNTIF($CT$5:CT62, 'Formatted Load Profiles'!$E$6:$E$1992), 0)))","v":""}]
[null,null,null,null,null,null,null,null,null,null,null,null,null,null,null,null,null,null,56,"1900-01-03",8,null,0,"-","-","-","-","-","-","-","-","-","-","-",null,0,0,1,1,0,0,0,1,0,0,0,0,0,0,0,0,0,null,null,null,null,null,null,null,null,null,null,null,null,null,null,null,null,null,null,null,null,null,null,null,null,null,null,null,null,null,null,null,null,null,null,null,null,null,null,null,null,null,null,0,0,{"$f":"IF(INDEX('Formatted Load Profiles'!$D$6:$D$1992, MATCH(0, COUNTIF($CS$5:CS63,'Formatted Load Profiles'!$D$6:$D$1992), 0))=0,\"\",INDEX('Formatted Load Profiles'!$D$6:$D$1992, MATCH(0, COUNTIF($CS$5:CS63, 'Formatted Load Profiles'!$D$6:$D$1992), 0)))","v":""},{"$f":"IF(INDEX('Formatted Load Profiles'!$E$6:$E$1992, MATCH(0, COUNTIF($CT$5:CT63,'Formatted Load Profiles'!$E$6:$E$1992), 0))=0,\"\",INDEX('Formatted Load Profiles'!$E$6:$E$1992, MATCH(0, COUNTIF($CT$5:CT63, 'Formatted Load Profiles'!$E$6:$E$1992), 0)))","v":""}]
[null,null,null,null,null,null,null,null,null,null,null,null,null,null,null,null,null,null,57,"1900-01-03",9,null,0,"-","-","-","-","-","-","-","-","-","-","-",null,0,0,1,1,0,0,0,1,0,0,0,0,0,0,0,0,0,null,null,null,null,null,null,null,null,null,null,null,null,null,null,null,null,null,null,null,null,null,null,null,null,null,null,null,null,null,null,null,null,null,null,null,null,null,null,null,null,null,null,0,0,{"$f":"IF(INDEX('Formatted Load Profiles'!$D$6:$D$1992, MATCH(0, COUNTIF($CS$5:CS64,'Formatted Load Profiles'!$D$6:$D$1992), 0))=0,\"\",INDEX('Formatted Load Profiles'!$D$6:$D$1992, MATCH(0, COUNTIF($CS$5:CS64, 'Formatted Load Profiles'!$D$6:$D$1992), 0)))","v":""},{"$f":"IF(INDEX('Formatted Load Profiles'!$E$6:$E$1992, MATCH(0, COUNTIF($CT$5:CT64,'Formatted Load Profiles'!$E$6:$E$1992), 0))=0,\"\",INDEX('Formatted Load Profiles'!$E$6:$E$1992, MATCH(0, COUNTIF($CT$5:CT64, 'Formatted Load Profiles'!$E$6:$E$1992), 0)))","v":""}]
[null,null,null,null,null,null,null,null,null,null,null,null,null,null,null,null,null,null,58,"1900-01-03",10,null,0,"-","-","-","-","-","-","-","-","-","-","-",null,0,0,1,1,0,0,0,1,0,0,0,0,0,0,0,0,0,null,null,null,null,null,null,null,null,null,null,null,null,null,null,null,null,null,null,null,null,null,null,null,null,null,null,null,null,null,null,null,null,null,null,null,null,null,null,null,null,null,null,0,0,{"$f":"IF(INDEX('Formatted Load Profiles'!$D$6:$D$1992, MATCH(0, COUNTIF($CS$5:CS65,'Formatted Load Profiles'!$D$6:$D$1992), 0))=0,\"\",INDEX('Formatted Load Profiles'!$D$6:$D$1992, MATCH(0, COUNTIF($CS$5:CS65, 'Formatted Load Profiles'!$D$6:$D$1992), 0)))","v":""},{"$f":"IF(INDEX('Formatted Load Profiles'!$E$6:$E$1992, MATCH(0, COUNTIF($CT$5:CT65,'Formatted Load Profiles'!$E$6:$E$1992), 0))=0,\"\",INDEX('Formatted Load Profiles'!$E$6:$E$1992, MATCH(0, COUNTIF($CT$5:CT65, 'Formatted Load Profiles'!$E$6:$E$1992), 0)))","v":""}]
[null,null,null,null,null,null,null,null,null,null,null,null,null,null,null,null,null,null,59,"1900-01-03",11,null,0,"-","-","-","-","-","-","-","-","-","-","-",null,0,0,1,1,0,0,0,1,0,0,0,0,0,0,0,0,0,null,null,null,null,null,null,null,null,null,null,null,null,null,null,null,null,null,null,null,null,null,null,null,null,null,null,null,null,null,null,null,null,null,null,null,null,null,null,null,null,null,null,0,0,{"$f":"IF(INDEX('Formatted Load Profiles'!$D$6:$D$1992, MATCH(0, COUNTIF($CS$5:CS66,'Formatted Load Profiles'!$D$6:$D$1992), 0))=0,\"\",INDEX('Formatted Load Profiles'!$D$6:$D$1992, MATCH(0, COUNTIF($CS$5:CS66, 'Formatted Load Profiles'!$D$6:$D$1992), 0)))","v":""},{"$f":"IF(INDEX('Formatted Load Profiles'!$E$6:$E$1992, MATCH(0, COUNTIF($CT$5:CT66,'Formatted Load Profiles'!$E$6:$E$1992), 0))=0,\"\",INDEX('Formatted Load Profiles'!$E$6:$E$1992, MATCH(0, COUNTIF($CT$5:CT66, 'Formatted Load Profiles'!$E$6:$E$1992), 0)))","v":""}]
[null,null,null,null,null,null,null,null,null,null,null,null,null,null,null,null,null,null,60,"1900-01-03",12,null,"-",0,"-","-","-","-","-","-","-","-","-","-",null,0,0,1,1,0,0,0,0,1,0,0,0,0,0,0,0,0,null,null,null,null,null,null,null,null,null,null,null,null,null,null,null,null,null,null,null,null,null,null,null,null,null,null,null,null,null,null,null,null,null,null,null,null,null,null,null,null,null,null,0,0,{"$f":"IF(INDEX('Formatted Load Profiles'!$D$6:$D$1992, MATCH(0, COUNTIF($CS$5:CS67,'Formatted Load Profiles'!$D$6:$D$1992), 0))=0,\"\",INDEX('Formatted Load Profiles'!$D$6:$D$1992, MATCH(0, COUNTIF($CS$5:CS67, 'Formatted Load Profiles'!$D$6:$D$1992), 0)))","v":""},{"$f":"IF(INDEX('Formatted Load Profiles'!$E$6:$E$1992, MATCH(0, COUNTIF($CT$5:CT67,'Formatted Load Profiles'!$E$6:$E$1992), 0))=0,\"\",INDEX('Formatted Load Profiles'!$E$6:$E$1992, MATCH(0, COUNTIF($CT$5:CT67, 'Formatted Load Profiles'!$E$6:$E$1992), 0)))","v":""}]
[null,null,null,null,null,null,null,null,null,null,null,null,null,null,null,null,null,null,61,"1900-01-03",13,null,"-",0,"-","-","-","-","-","-","-","-","-","-",null,0,0,1,1,0,0,0,0,1,0,0,0,0,0,0,0,0,null,null,null,null,null,null,null,null,null,null,null,null,null,null,null,null,null,null,null,null,null,null,null,null,null,null,null,null,null,null,null,null,null,null,null,null,null,null,null,null,null,null,0,0,{"$f":"IF(INDEX('Formatted Load Profiles'!$D$6:$D$1992, MATCH(0, COUNTIF($CS$5:CS68,'Formatted Load Profiles'!$D$6:$D$1992), 0))=0,\"\",INDEX('Formatted Load Profiles'!$D$6:$D$1992, MATCH(0, COUNTIF($CS$5:CS68, 'Formatted Load Profiles'!$D$6:$D$1992), 0)))","v":""},{"$f":"IF(INDEX('Formatted Load Profiles'!$E$6:$E$1992, MATCH(0, COUNTIF($CT$5:CT68,'Formatted Load Profiles'!$E$6:$E$1992), 0))=0,\"\",INDEX('Formatted Load Profiles'!$E$6:$E$1992, MATCH(0, COUNTIF($CT$5:CT68, 'Formatted Load Profiles'!$E$6:$E$1992), 0)))","v":""}]
[null,null,null,null,null,null,null,null,null,null,null,null,null,null,null,null,null,null,62,"1900-01-03",14,null,"-",0,"-","-","-","-","-","-","-","-","-","-",null,0,0,1,1,0,0,0,0,1,0,0,0,0,0,0,0,0,null,null,null,null,null,null,null,null,null,null,null,null,null,null,null,null,null,null,null,null,null,null,null,null,null,null,null,null,null,null,null,null,null,null,null,null,null,null,null,null,null,null,0,0,{"$f":"IF(INDEX('Formatted Load Profiles'!$D$6:$D$1992, MATCH(0, COUNTIF($CS$5:CS69,'Formatted Load Profiles'!$D$6:$D$1992), 0))=0,\"\",INDEX('Formatted Load Profiles'!$D$6:$D$1992, MATCH(0, COUNTIF($CS$5:CS69, 'Formatted Load Profiles'!$D$6:$D$1992), 0)))","v":""},{"$f":"IF(INDEX('Formatted Load Profiles'!$E$6:$E$1992, MATCH(0, COUNTIF($CT$5:CT69,'Formatted Load Profiles'!$E$6:$E$1992), 0))=0,\"\",INDEX('Formatted Load Profiles'!$E$6:$E$1992, MATCH(0, COUNTIF($CT$5:CT69, 'Formatted Load Profiles'!$E$6:$E$1992), 0)))","v":""}]
[null,null,null,null,null,null,null,null,null,null,null,null,null,null,null,null,null,null,63,"1900-01-03",15,null,"-",0,"-","-","-","-","-","-","-","-","-","-",null,0,0,1,1,0,0,0,0,1,0,0,0,0,0,0,0,0,null,null,null,null,null,null,null,null,null,null,null,null,null,null,null,null,null,null,null,null,null,null,null,null,null,null,null,null,null,null,null,null,null,null,null,null,null,null,null,null,null,null,0,0,{"$f":"IF(INDEX('Formatted Load Profiles'!$D$6:$D$1992, MATCH(0, COUNTIF($CS$5:CS70,'Formatted Load Profiles'!$D$6:$D$1992), 0))=0,\"\",INDEX('Formatted Load Profiles'!$D$6:$D$1992, MATCH(0, COUNTIF($CS$5:CS70, 'Formatted Load Profiles'!$D$6:$D$1992), 0)))","v":""},{"$f":"IF(INDEX('Formatted Load Profiles'!$E$6:$E$1992, MATCH(0, COUNTIF($CT$5:CT70,'Formatted Load Profiles'!$E$6:$E$1992), 0))=0,\"\",INDEX('Formatted Load Profiles'!$E$6:$E$1992, MATCH(0, COUNTIF($CT$5:CT70, 'Formatted Load Profiles'!$E$6:$E$1992), 0)))","v":""}]
[null,null,null,null,null,null,null,null,null,null,null,null,null,null,null,null,null,null,64,"1900-01-03",16,null,"-",0,"-","-","-","-","-","-","-","-","-","-",null,0,0,1,1,0,0,0,0,1,0,0,0,0,0,0,0,0,null,null,null,null,null,null,null,null,null,null,null,null,null,null,null,null,null,null,null,null,null,null,null,null,null,null,null,null,null,null,null,null,null,null,null,null,null,null,null,null,null,null,0,0,{"$f":"IF(INDEX('Formatted Load Profiles'!$D$6:$D$1992, MATCH(0, COUNTIF($CS$5:CS71,'Formatted Load Profiles'!$D$6:$D$1992), 0))=0,\"\",INDEX('Formatted Load Profiles'!$D$6:$D$1992, MATCH(0, COUNTIF($CS$5:CS71, 'Formatted Load Profiles'!$D$6:$D$1992), 0)))","v":""},{"$f":"IF(INDEX('Formatted Load Profiles'!$E$6:$E$1992, MATCH(0, COUNTIF($CT$5:CT71,'Formatted Load Profiles'!$E$6:$E$1992), 0))=0,\"\",INDEX('Formatted Load Profiles'!$E$6:$E$1992, MATCH(0, COUNTIF($CT$5:CT71, 'Formatted Load Profiles'!$E$6:$E$1992), 0)))","v":""}]
[null,null,null,null,null,null,null,null,null,null,null,null,null,null,null,null,null,null,65,"1900-01-03",17,null,"-",0,"-","-","-","-","-","-",{"$f":"IF($V73*AW73>0,$V73*AW73,\"-\")","v":"-"},{"$f":"IF($V73*AX73>0,$V73*AX73,\"-\")","v":"-"},{"$f":"IF($V73*AY73>0,$V73*AY73,\"-\")","v":"-"},{"$f":"IF($V73*AZ73>0,$V73*AZ73,\"-\")","v":"-"},null,{"$f":"COUNTIF($BB$10:$BB$21,T73)","v":0},{"$f":"IF(OR(WEEKDAY(T73)=1,WEEKDAY(T73)=7),1,0)","v":0},{"$f":"MONTH(T73)","v":1},{"$f":"IF(OR(MONTH(T73)=12,MONTH(T73)=1,MONTH(T73)=2,MONTH(T73)=3),1,0)","v":1},{"$f":"IF(OR(MONTH(T73)=6,MONTH(T73)=7,MONTH(T73)=8,MONTH(T73)=9),1,0)","v":0},{"$f":"IF(OR(MONTH(T73)=4,MONTH(T73)=5,MONTH(T73)=10,MONTH(T73)=11),1,0)","v":0},0,0,1,0,0,0,0,0,0,0,0,null,null,null,null,null,null,null,null,null,null,null,null,null,null,null,null,null,null,null,null,null,null,null,null,null,null,null,null,null,null,null,null,null,null,null,null,null,null,null,null,null,null,0,0,{"$f":"IF(INDEX('Formatted Load Profiles'!$D$6:$D$1992, MATCH(0, COUNTIF($CS$5:CS72,'Formatted Load Profiles'!$D$6:$D$1992), 0))=0,\"\",INDEX('Formatted Load Profiles'!$D$6:$D$1992, MATCH(0, COUNTIF($CS$5:CS72, 'Formatted Load Profiles'!$D$6:$D$1992), 0)))","v":""},{"$f":"IF(INDEX('Formatted Load Profiles'!$E$6:$E$1992, MATCH(0, COUNTIF($CT$5:CT72,'Formatted Load Profiles'!$E$6:$E$1992), 0))=0,\"\",INDEX('Formatted Load Profiles'!$E$6:$E$1992, MATCH(0, COUNTIF($CT$5:CT72, 'Formatted Load Profiles'!$E$6:$E$1992), 0)))","v":""}]
[null,null,null,null,null,null,null,null,null,null,null,null,null,null,null,null,null,null,66,"1900-01-03",18,null,{"$f":"IFERROR(V74*IF(AND(AJ74=0,AK74=0,AM74=1,OR(AQ74=1,AS74=1)),1,\"\"),\"-\")","v":0},{"$f":"IFERROR(V74*IF(AND(AJ74=0,AK74=0,AM74=1,OR(AR74=1,AT74=1)),1,\"\"),\"-\")","v":"-"},{"$f":"IFERROR(V74*IF(OR(AND(AM74=1,AJ74=1),AND(AM74=1,AK74=1),AND(AJ74=0,AK74=0,AM74=1,OR(AP74=1,AV74=1))),1,\"\"),\"-\")","v":"-"},{"$f":"IFERROR(V74*IF(AND(AJ74=0,AK74=0,AN74=1,AR74=1),1,\"\"),\"-\")","v":"-"},{"$f":"IFERROR(V74*IF(AND(AJ74=0,AK74=0,AN74=1,OR(AQ74=1,AU74=1)),1,\"\"),\"-\")","v":"-"},{"$f":"IFERROR(V74*IF(OR(AND(AN74=1,AJ74=1),AND(AN74=1,AK74=1),AND(AJ74=0,AK74=0,AN74=1,OR(AP74=1,AV74=1))),1,\"\"),\"-\")","v":"-"},{"$f":"IFERROR(V74*IF(AND(AJ74=0,AK74=0,AO74=1,OR(AQ74=1,AR74=1,AU74=1)),1,\"\"),\"-\")","v":"-"},{"$f":"IFERROR(V74*IF(OR(AND(AO74=1,OR(AJ74=1,AK74=1)),AND(AJ74=0,AK74=0,AO74=1,OR(AP74=1,AV74=1))),1,\"\"),\"-\")","v":"-"},"-","-","-","-",null,0,0,1,1,0,0,{"$f":"IF(AND(U74>0,U74<8),1,0)","v":0},{"$f":"IF(AND(U74>7,U74<12),1,0)","v":0},{"$f":"IF(AND(U74>11,U74<18),1,0)","v":0},{"$f":"IF(AND(U74>17,U74<21),1,0)","v":1},{"$f":"IF(AND(U74>20,U74<23),1,0)","v":0},{"$f":"IF(AND(U74>17,U74<23),1,0)","v":1},{"$f":"IF(AND(U74>22,U74<25),1,0)","v":0},{"$f":"IF(AND(AK74=0,OR(MONTH(T74)=6, MONTH(T74)=7,MONTH(T74)=8),U74>13,U74<20),1,0)","v":0},{"$f":"IF(AND(AK74=0,OR(MONTH(T74)=1, MONTH(T74)=2,MONTH(T74)=12),U74>18,U74<21),1,0)","v":0},{"$f":"IF(AND(AK74=0,MONTH(T74)=6,U74>13,U74<20),0.3,IF(AND(AK74=0,MONTH(T74)=7,U74>13,U74<20),0.39,IF(AND(AK74=0,MONTH(T74)=8,U74>13,U74<20),0.31,0)))","v":0},{"$f":"IF(AND(AK74=0,MONTH(T74)=1,U74>18,U74<21),0.65,IF(AND(AK74=0,MONTH(T74)=2,U74>18,U74<21),0.16,IF(AND(AK74=0,MONTH(T74)=12,U74>18,U74<21),0.19,0)))","v":0},null,null,null,null,null,null,null,null,null,null,null,null,null,null,null,null,null,null,null,null,null,null,null,null,null,null,null,null,null,null,null,null,null,null,null,null,null,null,null,null,null,null,0,0,{"$f":"IF(INDEX('Formatted Load Profiles'!$D$6:$D$1992, MATCH(0, COUNTIF($CS$5:CS73,'Formatted Load Profiles'!$D$6:$D$1992), 0))=0,\"\",INDEX('Formatted Load Profiles'!$D$6:$D$1992, MATCH(0, COUNTIF($CS$5:CS73, 'Formatted Load Profiles'!$D$6:$D$1992), 0)))","v":""},{"$f":"IF(INDEX('Formatted Load Profiles'!$E$6:$E$1992, MATCH(0, COUNTIF($CT$5:CT73,'Formatted Load Profiles'!$E$6:$E$1992), 0))=0,\"\",INDEX('Formatted Load Profiles'!$E$6:$E$1992, MATCH(0, COUNTIF($CT$5:CT73, 'Formatted Load Profiles'!$E$6:$E$1992), 0)))","v":""}]
[null,null,null,null,null,null,null,null,null,null,null,null,null,null,null,null,null,null,67,{"$f":"IF(T74=\"-\",T74,IF(U75=1,T74+1,T74))","v":"1900-01-03"},{"$f":"IF(U74+1>24,1,U74+1)","v":19},null,0,"-","-","-","-","-","-","-","-","-","-","-",null,0,0,1,1,0,0,0,0,0,1,0,1,0,0,1,0,0.65,null,null,null,null,null,null,null,null,null,null,null,null,null,null,null,null,null,null,null,null,null,null,null,null,null,null,null,null,null,null,null,null,null,null,null,null,null,null,null,null,null,null,0,0,{"$f":"IF(INDEX('Formatted Load Profiles'!$D$6:$D$1992, MATCH(0, COUNTIF($CS$5:CS74,'Formatted Load Profiles'!$D$6:$D$1992), 0))=0,\"\",INDEX('Formatted Load Profiles'!$D$6:$D$1992, MATCH(0, COUNTIF($CS$5:CS74, 'Formatted Load Profiles'!$D$6:$D$1992), 0)))","v":""},{"$f":"IF(INDEX('Formatted Load Profiles'!$E$6:$E$1992, MATCH(0, COUNTIF($CT$5:CT74,'Formatted Load Profiles'!$E$6:$E$1992), 0))=0,\"\",INDEX('Formatted Load Profiles'!$E$6:$E$1992, MATCH(0, COUNTIF($CT$5:CT74, 'Formatted Load Profiles'!$E$6:$E$1992), 0)))","v":""}]
[null,null,null,null,null,null,null,null,null,null,null,null,null,null,null,null,null,null,68,"1900-01-03",20,null,0,"-","-","-","-","-","-","-","-","-","-","-",null,0,0,1,1,0,0,0,0,0,1,0,1,0,0,1,0,0.65,null,null,null,null,null,null,null,null,null,null,null,null,null,null,null,null,null,null,null,null,null,null,null,null,null,null,null,null,null,null,null,null,null,null,null,null,null,null,null,null,null,null,0,0,{"$f":"IF(INDEX('Formatted Load Profiles'!$D$6:$D$1992, MATCH(0, COUNTIF($CS$5:CS75,'Formatted Load Profiles'!$D$6:$D$1992), 0))=0,\"\",INDEX('Formatted Load Profiles'!$D$6:$D$1992, MATCH(0, COUNTIF($CS$5:CS75, 'Formatted Load Profiles'!$D$6:$D$1992), 0)))","v":""},{"$f":"IF(INDEX('Formatted Load Profiles'!$E$6:$E$1992, MATCH(0, COUNTIF($CT$5:CT75,'Formatted Load Profiles'!$E$6:$E$1992), 0))=0,\"\",INDEX('Formatted Load Profiles'!$E$6:$E$1992, MATCH(0, COUNTIF($CT$5:CT75, 'Formatted Load Profiles'!$E$6:$E$1992), 0)))","v":""}]
[null,null,null,null,null,null,null,null,null,null,null,null,null,null,null,null,null,null,69,"1900-01-03",21,null,"-",0,"-","-","-","-","-","-","-","-","-","-",null,0,0,1,1,0,0,0,0,0,0,1,1,0,0,0,0,0,null,null,null,null,null,null,null,null,null,null,null,null,null,null,null,null,null,null,null,null,null,null,null,null,null,null,null,null,null,null,null,null,null,null,null,null,null,null,null,null,null,null,0,0,{"$f":"IF(INDEX('Formatted Load Profiles'!$D$6:$D$1992, MATCH(0, COUNTIF($CS$5:CS76,'Formatted Load Profiles'!$D$6:$D$1992), 0))=0,\"\",INDEX('Formatted Load Profiles'!$D$6:$D$1992, MATCH(0, COUNTIF($CS$5:CS76, 'Formatted Load Profiles'!$D$6:$D$1992), 0)))","v":""},{"$f":"IF(INDEX('Formatted Load Profiles'!$E$6:$E$1992, MATCH(0, COUNTIF($CT$5:CT76,'Formatted Load Profiles'!$E$6:$E$1992), 0))=0,\"\",INDEX('Formatted Load Profiles'!$E$6:$E$1992, MATCH(0, COUNTIF($CT$5:CT76, 'Formatted Load Profiles'!$E$6:$E$1992), 0)))","v":""}]
[null,null,null,null,null,null,null,null,null,null,null,null,null,null,null,null,null,null,70,"1900-01-03",22,null,"-",0,"-","-","-","-","-","-","-","-","-","-",null,0,0,1,1,0,0,0,0,0,0,1,1,0,0,0,0,0,null,null,null,null,null,null,null,null,null,null,null,null,null,null,null,null,null,null,null,null,null,null,null,null,null,null,null,null,null,null,null,null,null,null,null,null,null,null,null,null,null,null,0,0,{"$f":"IF(INDEX('Formatted Load Profiles'!$D$6:$D$1992, MATCH(0, COUNTIF($CS$5:CS77,'Formatted Load Profiles'!$D$6:$D$1992), 0))=0,\"\",INDEX('Formatted Load Profiles'!$D$6:$D$1992, MATCH(0, COUNTIF($CS$5:CS77, 'Formatted Load Profiles'!$D$6:$D$1992), 0)))","v":""},{"$f":"IF(INDEX('Formatted Load Profiles'!$E$6:$E$1992, MATCH(0, COUNTIF($CT$5:CT77,'Formatted Load Profiles'!$E$6:$E$1992), 0))=0,\"\",INDEX('Formatted Load Profiles'!$E$6:$E$1992, MATCH(0, COUNTIF($CT$5:CT77, 'Formatted Load Profiles'!$E$6:$E$1992), 0)))","v":""}]
[null,null,null,null,null,null,null,null,null,null,null,null,null,null,null,null,null,null,71,"1900-01-03",23,null,"-","-",0,"-","-","-","-","-","-","-","-","-",null,0,0,1,1,0,0,0,0,0,0,0,0,1,0,0,0,0,null,null,null,null,null,null,null,null,null,null,null,null,null,null,null,null,null,null,null,null,null,null,null,null,null,null,null,null,null,null,null,null,null,null,null,null,null,null,null,null,null,null,0,0,{"$f":"IF(INDEX('Formatted Load Profiles'!$D$6:$D$1992, MATCH(0, COUNTIF($CS$5:CS78,'Formatted Load Profiles'!$D$6:$D$1992), 0))=0,\"\",INDEX('Formatted Load Profiles'!$D$6:$D$1992, MATCH(0, COUNTIF($CS$5:CS78, 'Formatted Load Profiles'!$D$6:$D$1992), 0)))","v":""},{"$f":"IF(INDEX('Formatted Load Profiles'!$E$6:$E$1992, MATCH(0, COUNTIF($CT$5:CT78,'Formatted Load Profiles'!$E$6:$E$1992), 0))=0,\"\",INDEX('Formatted Load Profiles'!$E$6:$E$1992, MATCH(0, COUNTIF($CT$5:CT78, 'Formatted Load Profiles'!$E$6:$E$1992), 0)))","v":""}]
[null,null,null,null,null,null,null,null,null,null,null,null,null,null,null,null,null,null,72,"1900-01-03",24,null,"-","-",0,"-","-","-","-","-","-","-","-","-",null,0,0,1,1,0,0,0,0,0,0,0,0,1,0,0,0,0]
[null,null,null,null,null,null,null,null,null,null,null,null,null,null,null,null,null,null,73,"1900-01-04",1,null,"-","-",0,"-","-","-","-","-","-","-","-","-",null,0,0,1,1,0,0,1,0,0,0,0,0,0,0,0,0,0]
[null,null,null,null,null,null,null,null,null,null,null,null,null,null,null,null,null,null,74,"1900-01-04",2,null,"-","-",0,"-","-","-","-","-","-","-","-","-",null,0,0,1,1,0,0,1,0,0,0,0,0,0,0,0,0,0]
[null,null,null,null,null,null,null,null,null,null,null,null,null,null,null,null,null,null,75,"1900-01-04",3,null,"-","-",0,"-","-","-","-","-","-","-","-","-",null,0,0,1,1,0,0,1,0,0,0,0,0,0,0,0,0,0]
[null,null,null,null,null,null,null,null,null,null,null,null,null,null,null,null,null,null,76,"1900-01-04",4,null,"-","-",0,"-","-","-","-","-","-","-","-","-",null,0,0,1,1,0,0,1,0,0,0,0,0,0,0,0,0,0]
[null,null,null,null,null,null,null,null,null,null,null,null,null,null,null,null,null,null,77,"1900-01-04",5,null,"-","-",0,"-","-","-","-","-","-","-","-","-",null,0,0,1,1,0,0,1,0,0,0,0,0,0,0,0,0,0]
[null,null,null,null,null,null,null,null,null,null,null,null,null,null,null,null,null,null,78,"1900-01-04",6,null,"-","-",0,"-","-","-","-","-","-","-","-","-",null,0,0,1,1,0,0,1,0,0,0,0,0,0,0,0,0,0]
[null,null,null,null,null,null,null,null,null,null,null,null,null,null,null,null,null,null,79,"1900-01-04",7,null,"-","-",0,"-","-","-","-","-","-","-","-","-",null,0,0,1,1,0,0,1,0,0,0,0,0,0,0,0,0,0]
[null,null,null,null,null,null,null,null,null,null,null,null,null,null,null,null,null,null,80,"1900-01-04",8,null,0,"-","-","-","-","-","-","-","-","-","-","-",null,0,0,1,1,0,0,0,1,0,0,0,0,0,0,0,0,0]
[null,null,null,null,null,null,null,null,null,null,null,null,null,null,null,null,null,null,81,"1900-01-04",9,null,0,"-","-","-","-","-","-","-","-","-","-","-",null,0,0,1,1,0,0,0,1,0,0,0,0,0,0,0,0,0]
[null,null,null,null,null,null,null,null,null,null,null,null,null,null,null,null,null,null,82,"1900-01-04",10,null,0,"-","-","-","-","-","-","-","-","-","-","-",null,0,0,1,1,0,0,0,1,0,0,0,0,0,0,0,0,0]
[null,null,null,null,null,null,null,null,null,null,null,null,null,null,null,null,null,null,83,"1900-01-04",11,null,0,"-","-","-","-","-","-","-","-","-","-","-",null,0,0,1,1,0,0,0,1,0,0,0,0,0,0,0,0,0]
[null,null,null,null,null,null,null,null,null,null,null,null,null,null,null,null,null,null,84,"1900-01-04",12,null,"-",0,"-","-","-","-","-","-","-","-","-","-",null,0,0,1,1,0,0,0,0,1,0,0,0,0,0,0,0,0]
[null,null,null,null,null,null,null,null,null,null,null,null,null,null,null,null,null,null,85,"1900-01-04",13,null,"-",0,"-","-","-","-","-","-","-","-","-","-",null,0,0,1,1,0,0,0,0,1,0,0,0,0,0,0,0,0]
[null,null,null,null,null,null,null,null,null,null,null,null,null,null,null,null,null,null,86,"1900-01-04",14,null,"-",0,"-","-","-","-","-","-","-","-","-","-",null,0,0,1,1,0,0,0,0,1,0,0,0,0,0,0,0,0]
[null,null,null,null,null,null,null,null,null,null,null,null,null,null,null,null,null,null,87,"1900-01-04",15,null,"-",0,"-","-","-","-","-","-","-","-","-","-",null,0,0,1,1,0,0,0,0,1,0,0,0,0,0,0,0,0]
[null,null,null,null,null,null,null,null,null,null,null,null,null,null,null,null,null,null,88,"1900-01-04",16,null,"-",0,"-","-","-","-","-","-","-","-","-","-",null,0,0,1,1,0,0,0,0,1,0,0,0,0,0,0,0,0]
[null,null,null,null,null,null,null,null,null,null,null,null,null,null,null,null,null,null,89,"1900-01-04",17,null,"-",0,"-","-","-","-","-","-","-","-","-","-",null,0,0,1,1,0,0,0,0,1,0,0,0,0,0,0,0,0]
[null,null,null,null,null,null,null,null,null,null,null,null,null,null,null,null,null,null,90,"1900-01-04",18,null,0,"-","-","-","-","-","-","-","-","-","-","-",null,0,0,1,1,0,0,0,0,0,1,0,1,0,0,0,0,0]
[null,null,null,null,null,null,null,null,null,null,null,null,null,null,null,null,null,null,91,"1900-01-04",19,null,0,"-","-","-","-","-","-","-","-","-","-","-",null,0,0,1,1,0,0,0,0,0,1,0,1,0,0,1,0,0.65]
[null,null,null,null,null,null,null,null,null,null,null,null,null,null,null,null,null,null,92,"1900-01-04",20,null,0,"-","-","-","-","-","-","-","-","-","-","-",null,0,0,1,1,0,0,0,0,0,1,0,1,0,0,1,0,0.65]
[null,null,null,null,null,null,null,null,null,null,null,null,null,null,null,null,null,null,93,"1900-01-04",21,null,"-",0,"-","-","-","-","-","-","-","-","-","-",null,0,0,1,1,0,0,0,0,0,0,1,1,0,0,0,0,0]
[null,null,null,null,null,null,null,null,null,null,null,null,null,null,null,null,null,null,94,"1900-01-04",22,null,"-",0,"-","-","-","-","-","-","-","-","-","-",null,0,0,1,1,0,0,0,0,0,0,1,1,0,0,0,0,0]
[null,null,null,null,null,null,null,null,null,null,null,null,null,null,null,null,null,null,95,"1900-01-04",23,null,"-","-",0,"-","-","-","-","-","-","-","-","-",null,0,0,1,1,0,0,0,0,0,0,0,0,1,0,0,0,0]
[null,null,null,null,null,null,null,null,null,null,null,null,null,null,null,null,null,null,96,"1900-01-04",24,null,"-","-",0,"-","-","-","-","-","-","-","-","-",null,0,0,1,1,0,0,0,0,0,0,0,0,1,0,0,0,0]
[null,null,null,null,null,null,null,null,null,null,null,null,null,null,null,null,null,null,97,"1900-01-05",1,null,"-","-",0,"-","-","-","-","-","-","-","-","-",null,0,0,1,1,0,0,1,0,0,0,0,0,0,0,0,0,0]
[null,null,null,null,null,null,null,null,null,null,null,null,null,null,null,null,null,null,98,"1900-01-05",2,null,"-","-",0,"-","-","-","-","-","-","-","-","-",null,0,0,1,1,0,0,1,0,0,0,0,0,0,0,0,0,0]
[null,null,null,null,null,null,null,null,null,null,null,null,null,null,null,null,null,null,99,"1900-01-05",3,null,"-","-",0,"-","-","-","-","-","-","-","-","-",null,0,0,1,1,0,0,1,0,0,0,0,0,0,0,0,0,0]
[null,null,null,null,null,null,null,null,null,null,null,null,null,null,null,null,null,null,100,"1900-01-05",4,null,"-","-",0,"-","-","-","-","-","-","-","-","-",null,0,0,1,1,0,0,1,0,0,0,0,0,0,0,0,0,0]
[null,null,null,null,null,null,null,null,null,null,null,null,null,null,null,null,null,null,101,"1900-01-05",5,null,"-","-",0,"-","-","-","-","-","-","-","-","-",null,0,0,1,1,0,0,1,0,0,0,0,0,0,0,0,0,0]
[null,null,null,null,null,null,null,null,null,null,null,null,null,null,null,null,null,null,102,"1900-01-05",6,null,"-","-",0,"-","-","-","-","-","-","-","-","-",null,0,0,1,1,0,0,1,0,0,0,0,0,0,0,0,0,0]
[null,null,null,null,null,null,null,null,null,null,null,null,null,null,null,null,null,null,103,"1900-01-05",7,null,"-","-",0,"-","-","-","-","-","-","-","-","-",null,0,0,1,1,0,0,1,0,0,0,0,0,0,0,0,0,0]
[null,null,null,null,null,null,null,null,null,null,null,null,null,null,null,null,null,null,104,"1900-01-05",8,null,0,"-","-","-","-","-","-","-","-","-","-","-",null,0,0,1,1,0,0,0,1,0,0,0,0,0,0,0,0,0]
[null,null,null,null,null,null,null,null,null,null,null,null,null,null,null,null,null,null,105,"1900-01-05",9,null,0,"-","-","-","-","-","-","-","-","-","-","-",null,0,0,1,1,0,0,0,1,0,0,0,0,0,0,0,0,0]
[null,null,null,null,null,null,null,null,null,null,null,null,null,null,null,null,null,null,106,"1900-01-05",10,null,0,"-","-","-","-","-","-","-","-","-","-","-",null,0,0,1,1,0,0,0,1,0,0,0,0,0,0,0,0,0]
[null,null,null,null,null,null,null,null,null,null,null,null,null,null,null,null,null,null,107,"1900-01-05",11,null,0,"-","-","-","-","-","-","-","-","-","-","-",null,0,0,1,1,0,0,0,1,0,0,0,0,0,0,0,0,0]
[null,null,null,null,null,null,null,null,null,null,null,null,null,null,null,null,null,null,108,"1900-01-05",12,null,"-",0,"-","-","-","-","-","-","-","-","-","-",null,0,0,1,1,0,0,0,0,1,0,0,0,0,0,0,0,0]
[null,null,null,null,null,null,null,null,null,null,null,null,null,null,null,null,null,null,109,"1900-01-05",13,null,"-",0,"-","-","-","-","-","-","-","-","-","-",null,0,0,1,1,0,0,0,0,1,0,0,0,0,0,0,0,0]
[null,null,null,null,null,null,null,null,null,null,null,null,null,null,null,null,null,null,110,"1900-01-05",14,null,"-",0,"-","-","-","-","-","-","-","-","-","-",null,0,0,1,1,0,0,0,0,1,0,0,0,0,0,0,0,0]
[null,null,null,null,null,null,null,null,null,null,null,null,null,null,null,null,null,null,111,"1900-01-05",15,null,"-",0,"-","-","-","-","-","-","-","-","-","-",null,0,0,1,1,0,0,0,0,1,0,0,0,0,0,0,0,0]
[null,null,null,null,null,null,null,null,null,null,null,null,null,null,null,null,null,null,112,"1900-01-05",16,null,"-",0,"-","-","-","-","-","-","-","-","-","-",null,0,0,1,1,0,0,0,0,1,0,0,0,0,0,0,0,0]
[null,null,null,null,null,null,null,null,null,null,null,null,null,null,null,null,null,null,113,"1900-01-05",17,null,"-",0,"-","-","-","-","-","-","-","-","-","-",null,0,0,1,1,0,0,0,0,1,0,0,0,0,0,0,0,0]
[null,null,null,null,null,null,null,null,null,null,null,null,null,null,null,null,null,null,114,"1900-01-05",18,null,0,"-","-","-","-","-","-","-","-","-","-","-",null,0,0,1,1,0,0,0,0,0,1,0,1,0,0,0,0,0]
[null,null,null,null,null,null,null,null,null,null,null,null,null,null,null,null,null,null,115,"1900-01-05",19,null,0,"-","-","-","-","-","-","-","-","-","-","-",null,0,0,1,1,0,0,0,0,0,1,0,1,0,0,1,0,0.65]
[null,null,null,null,null,null,null,null,null,null,null,null,null,null,null,null,null,null,116,"1900-01-05",20,null,0,"-","-","-","-","-","-","-","-","-","-","-",null,0,0,1,1,0,0,0,0,0,1,0,1,0,0,1,0,0.65]
[null,null,null,null,null,null,null,null,null,null,null,null,null,null,null,null,null,null,117,"1900-01-05",21,null,"-",0,"-","-","-","-","-","-","-","-","-","-",null,0,0,1,1,0,0,0,0,0,0,1,1,0,0,0,0,0]
[null,null,null,null,null,null,null,null,null,null,null,null,null,null,null,null,null,null,118,"1900-01-05",22,null,"-",0,"-","-","-","-","-","-","-","-","-","-",null,0,0,1,1,0,0,0,0,0,0,1,1,0,0,0,0,0]
[null,null,null,null,null,null,null,null,null,null,null,null,null,null,null,null,null,null,119,"1900-01-05",23,null,"-","-",0,"-","-","-","-","-","-","-","-","-",null,0,0,1,1,0,0,0,0,0,0,0,0,1,0,0,0,0]
[null,null,null,null,null,null,null,null,null,null,null,null,null,null,null,null,null,null,120,"1900-01-05",24,null,"-","-",0,"-","-","-","-","-","-","-","-","-",null,0,0,1,1,0,0,0,0,0,0,0,0,1,0,0,0,0]
[null,null,null,null,null,null,null,null,null,null,null,null,null,null,null,null,null,null,121,"1900-01-06",1,null,"-","-",0,"-","-","-","-","-","-","-","-","-",null,0,0,1,1,0,0,1,0,0,0,0,0,0,0,0,0,0]
[null,null,null,null,null,null,null,null,null,null,null,null,null,null,null,null,null,null,122,"1900-01-06",2,null,"-","-",0,"-","-","-","-","-","-","-","-","-",null,0,0,1,1,0,0,1,0,0,0,0,0,0,0,0,0,0]
[null,null,null,null,null,null,null,null,null,null,null,null,null,null,null,null,null,null,123,"1900-01-06",3,null,"-","-",0,"-","-","-","-","-","-","-","-","-",null,0,0,1,1,0,0,1,0,0,0,0,0,0,0,0,0,0]
[null,null,null,null,null,null,null,null,null,null,null,null,null,null,null,null,null,null,124,"1900-01-06",4,null,"-","-",0,"-","-","-","-","-","-","-","-","-",null,0,0,1,1,0,0,1,0,0,0,0,0,0,0,0,0,0]
[null,null,null,null,null,null,null,null,null,null,null,null,null,null,null,null,null,null,125,"1900-01-06",5,null,"-","-",0,"-","-","-","-","-","-","-","-","-",null,0,0,1,1,0,0,1,0,0,0,0,0,0,0,0,0,0]
[null,null,null,null,null,null,null,null,null,null,null,null,null,null,null,null,null,null,126,"1900-01-06",6,null,"-","-",0,"-","-","-","-","-","-","-","-","-",null,0,0,1,1,0,0,1,0,0,0,0,0,0,0,0,0,0]
[null,null,null,null,null,null,null,null,null,null,null,null,null,null,null,null,null,null,127,"1900-01-06",7,null,"-","-",0,"-","-","-","-","-","-","-","-","-",null,0,0,1,1,0,0,1,0,0,0,0,0,0,0,0,0,0]
[null,null,null,null,null,null,null,null,null,null,null,null,null,null,null,null,null,null,128,"1900-01-06",8,null,0,"-","-","-","-","-","-","-","-","-","-","-",null,0,0,1,1,0,0,0,1,0,0,0,0,0,0,0,0,0]
[null,null,null,null,null,null,null,null,null,null,null,null,null,null,null,null,null,null,129,"1900-01-06",9,null,0,"-","-","-","-","-","-","-",{"$f":"IF($V137*AW137>0,$V137*AW137,\"-\")","v":"-"},{"$f":"IF($V137*AX137>0,$V137*AX137,\"-\")","v":"-"},{"$f":"IF($V137*AY137>0,$V137*AY137,\"-\")","v":"-"},{"$f":"IF($V137*AZ137>0,$V137*AZ137,\"-\")","v":"-"},null,{"$f":"COUNTIF($BB$10:$BB$21,T137)","v":0},{"$f":"IF(OR(WEEKDAY(T137)=1,WEEKDAY(T137)=7),1,0)","v":0},{"$f":"MONTH(T137)","v":1},{"$f":"IF(OR(MONTH(T137)=12,MONTH(T137)=1,MONTH(T137)=2,MONTH(T137)=3),1,0)","v":1},{"$f":"IF(OR(MONTH(T137)=6,MONTH(T137)=7,MONTH(T137)=8,MONTH(T137)=9),1,0)","v":0},{"$f":"IF(OR(MONTH(T137)=4,MONTH(T137)=5,MONTH(T137)=10,MONTH(T137)=11),1,0)","v":0},0,1,0,0,0,0,0,0,0,0,0]
[null,null,null,null,null,null,null,null,null,null,null,null,null,null,null,null,null,null,130,"1900-01-06",10,null,{"$f":"IFERROR(V138*IF(AND(AJ138=0,AK138=0,AM138=1,OR(AQ138=1,AS138=1)),1,\"\"),\"-\")","v":0},{"$f":"IFERROR(V138*IF(AND(AJ138=0,AK138=0,AM138=1,OR(AR138=1,AT138=1)),1,\"\"),\"-\")","v":"-"},{"$f":"IFERROR(V138*IF(OR(AND(AM138=1,AJ138=1),AND(AM138=1,AK138=1),AND(AJ138=0,AK138=0,AM138=1,OR(AP138=1,AV138=1))),1,\"\"),\"-\")","v":"-"},{"$f":"IFERROR(V138*IF(AND(AJ138=0,AK138=0,AN138=1,AR138=1),1,\"\"),\"-\")","v":"-"},{"$f":"IFERROR(V138*IF(AND(AJ138=0,AK138=0,AN138=1,OR(AQ138=1,AU138=1)),1,\"\"),\"-\")","v":"-"},{"$f":"IFERROR(V138*IF(OR(AND(AN138=1,AJ138=1),AND(AN138=1,AK138=1),AND(AJ138=0,AK138=0,AN138=1,OR(AP138=1,AV138=1))),1,\"\"),\"-\")","v":"-"},{"$f":"IFERROR(V138*IF(AND(AJ138=0,AK138=0,AO138=1,OR(AQ138=1,AR138=1,AU138=1)),1,\"\"),\"-\")","v":"-"},{"$f":"IFERROR(V138*IF(OR(AND(AO138=1,OR(AJ138=1,AK138=1)),AND(AJ138=0,AK138=0,AO138=1,OR(AP138=1,AV138=1))),1,\"\"),\"-\")","v":"-"},"-","-","-","-",null,0,0,1,1,0,0,{"$f":"IF(AND(U138>0,U138<8),1,0)","v":0},{"$f":"IF(AND(U138>7,U138<12),1,0)","v":1},{"$f":"IF(AND(U138>11,U138<18),1,0)","v":0},{"$f":"IF(AND(U138>17,U138<21),1,0)","v":0},{"$f":"IF(AND(U138>20,U138<23),1,0)","v":0},{"$f":"IF(AND(U138>17,U138<23),1,0)","v":0},{"$f":"IF(AND(U138>22,U138<25),1,0)","v":0},{"$f":"IF(AND(AK138=0,OR(MONTH(T138)=6, MONTH(T138)=7,MONTH(T138)=8),U138>13,U138<20),1,0)","v":0},{"$f":"IF(AND(AK138=0,OR(MONTH(T138)=1, MONTH(T138)=2,MONTH(T138)=12),U138>18,U138<21),1,0)","v":0},{"$f":"IF(AND(AK138=0,MONTH(T138)=6,U138>13,U138<20),0.3,IF(AND(AK138=0,MONTH(T138)=7,U138>13,U138<20),0.39,IF(AND(AK138=0,MONTH(T138)=8,U138>13,U138<20),0.31,0)))","v":0},{"$f":"IF(AND(AK138=0,MONTH(T138)=1,U138>18,U138<21),0.65,IF(AND(AK138=0,MONTH(T138)=2,U138>18,U138<21),0.16,IF(AND(AK138=0,MONTH(T138)=12,U138>18,U138<21),0.19,0)))","v":0}]
[null,null,null,null,null,null,null,null,null,null,null,null,null,null,null,null,null,null,131,{"$f":"IF(T138=\"-\",T138,IF(U139=1,T138+1,T138))","v":"1900-01-06"},{"$f":"IF(U138+1>24,1,U138+1)","v":11},null,0,"-","-","-","-","-","-","-","-","-","-","-",null,0,0,1,1,0,0,0,1,0,0,0,0,0,0,0,0,0]
[null,null,null,null,null,null,null,null,null,null,null,null,null,null,null,null,null,null,132,"1900-01-06",12,null,"-",0,"-","-","-","-","-","-","-","-","-","-",null,0,0,1,1,0,0,0,0,1,0,0,0,0,0,0,0,0]
[null,null,null,null,null,null,null,null,null,null,null,null,null,null,null,null,null,null,133,"1900-01-06",13,null,"-",0,"-","-","-","-","-","-","-","-","-","-",null,0,0,1,1,0,0,0,0,1,0,0,0,0,0,0,0,0]
[null,null,null,null,null,null,null,null,null,null,null,null,null,null,null,null,null,null,134,"1900-01-06",14,null,"-",0,"-","-","-","-","-","-","-","-","-","-",null,0,0,1,1,0,0,0,0,1,0,0,0,0,0,0,0,0]
[null,null,null,null,null,null,null,null,null,null,null,null,null,null,null,null,null,null,135,"1900-01-06",15,null,"-",0,"-","-","-","-","-","-","-","-","-","-",null,0,0,1,1,0,0,0,0,1,0,0,0,0,0,0,0,0]
[null,null,null,null,null,null,null,null,null,null,null,null,null,null,null,null,null,null,136,"1900-01-06",16,null,"-",0,"-","-","-","-","-","-","-","-","-","-",null,0,0,1,1,0,0,0,0,1,0,0,0,0,0,0,0,0]
[null,null,null,null,null,null,null,null,null,null,null,null,null,null,null,null,null,null,137,"1900-01-06",17,null,"-",0,"-","-","-","-","-","-","-","-","-","-",null,0,0,1,1,0,0,0,0,1,0,0,0,0,0,0,0,0]
[null,null,null,null,null,null,null,null,null,null,null,null,null,null,null,null,null,null,138,"1900-01-06",18,null,0,"-","-","-","-","-","-","-","-","-","-","-",null,0,0,1,1,0,0,0,0,0,1,0,1,0,0,0,0,0]
[null,null,null,null,null,null,null,null,null,null,null,null,null,null,null,null,null,null,139,"1900-01-06",19,null,0,"-","-","-","-","-","-","-","-","-","-","-",null,0,0,1,1,0,0,0,0,0,1,0,1,0,0,1,0,0.65]
[null,null,null,null,null,null,null,null,null,null,null,null,null,null,null,null,null,null,140,"1900-01-06",20,null,0,"-","-","-","-","-","-","-","-","-","-","-",null,0,0,1,1,0,0,0,0,0,1,0,1,0,0,1,0,0.65]
[null,null,null,null,null,null,null,null,null,null,null,null,null,null,null,null,null,null,141,"1900-01-06",21,null,"-",0,"-","-","-","-","-","-","-","-","-","-",null,0,0,1,1,0,0,0,0,0,0,1,1,0,0,0,0,0]
[null,null,null,null,null,null,null,null,null,null,null,null,null,null,null,null,null,null,142,"1900-01-06",22,null,"-",0,"-","-","-","-","-","-","-","-","-","-",null,0,0,1,1,0,0,0,0,0,0,1,1,0,0,0,0,0]
[null,null,null,null,null,null,null,null,null,null,null,null,null,null,null,null,null,null,143,"1900-01-06",23,null,"-","-",0,"-","-","-","-","-","-","-","-","-",null,0,0,1,1,0,0,0,0,0,0,0,0,1,0,0,0,0]
[null,null,null,null,null,null,null,null,null,null,null,null,null,null,null,null,null,null,144,"1900-01-06",24,null,"-","-",0,"-","-","-","-","-","-","-","-","-",null,0,0,1,1,0,0,0,0,0,0,0,0,1,0,0,0,0]
[null,null,null,null,null,null,null,null,null,null,null,null,null,null,null,null,null,null,145,"1900-01-07",1,null,"-","-",0,"-","-","-","-","-","-","-","-","-",null,0,1,1,1,0,0,1,0,0,0,0,0,0,0,0,0,0]
[null,null,null,null,null,null,null,null,null,null,null,null,null,null,null,null,null,null,146,"1900-01-07",2,null,"-","-",0,"-","-","-","-","-","-","-","-","-",null,0,1,1,1,0,0,1,0,0,0,0,0,0,0,0,0,0]
[null,null,null,null,null,null,null,null,null,null,null,null,null,null,null,null,null,null,147,"1900-01-07",3,null,"-","-",0,"-","-","-","-","-","-","-","-","-",null,0,1,1,1,0,0,1,0,0,0,0,0,0,0,0,0,0]
[null,null,null,null,null,null,null,null,null,null,null,null,null,null,null,null,null,null,148,"1900-01-07",4,null,"-","-",0,"-","-","-","-","-","-","-","-","-",null,0,1,1,1,0,0,1,0,0,0,0,0,0,0,0,0,0]
[null,null,null,null,null,null,null,null,null,null,null,null,null,null,null,null,null,null,149,"1900-01-07",5,null,"-","-",0,"-","-","-","-","-","-","-","-","-",null,0,1,1,1,0,0,1,0,0,0,0,0,0,0,0,0,0]
[null,null,null,null,null,null,null,null,null,null,null,null,null,null,null,null,null,null,150,"1900-01-07",6,null,"-","-",0,"-","-","-","-","-","-","-","-","-",null,0,1,1,1,0,0,1,0,0,0,0,0,0,0,0,0,0]
[null,null,null,null,null,null,null,null,null,null,null,null,null,null,null,null,null,null,151,"1900-01-07",7,null,"-","-",0,"-","-","-","-","-","-","-","-","-",null,0,1,1,1,0,0,1,0,0,0,0,0,0,0,0,0,0]
[null,null,null,null,null,null,null,null,null,null,null,null,null,null,null,null,null,null,152,"1900-01-07",8,null,"-","-",0,"-","-","-","-","-","-","-","-","-",null,0,1,1,1,0,0,0,1,0,0,0,0,0,0,0,0,0]
[null,null,null,null,null,null,null,null,null,null,null,null,null,null,null,null,null,null,153,"1900-01-07",9,null,"-","-",0,"-","-","-","-","-","-","-","-","-",null,0,1,1,1,0,0,0,1,0,0,0,0,0,0,0,0,0]
[null,null,null,null,null,null,null,null,null,null,null,null,null,null,null,null,null,null,154,"1900-01-07",10,null,"-","-",0,"-","-","-","-","-","-","-","-","-",null,0,1,1,1,0,0,0,1,0,0,0,0,0,0,0,0,0]
[null,null,null,null,null,null,null,null,null,null,null,null,null,null,null,null,null,null,155,"1900-01-07",11,null,"-","-",0,"-","-","-","-","-","-","-","-","-",null,0,1,1,1,0,0,0,1,0,0,0,0,0,0,0,0,0]
[null,null,null,null,null,null,null,null,null,null,null,null,null,null,null,null,null,null,156,"1900-01-07",12,null,"-","-",0,"-","-","-","-","-","-","-","-","-",null,0,1,1,1,0,0,0,0,1,0,0,0,0,0,0,0,0]
[null,null,null,null,null,null,null,null,null,null,null,null,null,null,null,null,null,null,157,"1900-01-07",13,null,"-","-",0,"-","-","-","-","-","-","-","-","-",null,0,1,1,1,0,0,0,0,1,0,0,0,0,0,0,0,0]
[null,null,null,null,null,null,null,null,null,null,null,null,null,null,null,null,null,null,158,"1900-01-07",14,null,"-","-",0,"-","-","-","-","-","-","-","-","-",null,0,1,1,1,0,0,0,0,1,0,0,0,0,0,0,0,0]
[null,null,null,null,null,null,null,null,null,null,null,null,null,null,null,null,null,null,159,"1900-01-07",15,null,"-","-",0,"-","-","-","-","-","-","-","-","-",null,0,1,1,1,0,0,0,0,1,0,0,0,0,0,0,0,0]
[null,null,null,null,null,null,null,null,null,null,null,null,null,null,null,null,null,null,160,"1900-01-07",16,null,"-","-",0,"-","-","-","-","-","-","-","-","-",null,0,1,1,1,0,0,0,0,1,0,0,0,0,0,0,0,0]
[null,null,null,null,null,null,null,null,null,null,null,null,null,null,null,null,null,null,161,"1900-01-07",17,null,"-","-",0,"-","-","-","-","-","-","-","-","-",null,0,1,1,1,0,0,0,0,1,0,0,0,0,0,0,0,0]
[null,null,null,null,null,null,null,null,null,null,null,null,null,null,null,null,null,null,162,"1900-01-07",18,null,"-","-",0,"-","-","-","-","-","-","-","-","-",null,0,1,1,1,0,0,0,0,0,1,0,1,0,0,0,0,0]
[null,null,null,null,null,null,null,null,null,null,null,null,null,null,null,null,null,null,163,"1900-01-07",19,null,"-","-",0,"-","-","-","-","-","-","-","-","-",null,0,1,1,1,0,0,0,0,0,1,0,1,0,0,0,0,0]
[null,null,null,null,null,null,null,null,null,null,null,null,null,null,null,null,null,null,164,"1900-01-07",20,null,"-","-",0,"-","-","-","-","-","-","-","-","-",null,0,1,1,1,0,0,0,0,0,1,0,1,0,0,0,0,0]
[null,null,null,null,null,null,null,null,null,null,null,null,null,null,null,null,null,null,165,"1900-01-07",21,null,"-","-",0,"-","-","-","-","-","-","-","-","-",null,0,1,1,1,0,0,0,0,0,0,1,1,0,0,0,0,0]
[null,null,null,null,null,null,null,null,null,null,null,null,null,null,null,null,null,null,166,"1900-01-07",22,null,"-","-",0,"-","-","-","-","-","-","-","-","-",null,0,1,1,1,0,0,0,0,0,0,1,1,0,0,0,0,0]
[null,null,null,null,null,null,null,null,null,null,null,null,null,null,null,null,null,null,167,"1900-01-07",23,null,"-","-",0,"-","-","-","-","-","-","-","-","-",null,0,1,1,1,0,0,0,0,0,0,0,0,1,0,0,0,0]
[null,null,null,null,null,null,null,null,null,null,null,null,null,null,null,null,null,null,168,"1900-01-07",24,null,"-","-",0,"-","-","-","-","-","-","-","-","-",null,0,1,1,1,0,0,0,0,0,0,0,0,1,0,0,0,0]
[null,null,null,null,null,null,null,null,null,null,null,null,null,null,null,null,null,null,169,"1900-01-08",1,null,"-","-",0,"-","-","-","-","-","-","-","-","-",null,0,1,1,1,0,0,1,0,0,0,0,0,0,0,0,0,0]
[null,null,null,null,null,null,null,null,null,null,null,null,null,null,null,null,null,null,170,"1900-01-08",2,null,"-","-",0,"-","-","-","-","-","-","-","-","-",null,0,1,1,1,0,0,1,0,0,0,0,0,0,0,0,0,0]
[null,null,null,null,null,null,null,null,null,null,null,null,null,null,null,null,null,null,171,"1900-01-08",3,null,"-","-",0,"-","-","-","-","-","-","-","-","-",null,0,1,1,1,0,0,1,0,0,0,0,0,0,0,0,0,0]
[null,null,null,null,null,null,null,null,null,null,null,null,null,null,null,null,null,null,172,"1900-01-08",4,null,"-","-",0,"-","-","-","-","-","-","-","-","-",null,0,1,1,1,0,0,1,0,0,0,0,0,0,0,0,0,0]
[null,null,null,null,null,null,null,null,null,null,null,null,null,null,null,null,null,null,173,"1900-01-08",5,null,"-","-",0,"-","-","-","-","-","-","-","-","-",null,0,1,1,1,0,0,1,0,0,0,0,0,0,0,0,0,0]
[null,null,null,null,null,null,null,null,null,null,null,null,null,null,null,null,null,null,174,"1900-01-08",6,null,"-","-",0,"-","-","-","-","-","-","-","-","-",null,0,1,1,1,0,0,1,0,0,0,0,0,0,0,0,0,0]
[null,null,null,null,null,null,null,null,null,null,null,null,null,null,null,null,null,null,175,"1900-01-08",7,null,"-","-",0,"-","-","-","-","-","-","-","-","-",null,0,1,1,1,0,0,1,0,0,0,0,0,0,0,0,0,0]
[null,null,null,null,null,null,null,null,null,null,null,null,null,null,null,null,null,null,176,"1900-01-08",8,null,"-","-",0,"-","-","-","-","-","-","-","-","-",null,0,1,1,1,0,0,0,1,0,0,0,0,0,0,0,0,0]
[null,null,null,null,null,null,null,null,null,null,null,null,null,null,null,null,null,null,177,"1900-01-08",9,null,"-","-",0,"-","-","-","-","-","-","-","-","-",null,0,1,1,1,0,0,0,1,0,0,0,0,0,0,0,0,0]
[null,null,null,null,null,null,null,null,null,null,null,null,null,null,null,null,null,null,178,"1900-01-08",10,null,"-","-",0,"-","-","-","-","-","-","-","-","-",null,0,1,1,1,0,0,0,1,0,0,0,0,0,0,0,0,0]
[null,null,null,null,null,null,null,null,null,null,null,null,null,null,null,null,null,null,179,"1900-01-08",11,null,"-","-",0,"-","-","-","-","-","-","-","-","-",null,0,1,1,1,0,0,0,1,0,0,0,0,0,0,0,0,0]
[null,null,null,null,null,null,null,null,null,null,null,null,null,null,null,null,null,null,180,"1900-01-08",12,null,"-","-",0,"-","-","-","-","-","-","-","-","-",null,0,1,1,1,0,0,0,0,1,0,0,0,0,0,0,0,0]
[null,null,null,null,null,null,null,null,null,null,null,null,null,null,null,null,null,null,181,"1900-01-08",13,null,"-","-",0,"-","-","-","-","-","-","-","-","-",null,0,1,1,1,0,0,0,0,1,0,0,0,0,0,0,0,0]
[null,null,null,null,null,null,null,null,null,null,null,null,null,null,null,null,null,null,182,"1900-01-08",14,null,"-","-",0,"-","-","-","-","-","-","-","-","-",null,0,1,1,1,0,0,0,0,1,0,0,0,0,0,0,0,0]
[null,null,null,null,null,null,null,null,null,null,null,null,null,null,null,null,null,null,183,"1900-01-08",15,null,"-","-",0,"-","-","-","-","-","-","-","-","-",null,0,1,1,1,0,0,0,0,1,0,0,0,0,0,0,0,0]
[null,null,null,null,null,null,null,null,null,null,null,null,null,null,null,null,null,null,184,"1900-01-08",16,null,"-","-",0,"-","-","-","-","-","-","-","-","-",null,0,1,1,1,0,0,0,0,1,0,0,0,0,0,0,0,0]
[null,null,null,null,null,null,null,null,null,null,null,null,null,null,null,null,null,null,185,"1900-01-08",17,null,"-","-",0,"-","-","-","-","-","-","-","-","-",null,0,1,1,1,0,0,0,0,1,0,0,0,0,0,0,0,0]
[null,null,null,null,null,null,null,null,null,null,null,null,null,null,null,null,null,null,186,"1900-01-08",18,null,"-","-",0,"-","-","-","-","-","-","-","-","-",null,0,1,1,1,0,0,0,0,0,1,0,1,0,0,0,0,0]
[null,null,null,null,null,null,null,null,null,null,null,null,null,null,null,null,null,null,187,"1900-01-08",19,null,"-","-",0,"-","-","-","-","-","-","-","-","-",null,0,1,1,1,0,0,0,0,0,1,0,1,0,0,0,0,0]
[null,null,null,null,null,null,null,null,null,null,null,null,null,null,null,null,null,null,188,"1900-01-08",20,null,"-","-",0,"-","-","-","-","-","-","-","-","-",null,0,1,1,1,0,0,0,0,0,1,0,1,0,0,0,0,0]
[null,null,null,null,null,null,null,null,null,null,null,null,null,null,null,null,null,null,189,"1900-01-08",21,null,"-","-",0,"-","-","-","-","-","-","-","-","-",null,0,1,1,1,0,0,0,0,0,0,1,1,0,0,0,0,0]
[null,null,null,null,null,null,null,null,null,null,null,null,null,null,null,null,null,null,190,"1900-01-08",22,null,"-","-",0,"-","-","-","-","-","-","-","-","-",null,0,1,1,1,0,0,0,0,0,0,1,1,0,0,0,0,0]
[null,null,null,null,null,null,null,null,null,null,null,null,null,null,null,null,null,null,191,"1900-01-08",23,null,"-","-",0,"-","-","-","-","-","-","-","-","-",null,0,1,1,1,0,0,0,0,0,0,0,0,1,0,0,0,0]
[null,null,null,null,null,null,null,null,null,null,null,null,null,null,null,null,null,null,192,"1900-01-08",24,null,"-","-",0,"-","-","-","-","-","-","-","-","-",null,0,1,1,1,0,0,0,0,0,0,0,0,1,0,0,0,0]
[null,null,null,null,null,null,null,null,null,null,null,null,null,null,null,null,null,null,193,"1900-01-09",1,null,"-","-",0,"-","-","-","-","-",{"$f":"IF($V201*AW201>0,$V201*AW201,\"-\")","v":"-"},{"$f":"IF($V201*AX201>0,$V201*AX201,\"-\")","v":"-"},{"$f":"IF($V201*AY201>0,$V201*AY201,\"-\")","v":"-"},{"$f":"IF($V201*AZ201>0,$V201*AZ201,\"-\")","v":"-"},null,{"$f":"COUNTIF($BB$10:$BB$21,T201)","v":0},{"$f":"IF(OR(WEEKDAY(T201)=1,WEEKDAY(T201)=7),1,0)","v":0},{"$f":"MONTH(T201)","v":1},{"$f":"IF(OR(MONTH(T201)=12,MONTH(T201)=1,MONTH(T201)=2,MONTH(T201)=3),1,0)","v":1},{"$f":"IF(OR(MONTH(T201)=6,MONTH(T201)=7,MONTH(T201)=8,MONTH(T201)=9),1,0)","v":0},{"$f":"IF(OR(MONTH(T201)=4,MONTH(T201)=5,MONTH(T201)=10,MONTH(T201)=11),1,0)","v":0},1,0,0,0,0,0,0,0,0,0,0]
[null,null,null,null,null,null,null,null,null,null,null,null,null,null,null,null,null,null,194,"1900-01-09",2,null,{"$f":"IFERROR(V202*IF(AND(AJ202=0,AK202=0,AM202=1,OR(AQ202=1,AS202=1)),1,\"\"),\"-\")","v":"-"},{"$f":"IFERROR(V202*IF(AND(AJ202=0,AK202=0,AM202=1,OR(AR202=1,AT202=1)),1,\"\"),\"-\")","v":"-"},{"$f":"IFERROR(V202*IF(OR(AND(AM202=1,AJ202=1),AND(AM202=1,AK202=1),AND(AJ202=0,AK202=0,AM202=1,OR(AP202=1,AV202=1))),1,\"\"),\"-\")","v":0},{"$f":"IFERROR(V202*IF(AND(AJ202=0,AK202=0,AN202=1,AR202=1),1,\"\"),\"-\")","v":"-"},{"$f":"IFERROR(V202*IF(AND(AJ202=0,AK202=0,AN202=1,OR(AQ202=1,AU202=1)),1,\"\"),\"-\")","v":"-"},{"$f":"IFERROR(V202*IF(OR(AND(AN202=1,AJ202=1),AND(AN202=1,AK202=1),AND(AJ202=0,AK202=0,AN202=1,OR(AP202=1,AV202=1))),1,\"\"),\"-\")","v":"-"},{"$f":"IFERROR(V202*IF(AND(AJ202=0,AK202=0,AO202=1,OR(AQ202=1,AR202=1,AU202=1)),1,\"\"),\"-\")","v":"-"},{"$f":"IFERROR(V202*IF(OR(AND(AO202=1,OR(AJ202=1,AK202=1)),AND(AJ202=0,AK202=0,AO202=1,OR(AP202=1,AV202=1))),1,\"\"),\"-\")","v":"-"},"-","-","-","-",null,0,0,1,1,0,0,{"$f":"IF(AND(U202>0,U202<8),1,0)","v":1},{"$f":"IF(AND(U202>7,U202<12),1,0)","v":0},{"$f":"IF(AND(U202>11,U202<18),1,0)","v":0},{"$f":"IF(AND(U202>17,U202<21),1,0)","v":0},{"$f":"IF(AND(U202>20,U202<23),1,0)","v":0},{"$f":"IF(AND(U202>17,U202<23),1,0)","v":0},{"$f":"IF(AND(U202>22,U202<25),1,0)","v":0},{"$f":"IF(AND(AK202=0,OR(MONTH(T202)=6, MONTH(T202)=7,MONTH(T202)=8),U202>13,U202<20),1,0)","v":0},{"$f":"IF(AND(AK202=0,OR(MONTH(T202)=1, MONTH(T202)=2,MONTH(T202)=12),U202>18,U202<21),1,0)","v":0},{"$f":"IF(AND(AK202=0,MONTH(T202)=6,U202>13,U202<20),0.3,IF(AND(AK202=0,MONTH(T202)=7,U202>13,U202<20),0.39,IF(AND(AK202=0,MONTH(T202)=8,U202>13,U202<20),0.31,0)))","v":0},{"$f":"IF(AND(AK202=0,MONTH(T202)=1,U202>18,U202<21),0.65,IF(AND(AK202=0,MONTH(T202)=2,U202>18,U202<21),0.16,IF(AND(AK202=0,MONTH(T202)=12,U202>18,U202<21),0.19,0)))","v":0}]
[null,null,null,null,null,null,null,null,null,null,null,null,null,null,null,null,null,null,195,{"$f":"IF(T202=\"-\",T202,IF(U203=1,T202+1,T202))","v":"1900-01-09"},{"$f":"IF(U202+1>24,1,U202+1)","v":3},null,"-","-",0,"-","-","-","-","-","-","-","-","-",null,0,0,1,1,0,0,1,0,0,0,0,0,0,0,0,0,0]
[null,null,null,null,null,null,null,null,null,null,null,null,null,null,null,null,null,null,196,"1900-01-09",4,null,"-","-",0,"-","-","-","-","-","-","-","-","-",null,0,0,1,1,0,0,1,0,0,0,0,0,0,0,0,0,0]
[null,null,null,null,null,null,null,null,null,null,null,null,null,null,null,null,null,null,197,"1900-01-09",5,null,"-","-",0,"-","-","-","-","-","-","-","-","-",null,0,0,1,1,0,0,1,0,0,0,0,0,0,0,0,0,0]
[null,null,null,null,null,null,null,null,null,null,null,null,null,null,null,null,null,null,198,"1900-01-09",6,null,"-","-",0,"-","-","-","-","-","-","-","-","-",null,0,0,1,1,0,0,1,0,0,0,0,0,0,0,0,0,0]
[null,null,null,null,null,null,null,null,null,null,null,null,null,null,null,null,null,null,199,"1900-01-09",7,null,"-","-",0,"-","-","-","-","-","-","-","-","-",null,0,0,1,1,0,0,1,0,0,0,0,0,0,0,0,0,0]
[null,null,null,null,null,null,null,null,null,null,null,null,null,null,null,null,null,null,200,"1900-01-09",8,null,0,"-","-","-","-","-","-","-","-","-","-","-",null,0,0,1,1,0,0,0,1,0,0,0,0,0,0,0,0,0]
[null,null,null,null,null,null,null,null,null,null,null,null,null,null,null,null,null,null,201,"1900-01-09",9,null,0,"-","-","-","-","-","-","-","-","-","-","-",null,0,0,1,1,0,0,0,1,0,0,0,0,0,0,0,0,0]
[null,null,null,null,null,null,null,null,null,null,null,null,null,null,null,null,null,null,202,"1900-01-09",10,null,0,"-","-","-","-","-","-","-","-","-","-","-",null,0,0,1,1,0,0,0,1,0,0,0,0,0,0,0,0,0]
[null,null,null,null,null,null,null,null,null,null,null,null,null,null,null,null,null,null,203,"1900-01-09",11,null,0,"-","-","-","-","-","-","-","-","-","-","-",null,0,0,1,1,0,0,0,1,0,0,0,0,0,0,0,0,0]
[null,null,null,null,null,null,null,null,null,null,null,null,null,null,null,null,null,null,204,"1900-01-09",12,null,"-",0,"-","-","-","-","-","-","-","-","-","-",null,0,0,1,1,0,0,0,0,1,0,0,0,0,0,0,0,0]
[null,null,null,null,null,null,null,null,null,null,null,null,null,null,null,null,null,null,205,"1900-01-09",13,null,"-",0,"-","-","-","-","-","-","-","-","-","-",null,0,0,1,1,0,0,0,0,1,0,0,0,0,0,0,0,0]
[null,null,null,null,null,null,null,null,null,null,null,null,null,null,null,null,null,null,206,"1900-01-09",14,null,"-",0,"-","-","-","-","-","-","-","-","-","-",null,0,0,1,1,0,0,0,0,1,0,0,0,0,0,0,0,0]
[null,null,null,null,null,null,null,null,null,null,null,null,null,null,null,null,null,null,207,"1900-01-09",15,null,"-",0,"-","-","-","-","-","-","-","-","-","-",null,0,0,1,1,0,0,0,0,1,0,0,0,0,0,0,0,0]
[null,null,null,null,null,null,null,null,null,null,null,null,null,null,null,null,null,null,208,"1900-01-09",16,null,"-",0,"-","-","-","-","-","-","-","-","-","-",null,0,0,1,1,0,0,0,0,1,0,0,0,0,0,0,0,0]
[null,null,null,null,null,null,null,null,null,null,null,null,null,null,null,null,null,null,209,"1900-01-09",17,null,"-",0,"-","-","-","-","-","-","-","-","-","-",null,0,0,1,1,0,0,0,0,1,0,0,0,0,0,0,0,0]
[null,null,null,null,null,null,null,null,null,null,null,null,null,null,null,null,null,null,210,"1900-01-09",18,null,0,"-","-","-","-","-","-","-","-","-","-","-",null,0,0,1,1,0,0,0,0,0,1,0,1,0,0,0,0,0]
[null,null,null,null,null,null,null,null,null,null,null,null,null,null,null,null,null,null,211,"1900-01-09",19,null,0,"-","-","-","-","-","-","-","-","-","-","-",null,0,0,1,1,0,0,0,0,0,1,0,1,0,0,1,0,0.65]
[null,null,null,null,null,null,null,null,null,null,null,null,null,null,null,null,null,null,212,"1900-01-09",20,null,0,"-","-","-","-","-","-","-","-","-","-","-",null,0,0,1,1,0,0,0,0,0,1,0,1,0,0,1,0,0.65]
[null,null,null,null,null,null,null,null,null,null,null,null,null,null,null,null,null,null,213,"1900-01-09",21,null,"-",0,"-","-","-","-","-","-","-","-","-","-",null,0,0,1,1,0,0,0,0,0,0,1,1,0,0,0,0,0]
[null,null,null,null,null,null,null,null,null,null,null,null,null,null,null,null,null,null,214,"1900-01-09",22,null,"-",0,"-","-","-","-","-","-","-","-","-","-",null,0,0,1,1,0,0,0,0,0,0,1,1,0,0,0,0,0]
[null,null,null,null,null,null,null,null,null,null,null,null,null,null,null,null,null,null,215,"1900-01-09",23,null,"-","-",0,"-","-","-","-","-","-","-","-","-",null,0,0,1,1,0,0,0,0,0,0,0,0,1,0,0,0,0]
[null,null,null,null,null,null,null,null,null,null,null,null,null,null,null,null,null,null,216,"1900-01-09",24,null,"-","-",0,"-","-","-","-","-","-","-","-","-",null,0,0,1,1,0,0,0,0,0,0,0,0,1,0,0,0,0]
[null,null,null,null,null,null,null,null,null,null,null,null,null,null,null,null,null,null,217,"1900-01-10",1,null,"-","-",0,"-","-","-","-","-","-","-","-","-",null,0,0,1,1,0,0,1,0,0,0,0,0,0,0,0,0,0]
[null,null,null,null,null,null,null,null,null,null,null,null,null,null,null,null,null,null,218,"1900-01-10",2,null,"-","-",0,"-","-","-","-","-","-","-","-","-",null,0,0,1,1,0,0,1,0,0,0,0,0,0,0,0,0,0]
[null,null,null,null,null,null,null,null,null,null,null,null,null,null,null,null,null,null,219,"1900-01-10",3,null,"-","-",0,"-","-","-","-","-","-","-","-","-",null,0,0,1,1,0,0,1,0,0,0,0,0,0,0,0,0,0]
[null,null,null,null,null,null,null,null,null,null,null,null,null,null,null,null,null,null,220,"1900-01-10",4,null,"-","-",0,"-","-","-","-","-","-","-","-","-",null,0,0,1,1,0,0,1,0,0,0,0,0,0,0,0,0,0]
[null,null,null,null,null,null,null,null,null,null,null,null,null,null,null,null,null,null,221,"1900-01-10",5,null,"-","-",0,"-","-","-","-","-","-","-","-","-",null,0,0,1,1,0,0,1,0,0,0,0,0,0,0,0,0,0]
[null,null,null,null,null,null,null,null,null,null,null,null,null,null,null,null,null,null,222,"1900-01-10",6,null,"-","-",0,"-","-","-","-","-","-","-","-","-",null,0,0,1,1,0,0,1,0,0,0,0,0,0,0,0,0,0]
[null,null,null,null,null,null,null,null,null,null,null,null,null,null,null,null,null,null,223,"1900-01-10",7,null,"-","-",0,"-","-","-","-","-","-","-","-","-",null,0,0,1,1,0,0,1,0,0,0,0,0,0,0,0,0,0]
[null,null,null,null,null,null,null,null,null,null,null,null,null,null,null,null,null,null,224,"1900-01-10",8,null,0,"-","-","-","-","-","-","-","-","-","-","-",null,0,0,1,1,0,0,0,1,0,0,0,0,0,0,0,0,0]
[null,null,null,null,null,null,null,null,null,null,null,null,null,null,null,null,null,null,225,"1900-01-10",9,null,0,"-","-","-","-","-","-","-","-","-","-","-",null,0,0,1,1,0,0,0,1,0,0,0,0,0,0,0,0,0]
[null,null,null,null,null,null,null,null,null,null,null,null,null,null,null,null,null,null,226,"1900-01-10",10,null,0,"-","-","-","-","-","-","-","-","-","-","-",null,0,0,1,1,0,0,0,1,0,0,0,0,0,0,0,0,0]
[null,null,null,null,null,null,null,null,null,null,null,null,null,null,null,null,null,null,227,"1900-01-10",11,null,0,"-","-","-","-","-","-","-","-","-","-","-",null,0,0,1,1,0,0,0,1,0,0,0,0,0,0,0,0,0]
[null,null,null,null,null,null,null,null,null,null,null,null,null,null,null,null,null,null,228,"1900-01-10",12,null,"-",0,"-","-","-","-","-","-","-","-","-","-",null,0,0,1,1,0,0,0,0,1,0,0,0,0,0,0,0,0]
[null,null,null,null,null,null,null,null,null,null,null,null,null,null,null,null,null,null,229,"1900-01-10",13,null,"-",0,"-","-","-","-","-","-","-","-","-","-",null,0,0,1,1,0,0,0,0,1,0,0,0,0,0,0,0,0]
[null,null,null,null,null,null,null,null,null,null,null,null,null,null,null,null,null,null,230,"1900-01-10",14,null,"-",0,"-","-","-","-","-","-","-","-","-","-",null,0,0,1,1,0,0,0,0,1,0,0,0,0,0,0,0,0]
[null,null,null,null,null,null,null,null,null,null,null,null,null,null,null,null,null,null,231,"1900-01-10",15,null,"-",0,"-","-","-","-","-","-","-","-","-","-",null,0,0,1,1,0,0,0,0,1,0,0,0,0,0,0,0,0]
[null,null,null,null,null,null,null,null,null,null,null,null,null,null,null,null,null,null,232,"1900-01-10",16,null,"-",0,"-","-","-","-","-","-","-","-","-","-",null,0,0,1,1,0,0,0,0,1,0,0,0,0,0,0,0,0]
[null,null,null,null,null,null,null,null,null,null,null,null,null,null,null,null,null,null,233,"1900-01-10",17,null,"-",0,"-","-","-","-","-","-","-","-","-","-",null,0,0,1,1,0,0,0,0,1,0,0,0,0,0,0,0,0]
[null,null,null,null,null,null,null,null,null,null,null,null,null,null,null,null,null,null,234,"1900-01-10",18,null,0,"-","-","-","-","-","-","-","-","-","-","-",null,0,0,1,1,0,0,0,0,0,1,0,1,0,0,0,0,0]
[null,null,null,null,null,null,null,null,null,null,null,null,null,null,null,null,null,null,235,"1900-01-10",19,null,0,"-","-","-","-","-","-","-","-","-","-","-",null,0,0,1,1,0,0,0,0,0,1,0,1,0,0,1,0,0.65]
[null,null,null,null,null,null,null,null,null,null,null,null,null,null,null,null,null,null,236,"1900-01-10",20,null,0,"-","-","-","-","-","-","-","-","-","-","-",null,0,0,1,1,0,0,0,0,0,1,0,1,0,0,1,0,0.65]
[null,null,null,null,null,null,null,null,null,null,null,null,null,null,null,null,null,null,237,"1900-01-10",21,null,"-",0,"-","-","-","-","-","-","-","-","-","-",null,0,0,1,1,0,0,0,0,0,0,1,1,0,0,0,0,0]
[null,null,null,null,null,null,null,null,null,null,null,null,null,null,null,null,null,null,238,"1900-01-10",22,null,"-",0,"-","-","-","-","-","-","-","-","-","-",null,0,0,1,1,0,0,0,0,0,0,1,1,0,0,0,0,0]
[null,null,null,null,null,null,null,null,null,null,null,null,null,null,null,null,null,null,239,"1900-01-10",23,null,"-","-",0,"-","-","-","-","-","-","-","-","-",null,0,0,1,1,0,0,0,0,0,0,0,0,1,0,0,0,0]
[null,null,null,null,null,null,null,null,null,null,null,null,null,null,null,null,null,null,240,"1900-01-10",24,null,"-","-",0,"-","-","-","-","-","-","-","-","-",null,0,0,1,1,0,0,0,0,0,0,0,0,1,0,0,0,0]
[null,null,null,null,null,null,null,null,null,null,null,null,null,null,null,null,null,null,241,"1900-01-11",1,null,"-","-",0,"-","-","-","-","-","-","-","-","-",null,0,0,1,1,0,0,1,0,0,0,0,0,0,0,0,0,0]
[null,null,null,null,null,null,null,null,null,null,null,null,null,null,null,null,null,null,242,"1900-01-11",2,null,"-","-",0,"-","-","-","-","-","-","-","-","-",null,0,0,1,1,0,0,1,0,0,0,0,0,0,0,0,0,0]
[null,null,null,null,null,null,null,null,null,null,null,null,null,null,null,null,null,null,243,"1900-01-11",3,null,"-","-",0,"-","-","-","-","-","-","-","-","-",null,0,0,1,1,0,0,1,0,0,0,0,0,0,0,0,0,0]
[null,null,null,null,null,null,null,null,null,null,null,null,null,null,null,null,null,null,244,"1900-01-11",4,null,"-","-",0,"-","-","-","-","-","-","-","-","-",null,0,0,1,1,0,0,1,0,0,0,0,0,0,0,0,0,0]
[null,null,null,null,null,null,null,null,null,null,null,null,null,null,null,null,null,null,245,"1900-01-11",5,null,"-","-",0,"-","-","-","-","-","-","-","-","-",null,0,0,1,1,0,0,1,0,0,0,0,0,0,0,0,0,0]
[null,null,null,null,null,null,null,null,null,null,null,null,null,null,null,null,null,null,246,"1900-01-11",6,null,"-","-",0,"-","-","-","-","-","-","-","-","-",null,0,0,1,1,0,0,1,0,0,0,0,0,0,0,0,0,0]
[null,null,null,null,null,null,null,null,null,null,null,null,null,null,null,null,null,null,247,"1900-01-11",7,null,"-","-",0,"-","-","-","-","-","-","-","-","-",null,0,0,1,1,0,0,1,0,0,0,0,0,0,0,0,0,0]
[null,null,null,null,null,null,null,null,null,null,null,null,null,null,null,null,null,null,248,"1900-01-11",8,null,0,"-","-","-","-","-","-","-","-","-","-","-",null,0,0,1,1,0,0,0,1,0,0,0,0,0,0,0,0,0]
[null,null,null,null,null,null,null,null,null,null,null,null,null,null,null,null,null,null,249,"1900-01-11",9,null,0,"-","-","-","-","-","-","-","-","-","-","-",null,0,0,1,1,0,0,0,1,0,0,0,0,0,0,0,0,0]
[null,null,null,null,null,null,null,null,null,null,null,null,null,null,null,null,null,null,250,"1900-01-11",10,null,0,"-","-","-","-","-","-","-","-","-","-","-",null,0,0,1,1,0,0,0,1,0,0,0,0,0,0,0,0,0]
[null,null,null,null,null,null,null,null,null,null,null,null,null,null,null,null,null,null,251,"1900-01-11",11,null,0,"-","-","-","-","-","-","-","-","-","-","-",null,0,0,1,1,0,0,0,1,0,0,0,0,0,0,0,0,0]
[null,null,null,null,null,null,null,null,null,null,null,null,null,null,null,null,null,null,252,"1900-01-11",12,null,"-",0,"-","-","-","-","-","-","-","-","-","-",null,0,0,1,1,0,0,0,0,1,0,0,0,0,0,0,0,0]
[null,null,null,null,null,null,null,null,null,null,null,null,null,null,null,null,null,null,253,"1900-01-11",13,null,"-",0,"-","-","-","-","-","-","-","-","-","-",null,0,0,1,1,0,0,0,0,1,0,0,0,0,0,0,0,0]
[null,null,null,null,null,null,null,null,null,null,null,null,null,null,null,null,null,null,254,"1900-01-11",14,null,"-",0,"-","-","-","-","-","-","-","-","-","-",null,0,0,1,1,0,0,0,0,1,0,0,0,0,0,0,0,0]
[null,null,null,null,null,null,null,null,null,null,null,null,null,null,null,null,null,null,255,"1900-01-11",15,null,"-",0,"-","-","-","-","-","-","-","-","-","-",null,0,0,1,1,0,0,0,0,1,0,0,0,0,0,0,0,0]
[null,null,null,null,null,null,null,null,null,null,null,null,null,null,null,null,null,null,256,"1900-01-11",16,null,"-",0,"-","-","-","-","-","-","-","-","-","-",null,0,0,1,1,0,0,0,0,1,0,0,0,0,0,0,0,0]
[null,null,null,null,null,null,null,null,null,null,null,null,null,null,null,null,null,null,257,"1900-01-11",17,null,"-",0,"-","-","-","-","-","-",{"$f":"IF($V265*AW265>0,$V265*AW265,\"-\")","v":"-"},{"$f":"IF($V265*AX265>0,$V265*AX265,\"-\")","v":"-"},{"$f":"IF($V265*AY265>0,$V265*AY265,\"-\")","v":"-"},{"$f":"IF($V265*AZ265>0,$V265*AZ265,\"-\")","v":"-"},null,{"$f":"COUNTIF($BB$10:$BB$21,T265)","v":0},{"$f":"IF(OR(WEEKDAY(T265)=1,WEEKDAY(T265)=7),1,0)","v":0},{"$f":"MONTH(T265)","v":1},{"$f":"IF(OR(MONTH(T265)=12,MONTH(T265)=1,MONTH(T265)=2,MONTH(T265)=3),1,0)","v":1},{"$f":"IF(OR(MONTH(T265)=6,MONTH(T265)=7,MONTH(T265)=8,MONTH(T265)=9),1,0)","v":0},{"$f":"IF(OR(MONTH(T265)=4,MONTH(T265)=5,MONTH(T265)=10,MONTH(T265)=11),1,0)","v":0},0,0,1,0,0,0,0,0,0,0,0]
[null,null,null,null,null,null,null,null,null,null,null,null,null,null,null,null,null,null,258,"1900-01-11",18,null,{"$f":"IFERROR(V266*IF(AND(AJ266=0,AK266=0,AM266=1,OR(AQ266=1,AS266=1)),1,\"\"),\"-\")","v":0},{"$f":"IFERROR(V266*IF(AND(AJ266=0,AK266=0,AM266=1,OR(AR266=1,AT266=1)),1,\"\"),\"-\")","v":"-"},{"$f":"IFERROR(V266*IF(OR(AND(AM266=1,AJ266=1),AND(AM266=1,AK266=1),AND(AJ266=0,AK266=0,AM266=1,OR(AP266=1,AV266=1))),1,\"\"),\"-\")","v":"-"},{"$f":"IFERROR(V266*IF(AND(AJ266=0,AK266=0,AN266=1,AR266=1),1,\"\"),\"-\")","v":"-"},{"$f":"IFERROR(V266*IF(AND(AJ266=0,AK266=0,AN266=1,OR(AQ266=1,AU266=1)),1,\"\"),\"-\")","v":"-"},{"$f":"IFERROR(V266*IF(OR(AND(AN266=1,AJ266=1),AND(AN266=1,AK266=1),AND(AJ266=0,AK266=0,AN266=1,OR(AP266=1,AV266=1))),1,\"\"),\"-\")","v":"-"},{"$f":"IFERROR(V266*IF(AND(AJ266=0,AK266=0,AO266=1,OR(AQ266=1,AR266=1,AU266=1)),1,\"\"),\"-\")","v":"-"},{"$f":"IFERROR(V266*IF(OR(AND(AO266=1,OR(AJ266=1,AK266=1)),AND(AJ266=0,AK266=0,AO266=1,OR(AP266=1,AV266=1))),1,\"\"),\"-\")","v":"-"},"-","-","-","-",null,0,0,1,1,0,0,{"$f":"IF(AND(U266>0,U266<8),1,0)","v":0},{"$f":"IF(AND(U266>7,U266<12),1,0)","v":0},{"$f":"IF(AND(U266>11,U266<18),1,0)","v":0},{"$f":"IF(AND(U266>17,U266<21),1,0)","v":1},{"$f":"IF(AND(U266>20,U266<23),1,0)","v":0},{"$f":"IF(AND(U266>17,U266<23),1,0)","v":1},{"$f":"IF(AND(U266>22,U266<25),1,0)","v":0},{"$f":"IF(AND(AK266=0,OR(MONTH(T266)=6, MONTH(T266)=7,MONTH(T266)=8),U266>13,U266<20),1,0)","v":0},{"$f":"IF(AND(AK266=0,OR(MONTH(T266)=1, MONTH(T266)=2,MONTH(T266)=12),U266>18,U266<21),1,0)","v":0},{"$f":"IF(AND(AK266=0,MONTH(T266)=6,U266>13,U266<20),0.3,IF(AND(AK266=0,MONTH(T266)=7,U266>13,U266<20),0.39,IF(AND(AK266=0,MONTH(T266)=8,U266>13,U266<20),0.31,0)))","v":0},{"$f":"IF(AND(AK266=0,MONTH(T266)=1,U266>18,U266<21),0.65,IF(AND(AK266=0,MONTH(T266)=2,U266>18,U266<21),0.16,IF(AND(AK266=0,MONTH(T266)=12,U266>18,U266<21),0.19,0)))","v":0}]
[null,null,null,null,null,null,null,null,null,null,null,null,null,null,null,null,null,null,259,{"$f":"IF(T266=\"-\",T266,IF(U267=1,T266+1,T266))","v":"1900-01-11"},{"$f":"IF(U266+1>24,1,U266+1)","v":19},null,0,"-","-","-","-","-","-","-","-","-","-","-",null,0,0,1,1,0,0,0,0,0,1,0,1,0,0,1,0,0.65]
[null,null,null,null,null,null,null,null,null,null,null,null,null,null,null,null,null,null,260,"1900-01-11",20,null,0,"-","-","-","-","-","-","-","-","-","-","-",null,0,0,1,1,0,0,0,0,0,1,0,1,0,0,1,0,0.65]
[null,null,null,null,null,null,null,null,null,null,null,null,null,null,null,null,null,null,261,"1900-01-11",21,null,"-",0,"-","-","-","-","-","-","-","-","-","-",null,0,0,1,1,0,0,0,0,0,0,1,1,0,0,0,0,0]
[null,null,null,null,null,null,null,null,null,null,null,null,null,null,null,null,null,null,262,"1900-01-11",22,null,"-",0,"-","-","-","-","-","-","-","-","-","-",null,0,0,1,1,0,0,0,0,0,0,1,1,0,0,0,0,0]
[null,null,null,null,null,null,null,null,null,null,null,null,null,null,null,null,null,null,263,"1900-01-11",23,null,"-","-",0,"-","-","-","-","-","-","-","-","-",null,0,0,1,1,0,0,0,0,0,0,0,0,1,0,0,0,0]
[null,null,null,null,null,null,null,null,null,null,null,null,null,null,null,null,null,null,264,"1900-01-11",24,null,"-","-",0,"-","-","-","-","-","-","-","-","-",null,0,0,1,1,0,0,0,0,0,0,0,0,1,0,0,0,0]
[null,null,null,null,null,null,null,null,null,null,null,null,null,null,null,null,null,null,265,"1900-01-12",1,null,"-","-",0,"-","-","-","-","-","-","-","-","-",null,0,0,1,1,0,0,1,0,0,0,0,0,0,0,0,0,0]
[null,null,null,null,null,null,null,null,null,null,null,null,null,null,null,null,null,null,266,"1900-01-12",2,null,"-","-",0,"-","-","-","-","-","-","-","-","-",null,0,0,1,1,0,0,1,0,0,0,0,0,0,0,0,0,0]
[null,null,null,null,null,null,null,null,null,null,null,null,null,null,null,null,null,null,267,"1900-01-12",3,null,"-","-",0,"-","-","-","-","-","-","-","-","-",null,0,0,1,1,0,0,1,0,0,0,0,0,0,0,0,0,0]
[null,null,null,null,null,null,null,null,null,null,null,null,null,null,null,null,null,null,268,"1900-01-12",4,null,"-","-",0,"-","-","-","-","-","-","-","-","-",null,0,0,1,1,0,0,1,0,0,0,0,0,0,0,0,0,0]
[null,null,null,null,null,null,null,null,null,null,null,null,null,null,null,null,null,null,269,"1900-01-12",5,null,"-","-",0,"-","-","-","-","-","-","-","-","-",null,0,0,1,1,0,0,1,0,0,0,0,0,0,0,0,0,0]
[null,null,null,null,null,null,null,null,null,null,null,null,null,null,null,null,null,null,270,"1900-01-12",6,null,"-","-",0,"-","-","-","-","-","-","-","-","-",null,0,0,1,1,0,0,1,0,0,0,0,0,0,0,0,0,0]
[null,null,null,null,null,null,null,null,null,null,null,null,null,null,null,null,null,null,271,"1900-01-12",7,null,"-","-",0,"-","-","-","-","-","-","-","-","-",null,0,0,1,1,0,0,1,0,0,0,0,0,0,0,0,0,0]
[null,null,null,null,null,null,null,null,null,null,null,null,null,null,null,null,null,null,272,"1900-01-12",8,null,0,"-","-","-","-","-","-","-","-","-","-","-",null,0,0,1,1,0,0,0,1,0,0,0,0,0,0,0,0,0]
[null,null,null,null,null,null,null,null,null,null,null,null,null,null,null,null,null,null,273,"1900-01-12",9,null,0,"-","-","-","-","-","-","-","-","-","-","-",null,0,0,1,1,0,0,0,1,0,0,0,0,0,0,0,0,0]
[null,null,null,null,null,null,null,null,null,null,null,null,null,null,null,null,null,null,274,"1900-01-12",10,null,0,"-","-","-","-","-","-","-","-","-","-","-",null,0,0,1,1,0,0,0,1,0,0,0,0,0,0,0,0,0]
[null,null,null,null,null,null,null,null,null,null,null,null,null,null,null,null,null,null,275,"1900-01-12",11,null,0,"-","-","-","-","-","-","-","-","-","-","-",null,0,0,1,1,0,0,0,1,0,0,0,0,0,0,0,0,0]
[null,null,null,null,null,null,null,null,null,null,null,null,null,null,null,null,null,null,276,"1900-01-12",12,null,"-",0,"-","-","-","-","-","-","-","-","-","-",null,0,0,1,1,0,0,0,0,1,0,0,0,0,0,0,0,0]
[null,null,null,null,null,null,null,null,null,null,null,null,null,null,null,null,null,null,277,"1900-01-12",13,null,"-",0,"-","-","-","-","-","-","-","-","-","-",null,0,0,1,1,0,0,0,0,1,0,0,0,0,0,0,0,0]
[null,null,null,null,null,null,null,null,null,null,null,null,null,null,null,null,null,null,278,"1900-01-12",14,null,"-",0,"-","-","-","-","-","-","-","-","-","-",null,0,0,1,1,0,0,0,0,1,0,0,0,0,0,0,0,0]
[null,null,null,null,null,null,null,null,null,null,null,null,null,null,null,null,null,null,279,"1900-01-12",15,null,"-",0,"-","-","-","-","-","-","-","-","-","-",null,0,0,1,1,0,0,0,0,1,0,0,0,0,0,0,0,0]
[null,null,null,null,null,null,null,null,null,null,null,null,null,null,null,null,null,null,280,"1900-01-12",16,null,"-",0,"-","-","-","-","-","-","-","-","-","-",null,0,0,1,1,0,0,0,0,1,0,0,0,0,0,0,0,0]
[null,null,null,null,null,null,null,null,null,null,null,null,null,null,null,null,null,null,281,"1900-01-12",17,null,"-",0,"-","-","-","-","-","-","-","-","-","-",null,0,0,1,1,0,0,0,0,1,0,0,0,0,0,0,0,0]
[null,null,null,null,null,null,null,null,null,null,null,null,null,null,null,null,null,null,282,"1900-01-12",18,null,0,"-","-","-","-","-","-","-","-","-","-","-",null,0,0,1,1,0,0,0,0,0,1,0,1,0,0,0,0,0]
[null,null,null,null,null,null,null,null,null,null,null,null,null,null,null,null,null,null,283,"1900-01-12",19,null,0,"-","-","-","-","-","-","-","-","-","-","-",null,0,0,1,1,0,0,0,0,0,1,0,1,0,0,1,0,0.65]
[null,null,null,null,null,null,null,null,null,null,null,null,null,null,null,null,null,null,284,"1900-01-12",20,null,0,"-","-","-","-","-","-","-","-","-","-","-",null,0,0,1,1,0,0,0,0,0,1,0,1,0,0,1,0,0.65]
[null,null,null,null,null,null,null,null,null,null,null,null,null,null,null,null,null,null,285,"1900-01-12",21,null,"-",0,"-","-","-","-","-","-","-","-","-","-",null,0,0,1,1,0,0,0,0,0,0,1,1,0,0,0,0,0]
[null,null,null,null,null,null,null,null,null,null,null,null,null,null,null,null,null,null,286,"1900-01-12",22,null,"-",0,"-","-","-","-","-","-","-","-","-","-",null,0,0,1,1,0,0,0,0,0,0,1,1,0,0,0,0,0]
[null,null,null,null,null,null,null,null,null,null,null,null,null,null,null,null,null,null,287,"1900-01-12",23,null,"-","-",0,"-","-","-","-","-","-","-","-","-",null,0,0,1,1,0,0,0,0,0,0,0,0,1,0,0,0,0]
[null,null,null,null,null,null,null,null,null,null,null,null,null,null,null,null,null,null,288,"1900-01-12",24,null,"-","-",0,"-","-","-","-","-","-","-","-","-",null,0,0,1,1,0,0,0,0,0,0,0,0,1,0,0,0,0]
[null,null,null,null,null,null,null,null,null,null,null,null,null,null,null,null,null,null,289,"1900-01-13",1,null,"-","-",0,"-","-","-","-","-","-","-","-","-",null,0,0,1,1,0,0,1,0,0,0,0,0,0,0,0,0,0]
[null,null,null,null,null,null,null,null,null,null,null,null,null,null,null,null,null,null,290,"1900-01-13",2,null,"-","-",0,"-","-","-","-","-","-","-","-","-",null,0,0,1,1,0,0,1,0,0,0,0,0,0,0,0,0,0]
[null,null,null,null,null,null,null,null,null,null,null,null,null,null,null,null,null,null,291,"1900-01-13",3,null,"-","-",0,"-","-","-","-","-","-","-","-","-",null,0,0,1,1,0,0,1,0,0,0,0,0,0,0,0,0,0]
[null,null,null,null,null,null,null,null,null,null,null,null,null,null,null,null,null,null,292,"1900-01-13",4,null,"-","-",0,"-","-","-","-","-","-","-","-","-",null,0,0,1,1,0,0,1,0,0,0,0,0,0,0,0,0,0]
[null,null,null,null,null,null,null,null,null,null,null,null,null,null,null,null,null,null,293,"1900-01-13",5,null,"-","-",0,"-","-","-","-","-","-","-","-","-",null,0,0,1,1,0,0,1,0,0,0,0,0,0,0,0,0,0]
[null,null,null,null,null,null,null,null,null,null,null,null,null,null,null,null,null,null,294,"1900-01-13",6,null,"-","-",0,"-","-","-","-","-","-","-","-","-",null,0,0,1,1,0,0,1,0,0,0,0,0,0,0,0,0,0]
[null,null,null,null,null,null,null,null,null,null,null,null,null,null,null,null,null,null,295,"1900-01-13",7,null,"-","-",0,"-","-","-","-","-","-","-","-","-",null,0,0,1,1,0,0,1,0,0,0,0,0,0,0,0,0,0]
[null,null,null,null,null,null,null,null,null,null,null,null,null,null,null,null,null,null,296,"1900-01-13",8,null,0,"-","-","-","-","-","-","-","-","-","-","-",null,0,0,1,1,0,0,0,1,0,0,0,0,0,0,0,0,0]
[null,null,null,null,null,null,null,null,null,null,null,null,null,null,null,null,null,null,297,"1900-01-13",9,null,0,"-","-","-","-","-","-","-","-","-","-","-",null,0,0,1,1,0,0,0,1,0,0,0,0,0,0,0,0,0]
[null,null,null,null,null,null,null,null,null,null,null,null,null,null,null,null,null,null,298,"1900-01-13",10,null,0,"-","-","-","-","-","-","-","-","-","-","-",null,0,0,1,1,0,0,0,1,0,0,0,0,0,0,0,0,0]
[null,null,null,null,null,null,null,null,null,null,null,null,null,null,null,null,null,null,299,"1900-01-13",11,null,0,"-","-","-","-","-","-","-","-","-","-","-",null,0,0,1,1,0,0,0,1,0,0,0,0,0,0,0,0,0]
[null,null,null,null,null,null,null,null,null,null,null,null,null,null,null,null,null,null,300,"1900-01-13",12,null,"-",0,"-","-","-","-","-","-","-","-","-","-",null,0,0,1,1,0,0,0,0,1,0,0,0,0,0,0,0,0]
[null,null,null,null,null,null,null,null,null,null,null,null,null,null,null,null,null,null,301,"1900-01-13",13,null,"-",0,"-","-","-","-","-","-","-","-","-","-",null,0,0,1,1,0,0,0,0,1,0,0,0,0,0,0,0,0]
[null,null,null,null,null,null,null,null,null,null,null,null,null,null,null,null,null,null,302,"1900-01-13",14,null,"-",0,"-","-","-","-","-","-","-","-","-","-",null,0,0,1,1,0,0,0,0,1,0,0,0,0,0,0,0,0]
[null,null,null,null,null,null,null,null,null,null,null,null,null,null,null,null,null,null,303,"1900-01-13",15,null,"-",0,"-","-","-","-","-","-","-","-","-","-",null,0,0,1,1,0,0,0,0,1,0,0,0,0,0,0,0,0]
[null,null,null,null,null,null,null,null,null,null,null,null,null,null,null,null,null,null,304,"1900-01-13",16,null,"-",0,"-","-","-","-","-","-","-","-","-","-",null,0,0,1,1,0,0,0,0,1,0,0,0,0,0,0,0,0]
[null,null,null,null,null,null,null,null,null,null,null,null,null,null,null,null,null,null,305,"1900-01-13",17,null,"-",0,"-","-","-","-","-","-","-","-","-","-",null,0,0,1,1,0,0,0,0,1,0,0,0,0,0,0,0,0]
[null,null,null,null,null,null,null,null,null,null,null,null,null,null,null,null,null,null,306,"1900-01-13",18,null,0,"-","-","-","-","-","-","-","-","-","-","-",null,0,0,1,1,0,0,0,0,0,1,0,1,0,0,0,0,0]
[null,null,null,null,null,null,null,null,null,null,null,null,null,null,null,null,null,null,307,"1900-01-13",19,null,0,"-","-","-","-","-","-","-","-","-","-","-",null,0,0,1,1,0,0,0,0,0,1,0,1,0,0,1,0,0.65]
[null,null,null,null,null,null,null,null,null,null,null,null,null,null,null,null,null,null,308,"1900-01-13",20,null,0,"-","-","-","-","-","-","-","-","-","-","-",null,0,0,1,1,0,0,0,0,0,1,0,1,0,0,1,0,0.65]
[null,null,null,null,null,null,null,null,null,null,null,null,null,null,null,null,null,null,309,"1900-01-13",21,null,"-",0,"-","-","-","-","-","-","-","-","-","-",null,0,0,1,1,0,0,0,0,0,0,1,1,0,0,0,0,0]
[null,null,null,null,null,null,null,null,null,null,null,null,null,null,null,null,null,null,310,"1900-01-13",22,null,"-",0,"-","-","-","-","-","-","-","-","-","-",null,0,0,1,1,0,0,0,0,0,0,1,1,0,0,0,0,0]
[null,null,null,null,null,null,null,null,null,null,null,null,null,null,null,null,null,null,311,"1900-01-13",23,null,"-","-",0,"-","-","-","-","-","-","-","-","-",null,0,0,1,1,0,0,0,0,0,0,0,0,1,0,0,0,0]
[null,null,null,null,null,null,null,null,null,null,null,null,null,null,null,null,null,null,312,"1900-01-13",24,null,"-","-",0,"-","-","-","-","-","-","-","-","-",null,0,0,1,1,0,0,0,0,0,0,0,0,1,0,0,0,0]
[null,null,null,null,null,null,null,null,null,null,null,null,null,null,null,null,null,null,313,"1900-01-14",1,null,"-","-",0,"-","-","-","-","-","-","-","-","-",null,0,1,1,1,0,0,1,0,0,0,0,0,0,0,0,0,0]
[null,null,null,null,null,null,null,null,null,null,null,null,null,null,null,null,null,null,314,"1900-01-14",2,null,"-","-",0,"-","-","-","-","-","-","-","-","-",null,0,1,1,1,0,0,1,0,0,0,0,0,0,0,0,0,0]
[null,null,null,null,null,null,null,null,null,null,null,null,null,null,null,null,null,null,315,"1900-01-14",3,null,"-","-",0,"-","-","-","-","-","-","-","-","-",null,0,1,1,1,0,0,1,0,0,0,0,0,0,0,0,0,0]
[null,null,null,null,null,null,null,null,null,null,null,null,null,null,null,null,null,null,316,"1900-01-14",4,null,"-","-",0,"-","-","-","-","-","-","-","-","-",null,0,1,1,1,0,0,1,0,0,0,0,0,0,0,0,0,0]
[null,null,null,null,null,null,null,null,null,null,null,null,null,null,null,null,null,null,317,"1900-01-14",5,null,"-","-",0,"-","-","-","-","-","-","-","-","-",null,0,1,1,1,0,0,1,0,0,0,0,0,0,0,0,0,0]
[null,null,null,null,null,null,null,null,null,null,null,null,null,null,null,null,null,null,318,"1900-01-14",6,null,"-","-",0,"-","-","-","-","-","-","-","-","-",null,0,1,1,1,0,0,1,0,0,0,0,0,0,0,0,0,0]
[null,null,null,null,null,null,null,null,null,null,null,null,null,null,null,null,null,null,319,"1900-01-14",7,null,"-","-",0,"-","-","-","-","-","-","-","-","-",null,0,1,1,1,0,0,1,0,0,0,0,0,0,0,0,0,0]
[null,null,null,null,null,null,null,null,null,null,null,null,null,null,null,null,null,null,320,"1900-01-14",8,null,"-","-",0,"-","-","-","-","-","-","-","-","-",null,0,1,1,1,0,0,0,1,0,0,0,0,0,0,0,0,0]
[null,null,null,null,null,null,null,null,null,null,null,null,null,null,null,null,null,null,321,"1900-01-14",9,null,"-","-",0,"-","-","-","-","-",{"$f":"IF($V329*AW329>0,$V329*AW329,\"-\")","v":"-"},{"$f":"IF($V329*AX329>0,$V329*AX329,\"-\")","v":"-"},{"$f":"IF($V329*AY329>0,$V329*AY329,\"-\")","v":"-"},{"$f":"IF($V329*AZ329>0,$V329*AZ329,\"-\")","v":"-"},null,{"$f":"COUNTIF($BB$10:$BB$21,T329)","v":0},{"$f":"IF(OR(WEEKDAY(T329)=1,WEEKDAY(T329)=7),1,0)","v":1},{"$f":"MONTH(T329)","v":1},{"$f":"IF(OR(MONTH(T329)=12,MONTH(T329)=1,MONTH(T329)=2,MONTH(T329)=3),1,0)","v":1},{"$f":"IF(OR(MONTH(T329)=6,MONTH(T329)=7,MONTH(T329)=8,MONTH(T329)=9),1,0)","v":0},{"$f":"IF(OR(MONTH(T329)=4,MONTH(T329)=5,MONTH(T329)=10,MONTH(T329)=11),1,0)","v":0},0,1,0,0,0,0,0,0,0,0,0]
[null,null,null,null,null,null,null,null,null,null,null,null,null,null,null,null,null,null,322,"1900-01-14",10,null,{"$f":"IFERROR(V330*IF(AND(AJ330=0,AK330=0,AM330=1,OR(AQ330=1,AS330=1)),1,\"\"),\"-\")","v":"-"},{"$f":"IFERROR(V330*IF(AND(AJ330=0,AK330=0,AM330=1,OR(AR330=1,AT330=1)),1,\"\"),\"-\")","v":"-"},{"$f":"IFERROR(V330*IF(OR(AND(AM330=1,AJ330=1),AND(AM330=1,AK330=1),AND(AJ330=0,AK330=0,AM330=1,OR(AP330=1,AV330=1))),1,\"\"),\"-\")","v":0},{"$f":"IFERROR(V330*IF(AND(AJ330=0,AK330=0,AN330=1,AR330=1),1,\"\"),\"-\")","v":"-"},{"$f":"IFERROR(V330*IF(AND(AJ330=0,AK330=0,AN330=1,OR(AQ330=1,AU330=1)),1,\"\"),\"-\")","v":"-"},{"$f":"IFERROR(V330*IF(OR(AND(AN330=1,AJ330=1),AND(AN330=1,AK330=1),AND(AJ330=0,AK330=0,AN330=1,OR(AP330=1,AV330=1))),1,\"\"),\"-\")","v":"-"},{"$f":"IFERROR(V330*IF(AND(AJ330=0,AK330=0,AO330=1,OR(AQ330=1,AR330=1,AU330=1)),1,\"\"),\"-\")","v":"-"},{"$f":"IFERROR(V330*IF(OR(AND(AO330=1,OR(AJ330=1,AK330=1)),AND(AJ330=0,AK330=0,AO330=1,OR(AP330=1,AV330=1))),1,\"\"),\"-\")","v":"-"},"-","-","-","-",null,0,1,1,1,0,0,{"$f":"IF(AND(U330>0,U330<8),1,0)","v":0},{"$f":"IF(AND(U330>7,U330<12),1,0)","v":1},{"$f":"IF(AND(U330>11,U330<18),1,0)","v":0},{"$f":"IF(AND(U330>17,U330<21),1,0)","v":0},{"$f":"IF(AND(U330>20,U330<23),1,0)","v":0},{"$f":"IF(AND(U330>17,U330<23),1,0)","v":0},{"$f":"IF(AND(U330>22,U330<25),1,0)","v":0},{"$f":"IF(AND(AK330=0,OR(MONTH(T330)=6, MONTH(T330)=7,MONTH(T330)=8),U330>13,U330<20),1,0)","v":0},{"$f":"IF(AND(AK330=0,OR(MONTH(T330)=1, MONTH(T330)=2,MONTH(T330)=12),U330>18,U330<21),1,0)","v":0},{"$f":"IF(AND(AK330=0,MONTH(T330)=6,U330>13,U330<20),0.3,IF(AND(AK330=0,MONTH(T330)=7,U330>13,U330<20),0.39,IF(AND(AK330=0,MONTH(T330)=8,U330>13,U330<20),0.31,0)))","v":0},{"$f":"IF(AND(AK330=0,MONTH(T330)=1,U330>18,U330<21),0.65,IF(AND(AK330=0,MONTH(T330)=2,U330>18,U330<21),0.16,IF(AND(AK330=0,MONTH(T330)=12,U330>18,U330<21),0.19,0)))","v":0}]
[null,null,null,null,null,null,null,null,null,null,null,null,null,null,null,null,null,null,323,{"$f":"IF(T330=\"-\",T330,IF(U331=1,T330+1,T330))","v":"1900-01-14"},{"$f":"IF(U330+1>24,1,U330+1)","v":11},null,"-","-",0,"-","-","-","-","-","-","-","-","-",null,0,1,1,1,0,0,0,1,0,0,0,0,0,0,0,0,0]
[null,null,null,null,null,null,null,null,null,null,null,null,null,null,null,null,null,null,324,"1900-01-14",12,null,"-","-",0,"-","-","-","-","-","-","-","-","-",null,0,1,1,1,0,0,0,0,1,0,0,0,0,0,0,0,0]
[null,null,null,null,null,null,null,null,null,null,null,null,null,null,null,null,null,null,325,"1900-01-14",13,null,"-","-",0,"-","-","-","-","-","-","-","-","-",null,0,1,1,1,0,0,0,0,1,0,0,0,0,0,0,0,0]
[null,null,null,null,null,null,null,null,null,null,null,null,null,null,null,null,null,null,326,"1900-01-14",14,null,"-","-",0,"-","-","-","-","-","-","-","-","-",null,0,1,1,1,0,0,0,0,1,0,0,0,0,0,0,0,0]
[null,null,null,null,null,null,null,null,null,null,null,null,null,null,null,null,null,null,327,"1900-01-14",15,null,"-","-",0,"-","-","-","-","-","-","-","-","-",null,0,1,1,1,0,0,0,0,1,0,0,0,0,0,0,0,0]
[null,null,null,null,null,null,null,null,null,null,null,null,null,null,null,null,null,null,328,"1900-01-14",16,null,"-","-",0,"-","-","-","-","-","-","-","-","-",null,0,1,1,1,0,0,0,0,1,0,0,0,0,0,0,0,0]
[null,null,null,null,null,null,null,null,null,null,null,null,null,null,null,null,null,null,329,"1900-01-14",17,null,"-","-",0,"-","-","-","-","-","-","-","-","-",null,0,1,1,1,0,0,0,0,1,0,0,0,0,0,0,0,0]
[null,null,null,null,null,null,null,null,null,null,null,null,null,null,null,null,null,null,330,"1900-01-14",18,null,"-","-",0,"-","-","-","-","-","-","-","-","-",null,0,1,1,1,0,0,0,0,0,1,0,1,0,0,0,0,0]
[null,null,null,null,null,null,null,null,null,null,null,null,null,null,null,null,null,null,331,"1900-01-14",19,null,"-","-",0,"-","-","-","-","-","-","-","-","-",null,0,1,1,1,0,0,0,0,0,1,0,1,0,0,0,0,0]
[null,null,null,null,null,null,null,null,null,null,null,null,null,null,null,null,null,null,332,"1900-01-14",20,null,"-","-",0,"-","-","-","-","-","-","-","-","-",null,0,1,1,1,0,0,0,0,0,1,0,1,0,0,0,0,0]
[null,null,null,null,null,null,null,null,null,null,null,null,null,null,null,null,null,null,333,"1900-01-14",21,null,"-","-",0,"-","-","-","-","-","-","-","-","-",null,0,1,1,1,0,0,0,0,0,0,1,1,0,0,0,0,0]
[null,null,null,null,null,null,null,null,null,null,null,null,null,null,null,null,null,null,334,"1900-01-14",22,null,"-","-",0,"-","-","-","-","-","-","-","-","-",null,0,1,1,1,0,0,0,0,0,0,1,1,0,0,0,0,0]
[null,null,null,null,null,null,null,null,null,null,null,null,null,null,null,null,null,null,335,"1900-01-14",23,null,"-","-",0,"-","-","-","-","-","-","-","-","-",null,0,1,1,1,0,0,0,0,0,0,0,0,1,0,0,0,0]
[null,null,null,null,null,null,null,null,null,null,null,null,null,null,null,null,null,null,336,"1900-01-14",24,null,"-","-",0,"-","-","-","-","-","-","-","-","-",null,0,1,1,1,0,0,0,0,0,0,0,0,1,0,0,0,0]
[null,null,null,null,null,null,null,null,null,null,null,null,null,null,null,null,null,null,337,"1900-01-15",1,null,"-","-",0,"-","-","-","-","-","-","-","-","-",null,0,1,1,1,0,0,1,0,0,0,0,0,0,0,0,0,0]
[null,null,null,null,null,null,null,null,null,null,null,null,null,null,null,null,null,null,338,"1900-01-15",2,null,"-","-",0,"-","-","-","-","-","-","-","-","-",null,0,1,1,1,0,0,1,0,0,0,0,0,0,0,0,0,0]
[null,null,null,null,null,null,null,null,null,null,null,null,null,null,null,null,null,null,339,"1900-01-15",3,null,"-","-",0,"-","-","-","-","-","-","-","-","-",null,0,1,1,1,0,0,1,0,0,0,0,0,0,0,0,0,0]
[null,null,null,null,null,null,null,null,null,null,null,null,null,null,null,null,null,null,340,"1900-01-15",4,null,"-","-",0,"-","-","-","-","-","-","-","-","-",null,0,1,1,1,0,0,1,0,0,0,0,0,0,0,0,0,0]
[null,null,null,null,null,null,null,null,null,null,null,null,null,null,null,null,null,null,341,"1900-01-15",5,null,"-","-",0,"-","-","-","-","-","-","-","-","-",null,0,1,1,1,0,0,1,0,0,0,0,0,0,0,0,0,0]
[null,null,null,null,null,null,null,null,null,null,null,null,null,null,null,null,null,null,342,"1900-01-15",6,null,"-","-",0,"-","-","-","-","-","-","-","-","-",null,0,1,1,1,0,0,1,0,0,0,0,0,0,0,0,0,0]
[null,null,null,null,null,null,null,null,null,null,null,null,null,null,null,null,null,null,343,"1900-01-15",7,null,"-","-",0,"-","-","-","-","-","-","-","-","-",null,0,1,1,1,0,0,1,0,0,0,0,0,0,0,0,0,0]
[null,null,null,null,null,null,null,null,null,null,null,null,null,null,null,null,null,null,344,"1900-01-15",8,null,"-","-",0,"-","-","-","-","-","-","-","-","-",null,0,1,1,1,0,0,0,1,0,0,0,0,0,0,0,0,0]
[null,null,null,null,null,null,null,null,null,null,null,null,null,null,null,null,null,null,345,"1900-01-15",9,null,"-","-",0,"-","-","-","-","-","-","-","-","-",null,0,1,1,1,0,0,0,1,0,0,0,0,0,0,0,0,0]
[null,null,null,null,null,null,null,null,null,null,null,null,null,null,null,null,null,null,346,"1900-01-15",10,null,"-","-",0,"-","-","-","-","-","-","-","-","-",null,0,1,1,1,0,0,0,1,0,0,0,0,0,0,0,0,0]
[null,null,null,null,null,null,null,null,null,null,null,null,null,null,null,null,null,null,347,"1900-01-15",11,null,"-","-",0,"-","-","-","-","-","-","-","-","-",null,0,1,1,1,0,0,0,1,0,0,0,0,0,0,0,0,0]
[null,null,null,null,null,null,null,null,null,null,null,null,null,null,null,null,null,null,348,"1900-01-15",12,null,"-","-",0,"-","-","-","-","-","-","-","-","-",null,0,1,1,1,0,0,0,0,1,0,0,0,0,0,0,0,0]
[null,null,null,null,null,null,null,null,null,null,null,null,null,null,null,null,null,null,349,"1900-01-15",13,null,"-","-",0,"-","-","-","-","-","-","-","-","-",null,0,1,1,1,0,0,0,0,1,0,0,0,0,0,0,0,0]
[null,null,null,null,null,null,null,null,null,null,null,null,null,null,null,null,null,null,350,"1900-01-15",14,null,"-","-",0,"-","-","-","-","-","-","-","-","-",null,0,1,1,1,0,0,0,0,1,0,0,0,0,0,0,0,0]
[null,null,null,null,null,null,null,null,null,null,null,null,null,null,null,null,null,null,351,"1900-01-15",15,null,"-","-",0,"-","-","-","-","-","-","-","-","-",null,0,1,1,1,0,0,0,0,1,0,0,0,0,0,0,0,0]
[null,null,null,null,null,null,null,null,null,null,null,null,null,null,null,null,null,null,352,"1900-01-15",16,null,"-","-",0,"-","-","-","-","-","-","-","-","-",null,0,1,1,1,0,0,0,0,1,0,0,0,0,0,0,0,0]
[null,null,null,null,null,null,null,null,null,null,null,null,null,null,null,null,null,null,353,"1900-01-15",17,null,"-","-",0,"-","-","-","-","-","-","-","-","-",null,0,1,1,1,0,0,0,0,1,0,0,0,0,0,0,0,0]
[null,null,null,null,null,null,null,null,null,null,null,null,null,null,null,null,null,null,354,"1900-01-15",18,null,"-","-",0,"-","-","-","-","-","-","-","-","-",null,0,1,1,1,0,0,0,0,0,1,0,1,0,0,0,0,0]
[null,null,null,null,null,null,null,null,null,null,null,null,null,null,null,null,null,null,355,"1900-01-15",19,null,"-","-",0,"-","-","-","-","-","-","-","-","-",null,0,1,1,1,0,0,0,0,0,1,0,1,0,0,0,0,0]
[null,null,null,null,null,null,null,null,null,null,null,null,null,null,null,null,null,null,356,"1900-01-15",20,null,"-","-",0,"-","-","-","-","-","-","-","-","-",null,0,1,1,1,0,0,0,0,0,1,0,1,0,0,0,0,0]
[null,null,null,null,null,null,null,null,null,null,null,null,null,null,null,null,null,null,357,"1900-01-15",21,null,"-","-",0,"-","-","-","-","-","-","-","-","-",null,0,1,1,1,0,0,0,0,0,0,1,1,0,0,0,0,0]
[null,null,null,null,null,null,null,null,null,null,null,null,null,null,null,null,null,null,358,"1900-01-15",22,null,"-","-",0,"-","-","-","-","-","-","-","-","-",null,0,1,1,1,0,0,0,0,0,0,1,1,0,0,0,0,0]
[null,null,null,null,null,null,null,null,null,null,null,null,null,null,null,null,null,null,359,"1900-01-15",23,null,"-","-",0,"-","-","-","-","-","-","-","-","-",null,0,1,1,1,0,0,0,0,0,0,0,0,1,0,0,0,0]
[null,null,null,null,null,null,null,null,null,null,null,null,null,null,null,null,null,null,360,"1900-01-15",24,null,"-","-",0,"-","-","-","-","-","-","-","-","-",null,0,1,1,1,0,0,0,0,0,0,0,0,1,0,0,0,0]
[null,null,null,null,null,null,null,null,null,null,null,null,null,null,null,null,null,null,361,"1900-01-16",1,null,"-","-",0,"-","-","-","-","-","-","-","-","-",null,0,0,1,1,0,0,1,0,0,0,0,0,0,0,0,0,0]
[null,null,null,null,null,null,null,null,null,null,null,null,null,null,null,null,null,null,362,"1900-01-16",2,null,"-","-",0,"-","-","-","-","-","-","-","-","-",null,0,0,1,1,0,0,1,0,0,0,0,0,0,0,0,0,0]
[null,null,null,null,null,null,null,null,null,null,null,null,null,null,null,null,null,null,363,"1900-01-16",3,null,"-","-",0,"-","-","-","-","-","-","-","-","-",null,0,0,1,1,0,0,1,0,0,0,0,0,0,0,0,0,0]
[null,null,null,null,null,null,null,null,null,null,null,null,null,null,null,null,null,null,364,"1900-01-16",4,null,"-","-",0,"-","-","-","-","-","-","-","-","-",null,0,0,1,1,0,0,1,0,0,0,0,0,0,0,0,0,0]
[null,null,null,null,null,null,null,null,null,null,null,null,null,null,null,null,null,null,365,"1900-01-16",5,null,"-","-",0,"-","-","-","-","-","-","-","-","-",null,0,0,1,1,0,0,1,0,0,0,0,0,0,0,0,0,0]
[null,null,null,null,null,null,null,null,null,null,null,null,null,null,null,null,null,null,366,"1900-01-16",6,null,"-","-",0,"-","-","-","-","-","-","-","-","-",null,0,0,1,1,0,0,1,0,0,0,0,0,0,0,0,0,0]
[null,null,null,null,null,null,null,null,null,null,null,null,null,null,null,null,null,null,367,"1900-01-16",7,null,"-","-",0,"-","-","-","-","-","-","-","-","-",null,0,0,1,1,0,0,1,0,0,0,0,0,0,0,0,0,0]
[null,null,null,null,null,null,null,null,null,null,null,null,null,null,null,null,null,null,368,"1900-01-16",8,null,0,"-","-","-","-","-","-","-","-","-","-","-",null,0,0,1,1,0,0,0,1,0,0,0,0,0,0,0,0,0]
[null,null,null,null,null,null,null,null,null,null,null,null,null,null,null,null,null,null,369,"1900-01-16",9,null,0,"-","-","-","-","-","-","-","-","-","-","-",null,0,0,1,1,0,0,0,1,0,0,0,0,0,0,0,0,0]
[null,null,null,null,null,null,null,null,null,null,null,null,null,null,null,null,null,null,370,"1900-01-16",10,null,0,"-","-","-","-","-","-","-","-","-","-","-",null,0,0,1,1,0,0,0,1,0,0,0,0,0,0,0,0,0]
[null,null,null,null,null,null,null,null,null,null,null,null,null,null,null,null,null,null,371,"1900-01-16",11,null,0,"-","-","-","-","-","-","-","-","-","-","-",null,0,0,1,1,0,0,0,1,0,0,0,0,0,0,0,0,0]
[null,null,null,null,null,null,null,null,null,null,null,null,null,null,null,null,null,null,372,"1900-01-16",12,null,"-",0,"-","-","-","-","-","-","-","-","-","-",null,0,0,1,1,0,0,0,0,1,0,0,0,0,0,0,0,0]
[null,null,null,null,null,null,null,null,null,null,null,null,null,null,null,null,null,null,373,"1900-01-16",13,null,"-",0,"-","-","-","-","-","-","-","-","-","-",null,0,0,1,1,0,0,0,0,1,0,0,0,0,0,0,0,0]
[null,null,null,null,null,null,null,null,null,null,null,null,null,null,null,null,null,null,374,"1900-01-16",14,null,"-",0,"-","-","-","-","-","-","-","-","-","-",null,0,0,1,1,0,0,0,0,1,0,0,0,0,0,0,0,0]
[null,null,null,null,null,null,null,null,null,null,null,null,null,null,null,null,null,null,375,"1900-01-16",15,null,"-",0,"-","-","-","-","-","-","-","-","-","-",null,0,0,1,1,0,0,0,0,1,0,0,0,0,0,0,0,0]
[null,null,null,null,null,null,null,null,null,null,null,null,null,null,null,null,null,null,376,"1900-01-16",16,null,"-",0,"-","-","-","-","-","-","-","-","-","-",null,0,0,1,1,0,0,0,0,1,0,0,0,0,0,0,0,0]
[null,null,null,null,null,null,null,null,null,null,null,null,null,null,null,null,null,null,377,"1900-01-16",17,null,"-",0,"-","-","-","-","-","-","-","-","-","-",null,0,0,1,1,0,0,0,0,1,0,0,0,0,0,0,0,0]
[null,null,null,null,null,null,null,null,null,null,null,null,null,null,null,null,null,null,378,"1900-01-16",18,null,0,"-","-","-","-","-","-","-","-","-","-","-",null,0,0,1,1,0,0,0,0,0,1,0,1,0,0,0,0,0]
[null,null,null,null,null,null,null,null,null,null,null,null,null,null,null,null,null,null,379,"1900-01-16",19,null,0,"-","-","-","-","-","-","-","-","-","-","-",null,0,0,1,1,0,0,0,0,0,1,0,1,0,0,1,0,0.65]
[null,null,null,null,null,null,null,null,null,null,null,null,null,null,null,null,null,null,380,"1900-01-16",20,null,0,"-","-","-","-","-","-","-","-","-","-","-",null,0,0,1,1,0,0,0,0,0,1,0,1,0,0,1,0,0.65]
[null,null,null,null,null,null,null,null,null,null,null,null,null,null,null,null,null,null,381,"1900-01-16",21,null,"-",0,"-","-","-","-","-","-","-","-","-","-",null,0,0,1,1,0,0,0,0,0,0,1,1,0,0,0,0,0]
[null,null,null,null,null,null,null,null,null,null,null,null,null,null,null,null,null,null,382,"1900-01-16",22,null,"-",0,"-","-","-","-","-","-","-","-","-","-",null,0,0,1,1,0,0,0,0,0,0,1,1,0,0,0,0,0]
[null,null,null,null,null,null,null,null,null,null,null,null,null,null,null,null,null,null,383,"1900-01-16",23,null,"-","-",0,"-","-","-","-","-","-","-","-","-",null,0,0,1,1,0,0,0,0,0,0,0,0,1,0,0,0,0]
[null,null,null,null,null,null,null,null,null,null,null,null,null,null,null,null,null,null,384,"1900-01-16",24,null,"-","-",0,"-","-","-","-","-","-","-","-","-",null,0,0,1,1,0,0,0,0,0,0,0,0,1,0,0,0,0]
[null,null,null,null,null,null,null,null,null,null,null,null,null,null,null,null,null,null,385,"1900-01-17",1,null,"-","-",0,"-","-","-","-","-",{"$f":"IF($V393*AW393>0,$V393*AW393,\"-\")","v":"-"},{"$f":"IF($V393*AX393>0,$V393*AX393,\"-\")","v":"-"},{"$f":"IF($V393*AY393>0,$V393*AY393,\"-\")","v":"-"},{"$f":"IF($V393*AZ393>0,$V393*AZ393,\"-\")","v":"-"},null,{"$f":"COUNTIF($BB$10:$BB$21,T393)","v":0},{"$f":"IF(OR(WEEKDAY(T393)=1,WEEKDAY(T393)=7),1,0)","v":0},{"$f":"MONTH(T393)","v":1},{"$f":"IF(OR(MONTH(T393)=12,MONTH(T393)=1,MONTH(T393)=2,MONTH(T393)=3),1,0)","v":1},{"$f":"IF(OR(MONTH(T393)=6,MONTH(T393)=7,MONTH(T393)=8,MONTH(T393)=9),1,0)","v":0},{"$f":"IF(OR(MONTH(T393)=4,MONTH(T393)=5,MONTH(T393)=10,MONTH(T393)=11),1,0)","v":0},1,0,0,0,0,0,0,0,0,0,0]
[null,null,null,null,null,null,null,null,null,null,null,null,null,null,null,null,null,null,386,"1900-01-17",2,null,{"$f":"IFERROR(V394*IF(AND(AJ394=0,AK394=0,AM394=1,OR(AQ394=1,AS394=1)),1,\"\"),\"-\")","v":"-"},{"$f":"IFERROR(V394*IF(AND(AJ394=0,AK394=0,AM394=1,OR(AR394=1,AT394=1)),1,\"\"),\"-\")","v":"-"},{"$f":"IFERROR(V394*IF(OR(AND(AM394=1,AJ394=1),AND(AM394=1,AK394=1),AND(AJ394=0,AK394=0,AM394=1,OR(AP394=1,AV394=1))),1,\"\"),\"-\")","v":0},{"$f":"IFERROR(V394*IF(AND(AJ394=0,AK394=0,AN394=1,AR394=1),1,\"\"),\"-\")","v":"-"},{"$f":"IFERROR(V394*IF(AND(AJ394=0,AK394=0,AN394=1,OR(AQ394=1,AU394=1)),1,\"\"),\"-\")","v":"-"},{"$f":"IFERROR(V394*IF(OR(AND(AN394=1,AJ394=1),AND(AN394=1,AK394=1),AND(AJ394=0,AK394=0,AN394=1,OR(AP394=1,AV394=1))),1,\"\"),\"-\")","v":"-"},{"$f":"IFERROR(V394*IF(AND(AJ394=0,AK394=0,AO394=1,OR(AQ394=1,AR394=1,AU394=1)),1,\"\"),\"-\")","v":"-"},{"$f":"IFERROR(V394*IF(OR(AND(AO394=1,OR(AJ394=1,AK394=1)),AND(AJ394=0,AK394=0,AO394=1,OR(AP394=1,AV394=1))),1,\"\"),\"-\")","v":"-"},"-","-","-","-",null,0,0,1,1,0,0,{"$f":"IF(AND(U394>0,U394<8),1,0)","v":1},{"$f":"IF(AND(U394>7,U394<12),1,0)","v":0},{"$f":"IF(AND(U394>11,U394<18),1,0)","v":0},{"$f":"IF(AND(U394>17,U394<21),1,0)","v":0},{"$f":"IF(AND(U394>20,U394<23),1,0)","v":0},{"$f":"IF(AND(U394>17,U394<23),1,0)","v":0},{"$f":"IF(AND(U394>22,U394<25),1,0)","v":0},{"$f":"IF(AND(AK394=0,OR(MONTH(T394)=6, MONTH(T394)=7,MONTH(T394)=8),U394>13,U394<20),1,0)","v":0},{"$f":"IF(AND(AK394=0,OR(MONTH(T394)=1, MONTH(T394)=2,MONTH(T394)=12),U394>18,U394<21),1,0)","v":0},{"$f":"IF(AND(AK394=0,MONTH(T394)=6,U394>13,U394<20),0.3,IF(AND(AK394=0,MONTH(T394)=7,U394>13,U394<20),0.39,IF(AND(AK394=0,MONTH(T394)=8,U394>13,U394<20),0.31,0)))","v":0},{"$f":"IF(AND(AK394=0,MONTH(T394)=1,U394>18,U394<21),0.65,IF(AND(AK394=0,MONTH(T394)=2,U394>18,U394<21),0.16,IF(AND(AK394=0,MONTH(T394)=12,U394>18,U394<21),0.19,0)))","v":0}]
[null,null,null,null,null,null,null,null,null,null,null,null,null,null,null,null,null,null,387,{"$f":"IF(T394=\"-\",T394,IF(U395=1,T394+1,T394))","v":"1900-01-17"},{"$f":"IF(U394+1>24,1,U394+1)","v":3},null,"-","-",0,"-","-","-","-","-","-","-","-","-",null,0,0,1,1,0,0,1,0,0,0,0,0,0,0,0,0,0]
[null,null,null,null,null,null,null,null,null,null,null,null,null,null,null,null,null,null,388,"1900-01-17",4,null,"-","-",0,"-","-","-","-","-","-","-","-","-",null,0,0,1,1,0,0,1,0,0,0,0,0,0,0,0,0,0]
[null,null,null,null,null,null,null,null,null,null,null,null,null,null,null,null,null,null,389,"1900-01-17",5,null,"-","-",0,"-","-","-","-","-","-","-","-","-",null,0,0,1,1,0,0,1,0,0,0,0,0,0,0,0,0,0]
[null,null,null,null,null,null,null,null,null,null,null,null,null,null,null,null,null,null,390,"1900-01-17",6,null,"-","-",0,"-","-","-","-","-","-","-","-","-",null,0,0,1,1,0,0,1,0,0,0,0,0,0,0,0,0,0]
[null,null,null,null,null,null,null,null,null,null,null,null,null,null,null,null,null,null,391,"1900-01-17",7,null,"-","-",0,"-","-","-","-","-","-","-","-","-",null,0,0,1,1,0,0,1,0,0,0,0,0,0,0,0,0,0]
[null,null,null,null,null,null,null,null,null,null,null,null,null,null,null,null,null,null,392,"1900-01-17",8,null,0,"-","-","-","-","-","-","-","-","-","-","-",null,0,0,1,1,0,0,0,1,0,0,0,0,0,0,0,0,0]
[null,null,null,null,null,null,null,null,null,null,null,null,null,null,null,null,null,null,393,"1900-01-17",9,null,0,"-","-","-","-","-","-","-","-","-","-","-",null,0,0,1,1,0,0,0,1,0,0,0,0,0,0,0,0,0]
[null,null,null,null,null,null,null,null,null,null,null,null,null,null,null,null,null,null,394,"1900-01-17",10,null,0,"-","-","-","-","-","-","-","-","-","-","-",null,0,0,1,1,0,0,0,1,0,0,0,0,0,0,0,0,0]
[null,null,null,null,null,null,null,null,null,null,null,null,null,null,null,null,null,null,395,"1900-01-17",11,null,0,"-","-","-","-","-","-","-","-","-","-","-",null,0,0,1,1,0,0,0,1,0,0,0,0,0,0,0,0,0]
[null,null,null,null,null,null,null,null,null,null,null,null,null,null,null,null,null,null,396,"1900-01-17",12,null,"-",0,"-","-","-","-","-","-","-","-","-","-",null,0,0,1,1,0,0,0,0,1,0,0,0,0,0,0,0,0]
[null,null,null,null,null,null,null,null,null,null,null,null,null,null,null,null,null,null,397,"1900-01-17",13,null,"-",0,"-","-","-","-","-","-","-","-","-","-",null,0,0,1,1,0,0,0,0,1,0,0,0,0,0,0,0,0]
[null,null,null,null,null,null,null,null,null,null,null,null,null,null,null,null,null,null,398,"1900-01-17",14,null,"-",0,"-","-","-","-","-","-","-","-","-","-",null,0,0,1,1,0,0,0,0,1,0,0,0,0,0,0,0,0]
[null,null,null,null,null,null,null,null,null,null,null,null,null,null,null,null,null,null,399,"1900-01-17",15,null,"-",0,"-","-","-","-","-","-","-","-","-","-",null,0,0,1,1,0,0,0,0,1,0,0,0,0,0,0,0,0]
[null,null,null,null,null,null,null,null,null,null,null,null,null,null,null,null,null,null,400,"1900-01-17",16,null,"-",0,"-","-","-","-","-","-","-","-","-","-",null,0,0,1,1,0,0,0,0,1,0,0,0,0,0,0,0,0]
[null,null,null,null,null,null,null,null,null,null,null,null,null,null,null,null,null,null,401,"1900-01-17",17,null,"-",0,"-","-","-","-","-","-","-","-","-","-",null,0,0,1,1,0,0,0,0,1,0,0,0,0,0,0,0,0]
[null,null,null,null,null,null,null,null,null,null,null,null,null,null,null,null,null,null,402,"1900-01-17",18,null,0,"-","-","-","-","-","-","-","-","-","-","-",null,0,0,1,1,0,0,0,0,0,1,0,1,0,0,0,0,0]
[null,null,null,null,null,null,null,null,null,null,null,null,null,null,null,null,null,null,403,"1900-01-17",19,null,0,"-","-","-","-","-","-","-","-","-","-","-",null,0,0,1,1,0,0,0,0,0,1,0,1,0,0,1,0,0.65]
[null,null,null,null,null,null,null,null,null,null,null,null,null,null,null,null,null,null,404,"1900-01-17",20,null,0,"-","-","-","-","-","-","-","-","-","-","-",null,0,0,1,1,0,0,0,0,0,1,0,1,0,0,1,0,0.65]
[null,null,null,null,null,null,null,null,null,null,null,null,null,null,null,null,null,null,405,"1900-01-17",21,null,"-",0,"-","-","-","-","-","-","-","-","-","-",null,0,0,1,1,0,0,0,0,0,0,1,1,0,0,0,0,0]
[null,null,null,null,null,null,null,null,null,null,null,null,null,null,null,null,null,null,406,"1900-01-17",22,null,"-",0,"-","-","-","-","-","-","-","-","-","-",null,0,0,1,1,0,0,0,0,0,0,1,1,0,0,0,0,0]
[null,null,null,null,null,null,null,null,null,null,null,null,null,null,null,null,null,null,407,"1900-01-17",23,null,"-","-",0,"-","-","-","-","-","-","-","-","-",null,0,0,1,1,0,0,0,0,0,0,0,0,1,0,0,0,0]
[null,null,null,null,null,null,null,null,null,null,null,null,null,null,null,null,null,null,408,"1900-01-17",24,null,"-","-",0,"-","-","-","-","-","-","-","-","-",null,0,0,1,1,0,0,0,0,0,0,0,0,1,0,0,0,0]
[null,null,null,null,null,null,null,null,null,null,null,null,null,null,null,null,null,null,409,"1900-01-18",1,null,"-","-",0,"-","-","-","-","-","-","-","-","-",null,0,0,1,1,0,0,1,0,0,0,0,0,0,0,0,0,0]
[null,null,null,null,null,null,null,null,null,null,null,null,null,null,null,null,null,null,410,"1900-01-18",2,null,"-","-",0,"-","-","-","-","-","-","-","-","-",null,0,0,1,1,0,0,1,0,0,0,0,0,0,0,0,0,0]
[null,null,null,null,null,null,null,null,null,null,null,null,null,null,null,null,null,null,411,"1900-01-18",3,null,"-","-",0,"-","-","-","-","-","-","-","-","-",null,0,0,1,1,0,0,1,0,0,0,0,0,0,0,0,0,0]
[null,null,null,null,null,null,null,null,null,null,null,null,null,null,null,null,null,null,412,"1900-01-18",4,null,"-","-",0,"-","-","-","-","-","-","-","-","-",null,0,0,1,1,0,0,1,0,0,0,0,0,0,0,0,0,0]
[null,null,null,null,null,null,null,null,null,null,null,null,null,null,null,null,null,null,413,"1900-01-18",5,null,"-","-",0,"-","-","-","-","-","-","-","-","-",null,0,0,1,1,0,0,1,0,0,0,0,0,0,0,0,0,0]
[null,null,null,null,null,null,null,null,null,null,null,null,null,null,null,null,null,null,414,"1900-01-18",6,null,"-","-",0,"-","-","-","-","-","-","-","-","-",null,0,0,1,1,0,0,1,0,0,0,0,0,0,0,0,0,0]
[null,null,null,null,null,null,null,null,null,null,null,null,null,null,null,null,null,null,415,"1900-01-18",7,null,"-","-",0,"-","-","-","-","-","-","-","-","-",null,0,0,1,1,0,0,1,0,0,0,0,0,0,0,0,0,0]
[null,null,null,null,null,null,null,null,null,null,null,null,null,null,null,null,null,null,416,"1900-01-18",8,null,0,"-","-","-","-","-","-","-","-","-","-","-",null,0,0,1,1,0,0,0,1,0,0,0,0,0,0,0,0,0]
[null,null,null,null,null,null,null,null,null,null,null,null,null,null,null,null,null,null,417,"1900-01-18",9,null,0,"-","-","-","-","-","-","-","-","-","-","-",null,0,0,1,1,0,0,0,1,0,0,0,0,0,0,0,0,0]
[null,null,null,null,null,null,null,null,null,null,null,null,null,null,null,null,null,null,418,"1900-01-18",10,null,0,"-","-","-","-","-","-","-","-","-","-","-",null,0,0,1,1,0,0,0,1,0,0,0,0,0,0,0,0,0]
[null,null,null,null,null,null,null,null,null,null,null,null,null,null,null,null,null,null,419,"1900-01-18",11,null,0,"-","-","-","-","-","-","-","-","-","-","-",null,0,0,1,1,0,0,0,1,0,0,0,0,0,0,0,0,0]
[null,null,null,null,null,null,null,null,null,null,null,null,null,null,null,null,null,null,420,"1900-01-18",12,null,"-",0,"-","-","-","-","-","-","-","-","-","-",null,0,0,1,1,0,0,0,0,1,0,0,0,0,0,0,0,0]
[null,null,null,null,null,null,null,null,null,null,null,null,null,null,null,null,null,null,421,"1900-01-18",13,null,"-",0,"-","-","-","-","-","-","-","-","-","-",null,0,0,1,1,0,0,0,0,1,0,0,0,0,0,0,0,0]
[null,null,null,null,null,null,null,null,null,null,null,null,null,null,null,null,null,null,422,"1900-01-18",14,null,"-",0,"-","-","-","-","-","-","-","-","-","-",null,0,0,1,1,0,0,0,0,1,0,0,0,0,0,0,0,0]
[null,null,null,null,null,null,null,null,null,null,null,null,null,null,null,null,null,null,423,"1900-01-18",15,null,"-",0,"-","-","-","-","-","-","-","-","-","-",null,0,0,1,1,0,0,0,0,1,0,0,0,0,0,0,0,0]
[null,null,null,null,null,null,null,null,null,null,null,null,null,null,null,null,null,null,424,"1900-01-18",16,null,"-",0,"-","-","-","-","-","-","-","-","-","-",null,0,0,1,1,0,0,0,0,1,0,0,0,0,0,0,0,0]
[null,null,null,null,null,null,null,null,null,null,null,null,null,null,null,null,null,null,425,"1900-01-18",17,null,"-",0,"-","-","-","-","-","-","-","-","-","-",null,0,0,1,1,0,0,0,0,1,0,0,0,0,0,0,0,0]
[null,null,null,null,null,null,null,null,null,null,null,null,null,null,null,null,null,null,426,"1900-01-18",18,null,0,"-","-","-","-","-","-","-","-","-","-","-",null,0,0,1,1,0,0,0,0,0,1,0,1,0,0,0,0,0]
[null,null,null,null,null,null,null,null,null,null,null,null,null,null,null,null,null,null,427,"1900-01-18",19,null,0,"-","-","-","-","-","-","-","-","-","-","-",null,0,0,1,1,0,0,0,0,0,1,0,1,0,0,1,0,0.65]
[null,null,null,null,null,null,null,null,null,null,null,null,null,null,null,null,null,null,428,"1900-01-18",20,null,0,"-","-","-","-","-","-","-","-","-","-","-",null,0,0,1,1,0,0,0,0,0,1,0,1,0,0,1,0,0.65]
[null,null,null,null,null,null,null,null,null,null,null,null,null,null,null,null,null,null,429,"1900-01-18",21,null,"-",0,"-","-","-","-","-","-","-","-","-","-",null,0,0,1,1,0,0,0,0,0,0,1,1,0,0,0,0,0]
[null,null,null,null,null,null,null,null,null,null,null,null,null,null,null,null,null,null,430,"1900-01-18",22,null,"-",0,"-","-","-","-","-","-","-","-","-","-",null,0,0,1,1,0,0,0,0,0,0,1,1,0,0,0,0,0]
[null,null,null,null,null,null,null,null,null,null,null,null,null,null,null,null,null,null,431,"1900-01-18",23,null,"-","-",0,"-","-","-","-","-","-","-","-","-",null,0,0,1,1,0,0,0,0,0,0,0,0,1,0,0,0,0]
[null,null,null,null,null,null,null,null,null,null,null,null,null,null,null,null,null,null,432,"1900-01-18",24,null,"-","-",0,"-","-","-","-","-","-","-","-","-",null,0,0,1,1,0,0,0,0,0,0,0,0,1,0,0,0,0]
[null,null,null,null,null,null,null,null,null,null,null,null,null,null,null,null,null,null,433,"1900-01-19",1,null,"-","-",0,"-","-","-","-","-","-","-","-","-",null,0,0,1,1,0,0,1,0,0,0,0,0,0,0,0,0,0]
[null,null,null,null,null,null,null,null,null,null,null,null,null,null,null,null,null,null,434,"1900-01-19",2,null,"-","-",0,"-","-","-","-","-","-","-","-","-",null,0,0,1,1,0,0,1,0,0,0,0,0,0,0,0,0,0]
[null,null,null,null,null,null,null,null,null,null,null,null,null,null,null,null,null,null,435,"1900-01-19",3,null,"-","-",0,"-","-","-","-","-","-","-","-","-",null,0,0,1,1,0,0,1,0,0,0,0,0,0,0,0,0,0]
[null,null,null,null,null,null,null,null,null,null,null,null,null,null,null,null,null,null,436,"1900-01-19",4,null,"-","-",0,"-","-","-","-","-","-","-","-","-",null,0,0,1,1,0,0,1,0,0,0,0,0,0,0,0,0,0]
[null,null,null,null,null,null,null,null,null,null,null,null,null,null,null,null,null,null,437,"1900-01-19",5,null,"-","-",0,"-","-","-","-","-","-","-","-","-",null,0,0,1,1,0,0,1,0,0,0,0,0,0,0,0,0,0]
[null,null,null,null,null,null,null,null,null,null,null,null,null,null,null,null,null,null,438,"1900-01-19",6,null,"-","-",0,"-","-","-","-","-","-","-","-","-",null,0,0,1,1,0,0,1,0,0,0,0,0,0,0,0,0,0]
[null,null,null,null,null,null,null,null,null,null,null,null,null,null,null,null,null,null,439,"1900-01-19",7,null,"-","-",0,"-","-","-","-","-","-","-","-","-",null,0,0,1,1,0,0,1,0,0,0,0,0,0,0,0,0,0]
[null,null,null,null,null,null,null,null,null,null,null,null,null,null,null,null,null,null,440,"1900-01-19",8,null,0,"-","-","-","-","-","-","-","-","-","-","-",null,0,0,1,1,0,0,0,1,0,0,0,0,0,0,0,0,0]
[null,null,null,null,null,null,null,null,null,null,null,null,null,null,null,null,null,null,441,"1900-01-19",9,null,0,"-","-","-","-","-","-","-","-","-","-","-",null,0,0,1,1,0,0,0,1,0,0,0,0,0,0,0,0,0]
[null,null,null,null,null,null,null,null,null,null,null,null,null,null,null,null,null,null,442,"1900-01-19",10,null,0,"-","-","-","-","-","-","-","-","-","-","-",null,0,0,1,1,0,0,0,1,0,0,0,0,0,0,0,0,0]
[null,null,null,null,null,null,null,null,null,null,null,null,null,null,null,null,null,null,443,"1900-01-19",11,null,0,"-","-","-","-","-","-","-","-","-","-","-",null,0,0,1,1,0,0,0,1,0,0,0,0,0,0,0,0,0]
[null,null,null,null,null,null,null,null,null,null,null,null,null,null,null,null,null,null,444,"1900-01-19",12,null,"-",0,"-","-","-","-","-","-","-","-","-","-",null,0,0,1,1,0,0,0,0,1,0,0,0,0,0,0,0,0]
[null,null,null,null,null,null,null,null,null,null,null,null,null,null,null,null,null,null,445,"1900-01-19",13,null,"-",0,"-","-","-","-","-","-","-","-","-","-",null,0,0,1,1,0,0,0,0,1,0,0,0,0,0,0,0,0]
[null,null,null,null,null,null,null,null,null,null,null,null,null,null,null,null,null,null,446,"1900-01-19",14,null,"-",0,"-","-","-","-","-","-","-","-","-","-",null,0,0,1,1,0,0,0,0,1,0,0,0,0,0,0,0,0]
[null,null,null,null,null,null,null,null,null,null,null,null,null,null,null,null,null,null,447,"1900-01-19",15,null,"-",0,"-","-","-","-","-","-","-","-","-","-",null,0,0,1,1,0,0,0,0,1,0,0,0,0,0,0,0,0]
[null,null,null,null,null,null,null,null,null,null,null,null,null,null,null,null,null,null,448,"1900-01-19",16,null,"-",0,"-","-","-","-","-","-","-","-","-","-",null,0,0,1,1,0,0,0,0,1,0,0,0,0,0,0,0,0]
[null,null,null,null,null,null,null,null,null,null,null,null,null,null,null,null,null,null,449,"1900-01-19",17,null,"-",0,"-","-","-","-","-","-",{"$f":"IF($V457*AW457>0,$V457*AW457,\"-\")","v":"-"},{"$f":"IF($V457*AX457>0,$V457*AX457,\"-\")","v":"-"},{"$f":"IF($V457*AY457>0,$V457*AY457,\"-\")","v":"-"},{"$f":"IF($V457*AZ457>0,$V457*AZ457,\"-\")","v":"-"},null,{"$f":"COUNTIF($BB$10:$BB$21,T457)","v":0},{"$f":"IF(OR(WEEKDAY(T457)=1,WEEKDAY(T457)=7),1,0)","v":0},{"$f":"MONTH(T457)","v":1},{"$f":"IF(OR(MONTH(T457)=12,MONTH(T457)=1,MONTH(T457)=2,MONTH(T457)=3),1,0)","v":1},{"$f":"IF(OR(MONTH(T457)=6,MONTH(T457)=7,MONTH(T457)=8,MONTH(T457)=9),1,0)","v":0},{"$f":"IF(OR(MONTH(T457)=4,MONTH(T457)=5,MONTH(T457)=10,MONTH(T457)=11),1,0)","v":0},0,0,1,0,0,0,0,0,0,0,0]
[null,null,null,null,null,null,null,null,null,null,null,null,null,null,null,null,null,null,450,"1900-01-19",18,null,{"$f":"IFERROR(V458*IF(AND(AJ458=0,AK458=0,AM458=1,OR(AQ458=1,AS458=1)),1,\"\"),\"-\")","v":0},{"$f":"IFERROR(V458*IF(AND(AJ458=0,AK458=0,AM458=1,OR(AR458=1,AT458=1)),1,\"\"),\"-\")","v":"-"},{"$f":"IFERROR(V458*IF(OR(AND(AM458=1,AJ458=1),AND(AM458=1,AK458=1),AND(AJ458=0,AK458=0,AM458=1,OR(AP458=1,AV458=1))),1,\"\"),\"-\")","v":"-"},{"$f":"IFERROR(V458*IF(AND(AJ458=0,AK458=0,AN458=1,AR458=1),1,\"\"),\"-\")","v":"-"},{"$f":"IFERROR(V458*IF(AND(AJ458=0,AK458=0,AN458=1,OR(AQ458=1,AU458=1)),1,\"\"),\"-\")","v":"-"},{"$f":"IFERROR(V458*IF(OR(AND(AN458=1,AJ458=1),AND(AN458=1,AK458=1),AND(AJ458=0,AK458=0,AN458=1,OR(AP458=1,AV458=1))),1,\"\"),\"-\")","v":"-"},{"$f":"IFERROR(V458*IF(AND(AJ458=0,AK458=0,AO458=1,OR(AQ458=1,AR458=1,AU458=1)),1,\"\"),\"-\")","v":"-"},{"$f":"IFERROR(V458*IF(OR(AND(AO458=1,OR(AJ458=1,AK458=1)),AND(AJ458=0,AK458=0,AO458=1,OR(AP458=1,AV458=1))),1,\"\"),\"-\")","v":"-"},"-","-","-","-",null,0,0,1,1,0,0,{"$f":"IF(AND(U458>0,U458<8),1,0)","v":0},{"$f":"IF(AND(U458>7,U458<12),1,0)","v":0},{"$f":"IF(AND(U458>11,U458<18),1,0)","v":0},{"$f":"IF(AND(U458>17,U458<21),1,0)","v":1},{"$f":"IF(AND(U458>20,U458<23),1,0)","v":0},{"$f":"IF(AND(U458>17,U458<23),1,0)","v":1},{"$f":"IF(AND(U458>22,U458<25),1,0)","v":0},{"$f":"IF(AND(AK458=0,OR(MONTH(T458)=6, MONTH(T458)=7,MONTH(T458)=8),U458>13,U458<20),1,0)","v":0},{"$f":"IF(AND(AK458=0,OR(MONTH(T458)=1, MONTH(T458)=2,MONTH(T458)=12),U458>18,U458<21),1,0)","v":0},{"$f":"IF(AND(AK458=0,MONTH(T458)=6,U458>13,U458<20),0.3,IF(AND(AK458=0,MONTH(T458)=7,U458>13,U458<20),0.39,IF(AND(AK458=0,MONTH(T458)=8,U458>13,U458<20),0.31,0)))","v":0},{"$f":"IF(AND(AK458=0,MONTH(T458)=1,U458>18,U458<21),0.65,IF(AND(AK458=0,MONTH(T458)=2,U458>18,U458<21),0.16,IF(AND(AK458=0,MONTH(T458)=12,U458>18,U458<21),0.19,0)))","v":0}]
[null,null,null,null,null,null,null,null,null,null,null,null,null,null,null,null,null,null,451,{"$f":"IF(T458=\"-\",T458,IF(U459=1,T458+1,T458))","v":"1900-01-19"},{"$f":"IF(U458+1>24,1,U458+1)","v":19},null,0,"-","-","-","-","-","-","-","-","-","-","-",null,0,0,1,1,0,0,0,0,0,1,0,1,0,0,1,0,0.65]
[null,null,null,null,null,null,null,null,null,null,null,null,null,null,null,null,null,null,452,"1900-01-19",20,null,0,"-","-","-","-","-","-","-","-","-","-","-",null,0,0,1,1,0,0,0,0,0,1,0,1,0,0,1,0,0.65]
[null,null,null,null,null,null,null,null,null,null,null,null,null,null,null,null,null,null,453,"1900-01-19",21,null,"-",0,"-","-","-","-","-","-","-","-","-","-",null,0,0,1,1,0,0,0,0,0,0,1,1,0,0,0,0,0]
[null,null,null,null,null,null,null,null,null,null,null,null,null,null,null,null,null,null,454,"1900-01-19",22,null,"-",0,"-","-","-","-","-","-","-","-","-","-",null,0,0,1,1,0,0,0,0,0,0,1,1,0,0,0,0,0]
[null,null,null,null,null,null,null,null,null,null,null,null,null,null,null,null,null,null,455,"1900-01-19",23,null,"-","-",0,"-","-","-","-","-","-","-","-","-",null,0,0,1,1,0,0,0,0,0,0,0,0,1,0,0,0,0]
[null,null,null,null,null,null,null,null,null,null,null,null,null,null,null,null,null,null,456,"1900-01-19",24,null,"-","-",0,"-","-","-","-","-","-","-","-","-",null,0,0,1,1,0,0,0,0,0,0,0,0,1,0,0,0,0]
[null,null,null,null,null,null,null,null,null,null,null,null,null,null,null,null,null,null,457,"1900-01-20",1,null,"-","-",0,"-","-","-","-","-","-","-","-","-",null,0,0,1,1,0,0,1,0,0,0,0,0,0,0,0,0,0]
[null,null,null,null,null,null,null,null,null,null,null,null,null,null,null,null,null,null,458,"1900-01-20",2,null,"-","-",0,"-","-","-","-","-","-","-","-","-",null,0,0,1,1,0,0,1,0,0,0,0,0,0,0,0,0,0]
[null,null,null,null,null,null,null,null,null,null,null,null,null,null,null,null,null,null,459,"1900-01-20",3,null,"-","-",0,"-","-","-","-","-","-","-","-","-",null,0,0,1,1,0,0,1,0,0,0,0,0,0,0,0,0,0]
[null,null,null,null,null,null,null,null,null,null,null,null,null,null,null,null,null,null,460,"1900-01-20",4,null,"-","-",0,"-","-","-","-","-","-","-","-","-",null,0,0,1,1,0,0,1,0,0,0,0,0,0,0,0,0,0]
[null,null,null,null,null,null,null,null,null,null,null,null,null,null,null,null,null,null,461,"1900-01-20",5,null,"-","-",0,"-","-","-","-","-","-","-","-","-",null,0,0,1,1,0,0,1,0,0,0,0,0,0,0,0,0,0]
[null,null,null,null,null,null,null,null,null,null,null,null,null,null,null,null,null,null,462,"1900-01-20",6,null,"-","-",0,"-","-","-","-","-","-","-","-","-",null,0,0,1,1,0,0,1,0,0,0,0,0,0,0,0,0,0]
[null,null,null,null,null,null,null,null,null,null,null,null,null,null,null,null,null,null,463,"1900-01-20",7,null,"-","-",0,"-","-","-","-","-","-","-","-","-",null,0,0,1,1,0,0,1,0,0,0,0,0,0,0,0,0,0]
[null,null,null,null,null,null,null,null,null,null,null,null,null,null,null,null,null,null,464,"1900-01-20",8,null,0,"-","-","-","-","-","-","-","-","-","-","-",null,0,0,1,1,0,0,0,1,0,0,0,0,0,0,0,0,0]
[null,null,null,null,null,null,null,null,null,null,null,null,null,null,null,null,null,null,465,"1900-01-20",9,null,0,"-","-","-","-","-","-","-","-","-","-","-",null,0,0,1,1,0,0,0,1,0,0,0,0,0,0,0,0,0]
[null,null,null,null,null,null,null,null,null,null,null,null,null,null,null,null,null,null,466,"1900-01-20",10,null,0,"-","-","-","-","-","-","-","-","-","-","-",null,0,0,1,1,0,0,0,1,0,0,0,0,0,0,0,0,0]
[null,null,null,null,null,null,null,null,null,null,null,null,null,null,null,null,null,null,467,"1900-01-20",11,null,0,"-","-","-","-","-","-","-","-","-","-","-",null,0,0,1,1,0,0,0,1,0,0,0,0,0,0,0,0,0]
[null,null,null,null,null,null,null,null,null,null,null,null,null,null,null,null,null,null,468,"1900-01-20",12,null,"-",0,"-","-","-","-","-","-","-","-","-","-",null,0,0,1,1,0,0,0,0,1,0,0,0,0,0,0,0,0]
[null,null,null,null,null,null,null,null,null,null,null,null,null,null,null,null,null,null,469,"1900-01-20",13,null,"-",0,"-","-","-","-","-","-","-","-","-","-",null,0,0,1,1,0,0,0,0,1,0,0,0,0,0,0,0,0]
[null,null,null,null,null,null,null,null,null,null,null,null,null,null,null,null,null,null,470,"1900-01-20",14,null,"-",0,"-","-","-","-","-","-","-","-","-","-",null,0,0,1,1,0,0,0,0,1,0,0,0,0,0,0,0,0]
[null,null,null,null,null,null,null,null,null,null,null,null,null,null,null,null,null,null,471,"1900-01-20",15,null,"-",0,"-","-","-","-","-","-","-","-","-","-",null,0,0,1,1,0,0,0,0,1,0,0,0,0,0,0,0,0]
[null,null,null,null,null,null,null,null,null,null,null,null,null,null,null,null,null,null,472,"1900-01-20",16,null,"-",0,"-","-","-","-","-","-","-","-","-","-",null,0,0,1,1,0,0,0,0,1,0,0,0,0,0,0,0,0]
[null,null,null,null,null,null,null,null,null,null,null,null,null,null,null,null,null,null,473,"1900-01-20",17,null,"-",0,"-","-","-","-","-","-","-","-","-","-",null,0,0,1,1,0,0,0,0,1,0,0,0,0,0,0,0,0]
[null,null,null,null,null,null,null,null,null,null,null,null,null,null,null,null,null,null,474,"1900-01-20",18,null,0,"-","-","-","-","-","-","-","-","-","-","-",null,0,0,1,1,0,0,0,0,0,1,0,1,0,0,0,0,0]
[null,null,null,null,null,null,null,null,null,null,null,null,null,null,null,null,null,null,475,"1900-01-20",19,null,0,"-","-","-","-","-","-","-","-","-","-","-",null,0,0,1,1,0,0,0,0,0,1,0,1,0,0,1,0,0.65]
[null,null,null,null,null,null,null,null,null,null,null,null,null,null,null,null,null,null,476,"1900-01-20",20,null,0,"-","-","-","-","-","-","-","-","-","-","-",null,0,0,1,1,0,0,0,0,0,1,0,1,0,0,1,0,0.65]
[null,null,null,null,null,null,null,null,null,null,null,null,null,null,null,null,null,null,477,"1900-01-20",21,null,"-",0,"-","-","-","-","-","-","-","-","-","-",null,0,0,1,1,0,0,0,0,0,0,1,1,0,0,0,0,0]
[null,null,null,null,null,null,null,null,null,null,null,null,null,null,null,null,null,null,478,"1900-01-20",22,null,"-",0,"-","-","-","-","-","-","-","-","-","-",null,0,0,1,1,0,0,0,0,0,0,1,1,0,0,0,0,0]
[null,null,null,null,null,null,null,null,null,null,null,null,null,null,null,null,null,null,479,"1900-01-20",23,null,"-","-",0,"-","-","-","-","-","-","-","-","-",null,0,0,1,1,0,0,0,0,0,0,0,0,1,0,0,0,0]
[null,null,null,null,null,null,null,null,null,null,null,null,null,null,null,null,null,null,480,"1900-01-20",24,null,"-","-",0,"-","-","-","-","-","-","-","-","-",null,0,0,1,1,0,0,0,0,0,0,0,0,1,0,0,0,0]
[null,null,null,null,null,null,null,null,null,null,null,null,null,null,null,null,null,null,481,"1900-01-21",1,null,"-","-",0,"-","-","-","-","-","-","-","-","-",null,0,1,1,1,0,0,1,0,0,0,0,0,0,0,0,0,0]
[null,null,null,null,null,null,null,null,null,null,null,null,null,null,null,null,null,null,482,"1900-01-21",2,null,"-","-",0,"-","-","-","-","-","-","-","-","-",null,0,1,1,1,0,0,1,0,0,0,0,0,0,0,0,0,0]
[null,null,null,null,null,null,null,null,null,null,null,null,null,null,null,null,null,null,483,"1900-01-21",3,null,"-","-",0,"-","-","-","-","-","-","-","-","-",null,0,1,1,1,0,0,1,0,0,0,0,0,0,0,0,0,0]
[null,null,null,null,null,null,null,null,null,null,null,null,null,null,null,null,null,null,484,"1900-01-21",4,null,"-","-",0,"-","-","-","-","-","-","-","-","-",null,0,1,1,1,0,0,1,0,0,0,0,0,0,0,0,0,0]
[null,null,null,null,null,null,null,null,null,null,null,null,null,null,null,null,null,null,485,"1900-01-21",5,null,"-","-",0,"-","-","-","-","-","-","-","-","-",null,0,1,1,1,0,0,1,0,0,0,0,0,0,0,0,0,0]
[null,null,null,null,null,null,null,null,null,null,null,null,null,null,null,null,null,null,486,"1900-01-21",6,null,"-","-",0,"-","-","-","-","-","-","-","-","-",null,0,1,1,1,0,0,1,0,0,0,0,0,0,0,0,0,0]
[null,null,null,null,null,null,null,null,null,null,null,null,null,null,null,null,null,null,487,"1900-01-21",7,null,"-","-",0,"-","-","-","-","-","-","-","-","-",null,0,1,1,1,0,0,1,0,0,0,0,0,0,0,0,0,0]
[null,null,null,null,null,null,null,null,null,null,null,null,null,null,null,null,null,null,488,"1900-01-21",8,null,"-","-",0,"-","-","-","-","-","-","-","-","-",null,0,1,1,1,0,0,0,1,0,0,0,0,0,0,0,0,0]
[null,null,null,null,null,null,null,null,null,null,null,null,null,null,null,null,null,null,489,"1900-01-21",9,null,"-","-",0,"-","-","-","-","-","-","-","-","-",null,0,1,1,1,0,0,0,1,0,0,0,0,0,0,0,0,0]
[null,null,null,null,null,null,null,null,null,null,null,null,null,null,null,null,null,null,490,"1900-01-21",10,null,"-","-",0,"-","-","-","-","-","-","-","-","-",null,0,1,1,1,0,0,0,1,0,0,0,0,0,0,0,0,0]
[null,null,null,null,null,null,null,null,null,null,null,null,null,null,null,null,null,null,491,"1900-01-21",11,null,"-","-",0,"-","-","-","-","-","-","-","-","-",null,0,1,1,1,0,0,0,1,0,0,0,0,0,0,0,0,0]
[null,null,null,null,null,null,null,null,null,null,null,null,null,null,null,null,null,null,492,"1900-01-21",12,null,"-","-",0,"-","-","-","-","-","-","-","-","-",null,0,1,1,1,0,0,0,0,1,0,0,0,0,0,0,0,0]
[null,null,null,null,null,null,null,null,null,null,null,null,null,null,null,null,null,null,502,"1900-01-21",22,null,"-","-",0,"-","-","-","-","-","-","-","-","-",null,0,1,1,1,0,0,0,0,0,0,1,1,0,0,0,0,0]
[null,null,null,null,null,null,null,null,null,null,null,null,null,null,null,null,null,null,519,"1900-01-22",15,null,"-","-",0,"-","-","-","-","-","-","-","-","-",null,0,1,1,1,0,0,0,0,1,0,0,0,0,0,0,0,0]
[null,null,null,null,null,null,null,null,null,null,null,null,null,null,null,null,null,null,529,"1900-01-23",1,null,"-","-",0,"-","-","-","-","-","-","-","-","-",null,0,0,1,1,0,0,1,0,0,0,0,0,0,0,0,0,0]
[null,null,null,null,null,null,null,null,null,null,null,null,null,null,null,null,null,null,554,"1900-01-24",2,null,"-","-",0,"-","-","-","-","-","-","-","-","-",null,0,0,1,1,0,0,1,0,0,0,0,0,0,0,0,0,0]
[null,null,null,null,null,null,null,null,null,null,null,null,null,null,null,null,null,null,571,"1900-01-24",19,null,0,"-","-","-","-","-","-","-","-","-","-","-",null,0,0,1,1,0,0,0,0,0,1,0,1,0,0,1,0,0.65]
[null,null,null,null,null,null,null,null,null,null,null,null,null,null,null,null,null,null,579,{"$f":"IF(T586=\"-\",T586,IF(U587=1,T586+1,T586))","v":"1900-01-25"},{"$f":"IF(U586+1>24,1,U586+1)","v":3},null,"-","-",0,"-","-","-","-","-","-","-","-","-",null,0,0,1,1,0,0,1,0,0,0,0,0,0,0,0,0,0]
[null,null,null,null,null,null,null,null,null,null,null,null,null,null,null,null,null,null,606,"1900-01-26",6,null,"-","-",0,"-","-","-","-","-","-","-","-","-",null,0,0,1,1,0,0,1,0,0,0,0,0,0,0,0,0,0]
[null,null,null,null,null,null,null,null,null,null,null,null,null,null,null,null,null,null,607,"1900-01-26",7,null,"-","-",0,"-","-","-","-","-","-","-","-","-",null,0,0,1,1,0,0,1,0,0,0,0,0,0,0,0,0,0]
[null,null,null,null,null,null,null,null,null,null,null,null,null,null,null,null,null,null,630,"1900-01-27",6,null,"-","-",0,"-","-","-","-","-","-","-","-","-",null,0,0,1,1,0,0,1,0,0,0,0,0,0,0,0,0,0]
[null,null,null,null,null,null,null,null,null,null,null,null,null,null,null,null,null,null,642,"1900-01-27",18,null,{"$f":"IFERROR(V650*IF(AND(AJ650=0,AK650=0,AM650=1,OR(AQ650=1,AS650=1)),1,\"\"),\"-\")","v":0},{"$f":"IFERROR(V650*IF(AND(AJ650=0,AK650=0,AM650=1,OR(AR650=1,AT650=1)),1,\"\"),\"-\")","v":"-"},{"$f":"IFERROR(V650*IF(OR(AND(AM650=1,AJ650=1),AND(AM650=1,AK650=1),AND(AJ650=0,AK650=0,AM650=1,OR(AP650=1,AV650=1))),1,\"\"),\"-\")","v":"-"},{"$f":"IFERROR(V650*IF(AND(AJ650=0,AK650=0,AN650=1,AR650=1),1,\"\"),\"-\")","v":"-"},{"$f":"IFERROR(V650*IF(AND(AJ650=0,AK650=0,AN650=1,OR(AQ650=1,AU650=1)),1,\"\"),\"-\")","v":"-"},{"$f":"IFERROR(V650*IF(OR(AND(AN650=1,AJ650=1),AND(AN650=1,AK650=1),AND(AJ650=0,AK650=0,AN650=1,OR(AP650=1,AV650=1))),1,\"\"),\"-\")","v":"-"},{"$f":"IFERROR(V650*IF(AND(AJ650=0,AK650=0,AO650=1,OR(AQ650=1,AR650=1,AU650=1)),1,\"\"),\"-\")","v":"-"},{"$f":"IFERROR(V650*IF(OR(AND(AO650=1,OR(AJ650=1,AK650=1)),AND(AJ650=0,AK650=0,AO650=1,OR(AP650=1,AV650=1))),1,\"\"),\"-\")","v":"-"},"-","-","-","-",null,0,0,1,1,0,0,{"$f":"IF(AND(U650>0,U650<8),1,0)","v":0},{"$f":"IF(AND(U650>7,U650<12),1,0)","v":0},{"$f":"IF(AND(U650>11,U650<18),1,0)","v":0},{"$f":"IF(AND(U650>17,U650<21),1,0)","v":1},{"$f":"IF(AND(U650>20,U650<23),1,0)","v":0},{"$f":"IF(AND(U650>17,U650<23),1,0)","v":1},{"$f":"IF(AND(U650>22,U650<25),1,0)","v":0},{"$f":"IF(AND(AK650=0,OR(MONTH(T650)=6, MONTH(T650)=7,MONTH(T650)=8),U650>13,U650<20),1,0)","v":0},{"$f":"IF(AND(AK650=0,OR(MONTH(T650)=1, MONTH(T650)=2,MONTH(T650)=12),U650>18,U650<21),1,0)","v":0},{"$f":"IF(AND(AK650=0,MONTH(T650)=6,U650>13,U650<20),0.3,IF(AND(AK650=0,MONTH(T650)=7,U650>13,U650<20),0.39,IF(AND(AK650=0,MONTH(T650)=8,U650>13,U650<20),0.31,0)))","v":0},{"$f":"IF(AND(AK650=0,MONTH(T650)=1,U650>18,U650<21),0.65,IF(AND(AK650=0,MONTH(T650)=2,U650>18,U650<21),0.16,IF(AND(AK650=0,MONTH(T650)=12,U650>18,U650<21),0.19,0)))","v":0}]
[null,null,null,null,null,null,null,null,null,null,null,null,null,null,null,null,null,null,659,"1900-01-28",11,null,"-","-",0,"-","-","-","-","-","-","-","-","-",null,0,1,1,1,0,0,0,1,0,0,0,0,0,0,0,0,0]
[null,null,null,null,null,null,null,null,null,null,null,null,null,null,null,null,null,null,680,"1900-01-29",8,null,"-","-",0,"-","-","-","-","-","-","-","-","-",null,0,1,1,1,0,0,0,1,0,0,0,0,0,0,0,0,0]
[null,null,null,null,null,null,null,null,null,null,null,null,null,null,null,null,null,null,694,"1900-01-29",22,null,"-","-",0,"-","-","-","-","-","-","-","-","-",null,0,1,1,1,0,0,0,0,0,0,1,1,0,0,0,0,0]
[null,null,null,null,null,null,null,null,null,null,null,null,null,null,null,null,null,null,711,"1900-01-30",15,null,"-",0,"-","-","-","-","-","-","-","-","-","-",null,0,0,1,1,0,0,0,0,1,0,0,0,0,0,0,0,0]
[null,null,null,null,null,null,null,null,null,null,null,null,null,null,null,null,null,null,730,"1900-01-31",10,null,0,"-","-","-","-","-","-","-","-","-","-","-",null,0,0,1,1,0,0,0,1,0,0,0,0,0,0,0,0,0]
[null,null,null,null,null,null,null,null,null,null,null,null,null,null,null,null,null,null,746,"1900-02-01",2,null,"-","-",0,"-","-","-","-","-","-","-","-","-",null,0,0,2,1,0,0,1,0,0,0,0,0,0,0,0,0,0]
[null,null,null,null,null,null,null,null,null,null,null,null,null,null,null,null,null,null,763,"1900-02-01",19,null,0,"-","-","-","-","-","-","-","-","-","-","-",null,0,0,2,1,0,0,0,0,0,1,0,1,0,0,1,0,0.16]
[null,null,null,null,null,null,null,null,null,null,null,null,null,null,null,null,null,null,780,"1900-02-02",12,null,"-",0,"-","-","-","-","-","-","-","-","-","-",null,0,0,2,1,0,0,0,0,1,0,0,0,0,0,0,0,0]
[null,null,null,null,null,null,null,null,null,null,null,null,null,null,null,null,null,null,798,"1900-02-03",6,null,"-","-",0,"-","-","-","-","-","-","-","-","-",null,0,0,2,1,0,0,1,0,0,0,0,0,0,0,0,0,0]
[null,null,null,null,null,null,null,null,null,null,null,null,null,null,null,null,null,null,815,"1900-02-03",23,null,"-","-",0,"-","-","-","-","-","-","-","-","-",null,0,0,2,1,0,0,0,0,0,0,0,0,1,0,0,0,0]
[null,null,null,null,null,null,null,null,null,null,null,null,null,null,null,null,null,null,830,"1900-02-04",14,null,"-","-",0,"-","-","-","-","-","-","-","-","-",null,0,1,2,1,0,0,0,0,1,0,0,0,0,0,0,0,0]
[null,null,null,null,null,null,null,null,null,null,null,null,null,null,null,null,null,null,850,"1900-02-05",10,null,"-","-",0,"-","-","-","-","-","-","-","-","-",null,0,1,2,1,0,0,0,1,0,0,0,0,0,0,0,0,0]
[null,null,null,null,null,null,null,null,null,null,null,null,null,null,null,null,null,null,867,"1900-02-06",3,null,"-","-",0,"-","-","-","-","-","-","-","-","-",null,0,0,2,1,0,0,1,0,0,0,0,0,0,0,0,0,0]
[null,null,null,null,null,null,null,null,null,null,null,null,null,null,null,null,null,null,880,"1900-02-06",16,null,"-",0,"-","-","-","-","-","-","-","-","-","-",null,0,0,2,1,0,0,0,0,1,0,0,0,0,0,0,0,0]
[null,null,null,null,null,null,null,null,null,null,null,null,null,null,null,null,null,null,886,"1900-02-06",22,null,"-",0,"-","-","-","-","-","-","-","-","-","-",null,0,0,2,1,0,0,0,0,0,0,1,1,0,0,0,0,0]
[null,null,null,null,null,null,null,null,null,null,null,null,null,null,null,null,null,null,903,"1900-02-07",15,null,"-",0,"-","-","-","-","-","-","-","-","-","-",null,0,0,2,1,0,0,0,0,1,0,0,0,0,0,0,0,0]
[null,null,null,null,null,null,null,null,null,null,null,null,null,null,null,null,null,null,930,"1900-02-08",18,null,0,"-","-","-","-","-","-","-","-","-","-","-",null,0,0,2,1,0,0,0,0,0,1,0,1,0,0,0,0,0]
[null,null,null,null,null,null,null,null,null,null,null,null,null,null,null,null,null,null,938,"1900-02-09",2,null,"-","-",0,"-","-","-","-","-","-","-","-","-",null,0,0,2,1,0,0,1,0,0,0,0,0,0,0,0,0,0]
[null,null,null,null,null,null,null,null,null,null,null,null,null,null,null,null,null,null,955,"1900-02-09",19,null,0,"-","-","-","-","-","-","-","-","-","-","-",null,0,0,2,1,0,0,0,0,0,1,0,1,0,0,1,0,0.16]
[null,null,null,null,null,null,null,null,null,null,null,null,null,null,null,null,null,null,981,"1900-02-10",21,null,"-",0,"-","-","-","-","-","-","-","-","-","-",null,0,0,2,1,0,0,0,0,0,0,1,1,0,0,0,0,0]
[null,null,null,null,null,null,null,null,null,null,null,null,null,null,null,null,null,null,990,"1900-02-11",6,null,"-","-",0,"-","-","-","-","-","-","-","-","-",null,0,1,2,1,0,0,1,0,0,0,0,0,0,0,0,0,0]
[null,null,null,null,null,null,null,null,null,null,null,null,null,null,null,null,null,null,1007,"1900-02-11",23,null,"-","-",0,"-","-","-","-","-","-","-","-","-",null,0,1,2,1,0,0,0,0,0,0,0,0,1,0,0,0,0]
[null,null,null,null,null,null,null,null,null,null,null,null,null,null,null,null,null,null,1031,"1900-02-12",23,null,"-","-",0,"-","-","-","-","-","-","-","-","-",null,0,1,2,1,0,0,0,0,0,0,0,0,1,0,0,0,0]
[null,null,null,null,null,null,null,null,null,null,null,null,null,null,null,null,null,null,1042,"1900-02-13",10,null,0,"-","-","-","-","-","-","-","-","-","-","-",null,0,0,2,1,0,0,0,1,0,0,0,0,0,0,0,0,0]
[null,null,null,null,null,null,null,null,null,null,null,null,null,null,null,null,null,null,1059,"1900-02-14",3,null,"-","-",0,"-","-","-","-","-","-","-","-","-",null,0,0,2,1,0,0,1,0,0,0,0,0,0,0,0,0,0]
[null,null,null,null,null,null,null,null,null,null,null,null,null,null,null,null,null,null,1064,"1900-02-14",8,null,0,"-","-","-","-","-","-","-","-","-","-","-",null,0,0,2,1,0,0,0,1,0,0,0,0,0,0,0,0,0]
[null,null,null,null,null,null,null,null,null,null,null,null,null,null,null,null,null,null,1094,"1900-02-15",14,null,"-",0,"-","-","-","-","-","-","-","-","-","-",null,0,0,2,1,0,0,0,0,1,0,0,0,0,0,0,0,0]
[null,null,null,null,null,null,null,null,null,null,null,null,null,null,null,null,null,null,1111,"1900-02-16",7,null,"-","-",0,"-","-","-","-","-","-","-","-","-",null,0,0,2,1,0,0,1,0,0,0,0,0,0,0,0,0,0]
[null,null,null,null,null,null,null,null,null,null,null,null,null,null,null,null,null,null,1114,"1900-02-16",10,null,0,"-","-","-","-","-","-","-","-","-","-","-",null,0,0,2,1,0,0,0,1,0,0,0,0,0,0,0,0,0]
[null,null,null,null,null,null,null,null,null,null,null,null,null,null,null,null,null,null,1130,"1900-02-17",2,null,"-","-",0,"-","-","-","-","-","-","-","-","-",null,0,0,2,1,0,0,1,0,0,0,0,0,0,0,0,0,0]
[null,null,null,null,null,null,null,null,null,null,null,null,null,null,null,null,null,null,1147,"1900-02-17",19,null,0,"-","-","-","-","-","-","-","-","-","-","-",null,0,0,2,1,0,0,0,0,0,1,0,1,0,0,1,0,0.16]
[null,null,null,null,null,null,null,null,null,null,null,null,null,null,null,null,null,null,1164,"1900-02-18",12,null,"-","-",0,"-","-","-","-","-","-","-","-","-",null,0,1,2,1,0,0,0,0,1,0,0,0,0,0,0,0,0]
[null,null,null,null,null,null,null,null,null,null,null,null,null,null,null,null,null,null,1182,"1900-02-19",6,null,"-","-",0,"-","-","-","-","-","-","-","-","-",null,0,1,2,1,0,0,1,0,0,0,0,0,0,0,0,0,0]
[null,null,null,null,null,null,null,null,null,null,null,null,null,null,null,null,null,null,1199,"1900-02-19",23,null,"-","-",0,"-","-","-","-","-","-","-","-","-",null,0,1,2,1,0,0,0,0,0,0,0,0,1,0,0,0,0]
[null,null,null,null,null,null,null,null,null,null,null,null,null,null,null,null,null,null,1214,"1900-02-20",14,null,"-",0,"-","-","-","-","-","-","-","-","-","-",null,0,0,2,1,0,0,0,0,1,0,0,0,0,0,0,0,0]
[null,null,null,null,null,null,null,null,null,null,null,null,null,null,null,null,null,null,1234,"1900-02-21",10,null,0,"-","-","-","-","-","-","-","-","-","-","-",null,0,0,2,1,0,0,0,1,0,0,0,0,0,0,0,0,0]
[null,null,null,null,null,null,null,null,null,null,null,null,null,null,null,null,null,null,1251,"1900-02-22",3,null,"-","-",0,"-","-","-","-","-","-","-","-","-",null,0,0,2,1,0,0,1,0,0,0,0,0,0,0,0,0,0]
[null,null,null,null,null,null,null,null,null,null,null,null,null,null,null,null,null,null,1264,"1900-02-22",16,null,"-",0,"-","-","-","-","-","-","-","-","-","-",null,0,0,2,1,0,0,0,0,1,0,0,0,0,0,0,0,0]
[null,null,null,null,null,null,null,null,null,null,null,null,null,null,null,null,null,null,1286,"1900-02-23",14,null,"-",0,"-","-","-","-","-","-","-","-","-","-",null,0,0,2,1,0,0,0,0,1,0,0,0,0,0,0,0,0]
[null,null,null,null,null,null,null,null,null,null,null,null,null,null,null,null,null,null,1303,"1900-02-24",7,null,"-","-",0,"-","-","-","-","-","-","-","-","-",null,0,0,2,1,0,0,1,0,0,0,0,0,0,0,0,0,0]
[null,null,null,null,null,null,null,null,null,null,null,null,null,null,null,null,null,null,1315,"1900-02-24",19,null,0,"-","-","-","-","-","-","-","-","-","-","-",null,0,0,2,1,0,0,0,0,0,1,0,1,0,0,1,0,0.16]
[null,null,null,null,null,null,null,null,null,null,null,null,null,null,null,null,null,null,1338,"1900-02-25",18,null,"-","-",0,"-","-","-","-","-","-","-","-","-",null,0,1,2,1,0,0,0,0,0,1,0,1,0,0,0,0,0]
[null,null,null,null,null,null,null,null,null,null,null,null,null,null,null,null,null,null,1355,"1900-02-26",11,null,"-","-",0,"-","-","-","-","-","-","-","-","-",null,0,1,2,1,0,0,0,1,0,0,0,0,0,0,0,0,0]
[null,null,null,null,null,null,null,null,null,null,null,null,null,null,null,null,null,null,1365,"1900-02-26",21,null,"-","-",0,"-","-","-","-","-","-","-","-","-",null,0,1,2,1,0,0,0,0,0,0,1,1,0,0,0,0,0]
[null,null,null,null,null,null,null,null,null,null,null,null,null,null,null,null,null,null,1390,"1900-02-27",22,null,"-",0,"-","-","-","-","-","-","-","-","-","-",null,0,0,2,1,0,0,0,0,0,0,1,1,0,0,0,0,0]
[null,null,null,null,null,null,null,null,null,null,null,null,null,null,null,null,null,null,1391,"1900-02-27",23,null,"-","-",0,"-","-","-","-","-","-","-","-","-",null,0,0,2,1,0,0,0,0,0,0,0,0,1,0,0,0,0]
[null,null,null,null,null,null,null,null,null,null,null,null,null,null,null,null,null,null,1415,"1900-02-28",23,null,"-","-",0,"-","-","-","-","-","-","-","-","-",null,0,0,2,1,0,0,0,0,0,0,0,0,1,0,0,0,0]
[null,null,null,null,null,null,null,null,null,null,null,null,null,null,null,null,null,null,1426,60,10,null,0,"-","-","-","-","-","-","-","-","-","-","-",null,0,0,2,1,0,0,0,1,0,0,0,0,0,0,0,0,0]
[null,null,null,null,null,null,null,null,null,null,null,null,null,null,null,null,null,null,1443,"1900-03-01",3,null,"-","-",0,"-","-","-","-","-","-","-","-","-",null,0,0,3,1,0,0,1,0,0,0,0,0,0,0,0,0,0]
[null,null,null,null,null,null,null,null,null,null,null,null,null,null,null,null,null,null,1465,"1900-03-02",1,null,"-","-",0,"-","-","-","-","-","-","-","-","-",null,0,0,3,1,0,0,1,0,0,0,0,0,0,0,0,0,0]
[null,null,null,null,null,null,null,null,null,null,null,null,null,null,null,null,null,null,1478,"1900-03-02",14,null,"-",0,"-","-","-","-","-","-","-","-","-","-",null,0,0,3,1,0,0,0,0,1,0,0,0,0,0,0,0,0]
[null,null,null,null,null,null,null,null,null,null,null,null,null,null,null,null,null,null,1495,"1900-03-03",7,null,"-","-",0,"-","-","-","-","-","-","-","-","-",null,0,1,3,1,0,0,1,0,0,0,0,0,0,0,0,0,0]
[null,null,null,null,null,null,null,null,null,null,null,null,null,null,null,null,null,null,1515,"1900-03-04",3,null,"-","-",0,"-","-","-","-","-","-","-","-","-",null,0,1,3,1,0,0,1,0,0,0,0,0,0,0,0,0,0]
[null,null,null,null,null,null,null,null,null,null,null,null,null,null,null,null,null,null,1530,"1900-03-04",18,null,"-","-",0,"-","-","-","-","-","-","-","-","-",null,0,1,3,1,0,0,0,0,0,1,0,1,0,0,0,0,0]
[null,null,null,null,null,null,null,null,null,null,null,null,null,null,null,null,null,null,1547,"1900-03-05",11,null,0,"-","-","-","-","-","-","-","-","-","-","-",null,0,0,3,1,0,0,0,1,0,0,0,0,0,0,0,0,0]
[null,null,null,null,null,null,null,null,null,null,null,null,null,null,null,null,null,null,1565,"1900-03-06",5,null,"-","-",0,"-","-","-","-","-","-","-","-","-",null,0,0,3,1,0,0,1,0,0,0,0,0,0,0,0,0,0]
[null,null,null,null,null,null,null,null,null,null,null,null,null,null,null,null,null,null,1582,"1900-03-06",22,null,"-",0,"-","-","-","-","-","-","-","-","-","-",null,0,0,3,1,0,0,0,0,0,0,1,1,0,0,0,0,0]
[null,null,null,null,null,null,null,null,null,null,null,null,null,null,null,null,null,null,1599,"1900-03-07",15,null,"-",0,"-","-","-","-","-","-","-","-","-","-",null,0,0,3,1,0,0,0,0,1,0,0,0,0,0,0,0,0]
[null,null,null,null,null,null,null,null,null,null,null,null,null,null,null,null,null,null,1615,"1900-03-08",7,null,"-","-",0,"-","-","-","-","-","-","-","-","-",null,0,0,3,1,0,0,1,0,0,0,0,0,0,0,0,0,0]
[null,null,null,null,null,null,null,null,null,null,null,null,null,null,null,null,null,null,1634,"1900-03-09",2,null,"-","-",0,"-","-","-","-","-","-","-","-","-",null,0,0,3,1,0,0,1,0,0,0,0,0,0,0,0,0,0]
[null,null,null,null,null,null,null,null,null,null,null,null,null,null,null,null,null,null,1651,"1900-03-09",19,null,0,"-","-","-","-","-","-","-","-","-","-","-",null,0,0,3,1,0,0,0,0,0,1,0,1,0,0,0,0,0]
[null,null,null,null,null,null,null,null,null,null,null,null,null,null,null,null,null,null,1666,"1900-03-10",10,null,{"$f":"IFERROR(V1674*IF(AND(AJ1674=0,AK1674=0,AM1674=1,OR(AQ1674=1,AS1674=1)),1,\"\"),\"-\")","v":"-"},{"$f":"IFERROR(V1674*IF(AND(AJ1674=0,AK1674=0,AM1674=1,OR(AR1674=1,AT1674=1)),1,\"\"),\"-\")","v":"-"},{"$f":"IFERROR(V1674*IF(OR(AND(AM1674=1,AJ1674=1),AND(AM1674=1,AK1674=1),AND(AJ1674=0,AK1674=0,AM1674=1,OR(AP1674=1,AV1674=1))),1,\"\"),\"-\")","v":0},{"$f":"IFERROR(V1674*IF(AND(AJ1674=0,AK1674=0,AN1674=1,AR1674=1),1,\"\"),\"-\")","v":"-"},{"$f":"IFERROR(V1674*IF(AND(AJ1674=0,AK1674=0,AN1674=1,OR(AQ1674=1,AU1674=1)),1,\"\"),\"-\")","v":"-"},{"$f":"IFERROR(V1674*IF(OR(AND(AN1674=1,AJ1674=1),AND(AN1674=1,AK1674=1),AND(AJ1674=0,AK1674=0,AN1674=1,OR(AP1674=1,AV1674=1))),1,\"\"),\"-\")","v":"-"},{"$f":"IFERROR(V1674*IF(AND(AJ1674=0,AK1674=0,AO1674=1,OR(AQ1674=1,AR1674=1,AU1674=1)),1,\"\"),\"-\")","v":"-"},{"$f":"IFERROR(V1674*IF(OR(AND(AO1674=1,OR(AJ1674=1,AK1674=1)),AND(AJ1674=0,AK1674=0,AO1674=1,OR(AP1674=1,AV1674=1))),1,\"\"),\"-\")","v":"-"},"-","-","-","-",null,0,1,3,1,0,0,{"$f":"IF(AND(U1674>0,U1674<8),1,0)","v":0},{"$f":"IF(AND(U1674>7,U1674<12),1,0)","v":1},{"$f":"IF(AND(U1674>11,U1674<18),1,0)","v":0},{"$f":"IF(AND(U1674>17,U1674<21),1,0)","v":0},{"$f":"IF(AND(U1674>20,U1674<23),1,0)","v":0},{"$f":"IF(AND(U1674>17,U1674<23),1,0)","v":0},{"$f":"IF(AND(U1674>22,U1674<25),1,0)","v":0},{"$f":"IF(AND(AK1674=0,OR(MONTH(T1674)=6, MONTH(T1674)=7,MONTH(T1674)=8),U1674>13,U1674<20),1,0)","v":0},{"$f":"IF(AND(AK1674=0,OR(MONTH(T1674)=1, MONTH(T1674)=2,MONTH(T1674)=12),U1674>18,U1674<21),1,0)","v":0},{"$f":"IF(AND(AK1674=0,MONTH(T1674)=6,U1674>13,U1674<20),0.3,IF(AND(AK1674=0,MONTH(T1674)=7,U1674>13,U1674<20),0.39,IF(AND(AK1674=0,MONTH(T1674)=8,U1674>13,U1674<20),0.31,0)))","v":0},{"$f":"IF(AND(AK1674=0,MONTH(T1674)=1,U1674>18,U1674<21),0.65,IF(AND(AK1674=0,MONTH(T1674)=2,U1674>18,U1674<21),0.16,IF(AND(AK1674=0,MONTH(T1674)=12,U1674>18,U1674<21),0.19,0)))","v":0}]
[null,null,null,null,null,null,null,null,null,null,null,null,null,null,null,null,null,null,1670,"1900-03-10",14,null,"-","-",0,"-","-","-","-","-","-","-","-","-",null,0,1,3,1,0,0,0,0,1,0,0,0,0,0,0,0,0]
[null,null,null,null,null,null,null,null,null,null,null,null,null,null,null,null,null,null,1687,"1900-03-11",7,null,"-","-",0,"-","-","-","-","-","-","-","-","-",null,0,1,3,1,0,0,1,0,0,0,0,0,0,0,0,0,0]
[null,null,null,null,null,null,null,null,null,null,null,null,null,null,null,null,null,null,1716,"1900-03-12",12,null,"-",0,"-","-","-","-","-","-","-","-","-","-",null,0,0,3,1,0,0,0,0,1,0,0,0,0,0,0,0,0]
[null,null,null,null,null,null,null,null,null,null,null,null,null,null,null,null,null,null,1722,"1900-03-12",18,null,0,"-","-","-","-","-","-","-","-","-","-","-",null,0,0,3,1,0,0,0,0,0,1,0,1,0,0,0,0,0]
[null,null,null,null,null,null,null,null,null,null,null,null,null,null,null,null,null,null,1739,"1900-03-13",11,null,0,"-","-","-","-","-","-","-","-","-","-","-",null,0,0,3,1,0,0,0,1,0,0,0,0,0,0,0,0,0]
[null,null,null,null,null,null,null,null,null,null,null,null,null,null,null,null,null,null,1766,"1900-03-14",14,null,"-",0,"-","-","-","-","-","-","-","-","-","-",null,0,0,3,1,0,0,0,0,1,0,0,0,0,0,0,0,0]
[null,null,null,null,null,null,null,null,null,null,null,null,null,null,null,null,null,null,1774,"1900-03-14",22,null,"-",0,"-","-","-","-","-","-","-","-","-","-",null,0,0,3,1,0,0,0,0,0,0,1,1,0,0,0,0,0]
[null,null,null,null,null,null,null,null,null,null,null,null,null,null,null,null,null,null,1791,"1900-03-15",15,null,"-",0,"-","-","-","-","-","-","-","-","-","-",null,0,0,3,1,0,0,0,0,1,0,0,0,0,0,0,0,0]
[null,null,null,null,null,null,null,null,null,null,null,null,null,null,null,null,null,null,1799,"1900-03-15",23,null,"-","-",0,"-","-","-","-","-","-","-","-","-",null,0,0,3,1,0,0,0,0,0,0,0,0,1,0,0,0,0]
[null,null,null,null,null,null,null,null,null,null,null,null,null,null,null,null,null,null,1826,"1900-03-17",2,null,"-","-",0,"-","-","-","-","-","-","-","-","-",null,0,1,3,1,0,0,1,0,0,0,0,0,0,0,0,0,0]
[null,null,null,null,null,null,null,null,null,null,null,null,null,null,null,null,null,null,1843,"1900-03-17",19,null,"-","-",0,"-","-","-","-","-","-","-","-","-",null,0,1,3,1,0,0,0,0,0,1,0,1,0,0,0,0,0]
[null,null,null,null,null,null,null,null,null,null,null,null,null,null,null,null,null,null,1849,"1900-03-18",1,null,"-","-",0,"-","-","-","-","-","-","-","-","-",null,0,1,3,1,0,0,1,0,0,0,0,0,0,0,0,0,0]
[null,null,null,null,null,null,null,null,null,null,null,null,null,null,null,null,null,null,1878,"1900-03-19",6,null,"-","-",0,"-","-","-","-","-","-","-","-","-",null,0,0,3,1,0,0,1,0,0,0,0,0,0,0,0,0,0]
[null,null,null,null,null,null,null,null,null,null,null,null,null,null,null,null,null,null,1895,"1900-03-19",23,null,"-","-",0,"-","-","-","-","-","-","-","-","-",null,0,0,3,1,0,0,0,0,0,0,0,0,1,0,0,0,0]
[null,null,null,null,null,null,null,null,null,null,null,null,null,null,null,null,null,null,1899,"1900-03-20",3,null,"-","-",0,"-","-","-","-","-","-","-","-","-",null,0,0,3,1,0,0,1,0,0,0,0,0,0,0,0,0,0]
[null,null,null,null,null,null,null,null,null,null,null,null,null,null,null,null,null,null,1914,"1900-03-20",18,null,0,"-","-","-","-","-","-","-","-","-","-","-",null,0,0,3,1,0,0,0,0,0,1,0,1,0,0,0,0,0]
[null,null,null,null,null,null,null,null,null,null,null,null,null,null,null,null,null,null,1931,"1900-03-21",11,null,0,"-","-","-","-","-","-","-","-","-","-","-",null,0,0,3,1,0,0,0,1,0,0,0,0,0,0,0,0,0]
[null,null,null,null,null,null,null,null,null,null,null,null,null,null,null,null,null,null,1949,"1900-03-22",5,null,"-","-",0,"-","-","-","-","-","-","-","-","-",null,0,0,3,1,0,0,1,0,0,0,0,0,0,0,0,0,0]
[null,null,null,null,null,null,null,null,null,null,null,null,null,null,null,null,null,null,1966,"1900-03-22",22,null,"-",0,"-","-","-","-","-","-","-","-","-","-",null,0,0,3,1,0,0,0,0,0,0,1,1,0,0,0,0,0]
[null,null,null,null,null,null,null,null,null,null,null,null,null,null,null,null,null,null,1983,"1900-03-23",15,null,"-",0,"-","-","-","-","-","-","-","-","-","-",null,0,0,3,1,0,0,0,0,1,0,0,0,0,0,0,0,0]
[null,null,null,null,null,null,null,null,null,null,null,null,null,null,null,null,null,null,2000,"1900-03-24",8,null,"-","-",0,"-","-","-","-","-","-","-","-","-",null,0,1,3,1,0,0,0,1,0,0,0,0,0,0,0,0,0]
[null,null,null,null,null,null,null,null,null,null,null,null,null,null,null,null,null,null,2018,"1900-03-25",2,null,"-","-",0,"-","-","-","-","-","-","-","-","-",null,0,1,3,1,0,0,1,0,0,0,0,0,0,0,0,0,0]
[null,null,null,null,null,null,null,null,null,null,null,null,null,null,null,null,null,null,2035,"1900-03-25",19,null,"-","-",0,"-","-","-","-","-","-","-","-","-",null,0,1,3,1,0,0,0,0,0,1,0,1,0,0,0,0,0]
[null,null,null,null,null,null,null,null,null,null,null,null,null,null,null,null,null,null,2050,"1900-03-26",10,null,{"$f":"IFERROR(V2058*IF(AND(AJ2058=0,AK2058=0,AM2058=1,OR(AQ2058=1,AS2058=1)),1,\"\"),\"-\")","v":0},{"$f":"IFERROR(V2058*IF(AND(AJ2058=0,AK2058=0,AM2058=1,OR(AR2058=1,AT2058=1)),1,\"\"),\"-\")","v":"-"},{"$f":"IFERROR(V2058*IF(OR(AND(AM2058=1,AJ2058=1),AND(AM2058=1,AK2058=1),AND(AJ2058=0,AK2058=0,AM2058=1,OR(AP2058=1,AV2058=1))),1,\"\"),\"-\")","v":"-"},{"$f":"IFERROR(V2058*IF(AND(AJ2058=0,AK2058=0,AN2058=1,AR2058=1),1,\"\"),\"-\")","v":"-"},{"$f":"IFERROR(V2058*IF(AND(AJ2058=0,AK2058=0,AN2058=1,OR(AQ2058=1,AU2058=1)),1,\"\"),\"-\")","v":"-"},{"$f":"IFERROR(V2058*IF(OR(AND(AN2058=1,AJ2058=1),AND(AN2058=1,AK2058=1),AND(AJ2058=0,AK2058=0,AN2058=1,OR(AP2058=1,AV2058=1))),1,\"\"),\"-\")","v":"-"},{"$f":"IFERROR(V2058*IF(AND(AJ2058=0,AK2058=0,AO2058=1,OR(AQ2058=1,AR2058=1,AU2058=1)),1,\"\"),\"-\")","v":"-"},{"$f":"IFERROR(V2058*IF(OR(AND(AO2058=1,OR(AJ2058=1,AK2058=1)),AND(AJ2058=0,AK2058=0,AO2058=1,OR(AP2058=1,AV2058=1))),1,\"\"),\"-\")","v":"-"},"-","-","-","-",null,0,0,3,1,0,0,{"$f":"IF(AND(U2058>0,U2058<8),1,0)","v":0},{"$f":"IF(AND(U2058>7,U2058<12),1,0)","v":1},{"$f":"IF(AND(U2058>11,U2058<18),1,0)","v":0},{"$f":"IF(AND(U2058>17,U2058<21),1,0)","v":0},{"$f":"IF(AND(U2058>20,U2058<23),1,0)","v":0},{"$f":"IF(AND(U2058>17,U2058<23),1,0)","v":0},{"$f":"IF(AND(U2058>22,U2058<25),1,0)","v":0},{"$f":"IF(AND(AK2058=0,OR(MONTH(T2058)=6, MONTH(T2058)=7,MONTH(T2058)=8),U2058>13,U2058<20),1,0)","v":0},{"$f":"IF(AND(AK2058=0,OR(MONTH(T2058)=1, MONTH(T2058)=2,MONTH(T2058)=12),U2058>18,U2058<21),1,0)","v":0},{"$f":"IF(AND(AK2058=0,MONTH(T2058)=6,U2058>13,U2058<20),0.3,IF(AND(AK2058=0,MONTH(T2058)=7,U2058>13,U2058<20),0.39,IF(AND(AK2058=0,MONTH(T2058)=8,U2058>13,U2058<20),0.31,0)))","v":0},{"$f":"IF(AND(AK2058=0,MONTH(T2058)=1,U2058>18,U2058<21),0.65,IF(AND(AK2058=0,MONTH(T2058)=2,U2058>18,U2058<21),0.16,IF(AND(AK2058=0,MONTH(T2058)=12,U2058>18,U2058<21),0.19,0)))","v":0}]
[null,null,null,null,null,null,null,null,null,null,null,null,null,null,null,null,null,null,2070,"1900-03-27",6,null,"-","-",0,"-","-","-","-","-","-","-","-","-",null,0,0,3,1,0,0,1,0,0,0,0,0,0,0,0,0,0]
[null,null,null,null,null,null,null,null,null,null,null,null,null,null,null,null,null,null,2087,"1900-03-27",23,null,"-","-",0,"-","-","-","-","-","-","-","-","-",null,0,0,3,1,0,0,0,0,0,0,0,0,1,0,0,0,0]
[null,null,null,null,null,null,null,null,null,null,null,null,null,null,null,null,null,null,2100,"1900-03-28",12,null,"-",0,"-","-","-","-","-","-","-","-","-","-",null,0,0,3,1,0,0,0,0,1,0,0,0,0,0,0,0,0]
[null,null,null,null,null,null,null,null,null,null,null,null,null,null,null,null,null,null,2122,"1900-03-29",10,null,0,"-","-","-","-","-","-","-","-","-","-","-",null,0,0,3,1,0,0,0,1,0,0,0,0,0,0,0,0,0]
[null,null,null,null,null,null,null,null,null,null,null,null,null,null,null,null,null,null,2139,"1900-03-30",3,null,"-","-",0,"-","-","-","-","-","-","-","-","-",null,0,0,3,1,0,0,1,0,0,0,0,0,0,0,0,0,0]
[null,null,null,null,null,null,null,null,null,null,null,null,null,null,null,null,null,null,2150,"1900-03-30",14,null,"-",0,"-","-","-","-","-","-","-","-","-","-",null,0,0,3,1,0,0,0,0,1,0,0,0,0,0,0,0,0]
[null,null,null,null,null,null,null,null,null,null,null,null,null,null,null,null,null,null,2174,"1900-03-31",14,null,"-","-",0,"-","-","-","-","-","-","-","-","-",null,0,1,3,1,0,0,0,0,1,0,0,0,0,0,0,0,0]
[null,null,null,null,null,null,null,null,null,null,null,null,null,null,null,null,null,null,2175,"1900-03-31",15,null,"-","-",0,"-","-","-","-","-","-","-","-","-",null,0,1,3,1,0,0,0,0,1,0,0,0,0,0,0,0,0]
[null,null,null,null,null,null,null,null,null,null,null,null,null,null,null,null,null,null,2200,"1900-04-01",16,null,"-","-","-","-","-","-","-",0,"-","-","-","-",null,0,1,4,0,0,1,0,0,1,0,0,0,0,0,0,0,0]
[null,null,null,null,null,null,null,null,null,null,null,null,null,null,null,null,null,null,2210,"1900-04-02",2,null,"-","-","-","-","-","-","-",0,"-","-","-","-",null,0,0,4,0,0,1,1,0,0,0,0,0,0,0,0,0,0]
[null,null,null,null,null,null,null,null,null,null,null,null,null,null,null,null,null,null,2227,"1900-04-02",19,null,"-","-","-","-","-","-",0,"-","-","-","-","-",null,0,0,4,0,0,1,0,0,0,1,0,1,0,0,0,0,0]
[null,null,null,null,null,null,null,null,null,null,null,null,null,null,null,null,null,null,2250,"1900-04-03",18,null,"-","-","-","-","-","-",0,"-","-","-","-","-",null,0,0,4,0,0,1,0,0,0,1,0,1,0,0,0,0,0]
[null,null,null,null,null,null,null,null,null,null,null,null,null,null,null,null,null,null,2262,"1900-04-04",6,null,"-","-","-","-","-","-","-",0,"-","-","-","-",null,0,0,4,0,0,1,1,0,0,0,0,0,0,0,0,0,0]
[null,null,null,null,null,null,null,null,null,null,null,null,null,null,null,null,null,null,2279,"1900-04-04",23,null,"-","-","-","-","-","-","-",0,"-","-","-","-",null,0,0,4,0,0,1,0,0,0,0,0,0,1,0,0,0,0]
[null,null,null,null,null,null,null,null,null,null,null,null,null,null,null,null,null,null,2301,"1900-04-05",21,null,"-","-","-","-","-","-",0,"-","-","-","-","-",null,0,0,4,0,0,1,0,0,0,0,1,1,0,0,0,0,0]
[null,null,null,null,null,null,null,null,null,null,null,null,null,null,null,null,null,null,2314,"1900-04-06",10,null,"-","-","-","-","-","-",0,"-","-","-","-","-",null,0,0,4,0,0,1,0,1,0,0,0,0,0,0,0,0,0]
[null,null,null,null,null,null,null,null,null,null,null,null,null,null,null,null,null,null,2331,"1900-04-07",3,null,"-","-","-","-","-","-","-",0,"-","-","-","-",null,0,1,4,0,0,1,1,0,0,0,0,0,0,0,0,0,0]
[null,null,null,null,null,null,null,null,null,null,null,null,null,null,null,null,null,null,2351,"1900-04-07",23,null,"-","-","-","-","-","-","-",0,"-","-","-","-",null,0,1,4,0,0,1,0,0,0,0,0,0,1,0,0,0,0]
[null,null,null,null,null,null,null,null,null,null,null,null,null,null,null,null,null,null,2366,"1900-04-08",14,null,"-","-","-","-","-","-","-",0,"-","-","-","-",null,0,1,4,0,0,1,0,0,1,0,0,0,0,0,0,0,0]
[null,null,null,null,null,null,null,null,null,null,null,null,null,null,null,null,null,null,2383,"1900-04-09",7,null,"-","-","-","-","-","-","-",0,"-","-","-","-",null,0,0,4,0,0,1,1,0,0,0,0,0,0,0,0,0,0]
[null,null,null,null,null,null,null,null,null,null,null,null,null,null,null,null,null,null,2401,"1900-04-10",1,null,"-","-","-","-","-","-","-",0,"-","-","-","-",null,0,0,4,0,0,1,1,0,0,0,0,0,0,0,0,0,0]
[null,null,null,null,null,null,null,null,null,null,null,null,null,null,null,null,null,null,2418,"1900-04-10",18,null,"-","-","-","-","-","-",0,"-","-","-","-","-",null,0,0,4,0,0,1,0,0,0,1,0,1,0,0,0,0,0]
[null,null,null,null,null,null,null,null,null,null,null,null,null,null,null,null,null,null,2435,{"$f":"IF(T2442=\"-\",T2442,IF(U2443=1,T2442+1,T2442))","v":"1900-04-11"},{"$f":"IF(U2442+1>24,1,U2442+1)","v":11},null,"-","-","-","-","-","-",0,"-","-","-","-","-",null,0,0,4,0,0,1,0,1,0,0,0,0,0,0,0,0,0]
[null,null,null,null,null,null,null,null,null,null,null,null,null,null,null,null,null,null,2451,"1900-04-12",3,null,"-","-","-","-","-","-","-",0,"-","-","-","-",null,0,0,4,0,0,1,1,0,0,0,0,0,0,0,0,0,0]
[null,null,null,null,null,null,null,null,null,null,null,null,null,null,null,null,null,null,2454,"1900-04-12",6,null,"-","-","-","-","-","-","-",0,"-","-","-","-",null,0,0,4,0,0,1,1,0,0,0,0,0,0,0,0,0,0]
[null,null,null,null,null,null,null,null,null,null,null,null,null,null,null,null,null,null,2471,"1900-04-12",23,null,"-","-","-","-","-","-","-",0,"-","-","-","-",null,0,0,4,0,0,1,0,0,0,0,0,0,1,0,0,0,0]
[null,null,null,null,null,null,null,null,null,null,null,null,null,null,null,null,null,null,2501,"1900-04-14",5,null,"-","-","-","-","-","-","-",0,"-","-","-","-",null,0,1,4,0,0,1,1,0,0,0,0,0,0,0,0,0,0]
[null,null,null,null,null,null,null,null,null,null,null,null,null,null,null,null,null,null,2506,"1900-04-14",10,null,"-","-","-","-","-","-","-",0,"-","-","-","-",null,0,1,4,0,0,1,0,1,0,0,0,0,0,0,0,0,0]
[null,null,null,null,null,null,null,null,null,null,null,null,null,null,null,null,null,null,2523,"1900-04-15",3,null,"-","-","-","-","-","-","-",0,"-","-","-","-",null,0,1,4,0,0,1,1,0,0,0,0,0,0,0,0,0,0]
[null,null,null,null,null,null,null,null,null,null,null,null,null,null,null,null,null,null,2534,"1900-04-15",14,null,"-","-","-","-","-","-","-",0,"-","-","-","-",null,0,1,4,0,0,1,0,0,1,0,0,0,0,0,0,0,0]
[null,null,null,null,null,null,null,null,null,null,null,null,null,null,null,null,null,null,2558,"1900-04-16",14,null,"-","-","-","-","-","-",0,"-","-","-","-","-",null,0,0,4,0,0,1,0,0,1,0,0,0,0,0,0,0,0]
[null,null,null,null,null,null,null,null,null,null,null,null,null,null,null,null,null,null,2575,"1900-04-17",7,null,"-","-","-","-","-","-","-",0,"-","-","-","-",null,0,0,4,0,0,1,1,0,0,0,0,0,0,0,0,0,0]
[null,null,null,null,null,null,null,null,null,null,null,null,null,null,null,null,null,null,2584,"1900-04-17",16,null,"-","-","-","-","-","-",0,"-","-","-","-","-",null,0,0,4,0,0,1,0,0,1,0,0,0,0,0,0,0,0]
[null,null,null,null,null,null,null,null,null,null,null,null,null,null,null,null,null,null,2610,"1900-04-18",18,null,"-","-","-","-","-","-",0,"-","-","-","-","-",null,0,0,4,0,0,1,0,0,0,1,0,1,0,0,0,0,0]
[null,null,null,null,null,null,null,null,null,null,null,null,null,null,null,null,null,null,2627,{"$f":"IF(T2634=\"-\",T2634,IF(U2635=1,T2634+1,T2634))","v":"1900-04-19"},{"$f":"IF(U2634+1>24,1,U2634+1)","v":11},null,"-","-","-","-","-","-",0,"-","-","-","-","-",null,0,0,4,0,0,1,0,1,0,0,0,0,0,0,0,0,0]
[null,null,null,null,null,null,null,null,null,null,null,null,null,null,null,null,null,null,2635,"1900-04-19",19,null,"-","-","-","-","-","-",0,"-","-","-","-","-",null,0,0,4,0,0,1,0,0,0,1,0,1,0,0,0,0,0]
[null,null,null,null,null,null,null,null,null,null,null,null,null,null,null,null,null,null,2662,"1900-04-20",22,null,"-","-","-","-","-","-",0,"-","-","-","-","-",null,0,0,4,0,0,1,0,0,0,0,1,1,0,0,0,0,0]
[null,null,null,null,null,null,null,null,null,null,null,null,null,null,null,null,null,null,2679,"1900-04-21",15,null,"-","-","-","-","-","-","-",0,"-","-","-","-",null,0,1,4,0,0,1,0,0,1,0,0,0,0,0,0,0,0]
[null,null,null,null,null,null,null,null,null,null,null,null,null,null,null,null,null,null,2685,"1900-04-21",21,null,"-","-","-","-","-","-","-",0,"-","-","-","-",null,0,1,4,0,0,1,0,0,0,0,1,1,0,0,0,0,0]
[null,null,null,null,null,null,null,null,null,null,null,null,null,null,null,null,null,null,2698,"1900-04-22",10,null,"-","-","-","-","-","-","-",0,"-","-","-","-",null,0,1,4,0,0,1,0,1,0,0,0,0,0,0,0,0,0]
[null,null,null,null,null,null,null,null,null,null,null,null,null,null,null,null,null,null,2715,"1900-04-23",3,null,"-","-","-","-","-","-","-",0,"-","-","-","-",null,0,0,4,0,0,1,1,0,0,0,0,0,0,0,0,0,0]
[null,null,null,null,null,null,null,null,null,null,null,null,null,null,null,null,null,null,2735,"1900-04-23",23,null,"-","-","-","-","-","-","-",0,"-","-","-","-",null,0,0,4,0,0,1,0,0,0,0,0,0,1,0,0,0,0]
[null,null,null,null,null,null,null,null,null,null,null,null,null,null,null,null,null,null,2750,"1900-04-24",14,null,"-","-","-","-","-","-",0,"-","-","-","-","-",null,0,0,4,0,0,1,0,0,1,0,0,0,0,0,0,0,0]
[null,null,null,null,null,null,null,null,null,null,null,null,null,null,null,null,null,null,2767,"1900-04-25",7,null,"-","-","-","-","-","-","-",0,"-","-","-","-",null,0,0,4,0,0,1,1,0,0,0,0,0,0,0,0,0,0]
[null,null,null,null,null,null,null,null,null,null,null,null,null,null,null,null,null,null,2785,"1900-04-26",1,null,"-","-","-","-","-","-","-",0,"-","-","-","-",null,0,0,4,0,0,1,1,0,0,0,0,0,0,0,0,0,0]
[null,null,null,null,null,null,null,null,null,null,null,null,null,null,null,null,null,null,2802,"1900-04-26",18,null,"-","-","-","-","-","-",0,"-","-","-","-","-",null,0,0,4,0,0,1,0,0,0,1,0,1,0,0,0,0,0]
[null,null,null,null,null,null,null,null,null,null,null,null,null,null,null,null,null,null,2819,{"$f":"IF(T2826=\"-\",T2826,IF(U2827=1,T2826+1,T2826))","v":"1900-04-27"},{"$f":"IF(U2826+1>24,1,U2826+1)","v":11},null,"-","-","-","-","-","-",0,"-","-","-","-","-",null,0,0,4,0,0,1,0,1,0,0,0,0,0,0,0,0,0]
[null,null,null,null,null,null,null,null,null,null,null,null,null,null,null,null,null,null,2835,"1900-04-28",3,null,"-","-","-","-","-","-","-",0,"-","-","-","-",null,0,1,4,0,0,1,1,0,0,0,0,0,0,0,0,0,0]
[null,null,null,null,null,null,null,null,null,null,null,null,null,null,null,null,null,null,2854,"1900-04-28",22,null,"-","-","-","-","-","-","-",0,"-","-","-","-",null,0,1,4,0,0,1,0,0,0,0,1,1,0,0,0,0,0]
[null,null,null,null,null,null,null,null,null,null,null,null,null,null,null,null,null,null,2871,"1900-04-29",15,null,"-","-","-","-","-","-","-",0,"-","-","-","-",null,0,1,4,0,0,1,0,0,1,0,0,0,0,0,0,0,0]
[null,null,null,null,null,null,null,null,null,null,null,null,null,null,null,null,null,null,2885,"1900-04-30",5,null,"-","-","-","-","-","-","-",0,"-","-","-","-",null,0,0,4,0,0,1,1,0,0,0,0,0,0,0,0,0,0]
[null,null,null,null,null,null,null,null,null,null,null,null,null,null,null,null,null,null,2906,"1900-05-01",2,null,"-","-","-","-","-","-","-",0,"-","-","-","-",null,0,0,5,0,0,1,1,0,0,0,0,0,0,0,0,0,0]
[null,null,null,null,null,null,null,null,null,null,null,null,null,null,null,null,null,null,2923,"1900-05-01",19,null,"-","-","-","-","-","-",0,"-","-","-","-","-",null,0,0,5,0,0,1,0,0,0,1,0,1,0,0,0,0,0]
[null,null,null,null,null,null,null,null,null,null,null,null,null,null,null,null,null,null,2935,"1900-05-02",7,null,"-","-","-","-","-","-","-",0,"-","-","-","-",null,0,0,5,0,0,1,1,0,0,0,0,0,0,0,0,0,0]
[null,null,null,null,null,null,null,null,null,null,null,null,null,null,null,null,null,null,2958,"1900-05-03",6,null,"-","-","-","-","-","-","-",0,"-","-","-","-",null,0,0,5,0,0,1,1,0,0,0,0,0,0,0,0,0,0]
[null,null,null,null,null,null,null,null,null,null,null,null,null,null,null,null,null,null,2959,"1900-05-03",7,null,"-","-","-","-","-","-","-",0,"-","-","-","-",null,0,0,5,0,0,1,1,0,0,0,0,0,0,0,0,0,0]
[null,null,null,null,null,null,null,null,null,null,null,null,null,null,null,null,null,null,2986,"1900-05-04",10,null,"-","-","-","-","-","-",0,"-","-","-","-","-",null,0,0,5,0,0,1,0,1,0,0,0,0,0,0,0,0,0]
[null,null,null,null,null,null,null,null,null,null,null,null,null,null,null,null,null,null,2994,"1900-05-04",18,null,"-","-","-","-","-","-",0,"-","-","-","-","-",null,0,0,5,0,0,1,0,0,0,1,0,1,0,0,0,0,0]
[null,null,null,null,null,null,null,null,null,null,null,null,null,null,null,null,null,null,3011,{"$f":"IF(T3018=\"-\",T3018,IF(U3019=1,T3018+1,T3018))","v":"1900-05-05"},{"$f":"IF(U3018+1>24,1,U3018+1)","v":11},null,"-","-","-","-","-","-","-",0,"-","-","-","-",null,0,1,5,0,0,1,0,1,0,0,0,0,0,0,0,0,0]
[null,null,null,null,null,null,null,null,null,null,null,null,null,null,null,null,null,null,3036,"1900-05-06",12,null,"-","-","-","-","-","-","-",0,"-","-","-","-",null,0,1,5,0,0,1,0,0,1,0,0,0,0,0,0,0,0]
[null,null,null,null,null,null,null,null,null,null,null,null,null,null,null,null,null,null,3046,"1900-05-06",22,null,"-","-","-","-","-","-","-",0,"-","-","-","-",null,0,1,5,0,0,1,0,0,0,0,1,1,0,0,0,0,0]
[null,null,null,null,null,null,null,null,null,null,null,null,null,null,null,null,null,null,3063,"1900-05-07",15,null,"-","-","-","-","-","-",0,"-","-","-","-","-",null,0,0,5,0,0,1,0,0,1,0,0,0,0,0,0,0,0]
[null,null,null,null,null,null,null,null,null,null,null,null,null,null,null,null,null,null,3086,"1900-05-08",14,null,"-","-","-","-","-","-",0,"-","-","-","-","-",null,0,0,5,0,0,1,0,0,1,0,0,0,0,0,0,0,0]
[null,null,null,null,null,null,null,null,null,null,null,null,null,null,null,null,null,null,3098,"1900-05-09",2,null,"-","-","-","-","-","-","-",0,"-","-","-","-",null,0,0,5,0,0,1,1,0,0,0,0,0,0,0,0,0,0]
[null,null,null,null,null,null,null,null,null,null,null,null,null,null,null,null,null,null,3115,"1900-05-09",19,null,"-","-","-","-","-","-",0,"-","-","-","-","-",null,0,0,5,0,0,1,0,0,0,1,0,1,0,0,0,0,0]
[null,null,null,null,null,null,null,null,null,null,null,null,null,null,null,null,null,null,3136,"1900-05-10",16,null,"-","-","-","-","-","-",0,"-","-","-","-","-",null,0,0,5,0,0,1,0,0,1,0,0,0,0,0,0,0,0]
[null,null,null,null,null,null,null,null,null,null,null,null,null,null,null,null,null,null,3150,"1900-05-11",6,null,"-","-","-","-","-","-","-",0,"-","-","-","-",null,0,0,5,0,0,1,1,0,0,0,0,0,0,0,0,0,0]
[null,null,null,null,null,null,null,null,null,null,null,null,null,null,null,null,null,null,3167,"1900-05-11",23,null,"-","-","-","-","-","-","-",0,"-","-","-","-",null,0,0,5,0,0,1,0,0,0,0,0,0,1,0,0,0,0]
[null,null,null,null,null,null,null,null,null,null,null,null,null,null,null,null,null,null,3186,"1900-05-12",18,null,"-","-","-","-","-","-","-",0,"-","-","-","-",null,0,1,5,0,0,1,0,0,0,1,0,1,0,0,0,0,0]
[null,null,null,null,null,null,null,null,null,null,null,null,null,null,null,null,null,null,3202,"1900-05-13",10,null,{"$f":"IFERROR(V3210*IF(AND(AJ3210=0,AK3210=0,AM3210=1,OR(AQ3210=1,AS3210=1)),1,\"\"),\"-\")","v":"-"},{"$f":"IFERROR(V3210*IF(AND(AJ3210=0,AK3210=0,AM3210=1,OR(AR3210=1,AT3210=1)),1,\"\"),\"-\")","v":"-"},{"$f":"IFERROR(V3210*IF(OR(AND(AM3210=1,AJ3210=1),AND(AM3210=1,AK3210=1),AND(AJ3210=0,AK3210=0,AM3210=1,OR(AP3210=1,AV3210=1))),1,\"\"),\"-\")","v":"-"},{"$f":"IFERROR(V3210*IF(AND(AJ3210=0,AK3210=0,AN3210=1,AR3210=1),1,\"\"),\"-\")","v":"-"},{"$f":"IFERROR(V3210*IF(AND(AJ3210=0,AK3210=0,AN3210=1,OR(AQ3210=1,AU3210=1)),1,\"\"),\"-\")","v":"-"},{"$f":"IFERROR(V3210*IF(OR(AND(AN3210=1,AJ3210=1),AND(AN3210=1,AK3210=1),AND(AJ3210=0,AK3210=0,AN3210=1,OR(AP3210=1,AV3210=1))),1,\"\"),\"-\")","v":"-"},{"$f":"IFERROR(V3210*IF(AND(AJ3210=0,AK3210=0,AO3210=1,OR(AQ3210=1,AR3210=1,AU3210=1)),1,\"\"),\"-\")","v":"-"},{"$f":"IFERROR(V3210*IF(OR(AND(AO3210=1,OR(AJ3210=1,AK3210=1)),AND(AJ3210=0,AK3210=0,AO3210=1,OR(AP3210=1,AV3210=1))),1,\"\"),\"-\")","v":0},"-","-","-","-",null,0,1,5,0,0,1,{"$f":"IF(AND(U3210>0,U3210<8),1,0)","v":0},{"$f":"IF(AND(U3210>7,U3210<12),1,0)","v":1},{"$f":"IF(AND(U3210>11,U3210<18),1,0)","v":0},{"$f":"IF(AND(U3210>17,U3210<21),1,0)","v":0},{"$f":"IF(AND(U3210>20,U3210<23),1,0)","v":0},{"$f":"IF(AND(U3210>17,U3210<23),1,0)","v":0},{"$f":"IF(AND(U3210>22,U3210<25),1,0)","v":0},{"$f":"IF(AND(AK3210=0,OR(MONTH(T3210)=6, MONTH(T3210)=7,MONTH(T3210)=8),U3210>13,U3210<20),1,0)","v":0},{"$f":"IF(AND(AK3210=0,OR(MONTH(T3210)=1, MONTH(T3210)=2,MONTH(T3210)=12),U3210>18,U3210<21),1,0)","v":0},{"$f":"IF(AND(AK3210=0,MONTH(T3210)=6,U3210>13,U3210<20),0.3,IF(AND(AK3210=0,MONTH(T3210)=7,U3210>13,U3210<20),0.39,IF(AND(AK3210=0,MONTH(T3210)=8,U3210>13,U3210<20),0.31,0)))","v":0},{"$f":"IF(AND(AK3210=0,MONTH(T3210)=1,U3210>18,U3210<21),0.65,IF(AND(AK3210=0,MONTH(T3210)=2,U3210>18,U3210<21),0.16,IF(AND(AK3210=0,MONTH(T3210)=12,U3210>18,U3210<21),0.19,0)))","v":0}]
[null,null,null,null,null,null,null,null,null,null,null,null,null,null,null,null,null,null,3219,"1900-05-14",3,null,"-","-","-","-","-","-","-",0,"-","-","-","-",null,0,0,5,0,0,1,1,0,0,0,0,0,0,0,0,0,0]
[null,null,null,null,null,null,null,null,null,null,null,null,null,null,null,null,null,null,3236,"1900-05-14",20,null,"-","-","-","-","-","-",0,"-","-","-","-","-",null,0,0,5,0,0,1,0,0,0,1,0,1,0,0,0,0,0]
[null,null,null,null,null,null,null,null,null,null,null,null,null,null,null,null,null,null,3238,"1900-05-14",22,null,"-","-","-","-","-","-",0,"-","-","-","-","-",null,0,0,5,0,0,1,0,0,0,0,1,1,0,0,0,0,0]
[null,null,null,null,null,null,null,null,null,null,null,null,null,null,null,null,null,null,3255,"1900-05-15",15,null,"-","-","-","-","-","-",0,"-","-","-","-","-",null,0,0,5,0,0,1,0,0,1,0,0,0,0,0,0,0,0]
[null,null,null,null,null,null,null,null,null,null,null,null,null,null,null,null,null,null,3269,"1900-05-16",5,null,"-","-","-","-","-","-","-",0,"-","-","-","-",null,0,0,5,0,0,1,1,0,0,0,0,0,0,0,0,0,0]
[null,null,null,null,null,null,null,null,null,null,null,null,null,null,null,null,null,null,3290,"1900-05-17",2,null,"-","-","-","-","-","-","-",0,"-","-","-","-",null,0,0,5,0,0,1,1,0,0,0,0,0,0,0,0,0,0]
[null,null,null,null,null,null,null,null,null,null,null,null,null,null,null,null,null,null,3307,"1900-05-17",19,null,"-","-","-","-","-","-",0,"-","-","-","-","-",null,0,0,5,0,0,1,0,0,0,1,0,1,0,0,0,0,0]
[null,null,null,null,null,null,null,null,null,null,null,null,null,null,null,null,null,null,3320,"1900-05-18",8,null,"-","-","-","-","-","-",0,"-","-","-","-","-",null,0,0,5,0,0,1,0,1,0,0,0,0,0,0,0,0,0]
[null,null,null,null,null,null,null,null,null,null,null,null,null,null,null,null,null,null,3342,"1900-05-19",6,null,"-","-","-","-","-","-","-",0,"-","-","-","-",null,0,1,5,0,0,1,1,0,0,0,0,0,0,0,0,0,0]
[null,null,null,null,null,null,null,null,null,null,null,null,null,null,null,null,null,null,3359,"1900-05-19",23,null,"-","-","-","-","-","-","-",0,"-","-","-","-",null,0,1,5,0,0,1,0,0,0,0,0,0,1,0,0,0,0]
[null,null,null,null,null,null,null,null,null,null,null,null,null,null,null,null,null,null,3370,"1900-05-20",10,null,"-","-","-","-","-","-","-",0,"-","-","-","-",null,0,1,5,0,0,1,0,1,0,0,0,0,0,0,0,0,0]
[null,null,null,null,null,null,null,null,null,null,null,null,null,null,null,null,null,null,3394,"1900-05-21",10,null,{"$f":"IFERROR(V3402*IF(AND(AJ3402=0,AK3402=0,AM3402=1,OR(AQ3402=1,AS3402=1)),1,\"\"),\"-\")","v":"-"},{"$f":"IFERROR(V3402*IF(AND(AJ3402=0,AK3402=0,AM3402=1,OR(AR3402=1,AT3402=1)),1,\"\"),\"-\")","v":"-"},{"$f":"IFERROR(V3402*IF(OR(AND(AM3402=1,AJ3402=1),AND(AM3402=1,AK3402=1),AND(AJ3402=0,AK3402=0,AM3402=1,OR(AP3402=1,AV3402=1))),1,\"\"),\"-\")","v":"-"},{"$f":"IFERROR(V3402*IF(AND(AJ3402=0,AK3402=0,AN3402=1,AR3402=1),1,\"\"),\"-\")","v":"-"},{"$f":"IFERROR(V3402*IF(AND(AJ3402=0,AK3402=0,AN3402=1,OR(AQ3402=1,AU3402=1)),1,\"\"),\"-\")","v":"-"},{"$f":"IFERROR(V3402*IF(OR(AND(AN3402=1,AJ3402=1),AND(AN3402=1,AK3402=1),AND(AJ3402=0,AK3402=0,AN3402=1,OR(AP3402=1,AV3402=1))),1,\"\"),\"-\")","v":"-"},{"$f":"IFERROR(V3402*IF(AND(AJ3402=0,AK3402=0,AO3402=1,OR(AQ3402=1,AR3402=1,AU3402=1)),1,\"\"),\"-\")","v":0},{"$f":"IFERROR(V3402*IF(OR(AND(AO3402=1,OR(AJ3402=1,AK3402=1)),AND(AJ3402=0,AK3402=0,AO3402=1,OR(AP3402=1,AV3402=1))),1,\"\"),\"-\")","v":"-"},"-","-","-","-",null,0,0,5,0,0,1,{"$f":"IF(AND(U3402>0,U3402<8),1,0)","v":0},{"$f":"IF(AND(U3402>7,U3402<12),1,0)","v":1},{"$f":"IF(AND(U3402>11,U3402<18),1,0)","v":0},{"$f":"IF(AND(U3402>17,U3402<21),1,0)","v":0},{"$f":"IF(AND(U3402>20,U3402<23),1,0)","v":0},{"$f":"IF(AND(U3402>17,U3402<23),1,0)","v":0},{"$f":"IF(AND(U3402>22,U3402<25),1,0)","v":0},{"$f":"IF(AND(AK3402=0,OR(MONTH(T3402)=6, MONTH(T3402)=7,MONTH(T3402)=8),U3402>13,U3402<20),1,0)","v":0},{"$f":"IF(AND(AK3402=0,OR(MONTH(T3402)=1, MONTH(T3402)=2,MONTH(T3402)=12),U3402>18,U3402<21),1,0)","v":0},{"$f":"IF(AND(AK3402=0,MONTH(T3402)=6,U3402>13,U3402<20),0.3,IF(AND(AK3402=0,MONTH(T3402)=7,U3402>13,U3402<20),0.39,IF(AND(AK3402=0,MONTH(T3402)=8,U3402>13,U3402<20),0.31,0)))","v":0},{"$f":"IF(AND(AK3402=0,MONTH(T3402)=1,U3402>18,U3402<21),0.65,IF(AND(AK3402=0,MONTH(T3402)=2,U3402>18,U3402<21),0.16,IF(AND(AK3402=0,MONTH(T3402)=12,U3402>18,U3402<21),0.19,0)))","v":0}]
[null,null,null,null,null,null,null,null,null,null,null,null,null,null,null,null,null,null,3411,"1900-05-22",3,null,"-","-","-","-","-","-","-",0,"-","-","-","-",null,0,0,5,0,0,1,1,0,0,0,0,0,0,0,0,0,0]
[null,null,null,null,null,null,null,null,null,null,null,null,null,null,null,null,null,null,3420,"1900-05-22",12,null,"-","-","-","-","-","-",0,"-","-","-","-","-",null,0,0,5,0,0,1,0,0,1,0,0,0,0,0,0,0,0]
[null,null,null,null,null,null,null,null,null,null,null,null,null,null,null,null,null,null,3446,"1900-05-23",14,null,"-","-","-","-","-","-",0,"-","-","-","-","-",null,0,0,5,0,0,1,0,0,1,0,0,0,0,0,0,0,0]
[null,null,null,null,null,null,null,null,null,null,null,null,null,null,null,null,null,null,3463,"1900-05-24",7,null,"-","-","-","-","-","-","-",0,"-","-","-","-",null,0,0,5,0,0,1,1,0,0,0,0,0,0,0,0,0,0]
[null,null,null,null,null,null,null,null,null,null,null,null,null,null,null,null,null,null,3470,"1900-05-24",14,null,"-","-","-","-","-","-",0,"-","-","-","-","-",null,0,0,5,0,0,1,0,0,1,0,0,0,0,0,0,0,0]
[null,null,null,null,null,null,null,null,null,null,null,null,null,null,null,null,null,null,3482,"1900-05-25",2,null,"-","-","-","-","-","-","-",0,"-","-","-","-",null,0,0,5,0,0,1,1,0,0,0,0,0,0,0,0,0,0]
[null,null,null,null,null,null,null,null,null,null,null,null,null,null,null,null,null,null,3499,"1900-05-25",19,null,"-","-","-","-","-","-",0,"-","-","-","-","-",null,0,0,5,0,0,1,0,0,0,1,0,1,0,0,0,0,0]
[null,null,null,null,null,null,null,null,null,null,null,null,null,null,null,null,null,null,3520,"1900-05-26",16,null,"-","-","-","-","-","-","-",0,"-","-","-","-",null,0,1,5,0,0,1,0,0,1,0,0,0,0,0,0,0,0]
[null,null,null,null,null,null,null,null,null,null,null,null,null,null,null,null,null,null,3534,"1900-05-27",6,null,"-","-","-","-","-","-","-",0,"-","-","-","-",null,0,1,5,0,0,1,1,0,0,0,0,0,0,0,0,0,0]
[null,null,null,null,null,null,null,null,null,null,null,null,null,null,null,null,null,null,3551,"1900-05-27",23,null,"-","-","-","-","-","-","-",0,"-","-","-","-",null,0,1,5,0,0,1,0,0,0,0,0,0,1,0,0,0,0]
[null,null,null,null,null,null,null,null,null,null,null,null,null,null,null,null,null,null,3570,"1900-05-28",18,null,"-","-","-","-","-","-",0,"-","-","-","-","-",null,0,0,5,0,0,1,0,0,0,1,0,1,0,0,0,0,0]
[null,null,null,null,null,null,null,null,null,null,null,null,null,null,null,null,null,null,3586,"1900-05-29",10,null,{"$f":"IFERROR(V3594*IF(AND(AJ3594=0,AK3594=0,AM3594=1,OR(AQ3594=1,AS3594=1)),1,\"\"),\"-\")","v":"-"},{"$f":"IFERROR(V3594*IF(AND(AJ3594=0,AK3594=0,AM3594=1,OR(AR3594=1,AT3594=1)),1,\"\"),\"-\")","v":"-"},{"$f":"IFERROR(V3594*IF(OR(AND(AM3594=1,AJ3594=1),AND(AM3594=1,AK3594=1),AND(AJ3594=0,AK3594=0,AM3594=1,OR(AP3594=1,AV3594=1))),1,\"\"),\"-\")","v":"-"},{"$f":"IFERROR(V3594*IF(AND(AJ3594=0,AK3594=0,AN3594=1,AR3594=1),1,\"\"),\"-\")","v":"-"},{"$f":"IFERROR(V3594*IF(AND(AJ3594=0,AK3594=0,AN3594=1,OR(AQ3594=1,AU3594=1)),1,\"\"),\"-\")","v":"-"},{"$f":"IFERROR(V3594*IF(OR(AND(AN3594=1,AJ3594=1),AND(AN3594=1,AK3594=1),AND(AJ3594=0,AK3594=0,AN3594=1,OR(AP3594=1,AV3594=1))),1,\"\"),\"-\")","v":"-"},{"$f":"IFERROR(V3594*IF(AND(AJ3594=0,AK3594=0,AO3594=1,OR(AQ3594=1,AR3594=1,AU3594=1)),1,\"\"),\"-\")","v":0},{"$f":"IFERROR(V3594*IF(OR(AND(AO3594=1,OR(AJ3594=1,AK3594=1)),AND(AJ3594=0,AK3594=0,AO3594=1,OR(AP3594=1,AV3594=1))),1,\"\"),\"-\")","v":"-"},"-","-","-","-",null,0,0,5,0,0,1,{"$f":"IF(AND(U3594>0,U3594<8),1,0)","v":0},{"$f":"IF(AND(U3594>7,U3594<12),1,0)","v":1},{"$f":"IF(AND(U3594>11,U3594<18),1,0)","v":0},{"$f":"IF(AND(U3594>17,U3594<21),1,0)","v":0},{"$f":"IF(AND(U3594>20,U3594<23),1,0)","v":0},{"$f":"IF(AND(U3594>17,U3594<23),1,0)","v":0},{"$f":"IF(AND(U3594>22,U3594<25),1,0)","v":0},{"$f":"IF(AND(AK3594=0,OR(MONTH(T3594)=6, MONTH(T3594)=7,MONTH(T3594)=8),U3594>13,U3594<20),1,0)","v":0},{"$f":"IF(AND(AK3594=0,OR(MONTH(T3594)=1, MONTH(T3594)=2,MONTH(T3594)=12),U3594>18,U3594<21),1,0)","v":0},{"$f":"IF(AND(AK3594=0,MONTH(T3594)=6,U3594>13,U3594<20),0.3,IF(AND(AK3594=0,MONTH(T3594)=7,U3594>13,U3594<20),0.39,IF(AND(AK3594=0,MONTH(T3594)=8,U3594>13,U3594<20),0.31,0)))","v":0},{"$f":"IF(AND(AK3594=0,MONTH(T3594)=1,U3594>18,U3594<21),0.65,IF(AND(AK3594=0,MONTH(T3594)=2,U3594>18,U3594<21),0.16,IF(AND(AK3594=0,MONTH(T3594)=12,U3594>18,U3594<21),0.19,0)))","v":0}]
[null,null,null,null,null,null,null,null,null,null,null,null,null,null,null,null,null,null,3603,"1900-05-30",3,null,"-","-","-","-","-","-","-",0,"-","-","-","-",null,0,0,5,0,0,1,1,0,0,0,0,0,0,0,0,0,0]
[null,null,null,null,null,null,null,null,null,null,null,null,null,null,null,null,null,null,3620,"1900-05-30",20,null,"-","-","-","-","-","-",0,"-","-","-","-","-",null,0,0,5,0,0,1,0,0,0,1,0,1,0,0,0,0,0]
[null,null,null,null,null,null,null,null,null,null,null,null,null,null,null,null,null,null,3638,"1900-05-31",14,null,"-","-","-","-","-","-",0,"-","-","-","-","-",null,0,0,5,0,0,1,0,0,1,0,0,0,0,0,0,0,0]
[null,null,null,null,null,null,null,null,null,null,null,null,null,null,null,null,null,null,3655,"1900-06-01",7,null,"-","-","-","-","-",0,"-","-","-","-","-","-",null,0,0,6,0,1,0,1,0,0,0,0,0,0,0,0,0,0]
[null,null,null,null,null,null,null,null,null,null,null,null,null,null,null,null,null,null,3671,"1900-06-01",23,null,"-","-","-","-","-",0,"-","-","-","-","-","-",null,0,0,6,0,1,0,0,0,0,0,0,0,1,0,0,0,0]
[null,null,null,null,null,null,null,null,null,null,null,null,null,null,null,null,null,null,3690,"1900-06-02",18,null,"-","-","-","-","-",0,"-","-","-","-","-","-",null,0,1,6,0,1,0,0,0,0,1,0,1,0,0,0,0,0]
[null,null,null,null,null,null,null,null,null,null,null,null,null,null,null,null,null,null,3707,"1900-06-03",11,null,"-","-","-","-","-",0,"-","-","-","-","-","-",null,0,1,6,0,1,0,0,1,0,0,0,0,0,0,0,0,0]
[null,null,null,null,null,null,null,null,null,null,null,null,null,null,null,null,null,null,3721,"1900-06-04",1,null,"-","-","-","-","-",0,"-","-","-","-","-","-",null,0,0,6,0,1,0,1,0,0,0,0,0,0,0,0,0,0]
[null,null,null,null,null,null,null,null,null,null,null,null,null,null,null,null,null,null,3742,"1900-06-04",22,null,"-","-","-","-",0,"-","-","-","-","-","-","-",null,0,0,6,0,1,0,0,0,0,0,1,1,0,0,0,0,0]
[null,null,null,null,null,null,null,null,null,null,null,null,null,null,null,null,null,null,3743,"1900-06-04",23,null,"-","-","-","-","-",0,"-","-","-","-","-","-",null,0,0,6,0,1,0,0,0,0,0,0,0,1,0,0,0,0]
[null,null,null,null,null,null,null,null,null,null,null,null,null,null,null,null,null,null,3771,"1900-06-06",3,null,"-","-","-","-","-",0,"-","-","-","-","-","-",null,0,0,6,0,1,0,1,0,0,0,0,0,0,0,0,0,0]
[null,null,null,null,null,null,null,null,null,null,null,null,null,null,null,null,null,null,3778,"1900-06-06",10,null,{"$f":"IFERROR(V3786*IF(AND(AJ3786=0,AK3786=0,AM3786=1,OR(AQ3786=1,AS3786=1)),1,\"\"),\"-\")","v":"-"},{"$f":"IFERROR(V3786*IF(AND(AJ3786=0,AK3786=0,AM3786=1,OR(AR3786=1,AT3786=1)),1,\"\"),\"-\")","v":"-"},{"$f":"IFERROR(V3786*IF(OR(AND(AM3786=1,AJ3786=1),AND(AM3786=1,AK3786=1),AND(AJ3786=0,AK3786=0,AM3786=1,OR(AP3786=1,AV3786=1))),1,\"\"),\"-\")","v":"-"},{"$f":"IFERROR(V3786*IF(AND(AJ3786=0,AK3786=0,AN3786=1,AR3786=1),1,\"\"),\"-\")","v":"-"},{"$f":"IFERROR(V3786*IF(AND(AJ3786=0,AK3786=0,AN3786=1,OR(AQ3786=1,AU3786=1)),1,\"\"),\"-\")","v":0},{"$f":"IFERROR(V3786*IF(OR(AND(AN3786=1,AJ3786=1),AND(AN3786=1,AK3786=1),AND(AJ3786=0,AK3786=0,AN3786=1,OR(AP3786=1,AV3786=1))),1,\"\"),\"-\")","v":"-"},{"$f":"IFERROR(V3786*IF(AND(AJ3786=0,AK3786=0,AO3786=1,OR(AQ3786=1,AR3786=1,AU3786=1)),1,\"\"),\"-\")","v":"-"},{"$f":"IFERROR(V3786*IF(OR(AND(AO3786=1,OR(AJ3786=1,AK3786=1)),AND(AJ3786=0,AK3786=0,AO3786=1,OR(AP3786=1,AV3786=1))),1,\"\"),\"-\")","v":"-"},"-","-","-","-",null,0,0,6,0,1,0,{"$f":"IF(AND(U3786>0,U3786<8),1,0)","v":0},{"$f":"IF(AND(U3786>7,U3786<12),1,0)","v":1},{"$f":"IF(AND(U3786>11,U3786<18),1,0)","v":0},{"$f":"IF(AND(U3786>17,U3786<21),1,0)","v":0},{"$f":"IF(AND(U3786>20,U3786<23),1,0)","v":0},{"$f":"IF(AND(U3786>17,U3786<23),1,0)","v":0},{"$f":"IF(AND(U3786>22,U3786<25),1,0)","v":0},{"$f":"IF(AND(AK3786=0,OR(MONTH(T3786)=6, MONTH(T3786)=7,MONTH(T3786)=8),U3786>13,U3786<20),1,0)","v":0},{"$f":"IF(AND(AK3786=0,OR(MONTH(T3786)=1, MONTH(T3786)=2,MONTH(T3786)=12),U3786>18,U3786<21),1,0)","v":0},{"$f":"IF(AND(AK3786=0,MONTH(T3786)=6,U3786>13,U3786<20),0.3,IF(AND(AK3786=0,MONTH(T3786)=7,U3786>13,U3786<20),0.39,IF(AND(AK3786=0,MONTH(T3786)=8,U3786>13,U3786<20),0.31,0)))","v":0},{"$f":"IF(AND(AK3786=0,MONTH(T3786)=1,U3786>18,U3786<21),0.65,IF(AND(AK3786=0,MONTH(T3786)=2,U3786>18,U3786<21),0.16,IF(AND(AK3786=0,MONTH(T3786)=12,U3786>18,U3786<21),0.19,0)))","v":0}]
[null,null,null,null,null,null,null,null,null,null,null,null,null,null,null,null,null,null,3795,"1900-06-07",3,null,"-","-","-","-","-",0,"-","-","-","-","-","-",null,0,0,6,0,1,0,1,0,0,0,0,0,0,0,0,0,0]
[null,null,null,null,null,null,null,null,null,null,null,null,null,null,null,null,null,null,3821,"1900-06-08",5,null,"-","-","-","-","-",0,"-","-","-","-","-","-",null,0,0,6,0,1,0,1,0,0,0,0,0,0,0,0,0,0]
[null,null,null,null,null,null,null,null,null,null,null,null,null,null,null,null,null,null,3830,"1900-06-08",14,null,"-","-","-",0,"-","-","-","-","-","-","-","-",null,0,0,6,0,1,0,0,0,1,0,0,0,0,1,0,0.3,0]
[null,null,null,null,null,null,null,null,null,null,null,null,null,null,null,null,null,null,3847,"1900-06-09",7,null,"-","-","-","-","-",0,"-","-","-","-","-","-",null,0,1,6,0,1,0,1,0,0,0,0,0,0,0,0,0,0]
[null,null,null,null,null,null,null,null,null,null,null,null,null,null,null,null,null,null,3871,"1900-06-10",7,null,"-","-","-","-","-",0,"-","-","-","-","-","-",null,0,1,6,0,1,0,1,0,0,0,0,0,0,0,0,0,0]
[null,null,null,null,null,null,null,null,null,null,null,null,null,null,null,null,null,null,3882,"1900-06-10",18,null,"-","-","-","-","-",0,"-","-","-","-","-","-",null,0,1,6,0,1,0,0,0,0,1,0,1,0,0,0,0,0]
[null,null,null,null,null,null,null,null,null,null,null,null,null,null,null,null,null,null,3899,"1900-06-11",11,null,"-","-","-","-",0,"-","-","-","-","-","-","-",null,0,0,6,0,1,0,0,1,0,0,0,0,0,0,0,0,0]
[null,null,null,null,null,null,null,null,null,null,null,null,null,null,null,null,null,null,3921,"1900-06-12",9,null,"-","-","-","-",0,"-","-","-","-","-","-","-",null,0,0,6,0,1,0,0,1,0,0,0,0,0,0,0,0,0]
[null,null,null,null,null,null,null,null,null,null,null,null,null,null,null,null,null,null,3934,"1900-06-12",22,null,"-","-","-","-",0,"-","-","-","-","-","-","-",null,0,0,6,0,1,0,0,0,0,0,1,1,0,0,0,0,0]
[null,null,null,null,null,null,null,null,null,null,null,null,null,null,null,null,null,null,3951,"1900-06-13",15,null,"-","-","-",0,"-","-","-","-","-","-","-","-",null,0,0,6,0,1,0,0,0,1,0,0,0,0,1,0,0.3,0]
[null,null,null,null,null,null,null,null,null,null,null,null,null,null,null,null,null,null,3971,{"$f":"IF(T3978=\"-\",T3978,IF(U3979=1,T3978+1,T3978))","v":"1900-06-14"},{"$f":"IF(U3978+1>24,1,U3978+1)","v":11},null,"-","-","-","-",0,"-","-","-","-","-","-","-",null,0,0,6,0,1,0,0,1,0,0,0,0,0,0,0,0,0]
[null,null,null,null,null,null,null,null,null,null,null,null,null,null,null,null,null,null,3986,"1900-06-15",2,null,"-","-","-","-","-",0,"-","-","-","-","-","-",null,0,0,6,0,1,0,1,0,0,0,0,0,0,0,0,0,0]
[null,null,null,null,null,null,null,null,null,null,null,null,null,null,null,null,null,null,4003,"1900-06-15",19,null,"-","-","-","-",0,"-","-","-","-","-","-","-",null,0,0,6,0,1,0,0,0,0,1,0,1,0,1,0,0.3,0]
[null,null,null,null,null,null,null,null,null,null,null,null,null,null,null,null,null,null,4005,"1900-06-15",21,null,"-","-","-","-",0,"-","-","-","-","-","-","-",null,0,0,6,0,1,0,0,0,0,0,1,1,0,0,0,0,0]
[null,null,null,null,null,null,null,null,null,null,null,null,null,null,null,null,null,null,4022,"1900-06-16",14,null,"-","-","-","-","-",0,"-","-","-","-","-","-",null,0,1,6,0,1,0,0,0,1,0,0,0,0,0,0,0,0]
[null,null,null,null,null,null,null,null,null,null,null,null,null,null,null,null,null,null,4039,"1900-06-17",7,null,"-","-","-","-","-",0,"-","-","-","-","-","-",null,0,1,6,0,1,0,1,0,0,0,0,0,0,0,0,0,0]
[null,null,null,null,null,null,null,null,null,null,null,null,null,null,null,null,null,null,4055,"1900-06-17",23,null,"-","-","-","-","-",0,"-","-","-","-","-","-",null,0,1,6,0,1,0,0,0,0,0,0,0,1,0,0,0,0]
[null,null,null,null,null,null,null,null,null,null,null,null,null,null,null,null,null,null,4074,"1900-06-18",18,null,"-","-","-","-",0,"-","-","-","-","-","-","-",null,0,0,6,0,1,0,0,0,0,1,0,1,0,1,0,0.3,0]
[null,null,null,null,null,null,null,null,null,null,null,null,null,null,null,null,null,null,4091,"1900-06-19",11,null,"-","-","-","-",0,"-","-","-","-","-","-","-",null,0,0,6,0,1,0,0,1,0,0,0,0,0,0,0,0,0]
[null,null,null,null,null,null,null,null,null,null,null,null,null,null,null,null,null,null,4105,"1900-06-20",1,null,"-","-","-","-","-",0,"-","-","-","-","-","-",null,0,0,6,0,1,0,1,0,0,0,0,0,0,0,0,0,0]
[null,null,null,null,null,null,null,null,null,null,null,null,null,null,null,null,null,null,4126,"1900-06-20",22,null,"-","-","-","-",0,"-","-","-","-","-","-","-",null,0,0,6,0,1,0,0,0,0,0,1,1,0,0,0,0,0]
[null,null,null,null,null,null,null,null,null,null,null,null,null,null,null,null,null,null,4143,"1900-06-21",15,null,"-","-","-",0,"-","-","-","-","-","-","-","-",null,0,0,6,0,1,0,0,0,1,0,0,0,0,1,0,0.3,0]
[null,null,null,null,null,null,null,null,null,null,null,null,null,null,null,null,null,null,4155,"1900-06-22",3,null,"-","-","-","-","-",0,"-","-","-","-","-","-",null,0,0,6,0,1,0,1,0,0,0,0,0,0,0,0,0,0]
[null,null,null,null,null,null,null,null,null,null,null,null,null,null,null,null,null,null,4178,"1900-06-23",2,null,"-","-","-","-","-",0,"-","-","-","-","-","-",null,0,1,6,0,1,0,1,0,0,0,0,0,0,0,0,0,0]
[null,null,null,null,null,null,null,null,null,null,null,null,null,null,null,null,null,null,4195,"1900-06-23",19,null,"-","-","-","-","-",0,"-","-","-","-","-","-",null,0,1,6,0,1,0,0,0,0,1,0,1,0,0,0,0,0]
[null,null,null,null,null,null,null,null,null,null,null,null,null,null,null,null,null,null,4205,"1900-06-24",5,null,"-","-","-","-","-",0,"-","-","-","-","-","-",null,0,1,6,0,1,0,1,0,0,0,0,0,0,0,0,0,0]
[null,null,null,null,null,null,null,null,null,null,null,null,null,null,null,null,null,null,4230,"1900-06-25",6,null,"-","-","-","-","-",0,"-","-","-","-","-","-",null,0,0,6,0,1,0,1,0,0,0,0,0,0,0,0,0,0]
[null,null,null,null,null,null,null,null,null,null,null,null,null,null,null,null,null,null,4247,"1900-06-25",23,null,"-","-","-","-","-",0,"-","-","-","-","-","-",null,0,0,6,0,1,0,0,0,0,0,0,0,1,0,0,0,0]
[null,null,null,null,null,null,null,null,null,null,null,null,null,null,null,null,null,null,4255,"1900-06-26",7,null,"-","-","-","-","-",0,"-","-","-","-","-","-",null,0,0,6,0,1,0,1,0,0,0,0,0,0,0,0,0,0]
[null,null,null,null,null,null,null,null,null,null,null,null,null,null,null,null,null,null,4266,"1900-06-26",18,null,"-","-","-","-",0,"-","-","-","-","-","-","-",null,0,0,6,0,1,0,0,0,0,1,0,1,0,1,0,0.3,0]
[null,null,null,null,null,null,null,null,null,null,null,null,null,null,null,null,null,null,4283,"1900-06-27",11,null,"-","-","-","-",0,"-","-","-","-","-","-","-",null,0,0,6,0,1,0,0,1,0,0,0,0,0,0,0,0,0]
[null,null,null,null,null,null,null,null,null,null,null,null,null,null,null,null,null,null,4305,"1900-06-28",9,null,"-","-","-","-",0,"-","-","-","-","-","-","-",null,0,0,6,0,1,0,0,1,0,0,0,0,0,0,0,0,0]
[null,null,null,null,null,null,null,null,null,null,null,null,null,null,null,null,null,null,4318,"1900-06-28",22,null,"-","-","-","-",0,"-","-","-","-","-","-","-",null,0,0,6,0,1,0,0,0,0,0,1,1,0,0,0,0,0]
[null,null,null,null,null,null,null,null,null,null,null,null,null,null,null,null,null,null,4335,"1900-06-29",15,null,"-","-","-",0,"-","-","-","-","-","-","-","-",null,0,0,6,0,1,0,0,0,1,0,0,0,0,1,0,0.3,0]
[null,null,null,null,null,null,null,null,null,null,null,null,null,null,null,null,null,null,4356,"1900-06-30",12,null,"-","-","-","-","-",0,"-","-","-","-","-","-",null,0,1,6,0,1,0,0,0,1,0,0,0,0,0,0,0,0]
[null,null,null,null,null,null,null,null,null,null,null,null,null,null,null,null,null,null,4370,"1900-07-01",2,null,"-","-","-","-","-",0,"-","-","-","-","-","-",null,0,1,7,0,1,0,1,0,0,0,0,0,0,0,0,0,0]
[null,null,null,null,null,null,null,null,null,null,null,null,null,null,null,null,null,null,4387,"1900-07-01",19,null,"-","-","-","-","-",0,"-","-","-","-","-","-",null,0,1,7,0,1,0,0,0,0,1,0,1,0,0,0,0,0]
[null,null,null,null,null,null,null,null,null,null,null,null,null,null,null,null,null,null,4406,"1900-07-02",14,null,"-","-","-",0,"-","-","-","-","-","-","-","-",null,0,0,7,0,1,0,0,0,1,0,0,0,0,1,0,0.39,0]
[null,null,null,null,null,null,null,null,null,null,null,null,null,null,null,null,null,null,4422,"1900-07-03",6,null,"-","-","-","-","-",0,"-","-","-","-","-","-",null,0,0,7,0,1,0,1,0,0,0,0,0,0,0,0,0,0]
[null,null,null,null,null,null,null,null,null,null,null,null,null,null,null,null,null,null,4439,"1900-07-03",23,null,"-","-","-","-","-",0,"-","-","-","-","-","-",null,0,0,7,0,1,0,0,0,0,0,0,0,1,0,0,0,0]
[null,null,null,null,null,null,null,null,null,null,null,null,null,null,null,null,null,null,4456,"1900-07-04",16,null,"-","-","-",0,"-","-","-","-","-","-","-","-",null,0,0,7,0,1,0,0,0,1,0,0,0,0,1,0,0.39,0]
[null,null,null,null,null,null,null,null,null,null,null,null,null,null,null,null,null,null,4474,"1900-07-05",10,null,"-","-","-","-",0,"-","-","-","-","-","-","-",null,0,0,7,0,1,0,0,1,0,0,0,0,0,0,0,0,0]
[null,null,null,null,null,null,null,null,null,null,null,null,null,null,null,null,null,null,4491,"1900-07-06",3,null,"-","-","-","-","-",0,"-","-","-","-","-","-",null,0,0,7,0,1,0,1,0,0,0,0,0,0,0,0,0,0]
[null,null,null,null,null,null,null,null,null,null,null,null,null,null,null,null,null,null,4506,"1900-07-06",18,null,"-","-","-","-",0,"-","-","-","-","-","-","-",null,0,0,7,0,1,0,0,0,0,1,0,1,0,1,0,0.39,0]
[null,null,null,null,null,null,null,null,null,null,null,null,null,null,null,null,null,null,4526,"1900-07-07",14,null,"-","-","-","-","-",0,"-","-","-","-","-","-",null,0,1,7,0,1,0,0,0,1,0,0,0,0,0,0,0,0]
[null,null,null,null,null,null,null,null,null,null,null,null,null,null,null,null,null,null,4527,"1900-07-07",15,null,"-","-","-","-","-",0,"-","-","-","-","-","-",null,0,1,7,0,1,0,0,0,1,0,0,0,0,0,0,0,0]
[null,null,null,null,null,null,null,null,null,null,null,null,null,null,null,null,null,null,4556,"1900-07-08",20,null,"-","-","-","-","-",0,"-","-","-","-","-","-",null,0,1,7,0,1,0,0,0,0,1,0,1,0,0,0,0,0]
[null,null,null,null,null,null,null,null,null,null,null,null,null,null,null,null,null,null,4562,"1900-07-09",2,null,"-","-","-","-","-",0,"-","-","-","-","-","-",null,0,0,7,0,1,0,1,0,0,0,0,0,0,0,0,0,0]
[null,null,null,null,null,null,null,null,null,null,null,null,null,null,null,null,null,null,4579,"1900-07-09",19,null,"-","-","-","-",0,"-","-","-","-","-","-","-",null,0,0,7,0,1,0,0,0,0,1,0,1,0,1,0,0.39,0]
[null,null,null,null,null,null,null,null,null,null,null,null,null,null,null,null,null,null,4606,"1900-07-10",22,null,"-","-","-","-",0,"-","-","-","-","-","-","-",null,0,0,7,0,1,0,0,0,0,0,1,1,0,0,0,0,0]
[null,null,null,null,null,null,null,null,null,null,null,null,null,null,null,null,null,null,4614,"1900-07-11",6,null,"-","-","-","-","-",0,"-","-","-","-","-","-",null,0,0,7,0,1,0,1,0,0,0,0,0,0,0,0,0,0]
[null,null,null,null,null,null,null,null,null,null,null,null,null,null,null,null,null,null,4631,"1900-07-11",23,null,"-","-","-","-","-",0,"-","-","-","-","-","-",null,0,0,7,0,1,0,0,0,0,0,0,0,1,0,0,0,0]
[null,null,null,null,null,null,null,null,null,null,null,null,null,null,null,null,null,null,4657,"1900-07-13",1,null,"-","-","-","-","-",0,"-","-","-","-","-","-",null,0,0,7,0,1,0,1,0,0,0,0,0,0,0,0,0,0]
[null,null,null,null,null,null,null,null,null,null,null,null,null,null,null,null,null,null,4666,"1900-07-13",10,null,"-","-","-","-",0,"-","-","-","-","-","-","-",null,0,0,7,0,1,0,0,1,0,0,0,0,0,0,0,0,0]
[null,null,null,null,null,null,null,null,null,null,null,null,null,null,null,null,null,null,4683,"1900-07-14",3,null,"-","-","-","-","-",0,"-","-","-","-","-","-",null,0,1,7,0,1,0,1,0,0,0,0,0,0,0,0,0,0]
[null,null,null,null,null,null,null,null,null,null,null,null,null,null,null,null,null,null,4690,"1900-07-14",10,null,"-","-","-","-","-",0,"-","-","-","-","-","-",null,0,1,7,0,1,0,0,1,0,0,0,0,0,0,0,0,0]
[null,null,null,null,null,null,null,null,null,null,null,null,null,null,null,null,null,null,4718,"1900-07-15",14,null,"-","-","-","-","-",0,"-","-","-","-","-","-",null,0,1,7,0,1,0,0,0,1,0,0,0,0,0,0,0,0]
[null,null,null,null,null,null,null,null,null,null,null,null,null,null,null,null,null,null,4735,"1900-07-16",7,null,"-","-","-","-","-",0,"-","-","-","-","-","-",null,0,0,7,0,1,0,1,0,0,0,0,0,0,0,0,0,0]
[null,null,null,null,null,null,null,null,null,null,null,null,null,null,null,null,null,null,4740,"1900-07-16",12,null,"-","-","-",0,"-","-","-","-","-","-","-","-",null,0,0,7,0,1,0,0,0,1,0,0,0,0,0,0,0,0]
[null,null,null,null,null,null,null,null,null,null,null,null,null,null,null,null,null,null,4770,"1900-07-17",18,null,"-","-","-","-",0,"-","-","-","-","-","-","-",null,0,0,7,0,1,0,0,0,0,1,0,1,0,1,0,0.39,0]
[null,null,null,null,null,null,null,null,null,null,null,null,null,null,null,null,null,null,4787,"1900-07-18",11,null,"-","-","-","-",0,"-","-","-","-","-","-","-",null,0,0,7,0,1,0,0,1,0,0,0,0,0,0,0,0,0]
[null,null,null,null,null,null,null,null,null,null,null,null,null,null,null,null,null,null,4790,"1900-07-18",14,null,"-","-","-",0,"-","-","-","-","-","-","-","-",null,0,0,7,0,1,0,0,0,1,0,0,0,0,1,0,0.39,0]
[null,null,null,null,null,null,null,null,null,null,null,null,null,null,null,null,null,null,4806,"1900-07-19",6,null,"-","-","-","-","-",0,"-","-","-","-","-","-",null,0,0,7,0,1,0,1,0,0,0,0,0,0,0,0,0,0]
[null,null,null,null,null,null,null,null,null,null,null,null,null,null,null,null,null,null,4823,"1900-07-19",23,null,"-","-","-","-","-",0,"-","-","-","-","-","-",null,0,0,7,0,1,0,0,0,0,0,0,0,1,0,0,0,0]
[null,null,null,null,null,null,null,null,null,null,null,null,null,null,null,null,null,null,4840,"1900-07-20",16,null,"-","-","-",0,"-","-","-","-","-","-","-","-",null,0,0,7,0,1,0,0,0,1,0,0,0,0,1,0,0.39,0]
[null,null,null,null,null,null,null,null,null,null,null,null,null,null,null,null,null,null,4858,"1900-07-21",10,null,"-","-","-","-","-",0,"-","-","-","-","-","-",null,0,1,7,0,1,0,0,1,0,0,0,0,0,0,0,0,0]
[null,null,null,null,null,null,null,null,null,null,null,null,null,null,null,null,null,null,4875,"1900-07-22",3,null,"-","-","-","-","-",0,"-","-","-","-","-","-",null,0,1,7,0,1,0,1,0,0,0,0,0,0,0,0,0,0]
[null,null,null,null,null,null,null,null,null,null,null,null,null,null,null,null,null,null,4890,"1900-07-22",18,null,"-","-","-","-","-",0,"-","-","-","-","-","-",null,0,1,7,0,1,0,0,0,0,1,0,1,0,0,0,0,0]
[null,null,null,null,null,null,null,null,null,null,null,null,null,null,null,null,null,null,4910,"1900-07-23",14,null,"-","-","-",0,"-","-","-","-","-","-","-","-",null,0,0,7,0,1,0,0,0,1,0,0,0,0,1,0,0.39,0]
[null,null,null,null,null,null,null,null,null,null,null,null,null,null,null,null,null,null,4927,"1900-07-24",7,null,"-","-","-","-","-",0,"-","-","-","-","-","-",null,0,0,7,0,1,0,1,0,0,0,0,0,0,0,0,0,0]
[null,null,null,null,null,null,null,null,null,null,null,null,null,null,null,null,null,null,4940,"1900-07-24",20,null,"-","-","-","-",0,"-","-","-","-","-","-","-",null,0,0,7,0,1,0,0,0,0,1,0,1,0,0,0,0,0]
[null,null,null,null,null,null,null,null,null,null,null,null,null,null,null,null,null,null,4962,"1900-07-25",18,null,"-","-","-","-",0,"-","-","-","-","-","-","-",null,0,0,7,0,1,0,0,0,0,1,0,1,0,1,0,0.39,0]
[null,null,null,null,null,null,null,null,null,null,null,null,null,null,null,null,null,null,4979,"1900-07-26",11,null,"-","-","-","-",0,"-","-","-","-","-","-","-",null,0,0,7,0,1,0,0,1,0,0,0,0,0,0,0,0,0]
[null,null,null,null,null,null,null,null,null,null,null,null,null,null,null,null,null,null,4991,"1900-07-26",23,null,"-","-","-","-","-",0,"-","-","-","-","-","-",null,0,0,7,0,1,0,0,0,0,0,0,0,1,0,0,0,0]
[null,null,null,null,null,null,null,null,null,null,null,null,null,null,null,null,null,null,5014,"1900-07-27",22,null,"-","-","-","-",0,"-","-","-","-","-","-","-",null,0,0,7,0,1,0,0,0,0,0,1,1,0,0,0,0,0]
[null,null,null,null,null,null,null,null,null,null,null,null,null,null,null,null,null,null,5031,"1900-07-28",15,null,"-","-","-","-","-",0,"-","-","-","-","-","-",null,0,1,7,0,1,0,0,0,1,0,0,0,0,0,0,0,0]
[null,null,null,null,null,null,null,null,null,null,null,null,null,null,null,null,null,null,5041,"1900-07-29",1,null,"-","-","-","-","-",0,"-","-","-","-","-","-",null,0,1,7,0,1,0,1,0,0,0,0,0,0,0,0,0,0]
[null,null,null,null,null,null,null,null,null,null,null,null,null,null,null,null,null,null,5050,"1900-07-29",10,null,"-","-","-","-","-",0,"-","-","-","-","-","-",null,0,1,7,0,1,0,0,1,0,0,0,0,0,0,0,0,0]
[null,null,null,null,null,null,null,null,null,null,null,null,null,null,null,null,null,null,5067,"1900-07-30",3,null,"-","-","-","-","-",0,"-","-","-","-","-","-",null,0,0,7,0,1,0,1,0,0,0,0,0,0,0,0,0,0]
[null,null,null,null,null,null,null,null,null,null,null,null,null,null,null,null,null,null,5091,"1900-07-31",3,null,"-","-","-","-","-",0,"-","-","-","-","-","-",null,0,0,7,0,1,0,1,0,0,0,0,0,0,0,0,0,0]
[null,null,null,null,null,null,null,null,null,null,null,null,null,null,null,null,null,null,5102,"1900-07-31",14,null,"-","-","-",0,"-","-","-","-","-","-","-","-",null,0,0,7,0,1,0,0,0,1,0,0,0,0,1,0,0.39,0]
[null,null,null,null,null,null,null,null,null,null,null,null,null,null,null,null,null,null,5119,"1900-08-01",7,null,"-","-","-","-","-",0,"-","-","-","-","-","-",null,0,0,8,0,1,0,1,0,0,0,0,0,0,0,0,0,0]
[null,null,null,null,null,null,null,null,null,null,null,null,null,null,null,null,null,null,5141,"1900-08-02",5,null,"-","-","-","-","-",0,"-","-","-","-","-","-",null,0,0,8,0,1,0,1,0,0,0,0,0,0,0,0,0,0]
[null,null,null,null,null,null,null,null,null,null,null,null,null,null,null,null,null,null,5154,"1900-08-02",18,null,"-","-","-","-",0,"-","-","-","-","-","-","-",null,0,0,8,0,1,0,0,0,0,1,0,1,0,1,0,0.31,0]
[null,null,null,null,null,null,null,null,null,null,null,null,null,null,null,null,null,null,5171,"1900-08-03",11,null,"-","-","-","-",0,"-","-","-","-","-","-","-",null,0,0,8,0,1,0,0,1,0,0,0,0,0,0,0,0,0]
[null,null,null,null,null,null,null,null,null,null,null,null,null,null,null,null,null,null,5191,"1900-08-04",7,null,"-","-","-","-","-",0,"-","-","-","-","-","-",null,0,1,8,0,1,0,1,0,0,0,0,0,0,0,0,0,0]
[null,null,null,null,null,null,null,null,null,null,null,null,null,null,null,null,null,null,5206,"1900-08-04",22,null,"-","-","-","-","-",0,"-","-","-","-","-","-",null,0,1,8,0,1,0,0,0,0,0,1,1,0,0,0,0,0]
[null,null,null,null,null,null,null,null,null,null,null,null,null,null,null,null,null,null,5223,"1900-08-05",15,null,"-","-","-","-","-",0,"-","-","-","-","-","-",null,0,1,8,0,1,0,0,0,1,0,0,0,0,0,0,0,0]
[null,null,null,null,null,null,null,null,null,null,null,null,null,null,null,null,null,null,5241,"1900-08-06",9,null,"-","-","-","-",0,"-","-","-","-","-","-","-",null,0,0,8,0,1,0,0,1,0,0,0,0,0,0,0,0,0]
[null,null,null,null,null,null,null,null,null,null,null,null,null,null,null,null,null,null,5258,"1900-08-07",2,null,"-","-","-","-","-",0,"-","-","-","-","-","-",null,0,0,8,0,1,0,1,0,0,0,0,0,0,0,0,0,0]
[null,null,null,null,null,null,null,null,null,null,null,null,null,null,null,null,null,null,5275,"1900-08-07",19,null,"-","-","-","-",0,"-","-","-","-","-","-","-",null,0,0,8,0,1,0,0,0,0,1,0,1,0,1,0,0.31,0]
[null,null,null,null,null,null,null,null,null,null,null,null,null,null,null,null,null,null,5291,"1900-08-08",11,null,"-","-","-","-",0,"-","-","-","-","-","-","-",null,0,0,8,0,1,0,0,1,0,0,0,0,0,0,0,0,0]
[null,null,null,null,null,null,null,null,null,null,null,null,null,null,null,null,null,null,5310,"1900-08-09",6,null,"-","-","-","-","-",0,"-","-","-","-","-","-",null,0,0,8,0,1,0,1,0,0,0,0,0,0,0,0,0,0]
[null,null,null,null,null,null,null,null,null,null,null,null,null,null,null,null,null,null,5311,"1900-08-09",7,null,"-","-","-","-","-",0,"-","-","-","-","-","-",null,0,0,8,0,1,0,1,0,0,0,0,0,0,0,0,0,0]
[null,null,null,null,null,null,null,null,null,null,null,null,null,null,null,null,null,null,5342,"1900-08-10",14,null,"-","-","-",0,"-","-","-","-","-","-","-","-",null,0,0,8,0,1,0,0,0,1,0,0,0,0,1,0,0.31,0]
[null,null,null,null,null,null,null,null,null,null,null,null,null,null,null,null,null,null,5346,"1900-08-10",18,null,"-","-","-","-",0,"-","-","-","-","-","-","-",null,0,0,8,0,1,0,0,0,0,1,0,1,0,1,0,0.31,0]
[null,null,null,null,null,null,null,null,null,null,null,null,null,null,null,null,null,null,5363,"1900-08-11",11,null,"-","-","-","-","-",0,"-","-","-","-","-","-",null,0,1,8,0,1,0,0,1,0,0,0,0,0,0,0,0,0]
[null,null,null,null,null,null,null,null,null,null,null,null,null,null,null,null,null,null,5392,"1900-08-12",16,null,"-","-","-","-","-",0,"-","-","-","-","-","-",null,0,1,8,0,1,0,0,0,1,0,0,0,0,0,0,0,0]
[null,null,null,null,null,null,null,null,null,null,null,null,null,null,null,null,null,null,5398,"1900-08-12",22,null,"-","-","-","-","-",0,"-","-","-","-","-","-",null,0,1,8,0,1,0,0,0,0,0,1,1,0,0,0,0,0]
[null,null,null,null,null,null,null,null,null,null,null,null,null,null,null,null,null,null,5415,"1900-08-13",15,null,"-","-","-",0,"-","-","-","-","-","-","-","-",null,0,0,8,0,1,0,0,0,1,0,0,0,0,1,0,0.31,0]
[null,null,null,null,null,null,null,null,null,null,null,null,null,null,null,null,null,null,5425,"1900-08-14",1,null,"-","-","-","-","-",0,"-","-","-","-","-","-",null,0,0,8,0,1,0,1,0,0,0,0,0,0,0,0,0,0]
[null,null,null,null,null,null,null,null,null,null,null,null,null,null,null,null,null,null,5450,"1900-08-15",2,null,"-","-","-","-","-",0,"-","-","-","-","-","-",null,0,0,8,0,1,0,1,0,0,0,0,0,0,0,0,0,0]
[null,null,null,null,null,null,null,null,null,null,null,null,null,null,null,null,null,null,5467,"1900-08-15",19,null,"-","-","-","-",0,"-","-","-","-","-","-","-",null,0,0,8,0,1,0,0,0,0,1,0,1,0,1,0,0.31,0]
[null,null,null,null,null,null,null,null,null,null,null,null,null,null,null,null,null,null,5475,"1900-08-16",3,null,"-","-","-","-","-",0,"-","-","-","-","-","-",null,0,0,8,0,1,0,1,0,0,0,0,0,0,0,0,0,0]
[null,null,null,null,null,null,null,null,null,null,null,null,null,null,null,null,null,null,5502,"1900-08-17",6,null,"-","-","-","-","-",0,"-","-","-","-","-","-",null,0,0,8,0,1,0,1,0,0,0,0,0,0,0,0,0,0]
[null,null,null,null,null,null,null,null,null,null,null,null,null,null,null,null,null,null,5519,"1900-08-17",23,null,"-","-","-","-","-",0,"-","-","-","-","-","-",null,0,0,8,0,1,0,0,0,0,0,0,0,1,0,0,0,0]
[null,null,null,null,null,null,null,null,null,null,null,null,null,null,null,null,null,null,5525,"1900-08-18",5,null,"-","-","-","-","-",0,"-","-","-","-","-","-",null,0,1,8,0,1,0,1,0,0,0,0,0,0,0,0,0,0]
[null,null,null,null,null,null,null,null,null,null,null,null,null,null,null,null,null,null,5554,"1900-08-19",10,null,"-","-","-","-","-",0,"-","-","-","-","-","-",null,0,1,8,0,1,0,0,1,0,0,0,0,0,0,0,0,0]
[null,null,null,null,null,null,null,null,null,null,null,null,null,null,null,null,null,null,5571,{"$f":"IF(T5578=\"-\",T5578,IF(U5579=1,T5578+1,T5578))","v":"1900-08-20"},{"$f":"IF(U5578+1>24,1,U5578+1)","v":3},null,"-","-","-","-","-",0,"-","-","-","-","-","-",null,0,0,8,0,1,0,1,0,0,0,0,0,0,0,0,0,0]
[null,null,null,null,null,null,null,null,null,null,null,null,null,null,null,null,null,null,5575,"1900-08-20",7,null,"-","-","-","-","-",0,"-","-","-","-","-","-",null,0,0,8,0,1,0,1,0,0,0,0,0,0,0,0,0,0]
[null,null,null,null,null,null,null,null,null,null,null,null,null,null,null,null,null,null,5590,"1900-08-20",22,null,"-","-","-","-",0,"-","-","-","-","-","-","-",null,0,0,8,0,1,0,0,0,0,0,1,1,0,0,0,0,0]
[null,null,null,null,null,null,null,null,null,null,null,null,null,null,null,null,null,null,5607,"1900-08-21",15,null,"-","-","-",0,"-","-","-","-","-","-","-","-",null,0,0,8,0,1,0,0,0,1,0,0,0,0,1,0,0.31,0]
[null,null,null,null,null,null,null,null,null,null,null,null,null,null,null,null,null,null,5625,"1900-08-22",9,null,"-","-","-","-",0,"-","-","-","-","-","-","-",null,0,0,8,0,1,0,0,1,0,0,0,0,0,0,0,0,0]
[null,null,null,null,null,null,null,null,null,null,null,null,null,null,null,null,null,null,5642,"1900-08-23",2,null,"-","-","-","-","-",0,"-","-","-","-","-","-",null,0,0,8,0,1,0,1,0,0,0,0,0,0,0,0,0,0]
[null,null,null,null,null,null,null,null,null,null,null,null,null,null,null,null,null,null,5659,"1900-08-23",19,null,"-","-","-","-",0,"-","-","-","-","-","-","-",null,0,0,8,0,1,0,0,0,0,1,0,1,0,1,0,0.31,0]
[null,null,null,null,null,null,null,null,null,null,null,null,null,null,null,null,null,null,5676,"1900-08-24",12,null,"-","-","-",0,"-","-","-","-","-","-","-","-",null,0,0,8,0,1,0,0,0,1,0,0,0,0,0,0,0,0]
[null,null,null,null,null,null,null,null,null,null,null,null,null,null,null,null,null,null,5694,"1900-08-25",6,null,"-","-","-","-","-",0,"-","-","-","-","-","-",null,0,1,8,0,1,0,1,0,0,0,0,0,0,0,0,0,0]
[null,null,null,null,null,null,null,null,null,null,null,null,null,null,null,null,null,null,5711,"1900-08-25",23,null,"-","-","-","-","-",0,"-","-","-","-","-","-",null,0,1,8,0,1,0,0,0,0,0,0,0,1,0,0,0,0]
[null,null,null,null,null,null,null,null,null,null,null,null,null,null,null,null,null,null,5726,"1900-08-26",14,null,"-","-","-","-","-",0,"-","-","-","-","-","-",null,0,1,8,0,1,0,0,0,1,0,0,0,0,0,0,0,0]
[null,null,null,null,null,null,null,null,null,null,null,null,null,null,null,null,null,null,5746,"1900-08-27",10,null,"-","-","-","-",0,"-","-","-","-","-","-","-",null,0,0,8,0,1,0,0,1,0,0,0,0,0,0,0,0,0]
[null,null,null,null,null,null,null,null,null,null,null,null,null,null,null,null,null,null,5763,{"$f":"IF(T5770=\"-\",T5770,IF(U5771=1,T5770+1,T5770))","v":"1900-08-28"},{"$f":"IF(U5770+1>24,1,U5770+1)","v":3},null,"-","-","-","-","-",0,"-","-","-","-","-","-",null,0,0,8,0,1,0,1,0,0,0,0,0,0,0,0,0,0]
[null,null,null,null,null,null,null,null,null,null,null,null,null,null,null,null,null,null,5776,"1900-08-28",16,null,"-","-","-",0,"-","-","-","-","-","-","-","-",null,0,0,8,0,1,0,0,0,1,0,0,0,0,1,0,0.31,0]
[null,null,null,null,null,null,null,null,null,null,null,null,null,null,null,null,null,null,5798,"1900-08-29",14,null,"-","-","-",0,"-","-","-","-","-","-","-","-",null,0,0,8,0,1,0,0,0,1,0,0,0,0,1,0,0.31,0]
[null,null,null,null,null,null,null,null,null,null,null,null,null,null,null,null,null,null,5815,"1900-08-30",7,null,"-","-","-","-","-",0,"-","-","-","-","-","-",null,0,0,8,0,1,0,1,0,0,0,0,0,0,0,0,0,0]
[null,null,null,null,null,null,null,null,null,null,null,null,null,null,null,null,null,null,5826,"1900-08-30",18,null,{"$f":"IFERROR(V5834*IF(AND(AJ5834=0,AK5834=0,AM5834=1,OR(AQ5834=1,AS5834=1)),1,\"\"),\"-\")","v":"-"},{"$f":"IFERROR(V5834*IF(AND(AJ5834=0,AK5834=0,AM5834=1,OR(AR5834=1,AT5834=1)),1,\"\"),\"-\")","v":"-"},{"$f":"IFERROR(V5834*IF(OR(AND(AM5834=1,AJ5834=1),AND(AM5834=1,AK5834=1),AND(AJ5834=0,AK5834=0,AM5834=1,OR(AP5834=1,AV5834=1))),1,\"\"),\"-\")","v":"-"},{"$f":"IFERROR(V5834*IF(AND(AJ5834=0,AK5834=0,AN5834=1,AR5834=1),1,\"\"),\"-\")","v":"-"},{"$f":"IFERROR(V5834*IF(AND(AJ5834=0,AK5834=0,AN5834=1,OR(AQ5834=1,AU5834=1)),1,\"\"),\"-\")","v":0},{"$f":"IFERROR(V5834*IF(OR(AND(AN5834=1,AJ5834=1),AND(AN5834=1,AK5834=1),AND(AJ5834=0,AK5834=0,AN5834=1,OR(AP5834=1,AV5834=1))),1,\"\"),\"-\")","v":"-"},{"$f":"IFERROR(V5834*IF(AND(AJ5834=0,AK5834=0,AO5834=1,OR(AQ5834=1,AR5834=1,AU5834=1)),1,\"\"),\"-\")","v":"-"},{"$f":"IFERROR(V5834*IF(OR(AND(AO5834=1,OR(AJ5834=1,AK5834=1)),AND(AJ5834=0,AK5834=0,AO5834=1,OR(AP5834=1,AV5834=1))),1,\"\"),\"-\")","v":"-"},"-","-","-","-",null,0,0,8,0,1,0,{"$f":"IF(AND(U5834>0,U5834<8),1,0)","v":0},{"$f":"IF(AND(U5834>7,U5834<12),1,0)","v":0},{"$f":"IF(AND(U5834>11,U5834<18),1,0)","v":0},{"$f":"IF(AND(U5834>17,U5834<21),1,0)","v":1},{"$f":"IF(AND(U5834>20,U5834<23),1,0)","v":0},{"$f":"IF(AND(U5834>17,U5834<23),1,0)","v":1},{"$f":"IF(AND(U5834>22,U5834<25),1,0)","v":0},{"$f":"IF(AND(AK5834=0,OR(MONTH(T5834)=6, MONTH(T5834)=7,MONTH(T5834)=8),U5834>13,U5834<20),1,0)","v":1},{"$f":"IF(AND(AK5834=0,OR(MONTH(T5834)=1, MONTH(T5834)=2,MONTH(T5834)=12),U5834>18,U5834<21),1,0)","v":0},{"$f":"IF(AND(AK5834=0,MONTH(T5834)=6,U5834>13,U5834<20),0.3,IF(AND(AK5834=0,MONTH(T5834)=7,U5834>13,U5834<20),0.39,IF(AND(AK5834=0,MONTH(T5834)=8,U5834>13,U5834<20),0.31,0)))","v":0.31},{"$f":"IF(AND(AK5834=0,MONTH(T5834)=1,U5834>18,U5834<21),0.65,IF(AND(AK5834=0,MONTH(T5834)=2,U5834>18,U5834<21),0.16,IF(AND(AK5834=0,MONTH(T5834)=12,U5834>18,U5834<21),0.19,0)))","v":0}]
[null,null,null,null,null,null,null,null,null,null,null,null,null,null,null,null,null,null,5834,"1900-08-31",2,null,"-","-","-","-","-",0,"-","-","-","-","-","-",null,0,0,8,0,1,0,1,0,0,0,0,0,0,0,0,0,0]
[null,null,null,null,null,null,null,null,null,null,null,null,null,null,null,null,null,null,5851,"1900-08-31",19,null,"-","-","-","-",0,"-","-","-","-","-","-","-",null,0,0,8,0,1,0,0,0,0,1,0,1,0,1,0,0.31,0]
[null,null,null,null,null,null,null,null,null,null,null,null,null,null,null,null,null,null,5876,"1900-09-01",20,null,"-","-","-","-","-",0,"-","-","-","-","-","-",null,0,1,9,0,1,0,0,0,0,1,0,1,0,0,0,0,0]
[null,null,null,null,null,null,null,null,null,null,null,null,null,null,null,null,null,null,5886,"1900-09-02",6,null,"-","-","-","-","-",0,"-","-","-","-","-","-",null,0,1,9,0,1,0,1,0,0,0,0,0,0,0,0,0,0]
[null,null,null,null,null,null,null,null,null,null,null,null,null,null,null,null,null,null,5903,"1900-09-02",23,null,"-","-","-","-","-",0,"-","-","-","-","-","-",null,0,1,9,0,1,0,0,0,0,0,0,0,1,0,0,0,0]
[null,null,null,null,null,null,null,null,null,null,null,null,null,null,null,null,null,null,5926,"1900-09-03",22,null,"-","-","-","-",0,"-","-","-","-","-","-","-",null,0,0,9,0,1,0,0,0,0,0,1,1,0,0,0,0,0]
[null,null,null,null,null,null,null,null,null,null,null,null,null,null,null,null,null,null,5938,"1900-09-04",10,null,"-","-","-","-",0,"-","-","-","-","-","-","-",null,0,0,9,0,1,0,0,1,0,0,0,0,0,0,0,0,0]
[null,null,null,null,null,null,null,null,null,null,null,null,null,null,null,null,null,null,5955,{"$f":"IF(T5962=\"-\",T5962,IF(U5963=1,T5962+1,T5962))","v":"1900-09-05"},{"$f":"IF(U5962+1>24,1,U5962+1)","v":3},null,"-","-","-","-","-",0,"-","-","-","-","-","-",null,0,0,9,0,1,0,1,0,0,0,0,0,0,0,0,0,0]
[null,null,null,null,null,null,null,null,null,null,null,null,null,null,null,null,null,null,5976,"1900-09-05",24,null,"-","-","-","-","-",0,"-","-","-","-","-","-",null,0,0,9,0,1,0,0,0,0,0,0,0,1,0,0,0,0]
[null,null,null,null,null,null,null,null,null,null,null,null,null,null,null,null,null,null,5990,"1900-09-06",14,null,"-","-","-",0,"-","-","-","-","-","-","-","-",null,0,0,9,0,1,0,0,0,1,0,0,0,0,0,0,0,0]
[null,null,null,null,null,null,null,null,null,null,null,null,null,null,null,null,null,null,6007,"1900-09-07",7,null,"-","-","-","-","-",0,"-","-","-","-","-","-",null,0,0,9,0,1,0,1,0,0,0,0,0,0,0,0,0,0]
[null,null,null,null,null,null,null,null,null,null,null,null,null,null,null,null,null,null,6027,"1900-09-08",3,null,"-","-","-","-","-",0,"-","-","-","-","-","-",null,0,1,9,0,1,0,1,0,0,0,0,0,0,0,0,0,0]
[null,null,null,null,null,null,null,null,null,null,null,null,null,null,null,null,null,null,6042,"1900-09-08",18,null,"-","-","-","-","-",0,"-","-","-","-","-","-",null,0,1,9,0,1,0,0,0,0,1,0,1,0,0,0,0,0]
[null,null,null,null,null,null,null,null,null,null,null,null,null,null,null,null,null,null,6059,"1900-09-09",11,null,"-","-","-","-","-",0,"-","-","-","-","-","-",null,0,1,9,0,1,0,0,1,0,0,0,0,0,0,0,0,0]
[null,null,null,null,null,null,null,null,null,null,null,null,null,null,null,null,null,null,6077,"1900-09-10",5,null,"-","-","-","-","-",0,"-","-","-","-","-","-",null,0,0,9,0,1,0,1,0,0,0,0,0,0,0,0,0,0]
[null,null,null,null,null,null,null,null,null,null,null,null,null,null,null,null,null,null,6094,"1900-09-10",22,null,"-","-","-","-",0,"-","-","-","-","-","-","-",null,0,0,9,0,1,0,0,0,0,0,1,1,0,0,0,0,0]
[null,null,null,null,null,null,null,null,null,null,null,null,null,null,null,null,null,null,6095,"1900-09-10",23,null,"-","-","-","-","-",0,"-","-","-","-","-","-",null,0,0,9,0,1,0,0,0,0,0,0,0,1,0,0,0,0]
[null,null,null,null,null,null,null,null,null,null,null,null,null,null,null,null,null,null,6127,"1900-09-12",7,null,"-","-","-","-","-",0,"-","-","-","-","-","-",null,0,0,9,0,1,0,1,0,0,0,0,0,0,0,0,0,0]
[null,null,null,null,null,null,null,null,null,null,null,null,null,null,null,null,null,null,6130,"1900-09-12",10,null,"-","-","-","-",0,"-","-","-","-","-","-","-",null,0,0,9,0,1,0,0,1,0,0,0,0,0,0,0,0,0]
[null,null,null,null,null,null,null,null,null,null,null,null,null,null,null,null,null,null,6147,{"$f":"IF(T6154=\"-\",T6154,IF(U6155=1,T6154+1,T6154))","v":"1900-09-13"},{"$f":"IF(U6154+1>24,1,U6154+1)","v":3},null,"-","-","-","-","-",0,"-","-","-","-","-","-",null,0,0,9,0,1,0,1,0,0,0,0,0,0,0,0,0,0]
[null,null,null,null,null,null,null,null,null,null,null,null,null,null,null,null,null,null,6160,"1900-09-13",16,null,"-","-","-",0,"-","-","-","-","-","-","-","-",null,0,0,9,0,1,0,0,0,1,0,0,0,0,0,0,0,0]
[null,null,null,null,null,null,null,null,null,null,null,null,null,null,null,null,null,null,6182,"1900-09-14",14,null,"-","-","-",0,"-","-","-","-","-","-","-","-",null,0,0,9,0,1,0,0,0,1,0,0,0,0,0,0,0,0]
[null,null,null,null,null,null,null,null,null,null,null,null,null,null,null,null,null,null,6199,"1900-09-15",7,null,"-","-","-","-","-",0,"-","-","-","-","-","-",null,0,1,9,0,1,0,1,0,0,0,0,0,0,0,0,0,0]
[null,null,null,null,null,null,null,null,null,null,null,null,null,null,null,null,null,null,6210,"1900-09-15",18,null,{"$f":"IFERROR(V6218*IF(AND(AJ6218=0,AK6218=0,AM6218=1,OR(AQ6218=1,AS6218=1)),1,\"\"),\"-\")","v":"-"},{"$f":"IFERROR(V6218*IF(AND(AJ6218=0,AK6218=0,AM6218=1,OR(AR6218=1,AT6218=1)),1,\"\"),\"-\")","v":"-"},{"$f":"IFERROR(V6218*IF(OR(AND(AM6218=1,AJ6218=1),AND(AM6218=1,AK6218=1),AND(AJ6218=0,AK6218=0,AM6218=1,OR(AP6218=1,AV6218=1))),1,\"\"),\"-\")","v":"-"},{"$f":"IFERROR(V6218*IF(AND(AJ6218=0,AK6218=0,AN6218=1,AR6218=1),1,\"\"),\"-\")","v":"-"},{"$f":"IFERROR(V6218*IF(AND(AJ6218=0,AK6218=0,AN6218=1,OR(AQ6218=1,AU6218=1)),1,\"\"),\"-\")","v":"-"},{"$f":"IFERROR(V6218*IF(OR(AND(AN6218=1,AJ6218=1),AND(AN6218=1,AK6218=1),AND(AJ6218=0,AK6218=0,AN6218=1,OR(AP6218=1,AV6218=1))),1,\"\"),\"-\")","v":0},{"$f":"IFERROR(V6218*IF(AND(AJ6218=0,AK6218=0,AO6218=1,OR(AQ6218=1,AR6218=1,AU6218=1)),1,\"\"),\"-\")","v":"-"},{"$f":"IFERROR(V6218*IF(OR(AND(AO6218=1,OR(AJ6218=1,AK6218=1)),AND(AJ6218=0,AK6218=0,AO6218=1,OR(AP6218=1,AV6218=1))),1,\"\"),\"-\")","v":"-"},"-","-","-","-",null,0,1,9,0,1,0,{"$f":"IF(AND(U6218>0,U6218<8),1,0)","v":0},{"$f":"IF(AND(U6218>7,U6218<12),1,0)","v":0},{"$f":"IF(AND(U6218>11,U6218<18),1,0)","v":0},{"$f":"IF(AND(U6218>17,U6218<21),1,0)","v":1},{"$f":"IF(AND(U6218>20,U6218<23),1,0)","v":0},{"$f":"IF(AND(U6218>17,U6218<23),1,0)","v":1},{"$f":"IF(AND(U6218>22,U6218<25),1,0)","v":0},{"$f":"IF(AND(AK6218=0,OR(MONTH(T6218)=6, MONTH(T6218)=7,MONTH(T6218)=8),U6218>13,U6218<20),1,0)","v":0},{"$f":"IF(AND(AK6218=0,OR(MONTH(T6218)=1, MONTH(T6218)=2,MONTH(T6218)=12),U6218>18,U6218<21),1,0)","v":0},{"$f":"IF(AND(AK6218=0,MONTH(T6218)=6,U6218>13,U6218<20),0.3,IF(AND(AK6218=0,MONTH(T6218)=7,U6218>13,U6218<20),0.39,IF(AND(AK6218=0,MONTH(T6218)=8,U6218>13,U6218<20),0.31,0)))","v":0},{"$f":"IF(AND(AK6218=0,MONTH(T6218)=1,U6218>18,U6218<21),0.65,IF(AND(AK6218=0,MONTH(T6218)=2,U6218>18,U6218<21),0.16,IF(AND(AK6218=0,MONTH(T6218)=12,U6218>18,U6218<21),0.19,0)))","v":0}]
[null,null,null,null,null,null,null,null,null,null,null,null,null,null,null,null,null,null,6234,"1900-09-16",18,null,"-","-","-","-","-",0,"-","-","-","-","-","-",null,0,1,9,0,1,0,0,0,0,1,0,1,0,0,0,0,0]
[null,null,null,null,null,null,null,null,null,null,null,null,null,null,null,null,null,null,6251,"1900-09-17",11,null,"-","-","-","-",0,"-","-","-","-","-","-","-",null,0,0,9,0,1,0,0,1,0,0,0,0,0,0,0,0,0]
[null,null,null,null,null,null,null,null,null,null,null,null,null,null,null,null,null,null,6260,"1900-09-17",20,null,"-","-","-","-",0,"-","-","-","-","-","-","-",null,0,0,9,0,1,0,0,0,0,1,0,1,0,0,0,0,0]
[null,null,null,null,null,null,null,null,null,null,null,null,null,null,null,null,null,null,6286,"1900-09-18",22,null,"-","-","-","-",0,"-","-","-","-","-","-","-",null,0,0,9,0,1,0,0,0,0,0,1,1,0,0,0,0,0]
[null,null,null,null,null,null,null,null,null,null,null,null,null,null,null,null,null,null,6303,"1900-09-19",15,null,"-","-","-",0,"-","-","-","-","-","-","-","-",null,0,0,9,0,1,0,0,0,1,0,0,0,0,0,0,0,0]
[null,null,null,null,null,null,null,null,null,null,null,null,null,null,null,null,null,null,6310,"1900-09-19",22,null,"-","-","-","-",0,"-","-","-","-","-","-","-",null,0,0,9,0,1,0,0,0,0,0,1,1,0,0,0,0,0]
[null,null,null,null,null,null,null,null,null,null,null,null,null,null,null,null,null,null,6338,"1900-09-21",2,null,{"$f":"IFERROR(V6346*IF(AND(AJ6346=0,AK6346=0,AM6346=1,OR(AQ6346=1,AS6346=1)),1,\"\"),\"-\")","v":"-"},{"$f":"IFERROR(V6346*IF(AND(AJ6346=0,AK6346=0,AM6346=1,OR(AR6346=1,AT6346=1)),1,\"\"),\"-\")","v":"-"},{"$f":"IFERROR(V6346*IF(OR(AND(AM6346=1,AJ6346=1),AND(AM6346=1,AK6346=1),AND(AJ6346=0,AK6346=0,AM6346=1,OR(AP6346=1,AV6346=1))),1,\"\"),\"-\")","v":"-"},{"$f":"IFERROR(V6346*IF(AND(AJ6346=0,AK6346=0,AN6346=1,AR6346=1),1,\"\"),\"-\")","v":"-"},{"$f":"IFERROR(V6346*IF(AND(AJ6346=0,AK6346=0,AN6346=1,OR(AQ6346=1,AU6346=1)),1,\"\"),\"-\")","v":"-"},{"$f":"IFERROR(V6346*IF(OR(AND(AN6346=1,AJ6346=1),AND(AN6346=1,AK6346=1),AND(AJ6346=0,AK6346=0,AN6346=1,OR(AP6346=1,AV6346=1))),1,\"\"),\"-\")","v":0},{"$f":"IFERROR(V6346*IF(AND(AJ6346=0,AK6346=0,AO6346=1,OR(AQ6346=1,AR6346=1,AU6346=1)),1,\"\"),\"-\")","v":"-"},{"$f":"IFERROR(V6346*IF(OR(AND(AO6346=1,OR(AJ6346=1,AK6346=1)),AND(AJ6346=0,AK6346=0,AO6346=1,OR(AP6346=1,AV6346=1))),1,\"\"),\"-\")","v":"-"},"-","-","-","-",null,0,0,9,0,1,0,{"$f":"IF(AND(U6346>0,U6346<8),1,0)","v":1},{"$f":"IF(AND(U6346>7,U6346<12),1,0)","v":0},{"$f":"IF(AND(U6346>11,U6346<18),1,0)","v":0},{"$f":"IF(AND(U6346>17,U6346<21),1,0)","v":0},{"$f":"IF(AND(U6346>20,U6346<23),1,0)","v":0},{"$f":"IF(AND(U6346>17,U6346<23),1,0)","v":0},{"$f":"IF(AND(U6346>22,U6346<25),1,0)","v":0},{"$f":"IF(AND(AK6346=0,OR(MONTH(T6346)=6, MONTH(T6346)=7,MONTH(T6346)=8),U6346>13,U6346<20),1,0)","v":0},{"$f":"IF(AND(AK6346=0,OR(MONTH(T6346)=1, MONTH(T6346)=2,MONTH(T6346)=12),U6346>18,U6346<21),1,0)","v":0},{"$f":"IF(AND(AK6346=0,MONTH(T6346)=6,U6346>13,U6346<20),0.3,IF(AND(AK6346=0,MONTH(T6346)=7,U6346>13,U6346<20),0.39,IF(AND(AK6346=0,MONTH(T6346)=8,U6346>13,U6346<20),0.31,0)))","v":0},{"$f":"IF(AND(AK6346=0,MONTH(T6346)=1,U6346>18,U6346<21),0.65,IF(AND(AK6346=0,MONTH(T6346)=2,U6346>18,U6346<21),0.16,IF(AND(AK6346=0,MONTH(T6346)=12,U6346>18,U6346<21),0.19,0)))","v":0}]
[null,null,null,null,null,null,null,null,null,null,null,null,null,null,null,null,null,null,6355,"1900-09-21",19,null,"-","-","-","-",0,"-","-","-","-","-","-","-",null,0,0,9,0,1,0,0,0,0,1,0,1,0,0,0,0,0]
[null,null,null,null,null,null,null,null,null,null,null,null,null,null,null,null,null,null,6361,"1900-09-22",1,null,"-","-","-","-","-",0,"-","-","-","-","-","-",null,0,1,9,0,1,0,1,0,0,0,0,0,0,0,0,0,0]
[null,null,null,null,null,null,null,null,null,null,null,null,null,null,null,null,null,null,6374,"1900-09-22",14,null,"-","-","-","-","-",0,"-","-","-","-","-","-",null,0,1,9,0,1,0,0,0,1,0,0,0,0,0,0,0,0]
[null,null,null,null,null,null,null,null,null,null,null,null,null,null,null,null,null,null,6391,"1900-09-23",7,null,"-","-","-","-","-",0,"-","-","-","-","-","-",null,0,1,9,0,1,0,1,0,0,0,0,0,0,0,0,0,0]
[null,null,null,null,null,null,null,null,null,null,null,null,null,null,null,null,null,null,6411,"1900-09-24",3,null,"-","-","-","-","-",0,"-","-","-","-","-","-",null,0,0,9,0,1,0,1,0,0,0,0,0,0,0,0,0,0]
[null,null,null,null,null,null,null,null,null,null,null,null,null,null,null,null,null,null,6426,"1900-09-24",18,null,"-","-","-","-",0,"-","-","-","-","-","-","-",null,0,0,9,0,1,0,0,0,0,1,0,1,0,0,0,0,0]
[null,null,null,null,null,null,null,null,null,null,null,null,null,null,null,null,null,null,6443,"1900-09-25",11,null,"-","-","-","-",0,"-","-","-","-","-","-","-",null,0,0,9,0,1,0,0,1,0,0,0,0,0,0,0,0,0]
[null,null,null,null,null,null,null,null,null,null,null,null,null,null,null,null,null,null,6461,"1900-09-26",5,null,"-","-","-","-","-",0,"-","-","-","-","-","-",null,0,0,9,0,1,0,1,0,0,0,0,0,0,0,0,0,0]
[null,null,null,null,null,null,null,null,null,null,null,null,null,null,null,null,null,null,6478,"1900-09-26",22,null,"-","-","-","-",0,"-","-","-","-","-","-","-",null,0,0,9,0,1,0,0,0,0,0,1,1,0,0,0,0,0]
[null,null,null,null,null,null,null,null,null,null,null,null,null,null,null,null,null,null,6495,"1900-09-27",15,null,"-","-","-",0,"-","-","-","-","-","-","-","-",null,0,0,9,0,1,0,0,0,1,0,0,0,0,0,0,0,0]
[null,null,null,null,null,null,null,null,null,null,null,null,null,null,null,null,null,null,6511,"1900-09-28",7,null,"-","-","-","-","-",0,"-","-","-","-","-","-",null,0,0,9,0,1,0,1,0,0,0,0,0,0,0,0,0,0]
[null,null,null,null,null,null,null,null,null,null,null,null,null,null,null,null,null,null,6530,"1900-09-29",2,null,{"$f":"IFERROR(V6538*IF(AND(AJ6538=0,AK6538=0,AM6538=1,OR(AQ6538=1,AS6538=1)),1,\"\"),\"-\")","v":"-"},{"$f":"IFERROR(V6538*IF(AND(AJ6538=0,AK6538=0,AM6538=1,OR(AR6538=1,AT6538=1)),1,\"\"),\"-\")","v":"-"},{"$f":"IFERROR(V6538*IF(OR(AND(AM6538=1,AJ6538=1),AND(AM6538=1,AK6538=1),AND(AJ6538=0,AK6538=0,AM6538=1,OR(AP6538=1,AV6538=1))),1,\"\"),\"-\")","v":"-"},{"$f":"IFERROR(V6538*IF(AND(AJ6538=0,AK6538=0,AN6538=1,AR6538=1),1,\"\"),\"-\")","v":"-"},{"$f":"IFERROR(V6538*IF(AND(AJ6538=0,AK6538=0,AN6538=1,OR(AQ6538=1,AU6538=1)),1,\"\"),\"-\")","v":"-"},{"$f":"IFERROR(V6538*IF(OR(AND(AN6538=1,AJ6538=1),AND(AN6538=1,AK6538=1),AND(AJ6538=0,AK6538=0,AN6538=1,OR(AP6538=1,AV6538=1))),1,\"\"),\"-\")","v":0},{"$f":"IFERROR(V6538*IF(AND(AJ6538=0,AK6538=0,AO6538=1,OR(AQ6538=1,AR6538=1,AU6538=1)),1,\"\"),\"-\")","v":"-"},{"$f":"IFERROR(V6538*IF(OR(AND(AO6538=1,OR(AJ6538=1,AK6538=1)),AND(AJ6538=0,AK6538=0,AO6538=1,OR(AP6538=1,AV6538=1))),1,\"\"),\"-\")","v":"-"},"-","-","-","-",null,0,1,9,0,1,0,{"$f":"IF(AND(U6538>0,U6538<8),1,0)","v":1},{"$f":"IF(AND(U6538>7,U6538<12),1,0)","v":0},{"$f":"IF(AND(U6538>11,U6538<18),1,0)","v":0},{"$f":"IF(AND(U6538>17,U6538<21),1,0)","v":0},{"$f":"IF(AND(U6538>20,U6538<23),1,0)","v":0},{"$f":"IF(AND(U6538>17,U6538<23),1,0)","v":0},{"$f":"IF(AND(U6538>22,U6538<25),1,0)","v":0},{"$f":"IF(AND(AK6538=0,OR(MONTH(T6538)=6, MONTH(T6538)=7,MONTH(T6538)=8),U6538>13,U6538<20),1,0)","v":0},{"$f":"IF(AND(AK6538=0,OR(MONTH(T6538)=1, MONTH(T6538)=2,MONTH(T6538)=12),U6538>18,U6538<21),1,0)","v":0},{"$f":"IF(AND(AK6538=0,MONTH(T6538)=6,U6538>13,U6538<20),0.3,IF(AND(AK6538=0,MONTH(T6538)=7,U6538>13,U6538<20),0.39,IF(AND(AK6538=0,MONTH(T6538)=8,U6538>13,U6538<20),0.31,0)))","v":0},{"$f":"IF(AND(AK6538=0,MONTH(T6538)=1,U6538>18,U6538<21),0.65,IF(AND(AK6538=0,MONTH(T6538)=2,U6538>18,U6538<21),0.16,IF(AND(AK6538=0,MONTH(T6538)=12,U6538>18,U6538<21),0.19,0)))","v":0}]
[null,null,null,null,null,null,null,null,null,null,null,null,null,null,null,null,null,null,6547,"1900-09-29",19,null,"-","-","-","-","-",0,"-","-","-","-","-","-",null,0,1,9,0,1,0,0,0,0,1,0,1,0,0,0,0,0]
[null,null,null,null,null,null,null,null,null,null,null,null,null,null,null,null,null,null,6561,"1900-09-30",9,null,"-","-","-","-","-",0,"-","-","-","-","-","-",null,0,1,9,0,1,0,0,1,0,0,0,0,0,0,0,0,0]
[null,null,null,null,null,null,null,null,null,null,null,null,null,null,null,null,null,null,6582,"1900-10-01",6,null,"-","-","-","-","-","-","-",0,"-","-","-","-",null,0,0,10,0,0,1,1,0,0,0,0,0,0,0,0,0,0]
[null,null,null,null,null,null,null,null,null,null,null,null,null,null,null,null,null,null,6599,"1900-10-01",23,null,"-","-","-","-","-","-","-",0,"-","-","-","-",null,0,0,10,0,0,1,0,0,0,0,0,0,1,0,0,0,0]
[null,null,null,null,null,null,null,null,null,null,null,null,null,null,null,null,null,null,6611,"1900-10-02",11,null,"-","-","-","-","-","-",0,"-","-","-","-","-",null,0,0,10,0,0,1,0,1,0,0,0,0,0,0,0,0,0]
[null,null,null,null,null,null,null,null,null,null,null,null,null,null,null,null,null,null,6618,"1900-10-02",18,null,"-","-","-","-","-","-",0,"-","-","-","-","-",null,0,0,10,0,0,1,0,0,0,1,0,1,0,0,0,0,0]
[null,null,null,null,null,null,null,null,null,null,null,null,null,null,null,null,null,null,6635,"1900-10-03",11,null,"-","-","-","-","-","-",0,"-","-","-","-","-",null,0,0,10,0,0,1,0,1,0,0,0,0,0,0,0,0,0]
[null,null,null,null,null,null,null,null,null,null,null,null,null,null,null,null,null,null,6662,"1900-10-04",14,null,"-","-","-","-","-","-",0,"-","-","-","-","-",null,0,0,10,0,0,1,0,0,1,0,0,0,0,0,0,0,0]
[null,null,null,null,null,null,null,null,null,null,null,null,null,null,null,null,null,null,6670,"1900-10-04",22,null,"-","-","-","-","-","-",0,"-","-","-","-","-",null,0,0,10,0,0,1,0,0,0,0,1,1,0,0,0,0,0]
[null,null,null,null,null,null,null,null,null,null,null,null,null,null,null,null,null,null,6687,"1900-10-05",15,null,"-","-","-","-","-","-",0,"-","-","-","-","-",null,0,0,10,0,0,1,0,0,1,0,0,0,0,0,0,0,0]
[null,null,null,null,null,null,null,null,null,null,null,null,null,null,null,null,null,null,6712,"1900-10-06",16,null,"-","-","-","-","-","-","-",0,"-","-","-","-",null,0,1,10,0,0,1,0,0,1,0,0,0,0,0,0,0,0]
[null,null,null,null,null,null,null,null,null,null,null,null,null,null,null,null,null,null,6722,"1900-10-07",2,null,{"$f":"IFERROR(V6730*IF(AND(AJ6730=0,AK6730=0,AM6730=1,OR(AQ6730=1,AS6730=1)),1,\"\"),\"-\")","v":"-"},{"$f":"IFERROR(V6730*IF(AND(AJ6730=0,AK6730=0,AM6730=1,OR(AR6730=1,AT6730=1)),1,\"\"),\"-\")","v":"-"},{"$f":"IFERROR(V6730*IF(OR(AND(AM6730=1,AJ6730=1),AND(AM6730=1,AK6730=1),AND(AJ6730=0,AK6730=0,AM6730=1,OR(AP6730=1,AV6730=1))),1,\"\"),\"-\")","v":"-"},{"$f":"IFERROR(V6730*IF(AND(AJ6730=0,AK6730=0,AN6730=1,AR6730=1),1,\"\"),\"-\")","v":"-"},{"$f":"IFERROR(V6730*IF(AND(AJ6730=0,AK6730=0,AN6730=1,OR(AQ6730=1,AU6730=1)),1,\"\"),\"-\")","v":"-"},{"$f":"IFERROR(V6730*IF(OR(AND(AN6730=1,AJ6730=1),AND(AN6730=1,AK6730=1),AND(AJ6730=0,AK6730=0,AN6730=1,OR(AP6730=1,AV6730=1))),1,\"\"),\"-\")","v":"-"},{"$f":"IFERROR(V6730*IF(AND(AJ6730=0,AK6730=0,AO6730=1,OR(AQ6730=1,AR6730=1,AU6730=1)),1,\"\"),\"-\")","v":"-"},{"$f":"IFERROR(V6730*IF(OR(AND(AO6730=1,OR(AJ6730=1,AK6730=1)),AND(AJ6730=0,AK6730=0,AO6730=1,OR(AP6730=1,AV6730=1))),1,\"\"),\"-\")","v":0},"-","-","-","-",null,0,1,10,0,0,1,{"$f":"IF(AND(U6730>0,U6730<8),1,0)","v":1},{"$f":"IF(AND(U6730>7,U6730<12),1,0)","v":0},{"$f":"IF(AND(U6730>11,U6730<18),1,0)","v":0},{"$f":"IF(AND(U6730>17,U6730<21),1,0)","v":0},{"$f":"IF(AND(U6730>20,U6730<23),1,0)","v":0},{"$f":"IF(AND(U6730>17,U6730<23),1,0)","v":0},{"$f":"IF(AND(U6730>22,U6730<25),1,0)","v":0},{"$f":"IF(AND(AK6730=0,OR(MONTH(T6730)=6, MONTH(T6730)=7,MONTH(T6730)=8),U6730>13,U6730<20),1,0)","v":0},{"$f":"IF(AND(AK6730=0,OR(MONTH(T6730)=1, MONTH(T6730)=2,MONTH(T6730)=12),U6730>18,U6730<21),1,0)","v":0},{"$f":"IF(AND(AK6730=0,MONTH(T6730)=6,U6730>13,U6730<20),0.3,IF(AND(AK6730=0,MONTH(T6730)=7,U6730>13,U6730<20),0.39,IF(AND(AK6730=0,MONTH(T6730)=8,U6730>13,U6730<20),0.31,0)))","v":0},{"$f":"IF(AND(AK6730=0,MONTH(T6730)=1,U6730>18,U6730<21),0.65,IF(AND(AK6730=0,MONTH(T6730)=2,U6730>18,U6730<21),0.16,IF(AND(AK6730=0,MONTH(T6730)=12,U6730>18,U6730<21),0.19,0)))","v":0}]
[null,null,null,null,null,null,null,null,null,null,null,null,null,null,null,null,null,null,6739,"1900-10-07",19,null,"-","-","-","-","-","-","-",0,"-","-","-","-",null,0,1,10,0,0,1,0,0,0,1,0,1,0,0,0,0,0]
[null,null,null,null,null,null,null,null,null,null,null,null,null,null,null,null,null,null,6762,"1900-10-08",18,null,"-","-","-","-","-","-",0,"-","-","-","-","-",null,0,0,10,0,0,1,0,0,0,1,0,1,0,0,0,0,0]
[null,null,null,null,null,null,null,null,null,null,null,null,null,null,null,null,null,null,6774,"1900-10-09",6,null,"-","-","-","-","-","-","-",0,"-","-","-","-",null,0,0,10,0,0,1,1,0,0,0,0,0,0,0,0,0,0]
[null,null,null,null,null,null,null,null,null,null,null,null,null,null,null,null,null,null,6791,"1900-10-09",23,null,"-","-","-","-","-","-","-",0,"-","-","-","-",null,0,0,10,0,0,1,0,0,0,0,0,0,1,0,0,0,0]
[null,null,null,null,null,null,null,null,null,null,null,null,null,null,null,null,null,null,6812,"1900-10-10",20,null,"-","-","-","-","-","-",0,"-","-","-","-","-",null,0,0,10,0,0,1,0,0,0,1,0,1,0,0,0,0,0]
[null,null,null,null,null,null,null,null,null,null,null,null,null,null,null,null,null,null,6826,"1900-10-11",10,null,"-","-","-","-","-","-",0,"-","-","-","-","-",null,0,0,10,0,0,1,0,1,0,0,0,0,0,0,0,0,0]
[null,null,null,null,null,null,null,null,null,null,null,null,null,null,null,null,null,null,6843,"1900-10-12",3,null,"-","-","-","-","-","-","-",0,"-","-","-","-",null,0,0,10,0,0,1,1,0,0,0,0,0,0,0,0,0,0]
[null,null,null,null,null,null,null,null,null,null,null,null,null,null,null,null,null,null,6862,"1900-10-12",22,null,"-","-","-","-","-","-",0,"-","-","-","-","-",null,0,0,10,0,0,1,0,0,0,0,1,1,0,0,0,0,0]
[null,null,null,null,null,null,null,null,null,null,null,null,null,null,null,null,null,null,6878,"1900-10-13",14,null,"-","-","-","-","-","-","-",0,"-","-","-","-",null,0,1,10,0,0,1,0,0,1,0,0,0,0,0,0,0,0]
[null,null,null,null,null,null,null,null,null,null,null,null,null,null,null,null,null,null,6879,"1900-10-13",15,null,"-","-","-","-","-","-","-",0,"-","-","-","-",null,0,1,10,0,0,1,0,0,1,0,0,0,0,0,0,0,0]
[null,null,null,null,null,null,null,null,null,null,null,null,null,null,null,null,null,null,6895,"1900-10-14",7,null,"-","-","-","-","-","-","-",0,"-","-","-","-",null,0,1,10,0,0,1,1,0,0,0,0,0,0,0,0,0,0]
[null,null,null,null,null,null,null,null,null,null,null,null,null,null,null,null,null,null,6914,"1900-10-15",2,null,{"$f":"IFERROR(V6922*IF(AND(AJ6922=0,AK6922=0,AM6922=1,OR(AQ6922=1,AS6922=1)),1,\"\"),\"-\")","v":"-"},{"$f":"IFERROR(V6922*IF(AND(AJ6922=0,AK6922=0,AM6922=1,OR(AR6922=1,AT6922=1)),1,\"\"),\"-\")","v":"-"},{"$f":"IFERROR(V6922*IF(OR(AND(AM6922=1,AJ6922=1),AND(AM6922=1,AK6922=1),AND(AJ6922=0,AK6922=0,AM6922=1,OR(AP6922=1,AV6922=1))),1,\"\"),\"-\")","v":"-"},{"$f":"IFERROR(V6922*IF(AND(AJ6922=0,AK6922=0,AN6922=1,AR6922=1),1,\"\"),\"-\")","v":"-"},{"$f":"IFERROR(V6922*IF(AND(AJ6922=0,AK6922=0,AN6922=1,OR(AQ6922=1,AU6922=1)),1,\"\"),\"-\")","v":"-"},{"$f":"IFERROR(V6922*IF(OR(AND(AN6922=1,AJ6922=1),AND(AN6922=1,AK6922=1),AND(AJ6922=0,AK6922=0,AN6922=1,OR(AP6922=1,AV6922=1))),1,\"\"),\"-\")","v":"-"},{"$f":"IFERROR(V6922*IF(AND(AJ6922=0,AK6922=0,AO6922=1,OR(AQ6922=1,AR6922=1,AU6922=1)),1,\"\"),\"-\")","v":"-"},{"$f":"IFERROR(V6922*IF(OR(AND(AO6922=1,OR(AJ6922=1,AK6922=1)),AND(AJ6922=0,AK6922=0,AO6922=1,OR(AP6922=1,AV6922=1))),1,\"\"),\"-\")","v":0},"-","-","-","-",null,0,0,10,0,0,1,{"$f":"IF(AND(U6922>0,U6922<8),1,0)","v":1},{"$f":"IF(AND(U6922>7,U6922<12),1,0)","v":0},{"$f":"IF(AND(U6922>11,U6922<18),1,0)","v":0},{"$f":"IF(AND(U6922>17,U6922<21),1,0)","v":0},{"$f":"IF(AND(U6922>20,U6922<23),1,0)","v":0},{"$f":"IF(AND(U6922>17,U6922<23),1,0)","v":0},{"$f":"IF(AND(U6922>22,U6922<25),1,0)","v":0},{"$f":"IF(AND(AK6922=0,OR(MONTH(T6922)=6, MONTH(T6922)=7,MONTH(T6922)=8),U6922>13,U6922<20),1,0)","v":0},{"$f":"IF(AND(AK6922=0,OR(MONTH(T6922)=1, MONTH(T6922)=2,MONTH(T6922)=12),U6922>18,U6922<21),1,0)","v":0},{"$f":"IF(AND(AK6922=0,MONTH(T6922)=6,U6922>13,U6922<20),0.3,IF(AND(AK6922=0,MONTH(T6922)=7,U6922>13,U6922<20),0.39,IF(AND(AK6922=0,MONTH(T6922)=8,U6922>13,U6922<20),0.31,0)))","v":0},{"$f":"IF(AND(AK6922=0,MONTH(T6922)=1,U6922>18,U6922<21),0.65,IF(AND(AK6922=0,MONTH(T6922)=2,U6922>18,U6922<21),0.16,IF(AND(AK6922=0,MONTH(T6922)=12,U6922>18,U6922<21),0.19,0)))","v":0}]
[null,null,null,null,null,null,null,null,null,null,null,null,null,null,null,null,null,null,6931,"1900-10-15",19,null,"-","-","-","-","-","-",0,"-","-","-","-","-",null,0,0,10,0,0,1,0,0,0,1,0,1,0,0,0,0,0]
[null,null,null,null,null,null,null,null,null,null,null,null,null,null,null,null,null,null,6945,"1900-10-16",9,null,"-","-","-","-","-","-",0,"-","-","-","-","-",null,0,0,10,0,0,1,0,1,0,0,0,0,0,0,0,0,0]
[null,null,null,null,null,null,null,null,null,null,null,null,null,null,null,null,null,null,6966,"1900-10-17",6,null,"-","-","-","-","-","-","-",0,"-","-","-","-",null,0,0,10,0,0,1,1,0,0,0,0,0,0,0,0,0,0]
[null,null,null,null,null,null,null,null,null,null,null,null,null,null,null,null,null,null,6983,"1900-10-17",23,null,"-","-","-","-","-","-","-",0,"-","-","-","-",null,0,0,10,0,0,1,0,0,0,0,0,0,1,0,0,0,0]
[null,null,null,null,null,null,null,null,null,null,null,null,null,null,null,null,null,null,6996,"1900-10-18",12,null,"-","-","-","-","-","-",0,"-","-","-","-","-",null,0,0,10,0,0,1,0,0,1,0,0,0,0,0,0,0,0]
[null,null,null,null,null,null,null,null,null,null,null,null,null,null,null,null,null,null,7018,"1900-10-19",10,null,"-","-","-","-","-","-",0,"-","-","-","-","-",null,0,0,10,0,0,1,0,1,0,0,0,0,0,0,0,0,0]
[null,null,null,null,null,null,null,null,null,null,null,null,null,null,null,null,null,null,7035,"1900-10-20",3,null,"-","-","-","-","-","-","-",0,"-","-","-","-",null,0,1,10,0,0,1,1,0,0,0,0,0,0,0,0,0,0]
[null,null,null,null,null,null,null,null,null,null,null,null,null,null,null,null,null,null,7046,"1900-10-20",14,null,"-","-","-","-","-","-","-",0,"-","-","-","-",null,0,1,10,0,0,1,0,0,1,0,0,0,0,0,0,0,0]
[null,null,null,null,null,null,null,null,null,null,null,null,null,null,null,null,null,null,7070,"1900-10-21",14,null,"-","-","-","-","-","-","-",0,"-","-","-","-",null,0,1,10,0,0,1,0,0,1,0,0,0,0,0,0,0,0]
[null,null,null,null,null,null,null,null,null,null,null,null,null,null,null,null,null,null,7087,"1900-10-22",7,null,"-","-","-","-","-","-","-",0,"-","-","-","-",null,0,0,10,0,0,1,1,0,0,0,0,0,0,0,0,0,0]
[null,null,null,null,null,null,null,null,null,null,null,null,null,null,null,null,null,null,7096,"1900-10-22",16,null,"-","-","-","-","-","-",0,"-","-","-","-","-",null,0,0,10,0,0,1,0,0,1,0,0,0,0,0,0,0,0]
[null,null,null,null,null,null,null,null,null,null,null,null,null,null,null,null,null,null,7122,"1900-10-23",18,null,"-","-","-","-","-","-",0,"-","-","-","-","-",null,0,0,10,0,0,1,0,0,0,1,0,1,0,0,0,0,0]
[null,null,null,null,null,null,null,null,null,null,null,null,null,null,null,null,null,null,7139,"1900-10-24",11,null,"-","-","-","-","-","-",0,"-","-","-","-","-",null,0,0,10,0,0,1,0,1,0,0,0,0,0,0,0,0,0]
[null,null,null,null,null,null,null,null,null,null,null,null,null,null,null,null,null,null,7146,"1900-10-24",18,null,"-","-","-","-","-","-",0,"-","-","-","-","-",null,0,0,10,0,0,1,0,0,0,1,0,1,0,0,0,0,0]
[null,null,null,null,null,null,null,null,null,null,null,null,null,null,null,null,null,null,7158,"1900-10-25",6,null,"-","-","-","-","-","-","-",0,"-","-","-","-",null,0,0,10,0,0,1,1,0,0,0,0,0,0,0,0,0,0]
[null,null,null,null,null,null,null,null,null,null,null,null,null,null,null,null,null,null,7175,"1900-10-25",23,null,"-","-","-","-","-","-","-",0,"-","-","-","-",null,0,0,10,0,0,1,0,0,0,0,0,0,1,0,0,0,0]
[null,null,null,null,null,null,null,null,null,null,null,null,null,null,null,null,null,null,7196,"1900-10-26",20,null,"-","-","-","-","-","-",0,"-","-","-","-","-",null,0,0,10,0,0,1,0,0,0,1,0,1,0,0,0,0,0]
[null,null,null,null,null,null,null,null,null,null,null,null,null,null,null,null,null,null,7210,"1900-10-27",10,null,"-","-","-","-","-","-","-",0,"-","-","-","-",null,0,1,10,0,0,1,0,1,0,0,0,0,0,0,0,0,0]
[null,null,null,null,null,null,null,null,null,null,null,null,null,null,null,null,null,null,7227,"1900-10-28",3,null,"-","-","-","-","-","-","-",0,"-","-","-","-",null,0,1,10,0,0,1,1,0,0,0,0,0,0,0,0,0,0]
[null,null,null,null,null,null,null,null,null,null,null,null,null,null,null,null,null,null,7246,"1900-10-28",22,null,"-","-","-","-","-","-","-",0,"-","-","-","-",null,0,1,10,0,0,1,0,0,0,0,1,1,0,0,0,0,0]
[null,null,null,null,null,null,null,null,null,null,null,null,null,null,null,null,null,null,7262,"1900-10-29",14,null,"-","-","-","-","-","-",0,"-","-","-","-","-",null,0,0,10,0,0,1,0,0,1,0,0,0,0,0,0,0,0]
[null,null,null,null,null,null,null,null,null,null,null,null,null,null,null,null,null,null,7279,"1900-10-30",7,null,"-","-","-","-","-","-","-",0,"-","-","-","-",null,0,0,10,0,0,1,1,0,0,0,0,0,0,0,0,0,0]
[null,null,null,null,null,null,null,null,null,null,null,null,null,null,null,null,null,null,7296,"1900-10-30",24,null,"-","-","-","-","-","-","-",0,"-","-","-","-",null,0,0,10,0,0,1,0,0,0,0,0,0,1,0,0,0,0]
[null,null,null,null,null,null,null,null,null,null,null,null,null,null,null,null,null,null,7314,"1900-10-31",18,null,"-","-","-","-","-","-",0,"-","-","-","-","-",null,0,0,10,0,0,1,0,0,0,1,0,1,0,0,0,0,0]
[null,null,null,null,null,null,null,null,null,null,null,null,null,null,null,null,null,null,7331,"1900-11-01",11,null,"-","-","-","-","-","-",0,"-","-","-","-","-",null,0,0,11,0,0,1,0,1,0,0,0,0,0,0,0,0,0]
[null,null,null,null,null,null,null,null,null,null,null,null,null,null,null,null,null,null,7347,"1900-11-02",3,null,"-","-","-","-","-","-","-",0,"-","-","-","-",null,0,0,11,0,0,1,1,0,0,0,0,0,0,0,0,0,0]
[null,null,null,null,null,null,null,null,null,null,null,null,null,null,null,null,null,null,7366,"1900-11-02",22,null,"-","-","-","-","-","-",0,"-","-","-","-","-",null,0,0,11,0,0,1,0,0,0,0,1,1,0,0,0,0,0]
[null,null,null,null,null,null,null,null,null,null,null,null,null,null,null,null,null,null,7383,"1900-11-03",15,null,"-","-","-","-","-","-","-",0,"-","-","-","-",null,0,1,11,0,0,1,0,0,1,0,0,0,0,0,0,0,0]
[null,null,null,null,null,null,null,null,null,null,null,null,null,null,null,null,null,null,7397,"1900-11-04",5,null,"-","-","-","-","-","-","-",0,"-","-","-","-",null,0,1,11,0,0,1,1,0,0,0,0,0,0,0,0,0,0]
[null,null,null,null,null,null,null,null,null,null,null,null,null,null,null,null,null,null,7402,"1900-11-04",10,null,"-","-","-","-","-","-","-",0,"-","-","-","-",null,0,1,11,0,0,1,0,1,0,0,0,0,0,0,0,0,0]
[null,null,null,null,null,null,null,null,null,null,null,null,null,null,null,null,null,null,7419,"1900-11-05",3,null,"-","-","-","-","-","-","-",0,"-","-","-","-",null,0,0,11,0,0,1,1,0,0,0,0,0,0,0,0,0,0]
[null,null,null,null,null,null,null,null,null,null,null,null,null,null,null,null,null,null,7447,"1900-11-06",7,null,"-","-","-","-","-","-","-",0,"-","-","-","-",null,0,0,11,0,0,1,1,0,0,0,0,0,0,0,0,0,0]
[null,null,null,null,null,null,null,null,null,null,null,null,null,null,null,null,null,null,7454,"1900-11-06",14,null,"-","-","-","-","-","-",0,"-","-","-","-","-",null,0,0,11,0,0,1,0,0,1,0,0,0,0,0,0,0,0]
[null,null,null,null,null,null,null,null,null,null,null,null,null,null,null,null,null,null,7471,"1900-11-07",7,null,"-","-","-","-","-","-","-",0,"-","-","-","-",null,0,0,11,0,0,1,1,0,0,0,0,0,0,0,0,0,0]
[null,null,null,null,null,null,null,null,null,null,null,null,null,null,null,null,null,null,7497,"1900-11-08",9,null,"-","-","-","-","-","-",0,"-","-","-","-","-",null,0,0,11,0,0,1,0,1,0,0,0,0,0,0,0,0,0]
[null,null,null,null,null,null,null,null,null,null,null,null,null,null,null,null,null,null,7506,"1900-11-08",18,null,"-","-","-","-","-","-",0,"-","-","-","-","-",null,0,0,11,0,0,1,0,0,0,1,0,1,0,0,0,0,0]
[null,null,null,null,null,null,null,null,null,null,null,null,null,null,null,null,null,null,7523,"1900-11-09",11,null,"-","-","-","-","-","-",0,"-","-","-","-","-",null,0,0,11,0,0,1,0,1,0,0,0,0,0,0,0,0,0]
[null,null,null,null,null,null,null,null,null,null,null,null,null,null,null,null,null,null,7547,"1900-11-10",11,null,"-","-","-","-","-","-","-",0,"-","-","-","-",null,0,1,11,0,0,1,0,1,0,0,0,0,0,0,0,0,0]
[null,null,null,null,null,null,null,null,null,null,null,null,null,null,null,null,null,null,7558,"1900-11-10",22,null,"-","-","-","-","-","-","-",0,"-","-","-","-",null,0,1,11,0,0,1,0,0,0,0,1,1,0,0,0,0,0]
[null,null,null,null,null,null,null,null,null,null,null,null,null,null,null,null,null,null,7575,"1900-11-11",15,null,"-","-","-","-","-","-","-",0,"-","-","-","-",null,0,1,11,0,0,1,0,0,1,0,0,0,0,0,0,0,0]
[null,null,null,null,null,null,null,null,null,null,null,null,null,null,null,null,null,null,7597,"1900-11-12",13,null,"-","-","-","-","-","-",0,"-","-","-","-","-",null,0,0,11,0,0,1,0,0,1,0,0,0,0,0,0,0,0]
[null,null,null,null,null,null,null,null,null,null,null,null,null,null,null,null,null,null,7610,"1900-11-13",2,null,"-","-","-","-","-","-","-",0,"-","-","-","-",null,0,0,11,0,0,1,1,0,0,0,0,0,0,0,0,0,0]
[null,null,null,null,null,null,null,null,null,null,null,null,null,null,null,null,null,null,7627,"1900-11-13",19,null,"-","-","-","-","-","-",0,"-","-","-","-","-",null,0,0,11,0,0,1,0,0,0,1,0,1,0,0,0,0,0]
[null,null,null,null,null,null,null,null,null,null,null,null,null,null,null,null,null,null,7630,"1900-11-13",22,null,"-","-","-","-","-","-",0,"-","-","-","-","-",null,0,0,11,0,0,1,0,0,0,0,1,1,0,0,0,0,0]
[null,null,null,null,null,null,null,null,null,null,null,null,null,null,null,null,null,null,7662,"1900-11-15",6,null,"-","-","-","-","-","-","-",0,"-","-","-","-",null,0,0,11,0,0,1,1,0,0,0,0,0,0,0,0,0,0]
[null,null,null,null,null,null,null,null,null,null,null,null,null,null,null,null,null,null,7663,"1900-11-15",7,null,"-","-","-","-","-","-","-",0,"-","-","-","-",null,0,0,11,0,0,1,1,0,0,0,0,0,0,0,0,0,0]
[null,null,null,null,null,null,null,null,null,null,null,null,null,null,null,null,null,null,7681,"1900-11-16",1,null,"-","-","-","-","-","-","-",0,{"$f":"IF($V7689*AW7689>0,$V7689*AW7689,\"-\")","v":"-"},{"$f":"IF($V7689*AX7689>0,$V7689*AX7689,\"-\")","v":"-"},{"$f":"IF($V7689*AY7689>0,$V7689*AY7689,\"-\")","v":"-"},{"$f":"IF($V7689*AZ7689>0,$V7689*AZ7689,\"-\")","v":"-"},null,{"$f":"COUNTIF($BB$10:$BB$21,T7689)","v":0},{"$f":"IF(OR(WEEKDAY(T7689)=1,WEEKDAY(T7689)=7),1,0)","v":0},{"$f":"MONTH(T7689)","v":11},{"$f":"IF(OR(MONTH(T7689)=12,MONTH(T7689)=1,MONTH(T7689)=2,MONTH(T7689)=3),1,0)","v":0},{"$f":"IF(OR(MONTH(T7689)=6,MONTH(T7689)=7,MONTH(T7689)=8,MONTH(T7689)=9),1,0)","v":0},{"$f":"IF(OR(MONTH(T7689)=4,MONTH(T7689)=5,MONTH(T7689)=10,MONTH(T7689)=11),1,0)","v":1},1,0,0,0,0,0,0,0,0,0,0]
[null,null,null,null,null,null,null,null,null,null,null,null,null,null,null,null,null,null,7698,"1900-11-16",18,null,"-","-","-","-","-","-",0,"-","-","-","-","-",null,0,0,11,0,0,1,0,0,0,1,0,1,0,0,0,0,0]
[null,null,null,null,null,null,null,null,null,null,null,null,null,null,null,null,null,null,7715,"1900-11-17",11,null,"-","-","-","-","-","-","-",0,"-","-","-","-",null,0,1,11,0,0,1,0,1,0,0,0,0,0,0,0,0,0]
[null,null,null,null,null,null,null,null,null,null,null,null,null,null,null,null,null,null,7731,"1900-11-18",3,null,"-","-","-","-","-","-","-",0,"-","-","-","-",null,0,1,11,0,0,1,1,0,0,0,0,0,0,0,0,0,0]
[null,null,null,null,null,null,null,null,null,null,null,null,null,null,null,null,null,null,7750,"1900-11-18",22,null,"-","-","-","-","-","-","-",0,"-","-","-","-",null,0,1,11,0,0,1,0,0,0,0,1,1,0,0,0,0,0]
[null,null,null,null,null,null,null,null,null,null,null,null,null,null,null,null,null,null,7767,"1900-11-19",15,null,"-","-","-","-","-","-",0,"-","-","-","-","-",null,0,0,11,0,0,1,0,0,1,0,0,0,0,0,0,0,0]
[null,null,null,null,null,null,null,null,null,null,null,null,null,null,null,null,null,null,7781,"1900-11-20",5,null,"-","-","-","-","-","-","-",0,"-","-","-","-",null,0,0,11,0,0,1,1,0,0,0,0,0,0,0,0,0,0]
[null,null,null,null,null,null,null,null,null,null,null,null,null,null,null,null,null,null,7802,"1900-11-21",2,null,"-","-","-","-","-","-","-",0,"-","-","-","-",null,0,0,11,0,0,1,1,0,0,0,0,0,0,0,0,0,0]
[null,null,null,null,null,null,null,null,null,null,null,null,null,null,null,null,null,null,7819,"1900-11-21",19,null,"-","-","-","-","-","-",0,"-","-","-","-","-",null,0,0,11,0,0,1,0,0,0,1,0,1,0,0,0,0,0]
[null,null,null,null,null,null,null,null,null,null,null,null,null,null,null,null,null,null,7831,"1900-11-22",7,null,"-","-","-","-","-","-","-",0,"-","-","-","-",null,0,0,11,0,0,1,1,0,0,0,0,0,0,0,0,0,0]
[null,null,null,null,null,null,null,null,null,null,null,null,null,null,null,null,null,null,7854,"1900-11-23",6,null,"-","-","-","-","-","-","-",0,"-","-","-","-",null,0,0,11,0,0,1,1,0,0,0,0,0,0,0,0,0,0]
[null,null,null,null,null,null,null,null,null,null,null,null,null,null,null,null,null,null,7871,"1900-11-23",23,null,"-","-","-","-","-","-","-",0,"-","-","-","-",null,0,0,11,0,0,1,0,0,0,0,0,0,1,0,0,0,0]
[null,null,null,null,null,null,null,null,null,null,null,null,null,null,null,null,null,null,7881,"1900-11-24",9,null,"-","-","-","-","-","-","-",0,"-","-","-","-",null,0,1,11,0,0,1,0,1,0,0,0,0,0,0,0,0,0]
[null,null,null,null,null,null,null,null,null,null,null,null,null,null,null,null,null,null,7906,"1900-11-25",10,null,"-","-","-","-","-","-","-",0,"-","-","-","-",null,0,1,11,0,0,1,0,1,0,0,0,0,0,0,0,0,0]
[null,null,null,null,null,null,null,null,null,null,null,null,null,null,null,null,null,null,7923,"1900-11-26",3,null,"-","-","-","-","-","-","-",0,"-","-","-","-",null,0,0,11,0,0,1,1,0,0,0,0,0,0,0,0,0,0]
[null,null,null,null,null,null,null,null,null,null,null,null,null,null,null,null,null,null,7931,"1900-11-26",11,null,"-","-","-","-","-","-",0,"-","-","-","-","-",null,0,0,11,0,0,1,0,1,0,0,0,0,0,0,0,0,0]
[null,null,null,null,null,null,null,null,null,null,null,null,null,null,null,null,null,null,7942,"1900-11-26",22,null,"-","-","-","-","-","-",0,"-","-","-","-","-",null,0,0,11,0,0,1,0,0,0,0,1,1,0,0,0,0,0]
[null,null,null,null,null,null,null,null,null,null,null,null,null,null,null,null,null,null,7959,"1900-11-27",15,null,"-","-","-","-","-","-",0,"-","-","-","-","-",null,0,0,11,0,0,1,0,0,1,0,0,0,0,0,0,0,0]
[null,null,null,null,null,null,null,null,null,null,null,null,null,null,null,null,null,null,7981,"1900-11-28",13,null,"-","-","-","-","-","-",0,"-","-","-","-","-",null,0,0,11,0,0,1,0,0,1,0,0,0,0,0,0,0,0]
[null,null,null,null,null,null,null,null,null,null,null,null,null,null,null,null,null,null,7994,"1900-11-29",2,null,"-","-","-","-","-","-","-",0,"-","-","-","-",null,0,0,11,0,0,1,1,0,0,0,0,0,0,0,0,0,0]
[null,null,null,null,null,null,null,null,null,null,null,null,null,null,null,null,null,null,8011,"1900-11-29",19,null,"-","-","-","-","-","-",0,"-","-","-","-","-",null,0,0,11,0,0,1,0,0,0,1,0,1,0,0,0,0,0]
[null,null,null,null,null,null,null,null,null,null,null,null,null,null,null,null,null,null,8032,"1900-11-30",16,null,"-","-","-","-","-","-",0,"-","-","-","-","-",null,0,0,11,0,0,1,0,0,1,0,0,0,0,0,0,0,0]
[null,null,null,null,null,null,null,null,null,null,null,null,null,null,null,null,null,null,8046,"1900-12-01",6,null,"-","-",0,"-","-","-","-","-","-","-","-","-",null,0,1,12,1,0,0,1,0,0,0,0,0,0,0,0,0,0]
[null,null,null,null,null,null,null,null,null,null,null,null,null,null,null,null,null,null,8063,"1900-12-01",23,null,"-","-",0,"-","-","-","-","-","-","-","-","-",null,0,1,12,1,0,0,0,0,0,0,0,0,1,0,0,0,0]
[null,null,null,null,null,null,null,null,null,null,null,null,null,null,null,null,null,null,8082,"1900-12-02",18,null,"-","-",0,"-","-","-","-","-","-","-","-","-",null,0,1,12,1,0,0,0,0,0,1,0,1,0,0,0,0,0]
[null,null,null,null,null,null,null,null,null,null,null,null,null,null,null,null,null,null,8098,"1900-12-03",10,null,0,"-","-","-","-","-","-","-","-","-","-","-",null,0,0,12,1,0,0,0,1,0,0,0,0,0,0,0,0,0]
[null,null,null,null,null,null,null,null,null,null,null,null,null,null,null,null,null,null,8115,"1900-12-04",3,null,"-","-",0,"-","-","-","-","-","-","-","-","-",null,0,0,12,1,0,0,1,0,0,0,0,0,0,0,0,0,0]
[null,null,null,null,null,null,null,null,null,null,null,null,null,null,null,null,null,null,8132,"1900-12-04",20,null,0,"-","-","-","-","-","-","-","-","-","-","-",null,0,0,12,1,0,0,0,0,0,1,0,1,0,0,1,0,0.19]
[null,null,null,null,null,null,null,null,null,null,null,null,null,null,null,null,null,null,8150,"1900-12-05",14,null,"-",0,"-","-","-","-","-","-","-","-","-","-",null,0,0,12,1,0,0,0,0,1,0,0,0,0,0,0,0,0]
[null,null,null,null,null,null,null,null,null,null,null,null,null,null,null,null,null,null,8167,"1900-12-06",7,null,"-","-",0,"-","-","-","-","-","-","-","-","-",null,0,0,12,1,0,0,1,0,0,0,0,0,0,0,0,0,0]
[null,null,null,null,null,null,null,null,null,null,null,null,null,null,null,null,null,null,8182,"1900-12-06",22,null,"-",0,"-","-","-","-","-","-","-","-","-","-",null,0,0,12,1,0,0,0,0,0,0,1,1,0,0,0,0,0]
[null,null,null,null,null,null,null,null,null,null,null,null,null,null,null,null,null,null,8186,"1900-12-07",2,null,"-","-",0,"-","-","-","-","-","-","-","-","-",null,0,0,12,1,0,0,1,0,0,0,0,0,0,0,0,0,0]
[null,null,null,null,null,null,null,null,null,null,null,null,null,null,null,null,null,null,8203,"1900-12-07",19,null,0,"-","-","-","-","-","-","-","-","-","-","-",null,0,0,12,1,0,0,0,0,0,1,0,1,0,0,1,0,0.19]
[null,null,null,null,null,null,null,null,null,null,null,null,null,null,null,null,null,null,8232,"1900-12-08",24,null,"-","-",0,"-","-","-","-","-","-","-","-","-",null,0,1,12,1,0,0,0,0,0,0,0,0,1,0,0,0,0]
[null,null,null,null,null,null,null,null,null,null,null,null,null,null,null,null,null,null,8238,"1900-12-09",6,null,"-","-",0,"-","-","-","-","-","-","-","-","-",null,0,1,12,1,0,0,1,0,0,0,0,0,0,0,0,0,0]
[null,null,null,null,null,null,null,null,null,null,null,null,null,null,null,null,null,null,8255,"1900-12-09",23,null,"-","-",0,"-","-","-","-","-","-","-","-","-",null,0,1,12,1,0,0,0,0,0,0,0,0,1,0,0,0,0]
[null,null,null,null,null,null,null,null,null,null,null,null,null,null,null,null,null,null,8282,"1900-12-11",2,null,"-","-",0,"-","-","-","-","-","-","-","-","-",null,0,0,12,1,0,0,1,0,0,0,0,0,0,0,0,0,0]
[null,null,null,null,null,null,null,null,null,null,null,null,null,null,null,null,null,null,8290,"1900-12-11",10,null,0,"-","-","-","-","-","-","-","-","-","-","-",null,0,0,12,1,0,0,0,1,0,0,0,0,0,0,0,0,0]
[null,null,null,null,null,null,null,null,null,null,null,null,null,null,null,null,null,null,8307,"1900-12-12",3,null,"-","-",0,"-","-","-","-","-","-","-","-","-",null,0,0,12,1,0,0,1,0,0,0,0,0,0,0,0,0,0]
[null,null,null,null,null,null,null,null,null,null,null,null,null,null,null,null,null,null,8332,"1900-12-13",4,null,"-","-",0,"-","-","-","-","-","-","-","-","-",null,0,0,12,1,0,0,1,0,0,0,0,0,0,0,0,0,0]
[null,null,null,null,null,null,null,null,null,null,null,null,null,null,null,null,null,null,8342,"1900-12-13",14,null,"-",0,"-","-","-","-","-","-","-","-","-","-",null,0,0,12,1,0,0,0,0,1,0,0,0,0,0,0,0,0]
[null,null,null,null,null,null,null,null,null,null,null,null,null,null,null,null,null,null,8359,"1900-12-14",7,null,"-","-",0,"-","-","-","-","-","-","-","-","-",null,0,0,12,1,0,0,1,0,0,0,0,0,0,0,0,0,0]
[null,null,null,null,null,null,null,null,null,null,null,null,null,null,null,null,null,null,8366,"1900-12-14",14,null,"-",0,"-","-","-","-","-","-","-","-","-","-",null,0,0,12,1,0,0,0,0,1,0,0,0,0,0,0,0,0]
[null,null,null,null,null,null,null,null,null,null,null,null,null,null,null,null,null,null,8394,"1900-12-15",18,null,"-","-",0,"-","-","-","-","-","-","-","-","-",null,0,1,12,1,0,0,0,0,0,1,0,1,0,0,0,0,0]
[null,null,null,null,null,null,null,null,null,null,null,null,null,null,null,null,null,null,8411,"1900-12-16",11,null,"-","-",0,"-","-","-","-","-","-","-","-","-",null,0,1,12,1,0,0,0,1,0,0,0,0,0,0,0,0,0]
[null,null,null,null,null,null,null,null,null,null,null,null,null,null,null,null,null,null,8416,"1900-12-16",16,null,"-","-",0,"-","-","-","-","-","-","-","-","-",null,0,1,12,1,0,0,0,0,1,0,0,0,0,0,0,0,0]
[null,null,null,null,null,null,null,null,null,null,null,null,null,null,null,null,null,null,8446,"1900-12-17",22,null,"-",0,"-","-","-","-","-","-","-","-","-","-",null,0,0,12,1,0,0,0,0,0,0,1,1,0,0,0,0,0]
[null,null,null,null,null,null,null,null,null,null,null,null,null,null,null,null,null,null,8447,"1900-12-17",23,null,"-","-",0,"-","-","-","-","-","-","-","-","-",null,0,0,12,1,0,0,0,0,0,0,0,0,1,0,0,0,0]
[null,null,null,null,null,null,null,null,null,null,null,null,null,null,null,null,null,null,8466,"1900-12-18",18,null,0,"-","-","-","-","-","-","-","-","-","-","-",null,0,0,12,1,0,0,0,0,0,1,0,1,0,0,0,0,0]
[null,null,null,null,null,null,null,null,null,null,null,null,null,null,null,null,null,null,8482,"1900-12-19",10,null,0,"-","-","-","-","-","-","-","-","-","-","-",null,0,0,12,1,0,0,0,1,0,0,0,0,0,0,0,0,0]
[null,null,null,null,null,null,null,null,null,null,null,null,null,null,null,null,null,null,8499,"1900-12-20",3,null,"-","-",0,"-","-","-","-","-","-","-","-","-",null,0,0,12,1,0,0,1,0,0,0,0,0,0,0,0,0,0]
[null,null,null,null,null,null,null,null,null,null,null,null,null,null,null,null,null,null,8516,"1900-12-20",20,null,0,"-","-","-","-","-","-","-","-","-","-","-",null,0,0,12,1,0,0,0,0,0,1,0,1,0,0,1,0,0.19]
[null,null,null,null,null,null,null,null,null,null,null,null,null,null,null,null,null,null,8534,"1900-12-21",14,null,"-",0,"-","-","-","-","-","-","-","-","-","-",null,0,0,12,1,0,0,0,0,1,0,0,0,0,0,0,0,0]
[null,null,null,null,null,null,null,null,null,null,null,null,null,null,null,null,null,null,8551,"1900-12-22",7,null,"-","-",0,"-","-","-","-","-","-","-","-","-",null,0,1,12,1,0,0,1,0,0,0,0,0,0,0,0,0,0]
[null,null,null,null,null,null,null,null,null,null,null,null,null,null,null,null,null,null,8566,"1900-12-22",22,null,"-","-",0,"-","-","-","-","-","-","-","-","-",null,0,1,12,1,0,0,0,0,0,0,1,1,0,0,0,0,0]
[null,null,null,null,null,null,null,null,null,null,null,null,null,null,null,null,null,null,8586,"1900-12-23",18,null,"-","-",0,"-","-","-","-","-","-","-","-","-",null,0,1,12,1,0,0,0,0,0,1,0,1,0,0,0,0,0]
[null,null,null,null,null,null,null,null,null,null,null,null,null,null,null,null,null,null,8603,"1900-12-24",11,null,0,"-","-","-","-","-","-","-","-","-","-","-",null,0,0,12,1,0,0,0,1,0,0,0,0,0,0,0,0,0]
[null,null,null,null,null,null,null,null,null,null,null,null,null,null,null,null,null,null,8616,"1900-12-24",24,null,"-","-",0,"-","-","-","-","-","-","-","-","-",null,0,0,12,1,0,0,0,0,0,0,0,0,1,0,0,0,0]
[null,null,null,null,null,null,null,null,null,null,null,null,null,null,null,null,null,null,8638,"1900-12-25",22,null,"-",0,"-","-","-","-","-","-","-","-","-","-",null,0,0,12,1,0,0,0,0,0,0,1,1,0,0,0,0,0]
[null,null,null,null,null,null,null,null,null,null,null,null,null,null,null,null,null,null,8650,"1900-12-26",10,null,0,"-","-","-","-","-","-","-","-","-","-","-",null,0,0,12,1,0,0,0,1,0,0,0,0,0,0,0,0,0]
[null,null,null,null,null,null,null,null,null,null,null,null,null,null,null,null,null,null,8660,"1900-12-26",20,null,0,"-","-","-","-","-","-","-","-","-","-","-",null,0,0,12,1,0,0,0,0,0,1,0,1,0,0,1,0,0.19]
[null,null,null,null,null,null,null,null,null,null,null,null,null,null,null,null,null,null,8661,"1900-12-26",21,null,"-",0,"-","-","-","-","-","-","-","-","-","-",null,0,0,12,1,0,0,0,0,0,0,1,1,0,0,0,0,0]
[null,null,null,null,null,null,null,null,null,null,null,null,null,null,null,null,null,null,8662,"1900-12-26",22,null,"-",0,"-","-","-","-","-","-","-","-","-","-",null,0,0,12,1,0,0,0,0,0,0,1,1,0,0,0,0,0]
[null,null,null,null,null,null,null,null,null,null,null,null,null,null,null,null,null,null,8663,"1900-12-26",23,null,"-","-",0,"-","-","-","-","-","-","-","-","-",null,0,0,12,1,0,0,0,0,0,0,0,0,1,0,0,0,0]
[null,null,null,null,null,null,null,null,null,null,null,null,null,null,null,null,null,null,8664,"1900-12-26",24,null,"-","-",0,"-","-","-","-","-","-","-","-","-",null,0,0,12,1,0,0,0,0,0,0,0,0,1,0,0,0,0]
[null,null,null,null,null,null,null,null,null,null,null,null,null,null,null,null,null,null,8665,"1900-12-27",1,null,"-","-",0,"-","-","-","-","-","-","-","-","-",null,0,0,12,1,0,0,1,0,0,0,0,0,0,0,0,0,0]
[null,null,null,null,null,null,null,null,null,null,null,null,null,null,null,null,null,null,8666,"1900-12-27",2,null,"-","-",0,"-","-","-","-","-","-","-","-","-",null,0,0,12,1,0,0,1,0,0,0,0,0,0,0,0,0,0]
[null,null,null,null,null,null,null,null,null,null,null,null,null,null,null,null,null,null,8667,"1900-12-27",3,null,"-","-",0,"-","-","-","-","-","-","-","-","-",null,0,0,12,1,0,0,1,0,0,0,0,0,0,0,0,0,0]
[null,null,null,null,null,null,null,null,null,null,null,null,null,null,null,null,null,null,8668,"1900-12-27",4,null,"-","-",0,"-","-","-","-","-","-","-","-","-",null,0,0,12,1,0,0,1,0,0,0,0,0,0,0,0,0,0]
[null,null,null,null,null,null,null,null,null,null,null,null,null,null,null,null,null,null,8669,"1900-12-27",5,null,"-","-",0,"-","-","-","-","-","-","-","-","-",null,0,0,12,1,0,0,1,0,0,0,0,0,0,0,0,0,0]
[null,null,null,null,null,null,null,null,null,null,null,null,null,null,null,null,null,null,8670,"1900-12-27",6,null,"-","-",0,"-","-","-","-","-","-","-","-","-",null,0,0,12,1,0,0,1,0,0,0,0,0,0,0,0,0,0]
[null,null,null,null,null,null,null,null,null,null,null,null,null,null,null,null,null,null,8671,"1900-12-27",7,null,"-","-",0,"-","-","-","-","-","-","-","-","-",null,0,0,12,1,0,0,1,0,0,0,0,0,0,0,0,0,0]
[null,null,null,null,null,null,null,null,null,null,null,null,null,null,null,null,null,null,8672,"1900-12-27",8,null,0,"-","-","-","-","-","-","-","-","-","-","-",null,0,0,12,1,0,0,0,1,0,0,0,0,0,0,0,0,0]
[null,null,null,null,null,null,null,null,null,null,null,null,null,null,null,null,null,null,8673,"1900-12-27",9,null,0,"-","-","-","-","-","-","-","-","-","-","-",null,0,0,12,1,0,0,0,1,0,0,0,0,0,0,0,0,0]
[null,null,null,null,null,null,null,null,null,null,null,null,null,null,null,null,null,null,8674,"1900-12-27",10,null,0,"-","-","-","-","-","-","-","-","-","-","-",null,0,0,12,1,0,0,0,1,0,0,0,0,0,0,0,0,0]
[null,null,null,null,null,null,null,null,null,null,null,null,null,null,null,null,null,null,8675,"1900-12-27",11,null,0,"-","-","-","-","-","-","-","-","-","-","-",null,0,0,12,1,0,0,0,1,0,0,0,0,0,0,0,0,0]
[null,null,null,null,null,null,null,null,null,null,null,null,null,null,null,null,null,null,8676,"1900-12-27",12,null,"-",0,"-","-","-","-","-","-","-","-","-","-",null,0,0,12,1,0,0,0,0,1,0,0,0,0,0,0,0,0]
[null,null,null,null,null,null,null,null,null,null,null,null,null,null,null,null,null,null,8677,"1900-12-27",13,null,"-",0,"-","-","-","-","-","-","-","-","-","-",null,0,0,12,1,0,0,0,0,1,0,0,0,0,0,0,0,0]
[null,null,null,null,null,null,null,null,null,null,null,null,null,null,null,null,null,null,8678,"1900-12-27",14,null,"-",0,"-","-","-","-","-","-","-","-","-","-",null,0,0,12,1,0,0,0,0,1,0,0,0,0,0,0,0,0]
[null,null,null,null,null,null,null,null,null,null,null,null,null,null,null,null,null,null,8679,"1900-12-27",15,null,"-",0,"-","-","-","-","-","-","-","-","-","-",null,0,0,12,1,0,0,0,0,1,0,0,0,0,0,0,0,0]
[null,null,null,null,null,null,null,null,null,null,null,null,null,null,null,null,null,null,8680,"1900-12-27",16,null,"-",0,"-","-","-","-","-","-","-","-","-","-",null,0,0,12,1,0,0,0,0,1,0,0,0,0,0,0,0,0]
[null,null,null,null,null,null,null,null,null,null,null,null,null,null,null,null,null,null,8681,"1900-12-27",17,null,"-",0,"-","-","-","-","-","-","-","-","-","-",null,0,0,12,1,0,0,0,0,1,0,0,0,0,0,0,0,0]
[null,null,null,null,null,null,null,null,null,null,null,null,null,null,null,null,null,null,8682,"1900-12-27",18,null,0,"-","-","-","-","-","-","-","-","-","-","-",null,0,0,12,1,0,0,0,0,0,1,0,1,0,0,0,0,0]
[null,null,null,null,null,null,null,null,null,null,null,null,null,null,null,null,null,null,8683,"1900-12-27",19,null,0,"-","-","-","-","-","-","-","-","-","-","-",null,0,0,12,1,0,0,0,0,0,1,0,1,0,0,1,0,0.19]
[null,null,null,null,null,null,null,null,null,null,null,null,null,null,null,null,null,null,8684,"1900-12-27",20,null,0,"-","-","-","-","-","-","-","-","-","-","-",null,0,0,12,1,0,0,0,0,0,1,0,1,0,0,1,0,0.19]
[null,null,null,null,null,null,null,null,null,null,null,null,null,null,null,null,null,null,8685,"1900-12-27",21,null,"-",0,"-","-","-","-","-","-","-","-","-","-",null,0,0,12,1,0,0,0,0,0,0,1,1,0,0,0,0,0]
[null,null,null,null,null,null,null,null,null,null,null,null,null,null,null,null,null,null,8686,"1900-12-27",22,null,"-",0,"-","-","-","-","-","-","-","-","-","-",null,0,0,12,1,0,0,0,0,0,0,1,1,0,0,0,0,0]
[null,null,null,null,null,null,null,null,null,null,null,null,null,null,null,null,null,null,8687,"1900-12-27",23,null,"-","-",0,"-","-","-","-","-","-","-","-","-",null,0,0,12,1,0,0,0,0,0,0,0,0,1,0,0,0,0]
[null,null,null,null,null,null,null,null,null,null,null,null,null,null,null,null,null,null,8688,"1900-12-27",24,null,"-","-",0,"-","-","-","-","-","-","-","-","-",null,0,0,12,1,0,0,0,0,0,0,0,0,1,0,0,0,0]
[null,null,null,null,null,null,null,null,null,null,null,null,null,null,null,null,null,null,8689,"1900-12-28",1,null,"-","-",0,"-","-","-","-","-","-","-","-","-",null,0,0,12,1,0,0,1,0,0,0,0,0,0,0,0,0,0]
[null,null,null,null,null,null,null,null,null,null,null,null,null,null,null,null,null,null,8690,"1900-12-28",2,null,"-","-",0,"-","-","-","-","-","-","-","-","-",null,0,0,12,1,0,0,1,0,0,0,0,0,0,0,0,0,0]
[null,null,null,null,null,null,null,null,null,null,null,null,null,null,null,null,null,null,8691,"1900-12-28",3,null,"-","-",0,"-","-","-","-","-","-","-","-","-",null,0,0,12,1,0,0,1,0,0,0,0,0,0,0,0,0,0]
[null,null,null,null,null,null,null,null,null,null,null,null,null,null,null,null,null,null,8692,"1900-12-28",4,null,"-","-",0,"-","-","-","-","-","-","-","-","-",null,0,0,12,1,0,0,1,0,0,0,0,0,0,0,0,0,0]
[null,null,null,null,null,null,null,null,null,null,null,null,null,null,null,null,null,null,8693,"1900-12-28",5,null,"-","-",0,"-","-","-","-","-","-","-","-","-",null,0,0,12,1,0,0,1,0,0,0,0,0,0,0,0,0,0]
[null,null,null,null,null,null,null,null,null,null,null,null,null,null,null,null,null,null,8694,"1900-12-28",6,null,"-","-",0,"-","-","-","-","-","-","-","-","-",null,0,0,12,1,0,0,1,0,0,0,0,0,0,0,0,0,0]
[null,null,null,null,null,null,null,null,null,null,null,null,null,null,null,null,null,null,8695,"1900-12-28",7,null,"-","-",0,"-","-","-","-","-","-","-","-","-",null,0,0,12,1,0,0,1,0,0,0,0,0,0,0,0,0,0]
[null,null,null,null,null,null,null,null,null,null,null,null,null,null,null,null,null,null,8696,"1900-12-28",8,null,0,"-","-","-","-","-","-","-","-","-","-","-",null,0,0,12,1,0,0,0,1,0,0,0,0,0,0,0,0,0]
[null,null,null,null,null,null,null,null,null,null,null,null,null,null,null,null,null,null,8697,"1900-12-28",9,null,0,"-","-","-","-","-","-","-","-","-","-","-",null,0,0,12,1,0,0,0,1,0,0,0,0,0,0,0,0,0]
[null,null,null,null,null,null,null,null,null,null,null,null,null,null,null,null,null,null,8698,"1900-12-28",10,null,0,"-","-","-","-","-","-","-","-","-","-","-",null,0,0,12,1,0,0,0,1,0,0,0,0,0,0,0,0,0]
[null,null,null,null,null,null,null,null,null,null,null,null,null,null,null,null,null,null,8699,"1900-12-28",11,null,0,"-","-","-","-","-","-","-","-","-","-","-",null,0,0,12,1,0,0,0,1,0,0,0,0,0,0,0,0,0]
[null,null,null,null,null,null,null,null,null,null,null,null,null,null,null,null,null,null,8700,"1900-12-28",12,null,"-",0,"-","-","-","-","-","-","-","-","-","-",null,0,0,12,1,0,0,0,0,1,0,0,0,0,0,0,0,0]
[null,null,null,null,null,null,null,null,null,null,null,null,null,null,null,null,null,null,8701,"1900-12-28",13,null,"-",0,"-","-","-","-","-","-","-","-","-","-",null,0,0,12,1,0,0,0,0,1,0,0,0,0,0,0,0,0]
[null,null,null,null,null,null,null,null,null,null,null,null,null,null,null,null,null,null,8702,"1900-12-28",14,null,"-",0,"-","-","-","-","-","-","-","-","-","-",null,0,0,12,1,0,0,0,0,1,0,0,0,0,0,0,0,0]
[null,null,null,null,null,null,null,null,null,null,null,null,null,null,null,null,null,null,8703,"1900-12-28",15,null,"-",0,"-","-","-","-","-","-","-","-","-","-",null,0,0,12,1,0,0,0,0,1,0,0,0,0,0,0,0,0]
[null,null,null,null,null,null,null,null,null,null,null,null,null,null,null,null,null,null,8704,"1900-12-28",16,null,"-",0,"-","-","-","-","-","-","-","-","-","-",null,0,0,12,1,0,0,0,0,1,0,0,0,0,0,0,0,0]
[null,null,null,null,null,null,null,null,null,null,null,null,null,null,null,null,null,null,8705,"1900-12-28",17,null,"-",0,"-","-","-","-","-","-",{"$f":"IF($V8713*AW8713>0,$V8713*AW8713,\"-\")","v":"-"},{"$f":"IF($V8713*AX8713>0,$V8713*AX8713,\"-\")","v":"-"},{"$f":"IF($V8713*AY8713>0,$V8713*AY8713,\"-\")","v":"-"},{"$f":"IF($V8713*AZ8713>0,$V8713*AZ8713,\"-\")","v":"-"},null,{"$f":"COUNTIF($BB$10:$BB$21,T8713)","v":0},{"$f":"IF(OR(WEEKDAY(T8713)=1,WEEKDAY(T8713)=7),1,0)","v":0},{"$f":"MONTH(T8713)","v":12},{"$f":"IF(OR(MONTH(T8713)=12,MONTH(T8713)=1,MONTH(T8713)=2,MONTH(T8713)=3),1,0)","v":1},{"$f":"IF(OR(MONTH(T8713)=6,MONTH(T8713)=7,MONTH(T8713)=8,MONTH(T8713)=9),1,0)","v":0},{"$f":"IF(OR(MONTH(T8713)=4,MONTH(T8713)=5,MONTH(T8713)=10,MONTH(T8713)=11),1,0)","v":0},0,0,1,0,0,0,0,0,0,0,0]
[null,null,null,null,null,null,null,null,null,null,null,null,null,null,null,null,null,null,8706,"1900-12-28",18,null,{"$f":"IFERROR(V8714*IF(AND(AJ8714=0,AK8714=0,AM8714=1,OR(AQ8714=1,AS8714=1)),1,\"\"),\"-\")","v":0},{"$f":"IFERROR(V8714*IF(AND(AJ8714=0,AK8714=0,AM8714=1,OR(AR8714=1,AT8714=1)),1,\"\"),\"-\")","v":"-"},{"$f":"IFERROR(V8714*IF(OR(AND(AM8714=1,AJ8714=1),AND(AM8714=1,AK8714=1),AND(AJ8714=0,AK8714=0,AM8714=1,OR(AP8714=1,AV8714=1))),1,\"\"),\"-\")","v":"-"},{"$f":"IFERROR(V8714*IF(AND(AJ8714=0,AK8714=0,AN8714=1,AR8714=1),1,\"\"),\"-\")","v":"-"},{"$f":"IFERROR(V8714*IF(AND(AJ8714=0,AK8714=0,AN8714=1,OR(AQ8714=1,AU8714=1)),1,\"\"),\"-\")","v":"-"},{"$f":"IFERROR(V8714*IF(OR(AND(AN8714=1,AJ8714=1),AND(AN8714=1,AK8714=1),AND(AJ8714=0,AK8714=0,AN8714=1,OR(AP8714=1,AV8714=1))),1,\"\"),\"-\")","v":"-"},{"$f":"IFERROR(V8714*IF(AND(AJ8714=0,AK8714=0,AO8714=1,OR(AQ8714=1,AR8714=1,AU8714=1)),1,\"\"),\"-\")","v":"-"},{"$f":"IFERROR(V8714*IF(OR(AND(AO8714=1,OR(AJ8714=1,AK8714=1)),AND(AJ8714=0,AK8714=0,AO8714=1,OR(AP8714=1,AV8714=1))),1,\"\"),\"-\")","v":"-"},"-","-","-","-",null,0,0,12,1,0,0,{"$f":"IF(AND(U8714>0,U8714<8),1,0)","v":0},{"$f":"IF(AND(U8714>7,U8714<12),1,0)","v":0},{"$f":"IF(AND(U8714>11,U8714<18),1,0)","v":0},{"$f":"IF(AND(U8714>17,U8714<21),1,0)","v":1},{"$f":"IF(AND(U8714>20,U8714<23),1,0)","v":0},{"$f":"IF(AND(U8714>17,U8714<23),1,0)","v":1},{"$f":"IF(AND(U8714>22,U8714<25),1,0)","v":0},{"$f":"IF(AND(AK8714=0,OR(MONTH(T8714)=6, MONTH(T8714)=7,MONTH(T8714)=8),U8714>13,U8714<20),1,0)","v":0},{"$f":"IF(AND(AK8714=0,OR(MONTH(T8714)=1, MONTH(T8714)=2,MONTH(T8714)=12),U8714>18,U8714<21),1,0)","v":0},{"$f":"IF(AND(AK8714=0,MONTH(T8714)=6,U8714>13,U8714<20),0.3,IF(AND(AK8714=0,MONTH(T8714)=7,U8714>13,U8714<20),0.39,IF(AND(AK8714=0,MONTH(T8714)=8,U8714>13,U8714<20),0.31,0)))","v":0},{"$f":"IF(AND(AK8714=0,MONTH(T8714)=1,U8714>18,U8714<21),0.65,IF(AND(AK8714=0,MONTH(T8714)=2,U8714>18,U8714<21),0.16,IF(AND(AK8714=0,MONTH(T8714)=12,U8714>18,U8714<21),0.19,0)))","v":0}]
[null,null,null,null,null,null,null,null,null,null,null,null,null,null,null,null,null,null,8707,{"$f":"IF(T8714=\"-\",T8714,IF(U8715=1,T8714+1,T8714))","v":"1900-12-28"},{"$f":"IF(U8714+1>24,1,U8714+1)","v":19},null,0,"-","-","-","-","-","-","-","-","-","-","-",null,0,0,12,1,0,0,0,0,0,1,0,1,0,0,1,0,0.19]
[null,null,null,null,null,null,null,null,null,null,null,null,null,null,null,null,null,null,8708,"1900-12-28",20,null,0,"-","-","-","-","-","-","-","-","-","-","-",null,0,0,12,1,0,0,0,0,0,1,0,1,0,0,1,0,0.19]
[null,null,null,null,null,null,null,null,null,null,null,null,null,null,null,null,null,null,8709,"1900-12-28",21,null,"-",0,"-","-","-","-","-","-","-","-","-","-",null,0,0,12,1,0,0,0,0,0,0,1,1,0,0,0,0,0]
[null,null,null,null,null,null,null,null,null,null,null,null,null,null,null,null,null,null,8710,"1900-12-28",22,null,"-",0,"-","-","-","-","-","-","-","-","-","-",null,0,0,12,1,0,0,0,0,0,0,1,1,0,0,0,0,0]
[null,null,null,null,null,null,null,null,null,null,null,null,null,null,null,null,null,null,8711,"1900-12-28",23,null,"-","-",0,"-","-","-","-","-","-","-","-","-",null,0,0,12,1,0,0,0,0,0,0,0,0,1,0,0,0,0]
[null,null,null,null,null,null,null,null,null,null,null,null,null,null,null,null,null,null,8712,"1900-12-28",24,null,"-","-",0,"-","-","-","-","-","-","-","-","-",null,0,0,12,1,0,0,0,0,0,0,0,0,1,0,0,0,0]
[null,null,null,null,null,null,null,null,null,null,null,null,null,null,null,null,null,null,8713,"1900-12-29",1,null,"-","-",0,"-","-","-","-","-","-","-","-","-",null,0,1,12,1,0,0,1,0,0,0,0,0,0,0,0,0,0]
[null,null,null,null,null,null,null,null,null,null,null,null,null,null,null,null,null,null,8714,"1900-12-29",2,null,"-","-",0,"-","-","-","-","-","-","-","-","-",null,0,1,12,1,0,0,1,0,0,0,0,0,0,0,0,0,0]
[null,null,null,null,null,null,null,null,null,null,null,null,null,null,null,null,null,null,8715,"1900-12-29",3,null,"-","-",0,"-","-","-","-","-","-","-","-","-",null,0,1,12,1,0,0,1,0,0,0,0,0,0,0,0,0,0]
[null,null,null,null,null,null,null,null,null,null,null,null,null,null,null,null,null,null,8716,"1900-12-29",4,null,"-","-",0,"-","-","-","-","-","-","-","-","-",null,0,1,12,1,0,0,1,0,0,0,0,0,0,0,0,0,0]
[null,null,null,null,null,null,null,null,null,null,null,null,null,null,null,null,null,null,8717,"1900-12-29",5,null,"-","-",0,"-","-","-","-","-","-","-","-","-",null,0,1,12,1,0,0,1,0,0,0,0,0,0,0,0,0,0]
[null,null,null,null,null,null,null,null,null,null,null,null,null,null,null,null,null,null,8718,"1900-12-29",6,null,"-","-",0,"-","-","-","-","-","-","-","-","-",null,0,1,12,1,0,0,1,0,0,0,0,0,0,0,0,0,0]
[null,null,null,null,null,null,null,null,null,null,null,null,null,null,null,null,null,null,8719,"1900-12-29",7,null,"-","-",0,"-","-","-","-","-","-","-","-","-",null,0,1,12,1,0,0,1,0,0,0,0,0,0,0,0,0,0]
[null,null,null,null,null,null,null,null,null,null,null,null,null,null,null,null,null,null,8720,"1900-12-29",8,null,"-","-",0,"-","-","-","-","-","-","-","-","-",null,0,1,12,1,0,0,0,1,0,0,0,0,0,0,0,0,0]
[null,null,null,null,null,null,null,null,null,null,null,null,null,null,null,null,null,null,8721,"1900-12-29",9,null,"-","-",0,"-","-","-","-","-","-","-","-","-",null,0,1,12,1,0,0,0,1,0,0,0,0,0,0,0,0,0]
[null,null,null,null,null,null,null,null,null,null,null,null,null,null,null,null,null,null,8722,"1900-12-29",10,null,"-","-",0,"-","-","-","-","-","-","-","-","-",null,0,1,12,1,0,0,0,1,0,0,0,0,0,0,0,0,0]
[null,null,null,null,null,null,null,null,null,null,null,null,null,null,null,null,null,null,8723,"1900-12-29",11,null,"-","-",0,"-","-","-","-","-","-","-","-","-",null,0,1,12,1,0,0,0,1,0,0,0,0,0,0,0,0,0]
[null,null,null,null,null,null,null,null,null,null,null,null,null,null,null,null,null,null,8724,"1900-12-29",12,null,"-","-",0,"-","-","-","-","-","-","-","-","-",null,0,1,12,1,0,0,0,0,1,0,0,0,0,0,0,0,0]
[null,null,null,null,null,null,null,null,null,null,null,null,null,null,null,null,null,null,8725,"1900-12-29",13,null,"-","-",0,"-","-","-","-","-","-","-","-","-",null,0,1,12,1,0,0,0,0,1,0,0,0,0,0,0,0,0]
[null,null,null,null,null,null,null,null,null,null,null,null,null,null,null,null,null,null,8726,"1900-12-29",14,null,"-","-",0,"-","-","-","-","-","-","-","-","-",null,0,1,12,1,0,0,0,0,1,0,0,0,0,0,0,0,0]
[null,null,null,null,null,null,null,null,null,null,null,null,null,null,null,null,null,null,8727,"1900-12-29",15,null,"-","-",0,"-","-","-","-","-","-","-","-","-",null,0,1,12,1,0,0,0,0,1,0,0,0,0,0,0,0,0]
[null,null,null,null,null,null,null,null,null,null,null,null,null,null,null,null,null,null,8728,"1900-12-29",16,null,"-","-",0,"-","-","-","-","-","-","-","-","-",null,0,1,12,1,0,0,0,0,1,0,0,0,0,0,0,0,0]
[null,null,null,null,null,null,null,null,null,null,null,null,null,null,null,null,null,null,8729,"1900-12-29",17,null,"-","-",0,"-","-","-","-","-","-","-","-","-",null,0,1,12,1,0,0,0,0,1,0,0,0,0,0,0,0,0]
[null,null,null,null,null,null,null,null,null,null,null,null,null,null,null,null,null,null,8730,"1900-12-29",18,null,"-","-",0,"-","-","-","-","-","-","-","-","-",null,0,1,12,1,0,0,0,0,0,1,0,1,0,0,0,0,0]
[null,null,null,null,null,null,null,null,null,null,null,null,null,null,null,null,null,null,8731,"1900-12-29",19,null,"-","-",0,"-","-","-","-","-","-","-","-","-",null,0,1,12,1,0,0,0,0,0,1,0,1,0,0,0,0,0]
[null,null,null,null,null,null,null,null,null,null,null,null,null,null,null,null,null,null,8732,"1900-12-29",20,null,"-","-",0,"-","-","-","-","-","-","-","-","-",null,0,1,12,1,0,0,0,0,0,1,0,1,0,0,0,0,0]
[null,null,null,null,null,null,null,null,null,null,null,null,null,null,null,null,null,null,8733,"1900-12-29",21,null,"-","-",0,"-","-","-","-","-","-","-","-","-",null,0,1,12,1,0,0,0,0,0,0,1,1,0,0,0,0,0]
[null,null,null,null,null,null,null,null,null,null,null,null,null,null,null,null,null,null,8734,"1900-12-29",22,null,"-","-",0,"-","-","-","-","-","-","-","-","-",null,0,1,12,1,0,0,0,0,0,0,1,1,0,0,0,0,0]
[null,null,null,null,null,null,null,null,null,null,null,null,null,null,null,null,null,null,8735,"1900-12-29",23,null,"-","-",0,"-","-","-","-","-","-","-","-","-",null,0,1,12,1,0,0,0,0,0,0,0,0,1,0,0,0,0]
[null,null,null,null,null,null,null,null,null,null,null,null,null,null,null,null,null,null,8736,"1900-12-29",24,null,"-","-",0,"-","-","-","-","-","-","-","-","-",null,0,1,12,1,0,0,0,0,0,0,0,0,1,0,0,0,0]
[null,null,null,null,null,null,null,null,null,null,null,null,null,null,null,null,null,null,8737,"1900-12-30",1,null,"-","-",0,"-","-","-","-","-","-","-","-","-",null,0,1,12,1,0,0,1,0,0,0,0,0,0,0,0,0,0]
[null,null,null,null,null,null,null,null,null,null,null,null,null,null,null,null,null,null,8738,"1900-12-30",2,null,"-","-",0,"-","-","-","-","-","-","-","-","-",null,0,1,12,1,0,0,1,0,0,0,0,0,0,0,0,0,0]
[null,null,null,null,null,null,null,null,null,null,null,null,null,null,null,null,null,null,8739,"1900-12-30",3,null,"-","-",0,"-","-","-","-","-","-","-","-","-",null,0,1,12,1,0,0,1,0,0,0,0,0,0,0,0,0,0]
[null,null,null,null,null,null,null,null,null,null,null,null,null,null,null,null,null,null,8740,"1900-12-30",4,null,"-","-",0,"-","-","-","-","-","-","-","-","-",null,0,1,12,1,0,0,1,0,0,0,0,0,0,0,0,0,0]
[null,null,null,null,null,null,null,null,null,null,null,null,null,null,null,null,null,null,8741,"1900-12-30",5,null,"-","-",0,"-","-","-","-","-","-","-","-","-",null,0,1,12,1,0,0,1,0,0,0,0,0,0,0,0,0,0]
[null,null,null,null,null,null,null,null,null,null,null,null,null,null,null,null,null,null,8742,"1900-12-30",6,null,"-","-",0,"-","-","-","-","-","-","-","-","-",null,0,1,12,1,0,0,1,0,0,0,0,0,0,0,0,0,0]
[null,null,null,null,null,null,null,null,null,null,null,null,null,null,null,null,null,null,8743,"1900-12-30",7,null,"-","-",0,"-","-","-","-","-","-","-","-","-",null,0,1,12,1,0,0,1,0,0,0,0,0,0,0,0,0,0]
[null,null,null,null,null,null,null,null,null,null,null,null,null,null,null,null,null,null,8744,"1900-12-30",8,null,"-","-",0,"-","-","-","-","-","-","-","-","-",null,0,1,12,1,0,0,0,1,0,0,0,0,0,0,0,0,0]
[null,null,null,null,null,null,null,null,null,null,null,null,null,null,null,null,null,null,8745,"1900-12-30",9,null,"-","-",0,"-","-","-","-","-","-","-","-","-",null,0,1,12,1,0,0,0,1,0,0,0,0,0,0,0,0,0]
[null,null,null,null,null,null,null,null,null,null,null,null,null,null,null,null,null,null,8746,"1900-12-30",10,null,"-","-",0,"-","-","-","-","-","-","-","-","-",null,0,1,12,1,0,0,0,1,0,0,0,0,0,0,0,0,0]
[null,null,null,null,null,null,null,null,null,null,null,null,null,null,null,null,null,null,8747,"1900-12-30",11,null,"-","-",0,"-","-","-","-","-","-","-","-","-",null,0,1,12,1,0,0,0,1,0,0,0,0,0,0,0,0,0]
[null,null,null,null,null,null,null,null,null,null,null,null,null,null,null,null,null,null,8748,"1900-12-30",12,null,"-","-",0,"-","-","-","-","-","-","-","-","-",null,0,1,12,1,0,0,0,0,1,0,0,0,0,0,0,0,0]
[null,null,null,null,null,null,null,null,null,null,null,null,null,null,null,null,null,null,8749,"1900-12-30",13,null,"-","-",0,"-","-","-","-","-","-","-","-","-",null,0,1,12,1,0,0,0,0,1,0,0,0,0,0,0,0,0]
[null,null,null,null,null,null,null,null,null,null,null,null,null,null,null,null,null,null,8750,"1900-12-30",14,null,"-","-",0,"-","-","-","-","-","-","-","-","-",null,0,1,12,1,0,0,0,0,1,0,0,0,0,0,0,0,0]
[null,null,null,null,null,null,null,null,null,null,null,null,null,null,null,null,null,null,8751,"1900-12-30",15,null,"-","-",0,"-","-","-","-","-","-","-","-","-",null,0,1,12,1,0,0,0,0,1,0,0,0,0,0,0,0,0]
[null,null,null,null,null,null,null,null,null,null,null,null,null,null,null,null,null,null,8752,"1900-12-30",16,null,"-","-",0,"-","-","-","-","-","-","-","-","-",null,0,1,12,1,0,0,0,0,1,0,0,0,0,0,0,0,0]
[null,null,null,null,null,null,null,null,null,null,null,null,null,null,null,null,null,null,8753,"1900-12-30",17,null,"-","-",0,"-","-","-","-","-","-","-","-","-",null,0,1,12,1,0,0,0,0,1,0,0,0,0,0,0,0,0]
[null,null,null,null,null,null,null,null,null,null,null,null,null,null,null,null,null,null,8754,"1900-12-30",18,null,"-","-",0,"-","-","-","-","-","-","-","-","-",null,0,1,12,1,0,0,0,0,0,1,0,1,0,0,0,0,0]
[null,null,null,null,null,null,null,null,null,null,null,null,null,null,null,null,null,null,8755,"1900-12-30",19,null,"-","-",0,"-","-","-","-","-","-","-","-","-",null,0,1,12,1,0,0,0,0,0,1,0,1,0,0,0,0,0]
[null,null,null,null,null,null,null,null,null,null,null,null,null,null,null,null,null,null,8756,"1900-12-30",20,null,"-","-",0,"-","-","-","-","-","-","-","-","-",null,0,1,12,1,0,0,0,0,0,1,0,1,0,0,0,0,0]
[null,null,null,null,null,null,null,null,null,null,null,null,null,null,null,null,null,null,8757,"1900-12-30",21,null,"-","-",0,"-","-","-","-","-","-","-","-","-",null,0,1,12,1,0,0,0,0,0,0,1,1,0,0,0,0,0]
[null,null,null,null,null,null,null,null,null,null,null,null,null,null,null,null,null,null,8758,"1900-12-30",22,null,"-","-",0,"-","-","-","-","-","-","-","-","-",null,0,1,12,1,0,0,0,0,0,0,1,1,0,0,0,0,0]
[null,null,null,null,null,null,null,null,null,null,null,null,null,null,null,null,null,null,8759,"1900-12-30",23,null,"-","-",0,"-","-","-","-","-","-","-","-","-",null,0,1,12,1,0,0,0,0,0,0,0,0,1,0,0,0,0]
[null,null,null,null,null,null,null,null,null,null,null,null,null,null,null,null,null,null,8760,"1900-12-30",24,null,"-","-",0,"-","-","-","-","-","-","-","-","-",null,0,1,12,1,0,0,0,0,0,0,0,0,1,0,0,0,0]
[null,null,null,null,null,null,null,null,null,null,null,null,null,null,null,null,null,null,8761,{"$f":"IF(AND(YEAR(T8768+1)>YEAR(T8768),U8769=1),\"-\",IF(T8768=\"-\",T8768,IF(U8769=1,T8768+1,T8768)))","v":"1900-12-31"},1,null,"-","-",0,"-","-","-","-","-",{"$f":"IFERROR(IF($V8769*AW8769>0,$V8769*AW8769,\"-\"),\"-\")","v":"-"},{"$f":"IFERROR(IF($V8769*AX8769>0,$V8769*AX8769,\"-\"),\"-\")","v":"-"},{"$f":"IFERROR(IF($V8769*AY8769>0,$V8769*AY8769,\"-\"),\"-\")","v":"-"},{"$f":"IFERROR(IF($V8769*AZ8769>0,$V8769*AZ8769,\"-\"),\"-\")","v":"-"},null,{"$f":"IF(T8769=\"-\",\"-\",COUNTIF($BB$10:$BB$21,T8769))","v":0},{"$f":"IFERROR(IF(OR(WEEKDAY(T8769)=1,WEEKDAY(T8769)=7),1,0),\"-\")","v":0},{"$f":"IFERROR(MONTH(T8769),\"-\")","v":12},{"$f":"IF(T8769=\"-\",\"-\",IF(OR(MONTH(T8769)=12,MONTH(T8769)=1,MONTH(T8769)=2,MONTH(T8769)=3),1,0))","v":1},{"$f":"IF(T8769=\"-\",\"-\",IF(OR(MONTH(T8769)=6,MONTH(T8769)=7,MONTH(T8769)=8,MONTH(T8769)=9),1,0))","v":0},{"$f":"IF(T8769=\"-\",\"-\",IF(OR(MONTH(T8769)=4,MONTH(T8769)=5,MONTH(T8769)=10,MONTH(T8769)=11),1,0))","v":0},{"$f":"IF(AND(U8769>0,U8769<8),1,0)","v":1},{"$f":"IF(AND(U8769>7,U8769<12),1,0)","v":0},{"$f":"IF(AND(U8769>11,U8769<18),1,0)","v":0},{"$f":"IF(AND(U8769>17,U8769<21),1,0)","v":0},{"$f":"IF(AND(U8769>20,U8769<23),1,0)","v":0},{"$f":"IF(AND(U8769>17,U8769<23),1,0)","v":0},{"$f":"IF(AND(U8769>22,U8769<25),1,0)","v":0},{"$f":"IFERROR(IF(AND(AK8769=0,OR(MONTH(T8769)=6, MONTH(T8769)=7,MONTH(T8769)=8),U8769>13,U8769<20),1,0),\"-\")","v":0},{"$f":"IFERROR(IF(AND(AK8769=0,OR(MONTH(T8769)=1, MONTH(T8769)=2,MONTH(T8769)=12),U8769>18,U8769<21),1,0),\"-\")","v":0},{"$f":"IFERROR(IF(AND(AK8769=0,MONTH(T8769)=6,U8769>13,U8769<20),0.3,IF(AND(AK8769=0,MONTH(T8769)=7,U8769>13,U8769<20),0.39,IF(AND(AK8769=0,MONTH(T8769)=8,U8769>13,U8769<20),0.31,0))),\"-\")","v":0},{"$f":"IFERROR(IF(AND(AK8769=0,MONTH(T8769)=1,U8769>18,U8769<21),0.65,IF(AND(AK8769=0,MONTH(T8769)=2,U8769>18,U8769<21),0.16,IF(AND(AK8769=0,MONTH(T8769)=12,U8769>18,U8769<21),0.19,0))),\"-\")","v":0}]
[null,null,null,null,null,null,null,null,null,null,null,null,null,null,null,null,null,null,8762,{"$f":"IFERROR(IF(AND(YEAR(T8769+1)>YEAR(T8769),U8770=1),\"-\",IF(T8769=\"-\",T8769,IF(U8770=1,T8769+1,T8769))),\"-\")","v":"1900-12-31"},2,null,"-","-",0,"-","-","-","-","-","-","-","-","-",null,0,0,{"$f":"IFERROR(MONTH(T8770),\"-\")","v":12},1,0,0,1,0,0,0,0,0,0,{"$f":"IFERROR(IF(AND(AK8770=0,OR(MONTH(T8770)=6, MONTH(T8770)=7,MONTH(T8770)=8),U8770>13,U8770<20),1,0),\"-\")","v":0},{"$f":"IFERROR(IF(AND(AK8770=0,OR(MONTH(T8770)=1, MONTH(T8770)=2,MONTH(T8770)=12),U8770>18,U8770<21),1,0),\"-\")","v":0},{"$f":"IFERROR(IF(AND(AK8770=0,MONTH(T8770)=6,U8770>13,U8770<20),0.3,IF(AND(AK8770=0,MONTH(T8770)=7,U8770>13,U8770<20),0.39,IF(AND(AK8770=0,MONTH(T8770)=8,U8770>13,U8770<20),0.31,0))),\"-\")","v":0},{"$f":"IFERROR(IF(AND(AK8770=0,MONTH(T8770)=1,U8770>18,U8770<21),0.65,IF(AND(AK8770=0,MONTH(T8770)=2,U8770>18,U8770<21),0.16,IF(AND(AK8770=0,MONTH(T8770)=12,U8770>18,U8770<21),0.19,0))),\"-\")","v":0}]
[null,null,null,null,null,null,null,null,null,null,null,null,null,null,null,null,null,null,8763,{"$f":"IFERROR(IF(AND(YEAR(T8770+1)>YEAR(T8770),U8771=1),\"-\",IF(T8770=\"-\",T8770,IF(U8771=1,T8770+1,T8770))),\"-\")","v":"1900-12-31"},3,null,"-","-",0,"-","-","-","-","-","-","-","-","-",null,0,0,12,1,0,0,1,0,0,0,0,0,0,0,0,0,0]
[null,null,null,null,null,null,null,null,null,null,null,null,null,null,null,null,null,null,8764,"1900-12-31",4,null,"-","-",0,"-","-","-","-","-","-","-","-","-",null,0,0,12,1,0,0,1,0,0,0,0,0,0,0,0,0,0]
[null,null,null,null,null,null,null,null,null,null,null,null,null,null,null,null,null,null,8765,"1900-12-31",5,null,"-","-",0,"-","-","-","-","-","-","-","-","-",null,0,0,12,1,0,0,1,0,0,0,0,0,0,0,0,0,0]
[null,null,null,null,null,null,null,null,null,null,null,null,null,null,null,null,null,null,8766,"1900-12-31",6,null,"-","-",0,"-","-","-","-","-","-","-","-","-",null,0,0,12,1,0,0,1,0,0,0,0,0,0,0,0,0,0]
[null,null,null,null,null,null,null,null,null,null,null,null,null,null,null,null,null,null,8767,"1900-12-31",7,null,"-","-",0,"-","-","-","-","-","-","-","-","-",null,0,0,12,1,0,0,1,0,0,0,0,0,0,0,0,0,0]
[null,null,null,null,null,null,null,null,null,null,null,null,null,null,null,null,null,null,8768,"1900-12-31",8,null,0,"-","-","-","-","-","-","-","-","-","-","-",null,0,0,12,1,0,0,0,1,0,0,0,0,0,0,0,0,0]
[null,null,null,null,null,null,null,null,null,null,null,null,null,null,null,null,null,null,8769,"1900-12-31",9,null,0,"-","-","-","-","-","-","-","-","-","-","-",null,0,0,12,1,0,0,0,1,0,0,0,0,0,0,0,0,0]
[null,null,null,null,null,null,null,null,null,null,null,null,null,null,null,null,null,null,8770,"1900-12-31",10,null,{"$f":"IFERROR(V8778*IF(AND(AJ8778=0,AK8778=0,AM8778=1,OR(AQ8778=1,AS8778=1)),1,\"\"),\"-\")","v":0},{"$f":"IFERROR(V8778*IF(AND(AJ8778=0,AK8778=0,AM8778=1,OR(AR8778=1,AT8778=1)),1,\"\"),\"-\")","v":"-"},{"$f":"IFERROR(V8778*IF(OR(AND(AM8778=1,AJ8778=1),AND(AM8778=1,AK8778=1),AND(AJ8778=0,AK8778=0,AM8778=1,OR(AP8778=1,AV8778=1))),1,\"\"),\"-\")","v":"-"},{"$f":"IFERROR(V8778*IF(AND(AJ8778=0,AK8778=0,AN8778=1,AR8778=1),1,\"\"),\"-\")","v":"-"},{"$f":"IFERROR(V8778*IF(AND(AJ8778=0,AK8778=0,AN8778=1,OR(AQ8778=1,AU8778=1)),1,\"\"),\"-\")","v":"-"},{"$f":"IFERROR(V8778*IF(OR(AND(AN8778=1,AJ8778=1),AND(AN8778=1,AK8778=1),AND(AJ8778=0,AK8778=0,AN8778=1,OR(AP8778=1,AV8778=1))),1,\"\"),\"-\")","v":"-"},{"$f":"IFERROR(V8778*IF(AND(AJ8778=0,AK8778=0,AO8778=1,OR(AQ8778=1,AR8778=1,AU8778=1)),1,\"\"),\"-\")","v":"-"},{"$f":"IFERROR(V8778*IF(OR(AND(AO8778=1,OR(AJ8778=1,AK8778=1)),AND(AJ8778=0,AK8778=0,AO8778=1,OR(AP8778=1,AV8778=1))),1,\"\"),\"-\")","v":"-"},"-","-","-","-",null,0,0,12,1,0,0,0,1,0,0,0,0,0,0,0,0,0]
[null,null,null,null,null,null,null,null,null,null,null,null,null,null,null,null,null,null,8771,"1900-12-31",{"$f":"IF(U8778+1>24,1,U8778+1)","v":11},null,0,"-","-","-","-","-","-","-","-","-","-","-",null,0,0,12,1,0,0,0,1,0,0,0,0,0,0,0,0,0]
[null,null,null,null,null,null,null,null,null,null,null,null,null,null,null,null,null,null,8772,"1900-12-31",12,null,"-",0,"-","-","-","-","-","-","-","-","-","-",null,0,0,12,1,0,0,0,0,1,0,0,0,0,0,0,0,0]
[null,null,null,null,null,null,null,null,null,null,null,null,null,null,null,null,null,null,8773,"1900-12-31",13,null,"-",0,"-","-","-","-","-","-","-","-","-","-",null,0,0,12,1,0,0,0,0,1,0,0,0,0,0,0,0,0]
[null,null,null,null,null,null,null,null,null,null,null,null,null,null,null,null,null,null,8774,"1900-12-31",14,null,"-",0,"-","-","-","-","-","-","-","-","-","-",null,0,0,12,1,0,0,0,0,1,0,0,0,0,0,0,0,0]
[null,null,null,null,null,null,null,null,null,null,null,null,null,null,null,null,null,null,8775,"1900-12-31",15,null,"-",0,"-","-","-","-","-","-","-","-","-","-",null,0,0,12,1,0,0,0,0,1,0,0,0,0,0,0,0,0]
[null,null,null,null,null,null,null,null,null,null,null,null,null,null,null,null,null,null,8776,"1900-12-31",16,null,"-",0,"-","-","-","-","-","-","-","-","-","-",null,0,0,12,1,0,0,0,0,1,0,0,0,0,0,0,0,0]
[null,null,null,null,null,null,null,null,null,null,null,null,null,null,null,null,null,null,8777,"1900-12-31",17,null,"-",0,"-","-","-","-","-","-","-","-","-","-",null,0,0,12,1,0,0,0,0,1,0,0,0,0,0,0,0,0]
[null,null,null,null,null,null,null,null,null,null,null,null,null,null,null,null,null,null,8778,"1900-12-31",18,null,0,"-","-","-","-","-","-","-","-","-","-","-",null,0,0,12,1,0,0,0,0,0,1,0,1,0,0,0,0,0]
[null,null,null,null,null,null,null,null,null,null,null,null,null,null,null,null,null,null,8779,"1900-12-31",19,null,0,"-","-","-","-","-","-","-","-","-","-","-",null,0,0,12,1,0,0,0,0,0,1,0,1,0,0,1,0,0.19]
[null,null,null,null,null,null,null,null,null,null,null,null,null,null,null,null,null,null,8780,"1900-12-31",20,null,0,"-","-","-","-","-","-","-","-","-","-","-",null,0,0,12,1,0,0,0,0,0,1,0,1,0,0,1,0,0.19]
[null,null,null,null,null,null,null,null,null,null,null,null,null,null,null,null,null,null,8781,"1900-12-31",21,null,"-",0,"-","-","-","-","-","-","-","-","-","-",null,0,0,12,1,0,0,0,0,0,0,1,1,0,0,0,0,0]
[null,null,null,null,null,null,null,null,null,null,null,null,null,null,null,null,null,null,8782,"1900-12-31",22,null,"-",0,"-","-","-","-","-","-","-","-","-","-",null,0,0,12,1,0,0,0,0,0,0,1,1,0,0,0,0,0]
[null,null,null,null,null,null,null,null,null,null,null,null,null,null,null,null,null,null,8783,"1900-12-31",23,null,"-","-",0,"-","-","-","-","-","-","-","-","-",null,0,0,12,1,0,0,0,0,0,0,0,0,1,0,0,0,0]
[null,null,null,null,null,null,null,null,null,null,null,null,null,null,null,null,null,null,8784,"1900-12-31",24,null,"-","-",0,"-","-","-","-","-","-","-","-","-",null,0,0,12,1,0,0,0,0,0,0,0,0,1,0,0,0,0]

{"sheet":"Formatted Load Profiles","index":26,"n_rows":329,"n_cols":18,"rows_kept":329,"cut":false,"hidden":false,"merged":[[0,2,0,5],[1,1,1,5]]}
[null,"Defined Inputs Module: \nFormatted Load Profile List","This worksheet contains the list of available load profiles for existing measure definitions and assigning to custom measures.  "]
[null,"Users can add load profiles to this worksheet through the prior worksheet: \"Custom Load Profile Input.\""]
[]
[]
[null,"Look Up Values","Load Profile Source","Sector","Segment","Load Profile Name","Winter Peak","Winter Mid-Peak","Winter Off Peak","Summer Peak","Summer Mid-Peak","Summer Off Peak","Shoulder Mid-Peak","Shoulder Off Peak","Summer Peak Demand","Winter Peak Demand","Alternative Summer Peak Demand","Alternative Winter Peak Demand"]
[null,{"$f":"CONCATENATE(C6,\"-\",D6,\"-\",E6,\"-\",F6)","v":"PSP-Business-Commercial-Chiller"},"PSP","Business","Commercial","Chiller",3.0161856421067734E-3,3.8821418940422781E-3,1.014563305397579E-2,0.44015398510579173,0.3152610334378303,9.6358301265634161E-2,9.8990897859827148E-2,3.2191821740791958E-2,4.4513890642162057E-4,4.4513890642162057E-4,5.6437531041166652E-4,5.5284095848516166E-6]
[null,"PSP-Business-Commercial-Clip_on_Timer","PSP","Business","Commercial","Clip_on_Timer",4.5943044197550506E-2,8.0400327345713618E-2,0.23474548130135645,0,0.10720043646095161,0.2352183805468093,6.4320261876570958E-2,0.2321720682710475,0,0,0,2.2831050228309808E-4]
[null,"PSP-Business-Commercial-Computer_Equipment","PSP","Business","Commercial","Computer_Equipment",6.9704344083958675E-2,7.7949909167281464E-2,0.1837249117128302,6.164137066997858E-2,8.9403602422242379E-2,0.1831170215336563,0.14765425325124001,0.18680458715877912,1.2067754640823834E-4,1.2067754640823834E-4,1.1415525114155251E-4,1.1415525114155251E-4]
[null,"PSP-Business-Commercial-Cooking","PSP","Business","Commercial","Cooking",8.4662808583535365E-2,9.40395441728165E-2,0.155415298356892,8.163066534441904E-2,9.3111782796978113E-2,0.14949343099583437,0.17597473036760156,0.16567173938192753,1.4061418918731653E-4,1.4061418918731653E-4,2.123150327444242E-4,1.2838374086571557E-4]
[null,"PSP-Business-Commercial-Cooling_Chillers","PSP","Business","Commercial","Cooling_Chillers",0,0,0,0.29824555056524971,0.31746275239420557,0.34390903660240374,1.66806154820043E-2,2.3702044956132255E-2,6.515608417748674E-4,6.515608417748674E-4,8.843392615731898E-4,0]
[null,"PSP-Business-Commercial-Cooling_DX","PSP","Business","Commercial","Cooling_DX",0,0,0,0.29824555056524971,0.31746275239420557,0.34390903660240374,1.66806154820043E-2,2.3702044956132255E-2,6.515608417748674E-4,6.515608417748674E-4,8.843392615731898E-4,0]
[null,"PSP-Business-Commercial-Creep_Heat_Controller","PSP","Business","Commercial","Creep_Heat_Controller",0.14915254243447634,0.1491525424344764,0.14915254202152453,8.4745762746861783E-2,8.474576274686095E-2,8.4745762746858411E-2,0.14915254243447171,0.14915254243446996,1.1415525114155251E-4,1.1415525114155251E-4,1.1415525114155251E-4,1.1415525114155251E-4]
[null,"PSP-Business-Commercial-D&N_Exhaust_Fans_(dairy)","PSP","Business","Commercial","D&N_Exhaust_Fans_(dairy)",0.21797505009031917,0.22887380259483511,7.5548773747973239E-2,0,0,0,0.30516507012643873,0.1724373034404337,0,0,0,2.8352707791120093E-4]
[null,"PSP-Business-Commercial-D&N_Exhaust_Fans_(dairy)","PSP","Business","Commercial","D&N_Exhaust_Fans_(dairy)",0.21797505009031917,0.22887380259483511,7.5548773747973239E-2,0,0,0,0.30516507012643873,0.1724373034404337,0,0,0,2.8352707791120093E-4]
[null,"PSP-Business-Commercial-D&N_Exhaust_Fans_(non-dairy)","PSP","Business","Commercial","D&N_Exhaust_Fans_(non-dairy)",0.10877104947817486,0.11420960195208384,3.7699358432714429E-2,0.15227946926944513,0.15227946926944569,0.15227946926943942,0.15227946926944216,0.13020211305925439,1.4402995805818953E-4,1.4402995805818953E-4,1.4402995805818861E-4,1.4402996117995385E-4]
[null,"PSP-Business-Commercial-D&N_Exhaust_Fans_(non-dairy)","PSP","Business","Commercial","D&N_Exhaust_Fans_(non-dairy)",0.10877104947817486,0.11420960195208384,3.7699358432714429E-2,0.15227946926944513,0.15227946926944569,0.15227946926943942,0.15227946926944216,0.13020211305925439,1.4402995805818953E-4,1.4402995805818953E-4,1.4402995805818861E-4,1.4402996117995385E-4]
[null,"PSP-Business-Commercial-Domestic_Hot_Water","PSP","Business","Commercial","Domestic_Hot_Water",9.2078081396099742E-2,0.1038947531586968,0.18986944443103829,6.3880948975623131E-2,8.437277297217069E-2,0.14277754680361923,0.15999984290464683,0.16312660935809581,1.2149205943548891E-4,1.2149205943548891E-4,1.4684373463861024E-4,1.8428763267553693E-4]
[null,"PSP-Business-Commercial-Double_Creep_Pad","PSP","Business","Commercial","Double_Creep_Pad",0.13877551010057987,0.1387755101005799,0.13877551084641218,0.10204081625042552,0.10204081625042552,0.10204081625042552,0.13877551010057537,0.13877551010057604,9.2085101265378187E-5,9.2085101265378187E-5,9.2085101265378187E-5,1.2523573903820226E-4]
[null,"PSP-Business-Commercial-Electric_Auxiliary","PSP","Business","Commercial","Electric_Auxiliary",0.13518817426028926,0.14838253624790818,9.4923674696517427E-2,0.13280776732231001,0.12906266980798412,0.10484001234746644,0.1506288539351216,0.10416631138240294,1.2432886111388139E-4,1.2432886111388139E-4,1.5529890978777634E-4,1.5921983733629787E-4]
[null,"PSP-Business-Commercial-Elevators","PSP","Business","Commercial","Elevators",7.4856028512932979E-2,8.459054770393977E-2,0.17669480015744948,6.8343764573713994E-2,8.7662734412833093E-2,0.16688938120065225,0.1579953988718632,0.18296734456662855,1.2464024349907813E-4,1.2464024349907813E-4,1.5827368717656617E-4,1.2732143605396191E-4]
[null,"PSP-Business-Commercial-Exit_Signs","PSP","Business","Commercial","Exit_Signs",0.125,0.125,0.125,0.125,0.125,0.125,0.125,0.125,1.1415525114155251E-4,1.1415525114155251E-4,1.1415525114155251E-4,1.1415525114155251E-4]
[null,"PSP-Business-Commercial-Forced_Air_Central_Heating","PSP","Business","Commercial","Forced_Air_Central_Heating",0.16551729976813459,0.16018754735070606,0.40341230838174136,3.3872777884988103E-2,3.2823191096703425E-2,4.4327376267711389E-2,7.1674642846596581E-2,8.8184856403415779E-2,7.1141901936764914E-5,7.1141901936764914E-5,1.3510907705346765E-4,4.0969854073033866E-4]
[null,"PSP-Business-Commercial-Ground Source Heat Pump","PSP","Business","Commercial","Ground Source Heat Pump",0.23928689450018917,0.16530180975332948,0.13272545293168173,9.986039133612061E-2,6.6290065769274056E-2,3.1179700430680433E-2,0.13897093789979942,0.12638474737892511,7.9754247998481E-5,7.9754247998481E-5,1.062296016528863E-4,2.2120401650357392E-4]
[null,"PSP-Business-Commercial-HE_Exhaust_Fans_>24\"","PSP","Business","Commercial","HE_Exhaust_Fans_>24\"",0,0,0,0.58327254255888816,0.1944241808529629,0.11750136519788859,7.7769672341185231E-2,2.703223904907516E-2,2.9334115545000304E-4,2.9334115545000304E-4,2.9334115545000077E-4,0]
[null,"PSP-Business-Commercial-HE_Exhaust_Fans_≤24\"","PSP","Business","Commercial","HE_Exhaust_Fans_≤24\"",3.680428842699799E-2,0.19322251424174147,4.0587698210887563E-2,0.25763001898898868,0.22900446132354485,8.0733423978400568E-2,0.12022734219486146,4.1790252634577287E-2,4.9677098857425946E-4,4.9677098857425946E-4,7.4515648286139157E-4,0]
[null,"PSP-Business-Commercial-HT_Cutout_Thermostat","PSP","Business","Commercial","HT_Cutout_Thermostat",0,0,0,0.59941979934727485,0.26640879970989922,0.1341714009428259,0,0,8.1967213114756494E-4,8.1967213114756494E-4,8.1967213114755887E-4,0]
[null,"PSP-Business-Commercial-HVAC_Fans_Pumps","PSP","Business","Commercial","HVAC_Fans_Pumps",6.4432077625568851E-2,7.3636660143506824E-2,0.19349496019086471,5.65973581213291E-2,8.4896037181992581E-2,0.19284400718440409,0.13783023483365311,0.19626866471865062,1.1102339441380215E-4,1.1102339441380215E-4,1.1415525114154871E-4,1.1415525114154871E-4]
[null,"PSP-Business-Commercial-HVLS","PSP","Business","Commercial","HVLS",0,0,0,0.33333333333333759,0.3333333333333382,0.33333333333332416,0,0,3.4153005464482723E-4,3.4153005464482723E-4,3.4153005464482473E-4,0]
[null,"PSP-Business-Commercial-Lighting_Exterior","PSP","Business","Commercial","Lighting_Exterior",5.2018470876712658E-2,4.1239358855928387E-2,0.28388946603367698,5.4538800824517107E-3,3.5894900371617168E-2,0.24747747217025204,6.7430667040767875E-2,0.26659578456854999,1.0698525506820517E-5,1.0698525506820517E-5,1.100032000042982E-5,2.1889289977451479E-4]
[null,"PSP-Business-Commercial-Lighting_Interior_Architectural","PSP","Business","Commercial","Lighting_Interior_Architectural",7.6475018867778785E-2,8.7345602042699907E-2,0.17181871710723487,7.0021972251650647E-2,8.9993693963003898E-2,0.16295533429082101,0.16199412017335685,0.17939554130344001,1.2639395978640504E-4,1.2639395978640504E-4,1.6777877976951626E-4,1.2978255062553095E-4]
[null,"PSP-Business-Commercial-Lighting_Interior_General","PSP","Business","Commercial","Lighting_Interior_General",7.6475018867778785E-2,8.7345602042699907E-2,0.17181871710723487,7.0021972251650647E-2,8.9993693963003898E-2,0.16295533429082101,0.16199412017335685,0.17939554130344001,1.2639395978640504E-4,1.2639395978640504E-4,1.6777877976951626E-4,1.2978255062553095E-4]
[null,"PSP-Business-Commercial-Lighting_Interior_High_Bay","PSP","Business","Commercial","Lighting_Interior_High_Bay",7.6475018867778785E-2,8.7345602042699907E-2,0.17181871710723487,7.0021972251650647E-2,8.9993693963003898E-2,0.16295533429082101,0.16199412017335685,0.17939554130344001,1.2639395978640504E-4,1.2639395978640504E-4,1.6777877976951626E-4,1.2978255062553095E-4]
[null,"PSP-Business-Commercial-Lighting_Interior_Office","PSP","Business","Commercial","Lighting_Interior_Office",7.7501924777389333E-2,9.9552251997370403E-2,0.15435865776757832,9.4190215241738012E-2,8.5410704456065814E-2,0.15494961885846995,0.17920515622620131,0.15483147067518691,1.2924186642697028E-4,3.9836737340069558E-5,2.3563637115494191E-4,4.1142860244386101E-5]
[null,"PSP-Business-Commercial-Lighting_Small Business","PSP","Business","Commercial","Lighting_Small Business",0.13716234334185576,0.14095462489778107,9.9065263163120004E-2,0.15837555964673736,0.1253307157934217,0.10043482730746821,0.13806136118131418,0.10061530466830171,1.4203016473501477E-4,1.4203016473501477E-4,1.9036794491451809E-4,1.3953354977167386E-4]
[null,"PSP-Business-Commercial-Livestock_Waterer","PSP","Business","Commercial","Livestock_Waterer",0.12723473464672738,0.22266078563177316,0.65010447972149954,0,0,0,0,0,0,0,0,0]
[null,"PSP-Business-Commercial-Miscellaneous_Equipment","PSP","Business","Commercial","Miscellaneous_Equipment",6.9591073463364087E-2,7.8137871250892194E-2,0.18364917548719947,6.2040277929300176E-2,8.9097736062789187E-2,0.18304427224862629,0.14769453509538569,0.18674505846250078,1.2062470813758406E-4,1.2062470813758406E-4,1.2722707745997847E-4,1.2263166204243988E-4]
[null,"PSP-Business-Commercial-Non_Ducted_Central_Heating","PSP","Business","Commercial","Non_Ducted_Central_Heating",0.18645024051770029,0.20004418389140136,0.43558995473366635,2.0844551535963049E-4,4.1952392516069701E-4,6.6216258216169851E-4,8.2873486504817337E-2,9.3752002329735101E-2,6.1525574264932892E-7,6.1525574264932892E-7,4.1043346944241201E-6,4.7955201409787858E-4]
[null,"PSP-Business-Commercial-Other_Plug_Loads","PSP","Business","Commercial","Other_Plug_Loads",6.9704344083958675E-2,7.7949909167281464E-2,0.1837249117128302,6.164137066997858E-2,8.9403602422242379E-2,0.1831170215336563,0.14765425325124001,0.18680458715877912,1.2067754640823834E-4,1.2067754640823834E-4,1.2550856522509167E-4,1.2427672408932324E-4]
[null,"PSP-Business-Commercial-Refrigerated_Display_Case_Food Retail","PSP","Business","Commercial","Refrigerated_Display_Case_Food Retail",0.15483151488076125,0.17712964998025915,5.0373877233356672E-2,0.21282874317216707,0.13446865417683124,5.2776196448488945E-2,0.16534664143225372,5.2244722675881837E-2,2.0242805410604906E-4,2.0242805410604906E-4,2.4060359587104485E-4,1.5788193217433741E-4]
[null,"PSP-Business-Commercial-Refrigeration","PSP","Business","Commercial","Refrigeration",6.6039424070608102E-2,7.6309994183029556E-2,0.18685093322378829,6.1038645536600163E-2,8.7469725175593219E-2,0.18906246915253588,0.14259440916728233,0.19063439949055316,1.1871717803691222E-4,1.1871717803691222E-4,1.2661467477748659E-4,1.1647661567347135E-4]
[null,"PSP-Business-Commercial-Single_Creep_Pad","PSP","Business","Commercial","Single_Creep_Pad",0.125,0.125,0.125,0.125,0.125,0.125,0.125,0.125,7.5801678598400035E-5,7.5801678598400035E-5,7.5801678598399466E-5,1.3341095433318305E-4]
[null,"PSP-Business-Commercial-Space_Cooling_&_Heating","PSP","Business","Commercial","Space_Cooling_&_Heating",0.1339376813286362,0.11540114249200456,0.11016073803685236,0.21731612659673699,0.19809368710818404,0.12937154599147418,5.4909813894044104E-2,4.0809264552067612E-2,2.9807414968607084E-4,2.9807414968607084E-4,5.5912499691193748E-4,2.0151824687659545E-4]
[null,"PSP-Business-Commercial-Timer_Photocell","PSP","Business","Commercial","Timer_Photocell",9.810428155884364E-2,0.15451424345517872,4.3275684298341492E-2,0.25180098933436534,0.11598106175401088,6.3263908028109661E-2,0.19228439185533325,8.0775439715817146E-2,1.871220626760423E-4,1.871220626760423E-4,2.9545588843585589E-4,0]
[null,"PSP-Business-Commercial-Timer_Photocell","PSP","Business","Commercial","Timer_Photocell",0.125,0.125,0.125,0.125,0.125,0.125,0.125,0.125,1.871220626760423E-4,1.871220626760423E-4,1.1415525114155251E-4,1.1415525114155251E-4]
[null,"PSP-Business-Food_Retail-Cogeneration","PSP","Business","Food_Retail","Cogeneration",0,0,0,0,0,0,0,0,0,0,0,0]
[null,"PSP-Business-Food_Retail-Computer_Equipment","PSP","Business","Food_Retail","Computer_Equipment",7.2312435327470406E-2,8.0852757676095399E-2,0.17821397196051544,6.3147473452681818E-2,9.1571459474424743E-2,0.17944306169878194,0.15500217292100621,0.17945666748902422,1.2067754640823834E-4,1.1865103676276671E-4,1.2550856522509173E-4,1.2427672408932321E-4]
[null,"PSP-Business-Food_Retail-Cooking","PSP","Business","Food_Retail","Cooking",8.4885186926834125E-2,8.6373786784389797E-2,0.16103236174461005,7.0615572565613016E-2,0.10269563570176697,0.16176958614361123,0.1713264597086929,0.16130141042448209,1.1876755786097422E-4,1.0706495349638691E-4,1.4216710560241552E-4,1.1220126974148085E-4]
[null,"PSP-Business-Food_Retail-Cooling_Chillers","PSP","Business","Food_Retail","Cooling_Chillers",0,0,0,0.30570448061473476,0.32638263820938312,0.32753022073774535,1.9404915461479062E-2,2.0977744976657702E-2,6.515608417748674E-4,0,8.8433926157319002E-4,0]
[null,"PSP-Business-Food_Retail-Cooling_DX","PSP","Business","Food_Retail","Cooling_DX",0,0,0,0.30570448061473476,0.32638263820938312,0.32753022073774535,1.9404915461479062E-2,2.0977744976657702E-2,6.515608417748674E-4,0,8.8433926157319002E-4,0]
[null,"PSP-Business-Food_Retail-Domestic_Hot_Water","PSP","Business","Food_Retail","Domestic_Hot_Water",0.11039129400926556,0.11462808419152029,0.16382273554909893,6.7838384925672623E-2,9.9566156730628547E-2,0.12242448553454505,0.18516156076082643,0.13616729829844268,1.3129495344365636E-4,1.8871503504655317E-4,1.4057797679940286E-4,2.0563874647231157E-4]
[null,"PSP-Business-Food_Retail-Elevators","PSP","Business","Food_Retail","Elevators",7.4625758120294525E-2,8.2219516107023841E-2,0.17500361088817543,6.5628931545917479E-2,9.3095854655364935E-2,0.17590626123362521,0.15775893756671377,0.17576112988288478,1.250866877199742E-4,1.2012201609988935E-4,1.2952226474425879E-4,1.264225808965298E-4]
[null,"PSP-Business-Food_Retail-Forced_Air_Central_Heating","PSP","Business","Food_Retail","Forced_Air_Central_Heating",0.19768119277753968,0.17294144750739993,0.27185902054146843,7.2908609024238152E-2,9.4044906815979254E-2,8.4021471438040243E-2,6.405675453510544E-2,4.2486597360228931E-2,1.5217309688475252E-4,2.7552639958066934E-4,1.8224874146790385E-4,4.9538347096421116E-4]
[null,"PSP-Business-Food_Retail-HVAC_Fans_Pumps","PSP","Business","Food_Retail","HVAC_Fans_Pumps",6.6683789954337741E-2,7.6210045662099851E-2,0.18867423531619543,5.7842465753424679E-2,8.6763698630135874E-2,0.18973822480765737,0.14434931506849175,0.18973822480765737,1.1078248235781978E-4,1.108936725375027E-4,1.1415525114154707E-4,1.1415525114154709E-4]
[null,"PSP-Business-Food_Retail-Lighting_Exterior","PSP","Business","Food_Retail","Lighting_Exterior",5.439610574908222E-2,4.270554046196564E-2,0.27998981106255444,5.5738623264895712E-3,3.6910611824870154E-2,0.24640375187114463,6.9848428338293675E-2,0.26417188836559957,1.0675310894966582E-5,2.0575591963986636E-4,1.1000320360152883E-5,2.1889290065300776E-4]
[null,"PSP-Business-Food_Retail-Lighting_Interior_Architectural","PSP","Business","Food_Retail","Lighting_Interior_Architectural",8.4117981239667919E-2,9.4392533463863448E-2,0.15361887219578182,7.241941400170783E-2,0.10823023209431645,0.15426969263758786,0.17887529763953869,0.1540759767275359,1.3785376070981335E-4,1.406132023329928E-4,1.4474888475455151E-4,1.4474888475455151E-4]
[null,"PSP-Business-Food_Retail-Lighting_Interior_General","PSP","Business","Food_Retail","Lighting_Interior_General",8.4117981239667919E-2,9.4392533463863448E-2,0.15361887219578182,7.241941400170783E-2,0.10823023209431645,0.15426969263758786,0.17887529763953869,0.1540759767275359,1.3785376070981335E-4,1.406132023329928E-4,1.4474888475455151E-4,1.4474888475455151E-4]
[null,"PSP-Business-Food_Retail-Lighting_Interior_High_Bay","PSP","Business","Food_Retail","Lighting_Interior_High_Bay",8.4117981239667919E-2,9.4392533463863448E-2,0.15361887219578182,7.241941400170783E-2,0.10823023209431645,0.15426969263758786,0.17887529763953869,0.1540759767275359,1.3785376070981335E-4,1.406132023329928E-4,1.4474888475455151E-4,1.4474888475455151E-4]
[null,"PSP-Business-Food_Retail-Miscellaneous_Equipment","PSP","Business","Food_Retail","Miscellaneous_Equipment",7.2312435327470406E-2,8.0852757676095399E-2,0.17821397196051544,6.3147473452681818E-2,9.1571459474424743E-2,0.17944306169878194,0.15500217292100621,0.17945666748902422,1.2067754640823834E-4,1.1865103676276671E-4,1.2550856522509173E-4,1.2427672408932321E-4]
[null,"PSP-Business-Food_Retail-Non_Ducted_Central_Heating","PSP","Business","Food_Retail","Non_Ducted_Central_Heating",0.210712628860243,0.26746281610836703,0.35808401330328993,1.0519419679006543E-6,1.1364252091409169E-5,3.7316861034415438E-5,0.1033889146951374,6.0301893977868969E-2,0,3.7608980820818085E-4,0,5.3354609410820417E-4]
[null,"PSP-Business-Food_Retail-Other_Plug_Loads","PSP","Business","Food_Retail","Other_Plug_Loads",7.2312435327470406E-2,8.0852757676095399E-2,0.17821397196051544,6.3147473452681818E-2,9.1571459474424743E-2,0.17944306169878194,0.15500217292100621,0.17945666748902422,1.2067754640823834E-4,1.1865103676276671E-4,1.2550856522509173E-4,1.2427672408932321E-4]
[null,"PSP-Business-Food_Retail-Refrigeration","PSP","Business","Food_Retail","Refrigeration",6.4167473339096837E-2,7.5612653812603722E-2,0.17641921373709213,6.7137924959628434E-2,9.3069752893102528E-2,0.19527786569914712,0.14602875894370482,0.18228635661562434,1.2944628150611922E-4,1.0706629564326659E-4,1.3822020954106472E-4,1.1036450764390223E-4]
[null,"PSP-Business-Hospital-Cogeneration","PSP","Business","Hospital","Cogeneration",0,0,0,0,0,0,0,0,0,0,0,0]
[null,"PSP-Business-Hospital-Computer_Equipment","PSP","Business","Hospital","Computer_Equipment",7.2312435327470406E-2,8.0852757676095399E-2,0.17821397196051544,6.3147473452681818E-2,9.1571459474424743E-2,0.17944306169878194,0.15500217292100621,0.17945666748902422,1.2067754640823834E-4,1.1865103676276671E-4,1.2550856522509173E-4,1.2427672408932321E-4]
[null,"PSP-Business-Hospital-Cooking","PSP","Business","Hospital","Cooking",7.9725579541429642E-2,8.9869222607274951E-2,0.16165121759154755,8.2546323460230928E-2,8.9180988154392488E-2,0.1627813974665463,0.17145640170646625,0.16278886947211194,1.350749967898823E-4,6.3614811112105966E-5,1.868000597283926E-4,8.0946693879656959E-5]
[null,"PSP-Business-Hospital-Cooling_Chillers","PSP","Business","Hospital","Cooling_Chillers",0,0,0,0.30570448061473476,0.32638263820938312,0.32753022073774535,1.9404915461479062E-2,2.0977744976657702E-2,6.515608417748674E-4,0,8.8433926157319002E-4,0]
[null,"PSP-Business-Hospital-Cooling_DX","PSP","Business","Hospital","Cooling_DX",0,0,0,0.30570448061473476,0.32638263820938312,0.32753022073774535,1.9404915461479062E-2,2.0977744976657702E-2,6.515608417748674E-4,0,8.8433926157319002E-4,0]
[null,"PSP-Business-Hospital-Domestic_Hot_Water","PSP","Business","Hospital","Domestic_Hot_Water",9.3379586531588454E-2,0.10017122597328613,0.19444240187512471,6.4309115451846158E-2,7.9731082817153145E-2,0.14514985618522255,0.16091296496700469,0.16190376619877406,1.1217704557942464E-4,1.2030595963903757E-4,1.4239871764042372E-4,1.4190761736009047E-4]
[null,"PSP-Business-Hospital-Elevators","PSP","Business","Hospital","Elevators",7.0675013196138808E-2,8.3608859427891119E-2,0.17708066566302741,6.8958756995575465E-2,8.7261442562274777E-2,0.17822587767535267,0.15596350680438709,0.17822587767535264,1.1993781061894797E-4,9.4846765914312434E-5,1.4956773651335649E-4,1.0124585543280993E-4]
[null,"PSP-Business-Hospital-Forced_Air_Central_Heating","PSP","Business","Hospital","Forced_Air_Central_Heating",0.12601093946744682,0.1227256437843285,0.38349845358515838,5.3779941818312825E-2,6.1172906115092546E-2,7.9694924650756199E-2,6.1667586823613951E-2,0.11144960375529088,1.1277126636497888E-4,2.3006148949591688E-4,2.1103150193633357E-4,4.0698963858672323E-4]
[null,{"$f":"CONCATENATE(C70,\"-\",D70,\"-\",E70,\"-\",F70)","v":"PSP-Business-Hospital-HVAC_Fans_Pumps"},"PSP","Business","Hospital","HVAC_Fans_Pumps",6.6683789954337741E-2,7.6210045662099851E-2,0.18867423531619543,5.7842465753424679E-2,8.6763698630135874E-2,0.18973822480765737,0.14434931506849175,0.18973822480765737,1.1078248235781978E-4,1.108936725375027E-4,1.1415525114154707E-4,1.1415525114154709E-4]
[null,"PSP-Business-Hospital-Lighting_Exterior","PSP","Business","Hospital","Lighting_Exterior",5.4396104752881404E-2,4.2705540253354955E-2,0.2799898117275455,5.5738622150470624E-3,3.6910611975713992E-2,0.24640375210268692,6.9848428188800479E-2,0.26417188878396958,1.0675310681526663E-5,2.0575591663806177E-4,1.1000320140214856E-5,2.1889289930938387E-4]
[null,"PSP-Business-Hospital-Lighting_Interior_Architectural","PSP","Business","Hospital","Lighting_Interior_Architectural",7.154989395631621E-2,8.1960250467672996E-2,0.17776742462466188,6.706285182339615E-2,8.840656184360296E-2,0.17901565561383073,0.15522170605668825,0.17901565561383084,1.2108049996947354E-4,1.0224430002835515E-4,1.444622491130706E-4,1.1195823688375625E-4]
[null,"PSP-Business-Hospital-Lighting_Interior_General","PSP","Business","Hospital","Lighting_Interior_General",7.154989395631621E-2,8.1960250467672996E-2,0.17776742462466188,6.706285182339615E-2,8.840656184360296E-2,0.17901565561383073,0.15522170605668825,0.17901565561383084,1.2108049996947354E-4,1.0224430002835515E-4,1.444622491130706E-4,1.1195823688375625E-4]
[null,"PSP-Business-Hospital-Lighting_Interior_High_Bay","PSP","Business","Hospital","Lighting_Interior_High_Bay",7.154989395631621E-2,8.1960250467672996E-2,0.17776742462466188,6.706285182339615E-2,8.840656184360296E-2,0.17901565561383073,0.15522170605668825,0.17901565561383084,1.2108049996947354E-4,1.0224430002835515E-4,1.444622491130706E-4,1.1195823688375625E-4]
[null,"PSP-Business-Hospital-Miscellaneous_Equipment","PSP","Business","Hospital","Miscellaneous_Equipment",7.0675013196138808E-2,8.3608859427891119E-2,0.17708066566302741,6.8958756995575465E-2,8.7261442562274777E-2,0.17822587767535267,0.15596350680438709,0.17822587767535264,1.1993781061894797E-4,9.4846765914312434E-5,1.4956773651335649E-4,1.0124585543280993E-4]
[null,"PSP-Business-Hospital-Non_Ducted_Central_Heating","PSP","Business","Hospital","Non_Ducted_Central_Heating",0.16230732108173307,0.16506021646977923,0.46706741314766753,2.8882778137356564E-3,5.6347929784553857E-3,6.0175839267090463E-3,6.7039819749274809E-2,0.12398457483264508,8.6134733677302968E-6,3.0184083170109856E-4,5.7460685721937466E-5,5.1960170583311956E-4]
[null,"PSP-Business-Hospital-Other_Plug_Loads","PSP","Business","Hospital","Other_Plug_Loads",7.2312435327470406E-2,8.0852757676095399E-2,0.17821397196051544,6.3147473452681818E-2,9.1571459474424743E-2,0.17944306169878194,0.15500217292100621,0.17945666748902422,1.2067754640823834E-4,1.1865103676276671E-4,1.2550856522509173E-4,1.2427672408932321E-4]
[null,"PSP-Business-Hospital-Refrigeration","PSP","Business","Hospital","Refrigeration",7.2312435327470406E-2,8.0852757676095399E-2,0.17821397196051544,6.3147473452681818E-2,9.1571459474424743E-2,0.17944306169878194,0.15500217292100621,0.17945666748902422,1.2067754640823834E-4,1.1865103676276671E-4,1.2550856522509173E-4,1.2427672408932321E-4]
[null,"PSP-Business-Large_Hotel-Cogeneration","PSP","Business","Large_Hotel","Cogeneration",0,0,0,0,0,0,0,0,0,0,0,0]
[null,"PSP-Business-Large_Hotel-Computer_Equipment","PSP","Business","Large_Hotel","Computer_Equipment",7.2312435327470406E-2,8.0852757676095399E-2,0.17821397196051544,6.3147473452681818E-2,9.1571459474424743E-2,0.17944306169878194,0.15500217292100621,0.17945666748902422,1.2067754640823834E-4,1.1865103676276671E-4,1.2550856522509173E-4,1.2427672408932321E-4]
[null,"PSP-Business-Large_Hotel-Cooking","PSP","Business","Large_Hotel","Cooking",9.1164347275812366E-2,0.10235569074533578,0.13806972326634798,8.1128731119118613E-2,0.11471030076687255,0.1385400120101235,0.19549118280626568,0.1385400120101235,1.5783875072246926E-4,1.6078813878163466E-4,1.7530506592052287E-4,1.6946157234546479E-4]
[null,"PSP-Business-Large_Hotel-Cooling_Chillers","PSP","Business","Large_Hotel","Cooling_Chillers",0,0,0,0.30570448061473476,0.32638263820938312,0.32753022073774535,1.9404915461479062E-2,2.0977744976657702E-2,6.515608417748674E-4,0,8.8433926157319002E-4,0]
[null,"PSP-Business-Large_Hotel-Cooling_DX","PSP","Business","Large_Hotel","Cooling_DX",0,0,0,0.30570448061473476,0.32638263820938312,0.32753022073774535,1.9404915461479062E-2,2.0977744976657702E-2,6.515608417748674E-4,0,8.8433926157319002E-4,0]
[null,"PSP-Business-Large_Hotel-Domestic_Hot_Water","PSP","Business","Large_Hotel","Domestic_Hot_Water",9.4427060770846574E-2,0.10726914142045452,0.1863895227209445,6.0213933399876643E-2,8.9839188919311003E-2,0.13913766337923072,0.16762952462073827,0.15509396476859769,1.1444796306703467E-4,1.613913292934665E-4,1.1780277007263997E-4,1.7232296637186497E-4]
[null,"PSP-Business-Large_Hotel-Elevators","PSP","Business","Large_Hotel","Elevators",7.7524564069907528E-2,8.6662075366124469E-2,0.16739055421268362,6.6675790972808568E-2,9.9478333657184503E-2,0.16820483993519644,0.16585900185089839,0.16820483993519639,1.3497099849665308E-4,1.455566875672363E-4,1.4983776661333121E-4,1.4983776661333121E-4]
[null,"PSP-Business-Large_Hotel-Forced_Air_Central_Heating","PSP","Business","Large_Hotel","Forced_Air_Central_Heating",0.14547345232248313,0.1182695215991728,0.46717873651933572,4.8505270233703005E-2,4.3055371003535764E-2,4.4393992534484013E-2,4.541606886469874E-2,8.770758692258683E-2,1.1190010223895878E-4,2.1875308541441821E-4,2.1053541031774685E-4,4.7641035649777138E-4]
[null,"PSP-Business-Large_Hotel-HVAC_Fans_Pumps","PSP","Business","Large_Hotel","HVAC_Fans_Pumps",6.6683789954337741E-2,7.6210045662099851E-2,0.18867423531619543,5.7842465753424679E-2,8.6763698630135874E-2,0.18973822480765737,0.14434931506849175,0.18973822480765737,1.1078248235781978E-4,1.108936725375027E-4,1.1415525114154707E-4,1.1415525114154709E-4]
[null,"PSP-Business-Large_Hotel-Lighting_Exterior","PSP","Business","Large_Hotel","Lighting_Exterior",5.4396105595439954E-2,4.2705540293079679E-2,0.27998981151254282,5.5738622246145307E-3,3.691061194725314E-2,0.24640375182562488,6.9848428250990122E-2,0.26417188835045474,1.0675310699851694E-5,2.057559203247479E-4,1.1000320159097777E-5,2.1889290104143826E-4]
[null,"PSP-Business-Large_Hotel-Lighting_Interior_Architectural","PSP","Business","Large_Hotel","Lighting_Interior_Architectural",7.8668174014031228E-2,8.2312620448537613E-2,0.17053953983291048,5.7468384971771209E-2,0.10544451690857072,0.17147125296611573,0.16262425789194729,0.17147125296611568,1.172159843823777E-4,1.416245171403826E-4,1.4020839859522745E-4,1.5137148963497211E-4]
[null,"PSP-Business-Large_Hotel-Lighting_Interior_General","PSP","Business","Large_Hotel","Lighting_Interior_General",7.8668174014031228E-2,8.2312620448537613E-2,0.17053953983291048,5.7468384971771209E-2,0.10544451690857072,0.17147125296611573,0.16262425789194729,0.17147125296611568,1.172159843823777E-4,1.416245171403826E-4,1.4020839859522745E-4,1.5137148963497211E-4]
[null,"PSP-Business-Large_Hotel-Lighting_Interior_High_Bay","PSP","Business","Large_Hotel","Lighting_Interior_High_Bay",7.8668174014031228E-2,8.2312620448537613E-2,0.17053953983291048,5.7468384971771209E-2,0.10544451690857072,0.17147125296611573,0.16262425789194729,0.17147125296611568,1.172159843823777E-4,1.416245171403826E-4,1.4020839859522745E-4,1.5137148963497211E-4]
[null,"PSP-Business-Large_Hotel-Miscellaneous_Equipment","PSP","Business","Large_Hotel","Miscellaneous_Equipment",7.2312435327470406E-2,8.0852757676095399E-2,0.17821397196051544,6.3147473452681818E-2,9.1571459474424743E-2,0.17944306169878194,0.15500217292100621,0.17945666748902422,1.2067754640823834E-4,1.1865103676276671E-4,1.2550856522509173E-4,1.2427672408932321E-4]
[null,"PSP-Business-Large_Hotel-Non_Ducted_Central_Heating","PSP","Business","Large_Hotel","Non_Ducted_Central_Heating",0.17786093693535987,0.1522455182001104,0.5420391676599392,1.8198917671207816E-5,2.4200563376110773E-5,9.8681580977577599E-4,4.0079365687790927E-2,8.6745796225976238E-2,0,2.8163271024564748E-4,0,5.9619649690517273E-4]
[null,"PSP-Business-Large_Hotel-Other_Plug_Loads","PSP","Business","Large_Hotel","Other_Plug_Loads",7.2312435327470406E-2,8.0852757676095399E-2,0.17821397196051544,6.3147473452681818E-2,9.1571459474424743E-2,0.17944306169878194,0.15500217292100621,0.17945666748902422,1.2067754640823834E-4,1.1865103676276671E-4,1.2550856522509173E-4,1.2427672408932321E-4]
[null,"PSP-Business-Large_Hotel-Refrigeration","PSP","Business","Large_Hotel","Refrigeration",7.0375374572347008E-2,8.0846983580205006E-2,0.18034928106292136,6.2335840740065519E-2,9.0698648726477024E-2,0.18131560077427042,0.15276266976944305,0.18131560077427053,1.1885114815288886E-4,1.1658027313197415E-4,1.2302317098887325E-4,1.2056271096687863E-4]
[null,"PSP-Business-Large_Non_Food_Retail-Cogeneration","PSP","Business","Large_Non_Food_Retail","Cogeneration",0,0,0,0,0,0,0,0,0,0,0,0]
[null,"PSP-Business-Large_Non_Food_Retail-Computer_Equipment","PSP","Business","Large_Non_Food_Retail","Computer_Equipment",7.2312435327470406E-2,8.0852757676095399E-2,0.17821397196051544,6.3147473452681818E-2,9.1571459474424743E-2,0.17944306169878194,0.15500217292100621,0.17945666748902422,1.2067754640823834E-4,1.1865103676276671E-4,1.2550856522509173E-4,1.2427672408932321E-4]
[null,"PSP-Business-Large_Non_Food_Retail-Cooking","PSP","Business","Large_Non_Food_Retail","Cooking",0.10130708346089176,0.11590282234211464,0.11528398962663594,9.2967485429267013E-2,0.12684529521859278,0.11548385218908855,0.21685096485854055,0.11535850687486869,1.7822526741164115E-4,1.7685422485335062E-4,1.8868976596055211E-4,1.8768208052345067E-4]
[null,"PSP-Business-Large_Non_Food_Retail-Cooling_Chillers","PSP","Business","Large_Non_Food_Retail","Cooling_Chillers",0,0,0,0.30570448061473476,0.32638263820938312,0.32753022073774535,1.9404915461479062E-2,2.0977744976657702E-2,6.515608417748674E-4,0,8.8433926157319002E-4,0]
[null,"PSP-Business-Large_Non_Food_Retail-Cooling_DX","PSP","Business","Large_Non_Food_Retail","Cooling_DX",0,0,0,0.30570448061473476,0.32638263820938312,0.32753022073774535,1.9404915461479062E-2,2.0977744976657702E-2,6.515608417748674E-4,0,8.8433926157319002E-4,0]
[null,"PSP-Business-Large_Non_Food_Retail-Domestic_Hot_Water","PSP","Business","Large_Non_Food_Retail","Domestic_Hot_Water",0.10505917184573733,0.12756025793804504,0.15611349678779612,8.2355689130504575E-2,9.0702957349240387E-2,0.11674371555522045,0.19152371776308069,0.12994099363037545,1.5369224691744328E-4,1.9377271432909315E-4,1.63719708859579E-4,2.1888516425710126E-4]
[null,"PSP-Business-Large_Non_Food_Retail-Elevators","PSP","Business","Large_Non_Food_Retail","Elevators",8.1486365446261089E-2,9.7691764374581366E-2,0.15285875667083826,7.5541431186269284E-2,0.10578383020822046,0.15350098106417034,0.17971616657631026,0.15342070447334891,1.4468033405341338E-4,1.4482554683432946E-4,1.4908512174122165E-4,1.4908512174122165E-4]
[null,"PSP-Business-Large_Non_Food_Retail-Forced_Air_Central_Heating","PSP","Business","Large_Non_Food_Retail","Forced_Air_Central_Heating",0.18602547791820823,0.23275991887670955,0.33504186918961704,3.27410971248384E-2,2.7768564592274635E-2,3.2766024560836292E-2,9.3937991250770472E-2,5.895905648674539E-2,7.5521045741537522E-5,3.3102142787839019E-4,1.4049118735807271E-4,5.0135567600396959E-4]
[null,"PSP-Business-Large_Non_Food_Retail-HVAC_Fans_Pumps","PSP","Business","Large_Non_Food_Retail","HVAC_Fans_Pumps",6.6683789954337741E-2,7.6210045662099851E-2,0.18867423531619543,5.7842465753424679E-2,8.6763698630135874E-2,0.18973822480765737,0.14434931506849175,0.18973822480765737,1.1078248235781978E-4,1.108936725375027E-4,1.1415525114154707E-4,1.1415525114154709E-4]
[null,"PSP-Business-Large_Non_Food_Retail-Lighting_Exterior","PSP","Business","Large_Non_Food_Retail","Lighting_Exterior",5.4396105591898995E-2,4.2705539965603986E-2,0.27998981170224579,5.5738620001612085E-3,3.6910611235112849E-2,0.24640375268710185,6.9848428138360896E-2,0.2641718886795143,1.0675310269968457E-5,2.0575592392747648E-4,1.1000319716126772E-5,2.1889290122631151E-4]
[null,"PSP-Business-Large_Non_Food_Retail-Lighting_Interior_Architectural","PSP","Business","Large_Non_Food_Retail","Lighting_Interior_Architectural",8.4971532498288885E-2,0.10085064961871254,0.14521786533878092,7.7413227908385743E-2,0.11190990304770035,0.14584945783081932,0.18799831005902276,0.14578905369828937,1.4830120288962713E-4,1.4684806955800781E-4,1.4830120288962802E-4,1.4830120288962802E-4]
[null,"PSP-Business-Large_Non_Food_Retail-Lighting_Interior_General","PSP","Business","Large_Non_Food_Retail","Lighting_Interior_General",8.4971532498288885E-2,0.10085064961871254,0.14521786533878092,7.7413227908385743E-2,0.11190990304770035,0.14584945783081932,0.18799831005902276,0.14578905369828937,1.4830120288962713E-4,1.4684806955800781E-4,1.4830120288962802E-4,1.4830120288962802E-4]
[null,"PSP-Business-Large_Non_Food_Retail-Lighting_Interior_High_Bay","PSP","Business","Large_Non_Food_Retail","Lighting_Interior_High_Bay",8.4971532498288885E-2,0.10085064961871254,0.14521786533878092,7.7413227908385743E-2,0.11190990304770035,0.14584945783081932,0.18799831005902276,0.14578905369828937,1.4830120288962713E-4,1.4684806955800781E-4,1.4830120288962802E-4,1.4830120288962802E-4]
[null,"PSP-Business-Large_Non_Food_Retail-Miscellaneous_Equipment","PSP","Business","Large_Non_Food_Retail","Miscellaneous_Equipment",7.2312435327470406E-2,8.0852757676095399E-2,0.17821397196051544,6.3147473452681818E-2,9.1571459474424743E-2,0.17944306169878194,0.15500217292100621,0.17945666748902422,1.2067754640823834E-4,1.1865103676276671E-4,1.2550856522509173E-4,1.2427672408932321E-4]
[null,"PSP-Business-Large_Non_Food_Retail-Non_Ducted_Central_Heating","PSP","Business","Large_Non_Food_Retail","Non_Ducted_Central_Heating",0.210712628860243,0.26746281610836703,0.35808401330328993,1.0519419679006543E-6,1.1364252091409169E-5,3.7316861034415438E-5,0.1033889146951374,6.0301893977868969E-2,0,3.7608980820818085E-4,0,5.3354609410820417E-4]
[null,"PSP-Business-Large_Non_Food_Retail-Other_Plug_Loads","PSP","Business","Large_Non_Food_Retail","Other_Plug_Loads",7.2312435327470406E-2,8.0852757676095399E-2,0.17821397196051544,6.3147473452681818E-2,9.1571459474424743E-2,0.17944306169878194,0.15500217292100621,0.17945666748902422,1.2067754640823834E-4,1.1865103676276671E-4,1.2550856522509173E-4,1.2427672408932321E-4]
[null,"PSP-Business-Large_Non_Food_Retail-Refrigeration","PSP","Business","Large_Non_Food_Retail","Refrigeration",6.9500788421942281E-2,8.0239196533882728E-2,0.18190430016411249,6.2386683166444024E-2,8.9147669494064274E-2,0.18288860950708935,0.15104537814773755,0.18288737456472734,1.1884659495110933E-4,1.1600672557771801E-4,1.2349399395258573E-4,1.2077712078119583E-4]
[null,"PSP-Business-Large_Office-Cogeneration","PSP","Business","Large_Office","Cogeneration",0,0,0,0,0,0,0,0,0,0,0,0]
[null,"PSP-Business-Large_Office-Computer_Equipment","PSP","Business","Large_Office","Computer_Equipment",7.2312435327470406E-2,8.0852757676095399E-2,0.17821397196051544,6.3147473452681818E-2,9.1571459474424743E-2,0.17944306169878194,0.15500217292100621,0.17945666748902422,1.2067754640823834E-4,1.1865103676276671E-4,1.2550856522509173E-4,1.2427672408932321E-4]
[null,"PSP-Business-Large_Office-Cooking","PSP","Business","Large_Office","Cooking",7.8418105039645941E-2,8.1240374181620667E-2,0.1676567859014309,8.0400656127110448E-2,8.2243959604477807E-2,0.17522486630141129,0.16019437205329418,0.17462088079100865,1.2399495062914679E-4,5.0817623027465486E-5,2.6741319953129956E-4,1.0881067670014554E-4]
[null,"PSP-Business-Large_Office-Cooling_Chillers","PSP","Business","Large_Office","Cooling_Chillers",0,0,0,0.30570448061473476,0.32638263820938312,0.32753022073774535,1.9404915461479062E-2,2.0977744976657702E-2,6.515608417748674E-4,0,8.8433926157319002E-4,0]
[null,"PSP-Business-Large_Office-Cooling_DX","PSP","Business","Large_Office","Cooling_DX",0,0,0,0.30570448061473476,0.32638263820938312,0.32753022073774535,1.9404915461479062E-2,2.0977744976657702E-2,6.515608417748674E-4,0,8.8433926157319002E-4,0]
[null,"PSP-Business-Large_Office-Domestic_Hot_Water","PSP","Business","Large_Office","Domestic_Hot_Water",8.0735572383861767E-2,9.2347828041627542E-2,0.21473859548131621,5.3735143793805867E-2,7.5059789689064293E-2,0.16052360771570692,0.14374436575979566,0.17911509713482174,9.8383538438488779E-5,1.204901666128548E-4,1.1260971703673491E-4,1.2865141527178335E-4]
[null,"PSP-Business-Large_Office-Elevators","PSP","Business","Large_Office","Elevators",7.2001042323640449E-2,8.0142785622321244E-2,0.1775700842444633,6.9450657433532056E-2,8.4948671993452421E-2,0.18138750561008612,0.1533512963234864,0.18114795644901807,1.1884431754896666E-4,8.6283625618595585E-5,1.8175820498516322E-4,1.1352353279111239E-4]
[null,"PSP-Business-Large_Office-Forced_Air_Central_Heating","PSP","Business","Large_Office","Forced_Air_Central_Heating",0.19726311248438747,0.15249262228025032,0.35734456345373833,5.0374112304552736E-2,4.0311783164870968E-2,6.7141692411690587E-2,6.5260233426148215E-2,6.9811880474361626E-2,9.32003866919928E-5,2.3732649212465233E-4,2.0822202047971231E-4,5.6715031806692966E-4]
[null,"PSP-Business-Large_Office-HVAC_Fans_Pumps","PSP","Business","Large_Office","HVAC_Fans_Pumps",6.6683789954337741E-2,7.6210045662099851E-2,0.18867423531619543,5.7842465753424679E-2,8.6763698630135874E-2,0.18973822480765737,0.14434931506849175,0.18973822480765737,1.1078248235781978E-4,1.108936725375027E-4,1.1415525114154707E-4,1.1415525114154709E-4]
[null,"PSP-Business-Large_Office-Lighting_Exterior","PSP","Business","Large_Office","Lighting_Exterior",5.4396105459444871E-2,4.2705540192527494E-2,0.27998981153822472,5.5738621907283088E-3,3.691061145964715E-2,0.24640375275288798,6.9848427906838845E-2,0.26417188849970075,1.0675310634950575E-5,2.0575591908889639E-4,1.1000320092220638E-5,2.1889289876291377E-4]
[null,"PSP-Business-Large_Office-Lighting_Interior_Architectural","PSP","Business","Large_Office","Lighting_Interior_Architectural",7.2868550334334273E-2,7.9568368384155194E-2,0.17649847883076702,6.7144036123110595E-2,8.7759382667392416E-2,0.18159017827258728,0.15337431064293,0.18119669474472327,1.2002467484432268E-4,9.9517694661594621E-5,1.851611170732339E-4,1.4771664703427169E-4]
[null,"PSP-Business-Large_Office-Lighting_Interior_General","PSP","Business","Large_Office","Lighting_Interior_General",7.2868550334334273E-2,7.9568368384155194E-2,0.17649847883076702,6.7144036123110595E-2,8.7759382667392416E-2,0.18159017827258728,0.15337431064293,0.18119669474472327,1.2002467484432268E-4,9.9517694661594621E-5,1.851611170732339E-4,1.4771664703427169E-4]
[null,"PSP-Business-Large_Office-Lighting_Interior_High_Bay","PSP","Business","Large_Office","Lighting_Interior_High_Bay",7.2868550334334273E-2,7.9568368384155194E-2,0.17649847883076702,6.7144036123110595E-2,8.7759382667392416E-2,0.18159017827258728,0.15337431064293,0.18119669474472327,1.2002467484432268E-4,9.9517694661594621E-5,1.851611170732339E-4,1.4771664703427169E-4]
[null,"PSP-Business-Large_Office-Miscellaneous_Equipment","PSP","Business","Large_Office","Miscellaneous_Equipment",7.2312435327470406E-2,8.0852757676095399E-2,0.17821397196051544,6.3147473452681818E-2,9.1571459474424743E-2,0.17944306169878194,0.15500217292100621,0.17945666748902422,1.2067754640823834E-4,1.1865103676276671E-4,1.2550856522509173E-4,1.2427672408932321E-4]
[null,"PSP-Business-Large_Office-Non_Ducted_Central_Heating","PSP","Business","Large_Office","Non_Ducted_Central_Heating",0.20634833697736646,0.19372606040850332,0.42366108792373069,0,2.734647062896752E-6,3.9573831604484298E-7,7.873105422645979E-2,9.7530330078560892E-2,0,3.1483982914277492E-4,0,5.2619354540540009E-4]
[null,"PSP-Business-Large_Office-Other_Plug_Loads","PSP","Business","Large_Office","Other_Plug_Loads",7.2312435327470406E-2,8.0852757676095399E-2,0.17821397196051544,6.3147473452681818E-2,9.1571459474424743E-2,0.17944306169878194,0.15500217292100621,0.17945666748902422,1.2067754640823834E-4,1.1865103676276671E-4,1.2550856522509173E-4,1.2427672408932321E-4]
[null,"PSP-Business-Large_Office-Refrigeration","PSP","Business","Large_Office","Refrigeration",6.7368673374678292E-2,7.7980873903057177E-2,0.18600197206404215,6.0536946899572314E-2,8.6613968839151401E-2,0.1873569791246906,0.14678335013606292,0.18735723565874518,1.122653329603299E-4,1.0591111422126309E-4,1.2749645245751441E-4,1.090261469924766E-4]
[null,"PSP-Business-Nursing_Home-Cogeneration","PSP","Business","Nursing_Home","Cogeneration",0,0,0,0,0,0,0,0,0,0,0,0]
[null,"PSP-Business-Nursing_Home-Computer_Equipment","PSP","Business","Nursing_Home","Computer_Equipment",7.2312435327470406E-2,8.0852757676095399E-2,0.17821397196051544,6.3147473452681818E-2,9.1571459474424743E-2,0.17944306169878194,0.15500217292100621,0.17945666748902422,1.2067754640823834E-4,1.1865103676276671E-4,1.2550856522509173E-4,1.2427672408932321E-4]
[null,"PSP-Business-Nursing_Home-Cooking","PSP","Business","Nursing_Home","Cooking",9.7668278975294731E-2,0.11499553390019573,0.11893415039537221,9.3460468666563878E-2,0.12175174220623637,0.11917993734156672,0.21482995117320389,0.11917993734156658,1.8775293524965524E-4,1.875430975633885E-4,2.0116773945223337E-4,1.9952778486493386E-4]
[null,"PSP-Business-Nursing_Home-Cooling_Chillers","PSP","Business","Nursing_Home","Cooling_Chillers",0,0,0,0.30570448061473476,0.32638263820938312,0.32753022073774535,1.9404915461479062E-2,2.0977744976657702E-2,6.515608417748674E-4,0,8.8433926157319002E-4,0]
[null,{"$f":"CONCATENATE(C134,\"-\",D134,\"-\",E134,\"-\",F134)","v":"PSP-Business-Nursing_Home-Cooling_DX"},"PSP","Business","Nursing_Home","Cooling_DX",0,0,0,0.30570448061473476,0.32638263820938312,0.32753022073774535,1.9404915461479062E-2,2.0977744976657702E-2,6.515608417748674E-4,0,8.8433926157319002E-4,0]
[null,"PSP-Business-Nursing_Home-Domestic_Hot_Water","PSP","Business","Nursing_Home","Domestic_Hot_Water",0.1035344094328027,0.11007917582910494,0.17449415346452807,6.3098169845302671E-2,9.5820962447168395E-2,0.13028410990938685,0.17753405052463814,0.14515496854706839,1.2021378191771684E-4,1.7501353713700172E-4,1.2901165956630034E-4,1.8814972013948844E-4]
[null,"PSP-Business-Nursing_Home-Elevators","PSP","Business","Nursing_Home","Elevators",7.5444989232389001E-2,9.0920511316338534E-2,0.1649563200596563,7.2916594945042199E-2,9.555426805843012E-2,0.16600457187420789,0.16819817263972831,0.16600457187420772,1.346808984012243E-4,1.253729920819047E-4,1.5642815095375285E-4,1.3717545575493714E-4]
[null,"PSP-Business-Nursing_Home-Forced_Air_Central_Heating","PSP","Business","Nursing_Home","Forced_Air_Central_Heating",0.16152454874062619,0.15844198759303196,0.39176741257789144,2.6525595899713809E-2,2.7822092313620313E-2,3.0088441293723647E-2,8.529001425749258E-2,0.11853990732390027,5.8730089305773302E-5,2.5834806418704401E-4,1.0440835427545729E-4,4.2389704445122602E-4]
[null,"PSP-Business-Nursing_Home-HVAC_Fans_Pumps","PSP","Business","Nursing_Home","HVAC_Fans_Pumps",6.6683789954337741E-2,7.6210045662099851E-2,0.18867423531619543,5.7842465753424679E-2,8.6763698630135874E-2,0.18973822480765737,0.14434931506849175,0.18973822480765737,1.1078248235781978E-4,1.108936725375027E-4,1.1415525114154707E-4,1.1415525114154709E-4]
[null,"PSP-Business-Nursing_Home-Lighting_Exterior","PSP","Business","Nursing_Home","Lighting_Exterior",5.4396105734692266E-2,4.2705540062873672E-2,0.2799898105503934,5.5738620523859859E-3,3.6910611785320728E-2,0.24640375304179665,6.9848428109885882E-2,0.2641718886626514,1.0675310369991806E-5,2.0575592189661087E-4,1.1000319819195266E-5,2.1889290034636969E-4]
[null,"PSP-Business-Nursing_Home-Lighting_Interior_Architectural","PSP","Business","Nursing_Home","Lighting_Interior_Architectural",7.65144552457456E-2,9.4573196004536522E-2,0.16041000813090162,7.6471338343683415E-2,9.6702857891434832E-2,0.16122645140177089,0.17287524158015627,0.16122645140177086,1.4397708554670285E-4,1.3607832863260573E-4,1.5548468406440872E-4,1.4506944473501965E-4]
[null,"PSP-Business-Nursing_Home-Lighting_Interior_General","PSP","Business","Nursing_Home","Lighting_Interior_General",7.65144552457456E-2,9.4573196004536522E-2,0.16041000813090162,7.6471338343683415E-2,9.6702857891434832E-2,0.16122645140177089,0.17287524158015627,0.16122645140177086,1.4397708554670285E-4,1.3607832863260573E-4,1.5548468406440872E-4,1.4506944473501965E-4]
[null,"PSP-Business-Nursing_Home-Lighting_Interior_High_Bay","PSP","Business","Nursing_Home","Lighting_Interior_High_Bay",7.65144552457456E-2,9.4573196004536522E-2,0.16041000813090162,7.6471338343683415E-2,9.6702857891434832E-2,0.16122645140177089,0.17287524158015627,0.16122645140177086,1.4397708554670285E-4,1.3607832863260573E-4,1.5548468406440872E-4,1.4506944473501965E-4]
[null,"PSP-Business-Nursing_Home-Miscellaneous_Equipment","PSP","Business","Nursing_Home","Miscellaneous_Equipment",7.2312435327470406E-2,8.0852757676095399E-2,0.17821397196051544,6.3147473452681818E-2,9.1571459474424743E-2,0.17944306169878194,0.15500217292100621,0.17945666748902422,1.2067754640823834E-4,1.1865103676276671E-4,1.2550856522509173E-4,1.2427672408932321E-4]
[null,"PSP-Business-Nursing_Home-Non_Ducted_Central_Heating","PSP","Business","Nursing_Home","Non_Ducted_Central_Heating",0.1806467149197187,0.18239967040990243,0.41458325099804488,6.9959964983187819E-6,1.4048686873065008E-4,1.0413273061299594E-3,9.6440281646863441E-2,0.12474127185411152,0,2.9215227878910303E-4,0,4.4993599365581604E-4]
[null,"PSP-Business-Nursing_Home-Other_Plug_Loads","PSP","Business","Nursing_Home","Other_Plug_Loads",7.2312435327470406E-2,8.0852757676095399E-2,0.17821397196051544,6.3147473452681818E-2,9.1571459474424743E-2,0.17944306169878194,0.15500217292100621,0.17945666748902422,1.2067754640823834E-4,1.1865103676276671E-4,1.2550856522509173E-4,1.2427672408932321E-4]
[null,"PSP-Business-Nursing_Home-Refrigeration","PSP","Business","Nursing_Home","Refrigeration",7.0354052850137003E-2,8.0857876339331627E-2,0.18035970555780584,6.2344240435827633E-2,9.0679695095036095E-2,0.18132614757110299,0.15275213457965581,0.18132614757110291,1.1880745935918936E-4,1.1659597891298999E-4,1.23039748245176E-4,1.2057895241303755E-4]
[null,"PSP-Business-Other_Commercial_Buildings-Cogeneration","PSP","Business","Other_Commercial_Buildings","Cogeneration",0,0,0,0,0,0,0,0,0,0,0,0]
[null,"PSP-Business-Other_Commercial_Buildings-Computer_Equipment","PSP","Business","Other_Commercial_Buildings","Computer_Equipment",7.2312435327470406E-2,8.0852757676095399E-2,0.17821397196051544,6.3147473452681818E-2,9.1571459474424743E-2,0.17944306169878194,0.15500217292100621,0.17945666748902422,1.2067754640823834E-4,1.1865103676276671E-4,1.2550856522509173E-4,1.2427672408932321E-4]
[null,"PSP-Business-Other_Commercial_Buildings-Cooking","PSP","Business","Other_Commercial_Buildings","Cooking",8.5620907697002036E-2,0.104489205430029,0.1412463206531821,0.10553631248793489,8.7493208551673626E-2,0.14164650025114853,0.19248031448708117,0.14148723044194866,1.291006783751765E-4,5.3556553213990536E-6,3.0855022079214579E-4,9.8083221382492456E-6]
[null,"PSP-Business-Other_Commercial_Buildings-Cooling_Chillers","PSP","Business","Other_Commercial_Buildings","Cooling_Chillers",0,0,0,0.30570448061473476,0.32638263820938312,0.32753022073774535,1.9404915461479062E-2,2.0977744976657702E-2,6.515608417748674E-4,0,8.8433926157319002E-4,0]
[null,"PSP-Business-Other_Commercial_Buildings-Cooling_DX","PSP","Business","Other_Commercial_Buildings","Cooling_DX",0,0,0,0.30570448061473476,0.32638263820938312,0.32753022073774535,1.9404915461479062E-2,2.0977744976657702E-2,6.515608417748674E-4,0,8.8433926157319002E-4,0]
[null,"PSP-Business-Other_Commercial_Buildings-Domestic_Hot_Water","PSP","Business","Other_Commercial_Buildings","Domestic_Hot_Water",9.7126452137750494E-2,0.11114458584105276,0.180757035626114,6.575584078158947E-2,8.9246611410379706E-2,0.13337978111983012,0.17329160892290926,0.14929808416037413,1.2454933668487963E-4,1.7637512279633602E-4,1.4270165132449815E-4,2.0874527694397533E-4]
[null,"PSP-Business-Other_Commercial_Buildings-Elevators","PSP","Business","Other_Commercial_Buildings","Elevators",7.5692892799963066E-2,9.2929853615443869E-2,0.16281611731780235,8.3421389506131968E-2,8.7505308358128808E-2,0.16352693444557748,0.17064451383079932,0.16346299012615323,1.2659798647579972E-4,6.3645185714244186E-5,2.0163453306972182E-4,6.735922897924632E-5]
[null,"PSP-Business-Other_Commercial_Buildings-Forced_Air_Central_Heating","PSP","Business","Other_Commercial_Buildings","Forced_Air_Central_Heating",0.16972813924519603,0.19315211353558326,0.43413635207618639,1.5027020967395058E-2,4.2934345621128862E-3,8.3292630504989834E-3,9.0807380947298358E-2,8.4526295615729108E-2,2.3418733975161016E-5,2.0780323183301115E-4,8.5868691242257212E-5,4.2739338763682653E-4]
[null,"PSP-Business-Other_Commercial_Buildings-HVAC_Fans_Pumps","PSP","Business","Other_Commercial_Buildings","HVAC_Fans_Pumps",6.8721461187213298E-2,7.8538812785387047E-2,0.18424657534246711,5.9589041095889063E-2,8.9383561643834777E-2,0.18527397260274109,0.14897260273972654,0.18527397260274109,1.1415525114154818E-4,1.1415525114154894E-4,1.1415525114154871E-4,1.141552511415487E-4]
[null,"PSP-Business-Other_Commercial_Buildings-Lighting_Exterior","PSP","Business","Other_Commercial_Buildings","Lighting_Exterior",5.6020933116371102E-2,4.4009136756127339E-2,0.27784313202304711,5.7421670177234376E-3,3.8039094666190744E-2,0.24423933183068741,7.2098736678416972E-2,0.26200746791143592,1.1000319957324385E-5,2.1180139071805778E-4,1.1000319957324337E-5,2.1889289944161189E-4]
[null,"PSP-Business-Other_Commercial_Buildings-Lighting_Interior_Architectural","PSP","Business","Other_Commercial_Buildings","Lighting_Interior_Architectural",7.7501924777389333E-2,9.9552251997370403E-2,0.15435865776757832,9.4190215241738012E-2,8.5410704456065814E-2,0.15494961885846995,0.17920515622620131,0.15483147067518691,1.2924186642697028E-4,3.9836737340069558E-5,2.3563637115494191E-4,4.1142860244386101E-5]
[null,"PSP-Business-Other_Commercial_Buildings-Lighting_Interior_General","PSP","Business","Other_Commercial_Buildings","Lighting_Interior_General",7.7501924777389333E-2,9.9552251997370403E-2,0.15435865776757832,9.4190215241738012E-2,8.5410704456065814E-2,0.15494961885846995,0.17920515622620131,0.15483147067518691,1.2924186642697028E-4,3.9836737340069558E-5,2.3563637115494191E-4,4.1142860244386101E-5]
[null,"PSP-Business-Other_Commercial_Buildings-Lighting_Interior_High_Bay","PSP","Business","Other_Commercial_Buildings","Lighting_Interior_High_Bay",7.7501924777389333E-2,9.9552251997370403E-2,0.15435865776757832,9.4190215241738012E-2,8.5410704456065814E-2,0.15494961885846995,0.17920515622620131,0.15483147067518691,1.2924186642697028E-4,3.9836737340069558E-5,2.3563637115494191E-4,4.1142860244386101E-5]
[null,"PSP-Business-Other_Commercial_Buildings-Miscellaneous_Equipment","PSP","Business","Other_Commercial_Buildings","Miscellaneous_Equipment",7.2312435327470406E-2,8.0852757676095399E-2,0.17821397196051544,6.3147473452681818E-2,9.1571459474424743E-2,0.17944306169878194,0.15500217292100621,0.17945666748902422,1.2067754640823834E-4,1.1865103676276671E-4,1.2550856522509173E-4,1.2427672408932321E-4]
[null,"PSP-Business-Other_Commercial_Buildings-Non_Ducted_Central_Heating","PSP","Business","Other_Commercial_Buildings","Non_Ducted_Central_Heating",0.1745545226739996,0.19864458027770585,0.446481438193431,0,0,0,9.3389576454573214E-2,8.6929882400290315E-2,0,2.1371231726239918E-4,0,4.3954673105321294E-4]
[null,"PSP-Business-Other_Commercial_Buildings-Other_Plug_Loads","PSP","Business","Other_Commercial_Buildings","Other_Plug_Loads",7.2312435327470406E-2,8.0852757676095399E-2,0.17821397196051544,6.3147473452681818E-2,9.1571459474424743E-2,0.17944306169878194,0.15500217292100621,0.17945666748902422,1.2067754640823834E-4,1.1865103676276671E-4,1.2550856522509173E-4,1.2427672408932321E-4]
[null,"PSP-Business-Other_Commercial_Buildings-Refrigeration","PSP","Business","Other_Commercial_Buildings","Refrigeration",7.0687730716340935E-2,8.1453609767409271E-2,0.17934344776575445,6.3048548429972998E-2,9.0908431502084983E-2,0.18030062594318835,0.15395697993206051,0.1803006259431886,1.2016161390750359E-4,1.1781752817582901E-4,1.2495797740532438E-4,1.2220890606281362E-4]
[null,"PSP-Business-Other_Hotel_Motel-Cogeneration","PSP","Business","Other_Hotel_Motel","Cogeneration",0,0,0,0,0,0,0,0,0,0,0,0]
[null,"PSP-Business-Other_Hotel_Motel-Computer_Equipment","PSP","Business","Other_Hotel_Motel","Computer_Equipment",7.2312435327470406E-2,8.0852757676095399E-2,0.17821397196051544,6.3147473452681818E-2,9.1571459474424743E-2,0.17944306169878194,0.15500217292100621,0.17945666748902422,1.2067754640823834E-4,1.1865103676276671E-4,1.2550856522509173E-4,1.2427672408932321E-4]
[null,"PSP-Business-Other_Hotel_Motel-Cooking","PSP","Business","Other_Hotel_Motel","Cooking",9.1164346329279444E-2,0.10235569108586202,0.13806972387209507,8.1128731363490289E-2,0.11471029990923226,0.13854001262297777,0.19549118219408559,0.13854001262297766,1.5783875082969878E-4,1.6078813724489867E-4,1.7530506816671883E-4,1.6946156741441351E-4]
[null,"PSP-Business-Other_Hotel_Motel-Cooling_Chillers","PSP","Business","Other_Hotel_Motel","Cooling_Chillers",0,0,0,0.30570448061473476,0.32638263820938312,0.32753022073774535,1.9404915461479062E-2,2.0977744976657702E-2,6.515608417748674E-4,0,8.8433926157319002E-4,0]
[null,"PSP-Business-Other_Hotel_Motel-Cooling_DX","PSP","Business","Other_Hotel_Motel","Cooling_DX",0,0,0,0.30570448061473476,0.32638263820938312,0.32753022073774535,1.9404915461479062E-2,2.0977744976657702E-2,6.515608417748674E-4,0,8.8433926157319002E-4,0]
[null,"PSP-Business-Other_Hotel_Motel-Domestic_Hot_Water","PSP","Business","Other_Hotel_Motel","Domestic_Hot_Water",9.4427061415277194E-2,0.10726914140768652,0.18638952207671075,6.0213933813679836E-2,8.9839188980947407E-2,0.13913766290807583,0.16762952515527041,0.15509396424235214,1.1444796385753911E-4,1.6139133039795461E-4,1.1780277088638449E-4,1.7232296755312573E-4]
[null,"PSP-Business-Other_Hotel_Motel-Elevators","PSP","Business","Other_Hotel_Motel","Elevators",7.7524565147796931E-2,8.6662075247524575E-2,0.16739055325380547,6.6675790752791633E-2,9.9478334847985794E-2,0.16820483896506863,0.16585900281995844,0.16820483896506863,1.3497100103686176E-4,1.4555669980834176E-4,1.4983777921446966E-4,1.4983777921446969E-4]
[null,"PSP-Business-Other_Hotel_Motel-Forced_Air_Central_Heating","PSP","Business","Other_Hotel_Motel","Forced_Air_Central_Heating",0.15080558580413403,0.15102935403910625,0.46971032683124375,2.7448154726561508E-2,2.4667074856193415E-2,2.4515530195576948E-2,5.3944851590851092E-2,9.7879121956333068E-2,6.4490763265991576E-5,2.5596586765743194E-4,1.6017739249631486E-4,4.5595693483505798E-4]
[null,"PSP-Business-Other_Hotel_Motel-HVAC_Fans_Pumps","PSP","Business","Other_Hotel_Motel","HVAC_Fans_Pumps",6.6683789954337741E-2,7.6210045662099851E-2,0.18867423531619543,5.7842465753424679E-2,8.6763698630135874E-2,0.18973822480765737,0.14434931506849175,0.18973822480765737,1.1078248235781978E-4,1.108936725375027E-4,1.1415525114154707E-4,1.1415525114154709E-4]
[null,"PSP-Business-Other_Hotel_Motel-Lighting_Exterior","PSP","Business","Other_Hotel_Motel","Lighting_Exterior",5.4396105583349404E-2,4.2705540043096485E-2,0.27998981156974057,5.5738621193070657E-3,3.6910611291321636E-2,0.24640375258487182,6.984842825478399E-2,0.26417188855352902,1.0675310498161222E-5,2.0575592367726571E-4,1.1000319951266812E-5,2.1889290104394962E-4]
[null,"PSP-Business-Other_Hotel_Motel-Lighting_Interior_Architectural","PSP","Business","Other_Hotel_Motel","Lighting_Interior_Architectural",7.8668174762004259E-2,8.2312621134968941E-2,0.17053953839157232,5.7468385954909912E-2,0.10544451737687564,0.17147125151944637,0.16262425934077615,0.17147125151944639,1.1721598747720073E-4,1.4162451800968571E-4,1.4020840329447744E-4,1.5137148672546386E-4]
[null,"PSP-Business-Other_Hotel_Motel-Lighting_Interior_General","PSP","Business","Other_Hotel_Motel","Lighting_Interior_General",7.8668174762004259E-2,8.2312621134968941E-2,0.17053953839157232,5.7468385954909912E-2,0.10544451737687564,0.17147125151944637,0.16262425934077615,0.17147125151944639,1.1721598747720073E-4,1.4162451800968571E-4,1.4020840329447744E-4,1.5137148672546386E-4]
[null,"PSP-Business-Other_Hotel_Motel-Lighting_Interior_High_Bay","PSP","Business","Other_Hotel_Motel","Lighting_Interior_High_Bay",7.8668174762004259E-2,8.2312621134968941E-2,0.17053953839157232,5.7468385954909912E-2,0.10544451737687564,0.17147125151944637,0.16262425934077615,0.17147125151944639,1.1721598747720073E-4,1.4162451800968571E-4,1.4020840329447744E-4,1.5137148672546386E-4]
[null,"PSP-Business-Other_Hotel_Motel-Miscellaneous_Equipment","PSP","Business","Other_Hotel_Motel","Miscellaneous_Equipment",7.2312435327470406E-2,8.0852757676095399E-2,0.17821397196051544,6.3147473452681818E-2,9.1571459474424743E-2,0.17944306169878194,0.15500217292100621,0.17945666748902422,1.2067754640823834E-4,1.1865103676276671E-4,1.2550856522509173E-4,1.2427672408932321E-4]
[null,"PSP-Business-Other_Hotel_Motel-Non_Ducted_Central_Heating","PSP","Business","Other_Hotel_Motel","Non_Ducted_Central_Heating",0.16858200938747628,0.17475094749822287,0.49678322272813624,1.8300037581555277E-5,3.4876956328109147E-5,1.0351602828290256E-3,5.6191692331269832E-2,0.10260379077815605,0,2.8956462189580251E-4,0,4.7811437406314089E-4]
[null,"PSP-Business-Other_Hotel_Motel-Other_Plug_Loads","PSP","Business","Other_Hotel_Motel","Other_Plug_Loads",7.2312435327470406E-2,8.0852757676095399E-2,0.17821397196051544,6.3147473452681818E-2,9.1571459474424743E-2,0.17944306169878194,0.15500217292100621,0.17945666748902422,1.2067754640823834E-4,1.1865103676276671E-4,1.2550856522509173E-4,1.2427672408932321E-4]
[null,"PSP-Business-Other_Hotel_Motel-Refrigeration","PSP","Business","Other_Hotel_Motel","Refrigeration",7.0375375182675101E-2,8.0846983384455104E-2,0.18034928064852013,6.2335840499861003E-2,9.0698649386228347E-2,0.18131560035500732,0.15276267018824555,0.18131560035500732,1.1885114857641523E-4,1.1658027439181051E-4,1.2302317051482564E-4,1.2056271042831313E-4]
[null,"PSP-Business-Other_Non_Food_Retail-Cogeneration","PSP","Business","Other_Non_Food_Retail","Cogeneration",0,0,0,0,0,0,0,0,0,0,0,0]
[null,"PSP-Business-Other_Non_Food_Retail-Computer_Equipment","PSP","Business","Other_Non_Food_Retail","Computer_Equipment",7.2312435327470406E-2,8.0852757676095399E-2,0.17821397196051544,6.3147473452681818E-2,9.1571459474424743E-2,0.17944306169878194,0.15500217292100621,0.17945666748902422,1.2067754640823834E-4,1.1865103676276671E-4,1.2550856522509173E-4,1.2427672408932321E-4]
[null,"PSP-Business-Other_Non_Food_Retail-Cooking","PSP","Business","Other_Non_Food_Retail","Cooking",9.3577070460776346E-2,0.10797109721016797,0.12769600611076404,0.10893981180067136,9.5782679130717405E-2,0.13107169954986025,0.20383058385463215,0.13113105188241059,1.7742612029805093E-4,6.5073207849808876E-5,2.8432398706140246E-4,1.6526437951415245E-4]
[null,"PSP-Business-Other_Non_Food_Retail-Cooling_Chillers","PSP","Business","Other_Non_Food_Retail","Cooling_Chillers",0,0,0,0.30570448061473476,0.32638263820938312,0.32753022073774535,1.9404915461479062E-2,2.0977744976657702E-2,6.515608417748674E-4,0,8.8433926157319002E-4,0]
[null,"PSP-Business-Other_Non_Food_Retail-Cooling_DX","PSP","Business","Other_Non_Food_Retail","Cooling_DX",0,0,0,0.30570448061473476,0.32638263820938312,0.32753022073774535,1.9404915461479062E-2,2.0977744976657702E-2,6.515608417748674E-4,0,8.8433926157319002E-4,0]
[null,"PSP-Business-Other_Non_Food_Retail-Domestic_Hot_Water","PSP","Business","Other_Non_Food_Retail","Domestic_Hot_Water",9.403242980108649E-2,0.10760347422003488,0.18537346152022954,6.3665642532836186E-2,8.6442237636276634E-2,0.13973426786766921,0.16746771074815794,0.15568077567370925,1.2053978537292715E-4,1.7093434985548643E-4,1.4295450115321155E-4,2.0911514797240224E-4]
[null,"PSP-Business-Other_Non_Food_Retail-Elevators","PSP","Business","Other_Non_Food_Retail","Elevators",7.9804055899824561E-2,9.2130694095591367E-2,0.15849318262261441,8.319704403815889E-2,9.1172946230974244E-2,0.16069068957693133,0.17379536728271947,0.16071602025318565,1.4725973858667325E-4,9.7212051390775198E-5,1.9388059070494384E-4,1.521216848665887E-4]
[null,"PSP-Business-Other_Non_Food_Retail-Forced_Air_Central_Heating","PSP","Business","Other_Non_Food_Retail","Forced_Air_Central_Heating",0.18602547791820823,0.23275991887670955,0.33504186918961704,3.27410971248384E-2,2.7768564592274635E-2,3.2766024560836292E-2,9.3937991250770472E-2,5.895905648674539E-2,7.5521045741537522E-5,3.3102142787839019E-4,1.4049118735807271E-4,5.0135567600396959E-4]
[null,"PSP-Business-Other_Non_Food_Retail-HVAC_Fans_Pumps","PSP","Business","Other_Non_Food_Retail","HVAC_Fans_Pumps",6.6683789954337741E-2,7.6210045662099851E-2,0.18867423531619543,5.7842465753424679E-2,8.6763698630135874E-2,0.18973822480765737,0.14434931506849175,0.18973822480765737,1.1078248235781978E-4,1.108936725375027E-4,1.1415525114154707E-4,1.1415525114154709E-4]
[null,"PSP-Business-Other_Non_Food_Retail-Lighting_Exterior","PSP","Business","Other_Non_Food_Retail","Lighting_Exterior",5.4396105550302713E-2,4.2705540060355394E-2,0.27998981118884869,5.5738621418680622E-3,3.6910612409292887E-2,0.24640375194724498,6.9848428498099427E-2,0.2641718882039879,1.0675310541371195E-5,2.0575591779579584E-4,1.1000319995792344E-5,2.188929003794578E-4]
[null,"PSP-Business-Other_Non_Food_Retail-Lighting_Interior_Architectural","PSP","Business","Other_Non_Food_Retail","Lighting_Interior_Architectural",8.7376433356413846E-2,9.7392231843897295E-2,0.14518800066156654,9.2488928903884771E-2,9.5029340019113381E-2,0.14784221349297033,0.18679955625749051,0.14788329546466342,1.6400826997111956E-4,8.9104029416986661E-5,2.2252727488579247E-4,2.0004976953607684E-4]
[null,"PSP-Business-Other_Non_Food_Retail-Lighting_Interior_General","PSP","Business","Other_Non_Food_Retail","Lighting_Interior_General",8.7376433356413846E-2,9.7392231843897295E-2,0.14518800066156654,9.2488928903884771E-2,9.5029340019113381E-2,0.14784221349297033,0.18679955625749051,0.14788329546466342,1.6400826997111956E-4,8.9104029416986661E-5,2.2252727488579247E-4,2.0004976953607684E-4]
[null,"PSP-Business-Other_Non_Food_Retail-Lighting_Interior_High_Bay","PSP","Business","Other_Non_Food_Retail","Lighting_Interior_High_Bay",8.7376433356413846E-2,9.7392231843897295E-2,0.14518800066156654,9.2488928903884771E-2,9.5029340019113381E-2,0.14784221349297033,0.18679955625749051,0.14788329546466342,1.6400826997111956E-4,8.9104029416986661E-5,2.2252727488579247E-4,2.0004976953607684E-4]
[null,"PSP-Business-Other_Non_Food_Retail-Miscellaneous_Equipment","PSP","Business","Other_Non_Food_Retail","Miscellaneous_Equipment",7.2312435327470406E-2,8.0852757676095399E-2,0.17821397196051544,6.3147473452681818E-2,9.1571459474424743E-2,0.17944306169878194,0.15500217292100621,0.17945666748902422,1.2067754640823834E-4,1.1865103676276671E-4,1.2550856522509173E-4,1.2427672408932321E-4]
[null,"PSP-Business-Other_Non_Food_Retail-Non_Ducted_Central_Heating","PSP","Business","Other_Non_Food_Retail","Non_Ducted_Central_Heating",0.210712628860243,0.26746281610836703,0.35808401330328993,1.0519419679006543E-6,1.1364252091409169E-5,3.7316861034415438E-5,0.1033889146951374,6.0301893977868969E-2,0,3.7608980820818085E-4,0,5.3354609410820417E-4]
[null,"PSP-Business-Other_Non_Food_Retail-Other_Plug_Loads","PSP","Business","Other_Non_Food_Retail","Other_Plug_Loads",7.2312435327470406E-2,8.0852757676095399E-2,0.17821397196051544,6.3147473452681818E-2,9.1571459474424743E-2,0.17944306169878194,0.15500217292100621,0.17945666748902422,1.2067754640823834E-4,1.1865103676276671E-4,1.2550856522509173E-4,1.2427672408932321E-4]
[null,"PSP-Business-Other_Non_Food_Retail-Refrigeration","PSP","Business","Other_Non_Food_Retail","Refrigeration",6.8554137031733686E-2,7.8990325158937086E-2,0.18385569250558687,6.1156106325585803E-2,8.8204401525236856E-2,0.18507561822555973,0.14908810100180034,0.18507561822555971,1.1652650375522761E-4,1.14390701285106E-4,1.2498593542300927E-4,1.2223624569020645E-4]
[null,{"$f":"CONCATENATE(C198,\"-\",D198,\"-\",E198,\"-\",F198)","v":"PSP-Business-Other_Office-Cogeneration"},"PSP","Business","Other_Office","Cogeneration",0,0,0,0,0,0,0,0,0,0,0,0]
[null,"PSP-Business-Other_Office-Computer_Equipment","PSP","Business","Other_Office","Computer_Equipment",7.2312435327470406E-2,8.0852757676095399E-2,0.17821397196051544,6.3147473452681818E-2,9.1571459474424743E-2,0.17944306169878194,0.15500217292100621,0.17945666748902422,1.2067754640823834E-4,1.1865103676276671E-4,1.2550856522509173E-4,1.2427672408932321E-4]
[null,"PSP-Business-Other_Office-Cooking","PSP","Business","Other_Office","Cooking",7.8418105039645941E-2,8.1240374181620667E-2,0.1676567859014309,8.0400656127110448E-2,8.2243959604477807E-2,0.17522486630141129,0.16019437205329418,0.17462088079100865,1.2399495062914679E-4,5.0817623027465486E-5,2.6741319953129956E-4,1.0881067670014554E-4]
[null,"PSP-Business-Other_Office-Cooling_Chillers","PSP","Business","Other_Office","Cooling_Chillers",0,0,0,0.30570448061473476,0.32638263820938312,0.32753022073774535,1.9404915461479062E-2,2.0977744976657702E-2,6.515608417748674E-4,0,8.8433926157319002E-4,0]
[null,"PSP-Business-Other_Office-Cooling_DX","PSP","Business","Other_Office","Cooling_DX",0,0,0,0.30570448061473476,0.32638263820938312,0.32753022073774535,1.9404915461479062E-2,2.0977744976657702E-2,6.515608417748674E-4,0,8.8433926157319002E-4,0]
[null,"PSP-Business-Other_Office-Domestic_Hot_Water","PSP","Business","Other_Office","Domestic_Hot_Water",8.0735572383861767E-2,9.2347828041627542E-2,0.21473859548131621,5.3735143793805867E-2,7.5059789689064293E-2,0.16052360771570692,0.14374436575979566,0.17911509713482174,9.8383538438488779E-5,1.204901666128548E-4,1.1260971703673491E-4,1.2865141527178335E-4]
[null,"PSP-Business-Other_Office-Elevators","PSP","Business","Other_Office","Elevators",7.2001042323640449E-2,8.0142785622321244E-2,0.1775700842444633,6.9450657433532056E-2,8.4948671993452421E-2,0.18138750561008612,0.1533512963234864,0.18114795644901807,1.1884431754896666E-4,8.6283625618595585E-5,1.8175820498516322E-4,1.1352353279111239E-4]
[null,"PSP-Business-Other_Office-Forced_Air_Central_Heating","PSP","Business","Other_Office","Forced_Air_Central_Heating",0.19726311248438747,0.15249262228025032,0.35734456345373833,5.0374112304552736E-2,4.0311783164870968E-2,6.7141692411690587E-2,6.5260233426148215E-2,6.9811880474361626E-2,9.32003866919928E-5,2.3732649212465233E-4,2.0822202047971231E-4,5.6715031806692966E-4]
[null,"PSP-Business-Other_Office-HVAC_Fans_Pumps","PSP","Business","Other_Office","HVAC_Fans_Pumps",6.6683789954337741E-2,7.6210045662099851E-2,0.18867423531619543,5.7842465753424679E-2,8.6763698630135874E-2,0.18973822480765737,0.14434931506849175,0.18973822480765737,1.1078248235781978E-4,1.108936725375027E-4,1.1415525114154707E-4,1.1415525114154709E-4]
[null,"PSP-Business-Other_Office-Lighting_Exterior","PSP","Business","Other_Office","Lighting_Exterior",5.4396105459444871E-2,4.2705540192527494E-2,0.27998981153822472,5.5738621907283088E-3,3.691061145964715E-2,0.24640375275288798,6.9848427906838845E-2,0.26417188849970075,1.0675310634950575E-5,2.0575591908889639E-4,1.1000320092220638E-5,2.1889289876291377E-4]
[null,"PSP-Business-Other_Office-Lighting_Interior_Architectural","PSP","Business","Other_Office","Lighting_Interior_Architectural",7.2868550334334273E-2,7.9568368384155194E-2,0.17649847883076702,6.7144036123110595E-2,8.7759382667392416E-2,0.18159017827258728,0.15337431064293,0.18119669474472327,1.2002467484432268E-4,9.9517694661594621E-5,1.851611170732339E-4,1.4771664703427169E-4]
[null,"PSP-Business-Other_Office-Lighting_Interior_General","PSP","Business","Other_Office","Lighting_Interior_General",7.2868550334334273E-2,7.9568368384155194E-2,0.17649847883076702,6.7144036123110595E-2,8.7759382667392416E-2,0.18159017827258728,0.15337431064293,0.18119669474472327,1.2002467484432268E-4,9.9517694661594621E-5,1.851611170732339E-4,1.4771664703427169E-4]
[null,"PSP-Business-Other_Office-Lighting_Interior_High_Bay","PSP","Business","Other_Office","Lighting_Interior_High_Bay",7.2868550334334273E-2,7.9568368384155194E-2,0.17649847883076702,6.7144036123110595E-2,8.7759382667392416E-2,0.18159017827258728,0.15337431064293,0.18119669474472327,1.2002467484432268E-4,9.9517694661594621E-5,1.851611170732339E-4,1.4771664703427169E-4]
[null,"PSP-Business-Other_Office-Miscellaneous_Equipment","PSP","Business","Other_Office","Miscellaneous_Equipment",7.2312435327470406E-2,8.0852757676095399E-2,0.17821397196051544,6.3147473452681818E-2,9.1571459474424743E-2,0.17944306169878194,0.15500217292100621,0.17945666748902422,1.2067754640823834E-4,1.1865103676276671E-4,1.2550856522509173E-4,1.2427672408932321E-4]
[null,"PSP-Business-Other_Office-Non_Ducted_Central_Heating","PSP","Business","Other_Office","Non_Ducted_Central_Heating",0.20634833697736646,0.19372606040850332,0.42366108792373069,0,2.734647062896752E-6,3.9573831604484298E-7,7.873105422645979E-2,9.7530330078560892E-2,0,3.1483982914277492E-4,0,5.2619354540540009E-4]
[null,"PSP-Business-Other_Office-Other_Plug_Loads","PSP","Business","Other_Office","Other_Plug_Loads",7.2312435327470406E-2,8.0852757676095399E-2,0.17821397196051544,6.3147473452681818E-2,9.1571459474424743E-2,0.17944306169878194,0.15500217292100621,0.17945666748902422,1.2067754640823834E-4,1.1865103676276671E-4,1.2550856522509173E-4,1.2427672408932321E-4]
[null,"PSP-Business-Other_Office-Refrigeration","PSP","Business","Other_Office","Refrigeration",6.7368673374678292E-2,7.7980873903057177E-2,0.18600197206404215,6.0536946899572314E-2,8.6613968839151401E-2,0.1873569791246906,0.14678335013606292,0.18735723565874518,1.122653329603299E-4,1.0591111422126309E-4,1.2749645245751441E-4,1.090261469924766E-4]
[null,"PSP-Business-Restaurant-Cogeneration","PSP","Business","Restaurant","Cogeneration",0,0,0,0,0,0,0,0,0,0,0,0]
[null,"PSP-Business-Restaurant-Computer_Equipment","PSP","Business","Restaurant","Computer_Equipment",7.2312435327470406E-2,8.0852757676095399E-2,0.17821397196051544,6.3147473452681818E-2,9.1571459474424743E-2,0.17944306169878194,0.15500217292100621,0.17945666748902422,1.2067754640823834E-4,1.1865103676276671E-4,1.2550856522509173E-4,1.2427672408932321E-4]
[null,"PSP-Business-Restaurant-Cooking","PSP","Business","Restaurant","Cooking",9.1093985831333699E-2,0.11083025496140286,0.13048838993579304,8.98764467824439E-2,0.11446749731517851,0.13086689220244405,0.20173325342853315,0.1306432795428708,1.8650105204426465E-4,1.8430476318382841E-4,2.0500308664820856E-4,1.9795798359158859E-4]
[null,"PSP-Business-Restaurant-Cooling_Chillers","PSP","Business","Restaurant","Cooling_Chillers",0,0,0,0.30570448061473476,0.32638263820938312,0.32753022073774535,1.9404915461479062E-2,2.0977744976657702E-2,6.515608417748674E-4,0,8.8433926157319002E-4,0]
[null,"PSP-Business-Restaurant-Cooling_DX","PSP","Business","Restaurant","Cooling_DX",0,0,0,0.30570448061473476,0.32638263820938312,0.32753022073774535,1.9404915461479062E-2,2.0977744976657702E-2,6.515608417748674E-4,0,8.8433926157319002E-4,0]
[null,"PSP-Business-Restaurant-Domestic_Hot_Water","PSP","Business","Restaurant","Domestic_Hot_Water",0.10307710122311466,0.12951863536651548,0.1562669954213442,7.587459460418991E-2,9.7166425178865354E-2,0.1168573890051131,0.19129644680655841,0.12994241239429885,1.629293360926392E-4,2.4034488124125705E-4,1.7965857087522371E-4,2.5951826317565903E-4]
[null,"PSP-Business-Restaurant-Elevators","PSP","Business","Restaurant","Elevators",7.8103873920212868E-2,9.5626280508081182E-2,0.15827948001994985,7.5979720314586288E-2,9.9832281380673654E-2,0.15898538767016573,0.17432483361151246,0.15886814257481799,1.5136031611681351E-4,1.4733242018445539E-4,1.5720575740212504E-4,1.551566229070228E-4]
[null,"PSP-Business-Restaurant-Forced_Air_Central_Heating","PSP","Business","Restaurant","Forced_Air_Central_Heating",0.12479295884006809,0.11412453504234008,0.39549031154545078,4.8689493961199946E-2,5.7182607638302012E-2,8.4119646110421456E-2,6.3171816321831109E-2,0.11242863054038661,1.0450764344602002E-4,1.8145840056336905E-4,1.4222185430814259E-4,3.5028266250158624E-4]
[null,"PSP-Business-Restaurant-HVAC_Fans_Pumps","PSP","Business","Restaurant","HVAC_Fans_Pumps",6.6683789954337741E-2,7.6210045662099851E-2,0.18867423531619543,5.7842465753424679E-2,8.6763698630135874E-2,0.18973822480765737,0.14434931506849175,0.18973822480765737,1.1078248235781978E-4,1.108936725375027E-4,1.1415525114154707E-4,1.1415525114154709E-4]
[null,"PSP-Business-Restaurant-Lighting_Exterior","PSP","Business","Restaurant","Lighting_Exterior",5.4396105295907035E-2,4.2705539992424817E-2,0.27998981147420565,5.5738621392282129E-3,3.6910611758176837E-2,0.24640375247960594,6.9848428362905959E-2,0.26417188849754542,1.0675310536315975E-5,2.0575592131596008E-4,1.1000319990583176E-5,2.1889290019646608E-4]
[null,"PSP-Business-Restaurant-Lighting_Interior_Architectural","PSP","Business","Restaurant","Lighting_Interior_Architectural",8.0282119542705144E-2,0.10147074136783625,0.15038425031121172,7.9322778855002885E-2,0.10460806720725277,0.1509970996500648,0.1820999046206542,0.15083503844527216,1.5902225172289587E-4,1.5870821818573017E-4,1.6432236695991973E-4,1.6400958728912196E-4]
[null,"PSP-Business-Restaurant-Lighting_Interior_General","PSP","Business","Restaurant","Lighting_Interior_General",8.0282119542705144E-2,0.10147074136783625,0.15038425031121172,7.9322778855002885E-2,0.10460806720725277,0.1509970996500648,0.1820999046206542,0.15083503844527216,1.5902225172289587E-4,1.5870821818573017E-4,1.6432236695991973E-4,1.6400958728912196E-4]
[null,"PSP-Business-Restaurant-Lighting_Interior_High_Bay","PSP","Business","Restaurant","Lighting_Interior_High_Bay",8.0282119542705144E-2,0.10147074136783625,0.15038425031121172,7.9322778855002885E-2,0.10460806720725277,0.1509970996500648,0.1820999046206542,0.15083503844527216,1.5902225172289587E-4,1.5870821818573017E-4,1.6432236695991973E-4,1.6400958728912196E-4]
[null,"PSP-Business-Restaurant-Miscellaneous_Equipment","PSP","Business","Restaurant","Miscellaneous_Equipment",7.2312435327470406E-2,8.0852757676095399E-2,0.17821397196051544,6.3147473452681818E-2,9.1571459474424743E-2,0.17944306169878194,0.15500217292100621,0.17945666748902422,1.2067754640823834E-4,1.1865103676276671E-4,1.2550856522509173E-4,1.2427672408932321E-4]
[null,"PSP-Business-Restaurant-Non_Ducted_Central_Heating","PSP","Business","Restaurant","Non_Ducted_Central_Heating",0.210712628860243,0.26746281610836703,0.35808401330328993,1.0519419679006543E-6,1.1364252091409169E-5,3.7316861034415438E-5,0.1033889146951374,6.0301893977868969E-2,0,3.7608980820818085E-4,0,5.3354609410820417E-4]
[null,"PSP-Business-Restaurant-Other_Plug_Loads","PSP","Business","Restaurant","Other_Plug_Loads",7.2312435327470406E-2,8.0852757676095399E-2,0.17821397196051544,6.3147473452681818E-2,9.1571459474424743E-2,0.17944306169878194,0.15500217292100621,0.17945666748902422,1.2067754640823834E-4,1.1865103676276671E-4,1.2550856522509173E-4,1.2427672408932321E-4]
[null,"PSP-Business-Restaurant-Refrigeration","PSP","Business","Restaurant","Refrigeration",6.8810037619062209E-2,8.0868269899084438E-2,0.18199404658416074,6.2196778935136081E-2,8.9275157193174068E-2,0.18297931142075938,0.150930987564212,0.18294541078441104,1.2065711235627211E-4,1.1825972028412543E-4,1.2541544680799691E-4,1.2300605084541094E-4]
[null,"PSP-Business-Schools-Cogeneration","PSP","Business","Schools","Cogeneration",0,0,0,0,0,0,0,0,0,0,0,0]
[null,"PSP-Business-Schools-Computer_Equipment","PSP","Business","Schools","Computer_Equipment",7.2312435327470406E-2,8.0852757676095399E-2,0.17821397196051544,6.3147473452681818E-2,9.1571459474424743E-2,0.17944306169878194,0.15500217292100621,0.17945666748902422,1.2067754640823834E-4,1.1865103676276671E-4,1.2550856522509173E-4,1.2427672408932321E-4]
[null,"PSP-Business-Schools-Cooking","PSP","Business","Schools","Cooking",9.1177615963942929E-2,8.1483807451944681E-2,0.20246301225401339,4.4726942081127832E-2,5.2890781544906458E-2,0.11551492961808864,0.18699573521749402,0.22474717586848206,3.4661394560644152E-5,1.4990979344387318E-5,1.5634898231628726E-4,2.1184236684665501E-5]
[null,"PSP-Business-Schools-Cooling_Chillers","PSP","Business","Schools","Cooling_Chillers",0,0,0,0.30570448061473476,0.32638263820938312,0.32753022073774535,1.9404915461479062E-2,2.0977744976657702E-2,6.515608417748674E-4,0,8.8433926157319002E-4,0]
[null,"PSP-Business-Schools-Cooling_DX","PSP","Business","Schools","Cooling_DX",0,0,0,0.30570448061473476,0.32638263820938312,0.32753022073774535,1.9404915461479062E-2,2.0977744976657702E-2,6.515608417748674E-4,0,8.8433926157319002E-4,0]
[null,"PSP-Business-Schools-Domestic_Hot_Water","PSP","Business","Schools","Domestic_Hot_Water",8.7528459188408084E-2,0.10298629171467341,0.18043423392980543,7.8729536970494202E-2,7.5865721663611455E-2,0.14667060320251937,0.16724516305637166,0.16053999027411642,1.1478968035284879E-4,5.851261686886557E-5,2.6310067167123182E-4,1.0203941974899772E-4]
[null,"PSP-Business-Schools-Elevators","PSP","Business","Schools","Elevators",9.1067008051932075E-2,8.3641648673618715E-2,0.20577863339400312,4.3352835251055669E-2,6.4151672226665624E-2,0.11342584431123619,0.18261699307179616,0.21596536501969243,4.7212435102693513E-5,7.6662850335381324E-5,1.2113857193512698E-4,7.8917640051127757E-5]
[null,"PSP-Business-Schools-Forced_Air_Central_Heating","PSP","Business","Schools","Forced_Air_Central_Heating",0.19251076767498565,0.17857577280693918,0.44042394737505453,6.6281498101277156E-3,5.8610072303326875E-3,8.556565597736987E-3,7.7855360593959852E-2,8.958842891086341E-2,7.2772834981634221E-6,1.4856328471646015E-4,9.6060142175757168E-5,4.2084273020354199E-4]
[null,"PSP-Business-Schools-HVAC_Fans_Pumps","PSP","Business","Schools","HVAC_Fans_Pumps",6.6683789954337741E-2,7.6210045662099851E-2,0.18867423531619543,5.7842465753424679E-2,8.6763698630135874E-2,0.18973822480765737,0.14434931506849175,0.18973822480765737,1.1078248235781978E-4,1.108936725375027E-4,1.1415525114154707E-4,1.1415525114154709E-4]
[null,"PSP-Business-Schools-Lighting_Exterior","PSP","Business","Schools","Lighting_Exterior",5.4396105396568431E-2,4.2705540134081621E-2,0.27998981072388984,5.5738620515163951E-3,3.6910611927574041E-2,0.24640375280116622,6.9848428296639176E-2,0.26417188866856439,1.0675310368324969E-5,2.0575592193882236E-4,1.1000319817477681E-5,2.1889289872672874E-4]
[null,"PSP-Business-Schools-Lighting_Interior_Architectural","PSP","Business","Schools","Lighting_Interior_Architectural",8.3953644229769614E-2,8.9305818729762246E-2,0.20405535893096902,4.8217882563787978E-2,5.4496949278943517E-2,0.1151681523991073,0.18440567646185416,0.2203965174058061,4.7163382990221896E-5,4.5068886728595806E-5,1.4143577587212108E-4,4.8825059370082676E-5]
[null,"PSP-Business-Schools-Lighting_Interior_General","PSP","Business","Schools","Lighting_Interior_General",8.3953644229769614E-2,8.9305818729762246E-2,0.20405535893096902,4.8217882563787978E-2,5.4496949278943517E-2,0.1151681523991073,0.18440567646185416,0.2203965174058061,4.7163382990221896E-5,4.5068886728595806E-5,1.4143577587212108E-4,4.8825059370082676E-5]
[null,"PSP-Business-Schools-Lighting_Interior_High_Bay","PSP","Business","Schools","Lighting_Interior_High_Bay",8.3953644229769614E-2,8.9305818729762246E-2,0.20405535893096902,4.8217882563787978E-2,5.4496949278943517E-2,0.1151681523991073,0.18440567646185416,0.2203965174058061,4.7163382990221896E-5,4.5068886728595806E-5,1.4143577587212108E-4,4.8825059370082676E-5]
[null,"PSP-Business-Schools-Miscellaneous_Equipment","PSP","Business","Schools","Miscellaneous_Equipment",7.2312435327470406E-2,8.0852757676095399E-2,0.17821397196051544,6.3147473452681818E-2,9.1571459474424743E-2,0.17944306169878194,0.15500217292100621,0.17945666748902422,1.2067754640823834E-4,1.1865103676276671E-4,1.2550856522509173E-4,1.2427672408932321E-4]
[null,"PSP-Business-Schools-Non_Ducted_Central_Heating","PSP","Business","Schools","Non_Ducted_Central_Heating",0.20634833697736646,0.19372606040850332,0.42366108792373069,0,2.734647062896752E-6,3.9573831604484298E-7,7.873105422645979E-2,9.7530330078560892E-2,0,3.1483982914277492E-4,0,5.2619354540540009E-4]
[null,"PSP-Business-Schools-Other_Plug_Loads","PSP","Business","Schools","Other_Plug_Loads",7.2312435327470406E-2,8.0852757676095399E-2,0.17821397196051544,6.3147473452681818E-2,9.1571459474424743E-2,0.17944306169878194,0.15500217292100621,0.17945666748902422,1.2067754640823834E-4,1.1865103676276671E-4,1.2550856522509173E-4,1.2427672408932321E-4]
[null,"PSP-Business-Schools-Refrigeration","PSP","Business","Schools","Refrigeration",6.7405704699322042E-2,7.7902332602873811E-2,0.18604527982066496,6.0450257752331954E-2,8.6659989465406997E-2,0.18740075812082629,0.14673607435143757,0.18739960318713633,1.1214589566482066E-4,1.0596058423980707E-4,1.2755601746889498E-4,1.0907707201156597E-4]
[null,"PSP-Business-University_Colleges-Cogeneration","PSP","Business","University_Colleges","Cogeneration",0,0,0,0,0,0,0,0,0,0,0,0]
[null,"PSP-Business-University_Colleges-Computer_Equipment","PSP","Business","University_Colleges","Computer_Equipment",7.2312435327470406E-2,8.0852757676095399E-2,0.17821397196051544,6.3147473452681818E-2,9.1571459474424743E-2,0.17944306169878194,0.15500217292100621,0.17945666748902422,1.2067754640823834E-4,1.1865103676276671E-4,1.2550856522509173E-4,1.2427672408932321E-4]
[null,"PSP-Business-University_Colleges-Cooking","PSP","Business","University_Colleges","Cooking",7.4156501276513825E-2,7.691663640345843E-2,0.18342196733238234,6.5841889186304514E-2,7.0245584524101526E-2,0.16415229074235824,0.16294088888770747,0.20232424164717375,1.1406593199322158E-4,9.3187385614990623E-5,2.4803358028906126E-4,1.9798361466434171E-4]
[null,"PSP-Business-University_Colleges-Cooling_Chillers","PSP","Business","University_Colleges","Cooling_Chillers",0,0,0,0.30570448061473476,0.32638263820938312,0.32753022073774535,1.9404915461479062E-2,2.0977744976657702E-2,6.515608417748674E-4,0,8.8433926157319002E-4,0]
[null,"PSP-Business-University_Colleges-Cooling_DX","PSP","Business","University_Colleges","Cooling_DX",0,0,0,0.30570448061473476,0.32638263820938312,0.32753022073774535,1.9404915461479062E-2,2.0977744976657702E-2,6.515608417748674E-4,0,8.8433926157319002E-4,0]
[null,"PSP-Business-University_Colleges-Domestic_Hot_Water","PSP","Business","University_Colleges","Domestic_Hot_Water",9.2209727483487935E-2,9.8128482511053453E-2,0.18255482678759602,6.2809464815709398E-2,9.0429768426981111E-2,0.14665345113025829,0.16625010309786153,0.16096417574705221,1.1633738302702693E-4,1.4149405207134434E-4,1.8155188837348424E-4,2.5217079998499694E-4]
[null,"PSP-Business-University_Colleges-Elevators","PSP","Business","University_Colleges","Elevators",7.8182356676419304E-2,8.3455432380085195E-2,0.19049611207143957,6.1723692173377025E-2,7.751526035567223E-2,0.14167758496650762,0.16828373286036766,0.19866582851613143,1.0120878296510587E-4,1.0700581298055145E-4,1.5661831721962098E-4,1.5547930834127372E-4]
[null,"PSP-Business-University_Colleges-Forced_Air_Central_Heating","PSP","Business","University_Colleges","Forced_Air_Central_Heating",0.19647273015606412,0.16616341803191648,0.41933208933411598,2.1373214877546665E-2,1.6524131118831293E-2,2.8337578833862835E-2,7.4531753525873934E-2,7.7265084121788535E-2,2.3261613232061871E-5,2.4879406643564999E-4,1.0959311664653704E-4,4.4407657691014998E-4]
[null,"PSP-Business-University_Colleges-HVAC_Fans_Pumps","PSP","Business","University_Colleges","HVAC_Fans_Pumps",6.6683789954337741E-2,7.6210045662099851E-2,0.18867423531619543,5.7842465753424679E-2,8.6763698630135874E-2,0.18973822480765737,0.14434931506849175,0.18973822480765737,1.1078248235781978E-4,1.108936725375027E-4,1.1415525114154707E-4,1.1415525114154709E-4]
[null,"PSP-Business-University_Colleges-Lighting_Exterior","PSP","Business","University_Colleges","Lighting_Exterior",5.4396105527388022E-2,4.2705540067371699E-2,0.27998981046849475,5.5738621530015834E-3,3.6910612546225324E-2,0.2464037523196633,6.984842874326927E-2,0.26417188817458609,1.0675310562694299E-5,2.0575592004464552E-4,1.1000320017764597E-5,2.1889289785986463E-4]
[null,"PSP-Business-University_Colleges-Lighting_Interior_Architectural","PSP","Business","University_Colleges","Lighting_Interior_Architectural",7.6443337220641644E-2,8.6528880099912261E-2,0.18819418685342337,6.5832548907835034E-2,7.5833142280838234E-2,0.14067040874147235,0.16995407922517491,0.19654341667070219,1.0749211463456643E-4,1.0010882981515658E-4,1.6332444828751571E-4,1.3696511990795603E-4]
[null,"PSP-Business-University_Colleges-Lighting_Interior_General","PSP","Business","University_Colleges","Lighting_Interior_General",7.6443337220641644E-2,8.6528880099912261E-2,0.18819418685342337,6.5832548907835034E-2,7.5833142280838234E-2,0.14067040874147235,0.16995407922517491,0.19654341667070219,1.0749211463456643E-4,1.0010882981515658E-4,1.6332444828751571E-4,1.3696511990795603E-4]
[null,"PSP-Business-University_Colleges-Lighting_Interior_High_Bay","PSP","Business","University_Colleges","Lighting_Interior_High_Bay",7.6443337220641644E-2,8.6528880099912261E-2,0.18819418685342337,6.5832548907835034E-2,7.5833142280838234E-2,0.14067040874147235,0.16995407922517491,0.19654341667070219,1.0749211463456643E-4,1.0010882981515658E-4,1.6332444828751571E-4,1.3696511990795603E-4]
[null,{"$f":"CONCATENATE(C262,\"-\",D262,\"-\",E262,\"-\",F262)","v":"PSP-Business-University_Colleges-Miscellaneous_Equipment"},"PSP","Business","University_Colleges","Miscellaneous_Equipment",7.2312435327470406E-2,8.0852757676095399E-2,0.17821397196051544,6.3147473452681818E-2,9.1571459474424743E-2,0.17944306169878194,0.15500217292100621,0.17945666748902422,1.2067754640823834E-4,1.1865103676276671E-4,1.2550856522509173E-4,1.2427672408932321E-4]
[null,"PSP-Business-University_Colleges-Non_Ducted_Central_Heating","PSP","Business","University_Colleges","Non_Ducted_Central_Heating",0.20634833697736646,0.19372606040850332,0.42366108792373069,0,2.734647062896752E-6,3.9573831604484298E-7,7.873105422645979E-2,9.7530330078560892E-2,0,3.1483982914277492E-4,0,5.2619354540540009E-4]
[null,"PSP-Business-University_Colleges-Other_Plug_Loads","PSP","Business","University_Colleges","Other_Plug_Loads",7.2312435327470406E-2,8.0852757676095399E-2,0.17821397196051544,6.3147473452681818E-2,9.1571459474424743E-2,0.17944306169878194,0.15500217292100621,0.17945666748902422,1.2067754640823834E-4,1.1865103676276671E-4,1.2550856522509173E-4,1.2427672408932321E-4]
[null,"PSP-Business-University_Colleges-Refrigeration","PSP","Business","University_Colleges","Refrigeration",6.7405704699322042E-2,7.7902332602873811E-2,0.18604527982066496,6.0450257752331954E-2,8.6659989465406997E-2,0.18740075812082629,0.14673607435143757,0.18739960318713633,1.1214589566482066E-4,1.0596058423980707E-4,1.2755601746889498E-4,1.0907707201156597E-4]
[null,"PSP-Business-Warehouse_Wholesale-Cogeneration","PSP","Business","Warehouse_Wholesale","Cogeneration",0,0,0,0,0,0,0,0,0,0,0,0]
[null,"PSP-Business-Warehouse_Wholesale-Computer_Equipment","PSP","Business","Warehouse_Wholesale","Computer_Equipment",7.2312435327470406E-2,8.0852757676095399E-2,0.17821397196051544,6.3147473452681818E-2,9.1571459474424743E-2,0.17944306169878194,0.15500217292100621,0.17945666748902422,1.2067754640823834E-4,1.1865103676276671E-4,1.2550856522509173E-4,1.2427672408932321E-4]
[null,"PSP-Business-Warehouse_Wholesale-Cooking","PSP","Business","Warehouse_Wholesale","Cooking",8.2370763782623632E-2,0.10119655510588811,0.14600775100746569,0.10022028029715511,8.6599357136654537E-2,0.14965386831717531,0.18442772209791156,0.14952370225512612,1.4335531122848167E-4,3.7133926481655776E-5,3.1860045151423246E-4,6.8271513357365783E-5]
[null,"PSP-Business-Warehouse_Wholesale-Cooling_Chillers","PSP","Business","Warehouse_Wholesale","Cooling_Chillers",0,0,0,0.30570448061473476,0.32638263820938312,0.32753022073774535,1.9404915461479062E-2,2.0977744976657702E-2,6.515608417748674E-4,0,8.8433926157319002E-4,0]
[null,"PSP-Business-Warehouse_Wholesale-Cooling_DX","PSP","Business","Warehouse_Wholesale","Cooling_DX",0,0,0,0.30570448061473476,0.32638263820938312,0.32753022073774535,1.9404915461479062E-2,2.0977744976657702E-2,6.515608417748674E-4,0,8.8433926157319002E-4,0]
[null,"PSP-Business-Warehouse_Wholesale-Domestic_Hot_Water","PSP","Business","Warehouse_Wholesale","Domestic_Hot_Water",9.4547670618485041E-2,0.10112024586018674,0.19189036149738817,6.7103657975877515E-2,7.8754243997771312E-2,0.14425518451968306,0.16132250005766027,0.16100613547294787,1.1870227890675502E-4,1.1116649600349678E-4,1.8503857254393278E-4,1.9190793693396745E-4]
[null,"PSP-Business-Warehouse_Wholesale-Elevators","PSP","Business","Warehouse_Wholesale","Elevators",7.8626917408016334E-2,8.8674769575226658E-2,0.16302561802890878,8.0406714298440291E-2,8.9573705864533906E-2,0.16573291044230617,0.1683157385376278,0.16564362584494025,1.393077843149905E-4,8.7358856072087106E-5,2.1582276779410296E-4,1.3281399437466783E-4]
[null,"PSP-Business-Warehouse_Wholesale-Forced_Air_Central_Heating","PSP","Business","Warehouse_Wholesale","Forced_Air_Central_Heating",0.15650285781271089,0.16869406370120096,0.4467673677341672,6.701446498516468E-6,1.0393227647389587E-5,4.5367938214767875E-3,8.9685608502438605E-2,0.13379621375385981,1.3170035799621836E-8,2.8197294749515863E-4,3.1594703167180402E-8,4.1039859436006195E-4]
[null,"PSP-Business-Warehouse_Wholesale-HVAC_Fans_Pumps","PSP","Business","Warehouse_Wholesale","HVAC_Fans_Pumps",6.6683789954337741E-2,7.6210045662099851E-2,0.18867423531619543,5.7842465753424679E-2,8.6763698630135874E-2,0.18973822480765737,0.14434931506849175,0.18973822480765737,1.1078248235781978E-4,1.108936725375027E-4,1.1415525114154707E-4,1.1415525114154709E-4]
[null,"PSP-Business-Warehouse_Wholesale-Lighting_Exterior","PSP","Business","Warehouse_Wholesale","Lighting_Exterior",5.4396105483396941E-2,4.2705540053266391E-2,0.27998981082384983,5.5738620915991239E-3,3.6910612037493858E-2,0.2464037525051041,6.9848428468175475E-2,0.26417188853711426,1.0675310445094845E-5,2.0575591743799437E-4,1.1000319896584772E-5,2.1889289909288943E-4]
[null,"PSP-Business-Warehouse_Wholesale-Lighting_Interior_Architectural","PSP","Business","Warehouse_Wholesale","Lighting_Interior_Architectural",7.8749673647339369E-2,9.2078399504916433E-2,0.15927869493788049,8.5921488371667187E-2,8.7661696085184454E-2,0.16221962350121025,0.17198097383850167,0.16210945011329994,1.3689368060011039E-4,6.6116422573809456E-5,2.38179666177302E-4,1.000354471886545E-4]
[null,"PSP-Business-Warehouse_Wholesale-Lighting_Interior_General","PSP","Business","Warehouse_Wholesale","Lighting_Interior_General",7.8749673647339369E-2,9.2078399504916433E-2,0.15927869493788049,8.5921488371667187E-2,8.7661696085184454E-2,0.16221962350121025,0.17198097383850167,0.16210945011329994,1.3689368060011039E-4,6.6116422573809456E-5,2.38179666177302E-4,1.000354471886545E-4]
[null,"PSP-Business-Warehouse_Wholesale-Lighting_Interior_High_Bay","PSP","Business","Warehouse_Wholesale","Lighting_Interior_High_Bay",7.8749673647339369E-2,9.2078399504916433E-2,0.15927869493788049,8.5921488371667187E-2,8.7661696085184454E-2,0.16221962350121025,0.17198097383850167,0.16210945011329994,1.3689368060011039E-4,6.6116422573809456E-5,2.38179666177302E-4,1.000354471886545E-4]
[null,"PSP-Business-Warehouse_Wholesale-Miscellaneous_Equipment","PSP","Business","Warehouse_Wholesale","Miscellaneous_Equipment",7.2312435327470406E-2,8.0852757676095399E-2,0.17821397196051544,6.3147473452681818E-2,9.1571459474424743E-2,0.17944306169878194,0.15500217292100621,0.17945666748902422,1.2067754640823834E-4,1.1865103676276671E-4,1.2550856522509173E-4,1.2427672408932321E-4]
[null,"PSP-Business-Warehouse_Wholesale-Non_Ducted_Central_Heating","PSP","Business","Warehouse_Wholesale","Non_Ducted_Central_Heating",0.15965132492407233,0.17369381829532768,0.43184945987209478,0,1.0097186644470885E-6,2.3673791724416237E-6,9.4883094681388294E-2,0.13991892512927998,1.0702936028255611E-10,2.8562540437353755E-4,1.2715088001567666E-8,3.9822339445956816E-4]
[null,"PSP-Business-Warehouse_Wholesale-Other_Plug_Loads","PSP","Business","Warehouse_Wholesale","Other_Plug_Loads",7.2312435327470406E-2,8.0852757676095399E-2,0.17821397196051544,6.3147473452681818E-2,9.1571459474424743E-2,0.17944306169878194,0.15500217292100621,0.17945666748902422,1.2067754640823834E-4,1.1865103676276671E-4,1.2550856522509173E-4,1.2427672408932321E-4]
[null,"PSP-Business-Warehouse_Wholesale-Refrigeration","PSP","Business","Warehouse_Wholesale","Refrigeration",6.3896518095594573E-2,7.5259100162907072E-2,0.17574462829694484,6.7526870772971329E-2,9.3649384863886437E-2,0.19651195863550366,0.14558239051554597,0.18182914865664618,1.3039262629350684E-4,1.0658547976840211E-4,1.3924510872868353E-4,1.0989225249943191E-4]
[null,"PSP-Consumer-Residential-AC_Central","PSP","Consumer","Residential","AC_Central",0,0,0,0.23252392684910811,0.31434668766858098,0.43444866211133348,1.285301592330124E-2,5.8277074476761276E-3,5.9600323710665387E-4,0,1.118249993823873E-3,0]
[null,"PSP-Consumer-Residential-AC_Room","PSP","Consumer","Residential","AC_Room",0,0,0,0.23252392684910811,0.31434668766858098,0.43444866211133348,1.285301592330124E-2,5.8277074476761276E-3,5.9600323710665387E-4,0,1.118249993823873E-3,0]
[null,"PSP-Consumer-Residential-Attic Insulation - Electric Fired","PSP","Consumer","Residential","Attic Insulation - Electric Fired",0.15829304517331083,0.15597906203361653,0.37412495006138963,8.8253799668553019E-3,1.4081407950564466E-2,2.2478481093615135E-2,0.1300919338990047,0.13612573982164175,1.3860581553867072E-5,2.8975507786513767E-4,2.364401015662618E-5,3.8931229427703433E-4]
[null,"PSP-Consumer-Residential-Attic Insulation - Gas Fired","PSP","Consumer","Residential","Attic Insulation - Gas Fired",3.4886529680360996E-2,3.987031963469808E-2,9.9615753424642697E-2,0.13893610327985897,0.19243069563919052,0.30959223683317866,8.0849178862702015E-2,0.10381918264525182,3.4255119648897691E-4,6.00456621004488E-5,5.9009615917291695E-4,6.0045662100448983E-5]
[null,"PSP-Consumer-Residential-Car_Block_Heater","PSP","Consumer","Residential","Car_Block_Heater",2.4642086126576625E-2,9.8568344506306818E-2,0.8210288603567788,2.8405862970117175E-4,1.1362345188046868E-3,9.6579934098398445E-3,6.1782751960004966E-3,3.8504147255993673E-2,0,0,0,0]
[null,"PSP-Consumer-Residential-Clothes_Dryers","PSP","Consumer","Residential","Clothes_Dryers",9.7756529175919149E-2,0.13145918818081415,0.13739604319067714,8.9144686767503048E-2,0.10092738817988509,0.10862275351489033,0.20807572612618555,0.12661768486412664,1.5649158894922907E-4,1.5649158894922907E-4,2.2444094157259554E-4,1.8512363806977715E-4]
[null,"PSP-Consumer-Residential-Clothes_Washers","PSP","Consumer","Residential","Clothes_Washers",0.10965217608951996,9.9818330018949963E-2,0.1511761521096612,6.9562918362903209E-2,0.10325630607258468,0.11916993184157031,0.20168432275046363,0.14567986275433803,1.2576241699351233E-4,1.2576241699351233E-4,1.6838979378789746E-4,1.5809497889434786E-4]
[null,"PSP-Consumer-Residential-Clothesline","PSP","Consumer","Residential","Clothesline",0,0,0,0.34426229508196721,0.34426229508196721,0.30327868852459017,0,8.1967213114754103E-3,6.7271071369432031E-4,0,6.8306010928961749E-4,0]
[null,"PSP-Consumer-Residential-Computers","PSP","Consumer","Residential","Computers",7.3498142935729441E-2,8.8589007056973645E-2,0.1694827133253394,6.1392672586289269E-2,0.1046320907303061,0.16788767198380494,0.16256853288318882,0.17194916849837746,1.4720652695435866E-4,1.4720652695435866E-4,1.8457037652551148E-4,1.853578646362912E-4]
[null,"PSP-Consumer-Residential-Cooking","PSP","Consumer","Residential","Cooking",0.11858482699446922,0.10349874619641997,0.14437131646862172,7.4508718794006126E-2,0.10555787827798334,0.11144089708593249,0.20718131730023667,0.1348562988823212,1.9691397740671503E-4,1.9691397740671503E-4,3.1077526682979324E-4,3.4022416651928938E-4]
[null,"PSP-Consumer-Residential-Dehumidifiers","PSP","Consumer","Residential","Dehumidifiers",4.479899384728623E-2,6.1411012408619084E-2,9.432263014494896E-2,0.1311389864704364,0.18033464598921789,0.28162340215588233,0.10859241987875909,9.7777909104859118E-2,3.2041176327026263E-4,3.2041176327026263E-4,5.6083306486874715E-4,1.0802948394534428E-4]
[null,"PSP-Consumer-Residential-Dishwashers","PSP","Consumer","Residential","Dishwashers",0.10774837247294293,9.9663311933615328E-2,0.15041783291084959,5.8333175586209679E-2,0.12167037390232653,0.12514403625630929,0.19470167639880351,0.14232122053894294,1.2172347779456131E-4,1.2172347779456131E-4,2.08102343809523E-4,2.765381185515033E-4]
[null,"PSP-Consumer-Residential-Domestic_Hot_Water","PSP","Consumer","Residential","Domestic_Hot_Water",0.10920900057691305,8.8594194059299983E-2,0.19108806452930008,4.8388261264678489E-2,9.5607757618907982E-2,0.13389132211509297,0.16879915535822046,0.16442224447758191,9.7460720478374747E-5,9.7460720478374747E-5,1.1468618371750954E-4,1.6832008026741775E-4]
[null,"PSP-Consumer-Residential-Duct Sealing - Electric Fired","PSP","Consumer","Residential","Duct Sealing - Electric Fired",0.15115204870476945,0.14924783550437751,0.3582011895423321,1.6448113593167928E-2,2.4519346363180882E-2,3.9186650555606259E-2,0.1271463930887208,0.13409842264784314,3.3165695999379554E-5,2.7647148874854226E-4,5.7075996449525274E-5,3.7031776861623977E-4]
[null,"PSP-Consumer-Residential-Duct Sealing - Gas Fired, ECM","PSP","Consumer","Residential","Duct Sealing - Gas Fired, ECM",2.7508534886774922E-2,3.1438325584885615E-2,7.8548467086329801E-2,0.15787927020379311,0.21709669190984465,0.33796432566184298,6.6468977084331901E-2,8.3095407582278596E-2,3.9615262527073627E-4,4.7346875880851684E-5,7.0179303123146602E-4,4.7346875880851656E-5]
[null,"PSP-Consumer-Residential-Duct Sealing - Gas Fired, PSC","PSP","Consumer","Residential","Duct Sealing - Gas Fired, PSC",3.9624699896399516E-2,4.5285371310170922E-2,0.11314522741502085,0.12677074509958267,0.17659011941923827,0.29137159694181985,9.008418724548832E-2,0.11712805267219305,3.0812819938806234E-4,6.8200860406883413E-5,5.1836409548654478E-4,6.8200860406883467E-5]
[null,"PSP-Consumer-Residential-Elevators","PSP","Consumer","Residential","Elevators",9.7756529175919149E-2,0.13145918818081415,0.13739604319067714,8.9144686767503048E-2,0.10092738817988509,0.10862275351489033,0.20807572612618555,0.12661768486412664,1.5649158894922907E-4,1.5649158894922907E-4,2.2444094157259554E-4,1.8512363806977715E-4]
[null,"PSP-Consumer-Residential-Energy Star Windows - Electric Fired","PSP","Consumer","Residential","Energy Star Windows - Electric Fired",0.15395603625652762,0.15192858287055339,0.3645714661843748,1.3172841387170007E-2,2.0066916418512271E-2,3.2342816688071409E-2,0.1285919850594178,0.13536935513537413,2.4727408377988268E-5,2.8166128438066208E-4,4.1981771811092966E-5,3.7759961195681866E-4]
[null,"PSP-Consumer-Residential-Energy Star Windows - Gas Fired, ECM","PSP","Consumer","Residential","Energy Star Windows - Gas Fired, ECM",2.8404733553929046E-2,3.2462552633061692E-2,8.110749219615801E-2,0.15557826004803799,0.21410053460686923,0.33451799249076891,6.8215727797463044E-2,8.5612706673625361E-2,3.8964170592525643E-4,4.888938649557474E-5,6.8822530847400642E-4,4.8889386495574632E-5]
[null,"PSP-Consumer-Residential-Energy Star Windows - Gas Fired, PSC","PSP","Consumer","Residential","Energy Star Windows - Gas Fired, PSC",4.2322391781534581E-2,4.8368447750325221E-2,0.12084827532800173,0.11984436074736599,0.16757123829514389,0.28099761919612065,9.5342167866168684E-2,0.12470549903545082,2.8852935939148206E-4,7.2844047816755407E-5,4.7752322289509121E-4,7.2844047816755393E-5]
[null,"PSP-Consumer-Residential-Forced_Air_Central_Heating","PSP","Consumer","Residential","Forced_Air_Central_Heating",0.16343774682722209,0.16082008459551972,0.38557072423632344,3.3970044591577625E-3,6.6409487124375012E-3,1.0504780862667169E-2,0.13214910162017324,0.13747960868650033,1.4506226548759699E-7,1.4506226548759699E-7,1.4565744463480526E-6,4.0303649375319025E-4]
[null,"PSP-Consumer-Residential-Freezers","PSP","Consumer","Residential","Freezers",6.2932586215266248E-2,7.547281693568994E-2,0.17390982003997671,6.7385858704071253E-2,9.568337478681159E-2,0.19935988489647963,0.14288119979969749,0.18237445862202753,1.3577897248110031E-4,1.3577897248110031E-4,1.3811070098548856E-4,1.1352215028938708E-4]
[null,"PSP-Consumer-Residential-Furnace_ECM_1","PSP","Consumer","Residential","Furnace_ECM_1",0.11488097387024479,0.11830958567676869,0.28747714294011167,3.0808091270678236E-2,4.6984857917867724E-2,9.9601705499839238E-2,0.13713619464571858,0.16480144817888567,5.715015670352645E-5,2.0674315556619847E-4,5.7805912793956888E-5,2.5859587244740043E-4]
[null,"PSP-Consumer-Residential-Furnace_ECM_2","PSP","Consumer","Residential","Furnace_ECM_2",0.16343774682722206,0.16082008459551969,0.38557072423632127,3.3970044591577569E-3,6.640948712437489E-3,1.0504780862667141E-2,0.13214910162017321,0.13747960868650022,1.4506226548759675E-7,2.9933105999079723E-4,1.4565744463480501E-6,4.0303649375318955E-4]
[null,"PSP-Consumer-Residential-Furnace_ECM_3","PSP","Consumer","Residential","Furnace_ECM_3",8.1718873413611309E-2,8.0410042297760109E-2,0.1927853621181613,0.11595252713320685,0.15785187112031102,0.22712660707812535,7.25010587717375E-2,7.1653658067088441E-2,2.9807414968607084E-4,1.4966552999539913E-4,5.5912499691193748E-4,2.0151824687659545E-4]
[null,"PSP-Consumer-Residential-Holiday_Lighting_Timer","PSP","Consumer","Residential","Holiday_Lighting_Timer",0.2889279437609853,0,0.47381370826010721,0,0,0,0.10439367311072095,0.13286467486819031,0,8.3131084888554479E-4,0,1.581722319859409E-3]
[null,"PSP-Consumer-Residential-Lighting","PSP","Consumer","Residential","Lighting",9.8559178004128459E-2,9.0417046645780264E-2,0.18907320610734493,2.6588774110827405E-2,0.10720253569677431,0.14958862814025836,0.16302035079851823,0.17555028049637253,6.7044219592526119E-5,6.7044219592526119E-5,1.4077274585379124E-4,3.0969359808210136E-4]
[null,"PSP-Consumer-Residential-Lighting_Common_Area","PSP","Consumer","Residential","Lighting_Common_Area",9.9398522313414034E-2,9.1267599149747164E-2,0.18746390175117963,2.5553476058184872E-2,9.6762793046890214E-2,0.16052265965061913,0.16525955587707694,0.17377149215289384,5.3309374637353658E-5,5.3309374637353658E-5,7.6276445998398518E-5,3.0968879969728427E-4]
[null,"PSP-Consumer-Residential-Miscellaneous","PSP","Consumer","Residential","Miscellaneous",6.6324200913236445E-2,7.579908675798451E-2,0.18938356164382822,5.8219178082186893E-2,8.7328767123280915E-2,0.18869863013697891,0.14212328767122578,0.19212328767122547,1.1415525114154294E-4,1.1415525114154294E-4,1.141552511415432E-4,1.141552511415432E-4]
[null,"PSP-Consumer-Residential-Non_Ducted_Central_Heating","PSP","Consumer","Residential","Non_Ducted_Central_Heating",0.16343774682722209,0.16082008459551972,0.38557072423632344,3.3970044591577625E-3,6.6409487124375012E-3,1.0504780862667169E-2,0.13214910162017324,0.13747960868650033,1.4506226548759699E-7,1.4506226548759699E-7,1.4565744463480526E-6,4.0303649375319025E-4]
[null,"PSP-Consumer-Residential-On_Site_Generation","PSP","Consumer","Residential","On_Site_Generation",0,0,0,0,0,0,0,0,0,0,0,0]
[null,"PSP-Consumer-Residential-Other_Consumer_Electronics","PSP","Consumer","Residential","Other_Consumer_Electronics",6.6324200913236445E-2,7.579908675798451E-2,0.18938356164382822,5.8219178082186893E-2,8.7328767123280915E-2,0.18869863013697891,0.14212328767122578,0.19212328767122547,1.1415525114154294E-4,1.1415525114154294E-4,1.141552511415432E-4,1.141552511415432E-4]
[null,"PSP-Consumer-Residential-Outdoor Solar Lighting","PSP","Consumer","Residential","Outdoor Solar Lighting",0,0,0,0,0.12667660208643905,0.65514157973174769,4.9478390461997424E-2,0.16870342771982258,0,0,0,0]
[null,"PSP-Consumer-Residential-Outdoor_Lighting_Timer","PSP","Consumer","Residential","Outdoor_Lighting_Timer",-0.18838641747827953,-0.35666333245590276,0.97953250855486118,-4.4979369143622111E-3,-0.34070688458684834,0.60690526898738473,-0.39525328948492383,0.69907008337804655,-3.0468373427046212E-4,-2.1107914509937197E-3,3.0459143383596433E-5,0]
[null,"PSP-Consumer-Residential-Power_Bar","PSP","Consumer","Residential","Power_Bar",7.6644944549754956E-2,2.9578515332035381E-2,0.22524017178572125,2.8639815439708765E-2,8.0143245885016659E-2,0.22548512283746164,0.10622345988179069,0.22804472428852113,3.1535110867762022E-5,2.4361945187846621E-7,6.7373397001515463E-5,4.8723890375693273E-7]
[null,"PSP-Consumer-Residential-Refrigerators","PSP","Consumer","Residential","Refrigerators",6.4641108504059436E-2,7.1200784021866165E-2,0.17251578767748055,6.2490240895554258E-2,9.9683815114259375E-2,0.20042778488315283,0.14360204136357441,0.18543843754004757,1.3147972334789273E-4,1.3147972334789273E-4,1.4696415258079194E-4,1.2835424416589945E-4]
[null,"PSP-Consumer-Residential-Set_Top_Boxes","PSP","Consumer","Residential","Set_Top_Boxes",7.3498142935729441E-2,8.8589007056973645E-2,0.1694827133253394,6.1392672586289269E-2,0.1046320907303061,0.16788767198380494,0.16256853288318882,0.17194916849837746,1.4720652695435866E-4,1.4720652695435866E-4,1.8457037652551148E-4,1.853578646362912E-4]
[null,"PSP-Consumer-Residential-Space_Heating_Room","PSP","Consumer","Residential","Space_Heating_Room",0.16343774682722209,0.16082008459551972,0.38557072423632344,3.3970044591577625E-3,6.6409487124375012E-3,1.0504780862667169E-2,0.13214910162017324,0.13747960868650033,1.4506226548759699E-7,1.4506226548759699E-7,1.4565744463480526E-6,4.0303649375319025E-4]
[null,"PSP-Consumer-Residential-Swimming_Pool_And_Spa_Heaters","PSP","Consumer","Residential","Swimming_Pool_And_Spa_Heaters",9.0113577432534647E-2,9.1219206105506226E-2,0.15025580583619572,6.6984109546369186E-2,0.11876971453532326,0.14805931384177945,0.18211111045567396,0.15248716224662509,1.9129485573587268E-4,1.9129485573587268E-4,2.6877540309819459E-4,2.6877540309819465E-4]
[null,"PSP-Consumer-Residential-Swimming_Pool_Pumps","PSP","Consumer","Residential","Swimming_Pool_Pumps",9.0113577432534647E-2,9.1219206105506226E-2,0.15025580583619572,6.6984109546369186E-2,0.11876971453532326,0.14805931384177945,0.18211111045567396,0.15248716224662509,1.9129485573587268E-4,1.9129485573587268E-4,2.6877540309819459E-4,2.6877540309819465E-4]
[null,"PSP-Consumer-Residential-Televisions","PSP","Consumer","Residential","Televisions",7.3498142935729441E-2,8.8589007056973645E-2,0.1694827133253394,6.1392672586289269E-2,0.1046320907303061,0.16788767198380494,0.16256853288318882,0.17194916849837746,1.4720652695435866E-4,1.4720652695435866E-4,1.8457037652551148E-4,1.853578646362912E-4]
[null,"PSP-Consumer-Residential-Ventilation_And_Circulation","PSP","Consumer","Residential","Ventilation_And_Circulation",6.6324200913236445E-2,7.579908675798451E-2,0.18938356164382822,5.8219178082186893E-2,8.7328767123280915E-2,0.18869863013697891,0.14212328767122578,0.19212328767122547,1.1415525114154294E-4,1.1415525114154294E-4,1.141552511415432E-4,1.141552511415432E-4]
[null,"PSP-Consumer-Residential-Water_Heater_Blanket","PSP","Consumer","Residential","Water_Heater_Blanket",0.125,0.125,0.125,0.125,0.125,0.125,0.125,0.125,0,0,1E-4,1E-4]
[null,{"$f":"CONCATENATE(C326,\"-\",D326,\"-\",E326,\"-\",F326)","v":"PSP-Consumer-Residential-Weatherstripping"},"PSP","Consumer","Residential","Weatherstripping",0.16009750118758106,0.15753333721454449,0.37769065396244078,7.9976931143543283E-3,1.2821670535198018E-2,1.9359162723817741E-2,0.12971099758477908,0.13478898367728365,1.232286518430405E-5,2.9321350583116814E-4,2.2854143173222184E-5,3.9479946823730102E-4]
[null,{"$f":"CONCATENATE(C327,\"-\",D327,\"-\",E327,\"-\",F327)","v":"PSP-Consumer-Residential-Window Solar Film - Electric Fired"},"PSP","Consumer","Residential","Window Solar Film - Electric Fired",0.15415625182219295,0.15211771385446149,0.36501919142051203,1.2956090113654797E-2,1.9770463682813971E-2,3.1871321181091775E-2,0.12867767336633604,0.13543129455893851,2.4176930478817385E-5,2.8203344207164763E-4,4.1023306699426513E-5,3.7813027505312997E-4]
[null,{"$f":"CONCATENATE(C328,\"-\",D328,\"-\",E328,\"-\",F328)","v":"PSP-Consumer-Residential-Window Solar Film - Gas Fired"},"PSP","Consumer","Residential","Window Solar Film - Gas Fired",3.6103835018863009E-2,4.1261525735843678E-2,0.10309167348759533,0.13581064455162231,0.18836101955787241,0.30491108752886181,8.3221787800943289E-2,0.10723842631834413,3.3370742426732947E-4,6.2140852011812459E-5,5.7166714120067408E-4,6.2140852011812324E-5]
[null,{"$f":"CONCATENATE(C329,\"-\",D329,\"-\",E329,\"-\",F329)","v":"---"}]

{"sheet":"CALCULATION >>","index":27,"n_rows":2,"n_cols":1,"rows_kept":2,"cut":false,"hidden":false,"merged":[[0,0,0,3],[0,4,0,5]]}
["Calculation Module"]
["Calculation Module worksheets should not be modified and are displayed for reference only."]

{"sheet":"Levelized Rates Table","index":28,"n_rows":832,"n_cols":9,"rows_kept":832,"cut":false,"hidden":false,"merged":[[0,2,0,5],[1,1,1,6]]}
[null,"Calculation Engine: \nLevelized Rates Table","This worksheet contains levelized rates used to calculating costs and benefits by Installation Year and Measure Lifetime."]
[null,"FOR REFERENCE ONLY, DO NOT MODIFY"]
[]
[]
[null,null,"Discount Rate"]
[null,null,"Installation Year","Measure Life","Electricity ($/kWh)","Natural Gas ($/MMBtu)","Water ($/L)","Propane ($/L)","Heating Oil ($/L)"]
[null,{"$f":"CONCATENATE(C7,\"_\",D7)","v":"2015_1"},{"$f":"'Rates Table'!$C$8","v":2015},1,{"$f":"-PMT(discountRate,$D7,NPV(discountRate,INDEX('Rates Table'!$F$8:$F$50,MATCH($C7,'Rates Table'!$C$8:$C$50,0)):INDEX('Rates Table'!$F$8:$F$50,MATCH($C7+$D7-1,'Rates Table'!$C$8:$C$50,0))))","v":0.12742967427780641},{"$f":"-PMT(discountRate,$D7,NPV(discountRate,INDEX('Rates Table'!$G$8:$G$50,MATCH($C7,'Rates Table'!$C$8:$C$50,0)):INDEX('Rates Table'!$G$8:$G$50,MATCH($C7+$D7-1,'Rates Table'!$C$8:$C$50,0))))","v":0.17248811334031713},{"$f":"-PMT(discountRate,$D7,NPV(discountRate,INDEX('Rates Table'!$H$8:$H$50,MATCH($C7,'Rates Table'!$C$8:$C$50,0)):INDEX('Rates Table'!$H$8:$H$50,MATCH($C7+$D7-1,'Rates Table'!$C$8:$C$50,0))))","v":3.7841999999999997E-6},{"$f":"-PMT(discountRate,$D7,NPV(discountRate,INDEX('Rates Table'!$I$8:$I$50,MATCH($C7,'Rates Table'!$C$8:$C$50,0)):INDEX('Rates Table'!$I$8:$I$50,MATCH($C7+$D7-1,'Rates Table'!$C$8:$C$50,0))))","v":0.34743191039999999},{"$f":"-PMT(discountRate,$D7,NPV(discountRate,INDEX('Rates Table'!$J$8:$J$50,MATCH($C7,'Rates Table'!$C$8:$C$50,0)):INDEX('Rates Table'!$J$8:$J$50,MATCH($C7+$D7-1,'Rates Table'!$C$8:$C$50,0))))","v":0.41068298555999994}]
[null,{"$f":"CONCATENATE(C8,\"_\",D8)","v":"2015_2"},{"$f":"IF(D8=1,C7+1,C7)","v":2015},{"$f":"IF(C7+D7>=2050,1,IF(D7=30,1,D7+1))","v":2},{"$f":"-PMT(discountRate,$D8,NPV(discountRate,INDEX('Rates Table'!$F$8:$F$50,MATCH($C8,'Rates Table'!$C$8:$C$50,0)):INDEX('Rates Table'!$F$8:$F$50,MATCH($C8+$D8-1,'Rates Table'!$C$8:$C$50,0))))","v":0.12748710856118886},{"$f":"-PMT(discountRate,$D8,NPV(discountRate,INDEX('Rates Table'!$G$8:$G$50,MATCH($C8,'Rates Table'!$C$8:$C$50,0)):INDEX('Rates Table'!$G$8:$G$50,MATCH($C8+$D8-1,'Rates Table'!$C$8:$C$50,0))))","v":0.17248811334031719},{"$f":"-PMT(discountRate,$D8,NPV(discountRate,INDEX('Rates Table'!$H$8:$H$50,MATCH($C8,'Rates Table'!$C$8:$C$50,0)):INDEX('Rates Table'!$H$8:$H$50,MATCH($C8+$D8-1,'Rates Table'!$C$8:$C$50,0))))","v":3.7842000000000005E-6},{"$f":"-PMT(discountRate,$D8,NPV(discountRate,INDEX('Rates Table'!$I$8:$I$50,MATCH($C8,'Rates Table'!$C$8:$C$50,0)):INDEX('Rates Table'!$I$8:$I$50,MATCH($C8+$D8-1,'Rates Table'!$C$8:$C$50,0))))","v":0.34743191039999999},{"$f":"-PMT(discountRate,$D8,NPV(discountRate,INDEX('Rates Table'!$J$8:$J$50,MATCH($C8,'Rates Table'!$C$8:$C$50,0)):INDEX('Rates Table'!$J$8:$J$50,MATCH($C8+$D8-1,'Rates Table'!$C$8:$C$50,0))))","v":0.41068298556000005}]
[null,"2015_3",{"$f":"IF(D9=1,C8+1,C8)","v":2015},{"$f":"IF(C8+D8>=2050,1,IF(D8=30,1,D8+1))","v":3},{"$f":"-PMT(discountRate,$D9,NPV(discountRate,INDEX('Rates Table'!$F$8:$F$50,MATCH($C9,'Rates Table'!$C$8:$C$50,0)):INDEX('Rates Table'!$F$8:$F$50,MATCH($C9+$D9-1,'Rates Table'!$C$8:$C$50,0))))","v":0.12772394034479309},{"$f":"-PMT(discountRate,$D9,NPV(discountRate,INDEX('Rates Table'!$G$8:$G$50,MATCH($C9,'Rates Table'!$C$8:$C$50,0)):INDEX('Rates Table'!$G$8:$G$50,MATCH($C9+$D9-1,'Rates Table'!$C$8:$C$50,0))))","v":0.17248811334031713},{"$f":"-PMT(discountRate,$D9,NPV(discountRate,INDEX('Rates Table'!$H$8:$H$50,MATCH($C9,'Rates Table'!$C$8:$C$50,0)):INDEX('Rates Table'!$H$8:$H$50,MATCH($C9+$D9-1,'Rates Table'!$C$8:$C$50,0))))","v":3.7842000000000005E-6},{"$f":"-PMT(discountRate,$D9,NPV(discountRate,INDEX('Rates Table'!$I$8:$I$50,MATCH($C9,'Rates Table'!$C$8:$C$50,0)):INDEX('Rates Table'!$I$8:$I$50,MATCH($C9+$D9-1,'Rates Table'!$C$8:$C$50,0))))","v":0.34743191039999999},{"$f":"-PMT(discountRate,$D9,NPV(discountRate,INDEX('Rates Table'!$J$8:$J$50,MATCH($C9,'Rates Table'!$C$8:$C$50,0)):INDEX('Rates Table'!$J$8:$J$50,MATCH($C9+$D9-1,'Rates Table'!$C$8:$C$50,0))))","v":0.41068298555999994}]
[null,"2015_4",2015,4,{"$f":"-PMT(discountRate,$D10,NPV(discountRate,INDEX('Rates Table'!$F$8:$F$50,MATCH($C10,'Rates Table'!$C$8:$C$50,0)):INDEX('Rates Table'!$F$8:$F$50,MATCH($C10+$D10-1,'Rates Table'!$C$8:$C$50,0))))","v":0.12799401798389382},{"$f":"-PMT(discountRate,$D10,NPV(discountRate,INDEX('Rates Table'!$G$8:$G$50,MATCH($C10,'Rates Table'!$C$8:$C$50,0)):INDEX('Rates Table'!$G$8:$G$50,MATCH($C10+$D10-1,'Rates Table'!$C$8:$C$50,0))))","v":0.17248811334031713},{"$f":"-PMT(discountRate,$D10,NPV(discountRate,INDEX('Rates Table'!$H$8:$H$50,MATCH($C10,'Rates Table'!$C$8:$C$50,0)):INDEX('Rates Table'!$H$8:$H$50,MATCH($C10+$D10-1,'Rates Table'!$C$8:$C$50,0))))","v":3.7842000000000005E-6},{"$f":"-PMT(discountRate,$D10,NPV(discountRate,INDEX('Rates Table'!$I$8:$I$50,MATCH($C10,'Rates Table'!$C$8:$C$50,0)):INDEX('Rates Table'!$I$8:$I$50,MATCH($C10+$D10-1,'Rates Table'!$C$8:$C$50,0))))","v":0.34743191039999999},{"$f":"-PMT(discountRate,$D10,NPV(discountRate,INDEX('Rates Table'!$J$8:$J$50,MATCH($C10,'Rates Table'!$C$8:$C$50,0)):INDEX('Rates Table'!$J$8:$J$50,MATCH($C10+$D10-1,'Rates Table'!$C$8:$C$50,0))))","v":0.41068298556000005}]
[null,"2015_5",2015,5,{"$f":"-PMT(discountRate,$D11,NPV(discountRate,INDEX('Rates Table'!$F$8:$F$50,MATCH($C11,'Rates Table'!$C$8:$C$50,0)):INDEX('Rates Table'!$F$8:$F$50,MATCH($C11+$D11-1,'Rates Table'!$C$8:$C$50,0))))","v":0.12853878510295536},{"$f":"-PMT(discountRate,$D11,NPV(discountRate,INDEX('Rates Table'!$G$8:$G$50,MATCH($C11,'Rates Table'!$C$8:$C$50,0)):INDEX('Rates Table'!$G$8:$G$50,MATCH($C11+$D11-1,'Rates Table'!$C$8:$C$50,0))))","v":0.17248811334031713},{"$f":"-PMT(discountRate,$D11,NPV(discountRate,INDEX('Rates Table'!$H$8:$H$50,MATCH($C11,'Rates Table'!$C$8:$C$50,0)):INDEX('Rates Table'!$H$8:$H$50,MATCH($C11+$D11-1,'Rates Table'!$C$8:$C$50,0))))","v":3.7842000000000005E-6},{"$f":"-PMT(discountRate,$D11,NPV(discountRate,INDEX('Rates Table'!$I$8:$I$50,MATCH($C11,'Rates Table'!$C$8:$C$50,0)):INDEX('Rates Table'!$I$8:$I$50,MATCH($C11+$D11-1,'Rates Table'!$C$8:$C$50,0))))","v":0.34743191039999999},{"$f":"-PMT(discountRate,$D11,NPV(discountRate,INDEX('Rates Table'!$J$8:$J$50,MATCH($C11,'Rates Table'!$C$8:$C$50,0)):INDEX('Rates Table'!$J$8:$J$50,MATCH($C11+$D11-1,'Rates Table'!$C$8:$C$50,0))))","v":0.41068298556000005}]
[null,"2015_6",2015,6,{"$f":"-PMT(discountRate,$D12,NPV(discountRate,INDEX('Rates Table'!$F$8:$F$50,MATCH($C12,'Rates Table'!$C$8:$C$50,0)):INDEX('Rates Table'!$F$8:$F$50,MATCH($C12+$D12-1,'Rates Table'!$C$8:$C$50,0))))","v":0.12907107417045366},{"$f":"-PMT(discountRate,$D12,NPV(discountRate,INDEX('Rates Table'!$G$8:$G$50,MATCH($C12,'Rates Table'!$C$8:$C$50,0)):INDEX('Rates Table'!$G$8:$G$50,MATCH($C12+$D12-1,'Rates Table'!$C$8:$C$50,0))))","v":0.17248811334031713},{"$f":"-PMT(discountRate,$D12,NPV(discountRate,INDEX('Rates Table'!$H$8:$H$50,MATCH($C12,'Rates Table'!$C$8:$C$50,0)):INDEX('Rates Table'!$H$8:$H$50,MATCH($C12+$D12-1,'Rates Table'!$C$8:$C$50,0))))","v":3.7842000000000005E-6},{"$f":"-PMT(discountRate,$D12,NPV(discountRate,INDEX('Rates Table'!$I$8:$I$50,MATCH($C12,'Rates Table'!$C$8:$C$50,0)):INDEX('Rates Table'!$I$8:$I$50,MATCH($C12+$D12-1,'Rates Table'!$C$8:$C$50,0))))","v":0.34743191039999999},{"$f":"-PMT(discountRate,$D12,NPV(discountRate,INDEX('Rates Table'!$J$8:$J$50,MATCH($C12,'Rates Table'!$C$8:$C$50,0)):INDEX('Rates Table'!$J$8:$J$50,MATCH($C12+$D12-1,'Rates Table'!$C$8:$C$50,0))))","v":0.4106829855600001}]
[null,"2015_7",2015,7,{"$f":"-PMT(discountRate,$D13,NPV(discountRate,INDEX('Rates Table'!$F$8:$F$50,MATCH($C13,'Rates Table'!$C$8:$C$50,0)):INDEX('Rates Table'!$F$8:$F$50,MATCH($C13+$D13-1,'Rates Table'!$C$8:$C$50,0))))","v":0.1287579333956774},{"$f":"-PMT(discountRate,$D13,NPV(discountRate,INDEX('Rates Table'!$G$8:$G$50,MATCH($C13,'Rates Table'!$C$8:$C$50,0)):INDEX('Rates Table'!$G$8:$G$50,MATCH($C13+$D13-1,'Rates Table'!$C$8:$C$50,0))))","v":0.17248811334031713},{"$f":"-PMT(discountRate,$D13,NPV(discountRate,INDEX('Rates Table'!$H$8:$H$50,MATCH($C13,'Rates Table'!$C$8:$C$50,0)):INDEX('Rates Table'!$H$8:$H$50,MATCH($C13+$D13-1,'Rates Table'!$C$8:$C$50,0))))","v":3.7841999999999997E-6},{"$f":"-PMT(discountRate,$D13,NPV(discountRate,INDEX('Rates Table'!$I$8:$I$50,MATCH($C13,'Rates Table'!$C$8:$C$50,0)):INDEX('Rates Table'!$I$8:$I$50,MATCH($C13+$D13-1,'Rates Table'!$C$8:$C$50,0))))","v":0.34743191039999999},{"$f":"-PMT(discountRate,$D13,NPV(discountRate,INDEX('Rates Table'!$J$8:$J$50,MATCH($C13,'Rates Table'!$C$8:$C$50,0)):INDEX('Rates Table'!$J$8:$J$50,MATCH($C13+$D13-1,'Rates Table'!$C$8:$C$50,0))))","v":0.41068298556000005}]
[null,"2015_8",2015,8,{"$f":"-PMT(discountRate,$D14,NPV(discountRate,INDEX('Rates Table'!$F$8:$F$50,MATCH($C14,'Rates Table'!$C$8:$C$50,0)):INDEX('Rates Table'!$F$8:$F$50,MATCH($C14+$D14-1,'Rates Table'!$C$8:$C$50,0))))","v":0.12835056397250763},{"$f":"-PMT(discountRate,$D14,NPV(discountRate,INDEX('Rates Table'!$G$8:$G$50,MATCH($C14,'Rates Table'!$C$8:$C$50,0)):INDEX('Rates Table'!$G$8:$G$50,MATCH($C14+$D14-1,'Rates Table'!$C$8:$C$50,0))))","v":0.17248811334031713},{"$f":"-PMT(discountRate,$D14,NPV(discountRate,INDEX('Rates Table'!$H$8:$H$50,MATCH($C14,'Rates Table'!$C$8:$C$50,0)):INDEX('Rates Table'!$H$8:$H$50,MATCH($C14+$D14-1,'Rates Table'!$C$8:$C$50,0))))","v":3.7841999999999997E-6},{"$f":"-PMT(discountRate,$D14,NPV(discountRate,INDEX('Rates Table'!$I$8:$I$50,MATCH($C14,'Rates Table'!$C$8:$C$50,0)):INDEX('Rates Table'!$I$8:$I$50,MATCH($C14+$D14-1,'Rates Table'!$C$8:$C$50,0))))","v":0.34743191039999993},{"$f":"-PMT(discountRate,$D14,NPV(discountRate,INDEX('Rates Table'!$J$8:$J$50,MATCH($C14,'Rates Table'!$C$8:$C$50,0)):INDEX('Rates Table'!$J$8:$J$50,MATCH($C14+$D14-1,'Rates Table'!$C$8:$C$50,0))))","v":0.41068298555999994}]
[null,"2015_9",2015,9,{"$f":"-PMT(discountRate,$D15,NPV(discountRate,INDEX('Rates Table'!$F$8:$F$50,MATCH($C15,'Rates Table'!$C$8:$C$50,0)):INDEX('Rates Table'!$F$8:$F$50,MATCH($C15+$D15-1,'Rates Table'!$C$8:$C$50,0))))","v":0.1279336198173377},{"$f":"-PMT(discountRate,$D15,NPV(discountRate,INDEX('Rates Table'!$G$8:$G$50,MATCH($C15,'Rates Table'!$C$8:$C$50,0)):INDEX('Rates Table'!$G$8:$G$50,MATCH($C15+$D15-1,'Rates Table'!$C$8:$C$50,0))))","v":0.17248811334031711},{"$f":"-PMT(discountRate,$D15,NPV(discountRate,INDEX('Rates Table'!$H$8:$H$50,MATCH($C15,'Rates Table'!$C$8:$C$50,0)):INDEX('Rates Table'!$H$8:$H$50,MATCH($C15+$D15-1,'Rates Table'!$C$8:$C$50,0))))","v":3.7841999999999997E-6},{"$f":"-PMT(discountRate,$D15,NPV(discountRate,INDEX('Rates Table'!$I$8:$I$50,MATCH($C15,'Rates Table'!$C$8:$C$50,0)):INDEX('Rates Table'!$I$8:$I$50,MATCH($C15+$D15-1,'Rates Table'!$C$8:$C$50,0))))","v":0.34743191039999993},{"$f":"-PMT(discountRate,$D15,NPV(discountRate,INDEX('Rates Table'!$J$8:$J$50,MATCH($C15,'Rates Table'!$C$8:$C$50,0)):INDEX('Rates Table'!$J$8:$J$50,MATCH($C15+$D15-1,'Rates Table'!$C$8:$C$50,0))))","v":0.41068298555999994}]
[null,"2015_10",2015,10,{"$f":"-PMT(discountRate,$D16,NPV(discountRate,INDEX('Rates Table'!$F$8:$F$50,MATCH($C16,'Rates Table'!$C$8:$C$50,0)):INDEX('Rates Table'!$F$8:$F$50,MATCH($C16+$D16-1,'Rates Table'!$C$8:$C$50,0))))","v":0.12761449404723268},{"$f":"-PMT(discountRate,$D16,NPV(discountRate,INDEX('Rates Table'!$G$8:$G$50,MATCH($C16,'Rates Table'!$C$8:$C$50,0)):INDEX('Rates Table'!$G$8:$G$50,MATCH($C16+$D16-1,'Rates Table'!$C$8:$C$50,0))))","v":0.17248811334031713},{"$f":"-PMT(discountRate,$D16,NPV(discountRate,INDEX('Rates Table'!$H$8:$H$50,MATCH($C16,'Rates Table'!$C$8:$C$50,0)):INDEX('Rates Table'!$H$8:$H$50,MATCH($C16+$D16-1,'Rates Table'!$C$8:$C$50,0))))","v":3.7841999999999997E-6},{"$f":"-PMT(discountRate,$D16,NPV(discountRate,INDEX('Rates Table'!$I$8:$I$50,MATCH($C16,'Rates Table'!$C$8:$C$50,0)):INDEX('Rates Table'!$I$8:$I$50,MATCH($C16+$D16-1,'Rates Table'!$C$8:$C$50,0))))","v":0.34743191039999999},{"$f":"-PMT(discountRate,$D16,NPV(discountRate,INDEX('Rates Table'!$J$8:$J$50,MATCH($C16,'Rates Table'!$C$8:$C$50,0)):INDEX('Rates Table'!$J$8:$J$50,MATCH($C16+$D16-1,'Rates Table'!$C$8:$C$50,0))))","v":0.41068298555999994}]
[null,"2015_11",2015,11,{"$f":"-PMT(discountRate,$D17,NPV(discountRate,INDEX('Rates Table'!$F$8:$F$50,MATCH($C17,'Rates Table'!$C$8:$C$50,0)):INDEX('Rates Table'!$F$8:$F$50,MATCH($C17+$D17-1,'Rates Table'!$C$8:$C$50,0))))","v":0.12734884532831819},{"$f":"-PMT(discountRate,$D17,NPV(discountRate,INDEX('Rates Table'!$G$8:$G$50,MATCH($C17,'Rates Table'!$C$8:$C$50,0)):INDEX('Rates Table'!$G$8:$G$50,MATCH($C17+$D17-1,'Rates Table'!$C$8:$C$50,0))))","v":0.17248811334031711},{"$f":"-PMT(discountRate,$D17,NPV(discountRate,INDEX('Rates Table'!$H$8:$H$50,MATCH($C17,'Rates Table'!$C$8:$C$50,0)):INDEX('Rates Table'!$H$8:$H$50,MATCH($C17+$D17-1,'Rates Table'!$C$8:$C$50,0))))","v":3.7841999999999993E-6},{"$f":"-PMT(discountRate,$D17,NPV(discountRate,INDEX('Rates Table'!$I$8:$I$50,MATCH($C17,'Rates Table'!$C$8:$C$50,0)):INDEX('Rates Table'!$I$8:$I$50,MATCH($C17+$D17-1,'Rates Table'!$C$8:$C$50,0))))","v":0.34743191039999988},{"$f":"-PMT(discountRate,$D17,NPV(discountRate,INDEX('Rates Table'!$J$8:$J$50,MATCH($C17,'Rates Table'!$C$8:$C$50,0)):INDEX('Rates Table'!$J$8:$J$50,MATCH($C17+$D17-1,'Rates Table'!$C$8:$C$50,0))))","v":0.41068298555999988}]
[null,"2015_12",2015,12,{"$f":"-PMT(discountRate,$D18,NPV(discountRate,INDEX('Rates Table'!$F$8:$F$50,MATCH($C18,'Rates Table'!$C$8:$C$50,0)):INDEX('Rates Table'!$F$8:$F$50,MATCH($C18+$D18-1,'Rates Table'!$C$8:$C$50,0))))","v":0.12722400395317487},{"$f":"-PMT(discountRate,$D18,NPV(discountRate,INDEX('Rates Table'!$G$8:$G$50,MATCH($C18,'Rates Table'!$C$8:$C$50,0)):INDEX('Rates Table'!$G$8:$G$50,MATCH($C18+$D18-1,'Rates Table'!$C$8:$C$50,0))))","v":0.17248811334031711},{"$f":"-PMT(discountRate,$D18,NPV(discountRate,INDEX('Rates Table'!$H$8:$H$50,MATCH($C18,'Rates Table'!$C$8:$C$50,0)):INDEX('Rates Table'!$H$8:$H$50,MATCH($C18+$D18-1,'Rates Table'!$C$8:$C$50,0))))","v":3.7841999999999997E-6},{"$f":"-PMT(discountRate,$D18,NPV(discountRate,INDEX('Rates Table'!$I$8:$I$50,MATCH($C18,'Rates Table'!$C$8:$C$50,0)):INDEX('Rates Table'!$I$8:$I$50,MATCH($C18+$D18-1,'Rates Table'!$C$8:$C$50,0))))","v":0.34743191039999993},{"$f":"-PMT(discountRate,$D18,NPV(discountRate,INDEX('Rates Table'!$J$8:$J$50,MATCH($C18,'Rates Table'!$C$8:$C$50,0)):INDEX('Rates Table'!$J$8:$J$50,MATCH($C18+$D18-1,'Rates Table'!$C$8:$C$50,0))))","v":0.41068298555999994}]
[null,"2015_13",2015,13,{"$f":"-PMT(discountRate,$D19,NPV(discountRate,INDEX('Rates Table'!$F$8:$F$50,MATCH($C19,'Rates Table'!$C$8:$C$50,0)):INDEX('Rates Table'!$F$8:$F$50,MATCH($C19+$D19-1,'Rates Table'!$C$8:$C$50,0))))","v":0.12716167769252307},{"$f":"-PMT(discountRate,$D19,NPV(discountRate,INDEX('Rates Table'!$G$8:$G$50,MATCH($C19,'Rates Table'!$C$8:$C$50,0)):INDEX('Rates Table'!$G$8:$G$50,MATCH($C19+$D19-1,'Rates Table'!$C$8:$C$50,0))))","v":0.17248811334031708},{"$f":"-PMT(discountRate,$D19,NPV(discountRate,INDEX('Rates Table'!$H$8:$H$50,MATCH($C19,'Rates Table'!$C$8:$C$50,0)):INDEX('Rates Table'!$H$8:$H$50,MATCH($C19+$D19-1,'Rates Table'!$C$8:$C$50,0))))","v":3.7841999999999993E-6},{"$f":"-PMT(discountRate,$D19,NPV(discountRate,INDEX('Rates Table'!$I$8:$I$50,MATCH($C19,'Rates Table'!$C$8:$C$50,0)):INDEX('Rates Table'!$I$8:$I$50,MATCH($C19+$D19-1,'Rates Table'!$C$8:$C$50,0))))","v":0.34743191039999988},{"$f":"-PMT(discountRate,$D19,NPV(discountRate,INDEX('Rates Table'!$J$8:$J$50,MATCH($C19,'Rates Table'!$C$8:$C$50,0)):INDEX('Rates Table'!$J$8:$J$50,MATCH($C19+$D19-1,'Rates Table'!$C$8:$C$50,0))))","v":0.41068298555999988}]
[null,"2015_14",2015,14,{"$f":"-PMT(discountRate,$D20,NPV(discountRate,INDEX('Rates Table'!$F$8:$F$50,MATCH($C20,'Rates Table'!$C$8:$C$50,0)):INDEX('Rates Table'!$F$8:$F$50,MATCH($C20+$D20-1,'Rates Table'!$C$8:$C$50,0))))","v":0.12710843217058398},{"$f":"-PMT(discountRate,$D20,NPV(discountRate,INDEX('Rates Table'!$G$8:$G$50,MATCH($C20,'Rates Table'!$C$8:$C$50,0)):INDEX('Rates Table'!$G$8:$G$50,MATCH($C20+$D20-1,'Rates Table'!$C$8:$C$50,0))))","v":0.17248811334031711},{"$f":"-PMT(discountRate,$D20,NPV(discountRate,INDEX('Rates Table'!$H$8:$H$50,MATCH($C20,'Rates Table'!$C$8:$C$50,0)):INDEX('Rates Table'!$H$8:$H$50,MATCH($C20+$D20-1,'Rates Table'!$C$8:$C$50,0))))","v":3.7842000000000005E-6},{"$f":"-PMT(discountRate,$D20,NPV(discountRate,INDEX('Rates Table'!$I$8:$I$50,MATCH($C20,'Rates Table'!$C$8:$C$50,0)):INDEX('Rates Table'!$I$8:$I$50,MATCH($C20+$D20-1,'Rates Table'!$C$8:$C$50,0))))","v":0.34743191039999993},{"$f":"-PMT(discountRate,$D20,NPV(discountRate,INDEX('Rates Table'!$J$8:$J$50,MATCH($C20,'Rates Table'!$C$8:$C$50,0)):INDEX('Rates Table'!$J$8:$J$50,MATCH($C20+$D20-1,'Rates Table'!$C$8:$C$50,0))))","v":0.41068298555999994}]
[null,"2015_15",2015,15,{"$f":"-PMT(discountRate,$D21,NPV(discountRate,INDEX('Rates Table'!$F$8:$F$50,MATCH($C21,'Rates Table'!$C$8:$C$50,0)):INDEX('Rates Table'!$F$8:$F$50,MATCH($C21+$D21-1,'Rates Table'!$C$8:$C$50,0))))","v":0.12706245055863208},{"$f":"-PMT(discountRate,$D21,NPV(discountRate,INDEX('Rates Table'!$G$8:$G$50,MATCH($C21,'Rates Table'!$C$8:$C$50,0)):INDEX('Rates Table'!$G$8:$G$50,MATCH($C21+$D21-1,'Rates Table'!$C$8:$C$50,0))))","v":0.17248811334031708},{"$f":"-PMT(discountRate,$D21,NPV(discountRate,INDEX('Rates Table'!$H$8:$H$50,MATCH($C21,'Rates Table'!$C$8:$C$50,0)):INDEX('Rates Table'!$H$8:$H$50,MATCH($C21+$D21-1,'Rates Table'!$C$8:$C$50,0))))","v":3.7841999999999993E-6},{"$f":"-PMT(discountRate,$D21,NPV(discountRate,INDEX('Rates Table'!$I$8:$I$50,MATCH($C21,'Rates Table'!$C$8:$C$50,0)):INDEX('Rates Table'!$I$8:$I$50,MATCH($C21+$D21-1,'Rates Table'!$C$8:$C$50,0))))","v":0.34743191039999988},{"$f":"-PMT(discountRate,$D21,NPV(discountRate,INDEX('Rates Table'!$J$8:$J$50,MATCH($C21,'Rates Table'!$C$8:$C$50,0)):INDEX('Rates Table'!$J$8:$J$50,MATCH($C21+$D21-1,'Rates Table'!$C$8:$C$50,0))))","v":0.41068298555999982}]
[null,"2015_16",2015,16,{"$f":"-PMT(discountRate,$D22,NPV(discountRate,INDEX('Rates Table'!$F$8:$F$50,MATCH($C22,'Rates Table'!$C$8:$C$50,0)):INDEX('Rates Table'!$F$8:$F$50,MATCH($C22+$D22-1,'Rates Table'!$C$8:$C$50,0))))","v":0.12702237019131749},{"$f":"-PMT(discountRate,$D22,NPV(discountRate,INDEX('Rates Table'!$G$8:$G$50,MATCH($C22,'Rates Table'!$C$8:$C$50,0)):INDEX('Rates Table'!$G$8:$G$50,MATCH($C22+$D22-1,'Rates Table'!$C$8:$C$50,0))))","v":0.17248811334031711},{"$f":"-PMT(discountRate,$D22,NPV(discountRate,INDEX('Rates Table'!$H$8:$H$50,MATCH($C22,'Rates Table'!$C$8:$C$50,0)):INDEX('Rates Table'!$H$8:$H$50,MATCH($C22+$D22-1,'Rates Table'!$C$8:$C$50,0))))","v":3.7841999999999993E-6},{"$f":"-PMT(discountRate,$D22,NPV(discountRate,INDEX('Rates Table'!$I$8:$I$50,MATCH($C22,'Rates Table'!$C$8:$C$50,0)):INDEX('Rates Table'!$I$8:$I$50,MATCH($C22+$D22-1,'Rates Table'!$C$8:$C$50,0))))","v":0.34743191039999988},{"$f":"-PMT(discountRate,$D22,NPV(discountRate,INDEX('Rates Table'!$J$8:$J$50,MATCH($C22,'Rates Table'!$C$8:$C$50,0)):INDEX('Rates Table'!$J$8:$J$50,MATCH($C22+$D22-1,'Rates Table'!$C$8:$C$50,0))))","v":0.41068298555999988}]
[null,"2015_17",2015,17,{"$f":"-PMT(discountRate,$D23,NPV(discountRate,INDEX('Rates Table'!$F$8:$F$50,MATCH($C23,'Rates Table'!$C$8:$C$50,0)):INDEX('Rates Table'!$F$8:$F$50,MATCH($C23+$D23-1,'Rates Table'!$C$8:$C$50,0))))","v":0.12698714898988181},{"$f":"-PMT(discountRate,$D23,NPV(discountRate,INDEX('Rates Table'!$G$8:$G$50,MATCH($C23,'Rates Table'!$C$8:$C$50,0)):INDEX('Rates Table'!$G$8:$G$50,MATCH($C23+$D23-1,'Rates Table'!$C$8:$C$50,0))))","v":0.17248811334031711},{"$f":"-PMT(discountRate,$D23,NPV(discountRate,INDEX('Rates Table'!$H$8:$H$50,MATCH($C23,'Rates Table'!$C$8:$C$50,0)):INDEX('Rates Table'!$H$8:$H$50,MATCH($C23+$D23-1,'Rates Table'!$C$8:$C$50,0))))","v":3.7841999999999997E-6},{"$f":"-PMT(discountRate,$D23,NPV(discountRate,INDEX('Rates Table'!$I$8:$I$50,MATCH($C23,'Rates Table'!$C$8:$C$50,0)):INDEX('Rates Table'!$I$8:$I$50,MATCH($C23+$D23-1,'Rates Table'!$C$8:$C$50,0))))","v":0.34743191039999993},{"$f":"-PMT(discountRate,$D23,NPV(discountRate,INDEX('Rates Table'!$J$8:$J$50,MATCH($C23,'Rates Table'!$C$8:$C$50,0)):INDEX('Rates Table'!$J$8:$J$50,MATCH($C23+$D23-1,'Rates Table'!$C$8:$C$50,0))))","v":0.41068298555999988}]
[null,"2015_18",2015,18,{"$f":"-PMT(discountRate,$D24,NPV(discountRate,INDEX('Rates Table'!$F$8:$F$50,MATCH($C24,'Rates Table'!$C$8:$C$50,0)):INDEX('Rates Table'!$F$8:$F$50,MATCH($C24+$D24-1,'Rates Table'!$C$8:$C$50,0))))","v":0.1269559764110062},{"$f":"-PMT(discountRate,$D24,NPV(discountRate,INDEX('Rates Table'!$G$8:$G$50,MATCH($C24,'Rates Table'!$C$8:$C$50,0)):INDEX('Rates Table'!$G$8:$G$50,MATCH($C24+$D24-1,'Rates Table'!$C$8:$C$50,0))))","v":0.17248811334031708},{"$f":"-PMT(discountRate,$D24,NPV(discountRate,INDEX('Rates Table'!$H$8:$H$50,MATCH($C24,'Rates Table'!$C$8:$C$50,0)):INDEX('Rates Table'!$H$8:$H$50,MATCH($C24+$D24-1,'Rates Table'!$C$8:$C$50,0))))","v":3.7841999999999993E-6},{"$f":"-PMT(discountRate,$D24,NPV(discountRate,INDEX('Rates Table'!$I$8:$I$50,MATCH($C24,'Rates Table'!$C$8:$C$50,0)):INDEX('Rates Table'!$I$8:$I$50,MATCH($C24+$D24-1,'Rates Table'!$C$8:$C$50,0))))","v":0.34743191039999988},{"$f":"-PMT(discountRate,$D24,NPV(discountRate,INDEX('Rates Table'!$J$8:$J$50,MATCH($C24,'Rates Table'!$C$8:$C$50,0)):INDEX('Rates Table'!$J$8:$J$50,MATCH($C24+$D24-1,'Rates Table'!$C$8:$C$50,0))))","v":0.41068298555999982}]
[null,"2015_19",2015,19,{"$f":"-PMT(discountRate,$D25,NPV(discountRate,INDEX('Rates Table'!$F$8:$F$50,MATCH($C25,'Rates Table'!$C$8:$C$50,0)):INDEX('Rates Table'!$F$8:$F$50,MATCH($C25+$D25-1,'Rates Table'!$C$8:$C$50,0))))","v":0.12692821251710901},{"$f":"-PMT(discountRate,$D25,NPV(discountRate,INDEX('Rates Table'!$G$8:$G$50,MATCH($C25,'Rates Table'!$C$8:$C$50,0)):INDEX('Rates Table'!$G$8:$G$50,MATCH($C25+$D25-1,'Rates Table'!$C$8:$C$50,0))))","v":0.17248811334031708},{"$f":"-PMT(discountRate,$D25,NPV(discountRate,INDEX('Rates Table'!$H$8:$H$50,MATCH($C25,'Rates Table'!$C$8:$C$50,0)):INDEX('Rates Table'!$H$8:$H$50,MATCH($C25+$D25-1,'Rates Table'!$C$8:$C$50,0))))","v":3.7841999999999993E-6},{"$f":"-PMT(discountRate,$D25,NPV(discountRate,INDEX('Rates Table'!$I$8:$I$50,MATCH($C25,'Rates Table'!$C$8:$C$50,0)):INDEX('Rates Table'!$I$8:$I$50,MATCH($C25+$D25-1,'Rates Table'!$C$8:$C$50,0))))","v":0.34743191039999993},{"$f":"-PMT(discountRate,$D25,NPV(discountRate,INDEX('Rates Table'!$J$8:$J$50,MATCH($C25,'Rates Table'!$C$8:$C$50,0)):INDEX('Rates Table'!$J$8:$J$50,MATCH($C25+$D25-1,'Rates Table'!$C$8:$C$50,0))))","v":0.41068298555999982}]
[null,"2015_20",2015,20,{"$f":"-PMT(discountRate,$D26,NPV(discountRate,INDEX('Rates Table'!$F$8:$F$50,MATCH($C26,'Rates Table'!$C$8:$C$50,0)):INDEX('Rates Table'!$F$8:$F$50,MATCH($C26+$D26-1,'Rates Table'!$C$8:$C$50,0))))","v":0.12690334532558492},{"$f":"-PMT(discountRate,$D26,NPV(discountRate,INDEX('Rates Table'!$G$8:$G$50,MATCH($C26,'Rates Table'!$C$8:$C$50,0)):INDEX('Rates Table'!$G$8:$G$50,MATCH($C26+$D26-1,'Rates Table'!$C$8:$C$50,0))))","v":0.17248811334031708},{"$f":"-PMT(discountRate,$D26,NPV(discountRate,INDEX('Rates Table'!$H$8:$H$50,MATCH($C26,'Rates Table'!$C$8:$C$50,0)):INDEX('Rates Table'!$H$8:$H$50,MATCH($C26+$D26-1,'Rates Table'!$C$8:$C$50,0))))","v":3.7841999999999993E-6},{"$f":"-PMT(discountRate,$D26,NPV(discountRate,INDEX('Rates Table'!$I$8:$I$50,MATCH($C26,'Rates Table'!$C$8:$C$50,0)):INDEX('Rates Table'!$I$8:$I$50,MATCH($C26+$D26-1,'Rates Table'!$C$8:$C$50,0))))","v":0.34743191039999993},{"$f":"-PMT(discountRate,$D26,NPV(discountRate,INDEX('Rates Table'!$J$8:$J$50,MATCH($C26,'Rates Table'!$C$8:$C$50,0)):INDEX('Rates Table'!$J$8:$J$50,MATCH($C26+$D26-1,'Rates Table'!$C$8:$C$50,0))))","v":0.41068298555999988}]
[null,"2015_21",2015,21,{"$f":"-PMT(discountRate,$D27,NPV(discountRate,INDEX('Rates Table'!$F$8:$F$50,MATCH($C27,'Rates Table'!$C$8:$C$50,0)):INDEX('Rates Table'!$F$8:$F$50,MATCH($C27+$D27-1,'Rates Table'!$C$8:$C$50,0))))","v":0.12688096034400376},{"$f":"-PMT(discountRate,$D27,NPV(discountRate,INDEX('Rates Table'!$G$8:$G$50,MATCH($C27,'Rates Table'!$C$8:$C$50,0)):INDEX('Rates Table'!$G$8:$G$50,MATCH($C27+$D27-1,'Rates Table'!$C$8:$C$50,0))))","v":0.17248811334031705},{"$f":"-PMT(discountRate,$D27,NPV(discountRate,INDEX('Rates Table'!$H$8:$H$50,MATCH($C27,'Rates Table'!$C$8:$C$50,0)):INDEX('Rates Table'!$H$8:$H$50,MATCH($C27+$D27-1,'Rates Table'!$C$8:$C$50,0))))","v":3.7841999999999993E-6},{"$f":"-PMT(discountRate,$D27,NPV(discountRate,INDEX('Rates Table'!$I$8:$I$50,MATCH($C27,'Rates Table'!$C$8:$C$50,0)):INDEX('Rates Table'!$I$8:$I$50,MATCH($C27+$D27-1,'Rates Table'!$C$8:$C$50,0))))","v":0.34743191039999993},{"$f":"-PMT(discountRate,$D27,NPV(discountRate,INDEX('Rates Table'!$J$8:$J$50,MATCH($C27,'Rates Table'!$C$8:$C$50,0)):INDEX('Rates Table'!$J$8:$J$50,MATCH($C27+$D27-1,'Rates Table'!$C$8:$C$50,0))))","v":0.41068298555999982}]
[null,"2015_22",2015,22,{"$f":"-PMT(discountRate,$D28,NPV(discountRate,INDEX('Rates Table'!$F$8:$F$50,MATCH($C28,'Rates Table'!$C$8:$C$50,0)):INDEX('Rates Table'!$F$8:$F$50,MATCH($C28+$D28-1,'Rates Table'!$C$8:$C$50,0))))","v":0.12686071841391686},{"$f":"-PMT(discountRate,$D28,NPV(discountRate,INDEX('Rates Table'!$G$8:$G$50,MATCH($C28,'Rates Table'!$C$8:$C$50,0)):INDEX('Rates Table'!$G$8:$G$50,MATCH($C28+$D28-1,'Rates Table'!$C$8:$C$50,0))))","v":0.17248811334031708},{"$f":"-PMT(discountRate,$D28,NPV(discountRate,INDEX('Rates Table'!$H$8:$H$50,MATCH($C28,'Rates Table'!$C$8:$C$50,0)):INDEX('Rates Table'!$H$8:$H$50,MATCH($C28+$D28-1,'Rates Table'!$C$8:$C$50,0))))","v":3.7841999999999997E-6},{"$f":"-PMT(discountRate,$D28,NPV(discountRate,INDEX('Rates Table'!$I$8:$I$50,MATCH($C28,'Rates Table'!$C$8:$C$50,0)):INDEX('Rates Table'!$I$8:$I$50,MATCH($C28+$D28-1,'Rates Table'!$C$8:$C$50,0))))","v":0.34743191039999993},{"$f":"-PMT(discountRate,$D28,NPV(discountRate,INDEX('Rates Table'!$J$8:$J$50,MATCH($C28,'Rates Table'!$C$8:$C$50,0)):INDEX('Rates Table'!$J$8:$J$50,MATCH($C28+$D28-1,'Rates Table'!$C$8:$C$50,0))))","v":0.41068298555999982}]
[null,"2015_23",2015,23,{"$f":"-PMT(discountRate,$D29,NPV(discountRate,INDEX('Rates Table'!$F$8:$F$50,MATCH($C29,'Rates Table'!$C$8:$C$50,0)):INDEX('Rates Table'!$F$8:$F$50,MATCH($C29+$D29-1,'Rates Table'!$C$8:$C$50,0))))","v":0.12684233933456282},{"$f":"-PMT(discountRate,$D29,NPV(discountRate,INDEX('Rates Table'!$G$8:$G$50,MATCH($C29,'Rates Table'!$C$8:$C$50,0)):INDEX('Rates Table'!$G$8:$G$50,MATCH($C29+$D29-1,'Rates Table'!$C$8:$C$50,0))))","v":0.17248811334031708},{"$f":"-PMT(discountRate,$D29,NPV(discountRate,INDEX('Rates Table'!$H$8:$H$50,MATCH($C29,'Rates Table'!$C$8:$C$50,0)):INDEX('Rates Table'!$H$8:$H$50,MATCH($C29+$D29-1,'Rates Table'!$C$8:$C$50,0))))","v":3.7841999999999993E-6},{"$f":"-PMT(discountRate,$D29,NPV(discountRate,INDEX('Rates Table'!$I$8:$I$50,MATCH($C29,'Rates Table'!$C$8:$C$50,0)):INDEX('Rates Table'!$I$8:$I$50,MATCH($C29+$D29-1,'Rates Table'!$C$8:$C$50,0))))","v":0.34743191039999988},{"$f":"-PMT(discountRate,$D29,NPV(discountRate,INDEX('Rates Table'!$J$8:$J$50,MATCH($C29,'Rates Table'!$C$8:$C$50,0)):INDEX('Rates Table'!$J$8:$J$50,MATCH($C29+$D29-1,'Rates Table'!$C$8:$C$50,0))))","v":0.41068298555999982}]
[null,"2015_24",2015,24,{"$f":"-PMT(discountRate,$D30,NPV(discountRate,INDEX('Rates Table'!$F$8:$F$50,MATCH($C30,'Rates Table'!$C$8:$C$50,0)):INDEX('Rates Table'!$F$8:$F$50,MATCH($C30+$D30-1,'Rates Table'!$C$8:$C$50,0))))","v":0.12682558958066797},{"$f":"-PMT(discountRate,$D30,NPV(discountRate,INDEX('Rates Table'!$G$8:$G$50,MATCH($C30,'Rates Table'!$C$8:$C$50,0)):INDEX('Rates Table'!$G$8:$G$50,MATCH($C30+$D30-1,'Rates Table'!$C$8:$C$50,0))))","v":0.17248811334031711},{"$f":"-PMT(discountRate,$D30,NPV(discountRate,INDEX('Rates Table'!$H$8:$H$50,MATCH($C30,'Rates Table'!$C$8:$C$50,0)):INDEX('Rates Table'!$H$8:$H$50,MATCH($C30+$D30-1,'Rates Table'!$C$8:$C$50,0))))","v":3.7841999999999997E-6},{"$f":"-PMT(discountRate,$D30,NPV(discountRate,INDEX('Rates Table'!$I$8:$I$50,MATCH($C30,'Rates Table'!$C$8:$C$50,0)):INDEX('Rates Table'!$I$8:$I$50,MATCH($C30+$D30-1,'Rates Table'!$C$8:$C$50,0))))","v":0.34743191039999993},{"$f":"-PMT(discountRate,$D30,NPV(discountRate,INDEX('Rates Table'!$J$8:$J$50,MATCH($C30,'Rates Table'!$C$8:$C$50,0)):INDEX('Rates Table'!$J$8:$J$50,MATCH($C30+$D30-1,'Rates Table'!$C$8:$C$50,0))))","v":0.41068298555999982}]
[null,"2015_25",2015,25,{"$f":"-PMT(discountRate,$D31,NPV(discountRate,INDEX('Rates Table'!$F$8:$F$50,MATCH($C31,'Rates Table'!$C$8:$C$50,0)):INDEX('Rates Table'!$F$8:$F$50,MATCH($C31+$D31-1,'Rates Table'!$C$8:$C$50,0))))","v":0.12681027296799316},{"$f":"-PMT(discountRate,$D31,NPV(discountRate,INDEX('Rates Table'!$G$8:$G$50,MATCH($C31,'Rates Table'!$C$8:$C$50,0)):INDEX('Rates Table'!$G$8:$G$50,MATCH($C31+$D31-1,'Rates Table'!$C$8:$C$50,0))))","v":0.17248811334031705},{"$f":"-PMT(discountRate,$D31,NPV(discountRate,INDEX('Rates Table'!$H$8:$H$50,MATCH($C31,'Rates Table'!$C$8:$C$50,0)):INDEX('Rates Table'!$H$8:$H$50,MATCH($C31+$D31-1,'Rates Table'!$C$8:$C$50,0))))","v":3.7841999999999989E-6},{"$f":"-PMT(discountRate,$D31,NPV(discountRate,INDEX('Rates Table'!$I$8:$I$50,MATCH($C31,'Rates Table'!$C$8:$C$50,0)):INDEX('Rates Table'!$I$8:$I$50,MATCH($C31+$D31-1,'Rates Table'!$C$8:$C$50,0))))","v":0.34743191039999977},{"$f":"-PMT(discountRate,$D31,NPV(discountRate,INDEX('Rates Table'!$J$8:$J$50,MATCH($C31,'Rates Table'!$C$8:$C$50,0)):INDEX('Rates Table'!$J$8:$J$50,MATCH($C31+$D31-1,'Rates Table'!$C$8:$C$50,0))))","v":0.41068298555999966}]
[null,"2015_26",2015,26,{"$f":"-PMT(discountRate,$D32,NPV(discountRate,INDEX('Rates Table'!$F$8:$F$50,MATCH($C32,'Rates Table'!$C$8:$C$50,0)):INDEX('Rates Table'!$F$8:$F$50,MATCH($C32+$D32-1,'Rates Table'!$C$8:$C$50,0))))","v":0.12679622347300248},{"$f":"-PMT(discountRate,$D32,NPV(discountRate,INDEX('Rates Table'!$G$8:$G$50,MATCH($C32,'Rates Table'!$C$8:$C$50,0)):INDEX('Rates Table'!$G$8:$G$50,MATCH($C32+$D32-1,'Rates Table'!$C$8:$C$50,0))))","v":0.17248811334031708},{"$f":"-PMT(discountRate,$D32,NPV(discountRate,INDEX('Rates Table'!$H$8:$H$50,MATCH($C32,'Rates Table'!$C$8:$C$50,0)):INDEX('Rates Table'!$H$8:$H$50,MATCH($C32+$D32-1,'Rates Table'!$C$8:$C$50,0))))","v":3.7841999999999993E-6},{"$f":"-PMT(discountRate,$D32,NPV(discountRate,INDEX('Rates Table'!$I$8:$I$50,MATCH($C32,'Rates Table'!$C$8:$C$50,0)):INDEX('Rates Table'!$I$8:$I$50,MATCH($C32+$D32-1,'Rates Table'!$C$8:$C$50,0))))","v":0.34743191039999988},{"$f":"-PMT(discountRate,$D32,NPV(discountRate,INDEX('Rates Table'!$J$8:$J$50,MATCH($C32,'Rates Table'!$C$8:$C$50,0)):INDEX('Rates Table'!$J$8:$J$50,MATCH($C32+$D32-1,'Rates Table'!$C$8:$C$50,0))))","v":0.41068298555999982}]
[null,"2015_27",2015,27,{"$f":"-PMT(discountRate,$D33,NPV(discountRate,INDEX('Rates Table'!$F$8:$F$50,MATCH($C33,'Rates Table'!$C$8:$C$50,0)):INDEX('Rates Table'!$F$8:$F$50,MATCH($C33+$D33-1,'Rates Table'!$C$8:$C$50,0))))","v":0.12678329964817564},{"$f":"-PMT(discountRate,$D33,NPV(discountRate,INDEX('Rates Table'!$G$8:$G$50,MATCH($C33,'Rates Table'!$C$8:$C$50,0)):INDEX('Rates Table'!$G$8:$G$50,MATCH($C33+$D33-1,'Rates Table'!$C$8:$C$50,0))))","v":0.17248811334031708},{"$f":"-PMT(discountRate,$D33,NPV(discountRate,INDEX('Rates Table'!$H$8:$H$50,MATCH($C33,'Rates Table'!$C$8:$C$50,0)):INDEX('Rates Table'!$H$8:$H$50,MATCH($C33+$D33-1,'Rates Table'!$C$8:$C$50,0))))","v":3.7841999999999993E-6},{"$f":"-PMT(discountRate,$D33,NPV(discountRate,INDEX('Rates Table'!$I$8:$I$50,MATCH($C33,'Rates Table'!$C$8:$C$50,0)):INDEX('Rates Table'!$I$8:$I$50,MATCH($C33+$D33-1,'Rates Table'!$C$8:$C$50,0))))","v":0.34743191039999993},{"$f":"-PMT(discountRate,$D33,NPV(discountRate,INDEX('Rates Table'!$J$8:$J$50,MATCH($C33,'Rates Table'!$C$8:$C$50,0)):INDEX('Rates Table'!$J$8:$J$50,MATCH($C33+$D33-1,'Rates Table'!$C$8:$C$50,0))))","v":0.41068298555999977}]
[null,"2015_28",2015,28,{"$f":"-PMT(discountRate,$D34,NPV(discountRate,INDEX('Rates Table'!$F$8:$F$50,MATCH($C34,'Rates Table'!$C$8:$C$50,0)):INDEX('Rates Table'!$F$8:$F$50,MATCH($C34+$D34-1,'Rates Table'!$C$8:$C$50,0))))","v":0.12677138023405321},{"$f":"-PMT(discountRate,$D34,NPV(discountRate,INDEX('Rates Table'!$G$8:$G$50,MATCH($C34,'Rates Table'!$C$8:$C$50,0)):INDEX('Rates Table'!$G$8:$G$50,MATCH($C34+$D34-1,'Rates Table'!$C$8:$C$50,0))))","v":0.17248811334031708},{"$f":"-PMT(discountRate,$D34,NPV(discountRate,INDEX('Rates Table'!$H$8:$H$50,MATCH($C34,'Rates Table'!$C$8:$C$50,0)):INDEX('Rates Table'!$H$8:$H$50,MATCH($C34+$D34-1,'Rates Table'!$C$8:$C$50,0))))","v":3.7841999999999993E-6},{"$f":"-PMT(discountRate,$D34,NPV(discountRate,INDEX('Rates Table'!$I$8:$I$50,MATCH($C34,'Rates Table'!$C$8:$C$50,0)):INDEX('Rates Table'!$I$8:$I$50,MATCH($C34+$D34-1,'Rates Table'!$C$8:$C$50,0))))","v":0.34743191039999988},{"$f":"-PMT(discountRate,$D34,NPV(discountRate,INDEX('Rates Table'!$J$8:$J$50,MATCH($C34,'Rates Table'!$C$8:$C$50,0)):INDEX('Rates Table'!$J$8:$J$50,MATCH($C34+$D34-1,'Rates Table'!$C$8:$C$50,0))))","v":0.41068298555999977}]
[null,"2015_29",2015,29,{"$f":"-PMT(discountRate,$D35,NPV(discountRate,INDEX('Rates Table'!$F$8:$F$50,MATCH($C35,'Rates Table'!$C$8:$C$50,0)):INDEX('Rates Table'!$F$8:$F$50,MATCH($C35+$D35-1,'Rates Table'!$C$8:$C$50,0))))","v":0.12676036067914581},{"$f":"-PMT(discountRate,$D35,NPV(discountRate,INDEX('Rates Table'!$G$8:$G$50,MATCH($C35,'Rates Table'!$C$8:$C$50,0)):INDEX('Rates Table'!$G$8:$G$50,MATCH($C35+$D35-1,'Rates Table'!$C$8:$C$50,0))))","v":0.17248811334031708},{"$f":"-PMT(discountRate,$D35,NPV(discountRate,INDEX('Rates Table'!$H$8:$H$50,MATCH($C35,'Rates Table'!$C$8:$C$50,0)):INDEX('Rates Table'!$H$8:$H$50,MATCH($C35+$D35-1,'Rates Table'!$C$8:$C$50,0))))","v":3.7841999999999993E-6},{"$f":"-PMT(discountRate,$D35,NPV(discountRate,INDEX('Rates Table'!$I$8:$I$50,MATCH($C35,'Rates Table'!$C$8:$C$50,0)):INDEX('Rates Table'!$I$8:$I$50,MATCH($C35+$D35-1,'Rates Table'!$C$8:$C$50,0))))","v":0.34743191039999988},{"$f":"-PMT(discountRate,$D35,NPV(discountRate,INDEX('Rates Table'!$J$8:$J$50,MATCH($C35,'Rates Table'!$C$8:$C$50,0)):INDEX('Rates Table'!$J$8:$J$50,MATCH($C35+$D35-1,'Rates Table'!$C$8:$C$50,0))))","v":0.41068298555999977}]
[null,"2015_30",2015,30,{"$f":"-PMT(discountRate,$D36,NPV(discountRate,INDEX('Rates Table'!$F$8:$F$50,MATCH($C36,'Rates Table'!$C$8:$C$50,0)):INDEX('Rates Table'!$F$8:$F$50,MATCH($C36+$D36-1,'Rates Table'!$C$8:$C$50,0))))","v":0.12675015035587242},{"$f":"-PMT(discountRate,$D36,NPV(discountRate,INDEX('Rates Table'!$G$8:$G$50,MATCH($C36,'Rates Table'!$C$8:$C$50,0)):INDEX('Rates Table'!$G$8:$G$50,MATCH($C36+$D36-1,'Rates Table'!$C$8:$C$50,0))))","v":0.17248811334031708},{"$f":"-PMT(discountRate,$D36,NPV(discountRate,INDEX('Rates Table'!$H$8:$H$50,MATCH($C36,'Rates Table'!$C$8:$C$50,0)):INDEX('Rates Table'!$H$8:$H$50,MATCH($C36+$D36-1,'Rates Table'!$C$8:$C$50,0))))","v":3.7841999999999993E-6},{"$f":"-PMT(discountRate,$D36,NPV(discountRate,INDEX('Rates Table'!$I$8:$I$50,MATCH($C36,'Rates Table'!$C$8:$C$50,0)):INDEX('Rates Table'!$I$8:$I$50,MATCH($C36+$D36-1,'Rates Table'!$C$8:$C$50,0))))","v":0.34743191039999988},{"$f":"-PMT(discountRate,$D36,NPV(discountRate,INDEX('Rates Table'!$J$8:$J$50,MATCH($C36,'Rates Table'!$C$8:$C$50,0)):INDEX('Rates Table'!$J$8:$J$50,MATCH($C36+$D36-1,'Rates Table'!$C$8:$C$50,0))))","v":0.41068298555999977}]
[null,"2016_1",2016,1,{"$f":"-PMT(discountRate,$D37,NPV(discountRate,INDEX('Rates Table'!$F$8:$F$50,MATCH($C37,'Rates Table'!$C$8:$C$50,0)):INDEX('Rates Table'!$F$8:$F$50,MATCH($C37+$D37-1,'Rates Table'!$C$8:$C$50,0))))","v":0.12754684021590662},{"$f":"-PMT(discountRate,$D37,NPV(discountRate,INDEX('Rates Table'!$G$8:$G$50,MATCH($C37,'Rates Table'!$C$8:$C$50,0)):INDEX('Rates Table'!$G$8:$G$50,MATCH($C37+$D37-1,'Rates Table'!$C$8:$C$50,0))))","v":0.17248811334031713},{"$f":"-PMT(discountRate,$D37,NPV(discountRate,INDEX('Rates Table'!$H$8:$H$50,MATCH($C37,'Rates Table'!$C$8:$C$50,0)):INDEX('Rates Table'!$H$8:$H$50,MATCH($C37+$D37-1,'Rates Table'!$C$8:$C$50,0))))","v":3.7841999999999997E-6},{"$f":"-PMT(discountRate,$D37,NPV(discountRate,INDEX('Rates Table'!$I$8:$I$50,MATCH($C37,'Rates Table'!$C$8:$C$50,0)):INDEX('Rates Table'!$I$8:$I$50,MATCH($C37+$D37-1,'Rates Table'!$C$8:$C$50,0))))","v":0.34743191039999999},{"$f":"-PMT(discountRate,$D37,NPV(discountRate,INDEX('Rates Table'!$J$8:$J$50,MATCH($C37,'Rates Table'!$C$8:$C$50,0)):INDEX('Rates Table'!$J$8:$J$50,MATCH($C37+$D37-1,'Rates Table'!$C$8:$C$50,0))))","v":0.41068298555999994}]
[null,"2016_2",2016,2,{"$f":"-PMT(discountRate,$D38,NPV(discountRate,INDEX('Rates Table'!$F$8:$F$50,MATCH($C38,'Rates Table'!$C$8:$C$50,0)):INDEX('Rates Table'!$F$8:$F$50,MATCH($C38+$D38-1,'Rates Table'!$C$8:$C$50,0))))","v":0.1278799590595249},{"$f":"-PMT(discountRate,$D38,NPV(discountRate,INDEX('Rates Table'!$G$8:$G$50,MATCH($C38,'Rates Table'!$C$8:$C$50,0)):INDEX('Rates Table'!$G$8:$G$50,MATCH($C38+$D38-1,'Rates Table'!$C$8:$C$50,0))))","v":0.17248811334031719},{"$f":"-PMT(discountRate,$D38,NPV(discountRate,INDEX('Rates Table'!$H$8:$H$50,MATCH($C38,'Rates Table'!$C$8:$C$50,0)):INDEX('Rates Table'!$H$8:$H$50,MATCH($C38+$D38-1,'Rates Table'!$C$8:$C$50,0))))","v":3.7842000000000005E-6},{"$f":"-PMT(discountRate,$D38,NPV(discountRate,INDEX('Rates Table'!$I$8:$I$50,MATCH($C38,'Rates Table'!$C$8:$C$50,0)):INDEX('Rates Table'!$I$8:$I$50,MATCH($C38+$D38-1,'Rates Table'!$C$8:$C$50,0))))","v":0.34743191039999999},{"$f":"-PMT(discountRate,$D38,NPV(discountRate,INDEX('Rates Table'!$J$8:$J$50,MATCH($C38,'Rates Table'!$C$8:$C$50,0)):INDEX('Rates Table'!$J$8:$J$50,MATCH($C38+$D38-1,'Rates Table'!$C$8:$C$50,0))))","v":0.41068298556000005}]
[null,"2016_3",2016,3,{"$f":"-PMT(discountRate,$D39,NPV(discountRate,INDEX('Rates Table'!$F$8:$F$50,MATCH($C39,'Rates Table'!$C$8:$C$50,0)):INDEX('Rates Table'!$F$8:$F$50,MATCH($C39+$D39-1,'Rates Table'!$C$8:$C$50,0))))","v":0.12819737841399512},{"$f":"-PMT(discountRate,$D39,NPV(discountRate,INDEX('Rates Table'!$G$8:$G$50,MATCH($C39,'Rates Table'!$C$8:$C$50,0)):INDEX('Rates Table'!$G$8:$G$50,MATCH($C39+$D39-1,'Rates Table'!$C$8:$C$50,0))))","v":0.17248811334031713},{"$f":"-PMT(discountRate,$D39,NPV(discountRate,INDEX('Rates Table'!$H$8:$H$50,MATCH($C39,'Rates Table'!$C$8:$C$50,0)):INDEX('Rates Table'!$H$8:$H$50,MATCH($C39+$D39-1,'Rates Table'!$C$8:$C$50,0))))","v":3.7842000000000005E-6},{"$f":"-PMT(discountRate,$D39,NPV(discountRate,INDEX('Rates Table'!$I$8:$I$50,MATCH($C39,'Rates Table'!$C$8:$C$50,0)):INDEX('Rates Table'!$I$8:$I$50,MATCH($C39+$D39-1,'Rates Table'!$C$8:$C$50,0))))","v":0.34743191039999999},{"$f":"-PMT(discountRate,$D39,NPV(discountRate,INDEX('Rates Table'!$J$8:$J$50,MATCH($C39,'Rates Table'!$C$8:$C$50,0)):INDEX('Rates Table'!$J$8:$J$50,MATCH($C39+$D39-1,'Rates Table'!$C$8:$C$50,0))))","v":0.41068298555999994}]
[null,"2016_4",2016,4,{"$f":"-PMT(discountRate,$D40,NPV(discountRate,INDEX('Rates Table'!$F$8:$F$50,MATCH($C40,'Rates Table'!$C$8:$C$50,0)):INDEX('Rates Table'!$F$8:$F$50,MATCH($C40+$D40-1,'Rates Table'!$C$8:$C$50,0))))","v":0.12884433409449025},{"$f":"-PMT(discountRate,$D40,NPV(discountRate,INDEX('Rates Table'!$G$8:$G$50,MATCH($C40,'Rates Table'!$C$8:$C$50,0)):INDEX('Rates Table'!$G$8:$G$50,MATCH($C40+$D40-1,'Rates Table'!$C$8:$C$50,0))))","v":0.17248811334031713},{"$f":"-PMT(discountRate,$D40,NPV(discountRate,INDEX('Rates Table'!$H$8:$H$50,MATCH($C40,'Rates Table'!$C$8:$C$50,0)):INDEX('Rates Table'!$H$8:$H$50,MATCH($C40+$D40-1,'Rates Table'!$C$8:$C$50,0))))","v":3.7842000000000005E-6},{"$f":"-PMT(discountRate,$D40,NPV(discountRate,INDEX('Rates Table'!$I$8:$I$50,MATCH($C40,'Rates Table'!$C$8:$C$50,0)):INDEX('Rates Table'!$I$8:$I$50,MATCH($C40+$D40-1,'Rates Table'!$C$8:$C$50,0))))","v":0.34743191039999999},{"$f":"-PMT(discountRate,$D40,NPV(discountRate,INDEX('Rates Table'!$J$8:$J$50,MATCH($C40,'Rates Table'!$C$8:$C$50,0)):INDEX('Rates Table'!$J$8:$J$50,MATCH($C40+$D40-1,'Rates Table'!$C$8:$C$50,0))))","v":0.41068298556000005}]
[null,"2016_5",2016,5,{"$f":"-PMT(discountRate,$D41,NPV(discountRate,INDEX('Rates Table'!$F$8:$F$50,MATCH($C41,'Rates Table'!$C$8:$C$50,0)):INDEX('Rates Table'!$F$8:$F$50,MATCH($C41+$D41-1,'Rates Table'!$C$8:$C$50,0))))","v":0.12943977709042678},{"$f":"-PMT(discountRate,$D41,NPV(discountRate,INDEX('Rates Table'!$G$8:$G$50,MATCH($C41,'Rates Table'!$C$8:$C$50,0)):INDEX('Rates Table'!$G$8:$G$50,MATCH($C41+$D41-1,'Rates Table'!$C$8:$C$50,0))))","v":0.17248811334031713},{"$f":"-PMT(discountRate,$D41,NPV(discountRate,INDEX('Rates Table'!$H$8:$H$50,MATCH($C41,'Rates Table'!$C$8:$C$50,0)):INDEX('Rates Table'!$H$8:$H$50,MATCH($C41+$D41-1,'Rates Table'!$C$8:$C$50,0))))","v":3.7842000000000005E-6},{"$f":"-PMT(discountRate,$D41,NPV(discountRate,INDEX('Rates Table'!$I$8:$I$50,MATCH($C41,'Rates Table'!$C$8:$C$50,0)):INDEX('Rates Table'!$I$8:$I$50,MATCH($C41+$D41-1,'Rates Table'!$C$8:$C$50,0))))","v":0.34743191039999999},{"$f":"-PMT(discountRate,$D41,NPV(discountRate,INDEX('Rates Table'!$J$8:$J$50,MATCH($C41,'Rates Table'!$C$8:$C$50,0)):INDEX('Rates Table'!$J$8:$J$50,MATCH($C41+$D41-1,'Rates Table'!$C$8:$C$50,0))))","v":0.41068298556000005}]
[null,"2016_6",2016,6,{"$f":"-PMT(discountRate,$D42,NPV(discountRate,INDEX('Rates Table'!$F$8:$F$50,MATCH($C42,'Rates Table'!$C$8:$C$50,0)):INDEX('Rates Table'!$F$8:$F$50,MATCH($C42+$D42-1,'Rates Table'!$C$8:$C$50,0))))","v":0.129011314632026},{"$f":"-PMT(discountRate,$D42,NPV(discountRate,INDEX('Rates Table'!$G$8:$G$50,MATCH($C42,'Rates Table'!$C$8:$C$50,0)):INDEX('Rates Table'!$G$8:$G$50,MATCH($C42+$D42-1,'Rates Table'!$C$8:$C$50,0))))","v":0.17248811334031713},{"$f":"-PMT(discountRate,$D42,NPV(discountRate,INDEX('Rates Table'!$H$8:$H$50,MATCH($C42,'Rates Table'!$C$8:$C$50,0)):INDEX('Rates Table'!$H$8:$H$50,MATCH($C42+$D42-1,'Rates Table'!$C$8:$C$50,0))))","v":3.7842000000000005E-6},{"$f":"-PMT(discountRate,$D42,NPV(discountRate,INDEX('Rates Table'!$I$8:$I$50,MATCH($C42,'Rates Table'!$C$8:$C$50,0)):INDEX('Rates Table'!$I$8:$I$50,MATCH($C42+$D42-1,'Rates Table'!$C$8:$C$50,0))))","v":0.34743191039999999},{"$f":"-PMT(discountRate,$D42,NPV(discountRate,INDEX('Rates Table'!$J$8:$J$50,MATCH($C42,'Rates Table'!$C$8:$C$50,0)):INDEX('Rates Table'!$J$8:$J$50,MATCH($C42+$D42-1,'Rates Table'!$C$8:$C$50,0))))","v":0.4106829855600001}]
[null,"2016_7",2016,7,{"$f":"-PMT(discountRate,$D43,NPV(discountRate,INDEX('Rates Table'!$F$8:$F$50,MATCH($C43,'Rates Table'!$C$8:$C$50,0)):INDEX('Rates Table'!$F$8:$F$50,MATCH($C43+$D43-1,'Rates Table'!$C$8:$C$50,0))))","v":0.12850399304727295},{"$f":"-PMT(discountRate,$D43,NPV(discountRate,INDEX('Rates Table'!$G$8:$G$50,MATCH($C43,'Rates Table'!$C$8:$C$50,0)):INDEX('Rates Table'!$G$8:$G$50,MATCH($C43+$D43-1,'Rates Table'!$C$8:$C$50,0))))","v":0.17248811334031713},{"$f":"-PMT(discountRate,$D43,NPV(discountRate,INDEX('Rates Table'!$H$8:$H$50,MATCH($C43,'Rates Table'!$C$8:$C$50,0)):INDEX('Rates Table'!$H$8:$H$50,MATCH($C43+$D43-1,'Rates Table'!$C$8:$C$50,0))))","v":3.7841999999999997E-6},{"$f":"-PMT(discountRate,$D43,NPV(discountRate,INDEX('Rates Table'!$I$8:$I$50,MATCH($C43,'Rates Table'!$C$8:$C$50,0)):INDEX('Rates Table'!$I$8:$I$50,MATCH($C43+$D43-1,'Rates Table'!$C$8:$C$50,0))))","v":0.34743191039999999},{"$f":"-PMT(discountRate,$D43,NPV(discountRate,INDEX('Rates Table'!$J$8:$J$50,MATCH($C43,'Rates Table'!$C$8:$C$50,0)):INDEX('Rates Table'!$J$8:$J$50,MATCH($C43+$D43-1,'Rates Table'!$C$8:$C$50,0))))","v":0.41068298556000005}]
[null,"2016_8",2016,8,{"$f":"-PMT(discountRate,$D44,NPV(discountRate,INDEX('Rates Table'!$F$8:$F$50,MATCH($C44,'Rates Table'!$C$8:$C$50,0)):INDEX('Rates Table'!$F$8:$F$50,MATCH($C44+$D44-1,'Rates Table'!$C$8:$C$50,0))))","v":0.12800846975579391},{"$f":"-PMT(discountRate,$D44,NPV(discountRate,INDEX('Rates Table'!$G$8:$G$50,MATCH($C44,'Rates Table'!$C$8:$C$50,0)):INDEX('Rates Table'!$G$8:$G$50,MATCH($C44+$D44-1,'Rates Table'!$C$8:$C$50,0))))","v":0.17248811334031713},{"$f":"-PMT(discountRate,$D44,NPV(discountRate,INDEX('Rates Table'!$H$8:$H$50,MATCH($C44,'Rates Table'!$C$8:$C$50,0)):INDEX('Rates Table'!$H$8:$H$50,MATCH($C44+$D44-1,'Rates Table'!$C$8:$C$50,0))))","v":3.7841999999999997E-6},{"$f":"-PMT(discountRate,$D44,NPV(discountRate,INDEX('Rates Table'!$I$8:$I$50,MATCH($C44,'Rates Table'!$C$8:$C$50,0)):INDEX('Rates Table'!$I$8:$I$50,MATCH($C44+$D44-1,'Rates Table'!$C$8:$C$50,0))))","v":0.34743191039999993},{"$f":"-PMT(discountRate,$D44,NPV(discountRate,INDEX('Rates Table'!$J$8:$J$50,MATCH($C44,'Rates Table'!$C$8:$C$50,0)):INDEX('Rates Table'!$J$8:$J$50,MATCH($C44+$D44-1,'Rates Table'!$C$8:$C$50,0))))","v":0.41068298555999994}]
[null,"2016_9",2016,9,{"$f":"-PMT(discountRate,$D45,NPV(discountRate,INDEX('Rates Table'!$F$8:$F$50,MATCH($C45,'Rates Table'!$C$8:$C$50,0)):INDEX('Rates Table'!$F$8:$F$50,MATCH($C45+$D45-1,'Rates Table'!$C$8:$C$50,0))))","v":0.12763935101113252},{"$f":"-PMT(discountRate,$D45,NPV(discountRate,INDEX('Rates Table'!$G$8:$G$50,MATCH($C45,'Rates Table'!$C$8:$C$50,0)):INDEX('Rates Table'!$G$8:$G$50,MATCH($C45+$D45-1,'Rates Table'!$C$8:$C$50,0))))","v":0.17248811334031711},{"$f":"-PMT(discountRate,$D45,NPV(discountRate,INDEX('Rates Table'!$H$8:$H$50,MATCH($C45,'Rates Table'!$C$8:$C$50,0)):INDEX('Rates Table'!$H$8:$H$50,MATCH($C45+$D45-1,'Rates Table'!$C$8:$C$50,0))))","v":3.7841999999999997E-6},{"$f":"-PMT(discountRate,$D45,NPV(discountRate,INDEX('Rates Table'!$I$8:$I$50,MATCH($C45,'Rates Table'!$C$8:$C$50,0)):INDEX('Rates Table'!$I$8:$I$50,MATCH($C45+$D45-1,'Rates Table'!$C$8:$C$50,0))))","v":0.34743191039999993},{"$f":"-PMT(discountRate,$D45,NPV(discountRate,INDEX('Rates Table'!$J$8:$J$50,MATCH($C45,'Rates Table'!$C$8:$C$50,0)):INDEX('Rates Table'!$J$8:$J$50,MATCH($C45+$D45-1,'Rates Table'!$C$8:$C$50,0))))","v":0.41068298555999994}]
[null,"2016_10",2016,10,{"$f":"-PMT(discountRate,$D46,NPV(discountRate,INDEX('Rates Table'!$F$8:$F$50,MATCH($C46,'Rates Table'!$C$8:$C$50,0)):INDEX('Rates Table'!$F$8:$F$50,MATCH($C46+$D46-1,'Rates Table'!$C$8:$C$50,0))))","v":0.12733887985080661},{"$f":"-PMT(discountRate,$D46,NPV(discountRate,INDEX('Rates Table'!$G$8:$G$50,MATCH($C46,'Rates Table'!$C$8:$C$50,0)):INDEX('Rates Table'!$G$8:$G$50,MATCH($C46+$D46-1,'Rates Table'!$C$8:$C$50,0))))","v":0.17248811334031713},{"$f":"-PMT(discountRate,$D46,NPV(discountRate,INDEX('Rates Table'!$H$8:$H$50,MATCH($C46,'Rates Table'!$C$8:$C$50,0)):INDEX('Rates Table'!$H$8:$H$50,MATCH($C46+$D46-1,'Rates Table'!$C$8:$C$50,0))))","v":3.7841999999999997E-6},{"$f":"-PMT(discountRate,$D46,NPV(discountRate,INDEX('Rates Table'!$I$8:$I$50,MATCH($C46,'Rates Table'!$C$8:$C$50,0)):INDEX('Rates Table'!$I$8:$I$50,MATCH($C46+$D46-1,'Rates Table'!$C$8:$C$50,0))))","v":0.34743191039999999},{"$f":"-PMT(discountRate,$D46,NPV(discountRate,INDEX('Rates Table'!$J$8:$J$50,MATCH($C46,'Rates Table'!$C$8:$C$50,0)):INDEX('Rates Table'!$J$8:$J$50,MATCH($C46+$D46-1,'Rates Table'!$C$8:$C$50,0))))","v":0.41068298555999994}]
[null,"2016_11",2016,11,{"$f":"-PMT(discountRate,$D47,NPV(discountRate,INDEX('Rates Table'!$F$8:$F$50,MATCH($C47,'Rates Table'!$C$8:$C$50,0)):INDEX('Rates Table'!$F$8:$F$50,MATCH($C47+$D47-1,'Rates Table'!$C$8:$C$50,0))))","v":0.12720052688321418},{"$f":"-PMT(discountRate,$D47,NPV(discountRate,INDEX('Rates Table'!$G$8:$G$50,MATCH($C47,'Rates Table'!$C$8:$C$50,0)):INDEX('Rates Table'!$G$8:$G$50,MATCH($C47+$D47-1,'Rates Table'!$C$8:$C$50,0))))","v":0.17248811334031711},{"$f":"-PMT(discountRate,$D47,NPV(discountRate,INDEX('Rates Table'!$H$8:$H$50,MATCH($C47,'Rates Table'!$C$8:$C$50,0)):INDEX('Rates Table'!$H$8:$H$50,MATCH($C47+$D47-1,'Rates Table'!$C$8:$C$50,0))))","v":3.7841999999999993E-6},{"$f":"-PMT(discountRate,$D47,NPV(discountRate,INDEX('Rates Table'!$I$8:$I$50,MATCH($C47,'Rates Table'!$C$8:$C$50,0)):INDEX('Rates Table'!$I$8:$I$50,MATCH($C47+$D47-1,'Rates Table'!$C$8:$C$50,0))))","v":0.34743191039999988},{"$f":"-PMT(discountRate,$D47,NPV(discountRate,INDEX('Rates Table'!$J$8:$J$50,MATCH($C47,'Rates Table'!$C$8:$C$50,0)):INDEX('Rates Table'!$J$8:$J$50,MATCH($C47+$D47-1,'Rates Table'!$C$8:$C$50,0))))","v":0.41068298555999988}]
[null,"2016_12",2016,12,{"$f":"-PMT(discountRate,$D48,NPV(discountRate,INDEX('Rates Table'!$F$8:$F$50,MATCH($C48,'Rates Table'!$C$8:$C$50,0)):INDEX('Rates Table'!$F$8:$F$50,MATCH($C48+$D48-1,'Rates Table'!$C$8:$C$50,0))))","v":0.12713312207408872},{"$f":"-PMT(discountRate,$D48,NPV(discountRate,INDEX('Rates Table'!$G$8:$G$50,MATCH($C48,'Rates Table'!$C$8:$C$50,0)):INDEX('Rates Table'!$G$8:$G$50,MATCH($C48+$D48-1,'Rates Table'!$C$8:$C$50,0))))","v":0.17248811334031711},{"$f":"-PMT(discountRate,$D48,NPV(discountRate,INDEX('Rates Table'!$H$8:$H$50,MATCH($C48,'Rates Table'!$C$8:$C$50,0)):INDEX('Rates Table'!$H$8:$H$50,MATCH($C48+$D48-1,'Rates Table'!$C$8:$C$50,0))))","v":3.7841999999999997E-6},{"$f":"-PMT(discountRate,$D48,NPV(discountRate,INDEX('Rates Table'!$I$8:$I$50,MATCH($C48,'Rates Table'!$C$8:$C$50,0)):INDEX('Rates Table'!$I$8:$I$50,MATCH($C48+$D48-1,'Rates Table'!$C$8:$C$50,0))))","v":0.34743191039999993},{"$f":"-PMT(discountRate,$D48,NPV(discountRate,INDEX('Rates Table'!$J$8:$J$50,MATCH($C48,'Rates Table'!$C$8:$C$50,0)):INDEX('Rates Table'!$J$8:$J$50,MATCH($C48+$D48-1,'Rates Table'!$C$8:$C$50,0))))","v":0.41068298555999994}]
[null,"2016_13",2016,13,{"$f":"-PMT(discountRate,$D49,NPV(discountRate,INDEX('Rates Table'!$F$8:$F$50,MATCH($C49,'Rates Table'!$C$8:$C$50,0)):INDEX('Rates Table'!$F$8:$F$50,MATCH($C49+$D49-1,'Rates Table'!$C$8:$C$50,0))))","v":0.1270762617884359},{"$f":"-PMT(discountRate,$D49,NPV(discountRate,INDEX('Rates Table'!$G$8:$G$50,MATCH($C49,'Rates Table'!$C$8:$C$50,0)):INDEX('Rates Table'!$G$8:$G$50,MATCH($C49+$D49-1,'Rates Table'!$C$8:$C$50,0))))","v":0.17248811334031708},{"$f":"-PMT(discountRate,$D49,NPV(discountRate,INDEX('Rates Table'!$H$8:$H$50,MATCH($C49,'Rates Table'!$C$8:$C$50,0)):INDEX('Rates Table'!$H$8:$H$50,MATCH($C49+$D49-1,'Rates Table'!$C$8:$C$50,0))))","v":3.7841999999999993E-6},{"$f":"-PMT(discountRate,$D49,NPV(discountRate,INDEX('Rates Table'!$I$8:$I$50,MATCH($C49,'Rates Table'!$C$8:$C$50,0)):INDEX('Rates Table'!$I$8:$I$50,MATCH($C49+$D49-1,'Rates Table'!$C$8:$C$50,0))))","v":0.34743191039999988},{"$f":"-PMT(discountRate,$D49,NPV(discountRate,INDEX('Rates Table'!$J$8:$J$50,MATCH($C49,'Rates Table'!$C$8:$C$50,0)):INDEX('Rates Table'!$J$8:$J$50,MATCH($C49+$D49-1,'Rates Table'!$C$8:$C$50,0))))","v":0.41068298555999988}]
[null,"2016_14",2016,14,{"$f":"-PMT(discountRate,$D50,NPV(discountRate,INDEX('Rates Table'!$F$8:$F$50,MATCH($C50,'Rates Table'!$C$8:$C$50,0)):INDEX('Rates Table'!$F$8:$F$50,MATCH($C50+$D50-1,'Rates Table'!$C$8:$C$50,0))))","v":0.12702768586625593},{"$f":"-PMT(discountRate,$D50,NPV(discountRate,INDEX('Rates Table'!$G$8:$G$50,MATCH($C50,'Rates Table'!$C$8:$C$50,0)):INDEX('Rates Table'!$G$8:$G$50,MATCH($C50+$D50-1,'Rates Table'!$C$8:$C$50,0))))","v":0.17248811334031711},{"$f":"-PMT(discountRate,$D50,NPV(discountRate,INDEX('Rates Table'!$H$8:$H$50,MATCH($C50,'Rates Table'!$C$8:$C$50,0)):INDEX('Rates Table'!$H$8:$H$50,MATCH($C50+$D50-1,'Rates Table'!$C$8:$C$50,0))))","v":3.7842000000000005E-6},{"$f":"-PMT(discountRate,$D50,NPV(discountRate,INDEX('Rates Table'!$I$8:$I$50,MATCH($C50,'Rates Table'!$C$8:$C$50,0)):INDEX('Rates Table'!$I$8:$I$50,MATCH($C50+$D50-1,'Rates Table'!$C$8:$C$50,0))))","v":0.34743191039999993},{"$f":"-PMT(discountRate,$D50,NPV(discountRate,INDEX('Rates Table'!$J$8:$J$50,MATCH($C50,'Rates Table'!$C$8:$C$50,0)):INDEX('Rates Table'!$J$8:$J$50,MATCH($C50+$D50-1,'Rates Table'!$C$8:$C$50,0))))","v":0.41068298555999994}]
[null,"2016_15",2016,15,{"$f":"-PMT(discountRate,$D51,NPV(discountRate,INDEX('Rates Table'!$F$8:$F$50,MATCH($C51,'Rates Table'!$C$8:$C$50,0)):INDEX('Rates Table'!$F$8:$F$50,MATCH($C51+$D51-1,'Rates Table'!$C$8:$C$50,0))))","v":0.12698573681359304},{"$f":"-PMT(discountRate,$D51,NPV(discountRate,INDEX('Rates Table'!$G$8:$G$50,MATCH($C51,'Rates Table'!$C$8:$C$50,0)):INDEX('Rates Table'!$G$8:$G$50,MATCH($C51+$D51-1,'Rates Table'!$C$8:$C$50,0))))","v":0.17248811334031708},{"$f":"-PMT(discountRate,$D51,NPV(discountRate,INDEX('Rates Table'!$H$8:$H$50,MATCH($C51,'Rates Table'!$C$8:$C$50,0)):INDEX('Rates Table'!$H$8:$H$50,MATCH($C51+$D51-1,'Rates Table'!$C$8:$C$50,0))))","v":3.7841999999999993E-6},{"$f":"-PMT(discountRate,$D51,NPV(discountRate,INDEX('Rates Table'!$I$8:$I$50,MATCH($C51,'Rates Table'!$C$8:$C$50,0)):INDEX('Rates Table'!$I$8:$I$50,MATCH($C51+$D51-1,'Rates Table'!$C$8:$C$50,0))))","v":0.34743191039999988},{"$f":"-PMT(discountRate,$D51,NPV(discountRate,INDEX('Rates Table'!$J$8:$J$50,MATCH($C51,'Rates Table'!$C$8:$C$50,0)):INDEX('Rates Table'!$J$8:$J$50,MATCH($C51+$D51-1,'Rates Table'!$C$8:$C$50,0))))","v":0.41068298555999982}]
[null,"2016_16",2016,16,{"$f":"-PMT(discountRate,$D52,NPV(discountRate,INDEX('Rates Table'!$F$8:$F$50,MATCH($C52,'Rates Table'!$C$8:$C$50,0)):INDEX('Rates Table'!$F$8:$F$50,MATCH($C52+$D52-1,'Rates Table'!$C$8:$C$50,0))))","v":0.12694917147001644},{"$f":"-PMT(discountRate,$D52,NPV(discountRate,INDEX('Rates Table'!$G$8:$G$50,MATCH($C52,'Rates Table'!$C$8:$C$50,0)):INDEX('Rates Table'!$G$8:$G$50,MATCH($C52+$D52-1,'Rates Table'!$C$8:$C$50,0))))","v":0.17248811334031711},{"$f":"-PMT(discountRate,$D52,NPV(discountRate,INDEX('Rates Table'!$H$8:$H$50,MATCH($C52,'Rates Table'!$C$8:$C$50,0)):INDEX('Rates Table'!$H$8:$H$50,MATCH($C52+$D52-1,'Rates Table'!$C$8:$C$50,0))))","v":3.7841999999999993E-6},{"$f":"-PMT(discountRate,$D52,NPV(discountRate,INDEX('Rates Table'!$I$8:$I$50,MATCH($C52,'Rates Table'!$C$8:$C$50,0)):INDEX('Rates Table'!$I$8:$I$50,MATCH($C52+$D52-1,'Rates Table'!$C$8:$C$50,0))))","v":0.34743191039999988},{"$f":"-PMT(discountRate,$D52,NPV(discountRate,INDEX('Rates Table'!$J$8:$J$50,MATCH($C52,'Rates Table'!$C$8:$C$50,0)):INDEX('Rates Table'!$J$8:$J$50,MATCH($C52+$D52-1,'Rates Table'!$C$8:$C$50,0))))","v":0.41068298555999988}]
[null,"2016_17",2016,17,{"$f":"-PMT(discountRate,$D53,NPV(discountRate,INDEX('Rates Table'!$F$8:$F$50,MATCH($C53,'Rates Table'!$C$8:$C$50,0)):INDEX('Rates Table'!$F$8:$F$50,MATCH($C53+$D53-1,'Rates Table'!$C$8:$C$50,0))))","v":0.12691703914643854},{"$f":"-PMT(discountRate,$D53,NPV(discountRate,INDEX('Rates Table'!$G$8:$G$50,MATCH($C53,'Rates Table'!$C$8:$C$50,0)):INDEX('Rates Table'!$G$8:$G$50,MATCH($C53+$D53-1,'Rates Table'!$C$8:$C$50,0))))","v":0.17248811334031711},{"$f":"-PMT(discountRate,$D53,NPV(discountRate,INDEX('Rates Table'!$H$8:$H$50,MATCH($C53,'Rates Table'!$C$8:$C$50,0)):INDEX('Rates Table'!$H$8:$H$50,MATCH($C53+$D53-1,'Rates Table'!$C$8:$C$50,0))))","v":3.7841999999999997E-6},{"$f":"-PMT(discountRate,$D53,NPV(discountRate,INDEX('Rates Table'!$I$8:$I$50,MATCH($C53,'Rates Table'!$C$8:$C$50,0)):INDEX('Rates Table'!$I$8:$I$50,MATCH($C53+$D53-1,'Rates Table'!$C$8:$C$50,0))))","v":0.34743191039999993},{"$f":"-PMT(discountRate,$D53,NPV(discountRate,INDEX('Rates Table'!$J$8:$J$50,MATCH($C53,'Rates Table'!$C$8:$C$50,0)):INDEX('Rates Table'!$J$8:$J$50,MATCH($C53+$D53-1,'Rates Table'!$C$8:$C$50,0))))","v":0.41068298555999988}]
[null,"2016_18",2016,18,{"$f":"-PMT(discountRate,$D54,NPV(discountRate,INDEX('Rates Table'!$F$8:$F$50,MATCH($C54,'Rates Table'!$C$8:$C$50,0)):INDEX('Rates Table'!$F$8:$F$50,MATCH($C54+$D54-1,'Rates Table'!$C$8:$C$50,0))))","v":0.12688860038369446},{"$f":"-PMT(discountRate,$D54,NPV(discountRate,INDEX('Rates Table'!$G$8:$G$50,MATCH($C54,'Rates Table'!$C$8:$C$50,0)):INDEX('Rates Table'!$G$8:$G$50,MATCH($C54+$D54-1,'Rates Table'!$C$8:$C$50,0))))","v":0.17248811334031708},{"$f":"-PMT(discountRate,$D54,NPV(discountRate,INDEX('Rates Table'!$H$8:$H$50,MATCH($C54,'Rates Table'!$C$8:$C$50,0)):INDEX('Rates Table'!$H$8:$H$50,MATCH($C54+$D54-1,'Rates Table'!$C$8:$C$50,0))))","v":3.7841999999999993E-6},{"$f":"-PMT(discountRate,$D54,NPV(discountRate,INDEX('Rates Table'!$I$8:$I$50,MATCH($C54,'Rates Table'!$C$8:$C$50,0)):INDEX('Rates Table'!$I$8:$I$50,MATCH($C54+$D54-1,'Rates Table'!$C$8:$C$50,0))))","v":0.34743191039999988},{"$f":"-PMT(discountRate,$D54,NPV(discountRate,INDEX('Rates Table'!$J$8:$J$50,MATCH($C54,'Rates Table'!$C$8:$C$50,0)):INDEX('Rates Table'!$J$8:$J$50,MATCH($C54+$D54-1,'Rates Table'!$C$8:$C$50,0))))","v":0.41068298555999982}]
[null,"2016_19",2016,19,{"$f":"-PMT(discountRate,$D55,NPV(discountRate,INDEX('Rates Table'!$F$8:$F$50,MATCH($C55,'Rates Table'!$C$8:$C$50,0)):INDEX('Rates Table'!$F$8:$F$50,MATCH($C55+$D55-1,'Rates Table'!$C$8:$C$50,0))))","v":0.12686327136633774},{"$f":"-PMT(discountRate,$D55,NPV(discountRate,INDEX('Rates Table'!$G$8:$G$50,MATCH($C55,'Rates Table'!$C$8:$C$50,0)):INDEX('Rates Table'!$G$8:$G$50,MATCH($C55+$D55-1,'Rates Table'!$C$8:$C$50,0))))","v":0.17248811334031708},{"$f":"-PMT(discountRate,$D55,NPV(discountRate,INDEX('Rates Table'!$H$8:$H$50,MATCH($C55,'Rates Table'!$C$8:$C$50,0)):INDEX('Rates Table'!$H$8:$H$50,MATCH($C55+$D55-1,'Rates Table'!$C$8:$C$50,0))))","v":3.7841999999999993E-6},{"$f":"-PMT(discountRate,$D55,NPV(discountRate,INDEX('Rates Table'!$I$8:$I$50,MATCH($C55,'Rates Table'!$C$8:$C$50,0)):INDEX('Rates Table'!$I$8:$I$50,MATCH($C55+$D55-1,'Rates Table'!$C$8:$C$50,0))))","v":0.34743191039999993},{"$f":"-PMT(discountRate,$D55,NPV(discountRate,INDEX('Rates Table'!$J$8:$J$50,MATCH($C55,'Rates Table'!$C$8:$C$50,0)):INDEX('Rates Table'!$J$8:$J$50,MATCH($C55+$D55-1,'Rates Table'!$C$8:$C$50,0))))","v":0.41068298555999982}]
[null,"2016_20",2016,20,{"$f":"-PMT(discountRate,$D56,NPV(discountRate,INDEX('Rates Table'!$F$8:$F$50,MATCH($C56,'Rates Table'!$C$8:$C$50,0)):INDEX('Rates Table'!$F$8:$F$50,MATCH($C56+$D56-1,'Rates Table'!$C$8:$C$50,0))))","v":0.1268405850123249},{"$f":"-PMT(discountRate,$D56,NPV(discountRate,INDEX('Rates Table'!$G$8:$G$50,MATCH($C56,'Rates Table'!$C$8:$C$50,0)):INDEX('Rates Table'!$G$8:$G$50,MATCH($C56+$D56-1,'Rates Table'!$C$8:$C$50,0))))","v":0.17248811334031708},{"$f":"-PMT(discountRate,$D56,NPV(discountRate,INDEX('Rates Table'!$H$8:$H$50,MATCH($C56,'Rates Table'!$C$8:$C$50,0)):INDEX('Rates Table'!$H$8:$H$50,MATCH($C56+$D56-1,'Rates Table'!$C$8:$C$50,0))))","v":3.7841999999999993E-6},{"$f":"-PMT(discountRate,$D56,NPV(discountRate,INDEX('Rates Table'!$I$8:$I$50,MATCH($C56,'Rates Table'!$C$8:$C$50,0)):INDEX('Rates Table'!$I$8:$I$50,MATCH($C56+$D56-1,'Rates Table'!$C$8:$C$50,0))))","v":0.34743191039999993},{"$f":"-PMT(discountRate,$D56,NPV(discountRate,INDEX('Rates Table'!$J$8:$J$50,MATCH($C56,'Rates Table'!$C$8:$C$50,0)):INDEX('Rates Table'!$J$8:$J$50,MATCH($C56+$D56-1,'Rates Table'!$C$8:$C$50,0))))","v":0.41068298555999988}]
[null,"2016_21",2016,21,{"$f":"-PMT(discountRate,$D57,NPV(discountRate,INDEX('Rates Table'!$F$8:$F$50,MATCH($C57,'Rates Table'!$C$8:$C$50,0)):INDEX('Rates Table'!$F$8:$F$50,MATCH($C57+$D57-1,'Rates Table'!$C$8:$C$50,0))))","v":0.12682016317995878},{"$f":"-PMT(discountRate,$D57,NPV(discountRate,INDEX('Rates Table'!$G$8:$G$50,MATCH($C57,'Rates Table'!$C$8:$C$50,0)):INDEX('Rates Table'!$G$8:$G$50,MATCH($C57+$D57-1,'Rates Table'!$C$8:$C$50,0))))","v":0.17248811334031705},{"$f":"-PMT(discountRate,$D57,NPV(discountRate,INDEX('Rates Table'!$H$8:$H$50,MATCH($C57,'Rates Table'!$C$8:$C$50,0)):INDEX('Rates Table'!$H$8:$H$50,MATCH($C57+$D57-1,'Rates Table'!$C$8:$C$50,0))))","v":3.7841999999999993E-6},{"$f":"-PMT(discountRate,$D57,NPV(discountRate,INDEX('Rates Table'!$I$8:$I$50,MATCH($C57,'Rates Table'!$C$8:$C$50,0)):INDEX('Rates Table'!$I$8:$I$50,MATCH($C57+$D57-1,'Rates Table'!$C$8:$C$50,0))))","v":0.34743191039999993},{"$f":"-PMT(discountRate,$D57,NPV(discountRate,INDEX('Rates Table'!$J$8:$J$50,MATCH($C57,'Rates Table'!$C$8:$C$50,0)):INDEX('Rates Table'!$J$8:$J$50,MATCH($C57+$D57-1,'Rates Table'!$C$8:$C$50,0))))","v":0.41068298555999982}]
[null,"2016_22",2016,22,{"$f":"-PMT(discountRate,$D58,NPV(discountRate,INDEX('Rates Table'!$F$8:$F$50,MATCH($C58,'Rates Table'!$C$8:$C$50,0)):INDEX('Rates Table'!$F$8:$F$50,MATCH($C58+$D58-1,'Rates Table'!$C$8:$C$50,0))))","v":0.12680169645477954},{"$f":"-PMT(discountRate,$D58,NPV(discountRate,INDEX('Rates Table'!$G$8:$G$50,MATCH($C58,'Rates Table'!$C$8:$C$50,0)):INDEX('Rates Table'!$G$8:$G$50,MATCH($C58+$D58-1,'Rates Table'!$C$8:$C$50,0))))","v":0.17248811334031708},{"$f":"-PMT(discountRate,$D58,NPV(discountRate,INDEX('Rates Table'!$H$8:$H$50,MATCH($C58,'Rates Table'!$C$8:$C$50,0)):INDEX('Rates Table'!$H$8:$H$50,MATCH($C58+$D58-1,'Rates Table'!$C$8:$C$50,0))))","v":3.7841999999999997E-6},{"$f":"-PMT(discountRate,$D58,NPV(discountRate,INDEX('Rates Table'!$I$8:$I$50,MATCH($C58,'Rates Table'!$C$8:$C$50,0)):INDEX('Rates Table'!$I$8:$I$50,MATCH($C58+$D58-1,'Rates Table'!$C$8:$C$50,0))))","v":0.34743191039999993},{"$f":"-PMT(discountRate,$D58,NPV(discountRate,INDEX('Rates Table'!$J$8:$J$50,MATCH($C58,'Rates Table'!$C$8:$C$50,0)):INDEX('Rates Table'!$J$8:$J$50,MATCH($C58+$D58-1,'Rates Table'!$C$8:$C$50,0))))","v":0.41068298555999982}]
[null,"2016_23",2016,23,{"$f":"-PMT(discountRate,$D59,NPV(discountRate,INDEX('Rates Table'!$F$8:$F$50,MATCH($C59,'Rates Table'!$C$8:$C$50,0)):INDEX('Rates Table'!$F$8:$F$50,MATCH($C59+$D59-1,'Rates Table'!$C$8:$C$50,0))))","v":0.12678492920946149},{"$f":"-PMT(discountRate,$D59,NPV(discountRate,INDEX('Rates Table'!$G$8:$G$50,MATCH($C59,'Rates Table'!$C$8:$C$50,0)):INDEX('Rates Table'!$G$8:$G$50,MATCH($C59+$D59-1,'Rates Table'!$C$8:$C$50,0))))","v":0.17248811334031708},{"$f":"-PMT(discountRate,$D59,NPV(discountRate,INDEX('Rates Table'!$H$8:$H$50,MATCH($C59,'Rates Table'!$C$8:$C$50,0)):INDEX('Rates Table'!$H$8:$H$50,MATCH($C59+$D59-1,'Rates Table'!$C$8:$C$50,0))))","v":3.7841999999999993E-6},{"$f":"-PMT(discountRate,$D59,NPV(discountRate,INDEX('Rates Table'!$I$8:$I$50,MATCH($C59,'Rates Table'!$C$8:$C$50,0)):INDEX('Rates Table'!$I$8:$I$50,MATCH($C59+$D59-1,'Rates Table'!$C$8:$C$50,0))))","v":0.34743191039999988},{"$f":"-PMT(discountRate,$D59,NPV(discountRate,INDEX('Rates Table'!$J$8:$J$50,MATCH($C59,'Rates Table'!$C$8:$C$50,0)):INDEX('Rates Table'!$J$8:$J$50,MATCH($C59+$D59-1,'Rates Table'!$C$8:$C$50,0))))","v":0.41068298555999982}]
[null,"2016_24",2016,24,{"$f":"-PMT(discountRate,$D60,NPV(discountRate,INDEX('Rates Table'!$F$8:$F$50,MATCH($C60,'Rates Table'!$C$8:$C$50,0)):INDEX('Rates Table'!$F$8:$F$50,MATCH($C60+$D60-1,'Rates Table'!$C$8:$C$50,0))))","v":0.12676964839875482},{"$f":"-PMT(discountRate,$D60,NPV(discountRate,INDEX('Rates Table'!$G$8:$G$50,MATCH($C60,'Rates Table'!$C$8:$C$50,0)):INDEX('Rates Table'!$G$8:$G$50,MATCH($C60+$D60-1,'Rates Table'!$C$8:$C$50,0))))","v":0.17248811334031711},{"$f":"-PMT(discountRate,$D60,NPV(discountRate,INDEX('Rates Table'!$H$8:$H$50,MATCH($C60,'Rates Table'!$C$8:$C$50,0)):INDEX('Rates Table'!$H$8:$H$50,MATCH($C60+$D60-1,'Rates Table'!$C$8:$C$50,0))))","v":3.7841999999999997E-6},{"$f":"-PMT(discountRate,$D60,NPV(discountRate,INDEX('Rates Table'!$I$8:$I$50,MATCH($C60,'Rates Table'!$C$8:$C$50,0)):INDEX('Rates Table'!$I$8:$I$50,MATCH($C60+$D60-1,'Rates Table'!$C$8:$C$50,0))))","v":0.34743191039999993},{"$f":"-PMT(discountRate,$D60,NPV(discountRate,INDEX('Rates Table'!$J$8:$J$50,MATCH($C60,'Rates Table'!$C$8:$C$50,0)):INDEX('Rates Table'!$J$8:$J$50,MATCH($C60+$D60-1,'Rates Table'!$C$8:$C$50,0))))","v":0.41068298555999982}]
[null,"2016_25",2016,25,{"$f":"-PMT(discountRate,$D61,NPV(discountRate,INDEX('Rates Table'!$F$8:$F$50,MATCH($C61,'Rates Table'!$C$8:$C$50,0)):INDEX('Rates Table'!$F$8:$F$50,MATCH($C61+$D61-1,'Rates Table'!$C$8:$C$50,0))))","v":0.12675567504365834},{"$f":"-PMT(discountRate,$D61,NPV(discountRate,INDEX('Rates Table'!$G$8:$G$50,MATCH($C61,'Rates Table'!$C$8:$C$50,0)):INDEX('Rates Table'!$G$8:$G$50,MATCH($C61+$D61-1,'Rates Table'!$C$8:$C$50,0))))","v":0.17248811334031705},{"$f":"-PMT(discountRate,$D61,NPV(discountRate,INDEX('Rates Table'!$H$8:$H$50,MATCH($C61,'Rates Table'!$C$8:$C$50,0)):INDEX('Rates Table'!$H$8:$H$50,MATCH($C61+$D61-1,'Rates Table'!$C$8:$C$50,0))))","v":3.7841999999999989E-6},{"$f":"-PMT(discountRate,$D61,NPV(discountRate,INDEX('Rates Table'!$I$8:$I$50,MATCH($C61,'Rates Table'!$C$8:$C$50,0)):INDEX('Rates Table'!$I$8:$I$50,MATCH($C61+$D61-1,'Rates Table'!$C$8:$C$50,0))))","v":0.34743191039999977},{"$f":"-PMT(discountRate,$D61,NPV(discountRate,INDEX('Rates Table'!$J$8:$J$50,MATCH($C61,'Rates Table'!$C$8:$C$50,0)):INDEX('Rates Table'!$J$8:$J$50,MATCH($C61+$D61-1,'Rates Table'!$C$8:$C$50,0))))","v":0.41068298555999966}]
[null,"2016_26",2016,26,{"$f":"-PMT(discountRate,$D62,NPV(discountRate,INDEX('Rates Table'!$F$8:$F$50,MATCH($C62,'Rates Table'!$C$8:$C$50,0)):INDEX('Rates Table'!$F$8:$F$50,MATCH($C62+$D62-1,'Rates Table'!$C$8:$C$50,0))))","v":0.12674285768079888},{"$f":"-PMT(discountRate,$D62,NPV(discountRate,INDEX('Rates Table'!$G$8:$G$50,MATCH($C62,'Rates Table'!$C$8:$C$50,0)):INDEX('Rates Table'!$G$8:$G$50,MATCH($C62+$D62-1,'Rates Table'!$C$8:$C$50,0))))","v":0.17248811334031708},{"$f":"-PMT(discountRate,$D62,NPV(discountRate,INDEX('Rates Table'!$H$8:$H$50,MATCH($C62,'Rates Table'!$C$8:$C$50,0)):INDEX('Rates Table'!$H$8:$H$50,MATCH($C62+$D62-1,'Rates Table'!$C$8:$C$50,0))))","v":3.7841999999999993E-6},{"$f":"-PMT(discountRate,$D62,NPV(discountRate,INDEX('Rates Table'!$I$8:$I$50,MATCH($C62,'Rates Table'!$C$8:$C$50,0)):INDEX('Rates Table'!$I$8:$I$50,MATCH($C62+$D62-1,'Rates Table'!$C$8:$C$50,0))))","v":0.34743191039999988},{"$f":"-PMT(discountRate,$D62,NPV(discountRate,INDEX('Rates Table'!$J$8:$J$50,MATCH($C62,'Rates Table'!$C$8:$C$50,0)):INDEX('Rates Table'!$J$8:$J$50,MATCH($C62+$D62-1,'Rates Table'!$C$8:$C$50,0))))","v":0.41068298555999982}]
[null,"2016_27",2016,27,{"$f":"-PMT(discountRate,$D63,NPV(discountRate,INDEX('Rates Table'!$F$8:$F$50,MATCH($C63,'Rates Table'!$C$8:$C$50,0)):INDEX('Rates Table'!$F$8:$F$50,MATCH($C63+$D63-1,'Rates Table'!$C$8:$C$50,0))))","v":0.12673106726751729},{"$f":"-PMT(discountRate,$D63,NPV(discountRate,INDEX('Rates Table'!$G$8:$G$50,MATCH($C63,'Rates Table'!$C$8:$C$50,0)):INDEX('Rates Table'!$G$8:$G$50,MATCH($C63+$D63-1,'Rates Table'!$C$8:$C$50,0))))","v":0.17248811334031708},{"$f":"-PMT(discountRate,$D63,NPV(discountRate,INDEX('Rates Table'!$H$8:$H$50,MATCH($C63,'Rates Table'!$C$8:$C$50,0)):INDEX('Rates Table'!$H$8:$H$50,MATCH($C63+$D63-1,'Rates Table'!$C$8:$C$50,0))))","v":3.7841999999999993E-6},{"$f":"-PMT(discountRate,$D63,NPV(discountRate,INDEX('Rates Table'!$I$8:$I$50,MATCH($C63,'Rates Table'!$C$8:$C$50,0)):INDEX('Rates Table'!$I$8:$I$50,MATCH($C63+$D63-1,'Rates Table'!$C$8:$C$50,0))))","v":0.34743191039999993},{"$f":"-PMT(discountRate,$D63,NPV(discountRate,INDEX('Rates Table'!$J$8:$J$50,MATCH($C63,'Rates Table'!$C$8:$C$50,0)):INDEX('Rates Table'!$J$8:$J$50,MATCH($C63+$D63-1,'Rates Table'!$C$8:$C$50,0))))","v":0.41068298555999977}]
[null,"2016_28",2016,28,{"$f":"-PMT(discountRate,$D64,NPV(discountRate,INDEX('Rates Table'!$F$8:$F$50,MATCH($C64,'Rates Table'!$C$8:$C$50,0)):INDEX('Rates Table'!$F$8:$F$50,MATCH($C64+$D64-1,'Rates Table'!$C$8:$C$50,0))))","v":0.12672019317873465},{"$f":"-PMT(discountRate,$D64,NPV(discountRate,INDEX('Rates Table'!$G$8:$G$50,MATCH($C64,'Rates Table'!$C$8:$C$50,0)):INDEX('Rates Table'!$G$8:$G$50,MATCH($C64+$D64-1,'Rates Table'!$C$8:$C$50,0))))","v":0.17248811334031708},{"$f":"-PMT(discountRate,$D64,NPV(discountRate,INDEX('Rates Table'!$H$8:$H$50,MATCH($C64,'Rates Table'!$C$8:$C$50,0)):INDEX('Rates Table'!$H$8:$H$50,MATCH($C64+$D64-1,'Rates Table'!$C$8:$C$50,0))))","v":3.7841999999999993E-6},{"$f":"-PMT(discountRate,$D64,NPV(discountRate,INDEX('Rates Table'!$I$8:$I$50,MATCH($C64,'Rates Table'!$C$8:$C$50,0)):INDEX('Rates Table'!$I$8:$I$50,MATCH($C64+$D64-1,'Rates Table'!$C$8:$C$50,0))))","v":0.34743191039999988},{"$f":"-PMT(discountRate,$D64,NPV(discountRate,INDEX('Rates Table'!$J$8:$J$50,MATCH($C64,'Rates Table'!$C$8:$C$50,0)):INDEX('Rates Table'!$J$8:$J$50,MATCH($C64+$D64-1,'Rates Table'!$C$8:$C$50,0))))","v":0.41068298555999977}]
[null,"2016_29",2016,29,{"$f":"-PMT(discountRate,$D65,NPV(discountRate,INDEX('Rates Table'!$F$8:$F$50,MATCH($C65,'Rates Table'!$C$8:$C$50,0)):INDEX('Rates Table'!$F$8:$F$50,MATCH($C65+$D65-1,'Rates Table'!$C$8:$C$50,0))))","v":0.12671014003206346},{"$f":"-PMT(discountRate,$D65,NPV(discountRate,INDEX('Rates Table'!$G$8:$G$50,MATCH($C65,'Rates Table'!$C$8:$C$50,0)):INDEX('Rates Table'!$G$8:$G$50,MATCH($C65+$D65-1,'Rates Table'!$C$8:$C$50,0))))","v":0.17248811334031708},{"$f":"-PMT(discountRate,$D65,NPV(discountRate,INDEX('Rates Table'!$H$8:$H$50,MATCH($C65,'Rates Table'!$C$8:$C$50,0)):INDEX('Rates Table'!$H$8:$H$50,MATCH($C65+$D65-1,'Rates Table'!$C$8:$C$50,0))))","v":3.7841999999999993E-6},{"$f":"-PMT(discountRate,$D65,NPV(discountRate,INDEX('Rates Table'!$I$8:$I$50,MATCH($C65,'Rates Table'!$C$8:$C$50,0)):INDEX('Rates Table'!$I$8:$I$50,MATCH($C65+$D65-1,'Rates Table'!$C$8:$C$50,0))))","v":0.34743191039999988},{"$f":"-PMT(discountRate,$D65,NPV(discountRate,INDEX('Rates Table'!$J$8:$J$50,MATCH($C65,'Rates Table'!$C$8:$C$50,0)):INDEX('Rates Table'!$J$8:$J$50,MATCH($C65+$D65-1,'Rates Table'!$C$8:$C$50,0))))","v":0.41068298555999977}]
[null,"2016_30",2016,30,{"$f":"-PMT(discountRate,$D66,NPV(discountRate,INDEX('Rates Table'!$F$8:$F$50,MATCH($C66,'Rates Table'!$C$8:$C$50,0)):INDEX('Rates Table'!$F$8:$F$50,MATCH($C66+$D66-1,'Rates Table'!$C$8:$C$50,0))))","v":0.12670082514790609},{"$f":"-PMT(discountRate,$D66,NPV(discountRate,INDEX('Rates Table'!$G$8:$G$50,MATCH($C66,'Rates Table'!$C$8:$C$50,0)):INDEX('Rates Table'!$G$8:$G$50,MATCH($C66+$D66-1,'Rates Table'!$C$8:$C$50,0))))","v":0.17248811334031708},{"$f":"-PMT(discountRate,$D66,NPV(discountRate,INDEX('Rates Table'!$H$8:$H$50,MATCH($C66,'Rates Table'!$C$8:$C$50,0)):INDEX('Rates Table'!$H$8:$H$50,MATCH($C66+$D66-1,'Rates Table'!$C$8:$C$50,0))))","v":3.7841999999999993E-6},{"$f":"-PMT(discountRate,$D66,NPV(discountRate,INDEX('Rates Table'!$I$8:$I$50,MATCH($C66,'Rates Table'!$C$8:$C$50,0)):INDEX('Rates Table'!$I$8:$I$50,MATCH($C66+$D66-1,'Rates Table'!$C$8:$C$50,0))))","v":0.34743191039999988},{"$f":"-PMT(discountRate,$D66,NPV(discountRate,INDEX('Rates Table'!$J$8:$J$50,MATCH($C66,'Rates Table'!$C$8:$C$50,0)):INDEX('Rates Table'!$J$8:$J$50,MATCH($C66+$D66-1,'Rates Table'!$C$8:$C$50,0))))","v":0.41068298555999977}]
[null,"2017_1",2017,1,{"$f":"-PMT(discountRate,$D67,NPV(discountRate,INDEX('Rates Table'!$F$8:$F$50,MATCH($C67,'Rates Table'!$C$8:$C$50,0)):INDEX('Rates Table'!$F$8:$F$50,MATCH($C67+$D67-1,'Rates Table'!$C$8:$C$50,0))))","v":0.12822640265688789},{"$f":"-PMT(discountRate,$D67,NPV(discountRate,INDEX('Rates Table'!$G$8:$G$50,MATCH($C67,'Rates Table'!$C$8:$C$50,0)):INDEX('Rates Table'!$G$8:$G$50,MATCH($C67+$D67-1,'Rates Table'!$C$8:$C$50,0))))","v":0.17248811334031713},{"$f":"-PMT(discountRate,$D67,NPV(discountRate,INDEX('Rates Table'!$H$8:$H$50,MATCH($C67,'Rates Table'!$C$8:$C$50,0)):INDEX('Rates Table'!$H$8:$H$50,MATCH($C67+$D67-1,'Rates Table'!$C$8:$C$50,0))))","v":3.7841999999999997E-6},{"$f":"-PMT(discountRate,$D67,NPV(discountRate,INDEX('Rates Table'!$I$8:$I$50,MATCH($C67,'Rates Table'!$C$8:$C$50,0)):INDEX('Rates Table'!$I$8:$I$50,MATCH($C67+$D67-1,'Rates Table'!$C$8:$C$50,0))))","v":0.34743191039999999},{"$f":"-PMT(discountRate,$D67,NPV(discountRate,INDEX('Rates Table'!$J$8:$J$50,MATCH($C67,'Rates Table'!$C$8:$C$50,0)):INDEX('Rates Table'!$J$8:$J$50,MATCH($C67+$D67-1,'Rates Table'!$C$8:$C$50,0))))","v":0.41068298555999994}]
[null,"2017_2",2017,2,{"$f":"-PMT(discountRate,$D68,NPV(discountRate,INDEX('Rates Table'!$F$8:$F$50,MATCH($C68,'Rates Table'!$C$8:$C$50,0)):INDEX('Rates Table'!$F$8:$F$50,MATCH($C68+$D68-1,'Rates Table'!$C$8:$C$50,0))))","v":0.12854229121549149},{"$f":"-PMT(discountRate,$D68,NPV(discountRate,INDEX('Rates Table'!$G$8:$G$50,MATCH($C68,'Rates Table'!$C$8:$C$50,0)):INDEX('Rates Table'!$G$8:$G$50,MATCH($C68+$D68-1,'Rates Table'!$C$8:$C$50,0))))","v":0.17248811334031719},{"$f":"-PMT(discountRate,$D68,NPV(discountRate,INDEX('Rates Table'!$H$8:$H$50,MATCH($C68,'Rates Table'!$C$8:$C$50,0)):INDEX('Rates Table'!$H$8:$H$50,MATCH($C68+$D68-1,'Rates Table'!$C$8:$C$50,0))))","v":3.7842000000000005E-6},{"$f":"-PMT(discountRate,$D68,NPV(discountRate,INDEX('Rates Table'!$I$8:$I$50,MATCH($C68,'Rates Table'!$C$8:$C$50,0)):INDEX('Rates Table'!$I$8:$I$50,MATCH($C68+$D68-1,'Rates Table'!$C$8:$C$50,0))))","v":0.34743191039999999},{"$f":"-PMT(discountRate,$D68,NPV(discountRate,INDEX('Rates Table'!$J$8:$J$50,MATCH($C68,'Rates Table'!$C$8:$C$50,0)):INDEX('Rates Table'!$J$8:$J$50,MATCH($C68+$D68-1,'Rates Table'!$C$8:$C$50,0))))","v":0.41068298556000005}]
[null,"2017_3",2017,3,{"$f":"-PMT(discountRate,$D69,NPV(discountRate,INDEX('Rates Table'!$F$8:$F$50,MATCH($C69,'Rates Table'!$C$8:$C$50,0)):INDEX('Rates Table'!$F$8:$F$50,MATCH($C69+$D69-1,'Rates Table'!$C$8:$C$50,0))))","v":0.12931188411827263},{"$f":"-PMT(discountRate,$D69,NPV(discountRate,INDEX('Rates Table'!$G$8:$G$50,MATCH($C69,'Rates Table'!$C$8:$C$50,0)):INDEX('Rates Table'!$G$8:$G$50,MATCH($C69+$D69-1,'Rates Table'!$C$8:$C$50,0))))","v":0.17248811334031713},{"$f":"-PMT(discountRate,$D69,NPV(discountRate,INDEX('Rates Table'!$H$8:$H$50,MATCH($C69,'Rates Table'!$C$8:$C$50,0)):INDEX('Rates Table'!$H$8:$H$50,MATCH($C69+$D69-1,'Rates Table'!$C$8:$C$50,0))))","v":3.7842000000000005E-6},{"$f":"-PMT(discountRate,$D69,NPV(discountRate,INDEX('Rates Table'!$I$8:$I$50,MATCH($C69,'Rates Table'!$C$8:$C$50,0)):INDEX('Rates Table'!$I$8:$I$50,MATCH($C69+$D69-1,'Rates Table'!$C$8:$C$50,0))))","v":0.34743191039999999},{"$f":"-PMT(discountRate,$D69,NPV(discountRate,INDEX('Rates Table'!$J$8:$J$50,MATCH($C69,'Rates Table'!$C$8:$C$50,0)):INDEX('Rates Table'!$J$8:$J$50,MATCH($C69+$D69-1,'Rates Table'!$C$8:$C$50,0))))","v":0.41068298555999994}]
[null,"2017_4",2017,4,{"$f":"-PMT(discountRate,$D70,NPV(discountRate,INDEX('Rates Table'!$F$8:$F$50,MATCH($C70,'Rates Table'!$C$8:$C$50,0)):INDEX('Rates Table'!$F$8:$F$50,MATCH($C70+$D70-1,'Rates Table'!$C$8:$C$50,0))))","v":0.12996126235586108},{"$f":"-PMT(discountRate,$D70,NPV(discountRate,INDEX('Rates Table'!$G$8:$G$50,MATCH($C70,'Rates Table'!$C$8:$C$50,0)):INDEX('Rates Table'!$G$8:$G$50,MATCH($C70+$D70-1,'Rates Table'!$C$8:$C$50,0))))","v":0.17248811334031713},{"$f":"-PMT(discountRate,$D70,NPV(discountRate,INDEX('Rates Table'!$H$8:$H$50,MATCH($C70,'Rates Table'!$C$8:$C$50,0)):INDEX('Rates Table'!$H$8:$H$50,MATCH($C70+$D70-1,'Rates Table'!$C$8:$C$50,0))))","v":3.7842000000000005E-6},{"$f":"-PMT(discountRate,$D70,NPV(discountRate,INDEX('Rates Table'!$I$8:$I$50,MATCH($C70,'Rates Table'!$C$8:$C$50,0)):INDEX('Rates Table'!$I$8:$I$50,MATCH($C70+$D70-1,'Rates Table'!$C$8:$C$50,0))))","v":0.34743191039999999},{"$f":"-PMT(discountRate,$D70,NPV(discountRate,INDEX('Rates Table'!$J$8:$J$50,MATCH($C70,'Rates Table'!$C$8:$C$50,0)):INDEX('Rates Table'!$J$8:$J$50,MATCH($C70+$D70-1,'Rates Table'!$C$8:$C$50,0))))","v":0.41068298556000005}]
[null,"2017_5",2017,5,{"$f":"-PMT(discountRate,$D71,NPV(discountRate,INDEX('Rates Table'!$F$8:$F$50,MATCH($C71,'Rates Table'!$C$8:$C$50,0)):INDEX('Rates Table'!$F$8:$F$50,MATCH($C71+$D71-1,'Rates Table'!$C$8:$C$50,0))))","v":0.12934027529290332},{"$f":"-PMT(discountRate,$D71,NPV(discountRate,INDEX('Rates Table'!$G$8:$G$50,MATCH($C71,'Rates Table'!$C$8:$C$50,0)):INDEX('Rates Table'!$G$8:$G$50,MATCH($C71+$D71-1,'Rates Table'!$C$8:$C$50,0))))","v":0.17248811334031713},{"$f":"-PMT(discountRate,$D71,NPV(discountRate,INDEX('Rates Table'!$H$8:$H$50,MATCH($C71,'Rates Table'!$C$8:$C$50,0)):INDEX('Rates Table'!$H$8:$H$50,MATCH($C71+$D71-1,'Rates Table'!$C$8:$C$50,0))))","v":3.7842000000000005E-6},{"$f":"-PMT(discountRate,$D71,NPV(discountRate,INDEX('Rates Table'!$I$8:$I$50,MATCH($C71,'Rates Table'!$C$8:$C$50,0)):INDEX('Rates Table'!$I$8:$I$50,MATCH($C71+$D71-1,'Rates Table'!$C$8:$C$50,0))))","v":0.34743191039999999},{"$f":"-PMT(discountRate,$D71,NPV(discountRate,INDEX('Rates Table'!$J$8:$J$50,MATCH($C71,'Rates Table'!$C$8:$C$50,0)):INDEX('Rates Table'!$J$8:$J$50,MATCH($C71+$D71-1,'Rates Table'!$C$8:$C$50,0))))","v":0.41068298556000005}]
[null,{"$f":"CONCATENATE(C72,\"_\",D72)","v":"2017_6"},2017,6,{"$f":"-PMT(discountRate,$D72,NPV(discountRate,INDEX('Rates Table'!$F$8:$F$50,MATCH($C72,'Rates Table'!$C$8:$C$50,0)):INDEX('Rates Table'!$F$8:$F$50,MATCH($C72+$D72-1,'Rates Table'!$C$8:$C$50,0))))","v":0.12868658134237532},{"$f":"-PMT(discountRate,$D72,NPV(discountRate,INDEX('Rates Table'!$G$8:$G$50,MATCH($C72,'Rates Table'!$C$8:$C$50,0)):INDEX('Rates Table'!$G$8:$G$50,MATCH($C72+$D72-1,'Rates Table'!$C$8:$C$50,0))))","v":0.17248811334031713},{"$f":"-PMT(discountRate,$D72,NPV(discountRate,INDEX('Rates Table'!$H$8:$H$50,MATCH($C72,'Rates Table'!$C$8:$C$50,0)):INDEX('Rates Table'!$H$8:$H$50,MATCH($C72+$D72-1,'Rates Table'!$C$8:$C$50,0))))","v":3.7842000000000005E-6},{"$f":"-PMT(discountRate,$D72,NPV(discountRate,INDEX('Rates Table'!$I$8:$I$50,MATCH($C72,'Rates Table'!$C$8:$C$50,0)):INDEX('Rates Table'!$I$8:$I$50,MATCH($C72+$D72-1,'Rates Table'!$C$8:$C$50,0))))","v":0.34743191039999999},{"$f":"-PMT(discountRate,$D72,NPV(discountRate,INDEX('Rates Table'!$J$8:$J$50,MATCH($C72,'Rates Table'!$C$8:$C$50,0)):INDEX('Rates Table'!$J$8:$J$50,MATCH($C72+$D72-1,'Rates Table'!$C$8:$C$50,0))))","v":0.4106829855600001}]
[null,"2017_7",{"$f":"IF(D73=1,C72+1,C72)","v":2017},{"$f":"IF(C72+D72>=2050,1,IF(D72=30,1,D72+1))","v":7},{"$f":"-PMT(discountRate,$D73,NPV(discountRate,INDEX('Rates Table'!$F$8:$F$50,MATCH($C73,'Rates Table'!$C$8:$C$50,0)):INDEX('Rates Table'!$F$8:$F$50,MATCH($C73+$D73-1,'Rates Table'!$C$8:$C$50,0))))","v":0.12808538167434053},{"$f":"-PMT(discountRate,$D73,NPV(discountRate,INDEX('Rates Table'!$G$8:$G$50,MATCH($C73,'Rates Table'!$C$8:$C$50,0)):INDEX('Rates Table'!$G$8:$G$50,MATCH($C73+$D73-1,'Rates Table'!$C$8:$C$50,0))))","v":0.17248811334031713},{"$f":"-PMT(discountRate,$D73,NPV(discountRate,INDEX('Rates Table'!$H$8:$H$50,MATCH($C73,'Rates Table'!$C$8:$C$50,0)):INDEX('Rates Table'!$H$8:$H$50,MATCH($C73+$D73-1,'Rates Table'!$C$8:$C$50,0))))","v":3.7841999999999997E-6},{"$f":"-PMT(discountRate,$D73,NPV(discountRate,INDEX('Rates Table'!$I$8:$I$50,MATCH($C73,'Rates Table'!$C$8:$C$50,0)):INDEX('Rates Table'!$I$8:$I$50,MATCH($C73+$D73-1,'Rates Table'!$C$8:$C$50,0))))","v":0.34743191039999999},{"$f":"-PMT(discountRate,$D73,NPV(discountRate,INDEX('Rates Table'!$J$8:$J$50,MATCH($C73,'Rates Table'!$C$8:$C$50,0)):INDEX('Rates Table'!$J$8:$J$50,MATCH($C73+$D73-1,'Rates Table'!$C$8:$C$50,0))))","v":0.41068298556000005}]
[null,"2017_8",2017,8,{"$f":"-PMT(discountRate,$D74,NPV(discountRate,INDEX('Rates Table'!$F$8:$F$50,MATCH($C74,'Rates Table'!$C$8:$C$50,0)):INDEX('Rates Table'!$F$8:$F$50,MATCH($C74+$D74-1,'Rates Table'!$C$8:$C$50,0))))","v":0.12765309143898834},{"$f":"-PMT(discountRate,$D74,NPV(discountRate,INDEX('Rates Table'!$G$8:$G$50,MATCH($C74,'Rates Table'!$C$8:$C$50,0)):INDEX('Rates Table'!$G$8:$G$50,MATCH($C74+$D74-1,'Rates Table'!$C$8:$C$50,0))))","v":0.17248811334031713},{"$f":"-PMT(discountRate,$D74,NPV(discountRate,INDEX('Rates Table'!$H$8:$H$50,MATCH($C74,'Rates Table'!$C$8:$C$50,0)):INDEX('Rates Table'!$H$8:$H$50,MATCH($C74+$D74-1,'Rates Table'!$C$8:$C$50,0))))","v":3.7841999999999997E-6},{"$f":"-PMT(discountRate,$D74,NPV(discountRate,INDEX('Rates Table'!$I$8:$I$50,MATCH($C74,'Rates Table'!$C$8:$C$50,0)):INDEX('Rates Table'!$I$8:$I$50,MATCH($C74+$D74-1,'Rates Table'!$C$8:$C$50,0))))","v":0.34743191039999993},{"$f":"-PMT(discountRate,$D74,NPV(discountRate,INDEX('Rates Table'!$J$8:$J$50,MATCH($C74,'Rates Table'!$C$8:$C$50,0)):INDEX('Rates Table'!$J$8:$J$50,MATCH($C74+$D74-1,'Rates Table'!$C$8:$C$50,0))))","v":0.41068298555999994}]
[null,"2017_9",2017,9,{"$f":"-PMT(discountRate,$D75,NPV(discountRate,INDEX('Rates Table'!$F$8:$F$50,MATCH($C75,'Rates Table'!$C$8:$C$50,0)):INDEX('Rates Table'!$F$8:$F$50,MATCH($C75+$D75-1,'Rates Table'!$C$8:$C$50,0))))","v":0.12731091063894179},{"$f":"-PMT(discountRate,$D75,NPV(discountRate,INDEX('Rates Table'!$G$8:$G$50,MATCH($C75,'Rates Table'!$C$8:$C$50,0)):INDEX('Rates Table'!$G$8:$G$50,MATCH($C75+$D75-1,'Rates Table'!$C$8:$C$50,0))))","v":0.17248811334031711},{"$f":"-PMT(discountRate,$D75,NPV(discountRate,INDEX('Rates Table'!$H$8:$H$50,MATCH($C75,'Rates Table'!$C$8:$C$50,0)):INDEX('Rates Table'!$H$8:$H$50,MATCH($C75+$D75-1,'Rates Table'!$C$8:$C$50,0))))","v":3.7841999999999997E-6},{"$f":"-PMT(discountRate,$D75,NPV(discountRate,INDEX('Rates Table'!$I$8:$I$50,MATCH($C75,'Rates Table'!$C$8:$C$50,0)):INDEX('Rates Table'!$I$8:$I$50,MATCH($C75+$D75-1,'Rates Table'!$C$8:$C$50,0))))","v":0.34743191039999993},{"$f":"-PMT(discountRate,$D75,NPV(discountRate,INDEX('Rates Table'!$J$8:$J$50,MATCH($C75,'Rates Table'!$C$8:$C$50,0)):INDEX('Rates Table'!$J$8:$J$50,MATCH($C75+$D75-1,'Rates Table'!$C$8:$C$50,0))))","v":0.41068298555999994}]
[null,"2017_10",2017,10,{"$f":"-PMT(discountRate,$D76,NPV(discountRate,INDEX('Rates Table'!$F$8:$F$50,MATCH($C76,'Rates Table'!$C$8:$C$50,0)):INDEX('Rates Table'!$F$8:$F$50,MATCH($C76+$D76-1,'Rates Table'!$C$8:$C$50,0))))","v":0.1271578295853924},{"$f":"-PMT(discountRate,$D76,NPV(discountRate,INDEX('Rates Table'!$G$8:$G$50,MATCH($C76,'Rates Table'!$C$8:$C$50,0)):INDEX('Rates Table'!$G$8:$G$50,MATCH($C76+$D76-1,'Rates Table'!$C$8:$C$50,0))))","v":0.17248811334031713},{"$f":"-PMT(discountRate,$D76,NPV(discountRate,INDEX('Rates Table'!$H$8:$H$50,MATCH($C76,'Rates Table'!$C$8:$C$50,0)):INDEX('Rates Table'!$H$8:$H$50,MATCH($C76+$D76-1,'Rates Table'!$C$8:$C$50,0))))","v":3.7841999999999997E-6},{"$f":"-PMT(discountRate,$D76,NPV(discountRate,INDEX('Rates Table'!$I$8:$I$50,MATCH($C76,'Rates Table'!$C$8:$C$50,0)):INDEX('Rates Table'!$I$8:$I$50,MATCH($C76+$D76-1,'Rates Table'!$C$8:$C$50,0))))","v":0.34743191039999999},{"$f":"-PMT(discountRate,$D76,NPV(discountRate,INDEX('Rates Table'!$J$8:$J$50,MATCH($C76,'Rates Table'!$C$8:$C$50,0)):INDEX('Rates Table'!$J$8:$J$50,MATCH($C76+$D76-1,'Rates Table'!$C$8:$C$50,0))))","v":0.41068298555999994}]
[null,"2017_11",2017,11,{"$f":"-PMT(discountRate,$D77,NPV(discountRate,INDEX('Rates Table'!$F$8:$F$50,MATCH($C77,'Rates Table'!$C$8:$C$50,0)):INDEX('Rates Table'!$F$8:$F$50,MATCH($C77+$D77-1,'Rates Table'!$C$8:$C$50,0))))","v":0.12708589654567626},{"$f":"-PMT(discountRate,$D77,NPV(discountRate,INDEX('Rates Table'!$G$8:$G$50,MATCH($C77,'Rates Table'!$C$8:$C$50,0)):INDEX('Rates Table'!$G$8:$G$50,MATCH($C77+$D77-1,'Rates Table'!$C$8:$C$50,0))))","v":0.17248811334031711},{"$f":"-PMT(discountRate,$D77,NPV(discountRate,INDEX('Rates Table'!$H$8:$H$50,MATCH($C77,'Rates Table'!$C$8:$C$50,0)):INDEX('Rates Table'!$H$8:$H$50,MATCH($C77+$D77-1,'Rates Table'!$C$8:$C$50,0))))","v":3.7841999999999993E-6},{"$f":"-PMT(discountRate,$D77,NPV(discountRate,INDEX('Rates Table'!$I$8:$I$50,MATCH($C77,'Rates Table'!$C$8:$C$50,0)):INDEX('Rates Table'!$I$8:$I$50,MATCH($C77+$D77-1,'Rates Table'!$C$8:$C$50,0))))","v":0.34743191039999988},{"$f":"-PMT(discountRate,$D77,NPV(discountRate,INDEX('Rates Table'!$J$8:$J$50,MATCH($C77,'Rates Table'!$C$8:$C$50,0)):INDEX('Rates Table'!$J$8:$J$50,MATCH($C77+$D77-1,'Rates Table'!$C$8:$C$50,0))))","v":0.41068298555999988}]
[null,"2017_12",2017,12,{"$f":"-PMT(discountRate,$D78,NPV(discountRate,INDEX('Rates Table'!$F$8:$F$50,MATCH($C78,'Rates Table'!$C$8:$C$50,0)):INDEX('Rates Table'!$F$8:$F$50,MATCH($C78+$D78-1,'Rates Table'!$C$8:$C$50,0))))","v":0.12702612063456967},{"$f":"-PMT(discountRate,$D78,NPV(discountRate,INDEX('Rates Table'!$G$8:$G$50,MATCH($C78,'Rates Table'!$C$8:$C$50,0)):INDEX('Rates Table'!$G$8:$G$50,MATCH($C78+$D78-1,'Rates Table'!$C$8:$C$50,0))))","v":0.17248811334031711},{"$f":"-PMT(discountRate,$D78,NPV(discountRate,INDEX('Rates Table'!$H$8:$H$50,MATCH($C78,'Rates Table'!$C$8:$C$50,0)):INDEX('Rates Table'!$H$8:$H$50,MATCH($C78+$D78-1,'Rates Table'!$C$8:$C$50,0))))","v":3.7841999999999997E-6},{"$f":"-PMT(discountRate,$D78,NPV(discountRate,INDEX('Rates Table'!$I$8:$I$50,MATCH($C78,'Rates Table'!$C$8:$C$50,0)):INDEX('Rates Table'!$I$8:$I$50,MATCH($C78+$D78-1,'Rates Table'!$C$8:$C$50,0))))","v":0.34743191039999993},{"$f":"-PMT(discountRate,$D78,NPV(discountRate,INDEX('Rates Table'!$J$8:$J$50,MATCH($C78,'Rates Table'!$C$8:$C$50,0)):INDEX('Rates Table'!$J$8:$J$50,MATCH($C78+$D78-1,'Rates Table'!$C$8:$C$50,0))))","v":0.41068298555999994}]
[null,"2017_13",2017,13,{"$f":"-PMT(discountRate,$D79,NPV(discountRate,INDEX('Rates Table'!$F$8:$F$50,MATCH($C79,'Rates Table'!$C$8:$C$50,0)):INDEX('Rates Table'!$F$8:$F$50,MATCH($C79+$D79-1,'Rates Table'!$C$8:$C$50,0))))","v":0.12697569581437099},{"$f":"-PMT(discountRate,$D79,NPV(discountRate,INDEX('Rates Table'!$G$8:$G$50,MATCH($C79,'Rates Table'!$C$8:$C$50,0)):INDEX('Rates Table'!$G$8:$G$50,MATCH($C79+$D79-1,'Rates Table'!$C$8:$C$50,0))))","v":0.17248811334031708},{"$f":"-PMT(discountRate,$D79,NPV(discountRate,INDEX('Rates Table'!$H$8:$H$50,MATCH($C79,'Rates Table'!$C$8:$C$50,0)):INDEX('Rates Table'!$H$8:$H$50,MATCH($C79+$D79-1,'Rates Table'!$C$8:$C$50,0))))","v":3.7841999999999993E-6},{"$f":"-PMT(discountRate,$D79,NPV(discountRate,INDEX('Rates Table'!$I$8:$I$50,MATCH($C79,'Rates Table'!$C$8:$C$50,0)):INDEX('Rates Table'!$I$8:$I$50,MATCH($C79+$D79-1,'Rates Table'!$C$8:$C$50,0))))","v":0.34743191039999988},{"$f":"-PMT(discountRate,$D79,NPV(discountRate,INDEX('Rates Table'!$J$8:$J$50,MATCH($C79,'Rates Table'!$C$8:$C$50,0)):INDEX('Rates Table'!$J$8:$J$50,MATCH($C79+$D79-1,'Rates Table'!$C$8:$C$50,0))))","v":0.41068298555999988}]
[null,"2017_14",2017,14,{"$f":"-PMT(discountRate,$D80,NPV(discountRate,INDEX('Rates Table'!$F$8:$F$50,MATCH($C80,'Rates Table'!$C$8:$C$50,0)):INDEX('Rates Table'!$F$8:$F$50,MATCH($C80+$D80-1,'Rates Table'!$C$8:$C$50,0))))","v":0.12693261773071757},{"$f":"-PMT(discountRate,$D80,NPV(discountRate,INDEX('Rates Table'!$G$8:$G$50,MATCH($C80,'Rates Table'!$C$8:$C$50,0)):INDEX('Rates Table'!$G$8:$G$50,MATCH($C80+$D80-1,'Rates Table'!$C$8:$C$50,0))))","v":0.17248811334031711},{"$f":"-PMT(discountRate,$D80,NPV(discountRate,INDEX('Rates Table'!$H$8:$H$50,MATCH($C80,'Rates Table'!$C$8:$C$50,0)):INDEX('Rates Table'!$H$8:$H$50,MATCH($C80+$D80-1,'Rates Table'!$C$8:$C$50,0))))","v":3.7842000000000005E-6},{"$f":"-PMT(discountRate,$D80,NPV(discountRate,INDEX('Rates Table'!$I$8:$I$50,MATCH($C80,'Rates Table'!$C$8:$C$50,0)):INDEX('Rates Table'!$I$8:$I$50,MATCH($C80+$D80-1,'Rates Table'!$C$8:$C$50,0))))","v":0.34743191039999993},{"$f":"-PMT(discountRate,$D80,NPV(discountRate,INDEX('Rates Table'!$J$8:$J$50,MATCH($C80,'Rates Table'!$C$8:$C$50,0)):INDEX('Rates Table'!$J$8:$J$50,MATCH($C80+$D80-1,'Rates Table'!$C$8:$C$50,0))))","v":0.41068298555999994}]
[null,"2017_15",2017,15,{"$f":"-PMT(discountRate,$D81,NPV(discountRate,INDEX('Rates Table'!$F$8:$F$50,MATCH($C81,'Rates Table'!$C$8:$C$50,0)):INDEX('Rates Table'!$F$8:$F$50,MATCH($C81+$D81-1,'Rates Table'!$C$8:$C$50,0))))","v":0.12689541648535368},{"$f":"-PMT(discountRate,$D81,NPV(discountRate,INDEX('Rates Table'!$G$8:$G$50,MATCH($C81,'Rates Table'!$C$8:$C$50,0)):INDEX('Rates Table'!$G$8:$G$50,MATCH($C81+$D81-1,'Rates Table'!$C$8:$C$50,0))))","v":0.17248811334031708},{"$f":"-PMT(discountRate,$D81,NPV(discountRate,INDEX('Rates Table'!$H$8:$H$50,MATCH($C81,'Rates Table'!$C$8:$C$50,0)):INDEX('Rates Table'!$H$8:$H$50,MATCH($C81+$D81-1,'Rates Table'!$C$8:$C$50,0))))","v":3.7841999999999993E-6},{"$f":"-PMT(discountRate,$D81,NPV(discountRate,INDEX('Rates Table'!$I$8:$I$50,MATCH($C81,'Rates Table'!$C$8:$C$50,0)):INDEX('Rates Table'!$I$8:$I$50,MATCH($C81+$D81-1,'Rates Table'!$C$8:$C$50,0))))","v":0.34743191039999988},{"$f":"-PMT(discountRate,$D81,NPV(discountRate,INDEX('Rates Table'!$J$8:$J$50,MATCH($C81,'Rates Table'!$C$8:$C$50,0)):INDEX('Rates Table'!$J$8:$J$50,MATCH($C81+$D81-1,'Rates Table'!$C$8:$C$50,0))))","v":0.41068298555999982}]
[null,"2017_16",2017,16,{"$f":"-PMT(discountRate,$D82,NPV(discountRate,INDEX('Rates Table'!$F$8:$F$50,MATCH($C82,'Rates Table'!$C$8:$C$50,0)):INDEX('Rates Table'!$F$8:$F$50,MATCH($C82+$D82-1,'Rates Table'!$C$8:$C$50,0))))","v":0.12686298961914674},{"$f":"-PMT(discountRate,$D82,NPV(discountRate,INDEX('Rates Table'!$G$8:$G$50,MATCH($C82,'Rates Table'!$C$8:$C$50,0)):INDEX('Rates Table'!$G$8:$G$50,MATCH($C82+$D82-1,'Rates Table'!$C$8:$C$50,0))))","v":0.17248811334031711},{"$f":"-PMT(discountRate,$D82,NPV(discountRate,INDEX('Rates Table'!$H$8:$H$50,MATCH($C82,'Rates Table'!$C$8:$C$50,0)):INDEX('Rates Table'!$H$8:$H$50,MATCH($C82+$D82-1,'Rates Table'!$C$8:$C$50,0))))","v":3.7841999999999993E-6},{"$f":"-PMT(discountRate,$D82,NPV(discountRate,INDEX('Rates Table'!$I$8:$I$50,MATCH($C82,'Rates Table'!$C$8:$C$50,0)):INDEX('Rates Table'!$I$8:$I$50,MATCH($C82+$D82-1,'Rates Table'!$C$8:$C$50,0))))","v":0.34743191039999988},{"$f":"-PMT(discountRate,$D82,NPV(discountRate,INDEX('Rates Table'!$J$8:$J$50,MATCH($C82,'Rates Table'!$C$8:$C$50,0)):INDEX('Rates Table'!$J$8:$J$50,MATCH($C82+$D82-1,'Rates Table'!$C$8:$C$50,0))))","v":0.41068298555999988}]
[null,"2017_17",2017,17,{"$f":"-PMT(discountRate,$D83,NPV(discountRate,INDEX('Rates Table'!$F$8:$F$50,MATCH($C83,'Rates Table'!$C$8:$C$50,0)):INDEX('Rates Table'!$F$8:$F$50,MATCH($C83+$D83-1,'Rates Table'!$C$8:$C$50,0))))","v":0.1268344940423064},{"$f":"-PMT(discountRate,$D83,NPV(discountRate,INDEX('Rates Table'!$G$8:$G$50,MATCH($C83,'Rates Table'!$C$8:$C$50,0)):INDEX('Rates Table'!$G$8:$G$50,MATCH($C83+$D83-1,'Rates Table'!$C$8:$C$50,0))))","v":0.17248811334031711},{"$f":"-PMT(discountRate,$D83,NPV(discountRate,INDEX('Rates Table'!$H$8:$H$50,MATCH($C83,'Rates Table'!$C$8:$C$50,0)):INDEX('Rates Table'!$H$8:$H$50,MATCH($C83+$D83-1,'Rates Table'!$C$8:$C$50,0))))","v":3.7841999999999997E-6},{"$f":"-PMT(discountRate,$D83,NPV(discountRate,INDEX('Rates Table'!$I$8:$I$50,MATCH($C83,'Rates Table'!$C$8:$C$50,0)):INDEX('Rates Table'!$I$8:$I$50,MATCH($C83+$D83-1,'Rates Table'!$C$8:$C$50,0))))","v":0.34743191039999993},{"$f":"-PMT(discountRate,$D83,NPV(discountRate,INDEX('Rates Table'!$J$8:$J$50,MATCH($C83,'Rates Table'!$C$8:$C$50,0)):INDEX('Rates Table'!$J$8:$J$50,MATCH($C83+$D83-1,'Rates Table'!$C$8:$C$50,0))))","v":0.41068298555999988}]
[null,"2017_18",2017,18,{"$f":"-PMT(discountRate,$D84,NPV(discountRate,INDEX('Rates Table'!$F$8:$F$50,MATCH($C84,'Rates Table'!$C$8:$C$50,0)):INDEX('Rates Table'!$F$8:$F$50,MATCH($C84+$D84-1,'Rates Table'!$C$8:$C$50,0))))","v":0.12680927398789449},{"$f":"-PMT(discountRate,$D84,NPV(discountRate,INDEX('Rates Table'!$G$8:$G$50,MATCH($C84,'Rates Table'!$C$8:$C$50,0)):INDEX('Rates Table'!$G$8:$G$50,MATCH($C84+$D84-1,'Rates Table'!$C$8:$C$50,0))))","v":0.17248811334031708},{"$f":"-PMT(discountRate,$D84,NPV(discountRate,INDEX('Rates Table'!$H$8:$H$50,MATCH($C84,'Rates Table'!$C$8:$C$50,0)):INDEX('Rates Table'!$H$8:$H$50,MATCH($C84+$D84-1,'Rates Table'!$C$8:$C$50,0))))","v":3.7841999999999993E-6},{"$f":"-PMT(discountRate,$D84,NPV(discountRate,INDEX('Rates Table'!$I$8:$I$50,MATCH($C84,'Rates Table'!$C$8:$C$50,0)):INDEX('Rates Table'!$I$8:$I$50,MATCH($C84+$D84-1,'Rates Table'!$C$8:$C$50,0))))","v":0.34743191039999988},{"$f":"-PMT(discountRate,$D84,NPV(discountRate,INDEX('Rates Table'!$J$8:$J$50,MATCH($C84,'Rates Table'!$C$8:$C$50,0)):INDEX('Rates Table'!$J$8:$J$50,MATCH($C84+$D84-1,'Rates Table'!$C$8:$C$50,0))))","v":0.41068298555999982}]
[null,"2017_19",2017,19,{"$f":"-PMT(discountRate,$D85,NPV(discountRate,INDEX('Rates Table'!$F$8:$F$50,MATCH($C85,'Rates Table'!$C$8:$C$50,0)):INDEX('Rates Table'!$F$8:$F$50,MATCH($C85+$D85-1,'Rates Table'!$C$8:$C$50,0))))","v":0.1267868117168848},{"$f":"-PMT(discountRate,$D85,NPV(discountRate,INDEX('Rates Table'!$G$8:$G$50,MATCH($C85,'Rates Table'!$C$8:$C$50,0)):INDEX('Rates Table'!$G$8:$G$50,MATCH($C85+$D85-1,'Rates Table'!$C$8:$C$50,0))))","v":0.17248811334031708},{"$f":"-PMT(discountRate,$D85,NPV(discountRate,INDEX('Rates Table'!$H$8:$H$50,MATCH($C85,'Rates Table'!$C$8:$C$50,0)):INDEX('Rates Table'!$H$8:$H$50,MATCH($C85+$D85-1,'Rates Table'!$C$8:$C$50,0))))","v":3.7841999999999993E-6},{"$f":"-PMT(discountRate,$D85,NPV(discountRate,INDEX('Rates Table'!$I$8:$I$50,MATCH($C85,'Rates Table'!$C$8:$C$50,0)):INDEX('Rates Table'!$I$8:$I$50,MATCH($C85+$D85-1,'Rates Table'!$C$8:$C$50,0))))","v":0.34743191039999993},{"$f":"-PMT(discountRate,$D85,NPV(discountRate,INDEX('Rates Table'!$J$8:$J$50,MATCH($C85,'Rates Table'!$C$8:$C$50,0)):INDEX('Rates Table'!$J$8:$J$50,MATCH($C85+$D85-1,'Rates Table'!$C$8:$C$50,0))))","v":0.41068298555999982}]
[null,"2017_20",2017,20,{"$f":"-PMT(discountRate,$D86,NPV(discountRate,INDEX('Rates Table'!$F$8:$F$50,MATCH($C86,'Rates Table'!$C$8:$C$50,0)):INDEX('Rates Table'!$F$8:$F$50,MATCH($C86+$D86-1,'Rates Table'!$C$8:$C$50,0))))","v":0.1267666930117301},{"$f":"-PMT(discountRate,$D86,NPV(discountRate,INDEX('Rates Table'!$G$8:$G$50,MATCH($C86,'Rates Table'!$C$8:$C$50,0)):INDEX('Rates Table'!$G$8:$G$50,MATCH($C86+$D86-1,'Rates Table'!$C$8:$C$50,0))))","v":0.17248811334031708},{"$f":"-PMT(discountRate,$D86,NPV(discountRate,INDEX('Rates Table'!$H$8:$H$50,MATCH($C86,'Rates Table'!$C$8:$C$50,0)):INDEX('Rates Table'!$H$8:$H$50,MATCH($C86+$D86-1,'Rates Table'!$C$8:$C$50,0))))","v":3.7841999999999993E-6},{"$f":"-PMT(discountRate,$D86,NPV(discountRate,INDEX('Rates Table'!$I$8:$I$50,MATCH($C86,'Rates Table'!$C$8:$C$50,0)):INDEX('Rates Table'!$I$8:$I$50,MATCH($C86+$D86-1,'Rates Table'!$C$8:$C$50,0))))","v":0.34743191039999993},{"$f":"-PMT(discountRate,$D86,NPV(discountRate,INDEX('Rates Table'!$J$8:$J$50,MATCH($C86,'Rates Table'!$C$8:$C$50,0)):INDEX('Rates Table'!$J$8:$J$50,MATCH($C86+$D86-1,'Rates Table'!$C$8:$C$50,0))))","v":0.41068298555999988}]
[null,"2017_21",2017,21,{"$f":"-PMT(discountRate,$D87,NPV(discountRate,INDEX('Rates Table'!$F$8:$F$50,MATCH($C87,'Rates Table'!$C$8:$C$50,0)):INDEX('Rates Table'!$F$8:$F$50,MATCH($C87+$D87-1,'Rates Table'!$C$8:$C$50,0))))","v":0.12674858252893237},{"$f":"-PMT(discountRate,$D87,NPV(discountRate,INDEX('Rates Table'!$G$8:$G$50,MATCH($C87,'Rates Table'!$C$8:$C$50,0)):INDEX('Rates Table'!$G$8:$G$50,MATCH($C87+$D87-1,'Rates Table'!$C$8:$C$50,0))))","v":0.17248811334031705},{"$f":"-PMT(discountRate,$D87,NPV(discountRate,INDEX('Rates Table'!$H$8:$H$50,MATCH($C87,'Rates Table'!$C$8:$C$50,0)):INDEX('Rates Table'!$H$8:$H$50,MATCH($C87+$D87-1,'Rates Table'!$C$8:$C$50,0))))","v":3.7841999999999993E-6},{"$f":"-PMT(discountRate,$D87,NPV(discountRate,INDEX('Rates Table'!$I$8:$I$50,MATCH($C87,'Rates Table'!$C$8:$C$50,0)):INDEX('Rates Table'!$I$8:$I$50,MATCH($C87+$D87-1,'Rates Table'!$C$8:$C$50,0))))","v":0.34743191039999993},{"$f":"-PMT(discountRate,$D87,NPV(discountRate,INDEX('Rates Table'!$J$8:$J$50,MATCH($C87,'Rates Table'!$C$8:$C$50,0)):INDEX('Rates Table'!$J$8:$J$50,MATCH($C87+$D87-1,'Rates Table'!$C$8:$C$50,0))))","v":0.41068298555999982}]
[null,"2017_22",2017,22,{"$f":"-PMT(discountRate,$D88,NPV(discountRate,INDEX('Rates Table'!$F$8:$F$50,MATCH($C88,'Rates Table'!$C$8:$C$50,0)):INDEX('Rates Table'!$F$8:$F$50,MATCH($C88+$D88-1,'Rates Table'!$C$8:$C$50,0))))","v":0.12673220587366008},{"$f":"-PMT(discountRate,$D88,NPV(discountRate,INDEX('Rates Table'!$G$8:$G$50,MATCH($C88,'Rates Table'!$C$8:$C$50,0)):INDEX('Rates Table'!$G$8:$G$50,MATCH($C88+$D88-1,'Rates Table'!$C$8:$C$50,0))))","v":0.17248811334031708},{"$f":"-PMT(discountRate,$D88,NPV(discountRate,INDEX('Rates Table'!$H$8:$H$50,MATCH($C88,'Rates Table'!$C$8:$C$50,0)):INDEX('Rates Table'!$H$8:$H$50,MATCH($C88+$D88-1,'Rates Table'!$C$8:$C$50,0))))","v":3.7841999999999997E-6},{"$f":"-PMT(discountRate,$D88,NPV(discountRate,INDEX('Rates Table'!$I$8:$I$50,MATCH($C88,'Rates Table'!$C$8:$C$50,0)):INDEX('Rates Table'!$I$8:$I$50,MATCH($C88+$D88-1,'Rates Table'!$C$8:$C$50,0))))","v":0.34743191039999993},{"$f":"-PMT(discountRate,$D88,NPV(discountRate,INDEX('Rates Table'!$J$8:$J$50,MATCH($C88,'Rates Table'!$C$8:$C$50,0)):INDEX('Rates Table'!$J$8:$J$50,MATCH($C88+$D88-1,'Rates Table'!$C$8:$C$50,0))))","v":0.41068298555999982}]
[null,"2017_23",2017,23,{"$f":"-PMT(discountRate,$D89,NPV(discountRate,INDEX('Rates Table'!$F$8:$F$50,MATCH($C89,'Rates Table'!$C$8:$C$50,0)):INDEX('Rates Table'!$F$8:$F$50,MATCH($C89+$D89-1,'Rates Table'!$C$8:$C$50,0))))","v":0.12671733635057059},{"$f":"-PMT(discountRate,$D89,NPV(discountRate,INDEX('Rates Table'!$G$8:$G$50,MATCH($C89,'Rates Table'!$C$8:$C$50,0)):INDEX('Rates Table'!$G$8:$G$50,MATCH($C89+$D89-1,'Rates Table'!$C$8:$C$50,0))))","v":0.17248811334031708},{"$f":"-PMT(discountRate,$D89,NPV(discountRate,INDEX('Rates Table'!$H$8:$H$50,MATCH($C89,'Rates Table'!$C$8:$C$50,0)):INDEX('Rates Table'!$H$8:$H$50,MATCH($C89+$D89-1,'Rates Table'!$C$8:$C$50,0))))","v":3.7841999999999993E-6},{"$f":"-PMT(discountRate,$D89,NPV(discountRate,INDEX('Rates Table'!$I$8:$I$50,MATCH($C89,'Rates Table'!$C$8:$C$50,0)):INDEX('Rates Table'!$I$8:$I$50,MATCH($C89+$D89-1,'Rates Table'!$C$8:$C$50,0))))","v":0.34743191039999988},{"$f":"-PMT(discountRate,$D89,NPV(discountRate,INDEX('Rates Table'!$J$8:$J$50,MATCH($C89,'Rates Table'!$C$8:$C$50,0)):INDEX('Rates Table'!$J$8:$J$50,MATCH($C89+$D89-1,'Rates Table'!$C$8:$C$50,0))))","v":0.41068298555999982}]
[null,"2017_24",2017,24,{"$f":"-PMT(discountRate,$D90,NPV(discountRate,INDEX('Rates Table'!$F$8:$F$50,MATCH($C90,'Rates Table'!$C$8:$C$50,0)):INDEX('Rates Table'!$F$8:$F$50,MATCH($C90+$D90-1,'Rates Table'!$C$8:$C$50,0))))","v":0.12670378502694413},{"$f":"-PMT(discountRate,$D90,NPV(discountRate,INDEX('Rates Table'!$G$8:$G$50,MATCH($C90,'Rates Table'!$C$8:$C$50,0)):INDEX('Rates Table'!$G$8:$G$50,MATCH($C90+$D90-1,'Rates Table'!$C$8:$C$50,0))))","v":0.17248811334031711},{"$f":"-PMT(discountRate,$D90,NPV(discountRate,INDEX('Rates Table'!$H$8:$H$50,MATCH($C90,'Rates Table'!$C$8:$C$50,0)):INDEX('Rates Table'!$H$8:$H$50,MATCH($C90+$D90-1,'Rates Table'!$C$8:$C$50,0))))","v":3.7841999999999997E-6},{"$f":"-PMT(discountRate,$D90,NPV(discountRate,INDEX('Rates Table'!$I$8:$I$50,MATCH($C90,'Rates Table'!$C$8:$C$50,0)):INDEX('Rates Table'!$I$8:$I$50,MATCH($C90+$D90-1,'Rates Table'!$C$8:$C$50,0))))","v":0.34743191039999993},{"$f":"-PMT(discountRate,$D90,NPV(discountRate,INDEX('Rates Table'!$J$8:$J$50,MATCH($C90,'Rates Table'!$C$8:$C$50,0)):INDEX('Rates Table'!$J$8:$J$50,MATCH($C90+$D90-1,'Rates Table'!$C$8:$C$50,0))))","v":0.41068298555999982}]
[null,"2017_25",2017,25,{"$f":"-PMT(discountRate,$D91,NPV(discountRate,INDEX('Rates Table'!$F$8:$F$50,MATCH($C91,'Rates Table'!$C$8:$C$50,0)):INDEX('Rates Table'!$F$8:$F$50,MATCH($C91+$D91-1,'Rates Table'!$C$8:$C$50,0))))","v":0.12669139318068054},{"$f":"-PMT(discountRate,$D91,NPV(discountRate,INDEX('Rates Table'!$G$8:$G$50,MATCH($C91,'Rates Table'!$C$8:$C$50,0)):INDEX('Rates Table'!$G$8:$G$50,MATCH($C91+$D91-1,'Rates Table'!$C$8:$C$50,0))))","v":0.17248811334031705},{"$f":"-PMT(discountRate,$D91,NPV(discountRate,INDEX('Rates Table'!$H$8:$H$50,MATCH($C91,'Rates Table'!$C$8:$C$50,0)):INDEX('Rates Table'!$H$8:$H$50,MATCH($C91+$D91-1,'Rates Table'!$C$8:$C$50,0))))","v":3.7841999999999989E-6},{"$f":"-PMT(discountRate,$D91,NPV(discountRate,INDEX('Rates Table'!$I$8:$I$50,MATCH($C91,'Rates Table'!$C$8:$C$50,0)):INDEX('Rates Table'!$I$8:$I$50,MATCH($C91+$D91-1,'Rates Table'!$C$8:$C$50,0))))","v":0.34743191039999977},{"$f":"-PMT(discountRate,$D91,NPV(discountRate,INDEX('Rates Table'!$J$8:$J$50,MATCH($C91,'Rates Table'!$C$8:$C$50,0)):INDEX('Rates Table'!$J$8:$J$50,MATCH($C91+$D91-1,'Rates Table'!$C$8:$C$50,0))))","v":0.41068298555999966}]
[null,"2017_26",2017,26,{"$f":"-PMT(discountRate,$D92,NPV(discountRate,INDEX('Rates Table'!$F$8:$F$50,MATCH($C92,'Rates Table'!$C$8:$C$50,0)):INDEX('Rates Table'!$F$8:$F$50,MATCH($C92+$D92-1,'Rates Table'!$C$8:$C$50,0))))","v":0.12668002649108007},{"$f":"-PMT(discountRate,$D92,NPV(discountRate,INDEX('Rates Table'!$G$8:$G$50,MATCH($C92,'Rates Table'!$C$8:$C$50,0)):INDEX('Rates Table'!$G$8:$G$50,MATCH($C92+$D92-1,'Rates Table'!$C$8:$C$50,0))))","v":0.17248811334031708},{"$f":"-PMT(discountRate,$D92,NPV(discountRate,INDEX('Rates Table'!$H$8:$H$50,MATCH($C92,'Rates Table'!$C$8:$C$50,0)):INDEX('Rates Table'!$H$8:$H$50,MATCH($C92+$D92-1,'Rates Table'!$C$8:$C$50,0))))","v":3.7841999999999993E-6},{"$f":"-PMT(discountRate,$D92,NPV(discountRate,INDEX('Rates Table'!$I$8:$I$50,MATCH($C92,'Rates Table'!$C$8:$C$50,0)):INDEX('Rates Table'!$I$8:$I$50,MATCH($C92+$D92-1,'Rates Table'!$C$8:$C$50,0))))","v":0.34743191039999988},{"$f":"-PMT(discountRate,$D92,NPV(discountRate,INDEX('Rates Table'!$J$8:$J$50,MATCH($C92,'Rates Table'!$C$8:$C$50,0)):INDEX('Rates Table'!$J$8:$J$50,MATCH($C92+$D92-1,'Rates Table'!$C$8:$C$50,0))))","v":0.41068298555999982}]
[null,"2017_27",2017,27,{"$f":"-PMT(discountRate,$D93,NPV(discountRate,INDEX('Rates Table'!$F$8:$F$50,MATCH($C93,'Rates Table'!$C$8:$C$50,0)):INDEX('Rates Table'!$F$8:$F$50,MATCH($C93+$D93-1,'Rates Table'!$C$8:$C$50,0))))","v":0.12666957052057332},{"$f":"-PMT(discountRate,$D93,NPV(discountRate,INDEX('Rates Table'!$G$8:$G$50,MATCH($C93,'Rates Table'!$C$8:$C$50,0)):INDEX('Rates Table'!$G$8:$G$50,MATCH($C93+$D93-1,'Rates Table'!$C$8:$C$50,0))))","v":0.17248811334031708},{"$f":"-PMT(discountRate,$D93,NPV(discountRate,INDEX('Rates Table'!$H$8:$H$50,MATCH($C93,'Rates Table'!$C$8:$C$50,0)):INDEX('Rates Table'!$H$8:$H$50,MATCH($C93+$D93-1,'Rates Table'!$C$8:$C$50,0))))","v":3.7841999999999993E-6},{"$f":"-PMT(discountRate,$D93,NPV(discountRate,INDEX('Rates Table'!$I$8:$I$50,MATCH($C93,'Rates Table'!$C$8:$C$50,0)):INDEX('Rates Table'!$I$8:$I$50,MATCH($C93+$D93-1,'Rates Table'!$C$8:$C$50,0))))","v":0.34743191039999993},{"$f":"-PMT(discountRate,$D93,NPV(discountRate,INDEX('Rates Table'!$J$8:$J$50,MATCH($C93,'Rates Table'!$C$8:$C$50,0)):INDEX('Rates Table'!$J$8:$J$50,MATCH($C93+$D93-1,'Rates Table'!$C$8:$C$50,0))))","v":0.41068298555999977}]
[null,"2017_28",2017,28,{"$f":"-PMT(discountRate,$D94,NPV(discountRate,INDEX('Rates Table'!$F$8:$F$50,MATCH($C94,'Rates Table'!$C$8:$C$50,0)):INDEX('Rates Table'!$F$8:$F$50,MATCH($C94+$D94-1,'Rates Table'!$C$8:$C$50,0))))","v":0.12665992716466343},{"$f":"-PMT(discountRate,$D94,NPV(discountRate,INDEX('Rates Table'!$G$8:$G$50,MATCH($C94,'Rates Table'!$C$8:$C$50,0)):INDEX('Rates Table'!$G$8:$G$50,MATCH($C94+$D94-1,'Rates Table'!$C$8:$C$50,0))))","v":0.17248811334031708},{"$f":"-PMT(discountRate,$D94,NPV(discountRate,INDEX('Rates Table'!$H$8:$H$50,MATCH($C94,'Rates Table'!$C$8:$C$50,0)):INDEX('Rates Table'!$H$8:$H$50,MATCH($C94+$D94-1,'Rates Table'!$C$8:$C$50,0))))","v":3.7841999999999993E-6},{"$f":"-PMT(discountRate,$D94,NPV(discountRate,INDEX('Rates Table'!$I$8:$I$50,MATCH($C94,'Rates Table'!$C$8:$C$50,0)):INDEX('Rates Table'!$I$8:$I$50,MATCH($C94+$D94-1,'Rates Table'!$C$8:$C$50,0))))","v":0.34743191039999988},{"$f":"-PMT(discountRate,$D94,NPV(discountRate,INDEX('Rates Table'!$J$8:$J$50,MATCH($C94,'Rates Table'!$C$8:$C$50,0)):INDEX('Rates Table'!$J$8:$J$50,MATCH($C94+$D94-1,'Rates Table'!$C$8:$C$50,0))))","v":0.41068298555999977}]
[null,"2017_29",2017,29,{"$f":"-PMT(discountRate,$D95,NPV(discountRate,INDEX('Rates Table'!$F$8:$F$50,MATCH($C95,'Rates Table'!$C$8:$C$50,0)):INDEX('Rates Table'!$F$8:$F$50,MATCH($C95+$D95-1,'Rates Table'!$C$8:$C$50,0))))","v":0.1266510118363722},{"$f":"-PMT(discountRate,$D95,NPV(discountRate,INDEX('Rates Table'!$G$8:$G$50,MATCH($C95,'Rates Table'!$C$8:$C$50,0)):INDEX('Rates Table'!$G$8:$G$50,MATCH($C95+$D95-1,'Rates Table'!$C$8:$C$50,0))))","v":0.17248811334031708},{"$f":"-PMT(discountRate,$D95,NPV(discountRate,INDEX('Rates Table'!$H$8:$H$50,MATCH($C95,'Rates Table'!$C$8:$C$50,0)):INDEX('Rates Table'!$H$8:$H$50,MATCH($C95+$D95-1,'Rates Table'!$C$8:$C$50,0))))","v":3.7841999999999993E-6},{"$f":"-PMT(discountRate,$D95,NPV(discountRate,INDEX('Rates Table'!$I$8:$I$50,MATCH($C95,'Rates Table'!$C$8:$C$50,0)):INDEX('Rates Table'!$I$8:$I$50,MATCH($C95+$D95-1,'Rates Table'!$C$8:$C$50,0))))","v":0.34743191039999988},{"$f":"-PMT(discountRate,$D95,NPV(discountRate,INDEX('Rates Table'!$J$8:$J$50,MATCH($C95,'Rates Table'!$C$8:$C$50,0)):INDEX('Rates Table'!$J$8:$J$50,MATCH($C95+$D95-1,'Rates Table'!$C$8:$C$50,0))))","v":0.41068298555999977}]
[null,"2017_30",2017,30,{"$f":"-PMT(discountRate,$D96,NPV(discountRate,INDEX('Rates Table'!$F$8:$F$50,MATCH($C96,'Rates Table'!$C$8:$C$50,0)):INDEX('Rates Table'!$F$8:$F$50,MATCH($C96+$D96-1,'Rates Table'!$C$8:$C$50,0))))","v":0.12664275121380564},{"$f":"-PMT(discountRate,$D96,NPV(discountRate,INDEX('Rates Table'!$G$8:$G$50,MATCH($C96,'Rates Table'!$C$8:$C$50,0)):INDEX('Rates Table'!$G$8:$G$50,MATCH($C96+$D96-1,'Rates Table'!$C$8:$C$50,0))))","v":0.17248811334031708},{"$f":"-PMT(discountRate,$D96,NPV(discountRate,INDEX('Rates Table'!$H$8:$H$50,MATCH($C96,'Rates Table'!$C$8:$C$50,0)):INDEX('Rates Table'!$H$8:$H$50,MATCH($C96+$D96-1,'Rates Table'!$C$8:$C$50,0))))","v":3.7841999999999993E-6},{"$f":"-PMT(discountRate,$D96,NPV(discountRate,INDEX('Rates Table'!$I$8:$I$50,MATCH($C96,'Rates Table'!$C$8:$C$50,0)):INDEX('Rates Table'!$I$8:$I$50,MATCH($C96+$D96-1,'Rates Table'!$C$8:$C$50,0))))","v":0.34743191039999988},{"$f":"-PMT(discountRate,$D96,NPV(discountRate,INDEX('Rates Table'!$J$8:$J$50,MATCH($C96,'Rates Table'!$C$8:$C$50,0)):INDEX('Rates Table'!$J$8:$J$50,MATCH($C96+$D96-1,'Rates Table'!$C$8:$C$50,0))))","v":0.41068298555999977}]
[null,"2018_1",2018,1,{"$f":"-PMT(discountRate,$D97,NPV(discountRate,INDEX('Rates Table'!$F$8:$F$50,MATCH($C97,'Rates Table'!$C$8:$C$50,0)):INDEX('Rates Table'!$F$8:$F$50,MATCH($C97+$D97-1,'Rates Table'!$C$8:$C$50,0))))","v":0.12887081531643918},{"$f":"-PMT(discountRate,$D97,NPV(discountRate,INDEX('Rates Table'!$G$8:$G$50,MATCH($C97,'Rates Table'!$C$8:$C$50,0)):INDEX('Rates Table'!$G$8:$G$50,MATCH($C97+$D97-1,'Rates Table'!$C$8:$C$50,0))))","v":0.17248811334031713},{"$f":"-PMT(discountRate,$D97,NPV(discountRate,INDEX('Rates Table'!$H$8:$H$50,MATCH($C97,'Rates Table'!$C$8:$C$50,0)):INDEX('Rates Table'!$H$8:$H$50,MATCH($C97+$D97-1,'Rates Table'!$C$8:$C$50,0))))","v":3.7841999999999997E-6},{"$f":"-PMT(discountRate,$D97,NPV(discountRate,INDEX('Rates Table'!$I$8:$I$50,MATCH($C97,'Rates Table'!$C$8:$C$50,0)):INDEX('Rates Table'!$I$8:$I$50,MATCH($C97+$D97-1,'Rates Table'!$C$8:$C$50,0))))","v":0.34743191039999999},{"$f":"-PMT(discountRate,$D97,NPV(discountRate,INDEX('Rates Table'!$J$8:$J$50,MATCH($C97,'Rates Table'!$C$8:$C$50,0)):INDEX('Rates Table'!$J$8:$J$50,MATCH($C97+$D97-1,'Rates Table'!$C$8:$C$50,0))))","v":0.41068298555999994}]
[null,"2018_2",2018,2,{"$f":"-PMT(discountRate,$D98,NPV(discountRate,INDEX('Rates Table'!$F$8:$F$50,MATCH($C98,'Rates Table'!$C$8:$C$50,0)):INDEX('Rates Table'!$F$8:$F$50,MATCH($C98+$D98-1,'Rates Table'!$C$8:$C$50,0))))","v":0.12988740213230879},{"$f":"-PMT(discountRate,$D98,NPV(discountRate,INDEX('Rates Table'!$G$8:$G$50,MATCH($C98,'Rates Table'!$C$8:$C$50,0)):INDEX('Rates Table'!$G$8:$G$50,MATCH($C98+$D98-1,'Rates Table'!$C$8:$C$50,0))))","v":0.17248811334031719},{"$f":"-PMT(discountRate,$D98,NPV(discountRate,INDEX('Rates Table'!$H$8:$H$50,MATCH($C98,'Rates Table'!$C$8:$C$50,0)):INDEX('Rates Table'!$H$8:$H$50,MATCH($C98+$D98-1,'Rates Table'!$C$8:$C$50,0))))","v":3.7842000000000005E-6},{"$f":"-PMT(discountRate,$D98,NPV(discountRate,INDEX('Rates Table'!$I$8:$I$50,MATCH($C98,'Rates Table'!$C$8:$C$50,0)):INDEX('Rates Table'!$I$8:$I$50,MATCH($C98+$D98-1,'Rates Table'!$C$8:$C$50,0))))","v":0.34743191039999999},{"$f":"-PMT(discountRate,$D98,NPV(discountRate,INDEX('Rates Table'!$J$8:$J$50,MATCH($C98,'Rates Table'!$C$8:$C$50,0)):INDEX('Rates Table'!$J$8:$J$50,MATCH($C98+$D98-1,'Rates Table'!$C$8:$C$50,0))))","v":0.41068298556000005}]
[null,"2018_3",2018,3,{"$f":"-PMT(discountRate,$D99,NPV(discountRate,INDEX('Rates Table'!$F$8:$F$50,MATCH($C99,'Rates Table'!$C$8:$C$50,0)):INDEX('Rates Table'!$F$8:$F$50,MATCH($C99+$D99-1,'Rates Table'!$C$8:$C$50,0))))","v":0.13058641651412151},{"$f":"-PMT(discountRate,$D99,NPV(discountRate,INDEX('Rates Table'!$G$8:$G$50,MATCH($C99,'Rates Table'!$C$8:$C$50,0)):INDEX('Rates Table'!$G$8:$G$50,MATCH($C99+$D99-1,'Rates Table'!$C$8:$C$50,0))))","v":0.17248811334031713},{"$f":"-PMT(discountRate,$D99,NPV(discountRate,INDEX('Rates Table'!$H$8:$H$50,MATCH($C99,'Rates Table'!$C$8:$C$50,0)):INDEX('Rates Table'!$H$8:$H$50,MATCH($C99+$D99-1,'Rates Table'!$C$8:$C$50,0))))","v":3.7842000000000005E-6},{"$f":"-PMT(discountRate,$D99,NPV(discountRate,INDEX('Rates Table'!$I$8:$I$50,MATCH($C99,'Rates Table'!$C$8:$C$50,0)):INDEX('Rates Table'!$I$8:$I$50,MATCH($C99+$D99-1,'Rates Table'!$C$8:$C$50,0))))","v":0.34743191039999999},{"$f":"-PMT(discountRate,$D99,NPV(discountRate,INDEX('Rates Table'!$J$8:$J$50,MATCH($C99,'Rates Table'!$C$8:$C$50,0)):INDEX('Rates Table'!$J$8:$J$50,MATCH($C99+$D99-1,'Rates Table'!$C$8:$C$50,0))))","v":0.41068298555999994}]
[null,"2018_4",2018,4,{"$f":"-PMT(discountRate,$D100,NPV(discountRate,INDEX('Rates Table'!$F$8:$F$50,MATCH($C100,'Rates Table'!$C$8:$C$50,0)):INDEX('Rates Table'!$F$8:$F$50,MATCH($C100+$D100-1,'Rates Table'!$C$8:$C$50,0))))","v":0.12964713611592982},{"$f":"-PMT(discountRate,$D100,NPV(discountRate,INDEX('Rates Table'!$G$8:$G$50,MATCH($C100,'Rates Table'!$C$8:$C$50,0)):INDEX('Rates Table'!$G$8:$G$50,MATCH($C100+$D100-1,'Rates Table'!$C$8:$C$50,0))))","v":0.17248811334031713},{"$f":"-PMT(discountRate,$D100,NPV(discountRate,INDEX('Rates Table'!$H$8:$H$50,MATCH($C100,'Rates Table'!$C$8:$C$50,0)):INDEX('Rates Table'!$H$8:$H$50,MATCH($C100+$D100-1,'Rates Table'!$C$8:$C$50,0))))","v":3.7842000000000005E-6},{"$f":"-PMT(discountRate,$D100,NPV(discountRate,INDEX('Rates Table'!$I$8:$I$50,MATCH($C100,'Rates Table'!$C$8:$C$50,0)):INDEX('Rates Table'!$I$8:$I$50,MATCH($C100+$D100-1,'Rates Table'!$C$8:$C$50,0))))","v":0.34743191039999999},{"$f":"-PMT(discountRate,$D100,NPV(discountRate,INDEX('Rates Table'!$J$8:$J$50,MATCH($C100,'Rates Table'!$C$8:$C$50,0)):INDEX('Rates Table'!$J$8:$J$50,MATCH($C100+$D100-1,'Rates Table'!$C$8:$C$50,0))))","v":0.41068298556000005}]
[null,"2018_5",2018,5,{"$f":"-PMT(discountRate,$D101,NPV(discountRate,INDEX('Rates Table'!$F$8:$F$50,MATCH($C101,'Rates Table'!$C$8:$C$50,0)):INDEX('Rates Table'!$F$8:$F$50,MATCH($C101+$D101-1,'Rates Table'!$C$8:$C$50,0))))","v":0.12878994995218737},{"$f":"-PMT(discountRate,$D101,NPV(discountRate,INDEX('Rates Table'!$G$8:$G$50,MATCH($C101,'Rates Table'!$C$8:$C$50,0)):INDEX('Rates Table'!$G$8:$G$50,MATCH($C101+$D101-1,'Rates Table'!$C$8:$C$50,0))))","v":0.17248811334031713},{"$f":"-PMT(discountRate,$D101,NPV(discountRate,INDEX('Rates Table'!$H$8:$H$50,MATCH($C101,'Rates Table'!$C$8:$C$50,0)):INDEX('Rates Table'!$H$8:$H$50,MATCH($C101+$D101-1,'Rates Table'!$C$8:$C$50,0))))","v":3.7842000000000005E-6},{"$f":"-PMT(discountRate,$D101,NPV(discountRate,INDEX('Rates Table'!$I$8:$I$50,MATCH($C101,'Rates Table'!$C$8:$C$50,0)):INDEX('Rates Table'!$I$8:$I$50,MATCH($C101+$D101-1,'Rates Table'!$C$8:$C$50,0))))","v":0.34743191039999999},{"$f":"-PMT(discountRate,$D101,NPV(discountRate,INDEX('Rates Table'!$J$8:$J$50,MATCH($C101,'Rates Table'!$C$8:$C$50,0)):INDEX('Rates Table'!$J$8:$J$50,MATCH($C101+$D101-1,'Rates Table'!$C$8:$C$50,0))))","v":0.41068298556000005}]
[null,"2018_6",2018,6,{"$f":"-PMT(discountRate,$D102,NPV(discountRate,INDEX('Rates Table'!$F$8:$F$50,MATCH($C102,'Rates Table'!$C$8:$C$50,0)):INDEX('Rates Table'!$F$8:$F$50,MATCH($C102+$D102-1,'Rates Table'!$C$8:$C$50,0))))","v":0.12805848024341623},{"$f":"-PMT(discountRate,$D102,NPV(discountRate,INDEX('Rates Table'!$G$8:$G$50,MATCH($C102,'Rates Table'!$C$8:$C$50,0)):INDEX('Rates Table'!$G$8:$G$50,MATCH($C102+$D102-1,'Rates Table'!$C$8:$C$50,0))))","v":0.17248811334031713},{"$f":"-PMT(discountRate,$D102,NPV(discountRate,INDEX('Rates Table'!$H$8:$H$50,MATCH($C102,'Rates Table'!$C$8:$C$50,0)):INDEX('Rates Table'!$H$8:$H$50,MATCH($C102+$D102-1,'Rates Table'!$C$8:$C$50,0))))","v":3.7842000000000005E-6},{"$f":"-PMT(discountRate,$D102,NPV(discountRate,INDEX('Rates Table'!$I$8:$I$50,MATCH($C102,'Rates Table'!$C$8:$C$50,0)):INDEX('Rates Table'!$I$8:$I$50,MATCH($C102+$D102-1,'Rates Table'!$C$8:$C$50,0))))","v":0.34743191039999999},{"$f":"-PMT(discountRate,$D102,NPV(discountRate,INDEX('Rates Table'!$J$8:$J$50,MATCH($C102,'Rates Table'!$C$8:$C$50,0)):INDEX('Rates Table'!$J$8:$J$50,MATCH($C102+$D102-1,'Rates Table'!$C$8:$C$50,0))))","v":0.4106829855600001}]
[null,"2018_7",2018,7,{"$f":"-PMT(discountRate,$D103,NPV(discountRate,INDEX('Rates Table'!$F$8:$F$50,MATCH($C103,'Rates Table'!$C$8:$C$50,0)):INDEX('Rates Table'!$F$8:$F$50,MATCH($C103+$D103-1,'Rates Table'!$C$8:$C$50,0))))","v":0.12755757227939621},{"$f":"-PMT(discountRate,$D103,NPV(discountRate,INDEX('Rates Table'!$G$8:$G$50,MATCH($C103,'Rates Table'!$C$8:$C$50,0)):INDEX('Rates Table'!$G$8:$G$50,MATCH($C103+$D103-1,'Rates Table'!$C$8:$C$50,0))))","v":0.17248811334031713},{"$f":"-PMT(discountRate,$D103,NPV(discountRate,INDEX('Rates Table'!$H$8:$H$50,MATCH($C103,'Rates Table'!$C$8:$C$50,0)):INDEX('Rates Table'!$H$8:$H$50,MATCH($C103+$D103-1,'Rates Table'!$C$8:$C$50,0))))","v":3.7841999999999997E-6},{"$f":"-PMT(discountRate,$D103,NPV(discountRate,INDEX('Rates Table'!$I$8:$I$50,MATCH($C103,'Rates Table'!$C$8:$C$50,0)):INDEX('Rates Table'!$I$8:$I$50,MATCH($C103+$D103-1,'Rates Table'!$C$8:$C$50,0))))","v":0.34743191039999999},{"$f":"-PMT(discountRate,$D103,NPV(discountRate,INDEX('Rates Table'!$J$8:$J$50,MATCH($C103,'Rates Table'!$C$8:$C$50,0)):INDEX('Rates Table'!$J$8:$J$50,MATCH($C103+$D103-1,'Rates Table'!$C$8:$C$50,0))))","v":0.41068298556000005}]
[null,"2018_8",2018,8,{"$f":"-PMT(discountRate,$D104,NPV(discountRate,INDEX('Rates Table'!$F$8:$F$50,MATCH($C104,'Rates Table'!$C$8:$C$50,0)):INDEX('Rates Table'!$F$8:$F$50,MATCH($C104+$D104-1,'Rates Table'!$C$8:$C$50,0))))","v":0.12717493459426019},{"$f":"-PMT(discountRate,$D104,NPV(discountRate,INDEX('Rates Table'!$G$8:$G$50,MATCH($C104,'Rates Table'!$C$8:$C$50,0)):INDEX('Rates Table'!$G$8:$G$50,MATCH($C104+$D104-1,'Rates Table'!$C$8:$C$50,0))))","v":0.17248811334031713},{"$f":"-PMT(discountRate,$D104,NPV(discountRate,INDEX('Rates Table'!$H$8:$H$50,MATCH($C104,'Rates Table'!$C$8:$C$50,0)):INDEX('Rates Table'!$H$8:$H$50,MATCH($C104+$D104-1,'Rates Table'!$C$8:$C$50,0))))","v":3.7841999999999997E-6},{"$f":"-PMT(discountRate,$D104,NPV(discountRate,INDEX('Rates Table'!$I$8:$I$50,MATCH($C104,'Rates Table'!$C$8:$C$50,0)):INDEX('Rates Table'!$I$8:$I$50,MATCH($C104+$D104-1,'Rates Table'!$C$8:$C$50,0))))","v":0.34743191039999993},{"$f":"-PMT(discountRate,$D104,NPV(discountRate,INDEX('Rates Table'!$J$8:$J$50,MATCH($C104,'Rates Table'!$C$8:$C$50,0)):INDEX('Rates Table'!$J$8:$J$50,MATCH($C104+$D104-1,'Rates Table'!$C$8:$C$50,0))))","v":0.41068298555999994}]
[null,"2018_9",2018,9,{"$f":"-PMT(discountRate,$D105,NPV(discountRate,INDEX('Rates Table'!$F$8:$F$50,MATCH($C105,'Rates Table'!$C$8:$C$50,0)):INDEX('Rates Table'!$F$8:$F$50,MATCH($C105+$D105-1,'Rates Table'!$C$8:$C$50,0))))","v":0.1270141139950908},{"$f":"-PMT(discountRate,$D105,NPV(discountRate,INDEX('Rates Table'!$G$8:$G$50,MATCH($C105,'Rates Table'!$C$8:$C$50,0)):INDEX('Rates Table'!$G$8:$G$50,MATCH($C105+$D105-1,'Rates Table'!$C$8:$C$50,0))))","v":0.17248811334031711},{"$f":"-PMT(discountRate,$D105,NPV(discountRate,INDEX('Rates Table'!$H$8:$H$50,MATCH($C105,'Rates Table'!$C$8:$C$50,0)):INDEX('Rates Table'!$H$8:$H$50,MATCH($C105+$D105-1,'Rates Table'!$C$8:$C$50,0))))","v":3.7841999999999997E-6},{"$f":"-PMT(discountRate,$D105,NPV(discountRate,INDEX('Rates Table'!$I$8:$I$50,MATCH($C105,'Rates Table'!$C$8:$C$50,0)):INDEX('Rates Table'!$I$8:$I$50,MATCH($C105+$D105-1,'Rates Table'!$C$8:$C$50,0))))","v":0.34743191039999993},{"$f":"-PMT(discountRate,$D105,NPV(discountRate,INDEX('Rates Table'!$J$8:$J$50,MATCH($C105,'Rates Table'!$C$8:$C$50,0)):INDEX('Rates Table'!$J$8:$J$50,MATCH($C105+$D105-1,'Rates Table'!$C$8:$C$50,0))))","v":0.41068298555999994}]
[null,"2018_10",2018,10,{"$f":"-PMT(discountRate,$D106,NPV(discountRate,INDEX('Rates Table'!$F$8:$F$50,MATCH($C106,'Rates Table'!$C$8:$C$50,0)):INDEX('Rates Table'!$F$8:$F$50,MATCH($C106+$D106-1,'Rates Table'!$C$8:$C$50,0))))","v":0.12694528247021075},{"$f":"-PMT(discountRate,$D106,NPV(discountRate,INDEX('Rates Table'!$G$8:$G$50,MATCH($C106,'Rates Table'!$C$8:$C$50,0)):INDEX('Rates Table'!$G$8:$G$50,MATCH($C106+$D106-1,'Rates Table'!$C$8:$C$50,0))))","v":0.17248811334031713},{"$f":"-PMT(discountRate,$D106,NPV(discountRate,INDEX('Rates Table'!$H$8:$H$50,MATCH($C106,'Rates Table'!$C$8:$C$50,0)):INDEX('Rates Table'!$H$8:$H$50,MATCH($C106+$D106-1,'Rates Table'!$C$8:$C$50,0))))","v":3.7841999999999997E-6},{"$f":"-PMT(discountRate,$D106,NPV(discountRate,INDEX('Rates Table'!$I$8:$I$50,MATCH($C106,'Rates Table'!$C$8:$C$50,0)):INDEX('Rates Table'!$I$8:$I$50,MATCH($C106+$D106-1,'Rates Table'!$C$8:$C$50,0))))","v":0.34743191039999999},{"$f":"-PMT(discountRate,$D106,NPV(discountRate,INDEX('Rates Table'!$J$8:$J$50,MATCH($C106,'Rates Table'!$C$8:$C$50,0)):INDEX('Rates Table'!$J$8:$J$50,MATCH($C106+$D106-1,'Rates Table'!$C$8:$C$50,0))))","v":0.41068298555999994}]
[null,"2018_11",2018,11,{"$f":"-PMT(discountRate,$D107,NPV(discountRate,INDEX('Rates Table'!$F$8:$F$50,MATCH($C107,'Rates Table'!$C$8:$C$50,0)):INDEX('Rates Table'!$F$8:$F$50,MATCH($C107+$D107-1,'Rates Table'!$C$8:$C$50,0))))","v":0.1268891095948825},{"$f":"-PMT(discountRate,$D107,NPV(discountRate,INDEX('Rates Table'!$G$8:$G$50,MATCH($C107,'Rates Table'!$C$8:$C$50,0)):INDEX('Rates Table'!$G$8:$G$50,MATCH($C107+$D107-1,'Rates Table'!$C$8:$C$50,0))))","v":0.17248811334031711},{"$f":"-PMT(discountRate,$D107,NPV(discountRate,INDEX('Rates Table'!$H$8:$H$50,MATCH($C107,'Rates Table'!$C$8:$C$50,0)):INDEX('Rates Table'!$H$8:$H$50,MATCH($C107+$D107-1,'Rates Table'!$C$8:$C$50,0))))","v":3.7841999999999993E-6},{"$f":"-PMT(discountRate,$D107,NPV(discountRate,INDEX('Rates Table'!$I$8:$I$50,MATCH($C107,'Rates Table'!$C$8:$C$50,0)):INDEX('Rates Table'!$I$8:$I$50,MATCH($C107+$D107-1,'Rates Table'!$C$8:$C$50,0))))","v":0.34743191039999988},{"$f":"-PMT(discountRate,$D107,NPV(discountRate,INDEX('Rates Table'!$J$8:$J$50,MATCH($C107,'Rates Table'!$C$8:$C$50,0)):INDEX('Rates Table'!$J$8:$J$50,MATCH($C107+$D107-1,'Rates Table'!$C$8:$C$50,0))))","v":0.41068298555999988}]
[null,"2018_12",2018,12,{"$f":"-PMT(discountRate,$D108,NPV(discountRate,INDEX('Rates Table'!$F$8:$F$50,MATCH($C108,'Rates Table'!$C$8:$C$50,0)):INDEX('Rates Table'!$F$8:$F$50,MATCH($C108+$D108-1,'Rates Table'!$C$8:$C$50,0))))","v":0.12684243028290751},{"$f":"-PMT(discountRate,$D108,NPV(discountRate,INDEX('Rates Table'!$G$8:$G$50,MATCH($C108,'Rates Table'!$C$8:$C$50,0)):INDEX('Rates Table'!$G$8:$G$50,MATCH($C108+$D108-1,'Rates Table'!$C$8:$C$50,0))))","v":0.17248811334031711},{"$f":"-PMT(discountRate,$D108,NPV(discountRate,INDEX('Rates Table'!$H$8:$H$50,MATCH($C108,'Rates Table'!$C$8:$C$50,0)):INDEX('Rates Table'!$H$8:$H$50,MATCH($C108+$D108-1,'Rates Table'!$C$8:$C$50,0))))","v":3.7841999999999997E-6},{"$f":"-PMT(discountRate,$D108,NPV(discountRate,INDEX('Rates Table'!$I$8:$I$50,MATCH($C108,'Rates Table'!$C$8:$C$50,0)):INDEX('Rates Table'!$I$8:$I$50,MATCH($C108+$D108-1,'Rates Table'!$C$8:$C$50,0))))","v":0.34743191039999993},{"$f":"-PMT(discountRate,$D108,NPV(discountRate,INDEX('Rates Table'!$J$8:$J$50,MATCH($C108,'Rates Table'!$C$8:$C$50,0)):INDEX('Rates Table'!$J$8:$J$50,MATCH($C108+$D108-1,'Rates Table'!$C$8:$C$50,0))))","v":0.41068298555999994}]
[null,"2018_13",2018,13,{"$f":"-PMT(discountRate,$D109,NPV(discountRate,INDEX('Rates Table'!$F$8:$F$50,MATCH($C109,'Rates Table'!$C$8:$C$50,0)):INDEX('Rates Table'!$F$8:$F$50,MATCH($C109+$D109-1,'Rates Table'!$C$8:$C$50,0))))","v":0.12680305328522129},{"$f":"-PMT(discountRate,$D109,NPV(discountRate,INDEX('Rates Table'!$G$8:$G$50,MATCH($C109,'Rates Table'!$C$8:$C$50,0)):INDEX('Rates Table'!$G$8:$G$50,MATCH($C109+$D109-1,'Rates Table'!$C$8:$C$50,0))))","v":0.17248811334031708},{"$f":"-PMT(discountRate,$D109,NPV(discountRate,INDEX('Rates Table'!$H$8:$H$50,MATCH($C109,'Rates Table'!$C$8:$C$50,0)):INDEX('Rates Table'!$H$8:$H$50,MATCH($C109+$D109-1,'Rates Table'!$C$8:$C$50,0))))","v":3.7841999999999993E-6},{"$f":"-PMT(discountRate,$D109,NPV(discountRate,INDEX('Rates Table'!$I$8:$I$50,MATCH($C109,'Rates Table'!$C$8:$C$50,0)):INDEX('Rates Table'!$I$8:$I$50,MATCH($C109+$D109-1,'Rates Table'!$C$8:$C$50,0))))","v":0.34743191039999988},{"$f":"-PMT(discountRate,$D109,NPV(discountRate,INDEX('Rates Table'!$J$8:$J$50,MATCH($C109,'Rates Table'!$C$8:$C$50,0)):INDEX('Rates Table'!$J$8:$J$50,MATCH($C109+$D109-1,'Rates Table'!$C$8:$C$50,0))))","v":0.41068298555999988}]
[null,"2018_14",2018,14,{"$f":"-PMT(discountRate,$D110,NPV(discountRate,INDEX('Rates Table'!$F$8:$F$50,MATCH($C110,'Rates Table'!$C$8:$C$50,0)):INDEX('Rates Table'!$F$8:$F$50,MATCH($C110+$D110-1,'Rates Table'!$C$8:$C$50,0))))","v":0.12676941339134234},{"$f":"-PMT(discountRate,$D110,NPV(discountRate,INDEX('Rates Table'!$G$8:$G$50,MATCH($C110,'Rates Table'!$C$8:$C$50,0)):INDEX('Rates Table'!$G$8:$G$50,MATCH($C110+$D110-1,'Rates Table'!$C$8:$C$50,0))))","v":0.17248811334031711},{"$f":"-PMT(discountRate,$D110,NPV(discountRate,INDEX('Rates Table'!$H$8:$H$50,MATCH($C110,'Rates Table'!$C$8:$C$50,0)):INDEX('Rates Table'!$H$8:$H$50,MATCH($C110+$D110-1,'Rates Table'!$C$8:$C$50,0))))","v":3.7842000000000005E-6},{"$f":"-PMT(discountRate,$D110,NPV(discountRate,INDEX('Rates Table'!$I$8:$I$50,MATCH($C110,'Rates Table'!$C$8:$C$50,0)):INDEX('Rates Table'!$I$8:$I$50,MATCH($C110+$D110-1,'Rates Table'!$C$8:$C$50,0))))","v":0.34743191039999993},{"$f":"-PMT(discountRate,$D110,NPV(discountRate,INDEX('Rates Table'!$J$8:$J$50,MATCH($C110,'Rates Table'!$C$8:$C$50,0)):INDEX('Rates Table'!$J$8:$J$50,MATCH($C110+$D110-1,'Rates Table'!$C$8:$C$50,0))))","v":0.41068298555999994}]
[null,"2018_15",2018,15,{"$f":"-PMT(discountRate,$D111,NPV(discountRate,INDEX('Rates Table'!$F$8:$F$50,MATCH($C111,'Rates Table'!$C$8:$C$50,0)):INDEX('Rates Table'!$F$8:$F$50,MATCH($C111+$D111-1,'Rates Table'!$C$8:$C$50,0))))","v":0.12674036275027217},{"$f":"-PMT(discountRate,$D111,NPV(discountRate,INDEX('Rates Table'!$G$8:$G$50,MATCH($C111,'Rates Table'!$C$8:$C$50,0)):INDEX('Rates Table'!$G$8:$G$50,MATCH($C111+$D111-1,'Rates Table'!$C$8:$C$50,0))))","v":0.17248811334031708},{"$f":"-PMT(discountRate,$D111,NPV(discountRate,INDEX('Rates Table'!$H$8:$H$50,MATCH($C111,'Rates Table'!$C$8:$C$50,0)):INDEX('Rates Table'!$H$8:$H$50,MATCH($C111+$D111-1,'Rates Table'!$C$8:$C$50,0))))","v":3.7841999999999993E-6},{"$f":"-PMT(discountRate,$D111,NPV(discountRate,INDEX('Rates Table'!$I$8:$I$50,MATCH($C111,'Rates Table'!$C$8:$C$50,0)):INDEX('Rates Table'!$I$8:$I$50,MATCH($C111+$D111-1,'Rates Table'!$C$8:$C$50,0))))","v":0.34743191039999988},{"$f":"-PMT(discountRate,$D111,NPV(discountRate,INDEX('Rates Table'!$J$8:$J$50,MATCH($C111,'Rates Table'!$C$8:$C$50,0)):INDEX('Rates Table'!$J$8:$J$50,MATCH($C111+$D111-1,'Rates Table'!$C$8:$C$50,0))))","v":0.41068298555999982}]
[null,"2018_16",2018,16,{"$f":"-PMT(discountRate,$D112,NPV(discountRate,INDEX('Rates Table'!$F$8:$F$50,MATCH($C112,'Rates Table'!$C$8:$C$50,0)):INDEX('Rates Table'!$F$8:$F$50,MATCH($C112+$D112-1,'Rates Table'!$C$8:$C$50,0))))","v":0.12671504044608603},{"$f":"-PMT(discountRate,$D112,NPV(discountRate,INDEX('Rates Table'!$G$8:$G$50,MATCH($C112,'Rates Table'!$C$8:$C$50,0)):INDEX('Rates Table'!$G$8:$G$50,MATCH($C112+$D112-1,'Rates Table'!$C$8:$C$50,0))))","v":0.17248811334031711},{"$f":"-PMT(discountRate,$D112,NPV(discountRate,INDEX('Rates Table'!$H$8:$H$50,MATCH($C112,'Rates Table'!$C$8:$C$50,0)):INDEX('Rates Table'!$H$8:$H$50,MATCH($C112+$D112-1,'Rates Table'!$C$8:$C$50,0))))","v":3.7841999999999993E-6},{"$f":"-PMT(discountRate,$D112,NPV(discountRate,INDEX('Rates Table'!$I$8:$I$50,MATCH($C112,'Rates Table'!$C$8:$C$50,0)):INDEX('Rates Table'!$I$8:$I$50,MATCH($C112+$D112-1,'Rates Table'!$C$8:$C$50,0))))","v":0.34743191039999988},{"$f":"-PMT(discountRate,$D112,NPV(discountRate,INDEX('Rates Table'!$J$8:$J$50,MATCH($C112,'Rates Table'!$C$8:$C$50,0)):INDEX('Rates Table'!$J$8:$J$50,MATCH($C112+$D112-1,'Rates Table'!$C$8:$C$50,0))))","v":0.41068298555999988}]
[null,"2018_17",2018,17,{"$f":"-PMT(discountRate,$D113,NPV(discountRate,INDEX('Rates Table'!$F$8:$F$50,MATCH($C113,'Rates Table'!$C$8:$C$50,0)):INDEX('Rates Table'!$F$8:$F$50,MATCH($C113+$D113-1,'Rates Table'!$C$8:$C$50,0))))","v":0.12669278810569318},{"$f":"-PMT(discountRate,$D113,NPV(discountRate,INDEX('Rates Table'!$G$8:$G$50,MATCH($C113,'Rates Table'!$C$8:$C$50,0)):INDEX('Rates Table'!$G$8:$G$50,MATCH($C113+$D113-1,'Rates Table'!$C$8:$C$50,0))))","v":0.17248811334031711},{"$f":"-PMT(discountRate,$D113,NPV(discountRate,INDEX('Rates Table'!$H$8:$H$50,MATCH($C113,'Rates Table'!$C$8:$C$50,0)):INDEX('Rates Table'!$H$8:$H$50,MATCH($C113+$D113-1,'Rates Table'!$C$8:$C$50,0))))","v":3.7841999999999997E-6},{"$f":"-PMT(discountRate,$D113,NPV(discountRate,INDEX('Rates Table'!$I$8:$I$50,MATCH($C113,'Rates Table'!$C$8:$C$50,0)):INDEX('Rates Table'!$I$8:$I$50,MATCH($C113+$D113-1,'Rates Table'!$C$8:$C$50,0))))","v":0.34743191039999993},{"$f":"-PMT(discountRate,$D113,NPV(discountRate,INDEX('Rates Table'!$J$8:$J$50,MATCH($C113,'Rates Table'!$C$8:$C$50,0)):INDEX('Rates Table'!$J$8:$J$50,MATCH($C113+$D113-1,'Rates Table'!$C$8:$C$50,0))))","v":0.41068298555999988}]
[null,"2018_18",2018,18,{"$f":"-PMT(discountRate,$D114,NPV(discountRate,INDEX('Rates Table'!$F$8:$F$50,MATCH($C114,'Rates Table'!$C$8:$C$50,0)):INDEX('Rates Table'!$F$8:$F$50,MATCH($C114+$D114-1,'Rates Table'!$C$8:$C$50,0))))","v":0.12667309363736759},{"$f":"-PMT(discountRate,$D114,NPV(discountRate,INDEX('Rates Table'!$G$8:$G$50,MATCH($C114,'Rates Table'!$C$8:$C$50,0)):INDEX('Rates Table'!$G$8:$G$50,MATCH($C114+$D114-1,'Rates Table'!$C$8:$C$50,0))))","v":0.17248811334031708},{"$f":"-PMT(discountRate,$D114,NPV(discountRate,INDEX('Rates Table'!$H$8:$H$50,MATCH($C114,'Rates Table'!$C$8:$C$50,0)):INDEX('Rates Table'!$H$8:$H$50,MATCH($C114+$D114-1,'Rates Table'!$C$8:$C$50,0))))","v":3.7841999999999993E-6},{"$f":"-PMT(discountRate,$D114,NPV(discountRate,INDEX('Rates Table'!$I$8:$I$50,MATCH($C114,'Rates Table'!$C$8:$C$50,0)):INDEX('Rates Table'!$I$8:$I$50,MATCH($C114+$D114-1,'Rates Table'!$C$8:$C$50,0))))","v":0.34743191039999988},{"$f":"-PMT(discountRate,$D114,NPV(discountRate,INDEX('Rates Table'!$J$8:$J$50,MATCH($C114,'Rates Table'!$C$8:$C$50,0)):INDEX('Rates Table'!$J$8:$J$50,MATCH($C114+$D114-1,'Rates Table'!$C$8:$C$50,0))))","v":0.41068298555999982}]
[null,"2018_19",2018,19,{"$f":"-PMT(discountRate,$D115,NPV(discountRate,INDEX('Rates Table'!$F$8:$F$50,MATCH($C115,'Rates Table'!$C$8:$C$50,0)):INDEX('Rates Table'!$F$8:$F$50,MATCH($C115+$D115-1,'Rates Table'!$C$8:$C$50,0))))","v":0.12665555273607948},{"$f":"-PMT(discountRate,$D115,NPV(discountRate,INDEX('Rates Table'!$G$8:$G$50,MATCH($C115,'Rates Table'!$C$8:$C$50,0)):INDEX('Rates Table'!$G$8:$G$50,MATCH($C115+$D115-1,'Rates Table'!$C$8:$C$50,0))))","v":0.17248811334031708},{"$f":"-PMT(discountRate,$D115,NPV(discountRate,INDEX('Rates Table'!$H$8:$H$50,MATCH($C115,'Rates Table'!$C$8:$C$50,0)):INDEX('Rates Table'!$H$8:$H$50,MATCH($C115+$D115-1,'Rates Table'!$C$8:$C$50,0))))","v":3.7841999999999993E-6},{"$f":"-PMT(discountRate,$D115,NPV(discountRate,INDEX('Rates Table'!$I$8:$I$50,MATCH($C115,'Rates Table'!$C$8:$C$50,0)):INDEX('Rates Table'!$I$8:$I$50,MATCH($C115+$D115-1,'Rates Table'!$C$8:$C$50,0))))","v":0.34743191039999993},{"$f":"-PMT(discountRate,$D115,NPV(discountRate,INDEX('Rates Table'!$J$8:$J$50,MATCH($C115,'Rates Table'!$C$8:$C$50,0)):INDEX('Rates Table'!$J$8:$J$50,MATCH($C115+$D115-1,'Rates Table'!$C$8:$C$50,0))))","v":0.41068298555999982}]
[null,"2018_20",2018,20,{"$f":"-PMT(discountRate,$D116,NPV(discountRate,INDEX('Rates Table'!$F$8:$F$50,MATCH($C116,'Rates Table'!$C$8:$C$50,0)):INDEX('Rates Table'!$F$8:$F$50,MATCH($C116+$D116-1,'Rates Table'!$C$8:$C$50,0))))","v":0.12663984193724656},{"$f":"-PMT(discountRate,$D116,NPV(discountRate,INDEX('Rates Table'!$G$8:$G$50,MATCH($C116,'Rates Table'!$C$8:$C$50,0)):INDEX('Rates Table'!$G$8:$G$50,MATCH($C116+$D116-1,'Rates Table'!$C$8:$C$50,0))))","v":0.17248811334031708},{"$f":"-PMT(discountRate,$D116,NPV(discountRate,INDEX('Rates Table'!$H$8:$H$50,MATCH($C116,'Rates Table'!$C$8:$C$50,0)):INDEX('Rates Table'!$H$8:$H$50,MATCH($C116+$D116-1,'Rates Table'!$C$8:$C$50,0))))","v":3.7841999999999993E-6},{"$f":"-PMT(discountRate,$D116,NPV(discountRate,INDEX('Rates Table'!$I$8:$I$50,MATCH($C116,'Rates Table'!$C$8:$C$50,0)):INDEX('Rates Table'!$I$8:$I$50,MATCH($C116+$D116-1,'Rates Table'!$C$8:$C$50,0))))","v":0.34743191039999993},{"$f":"-PMT(discountRate,$D116,NPV(discountRate,INDEX('Rates Table'!$J$8:$J$50,MATCH($C116,'Rates Table'!$C$8:$C$50,0)):INDEX('Rates Table'!$J$8:$J$50,MATCH($C116+$D116-1,'Rates Table'!$C$8:$C$50,0))))","v":0.41068298555999988}]
[null,"2018_21",2018,21,{"$f":"-PMT(discountRate,$D117,NPV(discountRate,INDEX('Rates Table'!$F$8:$F$50,MATCH($C117,'Rates Table'!$C$8:$C$50,0)):INDEX('Rates Table'!$F$8:$F$50,MATCH($C117+$D117-1,'Rates Table'!$C$8:$C$50,0))))","v":0.12662569936943149},{"$f":"-PMT(discountRate,$D117,NPV(discountRate,INDEX('Rates Table'!$G$8:$G$50,MATCH($C117,'Rates Table'!$C$8:$C$50,0)):INDEX('Rates Table'!$G$8:$G$50,MATCH($C117+$D117-1,'Rates Table'!$C$8:$C$50,0))))","v":0.17248811334031705},{"$f":"-PMT(discountRate,$D117,NPV(discountRate,INDEX('Rates Table'!$H$8:$H$50,MATCH($C117,'Rates Table'!$C$8:$C$50,0)):INDEX('Rates Table'!$H$8:$H$50,MATCH($C117+$D117-1,'Rates Table'!$C$8:$C$50,0))))","v":3.7841999999999993E-6},{"$f":"-PMT(discountRate,$D117,NPV(discountRate,INDEX('Rates Table'!$I$8:$I$50,MATCH($C117,'Rates Table'!$C$8:$C$50,0)):INDEX('Rates Table'!$I$8:$I$50,MATCH($C117+$D117-1,'Rates Table'!$C$8:$C$50,0))))","v":0.34743191039999993},{"$f":"-PMT(discountRate,$D117,NPV(discountRate,INDEX('Rates Table'!$J$8:$J$50,MATCH($C117,'Rates Table'!$C$8:$C$50,0)):INDEX('Rates Table'!$J$8:$J$50,MATCH($C117+$D117-1,'Rates Table'!$C$8:$C$50,0))))","v":0.41068298555999982}]
[null,"2018_22",2018,22,{"$f":"-PMT(discountRate,$D118,NPV(discountRate,INDEX('Rates Table'!$F$8:$F$50,MATCH($C118,'Rates Table'!$C$8:$C$50,0)):INDEX('Rates Table'!$F$8:$F$50,MATCH($C118+$D118-1,'Rates Table'!$C$8:$C$50,0))))","v":0.12661291075631945},{"$f":"-PMT(discountRate,$D118,NPV(discountRate,INDEX('Rates Table'!$G$8:$G$50,MATCH($C118,'Rates Table'!$C$8:$C$50,0)):INDEX('Rates Table'!$G$8:$G$50,MATCH($C118+$D118-1,'Rates Table'!$C$8:$C$50,0))))","v":0.17248811334031708},{"$f":"-PMT(discountRate,$D118,NPV(discountRate,INDEX('Rates Table'!$H$8:$H$50,MATCH($C118,'Rates Table'!$C$8:$C$50,0)):INDEX('Rates Table'!$H$8:$H$50,MATCH($C118+$D118-1,'Rates Table'!$C$8:$C$50,0))))","v":3.7841999999999997E-6},{"$f":"-PMT(discountRate,$D118,NPV(discountRate,INDEX('Rates Table'!$I$8:$I$50,MATCH($C118,'Rates Table'!$C$8:$C$50,0)):INDEX('Rates Table'!$I$8:$I$50,MATCH($C118+$D118-1,'Rates Table'!$C$8:$C$50,0))))","v":0.34743191039999993},{"$f":"-PMT(discountRate,$D118,NPV(discountRate,INDEX('Rates Table'!$J$8:$J$50,MATCH($C118,'Rates Table'!$C$8:$C$50,0)):INDEX('Rates Table'!$J$8:$J$50,MATCH($C118+$D118-1,'Rates Table'!$C$8:$C$50,0))))","v":0.41068298555999982}]
[null,"2018_23",2018,23,{"$f":"-PMT(discountRate,$D119,NPV(discountRate,INDEX('Rates Table'!$F$8:$F$50,MATCH($C119,'Rates Table'!$C$8:$C$50,0)):INDEX('Rates Table'!$F$8:$F$50,MATCH($C119+$D119-1,'Rates Table'!$C$8:$C$50,0))))","v":0.12660129907036827},{"$f":"-PMT(discountRate,$D119,NPV(discountRate,INDEX('Rates Table'!$G$8:$G$50,MATCH($C119,'Rates Table'!$C$8:$C$50,0)):INDEX('Rates Table'!$G$8:$G$50,MATCH($C119+$D119-1,'Rates Table'!$C$8:$C$50,0))))","v":0.17248811334031708},{"$f":"-PMT(discountRate,$D119,NPV(discountRate,INDEX('Rates Table'!$H$8:$H$50,MATCH($C119,'Rates Table'!$C$8:$C$50,0)):INDEX('Rates Table'!$H$8:$H$50,MATCH($C119+$D119-1,'Rates Table'!$C$8:$C$50,0))))","v":3.7841999999999993E-6},{"$f":"-PMT(discountRate,$D119,NPV(discountRate,INDEX('Rates Table'!$I$8:$I$50,MATCH($C119,'Rates Table'!$C$8:$C$50,0)):INDEX('Rates Table'!$I$8:$I$50,MATCH($C119+$D119-1,'Rates Table'!$C$8:$C$50,0))))","v":0.34743191039999988},{"$f":"-PMT(discountRate,$D119,NPV(discountRate,INDEX('Rates Table'!$J$8:$J$50,MATCH($C119,'Rates Table'!$C$8:$C$50,0)):INDEX('Rates Table'!$J$8:$J$50,MATCH($C119+$D119-1,'Rates Table'!$C$8:$C$50,0))))","v":0.41068298555999982}]
[null,"2018_24",2018,24,{"$f":"-PMT(discountRate,$D120,NPV(discountRate,INDEX('Rates Table'!$F$8:$F$50,MATCH($C120,'Rates Table'!$C$8:$C$50,0)):INDEX('Rates Table'!$F$8:$F$50,MATCH($C120+$D120-1,'Rates Table'!$C$8:$C$50,0))))","v":0.12659071677305947},{"$f":"-PMT(discountRate,$D120,NPV(discountRate,INDEX('Rates Table'!$G$8:$G$50,MATCH($C120,'Rates Table'!$C$8:$C$50,0)):INDEX('Rates Table'!$G$8:$G$50,MATCH($C120+$D120-1,'Rates Table'!$C$8:$C$50,0))))","v":0.17248811334031711},{"$f":"-PMT(discountRate,$D120,NPV(discountRate,INDEX('Rates Table'!$H$8:$H$50,MATCH($C120,'Rates Table'!$C$8:$C$50,0)):INDEX('Rates Table'!$H$8:$H$50,MATCH($C120+$D120-1,'Rates Table'!$C$8:$C$50,0))))","v":3.7841999999999997E-6},{"$f":"-PMT(discountRate,$D120,NPV(discountRate,INDEX('Rates Table'!$I$8:$I$50,MATCH($C120,'Rates Table'!$C$8:$C$50,0)):INDEX('Rates Table'!$I$8:$I$50,MATCH($C120+$D120-1,'Rates Table'!$C$8:$C$50,0))))","v":0.34743191039999993},{"$f":"-PMT(discountRate,$D120,NPV(discountRate,INDEX('Rates Table'!$J$8:$J$50,MATCH($C120,'Rates Table'!$C$8:$C$50,0)):INDEX('Rates Table'!$J$8:$J$50,MATCH($C120+$D120-1,'Rates Table'!$C$8:$C$50,0))))","v":0.41068298555999982}]
[null,"2018_25",2018,25,{"$f":"-PMT(discountRate,$D121,NPV(discountRate,INDEX('Rates Table'!$F$8:$F$50,MATCH($C121,'Rates Table'!$C$8:$C$50,0)):INDEX('Rates Table'!$F$8:$F$50,MATCH($C121+$D121-1,'Rates Table'!$C$8:$C$50,0))))","v":0.12658103991750053},{"$f":"-PMT(discountRate,$D121,NPV(discountRate,INDEX('Rates Table'!$G$8:$G$50,MATCH($C121,'Rates Table'!$C$8:$C$50,0)):INDEX('Rates Table'!$G$8:$G$50,MATCH($C121+$D121-1,'Rates Table'!$C$8:$C$50,0))))","v":0.17248811334031705},{"$f":"-PMT(discountRate,$D121,NPV(discountRate,INDEX('Rates Table'!$H$8:$H$50,MATCH($C121,'Rates Table'!$C$8:$C$50,0)):INDEX('Rates Table'!$H$8:$H$50,MATCH($C121+$D121-1,'Rates Table'!$C$8:$C$50,0))))","v":3.7841999999999989E-6},{"$f":"-PMT(discountRate,$D121,NPV(discountRate,INDEX('Rates Table'!$I$8:$I$50,MATCH($C121,'Rates Table'!$C$8:$C$50,0)):INDEX('Rates Table'!$I$8:$I$50,MATCH($C121+$D121-1,'Rates Table'!$C$8:$C$50,0))))","v":0.34743191039999977},{"$f":"-PMT(discountRate,$D121,NPV(discountRate,INDEX('Rates Table'!$J$8:$J$50,MATCH($C121,'Rates Table'!$C$8:$C$50,0)):INDEX('Rates Table'!$J$8:$J$50,MATCH($C121+$D121-1,'Rates Table'!$C$8:$C$50,0))))","v":0.41068298555999966}]
[null,"2018_26",2018,26,{"$f":"-PMT(discountRate,$D122,NPV(discountRate,INDEX('Rates Table'!$F$8:$F$50,MATCH($C122,'Rates Table'!$C$8:$C$50,0)):INDEX('Rates Table'!$F$8:$F$50,MATCH($C122+$D122-1,'Rates Table'!$C$8:$C$50,0))))","v":0.1265721636119761},{"$f":"-PMT(discountRate,$D122,NPV(discountRate,INDEX('Rates Table'!$G$8:$G$50,MATCH($C122,'Rates Table'!$C$8:$C$50,0)):INDEX('Rates Table'!$G$8:$G$50,MATCH($C122+$D122-1,'Rates Table'!$C$8:$C$50,0))))","v":0.17248811334031708},{"$f":"-PMT(discountRate,$D122,NPV(discountRate,INDEX('Rates Table'!$H$8:$H$50,MATCH($C122,'Rates Table'!$C$8:$C$50,0)):INDEX('Rates Table'!$H$8:$H$50,MATCH($C122+$D122-1,'Rates Table'!$C$8:$C$50,0))))","v":3.7841999999999993E-6},{"$f":"-PMT(discountRate,$D122,NPV(discountRate,INDEX('Rates Table'!$I$8:$I$50,MATCH($C122,'Rates Table'!$C$8:$C$50,0)):INDEX('Rates Table'!$I$8:$I$50,MATCH($C122+$D122-1,'Rates Table'!$C$8:$C$50,0))))","v":0.34743191039999988},{"$f":"-PMT(discountRate,$D122,NPV(discountRate,INDEX('Rates Table'!$J$8:$J$50,MATCH($C122,'Rates Table'!$C$8:$C$50,0)):INDEX('Rates Table'!$J$8:$J$50,MATCH($C122+$D122-1,'Rates Table'!$C$8:$C$50,0))))","v":0.41068298555999982}]
[null,"2018_27",2018,27,{"$f":"-PMT(discountRate,$D123,NPV(discountRate,INDEX('Rates Table'!$F$8:$F$50,MATCH($C123,'Rates Table'!$C$8:$C$50,0)):INDEX('Rates Table'!$F$8:$F$50,MATCH($C123+$D123-1,'Rates Table'!$C$8:$C$50,0))))","v":0.12656399849160821},{"$f":"-PMT(discountRate,$D123,NPV(discountRate,INDEX('Rates Table'!$G$8:$G$50,MATCH($C123,'Rates Table'!$C$8:$C$50,0)):INDEX('Rates Table'!$G$8:$G$50,MATCH($C123+$D123-1,'Rates Table'!$C$8:$C$50,0))))","v":0.17248811334031708},{"$f":"-PMT(discountRate,$D123,NPV(discountRate,INDEX('Rates Table'!$H$8:$H$50,MATCH($C123,'Rates Table'!$C$8:$C$50,0)):INDEX('Rates Table'!$H$8:$H$50,MATCH($C123+$D123-1,'Rates Table'!$C$8:$C$50,0))))","v":3.7841999999999993E-6},{"$f":"-PMT(discountRate,$D123,NPV(discountRate,INDEX('Rates Table'!$I$8:$I$50,MATCH($C123,'Rates Table'!$C$8:$C$50,0)):INDEX('Rates Table'!$I$8:$I$50,MATCH($C123+$D123-1,'Rates Table'!$C$8:$C$50,0))))","v":0.34743191039999993},{"$f":"-PMT(discountRate,$D123,NPV(discountRate,INDEX('Rates Table'!$J$8:$J$50,MATCH($C123,'Rates Table'!$C$8:$C$50,0)):INDEX('Rates Table'!$J$8:$J$50,MATCH($C123+$D123-1,'Rates Table'!$C$8:$C$50,0))))","v":0.41068298555999977}]
[null,"2018_28",2018,28,{"$f":"-PMT(discountRate,$D124,NPV(discountRate,INDEX('Rates Table'!$F$8:$F$50,MATCH($C124,'Rates Table'!$C$8:$C$50,0)):INDEX('Rates Table'!$F$8:$F$50,MATCH($C124+$D124-1,'Rates Table'!$C$8:$C$50,0))))","v":0.12655646794609796},{"$f":"-PMT(discountRate,$D124,NPV(discountRate,INDEX('Rates Table'!$G$8:$G$50,MATCH($C124,'Rates Table'!$C$8:$C$50,0)):INDEX('Rates Table'!$G$8:$G$50,MATCH($C124+$D124-1,'Rates Table'!$C$8:$C$50,0))))","v":0.17248811334031708},{"$f":"-PMT(discountRate,$D124,NPV(discountRate,INDEX('Rates Table'!$H$8:$H$50,MATCH($C124,'Rates Table'!$C$8:$C$50,0)):INDEX('Rates Table'!$H$8:$H$50,MATCH($C124+$D124-1,'Rates Table'!$C$8:$C$50,0))))","v":3.7841999999999993E-6},{"$f":"-PMT(discountRate,$D124,NPV(discountRate,INDEX('Rates Table'!$I$8:$I$50,MATCH($C124,'Rates Table'!$C$8:$C$50,0)):INDEX('Rates Table'!$I$8:$I$50,MATCH($C124+$D124-1,'Rates Table'!$C$8:$C$50,0))))","v":0.34743191039999988},{"$f":"-PMT(discountRate,$D124,NPV(discountRate,INDEX('Rates Table'!$J$8:$J$50,MATCH($C124,'Rates Table'!$C$8:$C$50,0)):INDEX('Rates Table'!$J$8:$J$50,MATCH($C124+$D124-1,'Rates Table'!$C$8:$C$50,0))))","v":0.41068298555999977}]
[null,"2018_29",2018,29,{"$f":"-PMT(discountRate,$D125,NPV(discountRate,INDEX('Rates Table'!$F$8:$F$50,MATCH($C125,'Rates Table'!$C$8:$C$50,0)):INDEX('Rates Table'!$F$8:$F$50,MATCH($C125+$D125-1,'Rates Table'!$C$8:$C$50,0))))","v":0.12654950592104536},{"$f":"-PMT(discountRate,$D125,NPV(discountRate,INDEX('Rates Table'!$G$8:$G$50,MATCH($C125,'Rates Table'!$C$8:$C$50,0)):INDEX('Rates Table'!$G$8:$G$50,MATCH($C125+$D125-1,'Rates Table'!$C$8:$C$50,0))))","v":0.17248811334031708},{"$f":"-PMT(discountRate,$D125,NPV(discountRate,INDEX('Rates Table'!$H$8:$H$50,MATCH($C125,'Rates Table'!$C$8:$C$50,0)):INDEX('Rates Table'!$H$8:$H$50,MATCH($C125+$D125-1,'Rates Table'!$C$8:$C$50,0))))","v":3.7841999999999993E-6},{"$f":"-PMT(discountRate,$D125,NPV(discountRate,INDEX('Rates Table'!$I$8:$I$50,MATCH($C125,'Rates Table'!$C$8:$C$50,0)):INDEX('Rates Table'!$I$8:$I$50,MATCH($C125+$D125-1,'Rates Table'!$C$8:$C$50,0))))","v":0.34743191039999988},{"$f":"-PMT(discountRate,$D125,NPV(discountRate,INDEX('Rates Table'!$J$8:$J$50,MATCH($C125,'Rates Table'!$C$8:$C$50,0)):INDEX('Rates Table'!$J$8:$J$50,MATCH($C125+$D125-1,'Rates Table'!$C$8:$C$50,0))))","v":0.41068298555999977}]
[null,"2018_30",2018,30,{"$f":"-PMT(discountRate,$D126,NPV(discountRate,INDEX('Rates Table'!$F$8:$F$50,MATCH($C126,'Rates Table'!$C$8:$C$50,0)):INDEX('Rates Table'!$F$8:$F$50,MATCH($C126+$D126-1,'Rates Table'!$C$8:$C$50,0))))","v":0.12654305515901174},{"$f":"-PMT(discountRate,$D126,NPV(discountRate,INDEX('Rates Table'!$G$8:$G$50,MATCH($C126,'Rates Table'!$C$8:$C$50,0)):INDEX('Rates Table'!$G$8:$G$50,MATCH($C126+$D126-1,'Rates Table'!$C$8:$C$50,0))))","v":0.17248811334031708},{"$f":"-PMT(discountRate,$D126,NPV(discountRate,INDEX('Rates Table'!$H$8:$H$50,MATCH($C126,'Rates Table'!$C$8:$C$50,0)):INDEX('Rates Table'!$H$8:$H$50,MATCH($C126+$D126-1,'Rates Table'!$C$8:$C$50,0))))","v":3.7841999999999993E-6},{"$f":"-PMT(discountRate,$D126,NPV(discountRate,INDEX('Rates Table'!$I$8:$I$50,MATCH($C126,'Rates Table'!$C$8:$C$50,0)):INDEX('Rates Table'!$I$8:$I$50,MATCH($C126+$D126-1,'Rates Table'!$C$8:$C$50,0))))","v":0.34743191039999988},{"$f":"-PMT(discountRate,$D126,NPV(discountRate,INDEX('Rates Table'!$J$8:$J$50,MATCH($C126,'Rates Table'!$C$8:$C$50,0)):INDEX('Rates Table'!$J$8:$J$50,MATCH($C126+$D126-1,'Rates Table'!$C$8:$C$50,0))))","v":0.41068298555999977}]
[null,"2019_1",2019,1,{"$f":"-PMT(discountRate,$D127,NPV(discountRate,INDEX('Rates Table'!$F$8:$F$50,MATCH($C127,'Rates Table'!$C$8:$C$50,0)):INDEX('Rates Table'!$F$8:$F$50,MATCH($C127+$D127-1,'Rates Table'!$C$8:$C$50,0))))","v":0.13094465242081316},{"$f":"-PMT(discountRate,$D127,NPV(discountRate,INDEX('Rates Table'!$G$8:$G$50,MATCH($C127,'Rates Table'!$C$8:$C$50,0)):INDEX('Rates Table'!$G$8:$G$50,MATCH($C127+$D127-1,'Rates Table'!$C$8:$C$50,0))))","v":0.17248811334031713},{"$f":"-PMT(discountRate,$D127,NPV(discountRate,INDEX('Rates Table'!$H$8:$H$50,MATCH($C127,'Rates Table'!$C$8:$C$50,0)):INDEX('Rates Table'!$H$8:$H$50,MATCH($C127+$D127-1,'Rates Table'!$C$8:$C$50,0))))","v":3.7841999999999997E-6},{"$f":"-PMT(discountRate,$D127,NPV(discountRate,INDEX('Rates Table'!$I$8:$I$50,MATCH($C127,'Rates Table'!$C$8:$C$50,0)):INDEX('Rates Table'!$I$8:$I$50,MATCH($C127+$D127-1,'Rates Table'!$C$8:$C$50,0))))","v":0.34743191039999999},{"$f":"-PMT(discountRate,$D127,NPV(discountRate,INDEX('Rates Table'!$J$8:$J$50,MATCH($C127,'Rates Table'!$C$8:$C$50,0)):INDEX('Rates Table'!$J$8:$J$50,MATCH($C127+$D127-1,'Rates Table'!$C$8:$C$50,0))))","v":0.41068298555999994}]
[null,"2019_2",2019,2,{"$f":"-PMT(discountRate,$D128,NPV(discountRate,INDEX('Rates Table'!$F$8:$F$50,MATCH($C128,'Rates Table'!$C$8:$C$50,0)):INDEX('Rates Table'!$F$8:$F$50,MATCH($C128+$D128-1,'Rates Table'!$C$8:$C$50,0))))","v":0.13149602154128484},{"$f":"-PMT(discountRate,$D128,NPV(discountRate,INDEX('Rates Table'!$G$8:$G$50,MATCH($C128,'Rates Table'!$C$8:$C$50,0)):INDEX('Rates Table'!$G$8:$G$50,MATCH($C128+$D128-1,'Rates Table'!$C$8:$C$50,0))))","v":0.17248811334031719},{"$f":"-PMT(discountRate,$D128,NPV(discountRate,INDEX('Rates Table'!$H$8:$H$50,MATCH($C128,'Rates Table'!$C$8:$C$50,0)):INDEX('Rates Table'!$H$8:$H$50,MATCH($C128+$D128-1,'Rates Table'!$C$8:$C$50,0))))","v":3.7842000000000005E-6},{"$f":"-PMT(discountRate,$D128,NPV(discountRate,INDEX('Rates Table'!$I$8:$I$50,MATCH($C128,'Rates Table'!$C$8:$C$50,0)):INDEX('Rates Table'!$I$8:$I$50,MATCH($C128+$D128-1,'Rates Table'!$C$8:$C$50,0))))","v":0.34743191039999999},{"$f":"-PMT(discountRate,$D128,NPV(discountRate,INDEX('Rates Table'!$J$8:$J$50,MATCH($C128,'Rates Table'!$C$8:$C$50,0)):INDEX('Rates Table'!$J$8:$J$50,MATCH($C128+$D128-1,'Rates Table'!$C$8:$C$50,0))))","v":0.41068298556000005}]
[null,"2019_3",2019,3,{"$f":"-PMT(discountRate,$D129,NPV(discountRate,INDEX('Rates Table'!$F$8:$F$50,MATCH($C129,'Rates Table'!$C$8:$C$50,0)):INDEX('Rates Table'!$F$8:$F$50,MATCH($C129+$D129-1,'Rates Table'!$C$8:$C$50,0))))","v":0.12992688218198509},{"$f":"-PMT(discountRate,$D129,NPV(discountRate,INDEX('Rates Table'!$G$8:$G$50,MATCH($C129,'Rates Table'!$C$8:$C$50,0)):INDEX('Rates Table'!$G$8:$G$50,MATCH($C129+$D129-1,'Rates Table'!$C$8:$C$50,0))))","v":0.17248811334031713},{"$f":"-PMT(discountRate,$D129,NPV(discountRate,INDEX('Rates Table'!$H$8:$H$50,MATCH($C129,'Rates Table'!$C$8:$C$50,0)):INDEX('Rates Table'!$H$8:$H$50,MATCH($C129+$D129-1,'Rates Table'!$C$8:$C$50,0))))","v":3.7842000000000005E-6},{"$f":"-PMT(discountRate,$D129,NPV(discountRate,INDEX('Rates Table'!$I$8:$I$50,MATCH($C129,'Rates Table'!$C$8:$C$50,0)):INDEX('Rates Table'!$I$8:$I$50,MATCH($C129+$D129-1,'Rates Table'!$C$8:$C$50,0))))","v":0.34743191039999999},{"$f":"-PMT(discountRate,$D129,NPV(discountRate,INDEX('Rates Table'!$J$8:$J$50,MATCH($C129,'Rates Table'!$C$8:$C$50,0)):INDEX('Rates Table'!$J$8:$J$50,MATCH($C129+$D129-1,'Rates Table'!$C$8:$C$50,0))))","v":0.41068298555999994}]
[null,"2019_4",2019,4,{"$f":"-PMT(discountRate,$D130,NPV(discountRate,INDEX('Rates Table'!$F$8:$F$50,MATCH($C130,'Rates Table'!$C$8:$C$50,0)):INDEX('Rates Table'!$F$8:$F$50,MATCH($C130+$D130-1,'Rates Table'!$C$8:$C$50,0))))","v":0.12876767234932118},{"$f":"-PMT(discountRate,$D130,NPV(discountRate,INDEX('Rates Table'!$G$8:$G$50,MATCH($C130,'Rates Table'!$C$8:$C$50,0)):INDEX('Rates Table'!$G$8:$G$50,MATCH($C130+$D130-1,'Rates Table'!$C$8:$C$50,0))))","v":0.17248811334031713},{"$f":"-PMT(discountRate,$D130,NPV(discountRate,INDEX('Rates Table'!$H$8:$H$50,MATCH($C130,'Rates Table'!$C$8:$C$50,0)):INDEX('Rates Table'!$H$8:$H$50,MATCH($C130+$D130-1,'Rates Table'!$C$8:$C$50,0))))","v":3.7842000000000005E-6},{"$f":"-PMT(discountRate,$D130,NPV(discountRate,INDEX('Rates Table'!$I$8:$I$50,MATCH($C130,'Rates Table'!$C$8:$C$50,0)):INDEX('Rates Table'!$I$8:$I$50,MATCH($C130+$D130-1,'Rates Table'!$C$8:$C$50,0))))","v":0.34743191039999999},{"$f":"-PMT(discountRate,$D130,NPV(discountRate,INDEX('Rates Table'!$J$8:$J$50,MATCH($C130,'Rates Table'!$C$8:$C$50,0)):INDEX('Rates Table'!$J$8:$J$50,MATCH($C130+$D130-1,'Rates Table'!$C$8:$C$50,0))))","v":0.41068298556000005}]
[null,"2019_5",2019,5,{"$f":"-PMT(discountRate,$D131,NPV(discountRate,INDEX('Rates Table'!$F$8:$F$50,MATCH($C131,'Rates Table'!$C$8:$C$50,0)):INDEX('Rates Table'!$F$8:$F$50,MATCH($C131+$D131-1,'Rates Table'!$C$8:$C$50,0))))","v":0.12787600776077393},{"$f":"-PMT(discountRate,$D131,NPV(discountRate,INDEX('Rates Table'!$G$8:$G$50,MATCH($C131,'Rates Table'!$C$8:$C$50,0)):INDEX('Rates Table'!$G$8:$G$50,MATCH($C131+$D131-1,'Rates Table'!$C$8:$C$50,0))))","v":0.17248811334031713},{"$f":"-PMT(discountRate,$D131,NPV(discountRate,INDEX('Rates Table'!$H$8:$H$50,MATCH($C131,'Rates Table'!$C$8:$C$50,0)):INDEX('Rates Table'!$H$8:$H$50,MATCH($C131+$D131-1,'Rates Table'!$C$8:$C$50,0))))","v":3.7842000000000005E-6},{"$f":"-PMT(discountRate,$D131,NPV(discountRate,INDEX('Rates Table'!$I$8:$I$50,MATCH($C131,'Rates Table'!$C$8:$C$50,0)):INDEX('Rates Table'!$I$8:$I$50,MATCH($C131+$D131-1,'Rates Table'!$C$8:$C$50,0))))","v":0.34743191039999999},{"$f":"-PMT(discountRate,$D131,NPV(discountRate,INDEX('Rates Table'!$J$8:$J$50,MATCH($C131,'Rates Table'!$C$8:$C$50,0)):INDEX('Rates Table'!$J$8:$J$50,MATCH($C131+$D131-1,'Rates Table'!$C$8:$C$50,0))))","v":0.41068298556000005}]
[null,"2019_6",2019,6,{"$f":"-PMT(discountRate,$D132,NPV(discountRate,INDEX('Rates Table'!$F$8:$F$50,MATCH($C132,'Rates Table'!$C$8:$C$50,0)):INDEX('Rates Table'!$F$8:$F$50,MATCH($C132+$D132-1,'Rates Table'!$C$8:$C$50,0))))","v":0.12730705553919458},{"$f":"-PMT(discountRate,$D132,NPV(discountRate,INDEX('Rates Table'!$G$8:$G$50,MATCH($C132,'Rates Table'!$C$8:$C$50,0)):INDEX('Rates Table'!$G$8:$G$50,MATCH($C132+$D132-1,'Rates Table'!$C$8:$C$50,0))))","v":0.17248811334031713},{"$f":"-PMT(discountRate,$D132,NPV(discountRate,INDEX('Rates Table'!$H$8:$H$50,MATCH($C132,'Rates Table'!$C$8:$C$50,0)):INDEX('Rates Table'!$H$8:$H$50,MATCH($C132+$D132-1,'Rates Table'!$C$8:$C$50,0))))","v":3.7842000000000005E-6},{"$f":"-PMT(discountRate,$D132,NPV(discountRate,INDEX('Rates Table'!$I$8:$I$50,MATCH($C132,'Rates Table'!$C$8:$C$50,0)):INDEX('Rates Table'!$I$8:$I$50,MATCH($C132+$D132-1,'Rates Table'!$C$8:$C$50,0))))","v":0.34743191039999999},{"$f":"-PMT(discountRate,$D132,NPV(discountRate,INDEX('Rates Table'!$J$8:$J$50,MATCH($C132,'Rates Table'!$C$8:$C$50,0)):INDEX('Rates Table'!$J$8:$J$50,MATCH($C132+$D132-1,'Rates Table'!$C$8:$C$50,0))))","v":0.4106829855600001}]
[null,"2019_7",2019,7,{"$f":"-PMT(discountRate,$D133,NPV(discountRate,INDEX('Rates Table'!$F$8:$F$50,MATCH($C133,'Rates Table'!$C$8:$C$50,0)):INDEX('Rates Table'!$F$8:$F$50,MATCH($C133+$D133-1,'Rates Table'!$C$8:$C$50,0))))","v":0.12689238456507265},{"$f":"-PMT(discountRate,$D133,NPV(discountRate,INDEX('Rates Table'!$G$8:$G$50,MATCH($C133,'Rates Table'!$C$8:$C$50,0)):INDEX('Rates Table'!$G$8:$G$50,MATCH($C133+$D133-1,'Rates Table'!$C$8:$C$50,0))))","v":0.17248811334031713},{"$f":"-PMT(discountRate,$D133,NPV(discountRate,INDEX('Rates Table'!$H$8:$H$50,MATCH($C133,'Rates Table'!$C$8:$C$50,0)):INDEX('Rates Table'!$H$8:$H$50,MATCH($C133+$D133-1,'Rates Table'!$C$8:$C$50,0))))","v":3.7841999999999997E-6},{"$f":"-PMT(discountRate,$D133,NPV(discountRate,INDEX('Rates Table'!$I$8:$I$50,MATCH($C133,'Rates Table'!$C$8:$C$50,0)):INDEX('Rates Table'!$I$8:$I$50,MATCH($C133+$D133-1,'Rates Table'!$C$8:$C$50,0))))","v":0.34743191039999999},{"$f":"-PMT(discountRate,$D133,NPV(discountRate,INDEX('Rates Table'!$J$8:$J$50,MATCH($C133,'Rates Table'!$C$8:$C$50,0)):INDEX('Rates Table'!$J$8:$J$50,MATCH($C133+$D133-1,'Rates Table'!$C$8:$C$50,0))))","v":0.41068298556000005}]
[null,"2019_8",2019,8,{"$f":"-PMT(discountRate,$D134,NPV(discountRate,INDEX('Rates Table'!$F$8:$F$50,MATCH($C134,'Rates Table'!$C$8:$C$50,0)):INDEX('Rates Table'!$F$8:$F$50,MATCH($C134+$D134-1,'Rates Table'!$C$8:$C$50,0))))","v":0.12673834217307264},{"$f":"-PMT(discountRate,$D134,NPV(discountRate,INDEX('Rates Table'!$G$8:$G$50,MATCH($C134,'Rates Table'!$C$8:$C$50,0)):INDEX('Rates Table'!$G$8:$G$50,MATCH($C134+$D134-1,'Rates Table'!$C$8:$C$50,0))))","v":0.17248811334031713},{"$f":"-PMT(discountRate,$D134,NPV(discountRate,INDEX('Rates Table'!$H$8:$H$50,MATCH($C134,'Rates Table'!$C$8:$C$50,0)):INDEX('Rates Table'!$H$8:$H$50,MATCH($C134+$D134-1,'Rates Table'!$C$8:$C$50,0))))","v":3.7841999999999997E-6},{"$f":"-PMT(discountRate,$D134,NPV(discountRate,INDEX('Rates Table'!$I$8:$I$50,MATCH($C134,'Rates Table'!$C$8:$C$50,0)):INDEX('Rates Table'!$I$8:$I$50,MATCH($C134+$D134-1,'Rates Table'!$C$8:$C$50,0))))","v":0.34743191039999993},{"$f":"-PMT(discountRate,$D134,NPV(discountRate,INDEX('Rates Table'!$J$8:$J$50,MATCH($C134,'Rates Table'!$C$8:$C$50,0)):INDEX('Rates Table'!$J$8:$J$50,MATCH($C134+$D134-1,'Rates Table'!$C$8:$C$50,0))))","v":0.41068298555999994}]
[null,"2019_9",2019,9,{"$f":"-PMT(discountRate,$D135,NPV(discountRate,INDEX('Rates Table'!$F$8:$F$50,MATCH($C135,'Rates Table'!$C$8:$C$50,0)):INDEX('Rates Table'!$F$8:$F$50,MATCH($C135+$D135-1,'Rates Table'!$C$8:$C$50,0))))","v":0.12668631179518369},{"$f":"-PMT(discountRate,$D135,NPV(discountRate,INDEX('Rates Table'!$G$8:$G$50,MATCH($C135,'Rates Table'!$C$8:$C$50,0)):INDEX('Rates Table'!$G$8:$G$50,MATCH($C135+$D135-1,'Rates Table'!$C$8:$C$50,0))))","v":0.17248811334031711},{"$f":"-PMT(discountRate,$D135,NPV(discountRate,INDEX('Rates Table'!$H$8:$H$50,MATCH($C135,'Rates Table'!$C$8:$C$50,0)):INDEX('Rates Table'!$H$8:$H$50,MATCH($C135+$D135-1,'Rates Table'!$C$8:$C$50,0))))","v":3.7841999999999997E-6},{"$f":"-PMT(discountRate,$D135,NPV(discountRate,INDEX('Rates Table'!$I$8:$I$50,MATCH($C135,'Rates Table'!$C$8:$C$50,0)):INDEX('Rates Table'!$I$8:$I$50,MATCH($C135+$D135-1,'Rates Table'!$C$8:$C$50,0))))","v":0.34743191039999993},{"$f":"-PMT(discountRate,$D135,NPV(discountRate,INDEX('Rates Table'!$J$8:$J$50,MATCH($C135,'Rates Table'!$C$8:$C$50,0)):INDEX('Rates Table'!$J$8:$J$50,MATCH($C135+$D135-1,'Rates Table'!$C$8:$C$50,0))))","v":0.41068298555999994}]
[null,{"$f":"CONCATENATE(C136,\"_\",D136)","v":"2019_10"},2019,10,{"$f":"-PMT(discountRate,$D136,NPV(discountRate,INDEX('Rates Table'!$F$8:$F$50,MATCH($C136,'Rates Table'!$C$8:$C$50,0)):INDEX('Rates Table'!$F$8:$F$50,MATCH($C136+$D136-1,'Rates Table'!$C$8:$C$50,0))))","v":0.12664478322508738},{"$f":"-PMT(discountRate,$D136,NPV(discountRate,INDEX('Rates Table'!$G$8:$G$50,MATCH($C136,'Rates Table'!$C$8:$C$50,0)):INDEX('Rates Table'!$G$8:$G$50,MATCH($C136+$D136-1,'Rates Table'!$C$8:$C$50,0))))","v":0.17248811334031713},{"$f":"-PMT(discountRate,$D136,NPV(discountRate,INDEX('Rates Table'!$H$8:$H$50,MATCH($C136,'Rates Table'!$C$8:$C$50,0)):INDEX('Rates Table'!$H$8:$H$50,MATCH($C136+$D136-1,'Rates Table'!$C$8:$C$50,0))))","v":3.7841999999999997E-6},{"$f":"-PMT(discountRate,$D136,NPV(discountRate,INDEX('Rates Table'!$I$8:$I$50,MATCH($C136,'Rates Table'!$C$8:$C$50,0)):INDEX('Rates Table'!$I$8:$I$50,MATCH($C136+$D136-1,'Rates Table'!$C$8:$C$50,0))))","v":0.34743191039999999},{"$f":"-PMT(discountRate,$D136,NPV(discountRate,INDEX('Rates Table'!$J$8:$J$50,MATCH($C136,'Rates Table'!$C$8:$C$50,0)):INDEX('Rates Table'!$J$8:$J$50,MATCH($C136+$D136-1,'Rates Table'!$C$8:$C$50,0))))","v":0.41068298555999994}]
[null,"2019_11",{"$f":"IF(D137=1,C136+1,C136)","v":2019},{"$f":"IF(C136+D136>=2050,1,IF(D136=30,1,D136+1))","v":11},{"$f":"-PMT(discountRate,$D137,NPV(discountRate,INDEX('Rates Table'!$F$8:$F$50,MATCH($C137,'Rates Table'!$C$8:$C$50,0)):INDEX('Rates Table'!$F$8:$F$50,MATCH($C137+$D137-1,'Rates Table'!$C$8:$C$50,0))))","v":0.12661089208008305},{"$f":"-PMT(discountRate,$D137,NPV(discountRate,INDEX('Rates Table'!$G$8:$G$50,MATCH($C137,'Rates Table'!$C$8:$C$50,0)):INDEX('Rates Table'!$G$8:$G$50,MATCH($C137+$D137-1,'Rates Table'!$C$8:$C$50,0))))","v":0.17248811334031711},{"$f":"-PMT(discountRate,$D137,NPV(discountRate,INDEX('Rates Table'!$H$8:$H$50,MATCH($C137,'Rates Table'!$C$8:$C$50,0)):INDEX('Rates Table'!$H$8:$H$50,MATCH($C137+$D137-1,'Rates Table'!$C$8:$C$50,0))))","v":3.7841999999999993E-6},{"$f":"-PMT(discountRate,$D137,NPV(discountRate,INDEX('Rates Table'!$I$8:$I$50,MATCH($C137,'Rates Table'!$C$8:$C$50,0)):INDEX('Rates Table'!$I$8:$I$50,MATCH($C137+$D137-1,'Rates Table'!$C$8:$C$50,0))))","v":0.34743191039999988},{"$f":"-PMT(discountRate,$D137,NPV(discountRate,INDEX('Rates Table'!$J$8:$J$50,MATCH($C137,'Rates Table'!$C$8:$C$50,0)):INDEX('Rates Table'!$J$8:$J$50,MATCH($C137+$D137-1,'Rates Table'!$C$8:$C$50,0))))","v":0.41068298555999988}]
[null,"2019_12",2019,12,{"$f":"-PMT(discountRate,$D138,NPV(discountRate,INDEX('Rates Table'!$F$8:$F$50,MATCH($C138,'Rates Table'!$C$8:$C$50,0)):INDEX('Rates Table'!$F$8:$F$50,MATCH($C138+$D138-1,'Rates Table'!$C$8:$C$50,0))))","v":0.12658272874819726},{"$f":"-PMT(discountRate,$D138,NPV(discountRate,INDEX('Rates Table'!$G$8:$G$50,MATCH($C138,'Rates Table'!$C$8:$C$50,0)):INDEX('Rates Table'!$G$8:$G$50,MATCH($C138+$D138-1,'Rates Table'!$C$8:$C$50,0))))","v":0.17248811334031711},{"$f":"-PMT(discountRate,$D138,NPV(discountRate,INDEX('Rates Table'!$H$8:$H$50,MATCH($C138,'Rates Table'!$C$8:$C$50,0)):INDEX('Rates Table'!$H$8:$H$50,MATCH($C138+$D138-1,'Rates Table'!$C$8:$C$50,0))))","v":3.7841999999999997E-6},{"$f":"-PMT(discountRate,$D138,NPV(discountRate,INDEX('Rates Table'!$I$8:$I$50,MATCH($C138,'Rates Table'!$C$8:$C$50,0)):INDEX('Rates Table'!$I$8:$I$50,MATCH($C138+$D138-1,'Rates Table'!$C$8:$C$50,0))))","v":0.34743191039999993},{"$f":"-PMT(discountRate,$D138,NPV(discountRate,INDEX('Rates Table'!$J$8:$J$50,MATCH($C138,'Rates Table'!$C$8:$C$50,0)):INDEX('Rates Table'!$J$8:$J$50,MATCH($C138+$D138-1,'Rates Table'!$C$8:$C$50,0))))","v":0.41068298555999994}]
[null,"2019_13",2019,13,{"$f":"-PMT(discountRate,$D139,NPV(discountRate,INDEX('Rates Table'!$F$8:$F$50,MATCH($C139,'Rates Table'!$C$8:$C$50,0)):INDEX('Rates Table'!$F$8:$F$50,MATCH($C139+$D139-1,'Rates Table'!$C$8:$C$50,0))))","v":0.1265589711689275},{"$f":"-PMT(discountRate,$D139,NPV(discountRate,INDEX('Rates Table'!$G$8:$G$50,MATCH($C139,'Rates Table'!$C$8:$C$50,0)):INDEX('Rates Table'!$G$8:$G$50,MATCH($C139+$D139-1,'Rates Table'!$C$8:$C$50,0))))","v":0.17248811334031708},{"$f":"-PMT(discountRate,$D139,NPV(discountRate,INDEX('Rates Table'!$H$8:$H$50,MATCH($C139,'Rates Table'!$C$8:$C$50,0)):INDEX('Rates Table'!$H$8:$H$50,MATCH($C139+$D139-1,'Rates Table'!$C$8:$C$50,0))))","v":3.7841999999999993E-6},{"$f":"-PMT(discountRate,$D139,NPV(discountRate,INDEX('Rates Table'!$I$8:$I$50,MATCH($C139,'Rates Table'!$C$8:$C$50,0)):INDEX('Rates Table'!$I$8:$I$50,MATCH($C139+$D139-1,'Rates Table'!$C$8:$C$50,0))))","v":0.34743191039999988},{"$f":"-PMT(discountRate,$D139,NPV(discountRate,INDEX('Rates Table'!$J$8:$J$50,MATCH($C139,'Rates Table'!$C$8:$C$50,0)):INDEX('Rates Table'!$J$8:$J$50,MATCH($C139+$D139-1,'Rates Table'!$C$8:$C$50,0))))","v":0.41068298555999988}]
[null,"2019_14",2019,14,{"$f":"-PMT(discountRate,$D140,NPV(discountRate,INDEX('Rates Table'!$F$8:$F$50,MATCH($C140,'Rates Table'!$C$8:$C$50,0)):INDEX('Rates Table'!$F$8:$F$50,MATCH($C140+$D140-1,'Rates Table'!$C$8:$C$50,0))))","v":0.12653867499368779},{"$f":"-PMT(discountRate,$D140,NPV(discountRate,INDEX('Rates Table'!$G$8:$G$50,MATCH($C140,'Rates Table'!$C$8:$C$50,0)):INDEX('Rates Table'!$G$8:$G$50,MATCH($C140+$D140-1,'Rates Table'!$C$8:$C$50,0))))","v":0.17248811334031711},{"$f":"-PMT(discountRate,$D140,NPV(discountRate,INDEX('Rates Table'!$H$8:$H$50,MATCH($C140,'Rates Table'!$C$8:$C$50,0)):INDEX('Rates Table'!$H$8:$H$50,MATCH($C140+$D140-1,'Rates Table'!$C$8:$C$50,0))))","v":3.7842000000000005E-6},{"$f":"-PMT(discountRate,$D140,NPV(discountRate,INDEX('Rates Table'!$I$8:$I$50,MATCH($C140,'Rates Table'!$C$8:$C$50,0)):INDEX('Rates Table'!$I$8:$I$50,MATCH($C140+$D140-1,'Rates Table'!$C$8:$C$50,0))))","v":0.34743191039999993},{"$f":"-PMT(discountRate,$D140,NPV(discountRate,INDEX('Rates Table'!$J$8:$J$50,MATCH($C140,'Rates Table'!$C$8:$C$50,0)):INDEX('Rates Table'!$J$8:$J$50,MATCH($C140+$D140-1,'Rates Table'!$C$8:$C$50,0))))","v":0.41068298555999994}]
[null,"2019_15",2019,15,{"$f":"-PMT(discountRate,$D141,NPV(discountRate,INDEX('Rates Table'!$F$8:$F$50,MATCH($C141,'Rates Table'!$C$8:$C$50,0)):INDEX('Rates Table'!$F$8:$F$50,MATCH($C141+$D141-1,'Rates Table'!$C$8:$C$50,0))))","v":0.12652114768209433},{"$f":"-PMT(discountRate,$D141,NPV(discountRate,INDEX('Rates Table'!$G$8:$G$50,MATCH($C141,'Rates Table'!$C$8:$C$50,0)):INDEX('Rates Table'!$G$8:$G$50,MATCH($C141+$D141-1,'Rates Table'!$C$8:$C$50,0))))","v":0.17248811334031708},{"$f":"-PMT(discountRate,$D141,NPV(discountRate,INDEX('Rates Table'!$H$8:$H$50,MATCH($C141,'Rates Table'!$C$8:$C$50,0)):INDEX('Rates Table'!$H$8:$H$50,MATCH($C141+$D141-1,'Rates Table'!$C$8:$C$50,0))))","v":3.7841999999999993E-6},{"$f":"-PMT(discountRate,$D141,NPV(discountRate,INDEX('Rates Table'!$I$8:$I$50,MATCH($C141,'Rates Table'!$C$8:$C$50,0)):INDEX('Rates Table'!$I$8:$I$50,MATCH($C141+$D141-1,'Rates Table'!$C$8:$C$50,0))))","v":0.34743191039999988},{"$f":"-PMT(discountRate,$D141,NPV(discountRate,INDEX('Rates Table'!$J$8:$J$50,MATCH($C141,'Rates Table'!$C$8:$C$50,0)):INDEX('Rates Table'!$J$8:$J$50,MATCH($C141+$D141-1,'Rates Table'!$C$8:$C$50,0))))","v":0.41068298555999982}]
[null,"2019_16",2019,16,{"$f":"-PMT(discountRate,$D142,NPV(discountRate,INDEX('Rates Table'!$F$8:$F$50,MATCH($C142,'Rates Table'!$C$8:$C$50,0)):INDEX('Rates Table'!$F$8:$F$50,MATCH($C142+$D142-1,'Rates Table'!$C$8:$C$50,0))))","v":0.12650586981216153},{"$f":"-PMT(discountRate,$D142,NPV(discountRate,INDEX('Rates Table'!$G$8:$G$50,MATCH($C142,'Rates Table'!$C$8:$C$50,0)):INDEX('Rates Table'!$G$8:$G$50,MATCH($C142+$D142-1,'Rates Table'!$C$8:$C$50,0))))","v":0.17248811334031711},{"$f":"-PMT(discountRate,$D142,NPV(discountRate,INDEX('Rates Table'!$H$8:$H$50,MATCH($C142,'Rates Table'!$C$8:$C$50,0)):INDEX('Rates Table'!$H$8:$H$50,MATCH($C142+$D142-1,'Rates Table'!$C$8:$C$50,0))))","v":3.7841999999999993E-6},{"$f":"-PMT(discountRate,$D142,NPV(discountRate,INDEX('Rates Table'!$I$8:$I$50,MATCH($C142,'Rates Table'!$C$8:$C$50,0)):INDEX('Rates Table'!$I$8:$I$50,MATCH($C142+$D142-1,'Rates Table'!$C$8:$C$50,0))))","v":0.34743191039999988},{"$f":"-PMT(discountRate,$D142,NPV(discountRate,INDEX('Rates Table'!$J$8:$J$50,MATCH($C142,'Rates Table'!$C$8:$C$50,0)):INDEX('Rates Table'!$J$8:$J$50,MATCH($C142+$D142-1,'Rates Table'!$C$8:$C$50,0))))","v":0.41068298555999988}]
[null,"2019_17",2019,17,{"$f":"-PMT(discountRate,$D143,NPV(discountRate,INDEX('Rates Table'!$F$8:$F$50,MATCH($C143,'Rates Table'!$C$8:$C$50,0)):INDEX('Rates Table'!$F$8:$F$50,MATCH($C143+$D143-1,'Rates Table'!$C$8:$C$50,0))))","v":0.1264924441633847},{"$f":"-PMT(discountRate,$D143,NPV(discountRate,INDEX('Rates Table'!$G$8:$G$50,MATCH($C143,'Rates Table'!$C$8:$C$50,0)):INDEX('Rates Table'!$G$8:$G$50,MATCH($C143+$D143-1,'Rates Table'!$C$8:$C$50,0))))","v":0.17248811334031711},{"$f":"-PMT(discountRate,$D143,NPV(discountRate,INDEX('Rates Table'!$H$8:$H$50,MATCH($C143,'Rates Table'!$C$8:$C$50,0)):INDEX('Rates Table'!$H$8:$H$50,MATCH($C143+$D143-1,'Rates Table'!$C$8:$C$50,0))))","v":3.7841999999999997E-6},{"$f":"-PMT(discountRate,$D143,NPV(discountRate,INDEX('Rates Table'!$I$8:$I$50,MATCH($C143,'Rates Table'!$C$8:$C$50,0)):INDEX('Rates Table'!$I$8:$I$50,MATCH($C143+$D143-1,'Rates Table'!$C$8:$C$50,0))))","v":0.34743191039999993},{"$f":"-PMT(discountRate,$D143,NPV(discountRate,INDEX('Rates Table'!$J$8:$J$50,MATCH($C143,'Rates Table'!$C$8:$C$50,0)):INDEX('Rates Table'!$J$8:$J$50,MATCH($C143+$D143-1,'Rates Table'!$C$8:$C$50,0))))","v":0.41068298555999988}]
[null,"2019_18",2019,18,{"$f":"-PMT(discountRate,$D144,NPV(discountRate,INDEX('Rates Table'!$F$8:$F$50,MATCH($C144,'Rates Table'!$C$8:$C$50,0)):INDEX('Rates Table'!$F$8:$F$50,MATCH($C144+$D144-1,'Rates Table'!$C$8:$C$50,0))))","v":0.12648056177214329},{"$f":"-PMT(discountRate,$D144,NPV(discountRate,INDEX('Rates Table'!$G$8:$G$50,MATCH($C144,'Rates Table'!$C$8:$C$50,0)):INDEX('Rates Table'!$G$8:$G$50,MATCH($C144+$D144-1,'Rates Table'!$C$8:$C$50,0))))","v":0.17248811334031708},{"$f":"-PMT(discountRate,$D144,NPV(discountRate,INDEX('Rates Table'!$H$8:$H$50,MATCH($C144,'Rates Table'!$C$8:$C$50,0)):INDEX('Rates Table'!$H$8:$H$50,MATCH($C144+$D144-1,'Rates Table'!$C$8:$C$50,0))))","v":3.7841999999999993E-6},{"$f":"-PMT(discountRate,$D144,NPV(discountRate,INDEX('Rates Table'!$I$8:$I$50,MATCH($C144,'Rates Table'!$C$8:$C$50,0)):INDEX('Rates Table'!$I$8:$I$50,MATCH($C144+$D144-1,'Rates Table'!$C$8:$C$50,0))))","v":0.34743191039999988},{"$f":"-PMT(discountRate,$D144,NPV(discountRate,INDEX('Rates Table'!$J$8:$J$50,MATCH($C144,'Rates Table'!$C$8:$C$50,0)):INDEX('Rates Table'!$J$8:$J$50,MATCH($C144+$D144-1,'Rates Table'!$C$8:$C$50,0))))","v":0.41068298555999982}]
[null,"2019_19",2019,19,{"$f":"-PMT(discountRate,$D145,NPV(discountRate,INDEX('Rates Table'!$F$8:$F$50,MATCH($C145,'Rates Table'!$C$8:$C$50,0)):INDEX('Rates Table'!$F$8:$F$50,MATCH($C145+$D145-1,'Rates Table'!$C$8:$C$50,0))))","v":0.12646997870646279},{"$f":"-PMT(discountRate,$D145,NPV(discountRate,INDEX('Rates Table'!$G$8:$G$50,MATCH($C145,'Rates Table'!$C$8:$C$50,0)):INDEX('Rates Table'!$G$8:$G$50,MATCH($C145+$D145-1,'Rates Table'!$C$8:$C$50,0))))","v":0.17248811334031708},{"$f":"-PMT(discountRate,$D145,NPV(discountRate,INDEX('Rates Table'!$H$8:$H$50,MATCH($C145,'Rates Table'!$C$8:$C$50,0)):INDEX('Rates Table'!$H$8:$H$50,MATCH($C145+$D145-1,'Rates Table'!$C$8:$C$50,0))))","v":3.7841999999999993E-6},{"$f":"-PMT(discountRate,$D145,NPV(discountRate,INDEX('Rates Table'!$I$8:$I$50,MATCH($C145,'Rates Table'!$C$8:$C$50,0)):INDEX('Rates Table'!$I$8:$I$50,MATCH($C145+$D145-1,'Rates Table'!$C$8:$C$50,0))))","v":0.34743191039999993},{"$f":"-PMT(discountRate,$D145,NPV(discountRate,INDEX('Rates Table'!$J$8:$J$50,MATCH($C145,'Rates Table'!$C$8:$C$50,0)):INDEX('Rates Table'!$J$8:$J$50,MATCH($C145+$D145-1,'Rates Table'!$C$8:$C$50,0))))","v":0.41068298555999982}]
[null,"2019_20",2019,20,{"$f":"-PMT(discountRate,$D146,NPV(discountRate,INDEX('Rates Table'!$F$8:$F$50,MATCH($C146,'Rates Table'!$C$8:$C$50,0)):INDEX('Rates Table'!$F$8:$F$50,MATCH($C146+$D146-1,'Rates Table'!$C$8:$C$50,0))))","v":0.12646049980835994},{"$f":"-PMT(discountRate,$D146,NPV(discountRate,INDEX('Rates Table'!$G$8:$G$50,MATCH($C146,'Rates Table'!$C$8:$C$50,0)):INDEX('Rates Table'!$G$8:$G$50,MATCH($C146+$D146-1,'Rates Table'!$C$8:$C$50,0))))","v":0.17248811334031708},{"$f":"-PMT(discountRate,$D146,NPV(discountRate,INDEX('Rates Table'!$H$8:$H$50,MATCH($C146,'Rates Table'!$C$8:$C$50,0)):INDEX('Rates Table'!$H$8:$H$50,MATCH($C146+$D146-1,'Rates Table'!$C$8:$C$50,0))))","v":3.7841999999999993E-6},{"$f":"-PMT(discountRate,$D146,NPV(discountRate,INDEX('Rates Table'!$I$8:$I$50,MATCH($C146,'Rates Table'!$C$8:$C$50,0)):INDEX('Rates Table'!$I$8:$I$50,MATCH($C146+$D146-1,'Rates Table'!$C$8:$C$50,0))))","v":0.34743191039999993},{"$f":"-PMT(discountRate,$D146,NPV(discountRate,INDEX('Rates Table'!$J$8:$J$50,MATCH($C146,'Rates Table'!$C$8:$C$50,0)):INDEX('Rates Table'!$J$8:$J$50,MATCH($C146+$D146-1,'Rates Table'!$C$8:$C$50,0))))","v":0.41068298555999988}]
[null,"2019_21",2019,21,{"$f":"-PMT(discountRate,$D147,NPV(discountRate,INDEX('Rates Table'!$F$8:$F$50,MATCH($C147,'Rates Table'!$C$8:$C$50,0)):INDEX('Rates Table'!$F$8:$F$50,MATCH($C147+$D147-1,'Rates Table'!$C$8:$C$50,0))))","v":0.1264519670812429},{"$f":"-PMT(discountRate,$D147,NPV(discountRate,INDEX('Rates Table'!$G$8:$G$50,MATCH($C147,'Rates Table'!$C$8:$C$50,0)):INDEX('Rates Table'!$G$8:$G$50,MATCH($C147+$D147-1,'Rates Table'!$C$8:$C$50,0))))","v":0.17248811334031705},{"$f":"-PMT(discountRate,$D147,NPV(discountRate,INDEX('Rates Table'!$H$8:$H$50,MATCH($C147,'Rates Table'!$C$8:$C$50,0)):INDEX('Rates Table'!$H$8:$H$50,MATCH($C147+$D147-1,'Rates Table'!$C$8:$C$50,0))))","v":3.7841999999999993E-6},{"$f":"-PMT(discountRate,$D147,NPV(discountRate,INDEX('Rates Table'!$I$8:$I$50,MATCH($C147,'Rates Table'!$C$8:$C$50,0)):INDEX('Rates Table'!$I$8:$I$50,MATCH($C147+$D147-1,'Rates Table'!$C$8:$C$50,0))))","v":0.34743191039999993},{"$f":"-PMT(discountRate,$D147,NPV(discountRate,INDEX('Rates Table'!$J$8:$J$50,MATCH($C147,'Rates Table'!$C$8:$C$50,0)):INDEX('Rates Table'!$J$8:$J$50,MATCH($C147+$D147-1,'Rates Table'!$C$8:$C$50,0))))","v":0.41068298555999982}]
[null,"2019_22",2019,22,{"$f":"-PMT(discountRate,$D148,NPV(discountRate,INDEX('Rates Table'!$F$8:$F$50,MATCH($C148,'Rates Table'!$C$8:$C$50,0)):INDEX('Rates Table'!$F$8:$F$50,MATCH($C148+$D148-1,'Rates Table'!$C$8:$C$50,0))))","v":0.12644425124439368},{"$f":"-PMT(discountRate,$D148,NPV(discountRate,INDEX('Rates Table'!$G$8:$G$50,MATCH($C148,'Rates Table'!$C$8:$C$50,0)):INDEX('Rates Table'!$G$8:$G$50,MATCH($C148+$D148-1,'Rates Table'!$C$8:$C$50,0))))","v":0.17248811334031708},{"$f":"-PMT(discountRate,$D148,NPV(discountRate,INDEX('Rates Table'!$H$8:$H$50,MATCH($C148,'Rates Table'!$C$8:$C$50,0)):INDEX('Rates Table'!$H$8:$H$50,MATCH($C148+$D148-1,'Rates Table'!$C$8:$C$50,0))))","v":3.7841999999999997E-6},{"$f":"-PMT(discountRate,$D148,NPV(discountRate,INDEX('Rates Table'!$I$8:$I$50,MATCH($C148,'Rates Table'!$C$8:$C$50,0)):INDEX('Rates Table'!$I$8:$I$50,MATCH($C148+$D148-1,'Rates Table'!$C$8:$C$50,0))))","v":0.34743191039999993},{"$f":"-PMT(discountRate,$D148,NPV(discountRate,INDEX('Rates Table'!$J$8:$J$50,MATCH($C148,'Rates Table'!$C$8:$C$50,0)):INDEX('Rates Table'!$J$8:$J$50,MATCH($C148+$D148-1,'Rates Table'!$C$8:$C$50,0))))","v":0.41068298555999982}]
[null,"2019_23",2019,23,{"$f":"-PMT(discountRate,$D149,NPV(discountRate,INDEX('Rates Table'!$F$8:$F$50,MATCH($C149,'Rates Table'!$C$8:$C$50,0)):INDEX('Rates Table'!$F$8:$F$50,MATCH($C149+$D149-1,'Rates Table'!$C$8:$C$50,0))))","v":0.1264372454906377},{"$f":"-PMT(discountRate,$D149,NPV(discountRate,INDEX('Rates Table'!$G$8:$G$50,MATCH($C149,'Rates Table'!$C$8:$C$50,0)):INDEX('Rates Table'!$G$8:$G$50,MATCH($C149+$D149-1,'Rates Table'!$C$8:$C$50,0))))","v":0.17248811334031708},{"$f":"-PMT(discountRate,$D149,NPV(discountRate,INDEX('Rates Table'!$H$8:$H$50,MATCH($C149,'Rates Table'!$C$8:$C$50,0)):INDEX('Rates Table'!$H$8:$H$50,MATCH($C149+$D149-1,'Rates Table'!$C$8:$C$50,0))))","v":3.7841999999999993E-6},{"$f":"-PMT(discountRate,$D149,NPV(discountRate,INDEX('Rates Table'!$I$8:$I$50,MATCH($C149,'Rates Table'!$C$8:$C$50,0)):INDEX('Rates Table'!$I$8:$I$50,MATCH($C149+$D149-1,'Rates Table'!$C$8:$C$50,0))))","v":0.34743191039999988},{"$f":"-PMT(discountRate,$D149,NPV(discountRate,INDEX('Rates Table'!$J$8:$J$50,MATCH($C149,'Rates Table'!$C$8:$C$50,0)):INDEX('Rates Table'!$J$8:$J$50,MATCH($C149+$D149-1,'Rates Table'!$C$8:$C$50,0))))","v":0.41068298555999982}]
[null,"2019_24",2019,24,{"$f":"-PMT(discountRate,$D150,NPV(discountRate,INDEX('Rates Table'!$F$8:$F$50,MATCH($C150,'Rates Table'!$C$8:$C$50,0)):INDEX('Rates Table'!$F$8:$F$50,MATCH($C150+$D150-1,'Rates Table'!$C$8:$C$50,0))))","v":0.12643086080460417},{"$f":"-PMT(discountRate,$D150,NPV(discountRate,INDEX('Rates Table'!$G$8:$G$50,MATCH($C150,'Rates Table'!$C$8:$C$50,0)):INDEX('Rates Table'!$G$8:$G$50,MATCH($C150+$D150-1,'Rates Table'!$C$8:$C$50,0))))","v":0.17248811334031711},{"$f":"-PMT(discountRate,$D150,NPV(discountRate,INDEX('Rates Table'!$H$8:$H$50,MATCH($C150,'Rates Table'!$C$8:$C$50,0)):INDEX('Rates Table'!$H$8:$H$50,MATCH($C150+$D150-1,'Rates Table'!$C$8:$C$50,0))))","v":3.7841999999999997E-6},{"$f":"-PMT(discountRate,$D150,NPV(discountRate,INDEX('Rates Table'!$I$8:$I$50,MATCH($C150,'Rates Table'!$C$8:$C$50,0)):INDEX('Rates Table'!$I$8:$I$50,MATCH($C150+$D150-1,'Rates Table'!$C$8:$C$50,0))))","v":0.34743191039999993},{"$f":"-PMT(discountRate,$D150,NPV(discountRate,INDEX('Rates Table'!$J$8:$J$50,MATCH($C150,'Rates Table'!$C$8:$C$50,0)):INDEX('Rates Table'!$J$8:$J$50,MATCH($C150+$D150-1,'Rates Table'!$C$8:$C$50,0))))","v":0.41068298555999982}]
[null,"2019_25",2019,25,{"$f":"-PMT(discountRate,$D151,NPV(discountRate,INDEX('Rates Table'!$F$8:$F$50,MATCH($C151,'Rates Table'!$C$8:$C$50,0)):INDEX('Rates Table'!$F$8:$F$50,MATCH($C151+$D151-1,'Rates Table'!$C$8:$C$50,0))))","v":0.12642502240461095},{"$f":"-PMT(discountRate,$D151,NPV(discountRate,INDEX('Rates Table'!$G$8:$G$50,MATCH($C151,'Rates Table'!$C$8:$C$50,0)):INDEX('Rates Table'!$G$8:$G$50,MATCH($C151+$D151-1,'Rates Table'!$C$8:$C$50,0))))","v":0.17248811334031705},{"$f":"-PMT(discountRate,$D151,NPV(discountRate,INDEX('Rates Table'!$H$8:$H$50,MATCH($C151,'Rates Table'!$C$8:$C$50,0)):INDEX('Rates Table'!$H$8:$H$50,MATCH($C151+$D151-1,'Rates Table'!$C$8:$C$50,0))))","v":3.7841999999999989E-6},{"$f":"-PMT(discountRate,$D151,NPV(discountRate,INDEX('Rates Table'!$I$8:$I$50,MATCH($C151,'Rates Table'!$C$8:$C$50,0)):INDEX('Rates Table'!$I$8:$I$50,MATCH($C151+$D151-1,'Rates Table'!$C$8:$C$50,0))))","v":0.34743191039999977},{"$f":"-PMT(discountRate,$D151,NPV(discountRate,INDEX('Rates Table'!$J$8:$J$50,MATCH($C151,'Rates Table'!$C$8:$C$50,0)):INDEX('Rates Table'!$J$8:$J$50,MATCH($C151+$D151-1,'Rates Table'!$C$8:$C$50,0))))","v":0.41068298555999966}]
[null,"2019_26",2019,26,{"$f":"-PMT(discountRate,$D152,NPV(discountRate,INDEX('Rates Table'!$F$8:$F$50,MATCH($C152,'Rates Table'!$C$8:$C$50,0)):INDEX('Rates Table'!$F$8:$F$50,MATCH($C152+$D152-1,'Rates Table'!$C$8:$C$50,0))))","v":0.12641966700565954},{"$f":"-PMT(discountRate,$D152,NPV(discountRate,INDEX('Rates Table'!$G$8:$G$50,MATCH($C152,'Rates Table'!$C$8:$C$50,0)):INDEX('Rates Table'!$G$8:$G$50,MATCH($C152+$D152-1,'Rates Table'!$C$8:$C$50,0))))","v":0.17248811334031708},{"$f":"-PMT(discountRate,$D152,NPV(discountRate,INDEX('Rates Table'!$H$8:$H$50,MATCH($C152,'Rates Table'!$C$8:$C$50,0)):INDEX('Rates Table'!$H$8:$H$50,MATCH($C152+$D152-1,'Rates Table'!$C$8:$C$50,0))))","v":3.7841999999999993E-6},{"$f":"-PMT(discountRate,$D152,NPV(discountRate,INDEX('Rates Table'!$I$8:$I$50,MATCH($C152,'Rates Table'!$C$8:$C$50,0)):INDEX('Rates Table'!$I$8:$I$50,MATCH($C152+$D152-1,'Rates Table'!$C$8:$C$50,0))))","v":0.34743191039999988},{"$f":"-PMT(discountRate,$D152,NPV(discountRate,INDEX('Rates Table'!$J$8:$J$50,MATCH($C152,'Rates Table'!$C$8:$C$50,0)):INDEX('Rates Table'!$J$8:$J$50,MATCH($C152+$D152-1,'Rates Table'!$C$8:$C$50,0))))","v":0.41068298555999982}]
[null,"2019_27",2019,27,{"$f":"-PMT(discountRate,$D153,NPV(discountRate,INDEX('Rates Table'!$F$8:$F$50,MATCH($C153,'Rates Table'!$C$8:$C$50,0)):INDEX('Rates Table'!$F$8:$F$50,MATCH($C153+$D153-1,'Rates Table'!$C$8:$C$50,0))))","v":0.12641474069065875},{"$f":"-PMT(discountRate,$D153,NPV(discountRate,INDEX('Rates Table'!$G$8:$G$50,MATCH($C153,'Rates Table'!$C$8:$C$50,0)):INDEX('Rates Table'!$G$8:$G$50,MATCH($C153+$D153-1,'Rates Table'!$C$8:$C$50,0))))","v":0.17248811334031708},{"$f":"-PMT(discountRate,$D153,NPV(discountRate,INDEX('Rates Table'!$H$8:$H$50,MATCH($C153,'Rates Table'!$C$8:$C$50,0)):INDEX('Rates Table'!$H$8:$H$50,MATCH($C153+$D153-1,'Rates Table'!$C$8:$C$50,0))))","v":3.7841999999999993E-6},{"$f":"-PMT(discountRate,$D153,NPV(discountRate,INDEX('Rates Table'!$I$8:$I$50,MATCH($C153,'Rates Table'!$C$8:$C$50,0)):INDEX('Rates Table'!$I$8:$I$50,MATCH($C153+$D153-1,'Rates Table'!$C$8:$C$50,0))))","v":0.34743191039999993},{"$f":"-PMT(discountRate,$D153,NPV(discountRate,INDEX('Rates Table'!$J$8:$J$50,MATCH($C153,'Rates Table'!$C$8:$C$50,0)):INDEX('Rates Table'!$J$8:$J$50,MATCH($C153+$D153-1,'Rates Table'!$C$8:$C$50,0))))","v":0.41068298555999977}]
[null,"2019_28",2019,28,{"$f":"-PMT(discountRate,$D154,NPV(discountRate,INDEX('Rates Table'!$F$8:$F$50,MATCH($C154,'Rates Table'!$C$8:$C$50,0)):INDEX('Rates Table'!$F$8:$F$50,MATCH($C154+$D154-1,'Rates Table'!$C$8:$C$50,0))))","v":0.12641019723782038},{"$f":"-PMT(discountRate,$D154,NPV(discountRate,INDEX('Rates Table'!$G$8:$G$50,MATCH($C154,'Rates Table'!$C$8:$C$50,0)):INDEX('Rates Table'!$G$8:$G$50,MATCH($C154+$D154-1,'Rates Table'!$C$8:$C$50,0))))","v":0.17248811334031708},{"$f":"-PMT(discountRate,$D154,NPV(discountRate,INDEX('Rates Table'!$H$8:$H$50,MATCH($C154,'Rates Table'!$C$8:$C$50,0)):INDEX('Rates Table'!$H$8:$H$50,MATCH($C154+$D154-1,'Rates Table'!$C$8:$C$50,0))))","v":3.7841999999999993E-6},{"$f":"-PMT(discountRate,$D154,NPV(discountRate,INDEX('Rates Table'!$I$8:$I$50,MATCH($C154,'Rates Table'!$C$8:$C$50,0)):INDEX('Rates Table'!$I$8:$I$50,MATCH($C154+$D154-1,'Rates Table'!$C$8:$C$50,0))))","v":0.34743191039999988},{"$f":"-PMT(discountRate,$D154,NPV(discountRate,INDEX('Rates Table'!$J$8:$J$50,MATCH($C154,'Rates Table'!$C$8:$C$50,0)):INDEX('Rates Table'!$J$8:$J$50,MATCH($C154+$D154-1,'Rates Table'!$C$8:$C$50,0))))","v":0.41068298555999977}]
[null,"2019_29",2019,29,{"$f":"-PMT(discountRate,$D155,NPV(discountRate,INDEX('Rates Table'!$F$8:$F$50,MATCH($C155,'Rates Table'!$C$8:$C$50,0)):INDEX('Rates Table'!$F$8:$F$50,MATCH($C155+$D155-1,'Rates Table'!$C$8:$C$50,0))))","v":0.1264059967941151},{"$f":"-PMT(discountRate,$D155,NPV(discountRate,INDEX('Rates Table'!$G$8:$G$50,MATCH($C155,'Rates Table'!$C$8:$C$50,0)):INDEX('Rates Table'!$G$8:$G$50,MATCH($C155+$D155-1,'Rates Table'!$C$8:$C$50,0))))","v":0.17248811334031708},{"$f":"-PMT(discountRate,$D155,NPV(discountRate,INDEX('Rates Table'!$H$8:$H$50,MATCH($C155,'Rates Table'!$C$8:$C$50,0)):INDEX('Rates Table'!$H$8:$H$50,MATCH($C155+$D155-1,'Rates Table'!$C$8:$C$50,0))))","v":3.7841999999999993E-6},{"$f":"-PMT(discountRate,$D155,NPV(discountRate,INDEX('Rates Table'!$I$8:$I$50,MATCH($C155,'Rates Table'!$C$8:$C$50,0)):INDEX('Rates Table'!$I$8:$I$50,MATCH($C155+$D155-1,'Rates Table'!$C$8:$C$50,0))))","v":0.34743191039999988},{"$f":"-PMT(discountRate,$D155,NPV(discountRate,INDEX('Rates Table'!$J$8:$J$50,MATCH($C155,'Rates Table'!$C$8:$C$50,0)):INDEX('Rates Table'!$J$8:$J$50,MATCH($C155+$D155-1,'Rates Table'!$C$8:$C$50,0))))","v":0.41068298555999977}]
[null,"2019_30",2019,30,{"$f":"-PMT(discountRate,$D156,NPV(discountRate,INDEX('Rates Table'!$F$8:$F$50,MATCH($C156,'Rates Table'!$C$8:$C$50,0)):INDEX('Rates Table'!$F$8:$F$50,MATCH($C156+$D156-1,'Rates Table'!$C$8:$C$50,0))))","v":0.12640210481404121},{"$f":"-PMT(discountRate,$D156,NPV(discountRate,INDEX('Rates Table'!$G$8:$G$50,MATCH($C156,'Rates Table'!$C$8:$C$50,0)):INDEX('Rates Table'!$G$8:$G$50,MATCH($C156+$D156-1,'Rates Table'!$C$8:$C$50,0))))","v":0.17248811334031708},{"$f":"-PMT(discountRate,$D156,NPV(discountRate,INDEX('Rates Table'!$H$8:$H$50,MATCH($C156,'Rates Table'!$C$8:$C$50,0)):INDEX('Rates Table'!$H$8:$H$50,MATCH($C156+$D156-1,'Rates Table'!$C$8:$C$50,0))))","v":3.7841999999999993E-6},{"$f":"-PMT(discountRate,$D156,NPV(discountRate,INDEX('Rates Table'!$I$8:$I$50,MATCH($C156,'Rates Table'!$C$8:$C$50,0)):INDEX('Rates Table'!$I$8:$I$50,MATCH($C156+$D156-1,'Rates Table'!$C$8:$C$50,0))))","v":0.34743191039999988},{"$f":"-PMT(discountRate,$D156,NPV(discountRate,INDEX('Rates Table'!$J$8:$J$50,MATCH($C156,'Rates Table'!$C$8:$C$50,0)):INDEX('Rates Table'!$J$8:$J$50,MATCH($C156+$D156-1,'Rates Table'!$C$8:$C$50,0))))","v":0.41068298555999977}]
[null,"2020_1",2020,1,{"$f":"-PMT(discountRate,$D157,NPV(discountRate,INDEX('Rates Table'!$F$8:$F$50,MATCH($C157,'Rates Table'!$C$8:$C$50,0)):INDEX('Rates Table'!$F$8:$F$50,MATCH($C157+$D157-1,'Rates Table'!$C$8:$C$50,0))))","v":0.13206944542657534},{"$f":"-PMT(discountRate,$D157,NPV(discountRate,INDEX('Rates Table'!$G$8:$G$50,MATCH($C157,'Rates Table'!$C$8:$C$50,0)):INDEX('Rates Table'!$G$8:$G$50,MATCH($C157+$D157-1,'Rates Table'!$C$8:$C$50,0))))","v":0.17248811334031713},{"$f":"-PMT(discountRate,$D157,NPV(discountRate,INDEX('Rates Table'!$H$8:$H$50,MATCH($C157,'Rates Table'!$C$8:$C$50,0)):INDEX('Rates Table'!$H$8:$H$50,MATCH($C157+$D157-1,'Rates Table'!$C$8:$C$50,0))))","v":3.7841999999999997E-6},{"$f":"-PMT(discountRate,$D157,NPV(discountRate,INDEX('Rates Table'!$I$8:$I$50,MATCH($C157,'Rates Table'!$C$8:$C$50,0)):INDEX('Rates Table'!$I$8:$I$50,MATCH($C157+$D157-1,'Rates Table'!$C$8:$C$50,0))))","v":0.34743191039999999},{"$f":"-PMT(discountRate,$D157,NPV(discountRate,INDEX('Rates Table'!$J$8:$J$50,MATCH($C157,'Rates Table'!$C$8:$C$50,0)):INDEX('Rates Table'!$J$8:$J$50,MATCH($C157+$D157-1,'Rates Table'!$C$8:$C$50,0))))","v":0.41068298555999994}]
[null,"2020_2",2020,2,{"$f":"-PMT(discountRate,$D158,NPV(discountRate,INDEX('Rates Table'!$F$8:$F$50,MATCH($C158,'Rates Table'!$C$8:$C$50,0)):INDEX('Rates Table'!$F$8:$F$50,MATCH($C158+$D158-1,'Rates Table'!$C$8:$C$50,0))))","v":0.12938726439261428},{"$f":"-PMT(discountRate,$D158,NPV(discountRate,INDEX('Rates Table'!$G$8:$G$50,MATCH($C158,'Rates Table'!$C$8:$C$50,0)):INDEX('Rates Table'!$G$8:$G$50,MATCH($C158+$D158-1,'Rates Table'!$C$8:$C$50,0))))","v":0.17248811334031719},{"$f":"-PMT(discountRate,$D158,NPV(discountRate,INDEX('Rates Table'!$H$8:$H$50,MATCH($C158,'Rates Table'!$C$8:$C$50,0)):INDEX('Rates Table'!$H$8:$H$50,MATCH($C158+$D158-1,'Rates Table'!$C$8:$C$50,0))))","v":3.7842000000000005E-6},{"$f":"-PMT(discountRate,$D158,NPV(discountRate,INDEX('Rates Table'!$I$8:$I$50,MATCH($C158,'Rates Table'!$C$8:$C$50,0)):INDEX('Rates Table'!$I$8:$I$50,MATCH($C158+$D158-1,'Rates Table'!$C$8:$C$50,0))))","v":0.34743191039999999},{"$f":"-PMT(discountRate,$D158,NPV(discountRate,INDEX('Rates Table'!$J$8:$J$50,MATCH($C158,'Rates Table'!$C$8:$C$50,0)):INDEX('Rates Table'!$J$8:$J$50,MATCH($C158+$D158-1,'Rates Table'!$C$8:$C$50,0))))","v":0.41068298556000005}]
[null,"2020_3",2020,3,{"$f":"-PMT(discountRate,$D159,NPV(discountRate,INDEX('Rates Table'!$F$8:$F$50,MATCH($C159,'Rates Table'!$C$8:$C$50,0)):INDEX('Rates Table'!$F$8:$F$50,MATCH($C159+$D159-1,'Rates Table'!$C$8:$C$50,0))))","v":0.12798320076066827},{"$f":"-PMT(discountRate,$D159,NPV(discountRate,INDEX('Rates Table'!$G$8:$G$50,MATCH($C159,'Rates Table'!$C$8:$C$50,0)):INDEX('Rates Table'!$G$8:$G$50,MATCH($C159+$D159-1,'Rates Table'!$C$8:$C$50,0))))","v":0.17248811334031713},{"$f":"-PMT(discountRate,$D159,NPV(discountRate,INDEX('Rates Table'!$H$8:$H$50,MATCH($C159,'Rates Table'!$C$8:$C$50,0)):INDEX('Rates Table'!$H$8:$H$50,MATCH($C159+$D159-1,'Rates Table'!$C$8:$C$50,0))))","v":3.7842000000000005E-6},{"$f":"-PMT(discountRate,$D159,NPV(discountRate,INDEX('Rates Table'!$I$8:$I$50,MATCH($C159,'Rates Table'!$C$8:$C$50,0)):INDEX('Rates Table'!$I$8:$I$50,MATCH($C159+$D159-1,'Rates Table'!$C$8:$C$50,0))))","v":0.34743191039999999},{"$f":"-PMT(discountRate,$D159,NPV(discountRate,INDEX('Rates Table'!$J$8:$J$50,MATCH($C159,'Rates Table'!$C$8:$C$50,0)):INDEX('Rates Table'!$J$8:$J$50,MATCH($C159+$D159-1,'Rates Table'!$C$8:$C$50,0))))","v":0.41068298555999994}]
[null,"2020_4",2020,4,{"$f":"-PMT(discountRate,$D160,NPV(discountRate,INDEX('Rates Table'!$F$8:$F$50,MATCH($C160,'Rates Table'!$C$8:$C$50,0)):INDEX('Rates Table'!$F$8:$F$50,MATCH($C160+$D160-1,'Rates Table'!$C$8:$C$50,0))))","v":0.12703062670417123},{"$f":"-PMT(discountRate,$D160,NPV(discountRate,INDEX('Rates Table'!$G$8:$G$50,MATCH($C160,'Rates Table'!$C$8:$C$50,0)):INDEX('Rates Table'!$G$8:$G$50,MATCH($C160+$D160-1,'Rates Table'!$C$8:$C$50,0))))","v":0.17248811334031713},{"$f":"-PMT(discountRate,$D160,NPV(discountRate,INDEX('Rates Table'!$H$8:$H$50,MATCH($C160,'Rates Table'!$C$8:$C$50,0)):INDEX('Rates Table'!$H$8:$H$50,MATCH($C160+$D160-1,'Rates Table'!$C$8:$C$50,0))))","v":3.7842000000000005E-6},{"$f":"-PMT(discountRate,$D160,NPV(discountRate,INDEX('Rates Table'!$I$8:$I$50,MATCH($C160,'Rates Table'!$C$8:$C$50,0)):INDEX('Rates Table'!$I$8:$I$50,MATCH($C160+$D160-1,'Rates Table'!$C$8:$C$50,0))))","v":0.34743191039999999},{"$f":"-PMT(discountRate,$D160,NPV(discountRate,INDEX('Rates Table'!$J$8:$J$50,MATCH($C160,'Rates Table'!$C$8:$C$50,0)):INDEX('Rates Table'!$J$8:$J$50,MATCH($C160+$D160-1,'Rates Table'!$C$8:$C$50,0))))","v":0.41068298556000005}]
[null,"2020_5",2020,5,{"$f":"-PMT(discountRate,$D161,NPV(discountRate,INDEX('Rates Table'!$F$8:$F$50,MATCH($C161,'Rates Table'!$C$8:$C$50,0)):INDEX('Rates Table'!$F$8:$F$50,MATCH($C161+$D161-1,'Rates Table'!$C$8:$C$50,0))))","v":0.1264899526516253},{"$f":"-PMT(discountRate,$D161,NPV(discountRate,INDEX('Rates Table'!$G$8:$G$50,MATCH($C161,'Rates Table'!$C$8:$C$50,0)):INDEX('Rates Table'!$G$8:$G$50,MATCH($C161+$D161-1,'Rates Table'!$C$8:$C$50,0))))","v":0.17248811334031713},{"$f":"-PMT(discountRate,$D161,NPV(discountRate,INDEX('Rates Table'!$H$8:$H$50,MATCH($C161,'Rates Table'!$C$8:$C$50,0)):INDEX('Rates Table'!$H$8:$H$50,MATCH($C161+$D161-1,'Rates Table'!$C$8:$C$50,0))))","v":3.7842000000000005E-6},{"$f":"-PMT(discountRate,$D161,NPV(discountRate,INDEX('Rates Table'!$I$8:$I$50,MATCH($C161,'Rates Table'!$C$8:$C$50,0)):INDEX('Rates Table'!$I$8:$I$50,MATCH($C161+$D161-1,'Rates Table'!$C$8:$C$50,0))))","v":0.34743191039999999},{"$f":"-PMT(discountRate,$D161,NPV(discountRate,INDEX('Rates Table'!$J$8:$J$50,MATCH($C161,'Rates Table'!$C$8:$C$50,0)):INDEX('Rates Table'!$J$8:$J$50,MATCH($C161+$D161-1,'Rates Table'!$C$8:$C$50,0))))","v":0.41068298556000005}]
[null,"2020_6",2020,6,{"$f":"-PMT(discountRate,$D162,NPV(discountRate,INDEX('Rates Table'!$F$8:$F$50,MATCH($C162,'Rates Table'!$C$8:$C$50,0)):INDEX('Rates Table'!$F$8:$F$50,MATCH($C162+$D162-1,'Rates Table'!$C$8:$C$50,0))))","v":0.12611936623943976},{"$f":"-PMT(discountRate,$D162,NPV(discountRate,INDEX('Rates Table'!$G$8:$G$50,MATCH($C162,'Rates Table'!$C$8:$C$50,0)):INDEX('Rates Table'!$G$8:$G$50,MATCH($C162+$D162-1,'Rates Table'!$C$8:$C$50,0))))","v":0.17248811334031713},{"$f":"-PMT(discountRate,$D162,NPV(discountRate,INDEX('Rates Table'!$H$8:$H$50,MATCH($C162,'Rates Table'!$C$8:$C$50,0)):INDEX('Rates Table'!$H$8:$H$50,MATCH($C162+$D162-1,'Rates Table'!$C$8:$C$50,0))))","v":3.7842000000000005E-6},{"$f":"-PMT(discountRate,$D162,NPV(discountRate,INDEX('Rates Table'!$I$8:$I$50,MATCH($C162,'Rates Table'!$C$8:$C$50,0)):INDEX('Rates Table'!$I$8:$I$50,MATCH($C162+$D162-1,'Rates Table'!$C$8:$C$50,0))))","v":0.34743191039999999},{"$f":"-PMT(discountRate,$D162,NPV(discountRate,INDEX('Rates Table'!$J$8:$J$50,MATCH($C162,'Rates Table'!$C$8:$C$50,0)):INDEX('Rates Table'!$J$8:$J$50,MATCH($C162+$D162-1,'Rates Table'!$C$8:$C$50,0))))","v":0.4106829855600001}]
[null,"2020_7",2020,7,{"$f":"-PMT(discountRate,$D163,NPV(discountRate,INDEX('Rates Table'!$F$8:$F$50,MATCH($C163,'Rates Table'!$C$8:$C$50,0)):INDEX('Rates Table'!$F$8:$F$50,MATCH($C163+$D163-1,'Rates Table'!$C$8:$C$50,0))))","v":0.12603753045457877},{"$f":"-PMT(discountRate,$D163,NPV(discountRate,INDEX('Rates Table'!$G$8:$G$50,MATCH($C163,'Rates Table'!$C$8:$C$50,0)):INDEX('Rates Table'!$G$8:$G$50,MATCH($C163+$D163-1,'Rates Table'!$C$8:$C$50,0))))","v":0.17248811334031713},{"$f":"-PMT(discountRate,$D163,NPV(discountRate,INDEX('Rates Table'!$H$8:$H$50,MATCH($C163,'Rates Table'!$C$8:$C$50,0)):INDEX('Rates Table'!$H$8:$H$50,MATCH($C163+$D163-1,'Rates Table'!$C$8:$C$50,0))))","v":3.7841999999999997E-6},{"$f":"-PMT(discountRate,$D163,NPV(discountRate,INDEX('Rates Table'!$I$8:$I$50,MATCH($C163,'Rates Table'!$C$8:$C$50,0)):INDEX('Rates Table'!$I$8:$I$50,MATCH($C163+$D163-1,'Rates Table'!$C$8:$C$50,0))))","v":0.34743191039999999},{"$f":"-PMT(discountRate,$D163,NPV(discountRate,INDEX('Rates Table'!$J$8:$J$50,MATCH($C163,'Rates Table'!$C$8:$C$50,0)):INDEX('Rates Table'!$J$8:$J$50,MATCH($C163+$D163-1,'Rates Table'!$C$8:$C$50,0))))","v":0.41068298556000005}]
[null,"2020_8",2020,8,{"$f":"-PMT(discountRate,$D164,NPV(discountRate,INDEX('Rates Table'!$F$8:$F$50,MATCH($C164,'Rates Table'!$C$8:$C$50,0)):INDEX('Rates Table'!$F$8:$F$50,MATCH($C164+$D164-1,'Rates Table'!$C$8:$C$50,0))))","v":0.12605382969394247},{"$f":"-PMT(discountRate,$D164,NPV(discountRate,INDEX('Rates Table'!$G$8:$G$50,MATCH($C164,'Rates Table'!$C$8:$C$50,0)):INDEX('Rates Table'!$G$8:$G$50,MATCH($C164+$D164-1,'Rates Table'!$C$8:$C$50,0))))","v":0.17248811334031713},{"$f":"-PMT(discountRate,$D164,NPV(discountRate,INDEX('Rates Table'!$H$8:$H$50,MATCH($C164,'Rates Table'!$C$8:$C$50,0)):INDEX('Rates Table'!$H$8:$H$50,MATCH($C164+$D164-1,'Rates Table'!$C$8:$C$50,0))))","v":3.7841999999999997E-6},{"$f":"-PMT(discountRate,$D164,NPV(discountRate,INDEX('Rates Table'!$I$8:$I$50,MATCH($C164,'Rates Table'!$C$8:$C$50,0)):INDEX('Rates Table'!$I$8:$I$50,MATCH($C164+$D164-1,'Rates Table'!$C$8:$C$50,0))))","v":0.34743191039999993},{"$f":"-PMT(discountRate,$D164,NPV(discountRate,INDEX('Rates Table'!$J$8:$J$50,MATCH($C164,'Rates Table'!$C$8:$C$50,0)):INDEX('Rates Table'!$J$8:$J$50,MATCH($C164+$D164-1,'Rates Table'!$C$8:$C$50,0))))","v":0.41068298555999994}]
[null,"2020_9",2020,9,{"$f":"-PMT(discountRate,$D165,NPV(discountRate,INDEX('Rates Table'!$F$8:$F$50,MATCH($C165,'Rates Table'!$C$8:$C$50,0)):INDEX('Rates Table'!$F$8:$F$50,MATCH($C165+$D165-1,'Rates Table'!$C$8:$C$50,0))))","v":0.12606648094874548},{"$f":"-PMT(discountRate,$D165,NPV(discountRate,INDEX('Rates Table'!$G$8:$G$50,MATCH($C165,'Rates Table'!$C$8:$C$50,0)):INDEX('Rates Table'!$G$8:$G$50,MATCH($C165+$D165-1,'Rates Table'!$C$8:$C$50,0))))","v":0.17248811334031711},{"$f":"-PMT(discountRate,$D165,NPV(discountRate,INDEX('Rates Table'!$H$8:$H$50,MATCH($C165,'Rates Table'!$C$8:$C$50,0)):INDEX('Rates Table'!$H$8:$H$50,MATCH($C165+$D165-1,'Rates Table'!$C$8:$C$50,0))))","v":3.7841999999999997E-6},{"$f":"-PMT(discountRate,$D165,NPV(discountRate,INDEX('Rates Table'!$I$8:$I$50,MATCH($C165,'Rates Table'!$C$8:$C$50,0)):INDEX('Rates Table'!$I$8:$I$50,MATCH($C165+$D165-1,'Rates Table'!$C$8:$C$50,0))))","v":0.34743191039999993},{"$f":"-PMT(discountRate,$D165,NPV(discountRate,INDEX('Rates Table'!$J$8:$J$50,MATCH($C165,'Rates Table'!$C$8:$C$50,0)):INDEX('Rates Table'!$J$8:$J$50,MATCH($C165+$D165-1,'Rates Table'!$C$8:$C$50,0))))","v":0.41068298555999994}]
[null,"2020_10",2020,10,{"$f":"-PMT(discountRate,$D166,NPV(discountRate,INDEX('Rates Table'!$F$8:$F$50,MATCH($C166,'Rates Table'!$C$8:$C$50,0)):INDEX('Rates Table'!$F$8:$F$50,MATCH($C166+$D166-1,'Rates Table'!$C$8:$C$50,0))))","v":0.12607657867517394},{"$f":"-PMT(discountRate,$D166,NPV(discountRate,INDEX('Rates Table'!$G$8:$G$50,MATCH($C166,'Rates Table'!$C$8:$C$50,0)):INDEX('Rates Table'!$G$8:$G$50,MATCH($C166+$D166-1,'Rates Table'!$C$8:$C$50,0))))","v":0.17248811334031713},{"$f":"-PMT(discountRate,$D166,NPV(discountRate,INDEX('Rates Table'!$H$8:$H$50,MATCH($C166,'Rates Table'!$C$8:$C$50,0)):INDEX('Rates Table'!$H$8:$H$50,MATCH($C166+$D166-1,'Rates Table'!$C$8:$C$50,0))))","v":3.7841999999999997E-6},{"$f":"-PMT(discountRate,$D166,NPV(discountRate,INDEX('Rates Table'!$I$8:$I$50,MATCH($C166,'Rates Table'!$C$8:$C$50,0)):INDEX('Rates Table'!$I$8:$I$50,MATCH($C166+$D166-1,'Rates Table'!$C$8:$C$50,0))))","v":0.34743191039999999},{"$f":"-PMT(discountRate,$D166,NPV(discountRate,INDEX('Rates Table'!$J$8:$J$50,MATCH($C166,'Rates Table'!$C$8:$C$50,0)):INDEX('Rates Table'!$J$8:$J$50,MATCH($C166+$D166-1,'Rates Table'!$C$8:$C$50,0))))","v":0.41068298555999994}]
[null,"2020_11",2020,11,{"$f":"-PMT(discountRate,$D167,NPV(discountRate,INDEX('Rates Table'!$F$8:$F$50,MATCH($C167,'Rates Table'!$C$8:$C$50,0)):INDEX('Rates Table'!$F$8:$F$50,MATCH($C167+$D167-1,'Rates Table'!$C$8:$C$50,0))))","v":0.12608481935164811},{"$f":"-PMT(discountRate,$D167,NPV(discountRate,INDEX('Rates Table'!$G$8:$G$50,MATCH($C167,'Rates Table'!$C$8:$C$50,0)):INDEX('Rates Table'!$G$8:$G$50,MATCH($C167+$D167-1,'Rates Table'!$C$8:$C$50,0))))","v":0.17248811334031711},{"$f":"-PMT(discountRate,$D167,NPV(discountRate,INDEX('Rates Table'!$H$8:$H$50,MATCH($C167,'Rates Table'!$C$8:$C$50,0)):INDEX('Rates Table'!$H$8:$H$50,MATCH($C167+$D167-1,'Rates Table'!$C$8:$C$50,0))))","v":3.7841999999999993E-6},{"$f":"-PMT(discountRate,$D167,NPV(discountRate,INDEX('Rates Table'!$I$8:$I$50,MATCH($C167,'Rates Table'!$C$8:$C$50,0)):INDEX('Rates Table'!$I$8:$I$50,MATCH($C167+$D167-1,'Rates Table'!$C$8:$C$50,0))))","v":0.34743191039999988},{"$f":"-PMT(discountRate,$D167,NPV(discountRate,INDEX('Rates Table'!$J$8:$J$50,MATCH($C167,'Rates Table'!$C$8:$C$50,0)):INDEX('Rates Table'!$J$8:$J$50,MATCH($C167+$D167-1,'Rates Table'!$C$8:$C$50,0))))","v":0.41068298555999988}]
[null,"2020_12",2020,12,{"$f":"-PMT(discountRate,$D168,NPV(discountRate,INDEX('Rates Table'!$F$8:$F$50,MATCH($C168,'Rates Table'!$C$8:$C$50,0)):INDEX('Rates Table'!$F$8:$F$50,MATCH($C168+$D168-1,'Rates Table'!$C$8:$C$50,0))))","v":0.12609166730283058},{"$f":"-PMT(discountRate,$D168,NPV(discountRate,INDEX('Rates Table'!$G$8:$G$50,MATCH($C168,'Rates Table'!$C$8:$C$50,0)):INDEX('Rates Table'!$G$8:$G$50,MATCH($C168+$D168-1,'Rates Table'!$C$8:$C$50,0))))","v":0.17248811334031711},{"$f":"-PMT(discountRate,$D168,NPV(discountRate,INDEX('Rates Table'!$H$8:$H$50,MATCH($C168,'Rates Table'!$C$8:$C$50,0)):INDEX('Rates Table'!$H$8:$H$50,MATCH($C168+$D168-1,'Rates Table'!$C$8:$C$50,0))))","v":3.7841999999999997E-6},{"$f":"-PMT(discountRate,$D168,NPV(discountRate,INDEX('Rates Table'!$I$8:$I$50,MATCH($C168,'Rates Table'!$C$8:$C$50,0)):INDEX('Rates Table'!$I$8:$I$50,MATCH($C168+$D168-1,'Rates Table'!$C$8:$C$50,0))))","v":0.34743191039999993},{"$f":"-PMT(discountRate,$D168,NPV(discountRate,INDEX('Rates Table'!$J$8:$J$50,MATCH($C168,'Rates Table'!$C$8:$C$50,0)):INDEX('Rates Table'!$J$8:$J$50,MATCH($C168+$D168-1,'Rates Table'!$C$8:$C$50,0))))","v":0.41068298555999994}]
[null,"2020_13",2020,13,{"$f":"-PMT(discountRate,$D169,NPV(discountRate,INDEX('Rates Table'!$F$8:$F$50,MATCH($C169,'Rates Table'!$C$8:$C$50,0)):INDEX('Rates Table'!$F$8:$F$50,MATCH($C169+$D169-1,'Rates Table'!$C$8:$C$50,0))))","v":0.12609744398947093},{"$f":"-PMT(discountRate,$D169,NPV(discountRate,INDEX('Rates Table'!$G$8:$G$50,MATCH($C169,'Rates Table'!$C$8:$C$50,0)):INDEX('Rates Table'!$G$8:$G$50,MATCH($C169+$D169-1,'Rates Table'!$C$8:$C$50,0))))","v":0.17248811334031708},{"$f":"-PMT(discountRate,$D169,NPV(discountRate,INDEX('Rates Table'!$H$8:$H$50,MATCH($C169,'Rates Table'!$C$8:$C$50,0)):INDEX('Rates Table'!$H$8:$H$50,MATCH($C169+$D169-1,'Rates Table'!$C$8:$C$50,0))))","v":3.7841999999999993E-6},{"$f":"-PMT(discountRate,$D169,NPV(discountRate,INDEX('Rates Table'!$I$8:$I$50,MATCH($C169,'Rates Table'!$C$8:$C$50,0)):INDEX('Rates Table'!$I$8:$I$50,MATCH($C169+$D169-1,'Rates Table'!$C$8:$C$50,0))))","v":0.34743191039999988},{"$f":"-PMT(discountRate,$D169,NPV(discountRate,INDEX('Rates Table'!$J$8:$J$50,MATCH($C169,'Rates Table'!$C$8:$C$50,0)):INDEX('Rates Table'!$J$8:$J$50,MATCH($C169+$D169-1,'Rates Table'!$C$8:$C$50,0))))","v":0.41068298555999988}]
[null,"2020_14",2020,14,{"$f":"-PMT(discountRate,$D170,NPV(discountRate,INDEX('Rates Table'!$F$8:$F$50,MATCH($C170,'Rates Table'!$C$8:$C$50,0)):INDEX('Rates Table'!$F$8:$F$50,MATCH($C170+$D170-1,'Rates Table'!$C$8:$C$50,0))))","v":0.12610237903116972},{"$f":"-PMT(discountRate,$D170,NPV(discountRate,INDEX('Rates Table'!$G$8:$G$50,MATCH($C170,'Rates Table'!$C$8:$C$50,0)):INDEX('Rates Table'!$G$8:$G$50,MATCH($C170+$D170-1,'Rates Table'!$C$8:$C$50,0))))","v":0.17248811334031711},{"$f":"-PMT(discountRate,$D170,NPV(discountRate,INDEX('Rates Table'!$H$8:$H$50,MATCH($C170,'Rates Table'!$C$8:$C$50,0)):INDEX('Rates Table'!$H$8:$H$50,MATCH($C170+$D170-1,'Rates Table'!$C$8:$C$50,0))))","v":3.7842000000000005E-6},{"$f":"-PMT(discountRate,$D170,NPV(discountRate,INDEX('Rates Table'!$I$8:$I$50,MATCH($C170,'Rates Table'!$C$8:$C$50,0)):INDEX('Rates Table'!$I$8:$I$50,MATCH($C170+$D170-1,'Rates Table'!$C$8:$C$50,0))))","v":0.34743191039999993},{"$f":"-PMT(discountRate,$D170,NPV(discountRate,INDEX('Rates Table'!$J$8:$J$50,MATCH($C170,'Rates Table'!$C$8:$C$50,0)):INDEX('Rates Table'!$J$8:$J$50,MATCH($C170+$D170-1,'Rates Table'!$C$8:$C$50,0))))","v":0.41068298555999994}]
[null,"2020_15",2020,15,{"$f":"-PMT(discountRate,$D171,NPV(discountRate,INDEX('Rates Table'!$F$8:$F$50,MATCH($C171,'Rates Table'!$C$8:$C$50,0)):INDEX('Rates Table'!$F$8:$F$50,MATCH($C171+$D171-1,'Rates Table'!$C$8:$C$50,0))))","v":0.12610664082003184},{"$f":"-PMT(discountRate,$D171,NPV(discountRate,INDEX('Rates Table'!$G$8:$G$50,MATCH($C171,'Rates Table'!$C$8:$C$50,0)):INDEX('Rates Table'!$G$8:$G$50,MATCH($C171+$D171-1,'Rates Table'!$C$8:$C$50,0))))","v":0.17248811334031708},{"$f":"-PMT(discountRate,$D171,NPV(discountRate,INDEX('Rates Table'!$H$8:$H$50,MATCH($C171,'Rates Table'!$C$8:$C$50,0)):INDEX('Rates Table'!$H$8:$H$50,MATCH($C171+$D171-1,'Rates Table'!$C$8:$C$50,0))))","v":3.7841999999999993E-6},{"$f":"-PMT(discountRate,$D171,NPV(discountRate,INDEX('Rates Table'!$I$8:$I$50,MATCH($C171,'Rates Table'!$C$8:$C$50,0)):INDEX('Rates Table'!$I$8:$I$50,MATCH($C171+$D171-1,'Rates Table'!$C$8:$C$50,0))))","v":0.34743191039999988},{"$f":"-PMT(discountRate,$D171,NPV(discountRate,INDEX('Rates Table'!$J$8:$J$50,MATCH($C171,'Rates Table'!$C$8:$C$50,0)):INDEX('Rates Table'!$J$8:$J$50,MATCH($C171+$D171-1,'Rates Table'!$C$8:$C$50,0))))","v":0.41068298555999982}]
[null,"2020_16",2020,16,{"$f":"-PMT(discountRate,$D172,NPV(discountRate,INDEX('Rates Table'!$F$8:$F$50,MATCH($C172,'Rates Table'!$C$8:$C$50,0)):INDEX('Rates Table'!$F$8:$F$50,MATCH($C172+$D172-1,'Rates Table'!$C$8:$C$50,0))))","v":0.1261103556541962},{"$f":"-PMT(discountRate,$D172,NPV(discountRate,INDEX('Rates Table'!$G$8:$G$50,MATCH($C172,'Rates Table'!$C$8:$C$50,0)):INDEX('Rates Table'!$G$8:$G$50,MATCH($C172+$D172-1,'Rates Table'!$C$8:$C$50,0))))","v":0.17248811334031711},{"$f":"-PMT(discountRate,$D172,NPV(discountRate,INDEX('Rates Table'!$H$8:$H$50,MATCH($C172,'Rates Table'!$C$8:$C$50,0)):INDEX('Rates Table'!$H$8:$H$50,MATCH($C172+$D172-1,'Rates Table'!$C$8:$C$50,0))))","v":3.7841999999999993E-6},{"$f":"-PMT(discountRate,$D172,NPV(discountRate,INDEX('Rates Table'!$I$8:$I$50,MATCH($C172,'Rates Table'!$C$8:$C$50,0)):INDEX('Rates Table'!$I$8:$I$50,MATCH($C172+$D172-1,'Rates Table'!$C$8:$C$50,0))))","v":0.34743191039999988},{"$f":"-PMT(discountRate,$D172,NPV(discountRate,INDEX('Rates Table'!$J$8:$J$50,MATCH($C172,'Rates Table'!$C$8:$C$50,0)):INDEX('Rates Table'!$J$8:$J$50,MATCH($C172+$D172-1,'Rates Table'!$C$8:$C$50,0))))","v":0.41068298555999988}]
[null,"2020_17",2020,17,{"$f":"-PMT(discountRate,$D173,NPV(discountRate,INDEX('Rates Table'!$F$8:$F$50,MATCH($C173,'Rates Table'!$C$8:$C$50,0)):INDEX('Rates Table'!$F$8:$F$50,MATCH($C173+$D173-1,'Rates Table'!$C$8:$C$50,0))))","v":0.12611362011835087},{"$f":"-PMT(discountRate,$D173,NPV(discountRate,INDEX('Rates Table'!$G$8:$G$50,MATCH($C173,'Rates Table'!$C$8:$C$50,0)):INDEX('Rates Table'!$G$8:$G$50,MATCH($C173+$D173-1,'Rates Table'!$C$8:$C$50,0))))","v":0.17248811334031711},{"$f":"-PMT(discountRate,$D173,NPV(discountRate,INDEX('Rates Table'!$H$8:$H$50,MATCH($C173,'Rates Table'!$C$8:$C$50,0)):INDEX('Rates Table'!$H$8:$H$50,MATCH($C173+$D173-1,'Rates Table'!$C$8:$C$50,0))))","v":3.7841999999999997E-6},{"$f":"-PMT(discountRate,$D173,NPV(discountRate,INDEX('Rates Table'!$I$8:$I$50,MATCH($C173,'Rates Table'!$C$8:$C$50,0)):INDEX('Rates Table'!$I$8:$I$50,MATCH($C173+$D173-1,'Rates Table'!$C$8:$C$50,0))))","v":0.34743191039999993},{"$f":"-PMT(discountRate,$D173,NPV(discountRate,INDEX('Rates Table'!$J$8:$J$50,MATCH($C173,'Rates Table'!$C$8:$C$50,0)):INDEX('Rates Table'!$J$8:$J$50,MATCH($C173+$D173-1,'Rates Table'!$C$8:$C$50,0))))","v":0.41068298555999988}]
[null,"2020_18",2020,18,{"$f":"-PMT(discountRate,$D174,NPV(discountRate,INDEX('Rates Table'!$F$8:$F$50,MATCH($C174,'Rates Table'!$C$8:$C$50,0)):INDEX('Rates Table'!$F$8:$F$50,MATCH($C174+$D174-1,'Rates Table'!$C$8:$C$50,0))))","v":0.1261165093374064},{"$f":"-PMT(discountRate,$D174,NPV(discountRate,INDEX('Rates Table'!$G$8:$G$50,MATCH($C174,'Rates Table'!$C$8:$C$50,0)):INDEX('Rates Table'!$G$8:$G$50,MATCH($C174+$D174-1,'Rates Table'!$C$8:$C$50,0))))","v":0.17248811334031708},{"$f":"-PMT(discountRate,$D174,NPV(discountRate,INDEX('Rates Table'!$H$8:$H$50,MATCH($C174,'Rates Table'!$C$8:$C$50,0)):INDEX('Rates Table'!$H$8:$H$50,MATCH($C174+$D174-1,'Rates Table'!$C$8:$C$50,0))))","v":3.7841999999999993E-6},{"$f":"-PMT(discountRate,$D174,NPV(discountRate,INDEX('Rates Table'!$I$8:$I$50,MATCH($C174,'Rates Table'!$C$8:$C$50,0)):INDEX('Rates Table'!$I$8:$I$50,MATCH($C174+$D174-1,'Rates Table'!$C$8:$C$50,0))))","v":0.34743191039999988},{"$f":"-PMT(discountRate,$D174,NPV(discountRate,INDEX('Rates Table'!$J$8:$J$50,MATCH($C174,'Rates Table'!$C$8:$C$50,0)):INDEX('Rates Table'!$J$8:$J$50,MATCH($C174+$D174-1,'Rates Table'!$C$8:$C$50,0))))","v":0.41068298555999982}]
[null,"2020_19",2020,19,{"$f":"-PMT(discountRate,$D175,NPV(discountRate,INDEX('Rates Table'!$F$8:$F$50,MATCH($C175,'Rates Table'!$C$8:$C$50,0)):INDEX('Rates Table'!$F$8:$F$50,MATCH($C175+$D175-1,'Rates Table'!$C$8:$C$50,0))))","v":0.12611908262374322},{"$f":"-PMT(discountRate,$D175,NPV(discountRate,INDEX('Rates Table'!$G$8:$G$50,MATCH($C175,'Rates Table'!$C$8:$C$50,0)):INDEX('Rates Table'!$G$8:$G$50,MATCH($C175+$D175-1,'Rates Table'!$C$8:$C$50,0))))","v":0.17248811334031708},{"$f":"-PMT(discountRate,$D175,NPV(discountRate,INDEX('Rates Table'!$H$8:$H$50,MATCH($C175,'Rates Table'!$C$8:$C$50,0)):INDEX('Rates Table'!$H$8:$H$50,MATCH($C175+$D175-1,'Rates Table'!$C$8:$C$50,0))))","v":3.7841999999999993E-6},{"$f":"-PMT(discountRate,$D175,NPV(discountRate,INDEX('Rates Table'!$I$8:$I$50,MATCH($C175,'Rates Table'!$C$8:$C$50,0)):INDEX('Rates Table'!$I$8:$I$50,MATCH($C175+$D175-1,'Rates Table'!$C$8:$C$50,0))))","v":0.34743191039999993},{"$f":"-PMT(discountRate,$D175,NPV(discountRate,INDEX('Rates Table'!$J$8:$J$50,MATCH($C175,'Rates Table'!$C$8:$C$50,0)):INDEX('Rates Table'!$J$8:$J$50,MATCH($C175+$D175-1,'Rates Table'!$C$8:$C$50,0))))","v":0.41068298555999982}]
[null,"2020_20",2020,20,{"$f":"-PMT(discountRate,$D176,NPV(discountRate,INDEX('Rates Table'!$F$8:$F$50,MATCH($C176,'Rates Table'!$C$8:$C$50,0)):INDEX('Rates Table'!$F$8:$F$50,MATCH($C176+$D176-1,'Rates Table'!$C$8:$C$50,0))))","v":0.12612138743028153},{"$f":"-PMT(discountRate,$D176,NPV(discountRate,INDEX('Rates Table'!$G$8:$G$50,MATCH($C176,'Rates Table'!$C$8:$C$50,0)):INDEX('Rates Table'!$G$8:$G$50,MATCH($C176+$D176-1,'Rates Table'!$C$8:$C$50,0))))","v":0.17248811334031708},{"$f":"-PMT(discountRate,$D176,NPV(discountRate,INDEX('Rates Table'!$H$8:$H$50,MATCH($C176,'Rates Table'!$C$8:$C$50,0)):INDEX('Rates Table'!$H$8:$H$50,MATCH($C176+$D176-1,'Rates Table'!$C$8:$C$50,0))))","v":3.7841999999999993E-6},{"$f":"-PMT(discountRate,$D176,NPV(discountRate,INDEX('Rates Table'!$I$8:$I$50,MATCH($C176,'Rates Table'!$C$8:$C$50,0)):INDEX('Rates Table'!$I$8:$I$50,MATCH($C176+$D176-1,'Rates Table'!$C$8:$C$50,0))))","v":0.34743191039999993},{"$f":"-PMT(discountRate,$D176,NPV(discountRate,INDEX('Rates Table'!$J$8:$J$50,MATCH($C176,'Rates Table'!$C$8:$C$50,0)):INDEX('Rates Table'!$J$8:$J$50,MATCH($C176+$D176-1,'Rates Table'!$C$8:$C$50,0))))","v":0.41068298555999988}]
[null,"2020_21",2020,21,{"$f":"-PMT(discountRate,$D177,NPV(discountRate,INDEX('Rates Table'!$F$8:$F$50,MATCH($C177,'Rates Table'!$C$8:$C$50,0)):INDEX('Rates Table'!$F$8:$F$50,MATCH($C177+$D177-1,'Rates Table'!$C$8:$C$50,0))))","v":0.12612346217410048},{"$f":"-PMT(discountRate,$D177,NPV(discountRate,INDEX('Rates Table'!$G$8:$G$50,MATCH($C177,'Rates Table'!$C$8:$C$50,0)):INDEX('Rates Table'!$G$8:$G$50,MATCH($C177+$D177-1,'Rates Table'!$C$8:$C$50,0))))","v":0.17248811334031705},{"$f":"-PMT(discountRate,$D177,NPV(discountRate,INDEX('Rates Table'!$H$8:$H$50,MATCH($C177,'Rates Table'!$C$8:$C$50,0)):INDEX('Rates Table'!$H$8:$H$50,MATCH($C177+$D177-1,'Rates Table'!$C$8:$C$50,0))))","v":3.7841999999999993E-6},{"$f":"-PMT(discountRate,$D177,NPV(discountRate,INDEX('Rates Table'!$I$8:$I$50,MATCH($C177,'Rates Table'!$C$8:$C$50,0)):INDEX('Rates Table'!$I$8:$I$50,MATCH($C177+$D177-1,'Rates Table'!$C$8:$C$50,0))))","v":0.34743191039999993},{"$f":"-PMT(discountRate,$D177,NPV(discountRate,INDEX('Rates Table'!$J$8:$J$50,MATCH($C177,'Rates Table'!$C$8:$C$50,0)):INDEX('Rates Table'!$J$8:$J$50,MATCH($C177+$D177-1,'Rates Table'!$C$8:$C$50,0))))","v":0.41068298555999982}]
[null,"2020_22",2020,22,{"$f":"-PMT(discountRate,$D178,NPV(discountRate,INDEX('Rates Table'!$F$8:$F$50,MATCH($C178,'Rates Table'!$C$8:$C$50,0)):INDEX('Rates Table'!$F$8:$F$50,MATCH($C178+$D178-1,'Rates Table'!$C$8:$C$50,0))))","v":0.1261253382899766},{"$f":"-PMT(discountRate,$D178,NPV(discountRate,INDEX('Rates Table'!$G$8:$G$50,MATCH($C178,'Rates Table'!$C$8:$C$50,0)):INDEX('Rates Table'!$G$8:$G$50,MATCH($C178+$D178-1,'Rates Table'!$C$8:$C$50,0))))","v":0.17248811334031708},{"$f":"-PMT(discountRate,$D178,NPV(discountRate,INDEX('Rates Table'!$H$8:$H$50,MATCH($C178,'Rates Table'!$C$8:$C$50,0)):INDEX('Rates Table'!$H$8:$H$50,MATCH($C178+$D178-1,'Rates Table'!$C$8:$C$50,0))))","v":3.7841999999999997E-6},{"$f":"-PMT(discountRate,$D178,NPV(discountRate,INDEX('Rates Table'!$I$8:$I$50,MATCH($C178,'Rates Table'!$C$8:$C$50,0)):INDEX('Rates Table'!$I$8:$I$50,MATCH($C178+$D178-1,'Rates Table'!$C$8:$C$50,0))))","v":0.34743191039999993},{"$f":"-PMT(discountRate,$D178,NPV(discountRate,INDEX('Rates Table'!$J$8:$J$50,MATCH($C178,'Rates Table'!$C$8:$C$50,0)):INDEX('Rates Table'!$J$8:$J$50,MATCH($C178+$D178-1,'Rates Table'!$C$8:$C$50,0))))","v":0.41068298555999982}]
[null,"2020_23",2020,23,{"$f":"-PMT(discountRate,$D179,NPV(discountRate,INDEX('Rates Table'!$F$8:$F$50,MATCH($C179,'Rates Table'!$C$8:$C$50,0)):INDEX('Rates Table'!$F$8:$F$50,MATCH($C179+$D179-1,'Rates Table'!$C$8:$C$50,0))))","v":0.12612704174821487},{"$f":"-PMT(discountRate,$D179,NPV(discountRate,INDEX('Rates Table'!$G$8:$G$50,MATCH($C179,'Rates Table'!$C$8:$C$50,0)):INDEX('Rates Table'!$G$8:$G$50,MATCH($C179+$D179-1,'Rates Table'!$C$8:$C$50,0))))","v":0.17248811334031708},{"$f":"-PMT(discountRate,$D179,NPV(discountRate,INDEX('Rates Table'!$H$8:$H$50,MATCH($C179,'Rates Table'!$C$8:$C$50,0)):INDEX('Rates Table'!$H$8:$H$50,MATCH($C179+$D179-1,'Rates Table'!$C$8:$C$50,0))))","v":3.7841999999999993E-6},{"$f":"-PMT(discountRate,$D179,NPV(discountRate,INDEX('Rates Table'!$I$8:$I$50,MATCH($C179,'Rates Table'!$C$8:$C$50,0)):INDEX('Rates Table'!$I$8:$I$50,MATCH($C179+$D179-1,'Rates Table'!$C$8:$C$50,0))))","v":0.34743191039999988},{"$f":"-PMT(discountRate,$D179,NPV(discountRate,INDEX('Rates Table'!$J$8:$J$50,MATCH($C179,'Rates Table'!$C$8:$C$50,0)):INDEX('Rates Table'!$J$8:$J$50,MATCH($C179+$D179-1,'Rates Table'!$C$8:$C$50,0))))","v":0.41068298555999982}]
[null,"2020_24",2020,24,{"$f":"-PMT(discountRate,$D180,NPV(discountRate,INDEX('Rates Table'!$F$8:$F$50,MATCH($C180,'Rates Table'!$C$8:$C$50,0)):INDEX('Rates Table'!$F$8:$F$50,MATCH($C180+$D180-1,'Rates Table'!$C$8:$C$50,0))))","v":0.12612859419301969},{"$f":"-PMT(discountRate,$D180,NPV(discountRate,INDEX('Rates Table'!$G$8:$G$50,MATCH($C180,'Rates Table'!$C$8:$C$50,0)):INDEX('Rates Table'!$G$8:$G$50,MATCH($C180+$D180-1,'Rates Table'!$C$8:$C$50,0))))","v":0.17248811334031711},{"$f":"-PMT(discountRate,$D180,NPV(discountRate,INDEX('Rates Table'!$H$8:$H$50,MATCH($C180,'Rates Table'!$C$8:$C$50,0)):INDEX('Rates Table'!$H$8:$H$50,MATCH($C180+$D180-1,'Rates Table'!$C$8:$C$50,0))))","v":3.7841999999999997E-6},{"$f":"-PMT(discountRate,$D180,NPV(discountRate,INDEX('Rates Table'!$I$8:$I$50,MATCH($C180,'Rates Table'!$C$8:$C$50,0)):INDEX('Rates Table'!$I$8:$I$50,MATCH($C180+$D180-1,'Rates Table'!$C$8:$C$50,0))))","v":0.34743191039999993},{"$f":"-PMT(discountRate,$D180,NPV(discountRate,INDEX('Rates Table'!$J$8:$J$50,MATCH($C180,'Rates Table'!$C$8:$C$50,0)):INDEX('Rates Table'!$J$8:$J$50,MATCH($C180+$D180-1,'Rates Table'!$C$8:$C$50,0))))","v":0.41068298555999982}]
[null,"2020_25",2020,25,{"$f":"-PMT(discountRate,$D181,NPV(discountRate,INDEX('Rates Table'!$F$8:$F$50,MATCH($C181,'Rates Table'!$C$8:$C$50,0)):INDEX('Rates Table'!$F$8:$F$50,MATCH($C181+$D181-1,'Rates Table'!$C$8:$C$50,0))))","v":0.12613001380765546},{"$f":"-PMT(discountRate,$D181,NPV(discountRate,INDEX('Rates Table'!$G$8:$G$50,MATCH($C181,'Rates Table'!$C$8:$C$50,0)):INDEX('Rates Table'!$G$8:$G$50,MATCH($C181+$D181-1,'Rates Table'!$C$8:$C$50,0))))","v":0.17248811334031705},{"$f":"-PMT(discountRate,$D181,NPV(discountRate,INDEX('Rates Table'!$H$8:$H$50,MATCH($C181,'Rates Table'!$C$8:$C$50,0)):INDEX('Rates Table'!$H$8:$H$50,MATCH($C181+$D181-1,'Rates Table'!$C$8:$C$50,0))))","v":3.7841999999999989E-6},{"$f":"-PMT(discountRate,$D181,NPV(discountRate,INDEX('Rates Table'!$I$8:$I$50,MATCH($C181,'Rates Table'!$C$8:$C$50,0)):INDEX('Rates Table'!$I$8:$I$50,MATCH($C181+$D181-1,'Rates Table'!$C$8:$C$50,0))))","v":0.34743191039999977},{"$f":"-PMT(discountRate,$D181,NPV(discountRate,INDEX('Rates Table'!$J$8:$J$50,MATCH($C181,'Rates Table'!$C$8:$C$50,0)):INDEX('Rates Table'!$J$8:$J$50,MATCH($C181+$D181-1,'Rates Table'!$C$8:$C$50,0))))","v":0.41068298555999966}]
[null,"2020_26",2020,26,{"$f":"-PMT(discountRate,$D182,NPV(discountRate,INDEX('Rates Table'!$F$8:$F$50,MATCH($C182,'Rates Table'!$C$8:$C$50,0)):INDEX('Rates Table'!$F$8:$F$50,MATCH($C182+$D182-1,'Rates Table'!$C$8:$C$50,0))))","v":0.12613131597995278},{"$f":"-PMT(discountRate,$D182,NPV(discountRate,INDEX('Rates Table'!$G$8:$G$50,MATCH($C182,'Rates Table'!$C$8:$C$50,0)):INDEX('Rates Table'!$G$8:$G$50,MATCH($C182+$D182-1,'Rates Table'!$C$8:$C$50,0))))","v":0.17248811334031708},{"$f":"-PMT(discountRate,$D182,NPV(discountRate,INDEX('Rates Table'!$H$8:$H$50,MATCH($C182,'Rates Table'!$C$8:$C$50,0)):INDEX('Rates Table'!$H$8:$H$50,MATCH($C182+$D182-1,'Rates Table'!$C$8:$C$50,0))))","v":3.7841999999999993E-6},{"$f":"-PMT(discountRate,$D182,NPV(discountRate,INDEX('Rates Table'!$I$8:$I$50,MATCH($C182,'Rates Table'!$C$8:$C$50,0)):INDEX('Rates Table'!$I$8:$I$50,MATCH($C182+$D182-1,'Rates Table'!$C$8:$C$50,0))))","v":0.34743191039999988},{"$f":"-PMT(discountRate,$D182,NPV(discountRate,INDEX('Rates Table'!$J$8:$J$50,MATCH($C182,'Rates Table'!$C$8:$C$50,0)):INDEX('Rates Table'!$J$8:$J$50,MATCH($C182+$D182-1,'Rates Table'!$C$8:$C$50,0))))","v":0.41068298555999982}]
[null,"2020_27",2020,27,{"$f":"-PMT(discountRate,$D183,NPV(discountRate,INDEX('Rates Table'!$F$8:$F$50,MATCH($C183,'Rates Table'!$C$8:$C$50,0)):INDEX('Rates Table'!$F$8:$F$50,MATCH($C183+$D183-1,'Rates Table'!$C$8:$C$50,0))))","v":0.12613251381992327},{"$f":"-PMT(discountRate,$D183,NPV(discountRate,INDEX('Rates Table'!$G$8:$G$50,MATCH($C183,'Rates Table'!$C$8:$C$50,0)):INDEX('Rates Table'!$G$8:$G$50,MATCH($C183+$D183-1,'Rates Table'!$C$8:$C$50,0))))","v":0.17248811334031708},{"$f":"-PMT(discountRate,$D183,NPV(discountRate,INDEX('Rates Table'!$H$8:$H$50,MATCH($C183,'Rates Table'!$C$8:$C$50,0)):INDEX('Rates Table'!$H$8:$H$50,MATCH($C183+$D183-1,'Rates Table'!$C$8:$C$50,0))))","v":3.7841999999999993E-6},{"$f":"-PMT(discountRate,$D183,NPV(discountRate,INDEX('Rates Table'!$I$8:$I$50,MATCH($C183,'Rates Table'!$C$8:$C$50,0)):INDEX('Rates Table'!$I$8:$I$50,MATCH($C183+$D183-1,'Rates Table'!$C$8:$C$50,0))))","v":0.34743191039999993},{"$f":"-PMT(discountRate,$D183,NPV(discountRate,INDEX('Rates Table'!$J$8:$J$50,MATCH($C183,'Rates Table'!$C$8:$C$50,0)):INDEX('Rates Table'!$J$8:$J$50,MATCH($C183+$D183-1,'Rates Table'!$C$8:$C$50,0))))","v":0.41068298555999977}]
[null,"2020_28",2020,28,{"$f":"-PMT(discountRate,$D184,NPV(discountRate,INDEX('Rates Table'!$F$8:$F$50,MATCH($C184,'Rates Table'!$C$8:$C$50,0)):INDEX('Rates Table'!$F$8:$F$50,MATCH($C184+$D184-1,'Rates Table'!$C$8:$C$50,0))))","v":0.1261336185664555},{"$f":"-PMT(discountRate,$D184,NPV(discountRate,INDEX('Rates Table'!$G$8:$G$50,MATCH($C184,'Rates Table'!$C$8:$C$50,0)):INDEX('Rates Table'!$G$8:$G$50,MATCH($C184+$D184-1,'Rates Table'!$C$8:$C$50,0))))","v":0.17248811334031708},{"$f":"-PMT(discountRate,$D184,NPV(discountRate,INDEX('Rates Table'!$H$8:$H$50,MATCH($C184,'Rates Table'!$C$8:$C$50,0)):INDEX('Rates Table'!$H$8:$H$50,MATCH($C184+$D184-1,'Rates Table'!$C$8:$C$50,0))))","v":3.7841999999999993E-6},{"$f":"-PMT(discountRate,$D184,NPV(discountRate,INDEX('Rates Table'!$I$8:$I$50,MATCH($C184,'Rates Table'!$C$8:$C$50,0)):INDEX('Rates Table'!$I$8:$I$50,MATCH($C184+$D184-1,'Rates Table'!$C$8:$C$50,0))))","v":0.34743191039999988},{"$f":"-PMT(discountRate,$D184,NPV(discountRate,INDEX('Rates Table'!$J$8:$J$50,MATCH($C184,'Rates Table'!$C$8:$C$50,0)):INDEX('Rates Table'!$J$8:$J$50,MATCH($C184+$D184-1,'Rates Table'!$C$8:$C$50,0))))","v":0.41068298555999977}]
[null,"2020_29",2020,29,{"$f":"-PMT(discountRate,$D185,NPV(discountRate,INDEX('Rates Table'!$F$8:$F$50,MATCH($C185,'Rates Table'!$C$8:$C$50,0)):INDEX('Rates Table'!$F$8:$F$50,MATCH($C185+$D185-1,'Rates Table'!$C$8:$C$50,0))))","v":0.12613463990986598},{"$f":"-PMT(discountRate,$D185,NPV(discountRate,INDEX('Rates Table'!$G$8:$G$50,MATCH($C185,'Rates Table'!$C$8:$C$50,0)):INDEX('Rates Table'!$G$8:$G$50,MATCH($C185+$D185-1,'Rates Table'!$C$8:$C$50,0))))","v":0.17248811334031708},{"$f":"-PMT(discountRate,$D185,NPV(discountRate,INDEX('Rates Table'!$H$8:$H$50,MATCH($C185,'Rates Table'!$C$8:$C$50,0)):INDEX('Rates Table'!$H$8:$H$50,MATCH($C185+$D185-1,'Rates Table'!$C$8:$C$50,0))))","v":3.7841999999999993E-6},{"$f":"-PMT(discountRate,$D185,NPV(discountRate,INDEX('Rates Table'!$I$8:$I$50,MATCH($C185,'Rates Table'!$C$8:$C$50,0)):INDEX('Rates Table'!$I$8:$I$50,MATCH($C185+$D185-1,'Rates Table'!$C$8:$C$50,0))))","v":0.34743191039999988},{"$f":"-PMT(discountRate,$D185,NPV(discountRate,INDEX('Rates Table'!$J$8:$J$50,MATCH($C185,'Rates Table'!$C$8:$C$50,0)):INDEX('Rates Table'!$J$8:$J$50,MATCH($C185+$D185-1,'Rates Table'!$C$8:$C$50,0))))","v":0.41068298555999977}]
[null,"2020_30",2020,30,{"$f":"-PMT(discountRate,$D186,NPV(discountRate,INDEX('Rates Table'!$F$8:$F$50,MATCH($C186,'Rates Table'!$C$8:$C$50,0)):INDEX('Rates Table'!$F$8:$F$50,MATCH($C186+$D186-1,'Rates Table'!$C$8:$C$50,0))))","v":0.12613558624993887},{"$f":"-PMT(discountRate,$D186,NPV(discountRate,INDEX('Rates Table'!$G$8:$G$50,MATCH($C186,'Rates Table'!$C$8:$C$50,0)):INDEX('Rates Table'!$G$8:$G$50,MATCH($C186+$D186-1,'Rates Table'!$C$8:$C$50,0))))","v":0.17248811334031708},{"$f":"-PMT(discountRate,$D186,NPV(discountRate,INDEX('Rates Table'!$H$8:$H$50,MATCH($C186,'Rates Table'!$C$8:$C$50,0)):INDEX('Rates Table'!$H$8:$H$50,MATCH($C186+$D186-1,'Rates Table'!$C$8:$C$50,0))))","v":3.7841999999999993E-6},{"$f":"-PMT(discountRate,$D186,NPV(discountRate,INDEX('Rates Table'!$I$8:$I$50,MATCH($C186,'Rates Table'!$C$8:$C$50,0)):INDEX('Rates Table'!$I$8:$I$50,MATCH($C186+$D186-1,'Rates Table'!$C$8:$C$50,0))))","v":0.34743191039999988},{"$f":"-PMT(discountRate,$D186,NPV(discountRate,INDEX('Rates Table'!$J$8:$J$50,MATCH($C186,'Rates Table'!$C$8:$C$50,0)):INDEX('Rates Table'!$J$8:$J$50,MATCH($C186+$D186-1,'Rates Table'!$C$8:$C$50,0))))","v":0.41068298555999977}]
[null,"2021_1",2021,1,{"$f":"-PMT(discountRate,$D187,NPV(discountRate,INDEX('Rates Table'!$F$8:$F$50,MATCH($C187,'Rates Table'!$C$8:$C$50,0)):INDEX('Rates Table'!$F$8:$F$50,MATCH($C187+$D187-1,'Rates Table'!$C$8:$C$50,0))))","v":0.12659779611729477},{"$f":"-PMT(discountRate,$D187,NPV(discountRate,INDEX('Rates Table'!$G$8:$G$50,MATCH($C187,'Rates Table'!$C$8:$C$50,0)):INDEX('Rates Table'!$G$8:$G$50,MATCH($C187+$D187-1,'Rates Table'!$C$8:$C$50,0))))","v":0.17248811334031713},{"$f":"-PMT(discountRate,$D187,NPV(discountRate,INDEX('Rates Table'!$H$8:$H$50,MATCH($C187,'Rates Table'!$C$8:$C$50,0)):INDEX('Rates Table'!$H$8:$H$50,MATCH($C187+$D187-1,'Rates Table'!$C$8:$C$50,0))))","v":3.7841999999999997E-6},{"$f":"-PMT(discountRate,$D187,NPV(discountRate,INDEX('Rates Table'!$I$8:$I$50,MATCH($C187,'Rates Table'!$C$8:$C$50,0)):INDEX('Rates Table'!$I$8:$I$50,MATCH($C187+$D187-1,'Rates Table'!$C$8:$C$50,0))))","v":0.34743191039999999},{"$f":"-PMT(discountRate,$D187,NPV(discountRate,INDEX('Rates Table'!$J$8:$J$50,MATCH($C187,'Rates Table'!$C$8:$C$50,0)):INDEX('Rates Table'!$J$8:$J$50,MATCH($C187+$D187-1,'Rates Table'!$C$8:$C$50,0))))","v":0.41068298555999994}]
[null,"2021_2",2021,2,{"$f":"-PMT(discountRate,$D188,NPV(discountRate,INDEX('Rates Table'!$F$8:$F$50,MATCH($C188,'Rates Table'!$C$8:$C$50,0)):INDEX('Rates Table'!$F$8:$F$50,MATCH($C188+$D188-1,'Rates Table'!$C$8:$C$50,0))))","v":0.12581668986329325},{"$f":"-PMT(discountRate,$D188,NPV(discountRate,INDEX('Rates Table'!$G$8:$G$50,MATCH($C188,'Rates Table'!$C$8:$C$50,0)):INDEX('Rates Table'!$G$8:$G$50,MATCH($C188+$D188-1,'Rates Table'!$C$8:$C$50,0))))","v":0.17248811334031719},{"$f":"-PMT(discountRate,$D188,NPV(discountRate,INDEX('Rates Table'!$H$8:$H$50,MATCH($C188,'Rates Table'!$C$8:$C$50,0)):INDEX('Rates Table'!$H$8:$H$50,MATCH($C188+$D188-1,'Rates Table'!$C$8:$C$50,0))))","v":3.7842000000000005E-6},{"$f":"-PMT(discountRate,$D188,NPV(discountRate,INDEX('Rates Table'!$I$8:$I$50,MATCH($C188,'Rates Table'!$C$8:$C$50,0)):INDEX('Rates Table'!$I$8:$I$50,MATCH($C188+$D188-1,'Rates Table'!$C$8:$C$50,0))))","v":0.34743191039999999},{"$f":"-PMT(discountRate,$D188,NPV(discountRate,INDEX('Rates Table'!$J$8:$J$50,MATCH($C188,'Rates Table'!$C$8:$C$50,0)):INDEX('Rates Table'!$J$8:$J$50,MATCH($C188+$D188-1,'Rates Table'!$C$8:$C$50,0))))","v":0.41068298556000005}]
[null,"2021_3",2021,3,{"$f":"-PMT(discountRate,$D189,NPV(discountRate,INDEX('Rates Table'!$F$8:$F$50,MATCH($C189,'Rates Table'!$C$8:$C$50,0)):INDEX('Rates Table'!$F$8:$F$50,MATCH($C189+$D189-1,'Rates Table'!$C$8:$C$50,0))))","v":0.1252148957382056},{"$f":"-PMT(discountRate,$D189,NPV(discountRate,INDEX('Rates Table'!$G$8:$G$50,MATCH($C189,'Rates Table'!$C$8:$C$50,0)):INDEX('Rates Table'!$G$8:$G$50,MATCH($C189+$D189-1,'Rates Table'!$C$8:$C$50,0))))","v":0.17248811334031713},{"$f":"-PMT(discountRate,$D189,NPV(discountRate,INDEX('Rates Table'!$H$8:$H$50,MATCH($C189,'Rates Table'!$C$8:$C$50,0)):INDEX('Rates Table'!$H$8:$H$50,MATCH($C189+$D189-1,'Rates Table'!$C$8:$C$50,0))))","v":3.7842000000000005E-6},{"$f":"-PMT(discountRate,$D189,NPV(discountRate,INDEX('Rates Table'!$I$8:$I$50,MATCH($C189,'Rates Table'!$C$8:$C$50,0)):INDEX('Rates Table'!$I$8:$I$50,MATCH($C189+$D189-1,'Rates Table'!$C$8:$C$50,0))))","v":0.34743191039999999},{"$f":"-PMT(discountRate,$D189,NPV(discountRate,INDEX('Rates Table'!$J$8:$J$50,MATCH($C189,'Rates Table'!$C$8:$C$50,0)):INDEX('Rates Table'!$J$8:$J$50,MATCH($C189+$D189-1,'Rates Table'!$C$8:$C$50,0))))","v":0.41068298555999994}]
[null,"2021_4",2021,4,{"$f":"-PMT(discountRate,$D190,NPV(discountRate,INDEX('Rates Table'!$F$8:$F$50,MATCH($C190,'Rates Table'!$C$8:$C$50,0)):INDEX('Rates Table'!$F$8:$F$50,MATCH($C190+$D190-1,'Rates Table'!$C$8:$C$50,0))))","v":0.12495285793394173},{"$f":"-PMT(discountRate,$D190,NPV(discountRate,INDEX('Rates Table'!$G$8:$G$50,MATCH($C190,'Rates Table'!$C$8:$C$50,0)):INDEX('Rates Table'!$G$8:$G$50,MATCH($C190+$D190-1,'Rates Table'!$C$8:$C$50,0))))","v":0.17248811334031713},{"$f":"-PMT(discountRate,$D190,NPV(discountRate,INDEX('Rates Table'!$H$8:$H$50,MATCH($C190,'Rates Table'!$C$8:$C$50,0)):INDEX('Rates Table'!$H$8:$H$50,MATCH($C190+$D190-1,'Rates Table'!$C$8:$C$50,0))))","v":3.7842000000000005E-6},{"$f":"-PMT(discountRate,$D190,NPV(discountRate,INDEX('Rates Table'!$I$8:$I$50,MATCH($C190,'Rates Table'!$C$8:$C$50,0)):INDEX('Rates Table'!$I$8:$I$50,MATCH($C190+$D190-1,'Rates Table'!$C$8:$C$50,0))))","v":0.34743191039999999},{"$f":"-PMT(discountRate,$D190,NPV(discountRate,INDEX('Rates Table'!$J$8:$J$50,MATCH($C190,'Rates Table'!$C$8:$C$50,0)):INDEX('Rates Table'!$J$8:$J$50,MATCH($C190+$D190-1,'Rates Table'!$C$8:$C$50,0))))","v":0.41068298556000005}]
[null,"2021_5",2021,5,{"$f":"-PMT(discountRate,$D191,NPV(discountRate,INDEX('Rates Table'!$F$8:$F$50,MATCH($C191,'Rates Table'!$C$8:$C$50,0)):INDEX('Rates Table'!$F$8:$F$50,MATCH($C191+$D191-1,'Rates Table'!$C$8:$C$50,0))))","v":0.1247828171265785},{"$f":"-PMT(discountRate,$D191,NPV(discountRate,INDEX('Rates Table'!$G$8:$G$50,MATCH($C191,'Rates Table'!$C$8:$C$50,0)):INDEX('Rates Table'!$G$8:$G$50,MATCH($C191+$D191-1,'Rates Table'!$C$8:$C$50,0))))","v":0.17248811334031713},{"$f":"-PMT(discountRate,$D191,NPV(discountRate,INDEX('Rates Table'!$H$8:$H$50,MATCH($C191,'Rates Table'!$C$8:$C$50,0)):INDEX('Rates Table'!$H$8:$H$50,MATCH($C191+$D191-1,'Rates Table'!$C$8:$C$50,0))))","v":3.7842000000000005E-6},{"$f":"-PMT(discountRate,$D191,NPV(discountRate,INDEX('Rates Table'!$I$8:$I$50,MATCH($C191,'Rates Table'!$C$8:$C$50,0)):INDEX('Rates Table'!$I$8:$I$50,MATCH($C191+$D191-1,'Rates Table'!$C$8:$C$50,0))))","v":0.34743191039999999},{"$f":"-PMT(discountRate,$D191,NPV(discountRate,INDEX('Rates Table'!$J$8:$J$50,MATCH($C191,'Rates Table'!$C$8:$C$50,0)):INDEX('Rates Table'!$J$8:$J$50,MATCH($C191+$D191-1,'Rates Table'!$C$8:$C$50,0))))","v":0.41068298556000005}]
[null,"2021_6",2021,6,{"$f":"-PMT(discountRate,$D192,NPV(discountRate,INDEX('Rates Table'!$F$8:$F$50,MATCH($C192,'Rates Table'!$C$8:$C$50,0)):INDEX('Rates Table'!$F$8:$F$50,MATCH($C192+$D192-1,'Rates Table'!$C$8:$C$50,0))))","v":0.12488687087875454},{"$f":"-PMT(discountRate,$D192,NPV(discountRate,INDEX('Rates Table'!$G$8:$G$50,MATCH($C192,'Rates Table'!$C$8:$C$50,0)):INDEX('Rates Table'!$G$8:$G$50,MATCH($C192+$D192-1,'Rates Table'!$C$8:$C$50,0))))","v":0.17248811334031713},{"$f":"-PMT(discountRate,$D192,NPV(discountRate,INDEX('Rates Table'!$H$8:$H$50,MATCH($C192,'Rates Table'!$C$8:$C$50,0)):INDEX('Rates Table'!$H$8:$H$50,MATCH($C192+$D192-1,'Rates Table'!$C$8:$C$50,0))))","v":3.7842000000000005E-6},{"$f":"-PMT(discountRate,$D192,NPV(discountRate,INDEX('Rates Table'!$I$8:$I$50,MATCH($C192,'Rates Table'!$C$8:$C$50,0)):INDEX('Rates Table'!$I$8:$I$50,MATCH($C192+$D192-1,'Rates Table'!$C$8:$C$50,0))))","v":0.34743191039999999},{"$f":"-PMT(discountRate,$D192,NPV(discountRate,INDEX('Rates Table'!$J$8:$J$50,MATCH($C192,'Rates Table'!$C$8:$C$50,0)):INDEX('Rates Table'!$J$8:$J$50,MATCH($C192+$D192-1,'Rates Table'!$C$8:$C$50,0))))","v":0.4106829855600001}]
[null,"2021_7",2021,7,{"$f":"-PMT(discountRate,$D193,NPV(discountRate,INDEX('Rates Table'!$F$8:$F$50,MATCH($C193,'Rates Table'!$C$8:$C$50,0)):INDEX('Rates Table'!$F$8:$F$50,MATCH($C193+$D193-1,'Rates Table'!$C$8:$C$50,0))))","v":0.12505157029054981},{"$f":"-PMT(discountRate,$D193,NPV(discountRate,INDEX('Rates Table'!$G$8:$G$50,MATCH($C193,'Rates Table'!$C$8:$C$50,0)):INDEX('Rates Table'!$G$8:$G$50,MATCH($C193+$D193-1,'Rates Table'!$C$8:$C$50,0))))","v":0.17248811334031713},{"$f":"-PMT(discountRate,$D193,NPV(discountRate,INDEX('Rates Table'!$H$8:$H$50,MATCH($C193,'Rates Table'!$C$8:$C$50,0)):INDEX('Rates Table'!$H$8:$H$50,MATCH($C193+$D193-1,'Rates Table'!$C$8:$C$50,0))))","v":3.7841999999999997E-6},{"$f":"-PMT(discountRate,$D193,NPV(discountRate,INDEX('Rates Table'!$I$8:$I$50,MATCH($C193,'Rates Table'!$C$8:$C$50,0)):INDEX('Rates Table'!$I$8:$I$50,MATCH($C193+$D193-1,'Rates Table'!$C$8:$C$50,0))))","v":0.34743191039999999},{"$f":"-PMT(discountRate,$D193,NPV(discountRate,INDEX('Rates Table'!$J$8:$J$50,MATCH($C193,'Rates Table'!$C$8:$C$50,0)):INDEX('Rates Table'!$J$8:$J$50,MATCH($C193+$D193-1,'Rates Table'!$C$8:$C$50,0))))","v":0.41068298556000005}]
[null,"2021_8",2021,8,{"$f":"-PMT(discountRate,$D194,NPV(discountRate,INDEX('Rates Table'!$F$8:$F$50,MATCH($C194,'Rates Table'!$C$8:$C$50,0)):INDEX('Rates Table'!$F$8:$F$50,MATCH($C194+$D194-1,'Rates Table'!$C$8:$C$50,0))))","v":0.12517487364899998},{"$f":"-PMT(discountRate,$D194,NPV(discountRate,INDEX('Rates Table'!$G$8:$G$50,MATCH($C194,'Rates Table'!$C$8:$C$50,0)):INDEX('Rates Table'!$G$8:$G$50,MATCH($C194+$D194-1,'Rates Table'!$C$8:$C$50,0))))","v":0.17248811334031713},{"$f":"-PMT(discountRate,$D194,NPV(discountRate,INDEX('Rates Table'!$H$8:$H$50,MATCH($C194,'Rates Table'!$C$8:$C$50,0)):INDEX('Rates Table'!$H$8:$H$50,MATCH($C194+$D194-1,'Rates Table'!$C$8:$C$50,0))))","v":3.7841999999999997E-6},{"$f":"-PMT(discountRate,$D194,NPV(discountRate,INDEX('Rates Table'!$I$8:$I$50,MATCH($C194,'Rates Table'!$C$8:$C$50,0)):INDEX('Rates Table'!$I$8:$I$50,MATCH($C194+$D194-1,'Rates Table'!$C$8:$C$50,0))))","v":0.34743191039999993},{"$f":"-PMT(discountRate,$D194,NPV(discountRate,INDEX('Rates Table'!$J$8:$J$50,MATCH($C194,'Rates Table'!$C$8:$C$50,0)):INDEX('Rates Table'!$J$8:$J$50,MATCH($C194+$D194-1,'Rates Table'!$C$8:$C$50,0))))","v":0.41068298555999994}]
[null,"2021_9",2021,9,{"$f":"-PMT(discountRate,$D195,NPV(discountRate,INDEX('Rates Table'!$F$8:$F$50,MATCH($C195,'Rates Table'!$C$8:$C$50,0)):INDEX('Rates Table'!$F$8:$F$50,MATCH($C195+$D195-1,'Rates Table'!$C$8:$C$50,0))))","v":0.12527058009093933},{"$f":"-PMT(discountRate,$D195,NPV(discountRate,INDEX('Rates Table'!$G$8:$G$50,MATCH($C195,'Rates Table'!$C$8:$C$50,0)):INDEX('Rates Table'!$G$8:$G$50,MATCH($C195+$D195-1,'Rates Table'!$C$8:$C$50,0))))","v":0.17248811334031711},{"$f":"-PMT(discountRate,$D195,NPV(discountRate,INDEX('Rates Table'!$H$8:$H$50,MATCH($C195,'Rates Table'!$C$8:$C$50,0)):INDEX('Rates Table'!$H$8:$H$50,MATCH($C195+$D195-1,'Rates Table'!$C$8:$C$50,0))))","v":3.7841999999999997E-6},{"$f":"-PMT(discountRate,$D195,NPV(discountRate,INDEX('Rates Table'!$I$8:$I$50,MATCH($C195,'Rates Table'!$C$8:$C$50,0)):INDEX('Rates Table'!$I$8:$I$50,MATCH($C195+$D195-1,'Rates Table'!$C$8:$C$50,0))))","v":0.34743191039999993},{"$f":"-PMT(discountRate,$D195,NPV(discountRate,INDEX('Rates Table'!$J$8:$J$50,MATCH($C195,'Rates Table'!$C$8:$C$50,0)):INDEX('Rates Table'!$J$8:$J$50,MATCH($C195+$D195-1,'Rates Table'!$C$8:$C$50,0))))","v":0.41068298555999994}]
[null,"2021_10",2021,10,{"$f":"-PMT(discountRate,$D196,NPV(discountRate,INDEX('Rates Table'!$F$8:$F$50,MATCH($C196,'Rates Table'!$C$8:$C$50,0)):INDEX('Rates Table'!$F$8:$F$50,MATCH($C196+$D196-1,'Rates Table'!$C$8:$C$50,0))))","v":0.12534696915140764},{"$f":"-PMT(discountRate,$D196,NPV(discountRate,INDEX('Rates Table'!$G$8:$G$50,MATCH($C196,'Rates Table'!$C$8:$C$50,0)):INDEX('Rates Table'!$G$8:$G$50,MATCH($C196+$D196-1,'Rates Table'!$C$8:$C$50,0))))","v":0.17248811334031713},{"$f":"-PMT(discountRate,$D196,NPV(discountRate,INDEX('Rates Table'!$H$8:$H$50,MATCH($C196,'Rates Table'!$C$8:$C$50,0)):INDEX('Rates Table'!$H$8:$H$50,MATCH($C196+$D196-1,'Rates Table'!$C$8:$C$50,0))))","v":3.7841999999999997E-6},{"$f":"-PMT(discountRate,$D196,NPV(discountRate,INDEX('Rates Table'!$I$8:$I$50,MATCH($C196,'Rates Table'!$C$8:$C$50,0)):INDEX('Rates Table'!$I$8:$I$50,MATCH($C196+$D196-1,'Rates Table'!$C$8:$C$50,0))))","v":0.34743191039999999},{"$f":"-PMT(discountRate,$D196,NPV(discountRate,INDEX('Rates Table'!$J$8:$J$50,MATCH($C196,'Rates Table'!$C$8:$C$50,0)):INDEX('Rates Table'!$J$8:$J$50,MATCH($C196+$D196-1,'Rates Table'!$C$8:$C$50,0))))","v":0.41068298555999994}]
[null,"2021_11",2021,11,{"$f":"-PMT(discountRate,$D197,NPV(discountRate,INDEX('Rates Table'!$F$8:$F$50,MATCH($C197,'Rates Table'!$C$8:$C$50,0)):INDEX('Rates Table'!$F$8:$F$50,MATCH($C197+$D197-1,'Rates Table'!$C$8:$C$50,0))))","v":0.12540930967310313},{"$f":"-PMT(discountRate,$D197,NPV(discountRate,INDEX('Rates Table'!$G$8:$G$50,MATCH($C197,'Rates Table'!$C$8:$C$50,0)):INDEX('Rates Table'!$G$8:$G$50,MATCH($C197+$D197-1,'Rates Table'!$C$8:$C$50,0))))","v":0.17248811334031711},{"$f":"-PMT(discountRate,$D197,NPV(discountRate,INDEX('Rates Table'!$H$8:$H$50,MATCH($C197,'Rates Table'!$C$8:$C$50,0)):INDEX('Rates Table'!$H$8:$H$50,MATCH($C197+$D197-1,'Rates Table'!$C$8:$C$50,0))))","v":3.7841999999999993E-6},{"$f":"-PMT(discountRate,$D197,NPV(discountRate,INDEX('Rates Table'!$I$8:$I$50,MATCH($C197,'Rates Table'!$C$8:$C$50,0)):INDEX('Rates Table'!$I$8:$I$50,MATCH($C197+$D197-1,'Rates Table'!$C$8:$C$50,0))))","v":0.34743191039999988},{"$f":"-PMT(discountRate,$D197,NPV(discountRate,INDEX('Rates Table'!$J$8:$J$50,MATCH($C197,'Rates Table'!$C$8:$C$50,0)):INDEX('Rates Table'!$J$8:$J$50,MATCH($C197+$D197-1,'Rates Table'!$C$8:$C$50,0))))","v":0.41068298555999988}]
[null,"2021_12",2021,12,{"$f":"-PMT(discountRate,$D198,NPV(discountRate,INDEX('Rates Table'!$F$8:$F$50,MATCH($C198,'Rates Table'!$C$8:$C$50,0)):INDEX('Rates Table'!$F$8:$F$50,MATCH($C198+$D198-1,'Rates Table'!$C$8:$C$50,0))))","v":0.12546111426106321},{"$f":"-PMT(discountRate,$D198,NPV(discountRate,INDEX('Rates Table'!$G$8:$G$50,MATCH($C198,'Rates Table'!$C$8:$C$50,0)):INDEX('Rates Table'!$G$8:$G$50,MATCH($C198+$D198-1,'Rates Table'!$C$8:$C$50,0))))","v":0.17248811334031711},{"$f":"-PMT(discountRate,$D198,NPV(discountRate,INDEX('Rates Table'!$H$8:$H$50,MATCH($C198,'Rates Table'!$C$8:$C$50,0)):INDEX('Rates Table'!$H$8:$H$50,MATCH($C198+$D198-1,'Rates Table'!$C$8:$C$50,0))))","v":3.7841999999999997E-6},{"$f":"-PMT(discountRate,$D198,NPV(discountRate,INDEX('Rates Table'!$I$8:$I$50,MATCH($C198,'Rates Table'!$C$8:$C$50,0)):INDEX('Rates Table'!$I$8:$I$50,MATCH($C198+$D198-1,'Rates Table'!$C$8:$C$50,0))))","v":0.34743191039999993},{"$f":"-PMT(discountRate,$D198,NPV(discountRate,INDEX('Rates Table'!$J$8:$J$50,MATCH($C198,'Rates Table'!$C$8:$C$50,0)):INDEX('Rates Table'!$J$8:$J$50,MATCH($C198+$D198-1,'Rates Table'!$C$8:$C$50,0))))","v":0.41068298555999994}]
[null,"2021_13",2021,13,{"$f":"-PMT(discountRate,$D199,NPV(discountRate,INDEX('Rates Table'!$F$8:$F$50,MATCH($C199,'Rates Table'!$C$8:$C$50,0)):INDEX('Rates Table'!$F$8:$F$50,MATCH($C199+$D199-1,'Rates Table'!$C$8:$C$50,0))))","v":0.12550481475821992},{"$f":"-PMT(discountRate,$D199,NPV(discountRate,INDEX('Rates Table'!$G$8:$G$50,MATCH($C199,'Rates Table'!$C$8:$C$50,0)):INDEX('Rates Table'!$G$8:$G$50,MATCH($C199+$D199-1,'Rates Table'!$C$8:$C$50,0))))","v":0.17248811334031708},{"$f":"-PMT(discountRate,$D199,NPV(discountRate,INDEX('Rates Table'!$H$8:$H$50,MATCH($C199,'Rates Table'!$C$8:$C$50,0)):INDEX('Rates Table'!$H$8:$H$50,MATCH($C199+$D199-1,'Rates Table'!$C$8:$C$50,0))))","v":3.7841999999999993E-6},{"$f":"-PMT(discountRate,$D199,NPV(discountRate,INDEX('Rates Table'!$I$8:$I$50,MATCH($C199,'Rates Table'!$C$8:$C$50,0)):INDEX('Rates Table'!$I$8:$I$50,MATCH($C199+$D199-1,'Rates Table'!$C$8:$C$50,0))))","v":0.34743191039999988},{"$f":"-PMT(discountRate,$D199,NPV(discountRate,INDEX('Rates Table'!$J$8:$J$50,MATCH($C199,'Rates Table'!$C$8:$C$50,0)):INDEX('Rates Table'!$J$8:$J$50,MATCH($C199+$D199-1,'Rates Table'!$C$8:$C$50,0))))","v":0.41068298555999988}]
[null,{"$f":"CONCATENATE(C200,\"_\",D200)","v":"2021_14"},2021,14,{"$f":"-PMT(discountRate,$D200,NPV(discountRate,INDEX('Rates Table'!$F$8:$F$50,MATCH($C200,'Rates Table'!$C$8:$C$50,0)):INDEX('Rates Table'!$F$8:$F$50,MATCH($C200+$D200-1,'Rates Table'!$C$8:$C$50,0))))","v":0.12554214823139442},{"$f":"-PMT(discountRate,$D200,NPV(discountRate,INDEX('Rates Table'!$G$8:$G$50,MATCH($C200,'Rates Table'!$C$8:$C$50,0)):INDEX('Rates Table'!$G$8:$G$50,MATCH($C200+$D200-1,'Rates Table'!$C$8:$C$50,0))))","v":0.17248811334031711},{"$f":"-PMT(discountRate,$D200,NPV(discountRate,INDEX('Rates Table'!$H$8:$H$50,MATCH($C200,'Rates Table'!$C$8:$C$50,0)):INDEX('Rates Table'!$H$8:$H$50,MATCH($C200+$D200-1,'Rates Table'!$C$8:$C$50,0))))","v":3.7842000000000005E-6},{"$f":"-PMT(discountRate,$D200,NPV(discountRate,INDEX('Rates Table'!$I$8:$I$50,MATCH($C200,'Rates Table'!$C$8:$C$50,0)):INDEX('Rates Table'!$I$8:$I$50,MATCH($C200+$D200-1,'Rates Table'!$C$8:$C$50,0))))","v":0.34743191039999993},{"$f":"-PMT(discountRate,$D200,NPV(discountRate,INDEX('Rates Table'!$J$8:$J$50,MATCH($C200,'Rates Table'!$C$8:$C$50,0)):INDEX('Rates Table'!$J$8:$J$50,MATCH($C200+$D200-1,'Rates Table'!$C$8:$C$50,0))))","v":0.41068298555999994}]
[null,"2021_15",{"$f":"IF(D201=1,C200+1,C200)","v":2021},{"$f":"IF(C200+D200>=2050,1,IF(D200=30,1,D200+1))","v":15},{"$f":"-PMT(discountRate,$D201,NPV(discountRate,INDEX('Rates Table'!$F$8:$F$50,MATCH($C201,'Rates Table'!$C$8:$C$50,0)):INDEX('Rates Table'!$F$8:$F$50,MATCH($C201+$D201-1,'Rates Table'!$C$8:$C$50,0))))","v":0.12557438856285902},{"$f":"-PMT(discountRate,$D201,NPV(discountRate,INDEX('Rates Table'!$G$8:$G$50,MATCH($C201,'Rates Table'!$C$8:$C$50,0)):INDEX('Rates Table'!$G$8:$G$50,MATCH($C201+$D201-1,'Rates Table'!$C$8:$C$50,0))))","v":0.17248811334031708},{"$f":"-PMT(discountRate,$D201,NPV(discountRate,INDEX('Rates Table'!$H$8:$H$50,MATCH($C201,'Rates Table'!$C$8:$C$50,0)):INDEX('Rates Table'!$H$8:$H$50,MATCH($C201+$D201-1,'Rates Table'!$C$8:$C$50,0))))","v":3.7841999999999993E-6},{"$f":"-PMT(discountRate,$D201,NPV(discountRate,INDEX('Rates Table'!$I$8:$I$50,MATCH($C201,'Rates Table'!$C$8:$C$50,0)):INDEX('Rates Table'!$I$8:$I$50,MATCH($C201+$D201-1,'Rates Table'!$C$8:$C$50,0))))","v":0.34743191039999988},{"$f":"-PMT(discountRate,$D201,NPV(discountRate,INDEX('Rates Table'!$J$8:$J$50,MATCH($C201,'Rates Table'!$C$8:$C$50,0)):INDEX('Rates Table'!$J$8:$J$50,MATCH($C201+$D201-1,'Rates Table'!$C$8:$C$50,0))))","v":0.41068298555999982}]
[null,"2021_16",2021,16,{"$f":"-PMT(discountRate,$D202,NPV(discountRate,INDEX('Rates Table'!$F$8:$F$50,MATCH($C202,'Rates Table'!$C$8:$C$50,0)):INDEX('Rates Table'!$F$8:$F$50,MATCH($C202+$D202-1,'Rates Table'!$C$8:$C$50,0))))","v":0.12560249119503294},{"$f":"-PMT(discountRate,$D202,NPV(discountRate,INDEX('Rates Table'!$G$8:$G$50,MATCH($C202,'Rates Table'!$C$8:$C$50,0)):INDEX('Rates Table'!$G$8:$G$50,MATCH($C202+$D202-1,'Rates Table'!$C$8:$C$50,0))))","v":0.17248811334031711},{"$f":"-PMT(discountRate,$D202,NPV(discountRate,INDEX('Rates Table'!$H$8:$H$50,MATCH($C202,'Rates Table'!$C$8:$C$50,0)):INDEX('Rates Table'!$H$8:$H$50,MATCH($C202+$D202-1,'Rates Table'!$C$8:$C$50,0))))","v":3.7841999999999993E-6},{"$f":"-PMT(discountRate,$D202,NPV(discountRate,INDEX('Rates Table'!$I$8:$I$50,MATCH($C202,'Rates Table'!$C$8:$C$50,0)):INDEX('Rates Table'!$I$8:$I$50,MATCH($C202+$D202-1,'Rates Table'!$C$8:$C$50,0))))","v":0.34743191039999988},{"$f":"-PMT(discountRate,$D202,NPV(discountRate,INDEX('Rates Table'!$J$8:$J$50,MATCH($C202,'Rates Table'!$C$8:$C$50,0)):INDEX('Rates Table'!$J$8:$J$50,MATCH($C202+$D202-1,'Rates Table'!$C$8:$C$50,0))))","v":0.41068298555999988}]
[null,"2021_17",2021,17,{"$f":"-PMT(discountRate,$D203,NPV(discountRate,INDEX('Rates Table'!$F$8:$F$50,MATCH($C203,'Rates Table'!$C$8:$C$50,0)):INDEX('Rates Table'!$F$8:$F$50,MATCH($C203+$D203-1,'Rates Table'!$C$8:$C$50,0))))","v":0.12562718678878587},{"$f":"-PMT(discountRate,$D203,NPV(discountRate,INDEX('Rates Table'!$G$8:$G$50,MATCH($C203,'Rates Table'!$C$8:$C$50,0)):INDEX('Rates Table'!$G$8:$G$50,MATCH($C203+$D203-1,'Rates Table'!$C$8:$C$50,0))))","v":0.17248811334031711},{"$f":"-PMT(discountRate,$D203,NPV(discountRate,INDEX('Rates Table'!$H$8:$H$50,MATCH($C203,'Rates Table'!$C$8:$C$50,0)):INDEX('Rates Table'!$H$8:$H$50,MATCH($C203+$D203-1,'Rates Table'!$C$8:$C$50,0))))","v":3.7841999999999997E-6},{"$f":"-PMT(discountRate,$D203,NPV(discountRate,INDEX('Rates Table'!$I$8:$I$50,MATCH($C203,'Rates Table'!$C$8:$C$50,0)):INDEX('Rates Table'!$I$8:$I$50,MATCH($C203+$D203-1,'Rates Table'!$C$8:$C$50,0))))","v":0.34743191039999993},{"$f":"-PMT(discountRate,$D203,NPV(discountRate,INDEX('Rates Table'!$J$8:$J$50,MATCH($C203,'Rates Table'!$C$8:$C$50,0)):INDEX('Rates Table'!$J$8:$J$50,MATCH($C203+$D203-1,'Rates Table'!$C$8:$C$50,0))))","v":0.41068298555999988}]
[null,"2021_18",2021,18,{"$f":"-PMT(discountRate,$D204,NPV(discountRate,INDEX('Rates Table'!$F$8:$F$50,MATCH($C204,'Rates Table'!$C$8:$C$50,0)):INDEX('Rates Table'!$F$8:$F$50,MATCH($C204+$D204-1,'Rates Table'!$C$8:$C$50,0))))","v":0.12564904366228144},{"$f":"-PMT(discountRate,$D204,NPV(discountRate,INDEX('Rates Table'!$G$8:$G$50,MATCH($C204,'Rates Table'!$C$8:$C$50,0)):INDEX('Rates Table'!$G$8:$G$50,MATCH($C204+$D204-1,'Rates Table'!$C$8:$C$50,0))))","v":0.17248811334031708},{"$f":"-PMT(discountRate,$D204,NPV(discountRate,INDEX('Rates Table'!$H$8:$H$50,MATCH($C204,'Rates Table'!$C$8:$C$50,0)):INDEX('Rates Table'!$H$8:$H$50,MATCH($C204+$D204-1,'Rates Table'!$C$8:$C$50,0))))","v":3.7841999999999993E-6},{"$f":"-PMT(discountRate,$D204,NPV(discountRate,INDEX('Rates Table'!$I$8:$I$50,MATCH($C204,'Rates Table'!$C$8:$C$50,0)):INDEX('Rates Table'!$I$8:$I$50,MATCH($C204+$D204-1,'Rates Table'!$C$8:$C$50,0))))","v":0.34743191039999988},{"$f":"-PMT(discountRate,$D204,NPV(discountRate,INDEX('Rates Table'!$J$8:$J$50,MATCH($C204,'Rates Table'!$C$8:$C$50,0)):INDEX('Rates Table'!$J$8:$J$50,MATCH($C204+$D204-1,'Rates Table'!$C$8:$C$50,0))))","v":0.41068298555999982}]
[null,"2021_19",2021,19,{"$f":"-PMT(discountRate,$D205,NPV(discountRate,INDEX('Rates Table'!$F$8:$F$50,MATCH($C205,'Rates Table'!$C$8:$C$50,0)):INDEX('Rates Table'!$F$8:$F$50,MATCH($C205+$D205-1,'Rates Table'!$C$8:$C$50,0))))","v":0.12566851051226774},{"$f":"-PMT(discountRate,$D205,NPV(discountRate,INDEX('Rates Table'!$G$8:$G$50,MATCH($C205,'Rates Table'!$C$8:$C$50,0)):INDEX('Rates Table'!$G$8:$G$50,MATCH($C205+$D205-1,'Rates Table'!$C$8:$C$50,0))))","v":0.17248811334031708},{"$f":"-PMT(discountRate,$D205,NPV(discountRate,INDEX('Rates Table'!$H$8:$H$50,MATCH($C205,'Rates Table'!$C$8:$C$50,0)):INDEX('Rates Table'!$H$8:$H$50,MATCH($C205+$D205-1,'Rates Table'!$C$8:$C$50,0))))","v":3.7841999999999993E-6},{"$f":"-PMT(discountRate,$D205,NPV(discountRate,INDEX('Rates Table'!$I$8:$I$50,MATCH($C205,'Rates Table'!$C$8:$C$50,0)):INDEX('Rates Table'!$I$8:$I$50,MATCH($C205+$D205-1,'Rates Table'!$C$8:$C$50,0))))","v":0.34743191039999993},{"$f":"-PMT(discountRate,$D205,NPV(discountRate,INDEX('Rates Table'!$J$8:$J$50,MATCH($C205,'Rates Table'!$C$8:$C$50,0)):INDEX('Rates Table'!$J$8:$J$50,MATCH($C205+$D205-1,'Rates Table'!$C$8:$C$50,0))))","v":0.41068298555999982}]
[null,"2021_20",2021,20,{"$f":"-PMT(discountRate,$D206,NPV(discountRate,INDEX('Rates Table'!$F$8:$F$50,MATCH($C206,'Rates Table'!$C$8:$C$50,0)):INDEX('Rates Table'!$F$8:$F$50,MATCH($C206+$D206-1,'Rates Table'!$C$8:$C$50,0))))","v":0.12568594631895866},{"$f":"-PMT(discountRate,$D206,NPV(discountRate,INDEX('Rates Table'!$G$8:$G$50,MATCH($C206,'Rates Table'!$C$8:$C$50,0)):INDEX('Rates Table'!$G$8:$G$50,MATCH($C206+$D206-1,'Rates Table'!$C$8:$C$50,0))))","v":0.17248811334031708},{"$f":"-PMT(discountRate,$D206,NPV(discountRate,INDEX('Rates Table'!$H$8:$H$50,MATCH($C206,'Rates Table'!$C$8:$C$50,0)):INDEX('Rates Table'!$H$8:$H$50,MATCH($C206+$D206-1,'Rates Table'!$C$8:$C$50,0))))","v":3.7841999999999993E-6},{"$f":"-PMT(discountRate,$D206,NPV(discountRate,INDEX('Rates Table'!$I$8:$I$50,MATCH($C206,'Rates Table'!$C$8:$C$50,0)):INDEX('Rates Table'!$I$8:$I$50,MATCH($C206+$D206-1,'Rates Table'!$C$8:$C$50,0))))","v":0.34743191039999993},{"$f":"-PMT(discountRate,$D206,NPV(discountRate,INDEX('Rates Table'!$J$8:$J$50,MATCH($C206,'Rates Table'!$C$8:$C$50,0)):INDEX('Rates Table'!$J$8:$J$50,MATCH($C206+$D206-1,'Rates Table'!$C$8:$C$50,0))))","v":0.41068298555999988}]
[null,"2021_21",2021,21,{"$f":"-PMT(discountRate,$D207,NPV(discountRate,INDEX('Rates Table'!$F$8:$F$50,MATCH($C207,'Rates Table'!$C$8:$C$50,0)):INDEX('Rates Table'!$F$8:$F$50,MATCH($C207+$D207-1,'Rates Table'!$C$8:$C$50,0))))","v":0.12570164170664452},{"$f":"-PMT(discountRate,$D207,NPV(discountRate,INDEX('Rates Table'!$G$8:$G$50,MATCH($C207,'Rates Table'!$C$8:$C$50,0)):INDEX('Rates Table'!$G$8:$G$50,MATCH($C207+$D207-1,'Rates Table'!$C$8:$C$50,0))))","v":0.17248811334031705},{"$f":"-PMT(discountRate,$D207,NPV(discountRate,INDEX('Rates Table'!$H$8:$H$50,MATCH($C207,'Rates Table'!$C$8:$C$50,0)):INDEX('Rates Table'!$H$8:$H$50,MATCH($C207+$D207-1,'Rates Table'!$C$8:$C$50,0))))","v":3.7841999999999993E-6},{"$f":"-PMT(discountRate,$D207,NPV(discountRate,INDEX('Rates Table'!$I$8:$I$50,MATCH($C207,'Rates Table'!$C$8:$C$50,0)):INDEX('Rates Table'!$I$8:$I$50,MATCH($C207+$D207-1,'Rates Table'!$C$8:$C$50,0))))","v":0.34743191039999993},{"$f":"-PMT(discountRate,$D207,NPV(discountRate,INDEX('Rates Table'!$J$8:$J$50,MATCH($C207,'Rates Table'!$C$8:$C$50,0)):INDEX('Rates Table'!$J$8:$J$50,MATCH($C207+$D207-1,'Rates Table'!$C$8:$C$50,0))))","v":0.41068298555999982}]
[null,"2021_22",2021,22,{"$f":"-PMT(discountRate,$D208,NPV(discountRate,INDEX('Rates Table'!$F$8:$F$50,MATCH($C208,'Rates Table'!$C$8:$C$50,0)):INDEX('Rates Table'!$F$8:$F$50,MATCH($C208+$D208-1,'Rates Table'!$C$8:$C$50,0))))","v":0.12571583447866325},{"$f":"-PMT(discountRate,$D208,NPV(discountRate,INDEX('Rates Table'!$G$8:$G$50,MATCH($C208,'Rates Table'!$C$8:$C$50,0)):INDEX('Rates Table'!$G$8:$G$50,MATCH($C208+$D208-1,'Rates Table'!$C$8:$C$50,0))))","v":0.17248811334031708},{"$f":"-PMT(discountRate,$D208,NPV(discountRate,INDEX('Rates Table'!$H$8:$H$50,MATCH($C208,'Rates Table'!$C$8:$C$50,0)):INDEX('Rates Table'!$H$8:$H$50,MATCH($C208+$D208-1,'Rates Table'!$C$8:$C$50,0))))","v":3.7841999999999997E-6},{"$f":"-PMT(discountRate,$D208,NPV(discountRate,INDEX('Rates Table'!$I$8:$I$50,MATCH($C208,'Rates Table'!$C$8:$C$50,0)):INDEX('Rates Table'!$I$8:$I$50,MATCH($C208+$D208-1,'Rates Table'!$C$8:$C$50,0))))","v":0.34743191039999993},{"$f":"-PMT(discountRate,$D208,NPV(discountRate,INDEX('Rates Table'!$J$8:$J$50,MATCH($C208,'Rates Table'!$C$8:$C$50,0)):INDEX('Rates Table'!$J$8:$J$50,MATCH($C208+$D208-1,'Rates Table'!$C$8:$C$50,0))))","v":0.41068298555999982}]
[null,"2021_23",2021,23,{"$f":"-PMT(discountRate,$D209,NPV(discountRate,INDEX('Rates Table'!$F$8:$F$50,MATCH($C209,'Rates Table'!$C$8:$C$50,0)):INDEX('Rates Table'!$F$8:$F$50,MATCH($C209+$D209-1,'Rates Table'!$C$8:$C$50,0))))","v":0.12572872109975453},{"$f":"-PMT(discountRate,$D209,NPV(discountRate,INDEX('Rates Table'!$G$8:$G$50,MATCH($C209,'Rates Table'!$C$8:$C$50,0)):INDEX('Rates Table'!$G$8:$G$50,MATCH($C209+$D209-1,'Rates Table'!$C$8:$C$50,0))))","v":0.17248811334031708},{"$f":"-PMT(discountRate,$D209,NPV(discountRate,INDEX('Rates Table'!$H$8:$H$50,MATCH($C209,'Rates Table'!$C$8:$C$50,0)):INDEX('Rates Table'!$H$8:$H$50,MATCH($C209+$D209-1,'Rates Table'!$C$8:$C$50,0))))","v":3.7841999999999993E-6},{"$f":"-PMT(discountRate,$D209,NPV(discountRate,INDEX('Rates Table'!$I$8:$I$50,MATCH($C209,'Rates Table'!$C$8:$C$50,0)):INDEX('Rates Table'!$I$8:$I$50,MATCH($C209+$D209-1,'Rates Table'!$C$8:$C$50,0))))","v":0.34743191039999988},{"$f":"-PMT(discountRate,$D209,NPV(discountRate,INDEX('Rates Table'!$J$8:$J$50,MATCH($C209,'Rates Table'!$C$8:$C$50,0)):INDEX('Rates Table'!$J$8:$J$50,MATCH($C209+$D209-1,'Rates Table'!$C$8:$C$50,0))))","v":0.41068298555999982}]
[null,"2021_24",2021,24,{"$f":"-PMT(discountRate,$D210,NPV(discountRate,INDEX('Rates Table'!$F$8:$F$50,MATCH($C210,'Rates Table'!$C$8:$C$50,0)):INDEX('Rates Table'!$F$8:$F$50,MATCH($C210+$D210-1,'Rates Table'!$C$8:$C$50,0))))","v":0.12574046530781069},{"$f":"-PMT(discountRate,$D210,NPV(discountRate,INDEX('Rates Table'!$G$8:$G$50,MATCH($C210,'Rates Table'!$C$8:$C$50,0)):INDEX('Rates Table'!$G$8:$G$50,MATCH($C210+$D210-1,'Rates Table'!$C$8:$C$50,0))))","v":0.17248811334031711},{"$f":"-PMT(discountRate,$D210,NPV(discountRate,INDEX('Rates Table'!$H$8:$H$50,MATCH($C210,'Rates Table'!$C$8:$C$50,0)):INDEX('Rates Table'!$H$8:$H$50,MATCH($C210+$D210-1,'Rates Table'!$C$8:$C$50,0))))","v":3.7841999999999997E-6},{"$f":"-PMT(discountRate,$D210,NPV(discountRate,INDEX('Rates Table'!$I$8:$I$50,MATCH($C210,'Rates Table'!$C$8:$C$50,0)):INDEX('Rates Table'!$I$8:$I$50,MATCH($C210+$D210-1,'Rates Table'!$C$8:$C$50,0))))","v":0.34743191039999993},{"$f":"-PMT(discountRate,$D210,NPV(discountRate,INDEX('Rates Table'!$J$8:$J$50,MATCH($C210,'Rates Table'!$C$8:$C$50,0)):INDEX('Rates Table'!$J$8:$J$50,MATCH($C210+$D210-1,'Rates Table'!$C$8:$C$50,0))))","v":0.41068298555999982}]
[null,"2021_25",2021,25,{"$f":"-PMT(discountRate,$D211,NPV(discountRate,INDEX('Rates Table'!$F$8:$F$50,MATCH($C211,'Rates Table'!$C$8:$C$50,0)):INDEX('Rates Table'!$F$8:$F$50,MATCH($C211+$D211-1,'Rates Table'!$C$8:$C$50,0))))","v":0.12575120465879441},{"$f":"-PMT(discountRate,$D211,NPV(discountRate,INDEX('Rates Table'!$G$8:$G$50,MATCH($C211,'Rates Table'!$C$8:$C$50,0)):INDEX('Rates Table'!$G$8:$G$50,MATCH($C211+$D211-1,'Rates Table'!$C$8:$C$50,0))))","v":0.17248811334031705},{"$f":"-PMT(discountRate,$D211,NPV(discountRate,INDEX('Rates Table'!$H$8:$H$50,MATCH($C211,'Rates Table'!$C$8:$C$50,0)):INDEX('Rates Table'!$H$8:$H$50,MATCH($C211+$D211-1,'Rates Table'!$C$8:$C$50,0))))","v":3.7841999999999989E-6},{"$f":"-PMT(discountRate,$D211,NPV(discountRate,INDEX('Rates Table'!$I$8:$I$50,MATCH($C211,'Rates Table'!$C$8:$C$50,0)):INDEX('Rates Table'!$I$8:$I$50,MATCH($C211+$D211-1,'Rates Table'!$C$8:$C$50,0))))","v":0.34743191039999977},{"$f":"-PMT(discountRate,$D211,NPV(discountRate,INDEX('Rates Table'!$J$8:$J$50,MATCH($C211,'Rates Table'!$C$8:$C$50,0)):INDEX('Rates Table'!$J$8:$J$50,MATCH($C211+$D211-1,'Rates Table'!$C$8:$C$50,0))))","v":0.41068298555999966}]
[null,"2021_26",2021,26,{"$f":"-PMT(discountRate,$D212,NPV(discountRate,INDEX('Rates Table'!$F$8:$F$50,MATCH($C212,'Rates Table'!$C$8:$C$50,0)):INDEX('Rates Table'!$F$8:$F$50,MATCH($C212+$D212-1,'Rates Table'!$C$8:$C$50,0))))","v":0.12576105556127878},{"$f":"-PMT(discountRate,$D212,NPV(discountRate,INDEX('Rates Table'!$G$8:$G$50,MATCH($C212,'Rates Table'!$C$8:$C$50,0)):INDEX('Rates Table'!$G$8:$G$50,MATCH($C212+$D212-1,'Rates Table'!$C$8:$C$50,0))))","v":0.17248811334031708},{"$f":"-PMT(discountRate,$D212,NPV(discountRate,INDEX('Rates Table'!$H$8:$H$50,MATCH($C212,'Rates Table'!$C$8:$C$50,0)):INDEX('Rates Table'!$H$8:$H$50,MATCH($C212+$D212-1,'Rates Table'!$C$8:$C$50,0))))","v":3.7841999999999993E-6},{"$f":"-PMT(discountRate,$D212,NPV(discountRate,INDEX('Rates Table'!$I$8:$I$50,MATCH($C212,'Rates Table'!$C$8:$C$50,0)):INDEX('Rates Table'!$I$8:$I$50,MATCH($C212+$D212-1,'Rates Table'!$C$8:$C$50,0))))","v":0.34743191039999988},{"$f":"-PMT(discountRate,$D212,NPV(discountRate,INDEX('Rates Table'!$J$8:$J$50,MATCH($C212,'Rates Table'!$C$8:$C$50,0)):INDEX('Rates Table'!$J$8:$J$50,MATCH($C212+$D212-1,'Rates Table'!$C$8:$C$50,0))))","v":0.41068298555999982}]
[null,"2021_27",2021,27,{"$f":"-PMT(discountRate,$D213,NPV(discountRate,INDEX('Rates Table'!$F$8:$F$50,MATCH($C213,'Rates Table'!$C$8:$C$50,0)):INDEX('Rates Table'!$F$8:$F$50,MATCH($C213+$D213-1,'Rates Table'!$C$8:$C$50,0))))","v":0.12577011719218995},{"$f":"-PMT(discountRate,$D213,NPV(discountRate,INDEX('Rates Table'!$G$8:$G$50,MATCH($C213,'Rates Table'!$C$8:$C$50,0)):INDEX('Rates Table'!$G$8:$G$50,MATCH($C213+$D213-1,'Rates Table'!$C$8:$C$50,0))))","v":0.17248811334031708},{"$f":"-PMT(discountRate,$D213,NPV(discountRate,INDEX('Rates Table'!$H$8:$H$50,MATCH($C213,'Rates Table'!$C$8:$C$50,0)):INDEX('Rates Table'!$H$8:$H$50,MATCH($C213+$D213-1,'Rates Table'!$C$8:$C$50,0))))","v":3.7841999999999993E-6},{"$f":"-PMT(discountRate,$D213,NPV(discountRate,INDEX('Rates Table'!$I$8:$I$50,MATCH($C213,'Rates Table'!$C$8:$C$50,0)):INDEX('Rates Table'!$I$8:$I$50,MATCH($C213+$D213-1,'Rates Table'!$C$8:$C$50,0))))","v":0.34743191039999993},{"$f":"-PMT(discountRate,$D213,NPV(discountRate,INDEX('Rates Table'!$J$8:$J$50,MATCH($C213,'Rates Table'!$C$8:$C$50,0)):INDEX('Rates Table'!$J$8:$J$50,MATCH($C213+$D213-1,'Rates Table'!$C$8:$C$50,0))))","v":0.41068298555999977}]
[null,"2021_28",2021,28,{"$f":"-PMT(discountRate,$D214,NPV(discountRate,INDEX('Rates Table'!$F$8:$F$50,MATCH($C214,'Rates Table'!$C$8:$C$50,0)):INDEX('Rates Table'!$F$8:$F$50,MATCH($C214+$D214-1,'Rates Table'!$C$8:$C$50,0))))","v":0.12577847457345298},{"$f":"-PMT(discountRate,$D214,NPV(discountRate,INDEX('Rates Table'!$G$8:$G$50,MATCH($C214,'Rates Table'!$C$8:$C$50,0)):INDEX('Rates Table'!$G$8:$G$50,MATCH($C214+$D214-1,'Rates Table'!$C$8:$C$50,0))))","v":0.17248811334031708},{"$f":"-PMT(discountRate,$D214,NPV(discountRate,INDEX('Rates Table'!$H$8:$H$50,MATCH($C214,'Rates Table'!$C$8:$C$50,0)):INDEX('Rates Table'!$H$8:$H$50,MATCH($C214+$D214-1,'Rates Table'!$C$8:$C$50,0))))","v":3.7841999999999993E-6},{"$f":"-PMT(discountRate,$D214,NPV(discountRate,INDEX('Rates Table'!$I$8:$I$50,MATCH($C214,'Rates Table'!$C$8:$C$50,0)):INDEX('Rates Table'!$I$8:$I$50,MATCH($C214+$D214-1,'Rates Table'!$C$8:$C$50,0))))","v":0.34743191039999988},{"$f":"-PMT(discountRate,$D214,NPV(discountRate,INDEX('Rates Table'!$J$8:$J$50,MATCH($C214,'Rates Table'!$C$8:$C$50,0)):INDEX('Rates Table'!$J$8:$J$50,MATCH($C214+$D214-1,'Rates Table'!$C$8:$C$50,0))))","v":0.41068298555999977}]
[null,"2021_29",2021,29,{"$f":"-PMT(discountRate,$D215,NPV(discountRate,INDEX('Rates Table'!$F$8:$F$50,MATCH($C215,'Rates Table'!$C$8:$C$50,0)):INDEX('Rates Table'!$F$8:$F$50,MATCH($C215+$D215-1,'Rates Table'!$C$8:$C$50,0))))","v":0.12578620101208196},{"$f":"-PMT(discountRate,$D215,NPV(discountRate,INDEX('Rates Table'!$G$8:$G$50,MATCH($C215,'Rates Table'!$C$8:$C$50,0)):INDEX('Rates Table'!$G$8:$G$50,MATCH($C215+$D215-1,'Rates Table'!$C$8:$C$50,0))))","v":0.17248811334031708},{"$f":"-PMT(discountRate,$D215,NPV(discountRate,INDEX('Rates Table'!$H$8:$H$50,MATCH($C215,'Rates Table'!$C$8:$C$50,0)):INDEX('Rates Table'!$H$8:$H$50,MATCH($C215+$D215-1,'Rates Table'!$C$8:$C$50,0))))","v":3.7841999999999993E-6},{"$f":"-PMT(discountRate,$D215,NPV(discountRate,INDEX('Rates Table'!$I$8:$I$50,MATCH($C215,'Rates Table'!$C$8:$C$50,0)):INDEX('Rates Table'!$I$8:$I$50,MATCH($C215+$D215-1,'Rates Table'!$C$8:$C$50,0))))","v":0.34743191039999988},{"$f":"-PMT(discountRate,$D215,NPV(discountRate,INDEX('Rates Table'!$J$8:$J$50,MATCH($C215,'Rates Table'!$C$8:$C$50,0)):INDEX('Rates Table'!$J$8:$J$50,MATCH($C215+$D215-1,'Rates Table'!$C$8:$C$50,0))))","v":0.41068298555999977}]
[null,"2022_1",2022,1,{"$f":"-PMT(discountRate,$D216,NPV(discountRate,INDEX('Rates Table'!$F$8:$F$50,MATCH($C216,'Rates Table'!$C$8:$C$50,0)):INDEX('Rates Table'!$F$8:$F$50,MATCH($C216+$D216-1,'Rates Table'!$C$8:$C$50,0))))","v":0.12500433935913169},{"$f":"-PMT(discountRate,$D216,NPV(discountRate,INDEX('Rates Table'!$G$8:$G$50,MATCH($C216,'Rates Table'!$C$8:$C$50,0)):INDEX('Rates Table'!$G$8:$G$50,MATCH($C216+$D216-1,'Rates Table'!$C$8:$C$50,0))))","v":0.17248811334031713},{"$f":"-PMT(discountRate,$D216,NPV(discountRate,INDEX('Rates Table'!$H$8:$H$50,MATCH($C216,'Rates Table'!$C$8:$C$50,0)):INDEX('Rates Table'!$H$8:$H$50,MATCH($C216+$D216-1,'Rates Table'!$C$8:$C$50,0))))","v":3.7841999999999997E-6},{"$f":"-PMT(discountRate,$D216,NPV(discountRate,INDEX('Rates Table'!$I$8:$I$50,MATCH($C216,'Rates Table'!$C$8:$C$50,0)):INDEX('Rates Table'!$I$8:$I$50,MATCH($C216+$D216-1,'Rates Table'!$C$8:$C$50,0))))","v":0.34743191039999999},{"$f":"-PMT(discountRate,$D216,NPV(discountRate,INDEX('Rates Table'!$J$8:$J$50,MATCH($C216,'Rates Table'!$C$8:$C$50,0)):INDEX('Rates Table'!$J$8:$J$50,MATCH($C216+$D216-1,'Rates Table'!$C$8:$C$50,0))))","v":0.41068298555999994}]
[null,"2022_2",2022,2,{"$f":"-PMT(discountRate,$D217,NPV(discountRate,INDEX('Rates Table'!$F$8:$F$50,MATCH($C217,'Rates Table'!$C$8:$C$50,0)):INDEX('Rates Table'!$F$8:$F$50,MATCH($C217+$D217-1,'Rates Table'!$C$8:$C$50,0))))","v":0.12448168738035127},{"$f":"-PMT(discountRate,$D217,NPV(discountRate,INDEX('Rates Table'!$G$8:$G$50,MATCH($C217,'Rates Table'!$C$8:$C$50,0)):INDEX('Rates Table'!$G$8:$G$50,MATCH($C217+$D217-1,'Rates Table'!$C$8:$C$50,0))))","v":0.17248811334031719},{"$f":"-PMT(discountRate,$D217,NPV(discountRate,INDEX('Rates Table'!$H$8:$H$50,MATCH($C217,'Rates Table'!$C$8:$C$50,0)):INDEX('Rates Table'!$H$8:$H$50,MATCH($C217+$D217-1,'Rates Table'!$C$8:$C$50,0))))","v":3.7842000000000005E-6},{"$f":"-PMT(discountRate,$D217,NPV(discountRate,INDEX('Rates Table'!$I$8:$I$50,MATCH($C217,'Rates Table'!$C$8:$C$50,0)):INDEX('Rates Table'!$I$8:$I$50,MATCH($C217+$D217-1,'Rates Table'!$C$8:$C$50,0))))","v":0.34743191039999999},{"$f":"-PMT(discountRate,$D217,NPV(discountRate,INDEX('Rates Table'!$J$8:$J$50,MATCH($C217,'Rates Table'!$C$8:$C$50,0)):INDEX('Rates Table'!$J$8:$J$50,MATCH($C217+$D217-1,'Rates Table'!$C$8:$C$50,0))))","v":0.41068298556000005}]
[null,"2022_3",2022,3,{"$f":"-PMT(discountRate,$D218,NPV(discountRate,INDEX('Rates Table'!$F$8:$F$50,MATCH($C218,'Rates Table'!$C$8:$C$50,0)):INDEX('Rates Table'!$F$8:$F$50,MATCH($C218+$D218-1,'Rates Table'!$C$8:$C$50,0))))","v":0.12436010686247859},{"$f":"-PMT(discountRate,$D218,NPV(discountRate,INDEX('Rates Table'!$G$8:$G$50,MATCH($C218,'Rates Table'!$C$8:$C$50,0)):INDEX('Rates Table'!$G$8:$G$50,MATCH($C218+$D218-1,'Rates Table'!$C$8:$C$50,0))))","v":0.17248811334031713},{"$f":"-PMT(discountRate,$D218,NPV(discountRate,INDEX('Rates Table'!$H$8:$H$50,MATCH($C218,'Rates Table'!$C$8:$C$50,0)):INDEX('Rates Table'!$H$8:$H$50,MATCH($C218+$D218-1,'Rates Table'!$C$8:$C$50,0))))","v":3.7842000000000005E-6},{"$f":"-PMT(discountRate,$D218,NPV(discountRate,INDEX('Rates Table'!$I$8:$I$50,MATCH($C218,'Rates Table'!$C$8:$C$50,0)):INDEX('Rates Table'!$I$8:$I$50,MATCH($C218+$D218-1,'Rates Table'!$C$8:$C$50,0))))","v":0.34743191039999999},{"$f":"-PMT(discountRate,$D218,NPV(discountRate,INDEX('Rates Table'!$J$8:$J$50,MATCH($C218,'Rates Table'!$C$8:$C$50,0)):INDEX('Rates Table'!$J$8:$J$50,MATCH($C218+$D218-1,'Rates Table'!$C$8:$C$50,0))))","v":0.41068298555999994}]
[null,"2022_4",2022,4,{"$f":"-PMT(discountRate,$D219,NPV(discountRate,INDEX('Rates Table'!$F$8:$F$50,MATCH($C219,'Rates Table'!$C$8:$C$50,0)):INDEX('Rates Table'!$F$8:$F$50,MATCH($C219+$D219-1,'Rates Table'!$C$8:$C$50,0))))","v":0.12428280848208992},{"$f":"-PMT(discountRate,$D219,NPV(discountRate,INDEX('Rates Table'!$G$8:$G$50,MATCH($C219,'Rates Table'!$C$8:$C$50,0)):INDEX('Rates Table'!$G$8:$G$50,MATCH($C219+$D219-1,'Rates Table'!$C$8:$C$50,0))))","v":0.17248811334031713},{"$f":"-PMT(discountRate,$D219,NPV(discountRate,INDEX('Rates Table'!$H$8:$H$50,MATCH($C219,'Rates Table'!$C$8:$C$50,0)):INDEX('Rates Table'!$H$8:$H$50,MATCH($C219+$D219-1,'Rates Table'!$C$8:$C$50,0))))","v":3.7842000000000005E-6},{"$f":"-PMT(discountRate,$D219,NPV(discountRate,INDEX('Rates Table'!$I$8:$I$50,MATCH($C219,'Rates Table'!$C$8:$C$50,0)):INDEX('Rates Table'!$I$8:$I$50,MATCH($C219+$D219-1,'Rates Table'!$C$8:$C$50,0))))","v":0.34743191039999999},{"$f":"-PMT(discountRate,$D219,NPV(discountRate,INDEX('Rates Table'!$J$8:$J$50,MATCH($C219,'Rates Table'!$C$8:$C$50,0)):INDEX('Rates Table'!$J$8:$J$50,MATCH($C219+$D219-1,'Rates Table'!$C$8:$C$50,0))))","v":0.41068298556000005}]
[null,"2022_5",2022,5,{"$f":"-PMT(discountRate,$D220,NPV(discountRate,INDEX('Rates Table'!$F$8:$F$50,MATCH($C220,'Rates Table'!$C$8:$C$50,0)):INDEX('Rates Table'!$F$8:$F$50,MATCH($C220+$D220-1,'Rates Table'!$C$8:$C$50,0))))","v":0.12450255068101886},{"$f":"-PMT(discountRate,$D220,NPV(discountRate,INDEX('Rates Table'!$G$8:$G$50,MATCH($C220,'Rates Table'!$C$8:$C$50,0)):INDEX('Rates Table'!$G$8:$G$50,MATCH($C220+$D220-1,'Rates Table'!$C$8:$C$50,0))))","v":0.17248811334031713},{"$f":"-PMT(discountRate,$D220,NPV(discountRate,INDEX('Rates Table'!$H$8:$H$50,MATCH($C220,'Rates Table'!$C$8:$C$50,0)):INDEX('Rates Table'!$H$8:$H$50,MATCH($C220+$D220-1,'Rates Table'!$C$8:$C$50,0))))","v":3.7842000000000005E-6},{"$f":"-PMT(discountRate,$D220,NPV(discountRate,INDEX('Rates Table'!$I$8:$I$50,MATCH($C220,'Rates Table'!$C$8:$C$50,0)):INDEX('Rates Table'!$I$8:$I$50,MATCH($C220+$D220-1,'Rates Table'!$C$8:$C$50,0))))","v":0.34743191039999999},{"$f":"-PMT(discountRate,$D220,NPV(discountRate,INDEX('Rates Table'!$J$8:$J$50,MATCH($C220,'Rates Table'!$C$8:$C$50,0)):INDEX('Rates Table'!$J$8:$J$50,MATCH($C220+$D220-1,'Rates Table'!$C$8:$C$50,0))))","v":0.41068298556000005}]
[null,"2022_6",2022,6,{"$f":"-PMT(discountRate,$D221,NPV(discountRate,INDEX('Rates Table'!$F$8:$F$50,MATCH($C221,'Rates Table'!$C$8:$C$50,0)):INDEX('Rates Table'!$F$8:$F$50,MATCH($C221+$D221-1,'Rates Table'!$C$8:$C$50,0))))","v":0.12475660931013302},{"$f":"-PMT(discountRate,$D221,NPV(discountRate,INDEX('Rates Table'!$G$8:$G$50,MATCH($C221,'Rates Table'!$C$8:$C$50,0)):INDEX('Rates Table'!$G$8:$G$50,MATCH($C221+$D221-1,'Rates Table'!$C$8:$C$50,0))))","v":0.17248811334031713},{"$f":"-PMT(discountRate,$D221,NPV(discountRate,INDEX('Rates Table'!$H$8:$H$50,MATCH($C221,'Rates Table'!$C$8:$C$50,0)):INDEX('Rates Table'!$H$8:$H$50,MATCH($C221+$D221-1,'Rates Table'!$C$8:$C$50,0))))","v":3.7842000000000005E-6},{"$f":"-PMT(discountRate,$D221,NPV(discountRate,INDEX('Rates Table'!$I$8:$I$50,MATCH($C221,'Rates Table'!$C$8:$C$50,0)):INDEX('Rates Table'!$I$8:$I$50,MATCH($C221+$D221-1,'Rates Table'!$C$8:$C$50,0))))","v":0.34743191039999999},{"$f":"-PMT(discountRate,$D221,NPV(discountRate,INDEX('Rates Table'!$J$8:$J$50,MATCH($C221,'Rates Table'!$C$8:$C$50,0)):INDEX('Rates Table'!$J$8:$J$50,MATCH($C221+$D221-1,'Rates Table'!$C$8:$C$50,0))))","v":0.4106829855600001}]
[null,"2022_7",2022,7,{"$f":"-PMT(discountRate,$D222,NPV(discountRate,INDEX('Rates Table'!$F$8:$F$50,MATCH($C222,'Rates Table'!$C$8:$C$50,0)):INDEX('Rates Table'!$F$8:$F$50,MATCH($C222+$D222-1,'Rates Table'!$C$8:$C$50,0))))","v":0.1249378010885951},{"$f":"-PMT(discountRate,$D222,NPV(discountRate,INDEX('Rates Table'!$G$8:$G$50,MATCH($C222,'Rates Table'!$C$8:$C$50,0)):INDEX('Rates Table'!$G$8:$G$50,MATCH($C222+$D222-1,'Rates Table'!$C$8:$C$50,0))))","v":0.17248811334031713},{"$f":"-PMT(discountRate,$D222,NPV(discountRate,INDEX('Rates Table'!$H$8:$H$50,MATCH($C222,'Rates Table'!$C$8:$C$50,0)):INDEX('Rates Table'!$H$8:$H$50,MATCH($C222+$D222-1,'Rates Table'!$C$8:$C$50,0))))","v":3.7841999999999997E-6},{"$f":"-PMT(discountRate,$D222,NPV(discountRate,INDEX('Rates Table'!$I$8:$I$50,MATCH($C222,'Rates Table'!$C$8:$C$50,0)):INDEX('Rates Table'!$I$8:$I$50,MATCH($C222+$D222-1,'Rates Table'!$C$8:$C$50,0))))","v":0.34743191039999999},{"$f":"-PMT(discountRate,$D222,NPV(discountRate,INDEX('Rates Table'!$J$8:$J$50,MATCH($C222,'Rates Table'!$C$8:$C$50,0)):INDEX('Rates Table'!$J$8:$J$50,MATCH($C222+$D222-1,'Rates Table'!$C$8:$C$50,0))))","v":0.41068298556000005}]
[null,"2022_8",2022,8,{"$f":"-PMT(discountRate,$D223,NPV(discountRate,INDEX('Rates Table'!$F$8:$F$50,MATCH($C223,'Rates Table'!$C$8:$C$50,0)):INDEX('Rates Table'!$F$8:$F$50,MATCH($C223+$D223-1,'Rates Table'!$C$8:$C$50,0))))","v":0.12507345157188712},{"$f":"-PMT(discountRate,$D223,NPV(discountRate,INDEX('Rates Table'!$G$8:$G$50,MATCH($C223,'Rates Table'!$C$8:$C$50,0)):INDEX('Rates Table'!$G$8:$G$50,MATCH($C223+$D223-1,'Rates Table'!$C$8:$C$50,0))))","v":0.17248811334031713},{"$f":"-PMT(discountRate,$D223,NPV(discountRate,INDEX('Rates Table'!$H$8:$H$50,MATCH($C223,'Rates Table'!$C$8:$C$50,0)):INDEX('Rates Table'!$H$8:$H$50,MATCH($C223+$D223-1,'Rates Table'!$C$8:$C$50,0))))","v":3.7841999999999997E-6},{"$f":"-PMT(discountRate,$D223,NPV(discountRate,INDEX('Rates Table'!$I$8:$I$50,MATCH($C223,'Rates Table'!$C$8:$C$50,0)):INDEX('Rates Table'!$I$8:$I$50,MATCH($C223+$D223-1,'Rates Table'!$C$8:$C$50,0))))","v":0.34743191039999993},{"$f":"-PMT(discountRate,$D223,NPV(discountRate,INDEX('Rates Table'!$J$8:$J$50,MATCH($C223,'Rates Table'!$C$8:$C$50,0)):INDEX('Rates Table'!$J$8:$J$50,MATCH($C223+$D223-1,'Rates Table'!$C$8:$C$50,0))))","v":0.41068298555999994}]
[null,"2022_9",2022,9,{"$f":"-PMT(discountRate,$D224,NPV(discountRate,INDEX('Rates Table'!$F$8:$F$50,MATCH($C224,'Rates Table'!$C$8:$C$50,0)):INDEX('Rates Table'!$F$8:$F$50,MATCH($C224+$D224-1,'Rates Table'!$C$8:$C$50,0))))","v":0.1251787416894185},{"$f":"-PMT(discountRate,$D224,NPV(discountRate,INDEX('Rates Table'!$G$8:$G$50,MATCH($C224,'Rates Table'!$C$8:$C$50,0)):INDEX('Rates Table'!$G$8:$G$50,MATCH($C224+$D224-1,'Rates Table'!$C$8:$C$50,0))))","v":0.17248811334031711},{"$f":"-PMT(discountRate,$D224,NPV(discountRate,INDEX('Rates Table'!$H$8:$H$50,MATCH($C224,'Rates Table'!$C$8:$C$50,0)):INDEX('Rates Table'!$H$8:$H$50,MATCH($C224+$D224-1,'Rates Table'!$C$8:$C$50,0))))","v":3.7841999999999997E-6},{"$f":"-PMT(discountRate,$D224,NPV(discountRate,INDEX('Rates Table'!$I$8:$I$50,MATCH($C224,'Rates Table'!$C$8:$C$50,0)):INDEX('Rates Table'!$I$8:$I$50,MATCH($C224+$D224-1,'Rates Table'!$C$8:$C$50,0))))","v":0.34743191039999993},{"$f":"-PMT(discountRate,$D224,NPV(discountRate,INDEX('Rates Table'!$J$8:$J$50,MATCH($C224,'Rates Table'!$C$8:$C$50,0)):INDEX('Rates Table'!$J$8:$J$50,MATCH($C224+$D224-1,'Rates Table'!$C$8:$C$50,0))))","v":0.41068298555999994}]
[null,"2022_10",2022,10,{"$f":"-PMT(discountRate,$D225,NPV(discountRate,INDEX('Rates Table'!$F$8:$F$50,MATCH($C225,'Rates Table'!$C$8:$C$50,0)):INDEX('Rates Table'!$F$8:$F$50,MATCH($C225+$D225-1,'Rates Table'!$C$8:$C$50,0))))","v":0.12526278005707522},{"$f":"-PMT(discountRate,$D225,NPV(discountRate,INDEX('Rates Table'!$G$8:$G$50,MATCH($C225,'Rates Table'!$C$8:$C$50,0)):INDEX('Rates Table'!$G$8:$G$50,MATCH($C225+$D225-1,'Rates Table'!$C$8:$C$50,0))))","v":0.17248811334031713},{"$f":"-PMT(discountRate,$D225,NPV(discountRate,INDEX('Rates Table'!$H$8:$H$50,MATCH($C225,'Rates Table'!$C$8:$C$50,0)):INDEX('Rates Table'!$H$8:$H$50,MATCH($C225+$D225-1,'Rates Table'!$C$8:$C$50,0))))","v":3.7841999999999997E-6},{"$f":"-PMT(discountRate,$D225,NPV(discountRate,INDEX('Rates Table'!$I$8:$I$50,MATCH($C225,'Rates Table'!$C$8:$C$50,0)):INDEX('Rates Table'!$I$8:$I$50,MATCH($C225+$D225-1,'Rates Table'!$C$8:$C$50,0))))","v":0.34743191039999999},{"$f":"-PMT(discountRate,$D225,NPV(discountRate,INDEX('Rates Table'!$J$8:$J$50,MATCH($C225,'Rates Table'!$C$8:$C$50,0)):INDEX('Rates Table'!$J$8:$J$50,MATCH($C225+$D225-1,'Rates Table'!$C$8:$C$50,0))))","v":0.41068298555999994}]
[null,"2022_11",2022,11,{"$f":"-PMT(discountRate,$D226,NPV(discountRate,INDEX('Rates Table'!$F$8:$F$50,MATCH($C226,'Rates Table'!$C$8:$C$50,0)):INDEX('Rates Table'!$F$8:$F$50,MATCH($C226+$D226-1,'Rates Table'!$C$8:$C$50,0))))","v":0.12533136311923157},{"$f":"-PMT(discountRate,$D226,NPV(discountRate,INDEX('Rates Table'!$G$8:$G$50,MATCH($C226,'Rates Table'!$C$8:$C$50,0)):INDEX('Rates Table'!$G$8:$G$50,MATCH($C226+$D226-1,'Rates Table'!$C$8:$C$50,0))))","v":0.17248811334031711},{"$f":"-PMT(discountRate,$D226,NPV(discountRate,INDEX('Rates Table'!$H$8:$H$50,MATCH($C226,'Rates Table'!$C$8:$C$50,0)):INDEX('Rates Table'!$H$8:$H$50,MATCH($C226+$D226-1,'Rates Table'!$C$8:$C$50,0))))","v":3.7841999999999993E-6},{"$f":"-PMT(discountRate,$D226,NPV(discountRate,INDEX('Rates Table'!$I$8:$I$50,MATCH($C226,'Rates Table'!$C$8:$C$50,0)):INDEX('Rates Table'!$I$8:$I$50,MATCH($C226+$D226-1,'Rates Table'!$C$8:$C$50,0))))","v":0.34743191039999988},{"$f":"-PMT(discountRate,$D226,NPV(discountRate,INDEX('Rates Table'!$J$8:$J$50,MATCH($C226,'Rates Table'!$C$8:$C$50,0)):INDEX('Rates Table'!$J$8:$J$50,MATCH($C226+$D226-1,'Rates Table'!$C$8:$C$50,0))))","v":0.41068298555999988}]
[null,"2022_12",2022,12,{"$f":"-PMT(discountRate,$D227,NPV(discountRate,INDEX('Rates Table'!$F$8:$F$50,MATCH($C227,'Rates Table'!$C$8:$C$50,0)):INDEX('Rates Table'!$F$8:$F$50,MATCH($C227+$D227-1,'Rates Table'!$C$8:$C$50,0))))","v":0.12538835521970521},{"$f":"-PMT(discountRate,$D227,NPV(discountRate,INDEX('Rates Table'!$G$8:$G$50,MATCH($C227,'Rates Table'!$C$8:$C$50,0)):INDEX('Rates Table'!$G$8:$G$50,MATCH($C227+$D227-1,'Rates Table'!$C$8:$C$50,0))))","v":0.17248811334031711},{"$f":"-PMT(discountRate,$D227,NPV(discountRate,INDEX('Rates Table'!$H$8:$H$50,MATCH($C227,'Rates Table'!$C$8:$C$50,0)):INDEX('Rates Table'!$H$8:$H$50,MATCH($C227+$D227-1,'Rates Table'!$C$8:$C$50,0))))","v":3.7841999999999997E-6},{"$f":"-PMT(discountRate,$D227,NPV(discountRate,INDEX('Rates Table'!$I$8:$I$50,MATCH($C227,'Rates Table'!$C$8:$C$50,0)):INDEX('Rates Table'!$I$8:$I$50,MATCH($C227+$D227-1,'Rates Table'!$C$8:$C$50,0))))","v":0.34743191039999993},{"$f":"-PMT(discountRate,$D227,NPV(discountRate,INDEX('Rates Table'!$J$8:$J$50,MATCH($C227,'Rates Table'!$C$8:$C$50,0)):INDEX('Rates Table'!$J$8:$J$50,MATCH($C227+$D227-1,'Rates Table'!$C$8:$C$50,0))))","v":0.41068298555999994}]
[null,"2022_13",2022,13,{"$f":"-PMT(discountRate,$D228,NPV(discountRate,INDEX('Rates Table'!$F$8:$F$50,MATCH($C228,'Rates Table'!$C$8:$C$50,0)):INDEX('Rates Table'!$F$8:$F$50,MATCH($C228+$D228-1,'Rates Table'!$C$8:$C$50,0))))","v":0.12543643171684135},{"$f":"-PMT(discountRate,$D228,NPV(discountRate,INDEX('Rates Table'!$G$8:$G$50,MATCH($C228,'Rates Table'!$C$8:$C$50,0)):INDEX('Rates Table'!$G$8:$G$50,MATCH($C228+$D228-1,'Rates Table'!$C$8:$C$50,0))))","v":0.17248811334031708},{"$f":"-PMT(discountRate,$D228,NPV(discountRate,INDEX('Rates Table'!$H$8:$H$50,MATCH($C228,'Rates Table'!$C$8:$C$50,0)):INDEX('Rates Table'!$H$8:$H$50,MATCH($C228+$D228-1,'Rates Table'!$C$8:$C$50,0))))","v":3.7841999999999993E-6},{"$f":"-PMT(discountRate,$D228,NPV(discountRate,INDEX('Rates Table'!$I$8:$I$50,MATCH($C228,'Rates Table'!$C$8:$C$50,0)):INDEX('Rates Table'!$I$8:$I$50,MATCH($C228+$D228-1,'Rates Table'!$C$8:$C$50,0))))","v":0.34743191039999988},{"$f":"-PMT(discountRate,$D228,NPV(discountRate,INDEX('Rates Table'!$J$8:$J$50,MATCH($C228,'Rates Table'!$C$8:$C$50,0)):INDEX('Rates Table'!$J$8:$J$50,MATCH($C228+$D228-1,'Rates Table'!$C$8:$C$50,0))))","v":0.41068298555999988}]
[null,"2022_14",2022,14,{"$f":"-PMT(discountRate,$D229,NPV(discountRate,INDEX('Rates Table'!$F$8:$F$50,MATCH($C229,'Rates Table'!$C$8:$C$50,0)):INDEX('Rates Table'!$F$8:$F$50,MATCH($C229+$D229-1,'Rates Table'!$C$8:$C$50,0))))","v":0.12547750362066246},{"$f":"-PMT(discountRate,$D229,NPV(discountRate,INDEX('Rates Table'!$G$8:$G$50,MATCH($C229,'Rates Table'!$C$8:$C$50,0)):INDEX('Rates Table'!$G$8:$G$50,MATCH($C229+$D229-1,'Rates Table'!$C$8:$C$50,0))))","v":0.17248811334031711},{"$f":"-PMT(discountRate,$D229,NPV(discountRate,INDEX('Rates Table'!$H$8:$H$50,MATCH($C229,'Rates Table'!$C$8:$C$50,0)):INDEX('Rates Table'!$H$8:$H$50,MATCH($C229+$D229-1,'Rates Table'!$C$8:$C$50,0))))","v":3.7842000000000005E-6},{"$f":"-PMT(discountRate,$D229,NPV(discountRate,INDEX('Rates Table'!$I$8:$I$50,MATCH($C229,'Rates Table'!$C$8:$C$50,0)):INDEX('Rates Table'!$I$8:$I$50,MATCH($C229+$D229-1,'Rates Table'!$C$8:$C$50,0))))","v":0.34743191039999993},{"$f":"-PMT(discountRate,$D229,NPV(discountRate,INDEX('Rates Table'!$J$8:$J$50,MATCH($C229,'Rates Table'!$C$8:$C$50,0)):INDEX('Rates Table'!$J$8:$J$50,MATCH($C229+$D229-1,'Rates Table'!$C$8:$C$50,0))))","v":0.41068298555999994}]
[null,"2022_15",2022,15,{"$f":"-PMT(discountRate,$D230,NPV(discountRate,INDEX('Rates Table'!$F$8:$F$50,MATCH($C230,'Rates Table'!$C$8:$C$50,0)):INDEX('Rates Table'!$F$8:$F$50,MATCH($C230+$D230-1,'Rates Table'!$C$8:$C$50,0))))","v":0.12551297237512007},{"$f":"-PMT(discountRate,$D230,NPV(discountRate,INDEX('Rates Table'!$G$8:$G$50,MATCH($C230,'Rates Table'!$C$8:$C$50,0)):INDEX('Rates Table'!$G$8:$G$50,MATCH($C230+$D230-1,'Rates Table'!$C$8:$C$50,0))))","v":0.17248811334031708},{"$f":"-PMT(discountRate,$D230,NPV(discountRate,INDEX('Rates Table'!$H$8:$H$50,MATCH($C230,'Rates Table'!$C$8:$C$50,0)):INDEX('Rates Table'!$H$8:$H$50,MATCH($C230+$D230-1,'Rates Table'!$C$8:$C$50,0))))","v":3.7841999999999993E-6},{"$f":"-PMT(discountRate,$D230,NPV(discountRate,INDEX('Rates Table'!$I$8:$I$50,MATCH($C230,'Rates Table'!$C$8:$C$50,0)):INDEX('Rates Table'!$I$8:$I$50,MATCH($C230+$D230-1,'Rates Table'!$C$8:$C$50,0))))","v":0.34743191039999988},{"$f":"-PMT(discountRate,$D230,NPV(discountRate,INDEX('Rates Table'!$J$8:$J$50,MATCH($C230,'Rates Table'!$C$8:$C$50,0)):INDEX('Rates Table'!$J$8:$J$50,MATCH($C230+$D230-1,'Rates Table'!$C$8:$C$50,0))))","v":0.41068298555999982}]
[null,"2022_16",2022,16,{"$f":"-PMT(discountRate,$D231,NPV(discountRate,INDEX('Rates Table'!$F$8:$F$50,MATCH($C231,'Rates Table'!$C$8:$C$50,0)):INDEX('Rates Table'!$F$8:$F$50,MATCH($C231+$D231-1,'Rates Table'!$C$8:$C$50,0))))","v":0.12554388909696843},{"$f":"-PMT(discountRate,$D231,NPV(discountRate,INDEX('Rates Table'!$G$8:$G$50,MATCH($C231,'Rates Table'!$C$8:$C$50,0)):INDEX('Rates Table'!$G$8:$G$50,MATCH($C231+$D231-1,'Rates Table'!$C$8:$C$50,0))))","v":0.17248811334031711},{"$f":"-PMT(discountRate,$D231,NPV(discountRate,INDEX('Rates Table'!$H$8:$H$50,MATCH($C231,'Rates Table'!$C$8:$C$50,0)):INDEX('Rates Table'!$H$8:$H$50,MATCH($C231+$D231-1,'Rates Table'!$C$8:$C$50,0))))","v":3.7841999999999993E-6},{"$f":"-PMT(discountRate,$D231,NPV(discountRate,INDEX('Rates Table'!$I$8:$I$50,MATCH($C231,'Rates Table'!$C$8:$C$50,0)):INDEX('Rates Table'!$I$8:$I$50,MATCH($C231+$D231-1,'Rates Table'!$C$8:$C$50,0))))","v":0.34743191039999988},{"$f":"-PMT(discountRate,$D231,NPV(discountRate,INDEX('Rates Table'!$J$8:$J$50,MATCH($C231,'Rates Table'!$C$8:$C$50,0)):INDEX('Rates Table'!$J$8:$J$50,MATCH($C231+$D231-1,'Rates Table'!$C$8:$C$50,0))))","v":0.41068298555999988}]
[null,"2022_17",2022,17,{"$f":"-PMT(discountRate,$D232,NPV(discountRate,INDEX('Rates Table'!$F$8:$F$50,MATCH($C232,'Rates Table'!$C$8:$C$50,0)):INDEX('Rates Table'!$F$8:$F$50,MATCH($C232+$D232-1,'Rates Table'!$C$8:$C$50,0))))","v":0.125571057612651},{"$f":"-PMT(discountRate,$D232,NPV(discountRate,INDEX('Rates Table'!$G$8:$G$50,MATCH($C232,'Rates Table'!$C$8:$C$50,0)):INDEX('Rates Table'!$G$8:$G$50,MATCH($C232+$D232-1,'Rates Table'!$C$8:$C$50,0))))","v":0.17248811334031711},{"$f":"-PMT(discountRate,$D232,NPV(discountRate,INDEX('Rates Table'!$H$8:$H$50,MATCH($C232,'Rates Table'!$C$8:$C$50,0)):INDEX('Rates Table'!$H$8:$H$50,MATCH($C232+$D232-1,'Rates Table'!$C$8:$C$50,0))))","v":3.7841999999999997E-6},{"$f":"-PMT(discountRate,$D232,NPV(discountRate,INDEX('Rates Table'!$I$8:$I$50,MATCH($C232,'Rates Table'!$C$8:$C$50,0)):INDEX('Rates Table'!$I$8:$I$50,MATCH($C232+$D232-1,'Rates Table'!$C$8:$C$50,0))))","v":0.34743191039999993},{"$f":"-PMT(discountRate,$D232,NPV(discountRate,INDEX('Rates Table'!$J$8:$J$50,MATCH($C232,'Rates Table'!$C$8:$C$50,0)):INDEX('Rates Table'!$J$8:$J$50,MATCH($C232+$D232-1,'Rates Table'!$C$8:$C$50,0))))","v":0.41068298555999988}]
[null,"2022_18",2022,18,{"$f":"-PMT(discountRate,$D233,NPV(discountRate,INDEX('Rates Table'!$F$8:$F$50,MATCH($C233,'Rates Table'!$C$8:$C$50,0)):INDEX('Rates Table'!$F$8:$F$50,MATCH($C233+$D233-1,'Rates Table'!$C$8:$C$50,0))))","v":0.12559510314953007},{"$f":"-PMT(discountRate,$D233,NPV(discountRate,INDEX('Rates Table'!$G$8:$G$50,MATCH($C233,'Rates Table'!$C$8:$C$50,0)):INDEX('Rates Table'!$G$8:$G$50,MATCH($C233+$D233-1,'Rates Table'!$C$8:$C$50,0))))","v":0.17248811334031708},{"$f":"-PMT(discountRate,$D233,NPV(discountRate,INDEX('Rates Table'!$H$8:$H$50,MATCH($C233,'Rates Table'!$C$8:$C$50,0)):INDEX('Rates Table'!$H$8:$H$50,MATCH($C233+$D233-1,'Rates Table'!$C$8:$C$50,0))))","v":3.7841999999999993E-6},{"$f":"-PMT(discountRate,$D233,NPV(discountRate,INDEX('Rates Table'!$I$8:$I$50,MATCH($C233,'Rates Table'!$C$8:$C$50,0)):INDEX('Rates Table'!$I$8:$I$50,MATCH($C233+$D233-1,'Rates Table'!$C$8:$C$50,0))))","v":0.34743191039999988},{"$f":"-PMT(discountRate,$D233,NPV(discountRate,INDEX('Rates Table'!$J$8:$J$50,MATCH($C233,'Rates Table'!$C$8:$C$50,0)):INDEX('Rates Table'!$J$8:$J$50,MATCH($C233+$D233-1,'Rates Table'!$C$8:$C$50,0))))","v":0.41068298555999982}]
[null,"2022_19",2022,19,{"$f":"-PMT(discountRate,$D234,NPV(discountRate,INDEX('Rates Table'!$F$8:$F$50,MATCH($C234,'Rates Table'!$C$8:$C$50,0)):INDEX('Rates Table'!$F$8:$F$50,MATCH($C234+$D234-1,'Rates Table'!$C$8:$C$50,0))))","v":0.12561651933512308},{"$f":"-PMT(discountRate,$D234,NPV(discountRate,INDEX('Rates Table'!$G$8:$G$50,MATCH($C234,'Rates Table'!$C$8:$C$50,0)):INDEX('Rates Table'!$G$8:$G$50,MATCH($C234+$D234-1,'Rates Table'!$C$8:$C$50,0))))","v":0.17248811334031708},{"$f":"-PMT(discountRate,$D234,NPV(discountRate,INDEX('Rates Table'!$H$8:$H$50,MATCH($C234,'Rates Table'!$C$8:$C$50,0)):INDEX('Rates Table'!$H$8:$H$50,MATCH($C234+$D234-1,'Rates Table'!$C$8:$C$50,0))))","v":3.7841999999999993E-6},{"$f":"-PMT(discountRate,$D234,NPV(discountRate,INDEX('Rates Table'!$I$8:$I$50,MATCH($C234,'Rates Table'!$C$8:$C$50,0)):INDEX('Rates Table'!$I$8:$I$50,MATCH($C234+$D234-1,'Rates Table'!$C$8:$C$50,0))))","v":0.34743191039999993},{"$f":"-PMT(discountRate,$D234,NPV(discountRate,INDEX('Rates Table'!$J$8:$J$50,MATCH($C234,'Rates Table'!$C$8:$C$50,0)):INDEX('Rates Table'!$J$8:$J$50,MATCH($C234+$D234-1,'Rates Table'!$C$8:$C$50,0))))","v":0.41068298555999982}]
[null,"2022_20",2022,20,{"$f":"-PMT(discountRate,$D235,NPV(discountRate,INDEX('Rates Table'!$F$8:$F$50,MATCH($C235,'Rates Table'!$C$8:$C$50,0)):INDEX('Rates Table'!$F$8:$F$50,MATCH($C235+$D235-1,'Rates Table'!$C$8:$C$50,0))))","v":0.12563570109654421},{"$f":"-PMT(discountRate,$D235,NPV(discountRate,INDEX('Rates Table'!$G$8:$G$50,MATCH($C235,'Rates Table'!$C$8:$C$50,0)):INDEX('Rates Table'!$G$8:$G$50,MATCH($C235+$D235-1,'Rates Table'!$C$8:$C$50,0))))","v":0.17248811334031708},{"$f":"-PMT(discountRate,$D235,NPV(discountRate,INDEX('Rates Table'!$H$8:$H$50,MATCH($C235,'Rates Table'!$C$8:$C$50,0)):INDEX('Rates Table'!$H$8:$H$50,MATCH($C235+$D235-1,'Rates Table'!$C$8:$C$50,0))))","v":3.7841999999999993E-6},{"$f":"-PMT(discountRate,$D235,NPV(discountRate,INDEX('Rates Table'!$I$8:$I$50,MATCH($C235,'Rates Table'!$C$8:$C$50,0)):INDEX('Rates Table'!$I$8:$I$50,MATCH($C235+$D235-1,'Rates Table'!$C$8:$C$50,0))))","v":0.34743191039999993},{"$f":"-PMT(discountRate,$D235,NPV(discountRate,INDEX('Rates Table'!$J$8:$J$50,MATCH($C235,'Rates Table'!$C$8:$C$50,0)):INDEX('Rates Table'!$J$8:$J$50,MATCH($C235+$D235-1,'Rates Table'!$C$8:$C$50,0))))","v":0.41068298555999988}]
[null,"2022_21",2022,21,{"$f":"-PMT(discountRate,$D236,NPV(discountRate,INDEX('Rates Table'!$F$8:$F$50,MATCH($C236,'Rates Table'!$C$8:$C$50,0)):INDEX('Rates Table'!$F$8:$F$50,MATCH($C236+$D236-1,'Rates Table'!$C$8:$C$50,0))))","v":0.12565296816008412},{"$f":"-PMT(discountRate,$D236,NPV(discountRate,INDEX('Rates Table'!$G$8:$G$50,MATCH($C236,'Rates Table'!$C$8:$C$50,0)):INDEX('Rates Table'!$G$8:$G$50,MATCH($C236+$D236-1,'Rates Table'!$C$8:$C$50,0))))","v":0.17248811334031705},{"$f":"-PMT(discountRate,$D236,NPV(discountRate,INDEX('Rates Table'!$H$8:$H$50,MATCH($C236,'Rates Table'!$C$8:$C$50,0)):INDEX('Rates Table'!$H$8:$H$50,MATCH($C236+$D236-1,'Rates Table'!$C$8:$C$50,0))))","v":3.7841999999999993E-6},{"$f":"-PMT(discountRate,$D236,NPV(discountRate,INDEX('Rates Table'!$I$8:$I$50,MATCH($C236,'Rates Table'!$C$8:$C$50,0)):INDEX('Rates Table'!$I$8:$I$50,MATCH($C236+$D236-1,'Rates Table'!$C$8:$C$50,0))))","v":0.34743191039999993},{"$f":"-PMT(discountRate,$D236,NPV(discountRate,INDEX('Rates Table'!$J$8:$J$50,MATCH($C236,'Rates Table'!$C$8:$C$50,0)):INDEX('Rates Table'!$J$8:$J$50,MATCH($C236+$D236-1,'Rates Table'!$C$8:$C$50,0))))","v":0.41068298555999982}]
[null,"2022_22",2022,22,{"$f":"-PMT(discountRate,$D237,NPV(discountRate,INDEX('Rates Table'!$F$8:$F$50,MATCH($C237,'Rates Table'!$C$8:$C$50,0)):INDEX('Rates Table'!$F$8:$F$50,MATCH($C237+$D237-1,'Rates Table'!$C$8:$C$50,0))))","v":0.12566858214179386},{"$f":"-PMT(discountRate,$D237,NPV(discountRate,INDEX('Rates Table'!$G$8:$G$50,MATCH($C237,'Rates Table'!$C$8:$C$50,0)):INDEX('Rates Table'!$G$8:$G$50,MATCH($C237+$D237-1,'Rates Table'!$C$8:$C$50,0))))","v":0.17248811334031708},{"$f":"-PMT(discountRate,$D237,NPV(discountRate,INDEX('Rates Table'!$H$8:$H$50,MATCH($C237,'Rates Table'!$C$8:$C$50,0)):INDEX('Rates Table'!$H$8:$H$50,MATCH($C237+$D237-1,'Rates Table'!$C$8:$C$50,0))))","v":3.7841999999999997E-6},{"$f":"-PMT(discountRate,$D237,NPV(discountRate,INDEX('Rates Table'!$I$8:$I$50,MATCH($C237,'Rates Table'!$C$8:$C$50,0)):INDEX('Rates Table'!$I$8:$I$50,MATCH($C237+$D237-1,'Rates Table'!$C$8:$C$50,0))))","v":0.34743191039999993},{"$f":"-PMT(discountRate,$D237,NPV(discountRate,INDEX('Rates Table'!$J$8:$J$50,MATCH($C237,'Rates Table'!$C$8:$C$50,0)):INDEX('Rates Table'!$J$8:$J$50,MATCH($C237+$D237-1,'Rates Table'!$C$8:$C$50,0))))","v":0.41068298555999982}]
[null,"2022_23",2022,23,{"$f":"-PMT(discountRate,$D238,NPV(discountRate,INDEX('Rates Table'!$F$8:$F$50,MATCH($C238,'Rates Table'!$C$8:$C$50,0)):INDEX('Rates Table'!$F$8:$F$50,MATCH($C238+$D238-1,'Rates Table'!$C$8:$C$50,0))))","v":0.12568275917963775},{"$f":"-PMT(discountRate,$D238,NPV(discountRate,INDEX('Rates Table'!$G$8:$G$50,MATCH($C238,'Rates Table'!$C$8:$C$50,0)):INDEX('Rates Table'!$G$8:$G$50,MATCH($C238+$D238-1,'Rates Table'!$C$8:$C$50,0))))","v":0.17248811334031708},{"$f":"-PMT(discountRate,$D238,NPV(discountRate,INDEX('Rates Table'!$H$8:$H$50,MATCH($C238,'Rates Table'!$C$8:$C$50,0)):INDEX('Rates Table'!$H$8:$H$50,MATCH($C238+$D238-1,'Rates Table'!$C$8:$C$50,0))))","v":3.7841999999999993E-6},{"$f":"-PMT(discountRate,$D238,NPV(discountRate,INDEX('Rates Table'!$I$8:$I$50,MATCH($C238,'Rates Table'!$C$8:$C$50,0)):INDEX('Rates Table'!$I$8:$I$50,MATCH($C238+$D238-1,'Rates Table'!$C$8:$C$50,0))))","v":0.34743191039999988},{"$f":"-PMT(discountRate,$D238,NPV(discountRate,INDEX('Rates Table'!$J$8:$J$50,MATCH($C238,'Rates Table'!$C$8:$C$50,0)):INDEX('Rates Table'!$J$8:$J$50,MATCH($C238+$D238-1,'Rates Table'!$C$8:$C$50,0))))","v":0.41068298555999982}]
[null,"2022_24",2022,24,{"$f":"-PMT(discountRate,$D239,NPV(discountRate,INDEX('Rates Table'!$F$8:$F$50,MATCH($C239,'Rates Table'!$C$8:$C$50,0)):INDEX('Rates Table'!$F$8:$F$50,MATCH($C239+$D239-1,'Rates Table'!$C$8:$C$50,0))))","v":0.12569567940759202},{"$f":"-PMT(discountRate,$D239,NPV(discountRate,INDEX('Rates Table'!$G$8:$G$50,MATCH($C239,'Rates Table'!$C$8:$C$50,0)):INDEX('Rates Table'!$G$8:$G$50,MATCH($C239+$D239-1,'Rates Table'!$C$8:$C$50,0))))","v":0.17248811334031711},{"$f":"-PMT(discountRate,$D239,NPV(discountRate,INDEX('Rates Table'!$H$8:$H$50,MATCH($C239,'Rates Table'!$C$8:$C$50,0)):INDEX('Rates Table'!$H$8:$H$50,MATCH($C239+$D239-1,'Rates Table'!$C$8:$C$50,0))))","v":3.7841999999999997E-6},{"$f":"-PMT(discountRate,$D239,NPV(discountRate,INDEX('Rates Table'!$I$8:$I$50,MATCH($C239,'Rates Table'!$C$8:$C$50,0)):INDEX('Rates Table'!$I$8:$I$50,MATCH($C239+$D239-1,'Rates Table'!$C$8:$C$50,0))))","v":0.34743191039999993},{"$f":"-PMT(discountRate,$D239,NPV(discountRate,INDEX('Rates Table'!$J$8:$J$50,MATCH($C239,'Rates Table'!$C$8:$C$50,0)):INDEX('Rates Table'!$J$8:$J$50,MATCH($C239+$D239-1,'Rates Table'!$C$8:$C$50,0))))","v":0.41068298555999982}]
[null,"2022_25",2022,25,{"$f":"-PMT(discountRate,$D240,NPV(discountRate,INDEX('Rates Table'!$F$8:$F$50,MATCH($C240,'Rates Table'!$C$8:$C$50,0)):INDEX('Rates Table'!$F$8:$F$50,MATCH($C240+$D240-1,'Rates Table'!$C$8:$C$50,0))))","v":0.12570749415594518},{"$f":"-PMT(discountRate,$D240,NPV(discountRate,INDEX('Rates Table'!$G$8:$G$50,MATCH($C240,'Rates Table'!$C$8:$C$50,0)):INDEX('Rates Table'!$G$8:$G$50,MATCH($C240+$D240-1,'Rates Table'!$C$8:$C$50,0))))","v":0.17248811334031705},{"$f":"-PMT(discountRate,$D240,NPV(discountRate,INDEX('Rates Table'!$H$8:$H$50,MATCH($C240,'Rates Table'!$C$8:$C$50,0)):INDEX('Rates Table'!$H$8:$H$50,MATCH($C240+$D240-1,'Rates Table'!$C$8:$C$50,0))))","v":3.7841999999999989E-6},{"$f":"-PMT(discountRate,$D240,NPV(discountRate,INDEX('Rates Table'!$I$8:$I$50,MATCH($C240,'Rates Table'!$C$8:$C$50,0)):INDEX('Rates Table'!$I$8:$I$50,MATCH($C240+$D240-1,'Rates Table'!$C$8:$C$50,0))))","v":0.34743191039999977},{"$f":"-PMT(discountRate,$D240,NPV(discountRate,INDEX('Rates Table'!$J$8:$J$50,MATCH($C240,'Rates Table'!$C$8:$C$50,0)):INDEX('Rates Table'!$J$8:$J$50,MATCH($C240+$D240-1,'Rates Table'!$C$8:$C$50,0))))","v":0.41068298555999966}]
[null,"2022_26",2022,26,{"$f":"-PMT(discountRate,$D241,NPV(discountRate,INDEX('Rates Table'!$F$8:$F$50,MATCH($C241,'Rates Table'!$C$8:$C$50,0)):INDEX('Rates Table'!$F$8:$F$50,MATCH($C241+$D241-1,'Rates Table'!$C$8:$C$50,0))))","v":0.12571833148997777},{"$f":"-PMT(discountRate,$D241,NPV(discountRate,INDEX('Rates Table'!$G$8:$G$50,MATCH($C241,'Rates Table'!$C$8:$C$50,0)):INDEX('Rates Table'!$G$8:$G$50,MATCH($C241+$D241-1,'Rates Table'!$C$8:$C$50,0))))","v":0.17248811334031708},{"$f":"-PMT(discountRate,$D241,NPV(discountRate,INDEX('Rates Table'!$H$8:$H$50,MATCH($C241,'Rates Table'!$C$8:$C$50,0)):INDEX('Rates Table'!$H$8:$H$50,MATCH($C241+$D241-1,'Rates Table'!$C$8:$C$50,0))))","v":3.7841999999999993E-6},{"$f":"-PMT(discountRate,$D241,NPV(discountRate,INDEX('Rates Table'!$I$8:$I$50,MATCH($C241,'Rates Table'!$C$8:$C$50,0)):INDEX('Rates Table'!$I$8:$I$50,MATCH($C241+$D241-1,'Rates Table'!$C$8:$C$50,0))))","v":0.34743191039999988},{"$f":"-PMT(discountRate,$D241,NPV(discountRate,INDEX('Rates Table'!$J$8:$J$50,MATCH($C241,'Rates Table'!$C$8:$C$50,0)):INDEX('Rates Table'!$J$8:$J$50,MATCH($C241+$D241-1,'Rates Table'!$C$8:$C$50,0))))","v":0.41068298555999982}]
[null,"2022_27",2022,27,{"$f":"-PMT(discountRate,$D242,NPV(discountRate,INDEX('Rates Table'!$F$8:$F$50,MATCH($C242,'Rates Table'!$C$8:$C$50,0)):INDEX('Rates Table'!$F$8:$F$50,MATCH($C242+$D242-1,'Rates Table'!$C$8:$C$50,0))))","v":0.12572830051781253},{"$f":"-PMT(discountRate,$D242,NPV(discountRate,INDEX('Rates Table'!$G$8:$G$50,MATCH($C242,'Rates Table'!$C$8:$C$50,0)):INDEX('Rates Table'!$G$8:$G$50,MATCH($C242+$D242-1,'Rates Table'!$C$8:$C$50,0))))","v":0.17248811334031708},{"$f":"-PMT(discountRate,$D242,NPV(discountRate,INDEX('Rates Table'!$H$8:$H$50,MATCH($C242,'Rates Table'!$C$8:$C$50,0)):INDEX('Rates Table'!$H$8:$H$50,MATCH($C242+$D242-1,'Rates Table'!$C$8:$C$50,0))))","v":3.7841999999999993E-6},{"$f":"-PMT(discountRate,$D242,NPV(discountRate,INDEX('Rates Table'!$I$8:$I$50,MATCH($C242,'Rates Table'!$C$8:$C$50,0)):INDEX('Rates Table'!$I$8:$I$50,MATCH($C242+$D242-1,'Rates Table'!$C$8:$C$50,0))))","v":0.34743191039999993},{"$f":"-PMT(discountRate,$D242,NPV(discountRate,INDEX('Rates Table'!$J$8:$J$50,MATCH($C242,'Rates Table'!$C$8:$C$50,0)):INDEX('Rates Table'!$J$8:$J$50,MATCH($C242+$D242-1,'Rates Table'!$C$8:$C$50,0))))","v":0.41068298555999977}]
[null,"2022_28",2022,28,{"$f":"-PMT(discountRate,$D243,NPV(discountRate,INDEX('Rates Table'!$F$8:$F$50,MATCH($C243,'Rates Table'!$C$8:$C$50,0)):INDEX('Rates Table'!$F$8:$F$50,MATCH($C243+$D243-1,'Rates Table'!$C$8:$C$50,0))))","v":0.12573749477514373},{"$f":"-PMT(discountRate,$D243,NPV(discountRate,INDEX('Rates Table'!$G$8:$G$50,MATCH($C243,'Rates Table'!$C$8:$C$50,0)):INDEX('Rates Table'!$G$8:$G$50,MATCH($C243+$D243-1,'Rates Table'!$C$8:$C$50,0))))","v":0.17248811334031708},{"$f":"-PMT(discountRate,$D243,NPV(discountRate,INDEX('Rates Table'!$H$8:$H$50,MATCH($C243,'Rates Table'!$C$8:$C$50,0)):INDEX('Rates Table'!$H$8:$H$50,MATCH($C243+$D243-1,'Rates Table'!$C$8:$C$50,0))))","v":3.7841999999999993E-6},{"$f":"-PMT(discountRate,$D243,NPV(discountRate,INDEX('Rates Table'!$I$8:$I$50,MATCH($C243,'Rates Table'!$C$8:$C$50,0)):INDEX('Rates Table'!$I$8:$I$50,MATCH($C243+$D243-1,'Rates Table'!$C$8:$C$50,0))))","v":0.34743191039999988},{"$f":"-PMT(discountRate,$D243,NPV(discountRate,INDEX('Rates Table'!$J$8:$J$50,MATCH($C243,'Rates Table'!$C$8:$C$50,0)):INDEX('Rates Table'!$J$8:$J$50,MATCH($C243+$D243-1,'Rates Table'!$C$8:$C$50,0))))","v":0.41068298555999977}]
[null,"2023_1",2023,1,{"$f":"-PMT(discountRate,$D244,NPV(discountRate,INDEX('Rates Table'!$F$8:$F$50,MATCH($C244,'Rates Table'!$C$8:$C$50,0)):INDEX('Rates Table'!$F$8:$F$50,MATCH($C244+$D244-1,'Rates Table'!$C$8:$C$50,0))))","v":0.12393812932241964},{"$f":"-PMT(discountRate,$D244,NPV(discountRate,INDEX('Rates Table'!$G$8:$G$50,MATCH($C244,'Rates Table'!$C$8:$C$50,0)):INDEX('Rates Table'!$G$8:$G$50,MATCH($C244+$D244-1,'Rates Table'!$C$8:$C$50,0))))","v":0.17248811334031713},{"$f":"-PMT(discountRate,$D244,NPV(discountRate,INDEX('Rates Table'!$H$8:$H$50,MATCH($C244,'Rates Table'!$C$8:$C$50,0)):INDEX('Rates Table'!$H$8:$H$50,MATCH($C244+$D244-1,'Rates Table'!$C$8:$C$50,0))))","v":3.7841999999999997E-6},{"$f":"-PMT(discountRate,$D244,NPV(discountRate,INDEX('Rates Table'!$I$8:$I$50,MATCH($C244,'Rates Table'!$C$8:$C$50,0)):INDEX('Rates Table'!$I$8:$I$50,MATCH($C244+$D244-1,'Rates Table'!$C$8:$C$50,0))))","v":0.34743191039999999},{"$f":"-PMT(discountRate,$D244,NPV(discountRate,INDEX('Rates Table'!$J$8:$J$50,MATCH($C244,'Rates Table'!$C$8:$C$50,0)):INDEX('Rates Table'!$J$8:$J$50,MATCH($C244+$D244-1,'Rates Table'!$C$8:$C$50,0))))","v":0.41068298555999994}]
[null,"2023_2",2023,2,{"$f":"-PMT(discountRate,$D245,NPV(discountRate,INDEX('Rates Table'!$F$8:$F$50,MATCH($C245,'Rates Table'!$C$8:$C$50,0)):INDEX('Rates Table'!$F$8:$F$50,MATCH($C245+$D245-1,'Rates Table'!$C$8:$C$50,0))))","v":0.12401853731915509},{"$f":"-PMT(discountRate,$D245,NPV(discountRate,INDEX('Rates Table'!$G$8:$G$50,MATCH($C245,'Rates Table'!$C$8:$C$50,0)):INDEX('Rates Table'!$G$8:$G$50,MATCH($C245+$D245-1,'Rates Table'!$C$8:$C$50,0))))","v":0.17248811334031719},{"$f":"-PMT(discountRate,$D245,NPV(discountRate,INDEX('Rates Table'!$H$8:$H$50,MATCH($C245,'Rates Table'!$C$8:$C$50,0)):INDEX('Rates Table'!$H$8:$H$50,MATCH($C245+$D245-1,'Rates Table'!$C$8:$C$50,0))))","v":3.7842000000000005E-6},{"$f":"-PMT(discountRate,$D245,NPV(discountRate,INDEX('Rates Table'!$I$8:$I$50,MATCH($C245,'Rates Table'!$C$8:$C$50,0)):INDEX('Rates Table'!$I$8:$I$50,MATCH($C245+$D245-1,'Rates Table'!$C$8:$C$50,0))))","v":0.34743191039999999},{"$f":"-PMT(discountRate,$D245,NPV(discountRate,INDEX('Rates Table'!$J$8:$J$50,MATCH($C245,'Rates Table'!$C$8:$C$50,0)):INDEX('Rates Table'!$J$8:$J$50,MATCH($C245+$D245-1,'Rates Table'!$C$8:$C$50,0))))","v":0.41068298556000005}]
[null,"2023_3",2023,3,{"$f":"-PMT(discountRate,$D246,NPV(discountRate,INDEX('Rates Table'!$F$8:$F$50,MATCH($C246,'Rates Table'!$C$8:$C$50,0)):INDEX('Rates Table'!$F$8:$F$50,MATCH($C246+$D246-1,'Rates Table'!$C$8:$C$50,0))))","v":0.12402280588455254},{"$f":"-PMT(discountRate,$D246,NPV(discountRate,INDEX('Rates Table'!$G$8:$G$50,MATCH($C246,'Rates Table'!$C$8:$C$50,0)):INDEX('Rates Table'!$G$8:$G$50,MATCH($C246+$D246-1,'Rates Table'!$C$8:$C$50,0))))","v":0.17248811334031713},{"$f":"-PMT(discountRate,$D246,NPV(discountRate,INDEX('Rates Table'!$H$8:$H$50,MATCH($C246,'Rates Table'!$C$8:$C$50,0)):INDEX('Rates Table'!$H$8:$H$50,MATCH($C246+$D246-1,'Rates Table'!$C$8:$C$50,0))))","v":3.7842000000000005E-6},{"$f":"-PMT(discountRate,$D246,NPV(discountRate,INDEX('Rates Table'!$I$8:$I$50,MATCH($C246,'Rates Table'!$C$8:$C$50,0)):INDEX('Rates Table'!$I$8:$I$50,MATCH($C246+$D246-1,'Rates Table'!$C$8:$C$50,0))))","v":0.34743191039999999},{"$f":"-PMT(discountRate,$D246,NPV(discountRate,INDEX('Rates Table'!$J$8:$J$50,MATCH($C246,'Rates Table'!$C$8:$C$50,0)):INDEX('Rates Table'!$J$8:$J$50,MATCH($C246+$D246-1,'Rates Table'!$C$8:$C$50,0))))","v":0.41068298555999994}]
[null,"2023_4",2023,4,{"$f":"-PMT(discountRate,$D247,NPV(discountRate,INDEX('Rates Table'!$F$8:$F$50,MATCH($C247,'Rates Table'!$C$8:$C$50,0)):INDEX('Rates Table'!$F$8:$F$50,MATCH($C247+$D247-1,'Rates Table'!$C$8:$C$50,0))))","v":0.124364312895322},{"$f":"-PMT(discountRate,$D247,NPV(discountRate,INDEX('Rates Table'!$G$8:$G$50,MATCH($C247,'Rates Table'!$C$8:$C$50,0)):INDEX('Rates Table'!$G$8:$G$50,MATCH($C247+$D247-1,'Rates Table'!$C$8:$C$50,0))))","v":0.17248811334031713},{"$f":"-PMT(discountRate,$D247,NPV(discountRate,INDEX('Rates Table'!$H$8:$H$50,MATCH($C247,'Rates Table'!$C$8:$C$50,0)):INDEX('Rates Table'!$H$8:$H$50,MATCH($C247+$D247-1,'Rates Table'!$C$8:$C$50,0))))","v":3.7842000000000005E-6},{"$f":"-PMT(discountRate,$D247,NPV(discountRate,INDEX('Rates Table'!$I$8:$I$50,MATCH($C247,'Rates Table'!$C$8:$C$50,0)):INDEX('Rates Table'!$I$8:$I$50,MATCH($C247+$D247-1,'Rates Table'!$C$8:$C$50,0))))","v":0.34743191039999999},{"$f":"-PMT(discountRate,$D247,NPV(discountRate,INDEX('Rates Table'!$J$8:$J$50,MATCH($C247,'Rates Table'!$C$8:$C$50,0)):INDEX('Rates Table'!$J$8:$J$50,MATCH($C247+$D247-1,'Rates Table'!$C$8:$C$50,0))))","v":0.41068298556000005}]
[null,"2023_5",2023,5,{"$f":"-PMT(discountRate,$D248,NPV(discountRate,INDEX('Rates Table'!$F$8:$F$50,MATCH($C248,'Rates Table'!$C$8:$C$50,0)):INDEX('Rates Table'!$F$8:$F$50,MATCH($C248+$D248-1,'Rates Table'!$C$8:$C$50,0))))","v":0.12470096242430094},{"$f":"-PMT(discountRate,$D248,NPV(discountRate,INDEX('Rates Table'!$G$8:$G$50,MATCH($C248,'Rates Table'!$C$8:$C$50,0)):INDEX('Rates Table'!$G$8:$G$50,MATCH($C248+$D248-1,'Rates Table'!$C$8:$C$50,0))))","v":0.17248811334031713},{"$f":"-PMT(discountRate,$D248,NPV(discountRate,INDEX('Rates Table'!$H$8:$H$50,MATCH($C248,'Rates Table'!$C$8:$C$50,0)):INDEX('Rates Table'!$H$8:$H$50,MATCH($C248+$D248-1,'Rates Table'!$C$8:$C$50,0))))","v":3.7842000000000005E-6},{"$f":"-PMT(discountRate,$D248,NPV(discountRate,INDEX('Rates Table'!$I$8:$I$50,MATCH($C248,'Rates Table'!$C$8:$C$50,0)):INDEX('Rates Table'!$I$8:$I$50,MATCH($C248+$D248-1,'Rates Table'!$C$8:$C$50,0))))","v":0.34743191039999999},{"$f":"-PMT(discountRate,$D248,NPV(discountRate,INDEX('Rates Table'!$J$8:$J$50,MATCH($C248,'Rates Table'!$C$8:$C$50,0)):INDEX('Rates Table'!$J$8:$J$50,MATCH($C248+$D248-1,'Rates Table'!$C$8:$C$50,0))))","v":0.41068298556000005}]
[null,"2023_6",2023,6,{"$f":"-PMT(discountRate,$D249,NPV(discountRate,INDEX('Rates Table'!$F$8:$F$50,MATCH($C249,'Rates Table'!$C$8:$C$50,0)):INDEX('Rates Table'!$F$8:$F$50,MATCH($C249+$D249-1,'Rates Table'!$C$8:$C$50,0))))","v":0.12492510812151798},{"$f":"-PMT(discountRate,$D249,NPV(discountRate,INDEX('Rates Table'!$G$8:$G$50,MATCH($C249,'Rates Table'!$C$8:$C$50,0)):INDEX('Rates Table'!$G$8:$G$50,MATCH($C249+$D249-1,'Rates Table'!$C$8:$C$50,0))))","v":0.17248811334031713},{"$f":"-PMT(discountRate,$D249,NPV(discountRate,INDEX('Rates Table'!$H$8:$H$50,MATCH($C249,'Rates Table'!$C$8:$C$50,0)):INDEX('Rates Table'!$H$8:$H$50,MATCH($C249+$D249-1,'Rates Table'!$C$8:$C$50,0))))","v":3.7842000000000005E-6},{"$f":"-PMT(discountRate,$D249,NPV(discountRate,INDEX('Rates Table'!$I$8:$I$50,MATCH($C249,'Rates Table'!$C$8:$C$50,0)):INDEX('Rates Table'!$I$8:$I$50,MATCH($C249+$D249-1,'Rates Table'!$C$8:$C$50,0))))","v":0.34743191039999999},{"$f":"-PMT(discountRate,$D249,NPV(discountRate,INDEX('Rates Table'!$J$8:$J$50,MATCH($C249,'Rates Table'!$C$8:$C$50,0)):INDEX('Rates Table'!$J$8:$J$50,MATCH($C249+$D249-1,'Rates Table'!$C$8:$C$50,0))))","v":0.4106829855600001}]
[null,"2023_7",2023,7,{"$f":"-PMT(discountRate,$D250,NPV(discountRate,INDEX('Rates Table'!$F$8:$F$50,MATCH($C250,'Rates Table'!$C$8:$C$50,0)):INDEX('Rates Table'!$F$8:$F$50,MATCH($C250+$D250-1,'Rates Table'!$C$8:$C$50,0))))","v":0.12508496633084148},{"$f":"-PMT(discountRate,$D250,NPV(discountRate,INDEX('Rates Table'!$G$8:$G$50,MATCH($C250,'Rates Table'!$C$8:$C$50,0)):INDEX('Rates Table'!$G$8:$G$50,MATCH($C250+$D250-1,'Rates Table'!$C$8:$C$50,0))))","v":0.17248811334031713},{"$f":"-PMT(discountRate,$D250,NPV(discountRate,INDEX('Rates Table'!$H$8:$H$50,MATCH($C250,'Rates Table'!$C$8:$C$50,0)):INDEX('Rates Table'!$H$8:$H$50,MATCH($C250+$D250-1,'Rates Table'!$C$8:$C$50,0))))","v":3.7841999999999997E-6},{"$f":"-PMT(discountRate,$D250,NPV(discountRate,INDEX('Rates Table'!$I$8:$I$50,MATCH($C250,'Rates Table'!$C$8:$C$50,0)):INDEX('Rates Table'!$I$8:$I$50,MATCH($C250+$D250-1,'Rates Table'!$C$8:$C$50,0))))","v":0.34743191039999999},{"$f":"-PMT(discountRate,$D250,NPV(discountRate,INDEX('Rates Table'!$J$8:$J$50,MATCH($C250,'Rates Table'!$C$8:$C$50,0)):INDEX('Rates Table'!$J$8:$J$50,MATCH($C250+$D250-1,'Rates Table'!$C$8:$C$50,0))))","v":0.41068298556000005}]
[null,"2023_8",2023,8,{"$f":"-PMT(discountRate,$D251,NPV(discountRate,INDEX('Rates Table'!$F$8:$F$50,MATCH($C251,'Rates Table'!$C$8:$C$50,0)):INDEX('Rates Table'!$F$8:$F$50,MATCH($C251+$D251-1,'Rates Table'!$C$8:$C$50,0))))","v":0.12520464528943989},{"$f":"-PMT(discountRate,$D251,NPV(discountRate,INDEX('Rates Table'!$G$8:$G$50,MATCH($C251,'Rates Table'!$C$8:$C$50,0)):INDEX('Rates Table'!$G$8:$G$50,MATCH($C251+$D251-1,'Rates Table'!$C$8:$C$50,0))))","v":0.17248811334031713},{"$f":"-PMT(discountRate,$D251,NPV(discountRate,INDEX('Rates Table'!$H$8:$H$50,MATCH($C251,'Rates Table'!$C$8:$C$50,0)):INDEX('Rates Table'!$H$8:$H$50,MATCH($C251+$D251-1,'Rates Table'!$C$8:$C$50,0))))","v":3.7841999999999997E-6},{"$f":"-PMT(discountRate,$D251,NPV(discountRate,INDEX('Rates Table'!$I$8:$I$50,MATCH($C251,'Rates Table'!$C$8:$C$50,0)):INDEX('Rates Table'!$I$8:$I$50,MATCH($C251+$D251-1,'Rates Table'!$C$8:$C$50,0))))","v":0.34743191039999993},{"$f":"-PMT(discountRate,$D251,NPV(discountRate,INDEX('Rates Table'!$J$8:$J$50,MATCH($C251,'Rates Table'!$C$8:$C$50,0)):INDEX('Rates Table'!$J$8:$J$50,MATCH($C251+$D251-1,'Rates Table'!$C$8:$C$50,0))))","v":0.41068298555999994}]
[null,"2023_9",2023,9,{"$f":"-PMT(discountRate,$D252,NPV(discountRate,INDEX('Rates Table'!$F$8:$F$50,MATCH($C252,'Rates Table'!$C$8:$C$50,0)):INDEX('Rates Table'!$F$8:$F$50,MATCH($C252+$D252-1,'Rates Table'!$C$8:$C$50,0))))","v":0.12529753851997655},{"$f":"-PMT(discountRate,$D252,NPV(discountRate,INDEX('Rates Table'!$G$8:$G$50,MATCH($C252,'Rates Table'!$C$8:$C$50,0)):INDEX('Rates Table'!$G$8:$G$50,MATCH($C252+$D252-1,'Rates Table'!$C$8:$C$50,0))))","v":0.17248811334031711},{"$f":"-PMT(discountRate,$D252,NPV(discountRate,INDEX('Rates Table'!$H$8:$H$50,MATCH($C252,'Rates Table'!$C$8:$C$50,0)):INDEX('Rates Table'!$H$8:$H$50,MATCH($C252+$D252-1,'Rates Table'!$C$8:$C$50,0))))","v":3.7841999999999997E-6},{"$f":"-PMT(discountRate,$D252,NPV(discountRate,INDEX('Rates Table'!$I$8:$I$50,MATCH($C252,'Rates Table'!$C$8:$C$50,0)):INDEX('Rates Table'!$I$8:$I$50,MATCH($C252+$D252-1,'Rates Table'!$C$8:$C$50,0))))","v":0.34743191039999993},{"$f":"-PMT(discountRate,$D252,NPV(discountRate,INDEX('Rates Table'!$J$8:$J$50,MATCH($C252,'Rates Table'!$C$8:$C$50,0)):INDEX('Rates Table'!$J$8:$J$50,MATCH($C252+$D252-1,'Rates Table'!$C$8:$C$50,0))))","v":0.41068298555999994}]
[null,"2023_10",2023,10,{"$f":"-PMT(discountRate,$D253,NPV(discountRate,INDEX('Rates Table'!$F$8:$F$50,MATCH($C253,'Rates Table'!$C$8:$C$50,0)):INDEX('Rates Table'!$F$8:$F$50,MATCH($C253+$D253-1,'Rates Table'!$C$8:$C$50,0))))","v":0.12537168218743266},{"$f":"-PMT(discountRate,$D253,NPV(discountRate,INDEX('Rates Table'!$G$8:$G$50,MATCH($C253,'Rates Table'!$C$8:$C$50,0)):INDEX('Rates Table'!$G$8:$G$50,MATCH($C253+$D253-1,'Rates Table'!$C$8:$C$50,0))))","v":0.17248811334031713},{"$f":"-PMT(discountRate,$D253,NPV(discountRate,INDEX('Rates Table'!$H$8:$H$50,MATCH($C253,'Rates Table'!$C$8:$C$50,0)):INDEX('Rates Table'!$H$8:$H$50,MATCH($C253+$D253-1,'Rates Table'!$C$8:$C$50,0))))","v":3.7841999999999997E-6},{"$f":"-PMT(discountRate,$D253,NPV(discountRate,INDEX('Rates Table'!$I$8:$I$50,MATCH($C253,'Rates Table'!$C$8:$C$50,0)):INDEX('Rates Table'!$I$8:$I$50,MATCH($C253+$D253-1,'Rates Table'!$C$8:$C$50,0))))","v":0.34743191039999999},{"$f":"-PMT(discountRate,$D253,NPV(discountRate,INDEX('Rates Table'!$J$8:$J$50,MATCH($C253,'Rates Table'!$C$8:$C$50,0)):INDEX('Rates Table'!$J$8:$J$50,MATCH($C253+$D253-1,'Rates Table'!$C$8:$C$50,0))))","v":0.41068298555999994}]
[null,"2023_11",2023,11,{"$f":"-PMT(discountRate,$D254,NPV(discountRate,INDEX('Rates Table'!$F$8:$F$50,MATCH($C254,'Rates Table'!$C$8:$C$50,0)):INDEX('Rates Table'!$F$8:$F$50,MATCH($C254+$D254-1,'Rates Table'!$C$8:$C$50,0))))","v":0.12543219026124977},{"$f":"-PMT(discountRate,$D254,NPV(discountRate,INDEX('Rates Table'!$G$8:$G$50,MATCH($C254,'Rates Table'!$C$8:$C$50,0)):INDEX('Rates Table'!$G$8:$G$50,MATCH($C254+$D254-1,'Rates Table'!$C$8:$C$50,0))))","v":0.17248811334031711},{"$f":"-PMT(discountRate,$D254,NPV(discountRate,INDEX('Rates Table'!$H$8:$H$50,MATCH($C254,'Rates Table'!$C$8:$C$50,0)):INDEX('Rates Table'!$H$8:$H$50,MATCH($C254+$D254-1,'Rates Table'!$C$8:$C$50,0))))","v":3.7841999999999993E-6},{"$f":"-PMT(discountRate,$D254,NPV(discountRate,INDEX('Rates Table'!$I$8:$I$50,MATCH($C254,'Rates Table'!$C$8:$C$50,0)):INDEX('Rates Table'!$I$8:$I$50,MATCH($C254+$D254-1,'Rates Table'!$C$8:$C$50,0))))","v":0.34743191039999988},{"$f":"-PMT(discountRate,$D254,NPV(discountRate,INDEX('Rates Table'!$J$8:$J$50,MATCH($C254,'Rates Table'!$C$8:$C$50,0)):INDEX('Rates Table'!$J$8:$J$50,MATCH($C254+$D254-1,'Rates Table'!$C$8:$C$50,0))))","v":0.41068298555999988}]
[null,"2023_12",2023,12,{"$f":"-PMT(discountRate,$D255,NPV(discountRate,INDEX('Rates Table'!$F$8:$F$50,MATCH($C255,'Rates Table'!$C$8:$C$50,0)):INDEX('Rates Table'!$F$8:$F$50,MATCH($C255+$D255-1,'Rates Table'!$C$8:$C$50,0))))","v":0.12548247209635638},{"$f":"-PMT(discountRate,$D255,NPV(discountRate,INDEX('Rates Table'!$G$8:$G$50,MATCH($C255,'Rates Table'!$C$8:$C$50,0)):INDEX('Rates Table'!$G$8:$G$50,MATCH($C255+$D255-1,'Rates Table'!$C$8:$C$50,0))))","v":0.17248811334031711},{"$f":"-PMT(discountRate,$D255,NPV(discountRate,INDEX('Rates Table'!$H$8:$H$50,MATCH($C255,'Rates Table'!$C$8:$C$50,0)):INDEX('Rates Table'!$H$8:$H$50,MATCH($C255+$D255-1,'Rates Table'!$C$8:$C$50,0))))","v":3.7841999999999997E-6},{"$f":"-PMT(discountRate,$D255,NPV(discountRate,INDEX('Rates Table'!$I$8:$I$50,MATCH($C255,'Rates Table'!$C$8:$C$50,0)):INDEX('Rates Table'!$I$8:$I$50,MATCH($C255+$D255-1,'Rates Table'!$C$8:$C$50,0))))","v":0.34743191039999993},{"$f":"-PMT(discountRate,$D255,NPV(discountRate,INDEX('Rates Table'!$J$8:$J$50,MATCH($C255,'Rates Table'!$C$8:$C$50,0)):INDEX('Rates Table'!$J$8:$J$50,MATCH($C255+$D255-1,'Rates Table'!$C$8:$C$50,0))))","v":0.41068298555999994}]
[null,"2023_13",2023,13,{"$f":"-PMT(discountRate,$D256,NPV(discountRate,INDEX('Rates Table'!$F$8:$F$50,MATCH($C256,'Rates Table'!$C$8:$C$50,0)):INDEX('Rates Table'!$F$8:$F$50,MATCH($C256+$D256-1,'Rates Table'!$C$8:$C$50,0))))","v":0.12552488805368051},{"$f":"-PMT(discountRate,$D256,NPV(discountRate,INDEX('Rates Table'!$G$8:$G$50,MATCH($C256,'Rates Table'!$C$8:$C$50,0)):INDEX('Rates Table'!$G$8:$G$50,MATCH($C256+$D256-1,'Rates Table'!$C$8:$C$50,0))))","v":0.17248811334031708},{"$f":"-PMT(discountRate,$D256,NPV(discountRate,INDEX('Rates Table'!$H$8:$H$50,MATCH($C256,'Rates Table'!$C$8:$C$50,0)):INDEX('Rates Table'!$H$8:$H$50,MATCH($C256+$D256-1,'Rates Table'!$C$8:$C$50,0))))","v":3.7841999999999993E-6},{"$f":"-PMT(discountRate,$D256,NPV(discountRate,INDEX('Rates Table'!$I$8:$I$50,MATCH($C256,'Rates Table'!$C$8:$C$50,0)):INDEX('Rates Table'!$I$8:$I$50,MATCH($C256+$D256-1,'Rates Table'!$C$8:$C$50,0))))","v":0.34743191039999988},{"$f":"-PMT(discountRate,$D256,NPV(discountRate,INDEX('Rates Table'!$J$8:$J$50,MATCH($C256,'Rates Table'!$C$8:$C$50,0)):INDEX('Rates Table'!$J$8:$J$50,MATCH($C256+$D256-1,'Rates Table'!$C$8:$C$50,0))))","v":0.41068298555999988}]
[null,"2023_14",2023,14,{"$f":"-PMT(discountRate,$D257,NPV(discountRate,INDEX('Rates Table'!$F$8:$F$50,MATCH($C257,'Rates Table'!$C$8:$C$50,0)):INDEX('Rates Table'!$F$8:$F$50,MATCH($C257+$D257-1,'Rates Table'!$C$8:$C$50,0))))","v":0.12556112414040629},{"$f":"-PMT(discountRate,$D257,NPV(discountRate,INDEX('Rates Table'!$G$8:$G$50,MATCH($C257,'Rates Table'!$C$8:$C$50,0)):INDEX('Rates Table'!$G$8:$G$50,MATCH($C257+$D257-1,'Rates Table'!$C$8:$C$50,0))))","v":0.17248811334031711},{"$f":"-PMT(discountRate,$D257,NPV(discountRate,INDEX('Rates Table'!$H$8:$H$50,MATCH($C257,'Rates Table'!$C$8:$C$50,0)):INDEX('Rates Table'!$H$8:$H$50,MATCH($C257+$D257-1,'Rates Table'!$C$8:$C$50,0))))","v":3.7842000000000005E-6},{"$f":"-PMT(discountRate,$D257,NPV(discountRate,INDEX('Rates Table'!$I$8:$I$50,MATCH($C257,'Rates Table'!$C$8:$C$50,0)):INDEX('Rates Table'!$I$8:$I$50,MATCH($C257+$D257-1,'Rates Table'!$C$8:$C$50,0))))","v":0.34743191039999993},{"$f":"-PMT(discountRate,$D257,NPV(discountRate,INDEX('Rates Table'!$J$8:$J$50,MATCH($C257,'Rates Table'!$C$8:$C$50,0)):INDEX('Rates Table'!$J$8:$J$50,MATCH($C257+$D257-1,'Rates Table'!$C$8:$C$50,0))))","v":0.41068298555999994}]
[null,"2023_15",2023,15,{"$f":"-PMT(discountRate,$D258,NPV(discountRate,INDEX('Rates Table'!$F$8:$F$50,MATCH($C258,'Rates Table'!$C$8:$C$50,0)):INDEX('Rates Table'!$F$8:$F$50,MATCH($C258+$D258-1,'Rates Table'!$C$8:$C$50,0))))","v":0.1255924167940943},{"$f":"-PMT(discountRate,$D258,NPV(discountRate,INDEX('Rates Table'!$G$8:$G$50,MATCH($C258,'Rates Table'!$C$8:$C$50,0)):INDEX('Rates Table'!$G$8:$G$50,MATCH($C258+$D258-1,'Rates Table'!$C$8:$C$50,0))))","v":0.17248811334031708},{"$f":"-PMT(discountRate,$D258,NPV(discountRate,INDEX('Rates Table'!$H$8:$H$50,MATCH($C258,'Rates Table'!$C$8:$C$50,0)):INDEX('Rates Table'!$H$8:$H$50,MATCH($C258+$D258-1,'Rates Table'!$C$8:$C$50,0))))","v":3.7841999999999993E-6},{"$f":"-PMT(discountRate,$D258,NPV(discountRate,INDEX('Rates Table'!$I$8:$I$50,MATCH($C258,'Rates Table'!$C$8:$C$50,0)):INDEX('Rates Table'!$I$8:$I$50,MATCH($C258+$D258-1,'Rates Table'!$C$8:$C$50,0))))","v":0.34743191039999988},{"$f":"-PMT(discountRate,$D258,NPV(discountRate,INDEX('Rates Table'!$J$8:$J$50,MATCH($C258,'Rates Table'!$C$8:$C$50,0)):INDEX('Rates Table'!$J$8:$J$50,MATCH($C258+$D258-1,'Rates Table'!$C$8:$C$50,0))))","v":0.41068298555999982}]
[null,"2023_16",2023,16,{"$f":"-PMT(discountRate,$D259,NPV(discountRate,INDEX('Rates Table'!$F$8:$F$50,MATCH($C259,'Rates Table'!$C$8:$C$50,0)):INDEX('Rates Table'!$F$8:$F$50,MATCH($C259+$D259-1,'Rates Table'!$C$8:$C$50,0))))","v":0.12561969337272708},{"$f":"-PMT(discountRate,$D259,NPV(discountRate,INDEX('Rates Table'!$G$8:$G$50,MATCH($C259,'Rates Table'!$C$8:$C$50,0)):INDEX('Rates Table'!$G$8:$G$50,MATCH($C259+$D259-1,'Rates Table'!$C$8:$C$50,0))))","v":0.17248811334031711},{"$f":"-PMT(discountRate,$D259,NPV(discountRate,INDEX('Rates Table'!$H$8:$H$50,MATCH($C259,'Rates Table'!$C$8:$C$50,0)):INDEX('Rates Table'!$H$8:$H$50,MATCH($C259+$D259-1,'Rates Table'!$C$8:$C$50,0))))","v":3.7841999999999993E-6},{"$f":"-PMT(discountRate,$D259,NPV(discountRate,INDEX('Rates Table'!$I$8:$I$50,MATCH($C259,'Rates Table'!$C$8:$C$50,0)):INDEX('Rates Table'!$I$8:$I$50,MATCH($C259+$D259-1,'Rates Table'!$C$8:$C$50,0))))","v":0.34743191039999988},{"$f":"-PMT(discountRate,$D259,NPV(discountRate,INDEX('Rates Table'!$J$8:$J$50,MATCH($C259,'Rates Table'!$C$8:$C$50,0)):INDEX('Rates Table'!$J$8:$J$50,MATCH($C259+$D259-1,'Rates Table'!$C$8:$C$50,0))))","v":0.41068298555999988}]
[null,"2023_17",2023,17,{"$f":"-PMT(discountRate,$D260,NPV(discountRate,INDEX('Rates Table'!$F$8:$F$50,MATCH($C260,'Rates Table'!$C$8:$C$50,0)):INDEX('Rates Table'!$F$8:$F$50,MATCH($C260+$D260-1,'Rates Table'!$C$8:$C$50,0))))","v":0.12564366306000457},{"$f":"-PMT(discountRate,$D260,NPV(discountRate,INDEX('Rates Table'!$G$8:$G$50,MATCH($C260,'Rates Table'!$C$8:$C$50,0)):INDEX('Rates Table'!$G$8:$G$50,MATCH($C260+$D260-1,'Rates Table'!$C$8:$C$50,0))))","v":0.17248811334031711},{"$f":"-PMT(discountRate,$D260,NPV(discountRate,INDEX('Rates Table'!$H$8:$H$50,MATCH($C260,'Rates Table'!$C$8:$C$50,0)):INDEX('Rates Table'!$H$8:$H$50,MATCH($C260+$D260-1,'Rates Table'!$C$8:$C$50,0))))","v":3.7841999999999997E-6},{"$f":"-PMT(discountRate,$D260,NPV(discountRate,INDEX('Rates Table'!$I$8:$I$50,MATCH($C260,'Rates Table'!$C$8:$C$50,0)):INDEX('Rates Table'!$I$8:$I$50,MATCH($C260+$D260-1,'Rates Table'!$C$8:$C$50,0))))","v":0.34743191039999993},{"$f":"-PMT(discountRate,$D260,NPV(discountRate,INDEX('Rates Table'!$J$8:$J$50,MATCH($C260,'Rates Table'!$C$8:$C$50,0)):INDEX('Rates Table'!$J$8:$J$50,MATCH($C260+$D260-1,'Rates Table'!$C$8:$C$50,0))))","v":0.41068298555999988}]
[null,"2023_18",2023,18,{"$f":"-PMT(discountRate,$D261,NPV(discountRate,INDEX('Rates Table'!$F$8:$F$50,MATCH($C261,'Rates Table'!$C$8:$C$50,0)):INDEX('Rates Table'!$F$8:$F$50,MATCH($C261+$D261-1,'Rates Table'!$C$8:$C$50,0))))","v":0.12566487746884994},{"$f":"-PMT(discountRate,$D261,NPV(discountRate,INDEX('Rates Table'!$G$8:$G$50,MATCH($C261,'Rates Table'!$C$8:$C$50,0)):INDEX('Rates Table'!$G$8:$G$50,MATCH($C261+$D261-1,'Rates Table'!$C$8:$C$50,0))))","v":0.17248811334031708},{"$f":"-PMT(discountRate,$D261,NPV(discountRate,INDEX('Rates Table'!$H$8:$H$50,MATCH($C261,'Rates Table'!$C$8:$C$50,0)):INDEX('Rates Table'!$H$8:$H$50,MATCH($C261+$D261-1,'Rates Table'!$C$8:$C$50,0))))","v":3.7841999999999993E-6},{"$f":"-PMT(discountRate,$D261,NPV(discountRate,INDEX('Rates Table'!$I$8:$I$50,MATCH($C261,'Rates Table'!$C$8:$C$50,0)):INDEX('Rates Table'!$I$8:$I$50,MATCH($C261+$D261-1,'Rates Table'!$C$8:$C$50,0))))","v":0.34743191039999988},{"$f":"-PMT(discountRate,$D261,NPV(discountRate,INDEX('Rates Table'!$J$8:$J$50,MATCH($C261,'Rates Table'!$C$8:$C$50,0)):INDEX('Rates Table'!$J$8:$J$50,MATCH($C261+$D261-1,'Rates Table'!$C$8:$C$50,0))))","v":0.41068298555999982}]
[null,"2023_19",2023,19,{"$f":"-PMT(discountRate,$D262,NPV(discountRate,INDEX('Rates Table'!$F$8:$F$50,MATCH($C262,'Rates Table'!$C$8:$C$50,0)):INDEX('Rates Table'!$F$8:$F$50,MATCH($C262+$D262-1,'Rates Table'!$C$8:$C$50,0))))","v":0.12568377210694279},{"$f":"-PMT(discountRate,$D262,NPV(discountRate,INDEX('Rates Table'!$G$8:$G$50,MATCH($C262,'Rates Table'!$C$8:$C$50,0)):INDEX('Rates Table'!$G$8:$G$50,MATCH($C262+$D262-1,'Rates Table'!$C$8:$C$50,0))))","v":0.17248811334031708},{"$f":"-PMT(discountRate,$D262,NPV(discountRate,INDEX('Rates Table'!$H$8:$H$50,MATCH($C262,'Rates Table'!$C$8:$C$50,0)):INDEX('Rates Table'!$H$8:$H$50,MATCH($C262+$D262-1,'Rates Table'!$C$8:$C$50,0))))","v":3.7841999999999993E-6},{"$f":"-PMT(discountRate,$D262,NPV(discountRate,INDEX('Rates Table'!$I$8:$I$50,MATCH($C262,'Rates Table'!$C$8:$C$50,0)):INDEX('Rates Table'!$I$8:$I$50,MATCH($C262+$D262-1,'Rates Table'!$C$8:$C$50,0))))","v":0.34743191039999993},{"$f":"-PMT(discountRate,$D262,NPV(discountRate,INDEX('Rates Table'!$J$8:$J$50,MATCH($C262,'Rates Table'!$C$8:$C$50,0)):INDEX('Rates Table'!$J$8:$J$50,MATCH($C262+$D262-1,'Rates Table'!$C$8:$C$50,0))))","v":0.41068298555999982}]
[null,"2023_20",2023,20,{"$f":"-PMT(discountRate,$D263,NPV(discountRate,INDEX('Rates Table'!$F$8:$F$50,MATCH($C263,'Rates Table'!$C$8:$C$50,0)):INDEX('Rates Table'!$F$8:$F$50,MATCH($C263+$D263-1,'Rates Table'!$C$8:$C$50,0))))","v":0.12570069540257175},{"$f":"-PMT(discountRate,$D263,NPV(discountRate,INDEX('Rates Table'!$G$8:$G$50,MATCH($C263,'Rates Table'!$C$8:$C$50,0)):INDEX('Rates Table'!$G$8:$G$50,MATCH($C263+$D263-1,'Rates Table'!$C$8:$C$50,0))))","v":0.17248811334031708},{"$f":"-PMT(discountRate,$D263,NPV(discountRate,INDEX('Rates Table'!$H$8:$H$50,MATCH($C263,'Rates Table'!$C$8:$C$50,0)):INDEX('Rates Table'!$H$8:$H$50,MATCH($C263+$D263-1,'Rates Table'!$C$8:$C$50,0))))","v":3.7841999999999993E-6},{"$f":"-PMT(discountRate,$D263,NPV(discountRate,INDEX('Rates Table'!$I$8:$I$50,MATCH($C263,'Rates Table'!$C$8:$C$50,0)):INDEX('Rates Table'!$I$8:$I$50,MATCH($C263+$D263-1,'Rates Table'!$C$8:$C$50,0))))","v":0.34743191039999993},{"$f":"-PMT(discountRate,$D263,NPV(discountRate,INDEX('Rates Table'!$J$8:$J$50,MATCH($C263,'Rates Table'!$C$8:$C$50,0)):INDEX('Rates Table'!$J$8:$J$50,MATCH($C263+$D263-1,'Rates Table'!$C$8:$C$50,0))))","v":0.41068298555999988}]
[null,{"$f":"CONCATENATE(C264,\"_\",D264)","v":"2023_21"},2023,21,{"$f":"-PMT(discountRate,$D264,NPV(discountRate,INDEX('Rates Table'!$F$8:$F$50,MATCH($C264,'Rates Table'!$C$8:$C$50,0)):INDEX('Rates Table'!$F$8:$F$50,MATCH($C264+$D264-1,'Rates Table'!$C$8:$C$50,0))))","v":0.12571592943736731},{"$f":"-PMT(discountRate,$D264,NPV(discountRate,INDEX('Rates Table'!$G$8:$G$50,MATCH($C264,'Rates Table'!$C$8:$C$50,0)):INDEX('Rates Table'!$G$8:$G$50,MATCH($C264+$D264-1,'Rates Table'!$C$8:$C$50,0))))","v":0.17248811334031705},{"$f":"-PMT(discountRate,$D264,NPV(discountRate,INDEX('Rates Table'!$H$8:$H$50,MATCH($C264,'Rates Table'!$C$8:$C$50,0)):INDEX('Rates Table'!$H$8:$H$50,MATCH($C264+$D264-1,'Rates Table'!$C$8:$C$50,0))))","v":3.7841999999999993E-6},{"$f":"-PMT(discountRate,$D264,NPV(discountRate,INDEX('Rates Table'!$I$8:$I$50,MATCH($C264,'Rates Table'!$C$8:$C$50,0)):INDEX('Rates Table'!$I$8:$I$50,MATCH($C264+$D264-1,'Rates Table'!$C$8:$C$50,0))))","v":0.34743191039999993},{"$f":"-PMT(discountRate,$D264,NPV(discountRate,INDEX('Rates Table'!$J$8:$J$50,MATCH($C264,'Rates Table'!$C$8:$C$50,0)):INDEX('Rates Table'!$J$8:$J$50,MATCH($C264+$D264-1,'Rates Table'!$C$8:$C$50,0))))","v":0.41068298555999982}]
[null,"2023_22",{"$f":"IF(D265=1,C264+1,C264)","v":2023},{"$f":"IF(C264+D264>=2050,1,IF(D264=30,1,D264+1))","v":22},{"$f":"-PMT(discountRate,$D265,NPV(discountRate,INDEX('Rates Table'!$F$8:$F$50,MATCH($C265,'Rates Table'!$C$8:$C$50,0)):INDEX('Rates Table'!$F$8:$F$50,MATCH($C265+$D265-1,'Rates Table'!$C$8:$C$50,0))))","v":0.12572970502463579},{"$f":"-PMT(discountRate,$D265,NPV(discountRate,INDEX('Rates Table'!$G$8:$G$50,MATCH($C265,'Rates Table'!$C$8:$C$50,0)):INDEX('Rates Table'!$G$8:$G$50,MATCH($C265+$D265-1,'Rates Table'!$C$8:$C$50,0))))","v":0.17248811334031708},{"$f":"-PMT(discountRate,$D265,NPV(discountRate,INDEX('Rates Table'!$H$8:$H$50,MATCH($C265,'Rates Table'!$C$8:$C$50,0)):INDEX('Rates Table'!$H$8:$H$50,MATCH($C265+$D265-1,'Rates Table'!$C$8:$C$50,0))))","v":3.7841999999999997E-6},{"$f":"-PMT(discountRate,$D265,NPV(discountRate,INDEX('Rates Table'!$I$8:$I$50,MATCH($C265,'Rates Table'!$C$8:$C$50,0)):INDEX('Rates Table'!$I$8:$I$50,MATCH($C265+$D265-1,'Rates Table'!$C$8:$C$50,0))))","v":0.34743191039999993},{"$f":"-PMT(discountRate,$D265,NPV(discountRate,INDEX('Rates Table'!$J$8:$J$50,MATCH($C265,'Rates Table'!$C$8:$C$50,0)):INDEX('Rates Table'!$J$8:$J$50,MATCH($C265+$D265-1,'Rates Table'!$C$8:$C$50,0))))","v":0.41068298555999982}]
[null,"2023_23",2023,23,{"$f":"-PMT(discountRate,$D266,NPV(discountRate,INDEX('Rates Table'!$F$8:$F$50,MATCH($C266,'Rates Table'!$C$8:$C$50,0)):INDEX('Rates Table'!$F$8:$F$50,MATCH($C266+$D266-1,'Rates Table'!$C$8:$C$50,0))))","v":0.1257422128541989},{"$f":"-PMT(discountRate,$D266,NPV(discountRate,INDEX('Rates Table'!$G$8:$G$50,MATCH($C266,'Rates Table'!$C$8:$C$50,0)):INDEX('Rates Table'!$G$8:$G$50,MATCH($C266+$D266-1,'Rates Table'!$C$8:$C$50,0))))","v":0.17248811334031708},{"$f":"-PMT(discountRate,$D266,NPV(discountRate,INDEX('Rates Table'!$H$8:$H$50,MATCH($C266,'Rates Table'!$C$8:$C$50,0)):INDEX('Rates Table'!$H$8:$H$50,MATCH($C266+$D266-1,'Rates Table'!$C$8:$C$50,0))))","v":3.7841999999999993E-6},{"$f":"-PMT(discountRate,$D266,NPV(discountRate,INDEX('Rates Table'!$I$8:$I$50,MATCH($C266,'Rates Table'!$C$8:$C$50,0)):INDEX('Rates Table'!$I$8:$I$50,MATCH($C266+$D266-1,'Rates Table'!$C$8:$C$50,0))))","v":0.34743191039999988},{"$f":"-PMT(discountRate,$D266,NPV(discountRate,INDEX('Rates Table'!$J$8:$J$50,MATCH($C266,'Rates Table'!$C$8:$C$50,0)):INDEX('Rates Table'!$J$8:$J$50,MATCH($C266+$D266-1,'Rates Table'!$C$8:$C$50,0))))","v":0.41068298555999982}]
[null,"2023_24",2023,24,{"$f":"-PMT(discountRate,$D267,NPV(discountRate,INDEX('Rates Table'!$F$8:$F$50,MATCH($C267,'Rates Table'!$C$8:$C$50,0)):INDEX('Rates Table'!$F$8:$F$50,MATCH($C267+$D267-1,'Rates Table'!$C$8:$C$50,0))))","v":0.12575361185100961},{"$f":"-PMT(discountRate,$D267,NPV(discountRate,INDEX('Rates Table'!$G$8:$G$50,MATCH($C267,'Rates Table'!$C$8:$C$50,0)):INDEX('Rates Table'!$G$8:$G$50,MATCH($C267+$D267-1,'Rates Table'!$C$8:$C$50,0))))","v":0.17248811334031711},{"$f":"-PMT(discountRate,$D267,NPV(discountRate,INDEX('Rates Table'!$H$8:$H$50,MATCH($C267,'Rates Table'!$C$8:$C$50,0)):INDEX('Rates Table'!$H$8:$H$50,MATCH($C267+$D267-1,'Rates Table'!$C$8:$C$50,0))))","v":3.7841999999999997E-6},{"$f":"-PMT(discountRate,$D267,NPV(discountRate,INDEX('Rates Table'!$I$8:$I$50,MATCH($C267,'Rates Table'!$C$8:$C$50,0)):INDEX('Rates Table'!$I$8:$I$50,MATCH($C267+$D267-1,'Rates Table'!$C$8:$C$50,0))))","v":0.34743191039999993},{"$f":"-PMT(discountRate,$D267,NPV(discountRate,INDEX('Rates Table'!$J$8:$J$50,MATCH($C267,'Rates Table'!$C$8:$C$50,0)):INDEX('Rates Table'!$J$8:$J$50,MATCH($C267+$D267-1,'Rates Table'!$C$8:$C$50,0))))","v":0.41068298555999982}]
[null,"2023_25",2023,25,{"$f":"-PMT(discountRate,$D268,NPV(discountRate,INDEX('Rates Table'!$F$8:$F$50,MATCH($C268,'Rates Table'!$C$8:$C$50,0)):INDEX('Rates Table'!$F$8:$F$50,MATCH($C268+$D268-1,'Rates Table'!$C$8:$C$50,0))))","v":0.12576403552768728},{"$f":"-PMT(discountRate,$D268,NPV(discountRate,INDEX('Rates Table'!$G$8:$G$50,MATCH($C268,'Rates Table'!$C$8:$C$50,0)):INDEX('Rates Table'!$G$8:$G$50,MATCH($C268+$D268-1,'Rates Table'!$C$8:$C$50,0))))","v":0.17248811334031705},{"$f":"-PMT(discountRate,$D268,NPV(discountRate,INDEX('Rates Table'!$H$8:$H$50,MATCH($C268,'Rates Table'!$C$8:$C$50,0)):INDEX('Rates Table'!$H$8:$H$50,MATCH($C268+$D268-1,'Rates Table'!$C$8:$C$50,0))))","v":3.7841999999999989E-6},{"$f":"-PMT(discountRate,$D268,NPV(discountRate,INDEX('Rates Table'!$I$8:$I$50,MATCH($C268,'Rates Table'!$C$8:$C$50,0)):INDEX('Rates Table'!$I$8:$I$50,MATCH($C268+$D268-1,'Rates Table'!$C$8:$C$50,0))))","v":0.34743191039999977},{"$f":"-PMT(discountRate,$D268,NPV(discountRate,INDEX('Rates Table'!$J$8:$J$50,MATCH($C268,'Rates Table'!$C$8:$C$50,0)):INDEX('Rates Table'!$J$8:$J$50,MATCH($C268+$D268-1,'Rates Table'!$C$8:$C$50,0))))","v":0.41068298555999966}]
[null,"2023_26",2023,26,{"$f":"-PMT(discountRate,$D269,NPV(discountRate,INDEX('Rates Table'!$F$8:$F$50,MATCH($C269,'Rates Table'!$C$8:$C$50,0)):INDEX('Rates Table'!$F$8:$F$50,MATCH($C269+$D269-1,'Rates Table'!$C$8:$C$50,0))))","v":0.12577359687107162},{"$f":"-PMT(discountRate,$D269,NPV(discountRate,INDEX('Rates Table'!$G$8:$G$50,MATCH($C269,'Rates Table'!$C$8:$C$50,0)):INDEX('Rates Table'!$G$8:$G$50,MATCH($C269+$D269-1,'Rates Table'!$C$8:$C$50,0))))","v":0.17248811334031708},{"$f":"-PMT(discountRate,$D269,NPV(discountRate,INDEX('Rates Table'!$H$8:$H$50,MATCH($C269,'Rates Table'!$C$8:$C$50,0)):INDEX('Rates Table'!$H$8:$H$50,MATCH($C269+$D269-1,'Rates Table'!$C$8:$C$50,0))))","v":3.7841999999999993E-6},{"$f":"-PMT(discountRate,$D269,NPV(discountRate,INDEX('Rates Table'!$I$8:$I$50,MATCH($C269,'Rates Table'!$C$8:$C$50,0)):INDEX('Rates Table'!$I$8:$I$50,MATCH($C269+$D269-1,'Rates Table'!$C$8:$C$50,0))))","v":0.34743191039999988},{"$f":"-PMT(discountRate,$D269,NPV(discountRate,INDEX('Rates Table'!$J$8:$J$50,MATCH($C269,'Rates Table'!$C$8:$C$50,0)):INDEX('Rates Table'!$J$8:$J$50,MATCH($C269+$D269-1,'Rates Table'!$C$8:$C$50,0))))","v":0.41068298555999982}]
[null,"2023_27",2023,27,{"$f":"-PMT(discountRate,$D270,NPV(discountRate,INDEX('Rates Table'!$F$8:$F$50,MATCH($C270,'Rates Table'!$C$8:$C$50,0)):INDEX('Rates Table'!$F$8:$F$50,MATCH($C270+$D270-1,'Rates Table'!$C$8:$C$50,0))))","v":0.12578239214286532},{"$f":"-PMT(discountRate,$D270,NPV(discountRate,INDEX('Rates Table'!$G$8:$G$50,MATCH($C270,'Rates Table'!$C$8:$C$50,0)):INDEX('Rates Table'!$G$8:$G$50,MATCH($C270+$D270-1,'Rates Table'!$C$8:$C$50,0))))","v":0.17248811334031708},{"$f":"-PMT(discountRate,$D270,NPV(discountRate,INDEX('Rates Table'!$H$8:$H$50,MATCH($C270,'Rates Table'!$C$8:$C$50,0)):INDEX('Rates Table'!$H$8:$H$50,MATCH($C270+$D270-1,'Rates Table'!$C$8:$C$50,0))))","v":3.7841999999999993E-6},{"$f":"-PMT(discountRate,$D270,NPV(discountRate,INDEX('Rates Table'!$I$8:$I$50,MATCH($C270,'Rates Table'!$C$8:$C$50,0)):INDEX('Rates Table'!$I$8:$I$50,MATCH($C270+$D270-1,'Rates Table'!$C$8:$C$50,0))))","v":0.34743191039999993},{"$f":"-PMT(discountRate,$D270,NPV(discountRate,INDEX('Rates Table'!$J$8:$J$50,MATCH($C270,'Rates Table'!$C$8:$C$50,0)):INDEX('Rates Table'!$J$8:$J$50,MATCH($C270+$D270-1,'Rates Table'!$C$8:$C$50,0))))","v":0.41068298555999977}]
[null,"2024_1",2024,1,{"$f":"-PMT(discountRate,$D271,NPV(discountRate,INDEX('Rates Table'!$F$8:$F$50,MATCH($C271,'Rates Table'!$C$8:$C$50,0)):INDEX('Rates Table'!$F$8:$F$50,MATCH($C271+$D271-1,'Rates Table'!$C$8:$C$50,0))))","v":0.12410216163575995},{"$f":"-PMT(discountRate,$D271,NPV(discountRate,INDEX('Rates Table'!$G$8:$G$50,MATCH($C271,'Rates Table'!$C$8:$C$50,0)):INDEX('Rates Table'!$G$8:$G$50,MATCH($C271+$D271-1,'Rates Table'!$C$8:$C$50,0))))","v":0.17248811334031713},{"$f":"-PMT(discountRate,$D271,NPV(discountRate,INDEX('Rates Table'!$H$8:$H$50,MATCH($C271,'Rates Table'!$C$8:$C$50,0)):INDEX('Rates Table'!$H$8:$H$50,MATCH($C271+$D271-1,'Rates Table'!$C$8:$C$50,0))))","v":3.7841999999999997E-6},{"$f":"-PMT(discountRate,$D271,NPV(discountRate,INDEX('Rates Table'!$I$8:$I$50,MATCH($C271,'Rates Table'!$C$8:$C$50,0)):INDEX('Rates Table'!$I$8:$I$50,MATCH($C271+$D271-1,'Rates Table'!$C$8:$C$50,0))))","v":0.34743191039999999},{"$f":"-PMT(discountRate,$D271,NPV(discountRate,INDEX('Rates Table'!$J$8:$J$50,MATCH($C271,'Rates Table'!$C$8:$C$50,0)):INDEX('Rates Table'!$J$8:$J$50,MATCH($C271+$D271-1,'Rates Table'!$C$8:$C$50,0))))","v":0.41068298555999994}]
[null,"2024_2",2024,2,{"$f":"-PMT(discountRate,$D272,NPV(discountRate,INDEX('Rates Table'!$F$8:$F$50,MATCH($C272,'Rates Table'!$C$8:$C$50,0)):INDEX('Rates Table'!$F$8:$F$50,MATCH($C272+$D272-1,'Rates Table'!$C$8:$C$50,0))))","v":0.12406770106573048},{"$f":"-PMT(discountRate,$D272,NPV(discountRate,INDEX('Rates Table'!$G$8:$G$50,MATCH($C272,'Rates Table'!$C$8:$C$50,0)):INDEX('Rates Table'!$G$8:$G$50,MATCH($C272+$D272-1,'Rates Table'!$C$8:$C$50,0))))","v":0.17248811334031719},{"$f":"-PMT(discountRate,$D272,NPV(discountRate,INDEX('Rates Table'!$H$8:$H$50,MATCH($C272,'Rates Table'!$C$8:$C$50,0)):INDEX('Rates Table'!$H$8:$H$50,MATCH($C272+$D272-1,'Rates Table'!$C$8:$C$50,0))))","v":3.7842000000000005E-6},{"$f":"-PMT(discountRate,$D272,NPV(discountRate,INDEX('Rates Table'!$I$8:$I$50,MATCH($C272,'Rates Table'!$C$8:$C$50,0)):INDEX('Rates Table'!$I$8:$I$50,MATCH($C272+$D272-1,'Rates Table'!$C$8:$C$50,0))))","v":0.34743191039999999},{"$f":"-PMT(discountRate,$D272,NPV(discountRate,INDEX('Rates Table'!$J$8:$J$50,MATCH($C272,'Rates Table'!$C$8:$C$50,0)):INDEX('Rates Table'!$J$8:$J$50,MATCH($C272+$D272-1,'Rates Table'!$C$8:$C$50,0))))","v":0.41068298556000005}]
[null,"2024_3",2024,3,{"$f":"-PMT(discountRate,$D273,NPV(discountRate,INDEX('Rates Table'!$F$8:$F$50,MATCH($C273,'Rates Table'!$C$8:$C$50,0)):INDEX('Rates Table'!$F$8:$F$50,MATCH($C273+$D273-1,'Rates Table'!$C$8:$C$50,0))))","v":0.12451788752325292},{"$f":"-PMT(discountRate,$D273,NPV(discountRate,INDEX('Rates Table'!$G$8:$G$50,MATCH($C273,'Rates Table'!$C$8:$C$50,0)):INDEX('Rates Table'!$G$8:$G$50,MATCH($C273+$D273-1,'Rates Table'!$C$8:$C$50,0))))","v":0.17248811334031713},{"$f":"-PMT(discountRate,$D273,NPV(discountRate,INDEX('Rates Table'!$H$8:$H$50,MATCH($C273,'Rates Table'!$C$8:$C$50,0)):INDEX('Rates Table'!$H$8:$H$50,MATCH($C273+$D273-1,'Rates Table'!$C$8:$C$50,0))))","v":3.7842000000000005E-6},{"$f":"-PMT(discountRate,$D273,NPV(discountRate,INDEX('Rates Table'!$I$8:$I$50,MATCH($C273,'Rates Table'!$C$8:$C$50,0)):INDEX('Rates Table'!$I$8:$I$50,MATCH($C273+$D273-1,'Rates Table'!$C$8:$C$50,0))))","v":0.34743191039999999},{"$f":"-PMT(discountRate,$D273,NPV(discountRate,INDEX('Rates Table'!$J$8:$J$50,MATCH($C273,'Rates Table'!$C$8:$C$50,0)):INDEX('Rates Table'!$J$8:$J$50,MATCH($C273+$D273-1,'Rates Table'!$C$8:$C$50,0))))","v":0.41068298555999994}]
[null,"2024_4",2024,4,{"$f":"-PMT(discountRate,$D274,NPV(discountRate,INDEX('Rates Table'!$F$8:$F$50,MATCH($C274,'Rates Table'!$C$8:$C$50,0)):INDEX('Rates Table'!$F$8:$F$50,MATCH($C274+$D274-1,'Rates Table'!$C$8:$C$50,0))))","v":0.124911115350144},{"$f":"-PMT(discountRate,$D274,NPV(discountRate,INDEX('Rates Table'!$G$8:$G$50,MATCH($C274,'Rates Table'!$C$8:$C$50,0)):INDEX('Rates Table'!$G$8:$G$50,MATCH($C274+$D274-1,'Rates Table'!$C$8:$C$50,0))))","v":0.17248811334031713},{"$f":"-PMT(discountRate,$D274,NPV(discountRate,INDEX('Rates Table'!$H$8:$H$50,MATCH($C274,'Rates Table'!$C$8:$C$50,0)):INDEX('Rates Table'!$H$8:$H$50,MATCH($C274+$D274-1,'Rates Table'!$C$8:$C$50,0))))","v":3.7842000000000005E-6},{"$f":"-PMT(discountRate,$D274,NPV(discountRate,INDEX('Rates Table'!$I$8:$I$50,MATCH($C274,'Rates Table'!$C$8:$C$50,0)):INDEX('Rates Table'!$I$8:$I$50,MATCH($C274+$D274-1,'Rates Table'!$C$8:$C$50,0))))","v":0.34743191039999999},{"$f":"-PMT(discountRate,$D274,NPV(discountRate,INDEX('Rates Table'!$J$8:$J$50,MATCH($C274,'Rates Table'!$C$8:$C$50,0)):INDEX('Rates Table'!$J$8:$J$50,MATCH($C274+$D274-1,'Rates Table'!$C$8:$C$50,0))))","v":0.41068298556000005}]
[null,"2024_5",2024,5,{"$f":"-PMT(discountRate,$D275,NPV(discountRate,INDEX('Rates Table'!$F$8:$F$50,MATCH($C275,'Rates Table'!$C$8:$C$50,0)):INDEX('Rates Table'!$F$8:$F$50,MATCH($C275+$D275-1,'Rates Table'!$C$8:$C$50,0))))","v":0.12514681032023822},{"$f":"-PMT(discountRate,$D275,NPV(discountRate,INDEX('Rates Table'!$G$8:$G$50,MATCH($C275,'Rates Table'!$C$8:$C$50,0)):INDEX('Rates Table'!$G$8:$G$50,MATCH($C275+$D275-1,'Rates Table'!$C$8:$C$50,0))))","v":0.17248811334031713},{"$f":"-PMT(discountRate,$D275,NPV(discountRate,INDEX('Rates Table'!$H$8:$H$50,MATCH($C275,'Rates Table'!$C$8:$C$50,0)):INDEX('Rates Table'!$H$8:$H$50,MATCH($C275+$D275-1,'Rates Table'!$C$8:$C$50,0))))","v":3.7842000000000005E-6},{"$f":"-PMT(discountRate,$D275,NPV(discountRate,INDEX('Rates Table'!$I$8:$I$50,MATCH($C275,'Rates Table'!$C$8:$C$50,0)):INDEX('Rates Table'!$I$8:$I$50,MATCH($C275+$D275-1,'Rates Table'!$C$8:$C$50,0))))","v":0.34743191039999999},{"$f":"-PMT(discountRate,$D275,NPV(discountRate,INDEX('Rates Table'!$J$8:$J$50,MATCH($C275,'Rates Table'!$C$8:$C$50,0)):INDEX('Rates Table'!$J$8:$J$50,MATCH($C275+$D275-1,'Rates Table'!$C$8:$C$50,0))))","v":0.41068298556000005}]
[null,"2024_6",2024,6,{"$f":"-PMT(discountRate,$D276,NPV(discountRate,INDEX('Rates Table'!$F$8:$F$50,MATCH($C276,'Rates Table'!$C$8:$C$50,0)):INDEX('Rates Table'!$F$8:$F$50,MATCH($C276+$D276-1,'Rates Table'!$C$8:$C$50,0))))","v":0.12530373914043458},{"$f":"-PMT(discountRate,$D276,NPV(discountRate,INDEX('Rates Table'!$G$8:$G$50,MATCH($C276,'Rates Table'!$C$8:$C$50,0)):INDEX('Rates Table'!$G$8:$G$50,MATCH($C276+$D276-1,'Rates Table'!$C$8:$C$50,0))))","v":0.17248811334031713},{"$f":"-PMT(discountRate,$D276,NPV(discountRate,INDEX('Rates Table'!$H$8:$H$50,MATCH($C276,'Rates Table'!$C$8:$C$50,0)):INDEX('Rates Table'!$H$8:$H$50,MATCH($C276+$D276-1,'Rates Table'!$C$8:$C$50,0))))","v":3.7842000000000005E-6},{"$f":"-PMT(discountRate,$D276,NPV(discountRate,INDEX('Rates Table'!$I$8:$I$50,MATCH($C276,'Rates Table'!$C$8:$C$50,0)):INDEX('Rates Table'!$I$8:$I$50,MATCH($C276+$D276-1,'Rates Table'!$C$8:$C$50,0))))","v":0.34743191039999999},{"$f":"-PMT(discountRate,$D276,NPV(discountRate,INDEX('Rates Table'!$J$8:$J$50,MATCH($C276,'Rates Table'!$C$8:$C$50,0)):INDEX('Rates Table'!$J$8:$J$50,MATCH($C276+$D276-1,'Rates Table'!$C$8:$C$50,0))))","v":0.4106829855600001}]
[null,"2024_7",2024,7,{"$f":"-PMT(discountRate,$D277,NPV(discountRate,INDEX('Rates Table'!$F$8:$F$50,MATCH($C277,'Rates Table'!$C$8:$C$50,0)):INDEX('Rates Table'!$F$8:$F$50,MATCH($C277+$D277-1,'Rates Table'!$C$8:$C$50,0))))","v":0.12541565902334698},{"$f":"-PMT(discountRate,$D277,NPV(discountRate,INDEX('Rates Table'!$G$8:$G$50,MATCH($C277,'Rates Table'!$C$8:$C$50,0)):INDEX('Rates Table'!$G$8:$G$50,MATCH($C277+$D277-1,'Rates Table'!$C$8:$C$50,0))))","v":0.17248811334031713},{"$f":"-PMT(discountRate,$D277,NPV(discountRate,INDEX('Rates Table'!$H$8:$H$50,MATCH($C277,'Rates Table'!$C$8:$C$50,0)):INDEX('Rates Table'!$H$8:$H$50,MATCH($C277+$D277-1,'Rates Table'!$C$8:$C$50,0))))","v":3.7841999999999997E-6},{"$f":"-PMT(discountRate,$D277,NPV(discountRate,INDEX('Rates Table'!$I$8:$I$50,MATCH($C277,'Rates Table'!$C$8:$C$50,0)):INDEX('Rates Table'!$I$8:$I$50,MATCH($C277+$D277-1,'Rates Table'!$C$8:$C$50,0))))","v":0.34743191039999999},{"$f":"-PMT(discountRate,$D277,NPV(discountRate,INDEX('Rates Table'!$J$8:$J$50,MATCH($C277,'Rates Table'!$C$8:$C$50,0)):INDEX('Rates Table'!$J$8:$J$50,MATCH($C277+$D277-1,'Rates Table'!$C$8:$C$50,0))))","v":0.41068298556000005}]
[null,"2024_8",2024,8,{"$f":"-PMT(discountRate,$D278,NPV(discountRate,INDEX('Rates Table'!$F$8:$F$50,MATCH($C278,'Rates Table'!$C$8:$C$50,0)):INDEX('Rates Table'!$F$8:$F$50,MATCH($C278+$D278-1,'Rates Table'!$C$8:$C$50,0))))","v":0.12549944862095402},{"$f":"-PMT(discountRate,$D278,NPV(discountRate,INDEX('Rates Table'!$G$8:$G$50,MATCH($C278,'Rates Table'!$C$8:$C$50,0)):INDEX('Rates Table'!$G$8:$G$50,MATCH($C278+$D278-1,'Rates Table'!$C$8:$C$50,0))))","v":0.17248811334031713},{"$f":"-PMT(discountRate,$D278,NPV(discountRate,INDEX('Rates Table'!$H$8:$H$50,MATCH($C278,'Rates Table'!$C$8:$C$50,0)):INDEX('Rates Table'!$H$8:$H$50,MATCH($C278+$D278-1,'Rates Table'!$C$8:$C$50,0))))","v":3.7841999999999997E-6},{"$f":"-PMT(discountRate,$D278,NPV(discountRate,INDEX('Rates Table'!$I$8:$I$50,MATCH($C278,'Rates Table'!$C$8:$C$50,0)):INDEX('Rates Table'!$I$8:$I$50,MATCH($C278+$D278-1,'Rates Table'!$C$8:$C$50,0))))","v":0.34743191039999993},{"$f":"-PMT(discountRate,$D278,NPV(discountRate,INDEX('Rates Table'!$J$8:$J$50,MATCH($C278,'Rates Table'!$C$8:$C$50,0)):INDEX('Rates Table'!$J$8:$J$50,MATCH($C278+$D278-1,'Rates Table'!$C$8:$C$50,0))))","v":0.41068298555999994}]
[null,"2024_9",2024,9,{"$f":"-PMT(discountRate,$D279,NPV(discountRate,INDEX('Rates Table'!$F$8:$F$50,MATCH($C279,'Rates Table'!$C$8:$C$50,0)):INDEX('Rates Table'!$F$8:$F$50,MATCH($C279+$D279-1,'Rates Table'!$C$8:$C$50,0))))","v":0.12556448500243866},{"$f":"-PMT(discountRate,$D279,NPV(discountRate,INDEX('Rates Table'!$G$8:$G$50,MATCH($C279,'Rates Table'!$C$8:$C$50,0)):INDEX('Rates Table'!$G$8:$G$50,MATCH($C279+$D279-1,'Rates Table'!$C$8:$C$50,0))))","v":0.17248811334031711},{"$f":"-PMT(discountRate,$D279,NPV(discountRate,INDEX('Rates Table'!$H$8:$H$50,MATCH($C279,'Rates Table'!$C$8:$C$50,0)):INDEX('Rates Table'!$H$8:$H$50,MATCH($C279+$D279-1,'Rates Table'!$C$8:$C$50,0))))","v":3.7841999999999997E-6},{"$f":"-PMT(discountRate,$D279,NPV(discountRate,INDEX('Rates Table'!$I$8:$I$50,MATCH($C279,'Rates Table'!$C$8:$C$50,0)):INDEX('Rates Table'!$I$8:$I$50,MATCH($C279+$D279-1,'Rates Table'!$C$8:$C$50,0))))","v":0.34743191039999993},{"$f":"-PMT(discountRate,$D279,NPV(discountRate,INDEX('Rates Table'!$J$8:$J$50,MATCH($C279,'Rates Table'!$C$8:$C$50,0)):INDEX('Rates Table'!$J$8:$J$50,MATCH($C279+$D279-1,'Rates Table'!$C$8:$C$50,0))))","v":0.41068298555999994}]
[null,"2024_10",2024,10,{"$f":"-PMT(discountRate,$D280,NPV(discountRate,INDEX('Rates Table'!$F$8:$F$50,MATCH($C280,'Rates Table'!$C$8:$C$50,0)):INDEX('Rates Table'!$F$8:$F$50,MATCH($C280+$D280-1,'Rates Table'!$C$8:$C$50,0))))","v":0.12561639444528494},{"$f":"-PMT(discountRate,$D280,NPV(discountRate,INDEX('Rates Table'!$G$8:$G$50,MATCH($C280,'Rates Table'!$C$8:$C$50,0)):INDEX('Rates Table'!$G$8:$G$50,MATCH($C280+$D280-1,'Rates Table'!$C$8:$C$50,0))))","v":0.17248811334031713},{"$f":"-PMT(discountRate,$D280,NPV(discountRate,INDEX('Rates Table'!$H$8:$H$50,MATCH($C280,'Rates Table'!$C$8:$C$50,0)):INDEX('Rates Table'!$H$8:$H$50,MATCH($C280+$D280-1,'Rates Table'!$C$8:$C$50,0))))","v":3.7841999999999997E-6},{"$f":"-PMT(discountRate,$D280,NPV(discountRate,INDEX('Rates Table'!$I$8:$I$50,MATCH($C280,'Rates Table'!$C$8:$C$50,0)):INDEX('Rates Table'!$I$8:$I$50,MATCH($C280+$D280-1,'Rates Table'!$C$8:$C$50,0))))","v":0.34743191039999999},{"$f":"-PMT(discountRate,$D280,NPV(discountRate,INDEX('Rates Table'!$J$8:$J$50,MATCH($C280,'Rates Table'!$C$8:$C$50,0)):INDEX('Rates Table'!$J$8:$J$50,MATCH($C280+$D280-1,'Rates Table'!$C$8:$C$50,0))))","v":0.41068298555999994}]
[null,"2024_11",2024,11,{"$f":"-PMT(discountRate,$D281,NPV(discountRate,INDEX('Rates Table'!$F$8:$F$50,MATCH($C281,'Rates Table'!$C$8:$C$50,0)):INDEX('Rates Table'!$F$8:$F$50,MATCH($C281+$D281-1,'Rates Table'!$C$8:$C$50,0))))","v":0.12565875734028742},{"$f":"-PMT(discountRate,$D281,NPV(discountRate,INDEX('Rates Table'!$G$8:$G$50,MATCH($C281,'Rates Table'!$C$8:$C$50,0)):INDEX('Rates Table'!$G$8:$G$50,MATCH($C281+$D281-1,'Rates Table'!$C$8:$C$50,0))))","v":0.17248811334031711},{"$f":"-PMT(discountRate,$D281,NPV(discountRate,INDEX('Rates Table'!$H$8:$H$50,MATCH($C281,'Rates Table'!$C$8:$C$50,0)):INDEX('Rates Table'!$H$8:$H$50,MATCH($C281+$D281-1,'Rates Table'!$C$8:$C$50,0))))","v":3.7841999999999993E-6},{"$f":"-PMT(discountRate,$D281,NPV(discountRate,INDEX('Rates Table'!$I$8:$I$50,MATCH($C281,'Rates Table'!$C$8:$C$50,0)):INDEX('Rates Table'!$I$8:$I$50,MATCH($C281+$D281-1,'Rates Table'!$C$8:$C$50,0))))","v":0.34743191039999988},{"$f":"-PMT(discountRate,$D281,NPV(discountRate,INDEX('Rates Table'!$J$8:$J$50,MATCH($C281,'Rates Table'!$C$8:$C$50,0)):INDEX('Rates Table'!$J$8:$J$50,MATCH($C281+$D281-1,'Rates Table'!$C$8:$C$50,0))))","v":0.41068298555999988}]
[null,"2024_12",2024,12,{"$f":"-PMT(discountRate,$D282,NPV(discountRate,INDEX('Rates Table'!$F$8:$F$50,MATCH($C282,'Rates Table'!$C$8:$C$50,0)):INDEX('Rates Table'!$F$8:$F$50,MATCH($C282+$D282-1,'Rates Table'!$C$8:$C$50,0))))","v":0.12569396064402494},{"$f":"-PMT(discountRate,$D282,NPV(discountRate,INDEX('Rates Table'!$G$8:$G$50,MATCH($C282,'Rates Table'!$C$8:$C$50,0)):INDEX('Rates Table'!$G$8:$G$50,MATCH($C282+$D282-1,'Rates Table'!$C$8:$C$50,0))))","v":0.17248811334031711},{"$f":"-PMT(discountRate,$D282,NPV(discountRate,INDEX('Rates Table'!$H$8:$H$50,MATCH($C282,'Rates Table'!$C$8:$C$50,0)):INDEX('Rates Table'!$H$8:$H$50,MATCH($C282+$D282-1,'Rates Table'!$C$8:$C$50,0))))","v":3.7841999999999997E-6},{"$f":"-PMT(discountRate,$D282,NPV(discountRate,INDEX('Rates Table'!$I$8:$I$50,MATCH($C282,'Rates Table'!$C$8:$C$50,0)):INDEX('Rates Table'!$I$8:$I$50,MATCH($C282+$D282-1,'Rates Table'!$C$8:$C$50,0))))","v":0.34743191039999993},{"$f":"-PMT(discountRate,$D282,NPV(discountRate,INDEX('Rates Table'!$J$8:$J$50,MATCH($C282,'Rates Table'!$C$8:$C$50,0)):INDEX('Rates Table'!$J$8:$J$50,MATCH($C282+$D282-1,'Rates Table'!$C$8:$C$50,0))))","v":0.41068298555999994}]
[null,"2024_13",2024,13,{"$f":"-PMT(discountRate,$D283,NPV(discountRate,INDEX('Rates Table'!$F$8:$F$50,MATCH($C283,'Rates Table'!$C$8:$C$50,0)):INDEX('Rates Table'!$F$8:$F$50,MATCH($C283+$D283-1,'Rates Table'!$C$8:$C$50,0))))","v":0.12572365689170231},{"$f":"-PMT(discountRate,$D283,NPV(discountRate,INDEX('Rates Table'!$G$8:$G$50,MATCH($C283,'Rates Table'!$C$8:$C$50,0)):INDEX('Rates Table'!$G$8:$G$50,MATCH($C283+$D283-1,'Rates Table'!$C$8:$C$50,0))))","v":0.17248811334031708},{"$f":"-PMT(discountRate,$D283,NPV(discountRate,INDEX('Rates Table'!$H$8:$H$50,MATCH($C283,'Rates Table'!$C$8:$C$50,0)):INDEX('Rates Table'!$H$8:$H$50,MATCH($C283+$D283-1,'Rates Table'!$C$8:$C$50,0))))","v":3.7841999999999993E-6},{"$f":"-PMT(discountRate,$D283,NPV(discountRate,INDEX('Rates Table'!$I$8:$I$50,MATCH($C283,'Rates Table'!$C$8:$C$50,0)):INDEX('Rates Table'!$I$8:$I$50,MATCH($C283+$D283-1,'Rates Table'!$C$8:$C$50,0))))","v":0.34743191039999988},{"$f":"-PMT(discountRate,$D283,NPV(discountRate,INDEX('Rates Table'!$J$8:$J$50,MATCH($C283,'Rates Table'!$C$8:$C$50,0)):INDEX('Rates Table'!$J$8:$J$50,MATCH($C283+$D283-1,'Rates Table'!$C$8:$C$50,0))))","v":0.41068298555999988}]
[null,"2024_14",2024,14,{"$f":"-PMT(discountRate,$D284,NPV(discountRate,INDEX('Rates Table'!$F$8:$F$50,MATCH($C284,'Rates Table'!$C$8:$C$50,0)):INDEX('Rates Table'!$F$8:$F$50,MATCH($C284+$D284-1,'Rates Table'!$C$8:$C$50,0))))","v":0.12574902649017783},{"$f":"-PMT(discountRate,$D284,NPV(discountRate,INDEX('Rates Table'!$G$8:$G$50,MATCH($C284,'Rates Table'!$C$8:$C$50,0)):INDEX('Rates Table'!$G$8:$G$50,MATCH($C284+$D284-1,'Rates Table'!$C$8:$C$50,0))))","v":0.17248811334031711},{"$f":"-PMT(discountRate,$D284,NPV(discountRate,INDEX('Rates Table'!$H$8:$H$50,MATCH($C284,'Rates Table'!$C$8:$C$50,0)):INDEX('Rates Table'!$H$8:$H$50,MATCH($C284+$D284-1,'Rates Table'!$C$8:$C$50,0))))","v":3.7842000000000005E-6},{"$f":"-PMT(discountRate,$D284,NPV(discountRate,INDEX('Rates Table'!$I$8:$I$50,MATCH($C284,'Rates Table'!$C$8:$C$50,0)):INDEX('Rates Table'!$I$8:$I$50,MATCH($C284+$D284-1,'Rates Table'!$C$8:$C$50,0))))","v":0.34743191039999993},{"$f":"-PMT(discountRate,$D284,NPV(discountRate,INDEX('Rates Table'!$J$8:$J$50,MATCH($C284,'Rates Table'!$C$8:$C$50,0)):INDEX('Rates Table'!$J$8:$J$50,MATCH($C284+$D284-1,'Rates Table'!$C$8:$C$50,0))))","v":0.41068298555999994}]
[null,"2024_15",2024,15,{"$f":"-PMT(discountRate,$D285,NPV(discountRate,INDEX('Rates Table'!$F$8:$F$50,MATCH($C285,'Rates Table'!$C$8:$C$50,0)):INDEX('Rates Table'!$F$8:$F$50,MATCH($C285+$D285-1,'Rates Table'!$C$8:$C$50,0))))","v":0.12577093509375595},{"$f":"-PMT(discountRate,$D285,NPV(discountRate,INDEX('Rates Table'!$G$8:$G$50,MATCH($C285,'Rates Table'!$C$8:$C$50,0)):INDEX('Rates Table'!$G$8:$G$50,MATCH($C285+$D285-1,'Rates Table'!$C$8:$C$50,0))))","v":0.17248811334031708},{"$f":"-PMT(discountRate,$D285,NPV(discountRate,INDEX('Rates Table'!$H$8:$H$50,MATCH($C285,'Rates Table'!$C$8:$C$50,0)):INDEX('Rates Table'!$H$8:$H$50,MATCH($C285+$D285-1,'Rates Table'!$C$8:$C$50,0))))","v":3.7841999999999993E-6},{"$f":"-PMT(discountRate,$D285,NPV(discountRate,INDEX('Rates Table'!$I$8:$I$50,MATCH($C285,'Rates Table'!$C$8:$C$50,0)):INDEX('Rates Table'!$I$8:$I$50,MATCH($C285+$D285-1,'Rates Table'!$C$8:$C$50,0))))","v":0.34743191039999988},{"$f":"-PMT(discountRate,$D285,NPV(discountRate,INDEX('Rates Table'!$J$8:$J$50,MATCH($C285,'Rates Table'!$C$8:$C$50,0)):INDEX('Rates Table'!$J$8:$J$50,MATCH($C285+$D285-1,'Rates Table'!$C$8:$C$50,0))))","v":0.41068298555999982}]
[null,"2024_16",2024,16,{"$f":"-PMT(discountRate,$D286,NPV(discountRate,INDEX('Rates Table'!$F$8:$F$50,MATCH($C286,'Rates Table'!$C$8:$C$50,0)):INDEX('Rates Table'!$F$8:$F$50,MATCH($C286+$D286-1,'Rates Table'!$C$8:$C$50,0))))","v":0.12579003196403712},{"$f":"-PMT(discountRate,$D286,NPV(discountRate,INDEX('Rates Table'!$G$8:$G$50,MATCH($C286,'Rates Table'!$C$8:$C$50,0)):INDEX('Rates Table'!$G$8:$G$50,MATCH($C286+$D286-1,'Rates Table'!$C$8:$C$50,0))))","v":0.17248811334031711},{"$f":"-PMT(discountRate,$D286,NPV(discountRate,INDEX('Rates Table'!$H$8:$H$50,MATCH($C286,'Rates Table'!$C$8:$C$50,0)):INDEX('Rates Table'!$H$8:$H$50,MATCH($C286+$D286-1,'Rates Table'!$C$8:$C$50,0))))","v":3.7841999999999993E-6},{"$f":"-PMT(discountRate,$D286,NPV(discountRate,INDEX('Rates Table'!$I$8:$I$50,MATCH($C286,'Rates Table'!$C$8:$C$50,0)):INDEX('Rates Table'!$I$8:$I$50,MATCH($C286+$D286-1,'Rates Table'!$C$8:$C$50,0))))","v":0.34743191039999988},{"$f":"-PMT(discountRate,$D286,NPV(discountRate,INDEX('Rates Table'!$J$8:$J$50,MATCH($C286,'Rates Table'!$C$8:$C$50,0)):INDEX('Rates Table'!$J$8:$J$50,MATCH($C286+$D286-1,'Rates Table'!$C$8:$C$50,0))))","v":0.41068298555999988}]
[null,"2024_17",2024,17,{"$f":"-PMT(discountRate,$D287,NPV(discountRate,INDEX('Rates Table'!$F$8:$F$50,MATCH($C287,'Rates Table'!$C$8:$C$50,0)):INDEX('Rates Table'!$F$8:$F$50,MATCH($C287+$D287-1,'Rates Table'!$C$8:$C$50,0))))","v":0.1258068136145066},{"$f":"-PMT(discountRate,$D287,NPV(discountRate,INDEX('Rates Table'!$G$8:$G$50,MATCH($C287,'Rates Table'!$C$8:$C$50,0)):INDEX('Rates Table'!$G$8:$G$50,MATCH($C287+$D287-1,'Rates Table'!$C$8:$C$50,0))))","v":0.17248811334031711},{"$f":"-PMT(discountRate,$D287,NPV(discountRate,INDEX('Rates Table'!$H$8:$H$50,MATCH($C287,'Rates Table'!$C$8:$C$50,0)):INDEX('Rates Table'!$H$8:$H$50,MATCH($C287+$D287-1,'Rates Table'!$C$8:$C$50,0))))","v":3.7841999999999997E-6},{"$f":"-PMT(discountRate,$D287,NPV(discountRate,INDEX('Rates Table'!$I$8:$I$50,MATCH($C287,'Rates Table'!$C$8:$C$50,0)):INDEX('Rates Table'!$I$8:$I$50,MATCH($C287+$D287-1,'Rates Table'!$C$8:$C$50,0))))","v":0.34743191039999993},{"$f":"-PMT(discountRate,$D287,NPV(discountRate,INDEX('Rates Table'!$J$8:$J$50,MATCH($C287,'Rates Table'!$C$8:$C$50,0)):INDEX('Rates Table'!$J$8:$J$50,MATCH($C287+$D287-1,'Rates Table'!$C$8:$C$50,0))))","v":0.41068298555999988}]
[null,"2024_18",2024,18,{"$f":"-PMT(discountRate,$D288,NPV(discountRate,INDEX('Rates Table'!$F$8:$F$50,MATCH($C288,'Rates Table'!$C$8:$C$50,0)):INDEX('Rates Table'!$F$8:$F$50,MATCH($C288+$D288-1,'Rates Table'!$C$8:$C$50,0))))","v":0.12582166624024335},{"$f":"-PMT(discountRate,$D288,NPV(discountRate,INDEX('Rates Table'!$G$8:$G$50,MATCH($C288,'Rates Table'!$C$8:$C$50,0)):INDEX('Rates Table'!$G$8:$G$50,MATCH($C288+$D288-1,'Rates Table'!$C$8:$C$50,0))))","v":0.17248811334031708},{"$f":"-PMT(discountRate,$D288,NPV(discountRate,INDEX('Rates Table'!$H$8:$H$50,MATCH($C288,'Rates Table'!$C$8:$C$50,0)):INDEX('Rates Table'!$H$8:$H$50,MATCH($C288+$D288-1,'Rates Table'!$C$8:$C$50,0))))","v":3.7841999999999993E-6},{"$f":"-PMT(discountRate,$D288,NPV(discountRate,INDEX('Rates Table'!$I$8:$I$50,MATCH($C288,'Rates Table'!$C$8:$C$50,0)):INDEX('Rates Table'!$I$8:$I$50,MATCH($C288+$D288-1,'Rates Table'!$C$8:$C$50,0))))","v":0.34743191039999988},{"$f":"-PMT(discountRate,$D288,NPV(discountRate,INDEX('Rates Table'!$J$8:$J$50,MATCH($C288,'Rates Table'!$C$8:$C$50,0)):INDEX('Rates Table'!$J$8:$J$50,MATCH($C288+$D288-1,'Rates Table'!$C$8:$C$50,0))))","v":0.41068298555999982}]
[null,"2024_19",2024,19,{"$f":"-PMT(discountRate,$D289,NPV(discountRate,INDEX('Rates Table'!$F$8:$F$50,MATCH($C289,'Rates Table'!$C$8:$C$50,0)):INDEX('Rates Table'!$F$8:$F$50,MATCH($C289+$D289-1,'Rates Table'!$C$8:$C$50,0))))","v":0.12583489474875706},{"$f":"-PMT(discountRate,$D289,NPV(discountRate,INDEX('Rates Table'!$G$8:$G$50,MATCH($C289,'Rates Table'!$C$8:$C$50,0)):INDEX('Rates Table'!$G$8:$G$50,MATCH($C289+$D289-1,'Rates Table'!$C$8:$C$50,0))))","v":0.17248811334031708},{"$f":"-PMT(discountRate,$D289,NPV(discountRate,INDEX('Rates Table'!$H$8:$H$50,MATCH($C289,'Rates Table'!$C$8:$C$50,0)):INDEX('Rates Table'!$H$8:$H$50,MATCH($C289+$D289-1,'Rates Table'!$C$8:$C$50,0))))","v":3.7841999999999993E-6},{"$f":"-PMT(discountRate,$D289,NPV(discountRate,INDEX('Rates Table'!$I$8:$I$50,MATCH($C289,'Rates Table'!$C$8:$C$50,0)):INDEX('Rates Table'!$I$8:$I$50,MATCH($C289+$D289-1,'Rates Table'!$C$8:$C$50,0))))","v":0.34743191039999993},{"$f":"-PMT(discountRate,$D289,NPV(discountRate,INDEX('Rates Table'!$J$8:$J$50,MATCH($C289,'Rates Table'!$C$8:$C$50,0)):INDEX('Rates Table'!$J$8:$J$50,MATCH($C289+$D289-1,'Rates Table'!$C$8:$C$50,0))))","v":0.41068298555999982}]
[null,"2024_20",2024,20,{"$f":"-PMT(discountRate,$D290,NPV(discountRate,INDEX('Rates Table'!$F$8:$F$50,MATCH($C290,'Rates Table'!$C$8:$C$50,0)):INDEX('Rates Table'!$F$8:$F$50,MATCH($C290+$D290-1,'Rates Table'!$C$8:$C$50,0))))","v":0.1258467430815596},{"$f":"-PMT(discountRate,$D290,NPV(discountRate,INDEX('Rates Table'!$G$8:$G$50,MATCH($C290,'Rates Table'!$C$8:$C$50,0)):INDEX('Rates Table'!$G$8:$G$50,MATCH($C290+$D290-1,'Rates Table'!$C$8:$C$50,0))))","v":0.17248811334031708},{"$f":"-PMT(discountRate,$D290,NPV(discountRate,INDEX('Rates Table'!$H$8:$H$50,MATCH($C290,'Rates Table'!$C$8:$C$50,0)):INDEX('Rates Table'!$H$8:$H$50,MATCH($C290+$D290-1,'Rates Table'!$C$8:$C$50,0))))","v":3.7841999999999993E-6},{"$f":"-PMT(discountRate,$D290,NPV(discountRate,INDEX('Rates Table'!$I$8:$I$50,MATCH($C290,'Rates Table'!$C$8:$C$50,0)):INDEX('Rates Table'!$I$8:$I$50,MATCH($C290+$D290-1,'Rates Table'!$C$8:$C$50,0))))","v":0.34743191039999993},{"$f":"-PMT(discountRate,$D290,NPV(discountRate,INDEX('Rates Table'!$J$8:$J$50,MATCH($C290,'Rates Table'!$C$8:$C$50,0)):INDEX('Rates Table'!$J$8:$J$50,MATCH($C290+$D290-1,'Rates Table'!$C$8:$C$50,0))))","v":0.41068298555999988}]
[null,"2024_21",2024,21,{"$f":"-PMT(discountRate,$D291,NPV(discountRate,INDEX('Rates Table'!$F$8:$F$50,MATCH($C291,'Rates Table'!$C$8:$C$50,0)):INDEX('Rates Table'!$F$8:$F$50,MATCH($C291+$D291-1,'Rates Table'!$C$8:$C$50,0))))","v":0.12585740872955989},{"$f":"-PMT(discountRate,$D291,NPV(discountRate,INDEX('Rates Table'!$G$8:$G$50,MATCH($C291,'Rates Table'!$C$8:$C$50,0)):INDEX('Rates Table'!$G$8:$G$50,MATCH($C291+$D291-1,'Rates Table'!$C$8:$C$50,0))))","v":0.17248811334031705},{"$f":"-PMT(discountRate,$D291,NPV(discountRate,INDEX('Rates Table'!$H$8:$H$50,MATCH($C291,'Rates Table'!$C$8:$C$50,0)):INDEX('Rates Table'!$H$8:$H$50,MATCH($C291+$D291-1,'Rates Table'!$C$8:$C$50,0))))","v":3.7841999999999993E-6},{"$f":"-PMT(discountRate,$D291,NPV(discountRate,INDEX('Rates Table'!$I$8:$I$50,MATCH($C291,'Rates Table'!$C$8:$C$50,0)):INDEX('Rates Table'!$I$8:$I$50,MATCH($C291+$D291-1,'Rates Table'!$C$8:$C$50,0))))","v":0.34743191039999993},{"$f":"-PMT(discountRate,$D291,NPV(discountRate,INDEX('Rates Table'!$J$8:$J$50,MATCH($C291,'Rates Table'!$C$8:$C$50,0)):INDEX('Rates Table'!$J$8:$J$50,MATCH($C291+$D291-1,'Rates Table'!$C$8:$C$50,0))))","v":0.41068298555999982}]
[null,"2024_22",2024,22,{"$f":"-PMT(discountRate,$D292,NPV(discountRate,INDEX('Rates Table'!$F$8:$F$50,MATCH($C292,'Rates Table'!$C$8:$C$50,0)):INDEX('Rates Table'!$F$8:$F$50,MATCH($C292+$D292-1,'Rates Table'!$C$8:$C$50,0))))","v":0.12586705328970266},{"$f":"-PMT(discountRate,$D292,NPV(discountRate,INDEX('Rates Table'!$G$8:$G$50,MATCH($C292,'Rates Table'!$C$8:$C$50,0)):INDEX('Rates Table'!$G$8:$G$50,MATCH($C292+$D292-1,'Rates Table'!$C$8:$C$50,0))))","v":0.17248811334031708},{"$f":"-PMT(discountRate,$D292,NPV(discountRate,INDEX('Rates Table'!$H$8:$H$50,MATCH($C292,'Rates Table'!$C$8:$C$50,0)):INDEX('Rates Table'!$H$8:$H$50,MATCH($C292+$D292-1,'Rates Table'!$C$8:$C$50,0))))","v":3.7841999999999997E-6},{"$f":"-PMT(discountRate,$D292,NPV(discountRate,INDEX('Rates Table'!$I$8:$I$50,MATCH($C292,'Rates Table'!$C$8:$C$50,0)):INDEX('Rates Table'!$I$8:$I$50,MATCH($C292+$D292-1,'Rates Table'!$C$8:$C$50,0))))","v":0.34743191039999993},{"$f":"-PMT(discountRate,$D292,NPV(discountRate,INDEX('Rates Table'!$J$8:$J$50,MATCH($C292,'Rates Table'!$C$8:$C$50,0)):INDEX('Rates Table'!$J$8:$J$50,MATCH($C292+$D292-1,'Rates Table'!$C$8:$C$50,0))))","v":0.41068298555999982}]
[null,"2024_23",2024,23,{"$f":"-PMT(discountRate,$D293,NPV(discountRate,INDEX('Rates Table'!$F$8:$F$50,MATCH($C293,'Rates Table'!$C$8:$C$50,0)):INDEX('Rates Table'!$F$8:$F$50,MATCH($C293+$D293-1,'Rates Table'!$C$8:$C$50,0))))","v":0.12587581026769032},{"$f":"-PMT(discountRate,$D293,NPV(discountRate,INDEX('Rates Table'!$G$8:$G$50,MATCH($C293,'Rates Table'!$C$8:$C$50,0)):INDEX('Rates Table'!$G$8:$G$50,MATCH($C293+$D293-1,'Rates Table'!$C$8:$C$50,0))))","v":0.17248811334031708},{"$f":"-PMT(discountRate,$D293,NPV(discountRate,INDEX('Rates Table'!$H$8:$H$50,MATCH($C293,'Rates Table'!$C$8:$C$50,0)):INDEX('Rates Table'!$H$8:$H$50,MATCH($C293+$D293-1,'Rates Table'!$C$8:$C$50,0))))","v":3.7841999999999993E-6},{"$f":"-PMT(discountRate,$D293,NPV(discountRate,INDEX('Rates Table'!$I$8:$I$50,MATCH($C293,'Rates Table'!$C$8:$C$50,0)):INDEX('Rates Table'!$I$8:$I$50,MATCH($C293+$D293-1,'Rates Table'!$C$8:$C$50,0))))","v":0.34743191039999988},{"$f":"-PMT(discountRate,$D293,NPV(discountRate,INDEX('Rates Table'!$J$8:$J$50,MATCH($C293,'Rates Table'!$C$8:$C$50,0)):INDEX('Rates Table'!$J$8:$J$50,MATCH($C293+$D293-1,'Rates Table'!$C$8:$C$50,0))))","v":0.41068298555999982}]
[null,"2024_24",2024,24,{"$f":"-PMT(discountRate,$D294,NPV(discountRate,INDEX('Rates Table'!$F$8:$F$50,MATCH($C294,'Rates Table'!$C$8:$C$50,0)):INDEX('Rates Table'!$F$8:$F$50,MATCH($C294+$D294-1,'Rates Table'!$C$8:$C$50,0))))","v":0.12588379093001462},{"$f":"-PMT(discountRate,$D294,NPV(discountRate,INDEX('Rates Table'!$G$8:$G$50,MATCH($C294,'Rates Table'!$C$8:$C$50,0)):INDEX('Rates Table'!$G$8:$G$50,MATCH($C294+$D294-1,'Rates Table'!$C$8:$C$50,0))))","v":0.17248811334031711},{"$f":"-PMT(discountRate,$D294,NPV(discountRate,INDEX('Rates Table'!$H$8:$H$50,MATCH($C294,'Rates Table'!$C$8:$C$50,0)):INDEX('Rates Table'!$H$8:$H$50,MATCH($C294+$D294-1,'Rates Table'!$C$8:$C$50,0))))","v":3.7841999999999997E-6},{"$f":"-PMT(discountRate,$D294,NPV(discountRate,INDEX('Rates Table'!$I$8:$I$50,MATCH($C294,'Rates Table'!$C$8:$C$50,0)):INDEX('Rates Table'!$I$8:$I$50,MATCH($C294+$D294-1,'Rates Table'!$C$8:$C$50,0))))","v":0.34743191039999993},{"$f":"-PMT(discountRate,$D294,NPV(discountRate,INDEX('Rates Table'!$J$8:$J$50,MATCH($C294,'Rates Table'!$C$8:$C$50,0)):INDEX('Rates Table'!$J$8:$J$50,MATCH($C294+$D294-1,'Rates Table'!$C$8:$C$50,0))))","v":0.41068298555999982}]
[null,"2024_25",2024,25,{"$f":"-PMT(discountRate,$D295,NPV(discountRate,INDEX('Rates Table'!$F$8:$F$50,MATCH($C295,'Rates Table'!$C$8:$C$50,0)):INDEX('Rates Table'!$F$8:$F$50,MATCH($C295+$D295-1,'Rates Table'!$C$8:$C$50,0))))","v":0.12589108875149163},{"$f":"-PMT(discountRate,$D295,NPV(discountRate,INDEX('Rates Table'!$G$8:$G$50,MATCH($C295,'Rates Table'!$C$8:$C$50,0)):INDEX('Rates Table'!$G$8:$G$50,MATCH($C295+$D295-1,'Rates Table'!$C$8:$C$50,0))))","v":0.17248811334031705},{"$f":"-PMT(discountRate,$D295,NPV(discountRate,INDEX('Rates Table'!$H$8:$H$50,MATCH($C295,'Rates Table'!$C$8:$C$50,0)):INDEX('Rates Table'!$H$8:$H$50,MATCH($C295+$D295-1,'Rates Table'!$C$8:$C$50,0))))","v":3.7841999999999989E-6},{"$f":"-PMT(discountRate,$D295,NPV(discountRate,INDEX('Rates Table'!$I$8:$I$50,MATCH($C295,'Rates Table'!$C$8:$C$50,0)):INDEX('Rates Table'!$I$8:$I$50,MATCH($C295+$D295-1,'Rates Table'!$C$8:$C$50,0))))","v":0.34743191039999977},{"$f":"-PMT(discountRate,$D295,NPV(discountRate,INDEX('Rates Table'!$J$8:$J$50,MATCH($C295,'Rates Table'!$C$8:$C$50,0)):INDEX('Rates Table'!$J$8:$J$50,MATCH($C295+$D295-1,'Rates Table'!$C$8:$C$50,0))))","v":0.41068298555999966}]
[null,"2024_26",2024,26,{"$f":"-PMT(discountRate,$D296,NPV(discountRate,INDEX('Rates Table'!$F$8:$F$50,MATCH($C296,'Rates Table'!$C$8:$C$50,0)):INDEX('Rates Table'!$F$8:$F$50,MATCH($C296+$D296-1,'Rates Table'!$C$8:$C$50,0))))","v":0.12589778283643471},{"$f":"-PMT(discountRate,$D296,NPV(discountRate,INDEX('Rates Table'!$G$8:$G$50,MATCH($C296,'Rates Table'!$C$8:$C$50,0)):INDEX('Rates Table'!$G$8:$G$50,MATCH($C296+$D296-1,'Rates Table'!$C$8:$C$50,0))))","v":0.17248811334031708},{"$f":"-PMT(discountRate,$D296,NPV(discountRate,INDEX('Rates Table'!$H$8:$H$50,MATCH($C296,'Rates Table'!$C$8:$C$50,0)):INDEX('Rates Table'!$H$8:$H$50,MATCH($C296+$D296-1,'Rates Table'!$C$8:$C$50,0))))","v":3.7841999999999993E-6},{"$f":"-PMT(discountRate,$D296,NPV(discountRate,INDEX('Rates Table'!$I$8:$I$50,MATCH($C296,'Rates Table'!$C$8:$C$50,0)):INDEX('Rates Table'!$I$8:$I$50,MATCH($C296+$D296-1,'Rates Table'!$C$8:$C$50,0))))","v":0.34743191039999988},{"$f":"-PMT(discountRate,$D296,NPV(discountRate,INDEX('Rates Table'!$J$8:$J$50,MATCH($C296,'Rates Table'!$C$8:$C$50,0)):INDEX('Rates Table'!$J$8:$J$50,MATCH($C296+$D296-1,'Rates Table'!$C$8:$C$50,0))))","v":0.41068298555999982}]
[null,"2025_1",2025,1,{"$f":"-PMT(discountRate,$D297,NPV(discountRate,INDEX('Rates Table'!$F$8:$F$50,MATCH($C297,'Rates Table'!$C$8:$C$50,0)):INDEX('Rates Table'!$F$8:$F$50,MATCH($C297+$D297-1,'Rates Table'!$C$8:$C$50,0))))","v":0.1240318620728998},{"$f":"-PMT(discountRate,$D297,NPV(discountRate,INDEX('Rates Table'!$G$8:$G$50,MATCH($C297,'Rates Table'!$C$8:$C$50,0)):INDEX('Rates Table'!$G$8:$G$50,MATCH($C297+$D297-1,'Rates Table'!$C$8:$C$50,0))))","v":0.17248811334031713},{"$f":"-PMT(discountRate,$D297,NPV(discountRate,INDEX('Rates Table'!$H$8:$H$50,MATCH($C297,'Rates Table'!$C$8:$C$50,0)):INDEX('Rates Table'!$H$8:$H$50,MATCH($C297+$D297-1,'Rates Table'!$C$8:$C$50,0))))","v":3.7841999999999997E-6},{"$f":"-PMT(discountRate,$D297,NPV(discountRate,INDEX('Rates Table'!$I$8:$I$50,MATCH($C297,'Rates Table'!$C$8:$C$50,0)):INDEX('Rates Table'!$I$8:$I$50,MATCH($C297+$D297-1,'Rates Table'!$C$8:$C$50,0))))","v":0.34743191039999999},{"$f":"-PMT(discountRate,$D297,NPV(discountRate,INDEX('Rates Table'!$J$8:$J$50,MATCH($C297,'Rates Table'!$C$8:$C$50,0)):INDEX('Rates Table'!$J$8:$J$50,MATCH($C297+$D297-1,'Rates Table'!$C$8:$C$50,0))))","v":0.41068298555999994}]
[null,"2025_2",2025,2,{"$f":"-PMT(discountRate,$D298,NPV(discountRate,INDEX('Rates Table'!$F$8:$F$50,MATCH($C298,'Rates Table'!$C$8:$C$50,0)):INDEX('Rates Table'!$F$8:$F$50,MATCH($C298+$D298-1,'Rates Table'!$C$8:$C$50,0))))","v":0.12473830375850414},{"$f":"-PMT(discountRate,$D298,NPV(discountRate,INDEX('Rates Table'!$G$8:$G$50,MATCH($C298,'Rates Table'!$C$8:$C$50,0)):INDEX('Rates Table'!$G$8:$G$50,MATCH($C298+$D298-1,'Rates Table'!$C$8:$C$50,0))))","v":0.17248811334031719},{"$f":"-PMT(discountRate,$D298,NPV(discountRate,INDEX('Rates Table'!$H$8:$H$50,MATCH($C298,'Rates Table'!$C$8:$C$50,0)):INDEX('Rates Table'!$H$8:$H$50,MATCH($C298+$D298-1,'Rates Table'!$C$8:$C$50,0))))","v":3.7842000000000005E-6},{"$f":"-PMT(discountRate,$D298,NPV(discountRate,INDEX('Rates Table'!$I$8:$I$50,MATCH($C298,'Rates Table'!$C$8:$C$50,0)):INDEX('Rates Table'!$I$8:$I$50,MATCH($C298+$D298-1,'Rates Table'!$C$8:$C$50,0))))","v":0.34743191039999999},{"$f":"-PMT(discountRate,$D298,NPV(discountRate,INDEX('Rates Table'!$J$8:$J$50,MATCH($C298,'Rates Table'!$C$8:$C$50,0)):INDEX('Rates Table'!$J$8:$J$50,MATCH($C298+$D298-1,'Rates Table'!$C$8:$C$50,0))))","v":0.41068298556000005}]
[null,"2025_3",2025,3,{"$f":"-PMT(discountRate,$D299,NPV(discountRate,INDEX('Rates Table'!$F$8:$F$50,MATCH($C299,'Rates Table'!$C$8:$C$50,0)):INDEX('Rates Table'!$F$8:$F$50,MATCH($C299+$D299-1,'Rates Table'!$C$8:$C$50,0))))","v":0.12520262063941129},{"$f":"-PMT(discountRate,$D299,NPV(discountRate,INDEX('Rates Table'!$G$8:$G$50,MATCH($C299,'Rates Table'!$C$8:$C$50,0)):INDEX('Rates Table'!$G$8:$G$50,MATCH($C299+$D299-1,'Rates Table'!$C$8:$C$50,0))))","v":0.17248811334031713},{"$f":"-PMT(discountRate,$D299,NPV(discountRate,INDEX('Rates Table'!$H$8:$H$50,MATCH($C299,'Rates Table'!$C$8:$C$50,0)):INDEX('Rates Table'!$H$8:$H$50,MATCH($C299+$D299-1,'Rates Table'!$C$8:$C$50,0))))","v":3.7842000000000005E-6},{"$f":"-PMT(discountRate,$D299,NPV(discountRate,INDEX('Rates Table'!$I$8:$I$50,MATCH($C299,'Rates Table'!$C$8:$C$50,0)):INDEX('Rates Table'!$I$8:$I$50,MATCH($C299+$D299-1,'Rates Table'!$C$8:$C$50,0))))","v":0.34743191039999999},{"$f":"-PMT(discountRate,$D299,NPV(discountRate,INDEX('Rates Table'!$J$8:$J$50,MATCH($C299,'Rates Table'!$C$8:$C$50,0)):INDEX('Rates Table'!$J$8:$J$50,MATCH($C299+$D299-1,'Rates Table'!$C$8:$C$50,0))))","v":0.41068298555999994}]
[null,"2025_4",2025,4,{"$f":"-PMT(discountRate,$D300,NPV(discountRate,INDEX('Rates Table'!$F$8:$F$50,MATCH($C300,'Rates Table'!$C$8:$C$50,0)):INDEX('Rates Table'!$F$8:$F$50,MATCH($C300+$D300-1,'Rates Table'!$C$8:$C$50,0))))","v":0.12543460063371542},{"$f":"-PMT(discountRate,$D300,NPV(discountRate,INDEX('Rates Table'!$G$8:$G$50,MATCH($C300,'Rates Table'!$C$8:$C$50,0)):INDEX('Rates Table'!$G$8:$G$50,MATCH($C300+$D300-1,'Rates Table'!$C$8:$C$50,0))))","v":0.17248811334031713},{"$f":"-PMT(discountRate,$D300,NPV(discountRate,INDEX('Rates Table'!$H$8:$H$50,MATCH($C300,'Rates Table'!$C$8:$C$50,0)):INDEX('Rates Table'!$H$8:$H$50,MATCH($C300+$D300-1,'Rates Table'!$C$8:$C$50,0))))","v":3.7842000000000005E-6},{"$f":"-PMT(discountRate,$D300,NPV(discountRate,INDEX('Rates Table'!$I$8:$I$50,MATCH($C300,'Rates Table'!$C$8:$C$50,0)):INDEX('Rates Table'!$I$8:$I$50,MATCH($C300+$D300-1,'Rates Table'!$C$8:$C$50,0))))","v":0.34743191039999999},{"$f":"-PMT(discountRate,$D300,NPV(discountRate,INDEX('Rates Table'!$J$8:$J$50,MATCH($C300,'Rates Table'!$C$8:$C$50,0)):INDEX('Rates Table'!$J$8:$J$50,MATCH($C300+$D300-1,'Rates Table'!$C$8:$C$50,0))))","v":0.41068298556000005}]
[null,"2025_5",2025,5,{"$f":"-PMT(discountRate,$D301,NPV(discountRate,INDEX('Rates Table'!$F$8:$F$50,MATCH($C301,'Rates Table'!$C$8:$C$50,0)):INDEX('Rates Table'!$F$8:$F$50,MATCH($C301+$D301-1,'Rates Table'!$C$8:$C$50,0))))","v":0.12557364602694779},{"$f":"-PMT(discountRate,$D301,NPV(discountRate,INDEX('Rates Table'!$G$8:$G$50,MATCH($C301,'Rates Table'!$C$8:$C$50,0)):INDEX('Rates Table'!$G$8:$G$50,MATCH($C301+$D301-1,'Rates Table'!$C$8:$C$50,0))))","v":0.17248811334031713},{"$f":"-PMT(discountRate,$D301,NPV(discountRate,INDEX('Rates Table'!$H$8:$H$50,MATCH($C301,'Rates Table'!$C$8:$C$50,0)):INDEX('Rates Table'!$H$8:$H$50,MATCH($C301+$D301-1,'Rates Table'!$C$8:$C$50,0))))","v":3.7842000000000005E-6},{"$f":"-PMT(discountRate,$D301,NPV(discountRate,INDEX('Rates Table'!$I$8:$I$50,MATCH($C301,'Rates Table'!$C$8:$C$50,0)):INDEX('Rates Table'!$I$8:$I$50,MATCH($C301+$D301-1,'Rates Table'!$C$8:$C$50,0))))","v":0.34743191039999999},{"$f":"-PMT(discountRate,$D301,NPV(discountRate,INDEX('Rates Table'!$J$8:$J$50,MATCH($C301,'Rates Table'!$C$8:$C$50,0)):INDEX('Rates Table'!$J$8:$J$50,MATCH($C301+$D301-1,'Rates Table'!$C$8:$C$50,0))))","v":0.41068298556000005}]
[null,"2025_6",2025,6,{"$f":"-PMT(discountRate,$D302,NPV(discountRate,INDEX('Rates Table'!$F$8:$F$50,MATCH($C302,'Rates Table'!$C$8:$C$50,0)):INDEX('Rates Table'!$F$8:$F$50,MATCH($C302+$D302-1,'Rates Table'!$C$8:$C$50,0))))","v":0.12566622428394228},{"$f":"-PMT(discountRate,$D302,NPV(discountRate,INDEX('Rates Table'!$G$8:$G$50,MATCH($C302,'Rates Table'!$C$8:$C$50,0)):INDEX('Rates Table'!$G$8:$G$50,MATCH($C302+$D302-1,'Rates Table'!$C$8:$C$50,0))))","v":0.17248811334031713},{"$f":"-PMT(discountRate,$D302,NPV(discountRate,INDEX('Rates Table'!$H$8:$H$50,MATCH($C302,'Rates Table'!$C$8:$C$50,0)):INDEX('Rates Table'!$H$8:$H$50,MATCH($C302+$D302-1,'Rates Table'!$C$8:$C$50,0))))","v":3.7842000000000005E-6},{"$f":"-PMT(discountRate,$D302,NPV(discountRate,INDEX('Rates Table'!$I$8:$I$50,MATCH($C302,'Rates Table'!$C$8:$C$50,0)):INDEX('Rates Table'!$I$8:$I$50,MATCH($C302+$D302-1,'Rates Table'!$C$8:$C$50,0))))","v":0.34743191039999999},{"$f":"-PMT(discountRate,$D302,NPV(discountRate,INDEX('Rates Table'!$J$8:$J$50,MATCH($C302,'Rates Table'!$C$8:$C$50,0)):INDEX('Rates Table'!$J$8:$J$50,MATCH($C302+$D302-1,'Rates Table'!$C$8:$C$50,0))))","v":0.4106829855600001}]
[null,"2025_7",2025,7,{"$f":"-PMT(discountRate,$D303,NPV(discountRate,INDEX('Rates Table'!$F$8:$F$50,MATCH($C303,'Rates Table'!$C$8:$C$50,0)):INDEX('Rates Table'!$F$8:$F$50,MATCH($C303+$D303-1,'Rates Table'!$C$8:$C$50,0))))","v":0.12573225006346508},{"$f":"-PMT(discountRate,$D303,NPV(discountRate,INDEX('Rates Table'!$G$8:$G$50,MATCH($C303,'Rates Table'!$C$8:$C$50,0)):INDEX('Rates Table'!$G$8:$G$50,MATCH($C303+$D303-1,'Rates Table'!$C$8:$C$50,0))))","v":0.17248811334031713},{"$f":"-PMT(discountRate,$D303,NPV(discountRate,INDEX('Rates Table'!$H$8:$H$50,MATCH($C303,'Rates Table'!$C$8:$C$50,0)):INDEX('Rates Table'!$H$8:$H$50,MATCH($C303+$D303-1,'Rates Table'!$C$8:$C$50,0))))","v":3.7841999999999997E-6},{"$f":"-PMT(discountRate,$D303,NPV(discountRate,INDEX('Rates Table'!$I$8:$I$50,MATCH($C303,'Rates Table'!$C$8:$C$50,0)):INDEX('Rates Table'!$I$8:$I$50,MATCH($C303+$D303-1,'Rates Table'!$C$8:$C$50,0))))","v":0.34743191039999999},{"$f":"-PMT(discountRate,$D303,NPV(discountRate,INDEX('Rates Table'!$J$8:$J$50,MATCH($C303,'Rates Table'!$C$8:$C$50,0)):INDEX('Rates Table'!$J$8:$J$50,MATCH($C303+$D303-1,'Rates Table'!$C$8:$C$50,0))))","v":0.41068298556000005}]
[null,"2025_8",2025,8,{"$f":"-PMT(discountRate,$D304,NPV(discountRate,INDEX('Rates Table'!$F$8:$F$50,MATCH($C304,'Rates Table'!$C$8:$C$50,0)):INDEX('Rates Table'!$F$8:$F$50,MATCH($C304+$D304-1,'Rates Table'!$C$8:$C$50,0))))","v":0.1257816807218427},{"$f":"-PMT(discountRate,$D304,NPV(discountRate,INDEX('Rates Table'!$G$8:$G$50,MATCH($C304,'Rates Table'!$C$8:$C$50,0)):INDEX('Rates Table'!$G$8:$G$50,MATCH($C304+$D304-1,'Rates Table'!$C$8:$C$50,0))))","v":0.17248811334031713},{"$f":"-PMT(discountRate,$D304,NPV(discountRate,INDEX('Rates Table'!$H$8:$H$50,MATCH($C304,'Rates Table'!$C$8:$C$50,0)):INDEX('Rates Table'!$H$8:$H$50,MATCH($C304+$D304-1,'Rates Table'!$C$8:$C$50,0))))","v":3.7841999999999997E-6},{"$f":"-PMT(discountRate,$D304,NPV(discountRate,INDEX('Rates Table'!$I$8:$I$50,MATCH($C304,'Rates Table'!$C$8:$C$50,0)):INDEX('Rates Table'!$I$8:$I$50,MATCH($C304+$D304-1,'Rates Table'!$C$8:$C$50,0))))","v":0.34743191039999993},{"$f":"-PMT(discountRate,$D304,NPV(discountRate,INDEX('Rates Table'!$J$8:$J$50,MATCH($C304,'Rates Table'!$C$8:$C$50,0)):INDEX('Rates Table'!$J$8:$J$50,MATCH($C304+$D304-1,'Rates Table'!$C$8:$C$50,0))))","v":0.41068298555999994}]
[null,"2025_9",2025,9,{"$f":"-PMT(discountRate,$D305,NPV(discountRate,INDEX('Rates Table'!$F$8:$F$50,MATCH($C305,'Rates Table'!$C$8:$C$50,0)):INDEX('Rates Table'!$F$8:$F$50,MATCH($C305+$D305-1,'Rates Table'!$C$8:$C$50,0))))","v":0.12582004814747902},{"$f":"-PMT(discountRate,$D305,NPV(discountRate,INDEX('Rates Table'!$G$8:$G$50,MATCH($C305,'Rates Table'!$C$8:$C$50,0)):INDEX('Rates Table'!$G$8:$G$50,MATCH($C305+$D305-1,'Rates Table'!$C$8:$C$50,0))))","v":0.17248811334031711},{"$f":"-PMT(discountRate,$D305,NPV(discountRate,INDEX('Rates Table'!$H$8:$H$50,MATCH($C305,'Rates Table'!$C$8:$C$50,0)):INDEX('Rates Table'!$H$8:$H$50,MATCH($C305+$D305-1,'Rates Table'!$C$8:$C$50,0))))","v":3.7841999999999997E-6},{"$f":"-PMT(discountRate,$D305,NPV(discountRate,INDEX('Rates Table'!$I$8:$I$50,MATCH($C305,'Rates Table'!$C$8:$C$50,0)):INDEX('Rates Table'!$I$8:$I$50,MATCH($C305+$D305-1,'Rates Table'!$C$8:$C$50,0))))","v":0.34743191039999993},{"$f":"-PMT(discountRate,$D305,NPV(discountRate,INDEX('Rates Table'!$J$8:$J$50,MATCH($C305,'Rates Table'!$C$8:$C$50,0)):INDEX('Rates Table'!$J$8:$J$50,MATCH($C305+$D305-1,'Rates Table'!$C$8:$C$50,0))))","v":0.41068298555999994}]
[null,"2025_10",2025,10,{"$f":"-PMT(discountRate,$D306,NPV(discountRate,INDEX('Rates Table'!$F$8:$F$50,MATCH($C306,'Rates Table'!$C$8:$C$50,0)):INDEX('Rates Table'!$F$8:$F$50,MATCH($C306+$D306-1,'Rates Table'!$C$8:$C$50,0))))","v":0.12585067149463888},{"$f":"-PMT(discountRate,$D306,NPV(discountRate,INDEX('Rates Table'!$G$8:$G$50,MATCH($C306,'Rates Table'!$C$8:$C$50,0)):INDEX('Rates Table'!$G$8:$G$50,MATCH($C306+$D306-1,'Rates Table'!$C$8:$C$50,0))))","v":0.17248811334031713},{"$f":"-PMT(discountRate,$D306,NPV(discountRate,INDEX('Rates Table'!$H$8:$H$50,MATCH($C306,'Rates Table'!$C$8:$C$50,0)):INDEX('Rates Table'!$H$8:$H$50,MATCH($C306+$D306-1,'Rates Table'!$C$8:$C$50,0))))","v":3.7841999999999997E-6},{"$f":"-PMT(discountRate,$D306,NPV(discountRate,INDEX('Rates Table'!$I$8:$I$50,MATCH($C306,'Rates Table'!$C$8:$C$50,0)):INDEX('Rates Table'!$I$8:$I$50,MATCH($C306+$D306-1,'Rates Table'!$C$8:$C$50,0))))","v":0.34743191039999999},{"$f":"-PMT(discountRate,$D306,NPV(discountRate,INDEX('Rates Table'!$J$8:$J$50,MATCH($C306,'Rates Table'!$C$8:$C$50,0)):INDEX('Rates Table'!$J$8:$J$50,MATCH($C306+$D306-1,'Rates Table'!$C$8:$C$50,0))))","v":0.41068298555999994}]
[null,"2025_11",2025,11,{"$f":"-PMT(discountRate,$D307,NPV(discountRate,INDEX('Rates Table'!$F$8:$F$50,MATCH($C307,'Rates Table'!$C$8:$C$50,0)):INDEX('Rates Table'!$F$8:$F$50,MATCH($C307+$D307-1,'Rates Table'!$C$8:$C$50,0))))","v":0.1258756629715114},{"$f":"-PMT(discountRate,$D307,NPV(discountRate,INDEX('Rates Table'!$G$8:$G$50,MATCH($C307,'Rates Table'!$C$8:$C$50,0)):INDEX('Rates Table'!$G$8:$G$50,MATCH($C307+$D307-1,'Rates Table'!$C$8:$C$50,0))))","v":0.17248811334031711},{"$f":"-PMT(discountRate,$D307,NPV(discountRate,INDEX('Rates Table'!$H$8:$H$50,MATCH($C307,'Rates Table'!$C$8:$C$50,0)):INDEX('Rates Table'!$H$8:$H$50,MATCH($C307+$D307-1,'Rates Table'!$C$8:$C$50,0))))","v":3.7841999999999993E-6},{"$f":"-PMT(discountRate,$D307,NPV(discountRate,INDEX('Rates Table'!$I$8:$I$50,MATCH($C307,'Rates Table'!$C$8:$C$50,0)):INDEX('Rates Table'!$I$8:$I$50,MATCH($C307+$D307-1,'Rates Table'!$C$8:$C$50,0))))","v":0.34743191039999988},{"$f":"-PMT(discountRate,$D307,NPV(discountRate,INDEX('Rates Table'!$J$8:$J$50,MATCH($C307,'Rates Table'!$C$8:$C$50,0)):INDEX('Rates Table'!$J$8:$J$50,MATCH($C307+$D307-1,'Rates Table'!$C$8:$C$50,0))))","v":0.41068298555999988}]
[null,"2025_12",2025,12,{"$f":"-PMT(discountRate,$D308,NPV(discountRate,INDEX('Rates Table'!$F$8:$F$50,MATCH($C308,'Rates Table'!$C$8:$C$50,0)):INDEX('Rates Table'!$F$8:$F$50,MATCH($C308+$D308-1,'Rates Table'!$C$8:$C$50,0))))","v":0.12589643073422313},{"$f":"-PMT(discountRate,$D308,NPV(discountRate,INDEX('Rates Table'!$G$8:$G$50,MATCH($C308,'Rates Table'!$C$8:$C$50,0)):INDEX('Rates Table'!$G$8:$G$50,MATCH($C308+$D308-1,'Rates Table'!$C$8:$C$50,0))))","v":0.17248811334031711},{"$f":"-PMT(discountRate,$D308,NPV(discountRate,INDEX('Rates Table'!$H$8:$H$50,MATCH($C308,'Rates Table'!$C$8:$C$50,0)):INDEX('Rates Table'!$H$8:$H$50,MATCH($C308+$D308-1,'Rates Table'!$C$8:$C$50,0))))","v":3.7841999999999997E-6},{"$f":"-PMT(discountRate,$D308,NPV(discountRate,INDEX('Rates Table'!$I$8:$I$50,MATCH($C308,'Rates Table'!$C$8:$C$50,0)):INDEX('Rates Table'!$I$8:$I$50,MATCH($C308+$D308-1,'Rates Table'!$C$8:$C$50,0))))","v":0.34743191039999993},{"$f":"-PMT(discountRate,$D308,NPV(discountRate,INDEX('Rates Table'!$J$8:$J$50,MATCH($C308,'Rates Table'!$C$8:$C$50,0)):INDEX('Rates Table'!$J$8:$J$50,MATCH($C308+$D308-1,'Rates Table'!$C$8:$C$50,0))))","v":0.41068298555999994}]
[null,"2025_13",2025,13,{"$f":"-PMT(discountRate,$D309,NPV(discountRate,INDEX('Rates Table'!$F$8:$F$50,MATCH($C309,'Rates Table'!$C$8:$C$50,0)):INDEX('Rates Table'!$F$8:$F$50,MATCH($C309+$D309-1,'Rates Table'!$C$8:$C$50,0))))","v":0.12591394967590513},{"$f":"-PMT(discountRate,$D309,NPV(discountRate,INDEX('Rates Table'!$G$8:$G$50,MATCH($C309,'Rates Table'!$C$8:$C$50,0)):INDEX('Rates Table'!$G$8:$G$50,MATCH($C309+$D309-1,'Rates Table'!$C$8:$C$50,0))))","v":0.17248811334031708},{"$f":"-PMT(discountRate,$D309,NPV(discountRate,INDEX('Rates Table'!$H$8:$H$50,MATCH($C309,'Rates Table'!$C$8:$C$50,0)):INDEX('Rates Table'!$H$8:$H$50,MATCH($C309+$D309-1,'Rates Table'!$C$8:$C$50,0))))","v":3.7841999999999993E-6},{"$f":"-PMT(discountRate,$D309,NPV(discountRate,INDEX('Rates Table'!$I$8:$I$50,MATCH($C309,'Rates Table'!$C$8:$C$50,0)):INDEX('Rates Table'!$I$8:$I$50,MATCH($C309+$D309-1,'Rates Table'!$C$8:$C$50,0))))","v":0.34743191039999988},{"$f":"-PMT(discountRate,$D309,NPV(discountRate,INDEX('Rates Table'!$J$8:$J$50,MATCH($C309,'Rates Table'!$C$8:$C$50,0)):INDEX('Rates Table'!$J$8:$J$50,MATCH($C309+$D309-1,'Rates Table'!$C$8:$C$50,0))))","v":0.41068298555999988}]
[null,"2025_14",2025,14,{"$f":"-PMT(discountRate,$D310,NPV(discountRate,INDEX('Rates Table'!$F$8:$F$50,MATCH($C310,'Rates Table'!$C$8:$C$50,0)):INDEX('Rates Table'!$F$8:$F$50,MATCH($C310+$D310-1,'Rates Table'!$C$8:$C$50,0))))","v":0.12592891616328827},{"$f":"-PMT(discountRate,$D310,NPV(discountRate,INDEX('Rates Table'!$G$8:$G$50,MATCH($C310,'Rates Table'!$C$8:$C$50,0)):INDEX('Rates Table'!$G$8:$G$50,MATCH($C310+$D310-1,'Rates Table'!$C$8:$C$50,0))))","v":0.17248811334031711},{"$f":"-PMT(discountRate,$D310,NPV(discountRate,INDEX('Rates Table'!$H$8:$H$50,MATCH($C310,'Rates Table'!$C$8:$C$50,0)):INDEX('Rates Table'!$H$8:$H$50,MATCH($C310+$D310-1,'Rates Table'!$C$8:$C$50,0))))","v":3.7842000000000005E-6},{"$f":"-PMT(discountRate,$D310,NPV(discountRate,INDEX('Rates Table'!$I$8:$I$50,MATCH($C310,'Rates Table'!$C$8:$C$50,0)):INDEX('Rates Table'!$I$8:$I$50,MATCH($C310+$D310-1,'Rates Table'!$C$8:$C$50,0))))","v":0.34743191039999993},{"$f":"-PMT(discountRate,$D310,NPV(discountRate,INDEX('Rates Table'!$J$8:$J$50,MATCH($C310,'Rates Table'!$C$8:$C$50,0)):INDEX('Rates Table'!$J$8:$J$50,MATCH($C310+$D310-1,'Rates Table'!$C$8:$C$50,0))))","v":0.41068298555999994}]
[null,"2025_15",2025,15,{"$f":"-PMT(discountRate,$D311,NPV(discountRate,INDEX('Rates Table'!$F$8:$F$50,MATCH($C311,'Rates Table'!$C$8:$C$50,0)):INDEX('Rates Table'!$F$8:$F$50,MATCH($C311+$D311-1,'Rates Table'!$C$8:$C$50,0))))","v":0.12594184087864588},{"$f":"-PMT(discountRate,$D311,NPV(discountRate,INDEX('Rates Table'!$G$8:$G$50,MATCH($C311,'Rates Table'!$C$8:$C$50,0)):INDEX('Rates Table'!$G$8:$G$50,MATCH($C311+$D311-1,'Rates Table'!$C$8:$C$50,0))))","v":0.17248811334031708},{"$f":"-PMT(discountRate,$D311,NPV(discountRate,INDEX('Rates Table'!$H$8:$H$50,MATCH($C311,'Rates Table'!$C$8:$C$50,0)):INDEX('Rates Table'!$H$8:$H$50,MATCH($C311+$D311-1,'Rates Table'!$C$8:$C$50,0))))","v":3.7841999999999993E-6},{"$f":"-PMT(discountRate,$D311,NPV(discountRate,INDEX('Rates Table'!$I$8:$I$50,MATCH($C311,'Rates Table'!$C$8:$C$50,0)):INDEX('Rates Table'!$I$8:$I$50,MATCH($C311+$D311-1,'Rates Table'!$C$8:$C$50,0))))","v":0.34743191039999988},{"$f":"-PMT(discountRate,$D311,NPV(discountRate,INDEX('Rates Table'!$J$8:$J$50,MATCH($C311,'Rates Table'!$C$8:$C$50,0)):INDEX('Rates Table'!$J$8:$J$50,MATCH($C311+$D311-1,'Rates Table'!$C$8:$C$50,0))))","v":0.41068298555999982}]
[null,"2025_16",2025,16,{"$f":"-PMT(discountRate,$D312,NPV(discountRate,INDEX('Rates Table'!$F$8:$F$50,MATCH($C312,'Rates Table'!$C$8:$C$50,0)):INDEX('Rates Table'!$F$8:$F$50,MATCH($C312+$D312-1,'Rates Table'!$C$8:$C$50,0))))","v":0.12595310684599634},{"$f":"-PMT(discountRate,$D312,NPV(discountRate,INDEX('Rates Table'!$G$8:$G$50,MATCH($C312,'Rates Table'!$C$8:$C$50,0)):INDEX('Rates Table'!$G$8:$G$50,MATCH($C312+$D312-1,'Rates Table'!$C$8:$C$50,0))))","v":0.17248811334031711},{"$f":"-PMT(discountRate,$D312,NPV(discountRate,INDEX('Rates Table'!$H$8:$H$50,MATCH($C312,'Rates Table'!$C$8:$C$50,0)):INDEX('Rates Table'!$H$8:$H$50,MATCH($C312+$D312-1,'Rates Table'!$C$8:$C$50,0))))","v":3.7841999999999993E-6},{"$f":"-PMT(discountRate,$D312,NPV(discountRate,INDEX('Rates Table'!$I$8:$I$50,MATCH($C312,'Rates Table'!$C$8:$C$50,0)):INDEX('Rates Table'!$I$8:$I$50,MATCH($C312+$D312-1,'Rates Table'!$C$8:$C$50,0))))","v":0.34743191039999988},{"$f":"-PMT(discountRate,$D312,NPV(discountRate,INDEX('Rates Table'!$J$8:$J$50,MATCH($C312,'Rates Table'!$C$8:$C$50,0)):INDEX('Rates Table'!$J$8:$J$50,MATCH($C312+$D312-1,'Rates Table'!$C$8:$C$50,0))))","v":0.41068298555999988}]
[null,"2025_17",2025,17,{"$f":"-PMT(discountRate,$D313,NPV(discountRate,INDEX('Rates Table'!$F$8:$F$50,MATCH($C313,'Rates Table'!$C$8:$C$50,0)):INDEX('Rates Table'!$F$8:$F$50,MATCH($C313+$D313-1,'Rates Table'!$C$8:$C$50,0))))","v":0.1259630069774573},{"$f":"-PMT(discountRate,$D313,NPV(discountRate,INDEX('Rates Table'!$G$8:$G$50,MATCH($C313,'Rates Table'!$C$8:$C$50,0)):INDEX('Rates Table'!$G$8:$G$50,MATCH($C313+$D313-1,'Rates Table'!$C$8:$C$50,0))))","v":0.17248811334031711},{"$f":"-PMT(discountRate,$D313,NPV(discountRate,INDEX('Rates Table'!$H$8:$H$50,MATCH($C313,'Rates Table'!$C$8:$C$50,0)):INDEX('Rates Table'!$H$8:$H$50,MATCH($C313+$D313-1,'Rates Table'!$C$8:$C$50,0))))","v":3.7841999999999997E-6},{"$f":"-PMT(discountRate,$D313,NPV(discountRate,INDEX('Rates Table'!$I$8:$I$50,MATCH($C313,'Rates Table'!$C$8:$C$50,0)):INDEX('Rates Table'!$I$8:$I$50,MATCH($C313+$D313-1,'Rates Table'!$C$8:$C$50,0))))","v":0.34743191039999993},{"$f":"-PMT(discountRate,$D313,NPV(discountRate,INDEX('Rates Table'!$J$8:$J$50,MATCH($C313,'Rates Table'!$C$8:$C$50,0)):INDEX('Rates Table'!$J$8:$J$50,MATCH($C313+$D313-1,'Rates Table'!$C$8:$C$50,0))))","v":0.41068298555999988}]
[null,"2025_18",2025,18,{"$f":"-PMT(discountRate,$D314,NPV(discountRate,INDEX('Rates Table'!$F$8:$F$50,MATCH($C314,'Rates Table'!$C$8:$C$50,0)):INDEX('Rates Table'!$F$8:$F$50,MATCH($C314+$D314-1,'Rates Table'!$C$8:$C$50,0))))","v":0.12597176910413851},{"$f":"-PMT(discountRate,$D314,NPV(discountRate,INDEX('Rates Table'!$G$8:$G$50,MATCH($C314,'Rates Table'!$C$8:$C$50,0)):INDEX('Rates Table'!$G$8:$G$50,MATCH($C314+$D314-1,'Rates Table'!$C$8:$C$50,0))))","v":0.17248811334031708},{"$f":"-PMT(discountRate,$D314,NPV(discountRate,INDEX('Rates Table'!$H$8:$H$50,MATCH($C314,'Rates Table'!$C$8:$C$50,0)):INDEX('Rates Table'!$H$8:$H$50,MATCH($C314+$D314-1,'Rates Table'!$C$8:$C$50,0))))","v":3.7841999999999993E-6},{"$f":"-PMT(discountRate,$D314,NPV(discountRate,INDEX('Rates Table'!$I$8:$I$50,MATCH($C314,'Rates Table'!$C$8:$C$50,0)):INDEX('Rates Table'!$I$8:$I$50,MATCH($C314+$D314-1,'Rates Table'!$C$8:$C$50,0))))","v":0.34743191039999988},{"$f":"-PMT(discountRate,$D314,NPV(discountRate,INDEX('Rates Table'!$J$8:$J$50,MATCH($C314,'Rates Table'!$C$8:$C$50,0)):INDEX('Rates Table'!$J$8:$J$50,MATCH($C314+$D314-1,'Rates Table'!$C$8:$C$50,0))))","v":0.41068298555999982}]
[null,"2025_19",2025,19,{"$f":"-PMT(discountRate,$D315,NPV(discountRate,INDEX('Rates Table'!$F$8:$F$50,MATCH($C315,'Rates Table'!$C$8:$C$50,0)):INDEX('Rates Table'!$F$8:$F$50,MATCH($C315+$D315-1,'Rates Table'!$C$8:$C$50,0))))","v":0.12597957310253285},{"$f":"-PMT(discountRate,$D315,NPV(discountRate,INDEX('Rates Table'!$G$8:$G$50,MATCH($C315,'Rates Table'!$C$8:$C$50,0)):INDEX('Rates Table'!$G$8:$G$50,MATCH($C315+$D315-1,'Rates Table'!$C$8:$C$50,0))))","v":0.17248811334031708},{"$f":"-PMT(discountRate,$D315,NPV(discountRate,INDEX('Rates Table'!$H$8:$H$50,MATCH($C315,'Rates Table'!$C$8:$C$50,0)):INDEX('Rates Table'!$H$8:$H$50,MATCH($C315+$D315-1,'Rates Table'!$C$8:$C$50,0))))","v":3.7841999999999993E-6},{"$f":"-PMT(discountRate,$D315,NPV(discountRate,INDEX('Rates Table'!$I$8:$I$50,MATCH($C315,'Rates Table'!$C$8:$C$50,0)):INDEX('Rates Table'!$I$8:$I$50,MATCH($C315+$D315-1,'Rates Table'!$C$8:$C$50,0))))","v":0.34743191039999993},{"$f":"-PMT(discountRate,$D315,NPV(discountRate,INDEX('Rates Table'!$J$8:$J$50,MATCH($C315,'Rates Table'!$C$8:$C$50,0)):INDEX('Rates Table'!$J$8:$J$50,MATCH($C315+$D315-1,'Rates Table'!$C$8:$C$50,0))))","v":0.41068298555999982}]
[null,"2025_20",2025,20,{"$f":"-PMT(discountRate,$D316,NPV(discountRate,INDEX('Rates Table'!$F$8:$F$50,MATCH($C316,'Rates Table'!$C$8:$C$50,0)):INDEX('Rates Table'!$F$8:$F$50,MATCH($C316+$D316-1,'Rates Table'!$C$8:$C$50,0))))","v":0.12598656288298096},{"$f":"-PMT(discountRate,$D316,NPV(discountRate,INDEX('Rates Table'!$G$8:$G$50,MATCH($C316,'Rates Table'!$C$8:$C$50,0)):INDEX('Rates Table'!$G$8:$G$50,MATCH($C316+$D316-1,'Rates Table'!$C$8:$C$50,0))))","v":0.17248811334031708},{"$f":"-PMT(discountRate,$D316,NPV(discountRate,INDEX('Rates Table'!$H$8:$H$50,MATCH($C316,'Rates Table'!$C$8:$C$50,0)):INDEX('Rates Table'!$H$8:$H$50,MATCH($C316+$D316-1,'Rates Table'!$C$8:$C$50,0))))","v":3.7841999999999993E-6},{"$f":"-PMT(discountRate,$D316,NPV(discountRate,INDEX('Rates Table'!$I$8:$I$50,MATCH($C316,'Rates Table'!$C$8:$C$50,0)):INDEX('Rates Table'!$I$8:$I$50,MATCH($C316+$D316-1,'Rates Table'!$C$8:$C$50,0))))","v":0.34743191039999993},{"$f":"-PMT(discountRate,$D316,NPV(discountRate,INDEX('Rates Table'!$J$8:$J$50,MATCH($C316,'Rates Table'!$C$8:$C$50,0)):INDEX('Rates Table'!$J$8:$J$50,MATCH($C316+$D316-1,'Rates Table'!$C$8:$C$50,0))))","v":0.41068298555999988}]
[null,"2025_21",2025,21,{"$f":"-PMT(discountRate,$D317,NPV(discountRate,INDEX('Rates Table'!$F$8:$F$50,MATCH($C317,'Rates Table'!$C$8:$C$50,0)):INDEX('Rates Table'!$F$8:$F$50,MATCH($C317+$D317-1,'Rates Table'!$C$8:$C$50,0))))","v":0.12599285495285281},{"$f":"-PMT(discountRate,$D317,NPV(discountRate,INDEX('Rates Table'!$G$8:$G$50,MATCH($C317,'Rates Table'!$C$8:$C$50,0)):INDEX('Rates Table'!$G$8:$G$50,MATCH($C317+$D317-1,'Rates Table'!$C$8:$C$50,0))))","v":0.17248811334031705},{"$f":"-PMT(discountRate,$D317,NPV(discountRate,INDEX('Rates Table'!$H$8:$H$50,MATCH($C317,'Rates Table'!$C$8:$C$50,0)):INDEX('Rates Table'!$H$8:$H$50,MATCH($C317+$D317-1,'Rates Table'!$C$8:$C$50,0))))","v":3.7841999999999993E-6},{"$f":"-PMT(discountRate,$D317,NPV(discountRate,INDEX('Rates Table'!$I$8:$I$50,MATCH($C317,'Rates Table'!$C$8:$C$50,0)):INDEX('Rates Table'!$I$8:$I$50,MATCH($C317+$D317-1,'Rates Table'!$C$8:$C$50,0))))","v":0.34743191039999993},{"$f":"-PMT(discountRate,$D317,NPV(discountRate,INDEX('Rates Table'!$J$8:$J$50,MATCH($C317,'Rates Table'!$C$8:$C$50,0)):INDEX('Rates Table'!$J$8:$J$50,MATCH($C317+$D317-1,'Rates Table'!$C$8:$C$50,0))))","v":0.41068298555999982}]
[null,"2025_22",2025,22,{"$f":"-PMT(discountRate,$D318,NPV(discountRate,INDEX('Rates Table'!$F$8:$F$50,MATCH($C318,'Rates Table'!$C$8:$C$50,0)):INDEX('Rates Table'!$F$8:$F$50,MATCH($C318+$D318-1,'Rates Table'!$C$8:$C$50,0))))","v":0.12599854464430899},{"$f":"-PMT(discountRate,$D318,NPV(discountRate,INDEX('Rates Table'!$G$8:$G$50,MATCH($C318,'Rates Table'!$C$8:$C$50,0)):INDEX('Rates Table'!$G$8:$G$50,MATCH($C318+$D318-1,'Rates Table'!$C$8:$C$50,0))))","v":0.17248811334031708},{"$f":"-PMT(discountRate,$D318,NPV(discountRate,INDEX('Rates Table'!$H$8:$H$50,MATCH($C318,'Rates Table'!$C$8:$C$50,0)):INDEX('Rates Table'!$H$8:$H$50,MATCH($C318+$D318-1,'Rates Table'!$C$8:$C$50,0))))","v":3.7841999999999997E-6},{"$f":"-PMT(discountRate,$D318,NPV(discountRate,INDEX('Rates Table'!$I$8:$I$50,MATCH($C318,'Rates Table'!$C$8:$C$50,0)):INDEX('Rates Table'!$I$8:$I$50,MATCH($C318+$D318-1,'Rates Table'!$C$8:$C$50,0))))","v":0.34743191039999993},{"$f":"-PMT(discountRate,$D318,NPV(discountRate,INDEX('Rates Table'!$J$8:$J$50,MATCH($C318,'Rates Table'!$C$8:$C$50,0)):INDEX('Rates Table'!$J$8:$J$50,MATCH($C318+$D318-1,'Rates Table'!$C$8:$C$50,0))))","v":0.41068298555999982}]
[null,"2025_23",2025,23,{"$f":"-PMT(discountRate,$D319,NPV(discountRate,INDEX('Rates Table'!$F$8:$F$50,MATCH($C319,'Rates Table'!$C$8:$C$50,0)):INDEX('Rates Table'!$F$8:$F$50,MATCH($C319+$D319-1,'Rates Table'!$C$8:$C$50,0))))","v":0.12600371071742175},{"$f":"-PMT(discountRate,$D319,NPV(discountRate,INDEX('Rates Table'!$G$8:$G$50,MATCH($C319,'Rates Table'!$C$8:$C$50,0)):INDEX('Rates Table'!$G$8:$G$50,MATCH($C319+$D319-1,'Rates Table'!$C$8:$C$50,0))))","v":0.17248811334031708},{"$f":"-PMT(discountRate,$D319,NPV(discountRate,INDEX('Rates Table'!$H$8:$H$50,MATCH($C319,'Rates Table'!$C$8:$C$50,0)):INDEX('Rates Table'!$H$8:$H$50,MATCH($C319+$D319-1,'Rates Table'!$C$8:$C$50,0))))","v":3.7841999999999993E-6},{"$f":"-PMT(discountRate,$D319,NPV(discountRate,INDEX('Rates Table'!$I$8:$I$50,MATCH($C319,'Rates Table'!$C$8:$C$50,0)):INDEX('Rates Table'!$I$8:$I$50,MATCH($C319+$D319-1,'Rates Table'!$C$8:$C$50,0))))","v":0.34743191039999988},{"$f":"-PMT(discountRate,$D319,NPV(discountRate,INDEX('Rates Table'!$J$8:$J$50,MATCH($C319,'Rates Table'!$C$8:$C$50,0)):INDEX('Rates Table'!$J$8:$J$50,MATCH($C319+$D319-1,'Rates Table'!$C$8:$C$50,0))))","v":0.41068298555999982}]
[null,"2025_24",2025,24,{"$f":"-PMT(discountRate,$D320,NPV(discountRate,INDEX('Rates Table'!$F$8:$F$50,MATCH($C320,'Rates Table'!$C$8:$C$50,0)):INDEX('Rates Table'!$F$8:$F$50,MATCH($C320+$D320-1,'Rates Table'!$C$8:$C$50,0))))","v":0.12600841881251046},{"$f":"-PMT(discountRate,$D320,NPV(discountRate,INDEX('Rates Table'!$G$8:$G$50,MATCH($C320,'Rates Table'!$C$8:$C$50,0)):INDEX('Rates Table'!$G$8:$G$50,MATCH($C320+$D320-1,'Rates Table'!$C$8:$C$50,0))))","v":0.17248811334031711},{"$f":"-PMT(discountRate,$D320,NPV(discountRate,INDEX('Rates Table'!$H$8:$H$50,MATCH($C320,'Rates Table'!$C$8:$C$50,0)):INDEX('Rates Table'!$H$8:$H$50,MATCH($C320+$D320-1,'Rates Table'!$C$8:$C$50,0))))","v":3.7841999999999997E-6},{"$f":"-PMT(discountRate,$D320,NPV(discountRate,INDEX('Rates Table'!$I$8:$I$50,MATCH($C320,'Rates Table'!$C$8:$C$50,0)):INDEX('Rates Table'!$I$8:$I$50,MATCH($C320+$D320-1,'Rates Table'!$C$8:$C$50,0))))","v":0.34743191039999993},{"$f":"-PMT(discountRate,$D320,NPV(discountRate,INDEX('Rates Table'!$J$8:$J$50,MATCH($C320,'Rates Table'!$C$8:$C$50,0)):INDEX('Rates Table'!$J$8:$J$50,MATCH($C320+$D320-1,'Rates Table'!$C$8:$C$50,0))))","v":0.41068298555999982}]
[null,"2025_25",2025,25,{"$f":"-PMT(discountRate,$D321,NPV(discountRate,INDEX('Rates Table'!$F$8:$F$50,MATCH($C321,'Rates Table'!$C$8:$C$50,0)):INDEX('Rates Table'!$F$8:$F$50,MATCH($C321+$D321-1,'Rates Table'!$C$8:$C$50,0))))","v":0.12601272407391084},{"$f":"-PMT(discountRate,$D321,NPV(discountRate,INDEX('Rates Table'!$G$8:$G$50,MATCH($C321,'Rates Table'!$C$8:$C$50,0)):INDEX('Rates Table'!$G$8:$G$50,MATCH($C321+$D321-1,'Rates Table'!$C$8:$C$50,0))))","v":0.17248811334031705},{"$f":"-PMT(discountRate,$D321,NPV(discountRate,INDEX('Rates Table'!$H$8:$H$50,MATCH($C321,'Rates Table'!$C$8:$C$50,0)):INDEX('Rates Table'!$H$8:$H$50,MATCH($C321+$D321-1,'Rates Table'!$C$8:$C$50,0))))","v":3.7841999999999989E-6},{"$f":"-PMT(discountRate,$D321,NPV(discountRate,INDEX('Rates Table'!$I$8:$I$50,MATCH($C321,'Rates Table'!$C$8:$C$50,0)):INDEX('Rates Table'!$I$8:$I$50,MATCH($C321+$D321-1,'Rates Table'!$C$8:$C$50,0))))","v":0.34743191039999977},{"$f":"-PMT(discountRate,$D321,NPV(discountRate,INDEX('Rates Table'!$J$8:$J$50,MATCH($C321,'Rates Table'!$C$8:$C$50,0)):INDEX('Rates Table'!$J$8:$J$50,MATCH($C321+$D321-1,'Rates Table'!$C$8:$C$50,0))))","v":0.41068298555999966}]
[null,"2026_1",2026,1,{"$f":"-PMT(discountRate,$D322,NPV(discountRate,INDEX('Rates Table'!$F$8:$F$50,MATCH($C322,'Rates Table'!$C$8:$C$50,0)):INDEX('Rates Table'!$F$8:$F$50,MATCH($C322+$D322-1,'Rates Table'!$C$8:$C$50,0))))","v":0.12547300311153262},{"$f":"-PMT(discountRate,$D322,NPV(discountRate,INDEX('Rates Table'!$G$8:$G$50,MATCH($C322,'Rates Table'!$C$8:$C$50,0)):INDEX('Rates Table'!$G$8:$G$50,MATCH($C322+$D322-1,'Rates Table'!$C$8:$C$50,0))))","v":0.17248811334031713},{"$f":"-PMT(discountRate,$D322,NPV(discountRate,INDEX('Rates Table'!$H$8:$H$50,MATCH($C322,'Rates Table'!$C$8:$C$50,0)):INDEX('Rates Table'!$H$8:$H$50,MATCH($C322+$D322-1,'Rates Table'!$C$8:$C$50,0))))","v":3.7841999999999997E-6},{"$f":"-PMT(discountRate,$D322,NPV(discountRate,INDEX('Rates Table'!$I$8:$I$50,MATCH($C322,'Rates Table'!$C$8:$C$50,0)):INDEX('Rates Table'!$I$8:$I$50,MATCH($C322+$D322-1,'Rates Table'!$C$8:$C$50,0))))","v":0.34743191039999999},{"$f":"-PMT(discountRate,$D322,NPV(discountRate,INDEX('Rates Table'!$J$8:$J$50,MATCH($C322,'Rates Table'!$C$8:$C$50,0)):INDEX('Rates Table'!$J$8:$J$50,MATCH($C322+$D322-1,'Rates Table'!$C$8:$C$50,0))))","v":0.41068298555999994}]
[null,"2026_2",2026,2,{"$f":"-PMT(discountRate,$D323,NPV(discountRate,INDEX('Rates Table'!$F$8:$F$50,MATCH($C323,'Rates Table'!$C$8:$C$50,0)):INDEX('Rates Table'!$F$8:$F$50,MATCH($C323+$D323-1,'Rates Table'!$C$8:$C$50,0))))","v":0.12582335224016564},{"$f":"-PMT(discountRate,$D323,NPV(discountRate,INDEX('Rates Table'!$G$8:$G$50,MATCH($C323,'Rates Table'!$C$8:$C$50,0)):INDEX('Rates Table'!$G$8:$G$50,MATCH($C323+$D323-1,'Rates Table'!$C$8:$C$50,0))))","v":0.17248811334031719},{"$f":"-PMT(discountRate,$D323,NPV(discountRate,INDEX('Rates Table'!$H$8:$H$50,MATCH($C323,'Rates Table'!$C$8:$C$50,0)):INDEX('Rates Table'!$H$8:$H$50,MATCH($C323+$D323-1,'Rates Table'!$C$8:$C$50,0))))","v":3.7842000000000005E-6},{"$f":"-PMT(discountRate,$D323,NPV(discountRate,INDEX('Rates Table'!$I$8:$I$50,MATCH($C323,'Rates Table'!$C$8:$C$50,0)):INDEX('Rates Table'!$I$8:$I$50,MATCH($C323+$D323-1,'Rates Table'!$C$8:$C$50,0))))","v":0.34743191039999999},{"$f":"-PMT(discountRate,$D323,NPV(discountRate,INDEX('Rates Table'!$J$8:$J$50,MATCH($C323,'Rates Table'!$C$8:$C$50,0)):INDEX('Rates Table'!$J$8:$J$50,MATCH($C323+$D323-1,'Rates Table'!$C$8:$C$50,0))))","v":0.41068298556000005}]
[null,"2026_3",2026,3,{"$f":"-PMT(discountRate,$D324,NPV(discountRate,INDEX('Rates Table'!$F$8:$F$50,MATCH($C324,'Rates Table'!$C$8:$C$50,0)):INDEX('Rates Table'!$F$8:$F$50,MATCH($C324+$D324-1,'Rates Table'!$C$8:$C$50,0))))","v":0.1259400754249998},{"$f":"-PMT(discountRate,$D324,NPV(discountRate,INDEX('Rates Table'!$G$8:$G$50,MATCH($C324,'Rates Table'!$C$8:$C$50,0)):INDEX('Rates Table'!$G$8:$G$50,MATCH($C324+$D324-1,'Rates Table'!$C$8:$C$50,0))))","v":0.17248811334031713},{"$f":"-PMT(discountRate,$D324,NPV(discountRate,INDEX('Rates Table'!$H$8:$H$50,MATCH($C324,'Rates Table'!$C$8:$C$50,0)):INDEX('Rates Table'!$H$8:$H$50,MATCH($C324+$D324-1,'Rates Table'!$C$8:$C$50,0))))","v":3.7842000000000005E-6},{"$f":"-PMT(discountRate,$D324,NPV(discountRate,INDEX('Rates Table'!$I$8:$I$50,MATCH($C324,'Rates Table'!$C$8:$C$50,0)):INDEX('Rates Table'!$I$8:$I$50,MATCH($C324+$D324-1,'Rates Table'!$C$8:$C$50,0))))","v":0.34743191039999999},{"$f":"-PMT(discountRate,$D324,NPV(discountRate,INDEX('Rates Table'!$J$8:$J$50,MATCH($C324,'Rates Table'!$C$8:$C$50,0)):INDEX('Rates Table'!$J$8:$J$50,MATCH($C324+$D324-1,'Rates Table'!$C$8:$C$50,0))))","v":0.41068298555999994}]
[null,"2026_4",2026,4,{"$f":"-PMT(discountRate,$D325,NPV(discountRate,INDEX('Rates Table'!$F$8:$F$50,MATCH($C325,'Rates Table'!$C$8:$C$50,0)):INDEX('Rates Table'!$F$8:$F$50,MATCH($C325+$D325-1,'Rates Table'!$C$8:$C$50,0))))","v":0.1259983921583912},{"$f":"-PMT(discountRate,$D325,NPV(discountRate,INDEX('Rates Table'!$G$8:$G$50,MATCH($C325,'Rates Table'!$C$8:$C$50,0)):INDEX('Rates Table'!$G$8:$G$50,MATCH($C325+$D325-1,'Rates Table'!$C$8:$C$50,0))))","v":0.17248811334031713},{"$f":"-PMT(discountRate,$D325,NPV(discountRate,INDEX('Rates Table'!$H$8:$H$50,MATCH($C325,'Rates Table'!$C$8:$C$50,0)):INDEX('Rates Table'!$H$8:$H$50,MATCH($C325+$D325-1,'Rates Table'!$C$8:$C$50,0))))","v":3.7842000000000005E-6},{"$f":"-PMT(discountRate,$D325,NPV(discountRate,INDEX('Rates Table'!$I$8:$I$50,MATCH($C325,'Rates Table'!$C$8:$C$50,0)):INDEX('Rates Table'!$I$8:$I$50,MATCH($C325+$D325-1,'Rates Table'!$C$8:$C$50,0))))","v":0.34743191039999999},{"$f":"-PMT(discountRate,$D325,NPV(discountRate,INDEX('Rates Table'!$J$8:$J$50,MATCH($C325,'Rates Table'!$C$8:$C$50,0)):INDEX('Rates Table'!$J$8:$J$50,MATCH($C325+$D325-1,'Rates Table'!$C$8:$C$50,0))))","v":0.41068298556000005}]
[null,"2026_5",2026,5,{"$f":"-PMT(discountRate,$D326,NPV(discountRate,INDEX('Rates Table'!$F$8:$F$50,MATCH($C326,'Rates Table'!$C$8:$C$50,0)):INDEX('Rates Table'!$F$8:$F$50,MATCH($C326+$D326-1,'Rates Table'!$C$8:$C$50,0))))","v":0.12603334634981087},{"$f":"-PMT(discountRate,$D326,NPV(discountRate,INDEX('Rates Table'!$G$8:$G$50,MATCH($C326,'Rates Table'!$C$8:$C$50,0)):INDEX('Rates Table'!$G$8:$G$50,MATCH($C326+$D326-1,'Rates Table'!$C$8:$C$50,0))))","v":0.17248811334031713},{"$f":"-PMT(discountRate,$D326,NPV(discountRate,INDEX('Rates Table'!$H$8:$H$50,MATCH($C326,'Rates Table'!$C$8:$C$50,0)):INDEX('Rates Table'!$H$8:$H$50,MATCH($C326+$D326-1,'Rates Table'!$C$8:$C$50,0))))","v":3.7842000000000005E-6},{"$f":"-PMT(discountRate,$D326,NPV(discountRate,INDEX('Rates Table'!$I$8:$I$50,MATCH($C326,'Rates Table'!$C$8:$C$50,0)):INDEX('Rates Table'!$I$8:$I$50,MATCH($C326+$D326-1,'Rates Table'!$C$8:$C$50,0))))","v":0.34743191039999999},{"$f":"-PMT(discountRate,$D326,NPV(discountRate,INDEX('Rates Table'!$J$8:$J$50,MATCH($C326,'Rates Table'!$C$8:$C$50,0)):INDEX('Rates Table'!$J$8:$J$50,MATCH($C326+$D326-1,'Rates Table'!$C$8:$C$50,0))))","v":0.41068298556000005}]
[null,"2026_6",2026,6,{"$f":"-PMT(discountRate,$D327,NPV(discountRate,INDEX('Rates Table'!$F$8:$F$50,MATCH($C327,'Rates Table'!$C$8:$C$50,0)):INDEX('Rates Table'!$F$8:$F$50,MATCH($C327+$D327-1,'Rates Table'!$C$8:$C$50,0))))","v":0.12605661931154699},{"$f":"-PMT(discountRate,$D327,NPV(discountRate,INDEX('Rates Table'!$G$8:$G$50,MATCH($C327,'Rates Table'!$C$8:$C$50,0)):INDEX('Rates Table'!$G$8:$G$50,MATCH($C327+$D327-1,'Rates Table'!$C$8:$C$50,0))))","v":0.17248811334031713},{"$f":"-PMT(discountRate,$D327,NPV(discountRate,INDEX('Rates Table'!$H$8:$H$50,MATCH($C327,'Rates Table'!$C$8:$C$50,0)):INDEX('Rates Table'!$H$8:$H$50,MATCH($C327+$D327-1,'Rates Table'!$C$8:$C$50,0))))","v":3.7842000000000005E-6},{"$f":"-PMT(discountRate,$D327,NPV(discountRate,INDEX('Rates Table'!$I$8:$I$50,MATCH($C327,'Rates Table'!$C$8:$C$50,0)):INDEX('Rates Table'!$I$8:$I$50,MATCH($C327+$D327-1,'Rates Table'!$C$8:$C$50,0))))","v":0.34743191039999999},{"$f":"-PMT(discountRate,$D327,NPV(discountRate,INDEX('Rates Table'!$J$8:$J$50,MATCH($C327,'Rates Table'!$C$8:$C$50,0)):INDEX('Rates Table'!$J$8:$J$50,MATCH($C327+$D327-1,'Rates Table'!$C$8:$C$50,0))))","v":0.4106829855600001}]
[null,{"$f":"CONCATENATE(C328,\"_\",D328)","v":"2026_7"},2026,7,{"$f":"-PMT(discountRate,$D328,NPV(discountRate,INDEX('Rates Table'!$F$8:$F$50,MATCH($C328,'Rates Table'!$C$8:$C$50,0)):INDEX('Rates Table'!$F$8:$F$50,MATCH($C328+$D328-1,'Rates Table'!$C$8:$C$50,0))))","v":0.1260732173280826},{"$f":"-PMT(discountRate,$D328,NPV(discountRate,INDEX('Rates Table'!$G$8:$G$50,MATCH($C328,'Rates Table'!$C$8:$C$50,0)):INDEX('Rates Table'!$G$8:$G$50,MATCH($C328+$D328-1,'Rates Table'!$C$8:$C$50,0))))","v":0.17248811334031713},{"$f":"-PMT(discountRate,$D328,NPV(discountRate,INDEX('Rates Table'!$H$8:$H$50,MATCH($C328,'Rates Table'!$C$8:$C$50,0)):INDEX('Rates Table'!$H$8:$H$50,MATCH($C328+$D328-1,'Rates Table'!$C$8:$C$50,0))))","v":3.7841999999999997E-6},{"$f":"-PMT(discountRate,$D328,NPV(discountRate,INDEX('Rates Table'!$I$8:$I$50,MATCH($C328,'Rates Table'!$C$8:$C$50,0)):INDEX('Rates Table'!$I$8:$I$50,MATCH($C328+$D328-1,'Rates Table'!$C$8:$C$50,0))))","v":0.34743191039999999},{"$f":"-PMT(discountRate,$D328,NPV(discountRate,INDEX('Rates Table'!$J$8:$J$50,MATCH($C328,'Rates Table'!$C$8:$C$50,0)):INDEX('Rates Table'!$J$8:$J$50,MATCH($C328+$D328-1,'Rates Table'!$C$8:$C$50,0))))","v":0.41068298556000005}]
[null,"2026_8",{"$f":"IF(D329=1,C328+1,C328)","v":2026},{"$f":"IF(C328+D328>=2050,1,IF(D328=30,1,D328+1))","v":8},{"$f":"-PMT(discountRate,$D329,NPV(discountRate,INDEX('Rates Table'!$F$8:$F$50,MATCH($C329,'Rates Table'!$C$8:$C$50,0)):INDEX('Rates Table'!$F$8:$F$50,MATCH($C329+$D329-1,'Rates Table'!$C$8:$C$50,0))))","v":0.12608564354843238},{"$f":"-PMT(discountRate,$D329,NPV(discountRate,INDEX('Rates Table'!$G$8:$G$50,MATCH($C329,'Rates Table'!$C$8:$C$50,0)):INDEX('Rates Table'!$G$8:$G$50,MATCH($C329+$D329-1,'Rates Table'!$C$8:$C$50,0))))","v":0.17248811334031713},{"$f":"-PMT(discountRate,$D329,NPV(discountRate,INDEX('Rates Table'!$H$8:$H$50,MATCH($C329,'Rates Table'!$C$8:$C$50,0)):INDEX('Rates Table'!$H$8:$H$50,MATCH($C329+$D329-1,'Rates Table'!$C$8:$C$50,0))))","v":3.7841999999999997E-6},{"$f":"-PMT(discountRate,$D329,NPV(discountRate,INDEX('Rates Table'!$I$8:$I$50,MATCH($C329,'Rates Table'!$C$8:$C$50,0)):INDEX('Rates Table'!$I$8:$I$50,MATCH($C329+$D329-1,'Rates Table'!$C$8:$C$50,0))))","v":0.34743191039999993},{"$f":"-PMT(discountRate,$D329,NPV(discountRate,INDEX('Rates Table'!$J$8:$J$50,MATCH($C329,'Rates Table'!$C$8:$C$50,0)):INDEX('Rates Table'!$J$8:$J$50,MATCH($C329+$D329-1,'Rates Table'!$C$8:$C$50,0))))","v":0.41068298555999994}]
[null,"2026_9",2026,9,{"$f":"-PMT(discountRate,$D330,NPV(discountRate,INDEX('Rates Table'!$F$8:$F$50,MATCH($C330,'Rates Table'!$C$8:$C$50,0)):INDEX('Rates Table'!$F$8:$F$50,MATCH($C330+$D330-1,'Rates Table'!$C$8:$C$50,0))))","v":0.12609528861691538},{"$f":"-PMT(discountRate,$D330,NPV(discountRate,INDEX('Rates Table'!$G$8:$G$50,MATCH($C330,'Rates Table'!$C$8:$C$50,0)):INDEX('Rates Table'!$G$8:$G$50,MATCH($C330+$D330-1,'Rates Table'!$C$8:$C$50,0))))","v":0.17248811334031711},{"$f":"-PMT(discountRate,$D330,NPV(discountRate,INDEX('Rates Table'!$H$8:$H$50,MATCH($C330,'Rates Table'!$C$8:$C$50,0)):INDEX('Rates Table'!$H$8:$H$50,MATCH($C330+$D330-1,'Rates Table'!$C$8:$C$50,0))))","v":3.7841999999999997E-6},{"$f":"-PMT(discountRate,$D330,NPV(discountRate,INDEX('Rates Table'!$I$8:$I$50,MATCH($C330,'Rates Table'!$C$8:$C$50,0)):INDEX('Rates Table'!$I$8:$I$50,MATCH($C330+$D330-1,'Rates Table'!$C$8:$C$50,0))))","v":0.34743191039999993},{"$f":"-PMT(discountRate,$D330,NPV(discountRate,INDEX('Rates Table'!$J$8:$J$50,MATCH($C330,'Rates Table'!$C$8:$C$50,0)):INDEX('Rates Table'!$J$8:$J$50,MATCH($C330+$D330-1,'Rates Table'!$C$8:$C$50,0))))","v":0.41068298555999994}]
[null,"2026_10",2026,10,{"$f":"-PMT(discountRate,$D331,NPV(discountRate,INDEX('Rates Table'!$F$8:$F$50,MATCH($C331,'Rates Table'!$C$8:$C$50,0)):INDEX('Rates Table'!$F$8:$F$50,MATCH($C331+$D331-1,'Rates Table'!$C$8:$C$50,0))))","v":0.12610298692545802},{"$f":"-PMT(discountRate,$D331,NPV(discountRate,INDEX('Rates Table'!$G$8:$G$50,MATCH($C331,'Rates Table'!$C$8:$C$50,0)):INDEX('Rates Table'!$G$8:$G$50,MATCH($C331+$D331-1,'Rates Table'!$C$8:$C$50,0))))","v":0.17248811334031713},{"$f":"-PMT(discountRate,$D331,NPV(discountRate,INDEX('Rates Table'!$H$8:$H$50,MATCH($C331,'Rates Table'!$C$8:$C$50,0)):INDEX('Rates Table'!$H$8:$H$50,MATCH($C331+$D331-1,'Rates Table'!$C$8:$C$50,0))))","v":3.7841999999999997E-6},{"$f":"-PMT(discountRate,$D331,NPV(discountRate,INDEX('Rates Table'!$I$8:$I$50,MATCH($C331,'Rates Table'!$C$8:$C$50,0)):INDEX('Rates Table'!$I$8:$I$50,MATCH($C331+$D331-1,'Rates Table'!$C$8:$C$50,0))))","v":0.34743191039999999},{"$f":"-PMT(discountRate,$D331,NPV(discountRate,INDEX('Rates Table'!$J$8:$J$50,MATCH($C331,'Rates Table'!$C$8:$C$50,0)):INDEX('Rates Table'!$J$8:$J$50,MATCH($C331+$D331-1,'Rates Table'!$C$8:$C$50,0))))","v":0.41068298555999994}]
[null,"2026_11",2026,11,{"$f":"-PMT(discountRate,$D332,NPV(discountRate,INDEX('Rates Table'!$F$8:$F$50,MATCH($C332,'Rates Table'!$C$8:$C$50,0)):INDEX('Rates Table'!$F$8:$F$50,MATCH($C332+$D332-1,'Rates Table'!$C$8:$C$50,0))))","v":0.12610926945554515},{"$f":"-PMT(discountRate,$D332,NPV(discountRate,INDEX('Rates Table'!$G$8:$G$50,MATCH($C332,'Rates Table'!$C$8:$C$50,0)):INDEX('Rates Table'!$G$8:$G$50,MATCH($C332+$D332-1,'Rates Table'!$C$8:$C$50,0))))","v":0.17248811334031711},{"$f":"-PMT(discountRate,$D332,NPV(discountRate,INDEX('Rates Table'!$H$8:$H$50,MATCH($C332,'Rates Table'!$C$8:$C$50,0)):INDEX('Rates Table'!$H$8:$H$50,MATCH($C332+$D332-1,'Rates Table'!$C$8:$C$50,0))))","v":3.7841999999999993E-6},{"$f":"-PMT(discountRate,$D332,NPV(discountRate,INDEX('Rates Table'!$I$8:$I$50,MATCH($C332,'Rates Table'!$C$8:$C$50,0)):INDEX('Rates Table'!$I$8:$I$50,MATCH($C332+$D332-1,'Rates Table'!$C$8:$C$50,0))))","v":0.34743191039999988},{"$f":"-PMT(discountRate,$D332,NPV(discountRate,INDEX('Rates Table'!$J$8:$J$50,MATCH($C332,'Rates Table'!$C$8:$C$50,0)):INDEX('Rates Table'!$J$8:$J$50,MATCH($C332+$D332-1,'Rates Table'!$C$8:$C$50,0))))","v":0.41068298555999988}]
[null,"2026_12",2026,12,{"$f":"-PMT(discountRate,$D333,NPV(discountRate,INDEX('Rates Table'!$F$8:$F$50,MATCH($C333,'Rates Table'!$C$8:$C$50,0)):INDEX('Rates Table'!$F$8:$F$50,MATCH($C333+$D333-1,'Rates Table'!$C$8:$C$50,0))))","v":0.12611449019919085},{"$f":"-PMT(discountRate,$D333,NPV(discountRate,INDEX('Rates Table'!$G$8:$G$50,MATCH($C333,'Rates Table'!$C$8:$C$50,0)):INDEX('Rates Table'!$G$8:$G$50,MATCH($C333+$D333-1,'Rates Table'!$C$8:$C$50,0))))","v":0.17248811334031711},{"$f":"-PMT(discountRate,$D333,NPV(discountRate,INDEX('Rates Table'!$H$8:$H$50,MATCH($C333,'Rates Table'!$C$8:$C$50,0)):INDEX('Rates Table'!$H$8:$H$50,MATCH($C333+$D333-1,'Rates Table'!$C$8:$C$50,0))))","v":3.7841999999999997E-6},{"$f":"-PMT(discountRate,$D333,NPV(discountRate,INDEX('Rates Table'!$I$8:$I$50,MATCH($C333,'Rates Table'!$C$8:$C$50,0)):INDEX('Rates Table'!$I$8:$I$50,MATCH($C333+$D333-1,'Rates Table'!$C$8:$C$50,0))))","v":0.34743191039999993},{"$f":"-PMT(discountRate,$D333,NPV(discountRate,INDEX('Rates Table'!$J$8:$J$50,MATCH($C333,'Rates Table'!$C$8:$C$50,0)):INDEX('Rates Table'!$J$8:$J$50,MATCH($C333+$D333-1,'Rates Table'!$C$8:$C$50,0))))","v":0.41068298555999994}]
[null,"2026_13",2026,13,{"$f":"-PMT(discountRate,$D334,NPV(discountRate,INDEX('Rates Table'!$F$8:$F$50,MATCH($C334,'Rates Table'!$C$8:$C$50,0)):INDEX('Rates Table'!$F$8:$F$50,MATCH($C334+$D334-1,'Rates Table'!$C$8:$C$50,0))))","v":0.12611889423176459},{"$f":"-PMT(discountRate,$D334,NPV(discountRate,INDEX('Rates Table'!$G$8:$G$50,MATCH($C334,'Rates Table'!$C$8:$C$50,0)):INDEX('Rates Table'!$G$8:$G$50,MATCH($C334+$D334-1,'Rates Table'!$C$8:$C$50,0))))","v":0.17248811334031708},{"$f":"-PMT(discountRate,$D334,NPV(discountRate,INDEX('Rates Table'!$H$8:$H$50,MATCH($C334,'Rates Table'!$C$8:$C$50,0)):INDEX('Rates Table'!$H$8:$H$50,MATCH($C334+$D334-1,'Rates Table'!$C$8:$C$50,0))))","v":3.7841999999999993E-6},{"$f":"-PMT(discountRate,$D334,NPV(discountRate,INDEX('Rates Table'!$I$8:$I$50,MATCH($C334,'Rates Table'!$C$8:$C$50,0)):INDEX('Rates Table'!$I$8:$I$50,MATCH($C334+$D334-1,'Rates Table'!$C$8:$C$50,0))))","v":0.34743191039999988},{"$f":"-PMT(discountRate,$D334,NPV(discountRate,INDEX('Rates Table'!$J$8:$J$50,MATCH($C334,'Rates Table'!$C$8:$C$50,0)):INDEX('Rates Table'!$J$8:$J$50,MATCH($C334+$D334-1,'Rates Table'!$C$8:$C$50,0))))","v":0.41068298555999988}]
[null,"2026_14",2026,14,{"$f":"-PMT(discountRate,$D335,NPV(discountRate,INDEX('Rates Table'!$F$8:$F$50,MATCH($C335,'Rates Table'!$C$8:$C$50,0)):INDEX('Rates Table'!$F$8:$F$50,MATCH($C335+$D335-1,'Rates Table'!$C$8:$C$50,0))))","v":0.12612265661074537},{"$f":"-PMT(discountRate,$D335,NPV(discountRate,INDEX('Rates Table'!$G$8:$G$50,MATCH($C335,'Rates Table'!$C$8:$C$50,0)):INDEX('Rates Table'!$G$8:$G$50,MATCH($C335+$D335-1,'Rates Table'!$C$8:$C$50,0))))","v":0.17248811334031711},{"$f":"-PMT(discountRate,$D335,NPV(discountRate,INDEX('Rates Table'!$H$8:$H$50,MATCH($C335,'Rates Table'!$C$8:$C$50,0)):INDEX('Rates Table'!$H$8:$H$50,MATCH($C335+$D335-1,'Rates Table'!$C$8:$C$50,0))))","v":3.7842000000000005E-6},{"$f":"-PMT(discountRate,$D335,NPV(discountRate,INDEX('Rates Table'!$I$8:$I$50,MATCH($C335,'Rates Table'!$C$8:$C$50,0)):INDEX('Rates Table'!$I$8:$I$50,MATCH($C335+$D335-1,'Rates Table'!$C$8:$C$50,0))))","v":0.34743191039999993},{"$f":"-PMT(discountRate,$D335,NPV(discountRate,INDEX('Rates Table'!$J$8:$J$50,MATCH($C335,'Rates Table'!$C$8:$C$50,0)):INDEX('Rates Table'!$J$8:$J$50,MATCH($C335+$D335-1,'Rates Table'!$C$8:$C$50,0))))","v":0.41068298555999994}]
[null,"2026_15",2026,15,{"$f":"-PMT(discountRate,$D336,NPV(discountRate,INDEX('Rates Table'!$F$8:$F$50,MATCH($C336,'Rates Table'!$C$8:$C$50,0)):INDEX('Rates Table'!$F$8:$F$50,MATCH($C336+$D336-1,'Rates Table'!$C$8:$C$50,0))))","v":0.12612590571497059},{"$f":"-PMT(discountRate,$D336,NPV(discountRate,INDEX('Rates Table'!$G$8:$G$50,MATCH($C336,'Rates Table'!$C$8:$C$50,0)):INDEX('Rates Table'!$G$8:$G$50,MATCH($C336+$D336-1,'Rates Table'!$C$8:$C$50,0))))","v":0.17248811334031708},{"$f":"-PMT(discountRate,$D336,NPV(discountRate,INDEX('Rates Table'!$H$8:$H$50,MATCH($C336,'Rates Table'!$C$8:$C$50,0)):INDEX('Rates Table'!$H$8:$H$50,MATCH($C336+$D336-1,'Rates Table'!$C$8:$C$50,0))))","v":3.7841999999999993E-6},{"$f":"-PMT(discountRate,$D336,NPV(discountRate,INDEX('Rates Table'!$I$8:$I$50,MATCH($C336,'Rates Table'!$C$8:$C$50,0)):INDEX('Rates Table'!$I$8:$I$50,MATCH($C336+$D336-1,'Rates Table'!$C$8:$C$50,0))))","v":0.34743191039999988},{"$f":"-PMT(discountRate,$D336,NPV(discountRate,INDEX('Rates Table'!$J$8:$J$50,MATCH($C336,'Rates Table'!$C$8:$C$50,0)):INDEX('Rates Table'!$J$8:$J$50,MATCH($C336+$D336-1,'Rates Table'!$C$8:$C$50,0))))","v":0.41068298555999982}]
[null,"2026_16",2026,16,{"$f":"-PMT(discountRate,$D337,NPV(discountRate,INDEX('Rates Table'!$F$8:$F$50,MATCH($C337,'Rates Table'!$C$8:$C$50,0)):INDEX('Rates Table'!$F$8:$F$50,MATCH($C337+$D337-1,'Rates Table'!$C$8:$C$50,0))))","v":0.1261287378316639},{"$f":"-PMT(discountRate,$D337,NPV(discountRate,INDEX('Rates Table'!$G$8:$G$50,MATCH($C337,'Rates Table'!$C$8:$C$50,0)):INDEX('Rates Table'!$G$8:$G$50,MATCH($C337+$D337-1,'Rates Table'!$C$8:$C$50,0))))","v":0.17248811334031711},{"$f":"-PMT(discountRate,$D337,NPV(discountRate,INDEX('Rates Table'!$H$8:$H$50,MATCH($C337,'Rates Table'!$C$8:$C$50,0)):INDEX('Rates Table'!$H$8:$H$50,MATCH($C337+$D337-1,'Rates Table'!$C$8:$C$50,0))))","v":3.7841999999999993E-6},{"$f":"-PMT(discountRate,$D337,NPV(discountRate,INDEX('Rates Table'!$I$8:$I$50,MATCH($C337,'Rates Table'!$C$8:$C$50,0)):INDEX('Rates Table'!$I$8:$I$50,MATCH($C337+$D337-1,'Rates Table'!$C$8:$C$50,0))))","v":0.34743191039999988},{"$f":"-PMT(discountRate,$D337,NPV(discountRate,INDEX('Rates Table'!$J$8:$J$50,MATCH($C337,'Rates Table'!$C$8:$C$50,0)):INDEX('Rates Table'!$J$8:$J$50,MATCH($C337+$D337-1,'Rates Table'!$C$8:$C$50,0))))","v":0.41068298555999988}]
[null,"2026_17",2026,17,{"$f":"-PMT(discountRate,$D338,NPV(discountRate,INDEX('Rates Table'!$F$8:$F$50,MATCH($C338,'Rates Table'!$C$8:$C$50,0)):INDEX('Rates Table'!$F$8:$F$50,MATCH($C338+$D338-1,'Rates Table'!$C$8:$C$50,0))))","v":0.12613122659509662},{"$f":"-PMT(discountRate,$D338,NPV(discountRate,INDEX('Rates Table'!$G$8:$G$50,MATCH($C338,'Rates Table'!$C$8:$C$50,0)):INDEX('Rates Table'!$G$8:$G$50,MATCH($C338+$D338-1,'Rates Table'!$C$8:$C$50,0))))","v":0.17248811334031711},{"$f":"-PMT(discountRate,$D338,NPV(discountRate,INDEX('Rates Table'!$H$8:$H$50,MATCH($C338,'Rates Table'!$C$8:$C$50,0)):INDEX('Rates Table'!$H$8:$H$50,MATCH($C338+$D338-1,'Rates Table'!$C$8:$C$50,0))))","v":3.7841999999999997E-6},{"$f":"-PMT(discountRate,$D338,NPV(discountRate,INDEX('Rates Table'!$I$8:$I$50,MATCH($C338,'Rates Table'!$C$8:$C$50,0)):INDEX('Rates Table'!$I$8:$I$50,MATCH($C338+$D338-1,'Rates Table'!$C$8:$C$50,0))))","v":0.34743191039999993},{"$f":"-PMT(discountRate,$D338,NPV(discountRate,INDEX('Rates Table'!$J$8:$J$50,MATCH($C338,'Rates Table'!$C$8:$C$50,0)):INDEX('Rates Table'!$J$8:$J$50,MATCH($C338+$D338-1,'Rates Table'!$C$8:$C$50,0))))","v":0.41068298555999988}]
[null,"2026_18",2026,18,{"$f":"-PMT(discountRate,$D339,NPV(discountRate,INDEX('Rates Table'!$F$8:$F$50,MATCH($C339,'Rates Table'!$C$8:$C$50,0)):INDEX('Rates Table'!$F$8:$F$50,MATCH($C339+$D339-1,'Rates Table'!$C$8:$C$50,0))))","v":0.12613342927902696},{"$f":"-PMT(discountRate,$D339,NPV(discountRate,INDEX('Rates Table'!$G$8:$G$50,MATCH($C339,'Rates Table'!$C$8:$C$50,0)):INDEX('Rates Table'!$G$8:$G$50,MATCH($C339+$D339-1,'Rates Table'!$C$8:$C$50,0))))","v":0.17248811334031708},{"$f":"-PMT(discountRate,$D339,NPV(discountRate,INDEX('Rates Table'!$H$8:$H$50,MATCH($C339,'Rates Table'!$C$8:$C$50,0)):INDEX('Rates Table'!$H$8:$H$50,MATCH($C339+$D339-1,'Rates Table'!$C$8:$C$50,0))))","v":3.7841999999999993E-6},{"$f":"-PMT(discountRate,$D339,NPV(discountRate,INDEX('Rates Table'!$I$8:$I$50,MATCH($C339,'Rates Table'!$C$8:$C$50,0)):INDEX('Rates Table'!$I$8:$I$50,MATCH($C339+$D339-1,'Rates Table'!$C$8:$C$50,0))))","v":0.34743191039999988},{"$f":"-PMT(discountRate,$D339,NPV(discountRate,INDEX('Rates Table'!$J$8:$J$50,MATCH($C339,'Rates Table'!$C$8:$C$50,0)):INDEX('Rates Table'!$J$8:$J$50,MATCH($C339+$D339-1,'Rates Table'!$C$8:$C$50,0))))","v":0.41068298555999982}]
[null,"2026_19",2026,19,{"$f":"-PMT(discountRate,$D340,NPV(discountRate,INDEX('Rates Table'!$F$8:$F$50,MATCH($C340,'Rates Table'!$C$8:$C$50,0)):INDEX('Rates Table'!$F$8:$F$50,MATCH($C340+$D340-1,'Rates Table'!$C$8:$C$50,0))))","v":0.12613539110205019},{"$f":"-PMT(discountRate,$D340,NPV(discountRate,INDEX('Rates Table'!$G$8:$G$50,MATCH($C340,'Rates Table'!$C$8:$C$50,0)):INDEX('Rates Table'!$G$8:$G$50,MATCH($C340+$D340-1,'Rates Table'!$C$8:$C$50,0))))","v":0.17248811334031708},{"$f":"-PMT(discountRate,$D340,NPV(discountRate,INDEX('Rates Table'!$H$8:$H$50,MATCH($C340,'Rates Table'!$C$8:$C$50,0)):INDEX('Rates Table'!$H$8:$H$50,MATCH($C340+$D340-1,'Rates Table'!$C$8:$C$50,0))))","v":3.7841999999999993E-6},{"$f":"-PMT(discountRate,$D340,NPV(discountRate,INDEX('Rates Table'!$I$8:$I$50,MATCH($C340,'Rates Table'!$C$8:$C$50,0)):INDEX('Rates Table'!$I$8:$I$50,MATCH($C340+$D340-1,'Rates Table'!$C$8:$C$50,0))))","v":0.34743191039999993},{"$f":"-PMT(discountRate,$D340,NPV(discountRate,INDEX('Rates Table'!$J$8:$J$50,MATCH($C340,'Rates Table'!$C$8:$C$50,0)):INDEX('Rates Table'!$J$8:$J$50,MATCH($C340+$D340-1,'Rates Table'!$C$8:$C$50,0))))","v":0.41068298555999982}]
[null,"2026_20",2026,20,{"$f":"-PMT(discountRate,$D341,NPV(discountRate,INDEX('Rates Table'!$F$8:$F$50,MATCH($C341,'Rates Table'!$C$8:$C$50,0)):INDEX('Rates Table'!$F$8:$F$50,MATCH($C341+$D341-1,'Rates Table'!$C$8:$C$50,0))))","v":0.12613714824134176},{"$f":"-PMT(discountRate,$D341,NPV(discountRate,INDEX('Rates Table'!$G$8:$G$50,MATCH($C341,'Rates Table'!$C$8:$C$50,0)):INDEX('Rates Table'!$G$8:$G$50,MATCH($C341+$D341-1,'Rates Table'!$C$8:$C$50,0))))","v":0.17248811334031708},{"$f":"-PMT(discountRate,$D341,NPV(discountRate,INDEX('Rates Table'!$H$8:$H$50,MATCH($C341,'Rates Table'!$C$8:$C$50,0)):INDEX('Rates Table'!$H$8:$H$50,MATCH($C341+$D341-1,'Rates Table'!$C$8:$C$50,0))))","v":3.7841999999999993E-6},{"$f":"-PMT(discountRate,$D341,NPV(discountRate,INDEX('Rates Table'!$I$8:$I$50,MATCH($C341,'Rates Table'!$C$8:$C$50,0)):INDEX('Rates Table'!$I$8:$I$50,MATCH($C341+$D341-1,'Rates Table'!$C$8:$C$50,0))))","v":0.34743191039999993},{"$f":"-PMT(discountRate,$D341,NPV(discountRate,INDEX('Rates Table'!$J$8:$J$50,MATCH($C341,'Rates Table'!$C$8:$C$50,0)):INDEX('Rates Table'!$J$8:$J$50,MATCH($C341+$D341-1,'Rates Table'!$C$8:$C$50,0))))","v":0.41068298555999988}]
[null,"2026_21",2026,21,{"$f":"-PMT(discountRate,$D342,NPV(discountRate,INDEX('Rates Table'!$F$8:$F$50,MATCH($C342,'Rates Table'!$C$8:$C$50,0)):INDEX('Rates Table'!$F$8:$F$50,MATCH($C342+$D342-1,'Rates Table'!$C$8:$C$50,0))))","v":0.12613872998532918},{"$f":"-PMT(discountRate,$D342,NPV(discountRate,INDEX('Rates Table'!$G$8:$G$50,MATCH($C342,'Rates Table'!$C$8:$C$50,0)):INDEX('Rates Table'!$G$8:$G$50,MATCH($C342+$D342-1,'Rates Table'!$C$8:$C$50,0))))","v":0.17248811334031705},{"$f":"-PMT(discountRate,$D342,NPV(discountRate,INDEX('Rates Table'!$H$8:$H$50,MATCH($C342,'Rates Table'!$C$8:$C$50,0)):INDEX('Rates Table'!$H$8:$H$50,MATCH($C342+$D342-1,'Rates Table'!$C$8:$C$50,0))))","v":3.7841999999999993E-6},{"$f":"-PMT(discountRate,$D342,NPV(discountRate,INDEX('Rates Table'!$I$8:$I$50,MATCH($C342,'Rates Table'!$C$8:$C$50,0)):INDEX('Rates Table'!$I$8:$I$50,MATCH($C342+$D342-1,'Rates Table'!$C$8:$C$50,0))))","v":0.34743191039999993},{"$f":"-PMT(discountRate,$D342,NPV(discountRate,INDEX('Rates Table'!$J$8:$J$50,MATCH($C342,'Rates Table'!$C$8:$C$50,0)):INDEX('Rates Table'!$J$8:$J$50,MATCH($C342+$D342-1,'Rates Table'!$C$8:$C$50,0))))","v":0.41068298555999982}]
[null,"2026_22",2026,22,{"$f":"-PMT(discountRate,$D343,NPV(discountRate,INDEX('Rates Table'!$F$8:$F$50,MATCH($C343,'Rates Table'!$C$8:$C$50,0)):INDEX('Rates Table'!$F$8:$F$50,MATCH($C343+$D343-1,'Rates Table'!$C$8:$C$50,0))))","v":0.1261401602992695},{"$f":"-PMT(discountRate,$D343,NPV(discountRate,INDEX('Rates Table'!$G$8:$G$50,MATCH($C343,'Rates Table'!$C$8:$C$50,0)):INDEX('Rates Table'!$G$8:$G$50,MATCH($C343+$D343-1,'Rates Table'!$C$8:$C$50,0))))","v":0.17248811334031708},{"$f":"-PMT(discountRate,$D343,NPV(discountRate,INDEX('Rates Table'!$H$8:$H$50,MATCH($C343,'Rates Table'!$C$8:$C$50,0)):INDEX('Rates Table'!$H$8:$H$50,MATCH($C343+$D343-1,'Rates Table'!$C$8:$C$50,0))))","v":3.7841999999999997E-6},{"$f":"-PMT(discountRate,$D343,NPV(discountRate,INDEX('Rates Table'!$I$8:$I$50,MATCH($C343,'Rates Table'!$C$8:$C$50,0)):INDEX('Rates Table'!$I$8:$I$50,MATCH($C343+$D343-1,'Rates Table'!$C$8:$C$50,0))))","v":0.34743191039999993},{"$f":"-PMT(discountRate,$D343,NPV(discountRate,INDEX('Rates Table'!$J$8:$J$50,MATCH($C343,'Rates Table'!$C$8:$C$50,0)):INDEX('Rates Table'!$J$8:$J$50,MATCH($C343+$D343-1,'Rates Table'!$C$8:$C$50,0))))","v":0.41068298555999982}]
[null,"2026_23",2026,23,{"$f":"-PMT(discountRate,$D344,NPV(discountRate,INDEX('Rates Table'!$F$8:$F$50,MATCH($C344,'Rates Table'!$C$8:$C$50,0)):INDEX('Rates Table'!$F$8:$F$50,MATCH($C344+$D344-1,'Rates Table'!$C$8:$C$50,0))))","v":0.12614145898241375},{"$f":"-PMT(discountRate,$D344,NPV(discountRate,INDEX('Rates Table'!$G$8:$G$50,MATCH($C344,'Rates Table'!$C$8:$C$50,0)):INDEX('Rates Table'!$G$8:$G$50,MATCH($C344+$D344-1,'Rates Table'!$C$8:$C$50,0))))","v":0.17248811334031708},{"$f":"-PMT(discountRate,$D344,NPV(discountRate,INDEX('Rates Table'!$H$8:$H$50,MATCH($C344,'Rates Table'!$C$8:$C$50,0)):INDEX('Rates Table'!$H$8:$H$50,MATCH($C344+$D344-1,'Rates Table'!$C$8:$C$50,0))))","v":3.7841999999999993E-6},{"$f":"-PMT(discountRate,$D344,NPV(discountRate,INDEX('Rates Table'!$I$8:$I$50,MATCH($C344,'Rates Table'!$C$8:$C$50,0)):INDEX('Rates Table'!$I$8:$I$50,MATCH($C344+$D344-1,'Rates Table'!$C$8:$C$50,0))))","v":0.34743191039999988},{"$f":"-PMT(discountRate,$D344,NPV(discountRate,INDEX('Rates Table'!$J$8:$J$50,MATCH($C344,'Rates Table'!$C$8:$C$50,0)):INDEX('Rates Table'!$J$8:$J$50,MATCH($C344+$D344-1,'Rates Table'!$C$8:$C$50,0))))","v":0.41068298555999982}]
[null,"2026_24",2026,24,{"$f":"-PMT(discountRate,$D345,NPV(discountRate,INDEX('Rates Table'!$F$8:$F$50,MATCH($C345,'Rates Table'!$C$8:$C$50,0)):INDEX('Rates Table'!$F$8:$F$50,MATCH($C345+$D345-1,'Rates Table'!$C$8:$C$50,0))))","v":0.12614264253587876},{"$f":"-PMT(discountRate,$D345,NPV(discountRate,INDEX('Rates Table'!$G$8:$G$50,MATCH($C345,'Rates Table'!$C$8:$C$50,0)):INDEX('Rates Table'!$G$8:$G$50,MATCH($C345+$D345-1,'Rates Table'!$C$8:$C$50,0))))","v":0.17248811334031711},{"$f":"-PMT(discountRate,$D345,NPV(discountRate,INDEX('Rates Table'!$H$8:$H$50,MATCH($C345,'Rates Table'!$C$8:$C$50,0)):INDEX('Rates Table'!$H$8:$H$50,MATCH($C345+$D345-1,'Rates Table'!$C$8:$C$50,0))))","v":3.7841999999999997E-6},{"$f":"-PMT(discountRate,$D345,NPV(discountRate,INDEX('Rates Table'!$I$8:$I$50,MATCH($C345,'Rates Table'!$C$8:$C$50,0)):INDEX('Rates Table'!$I$8:$I$50,MATCH($C345+$D345-1,'Rates Table'!$C$8:$C$50,0))))","v":0.34743191039999993},{"$f":"-PMT(discountRate,$D345,NPV(discountRate,INDEX('Rates Table'!$J$8:$J$50,MATCH($C345,'Rates Table'!$C$8:$C$50,0)):INDEX('Rates Table'!$J$8:$J$50,MATCH($C345+$D345-1,'Rates Table'!$C$8:$C$50,0))))","v":0.41068298555999982}]
[null,"2027_1",2027,1,{"$f":"-PMT(discountRate,$D346,NPV(discountRate,INDEX('Rates Table'!$F$8:$F$50,MATCH($C346,'Rates Table'!$C$8:$C$50,0)):INDEX('Rates Table'!$F$8:$F$50,MATCH($C346+$D346-1,'Rates Table'!$C$8:$C$50,0))))","v":0.12618771533394399},{"$f":"-PMT(discountRate,$D346,NPV(discountRate,INDEX('Rates Table'!$G$8:$G$50,MATCH($C346,'Rates Table'!$C$8:$C$50,0)):INDEX('Rates Table'!$G$8:$G$50,MATCH($C346+$D346-1,'Rates Table'!$C$8:$C$50,0))))","v":0.17248811334031713},{"$f":"-PMT(discountRate,$D346,NPV(discountRate,INDEX('Rates Table'!$H$8:$H$50,MATCH($C346,'Rates Table'!$C$8:$C$50,0)):INDEX('Rates Table'!$H$8:$H$50,MATCH($C346+$D346-1,'Rates Table'!$C$8:$C$50,0))))","v":3.7841999999999997E-6},{"$f":"-PMT(discountRate,$D346,NPV(discountRate,INDEX('Rates Table'!$I$8:$I$50,MATCH($C346,'Rates Table'!$C$8:$C$50,0)):INDEX('Rates Table'!$I$8:$I$50,MATCH($C346+$D346-1,'Rates Table'!$C$8:$C$50,0))))","v":0.34743191039999999},{"$f":"-PMT(discountRate,$D346,NPV(discountRate,INDEX('Rates Table'!$J$8:$J$50,MATCH($C346,'Rates Table'!$C$8:$C$50,0)):INDEX('Rates Table'!$J$8:$J$50,MATCH($C346+$D346-1,'Rates Table'!$C$8:$C$50,0))))","v":0.41068298555999994}]
[null,"2027_2",2027,2,{"$f":"-PMT(discountRate,$D347,NPV(discountRate,INDEX('Rates Table'!$F$8:$F$50,MATCH($C347,'Rates Table'!$C$8:$C$50,0)):INDEX('Rates Table'!$F$8:$F$50,MATCH($C347+$D347-1,'Rates Table'!$C$8:$C$50,0))))","v":0.12618771533394399},{"$f":"-PMT(discountRate,$D347,NPV(discountRate,INDEX('Rates Table'!$G$8:$G$50,MATCH($C347,'Rates Table'!$C$8:$C$50,0)):INDEX('Rates Table'!$G$8:$G$50,MATCH($C347+$D347-1,'Rates Table'!$C$8:$C$50,0))))","v":0.17248811334031719},{"$f":"-PMT(discountRate,$D347,NPV(discountRate,INDEX('Rates Table'!$H$8:$H$50,MATCH($C347,'Rates Table'!$C$8:$C$50,0)):INDEX('Rates Table'!$H$8:$H$50,MATCH($C347+$D347-1,'Rates Table'!$C$8:$C$50,0))))","v":3.7842000000000005E-6},{"$f":"-PMT(discountRate,$D347,NPV(discountRate,INDEX('Rates Table'!$I$8:$I$50,MATCH($C347,'Rates Table'!$C$8:$C$50,0)):INDEX('Rates Table'!$I$8:$I$50,MATCH($C347+$D347-1,'Rates Table'!$C$8:$C$50,0))))","v":0.34743191039999999},{"$f":"-PMT(discountRate,$D347,NPV(discountRate,INDEX('Rates Table'!$J$8:$J$50,MATCH($C347,'Rates Table'!$C$8:$C$50,0)):INDEX('Rates Table'!$J$8:$J$50,MATCH($C347+$D347-1,'Rates Table'!$C$8:$C$50,0))))","v":0.41068298556000005}]
[null,"2027_3",2027,3,{"$f":"-PMT(discountRate,$D348,NPV(discountRate,INDEX('Rates Table'!$F$8:$F$50,MATCH($C348,'Rates Table'!$C$8:$C$50,0)):INDEX('Rates Table'!$F$8:$F$50,MATCH($C348+$D348-1,'Rates Table'!$C$8:$C$50,0))))","v":0.12618771533394399},{"$f":"-PMT(discountRate,$D348,NPV(discountRate,INDEX('Rates Table'!$G$8:$G$50,MATCH($C348,'Rates Table'!$C$8:$C$50,0)):INDEX('Rates Table'!$G$8:$G$50,MATCH($C348+$D348-1,'Rates Table'!$C$8:$C$50,0))))","v":0.17248811334031713},{"$f":"-PMT(discountRate,$D348,NPV(discountRate,INDEX('Rates Table'!$H$8:$H$50,MATCH($C348,'Rates Table'!$C$8:$C$50,0)):INDEX('Rates Table'!$H$8:$H$50,MATCH($C348+$D348-1,'Rates Table'!$C$8:$C$50,0))))","v":3.7842000000000005E-6},{"$f":"-PMT(discountRate,$D348,NPV(discountRate,INDEX('Rates Table'!$I$8:$I$50,MATCH($C348,'Rates Table'!$C$8:$C$50,0)):INDEX('Rates Table'!$I$8:$I$50,MATCH($C348+$D348-1,'Rates Table'!$C$8:$C$50,0))))","v":0.34743191039999999},{"$f":"-PMT(discountRate,$D348,NPV(discountRate,INDEX('Rates Table'!$J$8:$J$50,MATCH($C348,'Rates Table'!$C$8:$C$50,0)):INDEX('Rates Table'!$J$8:$J$50,MATCH($C348+$D348-1,'Rates Table'!$C$8:$C$50,0))))","v":0.41068298555999994}]
[null,"2027_4",2027,4,{"$f":"-PMT(discountRate,$D349,NPV(discountRate,INDEX('Rates Table'!$F$8:$F$50,MATCH($C349,'Rates Table'!$C$8:$C$50,0)):INDEX('Rates Table'!$F$8:$F$50,MATCH($C349+$D349-1,'Rates Table'!$C$8:$C$50,0))))","v":0.12618771533394399},{"$f":"-PMT(discountRate,$D349,NPV(discountRate,INDEX('Rates Table'!$G$8:$G$50,MATCH($C349,'Rates Table'!$C$8:$C$50,0)):INDEX('Rates Table'!$G$8:$G$50,MATCH($C349+$D349-1,'Rates Table'!$C$8:$C$50,0))))","v":0.17248811334031713},{"$f":"-PMT(discountRate,$D349,NPV(discountRate,INDEX('Rates Table'!$H$8:$H$50,MATCH($C349,'Rates Table'!$C$8:$C$50,0)):INDEX('Rates Table'!$H$8:$H$50,MATCH($C349+$D349-1,'Rates Table'!$C$8:$C$50,0))))","v":3.7842000000000005E-6},{"$f":"-PMT(discountRate,$D349,NPV(discountRate,INDEX('Rates Table'!$I$8:$I$50,MATCH($C349,'Rates Table'!$C$8:$C$50,0)):INDEX('Rates Table'!$I$8:$I$50,MATCH($C349+$D349-1,'Rates Table'!$C$8:$C$50,0))))","v":0.34743191039999999},{"$f":"-PMT(discountRate,$D349,NPV(discountRate,INDEX('Rates Table'!$J$8:$J$50,MATCH($C349,'Rates Table'!$C$8:$C$50,0)):INDEX('Rates Table'!$J$8:$J$50,MATCH($C349+$D349-1,'Rates Table'!$C$8:$C$50,0))))","v":0.41068298556000005}]
[null,"2027_5",2027,5,{"$f":"-PMT(discountRate,$D350,NPV(discountRate,INDEX('Rates Table'!$F$8:$F$50,MATCH($C350,'Rates Table'!$C$8:$C$50,0)):INDEX('Rates Table'!$F$8:$F$50,MATCH($C350+$D350-1,'Rates Table'!$C$8:$C$50,0))))","v":0.12618771533394399},{"$f":"-PMT(discountRate,$D350,NPV(discountRate,INDEX('Rates Table'!$G$8:$G$50,MATCH($C350,'Rates Table'!$C$8:$C$50,0)):INDEX('Rates Table'!$G$8:$G$50,MATCH($C350+$D350-1,'Rates Table'!$C$8:$C$50,0))))","v":0.17248811334031713},{"$f":"-PMT(discountRate,$D350,NPV(discountRate,INDEX('Rates Table'!$H$8:$H$50,MATCH($C350,'Rates Table'!$C$8:$C$50,0)):INDEX('Rates Table'!$H$8:$H$50,MATCH($C350+$D350-1,'Rates Table'!$C$8:$C$50,0))))","v":3.7842000000000005E-6},{"$f":"-PMT(discountRate,$D350,NPV(discountRate,INDEX('Rates Table'!$I$8:$I$50,MATCH($C350,'Rates Table'!$C$8:$C$50,0)):INDEX('Rates Table'!$I$8:$I$50,MATCH($C350+$D350-1,'Rates Table'!$C$8:$C$50,0))))","v":0.34743191039999999},{"$f":"-PMT(discountRate,$D350,NPV(discountRate,INDEX('Rates Table'!$J$8:$J$50,MATCH($C350,'Rates Table'!$C$8:$C$50,0)):INDEX('Rates Table'!$J$8:$J$50,MATCH($C350+$D350-1,'Rates Table'!$C$8:$C$50,0))))","v":0.41068298556000005}]
[null,"2027_6",2027,6,{"$f":"-PMT(discountRate,$D351,NPV(discountRate,INDEX('Rates Table'!$F$8:$F$50,MATCH($C351,'Rates Table'!$C$8:$C$50,0)):INDEX('Rates Table'!$F$8:$F$50,MATCH($C351+$D351-1,'Rates Table'!$C$8:$C$50,0))))","v":0.12618771533394399},{"$f":"-PMT(discountRate,$D351,NPV(discountRate,INDEX('Rates Table'!$G$8:$G$50,MATCH($C351,'Rates Table'!$C$8:$C$50,0)):INDEX('Rates Table'!$G$8:$G$50,MATCH($C351+$D351-1,'Rates Table'!$C$8:$C$50,0))))","v":0.17248811334031713},{"$f":"-PMT(discountRate,$D351,NPV(discountRate,INDEX('Rates Table'!$H$8:$H$50,MATCH($C351,'Rates Table'!$C$8:$C$50,0)):INDEX('Rates Table'!$H$8:$H$50,MATCH($C351+$D351-1,'Rates Table'!$C$8:$C$50,0))))","v":3.7842000000000005E-6},{"$f":"-PMT(discountRate,$D351,NPV(discountRate,INDEX('Rates Table'!$I$8:$I$50,MATCH($C351,'Rates Table'!$C$8:$C$50,0)):INDEX('Rates Table'!$I$8:$I$50,MATCH($C351+$D351-1,'Rates Table'!$C$8:$C$50,0))))","v":0.34743191039999999},{"$f":"-PMT(discountRate,$D351,NPV(discountRate,INDEX('Rates Table'!$J$8:$J$50,MATCH($C351,'Rates Table'!$C$8:$C$50,0)):INDEX('Rates Table'!$J$8:$J$50,MATCH($C351+$D351-1,'Rates Table'!$C$8:$C$50,0))))","v":0.4106829855600001}]
[null,"2027_7",2027,7,{"$f":"-PMT(discountRate,$D352,NPV(discountRate,INDEX('Rates Table'!$F$8:$F$50,MATCH($C352,'Rates Table'!$C$8:$C$50,0)):INDEX('Rates Table'!$F$8:$F$50,MATCH($C352+$D352-1,'Rates Table'!$C$8:$C$50,0))))","v":0.12618771533394399},{"$f":"-PMT(discountRate,$D352,NPV(discountRate,INDEX('Rates Table'!$G$8:$G$50,MATCH($C352,'Rates Table'!$C$8:$C$50,0)):INDEX('Rates Table'!$G$8:$G$50,MATCH($C352+$D352-1,'Rates Table'!$C$8:$C$50,0))))","v":0.17248811334031713},{"$f":"-PMT(discountRate,$D352,NPV(discountRate,INDEX('Rates Table'!$H$8:$H$50,MATCH($C352,'Rates Table'!$C$8:$C$50,0)):INDEX('Rates Table'!$H$8:$H$50,MATCH($C352+$D352-1,'Rates Table'!$C$8:$C$50,0))))","v":3.7841999999999997E-6},{"$f":"-PMT(discountRate,$D352,NPV(discountRate,INDEX('Rates Table'!$I$8:$I$50,MATCH($C352,'Rates Table'!$C$8:$C$50,0)):INDEX('Rates Table'!$I$8:$I$50,MATCH($C352+$D352-1,'Rates Table'!$C$8:$C$50,0))))","v":0.34743191039999999},{"$f":"-PMT(discountRate,$D352,NPV(discountRate,INDEX('Rates Table'!$J$8:$J$50,MATCH($C352,'Rates Table'!$C$8:$C$50,0)):INDEX('Rates Table'!$J$8:$J$50,MATCH($C352+$D352-1,'Rates Table'!$C$8:$C$50,0))))","v":0.41068298556000005}]
[null,"2027_8",2027,8,{"$f":"-PMT(discountRate,$D353,NPV(discountRate,INDEX('Rates Table'!$F$8:$F$50,MATCH($C353,'Rates Table'!$C$8:$C$50,0)):INDEX('Rates Table'!$F$8:$F$50,MATCH($C353+$D353-1,'Rates Table'!$C$8:$C$50,0))))","v":0.12618771533394399},{"$f":"-PMT(discountRate,$D353,NPV(discountRate,INDEX('Rates Table'!$G$8:$G$50,MATCH($C353,'Rates Table'!$C$8:$C$50,0)):INDEX('Rates Table'!$G$8:$G$50,MATCH($C353+$D353-1,'Rates Table'!$C$8:$C$50,0))))","v":0.17248811334031713},{"$f":"-PMT(discountRate,$D353,NPV(discountRate,INDEX('Rates Table'!$H$8:$H$50,MATCH($C353,'Rates Table'!$C$8:$C$50,0)):INDEX('Rates Table'!$H$8:$H$50,MATCH($C353+$D353-1,'Rates Table'!$C$8:$C$50,0))))","v":3.7841999999999997E-6},{"$f":"-PMT(discountRate,$D353,NPV(discountRate,INDEX('Rates Table'!$I$8:$I$50,MATCH($C353,'Rates Table'!$C$8:$C$50,0)):INDEX('Rates Table'!$I$8:$I$50,MATCH($C353+$D353-1,'Rates Table'!$C$8:$C$50,0))))","v":0.34743191039999993},{"$f":"-PMT(discountRate,$D353,NPV(discountRate,INDEX('Rates Table'!$J$8:$J$50,MATCH($C353,'Rates Table'!$C$8:$C$50,0)):INDEX('Rates Table'!$J$8:$J$50,MATCH($C353+$D353-1,'Rates Table'!$C$8:$C$50,0))))","v":0.41068298555999994}]
[null,"2027_9",2027,9,{"$f":"-PMT(discountRate,$D354,NPV(discountRate,INDEX('Rates Table'!$F$8:$F$50,MATCH($C354,'Rates Table'!$C$8:$C$50,0)):INDEX('Rates Table'!$F$8:$F$50,MATCH($C354+$D354-1,'Rates Table'!$C$8:$C$50,0))))","v":0.12618771533394399},{"$f":"-PMT(discountRate,$D354,NPV(discountRate,INDEX('Rates Table'!$G$8:$G$50,MATCH($C354,'Rates Table'!$C$8:$C$50,0)):INDEX('Rates Table'!$G$8:$G$50,MATCH($C354+$D354-1,'Rates Table'!$C$8:$C$50,0))))","v":0.17248811334031711},{"$f":"-PMT(discountRate,$D354,NPV(discountRate,INDEX('Rates Table'!$H$8:$H$50,MATCH($C354,'Rates Table'!$C$8:$C$50,0)):INDEX('Rates Table'!$H$8:$H$50,MATCH($C354+$D354-1,'Rates Table'!$C$8:$C$50,0))))","v":3.7841999999999997E-6},{"$f":"-PMT(discountRate,$D354,NPV(discountRate,INDEX('Rates Table'!$I$8:$I$50,MATCH($C354,'Rates Table'!$C$8:$C$50,0)):INDEX('Rates Table'!$I$8:$I$50,MATCH($C354+$D354-1,'Rates Table'!$C$8:$C$50,0))))","v":0.34743191039999993},{"$f":"-PMT(discountRate,$D354,NPV(discountRate,INDEX('Rates Table'!$J$8:$J$50,MATCH($C354,'Rates Table'!$C$8:$C$50,0)):INDEX('Rates Table'!$J$8:$J$50,MATCH($C354+$D354-1,'Rates Table'!$C$8:$C$50,0))))","v":0.41068298555999994}]
[null,"2027_10",2027,10,{"$f":"-PMT(discountRate,$D355,NPV(discountRate,INDEX('Rates Table'!$F$8:$F$50,MATCH($C355,'Rates Table'!$C$8:$C$50,0)):INDEX('Rates Table'!$F$8:$F$50,MATCH($C355+$D355-1,'Rates Table'!$C$8:$C$50,0))))","v":0.12618771533394399},{"$f":"-PMT(discountRate,$D355,NPV(discountRate,INDEX('Rates Table'!$G$8:$G$50,MATCH($C355,'Rates Table'!$C$8:$C$50,0)):INDEX('Rates Table'!$G$8:$G$50,MATCH($C355+$D355-1,'Rates Table'!$C$8:$C$50,0))))","v":0.17248811334031713},{"$f":"-PMT(discountRate,$D355,NPV(discountRate,INDEX('Rates Table'!$H$8:$H$50,MATCH($C355,'Rates Table'!$C$8:$C$50,0)):INDEX('Rates Table'!$H$8:$H$50,MATCH($C355+$D355-1,'Rates Table'!$C$8:$C$50,0))))","v":3.7841999999999997E-6},{"$f":"-PMT(discountRate,$D355,NPV(discountRate,INDEX('Rates Table'!$I$8:$I$50,MATCH($C355,'Rates Table'!$C$8:$C$50,0)):INDEX('Rates Table'!$I$8:$I$50,MATCH($C355+$D355-1,'Rates Table'!$C$8:$C$50,0))))","v":0.34743191039999999},{"$f":"-PMT(discountRate,$D355,NPV(discountRate,INDEX('Rates Table'!$J$8:$J$50,MATCH($C355,'Rates Table'!$C$8:$C$50,0)):INDEX('Rates Table'!$J$8:$J$50,MATCH($C355+$D355-1,'Rates Table'!$C$8:$C$50,0))))","v":0.41068298555999994}]
[null,"2027_11",2027,11,{"$f":"-PMT(discountRate,$D356,NPV(discountRate,INDEX('Rates Table'!$F$8:$F$50,MATCH($C356,'Rates Table'!$C$8:$C$50,0)):INDEX('Rates Table'!$F$8:$F$50,MATCH($C356+$D356-1,'Rates Table'!$C$8:$C$50,0))))","v":0.12618771533394396},{"$f":"-PMT(discountRate,$D356,NPV(discountRate,INDEX('Rates Table'!$G$8:$G$50,MATCH($C356,'Rates Table'!$C$8:$C$50,0)):INDEX('Rates Table'!$G$8:$G$50,MATCH($C356+$D356-1,'Rates Table'!$C$8:$C$50,0))))","v":0.17248811334031711},{"$f":"-PMT(discountRate,$D356,NPV(discountRate,INDEX('Rates Table'!$H$8:$H$50,MATCH($C356,'Rates Table'!$C$8:$C$50,0)):INDEX('Rates Table'!$H$8:$H$50,MATCH($C356+$D356-1,'Rates Table'!$C$8:$C$50,0))))","v":3.7841999999999993E-6},{"$f":"-PMT(discountRate,$D356,NPV(discountRate,INDEX('Rates Table'!$I$8:$I$50,MATCH($C356,'Rates Table'!$C$8:$C$50,0)):INDEX('Rates Table'!$I$8:$I$50,MATCH($C356+$D356-1,'Rates Table'!$C$8:$C$50,0))))","v":0.34743191039999988},{"$f":"-PMT(discountRate,$D356,NPV(discountRate,INDEX('Rates Table'!$J$8:$J$50,MATCH($C356,'Rates Table'!$C$8:$C$50,0)):INDEX('Rates Table'!$J$8:$J$50,MATCH($C356+$D356-1,'Rates Table'!$C$8:$C$50,0))))","v":0.41068298555999988}]
[null,"2027_12",2027,12,{"$f":"-PMT(discountRate,$D357,NPV(discountRate,INDEX('Rates Table'!$F$8:$F$50,MATCH($C357,'Rates Table'!$C$8:$C$50,0)):INDEX('Rates Table'!$F$8:$F$50,MATCH($C357+$D357-1,'Rates Table'!$C$8:$C$50,0))))","v":0.12618771533394393},{"$f":"-PMT(discountRate,$D357,NPV(discountRate,INDEX('Rates Table'!$G$8:$G$50,MATCH($C357,'Rates Table'!$C$8:$C$50,0)):INDEX('Rates Table'!$G$8:$G$50,MATCH($C357+$D357-1,'Rates Table'!$C$8:$C$50,0))))","v":0.17248811334031711},{"$f":"-PMT(discountRate,$D357,NPV(discountRate,INDEX('Rates Table'!$H$8:$H$50,MATCH($C357,'Rates Table'!$C$8:$C$50,0)):INDEX('Rates Table'!$H$8:$H$50,MATCH($C357+$D357-1,'Rates Table'!$C$8:$C$50,0))))","v":3.7841999999999997E-6},{"$f":"-PMT(discountRate,$D357,NPV(discountRate,INDEX('Rates Table'!$I$8:$I$50,MATCH($C357,'Rates Table'!$C$8:$C$50,0)):INDEX('Rates Table'!$I$8:$I$50,MATCH($C357+$D357-1,'Rates Table'!$C$8:$C$50,0))))","v":0.34743191039999993},{"$f":"-PMT(discountRate,$D357,NPV(discountRate,INDEX('Rates Table'!$J$8:$J$50,MATCH($C357,'Rates Table'!$C$8:$C$50,0)):INDEX('Rates Table'!$J$8:$J$50,MATCH($C357+$D357-1,'Rates Table'!$C$8:$C$50,0))))","v":0.41068298555999994}]
[null,"2027_13",2027,13,{"$f":"-PMT(discountRate,$D358,NPV(discountRate,INDEX('Rates Table'!$F$8:$F$50,MATCH($C358,'Rates Table'!$C$8:$C$50,0)):INDEX('Rates Table'!$F$8:$F$50,MATCH($C358+$D358-1,'Rates Table'!$C$8:$C$50,0))))","v":0.12618771533394393},{"$f":"-PMT(discountRate,$D358,NPV(discountRate,INDEX('Rates Table'!$G$8:$G$50,MATCH($C358,'Rates Table'!$C$8:$C$50,0)):INDEX('Rates Table'!$G$8:$G$50,MATCH($C358+$D358-1,'Rates Table'!$C$8:$C$50,0))))","v":0.17248811334031708},{"$f":"-PMT(discountRate,$D358,NPV(discountRate,INDEX('Rates Table'!$H$8:$H$50,MATCH($C358,'Rates Table'!$C$8:$C$50,0)):INDEX('Rates Table'!$H$8:$H$50,MATCH($C358+$D358-1,'Rates Table'!$C$8:$C$50,0))))","v":3.7841999999999993E-6},{"$f":"-PMT(discountRate,$D358,NPV(discountRate,INDEX('Rates Table'!$I$8:$I$50,MATCH($C358,'Rates Table'!$C$8:$C$50,0)):INDEX('Rates Table'!$I$8:$I$50,MATCH($C358+$D358-1,'Rates Table'!$C$8:$C$50,0))))","v":0.34743191039999988},{"$f":"-PMT(discountRate,$D358,NPV(discountRate,INDEX('Rates Table'!$J$8:$J$50,MATCH($C358,'Rates Table'!$C$8:$C$50,0)):INDEX('Rates Table'!$J$8:$J$50,MATCH($C358+$D358-1,'Rates Table'!$C$8:$C$50,0))))","v":0.41068298555999988}]
[null,"2027_14",2027,14,{"$f":"-PMT(discountRate,$D359,NPV(discountRate,INDEX('Rates Table'!$F$8:$F$50,MATCH($C359,'Rates Table'!$C$8:$C$50,0)):INDEX('Rates Table'!$F$8:$F$50,MATCH($C359+$D359-1,'Rates Table'!$C$8:$C$50,0))))","v":0.12618771533394396},{"$f":"-PMT(discountRate,$D359,NPV(discountRate,INDEX('Rates Table'!$G$8:$G$50,MATCH($C359,'Rates Table'!$C$8:$C$50,0)):INDEX('Rates Table'!$G$8:$G$50,MATCH($C359+$D359-1,'Rates Table'!$C$8:$C$50,0))))","v":0.17248811334031711},{"$f":"-PMT(discountRate,$D359,NPV(discountRate,INDEX('Rates Table'!$H$8:$H$50,MATCH($C359,'Rates Table'!$C$8:$C$50,0)):INDEX('Rates Table'!$H$8:$H$50,MATCH($C359+$D359-1,'Rates Table'!$C$8:$C$50,0))))","v":3.7842000000000005E-6},{"$f":"-PMT(discountRate,$D359,NPV(discountRate,INDEX('Rates Table'!$I$8:$I$50,MATCH($C359,'Rates Table'!$C$8:$C$50,0)):INDEX('Rates Table'!$I$8:$I$50,MATCH($C359+$D359-1,'Rates Table'!$C$8:$C$50,0))))","v":0.34743191039999993},{"$f":"-PMT(discountRate,$D359,NPV(discountRate,INDEX('Rates Table'!$J$8:$J$50,MATCH($C359,'Rates Table'!$C$8:$C$50,0)):INDEX('Rates Table'!$J$8:$J$50,MATCH($C359+$D359-1,'Rates Table'!$C$8:$C$50,0))))","v":0.41068298555999994}]
[null,"2027_15",2027,15,{"$f":"-PMT(discountRate,$D360,NPV(discountRate,INDEX('Rates Table'!$F$8:$F$50,MATCH($C360,'Rates Table'!$C$8:$C$50,0)):INDEX('Rates Table'!$F$8:$F$50,MATCH($C360+$D360-1,'Rates Table'!$C$8:$C$50,0))))","v":0.12618771533394393},{"$f":"-PMT(discountRate,$D360,NPV(discountRate,INDEX('Rates Table'!$G$8:$G$50,MATCH($C360,'Rates Table'!$C$8:$C$50,0)):INDEX('Rates Table'!$G$8:$G$50,MATCH($C360+$D360-1,'Rates Table'!$C$8:$C$50,0))))","v":0.17248811334031708},{"$f":"-PMT(discountRate,$D360,NPV(discountRate,INDEX('Rates Table'!$H$8:$H$50,MATCH($C360,'Rates Table'!$C$8:$C$50,0)):INDEX('Rates Table'!$H$8:$H$50,MATCH($C360+$D360-1,'Rates Table'!$C$8:$C$50,0))))","v":3.7841999999999993E-6},{"$f":"-PMT(discountRate,$D360,NPV(discountRate,INDEX('Rates Table'!$I$8:$I$50,MATCH($C360,'Rates Table'!$C$8:$C$50,0)):INDEX('Rates Table'!$I$8:$I$50,MATCH($C360+$D360-1,'Rates Table'!$C$8:$C$50,0))))","v":0.34743191039999988},{"$f":"-PMT(discountRate,$D360,NPV(discountRate,INDEX('Rates Table'!$J$8:$J$50,MATCH($C360,'Rates Table'!$C$8:$C$50,0)):INDEX('Rates Table'!$J$8:$J$50,MATCH($C360+$D360-1,'Rates Table'!$C$8:$C$50,0))))","v":0.41068298555999982}]
[null,"2027_16",2027,16,{"$f":"-PMT(discountRate,$D361,NPV(discountRate,INDEX('Rates Table'!$F$8:$F$50,MATCH($C361,'Rates Table'!$C$8:$C$50,0)):INDEX('Rates Table'!$F$8:$F$50,MATCH($C361+$D361-1,'Rates Table'!$C$8:$C$50,0))))","v":0.12618771533394393},{"$f":"-PMT(discountRate,$D361,NPV(discountRate,INDEX('Rates Table'!$G$8:$G$50,MATCH($C361,'Rates Table'!$C$8:$C$50,0)):INDEX('Rates Table'!$G$8:$G$50,MATCH($C361+$D361-1,'Rates Table'!$C$8:$C$50,0))))","v":0.17248811334031711},{"$f":"-PMT(discountRate,$D361,NPV(discountRate,INDEX('Rates Table'!$H$8:$H$50,MATCH($C361,'Rates Table'!$C$8:$C$50,0)):INDEX('Rates Table'!$H$8:$H$50,MATCH($C361+$D361-1,'Rates Table'!$C$8:$C$50,0))))","v":3.7841999999999993E-6},{"$f":"-PMT(discountRate,$D361,NPV(discountRate,INDEX('Rates Table'!$I$8:$I$50,MATCH($C361,'Rates Table'!$C$8:$C$50,0)):INDEX('Rates Table'!$I$8:$I$50,MATCH($C361+$D361-1,'Rates Table'!$C$8:$C$50,0))))","v":0.34743191039999988},{"$f":"-PMT(discountRate,$D361,NPV(discountRate,INDEX('Rates Table'!$J$8:$J$50,MATCH($C361,'Rates Table'!$C$8:$C$50,0)):INDEX('Rates Table'!$J$8:$J$50,MATCH($C361+$D361-1,'Rates Table'!$C$8:$C$50,0))))","v":0.41068298555999988}]
[null,"2027_17",2027,17,{"$f":"-PMT(discountRate,$D362,NPV(discountRate,INDEX('Rates Table'!$F$8:$F$50,MATCH($C362,'Rates Table'!$C$8:$C$50,0)):INDEX('Rates Table'!$F$8:$F$50,MATCH($C362+$D362-1,'Rates Table'!$C$8:$C$50,0))))","v":0.12618771533394393},{"$f":"-PMT(discountRate,$D362,NPV(discountRate,INDEX('Rates Table'!$G$8:$G$50,MATCH($C362,'Rates Table'!$C$8:$C$50,0)):INDEX('Rates Table'!$G$8:$G$50,MATCH($C362+$D362-1,'Rates Table'!$C$8:$C$50,0))))","v":0.17248811334031711},{"$f":"-PMT(discountRate,$D362,NPV(discountRate,INDEX('Rates Table'!$H$8:$H$50,MATCH($C362,'Rates Table'!$C$8:$C$50,0)):INDEX('Rates Table'!$H$8:$H$50,MATCH($C362+$D362-1,'Rates Table'!$C$8:$C$50,0))))","v":3.7841999999999997E-6},{"$f":"-PMT(discountRate,$D362,NPV(discountRate,INDEX('Rates Table'!$I$8:$I$50,MATCH($C362,'Rates Table'!$C$8:$C$50,0)):INDEX('Rates Table'!$I$8:$I$50,MATCH($C362+$D362-1,'Rates Table'!$C$8:$C$50,0))))","v":0.34743191039999993},{"$f":"-PMT(discountRate,$D362,NPV(discountRate,INDEX('Rates Table'!$J$8:$J$50,MATCH($C362,'Rates Table'!$C$8:$C$50,0)):INDEX('Rates Table'!$J$8:$J$50,MATCH($C362+$D362-1,'Rates Table'!$C$8:$C$50,0))))","v":0.41068298555999988}]
[null,"2027_18",2027,18,{"$f":"-PMT(discountRate,$D363,NPV(discountRate,INDEX('Rates Table'!$F$8:$F$50,MATCH($C363,'Rates Table'!$C$8:$C$50,0)):INDEX('Rates Table'!$F$8:$F$50,MATCH($C363+$D363-1,'Rates Table'!$C$8:$C$50,0))))","v":0.12618771533394393},{"$f":"-PMT(discountRate,$D363,NPV(discountRate,INDEX('Rates Table'!$G$8:$G$50,MATCH($C363,'Rates Table'!$C$8:$C$50,0)):INDEX('Rates Table'!$G$8:$G$50,MATCH($C363+$D363-1,'Rates Table'!$C$8:$C$50,0))))","v":0.17248811334031708},{"$f":"-PMT(discountRate,$D363,NPV(discountRate,INDEX('Rates Table'!$H$8:$H$50,MATCH($C363,'Rates Table'!$C$8:$C$50,0)):INDEX('Rates Table'!$H$8:$H$50,MATCH($C363+$D363-1,'Rates Table'!$C$8:$C$50,0))))","v":3.7841999999999993E-6},{"$f":"-PMT(discountRate,$D363,NPV(discountRate,INDEX('Rates Table'!$I$8:$I$50,MATCH($C363,'Rates Table'!$C$8:$C$50,0)):INDEX('Rates Table'!$I$8:$I$50,MATCH($C363+$D363-1,'Rates Table'!$C$8:$C$50,0))))","v":0.34743191039999988},{"$f":"-PMT(discountRate,$D363,NPV(discountRate,INDEX('Rates Table'!$J$8:$J$50,MATCH($C363,'Rates Table'!$C$8:$C$50,0)):INDEX('Rates Table'!$J$8:$J$50,MATCH($C363+$D363-1,'Rates Table'!$C$8:$C$50,0))))","v":0.41068298555999982}]
[null,"2027_19",2027,19,{"$f":"-PMT(discountRate,$D364,NPV(discountRate,INDEX('Rates Table'!$F$8:$F$50,MATCH($C364,'Rates Table'!$C$8:$C$50,0)):INDEX('Rates Table'!$F$8:$F$50,MATCH($C364+$D364-1,'Rates Table'!$C$8:$C$50,0))))","v":0.12618771533394396},{"$f":"-PMT(discountRate,$D364,NPV(discountRate,INDEX('Rates Table'!$G$8:$G$50,MATCH($C364,'Rates Table'!$C$8:$C$50,0)):INDEX('Rates Table'!$G$8:$G$50,MATCH($C364+$D364-1,'Rates Table'!$C$8:$C$50,0))))","v":0.17248811334031708},{"$f":"-PMT(discountRate,$D364,NPV(discountRate,INDEX('Rates Table'!$H$8:$H$50,MATCH($C364,'Rates Table'!$C$8:$C$50,0)):INDEX('Rates Table'!$H$8:$H$50,MATCH($C364+$D364-1,'Rates Table'!$C$8:$C$50,0))))","v":3.7841999999999993E-6},{"$f":"-PMT(discountRate,$D364,NPV(discountRate,INDEX('Rates Table'!$I$8:$I$50,MATCH($C364,'Rates Table'!$C$8:$C$50,0)):INDEX('Rates Table'!$I$8:$I$50,MATCH($C364+$D364-1,'Rates Table'!$C$8:$C$50,0))))","v":0.34743191039999993},{"$f":"-PMT(discountRate,$D364,NPV(discountRate,INDEX('Rates Table'!$J$8:$J$50,MATCH($C364,'Rates Table'!$C$8:$C$50,0)):INDEX('Rates Table'!$J$8:$J$50,MATCH($C364+$D364-1,'Rates Table'!$C$8:$C$50,0))))","v":0.41068298555999982}]
[null,"2027_20",2027,20,{"$f":"-PMT(discountRate,$D365,NPV(discountRate,INDEX('Rates Table'!$F$8:$F$50,MATCH($C365,'Rates Table'!$C$8:$C$50,0)):INDEX('Rates Table'!$F$8:$F$50,MATCH($C365+$D365-1,'Rates Table'!$C$8:$C$50,0))))","v":0.12618771533394396},{"$f":"-PMT(discountRate,$D365,NPV(discountRate,INDEX('Rates Table'!$G$8:$G$50,MATCH($C365,'Rates Table'!$C$8:$C$50,0)):INDEX('Rates Table'!$G$8:$G$50,MATCH($C365+$D365-1,'Rates Table'!$C$8:$C$50,0))))","v":0.17248811334031708},{"$f":"-PMT(discountRate,$D365,NPV(discountRate,INDEX('Rates Table'!$H$8:$H$50,MATCH($C365,'Rates Table'!$C$8:$C$50,0)):INDEX('Rates Table'!$H$8:$H$50,MATCH($C365+$D365-1,'Rates Table'!$C$8:$C$50,0))))","v":3.7841999999999993E-6},{"$f":"-PMT(discountRate,$D365,NPV(discountRate,INDEX('Rates Table'!$I$8:$I$50,MATCH($C365,'Rates Table'!$C$8:$C$50,0)):INDEX('Rates Table'!$I$8:$I$50,MATCH($C365+$D365-1,'Rates Table'!$C$8:$C$50,0))))","v":0.34743191039999993},{"$f":"-PMT(discountRate,$D365,NPV(discountRate,INDEX('Rates Table'!$J$8:$J$50,MATCH($C365,'Rates Table'!$C$8:$C$50,0)):INDEX('Rates Table'!$J$8:$J$50,MATCH($C365+$D365-1,'Rates Table'!$C$8:$C$50,0))))","v":0.41068298555999988}]
[null,"2027_21",2027,21,{"$f":"-PMT(discountRate,$D366,NPV(discountRate,INDEX('Rates Table'!$F$8:$F$50,MATCH($C366,'Rates Table'!$C$8:$C$50,0)):INDEX('Rates Table'!$F$8:$F$50,MATCH($C366+$D366-1,'Rates Table'!$C$8:$C$50,0))))","v":0.12618771533394393},{"$f":"-PMT(discountRate,$D366,NPV(discountRate,INDEX('Rates Table'!$G$8:$G$50,MATCH($C366,'Rates Table'!$C$8:$C$50,0)):INDEX('Rates Table'!$G$8:$G$50,MATCH($C366+$D366-1,'Rates Table'!$C$8:$C$50,0))))","v":0.17248811334031705},{"$f":"-PMT(discountRate,$D366,NPV(discountRate,INDEX('Rates Table'!$H$8:$H$50,MATCH($C366,'Rates Table'!$C$8:$C$50,0)):INDEX('Rates Table'!$H$8:$H$50,MATCH($C366+$D366-1,'Rates Table'!$C$8:$C$50,0))))","v":3.7841999999999993E-6},{"$f":"-PMT(discountRate,$D366,NPV(discountRate,INDEX('Rates Table'!$I$8:$I$50,MATCH($C366,'Rates Table'!$C$8:$C$50,0)):INDEX('Rates Table'!$I$8:$I$50,MATCH($C366+$D366-1,'Rates Table'!$C$8:$C$50,0))))","v":0.34743191039999993},{"$f":"-PMT(discountRate,$D366,NPV(discountRate,INDEX('Rates Table'!$J$8:$J$50,MATCH($C366,'Rates Table'!$C$8:$C$50,0)):INDEX('Rates Table'!$J$8:$J$50,MATCH($C366+$D366-1,'Rates Table'!$C$8:$C$50,0))))","v":0.41068298555999982}]
[null,"2027_22",2027,22,{"$f":"-PMT(discountRate,$D367,NPV(discountRate,INDEX('Rates Table'!$F$8:$F$50,MATCH($C367,'Rates Table'!$C$8:$C$50,0)):INDEX('Rates Table'!$F$8:$F$50,MATCH($C367+$D367-1,'Rates Table'!$C$8:$C$50,0))))","v":0.12618771533394393},{"$f":"-PMT(discountRate,$D367,NPV(discountRate,INDEX('Rates Table'!$G$8:$G$50,MATCH($C367,'Rates Table'!$C$8:$C$50,0)):INDEX('Rates Table'!$G$8:$G$50,MATCH($C367+$D367-1,'Rates Table'!$C$8:$C$50,0))))","v":0.17248811334031708},{"$f":"-PMT(discountRate,$D367,NPV(discountRate,INDEX('Rates Table'!$H$8:$H$50,MATCH($C367,'Rates Table'!$C$8:$C$50,0)):INDEX('Rates Table'!$H$8:$H$50,MATCH($C367+$D367-1,'Rates Table'!$C$8:$C$50,0))))","v":3.7841999999999997E-6},{"$f":"-PMT(discountRate,$D367,NPV(discountRate,INDEX('Rates Table'!$I$8:$I$50,MATCH($C367,'Rates Table'!$C$8:$C$50,0)):INDEX('Rates Table'!$I$8:$I$50,MATCH($C367+$D367-1,'Rates Table'!$C$8:$C$50,0))))","v":0.34743191039999993},{"$f":"-PMT(discountRate,$D367,NPV(discountRate,INDEX('Rates Table'!$J$8:$J$50,MATCH($C367,'Rates Table'!$C$8:$C$50,0)):INDEX('Rates Table'!$J$8:$J$50,MATCH($C367+$D367-1,'Rates Table'!$C$8:$C$50,0))))","v":0.41068298555999982}]
[null,"2027_23",2027,23,{"$f":"-PMT(discountRate,$D368,NPV(discountRate,INDEX('Rates Table'!$F$8:$F$50,MATCH($C368,'Rates Table'!$C$8:$C$50,0)):INDEX('Rates Table'!$F$8:$F$50,MATCH($C368+$D368-1,'Rates Table'!$C$8:$C$50,0))))","v":0.12618771533394396},{"$f":"-PMT(discountRate,$D368,NPV(discountRate,INDEX('Rates Table'!$G$8:$G$50,MATCH($C368,'Rates Table'!$C$8:$C$50,0)):INDEX('Rates Table'!$G$8:$G$50,MATCH($C368+$D368-1,'Rates Table'!$C$8:$C$50,0))))","v":0.17248811334031708},{"$f":"-PMT(discountRate,$D368,NPV(discountRate,INDEX('Rates Table'!$H$8:$H$50,MATCH($C368,'Rates Table'!$C$8:$C$50,0)):INDEX('Rates Table'!$H$8:$H$50,MATCH($C368+$D368-1,'Rates Table'!$C$8:$C$50,0))))","v":3.7841999999999993E-6},{"$f":"-PMT(discountRate,$D368,NPV(discountRate,INDEX('Rates Table'!$I$8:$I$50,MATCH($C368,'Rates Table'!$C$8:$C$50,0)):INDEX('Rates Table'!$I$8:$I$50,MATCH($C368+$D368-1,'Rates Table'!$C$8:$C$50,0))))","v":0.34743191039999988},{"$f":"-PMT(discountRate,$D368,NPV(discountRate,INDEX('Rates Table'!$J$8:$J$50,MATCH($C368,'Rates Table'!$C$8:$C$50,0)):INDEX('Rates Table'!$J$8:$J$50,MATCH($C368+$D368-1,'Rates Table'!$C$8:$C$50,0))))","v":0.41068298555999982}]
[null,"2028_1",2028,1,{"$f":"-PMT(discountRate,$D369,NPV(discountRate,INDEX('Rates Table'!$F$8:$F$50,MATCH($C369,'Rates Table'!$C$8:$C$50,0)):INDEX('Rates Table'!$F$8:$F$50,MATCH($C369+$D369-1,'Rates Table'!$C$8:$C$50,0))))","v":0.12618771533394399},{"$f":"-PMT(discountRate,$D369,NPV(discountRate,INDEX('Rates Table'!$G$8:$G$50,MATCH($C369,'Rates Table'!$C$8:$C$50,0)):INDEX('Rates Table'!$G$8:$G$50,MATCH($C369+$D369-1,'Rates Table'!$C$8:$C$50,0))))","v":0.17248811334031713},{"$f":"-PMT(discountRate,$D369,NPV(discountRate,INDEX('Rates Table'!$H$8:$H$50,MATCH($C369,'Rates Table'!$C$8:$C$50,0)):INDEX('Rates Table'!$H$8:$H$50,MATCH($C369+$D369-1,'Rates Table'!$C$8:$C$50,0))))","v":3.7841999999999997E-6},{"$f":"-PMT(discountRate,$D369,NPV(discountRate,INDEX('Rates Table'!$I$8:$I$50,MATCH($C369,'Rates Table'!$C$8:$C$50,0)):INDEX('Rates Table'!$I$8:$I$50,MATCH($C369+$D369-1,'Rates Table'!$C$8:$C$50,0))))","v":0.34743191039999999},{"$f":"-PMT(discountRate,$D369,NPV(discountRate,INDEX('Rates Table'!$J$8:$J$50,MATCH($C369,'Rates Table'!$C$8:$C$50,0)):INDEX('Rates Table'!$J$8:$J$50,MATCH($C369+$D369-1,'Rates Table'!$C$8:$C$50,0))))","v":0.41068298555999994}]
[null,"2028_2",2028,2,{"$f":"-PMT(discountRate,$D370,NPV(discountRate,INDEX('Rates Table'!$F$8:$F$50,MATCH($C370,'Rates Table'!$C$8:$C$50,0)):INDEX('Rates Table'!$F$8:$F$50,MATCH($C370+$D370-1,'Rates Table'!$C$8:$C$50,0))))","v":0.12618771533394399},{"$f":"-PMT(discountRate,$D370,NPV(discountRate,INDEX('Rates Table'!$G$8:$G$50,MATCH($C370,'Rates Table'!$C$8:$C$50,0)):INDEX('Rates Table'!$G$8:$G$50,MATCH($C370+$D370-1,'Rates Table'!$C$8:$C$50,0))))","v":0.17248811334031719},{"$f":"-PMT(discountRate,$D370,NPV(discountRate,INDEX('Rates Table'!$H$8:$H$50,MATCH($C370,'Rates Table'!$C$8:$C$50,0)):INDEX('Rates Table'!$H$8:$H$50,MATCH($C370+$D370-1,'Rates Table'!$C$8:$C$50,0))))","v":3.7842000000000005E-6},{"$f":"-PMT(discountRate,$D370,NPV(discountRate,INDEX('Rates Table'!$I$8:$I$50,MATCH($C370,'Rates Table'!$C$8:$C$50,0)):INDEX('Rates Table'!$I$8:$I$50,MATCH($C370+$D370-1,'Rates Table'!$C$8:$C$50,0))))","v":0.34743191039999999},{"$f":"-PMT(discountRate,$D370,NPV(discountRate,INDEX('Rates Table'!$J$8:$J$50,MATCH($C370,'Rates Table'!$C$8:$C$50,0)):INDEX('Rates Table'!$J$8:$J$50,MATCH($C370+$D370-1,'Rates Table'!$C$8:$C$50,0))))","v":0.41068298556000005}]
[null,"2028_3",2028,3,{"$f":"-PMT(discountRate,$D371,NPV(discountRate,INDEX('Rates Table'!$F$8:$F$50,MATCH($C371,'Rates Table'!$C$8:$C$50,0)):INDEX('Rates Table'!$F$8:$F$50,MATCH($C371+$D371-1,'Rates Table'!$C$8:$C$50,0))))","v":0.12618771533394399},{"$f":"-PMT(discountRate,$D371,NPV(discountRate,INDEX('Rates Table'!$G$8:$G$50,MATCH($C371,'Rates Table'!$C$8:$C$50,0)):INDEX('Rates Table'!$G$8:$G$50,MATCH($C371+$D371-1,'Rates Table'!$C$8:$C$50,0))))","v":0.17248811334031713},{"$f":"-PMT(discountRate,$D371,NPV(discountRate,INDEX('Rates Table'!$H$8:$H$50,MATCH($C371,'Rates Table'!$C$8:$C$50,0)):INDEX('Rates Table'!$H$8:$H$50,MATCH($C371+$D371-1,'Rates Table'!$C$8:$C$50,0))))","v":3.7842000000000005E-6},{"$f":"-PMT(discountRate,$D371,NPV(discountRate,INDEX('Rates Table'!$I$8:$I$50,MATCH($C371,'Rates Table'!$C$8:$C$50,0)):INDEX('Rates Table'!$I$8:$I$50,MATCH($C371+$D371-1,'Rates Table'!$C$8:$C$50,0))))","v":0.34743191039999999},{"$f":"-PMT(discountRate,$D371,NPV(discountRate,INDEX('Rates Table'!$J$8:$J$50,MATCH($C371,'Rates Table'!$C$8:$C$50,0)):INDEX('Rates Table'!$J$8:$J$50,MATCH($C371+$D371-1,'Rates Table'!$C$8:$C$50,0))))","v":0.41068298555999994}]
[null,"2028_4",2028,4,{"$f":"-PMT(discountRate,$D372,NPV(discountRate,INDEX('Rates Table'!$F$8:$F$50,MATCH($C372,'Rates Table'!$C$8:$C$50,0)):INDEX('Rates Table'!$F$8:$F$50,MATCH($C372+$D372-1,'Rates Table'!$C$8:$C$50,0))))","v":0.12618771533394399},{"$f":"-PMT(discountRate,$D372,NPV(discountRate,INDEX('Rates Table'!$G$8:$G$50,MATCH($C372,'Rates Table'!$C$8:$C$50,0)):INDEX('Rates Table'!$G$8:$G$50,MATCH($C372+$D372-1,'Rates Table'!$C$8:$C$50,0))))","v":0.17248811334031713},{"$f":"-PMT(discountRate,$D372,NPV(discountRate,INDEX('Rates Table'!$H$8:$H$50,MATCH($C372,'Rates Table'!$C$8:$C$50,0)):INDEX('Rates Table'!$H$8:$H$50,MATCH($C372+$D372-1,'Rates Table'!$C$8:$C$50,0))))","v":3.7842000000000005E-6},{"$f":"-PMT(discountRate,$D372,NPV(discountRate,INDEX('Rates Table'!$I$8:$I$50,MATCH($C372,'Rates Table'!$C$8:$C$50,0)):INDEX('Rates Table'!$I$8:$I$50,MATCH($C372+$D372-1,'Rates Table'!$C$8:$C$50,0))))","v":0.34743191039999999},{"$f":"-PMT(discountRate,$D372,NPV(discountRate,INDEX('Rates Table'!$J$8:$J$50,MATCH($C372,'Rates Table'!$C$8:$C$50,0)):INDEX('Rates Table'!$J$8:$J$50,MATCH($C372+$D372-1,'Rates Table'!$C$8:$C$50,0))))","v":0.41068298556000005}]
[null,"2028_5",2028,5,{"$f":"-PMT(discountRate,$D373,NPV(discountRate,INDEX('Rates Table'!$F$8:$F$50,MATCH($C373,'Rates Table'!$C$8:$C$50,0)):INDEX('Rates Table'!$F$8:$F$50,MATCH($C373+$D373-1,'Rates Table'!$C$8:$C$50,0))))","v":0.12618771533394399},{"$f":"-PMT(discountRate,$D373,NPV(discountRate,INDEX('Rates Table'!$G$8:$G$50,MATCH($C373,'Rates Table'!$C$8:$C$50,0)):INDEX('Rates Table'!$G$8:$G$50,MATCH($C373+$D373-1,'Rates Table'!$C$8:$C$50,0))))","v":0.17248811334031713},{"$f":"-PMT(discountRate,$D373,NPV(discountRate,INDEX('Rates Table'!$H$8:$H$50,MATCH($C373,'Rates Table'!$C$8:$C$50,0)):INDEX('Rates Table'!$H$8:$H$50,MATCH($C373+$D373-1,'Rates Table'!$C$8:$C$50,0))))","v":3.7842000000000005E-6},{"$f":"-PMT(discountRate,$D373,NPV(discountRate,INDEX('Rates Table'!$I$8:$I$50,MATCH($C373,'Rates Table'!$C$8:$C$50,0)):INDEX('Rates Table'!$I$8:$I$50,MATCH($C373+$D373-1,'Rates Table'!$C$8:$C$50,0))))","v":0.34743191039999999},{"$f":"-PMT(discountRate,$D373,NPV(discountRate,INDEX('Rates Table'!$J$8:$J$50,MATCH($C373,'Rates Table'!$C$8:$C$50,0)):INDEX('Rates Table'!$J$8:$J$50,MATCH($C373+$D373-1,'Rates Table'!$C$8:$C$50,0))))","v":0.41068298556000005}]
[null,"2028_6",2028,6,{"$f":"-PMT(discountRate,$D374,NPV(discountRate,INDEX('Rates Table'!$F$8:$F$50,MATCH($C374,'Rates Table'!$C$8:$C$50,0)):INDEX('Rates Table'!$F$8:$F$50,MATCH($C374+$D374-1,'Rates Table'!$C$8:$C$50,0))))","v":0.12618771533394399},{"$f":"-PMT(discountRate,$D374,NPV(discountRate,INDEX('Rates Table'!$G$8:$G$50,MATCH($C374,'Rates Table'!$C$8:$C$50,0)):INDEX('Rates Table'!$G$8:$G$50,MATCH($C374+$D374-1,'Rates Table'!$C$8:$C$50,0))))","v":0.17248811334031713},{"$f":"-PMT(discountRate,$D374,NPV(discountRate,INDEX('Rates Table'!$H$8:$H$50,MATCH($C374,'Rates Table'!$C$8:$C$50,0)):INDEX('Rates Table'!$H$8:$H$50,MATCH($C374+$D374-1,'Rates Table'!$C$8:$C$50,0))))","v":3.7842000000000005E-6},{"$f":"-PMT(discountRate,$D374,NPV(discountRate,INDEX('Rates Table'!$I$8:$I$50,MATCH($C374,'Rates Table'!$C$8:$C$50,0)):INDEX('Rates Table'!$I$8:$I$50,MATCH($C374+$D374-1,'Rates Table'!$C$8:$C$50,0))))","v":0.34743191039999999},{"$f":"-PMT(discountRate,$D374,NPV(discountRate,INDEX('Rates Table'!$J$8:$J$50,MATCH($C374,'Rates Table'!$C$8:$C$50,0)):INDEX('Rates Table'!$J$8:$J$50,MATCH($C374+$D374-1,'Rates Table'!$C$8:$C$50,0))))","v":0.4106829855600001}]
[null,"2028_7",2028,7,{"$f":"-PMT(discountRate,$D375,NPV(discountRate,INDEX('Rates Table'!$F$8:$F$50,MATCH($C375,'Rates Table'!$C$8:$C$50,0)):INDEX('Rates Table'!$F$8:$F$50,MATCH($C375+$D375-1,'Rates Table'!$C$8:$C$50,0))))","v":0.12618771533394399},{"$f":"-PMT(discountRate,$D375,NPV(discountRate,INDEX('Rates Table'!$G$8:$G$50,MATCH($C375,'Rates Table'!$C$8:$C$50,0)):INDEX('Rates Table'!$G$8:$G$50,MATCH($C375+$D375-1,'Rates Table'!$C$8:$C$50,0))))","v":0.17248811334031713},{"$f":"-PMT(discountRate,$D375,NPV(discountRate,INDEX('Rates Table'!$H$8:$H$50,MATCH($C375,'Rates Table'!$C$8:$C$50,0)):INDEX('Rates Table'!$H$8:$H$50,MATCH($C375+$D375-1,'Rates Table'!$C$8:$C$50,0))))","v":3.7841999999999997E-6},{"$f":"-PMT(discountRate,$D375,NPV(discountRate,INDEX('Rates Table'!$I$8:$I$50,MATCH($C375,'Rates Table'!$C$8:$C$50,0)):INDEX('Rates Table'!$I$8:$I$50,MATCH($C375+$D375-1,'Rates Table'!$C$8:$C$50,0))))","v":0.34743191039999999},{"$f":"-PMT(discountRate,$D375,NPV(discountRate,INDEX('Rates Table'!$J$8:$J$50,MATCH($C375,'Rates Table'!$C$8:$C$50,0)):INDEX('Rates Table'!$J$8:$J$50,MATCH($C375+$D375-1,'Rates Table'!$C$8:$C$50,0))))","v":0.41068298556000005}]
[null,"2028_8",2028,8,{"$f":"-PMT(discountRate,$D376,NPV(discountRate,INDEX('Rates Table'!$F$8:$F$50,MATCH($C376,'Rates Table'!$C$8:$C$50,0)):INDEX('Rates Table'!$F$8:$F$50,MATCH($C376+$D376-1,'Rates Table'!$C$8:$C$50,0))))","v":0.12618771533394399},{"$f":"-PMT(discountRate,$D376,NPV(discountRate,INDEX('Rates Table'!$G$8:$G$50,MATCH($C376,'Rates Table'!$C$8:$C$50,0)):INDEX('Rates Table'!$G$8:$G$50,MATCH($C376+$D376-1,'Rates Table'!$C$8:$C$50,0))))","v":0.17248811334031713},{"$f":"-PMT(discountRate,$D376,NPV(discountRate,INDEX('Rates Table'!$H$8:$H$50,MATCH($C376,'Rates Table'!$C$8:$C$50,0)):INDEX('Rates Table'!$H$8:$H$50,MATCH($C376+$D376-1,'Rates Table'!$C$8:$C$50,0))))","v":3.7841999999999997E-6},{"$f":"-PMT(discountRate,$D376,NPV(discountRate,INDEX('Rates Table'!$I$8:$I$50,MATCH($C376,'Rates Table'!$C$8:$C$50,0)):INDEX('Rates Table'!$I$8:$I$50,MATCH($C376+$D376-1,'Rates Table'!$C$8:$C$50,0))))","v":0.34743191039999993},{"$f":"-PMT(discountRate,$D376,NPV(discountRate,INDEX('Rates Table'!$J$8:$J$50,MATCH($C376,'Rates Table'!$C$8:$C$50,0)):INDEX('Rates Table'!$J$8:$J$50,MATCH($C376+$D376-1,'Rates Table'!$C$8:$C$50,0))))","v":0.41068298555999994}]
[null,"2028_9",2028,9,{"$f":"-PMT(discountRate,$D377,NPV(discountRate,INDEX('Rates Table'!$F$8:$F$50,MATCH($C377,'Rates Table'!$C$8:$C$50,0)):INDEX('Rates Table'!$F$8:$F$50,MATCH($C377+$D377-1,'Rates Table'!$C$8:$C$50,0))))","v":0.12618771533394399},{"$f":"-PMT(discountRate,$D377,NPV(discountRate,INDEX('Rates Table'!$G$8:$G$50,MATCH($C377,'Rates Table'!$C$8:$C$50,0)):INDEX('Rates Table'!$G$8:$G$50,MATCH($C377+$D377-1,'Rates Table'!$C$8:$C$50,0))))","v":0.17248811334031711},{"$f":"-PMT(discountRate,$D377,NPV(discountRate,INDEX('Rates Table'!$H$8:$H$50,MATCH($C377,'Rates Table'!$C$8:$C$50,0)):INDEX('Rates Table'!$H$8:$H$50,MATCH($C377+$D377-1,'Rates Table'!$C$8:$C$50,0))))","v":3.7841999999999997E-6},{"$f":"-PMT(discountRate,$D377,NPV(discountRate,INDEX('Rates Table'!$I$8:$I$50,MATCH($C377,'Rates Table'!$C$8:$C$50,0)):INDEX('Rates Table'!$I$8:$I$50,MATCH($C377+$D377-1,'Rates Table'!$C$8:$C$50,0))))","v":0.34743191039999993},{"$f":"-PMT(discountRate,$D377,NPV(discountRate,INDEX('Rates Table'!$J$8:$J$50,MATCH($C377,'Rates Table'!$C$8:$C$50,0)):INDEX('Rates Table'!$J$8:$J$50,MATCH($C377+$D377-1,'Rates Table'!$C$8:$C$50,0))))","v":0.41068298555999994}]
[null,"2028_10",2028,10,{"$f":"-PMT(discountRate,$D378,NPV(discountRate,INDEX('Rates Table'!$F$8:$F$50,MATCH($C378,'Rates Table'!$C$8:$C$50,0)):INDEX('Rates Table'!$F$8:$F$50,MATCH($C378+$D378-1,'Rates Table'!$C$8:$C$50,0))))","v":0.12618771533394399},{"$f":"-PMT(discountRate,$D378,NPV(discountRate,INDEX('Rates Table'!$G$8:$G$50,MATCH($C378,'Rates Table'!$C$8:$C$50,0)):INDEX('Rates Table'!$G$8:$G$50,MATCH($C378+$D378-1,'Rates Table'!$C$8:$C$50,0))))","v":0.17248811334031713},{"$f":"-PMT(discountRate,$D378,NPV(discountRate,INDEX('Rates Table'!$H$8:$H$50,MATCH($C378,'Rates Table'!$C$8:$C$50,0)):INDEX('Rates Table'!$H$8:$H$50,MATCH($C378+$D378-1,'Rates Table'!$C$8:$C$50,0))))","v":3.7841999999999997E-6},{"$f":"-PMT(discountRate,$D378,NPV(discountRate,INDEX('Rates Table'!$I$8:$I$50,MATCH($C378,'Rates Table'!$C$8:$C$50,0)):INDEX('Rates Table'!$I$8:$I$50,MATCH($C378+$D378-1,'Rates Table'!$C$8:$C$50,0))))","v":0.34743191039999999},{"$f":"-PMT(discountRate,$D378,NPV(discountRate,INDEX('Rates Table'!$J$8:$J$50,MATCH($C378,'Rates Table'!$C$8:$C$50,0)):INDEX('Rates Table'!$J$8:$J$50,MATCH($C378+$D378-1,'Rates Table'!$C$8:$C$50,0))))","v":0.41068298555999994}]
[null,"2028_11",2028,11,{"$f":"-PMT(discountRate,$D379,NPV(discountRate,INDEX('Rates Table'!$F$8:$F$50,MATCH($C379,'Rates Table'!$C$8:$C$50,0)):INDEX('Rates Table'!$F$8:$F$50,MATCH($C379+$D379-1,'Rates Table'!$C$8:$C$50,0))))","v":0.12618771533394396},{"$f":"-PMT(discountRate,$D379,NPV(discountRate,INDEX('Rates Table'!$G$8:$G$50,MATCH($C379,'Rates Table'!$C$8:$C$50,0)):INDEX('Rates Table'!$G$8:$G$50,MATCH($C379+$D379-1,'Rates Table'!$C$8:$C$50,0))))","v":0.17248811334031711},{"$f":"-PMT(discountRate,$D379,NPV(discountRate,INDEX('Rates Table'!$H$8:$H$50,MATCH($C379,'Rates Table'!$C$8:$C$50,0)):INDEX('Rates Table'!$H$8:$H$50,MATCH($C379+$D379-1,'Rates Table'!$C$8:$C$50,0))))","v":3.7841999999999993E-6},{"$f":"-PMT(discountRate,$D379,NPV(discountRate,INDEX('Rates Table'!$I$8:$I$50,MATCH($C379,'Rates Table'!$C$8:$C$50,0)):INDEX('Rates Table'!$I$8:$I$50,MATCH($C379+$D379-1,'Rates Table'!$C$8:$C$50,0))))","v":0.34743191039999988},{"$f":"-PMT(discountRate,$D379,NPV(discountRate,INDEX('Rates Table'!$J$8:$J$50,MATCH($C379,'Rates Table'!$C$8:$C$50,0)):INDEX('Rates Table'!$J$8:$J$50,MATCH($C379+$D379-1,'Rates Table'!$C$8:$C$50,0))))","v":0.41068298555999988}]
[null,"2028_12",2028,12,{"$f":"-PMT(discountRate,$D380,NPV(discountRate,INDEX('Rates Table'!$F$8:$F$50,MATCH($C380,'Rates Table'!$C$8:$C$50,0)):INDEX('Rates Table'!$F$8:$F$50,MATCH($C380+$D380-1,'Rates Table'!$C$8:$C$50,0))))","v":0.12618771533394393},{"$f":"-PMT(discountRate,$D380,NPV(discountRate,INDEX('Rates Table'!$G$8:$G$50,MATCH($C380,'Rates Table'!$C$8:$C$50,0)):INDEX('Rates Table'!$G$8:$G$50,MATCH($C380+$D380-1,'Rates Table'!$C$8:$C$50,0))))","v":0.17248811334031711},{"$f":"-PMT(discountRate,$D380,NPV(discountRate,INDEX('Rates Table'!$H$8:$H$50,MATCH($C380,'Rates Table'!$C$8:$C$50,0)):INDEX('Rates Table'!$H$8:$H$50,MATCH($C380+$D380-1,'Rates Table'!$C$8:$C$50,0))))","v":3.7841999999999997E-6},{"$f":"-PMT(discountRate,$D380,NPV(discountRate,INDEX('Rates Table'!$I$8:$I$50,MATCH($C380,'Rates Table'!$C$8:$C$50,0)):INDEX('Rates Table'!$I$8:$I$50,MATCH($C380+$D380-1,'Rates Table'!$C$8:$C$50,0))))","v":0.34743191039999993},{"$f":"-PMT(discountRate,$D380,NPV(discountRate,INDEX('Rates Table'!$J$8:$J$50,MATCH($C380,'Rates Table'!$C$8:$C$50,0)):INDEX('Rates Table'!$J$8:$J$50,MATCH($C380+$D380-1,'Rates Table'!$C$8:$C$50,0))))","v":0.41068298555999994}]
[null,"2028_13",2028,13,{"$f":"-PMT(discountRate,$D381,NPV(discountRate,INDEX('Rates Table'!$F$8:$F$50,MATCH($C381,'Rates Table'!$C$8:$C$50,0)):INDEX('Rates Table'!$F$8:$F$50,MATCH($C381+$D381-1,'Rates Table'!$C$8:$C$50,0))))","v":0.12618771533394393},{"$f":"-PMT(discountRate,$D381,NPV(discountRate,INDEX('Rates Table'!$G$8:$G$50,MATCH($C381,'Rates Table'!$C$8:$C$50,0)):INDEX('Rates Table'!$G$8:$G$50,MATCH($C381+$D381-1,'Rates Table'!$C$8:$C$50,0))))","v":0.17248811334031708},{"$f":"-PMT(discountRate,$D381,NPV(discountRate,INDEX('Rates Table'!$H$8:$H$50,MATCH($C381,'Rates Table'!$C$8:$C$50,0)):INDEX('Rates Table'!$H$8:$H$50,MATCH($C381+$D381-1,'Rates Table'!$C$8:$C$50,0))))","v":3.7841999999999993E-6},{"$f":"-PMT(discountRate,$D381,NPV(discountRate,INDEX('Rates Table'!$I$8:$I$50,MATCH($C381,'Rates Table'!$C$8:$C$50,0)):INDEX('Rates Table'!$I$8:$I$50,MATCH($C381+$D381-1,'Rates Table'!$C$8:$C$50,0))))","v":0.34743191039999988},{"$f":"-PMT(discountRate,$D381,NPV(discountRate,INDEX('Rates Table'!$J$8:$J$50,MATCH($C381,'Rates Table'!$C$8:$C$50,0)):INDEX('Rates Table'!$J$8:$J$50,MATCH($C381+$D381-1,'Rates Table'!$C$8:$C$50,0))))","v":0.41068298555999988}]
[null,"2028_14",2028,14,{"$f":"-PMT(discountRate,$D382,NPV(discountRate,INDEX('Rates Table'!$F$8:$F$50,MATCH($C382,'Rates Table'!$C$8:$C$50,0)):INDEX('Rates Table'!$F$8:$F$50,MATCH($C382+$D382-1,'Rates Table'!$C$8:$C$50,0))))","v":0.12618771533394396},{"$f":"-PMT(discountRate,$D382,NPV(discountRate,INDEX('Rates Table'!$G$8:$G$50,MATCH($C382,'Rates Table'!$C$8:$C$50,0)):INDEX('Rates Table'!$G$8:$G$50,MATCH($C382+$D382-1,'Rates Table'!$C$8:$C$50,0))))","v":0.17248811334031711},{"$f":"-PMT(discountRate,$D382,NPV(discountRate,INDEX('Rates Table'!$H$8:$H$50,MATCH($C382,'Rates Table'!$C$8:$C$50,0)):INDEX('Rates Table'!$H$8:$H$50,MATCH($C382+$D382-1,'Rates Table'!$C$8:$C$50,0))))","v":3.7842000000000005E-6},{"$f":"-PMT(discountRate,$D382,NPV(discountRate,INDEX('Rates Table'!$I$8:$I$50,MATCH($C382,'Rates Table'!$C$8:$C$50,0)):INDEX('Rates Table'!$I$8:$I$50,MATCH($C382+$D382-1,'Rates Table'!$C$8:$C$50,0))))","v":0.34743191039999993},{"$f":"-PMT(discountRate,$D382,NPV(discountRate,INDEX('Rates Table'!$J$8:$J$50,MATCH($C382,'Rates Table'!$C$8:$C$50,0)):INDEX('Rates Table'!$J$8:$J$50,MATCH($C382+$D382-1,'Rates Table'!$C$8:$C$50,0))))","v":0.41068298555999994}]
[null,"2028_15",2028,15,{"$f":"-PMT(discountRate,$D383,NPV(discountRate,INDEX('Rates Table'!$F$8:$F$50,MATCH($C383,'Rates Table'!$C$8:$C$50,0)):INDEX('Rates Table'!$F$8:$F$50,MATCH($C383+$D383-1,'Rates Table'!$C$8:$C$50,0))))","v":0.12618771533394393},{"$f":"-PMT(discountRate,$D383,NPV(discountRate,INDEX('Rates Table'!$G$8:$G$50,MATCH($C383,'Rates Table'!$C$8:$C$50,0)):INDEX('Rates Table'!$G$8:$G$50,MATCH($C383+$D383-1,'Rates Table'!$C$8:$C$50,0))))","v":0.17248811334031708},{"$f":"-PMT(discountRate,$D383,NPV(discountRate,INDEX('Rates Table'!$H$8:$H$50,MATCH($C383,'Rates Table'!$C$8:$C$50,0)):INDEX('Rates Table'!$H$8:$H$50,MATCH($C383+$D383-1,'Rates Table'!$C$8:$C$50,0))))","v":3.7841999999999993E-6},{"$f":"-PMT(discountRate,$D383,NPV(discountRate,INDEX('Rates Table'!$I$8:$I$50,MATCH($C383,'Rates Table'!$C$8:$C$50,0)):INDEX('Rates Table'!$I$8:$I$50,MATCH($C383+$D383-1,'Rates Table'!$C$8:$C$50,0))))","v":0.34743191039999988},{"$f":"-PMT(discountRate,$D383,NPV(discountRate,INDEX('Rates Table'!$J$8:$J$50,MATCH($C383,'Rates Table'!$C$8:$C$50,0)):INDEX('Rates Table'!$J$8:$J$50,MATCH($C383+$D383-1,'Rates Table'!$C$8:$C$50,0))))","v":0.41068298555999982}]
[null,"2028_16",2028,16,{"$f":"-PMT(discountRate,$D384,NPV(discountRate,INDEX('Rates Table'!$F$8:$F$50,MATCH($C384,'Rates Table'!$C$8:$C$50,0)):INDEX('Rates Table'!$F$8:$F$50,MATCH($C384+$D384-1,'Rates Table'!$C$8:$C$50,0))))","v":0.12618771533394393},{"$f":"-PMT(discountRate,$D384,NPV(discountRate,INDEX('Rates Table'!$G$8:$G$50,MATCH($C384,'Rates Table'!$C$8:$C$50,0)):INDEX('Rates Table'!$G$8:$G$50,MATCH($C384+$D384-1,'Rates Table'!$C$8:$C$50,0))))","v":0.17248811334031711},{"$f":"-PMT(discountRate,$D384,NPV(discountRate,INDEX('Rates Table'!$H$8:$H$50,MATCH($C384,'Rates Table'!$C$8:$C$50,0)):INDEX('Rates Table'!$H$8:$H$50,MATCH($C384+$D384-1,'Rates Table'!$C$8:$C$50,0))))","v":3.7841999999999993E-6},{"$f":"-PMT(discountRate,$D384,NPV(discountRate,INDEX('Rates Table'!$I$8:$I$50,MATCH($C384,'Rates Table'!$C$8:$C$50,0)):INDEX('Rates Table'!$I$8:$I$50,MATCH($C384+$D384-1,'Rates Table'!$C$8:$C$50,0))))","v":0.34743191039999988},{"$f":"-PMT(discountRate,$D384,NPV(discountRate,INDEX('Rates Table'!$J$8:$J$50,MATCH($C384,'Rates Table'!$C$8:$C$50,0)):INDEX('Rates Table'!$J$8:$J$50,MATCH($C384+$D384-1,'Rates Table'!$C$8:$C$50,0))))","v":0.41068298555999988}]
[null,"2028_17",2028,17,{"$f":"-PMT(discountRate,$D385,NPV(discountRate,INDEX('Rates Table'!$F$8:$F$50,MATCH($C385,'Rates Table'!$C$8:$C$50,0)):INDEX('Rates Table'!$F$8:$F$50,MATCH($C385+$D385-1,'Rates Table'!$C$8:$C$50,0))))","v":0.12618771533394393},{"$f":"-PMT(discountRate,$D385,NPV(discountRate,INDEX('Rates Table'!$G$8:$G$50,MATCH($C385,'Rates Table'!$C$8:$C$50,0)):INDEX('Rates Table'!$G$8:$G$50,MATCH($C385+$D385-1,'Rates Table'!$C$8:$C$50,0))))","v":0.17248811334031711},{"$f":"-PMT(discountRate,$D385,NPV(discountRate,INDEX('Rates Table'!$H$8:$H$50,MATCH($C385,'Rates Table'!$C$8:$C$50,0)):INDEX('Rates Table'!$H$8:$H$50,MATCH($C385+$D385-1,'Rates Table'!$C$8:$C$50,0))))","v":3.7841999999999997E-6},{"$f":"-PMT(discountRate,$D385,NPV(discountRate,INDEX('Rates Table'!$I$8:$I$50,MATCH($C385,'Rates Table'!$C$8:$C$50,0)):INDEX('Rates Table'!$I$8:$I$50,MATCH($C385+$D385-1,'Rates Table'!$C$8:$C$50,0))))","v":0.34743191039999993},{"$f":"-PMT(discountRate,$D385,NPV(discountRate,INDEX('Rates Table'!$J$8:$J$50,MATCH($C385,'Rates Table'!$C$8:$C$50,0)):INDEX('Rates Table'!$J$8:$J$50,MATCH($C385+$D385-1,'Rates Table'!$C$8:$C$50,0))))","v":0.41068298555999988}]
[null,"2028_18",2028,18,{"$f":"-PMT(discountRate,$D386,NPV(discountRate,INDEX('Rates Table'!$F$8:$F$50,MATCH($C386,'Rates Table'!$C$8:$C$50,0)):INDEX('Rates Table'!$F$8:$F$50,MATCH($C386+$D386-1,'Rates Table'!$C$8:$C$50,0))))","v":0.12618771533394393},{"$f":"-PMT(discountRate,$D386,NPV(discountRate,INDEX('Rates Table'!$G$8:$G$50,MATCH($C386,'Rates Table'!$C$8:$C$50,0)):INDEX('Rates Table'!$G$8:$G$50,MATCH($C386+$D386-1,'Rates Table'!$C$8:$C$50,0))))","v":0.17248811334031708},{"$f":"-PMT(discountRate,$D386,NPV(discountRate,INDEX('Rates Table'!$H$8:$H$50,MATCH($C386,'Rates Table'!$C$8:$C$50,0)):INDEX('Rates Table'!$H$8:$H$50,MATCH($C386+$D386-1,'Rates Table'!$C$8:$C$50,0))))","v":3.7841999999999993E-6},{"$f":"-PMT(discountRate,$D386,NPV(discountRate,INDEX('Rates Table'!$I$8:$I$50,MATCH($C386,'Rates Table'!$C$8:$C$50,0)):INDEX('Rates Table'!$I$8:$I$50,MATCH($C386+$D386-1,'Rates Table'!$C$8:$C$50,0))))","v":0.34743191039999988},{"$f":"-PMT(discountRate,$D386,NPV(discountRate,INDEX('Rates Table'!$J$8:$J$50,MATCH($C386,'Rates Table'!$C$8:$C$50,0)):INDEX('Rates Table'!$J$8:$J$50,MATCH($C386+$D386-1,'Rates Table'!$C$8:$C$50,0))))","v":0.41068298555999982}]
[null,"2028_19",2028,19,{"$f":"-PMT(discountRate,$D387,NPV(discountRate,INDEX('Rates Table'!$F$8:$F$50,MATCH($C387,'Rates Table'!$C$8:$C$50,0)):INDEX('Rates Table'!$F$8:$F$50,MATCH($C387+$D387-1,'Rates Table'!$C$8:$C$50,0))))","v":0.12618771533394396},{"$f":"-PMT(discountRate,$D387,NPV(discountRate,INDEX('Rates Table'!$G$8:$G$50,MATCH($C387,'Rates Table'!$C$8:$C$50,0)):INDEX('Rates Table'!$G$8:$G$50,MATCH($C387+$D387-1,'Rates Table'!$C$8:$C$50,0))))","v":0.17248811334031708},{"$f":"-PMT(discountRate,$D387,NPV(discountRate,INDEX('Rates Table'!$H$8:$H$50,MATCH($C387,'Rates Table'!$C$8:$C$50,0)):INDEX('Rates Table'!$H$8:$H$50,MATCH($C387+$D387-1,'Rates Table'!$C$8:$C$50,0))))","v":3.7841999999999993E-6},{"$f":"-PMT(discountRate,$D387,NPV(discountRate,INDEX('Rates Table'!$I$8:$I$50,MATCH($C387,'Rates Table'!$C$8:$C$50,0)):INDEX('Rates Table'!$I$8:$I$50,MATCH($C387+$D387-1,'Rates Table'!$C$8:$C$50,0))))","v":0.34743191039999993},{"$f":"-PMT(discountRate,$D387,NPV(discountRate,INDEX('Rates Table'!$J$8:$J$50,MATCH($C387,'Rates Table'!$C$8:$C$50,0)):INDEX('Rates Table'!$J$8:$J$50,MATCH($C387+$D387-1,'Rates Table'!$C$8:$C$50,0))))","v":0.41068298555999982}]
[null,"2028_20",2028,20,{"$f":"-PMT(discountRate,$D388,NPV(discountRate,INDEX('Rates Table'!$F$8:$F$50,MATCH($C388,'Rates Table'!$C$8:$C$50,0)):INDEX('Rates Table'!$F$8:$F$50,MATCH($C388+$D388-1,'Rates Table'!$C$8:$C$50,0))))","v":0.12618771533394396},{"$f":"-PMT(discountRate,$D388,NPV(discountRate,INDEX('Rates Table'!$G$8:$G$50,MATCH($C388,'Rates Table'!$C$8:$C$50,0)):INDEX('Rates Table'!$G$8:$G$50,MATCH($C388+$D388-1,'Rates Table'!$C$8:$C$50,0))))","v":0.17248811334031708},{"$f":"-PMT(discountRate,$D388,NPV(discountRate,INDEX('Rates Table'!$H$8:$H$50,MATCH($C388,'Rates Table'!$C$8:$C$50,0)):INDEX('Rates Table'!$H$8:$H$50,MATCH($C388+$D388-1,'Rates Table'!$C$8:$C$50,0))))","v":3.7841999999999993E-6},{"$f":"-PMT(discountRate,$D388,NPV(discountRate,INDEX('Rates Table'!$I$8:$I$50,MATCH($C388,'Rates Table'!$C$8:$C$50,0)):INDEX('Rates Table'!$I$8:$I$50,MATCH($C388+$D388-1,'Rates Table'!$C$8:$C$50,0))))","v":0.34743191039999993},{"$f":"-PMT(discountRate,$D388,NPV(discountRate,INDEX('Rates Table'!$J$8:$J$50,MATCH($C388,'Rates Table'!$C$8:$C$50,0)):INDEX('Rates Table'!$J$8:$J$50,MATCH($C388+$D388-1,'Rates Table'!$C$8:$C$50,0))))","v":0.41068298555999988}]
[null,"2028_21",2028,21,{"$f":"-PMT(discountRate,$D389,NPV(discountRate,INDEX('Rates Table'!$F$8:$F$50,MATCH($C389,'Rates Table'!$C$8:$C$50,0)):INDEX('Rates Table'!$F$8:$F$50,MATCH($C389+$D389-1,'Rates Table'!$C$8:$C$50,0))))","v":0.12618771533394393},{"$f":"-PMT(discountRate,$D389,NPV(discountRate,INDEX('Rates Table'!$G$8:$G$50,MATCH($C389,'Rates Table'!$C$8:$C$50,0)):INDEX('Rates Table'!$G$8:$G$50,MATCH($C389+$D389-1,'Rates Table'!$C$8:$C$50,0))))","v":0.17248811334031705},{"$f":"-PMT(discountRate,$D389,NPV(discountRate,INDEX('Rates Table'!$H$8:$H$50,MATCH($C389,'Rates Table'!$C$8:$C$50,0)):INDEX('Rates Table'!$H$8:$H$50,MATCH($C389+$D389-1,'Rates Table'!$C$8:$C$50,0))))","v":3.7841999999999993E-6},{"$f":"-PMT(discountRate,$D389,NPV(discountRate,INDEX('Rates Table'!$I$8:$I$50,MATCH($C389,'Rates Table'!$C$8:$C$50,0)):INDEX('Rates Table'!$I$8:$I$50,MATCH($C389+$D389-1,'Rates Table'!$C$8:$C$50,0))))","v":0.34743191039999993},{"$f":"-PMT(discountRate,$D389,NPV(discountRate,INDEX('Rates Table'!$J$8:$J$50,MATCH($C389,'Rates Table'!$C$8:$C$50,0)):INDEX('Rates Table'!$J$8:$J$50,MATCH($C389+$D389-1,'Rates Table'!$C$8:$C$50,0))))","v":0.41068298555999982}]
[null,"2028_22",2028,22,{"$f":"-PMT(discountRate,$D390,NPV(discountRate,INDEX('Rates Table'!$F$8:$F$50,MATCH($C390,'Rates Table'!$C$8:$C$50,0)):INDEX('Rates Table'!$F$8:$F$50,MATCH($C390+$D390-1,'Rates Table'!$C$8:$C$50,0))))","v":0.12618771533394393},{"$f":"-PMT(discountRate,$D390,NPV(discountRate,INDEX('Rates Table'!$G$8:$G$50,MATCH($C390,'Rates Table'!$C$8:$C$50,0)):INDEX('Rates Table'!$G$8:$G$50,MATCH($C390+$D390-1,'Rates Table'!$C$8:$C$50,0))))","v":0.17248811334031708},{"$f":"-PMT(discountRate,$D390,NPV(discountRate,INDEX('Rates Table'!$H$8:$H$50,MATCH($C390,'Rates Table'!$C$8:$C$50,0)):INDEX('Rates Table'!$H$8:$H$50,MATCH($C390+$D390-1,'Rates Table'!$C$8:$C$50,0))))","v":3.7841999999999997E-6},{"$f":"-PMT(discountRate,$D390,NPV(discountRate,INDEX('Rates Table'!$I$8:$I$50,MATCH($C390,'Rates Table'!$C$8:$C$50,0)):INDEX('Rates Table'!$I$8:$I$50,MATCH($C390+$D390-1,'Rates Table'!$C$8:$C$50,0))))","v":0.34743191039999993},{"$f":"-PMT(discountRate,$D390,NPV(discountRate,INDEX('Rates Table'!$J$8:$J$50,MATCH($C390,'Rates Table'!$C$8:$C$50,0)):INDEX('Rates Table'!$J$8:$J$50,MATCH($C390+$D390-1,'Rates Table'!$C$8:$C$50,0))))","v":0.41068298555999982}]
[null,"2029_1",2029,1,{"$f":"-PMT(discountRate,$D391,NPV(discountRate,INDEX('Rates Table'!$F$8:$F$50,MATCH($C391,'Rates Table'!$C$8:$C$50,0)):INDEX('Rates Table'!$F$8:$F$50,MATCH($C391+$D391-1,'Rates Table'!$C$8:$C$50,0))))","v":0.12618771533394399},{"$f":"-PMT(discountRate,$D391,NPV(discountRate,INDEX('Rates Table'!$G$8:$G$50,MATCH($C391,'Rates Table'!$C$8:$C$50,0)):INDEX('Rates Table'!$G$8:$G$50,MATCH($C391+$D391-1,'Rates Table'!$C$8:$C$50,0))))","v":0.17248811334031713},{"$f":"-PMT(discountRate,$D391,NPV(discountRate,INDEX('Rates Table'!$H$8:$H$50,MATCH($C391,'Rates Table'!$C$8:$C$50,0)):INDEX('Rates Table'!$H$8:$H$50,MATCH($C391+$D391-1,'Rates Table'!$C$8:$C$50,0))))","v":3.7841999999999997E-6},{"$f":"-PMT(discountRate,$D391,NPV(discountRate,INDEX('Rates Table'!$I$8:$I$50,MATCH($C391,'Rates Table'!$C$8:$C$50,0)):INDEX('Rates Table'!$I$8:$I$50,MATCH($C391+$D391-1,'Rates Table'!$C$8:$C$50,0))))","v":0.34743191039999999},{"$f":"-PMT(discountRate,$D391,NPV(discountRate,INDEX('Rates Table'!$J$8:$J$50,MATCH($C391,'Rates Table'!$C$8:$C$50,0)):INDEX('Rates Table'!$J$8:$J$50,MATCH($C391+$D391-1,'Rates Table'!$C$8:$C$50,0))))","v":0.41068298555999994}]
[null,{"$f":"CONCATENATE(C392,\"_\",D392)","v":"2029_2"},2029,2,{"$f":"-PMT(discountRate,$D392,NPV(discountRate,INDEX('Rates Table'!$F$8:$F$50,MATCH($C392,'Rates Table'!$C$8:$C$50,0)):INDEX('Rates Table'!$F$8:$F$50,MATCH($C392+$D392-1,'Rates Table'!$C$8:$C$50,0))))","v":0.12618771533394399},{"$f":"-PMT(discountRate,$D392,NPV(discountRate,INDEX('Rates Table'!$G$8:$G$50,MATCH($C392,'Rates Table'!$C$8:$C$50,0)):INDEX('Rates Table'!$G$8:$G$50,MATCH($C392+$D392-1,'Rates Table'!$C$8:$C$50,0))))","v":0.17248811334031719},{"$f":"-PMT(discountRate,$D392,NPV(discountRate,INDEX('Rates Table'!$H$8:$H$50,MATCH($C392,'Rates Table'!$C$8:$C$50,0)):INDEX('Rates Table'!$H$8:$H$50,MATCH($C392+$D392-1,'Rates Table'!$C$8:$C$50,0))))","v":3.7842000000000005E-6},{"$f":"-PMT(discountRate,$D392,NPV(discountRate,INDEX('Rates Table'!$I$8:$I$50,MATCH($C392,'Rates Table'!$C$8:$C$50,0)):INDEX('Rates Table'!$I$8:$I$50,MATCH($C392+$D392-1,'Rates Table'!$C$8:$C$50,0))))","v":0.34743191039999999},{"$f":"-PMT(discountRate,$D392,NPV(discountRate,INDEX('Rates Table'!$J$8:$J$50,MATCH($C392,'Rates Table'!$C$8:$C$50,0)):INDEX('Rates Table'!$J$8:$J$50,MATCH($C392+$D392-1,'Rates Table'!$C$8:$C$50,0))))","v":0.41068298556000005}]
[null,"2029_3",{"$f":"IF(D393=1,C392+1,C392)","v":2029},{"$f":"IF(C392+D392>=2050,1,IF(D392=30,1,D392+1))","v":3},{"$f":"-PMT(discountRate,$D393,NPV(discountRate,INDEX('Rates Table'!$F$8:$F$50,MATCH($C393,'Rates Table'!$C$8:$C$50,0)):INDEX('Rates Table'!$F$8:$F$50,MATCH($C393+$D393-1,'Rates Table'!$C$8:$C$50,0))))","v":0.12618771533394399},{"$f":"-PMT(discountRate,$D393,NPV(discountRate,INDEX('Rates Table'!$G$8:$G$50,MATCH($C393,'Rates Table'!$C$8:$C$50,0)):INDEX('Rates Table'!$G$8:$G$50,MATCH($C393+$D393-1,'Rates Table'!$C$8:$C$50,0))))","v":0.17248811334031713},{"$f":"-PMT(discountRate,$D393,NPV(discountRate,INDEX('Rates Table'!$H$8:$H$50,MATCH($C393,'Rates Table'!$C$8:$C$50,0)):INDEX('Rates Table'!$H$8:$H$50,MATCH($C393+$D393-1,'Rates Table'!$C$8:$C$50,0))))","v":3.7842000000000005E-6},{"$f":"-PMT(discountRate,$D393,NPV(discountRate,INDEX('Rates Table'!$I$8:$I$50,MATCH($C393,'Rates Table'!$C$8:$C$50,0)):INDEX('Rates Table'!$I$8:$I$50,MATCH($C393+$D393-1,'Rates Table'!$C$8:$C$50,0))))","v":0.34743191039999999},{"$f":"-PMT(discountRate,$D393,NPV(discountRate,INDEX('Rates Table'!$J$8:$J$50,MATCH($C393,'Rates Table'!$C$8:$C$50,0)):INDEX('Rates Table'!$J$8:$J$50,MATCH($C393+$D393-1,'Rates Table'!$C$8:$C$50,0))))","v":0.41068298555999994}]
[null,"2029_4",{"$f":"IF(D394=1,C393+1,C393)","v":2029},4,{"$f":"-PMT(discountRate,$D394,NPV(discountRate,INDEX('Rates Table'!$F$8:$F$50,MATCH($C394,'Rates Table'!$C$8:$C$50,0)):INDEX('Rates Table'!$F$8:$F$50,MATCH($C394+$D394-1,'Rates Table'!$C$8:$C$50,0))))","v":0.12618771533394399},{"$f":"-PMT(discountRate,$D394,NPV(discountRate,INDEX('Rates Table'!$G$8:$G$50,MATCH($C394,'Rates Table'!$C$8:$C$50,0)):INDEX('Rates Table'!$G$8:$G$50,MATCH($C394+$D394-1,'Rates Table'!$C$8:$C$50,0))))","v":0.17248811334031713},{"$f":"-PMT(discountRate,$D394,NPV(discountRate,INDEX('Rates Table'!$H$8:$H$50,MATCH($C394,'Rates Table'!$C$8:$C$50,0)):INDEX('Rates Table'!$H$8:$H$50,MATCH($C394+$D394-1,'Rates Table'!$C$8:$C$50,0))))","v":3.7842000000000005E-6},{"$f":"-PMT(discountRate,$D394,NPV(discountRate,INDEX('Rates Table'!$I$8:$I$50,MATCH($C394,'Rates Table'!$C$8:$C$50,0)):INDEX('Rates Table'!$I$8:$I$50,MATCH($C394+$D394-1,'Rates Table'!$C$8:$C$50,0))))","v":0.34743191039999999},{"$f":"-PMT(discountRate,$D394,NPV(discountRate,INDEX('Rates Table'!$J$8:$J$50,MATCH($C394,'Rates Table'!$C$8:$C$50,0)):INDEX('Rates Table'!$J$8:$J$50,MATCH($C394+$D394-1,'Rates Table'!$C$8:$C$50,0))))","v":0.41068298556000005}]
[null,"2029_5",{"$f":"IF(D395=1,C394+1,C394)","v":2029},5,{"$f":"-PMT(discountRate,$D395,NPV(discountRate,INDEX('Rates Table'!$F$8:$F$50,MATCH($C395,'Rates Table'!$C$8:$C$50,0)):INDEX('Rates Table'!$F$8:$F$50,MATCH($C395+$D395-1,'Rates Table'!$C$8:$C$50,0))))","v":0.12618771533394399},{"$f":"-PMT(discountRate,$D395,NPV(discountRate,INDEX('Rates Table'!$G$8:$G$50,MATCH($C395,'Rates Table'!$C$8:$C$50,0)):INDEX('Rates Table'!$G$8:$G$50,MATCH($C395+$D395-1,'Rates Table'!$C$8:$C$50,0))))","v":0.17248811334031713},{"$f":"-PMT(discountRate,$D395,NPV(discountRate,INDEX('Rates Table'!$H$8:$H$50,MATCH($C395,'Rates Table'!$C$8:$C$50,0)):INDEX('Rates Table'!$H$8:$H$50,MATCH($C395+$D395-1,'Rates Table'!$C$8:$C$50,0))))","v":3.7842000000000005E-6},{"$f":"-PMT(discountRate,$D395,NPV(discountRate,INDEX('Rates Table'!$I$8:$I$50,MATCH($C395,'Rates Table'!$C$8:$C$50,0)):INDEX('Rates Table'!$I$8:$I$50,MATCH($C395+$D395-1,'Rates Table'!$C$8:$C$50,0))))","v":0.34743191039999999},{"$f":"-PMT(discountRate,$D395,NPV(discountRate,INDEX('Rates Table'!$J$8:$J$50,MATCH($C395,'Rates Table'!$C$8:$C$50,0)):INDEX('Rates Table'!$J$8:$J$50,MATCH($C395+$D395-1,'Rates Table'!$C$8:$C$50,0))))","v":0.41068298556000005}]
[null,"2029_6",{"$f":"IF(D396=1,C395+1,C395)","v":2029},6,{"$f":"-PMT(discountRate,$D396,NPV(discountRate,INDEX('Rates Table'!$F$8:$F$50,MATCH($C396,'Rates Table'!$C$8:$C$50,0)):INDEX('Rates Table'!$F$8:$F$50,MATCH($C396+$D396-1,'Rates Table'!$C$8:$C$50,0))))","v":0.12618771533394399},{"$f":"-PMT(discountRate,$D396,NPV(discountRate,INDEX('Rates Table'!$G$8:$G$50,MATCH($C396,'Rates Table'!$C$8:$C$50,0)):INDEX('Rates Table'!$G$8:$G$50,MATCH($C396+$D396-1,'Rates Table'!$C$8:$C$50,0))))","v":0.17248811334031713},{"$f":"-PMT(discountRate,$D396,NPV(discountRate,INDEX('Rates Table'!$H$8:$H$50,MATCH($C396,'Rates Table'!$C$8:$C$50,0)):INDEX('Rates Table'!$H$8:$H$50,MATCH($C396+$D396-1,'Rates Table'!$C$8:$C$50,0))))","v":3.7842000000000005E-6},{"$f":"-PMT(discountRate,$D396,NPV(discountRate,INDEX('Rates Table'!$I$8:$I$50,MATCH($C396,'Rates Table'!$C$8:$C$50,0)):INDEX('Rates Table'!$I$8:$I$50,MATCH($C396+$D396-1,'Rates Table'!$C$8:$C$50,0))))","v":0.34743191039999999},{"$f":"-PMT(discountRate,$D396,NPV(discountRate,INDEX('Rates Table'!$J$8:$J$50,MATCH($C396,'Rates Table'!$C$8:$C$50,0)):INDEX('Rates Table'!$J$8:$J$50,MATCH($C396+$D396-1,'Rates Table'!$C$8:$C$50,0))))","v":0.4106829855600001}]
[null,"2029_7",{"$f":"IF(D397=1,C396+1,C396)","v":2029},7,{"$f":"-PMT(discountRate,$D397,NPV(discountRate,INDEX('Rates Table'!$F$8:$F$50,MATCH($C397,'Rates Table'!$C$8:$C$50,0)):INDEX('Rates Table'!$F$8:$F$50,MATCH($C397+$D397-1,'Rates Table'!$C$8:$C$50,0))))","v":0.12618771533394399},{"$f":"-PMT(discountRate,$D397,NPV(discountRate,INDEX('Rates Table'!$G$8:$G$50,MATCH($C397,'Rates Table'!$C$8:$C$50,0)):INDEX('Rates Table'!$G$8:$G$50,MATCH($C397+$D397-1,'Rates Table'!$C$8:$C$50,0))))","v":0.17248811334031713},{"$f":"-PMT(discountRate,$D397,NPV(discountRate,INDEX('Rates Table'!$H$8:$H$50,MATCH($C397,'Rates Table'!$C$8:$C$50,0)):INDEX('Rates Table'!$H$8:$H$50,MATCH($C397+$D397-1,'Rates Table'!$C$8:$C$50,0))))","v":3.7841999999999997E-6},{"$f":"-PMT(discountRate,$D397,NPV(discountRate,INDEX('Rates Table'!$I$8:$I$50,MATCH($C397,'Rates Table'!$C$8:$C$50,0)):INDEX('Rates Table'!$I$8:$I$50,MATCH($C397+$D397-1,'Rates Table'!$C$8:$C$50,0))))","v":0.34743191039999999},{"$f":"-PMT(discountRate,$D397,NPV(discountRate,INDEX('Rates Table'!$J$8:$J$50,MATCH($C397,'Rates Table'!$C$8:$C$50,0)):INDEX('Rates Table'!$J$8:$J$50,MATCH($C397+$D397-1,'Rates Table'!$C$8:$C$50,0))))","v":0.41068298556000005}]
[null,{"$f":"CONCATENATE(C398,\"_\",D398)","v":"2029_8"},{"$f":"IF(D398=1,C397+1,C397)","v":2029},8,{"$f":"-PMT(discountRate,$D398,NPV(discountRate,INDEX('Rates Table'!$F$8:$F$50,MATCH($C398,'Rates Table'!$C$8:$C$50,0)):INDEX('Rates Table'!$F$8:$F$50,MATCH($C398+$D398-1,'Rates Table'!$C$8:$C$50,0))))","v":0.12618771533394399},{"$f":"-PMT(discountRate,$D398,NPV(discountRate,INDEX('Rates Table'!$G$8:$G$50,MATCH($C398,'Rates Table'!$C$8:$C$50,0)):INDEX('Rates Table'!$G$8:$G$50,MATCH($C398+$D398-1,'Rates Table'!$C$8:$C$50,0))))","v":0.17248811334031713},{"$f":"-PMT(discountRate,$D398,NPV(discountRate,INDEX('Rates Table'!$H$8:$H$50,MATCH($C398,'Rates Table'!$C$8:$C$50,0)):INDEX('Rates Table'!$H$8:$H$50,MATCH($C398+$D398-1,'Rates Table'!$C$8:$C$50,0))))","v":3.7841999999999997E-6},{"$f":"-PMT(discountRate,$D398,NPV(discountRate,INDEX('Rates Table'!$I$8:$I$50,MATCH($C398,'Rates Table'!$C$8:$C$50,0)):INDEX('Rates Table'!$I$8:$I$50,MATCH($C398+$D398-1,'Rates Table'!$C$8:$C$50,0))))","v":0.34743191039999993},{"$f":"-PMT(discountRate,$D398,NPV(discountRate,INDEX('Rates Table'!$J$8:$J$50,MATCH($C398,'Rates Table'!$C$8:$C$50,0)):INDEX('Rates Table'!$J$8:$J$50,MATCH($C398+$D398-1,'Rates Table'!$C$8:$C$50,0))))","v":0.41068298555999994}]
[null,"2029_9",2029,9,{"$f":"-PMT(discountRate,$D399,NPV(discountRate,INDEX('Rates Table'!$F$8:$F$50,MATCH($C399,'Rates Table'!$C$8:$C$50,0)):INDEX('Rates Table'!$F$8:$F$50,MATCH($C399+$D399-1,'Rates Table'!$C$8:$C$50,0))))","v":0.12618771533394399},{"$f":"-PMT(discountRate,$D399,NPV(discountRate,INDEX('Rates Table'!$G$8:$G$50,MATCH($C399,'Rates Table'!$C$8:$C$50,0)):INDEX('Rates Table'!$G$8:$G$50,MATCH($C399+$D399-1,'Rates Table'!$C$8:$C$50,0))))","v":0.17248811334031711},{"$f":"-PMT(discountRate,$D399,NPV(discountRate,INDEX('Rates Table'!$H$8:$H$50,MATCH($C399,'Rates Table'!$C$8:$C$50,0)):INDEX('Rates Table'!$H$8:$H$50,MATCH($C399+$D399-1,'Rates Table'!$C$8:$C$50,0))))","v":3.7841999999999997E-6},{"$f":"-PMT(discountRate,$D399,NPV(discountRate,INDEX('Rates Table'!$I$8:$I$50,MATCH($C399,'Rates Table'!$C$8:$C$50,0)):INDEX('Rates Table'!$I$8:$I$50,MATCH($C399+$D399-1,'Rates Table'!$C$8:$C$50,0))))","v":0.34743191039999993},{"$f":"-PMT(discountRate,$D399,NPV(discountRate,INDEX('Rates Table'!$J$8:$J$50,MATCH($C399,'Rates Table'!$C$8:$C$50,0)):INDEX('Rates Table'!$J$8:$J$50,MATCH($C399+$D399-1,'Rates Table'!$C$8:$C$50,0))))","v":0.41068298555999994}]
[null,"2029_10",2029,10,{"$f":"-PMT(discountRate,$D400,NPV(discountRate,INDEX('Rates Table'!$F$8:$F$50,MATCH($C400,'Rates Table'!$C$8:$C$50,0)):INDEX('Rates Table'!$F$8:$F$50,MATCH($C400+$D400-1,'Rates Table'!$C$8:$C$50,0))))","v":0.12618771533394399},{"$f":"-PMT(discountRate,$D400,NPV(discountRate,INDEX('Rates Table'!$G$8:$G$50,MATCH($C400,'Rates Table'!$C$8:$C$50,0)):INDEX('Rates Table'!$G$8:$G$50,MATCH($C400+$D400-1,'Rates Table'!$C$8:$C$50,0))))","v":0.17248811334031713},{"$f":"-PMT(discountRate,$D400,NPV(discountRate,INDEX('Rates Table'!$H$8:$H$50,MATCH($C400,'Rates Table'!$C$8:$C$50,0)):INDEX('Rates Table'!$H$8:$H$50,MATCH($C400+$D400-1,'Rates Table'!$C$8:$C$50,0))))","v":3.7841999999999997E-6},{"$f":"-PMT(discountRate,$D400,NPV(discountRate,INDEX('Rates Table'!$I$8:$I$50,MATCH($C400,'Rates Table'!$C$8:$C$50,0)):INDEX('Rates Table'!$I$8:$I$50,MATCH($C400+$D400-1,'Rates Table'!$C$8:$C$50,0))))","v":0.34743191039999999},{"$f":"-PMT(discountRate,$D400,NPV(discountRate,INDEX('Rates Table'!$J$8:$J$50,MATCH($C400,'Rates Table'!$C$8:$C$50,0)):INDEX('Rates Table'!$J$8:$J$50,MATCH($C400+$D400-1,'Rates Table'!$C$8:$C$50,0))))","v":0.41068298555999994}]
[null,"2029_11",2029,11,{"$f":"-PMT(discountRate,$D401,NPV(discountRate,INDEX('Rates Table'!$F$8:$F$50,MATCH($C401,'Rates Table'!$C$8:$C$50,0)):INDEX('Rates Table'!$F$8:$F$50,MATCH($C401+$D401-1,'Rates Table'!$C$8:$C$50,0))))","v":0.12618771533394396},{"$f":"-PMT(discountRate,$D401,NPV(discountRate,INDEX('Rates Table'!$G$8:$G$50,MATCH($C401,'Rates Table'!$C$8:$C$50,0)):INDEX('Rates Table'!$G$8:$G$50,MATCH($C401+$D401-1,'Rates Table'!$C$8:$C$50,0))))","v":0.17248811334031711},{"$f":"-PMT(discountRate,$D401,NPV(discountRate,INDEX('Rates Table'!$H$8:$H$50,MATCH($C401,'Rates Table'!$C$8:$C$50,0)):INDEX('Rates Table'!$H$8:$H$50,MATCH($C401+$D401-1,'Rates Table'!$C$8:$C$50,0))))","v":3.7841999999999993E-6},{"$f":"-PMT(discountRate,$D401,NPV(discountRate,INDEX('Rates Table'!$I$8:$I$50,MATCH($C401,'Rates Table'!$C$8:$C$50,0)):INDEX('Rates Table'!$I$8:$I$50,MATCH($C401+$D401-1,'Rates Table'!$C$8:$C$50,0))))","v":0.34743191039999988},{"$f":"-PMT(discountRate,$D401,NPV(discountRate,INDEX('Rates Table'!$J$8:$J$50,MATCH($C401,'Rates Table'!$C$8:$C$50,0)):INDEX('Rates Table'!$J$8:$J$50,MATCH($C401+$D401-1,'Rates Table'!$C$8:$C$50,0))))","v":0.41068298555999988}]
[null,"2029_12",2029,12,{"$f":"-PMT(discountRate,$D402,NPV(discountRate,INDEX('Rates Table'!$F$8:$F$50,MATCH($C402,'Rates Table'!$C$8:$C$50,0)):INDEX('Rates Table'!$F$8:$F$50,MATCH($C402+$D402-1,'Rates Table'!$C$8:$C$50,0))))","v":0.12618771533394393},{"$f":"-PMT(discountRate,$D402,NPV(discountRate,INDEX('Rates Table'!$G$8:$G$50,MATCH($C402,'Rates Table'!$C$8:$C$50,0)):INDEX('Rates Table'!$G$8:$G$50,MATCH($C402+$D402-1,'Rates Table'!$C$8:$C$50,0))))","v":0.17248811334031711},{"$f":"-PMT(discountRate,$D402,NPV(discountRate,INDEX('Rates Table'!$H$8:$H$50,MATCH($C402,'Rates Table'!$C$8:$C$50,0)):INDEX('Rates Table'!$H$8:$H$50,MATCH($C402+$D402-1,'Rates Table'!$C$8:$C$50,0))))","v":3.7841999999999997E-6},{"$f":"-PMT(discountRate,$D402,NPV(discountRate,INDEX('Rates Table'!$I$8:$I$50,MATCH($C402,'Rates Table'!$C$8:$C$50,0)):INDEX('Rates Table'!$I$8:$I$50,MATCH($C402+$D402-1,'Rates Table'!$C$8:$C$50,0))))","v":0.34743191039999993},{"$f":"-PMT(discountRate,$D402,NPV(discountRate,INDEX('Rates Table'!$J$8:$J$50,MATCH($C402,'Rates Table'!$C$8:$C$50,0)):INDEX('Rates Table'!$J$8:$J$50,MATCH($C402+$D402-1,'Rates Table'!$C$8:$C$50,0))))","v":0.41068298555999994}]
[null,"2029_13",2029,13,{"$f":"-PMT(discountRate,$D403,NPV(discountRate,INDEX('Rates Table'!$F$8:$F$50,MATCH($C403,'Rates Table'!$C$8:$C$50,0)):INDEX('Rates Table'!$F$8:$F$50,MATCH($C403+$D403-1,'Rates Table'!$C$8:$C$50,0))))","v":0.12618771533394393},{"$f":"-PMT(discountRate,$D403,NPV(discountRate,INDEX('Rates Table'!$G$8:$G$50,MATCH($C403,'Rates Table'!$C$8:$C$50,0)):INDEX('Rates Table'!$G$8:$G$50,MATCH($C403+$D403-1,'Rates Table'!$C$8:$C$50,0))))","v":0.17248811334031708},{"$f":"-PMT(discountRate,$D403,NPV(discountRate,INDEX('Rates Table'!$H$8:$H$50,MATCH($C403,'Rates Table'!$C$8:$C$50,0)):INDEX('Rates Table'!$H$8:$H$50,MATCH($C403+$D403-1,'Rates Table'!$C$8:$C$50,0))))","v":3.7841999999999993E-6},{"$f":"-PMT(discountRate,$D403,NPV(discountRate,INDEX('Rates Table'!$I$8:$I$50,MATCH($C403,'Rates Table'!$C$8:$C$50,0)):INDEX('Rates Table'!$I$8:$I$50,MATCH($C403+$D403-1,'Rates Table'!$C$8:$C$50,0))))","v":0.34743191039999988},{"$f":"-PMT(discountRate,$D403,NPV(discountRate,INDEX('Rates Table'!$J$8:$J$50,MATCH($C403,'Rates Table'!$C$8:$C$50,0)):INDEX('Rates Table'!$J$8:$J$50,MATCH($C403+$D403-1,'Rates Table'!$C$8:$C$50,0))))","v":0.41068298555999988}]
[null,"2029_14",2029,14,{"$f":"-PMT(discountRate,$D404,NPV(discountRate,INDEX('Rates Table'!$F$8:$F$50,MATCH($C404,'Rates Table'!$C$8:$C$50,0)):INDEX('Rates Table'!$F$8:$F$50,MATCH($C404+$D404-1,'Rates Table'!$C$8:$C$50,0))))","v":0.12618771533394396},{"$f":"-PMT(discountRate,$D404,NPV(discountRate,INDEX('Rates Table'!$G$8:$G$50,MATCH($C404,'Rates Table'!$C$8:$C$50,0)):INDEX('Rates Table'!$G$8:$G$50,MATCH($C404+$D404-1,'Rates Table'!$C$8:$C$50,0))))","v":0.17248811334031711},{"$f":"-PMT(discountRate,$D404,NPV(discountRate,INDEX('Rates Table'!$H$8:$H$50,MATCH($C404,'Rates Table'!$C$8:$C$50,0)):INDEX('Rates Table'!$H$8:$H$50,MATCH($C404+$D404-1,'Rates Table'!$C$8:$C$50,0))))","v":3.7842000000000005E-6},{"$f":"-PMT(discountRate,$D404,NPV(discountRate,INDEX('Rates Table'!$I$8:$I$50,MATCH($C404,'Rates Table'!$C$8:$C$50,0)):INDEX('Rates Table'!$I$8:$I$50,MATCH($C404+$D404-1,'Rates Table'!$C$8:$C$50,0))))","v":0.34743191039999993},{"$f":"-PMT(discountRate,$D404,NPV(discountRate,INDEX('Rates Table'!$J$8:$J$50,MATCH($C404,'Rates Table'!$C$8:$C$50,0)):INDEX('Rates Table'!$J$8:$J$50,MATCH($C404+$D404-1,'Rates Table'!$C$8:$C$50,0))))","v":0.41068298555999994}]
[null,"2029_15",2029,15,{"$f":"-PMT(discountRate,$D405,NPV(discountRate,INDEX('Rates Table'!$F$8:$F$50,MATCH($C405,'Rates Table'!$C$8:$C$50,0)):INDEX('Rates Table'!$F$8:$F$50,MATCH($C405+$D405-1,'Rates Table'!$C$8:$C$50,0))))","v":0.12618771533394393},{"$f":"-PMT(discountRate,$D405,NPV(discountRate,INDEX('Rates Table'!$G$8:$G$50,MATCH($C405,'Rates Table'!$C$8:$C$50,0)):INDEX('Rates Table'!$G$8:$G$50,MATCH($C405+$D405-1,'Rates Table'!$C$8:$C$50,0))))","v":0.17248811334031708},{"$f":"-PMT(discountRate,$D405,NPV(discountRate,INDEX('Rates Table'!$H$8:$H$50,MATCH($C405,'Rates Table'!$C$8:$C$50,0)):INDEX('Rates Table'!$H$8:$H$50,MATCH($C405+$D405-1,'Rates Table'!$C$8:$C$50,0))))","v":3.7841999999999993E-6},{"$f":"-PMT(discountRate,$D405,NPV(discountRate,INDEX('Rates Table'!$I$8:$I$50,MATCH($C405,'Rates Table'!$C$8:$C$50,0)):INDEX('Rates Table'!$I$8:$I$50,MATCH($C405+$D405-1,'Rates Table'!$C$8:$C$50,0))))","v":0.34743191039999988},{"$f":"-PMT(discountRate,$D405,NPV(discountRate,INDEX('Rates Table'!$J$8:$J$50,MATCH($C405,'Rates Table'!$C$8:$C$50,0)):INDEX('Rates Table'!$J$8:$J$50,MATCH($C405+$D405-1,'Rates Table'!$C$8:$C$50,0))))","v":0.41068298555999982}]
[null,"2029_16",2029,16,{"$f":"-PMT(discountRate,$D406,NPV(discountRate,INDEX('Rates Table'!$F$8:$F$50,MATCH($C406,'Rates Table'!$C$8:$C$50,0)):INDEX('Rates Table'!$F$8:$F$50,MATCH($C406+$D406-1,'Rates Table'!$C$8:$C$50,0))))","v":0.12618771533394393},{"$f":"-PMT(discountRate,$D406,NPV(discountRate,INDEX('Rates Table'!$G$8:$G$50,MATCH($C406,'Rates Table'!$C$8:$C$50,0)):INDEX('Rates Table'!$G$8:$G$50,MATCH($C406+$D406-1,'Rates Table'!$C$8:$C$50,0))))","v":0.17248811334031711},{"$f":"-PMT(discountRate,$D406,NPV(discountRate,INDEX('Rates Table'!$H$8:$H$50,MATCH($C406,'Rates Table'!$C$8:$C$50,0)):INDEX('Rates Table'!$H$8:$H$50,MATCH($C406+$D406-1,'Rates Table'!$C$8:$C$50,0))))","v":3.7841999999999993E-6},{"$f":"-PMT(discountRate,$D406,NPV(discountRate,INDEX('Rates Table'!$I$8:$I$50,MATCH($C406,'Rates Table'!$C$8:$C$50,0)):INDEX('Rates Table'!$I$8:$I$50,MATCH($C406+$D406-1,'Rates Table'!$C$8:$C$50,0))))","v":0.34743191039999988},{"$f":"-PMT(discountRate,$D406,NPV(discountRate,INDEX('Rates Table'!$J$8:$J$50,MATCH($C406,'Rates Table'!$C$8:$C$50,0)):INDEX('Rates Table'!$J$8:$J$50,MATCH($C406+$D406-1,'Rates Table'!$C$8:$C$50,0))))","v":0.41068298555999988}]
[null,"2029_17",2029,17,{"$f":"-PMT(discountRate,$D407,NPV(discountRate,INDEX('Rates Table'!$F$8:$F$50,MATCH($C407,'Rates Table'!$C$8:$C$50,0)):INDEX('Rates Table'!$F$8:$F$50,MATCH($C407+$D407-1,'Rates Table'!$C$8:$C$50,0))))","v":0.12618771533394393},{"$f":"-PMT(discountRate,$D407,NPV(discountRate,INDEX('Rates Table'!$G$8:$G$50,MATCH($C407,'Rates Table'!$C$8:$C$50,0)):INDEX('Rates Table'!$G$8:$G$50,MATCH($C407+$D407-1,'Rates Table'!$C$8:$C$50,0))))","v":0.17248811334031711},{"$f":"-PMT(discountRate,$D407,NPV(discountRate,INDEX('Rates Table'!$H$8:$H$50,MATCH($C407,'Rates Table'!$C$8:$C$50,0)):INDEX('Rates Table'!$H$8:$H$50,MATCH($C407+$D407-1,'Rates Table'!$C$8:$C$50,0))))","v":3.7841999999999997E-6},{"$f":"-PMT(discountRate,$D407,NPV(discountRate,INDEX('Rates Table'!$I$8:$I$50,MATCH($C407,'Rates Table'!$C$8:$C$50,0)):INDEX('Rates Table'!$I$8:$I$50,MATCH($C407+$D407-1,'Rates Table'!$C$8:$C$50,0))))","v":0.34743191039999993},{"$f":"-PMT(discountRate,$D407,NPV(discountRate,INDEX('Rates Table'!$J$8:$J$50,MATCH($C407,'Rates Table'!$C$8:$C$50,0)):INDEX('Rates Table'!$J$8:$J$50,MATCH($C407+$D407-1,'Rates Table'!$C$8:$C$50,0))))","v":0.41068298555999988}]
[null,"2029_18",2029,18,{"$f":"-PMT(discountRate,$D408,NPV(discountRate,INDEX('Rates Table'!$F$8:$F$50,MATCH($C408,'Rates Table'!$C$8:$C$50,0)):INDEX('Rates Table'!$F$8:$F$50,MATCH($C408+$D408-1,'Rates Table'!$C$8:$C$50,0))))","v":0.12618771533394393},{"$f":"-PMT(discountRate,$D408,NPV(discountRate,INDEX('Rates Table'!$G$8:$G$50,MATCH($C408,'Rates Table'!$C$8:$C$50,0)):INDEX('Rates Table'!$G$8:$G$50,MATCH($C408+$D408-1,'Rates Table'!$C$8:$C$50,0))))","v":0.17248811334031708},{"$f":"-PMT(discountRate,$D408,NPV(discountRate,INDEX('Rates Table'!$H$8:$H$50,MATCH($C408,'Rates Table'!$C$8:$C$50,0)):INDEX('Rates Table'!$H$8:$H$50,MATCH($C408+$D408-1,'Rates Table'!$C$8:$C$50,0))))","v":3.7841999999999993E-6},{"$f":"-PMT(discountRate,$D408,NPV(discountRate,INDEX('Rates Table'!$I$8:$I$50,MATCH($C408,'Rates Table'!$C$8:$C$50,0)):INDEX('Rates Table'!$I$8:$I$50,MATCH($C408+$D408-1,'Rates Table'!$C$8:$C$50,0))))","v":0.34743191039999988},{"$f":"-PMT(discountRate,$D408,NPV(discountRate,INDEX('Rates Table'!$J$8:$J$50,MATCH($C408,'Rates Table'!$C$8:$C$50,0)):INDEX('Rates Table'!$J$8:$J$50,MATCH($C408+$D408-1,'Rates Table'!$C$8:$C$50,0))))","v":0.41068298555999982}]
[null,"2029_19",2029,19,{"$f":"-PMT(discountRate,$D409,NPV(discountRate,INDEX('Rates Table'!$F$8:$F$50,MATCH($C409,'Rates Table'!$C$8:$C$50,0)):INDEX('Rates Table'!$F$8:$F$50,MATCH($C409+$D409-1,'Rates Table'!$C$8:$C$50,0))))","v":0.12618771533394396},{"$f":"-PMT(discountRate,$D409,NPV(discountRate,INDEX('Rates Table'!$G$8:$G$50,MATCH($C409,'Rates Table'!$C$8:$C$50,0)):INDEX('Rates Table'!$G$8:$G$50,MATCH($C409+$D409-1,'Rates Table'!$C$8:$C$50,0))))","v":0.17248811334031708},{"$f":"-PMT(discountRate,$D409,NPV(discountRate,INDEX('Rates Table'!$H$8:$H$50,MATCH($C409,'Rates Table'!$C$8:$C$50,0)):INDEX('Rates Table'!$H$8:$H$50,MATCH($C409+$D409-1,'Rates Table'!$C$8:$C$50,0))))","v":3.7841999999999993E-6},{"$f":"-PMT(discountRate,$D409,NPV(discountRate,INDEX('Rates Table'!$I$8:$I$50,MATCH($C409,'Rates Table'!$C$8:$C$50,0)):INDEX('Rates Table'!$I$8:$I$50,MATCH($C409+$D409-1,'Rates Table'!$C$8:$C$50,0))))","v":0.34743191039999993},{"$f":"-PMT(discountRate,$D409,NPV(discountRate,INDEX('Rates Table'!$J$8:$J$50,MATCH($C409,'Rates Table'!$C$8:$C$50,0)):INDEX('Rates Table'!$J$8:$J$50,MATCH($C409+$D409-1,'Rates Table'!$C$8:$C$50,0))))","v":0.41068298555999982}]
[null,"2029_20",2029,20,{"$f":"-PMT(discountRate,$D410,NPV(discountRate,INDEX('Rates Table'!$F$8:$F$50,MATCH($C410,'Rates Table'!$C$8:$C$50,0)):INDEX('Rates Table'!$F$8:$F$50,MATCH($C410+$D410-1,'Rates Table'!$C$8:$C$50,0))))","v":0.12618771533394396},{"$f":"-PMT(discountRate,$D410,NPV(discountRate,INDEX('Rates Table'!$G$8:$G$50,MATCH($C410,'Rates Table'!$C$8:$C$50,0)):INDEX('Rates Table'!$G$8:$G$50,MATCH($C410+$D410-1,'Rates Table'!$C$8:$C$50,0))))","v":0.17248811334031708},{"$f":"-PMT(discountRate,$D410,NPV(discountRate,INDEX('Rates Table'!$H$8:$H$50,MATCH($C410,'Rates Table'!$C$8:$C$50,0)):INDEX('Rates Table'!$H$8:$H$50,MATCH($C410+$D410-1,'Rates Table'!$C$8:$C$50,0))))","v":3.7841999999999993E-6},{"$f":"-PMT(discountRate,$D410,NPV(discountRate,INDEX('Rates Table'!$I$8:$I$50,MATCH($C410,'Rates Table'!$C$8:$C$50,0)):INDEX('Rates Table'!$I$8:$I$50,MATCH($C410+$D410-1,'Rates Table'!$C$8:$C$50,0))))","v":0.34743191039999993},{"$f":"-PMT(discountRate,$D410,NPV(discountRate,INDEX('Rates Table'!$J$8:$J$50,MATCH($C410,'Rates Table'!$C$8:$C$50,0)):INDEX('Rates Table'!$J$8:$J$50,MATCH($C410+$D410-1,'Rates Table'!$C$8:$C$50,0))))","v":0.41068298555999988}]
[null,"2029_21",2029,21,{"$f":"-PMT(discountRate,$D411,NPV(discountRate,INDEX('Rates Table'!$F$8:$F$50,MATCH($C411,'Rates Table'!$C$8:$C$50,0)):INDEX('Rates Table'!$F$8:$F$50,MATCH($C411+$D411-1,'Rates Table'!$C$8:$C$50,0))))","v":0.12618771533394393},{"$f":"-PMT(discountRate,$D411,NPV(discountRate,INDEX('Rates Table'!$G$8:$G$50,MATCH($C411,'Rates Table'!$C$8:$C$50,0)):INDEX('Rates Table'!$G$8:$G$50,MATCH($C411+$D411-1,'Rates Table'!$C$8:$C$50,0))))","v":0.17248811334031705},{"$f":"-PMT(discountRate,$D411,NPV(discountRate,INDEX('Rates Table'!$H$8:$H$50,MATCH($C411,'Rates Table'!$C$8:$C$50,0)):INDEX('Rates Table'!$H$8:$H$50,MATCH($C411+$D411-1,'Rates Table'!$C$8:$C$50,0))))","v":3.7841999999999993E-6},{"$f":"-PMT(discountRate,$D411,NPV(discountRate,INDEX('Rates Table'!$I$8:$I$50,MATCH($C411,'Rates Table'!$C$8:$C$50,0)):INDEX('Rates Table'!$I$8:$I$50,MATCH($C411+$D411-1,'Rates Table'!$C$8:$C$50,0))))","v":0.34743191039999993},{"$f":"-PMT(discountRate,$D411,NPV(discountRate,INDEX('Rates Table'!$J$8:$J$50,MATCH($C411,'Rates Table'!$C$8:$C$50,0)):INDEX('Rates Table'!$J$8:$J$50,MATCH($C411+$D411-1,'Rates Table'!$C$8:$C$50,0))))","v":0.41068298555999982}]
[null,"2030_1",2030,1,{"$f":"-PMT(discountRate,$D412,NPV(discountRate,INDEX('Rates Table'!$F$8:$F$50,MATCH($C412,'Rates Table'!$C$8:$C$50,0)):INDEX('Rates Table'!$F$8:$F$50,MATCH($C412+$D412-1,'Rates Table'!$C$8:$C$50,0))))","v":0.12618771533394399},{"$f":"-PMT(discountRate,$D412,NPV(discountRate,INDEX('Rates Table'!$G$8:$G$50,MATCH($C412,'Rates Table'!$C$8:$C$50,0)):INDEX('Rates Table'!$G$8:$G$50,MATCH($C412+$D412-1,'Rates Table'!$C$8:$C$50,0))))","v":0.17248811334031713},{"$f":"-PMT(discountRate,$D412,NPV(discountRate,INDEX('Rates Table'!$H$8:$H$50,MATCH($C412,'Rates Table'!$C$8:$C$50,0)):INDEX('Rates Table'!$H$8:$H$50,MATCH($C412+$D412-1,'Rates Table'!$C$8:$C$50,0))))","v":3.7841999999999997E-6},{"$f":"-PMT(discountRate,$D412,NPV(discountRate,INDEX('Rates Table'!$I$8:$I$50,MATCH($C412,'Rates Table'!$C$8:$C$50,0)):INDEX('Rates Table'!$I$8:$I$50,MATCH($C412+$D412-1,'Rates Table'!$C$8:$C$50,0))))","v":0.34743191039999999},{"$f":"-PMT(discountRate,$D412,NPV(discountRate,INDEX('Rates Table'!$J$8:$J$50,MATCH($C412,'Rates Table'!$C$8:$C$50,0)):INDEX('Rates Table'!$J$8:$J$50,MATCH($C412+$D412-1,'Rates Table'!$C$8:$C$50,0))))","v":0.41068298555999994}]
[null,"2030_2",2030,2,{"$f":"-PMT(discountRate,$D413,NPV(discountRate,INDEX('Rates Table'!$F$8:$F$50,MATCH($C413,'Rates Table'!$C$8:$C$50,0)):INDEX('Rates Table'!$F$8:$F$50,MATCH($C413+$D413-1,'Rates Table'!$C$8:$C$50,0))))","v":0.12618771533394399},{"$f":"-PMT(discountRate,$D413,NPV(discountRate,INDEX('Rates Table'!$G$8:$G$50,MATCH($C413,'Rates Table'!$C$8:$C$50,0)):INDEX('Rates Table'!$G$8:$G$50,MATCH($C413+$D413-1,'Rates Table'!$C$8:$C$50,0))))","v":0.17248811334031719},{"$f":"-PMT(discountRate,$D413,NPV(discountRate,INDEX('Rates Table'!$H$8:$H$50,MATCH($C413,'Rates Table'!$C$8:$C$50,0)):INDEX('Rates Table'!$H$8:$H$50,MATCH($C413+$D413-1,'Rates Table'!$C$8:$C$50,0))))","v":3.7842000000000005E-6},{"$f":"-PMT(discountRate,$D413,NPV(discountRate,INDEX('Rates Table'!$I$8:$I$50,MATCH($C413,'Rates Table'!$C$8:$C$50,0)):INDEX('Rates Table'!$I$8:$I$50,MATCH($C413+$D413-1,'Rates Table'!$C$8:$C$50,0))))","v":0.34743191039999999},{"$f":"-PMT(discountRate,$D413,NPV(discountRate,INDEX('Rates Table'!$J$8:$J$50,MATCH($C413,'Rates Table'!$C$8:$C$50,0)):INDEX('Rates Table'!$J$8:$J$50,MATCH($C413+$D413-1,'Rates Table'!$C$8:$C$50,0))))","v":0.41068298556000005}]
[null,"2030_3",2030,3,{"$f":"-PMT(discountRate,$D414,NPV(discountRate,INDEX('Rates Table'!$F$8:$F$50,MATCH($C414,'Rates Table'!$C$8:$C$50,0)):INDEX('Rates Table'!$F$8:$F$50,MATCH($C414+$D414-1,'Rates Table'!$C$8:$C$50,0))))","v":0.12618771533394399},{"$f":"-PMT(discountRate,$D414,NPV(discountRate,INDEX('Rates Table'!$G$8:$G$50,MATCH($C414,'Rates Table'!$C$8:$C$50,0)):INDEX('Rates Table'!$G$8:$G$50,MATCH($C414+$D414-1,'Rates Table'!$C$8:$C$50,0))))","v":0.17248811334031713},{"$f":"-PMT(discountRate,$D414,NPV(discountRate,INDEX('Rates Table'!$H$8:$H$50,MATCH($C414,'Rates Table'!$C$8:$C$50,0)):INDEX('Rates Table'!$H$8:$H$50,MATCH($C414+$D414-1,'Rates Table'!$C$8:$C$50,0))))","v":3.7842000000000005E-6},{"$f":"-PMT(discountRate,$D414,NPV(discountRate,INDEX('Rates Table'!$I$8:$I$50,MATCH($C414,'Rates Table'!$C$8:$C$50,0)):INDEX('Rates Table'!$I$8:$I$50,MATCH($C414+$D414-1,'Rates Table'!$C$8:$C$50,0))))","v":0.34743191039999999},{"$f":"-PMT(discountRate,$D414,NPV(discountRate,INDEX('Rates Table'!$J$8:$J$50,MATCH($C414,'Rates Table'!$C$8:$C$50,0)):INDEX('Rates Table'!$J$8:$J$50,MATCH($C414+$D414-1,'Rates Table'!$C$8:$C$50,0))))","v":0.41068298555999994}]
[null,"2030_4",2030,4,{"$f":"-PMT(discountRate,$D415,NPV(discountRate,INDEX('Rates Table'!$F$8:$F$50,MATCH($C415,'Rates Table'!$C$8:$C$50,0)):INDEX('Rates Table'!$F$8:$F$50,MATCH($C415+$D415-1,'Rates Table'!$C$8:$C$50,0))))","v":0.12618771533394399},{"$f":"-PMT(discountRate,$D415,NPV(discountRate,INDEX('Rates Table'!$G$8:$G$50,MATCH($C415,'Rates Table'!$C$8:$C$50,0)):INDEX('Rates Table'!$G$8:$G$50,MATCH($C415+$D415-1,'Rates Table'!$C$8:$C$50,0))))","v":0.17248811334031713},{"$f":"-PMT(discountRate,$D415,NPV(discountRate,INDEX('Rates Table'!$H$8:$H$50,MATCH($C415,'Rates Table'!$C$8:$C$50,0)):INDEX('Rates Table'!$H$8:$H$50,MATCH($C415+$D415-1,'Rates Table'!$C$8:$C$50,0))))","v":3.7842000000000005E-6},{"$f":"-PMT(discountRate,$D415,NPV(discountRate,INDEX('Rates Table'!$I$8:$I$50,MATCH($C415,'Rates Table'!$C$8:$C$50,0)):INDEX('Rates Table'!$I$8:$I$50,MATCH($C415+$D415-1,'Rates Table'!$C$8:$C$50,0))))","v":0.34743191039999999},{"$f":"-PMT(discountRate,$D415,NPV(discountRate,INDEX('Rates Table'!$J$8:$J$50,MATCH($C415,'Rates Table'!$C$8:$C$50,0)):INDEX('Rates Table'!$J$8:$J$50,MATCH($C415+$D415-1,'Rates Table'!$C$8:$C$50,0))))","v":0.41068298556000005}]
[null,"2030_5",2030,5,{"$f":"-PMT(discountRate,$D416,NPV(discountRate,INDEX('Rates Table'!$F$8:$F$50,MATCH($C416,'Rates Table'!$C$8:$C$50,0)):INDEX('Rates Table'!$F$8:$F$50,MATCH($C416+$D416-1,'Rates Table'!$C$8:$C$50,0))))","v":0.12618771533394399},{"$f":"-PMT(discountRate,$D416,NPV(discountRate,INDEX('Rates Table'!$G$8:$G$50,MATCH($C416,'Rates Table'!$C$8:$C$50,0)):INDEX('Rates Table'!$G$8:$G$50,MATCH($C416+$D416-1,'Rates Table'!$C$8:$C$50,0))))","v":0.17248811334031713},{"$f":"-PMT(discountRate,$D416,NPV(discountRate,INDEX('Rates Table'!$H$8:$H$50,MATCH($C416,'Rates Table'!$C$8:$C$50,0)):INDEX('Rates Table'!$H$8:$H$50,MATCH($C416+$D416-1,'Rates Table'!$C$8:$C$50,0))))","v":3.7842000000000005E-6},{"$f":"-PMT(discountRate,$D416,NPV(discountRate,INDEX('Rates Table'!$I$8:$I$50,MATCH($C416,'Rates Table'!$C$8:$C$50,0)):INDEX('Rates Table'!$I$8:$I$50,MATCH($C416+$D416-1,'Rates Table'!$C$8:$C$50,0))))","v":0.34743191039999999},{"$f":"-PMT(discountRate,$D416,NPV(discountRate,INDEX('Rates Table'!$J$8:$J$50,MATCH($C416,'Rates Table'!$C$8:$C$50,0)):INDEX('Rates Table'!$J$8:$J$50,MATCH($C416+$D416-1,'Rates Table'!$C$8:$C$50,0))))","v":0.41068298556000005}]
[null,"2030_6",2030,6,{"$f":"-PMT(discountRate,$D417,NPV(discountRate,INDEX('Rates Table'!$F$8:$F$50,MATCH($C417,'Rates Table'!$C$8:$C$50,0)):INDEX('Rates Table'!$F$8:$F$50,MATCH($C417+$D417-1,'Rates Table'!$C$8:$C$50,0))))","v":0.12618771533394399},{"$f":"-PMT(discountRate,$D417,NPV(discountRate,INDEX('Rates Table'!$G$8:$G$50,MATCH($C417,'Rates Table'!$C$8:$C$50,0)):INDEX('Rates Table'!$G$8:$G$50,MATCH($C417+$D417-1,'Rates Table'!$C$8:$C$50,0))))","v":0.17248811334031713},{"$f":"-PMT(discountRate,$D417,NPV(discountRate,INDEX('Rates Table'!$H$8:$H$50,MATCH($C417,'Rates Table'!$C$8:$C$50,0)):INDEX('Rates Table'!$H$8:$H$50,MATCH($C417+$D417-1,'Rates Table'!$C$8:$C$50,0))))","v":3.7842000000000005E-6},{"$f":"-PMT(discountRate,$D417,NPV(discountRate,INDEX('Rates Table'!$I$8:$I$50,MATCH($C417,'Rates Table'!$C$8:$C$50,0)):INDEX('Rates Table'!$I$8:$I$50,MATCH($C417+$D417-1,'Rates Table'!$C$8:$C$50,0))))","v":0.34743191039999999},{"$f":"-PMT(discountRate,$D417,NPV(discountRate,INDEX('Rates Table'!$J$8:$J$50,MATCH($C417,'Rates Table'!$C$8:$C$50,0)):INDEX('Rates Table'!$J$8:$J$50,MATCH($C417+$D417-1,'Rates Table'!$C$8:$C$50,0))))","v":0.4106829855600001}]
[null,"2030_7",2030,7,{"$f":"-PMT(discountRate,$D418,NPV(discountRate,INDEX('Rates Table'!$F$8:$F$50,MATCH($C418,'Rates Table'!$C$8:$C$50,0)):INDEX('Rates Table'!$F$8:$F$50,MATCH($C418+$D418-1,'Rates Table'!$C$8:$C$50,0))))","v":0.12618771533394399},{"$f":"-PMT(discountRate,$D418,NPV(discountRate,INDEX('Rates Table'!$G$8:$G$50,MATCH($C418,'Rates Table'!$C$8:$C$50,0)):INDEX('Rates Table'!$G$8:$G$50,MATCH($C418+$D418-1,'Rates Table'!$C$8:$C$50,0))))","v":0.17248811334031713},{"$f":"-PMT(discountRate,$D418,NPV(discountRate,INDEX('Rates Table'!$H$8:$H$50,MATCH($C418,'Rates Table'!$C$8:$C$50,0)):INDEX('Rates Table'!$H$8:$H$50,MATCH($C418+$D418-1,'Rates Table'!$C$8:$C$50,0))))","v":3.7841999999999997E-6},{"$f":"-PMT(discountRate,$D418,NPV(discountRate,INDEX('Rates Table'!$I$8:$I$50,MATCH($C418,'Rates Table'!$C$8:$C$50,0)):INDEX('Rates Table'!$I$8:$I$50,MATCH($C418+$D418-1,'Rates Table'!$C$8:$C$50,0))))","v":0.34743191039999999},{"$f":"-PMT(discountRate,$D418,NPV(discountRate,INDEX('Rates Table'!$J$8:$J$50,MATCH($C418,'Rates Table'!$C$8:$C$50,0)):INDEX('Rates Table'!$J$8:$J$50,MATCH($C418+$D418-1,'Rates Table'!$C$8:$C$50,0))))","v":0.41068298556000005}]
[null,"2030_8",2030,8,{"$f":"-PMT(discountRate,$D419,NPV(discountRate,INDEX('Rates Table'!$F$8:$F$50,MATCH($C419,'Rates Table'!$C$8:$C$50,0)):INDEX('Rates Table'!$F$8:$F$50,MATCH($C419+$D419-1,'Rates Table'!$C$8:$C$50,0))))","v":0.12618771533394399},{"$f":"-PMT(discountRate,$D419,NPV(discountRate,INDEX('Rates Table'!$G$8:$G$50,MATCH($C419,'Rates Table'!$C$8:$C$50,0)):INDEX('Rates Table'!$G$8:$G$50,MATCH($C419+$D419-1,'Rates Table'!$C$8:$C$50,0))))","v":0.17248811334031713},{"$f":"-PMT(discountRate,$D419,NPV(discountRate,INDEX('Rates Table'!$H$8:$H$50,MATCH($C419,'Rates Table'!$C$8:$C$50,0)):INDEX('Rates Table'!$H$8:$H$50,MATCH($C419+$D419-1,'Rates Table'!$C$8:$C$50,0))))","v":3.7841999999999997E-6},{"$f":"-PMT(discountRate,$D419,NPV(discountRate,INDEX('Rates Table'!$I$8:$I$50,MATCH($C419,'Rates Table'!$C$8:$C$50,0)):INDEX('Rates Table'!$I$8:$I$50,MATCH($C419+$D419-1,'Rates Table'!$C$8:$C$50,0))))","v":0.34743191039999993},{"$f":"-PMT(discountRate,$D419,NPV(discountRate,INDEX('Rates Table'!$J$8:$J$50,MATCH($C419,'Rates Table'!$C$8:$C$50,0)):INDEX('Rates Table'!$J$8:$J$50,MATCH($C419+$D419-1,'Rates Table'!$C$8:$C$50,0))))","v":0.41068298555999994}]
[null,"2030_9",2030,9,{"$f":"-PMT(discountRate,$D420,NPV(discountRate,INDEX('Rates Table'!$F$8:$F$50,MATCH($C420,'Rates Table'!$C$8:$C$50,0)):INDEX('Rates Table'!$F$8:$F$50,MATCH($C420+$D420-1,'Rates Table'!$C$8:$C$50,0))))","v":0.12618771533394399},{"$f":"-PMT(discountRate,$D420,NPV(discountRate,INDEX('Rates Table'!$G$8:$G$50,MATCH($C420,'Rates Table'!$C$8:$C$50,0)):INDEX('Rates Table'!$G$8:$G$50,MATCH($C420+$D420-1,'Rates Table'!$C$8:$C$50,0))))","v":0.17248811334031711},{"$f":"-PMT(discountRate,$D420,NPV(discountRate,INDEX('Rates Table'!$H$8:$H$50,MATCH($C420,'Rates Table'!$C$8:$C$50,0)):INDEX('Rates Table'!$H$8:$H$50,MATCH($C420+$D420-1,'Rates Table'!$C$8:$C$50,0))))","v":3.7841999999999997E-6},{"$f":"-PMT(discountRate,$D420,NPV(discountRate,INDEX('Rates Table'!$I$8:$I$50,MATCH($C420,'Rates Table'!$C$8:$C$50,0)):INDEX('Rates Table'!$I$8:$I$50,MATCH($C420+$D420-1,'Rates Table'!$C$8:$C$50,0))))","v":0.34743191039999993},{"$f":"-PMT(discountRate,$D420,NPV(discountRate,INDEX('Rates Table'!$J$8:$J$50,MATCH($C420,'Rates Table'!$C$8:$C$50,0)):INDEX('Rates Table'!$J$8:$J$50,MATCH($C420+$D420-1,'Rates Table'!$C$8:$C$50,0))))","v":0.41068298555999994}]
[null,"2030_10",2030,10,{"$f":"-PMT(discountRate,$D421,NPV(discountRate,INDEX('Rates Table'!$F$8:$F$50,MATCH($C421,'Rates Table'!$C$8:$C$50,0)):INDEX('Rates Table'!$F$8:$F$50,MATCH($C421+$D421-1,'Rates Table'!$C$8:$C$50,0))))","v":0.12618771533394399},{"$f":"-PMT(discountRate,$D421,NPV(discountRate,INDEX('Rates Table'!$G$8:$G$50,MATCH($C421,'Rates Table'!$C$8:$C$50,0)):INDEX('Rates Table'!$G$8:$G$50,MATCH($C421+$D421-1,'Rates Table'!$C$8:$C$50,0))))","v":0.17248811334031713},{"$f":"-PMT(discountRate,$D421,NPV(discountRate,INDEX('Rates Table'!$H$8:$H$50,MATCH($C421,'Rates Table'!$C$8:$C$50,0)):INDEX('Rates Table'!$H$8:$H$50,MATCH($C421+$D421-1,'Rates Table'!$C$8:$C$50,0))))","v":3.7841999999999997E-6},{"$f":"-PMT(discountRate,$D421,NPV(discountRate,INDEX('Rates Table'!$I$8:$I$50,MATCH($C421,'Rates Table'!$C$8:$C$50,0)):INDEX('Rates Table'!$I$8:$I$50,MATCH($C421+$D421-1,'Rates Table'!$C$8:$C$50,0))))","v":0.34743191039999999},{"$f":"-PMT(discountRate,$D421,NPV(discountRate,INDEX('Rates Table'!$J$8:$J$50,MATCH($C421,'Rates Table'!$C$8:$C$50,0)):INDEX('Rates Table'!$J$8:$J$50,MATCH($C421+$D421-1,'Rates Table'!$C$8:$C$50,0))))","v":0.41068298555999994}]
[null,"2030_11",2030,11,{"$f":"-PMT(discountRate,$D422,NPV(discountRate,INDEX('Rates Table'!$F$8:$F$50,MATCH($C422,'Rates Table'!$C$8:$C$50,0)):INDEX('Rates Table'!$F$8:$F$50,MATCH($C422+$D422-1,'Rates Table'!$C$8:$C$50,0))))","v":0.12618771533394396},{"$f":"-PMT(discountRate,$D422,NPV(discountRate,INDEX('Rates Table'!$G$8:$G$50,MATCH($C422,'Rates Table'!$C$8:$C$50,0)):INDEX('Rates Table'!$G$8:$G$50,MATCH($C422+$D422-1,'Rates Table'!$C$8:$C$50,0))))","v":0.17248811334031711},{"$f":"-PMT(discountRate,$D422,NPV(discountRate,INDEX('Rates Table'!$H$8:$H$50,MATCH($C422,'Rates Table'!$C$8:$C$50,0)):INDEX('Rates Table'!$H$8:$H$50,MATCH($C422+$D422-1,'Rates Table'!$C$8:$C$50,0))))","v":3.7841999999999993E-6},{"$f":"-PMT(discountRate,$D422,NPV(discountRate,INDEX('Rates Table'!$I$8:$I$50,MATCH($C422,'Rates Table'!$C$8:$C$50,0)):INDEX('Rates Table'!$I$8:$I$50,MATCH($C422+$D422-1,'Rates Table'!$C$8:$C$50,0))))","v":0.34743191039999988},{"$f":"-PMT(discountRate,$D422,NPV(discountRate,INDEX('Rates Table'!$J$8:$J$50,MATCH($C422,'Rates Table'!$C$8:$C$50,0)):INDEX('Rates Table'!$J$8:$J$50,MATCH($C422+$D422-1,'Rates Table'!$C$8:$C$50,0))))","v":0.41068298555999988}]
[null,"2030_12",2030,12,{"$f":"-PMT(discountRate,$D423,NPV(discountRate,INDEX('Rates Table'!$F$8:$F$50,MATCH($C423,'Rates Table'!$C$8:$C$50,0)):INDEX('Rates Table'!$F$8:$F$50,MATCH($C423+$D423-1,'Rates Table'!$C$8:$C$50,0))))","v":0.12618771533394393},{"$f":"-PMT(discountRate,$D423,NPV(discountRate,INDEX('Rates Table'!$G$8:$G$50,MATCH($C423,'Rates Table'!$C$8:$C$50,0)):INDEX('Rates Table'!$G$8:$G$50,MATCH($C423+$D423-1,'Rates Table'!$C$8:$C$50,0))))","v":0.17248811334031711},{"$f":"-PMT(discountRate,$D423,NPV(discountRate,INDEX('Rates Table'!$H$8:$H$50,MATCH($C423,'Rates Table'!$C$8:$C$50,0)):INDEX('Rates Table'!$H$8:$H$50,MATCH($C423+$D423-1,'Rates Table'!$C$8:$C$50,0))))","v":3.7841999999999997E-6},{"$f":"-PMT(discountRate,$D423,NPV(discountRate,INDEX('Rates Table'!$I$8:$I$50,MATCH($C423,'Rates Table'!$C$8:$C$50,0)):INDEX('Rates Table'!$I$8:$I$50,MATCH($C423+$D423-1,'Rates Table'!$C$8:$C$50,0))))","v":0.34743191039999993},{"$f":"-PMT(discountRate,$D423,NPV(discountRate,INDEX('Rates Table'!$J$8:$J$50,MATCH($C423,'Rates Table'!$C$8:$C$50,0)):INDEX('Rates Table'!$J$8:$J$50,MATCH($C423+$D423-1,'Rates Table'!$C$8:$C$50,0))))","v":0.41068298555999994}]
[null,"2030_13",2030,13,{"$f":"-PMT(discountRate,$D424,NPV(discountRate,INDEX('Rates Table'!$F$8:$F$50,MATCH($C424,'Rates Table'!$C$8:$C$50,0)):INDEX('Rates Table'!$F$8:$F$50,MATCH($C424+$D424-1,'Rates Table'!$C$8:$C$50,0))))","v":0.12618771533394393},{"$f":"-PMT(discountRate,$D424,NPV(discountRate,INDEX('Rates Table'!$G$8:$G$50,MATCH($C424,'Rates Table'!$C$8:$C$50,0)):INDEX('Rates Table'!$G$8:$G$50,MATCH($C424+$D424-1,'Rates Table'!$C$8:$C$50,0))))","v":0.17248811334031708},{"$f":"-PMT(discountRate,$D424,NPV(discountRate,INDEX('Rates Table'!$H$8:$H$50,MATCH($C424,'Rates Table'!$C$8:$C$50,0)):INDEX('Rates Table'!$H$8:$H$50,MATCH($C424+$D424-1,'Rates Table'!$C$8:$C$50,0))))","v":3.7841999999999993E-6},{"$f":"-PMT(discountRate,$D424,NPV(discountRate,INDEX('Rates Table'!$I$8:$I$50,MATCH($C424,'Rates Table'!$C$8:$C$50,0)):INDEX('Rates Table'!$I$8:$I$50,MATCH($C424+$D424-1,'Rates Table'!$C$8:$C$50,0))))","v":0.34743191039999988},{"$f":"-PMT(discountRate,$D424,NPV(discountRate,INDEX('Rates Table'!$J$8:$J$50,MATCH($C424,'Rates Table'!$C$8:$C$50,0)):INDEX('Rates Table'!$J$8:$J$50,MATCH($C424+$D424-1,'Rates Table'!$C$8:$C$50,0))))","v":0.41068298555999988}]
[null,"2030_14",2030,14,{"$f":"-PMT(discountRate,$D425,NPV(discountRate,INDEX('Rates Table'!$F$8:$F$50,MATCH($C425,'Rates Table'!$C$8:$C$50,0)):INDEX('Rates Table'!$F$8:$F$50,MATCH($C425+$D425-1,'Rates Table'!$C$8:$C$50,0))))","v":0.12618771533394396},{"$f":"-PMT(discountRate,$D425,NPV(discountRate,INDEX('Rates Table'!$G$8:$G$50,MATCH($C425,'Rates Table'!$C$8:$C$50,0)):INDEX('Rates Table'!$G$8:$G$50,MATCH($C425+$D425-1,'Rates Table'!$C$8:$C$50,0))))","v":0.17248811334031711},{"$f":"-PMT(discountRate,$D425,NPV(discountRate,INDEX('Rates Table'!$H$8:$H$50,MATCH($C425,'Rates Table'!$C$8:$C$50,0)):INDEX('Rates Table'!$H$8:$H$50,MATCH($C425+$D425-1,'Rates Table'!$C$8:$C$50,0))))","v":3.7842000000000005E-6},{"$f":"-PMT(discountRate,$D425,NPV(discountRate,INDEX('Rates Table'!$I$8:$I$50,MATCH($C425,'Rates Table'!$C$8:$C$50,0)):INDEX('Rates Table'!$I$8:$I$50,MATCH($C425+$D425-1,'Rates Table'!$C$8:$C$50,0))))","v":0.34743191039999993},{"$f":"-PMT(discountRate,$D425,NPV(discountRate,INDEX('Rates Table'!$J$8:$J$50,MATCH($C425,'Rates Table'!$C$8:$C$50,0)):INDEX('Rates Table'!$J$8:$J$50,MATCH($C425+$D425-1,'Rates Table'!$C$8:$C$50,0))))","v":0.41068298555999994}]
[null,"2030_15",2030,15,{"$f":"-PMT(discountRate,$D426,NPV(discountRate,INDEX('Rates Table'!$F$8:$F$50,MATCH($C426,'Rates Table'!$C$8:$C$50,0)):INDEX('Rates Table'!$F$8:$F$50,MATCH($C426+$D426-1,'Rates Table'!$C$8:$C$50,0))))","v":0.12618771533394393},{"$f":"-PMT(discountRate,$D426,NPV(discountRate,INDEX('Rates Table'!$G$8:$G$50,MATCH($C426,'Rates Table'!$C$8:$C$50,0)):INDEX('Rates Table'!$G$8:$G$50,MATCH($C426+$D426-1,'Rates Table'!$C$8:$C$50,0))))","v":0.17248811334031708},{"$f":"-PMT(discountRate,$D426,NPV(discountRate,INDEX('Rates Table'!$H$8:$H$50,MATCH($C426,'Rates Table'!$C$8:$C$50,0)):INDEX('Rates Table'!$H$8:$H$50,MATCH($C426+$D426-1,'Rates Table'!$C$8:$C$50,0))))","v":3.7841999999999993E-6},{"$f":"-PMT(discountRate,$D426,NPV(discountRate,INDEX('Rates Table'!$I$8:$I$50,MATCH($C426,'Rates Table'!$C$8:$C$50,0)):INDEX('Rates Table'!$I$8:$I$50,MATCH($C426+$D426-1,'Rates Table'!$C$8:$C$50,0))))","v":0.34743191039999988},{"$f":"-PMT(discountRate,$D426,NPV(discountRate,INDEX('Rates Table'!$J$8:$J$50,MATCH($C426,'Rates Table'!$C$8:$C$50,0)):INDEX('Rates Table'!$J$8:$J$50,MATCH($C426+$D426-1,'Rates Table'!$C$8:$C$50,0))))","v":0.41068298555999982}]
[null,"2030_16",2030,16,{"$f":"-PMT(discountRate,$D427,NPV(discountRate,INDEX('Rates Table'!$F$8:$F$50,MATCH($C427,'Rates Table'!$C$8:$C$50,0)):INDEX('Rates Table'!$F$8:$F$50,MATCH($C427+$D427-1,'Rates Table'!$C$8:$C$50,0))))","v":0.12618771533394393},{"$f":"-PMT(discountRate,$D427,NPV(discountRate,INDEX('Rates Table'!$G$8:$G$50,MATCH($C427,'Rates Table'!$C$8:$C$50,0)):INDEX('Rates Table'!$G$8:$G$50,MATCH($C427+$D427-1,'Rates Table'!$C$8:$C$50,0))))","v":0.17248811334031711},{"$f":"-PMT(discountRate,$D427,NPV(discountRate,INDEX('Rates Table'!$H$8:$H$50,MATCH($C427,'Rates Table'!$C$8:$C$50,0)):INDEX('Rates Table'!$H$8:$H$50,MATCH($C427+$D427-1,'Rates Table'!$C$8:$C$50,0))))","v":3.7841999999999993E-6},{"$f":"-PMT(discountRate,$D427,NPV(discountRate,INDEX('Rates Table'!$I$8:$I$50,MATCH($C427,'Rates Table'!$C$8:$C$50,0)):INDEX('Rates Table'!$I$8:$I$50,MATCH($C427+$D427-1,'Rates Table'!$C$8:$C$50,0))))","v":0.34743191039999988},{"$f":"-PMT(discountRate,$D427,NPV(discountRate,INDEX('Rates Table'!$J$8:$J$50,MATCH($C427,'Rates Table'!$C$8:$C$50,0)):INDEX('Rates Table'!$J$8:$J$50,MATCH($C427+$D427-1,'Rates Table'!$C$8:$C$50,0))))","v":0.41068298555999988}]
[null,"2030_17",2030,17,{"$f":"-PMT(discountRate,$D428,NPV(discountRate,INDEX('Rates Table'!$F$8:$F$50,MATCH($C428,'Rates Table'!$C$8:$C$50,0)):INDEX('Rates Table'!$F$8:$F$50,MATCH($C428+$D428-1,'Rates Table'!$C$8:$C$50,0))))","v":0.12618771533394393},{"$f":"-PMT(discountRate,$D428,NPV(discountRate,INDEX('Rates Table'!$G$8:$G$50,MATCH($C428,'Rates Table'!$C$8:$C$50,0)):INDEX('Rates Table'!$G$8:$G$50,MATCH($C428+$D428-1,'Rates Table'!$C$8:$C$50,0))))","v":0.17248811334031711},{"$f":"-PMT(discountRate,$D428,NPV(discountRate,INDEX('Rates Table'!$H$8:$H$50,MATCH($C428,'Rates Table'!$C$8:$C$50,0)):INDEX('Rates Table'!$H$8:$H$50,MATCH($C428+$D428-1,'Rates Table'!$C$8:$C$50,0))))","v":3.7841999999999997E-6},{"$f":"-PMT(discountRate,$D428,NPV(discountRate,INDEX('Rates Table'!$I$8:$I$50,MATCH($C428,'Rates Table'!$C$8:$C$50,0)):INDEX('Rates Table'!$I$8:$I$50,MATCH($C428+$D428-1,'Rates Table'!$C$8:$C$50,0))))","v":0.34743191039999993},{"$f":"-PMT(discountRate,$D428,NPV(discountRate,INDEX('Rates Table'!$J$8:$J$50,MATCH($C428,'Rates Table'!$C$8:$C$50,0)):INDEX('Rates Table'!$J$8:$J$50,MATCH($C428+$D428-1,'Rates Table'!$C$8:$C$50,0))))","v":0.41068298555999988}]
[null,"2030_18",2030,18,{"$f":"-PMT(discountRate,$D429,NPV(discountRate,INDEX('Rates Table'!$F$8:$F$50,MATCH($C429,'Rates Table'!$C$8:$C$50,0)):INDEX('Rates Table'!$F$8:$F$50,MATCH($C429+$D429-1,'Rates Table'!$C$8:$C$50,0))))","v":0.12618771533394393},{"$f":"-PMT(discountRate,$D429,NPV(discountRate,INDEX('Rates Table'!$G$8:$G$50,MATCH($C429,'Rates Table'!$C$8:$C$50,0)):INDEX('Rates Table'!$G$8:$G$50,MATCH($C429+$D429-1,'Rates Table'!$C$8:$C$50,0))))","v":0.17248811334031708},{"$f":"-PMT(discountRate,$D429,NPV(discountRate,INDEX('Rates Table'!$H$8:$H$50,MATCH($C429,'Rates Table'!$C$8:$C$50,0)):INDEX('Rates Table'!$H$8:$H$50,MATCH($C429+$D429-1,'Rates Table'!$C$8:$C$50,0))))","v":3.7841999999999993E-6},{"$f":"-PMT(discountRate,$D429,NPV(discountRate,INDEX('Rates Table'!$I$8:$I$50,MATCH($C429,'Rates Table'!$C$8:$C$50,0)):INDEX('Rates Table'!$I$8:$I$50,MATCH($C429+$D429-1,'Rates Table'!$C$8:$C$50,0))))","v":0.34743191039999988},{"$f":"-PMT(discountRate,$D429,NPV(discountRate,INDEX('Rates Table'!$J$8:$J$50,MATCH($C429,'Rates Table'!$C$8:$C$50,0)):INDEX('Rates Table'!$J$8:$J$50,MATCH($C429+$D429-1,'Rates Table'!$C$8:$C$50,0))))","v":0.41068298555999982}]
[null,"2030_19",2030,19,{"$f":"-PMT(discountRate,$D430,NPV(discountRate,INDEX('Rates Table'!$F$8:$F$50,MATCH($C430,'Rates Table'!$C$8:$C$50,0)):INDEX('Rates Table'!$F$8:$F$50,MATCH($C430+$D430-1,'Rates Table'!$C$8:$C$50,0))))","v":0.12618771533394396},{"$f":"-PMT(discountRate,$D430,NPV(discountRate,INDEX('Rates Table'!$G$8:$G$50,MATCH($C430,'Rates Table'!$C$8:$C$50,0)):INDEX('Rates Table'!$G$8:$G$50,MATCH($C430+$D430-1,'Rates Table'!$C$8:$C$50,0))))","v":0.17248811334031708},{"$f":"-PMT(discountRate,$D430,NPV(discountRate,INDEX('Rates Table'!$H$8:$H$50,MATCH($C430,'Rates Table'!$C$8:$C$50,0)):INDEX('Rates Table'!$H$8:$H$50,MATCH($C430+$D430-1,'Rates Table'!$C$8:$C$50,0))))","v":3.7841999999999993E-6},{"$f":"-PMT(discountRate,$D430,NPV(discountRate,INDEX('Rates Table'!$I$8:$I$50,MATCH($C430,'Rates Table'!$C$8:$C$50,0)):INDEX('Rates Table'!$I$8:$I$50,MATCH($C430+$D430-1,'Rates Table'!$C$8:$C$50,0))))","v":0.34743191039999993},{"$f":"-PMT(discountRate,$D430,NPV(discountRate,INDEX('Rates Table'!$J$8:$J$50,MATCH($C430,'Rates Table'!$C$8:$C$50,0)):INDEX('Rates Table'!$J$8:$J$50,MATCH($C430+$D430-1,'Rates Table'!$C$8:$C$50,0))))","v":0.41068298555999982}]
[null,"2030_20",2030,20,{"$f":"-PMT(discountRate,$D431,NPV(discountRate,INDEX('Rates Table'!$F$8:$F$50,MATCH($C431,'Rates Table'!$C$8:$C$50,0)):INDEX('Rates Table'!$F$8:$F$50,MATCH($C431+$D431-1,'Rates Table'!$C$8:$C$50,0))))","v":0.12618771533394396},{"$f":"-PMT(discountRate,$D431,NPV(discountRate,INDEX('Rates Table'!$G$8:$G$50,MATCH($C431,'Rates Table'!$C$8:$C$50,0)):INDEX('Rates Table'!$G$8:$G$50,MATCH($C431+$D431-1,'Rates Table'!$C$8:$C$50,0))))","v":0.17248811334031708},{"$f":"-PMT(discountRate,$D431,NPV(discountRate,INDEX('Rates Table'!$H$8:$H$50,MATCH($C431,'Rates Table'!$C$8:$C$50,0)):INDEX('Rates Table'!$H$8:$H$50,MATCH($C431+$D431-1,'Rates Table'!$C$8:$C$50,0))))","v":3.7841999999999993E-6},{"$f":"-PMT(discountRate,$D431,NPV(discountRate,INDEX('Rates Table'!$I$8:$I$50,MATCH($C431,'Rates Table'!$C$8:$C$50,0)):INDEX('Rates Table'!$I$8:$I$50,MATCH($C431+$D431-1,'Rates Table'!$C$8:$C$50,0))))","v":0.34743191039999993},{"$f":"-PMT(discountRate,$D431,NPV(discountRate,INDEX('Rates Table'!$J$8:$J$50,MATCH($C431,'Rates Table'!$C$8:$C$50,0)):INDEX('Rates Table'!$J$8:$J$50,MATCH($C431+$D431-1,'Rates Table'!$C$8:$C$50,0))))","v":0.41068298555999988}]
[null,"2031_1",2031,1,{"$f":"-PMT(discountRate,$D432,NPV(discountRate,INDEX('Rates Table'!$F$8:$F$50,MATCH($C432,'Rates Table'!$C$8:$C$50,0)):INDEX('Rates Table'!$F$8:$F$50,MATCH($C432+$D432-1,'Rates Table'!$C$8:$C$50,0))))","v":0.12618771533394399},{"$f":"-PMT(discountRate,$D432,NPV(discountRate,INDEX('Rates Table'!$G$8:$G$50,MATCH($C432,'Rates Table'!$C$8:$C$50,0)):INDEX('Rates Table'!$G$8:$G$50,MATCH($C432+$D432-1,'Rates Table'!$C$8:$C$50,0))))","v":0.17248811334031713},{"$f":"-PMT(discountRate,$D432,NPV(discountRate,INDEX('Rates Table'!$H$8:$H$50,MATCH($C432,'Rates Table'!$C$8:$C$50,0)):INDEX('Rates Table'!$H$8:$H$50,MATCH($C432+$D432-1,'Rates Table'!$C$8:$C$50,0))))","v":3.7841999999999997E-6},{"$f":"-PMT(discountRate,$D432,NPV(discountRate,INDEX('Rates Table'!$I$8:$I$50,MATCH($C432,'Rates Table'!$C$8:$C$50,0)):INDEX('Rates Table'!$I$8:$I$50,MATCH($C432+$D432-1,'Rates Table'!$C$8:$C$50,0))))","v":0.34743191039999999},{"$f":"-PMT(discountRate,$D432,NPV(discountRate,INDEX('Rates Table'!$J$8:$J$50,MATCH($C432,'Rates Table'!$C$8:$C$50,0)):INDEX('Rates Table'!$J$8:$J$50,MATCH($C432+$D432-1,'Rates Table'!$C$8:$C$50,0))))","v":0.41068298555999994}]
[null,"2031_2",2031,2,{"$f":"-PMT(discountRate,$D433,NPV(discountRate,INDEX('Rates Table'!$F$8:$F$50,MATCH($C433,'Rates Table'!$C$8:$C$50,0)):INDEX('Rates Table'!$F$8:$F$50,MATCH($C433+$D433-1,'Rates Table'!$C$8:$C$50,0))))","v":0.12618771533394399},{"$f":"-PMT(discountRate,$D433,NPV(discountRate,INDEX('Rates Table'!$G$8:$G$50,MATCH($C433,'Rates Table'!$C$8:$C$50,0)):INDEX('Rates Table'!$G$8:$G$50,MATCH($C433+$D433-1,'Rates Table'!$C$8:$C$50,0))))","v":0.17248811334031719},{"$f":"-PMT(discountRate,$D433,NPV(discountRate,INDEX('Rates Table'!$H$8:$H$50,MATCH($C433,'Rates Table'!$C$8:$C$50,0)):INDEX('Rates Table'!$H$8:$H$50,MATCH($C433+$D433-1,'Rates Table'!$C$8:$C$50,0))))","v":3.7842000000000005E-6},{"$f":"-PMT(discountRate,$D433,NPV(discountRate,INDEX('Rates Table'!$I$8:$I$50,MATCH($C433,'Rates Table'!$C$8:$C$50,0)):INDEX('Rates Table'!$I$8:$I$50,MATCH($C433+$D433-1,'Rates Table'!$C$8:$C$50,0))))","v":0.34743191039999999},{"$f":"-PMT(discountRate,$D433,NPV(discountRate,INDEX('Rates Table'!$J$8:$J$50,MATCH($C433,'Rates Table'!$C$8:$C$50,0)):INDEX('Rates Table'!$J$8:$J$50,MATCH($C433+$D433-1,'Rates Table'!$C$8:$C$50,0))))","v":0.41068298556000005}]
[null,"2031_3",2031,3,{"$f":"-PMT(discountRate,$D434,NPV(discountRate,INDEX('Rates Table'!$F$8:$F$50,MATCH($C434,'Rates Table'!$C$8:$C$50,0)):INDEX('Rates Table'!$F$8:$F$50,MATCH($C434+$D434-1,'Rates Table'!$C$8:$C$50,0))))","v":0.12618771533394399},{"$f":"-PMT(discountRate,$D434,NPV(discountRate,INDEX('Rates Table'!$G$8:$G$50,MATCH($C434,'Rates Table'!$C$8:$C$50,0)):INDEX('Rates Table'!$G$8:$G$50,MATCH($C434+$D434-1,'Rates Table'!$C$8:$C$50,0))))","v":0.17248811334031713},{"$f":"-PMT(discountRate,$D434,NPV(discountRate,INDEX('Rates Table'!$H$8:$H$50,MATCH($C434,'Rates Table'!$C$8:$C$50,0)):INDEX('Rates Table'!$H$8:$H$50,MATCH($C434+$D434-1,'Rates Table'!$C$8:$C$50,0))))","v":3.7842000000000005E-6},{"$f":"-PMT(discountRate,$D434,NPV(discountRate,INDEX('Rates Table'!$I$8:$I$50,MATCH($C434,'Rates Table'!$C$8:$C$50,0)):INDEX('Rates Table'!$I$8:$I$50,MATCH($C434+$D434-1,'Rates Table'!$C$8:$C$50,0))))","v":0.34743191039999999},{"$f":"-PMT(discountRate,$D434,NPV(discountRate,INDEX('Rates Table'!$J$8:$J$50,MATCH($C434,'Rates Table'!$C$8:$C$50,0)):INDEX('Rates Table'!$J$8:$J$50,MATCH($C434+$D434-1,'Rates Table'!$C$8:$C$50,0))))","v":0.41068298555999994}]
[null,"2031_4",2031,4,{"$f":"-PMT(discountRate,$D435,NPV(discountRate,INDEX('Rates Table'!$F$8:$F$50,MATCH($C435,'Rates Table'!$C$8:$C$50,0)):INDEX('Rates Table'!$F$8:$F$50,MATCH($C435+$D435-1,'Rates Table'!$C$8:$C$50,0))))","v":0.12618771533394399},{"$f":"-PMT(discountRate,$D435,NPV(discountRate,INDEX('Rates Table'!$G$8:$G$50,MATCH($C435,'Rates Table'!$C$8:$C$50,0)):INDEX('Rates Table'!$G$8:$G$50,MATCH($C435+$D435-1,'Rates Table'!$C$8:$C$50,0))))","v":0.17248811334031713},{"$f":"-PMT(discountRate,$D435,NPV(discountRate,INDEX('Rates Table'!$H$8:$H$50,MATCH($C435,'Rates Table'!$C$8:$C$50,0)):INDEX('Rates Table'!$H$8:$H$50,MATCH($C435+$D435-1,'Rates Table'!$C$8:$C$50,0))))","v":3.7842000000000005E-6},{"$f":"-PMT(discountRate,$D435,NPV(discountRate,INDEX('Rates Table'!$I$8:$I$50,MATCH($C435,'Rates Table'!$C$8:$C$50,0)):INDEX('Rates Table'!$I$8:$I$50,MATCH($C435+$D435-1,'Rates Table'!$C$8:$C$50,0))))","v":0.34743191039999999},{"$f":"-PMT(discountRate,$D435,NPV(discountRate,INDEX('Rates Table'!$J$8:$J$50,MATCH($C435,'Rates Table'!$C$8:$C$50,0)):INDEX('Rates Table'!$J$8:$J$50,MATCH($C435+$D435-1,'Rates Table'!$C$8:$C$50,0))))","v":0.41068298556000005}]
[null,"2031_5",2031,5,{"$f":"-PMT(discountRate,$D436,NPV(discountRate,INDEX('Rates Table'!$F$8:$F$50,MATCH($C436,'Rates Table'!$C$8:$C$50,0)):INDEX('Rates Table'!$F$8:$F$50,MATCH($C436+$D436-1,'Rates Table'!$C$8:$C$50,0))))","v":0.12618771533394399},{"$f":"-PMT(discountRate,$D436,NPV(discountRate,INDEX('Rates Table'!$G$8:$G$50,MATCH($C436,'Rates Table'!$C$8:$C$50,0)):INDEX('Rates Table'!$G$8:$G$50,MATCH($C436+$D436-1,'Rates Table'!$C$8:$C$50,0))))","v":0.17248811334031713},{"$f":"-PMT(discountRate,$D436,NPV(discountRate,INDEX('Rates Table'!$H$8:$H$50,MATCH($C436,'Rates Table'!$C$8:$C$50,0)):INDEX('Rates Table'!$H$8:$H$50,MATCH($C436+$D436-1,'Rates Table'!$C$8:$C$50,0))))","v":3.7842000000000005E-6},{"$f":"-PMT(discountRate,$D436,NPV(discountRate,INDEX('Rates Table'!$I$8:$I$50,MATCH($C436,'Rates Table'!$C$8:$C$50,0)):INDEX('Rates Table'!$I$8:$I$50,MATCH($C436+$D436-1,'Rates Table'!$C$8:$C$50,0))))","v":0.34743191039999999},{"$f":"-PMT(discountRate,$D436,NPV(discountRate,INDEX('Rates Table'!$J$8:$J$50,MATCH($C436,'Rates Table'!$C$8:$C$50,0)):INDEX('Rates Table'!$J$8:$J$50,MATCH($C436+$D436-1,'Rates Table'!$C$8:$C$50,0))))","v":0.41068298556000005}]
[null,"2031_6",2031,6,{"$f":"-PMT(discountRate,$D437,NPV(discountRate,INDEX('Rates Table'!$F$8:$F$50,MATCH($C437,'Rates Table'!$C$8:$C$50,0)):INDEX('Rates Table'!$F$8:$F$50,MATCH($C437+$D437-1,'Rates Table'!$C$8:$C$50,0))))","v":0.12618771533394399},{"$f":"-PMT(discountRate,$D437,NPV(discountRate,INDEX('Rates Table'!$G$8:$G$50,MATCH($C437,'Rates Table'!$C$8:$C$50,0)):INDEX('Rates Table'!$G$8:$G$50,MATCH($C437+$D437-1,'Rates Table'!$C$8:$C$50,0))))","v":0.17248811334031713},{"$f":"-PMT(discountRate,$D437,NPV(discountRate,INDEX('Rates Table'!$H$8:$H$50,MATCH($C437,'Rates Table'!$C$8:$C$50,0)):INDEX('Rates Table'!$H$8:$H$50,MATCH($C437+$D437-1,'Rates Table'!$C$8:$C$50,0))))","v":3.7842000000000005E-6},{"$f":"-PMT(discountRate,$D437,NPV(discountRate,INDEX('Rates Table'!$I$8:$I$50,MATCH($C437,'Rates Table'!$C$8:$C$50,0)):INDEX('Rates Table'!$I$8:$I$50,MATCH($C437+$D437-1,'Rates Table'!$C$8:$C$50,0))))","v":0.34743191039999999},{"$f":"-PMT(discountRate,$D437,NPV(discountRate,INDEX('Rates Table'!$J$8:$J$50,MATCH($C437,'Rates Table'!$C$8:$C$50,0)):INDEX('Rates Table'!$J$8:$J$50,MATCH($C437+$D437-1,'Rates Table'!$C$8:$C$50,0))))","v":0.4106829855600001}]
[null,"2031_7",2031,7,{"$f":"-PMT(discountRate,$D438,NPV(discountRate,INDEX('Rates Table'!$F$8:$F$50,MATCH($C438,'Rates Table'!$C$8:$C$50,0)):INDEX('Rates Table'!$F$8:$F$50,MATCH($C438+$D438-1,'Rates Table'!$C$8:$C$50,0))))","v":0.12618771533394399},{"$f":"-PMT(discountRate,$D438,NPV(discountRate,INDEX('Rates Table'!$G$8:$G$50,MATCH($C438,'Rates Table'!$C$8:$C$50,0)):INDEX('Rates Table'!$G$8:$G$50,MATCH($C438+$D438-1,'Rates Table'!$C$8:$C$50,0))))","v":0.17248811334031713},{"$f":"-PMT(discountRate,$D438,NPV(discountRate,INDEX('Rates Table'!$H$8:$H$50,MATCH($C438,'Rates Table'!$C$8:$C$50,0)):INDEX('Rates Table'!$H$8:$H$50,MATCH($C438+$D438-1,'Rates Table'!$C$8:$C$50,0))))","v":3.7841999999999997E-6},{"$f":"-PMT(discountRate,$D438,NPV(discountRate,INDEX('Rates Table'!$I$8:$I$50,MATCH($C438,'Rates Table'!$C$8:$C$50,0)):INDEX('Rates Table'!$I$8:$I$50,MATCH($C438+$D438-1,'Rates Table'!$C$8:$C$50,0))))","v":0.34743191039999999},{"$f":"-PMT(discountRate,$D438,NPV(discountRate,INDEX('Rates Table'!$J$8:$J$50,MATCH($C438,'Rates Table'!$C$8:$C$50,0)):INDEX('Rates Table'!$J$8:$J$50,MATCH($C438+$D438-1,'Rates Table'!$C$8:$C$50,0))))","v":0.41068298556000005}]
[null,"2031_8",2031,8,{"$f":"-PMT(discountRate,$D439,NPV(discountRate,INDEX('Rates Table'!$F$8:$F$50,MATCH($C439,'Rates Table'!$C$8:$C$50,0)):INDEX('Rates Table'!$F$8:$F$50,MATCH($C439+$D439-1,'Rates Table'!$C$8:$C$50,0))))","v":0.12618771533394399},{"$f":"-PMT(discountRate,$D439,NPV(discountRate,INDEX('Rates Table'!$G$8:$G$50,MATCH($C439,'Rates Table'!$C$8:$C$50,0)):INDEX('Rates Table'!$G$8:$G$50,MATCH($C439+$D439-1,'Rates Table'!$C$8:$C$50,0))))","v":0.17248811334031713},{"$f":"-PMT(discountRate,$D439,NPV(discountRate,INDEX('Rates Table'!$H$8:$H$50,MATCH($C439,'Rates Table'!$C$8:$C$50,0)):INDEX('Rates Table'!$H$8:$H$50,MATCH($C439+$D439-1,'Rates Table'!$C$8:$C$50,0))))","v":3.7841999999999997E-6},{"$f":"-PMT(discountRate,$D439,NPV(discountRate,INDEX('Rates Table'!$I$8:$I$50,MATCH($C439,'Rates Table'!$C$8:$C$50,0)):INDEX('Rates Table'!$I$8:$I$50,MATCH($C439+$D439-1,'Rates Table'!$C$8:$C$50,0))))","v":0.34743191039999993},{"$f":"-PMT(discountRate,$D439,NPV(discountRate,INDEX('Rates Table'!$J$8:$J$50,MATCH($C439,'Rates Table'!$C$8:$C$50,0)):INDEX('Rates Table'!$J$8:$J$50,MATCH($C439+$D439-1,'Rates Table'!$C$8:$C$50,0))))","v":0.41068298555999994}]
[null,"2031_9",2031,9,{"$f":"-PMT(discountRate,$D440,NPV(discountRate,INDEX('Rates Table'!$F$8:$F$50,MATCH($C440,'Rates Table'!$C$8:$C$50,0)):INDEX('Rates Table'!$F$8:$F$50,MATCH($C440+$D440-1,'Rates Table'!$C$8:$C$50,0))))","v":0.12618771533394399},{"$f":"-PMT(discountRate,$D440,NPV(discountRate,INDEX('Rates Table'!$G$8:$G$50,MATCH($C440,'Rates Table'!$C$8:$C$50,0)):INDEX('Rates Table'!$G$8:$G$50,MATCH($C440+$D440-1,'Rates Table'!$C$8:$C$50,0))))","v":0.17248811334031711},{"$f":"-PMT(discountRate,$D440,NPV(discountRate,INDEX('Rates Table'!$H$8:$H$50,MATCH($C440,'Rates Table'!$C$8:$C$50,0)):INDEX('Rates Table'!$H$8:$H$50,MATCH($C440+$D440-1,'Rates Table'!$C$8:$C$50,0))))","v":3.7841999999999997E-6},{"$f":"-PMT(discountRate,$D440,NPV(discountRate,INDEX('Rates Table'!$I$8:$I$50,MATCH($C440,'Rates Table'!$C$8:$C$50,0)):INDEX('Rates Table'!$I$8:$I$50,MATCH($C440+$D440-1,'Rates Table'!$C$8:$C$50,0))))","v":0.34743191039999993},{"$f":"-PMT(discountRate,$D440,NPV(discountRate,INDEX('Rates Table'!$J$8:$J$50,MATCH($C440,'Rates Table'!$C$8:$C$50,0)):INDEX('Rates Table'!$J$8:$J$50,MATCH($C440+$D440-1,'Rates Table'!$C$8:$C$50,0))))","v":0.41068298555999994}]
[null,"2031_10",2031,10,{"$f":"-PMT(discountRate,$D441,NPV(discountRate,INDEX('Rates Table'!$F$8:$F$50,MATCH($C441,'Rates Table'!$C$8:$C$50,0)):INDEX('Rates Table'!$F$8:$F$50,MATCH($C441+$D441-1,'Rates Table'!$C$8:$C$50,0))))","v":0.12618771533394399},{"$f":"-PMT(discountRate,$D441,NPV(discountRate,INDEX('Rates Table'!$G$8:$G$50,MATCH($C441,'Rates Table'!$C$8:$C$50,0)):INDEX('Rates Table'!$G$8:$G$50,MATCH($C441+$D441-1,'Rates Table'!$C$8:$C$50,0))))","v":0.17248811334031713},{"$f":"-PMT(discountRate,$D441,NPV(discountRate,INDEX('Rates Table'!$H$8:$H$50,MATCH($C441,'Rates Table'!$C$8:$C$50,0)):INDEX('Rates Table'!$H$8:$H$50,MATCH($C441+$D441-1,'Rates Table'!$C$8:$C$50,0))))","v":3.7841999999999997E-6},{"$f":"-PMT(discountRate,$D441,NPV(discountRate,INDEX('Rates Table'!$I$8:$I$50,MATCH($C441,'Rates Table'!$C$8:$C$50,0)):INDEX('Rates Table'!$I$8:$I$50,MATCH($C441+$D441-1,'Rates Table'!$C$8:$C$50,0))))","v":0.34743191039999999},{"$f":"-PMT(discountRate,$D441,NPV(discountRate,INDEX('Rates Table'!$J$8:$J$50,MATCH($C441,'Rates Table'!$C$8:$C$50,0)):INDEX('Rates Table'!$J$8:$J$50,MATCH($C441+$D441-1,'Rates Table'!$C$8:$C$50,0))))","v":0.41068298555999994}]
[null,"2031_11",2031,11,{"$f":"-PMT(discountRate,$D442,NPV(discountRate,INDEX('Rates Table'!$F$8:$F$50,MATCH($C442,'Rates Table'!$C$8:$C$50,0)):INDEX('Rates Table'!$F$8:$F$50,MATCH($C442+$D442-1,'Rates Table'!$C$8:$C$50,0))))","v":0.12618771533394396},{"$f":"-PMT(discountRate,$D442,NPV(discountRate,INDEX('Rates Table'!$G$8:$G$50,MATCH($C442,'Rates Table'!$C$8:$C$50,0)):INDEX('Rates Table'!$G$8:$G$50,MATCH($C442+$D442-1,'Rates Table'!$C$8:$C$50,0))))","v":0.17248811334031711},{"$f":"-PMT(discountRate,$D442,NPV(discountRate,INDEX('Rates Table'!$H$8:$H$50,MATCH($C442,'Rates Table'!$C$8:$C$50,0)):INDEX('Rates Table'!$H$8:$H$50,MATCH($C442+$D442-1,'Rates Table'!$C$8:$C$50,0))))","v":3.7841999999999993E-6},{"$f":"-PMT(discountRate,$D442,NPV(discountRate,INDEX('Rates Table'!$I$8:$I$50,MATCH($C442,'Rates Table'!$C$8:$C$50,0)):INDEX('Rates Table'!$I$8:$I$50,MATCH($C442+$D442-1,'Rates Table'!$C$8:$C$50,0))))","v":0.34743191039999988},{"$f":"-PMT(discountRate,$D442,NPV(discountRate,INDEX('Rates Table'!$J$8:$J$50,MATCH($C442,'Rates Table'!$C$8:$C$50,0)):INDEX('Rates Table'!$J$8:$J$50,MATCH($C442+$D442-1,'Rates Table'!$C$8:$C$50,0))))","v":0.41068298555999988}]
[null,"2031_12",2031,12,{"$f":"-PMT(discountRate,$D443,NPV(discountRate,INDEX('Rates Table'!$